{"text_format":"2","workbook":"xlsx","n_sheets":23,"sheets":["RESUMO MODULO TOTAL","CRONOGRAMA TOTAL","Mob"," Canteiro","MOMENTO DE TRANSPORTE - PRINC","MOMENTO DE TRANSPORTE - AUX","Adm Local","Projeto Executivo","CPU CODEVASF","CPU CODEVASF2","CPU SINAPI","BDI","ENC. SOCIAIS","MC MODULO","Material Sicro","Pessoal Sicro","Equipamentos","SINTÉTICO SICRO","INSUMOS SINAPI","COMP Sint. Sinapi","Tabela 1","Tabelas 1 e 2","Tabelas 2 e 3 mob"],"not_rendered":{"charts":0,"images":17,"macros":1,"external_links":215,"defined_names":39622,"comments":0,"pivot_tables":0},"unopened":[],"bounds":{"document_bytes":16777216,"sheet_cells":100000,"run_cost":"one","rows_first":2000,"rows_last":500,"rows_between":2000,"halvings":0,"cell_chars":16384,"cell_head_chars":4096},"cells_cut":0,"cells_raw":0,"read":"whole","date_system":"1900"}

{"sheet":"RESUMO MODULO TOTAL","index":0,"n_rows":59,"n_cols":33,"rows_kept":59,"cut":false,"hidden":false,"merged":[[23,4,23,7],[22,4,22,7],[17,4,17,7],[11,4,11,7],[1,1,3,9],[19,4,19,7],[20,4,20,7],[5,4,8,7],[6,9,7,9],[4,1,4,13],[5,1,8,1],[5,2,8,2],[5,3,8,3],[6,12,8,12],[6,13,8,13],[14,4,14,7],[10,4,10,7],[13,4,13,7],[15,4,15,7],[49,4,49,7],[26,4,26,7],[24,4,24,7],[25,4,25,7],[27,4,27,7],[33,4,33,7],[28,4,28,7],[29,4,29,7],[50,4,50,7],[51,1,51,12],[30,4,30,7],[32,4,32,7],[38,4,38,7],[40,4,40,7],[42,4,42,7],[43,4,43,7],[44,4,44,7],[45,4,45,7],[46,4,46,7],[47,4,47,7],[36,4,36,7],[31,4,31,7],[35,4,35,7],[48,4,48,7]]}
[null,"EXECUÇÃO DE SERVIÇOS DE IMPLANTAÇÃO DE PAVIMENTAÇÃO EM BLOCO DE CONCRETO INTERTRAVADO, EM VIAS DE MUNICÍPIOS DIVERSOS INSERIDOS NA ÁREA DE ATUAÇÃO DA CODEVASF, NO ESTADO DO AMAPÁ (REGIÃO PORTO GRANDE)",{"$nulls":11},"xxxxxxx"]
[{"$nulls":12},"SICRO:",{"$f":"'SINTÉTICO SICRO'!B2","v":"Amapá - Abril/2024"}]
[{"$nulls":12},"SINAPI:",{"$f":"RIGHT('INSUMOS SINAPI'!A3,7)","v":"07/2024"}]
[{"$nulls":12},"Data base orçamento:","2024-09-01"]
[null,{"$f":"B1","v":"EXECUÇÃO DE SERVIÇOS DE IMPLANTAÇÃO DE PAVIMENTAÇÃO EM BLOCO DE CONCRETO INTERTRAVADO, EM VIAS DE MUNICÍPIOS DIVERSOS INSERIDOS NA ÁREA DE ATUAÇÃO DA CODEVASF, NO ESTADO DO AMAPÁ (REGIÃO PORTO GRANDE)"}]
[null,"ITEM","ORIGEM\nCOMPOSIÇÃO","CÓDIGO\nCOMPOSIÇÃO","DISCRIMINAÇÃO DOS SERVIÇOS",null,null,null,"BDI % =",{"$f":"BDI!C17","v":0.2339},"BDI  DIFERENCIADO% =",{"$f":"BDI!C72","v":0.15},"R$/m² =",{"$f":"N52/I8","v":186.92},null,22484000]
[{"$nulls":8},"Total de m²","Encargos Sociais:","Horista (%)","Mensalista (%)","PREÇO UNITÁRIO COM BDI","PREÇO TOTAL COM BDI "]
[{"$nulls":8},{"$f":"'MC MODULO'!G1*'MC MODULO'!C1*'MC MODULO'!C2","v":112000},null,{"$f":"'ENC. SOCIAIS'!E47","v":114.44000000000001},{"$f":"'ENC. SOCIAIS'!F47","v":70.709999999999994}]
[{"$nulls":8},"UND","QTDE.","BDI","PREÇO UNITÁRIO",{"$nulls":15},"TOTAL"]
[{"$nulls":4},"MOBILIZAÇÃO/DESMOBILIZAÇÃO"]
[null,1,"Codevasf","Mob","Mobilização",null,null,null,"kmxfrente",{"$f":"Mob!B65*Mob!H6","v":896},{"$f":"(M11/L11-1)","v":0.2339},{"$f":"Mob!B62","v":233.30771833333336},{"$f":"Mob!B64","v":287.87839365150001},{"$f":"ROUND(ROUND(J11,2)*ROUND(M11,6),2)","v":257939.04},{"$f":"N11/$N$52","v":1.2320924153954327E-2},"INCC",null,"N1","TERRAPLENAGEM",{"$f":"(SUMIF(P:P,\"TERRAPLENAGEM\",N:N)/$N$52)","v":1.6130740614777903E-2},{"$f":"(SUMIF(P:P,\"TERRAPLENAGEM\",N:N))","v":337697.7},{"$nulls":5},57163.47]
[null,2,"Codevasf","Mob","Desmobilização",null,null,null,"kmxfrente",{"$f":"Mob!B65*Mob!H6","v":896},{"$f":"(M12/L12-1)","v":0.2339},{"$f":"Mob!B62","v":233.30771833333336},{"$f":"Mob!B64","v":287.87839365150001},{"$f":"ROUND(ROUND(J12,2)*ROUND(M12,6),2)","v":257939.04},{"$f":"N12/$N$52","v":1.2320924153954327E-2},"INCC",null,"N2","PAVIMENTAÇÃO",{"$f":"SUMIF(P:P,\"PAVIMENTAÇÃO\",N:N)/$N$52","v":0.76363999256748494},{"$f":"(SUMIF(P:P,\"PAVIMENTAÇÃO\",N:N))","v":15986833.790000001},{"$nulls":5},57163.47]
[{"$nulls":4},"INSTALAÇÃO DE CANTEIRO",{"$nulls":12},"N3","CONSULTORIA",{"$f":"SUMIF(P:P,\"CONSULTORIA\",N:N)/$N$52","v":0},{"$f":"(SUMIF(P:P,\"CONSULTORIA\",N:N))","v":0}]
[null,3,"Codevasf","Canteiro","Canteiro de Obras",null,null,null,"frente",{"$f":"'MC MODULO'!G1","v":8},{"$f":"(M14/L14-1)","v":0.2339},{"$f":"' Canteiro'!F11","v":19147.439999999999},{"$f":"' Canteiro'!F13","v":23626.026215999998},{"$f":"ROUND(ROUND(J14,2)*ROUND(M14,6),2)","v":189008.21},null,"INCC",null,"N4","DRENAGEM",{"$f":"SUMIF(P:P,\"DRENAGEM\",N:N)/$N$52","v":6.9671159453242024E-2},{"$f":"(SUMIF(P:P,\"DRENAGEM\",N:N))","v":1458568.51},{"$nulls":5},190291.53]
[null,4,"SICRO",903808,{"$f":"VLOOKUP(D15,'SINTÉTICO SICRO'!A:D,2,FALSE)","v":"Instalação da usina misturadora de solos com capacidade de 300 t/h"},null,null,null,"frente",3,0.2339,{"$f":"VLOOKUP(D15,'SINTÉTICO SICRO'!A:D,4,FALSE)","v":123573.36},{"$f":"L15*(1+K15)","v":152477.16890399999},{"$f":"ROUND(ROUND(J15,2)*ROUND(M15,6),2)","v":457431.51},null,"INCC"]
[null,5,"SINAPI",103689,"Fornecimento e instalação de placa de obra com chapa galvanizada e estrutura de madeira. af_03/2022_ps",null,null,null,"m²",{"$f":"'MC MODULO'!H25","v":128},{"$f":"(M16/L16-1)","v":0.2339},{"$f":"VLOOKUP(D16,'COMP Sint. Sinapi'!$G$7:$K$7524,5,0)","v":311.73},{"$f":"L16*(1+$J$6)","v":384.64364700000004},{"$f":"ROUND(ROUND(J16,2)*ROUND(M16,6),2)","v":49234.39},null,"INCC",null,"N5","ADMINISTRAÇÃO LOCAL",{"$f":"SUMIF(P:P,\"ADMINISTRAÇÃO LOCAL\",N:N)/$N$52","v":0},{"$f":"(SUMIF(P:P,\"ADMINISTRAÇÃO LOCAL\",N:N))","v":0}]
[{"$nulls":4},"ADMINISTRAÇÃO LOCAL DA OBRA",{"$nulls":12},"N6","SINALIZAÇÃO VERTICAL",{"$f":"SUMIF(P:P,\"SINALIZAÇÃO VERTICAL\",N:N)/$N$52","v":0},{"$f":"(SUMIF(P:P,\"SINALIZAÇÃO VERTICAL\",N:N))","v":0}]
[null,6,"Codevasf","Adm Local","Administração Local da Obra",null,null,null,"und",1,{"$f":"(M18/L18-1)","v":0.2339},{"$f":"'Adm Local'!J248","v":1113866.1623566863},{"$f":"'Adm Local'!I250","v":1374399.4577319152},{"$f":"ROUND(ROUND(J18,2)*ROUND(M18,6),2)","v":1374399.46},{"$f":"N18/N52","v":6.5650672747699548E-2},"INCC",null,"N7","SINALIZAÇÃO HORIZONTAL",{"$f":"SUMIF(P:P,\"SINALIZAÇÃO HORIZONTAL\",N:N)/$N$52","v":0},{"$f":"(SUMIF(P:P,\"SINALIZAÇÃO HORIZONTAL\",N:N))","v":0}]
[{"$nulls":4},"TERRAPLANAGEM",{"$nulls":12},"N8","CAP",{"$f":"(SUMIF(P:P,\"CAP\",N:N))/$N$52","v":0},{"$f":"(SUMIF(P:P,\"CAP\",N:N))","v":0}]
[null,7,"SICRO",5502114,{"$f":"VLOOKUP(D20,'SINTÉTICO SICRO'!$A$4:$D$1048576,2,0)","v":"Escavação, carga e transporte de material de 1ª categoria - DMT de 1.000 a 1.200 m - caminho de serviço em leito natural - com escavadeira e caminhão basculante de 14 m³"},null,null,null,"m³",{"$f":"'MC MODULO'!H37","v":30239.999999999996},{"$f":"M20/L20-1","v":0.23390000000000022},{"$f":"ROUND(IF(C20=\"CODEVASF\",VLOOKUP(D20,'CPU CODEVASF'!E:I,5,FALSE),VLOOKUP(D20,'SINTÉTICO SICRO'!A:D,4,FALSE)),6)","v":8.2799999999999994},{"$f":"ROUND(IF(C20=\"CODEVASF\",VLOOKUP(D20,'CPU CODEVASF'!E:H,4,FALSE),VLOOKUP(D20,'SINTÉTICO SICRO'!A:D,4,FALSE)*(1+$J$6)),6)","v":10.216692},{"$f":"ROUND(ROUND(J20,2)*ROUND(M20,6),2)","v":308952.77},null,"TERRAPLENAGEM",null,"N9","IMPRIMAÇÃO",{"$f":"(SUMIF(P:P,\"IMPRIMAÇÃO\",N:N))/$N$52","v":0},{"$f":"(SUMIF(P:P,\"IMPRIMAÇÃO\",N:N))","v":0},{"$nulls":6},366912]
[null,8,"SICRO",4413942,{"$f":"VLOOKUP(D21,'SINTÉTICO SICRO'!$A$4:$D$1048576,2,0)","v":"Espalhamento de material em bota-fora"},null,null,null,"m³",{"$f":"'MC MODULO'!H44","v":11200},0.2339,{"$f":"ROUND(IF(C21=\"CODEVASF\",VLOOKUP(D21,'CPU CODEVASF'!E:I,5,FALSE),VLOOKUP(D21,'SINTÉTICO SICRO'!A:D,4,FALSE)),6)","v":2.08},{"$f":"ROUND(IF(C21=\"CODEVASF\",VLOOKUP(D21,'CPU CODEVASF'!E:H,4,FALSE),VLOOKUP(D21,'SINTÉTICO SICRO'!A:D,4,FALSE)*(1+$J$6)),6)","v":2.5665119999999999},28744.93,null,"TERRAPLENAGEM",null,"N10","EMULSÃO ASFÁLTICA",{"$f":"(SUMIF(P:P,\"EMULSÃO ASFÁLTICA\",N:N))/$N$52","v":0},{"$f":"(SUMIF(P:P,\"EMULSÃO ASFÁLTICA\",N:N))","v":0},{"$nulls":6},84084,{"$nulls":4},1]
[{"$nulls":4},"PAVIMENTAÇÃO",{"$nulls":12},"N11","OBRAS COMPLEMENTARES",{"$f":"(SUMIF(P:P,\"OBRAS COMPLEMENTARES\",N:N))/$N$52","v":0},{"$f":"(SUMIF(P:P,\"OBRAS COMPLEMENTARES\",N:N))","v":0}]
[null,9,"SINAPI",36170,"bloquete/piso intertravado de concreto - modelo onda/16 faces/retangular/t ijolinho/paver/holandes/paralelepipedo, *22 cm x 11* cm, e = 8 cm, resistencia de 35 mpa (nbr 9781), cor natural",null,null,null,"m²",{"$f":"J24*'CPU SINAPI'!E8","v":112448},{"$f":"M23/L23-1","v":0.14999999999999991},{"$f":"ROUND(VLOOKUP(D23,'INSUMOS SINAPI'!A:E,5,0),6)","v":75},{"$f":"ROUND(VLOOKUP(D23,'INSUMOS SINAPI'!A:E,5,0)*(1+$L$6),6)","v":86.25},{"$f":"ROUND(ROUND(J23,2)*ROUND(M23,6),2)","v":9698640},null,"PAVIMENTAÇÃO",null,"N12","MOBILIZAÇÃO",{"$f":"(SUMIF(P:P,\"MOBILIZAÇÃO\",N:N))/$N$52","v":0},{"$f":"(SUMIF(P:P,\"MOBILIZAÇÃO\",N:N))","v":0}]
[null,10,"SINAPI",{"$f":"'CPU SINAPI'!B5","v":"92404 ADAPTADA"},"execução de pavimento em piso intertravado, com bloco 16 faces de 22 x 11 cm, espessura 8 cm. af_10/2022 - exclusive fornecimento de bloquete",null,null,null,"m²",{"$f":"'MC MODULO'!H51","v":112000},0.23392943450942472,{"$f":"ROUND('CPU SINAPI'!G15,6)","v":20.69},{"$f":"ROUND('CPU SINAPI'!G17,6)","v":25.53},2859360,null,"PAVIMENTAÇÃO",null,"N13","INCC",{"$f":"(SUMIF(P:P,\"INCC\",N:N))/$N$52","v":0.15055813124789827},{"$f":"(SUMIF(P:P,\"INCC\",N:N))","v":3151940.5000000005},{"$nulls":6},13037300.310000001]
[null,11,"SICRO",5915014,{"$f":"VLOOKUP(D25,'SINTÉTICO SICRO'!$A$4:$D$1048576,2,0)","v":"Transporte com caminhão carroceria com capacidade de 11 t e com guindauto de 45 t.m - rodovia pavimentada"},null,null,null,"tkm",{"$f":"'MC MODULO'!H56","v":591360},0.2339,{"$f":"ROUND(IF(C25=\"CODEVASF\",VLOOKUP(D25,'CPU CODEVASF'!E:I,5,FALSE),VLOOKUP(D25,'SINTÉTICO SICRO'!A:D,4,FALSE)),6)","v":1.43},{"$f":"L25+(L25*J6)","v":1.7644769999999999},1043441.12,null,"PAVIMENTAÇÃO"]
[null,12,"SICRO",5915321,"Transporte com caminhão basculante de 14 m³ - rodovia pavimentada (areia)",null,null,null,"tkm",{"$f":"'MC MODULO'!H62","v":201600},{"$f":"M26/L26-1","v":0.2339},{"$f":"ROUND(IF(C26=\"CODEVASF\",VLOOKUP(D26,'CPU CODEVASF'!E:I,5,FALSE),VLOOKUP(D26,'SINTÉTICO SICRO'!A:D,4,FALSE)),6)","v":0.65},{"$f":"L26+(L26*J6)","v":0.80203500000000005},{"$f":"ROUND(ROUND(J26,2)*ROUND(M26,6),2)","v":161690.26},null,"PAVIMENTAÇÃO"]
[null,13,"SICRO",5915321,"Transporte com caminhão basculante de 14 m³ - rodovia pavimentada (pó de pedra)",null,null,null,"tkm",{"$f":"'MC MODULO'!H67","v":45359.999999999993},{"$f":"M27/L27-1","v":0.2339},{"$f":"ROUND(IF(C27=\"CODEVASF\",VLOOKUP(D27,'CPU CODEVASF'!E:I,5,FALSE),VLOOKUP(D27,'SINTÉTICO SICRO'!A:D,4,FALSE)),6)","v":0.65},{"$f":"L27+(L27*J6)","v":0.80203500000000005},{"$f":"ROUND(ROUND(J27,2)*ROUND(M27,6),2)","v":36380.31},null,"PAVIMENTAÇÃO"]
[null,14,"SICRO","CPU-20","Base estabilizada granulometricamente com mistura solo areia (70% - 30%) na pista com material de jazida e areia comercial",null,null,null,"m³",{"$f":"'MC MODULO'!H72","v":16800},0.2339,{"$f":"'CPU CODEVASF2'!I36","v":"76,77"},{"$f":"L28+(L28*J6)","v":94.726502999999994},1591405.25,null,"PAVIMENTAÇÃO",{"$nulls":11},15919722]
[null,15,"SICRO",4011209,{"$f":"VLOOKUP(D29,'SINTÉTICO SICRO'!$A$4:$D$1048576,2,0)","v":"Regularização do subleito"},null,null,null,"m²",{"$f":"'MC MODULO'!H77","v":112000},0.2339,{"$f":"ROUND(IF(C29=\"CODEVASF\",VLOOKUP(D29,'CPU CODEVASF'!E:I,5,FALSE),VLOOKUP(D29,'SINTÉTICO SICRO'!A:D,4,FALSE)),6)","v":1.22},{"$f":"ROUND(IF(C29=\"CODEVASF\",VLOOKUP(D29,'CPU CODEVASF'!E:H,4,FALSE),VLOOKUP(D29,'SINTÉTICO SICRO'!A:D,4,FALSE)*(1+$J$6)),6)","v":1.505358},168600.1,null,"PAVIMENTAÇÃO",{"$nulls":11},540540]
[{"$nulls":4},"SINALIZAÇÃO"]
[null,16,"SICRO",5213440,{"$f":"VLOOKUP(D31,'SINTÉTICO SICRO'!$A$4:$D$1048576,2,0)","v":"Placa de regulamentação em aço D = 0,60 m - película retrorrefletiva tipo I + SI - fornecimento e implantação"},null,null,null,"und",{"$f":"'MC MODULO'!H84","v":48},{"$f":"M31/L31-1","v":0.23390000000000022},{"$f":"ROUND(IF(C31=\"CODEVASF\",VLOOKUP(D31,'CPU CODEVASF'!E:I,5,FALSE),VLOOKUP(D31,'SINTÉTICO SICRO'!A:D,4,FALSE)),6)","v":259.77999999999997},{"$f":"ROUND(IF(C31=\"CODEVASF\",VLOOKUP(D31,'CPU CODEVASF'!E:H,4,FALSE),VLOOKUP(D31,'SINTÉTICO SICRO'!A:D,4,FALSE)*(1+$J$6)),6)","v":320.54254200000003},{"$f":"ROUND(ROUND(J31,2)*ROUND(M31,6),2)","v":15386.04},null,"INCC",{"$nulls":11},9985.9500000000007]
[null,17,"SICRO",5213464,{"$f":"VLOOKUP(D32,'SINTÉTICO SICRO'!$A$4:$D$1048576,2,0)","v":"Placa de advertência em aço, lado de 0,60 m - película retrorrefletiva tipo I + SI - fornecimento e implantação"},null,null,null,"und",{"$f":"'MC MODULO'!H89","v":48},0.2339,{"$f":"ROUND(IF(C32=\"CODEVASF\",VLOOKUP(D32,'CPU CODEVASF'!E:I,5,FALSE),VLOOKUP(D32,'SINTÉTICO SICRO'!A:D,4,FALSE)),6)","v":259.82},{"$f":"ROUND(IF(C32=\"CODEVASF\",VLOOKUP(D32,'CPU CODEVASF'!E:H,4,FALSE),VLOOKUP(D32,'SINTÉTICO SICRO'!A:D,4,FALSE)*(1+$J$6)),6)","v":320.59189800000001},15388.41,null,"INCC"]
[null,18,"SICRO",5213863,"Suporte metálico galvanizado para placa de advertência ou regulamentação - lado ou diâmetro de 0,60 m - fornecimento e implantação",null,null,null,"und",{"$f":"'MC MODULO'!H95","v":96},0.2339,{"$f":"ROUND(IF(C33=\"CODEVASF\",VLOOKUP(D33,'CPU CODEVASF'!E:I,5,FALSE),VLOOKUP(D33,'SINTÉTICO SICRO'!A:D,4,FALSE)),6)","v":456.06},{"$f":"ROUND(IF(C33=\"CODEVASF\",VLOOKUP(D33,'CPU CODEVASF'!E:H,4,FALSE),VLOOKUP(D33,'SINTÉTICO SICRO'!A:D,4,FALSE)*(1+$J$6)),6)","v":562.73243400000001},54022.31,null,"INCC",{"$nulls":11},13086.06]
[null,19,"SICRO",5213400,"Pintura de faixa com tinta acrílica - espessura de 0,4 mm",null,null,null,"m²",{"$f":"'MC MODULO'!H100+'MC MODULO'!H105","v":3840},0.2339,{"$f":"ROUND(IF(C34=\"CODEVASF\",VLOOKUP(D34,'CPU CODEVASF'!E:I,5,FALSE),VLOOKUP(D34,'SINTÉTICO SICRO'!A:D,4,FALSE)),6)","v":25.03},{"$f":"ROUND(IF(C34=\"CODEVASF\",VLOOKUP(D34,'CPU CODEVASF'!E:H,4,FALSE),VLOOKUP(D34,'SINTÉTICO SICRO'!A:D,4,FALSE)*(1+$J$6)),6)","v":30.884516999999999},118596.55,null,"INCC"]
[{"$nulls":4},"DRENAGEM"]
[null,20,"SICRO",2003943,{"$f":"VLOOKUP(D36,'SINTÉTICO SICRO'!$A$4:$D$1048576,2,0)","v":"Meio-fio de concreto - MFC 03 moldado no local com extrusora e concreto usinado - areia e brita comerciais"},null,null,null,"m",{"$f":"'MC MODULO'!H112","v":32000},{"$f":"M36/L36-1","v":0.23390000000000022},{"$f":"ROUND(IF(C36=\"CODEVASF\",VLOOKUP(D36,'CPU CODEVASF'!E:I,5,FALSE),VLOOKUP(D36,'SINTÉTICO SICRO'!A:D,4,FALSE)),6)","v":36.94},{"$f":"ROUND(IF(C36=\"CODEVASF\",VLOOKUP(D36,'CPU CODEVASF'!E:H,4,FALSE),VLOOKUP(D36,'SINTÉTICO SICRO'!A:D,4,FALSE)*(1+$J$6)),6)","v":45.580266000000002},{"$f":"ROUND(ROUND(J36,2)*ROUND(M36,6),2)","v":1458568.51},null,"DRENAGEM",{"$nulls":11},4514640]
[null,21,"SICRO",4915724,{"$f":"VLOOKUP(D37,'SINTÉTICO SICRO'!$A$4:$D$1048576,2,0)","v":"Caiação mecanizada com fixador de cal"},null,null,null,"m²",{"$f":"'MC MODULO'!H117","v":3840},{"$f":"(M37/L37-1)","v":0.2339},{"$f":"ROUND(IF(C37=\"CODEVASF\",VLOOKUP(D37,'CPU CODEVASF'!E:I,5,FALSE),VLOOKUP(D37,'SINTÉTICO SICRO'!A:D,4,FALSE)),6)","v":2.14},{"$f":"ROUND(IF(C37=\"CODEVASF\",VLOOKUP(D37,'CPU CODEVASF'!E:H,4,FALSE),VLOOKUP(D37,'SINTÉTICO SICRO'!A:D,4,FALSE)*(1+$J$6)),6)","v":2.6405460000000001},{"$f":"ROUND(ROUND(J37,2)*ROUND(M37,6),2)","v":10139.700000000001},null,"INCC",{"$nulls":8},4514640]
[{"$nulls":4},"SERVIÇOS COMPLEMENTARES"]
[null,22,"Codevasf","CPU-02","Conserto de quebra no ramal na rua sem pavimento com fornecimento de material hidráulico",null,null,null,"m",{"$f":"'MC MODULO'!H124","v":1600},{"$f":"M39/L39-1","v":0.23389998398315348},{"$f":"ROUND(IF(C39=\"CODEVASF\",VLOOKUP(D39,'CPU CODEVASF'!E:I,5,FALSE),VLOOKUP(D39,'SINTÉTICO SICRO'!A:D,4,FALSE)),6)","v":15.23396},{"$f":"ROUND(IF(C39=\"CODEVASF\",VLOOKUP(D39,'CPU CODEVASF'!E:H,4,FALSE),VLOOKUP(D39,'SINTÉTICO SICRO'!A:D,4,FALSE)*(1+$J$6)),6)","v":18.797183},{"$f":"ROUND(ROUND(J39,2)*ROUND(M39,6),2)","v":30075.49},null,"INCC",{"$nulls":11},139854]
[{"$nulls":4},"PROJETO EXECUTIVO"]
[null,23,"Codevasf","Composição Própria","Projeto Executivo",null,null,null,"m²",{"$f":"'MC MODULO'!H131","v":112000},{"$f":"M41/L41-1","v":0.23390002067669613},{"$f":"ROUND(('Projeto Executivo'!G29)/(1+$J$6),6)","v":2.3327629999999999},{"$f":"'Projeto Executivo'!G29","v":2.8783963139338318},{"$f":"ROUND(ROUND(J41,2)*ROUND(M41,6),2)","v":322380.34999999998},null,"INCC",{"$nulls":11},763671.38]
[{"$nulls":4},"MOMENTO DE TRANSPORTE"]
[null,24,"SICRO",5914359,{"$f":"VLOOKUP(D43,'SINTÉTICO SICRO'!$A$4:$D$1048576,2,0)","v":"Transporte com caminhão basculante de 10 m³ - rodovia em leito natural"},null,null,null,"tkm",{"$f":"SUMIF('MOMENTO DE TRANSPORTE - PRINC'!A:A,'RESUMO MODULO TOTAL'!D43,'MOMENTO DE TRANSPORTE - PRINC'!K:K)+SUMIF('MOMENTO DE TRANSPORTE - AUX'!A:A,'RESUMO MODULO TOTAL'!D43,'MOMENTO DE TRANSPORTE - AUX'!K:K)","v":36391.572},{"$f":"M43/L43-1","v":0.2339},{"$f":"ROUND(IF(C43=\"CODEVASF\",VLOOKUP(D43,'CPU CODEVASF'!E:I,5,FALSE),VLOOKUP(D43,'SINTÉTICO SICRO'!A:D,4,FALSE)),6)","v":1.3},{"$f":"ROUND(IF(C43=\"CODEVASF\",VLOOKUP(D43,'CPU CODEVASF'!E:H,4,FALSE),VLOOKUP(D43,'SINTÉTICO SICRO'!A:D,4,FALSE)*(1+$J$6)),6)","v":1.6040700000000001},{"$f":"ROUND(ROUND(J43,2)*ROUND(M43,6),2)","v":58374.63},null,"PAVIMENTAÇÃO"]
[null,25,"SICRO",5914374,{"$f":"VLOOKUP(D44,'SINTÉTICO SICRO'!$A$4:$D$1048576,2,0)","v":"Transporte com caminhão basculante de 10 m³ - rodovia em revestimento primário"},null,null,null,"tkm",{"$f":"SUMIF('MOMENTO DE TRANSPORTE - PRINC'!A:A,'RESUMO MODULO TOTAL'!D44,'MOMENTO DE TRANSPORTE - PRINC'!K:K)+SUMIF('MOMENTO DE TRANSPORTE - AUX'!A:A,'RESUMO MODULO TOTAL'!D44,'MOMENTO DE TRANSPORTE - AUX'!K:K)","v":0},0.2339,{"$f":"ROUND(IF(C44=\"CODEVASF\",VLOOKUP(D44,'CPU CODEVASF'!E:I,5,FALSE),VLOOKUP(D44,'SINTÉTICO SICRO'!A:D,4,FALSE)),6)","v":1.04},{"$f":"ROUND(IF(C44=\"CODEVASF\",VLOOKUP(D44,'CPU CODEVASF'!E:H,4,FALSE),VLOOKUP(D44,'SINTÉTICO SICRO'!A:D,4,FALSE)*(1+$J$6)),6)","v":1.283256},0,null,"PAVIMENTAÇÃO"]
[null,26,"SICRO",5914389,{"$f":"VLOOKUP(D45,'SINTÉTICO SICRO'!$A$4:$D$1048576,2,0)","v":"Transporte com caminhão basculante de 10 m³ - rodovia pavimentada"},null,null,null,"tkm",{"$f":"SUMIF('MOMENTO DE TRANSPORTE - PRINC'!A:A,'RESUMO MODULO TOTAL'!D45,'MOMENTO DE TRANSPORTE - PRINC'!K:K)+SUMIF('MOMENTO DE TRANSPORTE - AUX'!A:A,'RESUMO MODULO TOTAL'!D45,'MOMENTO DE TRANSPORTE - AUX'!K:K)","v":327524.14800000004},0.2339,{"$f":"ROUND(IF(C45=\"CODEVASF\",VLOOKUP(D45,'CPU CODEVASF'!E:I,5,FALSE),VLOOKUP(D45,'SINTÉTICO SICRO'!A:D,4,FALSE)),6)","v":0.81},{"$f":"ROUND(IF(C45=\"CODEVASF\",VLOOKUP(D45,'CPU CODEVASF'!E:H,4,FALSE),VLOOKUP(D45,'SINTÉTICO SICRO'!A:D,4,FALSE)*(1+$J$6)),6)","v":0.99945899999999999},327346.96000000002,null,"PAVIMENTAÇÃO"]
[null,27,"SICRO",5914449,{"$f":"VLOOKUP(D46,'SINTÉTICO SICRO'!$A$4:$D$1048576,2,0)","v":"Transporte com caminhão carroceria de 15 t - rodovia em leito natural"},null,null,null,"tkm",{"$f":"SUMIF('MOMENTO DE TRANSPORTE - PRINC'!A:A,'RESUMO MODULO TOTAL'!D46,'MOMENTO DE TRANSPORTE - PRINC'!K:K)+SUMIF('MOMENTO DE TRANSPORTE - AUX'!A:A,'RESUMO MODULO TOTAL'!D46,'MOMENTO DE TRANSPORTE - AUX'!K:K)","v":0},0.2339,{"$f":"ROUND(IF(C46=\"CODEVASF\",VLOOKUP(D46,'CPU CODEVASF'!E:I,5,FALSE),VLOOKUP(D46,'SINTÉTICO SICRO'!A:D,4,FALSE)),6)","v":1.1499999999999999},{"$f":"ROUND(IF(C46=\"CODEVASF\",VLOOKUP(D46,'CPU CODEVASF'!E:H,4,FALSE),VLOOKUP(D46,'SINTÉTICO SICRO'!A:D,4,FALSE)*(1+$J$6)),6)","v":1.4189849999999999},0,null,"PAVIMENTAÇÃO"]
[null,28,"SICRO",5914464,{"$f":"VLOOKUP(D47,'SINTÉTICO SICRO'!$A$4:$D$1048576,2,0)","v":"Transporte com caminhão carroceria de 15 t - rodovia em revestimento primário"},null,null,null,"tkm",{"$f":"SUMIF('MOMENTO DE TRANSPORTE - PRINC'!A:A,'RESUMO MODULO TOTAL'!D47,'MOMENTO DE TRANSPORTE - PRINC'!K:K)+SUMIF('MOMENTO DE TRANSPORTE - AUX'!A:A,'RESUMO MODULO TOTAL'!D47,'MOMENTO DE TRANSPORTE - AUX'!K:K)","v":0},0.2339,{"$f":"ROUND(IF(C47=\"CODEVASF\",VLOOKUP(D47,'CPU CODEVASF'!E:I,5,FALSE),VLOOKUP(D47,'SINTÉTICO SICRO'!A:D,4,FALSE)),6)","v":0.92},{"$f":"ROUND(IF(C47=\"CODEVASF\",VLOOKUP(D47,'CPU CODEVASF'!E:H,4,FALSE),VLOOKUP(D47,'SINTÉTICO SICRO'!A:D,4,FALSE)*(1+$J$6)),6)","v":1.1351880000000001},0,null,"PAVIMENTAÇÃO"]
[null,29,"SICRO",5914479,{"$f":"VLOOKUP(D48,'SINTÉTICO SICRO'!$A$4:$D$1048576,2,0)","v":"Transporte com caminhão carroceria de 15 t - rodovia pavimentada"},null,null,null,"tkm",{"$f":"SUMIF('MOMENTO DE TRANSPORTE - PRINC'!A:A,'RESUMO MODULO TOTAL'!D48,'MOMENTO DE TRANSPORTE - PRINC'!K:K)+SUMIF('MOMENTO DE TRANSPORTE - AUX'!A:A,'RESUMO MODULO TOTAL'!D48,'MOMENTO DE TRANSPORTE - AUX'!K:K)","v":519.07967999999994},0.2339,{"$f":"ROUND(IF(C48=\"CODEVASF\",VLOOKUP(D48,'CPU CODEVASF'!E:I,5,FALSE),VLOOKUP(D48,'SINTÉTICO SICRO'!A:D,4,FALSE)),6)","v":0.72},{"$f":"ROUND(IF(C48=\"CODEVASF\",VLOOKUP(D48,'CPU CODEVASF'!E:H,4,FALSE),VLOOKUP(D48,'SINTÉTICO SICRO'!A:D,4,FALSE)*(1+$J$6)),6)","v":0.88840799999999998},461.15,null,"PAVIMENTAÇÃO"]
[null,30,"SICRO",5914569,{"$f":"VLOOKUP(D49,'SINTÉTICO SICRO'!$A$4:$D$1048576,2,0)","v":"Transporte com caminhão betoneira - rodovia pavimentada"},null,null,null,"tkm",{"$f":"SUMIF('MOMENTO DE TRANSPORTE - PRINC'!A:A,'RESUMO MODULO TOTAL'!D49,'MOMENTO DE TRANSPORTE - PRINC'!K:K)+SUMIF('MOMENTO DE TRANSPORTE - AUX'!A:A,'RESUMO MODULO TOTAL'!D49,'MOMENTO DE TRANSPORTE - AUX'!K:K)","v":43545.599999999999},{"$f":"M49/L49-1","v":0.2339},{"$f":"ROUND(IF(C49=\"CODEVASF\",VLOOKUP(D49,'CPU CODEVASF'!E:I,5,FALSE),VLOOKUP(D49,'SINTÉTICO SICRO'!A:D,4,FALSE)),6)","v":0.65},{"$f":"ROUND(IF(C49=\"CODEVASF\",VLOOKUP(D49,'CPU CODEVASF'!E:H,4,FALSE),VLOOKUP(D49,'SINTÉTICO SICRO'!A:D,4,FALSE)*(1+$J$6)),6)","v":0.80203500000000005},{"$f":"ROUND(ROUND(J49,2)*ROUND(M49,6),2)","v":34925.1},null,"PAVIMENTAÇÃO"]
[null,31,"SICRO",5914554,{"$f":"VLOOKUP(D50,'SINTÉTICO SICRO'!$A$4:$D$1048576,2,0)","v":"Transporte com caminhão betoneira - rodovia em revestimento primário"},null,null,null,"tkm",{"$f":"SUMIF('MOMENTO DE TRANSPORTE - PRINC'!A:A,'RESUMO MODULO TOTAL'!D50,'MOMENTO DE TRANSPORTE - PRINC'!K:K)+SUMIF('MOMENTO DE TRANSPORTE - AUX'!A:A,'RESUMO MODULO TOTAL'!D50,'MOMENTO DE TRANSPORTE - AUX'!K:K)","v":0},0.23390000000000022,{"$f":"ROUND(IF(C50=\"CODEVASF\",VLOOKUP(D50,'CPU CODEVASF'!E:I,5,FALSE),VLOOKUP(D50,'SINTÉTICO SICRO'!A:D,4,FALSE)),6)","v":0.83},{"$f":"ROUND(IF(C50=\"CODEVASF\",VLOOKUP(D50,'CPU CODEVASF'!E:H,4,FALSE),VLOOKUP(D50,'SINTÉTICO SICRO'!A:D,4,FALSE)*(1+$J$6)),6)","v":1.0241370000000001},0,null,"PAVIMENTAÇÃO"]
[null,32,"SICRO",5914539,{"$f":"VLOOKUP(D51,'SINTÉTICO SICRO'!$A$4:$D$1048576,2,0)","v":"Transporte com caminhão betoneira - rodovia em leito natural"},null,null,null,"tkm",{"$f":"SUMIF('MOMENTO DE TRANSPORTE - PRINC'!A:A,'RESUMO MODULO TOTAL'!D51,'MOMENTO DE TRANSPORTE - PRINC'!K:K)+SUMIF('MOMENTO DE TRANSPORTE - AUX'!A:A,'RESUMO MODULO TOTAL'!D51,'MOMENTO DE TRANSPORTE - AUX'!K:K)","v":4838.3999999999996},0.2339,{"$f":"ROUND(IF(C51=\"CODEVASF\",VLOOKUP(D51,'CPU CODEVASF'!E:I,5,FALSE),VLOOKUP(D51,'SINTÉTICO SICRO'!A:D,4,FALSE)),6)","v":1.04},{"$f":"ROUND(IF(C51=\"CODEVASF\",VLOOKUP(D51,'CPU CODEVASF'!E:H,4,FALSE),VLOOKUP(D51,'SINTÉTICO SICRO'!A:D,4,FALSE)*(1+$J$6)),6)","v":1.283256},6208.91,null,"PAVIMENTAÇÃO"]
[null,"VALOR TOTAL DO SRP",{"$nulls":11},{"$f":"INT(SUM(N10:N51))","v":20935040},{"$nulls":13},{"$f":"SUM(AB19:AB41)","v":35389795.700000003}]
[null,"Obs.: Os valores estão apresentados com apenas 2 casas decimais, mas os valores da presente planilha foram calculados utilizando a precisão de 6 casa decimais. "]
[]
[{"$nulls":13},{"$f":"186.92*I8","v":20935040}]
[]
[]
[]
[null,null,null," "]

{"sheet":"CRONOGRAMA TOTAL","index":1,"n_rows":55,"n_cols":17,"rows_kept":55,"cut":false,"hidden":false,"merged":[[28,0,28,1],[1,0,1,14],[2,0,2,14],[25,0,25,1],[26,0,26,1],[27,0,27,1]]}
[]
[{"$f":"'RESUMO MODULO TOTAL'!B1","v":"EXECUÇÃO DE SERVIÇOS DE IMPLANTAÇÃO DE PAVIMENTAÇÃO EM BLOCO DE CONCRETO INTERTRAVADO, EM VIAS DE MUNICÍPIOS DIVERSOS INSERIDOS NA ÁREA DE ATUAÇÃO DA CODEVASF, NO ESTADO DO AMAPÁ (REGIÃO PORTO GRANDE)"}]
["Cronograma Físico e Financeiro "]
["Item","Descrição","Total Por Etapa","30 DIAS","60 DIAS","90 DIAS","120 DIAS","150 DIAS","180 DIAS","210 DIAS","240 DIAS","270 DIAS","300 DIAS","330 DIAS","360 DIAS"]
[null,{"$f":"'RESUMO MODULO TOTAL'!E10","v":"MOBILIZAÇÃO/DESMOBILIZAÇÃO"},{"$f":"SUM(D5:O5)","v":1},0.5,{"$nulls":10},0.5]
[null,null,{"$f":"SUM('RESUMO MODULO TOTAL'!N11:N12)","v":515878.08},{"$f":"$C$6*D5","v":257939.04},{"$nulls":10},{"$f":"$C$6*O5","v":257939.04},{"$f":"SUM(D6:O6)","v":515878.08},{"$f":"IF(P6=C6,\"OK\",\"\")","v":"OK"}]
[null,{"$f":"'RESUMO MODULO TOTAL'!E13","v":"INSTALAÇÃO DE CANTEIRO"},{"$f":"SUM(D7:O7)","v":1},0.1,0.5,0.4]
[null,null,{"$f":"SUM('RESUMO MODULO TOTAL'!N14:N16)","v":695674.11},{"$f":"$C$8*D7","v":69567.411000000007},{"$f":"$C$8*E7","v":347837.05499999999},278269.64400000003,0,0,0,0,0,0,0,0,0,{"$f":"SUM(D8:O8)","v":695674.1100000001},{"$f":"IF(P8=C8,\"OK\",\"\")","v":"OK"}]
[null,{"$f":"'RESUMO MODULO TOTAL'!E17","v":"ADMINISTRAÇÃO LOCAL DA OBRA"},{"$f":"SUM(D9:O9)","v":1.0000000255615351},{"$f":"(D6+D8+D12+D14+D16+D18+D20+D22+D24)/($O$31-$C$10)","v":1.67431352940756E-2},{"$f":"(E6+E8+E12+E14+E16+E18+E20+E22+E24)/($O$31-$C$10)","v":1.778249819011295E-2},2.0726608782106887E-2,6.5006102300165271E-3,1.4741146866348987E-2,0.14840848113146707,0.13475962147607667,0.13475962147607667,0.13475962147607667,0.13475962147607667,0.17307083365072665,6.2988225512373749E-2]
[null,null,{"$f":"SUM('RESUMO MODULO TOTAL'!N18)","v":1374399.46},{"$f":"$C$10*D9","v":23011.756106884444},{"$f":"$C$10*E9","v":24440.255909942214},{"$f":"$C$10*F9","v":28486.639917758963},8934.43518980519,20260.22429289074,203972.53632650853,185213.55098652418,185213.55098652418,185213.55098652418,185213.55098652418,237868.46031130853,86570.983130564709,{"$f":"SUM(D10:O10)","v":1374399.4951317599},{"$f":"IF(P10=C10,\"OK\",\"\")","v":""}]
[null,{"$f":"'RESUMO MODULO TOTAL'!E19","v":"TERRAPLANAGEM"},{"$f":"SUM(D11:O11)","v":1},null,null,{"$f":"1/4","v":0.25},{"$f":"1/4","v":0.25},{"$f":"1/4","v":0.25},{"$f":"1/4","v":0.25}]
[null,null,{"$f":"SUM('RESUMO MODULO TOTAL'!N20:N21)","v":337697.7},{"$f":"$C$14*D11","v":0},{"$f":"$C$12*E11","v":0},84424.425000000003,84424.425000000003,84424.425000000003,84424.425000000003,0,0,0,0,0,0,{"$f":"SUM(D12:O12)","v":337697.7},{"$f":"IF(P12=C12,\"OK\",\"\")","v":"OK"}]
[null,{"$f":"'RESUMO MODULO TOTAL'!E22","v":"PAVIMENTAÇÃO"},{"$f":"SUM(D13:O13)","v":0.99999999999999989},{"$nulls":5},{"$f":"1/6","v":0.16666666666666666},{"$f":"1/6","v":0.16666666666666666},0.16666666666666666,0.16666666666666666,0.16666666666666666,0.16666666666666666]
[null,null,{"$f":"SUM('RESUMO MODULO TOTAL'!N23:N29)","v":15559517.039999999},{"$f":"$C$14*D13","v":0},{"$f":"$C$14*E13","v":0},0,0,0,2593252.84,2593252.84,2593252.84,2593252.84,2593252.84,2593252.84,0,{"$f":"SUM(D14:O14)","v":15559517.039999999},{"$f":"IF(P14=C14,\"OK\",\"\")","v":"OK"}]
[null,{"$f":"'RESUMO MODULO TOTAL'!E30","v":"SINALIZAÇÃO"},{"$f":"SUM(D15:O15)","v":1},{"$nulls":11},1]
[null,null,{"$f":"SUM('RESUMO MODULO TOTAL'!N31:N34)","v":203393.31},{"$f":"$C$16*D15","v":0},{"$f":"$C$16*E15","v":0},0,0,0,0,0,0,0,0,0,203393.31,{"$f":"SUM(D16:O16)","v":203393.31},{"$f":"IF(P16=C16,\"OK\",\"\")","v":"OK"}]
[null,{"$f":"'RESUMO MODULO TOTAL'!E35","v":"DRENAGEM"},{"$f":"SUM(D17:O17)","v":1},{"$nulls":10},0.5,0.5]
[null,null,{"$f":"SUM('RESUMO MODULO TOTAL'!N36:N37)","v":1468708.21},{"$f":"$C$18*D17","v":0},{"$f":"$C$18*E17","v":0},0,0,0,0,0,0,0,0,734354.10499999998,734354.10499999998,{"$f":"SUM(D18:O18)","v":1468708.21},{"$f":"IF(P18=C18,\"OK\",\"\")","v":"OK"}]
[null,{"$f":"'RESUMO MODULO TOTAL'!E38","v":"SERVIÇOS COMPLEMENTARES"},{"$f":"SUM(D19:O19)","v":1},{"$nulls":10},0.5,0.5]
[null,null,{"$f":"SUM('RESUMO MODULO TOTAL'!N39)","v":30075.49},{"$f":"$C$20*D19","v":0},{"$f":"$C$20*E19","v":0},0,0,0,0,0,0,0,0,15037.745000000001,15037.745000000001,{"$f":"SUM(D20:O20)","v":30075.49},{"$f":"IF(P20=C20,\"OK\",\"\")","v":"OK"}]
[null,{"$f":"'RESUMO MODULO TOTAL'!E40","v":"PROJETO EXECUTIVO"},{"$f":"SUM(D21:O21)","v":1},{"$nulls":4},0.5,0.5]
[null,null,{"$f":"SUM('RESUMO MODULO TOTAL'!N41)","v":322380.34999999998},{"$f":"$C$22*D21","v":0},{"$f":"$C$22*E21","v":0},0,0,161190.17499999999,161190.17499999999,0,0,0,0,0,0,{"$f":"SUM(D22:O22)","v":322380.34999999998},{"$f":"IF(P22=C22,\"OK\",\"\")","v":"OK"}]
[null,{"$f":"'RESUMO MODULO TOTAL'!E42","v":"MOMENTO DE TRANSPORTE"},{"$f":"SUM(D23:O23)","v":1},null,null,0.1,0.1,0.1,0.15,0.1,0.1,0.1,0.1,0.1,0.05]
[null,null,{"$f":"SUM('RESUMO MODULO TOTAL'!N43:N51)","v":427316.75},{"$f":"$C$24*D23","v":0},{"$f":"$C$24*E23","v":0},42731.675000000003,42731.675000000003,42731.675000000003,64097.512499999997,42731.675000000003,42731.675000000003,42731.675000000003,42731.675000000003,42731.675000000003,21365.837500000001,{"$f":"SUM(D24:O24)","v":427316.75},{"$f":"IF(P24=C24,\"OK\",\"\")","v":"OK"}]
[]
["Porcentagem",null,null,{"$f":"SUM(D6+D8+D10+D12+D14+D16+D18+D20+D22+D24)/$O$31","v":1.67431352940756E-2},{"$f":"SUM(E6+E8+E10+E12+E14+E16+E18+E20+E22+E24)/$O$31","v":1.778249819011295E-2},2.0726608782106887E-2,6.5006102300165271E-3,1.4741146866348987E-2,0.1484084811314671,0.13475962147607665,0.13475962147607665,0.13475962147607665,0.13475962147607665,0.17307083365072665,6.2988225512373736E-2]
["Custo",null,null,{"$f":"$O$31*D26","v":350518.20710688445},{"$f":"$O$31*E26","v":372277.3109099422},{"$f":"$O$31*F26","v":433912.38391775894},136090.5351898052,308606.49929289072,3106937.4888265091,2821198.0659865234,2821198.0659865234,2821198.0659865234,2821198.0659865234,3623244.8253113083,1318661.0206305645]
["Porcentagem Acumulado",null,null,{"$f":"D26","v":1.67431352940756E-2},{"$f":"D28+E26","v":3.452563348418855E-2},{"$f":"E28+F26","v":5.5252242266295437E-2},6.1752852496311961E-2,7.649399936266095E-2,0.22490248049412803,0.35966210197020465,0.49442172344628132,0.629181344922358,0.76394096639843467,0.93701180004916129,{"$f":"N28+O26","v":1.0000000255615351}]
["Custo Acumulado",null,null,{"$f":"D27","v":350518.20710688445},{"$f":"D29+E27","v":722795.51801682659},1156707.9019345855,1292798.4371243906,1601404.9364172814,4708342.4252437903,7529540.4912303137,10350738.557216838,13171936.623203361,15993134.689189885,19616379.514501192,{"$f":"INT(N29+O27)","v":20935040}]
[]
[null,null,null,"Total Geral",{"$nulls":9},"R$",{"$f":"INT(C6+C8+C10+C12+C14+C16+C18+C20+C22+C24)","v":20935040}]
[]
[]
[{"$nulls":14},{"$f":"O29-O31","v":0}]
[]
[{"$nulls":14},{"$f":"'RESUMO MODULO TOTAL'!N52","v":20935040}]
{"$rows_empty":18}
[{"$nulls":13},{"$f":"186.92*I8","v":0}]

{"sheet":"Mob","index":2,"n_rows":66,"n_cols":14,"rows_kept":66,"cut":false,"hidden":false,"merged":[[3,0,3,7],[4,0,8,4],[4,5,4,6],[5,5,6,6],[5,7,6,7],[7,5,8,6],[7,7,8,7],[10,6,10,7],[59,0,59,1],[10,0,11,0],[10,1,11,1],[10,2,11,2],[10,3,11,3],[10,4,11,4],[10,5,11,5]]}
[]
[]
[]
[{"$f":"'RESUMO MODULO TOTAL'!B1","v":"EXECUÇÃO DE SERVIÇOS DE IMPLANTAÇÃO DE PAVIMENTAÇÃO EM BLOCO DE CONCRETO INTERTRAVADO, EM VIAS DE MUNICÍPIOS DIVERSOS INSERIDOS NA ÁREA DE ATUAÇÃO DA CODEVASF, NO ESTADO DO AMAPÁ (REGIÃO PORTO GRANDE)"}]
["MOBILIZAÇÃO/DESMOBILIZAÇÃO (MOB)",{"$nulls":4},"Frentes de serviços",null,{"$f":"'MC MODULO'!G1","v":8}]
[{"$nulls":5},"Distância da Capital ao Canteiro:",null,112,"Fica a cargo de cada SR colocar a distancia adequada de acordo com o historico de mobilização"]
[]
[{"$nulls":5},"Velocidade média de transporte (pavim.):",null,60]
[]
["Transporte dos equipamentos"]
["CODIGO","EQUIPAMENTO","VEÍCULO TRANSPORTADOR","QTDE","K","FU","CUSTO DO TRANSPORTE"]
[{"$nulls":6},"(R$/h)","(R$)/km"]
["E9524",{"$f":"VLOOKUP(A13,Equipamentos!$A:$K,2,FALSE)","v":"Motoniveladora - 93 kW"},{"$f":"IFERROR(INDEX('Tabelas 2 e 3 mob'!A:K,MATCH(A13,'Tabelas 2 e 3 mob'!A:A,0),9),\"ERRO\")","v":"E9665"},1,2,1,{"$f":"IF(C13=\"Veículo(s) da própria frota.\",0,INDEX(Equipamentos!B:K,MATCH(C13,Equipamentos!A:A,0),9))","v":394.66649999999998},{"$f":"((D13*E13*F13)/$H$8)*G13","v":13.15555}]
["E9526",{"$f":"VLOOKUP(A14,Equipamentos!$A:$K,2,FALSE)","v":"Retroescavadeira de pneus - capacidade da caçamba da pá-carregadeira de 0,76 m³ e da retroescavadeira de 0,29 m³ - 58 kW "},{"$f":"IFERROR(INDEX('Tabelas 2 e 3 mob'!A:K,MATCH(A14,'Tabelas 2 e 3 mob'!A:A,0),9),\"ERRO\")","v":"E9665"},1,2,1,{"$f":"IF(C14=\"Veículo(s) da própria frota.\",0,INDEX(Equipamentos!B:K,MATCH(C14,Equipamentos!A:A,0),9))","v":394.66649999999998},{"$f":"((D14*E14*F14)/$H$8)*G14","v":13.15555}]
["E9577",{"$f":"VLOOKUP(A15,Equipamentos!$A:$K,2,FALSE)","v":"Trator agrícola sobre pneus - 77 kW"},{"$f":"IFERROR(INDEX('Tabelas 2 e 3 mob'!A:K,MATCH(A15,'Tabelas 2 e 3 mob'!A:A,0),9),\"ERRO\")","v":"E9665"},1,2,0.5,{"$f":"IF(C15=\"Veículo(s) da própria frota.\",0,INDEX(Equipamentos!B:K,MATCH(C15,Equipamentos!A:A,0),9))","v":394.66649999999998},6.5777749999999999]
["E9518",{"$f":"VLOOKUP(A16,Equipamentos!$A:$K,2,FALSE)","v":"Grade de 24 discos rebocável de D = 60 cm (24\")"},{"$f":"IFERROR(INDEX('Tabelas 2 e 3 mob'!A:K,MATCH(A16,'Tabelas 2 e 3 mob'!A:A,0),9),\"ERRO\")","v":"Veículo(s) da própria frota."},1,2,0,{"$f":"IF(C16=\"Veículo(s) da própria frota.\",0,INDEX(Equipamentos!B:K,MATCH(C16,Equipamentos!A:A,0),9))","v":0},0]
["E9615",{"$f":"VLOOKUP(A17,Equipamentos!$A:$K,2,FALSE)","v":"Usina misturadora de solos com capacidade de 300 t/h - 44 kW"},{"$f":"IFERROR(INDEX('Tabelas 2 e 3 mob'!A:K,MATCH(A17,'Tabelas 2 e 3 mob'!A:A,0),9),\"ERRO\")","v":"E9018"},1,2,2,{"$f":"IF(C17=\"Veículo(s) da própria frota.\",0,INDEX(Equipamentos!B:K,MATCH(C17,Equipamentos!A:A,0),9))","v":530.87609999999995},35.391739999999999]
["E9530",{"$f":"VLOOKUP(A18,Equipamentos!$A:$K,2,FALSE)","v":"Rolo compactador liso vibratório autopropelido por pneus de 11 t - 97 kW"},{"$f":"IFERROR(INDEX('Tabelas 2 e 3 mob'!A:K,MATCH(A18,'Tabelas 2 e 3 mob'!A:A,0),9),\"ERRO\")","v":"E9666"},1,2,0.5,{"$f":"IF(C18=\"Veículo(s) da própria frota.\",0,INDEX(Equipamentos!B:K,MATCH(C18,Equipamentos!A:A,0),9))","v":421.73779999999999},7.0289633333333335]
["E9558",{"$f":"VLOOKUP(A19,Equipamentos!$A:$K,2,FALSE)","v":"Tanque de estocagem de asfalto com capacidade de 30.000 l"},{"$f":"IFERROR(INDEX('Tabelas 2 e 3 mob'!A:K,MATCH(A19,'Tabelas 2 e 3 mob'!A:A,0),9),\"ERRO\")","v":"E9665"},0,2,1,{"$f":"IF(C19=\"Veículo(s) da própria frota.\",0,INDEX(Equipamentos!B:K,MATCH(C19,Equipamentos!A:A,0),9))","v":394.66649999999998},0]
["E9758",{"$f":"VLOOKUP(A20,Equipamentos!$A:$K,2,FALSE)","v":"Vibroacabadora de asfalto sobre pneus - 82 kW"},{"$f":"IFERROR(INDEX('Tabelas 2 e 3 mob'!A:K,MATCH(A20,'Tabelas 2 e 3 mob'!A:A,0),9),\"ERRO\")","v":"E9018"},0,2,0.5,{"$f":"IF(C20=\"Veículo(s) da própria frota.\",0,INDEX(Equipamentos!B:K,MATCH(C20,Equipamentos!A:A,0),9))","v":530.87609999999995},0]
["E9685",{"$f":"VLOOKUP(A21,Equipamentos!$A:$K,2,FALSE)","v":"Rolo compactador pé de carneiro vibratório autopropelido por pneus de 11,6 t - 82 kW"},{"$f":"IFERROR(INDEX('Tabelas 2 e 3 mob'!A:K,MATCH(A21,'Tabelas 2 e 3 mob'!A:A,0),9),\"ERRO\")","v":"E9666"},1,2,0.5,{"$f":"IF(C21=\"Veículo(s) da própria frota.\",0,INDEX(Equipamentos!B:K,MATCH(C21,Equipamentos!A:A,0),9))","v":421.73779999999999},7.0289633333333335]
["E9605",{"$f":"VLOOKUP(A22,Equipamentos!$A:$K,2,FALSE)","v":"Caminhão tanque com capacidade de 6.000 l - 136 kW"},{"$f":"IFERROR(INDEX('Tabelas 2 e 3 mob'!A:K,MATCH(A22,'Tabelas 2 e 3 mob'!A:A,0),9),\"ERRO\")","v":"E9605"},1,1,1,{"$f":"IF(C22=\"Veículo(s) da própria frota.\",0,INDEX(Equipamentos!B:K,MATCH(C22,Equipamentos!A:A,0),9))","v":252.1003},4.2016716666666669]
["E9579",{"$f":"VLOOKUP(A23,Equipamentos!$A:$K,2,FALSE)","v":"Caminhão basculante com capacidade de 10 m³ - 210 kW"},{"$f":"IFERROR(INDEX('Tabelas 2 e 3 mob'!A:K,MATCH(A23,'Tabelas 2 e 3 mob'!A:A,0),9),\"ERRO\")","v":"E9579"},5,1,1,{"$f":"IF(C23=\"Veículo(s) da própria frota.\",0,INDEX(Equipamentos!B:K,MATCH(C23,Equipamentos!A:A,0),9))","v":303.2303},25.269191666666664]
["E9509",{"$f":"VLOOKUP(A24,Equipamentos!$A:$K,2,FALSE)","v":"Caminhão tanque distribuidor de asfalto com capacidade de 6.000 l - 7 kW/136 kW"},{"$f":"IFERROR(INDEX('Tabelas 2 e 3 mob'!A:K,MATCH(A24,'Tabelas 2 e 3 mob'!A:A,0),9),\"ERRO\")","v":"E9509"},0,1,1,{"$f":"IF(C24=\"Veículo(s) da própria frota.\",0,INDEX(Equipamentos!B:K,MATCH(C24,Equipamentos!A:A,0),9))","v":263.58350000000002},0]
["E9762",{"$f":"VLOOKUP(A25,Equipamentos!$A:$K,2,FALSE)","v":"Rolo compactador de pneus autopropelido de 27 t - 85 kW"},{"$f":"IFERROR(INDEX('Tabelas 2 e 3 mob'!A:K,MATCH(A25,'Tabelas 2 e 3 mob'!A:A,0),9),\"ERRO\")","v":"E9666"},1,2,0.5,{"$f":"IF(C25=\"Veículo(s) da própria frota.\",0,INDEX(Equipamentos!B:K,MATCH(C25,Equipamentos!A:A,0),9))","v":421.73779999999999},7.0289633333333335]
["E9681",{"$f":"VLOOKUP(A26,Equipamentos!$A:$K,2,FALSE)","v":"Rolo compactador liso tandem vibratório autopropelido de 10,4 t - 82 kW"},{"$f":"IFERROR(INDEX('Tabelas 2 e 3 mob'!A:K,MATCH(A26,'Tabelas 2 e 3 mob'!A:A,0),9),\"ERRO\")","v":"E9666"},0,2,0.5,{"$f":"IF(C26=\"Veículo(s) da própria frota.\",0,INDEX(Equipamentos!B:K,MATCH(C26,Equipamentos!A:A,0),9))","v":421.73779999999999},0]
["E9545",{"$f":"VLOOKUP(A27,Equipamentos!$A:$K,2,FALSE)","v":"Vibroacabadora de asfalto sobre esteiras - 82 kW"},{"$f":"IFERROR(INDEX('Tabelas 2 e 3 mob'!A:K,MATCH(A27,'Tabelas 2 e 3 mob'!A:A,0),9),\"ERRO\")","v":"E9018"},0,2,0.5,{"$f":"IF(C27=\"Veículo(s) da própria frota.\",0,INDEX(Equipamentos!B:K,MATCH(C27,Equipamentos!A:A,0),9))","v":530.87609999999995},0]
["E9571",{"$f":"VLOOKUP(A28,Equipamentos!$A:$K,2,FALSE)","v":"Caminhão tanque com capacidade de 10.000 l - 188 kW"},{"$f":"IFERROR(INDEX('Tabelas 2 e 3 mob'!A:K,MATCH(A28,'Tabelas 2 e 3 mob'!A:A,0),9),\"ERRO\")","v":"E9571"},1,1,1,{"$f":"IF(C28=\"Veículo(s) da própria frota.\",0,INDEX(Equipamentos!B:K,MATCH(C28,Equipamentos!A:A,0),9))","v":330.9726},5.5162100000000001]
["E9514",{"$f":"VLOOKUP(A29,Equipamentos!$A:$K,2,FALSE)","v":"Distribuidor de agregados sobre pneus autopropelido - 130 kW"},{"$f":"IFERROR(INDEX('Tabelas 2 e 3 mob'!A:K,MATCH(A29,'Tabelas 2 e 3 mob'!A:A,0),9),\"ERRO\")","v":"E9665"},1,2,0.5,{"$f":"IF(C29=\"Veículo(s) da própria frota.\",0,INDEX(Equipamentos!B:K,MATCH(C29,Equipamentos!A:A,0),9))","v":394.66649999999998},6.5777749999999999]
["E9511",{"$f":"VLOOKUP(A30,Equipamentos!$A:$K,2,FALSE)","v":"Carregadeira de pneus com capacidade de 3,40 m³ - 195 kW"},{"$f":"IFERROR(INDEX('Tabelas 2 e 3 mob'!A:K,MATCH(A30,'Tabelas 2 e 3 mob'!A:A,0),9),\"ERRO\")","v":"E9665"},1,2,1,{"$f":"IF(C30=\"Veículo(s) da própria frota.\",0,INDEX(Equipamentos!B:K,MATCH(C30,Equipamentos!A:A,0),9))","v":394.66649999999998},13.15555]
["E9779",{"$f":"VLOOKUP(A31,Equipamentos!$A:$K,2,FALSE)","v":"Grupo gerador - 113 kVA"},{"$f":"IFERROR(INDEX('Tabelas 2 e 3 mob'!A:K,MATCH(A31,'Tabelas 2 e 3 mob'!A:A,0),9),\"ERRO\")","v":"Veículo(s) da própria frota."},1,2,0,{"$f":"IF(C31=\"Veículo(s) da própria frota.\",0,INDEX(Equipamentos!B:K,MATCH(C31,Equipamentos!A:A,0),9))","v":0},0]
["E9559",{"$f":"VLOOKUP(A32,Equipamentos!$A:$K,2,FALSE)","v":"Aquecedor de fluido térmico - 12 kW"},{"$f":"IFERROR(INDEX('Tabelas 2 e 3 mob'!A:K,MATCH(A32,'Tabelas 2 e 3 mob'!A:A,0),9),\"ERRO\")","v":"Veículo(s) da própria frota."},1,2,0,{"$f":"IF(C32=\"Veículo(s) da própria frota.\",0,INDEX(Equipamentos!B:K,MATCH(C32,Equipamentos!A:A,0),9))","v":0},0]
["E9584",{"$f":"VLOOKUP(A33,Equipamentos!$A:$K,2,FALSE)","v":"Carregadeira de pneus com capacidade de 1,72 m³ - 113 kW"},{"$f":"IFERROR(INDEX('Tabelas 2 e 3 mob'!A:K,MATCH(A33,'Tabelas 2 e 3 mob'!A:A,0),9),\"ERRO\")","v":"E9665"},1,2,1,{"$f":"IF(C33=\"Veículo(s) da própria frota.\",0,INDEX(Equipamentos!B:K,MATCH(C33,Equipamentos!A:A,0),9))","v":394.66649999999998},13.15555]
["E9021",{"$f":"VLOOKUP(A34,Equipamentos!$A:$K,2,FALSE)","v":"Grupo gerador - 456 kVA"},{"$f":"IFERROR(INDEX('Tabelas 2 e 3 mob'!A:K,MATCH(A34,'Tabelas 2 e 3 mob'!A:A,0),9),\"ERRO\")","v":"E9508"},1,2,1,{"$f":"IF(C34=\"Veículo(s) da própria frota.\",0,INDEX(Equipamentos!B:K,MATCH(C34,Equipamentos!A:A,0),9))","v":185.1405},6.1713500000000003]
["E9687",{"$f":"VLOOKUP(A35,Equipamentos!$A:$K,2,FALSE)","v":"Caminhão carroceria com capacidade de 5 t - 115 kW"},{"$f":"IFERROR(INDEX('Tabelas 2 e 3 mob'!A:K,MATCH(A35,'Tabelas 2 e 3 mob'!A:A,0),9),\"ERRO\")","v":"E9687"},1,1,1,{"$f":"IF(C35=\"Veículo(s) da própria frota.\",0,INDEX(Equipamentos!B:K,MATCH(C35,Equipamentos!A:A,0),9))","v":151.9075},2.5317916666666664]
["E9667",{"$f":"VLOOKUP(A36,Equipamentos!$A:$K,2,FALSE)","v":"Caminhão basculante com capacidade de 14 m³ - 210 kW"},{"$f":"IFERROR(INDEX('Tabelas 2 e 3 mob'!A:K,MATCH(A36,'Tabelas 2 e 3 mob'!A:A,0),9),\"ERRO\")","v":"E9667"},1,1,1,{"$f":"IF(C36=\"Veículo(s) da própria frota.\",0,INDEX(Equipamentos!B:K,MATCH(C36,Equipamentos!A:A,0),9))","v":304.3057},5.0717616666666663]
["E9644",{"$f":"VLOOKUP(A37,Equipamentos!$A:$K,2,FALSE)","v":"Caminhão demarcador de faixas com sistema de pintura a frio - 28 kW/115 kW"},{"$f":"IFERROR(INDEX('Tabelas 2 e 3 mob'!A:K,MATCH(A37,'Tabelas 2 e 3 mob'!A:A,0),9),\"ERRO\")","v":"E9644"},1,1,1,{"$f":"IF(C37=\"Veículo(s) da própria frota.\",0,INDEX(Equipamentos!B:K,MATCH(C37,Equipamentos!A:A,0),9))","v":380.37970000000001},6.3396616666666672]
["E9592",{"$f":"VLOOKUP(A38,Equipamentos!$A:$K,2,FALSE)","v":"Caminhão carroceria com capacidade de 15 t - 188 kW"},{"$f":"IFERROR(INDEX('Tabelas 2 e 3 mob'!A:K,MATCH(A38,'Tabelas 2 e 3 mob'!A:A,0),9),\"ERRO\")","v":"E9592"},1,1,1,{"$f":"IF(C38=\"Veículo(s) da própria frota.\",0,INDEX(Equipamentos!B:K,MATCH(C38,Equipamentos!A:A,0),9))","v":269.74720000000002},4.4957866666666666]
["E9540",{"$f":"VLOOKUP(A39,Equipamentos!$A:$K,2,FALSE)","v":"Trator sobre esteiras com lâmina - 127 kW"},{"$f":"IFERROR(INDEX('Tabelas 2 e 3 mob'!A:K,MATCH(A39,'Tabelas 2 e 3 mob'!A:A,0),9),\"ERRO\")","v":"E9018"},1,2,0.5,{"$f":"IF(C39=\"Veículo(s) da própria frota.\",0,INDEX(Equipamentos!B:K,MATCH(C39,Equipamentos!A:A,0),9))","v":530.87609999999995},8.8479349999999997]
["E9515",{"$f":"VLOOKUP(A40,Equipamentos!$A:$K,2,FALSE)","v":"Escavadeira hidráulica sobre esteiras com caçamba com capacidade de 1,56 m³ - 118 kW"},{"$f":"IFERROR(INDEX('Tabelas 2 e 3 mob'!A:K,MATCH(A40,'Tabelas 2 e 3 mob'!A:A,0),9),\"ERRO\")","v":"E9666"},1,2,1,{"$f":"IF(C40=\"Veículo(s) da própria frota.\",0,INDEX(Equipamentos!B:K,MATCH(C40,Equipamentos!A:A,0),9))","v":421.73779999999999},14.057926666666667]
["E9506",{"$f":"VLOOKUP(A41,Equipamentos!$A:$K,2,FALSE)","v":"Caminhão basculante com capacidade de 6 m³ - 136 kW"},{"$f":"IFERROR(INDEX('Tabelas 2 e 3 mob'!A:K,MATCH(A41,'Tabelas 2 e 3 mob'!A:A,0),9),\"ERRO\")","v":"E9506"},1,1,1,{"$f":"IF(C41=\"Veículo(s) da própria frota.\",0,INDEX(Equipamentos!B:K,MATCH(C41,Equipamentos!A:A,0),9))","v":185.7182},3.0953033333333333]
["E9256",{"$f":"VLOOKUP(A42,Equipamentos!$A:$K,2,FALSE)","v":"Equipamento para pintura com cal rebocável com dois bicos aplicadores e capacidade de 2.200 l"},{"$f":"IFERROR(INDEX('Tabelas 2 e 3 mob'!A:K,MATCH(A42,'Tabelas 2 e 3 mob'!A:A,0),9),\"ERRO\")","v":"Veículo(s) da própria frota."},1,2,0,{"$f":"IF(C42=\"Veículo(s) da própria frota.\",0,INDEX(Equipamentos!B:K,MATCH(C42,Equipamentos!A:A,0),9))","v":0},0]
["E9156",{"$f":"VLOOKUP(A43,Equipamentos!$A:$K,2,FALSE)","v":"Soprador de ar costal - 2,6 kW"},{"$f":"IFERROR(INDEX('Tabelas 2 e 3 mob'!A:K,MATCH(A43,'Tabelas 2 e 3 mob'!A:A,0),9),\"ERRO\")","v":"Veículo(s) da própria frota."},1,2,0,{"$f":"IF(C43=\"Veículo(s) da própria frota.\",0,INDEX(Equipamentos!B:K,MATCH(C43,Equipamentos!A:A,0),9))","v":0},0]
["E9146",{"$f":"VLOOKUP(A44,Equipamentos!$A:$K,2,FALSE)","v":"Caminhão silo com capacidade de 30 m³ - 265 kW"},{"$f":"IFERROR(INDEX('Tabelas 2 e 3 mob'!A:K,MATCH(A44,'Tabelas 2 e 3 mob'!A:A,0),9),\"ERRO\")","v":"E9146"},1,1,1,{"$f":"IF(C44=\"Veículo(s) da própria frota.\",0,INDEX(Equipamentos!B:K,MATCH(C44,Equipamentos!A:A,0),9))","v":465.41269999999997},7.7568783333333329]
["E9599",{"$f":"VLOOKUP(A45,Equipamentos!$A:$K,2,FALSE)","v":"Central de concreto com capacidade de 30 m³/h - dosadora RS"},{"$f":"IFERROR(INDEX('Tabelas 2 e 3 mob'!A:K,MATCH(A45,'Tabelas 2 e 3 mob'!A:A,0),9),\"ERRO\")","v":"E9018"},1,2,1,{"$f":"IF(C45=\"Veículo(s) da própria frota.\",0,INDEX(Equipamentos!B:K,MATCH(C45,Equipamentos!A:A,0),9))","v":530.87609999999995},17.695869999999999]
["E9103",{"$f":"VLOOKUP(A46,Equipamentos!$A:$K,2,FALSE)","v":"Extrusora para meio-fio de concreto - 10,44 kW"},{"$f":"IFERROR(INDEX('Tabelas 2 e 3 mob'!A:K,MATCH(A46,'Tabelas 2 e 3 mob'!A:A,0),9),\"ERRO\")","v":"Veículo(s) da própria frota."},1,2,0,{"$f":"IF(C46=\"Veículo(s) da própria frota.\",0,INDEX(Equipamentos!B:K,MATCH(C46,Equipamentos!A:A,0),9))","v":0},0]
["E9071",{"$f":"VLOOKUP(A47,Equipamentos!$A:$K,2,FALSE)","v":"Transportador manual carrinho de mão com capacidade de 80 l"},{"$f":"IFERROR(INDEX('Tabelas 2 e 3 mob'!A:K,MATCH(A47,'Tabelas 2 e 3 mob'!A:A,0),9),\"ERRO\")","v":"Veículo(s) da própria frota."},0,2,0,{"$f":"IF(C47=\"Veículo(s) da própria frota.\",0,INDEX(Equipamentos!B:K,MATCH(C47,Equipamentos!A:A,0),9))","v":0},0]
["E9064",{"$f":"VLOOKUP(A48,Equipamentos!$A:$K,2,FALSE)","v":"Transportador manual gerica com capacidade de 180 l"},{"$f":"IFERROR(INDEX('Tabelas 2 e 3 mob'!A:K,MATCH(A48,'Tabelas 2 e 3 mob'!A:A,0),9),\"ERRO\")","v":"Veículo(s) da própria frota."},0,2,0,{"$f":"IF(C48=\"Veículo(s) da própria frota.\",0,INDEX(Equipamentos!B:K,MATCH(C48,Equipamentos!A:A,0),9))","v":0},0]
["E9066",{"$f":"VLOOKUP(A49,Equipamentos!$A:$K,2,FALSE)","v":"Grupo gerador - 14 kVA"},{"$f":"IFERROR(INDEX('Tabelas 2 e 3 mob'!A:K,MATCH(A49,'Tabelas 2 e 3 mob'!A:A,0),9),\"ERRO\")","v":"Veículo(s) da própria frota."},0,2,0,{"$f":"IF(C49=\"Veículo(s) da própria frota.\",0,INDEX(Equipamentos!B:K,MATCH(C49,Equipamentos!A:A,0),9))","v":0},0]
["E9535",{"$f":"VLOOKUP(A50,Equipamentos!$A:$K,2,FALSE)","v":"Serra circular com bancada - D = 30 cm - 4 kW"},{"$f":"IFERROR(INDEX('Tabelas 2 e 3 mob'!A:K,MATCH(A50,'Tabelas 2 e 3 mob'!A:A,0),9),\"ERRO\")","v":"Veículo(s) da própria frota."},0,2,0,{"$f":"IF(C50=\"Veículo(s) da própria frota.\",0,INDEX(Equipamentos!B:K,MATCH(C50,Equipamentos!A:A,0),9))","v":0},0]
["E9507",{"$f":"VLOOKUP(A51,Equipamentos!$A:$K,2,FALSE)","v":"Plotadora de recorte com computador e programa computacional"},{"$f":"IFERROR(INDEX('Tabelas 2 e 3 mob'!A:K,MATCH(A51,'Tabelas 2 e 3 mob'!A:A,0),9),\"ERRO\")","v":"Veículo(s) da própria frota."},0,2,0,{"$f":"IF(C51=\"Veículo(s) da própria frota.\",0,INDEX(Equipamentos!B:K,MATCH(C51,Equipamentos!A:A,0),9))","v":0},0]
["E9568",{"$f":"VLOOKUP(A52,Equipamentos!$A:$K,2,FALSE)","v":"Furadeira de impacto de 12,5 mm - 0,80 kW"},{"$f":"IFERROR(INDEX('Tabelas 2 e 3 mob'!A:K,MATCH(A52,'Tabelas 2 e 3 mob'!A:A,0),9),\"ERRO\")","v":"Veículo(s) da própria frota."},0,2,0,{"$f":"IF(C52=\"Veículo(s) da própria frota.\",0,INDEX(Equipamentos!B:K,MATCH(C52,Equipamentos!A:A,0),9))","v":0},0]
["E9753",{"$f":"VLOOKUP(A53,Equipamentos!$A:$K,2,FALSE)","v":"Grupo gerador - 23 kVA"},{"$f":"IFERROR(INDEX('Tabelas 2 e 3 mob'!A:K,MATCH(A53,'Tabelas 2 e 3 mob'!A:A,0),9),\"ERRO\")","v":"Veículo(s) da própria frota."},0,2,0,{"$f":"IF(C53=\"Veículo(s) da própria frota.\",0,INDEX(Equipamentos!B:K,MATCH(C53,Equipamentos!A:A,0),9))","v":0},0]
["E9623",{"$f":"VLOOKUP(A54,Equipamentos!$A:$K,2,FALSE)","v":"Máquina de bancada guilhotina - 4,00 kW"},{"$f":"IFERROR(INDEX('Tabelas 2 e 3 mob'!A:K,MATCH(A54,'Tabelas 2 e 3 mob'!A:A,0),9),\"ERRO\")","v":"Veículo(s) da própria frota."},0,2,0,{"$f":"IF(C54=\"Veículo(s) da própria frota.\",0,INDEX(Equipamentos!B:K,MATCH(C54,Equipamentos!A:A,0),9))","v":0},0]
["E9622",{"$f":"VLOOKUP(A55,Equipamentos!$A:$K,2,FALSE)","v":"Máquina de bancada universal para corte de chapa - 1,50 kW"},{"$f":"IFERROR(INDEX('Tabelas 2 e 3 mob'!A:K,MATCH(A55,'Tabelas 2 e 3 mob'!A:A,0),9),\"ERRO\")","v":"Veículo(s) da própria frota."},0,2,0,{"$f":"IF(C55=\"Veículo(s) da própria frota.\",0,INDEX(Equipamentos!B:K,MATCH(C55,Equipamentos!A:A,0),9))","v":0},0,{"$nulls":5},{"$f":"186.92*I8","v":0}]
["E9678",{"$f":"VLOOKUP(A56,Equipamentos!$A:$K,2,FALSE)","v":"Fresadora a frio - 455 kW"},{"$f":"IFERROR(INDEX('Tabelas 2 e 3 mob'!A:K,MATCH(A56,'Tabelas 2 e 3 mob'!A:A,0),9),\"ERRO\")","v":"E9666"},0,2,1,{"$f":"IF(C56=\"Veículo(s) da própria frota.\",0,INDEX(Equipamentos!B:K,MATCH(C56,Equipamentos!A:A,0),9))","v":421.73779999999999},0]
[{"$nulls":6},"TOTAL",{"$f":"SUM(H13:H56)","v":233.30771833333336}]
[]
[]
["CUSTO TOTAL MOBILIZAÇÃO E DESMOBILIZAÇÃO"]
["DESCRIÇÃO","VALOR"]
["Custo Mobilização (km)",{"$f":"H57","v":233.30771833333336}]
["BDI (%)",{"$f":"BDI!C17","v":0.2339}]
["Custo Mobilização (R$/km) com BDI",{"$f":"B62+(B62*B63)","v":287.87839365150001}]
["Total de Frentes",{"$f":"'MC MODULO'!G1","v":8}]
["Custo Mobilização (frentes x distancia)",{"$f":"B64*H6*B65","v":257939.04071174399}]

{"sheet":" Canteiro","index":3,"n_rows":55,"n_cols":14,"rows_kept":55,"cut":false,"hidden":false,"merged":[[3,0,3,5],[3,9,4,9],[4,7,4,8],[9,3,9,4],[12,3,12,4]]}
[]
[]
[]
["CANTEIRO DE OBRAS PARA CONSTRUÇAO RODOVIÁRIA"]
["Descrição dos serviços","Tipo de container","Unidade","Quantidade","Preço unitário (R$)","Total (R$)"]
["Escritório e seção técnica"]
[{"$f":"VLOOKUP(B7,'INSUMOS SINAPI'!A:E,2,0)","v":"LOCACAO DE CONTAINER 2,30 X 6,00 M, ALT. 2,50 M, PARA ESCRITORIO, SEM DIVISORIAS INTERNAS E SEM SANITARIO (NAO INCLUI MOBILIZACAO/DESMOBILIZACAO)                                                                                                                                                                                                                                                                                                                                                         "},10776,"und",1,{"$f":"VLOOKUP(B7,'INSUMOS SINAPI'!A:E,5,0)","v":650.39},{"$f":"TRUNC(D7*E7,2)","v":650.39}]
["Banheiro e vestiário"]
[{"$f":"VLOOKUP(B9,'INSUMOS SINAPI'!A:E,2,0)","v":"LOCACAO DE CONTAINER 2,30 X 4,30 M, ALT. 2,50 M, PARA SANITARIO, COM 3 BACIAS, 4 CHUVEIROS, 1 LAVATORIO E 1 MICTORIO (NAO INCLUI MOBILIZACAO/DESMOBILIZACAO)                                                                                                                                                                                                                                                                                                                                              "},10777,"und",1,{"$f":"VLOOKUP(B9,'INSUMOS SINAPI'!A:E,5,0)","v":945.23},{"$f":"TRUNC(D9*E9,2)","v":945.23}]
[null,null,null,"TOTAL DO CANTEIRO",null,{"$f":"SUM(F7:F9)","v":1595.62}]
[null,null,null,"DURAÇÃO (MESES)",12,{"$f":"F10*E11","v":19147.439999999999}]
[null,null,null,"BDI",null,{"$f":"BDI!C17","v":0.2339}]
[null,null,null,"TOTAL DO CANTEIRO (com BDI)",null,{"$f":"F11+(F11*F12)","v":23626.026215999998}]
{"$rows_empty":41}
[{"$nulls":13},{"$f":"186.92*I8","v":0}]

{"sheet":"MOMENTO DE TRANSPORTE - PRINC","index":4,"n_rows":94,"n_cols":14,"rows_kept":94,"cut":false,"hidden":false,"merged":[[78,1,79,2],[78,3,79,3],[78,4,79,4],[78,5,78,7],[81,5,81,7],[85,2,85,7],[85,9,85,10],[86,7,86,10],[90,3,90,7],[91,1,92,2],[91,3,92,3],[91,4,92,4],[91,5,91,7],[55,5,55,7],[74,2,74,7],[74,9,74,10],[75,7,75,10],[77,3,77,7],[59,2,59,7],[59,9,59,10],[60,7,60,10],[64,3,64,7],[65,1,66,2],[65,3,66,3],[65,4,66,4],[65,5,65,7],[48,2,48,7],[48,9,48,10],[49,7,49,10],[51,3,51,7],[52,1,53,2],[52,3,53,3],[52,4,53,4],[52,5,52,7],[33,2,33,7],[33,9,33,10],[34,7,34,10],[38,3,38,7],[39,1,40,2],[39,3,40,3],[39,4,40,4],[39,5,39,7],[25,1,26,2],[25,3,26,3],[25,4,26,4],[25,5,25,7],[28,5,28,7],[4,1,4,10],[21,2,21,7],[21,9,21,10],[22,7,22,10],[24,3,24,7]]}
[]
[]
[]
[]
[null,{"$f":"'RESUMO MODULO TOTAL'!B1","v":"EXECUÇÃO DE SERVIÇOS DE IMPLANTAÇÃO DE PAVIMENTAÇÃO EM BLOCO DE CONCRETO INTERTRAVADO, EM VIAS DE MUNICÍPIOS DIVERSOS INSERIDOS NA ÁREA DE ATUAÇÃO DA CODEVASF, NO ESTADO DO AMAPÁ (REGIÃO PORTO GRANDE)"}]
[null,"DATA BASE:",{"$f":"'RESUMO MODULO TOTAL'!N2","v":"Amapá - Abril/2024"}]
[]
[null,null,"RESUMO DO TRANSPORTE PRINCIPAL"]
[null,"CODIGO ","DESCRIÇÃO","TKM"]
[null,5914359,{"$f":"VLOOKUP(B10,'SINTÉTICO SICRO'!$A:$D,2,0)","v":"Transporte com caminhão basculante de 10 m³ - rodovia em leito natural"},{"$f":"ROUND(SUMIF('MOMENTO DE TRANSPORTE - PRINC'!A:A,B10,'MOMENTO DE TRANSPORTE - PRINC'!K:K),2)","v":36391.57}]
[null,5914374,{"$f":"VLOOKUP(B11,'SINTÉTICO SICRO'!$A:$D,2,0)","v":"Transporte com caminhão basculante de 10 m³ - rodovia em revestimento primário"},{"$f":"ROUND(SUMIF('MOMENTO DE TRANSPORTE - PRINC'!A:A,B11,'MOMENTO DE TRANSPORTE - PRINC'!K:K),2)","v":0}]
[null,5914389,{"$f":"VLOOKUP(B12,'SINTÉTICO SICRO'!$A:$D,2,0)","v":"Transporte com caminhão basculante de 10 m³ - rodovia pavimentada"},{"$f":"ROUND(SUMIF('MOMENTO DE TRANSPORTE - PRINC'!A:A,B12,'MOMENTO DE TRANSPORTE - PRINC'!K:K),2)","v":327524.15000000002}]
[null,5914539,{"$f":"VLOOKUP(B13,'SINTÉTICO SICRO'!$A:$D,2,0)","v":"Transporte com caminhão betoneira - rodovia em leito natural"},{"$f":"ROUND(SUMIF('MOMENTO DE TRANSPORTE - PRINC'!A:A,B13,'MOMENTO DE TRANSPORTE - PRINC'!K:K),2)","v":4838.3999999999996}]
[null,5914554,{"$f":"VLOOKUP(B14,'SINTÉTICO SICRO'!$A:$D,2,0)","v":"Transporte com caminhão betoneira - rodovia em revestimento primário"},{"$f":"ROUND(SUMIF('MOMENTO DE TRANSPORTE - PRINC'!A:A,B14,'MOMENTO DE TRANSPORTE - PRINC'!K:K),2)","v":0}]
[null,5914569,{"$f":"VLOOKUP(B15,'SINTÉTICO SICRO'!$A:$D,2,0)","v":"Transporte com caminhão betoneira - rodovia pavimentada"},{"$f":"ROUND(SUMIF('MOMENTO DE TRANSPORTE - PRINC'!A:A,B15,'MOMENTO DE TRANSPORTE - PRINC'!K:K),2)","v":43545.599999999999}]
[]
[null,"TIPO (P, RP ou LN)","DMT ESTIMADA (DISTRIBUIÇÃO DO ITEM NA PISTA"]
[null,"P","-"]
[]
[""]
["","Custo Unitário de Referência",null,{"$f":"$C$6","v":"Amapá - Abril/2024"},{"$nulls":4},"Quantitativo",null,"un"]
["","CPU-20","Base estabilizada granulometricamente com mistura solo areia (70% - 30%) na pista com material de jazida e areia comercial",{"$nulls":5},{"$f":"(SUMIF('RESUMO MODULO TOTAL'!D:D,B22,'RESUMO MODULO TOTAL'!J:J))*0.9","v":15120}]
["","D - ATIVIDADES AUXILIARES",null,"Quantidade","Unidade"]
["",4016096,{"$f":"VLOOKUP(B24,'SINTÉTICO SICRO'!$A$4:$D$1048576,2,0)","v":"Escavação e carga de material de jazida com escavadeira hidráulica de 1,56 m³"},"0,77019","m³"]
[""]
["","F - MOMENTO DE TRANSPORTE",null,"Quantidade","Unidade","CÓDIGO TRANSPORTE"]
["",{"$nulls":4},"LN","RP","P","TIPO (P, RP ou LN)","DMT ESTIMADA (km)","QUANTITATIVO TOTAL DE TRANSPORTE (tkm)"]
[{"$f":"IF(I28=\"P\",H28,IF(I28=\"RP\",G28,IF(I28=\"LN\",F28,\"\")))","v":5914389},4016096,{"$f":"VLOOKUP(B28,'SINTÉTICO SICRO'!$A$4:$D$1048576,2,0)","v":"Escavação e carga de material de jazida com escavadeira hidráulica de 1,56 m³"},"1,44411","tkm",5914359,5914374,5914389,{"$f":"$B$18","v":"P"},15,{"$f":"IF(ISBLANK(J28),\"\",J28*D28)*I22","v":327524.14800000004}]
[""]
["","Obs."]
[]
["","SISTEMA DE CUSTOS REFERENCIAIS DE OBRAS - SICRO"]
["","Custo Unitário de Referência",null,{"$f":"$C$6","v":"Amapá - Abril/2024"},{"$nulls":4},"Quantitativo",null,"m"]
["",2003943,{"$f":"VLOOKUP(B34,'SINTÉTICO SICRO'!A:D,2,0)","v":"Meio-fio de concreto - MFC 03 moldado no local com extrusora e concreto usinado - areia e brita comerciais"},{"$nulls":5},{"$f":"(SUMIF('RESUMO MODULO TOTAL'!D:D,B34,'RESUMO MODULO TOTAL'!J:J))*0.9","v":28800}]
["","D - ATIVIDADES AUXILIARES",null,"Quantidade","Unidade"]
[null,1107928," Concreto fck = 20 MPa - confecção em betoneira e lançamento manual - areia e brita comerciais",4.2000000000000003E-2,"m³"]
[null,2003842,"Enchimento de junta de concreto com argamassa asfáltica de densidade 1.700 kg/m³ - espessura de 1 cm",5.9499999999999997E-2,"kg"]
[null,4805750,"Escavação manual em material de 1ª categoria na profundidade de até 1 m",0.03,"m³"]
[""]
["","F - MOMENTO DE TRANSPORTE",null,"Quantidade","Unidade","CÓDIGO TRANSPORTE"]
["",{"$nulls":4},"LN","RP","P","TIPO (P, RP ou LN)","DMT ESTIMADA (km)","QUANTITATIVO TOTAL DE TRANSPORTE (tkm)"]
[{"$f":"IF(I42=\"P\",H42,IF(I42=\"RP\",G42,IF(I42=\"LN\",F42,\"\")))","v":5914569},1107928,{"$f":"VLOOKUP(B42,'SINTÉTICO SICRO'!A:D,2,0)","v":"Concreto fck = 20 MPa - confecção em central dosadora de 30 m³/h - areia e brita comerciais"},0.1008,"tkm",5914539,5914554,5914569,{"$f":"$B$18","v":"P"},15,{"$f":"IF(ISBLANK(J42),\"\",J42*D42)*I34","v":43545.599999999999}]
[]
[null,"TIPO (P, RP ou LN)","DMT ESTIMADA (DISTRIBUIÇÃO DO ITEM NA PISTA"]
[null,"LN",{"$f":"C18","v":"-"}]
[]
[""]
["","Custo Unitário de Referência",null,{"$f":"$C$6","v":"Amapá - Abril/2024"},{"$nulls":4},"Quantitativo",null,"un"]
["","CPU-20","Base estabilizada granulometricamente com mistura solo areia (70% - 30%) na pista com material de jazida e areia comercial",{"$nulls":5},{"$f":"(SUMIF('RESUMO MODULO TOTAL'!D:D,B49,'RESUMO MODULO TOTAL'!J:J))*0.1","v":1680}]
["","D - ATIVIDADES AUXILIARES",null,"Quantidade","Unidade"]
["",4016096,{"$f":"VLOOKUP(B51,'SINTÉTICO SICRO'!A:D,2,0)","v":"Escavação e carga de material de jazida com escavadeira hidráulica de 1,56 m³"},"0,77019","m³"]
[""]
["","F - MOMENTO DE TRANSPORTE",null,"Quantidade","Unidade","CÓDIGO TRANSPORTE"]
["",{"$nulls":4},"LN","RP","P","TIPO (P, RP ou LN)","DMT ESTIMADA (km)","QUANTITATIVO TOTAL DE TRANSPORTE (tkm)"]
[{"$f":"IF(I55=\"P\",H55,IF(I55=\"RP\",G55,IF(I55=\"LN\",F55,\"\")))","v":5914359},4016096,{"$f":"VLOOKUP(B55,'SINTÉTICO SICRO'!A:D,2,0)","v":"Escavação e carga de material de jazida com escavadeira hidráulica de 1,56 m³"},"1,44411","tkm",5914359,5914374,5914389,{"$f":"$B$45","v":"LN"},15,{"$f":"IF(ISBLANK(J55),\"\",J55*D55)*I49","v":36391.572},null,null,{"$f":"186.92*I8","v":0}]
[""]
["","Obs."]
["","SISTEMA DE CUSTOS REFERENCIAIS DE OBRAS - SICRO"]
["","Custo Unitário de Referência",null,{"$f":"$C$6","v":"Amapá - Abril/2024"},{"$nulls":4},"Quantitativo",null,"m"]
["",2003943,{"$f":"VLOOKUP(B60,'SINTÉTICO SICRO'!A:D,2,0)","v":"Meio-fio de concreto - MFC 03 moldado no local com extrusora e concreto usinado - areia e brita comerciais"},{"$nulls":5},{"$f":"(SUMIF('RESUMO MODULO TOTAL'!D:D,B60,'RESUMO MODULO TOTAL'!J:J))*0.1","v":3200}]
["","D - ATIVIDADES AUXILIARES",null,"Quantidade","Unidade"]
[null,1107928," Concreto fck = 20 MPa - confecção em betoneira e lançamento manual - areia e brita comerciais",4.2000000000000003E-2,"m³"]
[null,2003842,"Enchimento de junta de concreto com argamassa asfáltica de densidade 1.700 kg/m³ - espessura de 1 cm",5.9499999999999997E-2,"kg"]
[null,4805750,"Escavação manual em material de 1ª categoria na profundidade de até 1 m",0.03,"m³"]
[""]
["","F - MOMENTO DE TRANSPORTE",null,"Quantidade","Unidade","CÓDIGO TRANSPORTE"]
["",{"$nulls":4},"LN","RP","P","TIPO (P, RP ou LN)","DMT ESTIMADA (km)","QUANTITATIVO TOTAL DE TRANSPORTE (tkm)"]
[{"$f":"IF(I68=\"P\",H68,IF(I68=\"RP\",G68,IF(I68=\"LN\",F68,\"\")))","v":5914539},1107928,{"$f":"VLOOKUP(B68,'SINTÉTICO SICRO'!A:D,2,0)","v":"Concreto fck = 20 MPa - confecção em central dosadora de 30 m³/h - areia e brita comerciais"},0.1008,"tkm",5914539,5914554,5914569,{"$f":"$B$45","v":"LN"},15,{"$f":"IF(ISBLANK(J68),\"\",J68*D68)*I60","v":4838.3999999999996}]
[]
[null,"TIPO (P, RP ou LN)","DMT ESTIMADA (DISTRIBUIÇÃO DO ITEM NA PISTA"]
[null,"RP",0]
[]
[""]
["","Custo Unitário de Referência",null,{"$f":"$C$6","v":"Amapá - Abril/2024"},{"$nulls":4},"Quantitativo",null,"un"]
["","CPU-20","Base estabilizada granulometricamente com mistura solo areia (70% - 30%) na pista com material de jazida e areia comercial",{"$nulls":5},{"$f":"(SUMIF('RESUMO MODULO TOTAL'!D:D,B75,'RESUMO MODULO TOTAL'!J:J))*0","v":0}]
["","D - ATIVIDADES AUXILIARES",null,"Quantidade","Unidade"]
["",4016096,{"$f":"VLOOKUP(B77,'SINTÉTICO SICRO'!A:D,2,0)","v":"Escavação e carga de material de jazida com escavadeira hidráulica de 1,56 m³"},"0,77019","m³"]
[""]
["","F - MOMENTO DE TRANSPORTE",null,"Quantidade","Unidade","CÓDIGO TRANSPORTE"]
["",{"$nulls":4},"LN","RP","P","TIPO (P, RP ou LN)","DMT ESTIMADA (km)","QUANTITATIVO TOTAL DE TRANSPORTE (tkm)"]
[{"$f":"IF(I81=\"P\",H81,IF(I81=\"RP\",G81,IF(I81=\"LN\",F81,\"\")))","v":5914374},4016096,{"$f":"VLOOKUP(B81,'SINTÉTICO SICRO'!A:D,2,0)","v":"Escavação e carga de material de jazida com escavadeira hidráulica de 1,56 m³"},"1,44411","tkm",5914359,5914374,5914389,{"$f":"$B$71","v":"RP"},{"$f":"$C$71","v":0},{"$f":"IF(ISBLANK(J81),\"\",J81*D81)*I75","v":0}]
[""]
["","Obs."]
["","SISTEMA DE CUSTOS REFERENCIAIS DE OBRAS - SICRO"]
["","Custo Unitário de Referência",null,{"$f":"$C$6","v":"Amapá - Abril/2024"},{"$nulls":4},"Quantitativo",null,"m"]
["",2003943,{"$f":"VLOOKUP(B86,'SINTÉTICO SICRO'!A:D,2,0)","v":"Meio-fio de concreto - MFC 03 moldado no local com extrusora e concreto usinado - areia e brita comerciais"},{"$nulls":5},{"$f":"(SUMIF('RESUMO MODULO TOTAL'!D:D,B86,'RESUMO MODULO TOTAL'!J:J))*0","v":0}]
["","D - ATIVIDADES AUXILIARES",null,"Quantidade","Unidade"]
[null,1107928," Concreto fck = 20 MPa - confecção em betoneira e lançamento manual - areia e brita comerciais",4.2000000000000003E-2,"m³"]
[null,2003842,"Enchimento de junta de concreto com argamassa asfáltica de densidade 1.700 kg/m³ - espessura de 1 cm",5.9499999999999997E-2,"kg"]
[null,4805750,"Escavação manual em material de 1ª categoria na profundidade de até 1 m",0.03,"m³"]
[""]
["","F - MOMENTO DE TRANSPORTE",null,"Quantidade","Unidade","CÓDIGO TRANSPORTE"]
["",{"$nulls":4},"LN","RP","P","TIPO (P, RP ou LN)","DMT ESTIMADA (km)","QUANTITATIVO TOTAL DE TRANSPORTE (tkm)"]
[{"$f":"IF(I94=\"P\",H94,IF(I94=\"RP\",G94,IF(I94=\"LN\",F94,\"\")))","v":5914554},1107928,{"$f":"VLOOKUP(B94,'SINTÉTICO SICRO'!A:D,2,0)","v":"Concreto fck = 20 MPa - confecção em central dosadora de 30 m³/h - areia e brita comerciais"},0.1008,"tkm",5914539,5914554,5914569,{"$f":"$B$71","v":"RP"},{"$f":"$C$71","v":0},{"$f":"IF(ISBLANK(J94),\"\",J94*D94)*I86","v":0}]

{"sheet":"MOMENTO DE TRANSPORTE - AUX","index":5,"n_rows":87,"n_cols":14,"rows_kept":87,"cut":false,"hidden":false,"merged":[[75,5,75,7],[79,2,79,7],[79,9,79,10],[80,1,81,2],[80,3,81,3],[80,4,81,4],[80,5,80,7],[67,2,67,7],[67,9,67,10],[68,1,69,2],[68,3,69,3],[68,4,69,4],[68,5,68,7],[44,2,44,7],[44,9,44,10],[45,1,46,2],[45,3,46,3],[45,4,46,4],[45,5,45,7],[52,5,52,7],[56,2,56,7],[56,9,56,10],[57,1,58,2],[57,3,58,3],[57,4,58,4],[57,5,57,7],[29,5,29,7],[33,2,33,7],[33,9,33,10],[34,1,35,2],[34,3,35,3],[34,4,35,4],[34,5,34,7],[4,1,4,10],[21,2,21,7],[21,9,21,10],[22,1,23,2],[22,3,23,3],[22,4,23,4],[22,5,22,7]]}
[]
[]
[]
[]
[null,{"$f":"'RESUMO MODULO TOTAL'!B1","v":"EXECUÇÃO DE SERVIÇOS DE IMPLANTAÇÃO DE PAVIMENTAÇÃO EM BLOCO DE CONCRETO INTERTRAVADO, EM VIAS DE MUNICÍPIOS DIVERSOS INSERIDOS NA ÁREA DE ATUAÇÃO DA CODEVASF, NO ESTADO DO AMAPÁ (REGIÃO PORTO GRANDE)"}]
[null,"DATA BASE:",{"$f":"'RESUMO MODULO TOTAL'!N2","v":"Amapá - Abril/2024"}]
[]
[null,null,"RESUMO DO TRANSPORTE AUXILIAR"]
[null,"CODIGO ","DESCRIÇÃO","TKM"]
[null,5914359,{"$f":"VLOOKUP(B10,'SINTÉTICO SICRO'!$A:$D,2,0)","v":"Transporte com caminhão basculante de 10 m³ - rodovia em leito natural"},{"$f":"ROUND(SUMIF($A:$A,B10,$K:$K),2)","v":0}]
[null,5914374,{"$f":"VLOOKUP(B11,'SINTÉTICO SICRO'!$A:$D,2,0)","v":"Transporte com caminhão basculante de 10 m³ - rodovia em revestimento primário"},0]
[null,5914389,{"$f":"VLOOKUP(B12,'SINTÉTICO SICRO'!$A:$D,2,0)","v":"Transporte com caminhão basculante de 10 m³ - rodovia pavimentada"},0]
[null,5914449,{"$f":"VLOOKUP(B13,'SINTÉTICO SICRO'!$A:$D,2,0)","v":"Transporte com caminhão carroceria de 15 t - rodovia em leito natural"},0]
[null,5914464,{"$f":"VLOOKUP(B14,'SINTÉTICO SICRO'!$A:$D,2,0)","v":"Transporte com caminhão carroceria de 15 t - rodovia em revestimento primário"},0]
[null,5914479,{"$f":"VLOOKUP(B15,'SINTÉTICO SICRO'!$A:$D,2,0)","v":"Transporte com caminhão carroceria de 15 t - rodovia pavimentada"},519.08000000000004]
[]
[null,"TIPO (P, RP ou LN)","DMT ATÉ 50 KM NÃO DEVE SER PAGA","SOMENTE DEVE SER ADICIONADO A DISTÂNCIA EXCEDENTE A 50 KM"]
[null,"P",null,"-"]
[]
["","SISTEMA DE CUSTOS REFERENCIAIS DE OBRAS - SICRO",{"$nulls":6},"Quantitivo"]
["","Custo Unitário de Referência",null,null,{"$f":"$C$6","v":"Amapá - Abril/2024"},null,null,null,"(Coeficiente na composição principal) x (quantidade da principal no orçamento)",null,"m³"]
["",1107892,"Concreto fck = 20 MPa - confecção em betoneira e lançamento manual - areia e brita comerciais",{"$nulls":5},{"$f":"('MOMENTO DE TRANSPORTE - PRINC'!$D$36*VLOOKUP(C31,'RESUMO MODULO TOTAL'!D:R,7,FALSE))","v":1344}]
["","F - MOMENTO DE TRANSPORTE",null,"Quantidade","Unidade","DMT"]
["",{"$nulls":4},"LN","RP","P","TIPO (P, RP ou LN)","DMT ESTIMADA (km)","QUANTITATIVO TOTAL DE TRANSPORTE DE MATERIAL (tkm)"]
[{"$f":"IF(I25=\"P\",H25,IF(I25=\"RP\",G25,IF(I25=\"LN\",F25,\"\")))","v":5914479},"M0030","Aditivo plastificante e retardador de pega para concreto e argamassa - Caminhão carroceria 15 t",8.1999999999999998E-4,"tkm",5914449,5914464,5914479,{"$f":"$B$18","v":"P"},{"$f":"521-50","v":471},{"$f":"IF(ISBLANK(J25),\"\",J25*(D25*$I$22))","v":519.07967999999994}]
[{"$f":"IF(I26=\"P\",H26,IF(I26=\"RP\",G26,IF(I26=\"LN\",F26,\"\")))","v":5914389},"M0082","Areia média lavada - Caminhão basculante 10 m³",0.95638999999999996,"tkm",5914359,5914374,5914389,{"$f":"$B$18","v":"P"},0,{"$f":"IF(ISBLANK(J26),\"\",J26*(D26*$I$22))","v":0}]
[5914389,"M0191","Brita 1 - Caminhão basculante 10 m³",0.55130999999999997,"tkm",5914359,5914374,5914389,"P",0,{"$f":"IF(ISBLANK(J27),\"\",J27*(D27*$I$22))","v":0}]
[5914389,"M0192","Brita 2 - Caminhão basculante 10 m³",0.55130999999999997,"tkm",5914359,5914374,5914389,"P",{"$f":"J27","v":0},{"$f":"IF(ISBLANK(J28),\"\",J28*(D28*$I$22))","v":0}]
[5914479,"M0424","Cimento Portland CP II - 32 - saco - Caminhão carroceria 15 t",0.27464,"tkm",5914449,5914464,5914479,"P",0,{"$f":"IF(ISBLANK(J29),\"\",J29*(D29*$I$22))","v":0}]
[""]
[null,"PRINCIPAL:",2003943]
["","SISTEMA DE CUSTOS REFERENCIAIS DE OBRAS - SICRO",{"$nulls":6},"Quantitivo"]
["","Custo Unitário de Referência",null,null,{"$f":"$C$6","v":"Amapá - Abril/2024"},null,null,"m²","(Coeficiente na composição principal) x (quantidade da principal no orçamento)",null,"kg"]
["",2003842,"Enchimento de junta de concreto com argamassa asfáltica de densidade 1.700 kg/m³ - espessura de 1 cm",{"$nulls":5},{"$f":"('MOMENTO DE TRANSPORTE - PRINC'!$D$37*VLOOKUP(C39,'RESUMO MODULO TOTAL'!D:R,7,FALSE))","v":1904}]
["","F - MOMENTO DE TRANSPORTE",null,"Quantidade","Unidade","DMT"]
["",{"$nulls":4},"LN","RP","P","TIPO (P, RP ou LN)","DMT ESTIMADA (km)","QUANTITATIVO TOTAL DE TRANSPORTE DE MATERIAL (tkm)"]
[{"$f":"IF(I37=\"P\",H37,IF(I37=\"RP\",G37,IF(I37=\"LN\",F37,\"\")))","v":5914479},"M2158","Argamassa asfáltica - Caminhão carroceria com capacidade de 15 t - 188 Kw",1E-3,"tkm",5914449,5914464,5914479,{"$f":"$B$18","v":"P"},0,{"$f":"IF(ISBLANK(J37),\"\",J37*(D37*$I$34))","v":0}]
[]
[null,"PRINCIPAL:",2003943]
[null,"TIPO (P, RP ou LN)","DMT ATÉ 50 KM NÃO DEVE SER PAGA","SOMENTE DEVE SER ADICIONADO A DISTÂNCIA EXCEDENTE A 50 KM"]
[null,"LN",null,0]
[]
["","SISTEMA DE CUSTOS REFERENCIAIS DE OBRAS - SICRO",{"$nulls":6},"Quantitivo"]
["","Custo Unitário de Referência",null,null,{"$f":"$C$6","v":"Amapá - Abril/2024"},null,null,null,"(Coeficiente na composição principal) x (quantidade da principal no orçamento)",null,"m³"]
["",1107892,"Concreto fck = 20 MPa - confecção em betoneira e lançamento manual - areia e brita comerciais",{"$nulls":5},{"$f":"('MOMENTO DE TRANSPORTE - PRINC'!D62*VLOOKUP(C54,'RESUMO MODULO TOTAL'!D:R,7,FALSE))*0","v":0}]
["","F - MOMENTO DE TRANSPORTE",null,"Quantidade","Unidade","DMT"]
["",{"$nulls":4},"LN","RP","P","TIPO (P, RP ou LN)","DMT ESTIMADA (km)","QUANTITATIVO TOTAL DE TRANSPORTE DE MATERIAL (tkm)"]
[{"$f":"IF(I48=\"P\",H48,IF(I48=\"RP\",G48,IF(I48=\"LN\",F48,\"\")))","v":5914449},"M0030","Aditivo plastificante e retardador de pega para concreto e argamassa - Caminhão carroceria 15 t",8.1999999999999998E-4,"tkm",5914449,5914464,5914479,{"$f":"$B$41","v":"LN"},{"$f":"$D$41","v":0},{"$f":"IF(ISBLANK(J48),\"\",J48*(D48*$I$45))","v":0}]
[{"$f":"IF(I49=\"P\",H49,IF(I49=\"RP\",G49,IF(I49=\"LN\",F49,\"\")))","v":5914359},"M0082","Areia média lavada - Caminhão basculante 10 m³",0.95638999999999996,"tkm",5914359,5914374,5914389,{"$f":"$B$41","v":"LN"},{"$f":"$D$41","v":0},{"$f":"IF(ISBLANK(J49),\"\",J49*(D49*$I$45))","v":0}]
[5914359,"M0191","Brita 1 - Caminhão basculante 10 m³",0.55130999999999997,"tkm",5914359,5914374,5914389,"LN",0,{"$f":"IF(ISBLANK(J50),\"\",J50*(D50*$I$45))","v":0}]
[5914359,"M0192","Brita 2 - Caminhão basculante 10 m³",0.55130999999999997,"tkm",5914359,5914374,5914389,"LN",0,0]
[5914449,"M0424","Cimento Portland CP II - 32 - saco - Caminhão carroceria 15 t",0.27464,"tkm",5914449,5914464,5914479,"LN",0,0]
[""]
[null,"PRINCIPAL:",2003943]
["","SISTEMA DE CUSTOS REFERENCIAIS DE OBRAS - SICRO",{"$nulls":6},"Quantitivo",{"$nulls":4},{"$f":"186.92*I8","v":0}]
["","Custo Unitário de Referência",null,null,{"$f":"$C$6","v":"Amapá - Abril/2024"},null,null,"m²","(Coeficiente na composição principal) x (quantidade da principal no orçamento)",null,"kg"]
["",2003842,"Enchimento de junta de concreto com argamassa asfáltica de densidade 1.700 kg/m³ - espessura de 1 cm",{"$nulls":5},{"$f":"('MOMENTO DE TRANSPORTE - PRINC'!D63*VLOOKUP(C62,'RESUMO MODULO TOTAL'!D:R,7,FALSE))*0","v":0}]
["","F - MOMENTO DE TRANSPORTE",null,"Quantidade","Unidade","DMT"]
["",{"$nulls":4},"LN","RP","P","TIPO (P, RP ou LN)","DMT ESTIMADA (km)","QUANTITATIVO TOTAL DE TRANSPORTE DE MATERIAL (tkm)"]
[{"$f":"IF(I60=\"P\",H60,IF(I60=\"RP\",G60,IF(I60=\"LN\",F60,\"\")))","v":5914449},"M2158","Argamassa asfáltica - Caminhão carroceria com capacidade de 15 t - 188 Kw",1E-3,"tkm",5914449,5914464,5914479,{"$f":"$B$41","v":"LN"},{"$f":"$D$41","v":0},{"$f":"IF(ISBLANK(J60),\"\",J60*(D60*$I$57))","v":0}]
[]
[null,"PRINCIPAL:",2003943]
[null,"TIPO (P, RP ou LN)","DMT ATÉ 50 KM NÃO DEVE SER PAGA","SOMENTE DEVE SER ADICIONADO A DISTÂNCIA EXCEDENTE A 50 KM"]
[null,"RP",null,0]
[]
["","SISTEMA DE CUSTOS REFERENCIAIS DE OBRAS - SICRO",{"$nulls":6},"Quantitivo"]
["","Custo Unitário de Referência",null,null,{"$f":"$C$6","v":"Amapá - Abril/2024"},null,null,null,"(Coeficiente na composição principal) x (quantidade da principal no orçamento)",null,"m³"]
["",1107892,"Concreto fck = 20 MPa - confecção em betoneira e lançamento manual - areia e brita comerciais",{"$nulls":5},{"$f":"('MOMENTO DE TRANSPORTE - PRINC'!D88*VLOOKUP(C77,'RESUMO MODULO TOTAL'!D:R,7,FALSE))*0","v":0}]
["","F - MOMENTO DE TRANSPORTE",null,"Quantidade","Unidade","DMT"]
["",{"$nulls":4},"LN","RP","P","TIPO (P, RP ou LN)","DMT ESTIMADA (km)","QUANTITATIVO TOTAL DE TRANSPORTE DE MATERIAL (tkm)"]
[{"$f":"IF(I71=\"P\",H71,IF(I71=\"RP\",G71,IF(I71=\"LN\",F71,\"\")))","v":5914464},"M0030","Aditivo plastificante e retardador de pega para concreto e argamassa - Caminhão carroceria 15 t",8.1999999999999998E-4,"tkm",5914449,5914464,5914479,{"$f":"$B$64","v":"RP"},{"$f":"$D$64","v":0},{"$f":"IF(ISBLANK(J71),\"\",J71*(D71*$I$68))","v":0}]
[{"$f":"IF(I72=\"P\",H72,IF(I72=\"RP\",G72,IF(I72=\"LN\",F72,\"\")))","v":5914374},"M0082","Areia média lavada - Caminhão basculante 10 m³",0.95638999999999996,"tkm",5914359,5914374,5914389,{"$f":"$B$64","v":"RP"},{"$f":"$D$64","v":0},{"$f":"IF(ISBLANK(J72),\"\",J72*(D72*$I$68))","v":0}]
[5914374,"M0191","Brita 1 - Caminhão basculante 10 m³",0.55130999999999997,"tkm",5914359,5914374,5914389,"RP",0,0]
[5914374,"M0192","Brita 2 - Caminhão basculante 10 m³",0.55130999999999997,"tkm",5914359,5914374,5914389,"RP",0,0]
[5914464,"M0424","Cimento Portland CP II - 32 - saco - Caminhão carroceria 15 t",0.27464,"tkm",5914449,5914464,5914479,"RP",0,0]
[""]
[null,"PRINCIPAL:",2003943]
["","SISTEMA DE CUSTOS REFERENCIAIS DE OBRAS - SICRO",{"$nulls":6},"Quantitivo"]
["","Custo Unitário de Referência",null,null,{"$f":"$C$6","v":"Amapá - Abril/2024"},null,null,"m²","(Coeficiente na composição principal) x (quantidade da principal no orçamento)",null,"kg"]
["",2003842,"Enchimento de junta de concreto com argamassa asfáltica de densidade 1.700 kg/m³ - espessura de 1 cm",{"$nulls":5},{"$f":"('MOMENTO DE TRANSPORTE - PRINC'!D89*VLOOKUP(C85,'RESUMO MODULO TOTAL'!D:R,7,FALSE))*0","v":0}]
["","F - MOMENTO DE TRANSPORTE",null,"Quantidade","Unidade","DMT"]
["",{"$nulls":4},"LN","RP","P","TIPO (P, RP ou LN)","DMT ESTIMADA (km)","QUANTITATIVO TOTAL DE TRANSPORTE DE MATERIAL (tkm)"]
[{"$f":"IF(I83=\"P\",H83,IF(I83=\"RP\",G83,IF(I83=\"LN\",F83,\"\")))","v":5914464},"M2158","Argamassa asfáltica - Caminhão carroceria com capacidade de 15 t - 188 Kw",1E-3,"tkm",5914449,5914464,5914479,{"$f":"$B$64","v":"RP"},{"$f":"$D$64","v":0},{"$f":"IF(ISBLANK(J83),\"\",J83*(D83*$I$80))","v":0}]
[]
[null,"PRINCIPAL:",2003943]
[]
[{"$f":"IF(I87=\"P\",H87,IF(I87=\"RP\",G87,IF(I87=\"LN\",F87,\"\")))","v":""}]

{"sheet":"Adm Local","index":6,"n_rows":250,"n_cols":14,"rows_kept":250,"cut":false,"hidden":false,"merged":[[248,3,248,4],[248,5,248,6],[249,3,249,4],[249,5,249,6],[139,3,139,4],[139,5,139,6],[155,3,155,4],[155,5,155,6],[245,7,245,8],[246,3,246,4],[246,5,246,6],[246,7,246,8],[247,3,247,4],[247,5,247,6],[247,7,247,8],[243,3,243,4],[243,5,243,6],[243,7,243,8],[244,3,244,4],[244,5,244,6],[244,7,244,8],[241,3,241,4],[241,5,241,6],[241,7,241,8],[242,3,242,4],[242,5,242,6],[242,7,242,8],[239,3,239,4],[239,5,239,6],[239,7,239,8],[240,3,240,4],[240,5,240,6],[240,7,240,8],[237,3,237,4],[237,5,237,6],[237,7,237,8],[238,3,238,4],[238,5,238,6],[238,7,238,8],[235,3,235,4],[235,5,235,6],[235,7,235,8],[236,3,236,4],[236,5,236,6],[236,7,236,8],[233,3,233,4],[233,5,233,6],[233,7,233,8],[234,3,234,4],[234,5,234,6],[234,7,234,8],[231,3,231,4],[231,5,231,6],[231,7,231,8],[232,3,232,4],[232,5,232,6],[232,7,232,8],[227,3,227,4],[227,5,227,6],[227,7,227,8],[230,3,230,4],[230,5,230,6],[230,7,230,8],[225,3,225,4],[225,5,225,6],[225,7,225,8],[226,3,226,4],[226,5,226,6],[226,7,226,8],[229,3,229,4],[229,5,229,6],[229,7,229,8],[223,3,223,4],[223,5,223,6],[223,7,223,8],[224,3,224,4],[224,5,224,6],[224,7,224,8],[221,3,221,4],[221,5,221,6],[221,7,221,8],[222,3,222,4],[222,5,222,6],[222,7,222,8],[214,3,214,4],[214,5,214,6],[214,7,214,8],[215,7,215,8],[219,0,219,8],[220,3,220,4],[220,5,220,6],[220,7,220,8],[212,3,212,4],[212,5,212,6],[212,7,212,8],[213,3,213,4],[213,5,213,6],[213,7,213,8],[210,3,210,4],[210,5,210,6],[210,7,210,8],[211,3,211,4],[211,5,211,6],[211,7,211,8],[207,3,207,4],[207,5,207,6],[207,7,207,8],[209,3,209,4],[209,5,209,6],[209,7,209,8],[205,3,205,4],[205,5,205,6],[205,7,205,8],[206,3,206,4],[206,5,206,6],[206,7,206,8],[203,3,203,4],[203,5,203,6],[203,7,203,8],[204,3,204,4],[204,5,204,6],[204,7,204,8],[201,3,201,4],[201,5,201,6],[201,7,201,8],[202,3,202,4],[202,5,202,6],[202,7,202,8],[195,0,195,8],[196,1,196,4],[197,1,197,4],[200,0,200,8],[176,0,176,8],[177,1,177,4],[190,0,190,8],[191,1,191,4],[192,1,192,4],[158,5,158,6],[158,7,158,8],[160,0,160,8],[161,0,161,8],[162,1,162,4],[175,0,175,8],[156,3,156,4],[156,5,156,6],[156,7,156,8],[157,3,157,4],[157,5,157,6],[157,7,157,8],[153,3,153,4],[153,5,153,6],[153,7,153,8],[154,3,154,4],[154,5,154,6],[154,7,154,8],[155,7,155,8],[149,5,149,6],[149,7,149,8],[151,0,151,8],[152,3,152,4],[152,5,152,6],[152,7,152,8],[147,3,147,4],[147,5,147,6],[147,7,147,8],[148,3,148,4],[148,5,148,6],[148,7,148,8],[143,5,143,6],[143,7,143,8],[145,0,145,8],[146,3,146,4],[146,5,146,6],[146,7,146,8],[141,3,141,4],[141,5,141,6],[141,7,141,8],[142,3,142,4],[142,5,142,6],[142,7,142,8],[138,3,138,4],[138,5,138,6],[138,7,138,8],[140,3,140,4],[140,5,140,6],[140,7,140,8],[139,7,139,8],[136,3,136,4],[136,5,136,6],[136,7,136,8],[137,3,137,4],[137,5,137,6],[137,7,137,8],[134,3,134,4],[134,5,134,6],[134,7,134,8],[135,3,135,4],[135,5,135,6],[135,7,135,8],[130,3,130,4],[130,5,130,6],[130,7,130,8],[131,5,131,6],[131,7,131,8],[133,0,133,8],[128,3,128,4],[128,5,128,6],[128,7,128,8],[129,3,129,4],[129,5,129,6],[129,7,129,8],[126,3,126,4],[126,5,126,6],[126,7,126,8],[127,3,127,4],[127,5,127,6],[127,7,127,8],[122,3,122,4],[122,5,122,6],[122,7,122,8],[123,5,123,6],[123,7,123,8],[125,0,125,8],[120,3,120,4],[120,5,120,6],[120,7,120,8],[121,3,121,4],[121,5,121,6],[121,7,121,8],[116,5,116,6],[116,7,116,8],[118,0,118,8],[119,3,119,4],[119,5,119,6],[119,7,119,8],[114,3,114,4],[114,5,114,6],[114,7,114,8],[115,3,115,4],[115,5,115,6],[115,7,115,8],[113,3,113,4],[113,5,113,6],[113,7,113,8],[110,3,110,4],[110,5,110,6],[110,7,110,8],[111,3,111,4],[111,5,111,6],[111,7,111,8],[112,3,112,4],[112,5,112,6],[112,7,112,8],[64,3,64,4],[64,5,64,6],[64,7,64,8],[65,5,65,6],[65,7,65,8],[96,0,96,8],[72,0,72,8],[73,3,73,4],[73,5,73,6],[73,7,73,8],[74,3,74,4],[74,5,74,6],[74,7,74,8],[75,3,75,4],[75,5,75,6],[75,7,75,8],[76,3,76,4],[76,5,76,6],[76,7,76,8],[77,5,77,6],[77,7,77,8],[84,0,84,8],[85,3,85,4],[85,5,85,6],[62,3,62,4],[62,5,62,6],[62,7,62,8],[63,3,63,4],[63,5,63,6],[63,7,63,8],[53,5,53,6],[53,7,53,8],[60,0,60,8],[61,3,61,4],[61,5,61,6],[61,7,61,8],[51,3,51,4],[51,5,51,6],[51,7,51,8],[52,3,52,4],[52,5,52,6],[52,7,52,8],[32,0,32,8],[48,0,48,8],[49,3,49,4],[49,5,49,6],[49,7,49,8],[50,3,50,4],[50,5,50,6],[50,7,50,8],[28,3,28,4],[28,5,28,6],[28,7,28,8],[29,3,29,4],[29,5,29,6],[29,7,29,8],[26,3,26,4],[26,5,26,6],[26,7,26,8],[27,3,27,4],[27,5,27,6],[27,7,27,8],[24,3,24,4],[24,5,24,6],[24,7,24,8],[25,3,25,4],[25,5,25,6],[25,7,25,8],[22,3,22,4],[22,5,22,6],[22,7,22,8],[23,3,23,4],[23,5,23,6],[23,7,23,8],[20,3,20,4],[20,5,20,6],[20,7,20,8],[21,3,21,4],[21,5,21,6],[21,7,21,8],[18,3,18,4],[18,5,18,6],[18,7,18,8],[19,3,19,4],[19,5,19,6],[19,7,19,8],[16,3,16,4],[16,5,16,6],[16,7,16,8],[17,3,17,4],[17,5,17,6],[17,7,17,8],[14,3,14,4],[14,5,14,6],[14,7,14,8],[15,3,15,4],[15,5,15,6],[15,7,15,8],[12,3,12,4],[12,5,12,6],[12,7,12,8],[13,3,13,4],[13,5,13,6],[13,7,13,8],[10,3,10,4],[10,5,10,6],[10,7,10,8],[11,3,11,4],[11,5,11,6],[11,7,11,8],[9,3,9,4],[9,5,9,6],[9,7,9,8],[6,3,6,4],[6,5,6,6],[6,7,6,8],[7,3,7,4],[7,5,7,6],[7,7,7,8],[3,0,3,8],[4,3,4,4],[4,5,4,6],[4,7,4,8],[5,3,5,4],[5,5,5,6],[5,7,5,8],[8,3,8,4],[8,5,8,6],[8,7,8,8],[85,7,85,8],[86,3,86,4],[86,5,86,6],[86,7,86,8],[87,3,87,4],[87,5,87,6],[87,7,87,8],[88,3,88,4],[88,5,88,6],[88,7,88,8],[0,0,2,8],[89,5,89,6],[89,7,89,8],[228,3,228,4],[228,5,228,6],[228,7,228,8],[97,3,97,4],[97,5,97,6],[97,7,97,8],[98,3,98,4],[98,5,98,6],[98,7,98,8],[101,3,101,4],[101,5,101,6],[101,7,101,8],[102,5,102,6],[102,7,102,8],[109,0,109,8],[99,3,99,4],[99,5,99,6],[99,7,99,8],[100,3,100,4],[100,5,100,6],[100,7,100,8]]}
[]
[]
[]
["parcela fixa da administração local \n(mão de obra)"]
["Código","Discriminação ","Unidade"," Quantidade ",null,"Custo Unitário (R$)",null," Custo Total (R$)"]
[null,"Mão de Obra"]
[null,"Gerência Técnica"]
[null,"Geral"]
["P9955","Engenheiro chefe","mês",0.5,null,{"$f":"VLOOKUP(A9,'Pessoal Sicro'!$A$6:$G$118,6,0)","v":28742.677800000001},null,{"$f":"F9*D9","v":14371.338900000001}]
["P9840","Encarregado geral","mês",0.5,null,{"$f":"VLOOKUP(A10,'Pessoal Sicro'!$A$6:$G$118,6,0)","v":10416.0147},null,{"$f":"F10*D10","v":5208.0073499999999}]
["P9897","Técnico de meio ambiente","mês",0,null,{"$f":"VLOOKUP(A11,'Pessoal Sicro'!$A$6:$G$118,6,0)","v":7726.4929000000002},null,{"$f":"F11*D11","v":0}]
["P9948","Motorista","mês",0,null,{"$f":"VLOOKUP(A12,'Pessoal Sicro'!$A$6:$G$118,6,0)","v":4946.3316999999997},null,{"$f":"F12*D12","v":0}]
["P9878","Secretária","mês",0,null,{"$f":"VLOOKUP(A13,'Pessoal Sicro'!$A$6:$G$118,6,0)","v":6302.0703000000003},null,{"$f":"F13*D13","v":0}]
[{"$nulls":5},"Subtotal do Item 1.1",null,{"$f":"SUM(H9:I13)","v":19579.346250000002}]
[null,"Auxiliar"]
["P9946","Engenheiro auxiliar","mês",1,null,{"$f":"VLOOKUP(A16,'Pessoal Sicro'!$A$6:$G$118,6,0)","v":22131.892},null,{"$f":"D16*F16","v":22131.892}]
["P9903","Auxiliar técnico","mês",0,null,{"$f":"VLOOKUP(A17,'Pessoal Sicro'!$A$6:$G$118,6,0)","v":4801.2272000000003},null,{"$f":"D17*F17","v":0}]
[{"$nulls":5},"Subtotal do Item 1.2",null,{"$f":"SUM(H16:I17)","v":22131.892}]
[null,"Gerência Administrativa"]
[null,"Geral"]
["P9883","Chefe do setor administrativo","mês",1,null,{"$f":"VLOOKUP(A21,'Pessoal Sicro'!$A$6:$G$118,6,0)","v":8008.6976999999997},null,{"$f":"F21*D21","v":8008.6976999999997}]
["P9809","Encarregado administrativo","mês",0,null,{"$f":"VLOOKUP(A22,'Pessoal Sicro'!$A$6:$G$118,6,0)","v":8008.6642000000002},null,{"$f":"F22*D22","v":0}]
["P9896","Porteiro","mês",0,null,{"$f":"VLOOKUP(A23,'Pessoal Sicro'!$A$6:$G$118,6,0)","v":4473.4789000000001},null,{"$f":"F23*D23","v":0}]
["P9827","Vigia","mês",0,null,{"$f":"VLOOKUP(A24,'Pessoal Sicro'!$A$6:$G$118,6,0)","v":4809.3190999999997},null,{"$f":"F24*D24","v":0}]
["P9948","Motorista","mês",0,null,{"$f":"VLOOKUP(A25,'Pessoal Sicro'!$A$6:$G$118,6,0)","v":4946.3316999999997},null,{"$f":"F25*D25","v":0}]
[{"$nulls":5},"Subtotal do Item 1.3",null,{"$f":"SUM(H21:I25)","v":8008.6976999999997}]
[null,"Auxiliar"]
["P9806","Auxiliar administrativo","mês",1,null,{"$f":"VLOOKUP(A28,'Pessoal Sicro'!$A$6:$G$118,6,0)","v":4965.0168999999996},null,{"$f":"F28*D28","v":4965.0168999999996}]
["P9842","Faxineiro","mês",0,null,{"$f":"VLOOKUP(A29,'Pessoal Sicro'!$A$6:$G$118,6,0)","v":4111.6911},null,{"$f":"F29*D29","v":0}]
[{"$nulls":5},"Subtotal do Item 1.4",null,{"$f":"SUM(H28:I29)","v":4965.0168999999996}]
[{"$nulls":7},"Total da Mão de Obra da Parcela Fixa",{"$f":"H30+H26+H18+H14","v":54684.952850000001}]
[]
["parcela fixa da administração local \n(veículos)"]
["Código","Discriminação ","Unidade"," Quantidade ","Utilização Produtiva","Utilização Improdutiva","Custo Horário \nProdutivo (R$)","Custo Horário Improdutivo (R$)","Custo Total (R$)"]
[2,"Veículos"]
[null,"Gerência Técnica"]
["2.1","Geral"]
["E9093","Veículo Leve 53 kw","mês",1,44,176,{"$f":"VLOOKUP(A38,Equipamentos!$A$4:$K$541,10,0)","v":34.938200000000002},{"$f":"VLOOKUP(A38,Equipamentos!$A$4:$K$541,11,0)","v":6.1504000000000003},{"$f":"((E38*G38)+(F38*H38))*D38","v":2619.7512000000002}]
["E9560","Ônibus coletivo - 175 kw","mês",0,44,176,{"$f":"VLOOKUP(A39,Equipamentos!$A$4:$K$541,10,0)","v":357.20209999999997},{"$f":"VLOOKUP(A39,Equipamentos!$A$4:$K$541,11,0)","v":103.8866},{"$f":"((E39*G39)+(F39*H39))*D39","v":0}]
[{"$nulls":7},"Subtotal do Item 2",{"$f":"SUM(I38:I39)","v":2619.7512000000002}]
["2.2","Auxiliar"]
["E9093","Veículo Leve 53 kw","mês",0,44,176,{"$f":"G38","v":34.938200000000002},{"$f":"H38","v":6.1504000000000003},{"$f":"((E42*G42)+(F42*H42))*D42","v":0}]
[{"$nulls":7},"Subtotal do Item 2",{"$f":"SUM(I42)","v":0}]
["2.3","Gerência Administrativa"]
["E9093","Veículo Leve 53 kw","mês",0,44,176,{"$f":"G38","v":34.938200000000002},{"$f":"H38","v":6.1504000000000003},{"$f":"((E45*G45)+(F45*H45))*D45","v":0}]
[{"$nulls":7},"Subtotal do Item 2",{"$f":"I45","v":0}]
[{"$nulls":7},"Total dos Veículos da Parcela Fixa",{"$f":"I46+I43+I40","v":2619.7512000000002}]
[]
["Composição de custo da equipe de produção de terraplenagem"]
["Código","Discriminação ","Unidade"," Quantidade ",null,"Custo Unitário (R$)",null," Custo Total (R$)"]
[null,"Equipe de Produção de Terraplenagem"]
["3.1","Mão de Obra"]
[{"$f":"'Pessoal Sicro'!A65","v":"P9892"},"Encarregado de produção ","mês",1,null,{"$f":"VLOOKUP(A53,'Pessoal Sicro'!$A$6:$G$118,6,0)","v":34.400700000000001},null,{"$f":"F53*D53","v":34.400700000000001}]
[{"$nulls":5},"Subtotal do Item 3.1",null,{"$f":"SUM(H53:H53)","v":34.400700000000001}]
["Código","Discriminação ","Unidade"," Quantidade ","Utilização Produtiva","Utilização Improdutiva","Custo Horário \nProdutivo (R$)","Custo Horário Improdutivo (R$)","Custo Total (R$)",{"$nulls":4},{"$f":"186.92*I8","v":0}]
["3.2","Veículos"]
[null,"Veículo Leve 53 kw","mês",1,44,176,{"$f":"G38","v":34.938200000000002},{"$f":"H38","v":6.1504000000000003},{"$f":"((E57*G57)+(F57*H57))*D57","v":2619.7512000000002}]
[{"$nulls":7},"Subtotal do Item 3.2",{"$f":"SUM(I57:I57)","v":2619.7512000000002}]
[{"$nulls":7},"Total da Equipe de Produção de Terraplenagem",{"$f":"I58+H54","v":2654.1519000000003}]
[]
["Composição de custo da equipe de produção de pavimentação"]
["Código","Discriminação ","Unidade"," Quantidade ",null,"Custo Unitário (R$)",null," Custo Total (R$)"]
[null,"Equipe de Produção de Pavimentação"]
["3.1","Mão de Obra"]
[{"$f":"'Pessoal Sicro'!A70","v":"P9901"},"Encarregado de produção ","mês",1,null,{"$f":"VLOOKUP(A65,'Pessoal Sicro'!$A$6:$G$118,6,0)","v":7200.018},null,{"$f":"F65*D65","v":7200.018}]
[{"$nulls":5},"Subtotal do Item 3.1",null,{"$f":"SUM(H65:H65)","v":7200.018}]
["Código","Discriminação ","Unidade"," Quantidade ","Utilização Produtiva","Utilização Improdutiva","Custo Horário \nProdutivo (R$)","Custo Horário Improdutivo (R$)","Custo Total (R$)"]
["3.2","Veículos"]
[null,"Veículo Leve 53 kw","mês",1,44,176,{"$f":"G38","v":34.938200000000002},{"$f":"H38","v":6.1504000000000003},{"$f":"((E69*G69)+(F69*H69))*D69","v":2619.7512000000002}]
[{"$nulls":7},"Subtotal do Item 3.2",{"$f":"SUM(I69:I69)","v":2619.7512000000002}]
[{"$nulls":7},"Total da Equipe de Produção de Pavimentação",{"$f":"I70+H66","v":9819.7692000000006}]
[]
["Composição de custo da equipe de produção de drenagem"]
["Código","Discriminação ","Unidade"," Quantidade ",null,"Custo Unitário (R$)",null," Custo Total (R$)"]
[null,"Equipe de Produção de Pavimentação"]
["3.1","Mão de Obra"]
[{"$f":"'Pessoal Sicro'!A70","v":"P9901"},"Encarregado de produção ","mês",1,null,{"$f":"VLOOKUP(A77,'Pessoal Sicro'!$A$6:$G$118,6,0)","v":7200.018},null,{"$f":"F77*D77","v":7200.018}]
[{"$nulls":5},"Subtotal do Item 3.1",null,{"$f":"SUM(H77:H77)","v":7200.018}]
["Código","Discriminação ","Unidade"," Quantidade ","Utilização Produtiva","Utilização Improdutiva","Custo Horário \nProdutivo (R$)","Custo Horário Improdutivo (R$)","Custo Total (R$)"]
["3.2","Veículos"]
[null,"Veículo Leve 53 kw","mês",1,44,176,{"$f":"G38","v":34.938200000000002},{"$f":"H38","v":6.1504000000000003},{"$f":"((E81*G81)+(F81*H81))*D81","v":2619.7512000000002}]
[{"$nulls":7},"Subtotal do Item 3.2",{"$f":"SUM(I81:I81)","v":2619.7512000000002}]
[{"$nulls":7},"Total da Equipe de Produção de Pavimentação",{"$f":"I82+H78","v":9819.7692000000006}]
[]
["Composição de custo da equipe de produção de sinalização"]
["Código","Discriminação ","Unidade"," Quantidade ",null,"Custo Unitário (R$)",null," Custo Total (R$)"]
[null,"Equipe de Produção de Pavimentação"]
["3.1","Mão de Obra"]
[{"$f":"'Pessoal Sicro'!A70","v":"P9901"},"Encarregado de produção ","mês",1,null,{"$f":"VLOOKUP(A89,'Pessoal Sicro'!$A$6:$G$118,6,0)","v":7200.018},null,{"$f":"F89*D89","v":7200.018}]
[{"$nulls":5},"Subtotal do Item 3.1",null,{"$f":"SUM(H89:H89)","v":7200.018}]
["Código","Discriminação ","Unidade"," Quantidade ","Utilização Produtiva","Utilização Improdutiva","Custo Horário \nProdutivo (R$)","Custo Horário Improdutivo (R$)","Custo Total (R$)"]
["3.2","Veículos"]
[null,"Veículo Leve 53 kw","mês",1,44,176,{"$f":"G38","v":34.938200000000002},{"$f":"H38","v":6.1504000000000003},{"$f":"((E93*G93)+(F93*H93))*D93","v":2619.7512000000002}]
[{"$nulls":7},"Subtotal do Item 3.2",{"$f":"SUM(I93:I93)","v":2619.7512000000002}]
[{"$nulls":7},"Total da Equipe de Produção de Pavimentação",{"$f":"I94+H90","v":9819.7692000000006}]
[]
["Composição de custo da equipe topografia"]
["Código","Discriminação ","Unidade"," Quantidade ",null,"Custo Unitário (R$)",null," Custo Total (R$)"]
[null,"Equipe de Topografia"]
["3.1","Mão de Obra"]
["P9949","Topográfo","mês",1,null,{"$f":"VLOOKUP(A101,'Pessoal Sicro'!$A$6:$G$118,6,0)","v":7926.4674000000005},null,{"$f":"F101*D101","v":7926.4674000000005}]
["P9950","Auxiliar de topografia","mês",1,null,{"$f":"VLOOKUP(A102,'Pessoal Sicro'!$A$6:$G$118,6,0)","v":4519.6557000000003},null,{"$f":"F102*D102","v":4519.6557000000003}]
[{"$nulls":5},"Subtotal do Item 3.1",null,{"$f":"SUM(H101:I102)","v":12446.123100000001}]
["Código","Discriminação ","Unidade"," Quantidade ","Utilização Produtiva","Utilização Improdutiva","Custo Horário \nProdutivo (R$)","Custo Horário Improdutivo (R$)","Custo Total (R$)"]
["3.2","Veículos"]
[null,"Veículo Leve 53 kw","mês",1,44,176,{"$f":"G38","v":34.938200000000002},{"$f":"H38","v":6.1504000000000003},{"$f":"((E106*G106)+(F106*H106))*D106","v":2619.7512000000002}]
[{"$nulls":7},"Subtotal do Item 3.2",{"$f":"SUM(I106:I106)","v":2619.7512000000002}]
[{"$nulls":7},"Total da Equipe de Produção de Topografia",{"$f":"I107+H103","v":15065.874300000001}]
[]
["Composição de custo do setor de medicina e segurança do trabalho"]
["Código","Discriminação ","Unidade"," Quantidade ",null,"Custo Unitário (R$)",null," Custo Total (R$)"]
[4,"Setor de Medicina e Segurança do Trabalho"]
["P9876","Técnico de segurança do trabalho","mês",1,null,{"$f":"VLOOKUP(A113,'Pessoal Sicro'!$A$6:$G$118,6,0)","v":7858.4849000000004},null,{"$f":"F113*D113","v":7858.4849000000004}]
["P9864","Engenheiro de segurança do trabalho","mês",0,null,{"$f":"VLOOKUP(A114,'Pessoal Sicro'!$A$6:$G$118,6,0)","v":22611.822},null,{"$f":"F114*D114","v":0}]
["P9851","Médico do trabalho","mês",0,null,{"$f":"VLOOKUP(A115,'Pessoal Sicro'!$A$6:$G$118,6,0)","v":18030.894},null,{"$f":"F115*D115","v":0}]
["P9951","Médico de câmara hiperbárica","mês",0,null,{"$f":"VLOOKUP(A116,'Pessoal Sicro'!$A$6:$G$118,6,0)","v":19979.611400000002},null,{"$f":"F116*D116","v":0}]
[{"$nulls":5},"Subtotal do Item 4",null,{"$f":"SUM(H113:I116)","v":7858.4849000000004}]
[]
["Parcela Variável - Composição de custo da equipe de frente de serviço"]
["Código","Discriminação ","Unidade"," Quantidade ",null,"Custo Unitário (R$)",null," Custo Total (R$)"]
[5,"Equipe de Frente de Serviço","equipexmês"]
["P9875","Encarregado de Turma","mês",1,null,{"$f":"VLOOKUP(A122,'Pessoal Sicro'!$A$6:$G$118,6,0)","v":5346.6369000000004},null,{"$f":"F122*D122","v":5346.6369000000004}]
["P9804","Apontador","mês",0.5,null,{"$f":"VLOOKUP(A123,'Pessoal Sicro'!$A$6:$G$118,6,0)","v":5003.4385000000002},null,{"$f":"F123*D123","v":2501.7192500000001}]
[{"$nulls":5},"Subtotal do Item 5",null,{"$f":"SUM(H122:I123)","v":7848.3561500000005}]
[]
["Parcela Variável - Composição de custo da equipe de frente de serviço (Terraplenagem) - Somente Compactação "]
["Código","Discriminação ","Unidade"," Quantidade ",null,"Produção Horária \n(und/h)",null,"Efs"]
["5.1","Equipe de Frente de Serviço","equipexmês"]
[null,null,"mês",{"$nulls":4},{"$f":"(D129)/(F129*182.49)","v":{"$error":"#DIV/0!"}}]
[null,null,"mês",{"$nulls":4},{"$f":"(D130)/(F130*182.49)","v":{"$error":"#DIV/0!"}}]
[null,null,"mês",{"$nulls":4},{"$f":"(D131)/(F131*182.49)","v":{"$error":"#DIV/0!"}}]
[{"$nulls":5},"Total de Equipes para Terraplenagem",null,{"$f":"SUM(H131:I131)","v":{"$error":"#DIV/0!"}}]
[]
["Parcela Variável - Composição de custo da acompanhamento das frentes de serviço de pavimentação"]
["Código","Discriminação ","Unidade"," Quantidade ",null,"Produção Horária \n(und/h)",null,"Efs"]
["5.2","Equipe de Frente de Serviço","equipe x mês"]
[36170,"Bloquete/piso intertravado de concreto - modelo onda/16 faces/retangular/t ijolinho/paver/holandes/paralelepipedo, *22 cm x 11* cm, e = 8 cm, resistencia de 35 mpa (nbr 9781), cor natural",{"$f":"'RESUMO MODULO TOTAL'!I23","v":"m²"},{"$f":"'RESUMO MODULO TOTAL'!J23","v":112448},null,99.6,null,{"$f":"(D137)/(F137*182.49)","v":6.1866183568181432}]
["92404 ADAPTADA","Execução de pavimento em piso intertravado, com bloco 16 faces de 22 x 11 cm, espessura 8 cm. af_10/2022 - exclusive fornecimento de bloquete",{"$f":"'RESUMO MODULO TOTAL'!I24","v":"m²"},{"$f":"'RESUMO MODULO TOTAL'!J24","v":112000},null,1125,null,0.54553978604611519]
[5915014,{"$f":"VLOOKUP(A139,'SINTÉTICO SICRO'!A:D,2,0)","v":"Transporte com caminhão carroceria com capacidade de 11 t e com guindauto de 45 t.m - rodovia pavimentada"},{"$f":"'RESUMO MODULO TOTAL'!I25","v":"tkm"},{"$f":"'RESUMO MODULO TOTAL'!J25","v":591360},null,1500,null,2.1603375527426159]
[5915321,{"$f":"VLOOKUP(A140,'SINTÉTICO SICRO'!A:D,2,0)","v":"Transporte com caminhão basculante de 14 m³ - rodovia pavimentada"},{"$f":"'RESUMO MODULO TOTAL'!I26","v":"tkm"},{"$f":"'RESUMO MODULO TOTAL'!J26","v":201600},null,120.7,null,{"$f":"(D140)/(F140*182.49)","v":9.1525937592658089}]
[5915321,{"$f":"VLOOKUP(A141,'SINTÉTICO SICRO'!A:D,2,0)","v":"Transporte com caminhão basculante de 14 m³ - rodovia pavimentada"},{"$f":"'RESUMO MODULO TOTAL'!I27","v":"tkm"},{"$f":"'RESUMO MODULO TOTAL'!J27","v":45359.999999999993},null,120.7,null,2.0593335958348065]
[4011268,{"$f":"VLOOKUP(A142,'SINTÉTICO SICRO'!A:D,2,0)","v":"Base estabilizada granulometricamente com mistura solo brita (70% - 30%) em usina com material de jazida e brita comercial"},{"$f":"'RESUMO MODULO TOTAL'!I28","v":"m³"},{"$f":"'RESUMO MODULO TOTAL'!J28","v":16800},null,120.7,null,0.76271614660548404]
[4011209,{"$f":"VLOOKUP(A143,'SINTÉTICO SICRO'!A:D,2,0)","v":"Regularização do subleito"},{"$f":"'RESUMO MODULO TOTAL'!I29","v":"m²"},{"$f":"'RESUMO MODULO TOTAL'!J29","v":112000},null,1121.33,null,0.54732528274627412]
[{"$nulls":5},"Total de Equipes para Pavimentação",null,{"$f":"SUM(H137:I143)","v":21.414464480059248}]
[]
["Parcela Variável - Composição de custo da acompanhamento das frentes de serviço de drenagem"]
["Código","Discriminação ","Unidade"," Quantidade ",null,"Efsdu",null,"Efs"]
["5.3","Frentes de Serviço para Drenagem","equipe x mês"]
[2003373,{"$f":"VLOOKUP(A149,'SINTÉTICO SICRO'!$A$4:$D$6373,2,0)","v":"Meio-fio de concreto - MFC 03 - areia e brita comerciais - fôrma de madeira"},"m",{"$f":"'RESUMO MODULO TOTAL'!J36","v":32000},null,2.1000000000000001E-4,null,{"$f":"D149*F149","v":6.7200000000000006}]
[{"$nulls":5},"Total de Equipes para Drenagem",null,{"$f":"H149","v":6.7200000000000006}]
[]
["Parcela Variável - Composição de custo da acompanhamento das frentes de serviço de sinalização"]
["Código","Discriminação ","Unidade"," Quantidade ",null,"Produção Horária (und/h)",null,"Efs"]
["5.4","Frentes de Serviço para Sinalização","equipe x mês"]
[5213440,{"$f":"VLOOKUP(A155,'SINTÉTICO SICRO'!$A$4:$D$6373,2,0)","v":"Placa de regulamentação em aço D = 0,60 m - película retrorrefletiva tipo I + SI - fornecimento e implantação"},{"$f":"'RESUMO MODULO TOTAL'!I31","v":"und"},{"$f":"'RESUMO MODULO TOTAL'!J31","v":48},null,3,null,{"$f":"0.2*((D155)/(F155*182.49))","v":1.7535207408625127E-2}]
[5213464,{"$f":"VLOOKUP(A156,'SINTÉTICO SICRO'!$A$4:$D$6373,2,0)","v":"Placa de advertência em aço, lado de 0,60 m - película retrorrefletiva tipo I + SI - fornecimento e implantação"},{"$f":"'RESUMO MODULO TOTAL'!I32","v":"und"},{"$f":"'RESUMO MODULO TOTAL'!J32","v":48},null,4.0999999999999996,null,{"$f":"0.2*((D156)/(F156*182.49))","v":1.2830639567286681E-2}]
[5213863,{"$f":"VLOOKUP(A157,'SINTÉTICO SICRO'!$A$4:$D$6373,2,0)","v":"Suporte metálico galvanizado para placa de advertência ou regulamentação - lado ou diâmetro de 0,60 m - fornecimento e implantação"},{"$f":"'RESUMO MODULO TOTAL'!I33","v":"und"},{"$f":"'RESUMO MODULO TOTAL'!J33","v":96},null,4.0999999999999996,null,{"$f":"0.2*((D157)/(F157*182.49))","v":2.5661279134573362E-2}]
[5213400,{"$f":"VLOOKUP(A158,'SINTÉTICO SICRO'!$A$4:$D$6373,2,0)","v":"Pintura de faixa com tinta acrílica - espessura de 0,4 mm"},{"$f":"'RESUMO MODULO TOTAL'!I34","v":"m²"},{"$f":"'RESUMO MODULO TOTAL'!J34","v":3840},null,177.07,null,2.3767152979443335E-2]
[{"$nulls":5},"Total de Equipes para Sinalização",null,{"$f":"SUM(H155:I158)","v":7.9794279089928505E-2}]
[]
["3. PARCELA VARIÁVEL - EQUIPE DE CONTROLE TECNOLÓGICO"]
["LABORATÓRIO DE SOLOS"]
["Item","Discriminação",null,null,null,"Unidade","Quantidade","Custo Unitário (R$)","Custo Total (R$)"]
[null,"Laboratório de Solos (equipe x mês)"]
[null,"Mão de Obra"]
["P9858","Laboratorista",null,null,null,"func./mês",1,{"$f":"VLOOKUP(A166,'Pessoal Sicro'!$A$6:$G$118,6,0)","v":6685.4369999999999},{"$f":"TRUNC(G166*H166,2)","v":6685.43}]
["P9833","Auxiliar de laboratório",null,null,null,"func./mês",1,{"$f":"VLOOKUP(A167,'Pessoal Sicro'!$A$6:$G$118,6,0)","v":4544.6136999999999},{"$f":"TRUNC(G167*H167,2)","v":4544.6099999999997}]
[{"$nulls":7},"Subtotal do Item",{"$f":"SUM(I166:I167)","v":11230.04}]
["Item","Discriminação","Und","Quant","Utilização Produtiva","Utilização Improdutiva","Horário Produtivo (R$)","Horário Improdutivo (R$)","Total (R$)"]
[null,"Equipe de Controle Tecnológico"]
[null,"Veículos"]
["E9125","Van furgão a diesel - 93 kW","veic./mês",0.5,44,176,{"$f":"VLOOKUP(A172,Equipamentos!$A$4:$K$533,10,0)","v":81.7029},{"$f":"VLOOKUP(A172,Equipamentos!$A$4:$K$533,11,0)","v":44.4435},{"$f":"D172*((E172*G172)+(F172*H172))","v":5708.4917999999998}]
[{"$nulls":7},"Subtotal do Item",{"$f":"SUM(I172:I172)","v":5708.4917999999998}]
[{"$nulls":7},"Total da Equipe do Laboratório de Solos",{"$f":"I168+I173","v":16938.531800000001}]
[]
["3. PARCELA VARIÁVEL - EQUIPE DE CONTROLE TECNOLÓGICO"]
["LABORATÓRIO DE CONCRETO"]
["Item","Discriminação",null,null,null,"Unidade","Quantidade","Custo Unitário (R$)","Custo Total (R$)"]
[null,"Laboratório de Solos (equipe x mês)"]
[null,"Mão de Obra"]
["P9858","Laboratorista",null,null,null,"func./mês",1,{"$f":"VLOOKUP(A181,'Pessoal Sicro'!$A$6:$G$118,6,0)","v":6685.4369999999999},{"$f":"TRUNC(G181*H181,2)","v":6685.43}]
["P9833","Auxiliar de laboratório",null,null,null,"func./mês",1,{"$f":"VLOOKUP(A182,'Pessoal Sicro'!$A$6:$G$118,6,0)","v":4544.6136999999999},{"$f":"TRUNC(G182*H182,2)","v":4544.6099999999997}]
[{"$nulls":7},"Subtotal do Item",{"$f":"SUM(I181:I182)","v":11230.04}]
["Item","Discriminação","Und","Quant","Utilização Produtiva","Utilização Improdutiva","Horário Produtivo (R$)","Horário Improdutivo (R$)","Total (R$)"]
[null,"Equipe de Controle Tecnológico"]
[null,"Veículos"]
["E9125","Van furgão a diesel - 93 kW","veic./mês",0.5,44,176,{"$f":"VLOOKUP(A187,Equipamentos!$A$4:$K$533,10,0)","v":81.7029},{"$f":"VLOOKUP(A187,Equipamentos!$A$4:$K$533,11,0)","v":44.4435},{"$f":"D187*((E187*G187)+(F187*H187))","v":5708.4917999999998}]
[{"$nulls":7},"Subtotal do Item",{"$f":"SUM(I187:I187)","v":5708.4917999999998}]
[{"$nulls":7},"Total da Equipe do Laboratório de Concreto",{"$f":"I183+I188","v":16938.531800000001}]
[]
["Equipes de laboratório de solos para pavimentação"]
["Item","Discriminação",null,null,null,"Und","Quant","QE","Els"]
[{"$f":"'RESUMO MODULO TOTAL'!D28","v":"CPU-20"},{"$f":"VLOOKUP(A193,'SINTÉTICO SICRO'!A:D,2,0)","v":{"$error":"#N/A"}},null,null,null,{"$f":"VLOOKUP(A193,'SINTÉTICO SICRO'!A:D,3,0)","v":{"$error":"#N/A"}},{"$f":"'RESUMO MODULO TOTAL'!J28","v":16800},21900,{"$f":"G193/H193","v":0.76712328767123283}]
[{"$nulls":7},"Total de equipes de Laboratório de Solos para Pavimentação",{"$f":"I193","v":0.76712328767123283}]
[]
["Equipes de laboratório de Concreto"]
["Item","Discriminação",null,null,null,"Und","Quant","QE","Ela"]
[{"$f":"'RESUMO MODULO TOTAL'!D23","v":36170},"BLOQUETE/PISO INTERTRAVADO DE CONCRETO - MODELO ONDA/16 FACES/RETANGULAR/T IJOLINHO/PAVER/HOLANDES/PARALELEPIPEDO, *22 CM X 11* CM, E = 8 CM, RESISTENCIA DE 35 MPA (NBR 9781), COR NATURAL",null,null,null,{"$f":"'RESUMO MODULO TOTAL'!I23","v":"m²"},{"$f":"'RESUMO MODULO TOTAL'!J23","v":112448},9000,{"$f":"G198/H198","v":12.494222222222222}]
[{"$nulls":7},"Total de equipes de Laboratório de Concreto",{"$f":"SUM(I198:I198)","v":12.494222222222222}]
[]
["manutenção do canteiro de obras e acampamentos"]
["Código","Discriminação ","Unidade"," Quantidade ",null,"Custo Unitário (R$)",null," Custo Total (R$)"]
[null,"Manutenção do Canteiro de Obras e Acampamentos"]
["6.1","Mão de Obra"]
["P9952","Pedreiro","mês",0,null,{"$f":"VLOOKUP(A205,'Pessoal Sicro'!$A$6:$G$118,6,0)","v":4995.5402999999997},null,{"$f":"F205*D205","v":0}]
["P9954","Servente","mês",0,null,{"$f":"VLOOKUP(A206,'Pessoal Sicro'!$A$6:$G$118,6,0)","v":3913.9218999999998},null,{"$f":"F206*D206","v":0}]
["P9953","Eletricista","mês",0,null,{"$f":"VLOOKUP(A207,'Pessoal Sicro'!$A$6:$G$118,6,0)","v":5598.4152999999997},null,{"$f":"F207*D207","v":0}]
[{"$nulls":5},"Subtotal do Item 6.1",null,{"$f":"SUM(H205:I207)","v":0}]
[]
["Código","Discriminação ","Unidade"," Quantidade ",null,"Custo Produtivo (R$)",null," Custo Total (R$)"]
["6.2","Equipamentos"]
[null,"Caminhão guindauto de 6 toneladas","h/mês",0,null,null,null,{"$f":"F212*D212","v":0}]
[null,"Caminhão tanque de 8.000 litros","h/mês",0,null,null,null,{"$f":"F213*D213","v":0}]
["E9524","Motoniveladora","h/mês",0,null,{"$f":"Equipamentos!J168","v":288.50330000000002},null,{"$f":"F214*D214","v":0}]
[{"$nulls":5},"Subtotal do Item 6.2",null,{"$f":"SUM(H212:I214)","v":0}]
[{"$nulls":6},"Total da Manutenção do Canteiro de Obras e Acampamentos",{"$f":"H215+H208","v":0}]
[]
[]
[]
["Resumo das parcelas de administração local"]
["Código","Discriminação ","Unidade"," Quantidade ",null,"Custo Unitário (R$)",null," Custo Total (R$)"]
[null,"Parcela Fixa"]
[null,"Mão de Obra","mês",5,null,{"$f":"H14+H18+H26+H30","v":54684.952850000001},null,{"$f":"F223*D223","v":273424.76425000001}]
[null,"Veículos","mês",5,null,{"$f":"I47","v":2619.7512000000002},null,{"$f":"F224*D224","v":13098.756000000001}]
[{"$nulls":5},"Subtotal do Item 1",null,{"$f":"SUM(H223:I224)","v":286523.52025}]
[null,"Parcela Vinculada"]
[null,"Equipe de produção de terraplenagem","mês",4,null,{"$f":"I59","v":2654.1519000000003},null,{"$f":"F227*D227","v":10616.607600000001}]
[null,"Equipe de produção de pavimentação","mês",6,null,{"$f":"I71","v":9819.7692000000006},null,58918.6152]
[null,"Equipe de produção de drenagem","mês",2,null,{"$f":"I83","v":9819.7692000000006},null,19639.538400000001]
[null,"Equipe de produção de sinalização","mês",1,null,{"$f":"I95","v":9819.7692000000006},null,9819.7692000000006]
[null,"Equipe de topografia","mês",10,null,{"$f":"I108","v":15065.874300000001},null,150658.74300000002]
[null,"Equipe de medicina e segurança do trabalho","mês",10,null,{"$f":"H117","v":7858.4849000000004},null,78584.849000000002]
[null,"Técnicos especializados","mês",0,null,null,null,0]
[{"$nulls":5},"Subtotal do Item 2",null,{"$f":"SUM(H227:I233)","v":328238.12239999999}]
[null,"Parcela Variável"]
[null,"Acompanhamento da Terraplenagem","equipe x mês","-",null,{"$f":"$H$124","v":7848.3561500000005},null,"-"]
[null,"Acompanhamento da Pavimentação","equipe x mês",{"$f":"H144","v":21.414464480059248},null,{"$f":"$H$124","v":7848.3561500000005},null,{"$f":"F237*D237","v":168068.34400102956}]
[null,"Acompanhamento da Drenagem","equipe x mês",{"$f":"H150","v":6.7200000000000006},null,7848.3561500000005,null,{"$f":"F238*D238","v":52740.953328000011}]
[null,"Acompanhamento da Sinalização","equipe x mês",{"$f":"H159","v":7.9794279089928505E-2},null,7848.3561500000005,null,{"$f":"F239*D239","v":626.25392103025683}]
[null,"Laboratório de Solos","equipe x mês",{"$f":"I194","v":0.76712328767123283},null,{"$f":"I174","v":16938.531800000001},null,{"$f":"F240*D240","v":12993.942202739725}]
[null,"Laboratório de concreto","equipe x mês",{"$f":"I199","v":12.494222222222222},null,{"$f":"I189","v":16938.531800000001},null,{"$f":"F241*D241","v":211633.78042737779}]
[{"$nulls":5},"Subtotal do Item 3",null,{"$f":"SUM(H236:I241)","v":446063.27388017735}]
[null,"Manutenção dos Canteiros de Obras e Acampamentos"]
[null,"Equipe de manutenção","mês",0,null,{"$f":"H216","v":0},null,{"$f":"F244*D244","v":0}]
[{"$nulls":5},"Subtotal do Item 4",null,{"$f":"SUM(H244:I244)","v":0}]
[{"$nulls":6},"Subtotal",{"$f":"H245+H242+H234+H225","v":1060824.9165301775}]
[null,"Despesas Diversas","%",0.05,null,"-",null,{"$f":"D247*H246","v":53041.245826508879}]
[{"$nulls":5},"TOTAL",null,{"$f":"H246+H247","v":1113866.1623566863},null,{"$f":"H248","v":1113866.1623566863}]
[{"$nulls":5},"BDI",null,null,{"$f":"H248*BDI!C17","v":260533.29537522892}]
[{"$nulls":5},"TOTAL COM BDI",null,null,{"$f":"I249+H248","v":1374399.4577319152}]

{"sheet":"Projeto Executivo","index":7,"n_rows":55,"n_cols":14,"rows_kept":55,"cut":false,"hidden":false,"merged":[[26,0,26,1],[27,0,27,1],[3,0,3,6],[4,2,6,4],[5,0,5,1],[16,0,16,1],[20,0,20,1],[25,0,25,1]]}
[]
[]
[]
["COMPOSIÇAO PREÇO PROJETO EXECUTIVO"]
[]
["DISCRIMINAÇAO",{"$nulls":4},"Pr. Unit.","Pr. Total"]
[]
["A· EOUIPE TECNICA",{"$nulls":5},{"$f":"G9+G12","v":16729.367762500002}]
[null,"A. 1 - Pessoal de Nível Superior","Unidade","Quantitativo","SICRO e Rel.Custos Gerais",null,{"$f":"G10+G11","v":13763.797200000001}]
[null,"Engenheiro","mês",0.5,"P9812",{"$f":"VLOOKUP(E10,'Pessoal Sicro'!A:G,6,0)","v":23564.360700000001},{"$f":"F10*D10","v":11782.180350000001}]
[null,"Topógrafo","mês",0.25,"P9949",{"$f":"VLOOKUP(E11,'Pessoal Sicro'!A:G,6,0)","v":7926.4674000000005},{"$f":"F11*D11","v":1981.6168500000001}]
[null,"A.2 - Pessoal de Nível Técnico e Aux.",{"$nulls":4},{"$f":"G13+G14","v":2965.5705625000001}]
[null,"Auxiliar de topógrafo","mês",0.125,"P9950",{"$f":"VLOOKUP(E13,'Pessoal Sicro'!A:G,6,0)","v":4519.6557000000003},{"$f":"F13*D13","v":564.95696250000003}]
[null,"Auxiliar Técnico/Assistente de Engenharia ","mês",0.5,"P9903",{"$f":"VLOOKUP(E14,'Pessoal Sicro'!A:G,6,0)","v":4801.2272000000003},{"$f":"F14*D14","v":2400.6136000000001}]
["B - ENCARGOS SOCIAIS",{"$nulls":5},{"$f":"G16","v":0}]
[null,{"$f":"CONCATENATE(\"Taxas \",'ENC. SOCIAIS'!E51,\"%\")","v":"Taxas %"},"JÁ INCLUSAS EM \"A\""]
["C - DESPESAS GERAIS",{"$nulls":5},{"$f":"G18+G20+G19","v":12530.037572267725}]
[null,"C.1 - MATERIAIS DE CONSUMO","Estimativa % como referência de equipe técnica com encargos sociais ",0.03,null,{"$f":"G8+G16","v":16729.367762500002},{"$f":"F18*D18","v":501.88103287500002}]
[null,"C.2 - VEÍCULOS (Veículo leve picape 4 x 4 com capacidade de 1,10 t - 147 kW)","h",110,"E9684",{"$f":"VLOOKUP(E19,Equipamentos!A:K,10,0)","v":106.9319},{"$f":"F19*D19","v":11762.509}]
[null,"C.3 - Estação total eletrônica com alcance máximo de 3.000 m","h",52.356722652198506,"E9553",{"$f":"VLOOKUP(E20,Equipamentos!A:K,10,0)","v":5.0738000000000003},{"$f":"F20*D20","v":265.64753939272481}]
["D - ENSAIOS",{"$nulls":5},{"$f":"SUM(G22:G25)","v":3399.2772124999997}]
[null,"Laboratorista","mês",{"$f":"1/4","v":0.25},"P9858",{"$f":"VLOOKUP(E22,'Pessoal Sicro'!A:G,6,0)","v":6685.4369999999999},{"$f":"F22*D22","v":1671.35925}]
[null,"Auxiliar de Laboratório","mês",{"$f":"1/8","v":0.125},"P9833",{"$f":"VLOOKUP(E23,'Pessoal Sicro'!A:G,6,0)","v":4544.6136999999999},{"$f":"F23*D23","v":568.07671249999999}]
[null,"Laboratório de solos","mês",{"$f":"1/8","v":0.125},"B8957",{"$f":"VLOOKUP(E24,'Tabelas 1 e 2'!C14:G23,5,0)","v":4073.25},{"$f":"F24*D24","v":509.15625}]
[null,"Laboratório de asfalto","mês",0.125,"B8955",{"$f":"VLOOKUP(E25,'Tabelas 1 e 2'!C15:G24,5,0)","v":5205.4799999999996},{"$f":"F25*D25","v":650.68499999999995}]
["I - SOMA (A+B+C+D)",{"$nulls":5},{"$f":"G8+G15+G17+G21","v":32658.682547267726}]
["II - CUSTOS ADMINISTRATIVOS",null,null,{"$f":"BDI!C17","v":0.2339},null,null,{"$f":"D27*G26","v":7638.8658478059215}]
[" TOTAL",{"$nulls":5},{"$f":"G26+G27","v":40297.548395073645}]
[{"$nulls":5},"Por m²:",{"$f":"G28/('MC MODULO'!C1*'MC MODULO'!C2)","v":2.8783963139338318}]
{"$rows_empty":25}
[{"$nulls":13},{"$f":"186.92*I8","v":0}]

{"sheet":"CPU CODEVASF","index":8,"n_rows":55,"n_cols":14,"rows_kept":55,"cut":false,"hidden":false,"merged":[[0,0,2,7],[3,0,3,7],[4,0,6,3],[4,6,4,7],[5,4,6,5],[15,4,15,6],[18,5,18,6],[7,0,7,7],[8,7,9,7],[8,5,9,5],[8,6,9,6],[8,0,9,0],[8,1,9,1],[8,2,9,2],[8,3,9,3],[8,4,9,4],[28,5,28,6],[20,6,21,6],[20,7,21,7],[26,4,26,6],[20,0,21,0],[20,1,21,1],[20,2,21,2],[20,3,21,3],[20,4,21,4],[20,5,21,5]]}
[]
[]
[]
[{"$f":"'RESUMO MODULO TOTAL'!B1","v":"EXECUÇÃO DE SERVIÇOS DE IMPLANTAÇÃO DE PAVIMENTAÇÃO EM BLOCO DE CONCRETO INTERTRAVADO, EM VIAS DE MUNICÍPIOS DIVERSOS INSERIDOS NA ÁREA DE ATUAÇÃO DA CODEVASF, NO ESTADO DO AMAPÁ (REGIÃO PORTO GRANDE)"}]
[{"$nulls":5},"BDI %:",{"$f":"BDI!$C$17","v":0.2339}]
[{"$nulls":4},"Encargos Sociais:",null,"Horista","Mensalista"]
[{"$nulls":6},{"$f":"'ENC. SOCIAIS'!E51/100","v":0},{"$f":"'ENC. SOCIAIS'!F51/100","v":0}]
["COMPOSIÇÕES DE CUSTO UNITARIO"]
["CPU-02","CODEVASF",null,"Correção de vazamentos no ramal na rua sem pavimento com fornecimento do material hidráulico","m","COEF.","PRECO UNITÁRIO (R$)","TOTAL (R$)"]
[]
["SICRO","SICRO","P9824",{"$f":"VLOOKUP(C11,'Pessoal Sicro'!$A$5:$G$1048576,2,0)","v":"Servente"},"H",0.2,{"$f":"VLOOKUP(C11,'Pessoal Sicro'!$A$5:$G$1048576,6,0)","v":21.143599999999999},{"$f":"F11*G11","v":4.22872}]
["SICRO","SICRO","P9807",{"$f":"VLOOKUP(C12,'Pessoal Sicro'!$A$5:$G$1048576,2,0)","v":"Bombeiro hidráulico"},"H",0.1,{"$f":"VLOOKUP(C12,'Pessoal Sicro'!$A$5:$G$1048576,6,0)","v":35.1524},3.5152400000000004]
["INS. SINAPI","SINAPI",9867,"TUBO PVC, SOLDAVEL, DN 20 MM, AGUA FRIA (NBR-5648)","m",1,{"$f":"IFERROR(VLOOKUP(C13,'INSUMOS SINAPI'!A:E,5,FALSE),VLOOKUP(C13,'COMP Sint. Sinapi'!G:K,5,FALSE))","v":3.03},3.03]
["INSUMO","ORSE",10585,"Arco de serra","un",0.1,22.8,2.2800000000000002]
["INS. SINAPI","SINAPI",3859,"LUVA SOLDAVEL COM ROSCA, PVC, 20 MM X 1/2\", PARA AGUA FRIA PREDIAL","un",2,{"$f":"IFERROR(VLOOKUP(C15,'INSUMOS SINAPI'!A:E,5,FALSE),VLOOKUP(C15,'COMP Sint. Sinapi'!G:K,5,FALSE))","v":1.0900000000000001},2.1800000000000002]
[{"$nulls":4},"Sub total:",null,null,{"$f":"SUM(H11:H15)","v":15.23396}]
[{"$nulls":5},"BDI",{"$f":"BDI!$C$17","v":0.2339},{"$f":"H16*G17","v":3.563223244}]
[{"$nulls":6},"Total Serviços:",{"$f":"H16+H17","v":18.797183243999999}]
[{"$nulls":4},{"$f":"A9","v":"CPU-02"},"PREÇO UNITÁRIO TOTAL:",null,{"$f":"H18","v":18.797183243999999},{"$f":"H16","v":15.23396}]
[]
["CPU-04","CODEVASF",null,"CONTROLE TECNOLÓGICO - PROJETO","m²","COEF.","PRECO UNITÁRIO (R$)","TOTAL (R$)"]
[]
["Insumo","SICRO","P9858","Laboratorista","mês",{"$f":"0.15/14000","v":1.0714285714285714E-5},5576.2888000000003,{"$f":"F23*G23","v":5.9745951428571427E-2}]
["Composição","SICRO","P9833","Auxiliar de Laboratório","mês",{"$f":"0.15/14000","v":1.0714285714285714E-5},4221.2467999999999,4.5227644285714283E-2]
["Composição","SICRO","*B8957","Laboratório de Solos","mês",1.0714285714285714E-5,4235.59,4.5381321428571431E-2]
["Composição","SICRO","*B8956","Laboratório de concreto","mês",1.0714285714285714E-5,4285.2299999999996,4.5913178571428563E-2]
[null,"*Relatório de Custos Gerais do DNIT, página 1",null,null,"Sub total:",null,null,{"$f":"SUM(H23:H26)","v":0.19626809571428572}]
[{"$nulls":5},"BDI",{"$f":"BDI!$C$17","v":0.2339},{"$f":"H27*G28","v":4.5907107587571432E-2}]
[{"$nulls":4},"CPU-20","PREÇO UNITÁRIO TOTAL:",null,{"$f":"H27+H28","v":0.24217520330185716},{"$f":"H27","v":0.19626809571428572}]
{"$rows_empty":25}
[{"$nulls":13},{"$f":"186.92*I8","v":0}]

{"sheet":"CPU CODEVASF2","index":9,"n_rows":55,"n_cols":14,"rows_kept":55,"cut":false,"hidden":false,"merged":[[0,0,2,8],[3,0,3,8],[4,0,4,1],[4,2,4,8],[5,0,5,1],[5,2,5,8],[6,0,6,1],[6,2,6,8],[7,0,7,1],[7,2,7,8],[8,0,8,1],[8,2,8,8],[9,0,9,1],[9,2,9,8],[10,0,11,0],[10,1,11,2],[10,3,11,3],[10,4,10,5],[10,6,10,7],[10,8,11,8],[21,0,21,7],[12,1,12,2],[13,1,13,2],[14,1,14,2],[15,1,15,2],[16,1,16,2],[17,1,17,2],[18,0,18,7],[19,1,19,2],[19,5,19,7],[20,1,20,2],[20,5,20,7],[30,0,30,7],[22,0,22,7],[23,0,23,7],[24,0,24,7],[25,1,25,2],[25,5,25,7],[26,1,26,2],[26,5,26,7],[27,0,27,7],[28,1,28,2],[28,5,28,7],[29,1,29,2],[29,5,29,7],[34,0,34,7],[35,0,35,7],[31,1,31,2],[31,5,31,7],[32,1,32,2],[32,5,32,7],[33,1,33,2],[33,5,33,7]]}
[]
[]
[]
[{"$f":"'RESUMO MODULO TOTAL'!B1","v":"EXECUÇÃO DE SERVIÇOS DE IMPLANTAÇÃO DE PAVIMENTAÇÃO EM BLOCO DE CONCRETO INTERTRAVADO, EM VIAS DE MUNICÍPIOS DIVERSOS INSERIDOS NA ÁREA DE ATUAÇÃO DA CODEVASF, NO ESTADO DO AMAPÁ (REGIÃO PORTO GRANDE)"}]
["Código",null,"CPU-20"]
["Descrição",null,"BASE ESTABILIZADA GRANULOMETRICAMENTE COM MISTURA SOLO AREIA (70% - 30%) NA PISTA COM MATERIAL DE JAZIDA E AREIA COMERCIAL"]
["Data",null," 05/2024 "]
["Estado",null,"Amapá"]
["Unidade",null,"M³"]
["Produção de Equipe",null,"150,88 M³"]
["A","Equipamentos",null,"Quant.","Utilização",null,"Custo Operacional",null,"Custo Horário"]
[{"$nulls":4},"Operativa","Improdutiva","Operativa","Improdutiva"]
["E9571","Caminhão tanque com capacidade de 10.000 l - 188 kW",null,"1,00000","0,83","0,17","342,0178","85,6579","298,4366"]
["E9518","Grade de 24 discos rebocável de D = 60 cm (24\")",null,"1,00000","0,62","0,38","4,6834","3,2614","4,1430"]
["E9524","Motoniveladora - 93 kW",null,"1,00000","1,00","0,00","292,7617","125,4479","292,7617"]
["E9762","Rolo compactador de pneus autopropelido de 27 t - 85 kW",null,"1,00000","0,86","0,14","259,8311","124,7040","240,9133"]
["E9685","Rolo compactador pé de carneiro vibratório autopropelido por pneus de 11,6 t - 82 kW",null,"1,00000","0,90","0,10","220,2421","95,9465","207,8125"]
["E9577","Trator agrícola sobre pneus - 77 kW",null,"1,00000","0,62","0,38","148,5860","52,1939","111,9570"]
["Custo Horário de Equipamentos",{"$nulls":7},"1.156,0242"]
["B","Mão de Obra",null,"Quant.","Unidade","Custo Horário",null,null,"Custo Horário"]
["P9824","Servente",null,"1,00000","h","20,9484",null,null,"20,9484"]
["Custo horário total de mão de obra",{"$nulls":7},"20,9484"]
["Custo horário total de execução",{"$nulls":7},"1.176,9726"]
["Custo Unitário de Execução",{"$nulls":7},"7,8007"]
["Fator de Influencia da Chuva - FIC",{"$nulls":7},"0,5008"]
["C","Material",null,"Quant.","Unidade","Preço Unitário",null,null,"Custo Horário"]
["M0028","Areia média",null,"0,41260","m³","154,1420",null,null,"63,5990"]
["Custo unitário total de material",{"$nulls":7},"0,0000"]
["D","Atividades Auxiliares",null,"Quant.","Unidade","Preço Unitário",null,null,"Custo Horário"]
[4016096,"Escavação e carga de material de jazida com escavadeira hidráulica de 1,56 m³",null,"0,77019","m³","1,4500",null,null,"1,12"]
["Custo Total das Atividades",{"$nulls":7},"0,0000"]
["E","Tempos Fixos",null,"Quant.","Unidade","Preço Unitário",null,null,"Custo Horário"]
["4016096 - 5914354","Escavação e carga de material de jazida com escavadeira hidráulica de 1,56 m³ - Carga, manobra e descarga de agregados ou solos em caminhão basculante de 10 m³ - carga com escavadeira de 1,56 m³ (exclusa) e descarga livre",null,"1,44411","t","1,8500",null,null,"2,67"]
["M0028 - 5914647","Areia média - Carga, manobra e descarga de agregados ou solos em caminhão basculante de 10 m³ - carga com carregadeira de 3,40 m³ (exclusa) e descarga livre",null,"0,61890","t","1,7800",null,null,"1,10"]
["Custo Total dos Tempos Fixos",{"$nulls":7},"0,0000"]
["Custo Unitário Direto Total",{"$nulls":7},"76,77"]
{"$rows_empty":18}
[{"$nulls":13},{"$f":"186.92*I8","v":0}]

{"sheet":"CPU SINAPI","index":10,"n_rows":55,"n_cols":14,"rows_kept":55,"cut":false,"hidden":false,"merged":[[15,3,15,4],[16,3,16,5],[0,0,0,4],[0,5,1,6],[1,0,1,1],[1,2,1,4],[2,0,2,4],[14,3,14,5]]}
["SINAPI - SISTEMA NACIONAL DE PESQUISA DE CUSTOS E ÍNDICES DA CONSTRUÇÃO CIVIL",{"$nulls":4},"XXXX"]
["PCI.818.01 - COMPOSIÇÕES ATIVAS ANALÍTICAS COM CUSTO",null,"ABRANGENCIA: NACIONAL                                                                               DATA DE PREÇO          :   10/2023                                                                                                             DATA REFERENCIA TECNICA: 16/11/2023"]
["* Composições constantes nos Relatórios publicados de Composições Analíticas para as 27 Unidades da Federação"]
["MACROCLASSE.CLASSE.GRUPO","CÓDIGOS","DESCRIÇÃO","UNIDADE","COEFICIENTE","PREÇO UNITÁRIO","PREÇO TOTAL"]
["03.PAVI.INTE.004/001","92404 ADAPTADA","EXECUÇÃO DE PAVIMENTO EM PISO INTERTRAVADO, COM BLOCO 16 FACES DE 22 X 11 CM, ESPESSURA 8 CM. AF_10/2022 - EXCLUSIVE FORNECIMENTO DE BLOQUETE","M2",null,"Pavimento Intertravado",{"$f":"G17","v":25.53}]
["INSUMO",370,"AREIA MEDIA - POSTO JAZIDA/FORNECEDOR (RETIRADO NA JAZIDA, SEM TRANSPORTE)","M3",5.6800000000000003E-2,{"$f":"VLOOKUP($B6,'INSUMOS SINAPI'!A8:E5204,5,0)","v":150},{"$f":"ROUND(ROUND(E6,5)*ROUND(F6,2),2)","v":8.52}]
["INSUMO",4741,"PO DE PEDRA (POSTO PEDREIRA/FORNECEDOR, SEM FRETE)","M3",9.7999999999999997E-3,{"$f":"VLOOKUP($B7,'INSUMOS SINAPI'!A10:E5206,5,0)","v":300.69},{"$f":"ROUND(ROUND(E7,5)*ROUND(F7,2),2)","v":2.95}]
["INSUMO",36170,"BLOQUETE/PISO INTERTRAVADO DE CONCRETO - MODELO ONDA/16 FACES/RETANGULAR/T IJOLINHO/PAVER/HOLANDES/PARALELEPIPEDO, *22 CM X 11* CM, E = 8 CM, RESISTENCIA DE 35 MPA (NBR 9781), COR NATURAL","M2",1.004,0,0]
["COMPOSICAO",88260,"CALCETEIRO COM ENCARGOS COMPLEMENTARES","H",0.21290000000000001,{"$f":"VLOOKUP(B9,'COMP Sint. Sinapi'!G7:K7322,5,0)","v":23.13},4.92]
["COMPOSICAO",88316,"SERVENTE COM ENCARGOS COMPLEMENTARES","H",0.21290000000000001,{"$f":"VLOOKUP(B10,'COMP Sint. Sinapi'!G:K,5,0)","v":18.98},4.04]
["COMPOSICAO",91277,"PLACA VIBRATÓRIA REVERSÍVEL COM MOTOR 4 TEMPOS A GASOLINA, FORÇA CENTRÍFUG A DE 25 KN (2500 KGF), POTÊNCIA 5,5 CV - CHP DIURNO. AF_08/2015","CHP",5.4999999999999997E-3,{"$f":"VLOOKUP(B11,'COMP Sint. Sinapi'!G9:K7324,5,0)","v":9.89},0.05]
["COMPOSICAO",91278,{"$f":"VLOOKUP(B12,'COMP Sint. Sinapi'!G11:K7326,2,0)","v":"PLACA VIBRATÓRIA REVERSÍVEL COM MOTOR 4 TEMPOS A GASOLINA, FORÇA CENTRÍFUGA DE 25 KN (2500 KGF), POTÊNCIA 5,5 CV - CHI DIURNO. AF_08/2015"},"CHP",0.10100000000000001,{"$f":"VLOOKUP(B12,'COMP Sint. Sinapi'!G11:K7326,5,0)","v":0.71},7.0000000000000007E-2]
["COMPOSICAO",91283,{"$f":"VLOOKUP(B13,'COMP Sint. Sinapi'!G12:K7327,2,0)","v":"CORTADORA DE PISO COM MOTOR 4 TEMPOS A GASOLINA, POTÊNCIA DE 13 HP, COM DISCO DE CORTE DIAMANTADO SEGMENTADO PARA CONCRETO, DIÂMETRO DE 350 MM, FURO DE 1\" (14 X 1\") - CHP DIURNO. AF_08/2015"},"CHI",3.8E-3,{"$f":"VLOOKUP(B13,'COMP Sint. Sinapi'!G11:K7326,5,0)","v":10.55},{"$f":"ROUND(ROUND(E13,5)*ROUND(F13,2),2)","v":0.04}]
["COMPOSICAO",91285,{"$f":"VLOOKUP(B14,'COMP Sint. Sinapi'!G13:K7328,2,0)","v":"CORTADORA DE PISO COM MOTOR 4 TEMPOS A GASOLINA, POTÊNCIA DE 13 HP, COM DISCO DE CORTE DIAMANTADO SEGMENTADO PARA CONCRETO, DIÂMETRO DE 350 MM, FURO DE 1\" (14 X 1\") - CHI DIURNO. AF_08/2015"},"CHI",0.1027,{"$f":"VLOOKUP(B14,'COMP Sint. Sinapi'!G12:K7327,5,0)","v":0.99},0.1]
[null,null,null,"Sub total:",null,null,{"$f":"SUM(G6:G14)","v":20.69}]
[{"$nulls":5},"BDI",{"$f":"BDI!C17","v":0.2339}]
[null,null,null,"Total Serviços:",null,null,{"$f":"ROUND(ROUND(G15,2)*ROUND(1+G16,4),2)","v":25.53}]
{"$rows_empty":37}
[{"$nulls":13},{"$f":"186.92*I8","v":0}]

{"sheet":"BDI","index":11,"n_rows":73,"n_cols":14,"rows_kept":73,"cut":false,"hidden":false,"merged":[[60,1,60,2],[5,0,5,2],[4,0,4,2],[58,0,58,3],[59,0,59,3]]}
[]
["OBRA:"]
["LOCAL: "]
["DATA BASE: "]
["DETALHAMENTO DO BDI  - SEM DESONERAÇÃO"]
[{"$f":"'RESUMO MODULO TOTAL'!B1","v":"EXECUÇÃO DE SERVIÇOS DE IMPLANTAÇÃO DE PAVIMENTAÇÃO EM BLOCO DE CONCRETO INTERTRAVADO, EM VIAS DE MUNICÍPIOS DIVERSOS INSERIDOS NA ÁREA DE ATUAÇÃO DA CODEVASF, NO ESTADO DO AMAPÁ (REGIÃO PORTO GRANDE)"}]
["DESCRIÇÃO DOS SERVIÇOS","PREÇO DE VENDA (%)","CUSTO DIRETO (%)"]
["ADMINISTRAÇÃO CENTRAL",null,0.06]
["DESPESAS FINANCEIRAS",1.0200000000000001E-2]
["SEGUROS E GARANTIAS CONTRATUAIS",2.5000000000000001E-3]
["RISCOS",5.0000000000000001E-3]
["LUCRO OPERACIONAL",null,7.0000000000000007E-2]
["PIS",6.4999999999999997E-3]
["COFINS",0.03]
["ISSQN",0.03]
["Contribuição Previdenciaria",0]
[null,"BDI",{"$f":"ROUND((1+(C8+C12))/(1-(B9+B10+B11+B13+B14+B15+B16))-1,4)","v":0.2339}]
["Observação: O percentual de ISSQN aqui utilizado consiste apenas em um referencial médio."]
[null," O valor real do ISSQN a ser adotado deve ser aquele proveniente das alíquotas dos municípios situados na área de "]
[null,"influência das obras."]
{"$rows_empty":34}
[{"$nulls":13},{"$f":"186.92*I8","v":0}]
[]
[]
[]
["DETALHAMENTO DO BDI DIFERENCIADO  - SEM DESONERAÇÃO"]
[{"$f":"'RESUMO MODULO TOTAL'!B5","v":"EXECUÇÃO DE SERVIÇOS DE IMPLANTAÇÃO DE PAVIMENTAÇÃO EM BLOCO DE CONCRETO INTERTRAVADO, EM VIAS DE MUNICÍPIOS DIVERSOS INSERIDOS NA ÁREA DE ATUAÇÃO DA CODEVASF, NO ESTADO DO AMAPÁ (REGIÃO PORTO GRANDE)"}]
[]
["DESCRIÇÃO DOS SERVIÇOS","PREÇO DE VENDA (%)","CUSTO DIRETO (%)"]
["ADMINISTRAÇÃO CENTRAL",null,3.7699999999999997E-2]
["DESPESA FINANCEIRAS",1.0200000000000001E-2]
["SEGUROS E GARANTIAS CONTRATUAIS",2.5000000000000001E-3]
["RISCOS",5.0000000000000001E-3]
["LUCRO OPERACIONAL",null,0.05]
["PIS",6.4999999999999997E-3]
["COFINS",0.03]
["ISSQN",0]
["Contribuição Previdenciaria",0]
[null,"BDI",{"$f":"ROUND((1+(C63+C67))/(1-(B64+B65+B66+B68+B69+B70+B71))-1,4)","v":0.15}]
["Fonte da composição, valores de referência e fórmula do BDI:  Instrução Normativa N° 62/DNIT SEDE"]

{"sheet":"ENC. SOCIAIS","index":12,"n_rows":55,"n_cols":14,"rows_kept":55,"cut":false,"hidden":false,"merged":[[4,0,5,5],[6,0,6,5],[7,2,7,3],[7,4,7,5],[8,0,8,5],[9,0,10,1],[9,2,10,2],[9,3,10,3],[9,4,10,4],[9,5,10,5],[11,0,11,5],[22,0,22,5],[34,0,34,5],[41,0,41,5],[46,0,46,1],[45,0,45,5]]}
[]
[]
[]
[]
[{"$f":"'[215]RESUMO MODULO TOTAL'!B1","v":"EXECUÇÃO DE CAPA ASFÁLTICA EM CONCRETO BETUMINOSO USINADO A QUENTE (CBUQ), EM VIAS DE MUNICÍPIOS DIVERSOS INSERIDOS NA ÁREA DE ATUAÇÃO DA CODEVASF, NO ESTADO DO AMAPÁ (REGIÃO SANTANA)"}]
[]
["DETALHAMENTO DOS ENCARGOS SOCIAIS (%)"]
["VIGÊNCIA A PARTIR DE 12/2022",null,"COM DESONERAÇÃO",null,"SEM DESONERAÇÃO"]
[]
[null,null,"HORISTA","MENSALISTA","HORISTA","MENSALISTA"]
[]
["GRUPO A"]
["A1","INSS",0,0,20,20]
["A2","SESI",1.5,1.5,1.5,1.5]
["A3","SENAI",1,1,1,1]
["A4","INCRA",0.2,0.2,0.2,0.2]
["A5","SEBRAE",0.6,0.6,0.6,0.6]
["A6","Salário Educação",2.5,2.5,2.5,2.5]
["A7","Seguro Contra Acidentes de Trabalho",3,3,3,3]
["A8","FGTS",8,8,8,8]
["A9","SECONCI",1,1,1,1]
["A","Total",{"$f":"SUM(C13:C21)","v":17.8},{"$f":"SUM(D13:D21)","v":17.8},{"$f":"SUM(E13:E21)","v":37.799999999999997},{"$f":"SUM(F13:F21)","v":37.799999999999997}]
["GRUPO B"]
["B1","Repouso Semanal Remunerado",17.88,"-",17.96,"-"]
["B2","Feriados",3.94,"-",4.01,"-"]
["B3","Auxílio-enfermidade",0.91,0.69,0.85,0.64]
["B4","13° salário",10.98,8.33,11.05,8.33]
["B5","Licença-paternidade",7.0000000000000007E-2,0.06,0.06,0.04]
["B6","Faltas Justificadas",0.73,0.56000000000000005,0.74,0.56000000000000005]
["B7","Dias de chuva",1.45,"-",1.97,"-"]
["B8","Auxílio Acidente de Trabalho",0.11,0.09,0.1,0.08]
["B9","Férias Gozadas",11.35,8.6199999999999992,11.74,8.85]
["B10","Salário Maternidade",0.03,0.03,0.04,0.03,{"$nulls":5},{"$f":"(#REF!)/(1+#REF!)","v":{"$error":"#REF!"}},{"$f":"(#REF!)","v":{"$error":"#REF!"}}]
["B","Total ",{"$f":"SUM(C24:C33)","v":47.45},{"$f":"SUM(D24:D33)","v":18.380000000000003},{"$f":"SUM(E24:E33)","v":48.52000000000001},{"$f":"SUM(F24:F33)","v":18.53}]
["GRUPO C"]
["C1","Aviso Prévio Indenizado",6.76,5.14,4.41,3.33]
["C2","Aviso Prévio Trabalhado",0.16,0.12,0.1,0.08]
["C3","Férias Indenizadas",2.2799999999999998,1.73,2.09,1.57]
["C4","Depósito Rescisão Sem Justa Causa",3.81,2.89,2.42,1.82]
["C5","Indenização Adicional",0.56999999999999995,0.43,0.37,0.28000000000000003]
["C","Total ",{"$f":"SUM(C36:C40)","v":13.58},{"$f":"SUM(D36:D40)","v":10.31},{"$f":"SUM(E36:E40)","v":9.3899999999999988},{"$f":"SUM(F36:F40)","v":7.080000000000001}]
["GRUPO D"]
["D1","Reincidência de A sobre B",8.4499999999999993,3.27,18.34,7]
["D2","Reincidência de Grupo A sobre Aviso Prévio Trabalhado e Reincidência do FGTS sobre Aviso Prévio Indenizado",0.56999999999999995,0.43,0.39,0.3]
["D","Total",{"$f":"SUM(C43:C44)","v":9.02},{"$f":"SUM(D43:D44)","v":3.7},{"$f":"SUM(E43:E44)","v":18.73},{"$f":"SUM(F43:F44)","v":7.3}]
[]
["T O T A L (%)",null,{"$f":"C22+C34+C41+C45","v":87.85},{"$f":"D22+D34+D41+D45","v":50.190000000000012},{"$f":"E22+E34+E41+E45","v":114.44000000000001},{"$f":"F22+F34+F41+F45","v":70.709999999999994}]
[]
[]
[]
[{"$nulls":7},"Fonte: Sinapi Cálculos e Parâmetros 5ª Edição - Atualizada em Agosto 2023"]
[]
[]
[]
[{"$nulls":13},{"$f":"186.92*I8","v":0}]

{"sheet":"MC MODULO","index":13,"n_rows":137,"n_cols":21,"rows_kept":137,"cut":false,"hidden":false,"merged":[[144,0,144,4],[16,1,16,4],[21,1,21,4],[80,1,80,4],[68,1,68,5],[73,1,73,4],[52,1,52,5],[58,1,58,5],[85,1,85,4],[63,1,63,5],[6,1,6,4],[11,1,11,4],[47,1,47,5],[28,1,28,4],[33,1,33,4],[40,1,40,4]]}
["Extensão","=",2000,"m",null,"QUANTIDADE DE MODULOS",8]
["Largura","=",7,"m"]
[]
["Extensão","=",2,"km"]
[]
[null,"MOBUILIZAÇÃO"]
[1,"Implantação da obra"]
[]
[null,"Módulos(un)",null,"Módulos(un)"]
[null,{"$f":"G1","v":8},"=",{"$f":"B10","v":8}]
[]
[2,"Administração da obra"]
[]
[null,"Módulos(un)",null,"Módulos(un)"]
[null,{"$f":"G1","v":8},"=",{"$f":"B15","v":8}]
[]
[3,"Canteiro de Obras e Almoxarifado"]
[]
[null,"Módulos(un)",null,"Módulos(un)"]
[null,{"$f":"G1","v":8},"=",{"$f":"B20","v":8}]
[]
[4,"Placa de Obra em Chapa de Aço Galvanizado"]
[]
[null,"Módulos(un)","Comprimento(m)","Largura (m)",null,null,null,"Total de Area de placa (m²)"]
[null,{"$f":"G1","v":8},2,4,null,null,null,{"$f":"C25*D25*B25*2","v":128}]
[]
[null,"TERRAPLENAGEM"]
[]
[5,"serviços topográficos para pavimentação, inclusive notas de serviços, acompanhamento e greide"]
[]
[null,"Extensão (m)",null,"Largura (m)",null,null,null,"area (m2)"]
[null,{"$f":"C1*$G$1","v":16000},"x",{"$f":"$C$2","v":7},null,null,"=",{"$f":"B32*D32","v":112000}]
[]
[6,"Escavação, carga e transporte de material de 1ª categoria - DMT de 1.000 a 1.200 m - caminho de serviço em leito natural - com escavadeira e caminhão basculante de 14 m³"]
[]
[null,"Extensão (m)",null,"Largura (m)",null,"Espessura (m)",null,"Volume (m3)"]
[null,{"$f":"C1*$G$1","v":16000},"x",{"$f":"$C$2","v":7},"x",{"$f":"0.15+0.08+0.04","v":0.26999999999999996},"=",{"$f":"B37*D37*F37","v":30239.999999999996}]
[]
[]
[]
[7,"Espalhamento de material em bota-fora"]
[]
[null,"Extensão (m)",null,"Largura (m)",null,"Espessura (m)",null,"Volume (m3)"]
[null,{"$f":"C1*$G$1","v":16000},"x",{"$f":"$C$2","v":7},"x",0.1,"=",{"$f":"B44*D44*F44","v":11200}]
[]
[null,"PAVIMENTAÇÃO"]
[]
[8,"Execução de Pavimento em Piso Intertravado, com Bloco Sextavado de 25 X 25 cm, espessura 8 cm. AF_12/2015"]
[]
[null,"Extensão (m)","Largura (m)",{"$nulls":4},"area (m2)"]
[null,{"$f":"$C$1*G1","v":16000},{"$f":"$C$2","v":7},null,null,null,"=",{"$f":"C51*B51","v":112000}]
[]
[8,"TRANSPORTE COM CAMINHÃO CARROCERIA COM GUINDAUTO (MUNCK), MOMENTO MÁXIMO DE CARGA 11,7 TM, EM VIA URBANA PAVIMENTADA, DMT ATÉ 30KM AF_07/2020 (bloquete)"]
[]
[null,"Dimensoes (m³)","Densidade bloco Intertravado (t/m³)","Peso total (t)","Distancia (km)",null,null,"TKM"]
[null,{"$f":"H51*0.08","v":8960},2.2000000000000002,{"$f":"C56*B56","v":19712},30,null,"=",{"$f":"D56*E56","v":591360}]
[]
[]
[8,"TRANSPORTE COM CAMINHÃO BASCULANTE DE 10 M³, EM VIA URBANA PAVIMENTADA , DMT ATÉ 30 KM (UNIDADE: TXKM). AF_07/2020 (areia)",{"$nulls":18},{"$f":"7*20","v":140}]
[{"$nulls":20},{"$f":"26*5","v":130}]
[null,"Area","Densidade areia (t/m³)","Peso total (t)","Distancia (km)",null,null,"TKM",{"$nulls":12},{"$f":"23*5","v":115}]
[null,{"$f":"H51","v":112000},1.5,{"$f":"B62*C62*0.04","v":6720},30,null,"=",{"$f":"D62*E62","v":201600},{"$nulls":12},{"$f":"U59+U60+U61","v":385}]
[]
[8,"TRANSPORTE COM CAMINHÃO BASCULANTE DE 10 M³, EM VIA URBANA PAVIMENTADA , DMT ATÉ 30 KM (UNIDADE: TXKM). AF_07/2020 (PO DE PEDRA)",{"$nulls":18},{"$f":"7*20","v":140}]
[null,null,null,8.9999999999999993E-3,{"$nulls":16},{"$f":"26*5","v":130}]
[null,"Area","Densidade pó de pedra (t/m³)","Quantidade total de pó de pedra (m³)","Peso total (t)","Distancia (km)",null,"TKM",{"$nulls":12},{"$f":"23*5","v":115}]
[null,{"$f":"H51","v":112000},1.5,{"$f":"B67*D65","v":1007.9999999999999},{"$f":"D67*C67","v":1511.9999999999998},30,"=",{"$f":"E67*F67","v":45359.999999999993},{"$nulls":12},{"$f":"U64+U65+U66","v":385}]
[]
[9,"Base ou sub-base de brita graduada com brita comercial"]
[]
[null,"Extensão (m)",null,"Largura (m)",null,"Espessura (m)",null,"Volume (m3)"]
[null,{"$f":"C1*$G$1","v":16000},"x",{"$f":"$C$2","v":7},"x",0.15,"=",{"$f":"B72*D72*F72","v":16800}]
[]
[10,"Regularização do subleito"]
[]
[null,"Extensão (m)",null,"Largura (m)",null,null,null,"area (m2)"]
[null,{"$f":"C1*$G$1","v":16000},"x",{"$f":"$C$2","v":7},null,null,"=",{"$f":"B77*D77","v":112000}]
[]
[null,"SINALIZAÇÃO"]
[]
[11,"Fornecimento e implantação de placa de regulamentação em aço D = 0,60 m - película retrorrefletiva tipo I + SI"]
[]
[null,"Extensão (km)",null,"Quant. (un)",null,null,null,"Quant. (un)"]
[null,{"$f":"$C$4*$G$1","v":16},"x",3,null,null,"=",{"$f":"B84*D84","v":48}]
[]
[11,"Fornecimento e implantação de placa de advertencia"]
[]
[null,"Extensão (km)",null,"Quant. (un)",null,null,null,"Quant. (un)"]
[null,{"$f":"$C$4*$G$1","v":16},"x",3,null,null,"=",{"$f":"B89*D89","v":48}]
[]
[]
[12,"Fornecimento e implantação de suporte metálico galvanizado para placa de regulamentação - D = 0,60 m"]
[]
[null,"Extensão (km)",null,"Quant. (un)",null,null,null,"Quant. (un)"]
[null,{"$f":"$C$4*$G$1","v":16},"x",0.5,null,null,"=",{"$f":"H89+H84","v":96}]
[]
[13,"Pintura de faixa com tinta acrílica - espessura de 0,4 mm (bordos)"]
[]
[null,"Extensão (m)",null,"Espessura (m)",null,null,null,"Quant. (m²)"]
[null,{"$f":"C1*G1","v":16000},"x",0.1,null,null,"=",{"$f":"B100*D100*2","v":3200}]
[]
[null,"Pintura de faixa com tinta acrílica - espessura de 0,4 mm (faixa central)"]
[]
[{"$nulls":7},"Quant. (m²)"]
[{"$nulls":7},{"$f":"B100*D100*0.4","v":640}]
[]
[]
[null,"DRENAGEM"]
[14,"Meio-fio de concreto - MFC 03 - areia e brita comerciais - fôrma de madeira"]
[]
[null,"Extensão (m)",null,"Quant. (un)",null,null,null,"Extensão(m)"]
[null,{"$f":"$C$1*$G$1","v":16000},"x",2,null,null,"=",{"$f":"B112*D112","v":32000}]
[]
[19,"Caiação mecanizada com fixador de cal"]
[]
[null,"Extensão (m)",null,"Perimetro (m)",null,null,null,"Area (m²)"]
[null,{"$f":"$C$1*$G$1","v":16000},"x",{"$f":"0.24","v":0.24},null,null,"=",{"$f":"B117*D117","v":3840}]
[]
[]
[null,"SERVIÇOS COMPLEMENTARES"]
[15]
[]
[null,"Extensão (m)",null,"Largura (m)",null,null,0.1,"extensão (m)"]
[null,{"$f":"$C$1*G1","v":16000},"x",1,"x",null,"=",{"$f":"G123*B124","v":1600}]
[]
[]
[null,"PROJETO EXECUTIVO"]
[16,"Projeto Executivo"]
[]
[null,"Extensão (m)",null,"Largura (m)",null,"Quant. (un)",null,"Área (m²)"]
[null,{"$f":"$C$1*G1","v":16000},"x",{"$f":"C2","v":7},"x",1,"=",{"$f":"B131*D131","v":112000}]
[]
[null,"CONTROLE TECNOLOGICO - OBRA"]
[17,"Projeto Executivo"]
[]
[null,"Extensão (m)",null,"Largura (m)",null,"Quant. (un)",null,"meses"]
[{"$nulls":6},"=",{"$f":"0.5*G1","v":4}]

{"sheet":"Material Sicro","index":14,"n_rows":1676,"n_cols":4,"rows_kept":1676,"cut":false,"hidden":false,"merged":[[0,1,0,2]]}
["CGCIT","SISTEMA DE CUSTOS REFERENCIAIS DE OBRAS - SICRO",null,"DNIT"]
[null,"Amapá - Abril/2024"]
["Código","Descrição","Unidade","Preço Unitário (R$)"]
["M0003","Aço CA 25","kg",7.4579000000000004]
["M0004","Aço CA 50","kg",7.1913999999999998]
["M0005","Brita 0","m³",216.89529999999999]
["M0006","Fibra de poliamida para concreto","kg",27.957699999999999]
["M0007","Fibra de aço para concreto","kg",13.695]
["M0008","Detergente líquido neutro","l",4.4112999999999998]
["M0009","Aço CP 175 RB","kg",9.0917999999999992]
["M0010","Aditivo superplastificante para concreto e argamassa","kg",18.1736]
["M0011","Aditivo modificador de viscosidade para concreto e argamassa","kg",11.9572]
["M0012","Silicato de alumínio","kg",2.2035]
["M0013","Grampo de ancoragem em aço CA 50 - D = 12,5 mm","kg",7.1913999999999998]
["M0014","Aço CA 60","kg",9.0441000000000003]
["M0015","Espoleta elétrica Nº 8 - D = 6,0 mm","un",23.504999999999999]
["M0016","Grampo sargento em ferro fundido tipo C com abertura útil de 105 mm (4\")","un",50.220100000000002]
["M0017","Saco de aniagem ou de ráfia de 50 kg - C = 95 cm e L = 65 cm","un",2.9308999999999998]
["M0018","Grampo pesado em aço-carbono para cabo de aço - D = 13 mm (1/2\")","un",22.727399999999999]
["M0019","Esticador em aço tipo olhal x olhal para cabo de aço - D = 13 mm","un",157.779]
["M0020","Grampo de ancoragem em aço CA 50 - D = 6,3 mm","kg",8.0777999999999999]
["M0021","Herbicida glifosato para áreas contínuas","l",31.3598]
["M0025","Adesivo plástico para tubos de PVC","kg",51.076700000000002]
["M0026","Aditivo aglutinante para argamassa","l",9.9370999999999992]
["M0028","Areia média","m³",149.31569999999999]
["M0029","Sílica ativa para concreto e argamassa (microssílica)","kg",1.9883999999999999]
["M0030","Aditivo plastificante e retardador de pega para concreto e argamassa","kg",8.6076999999999995]
["M0032","Adesivo de contato para laminado elastoplástico","kg",46.967100000000002]
["M0035","Diluente tipo aguarrás para tintas e vernizes","l",15.194000000000001]
["M0039","Gasolina comum","l",5.1356999999999999]
["M0041","Contêiner com 2 banheiros - L = 2,44 m e C = 6,09 m (1 TEU)","un",90670.197700000004]
["M0042","Contêiner com janela - L = 2,44 m e C = 6,09 m (1 TEU)","un",68102.525500000003]
["M0043","Óleo diesel","l",5.4824999999999999]
["M0044","Abrasivo de vidro com granulometria de 210 a 420 micra","kg",9.4600000000000009]
["M0045","Barreira plástica monobloco para canalização de trânsito - C = 100 cm, L = 50 cm e H = 55 cm","un",505.08210000000003]
["M0046","Barreira plástica para canalização de trânsito - C = 60 cm, L = 45 cm e H = 60 cm","un",322.71980000000002]
["M0047","Cone de sinalização em polietileno - H = 75 cm e base quadrada de 40 x 40 cm","un",102.95]
["M0048","Balizador cônico refletivo em polietileno semiflexível - H = 114 cm e base octogonal de D = 40 cm","un",148.8579]
["M0049","Delimitador de tráfego flexível com chumbador e duas faixas refletivas - H = 77 cm e D = 21 cm","un",181.8914]
["M0050","Aditivo natural tipo goma xantana para hidrossemeadura","kg",103.5502]
["M0051","Cilindro canalizador de tráfego em polietileno - H = 117 cm e base quadrada de 60 x 60 cm","un",214.1103]
["M0052","Fita adesiva de PVC - L = 50 mm e C = 50 m","m",0.1123]
["M0053","Tela plástica em polipropileno na cor laranja para tapume - L = 1,2 m","m",1.9406000000000001]
["M0054","Fita zebrada de cor laranja e branca - L = 7 a 8 cm","m",7.4200000000000002E-2]
["M0055","Barreira plástica articulável modular - C = 240 cm e H = 100 cm","un",1279.3489999999999]
["M0056","Ferramenta de corte para removedora de faixa de sinalização (Smith Cutter)","un",7262.1787999999997]
["M0057","Contêiner com janela - L = 4,88 m e C = 6,09 m (1 TEU duplo)","un",122742.211]
["M0058","Contêiner com janela e 2 banheiros - L = 4,88 m e C = 6,09 m (1 TEU duplo)","un",127131.86320000001]
["M0059","Contêiner com revestimento térmico, janela e banheiro - L = 2,44 m e C = 6,09 m (1 TEU)","un",88817.263200000001]
["M0060","Contêiner com janela - L = 2,44 m e C = 4,58 m (3/4 TEU)","un",61782.301200000002]
["M0065","Contêiner com janela e banheiro - L = 2,44 m e 4,58 m (3/4 TEU)","un",74609.104099999997]
["M0066","Contêiner com revestimento térmico, janela e banheiro - L = 2,44 m e C = 12,90 m (2 TEU)","un",121469.3355]
["M0067","Tubo PEAD PE 100 PN 10 com flanges - D = 160 mm","m",183.32749999999999]
["M0068","Caibro de pinho - L = 7,5 cm e E = 10,0 cm","m",15.369]
["M0069","Arame farpado em aço galvanizado - D = 1,60 mm","m",0.84650000000000003]
["M0071","Contêiner com 3 janelas para guarita - L = 2,44 m e C = 3,05 m (1/2 TEU)","un",42695.3609]
["M0072","Arame liso em aço galvanizado - D = 2,10 mm (14 BWG)","kg",18.9222]
["M0073","Muda de árvore com altura de 0,30 a 0,80 m","un",14.6944]
["M0074","Muda de arbusto com altura até 0,50 m","un",27.8034]
["M0075","Arame liso recozido em aço-carbono - D = 1,24 mm (18 BWG)","kg",12.145099999999999]
["M0076","Disco de corte abrasivo para policorte - D = 300 mm","un",15.441599999999999]
["M0080","Areia fina","m³",155.67509999999999]
["M0081","Areia grossa","m³",145.08840000000001]
["M0082","Areia média lavada","m³",159.6782]
["M0083","Argamassa pré-dosada para grauteamento","kg",2.6286]
["M0084","Argamassa pré-dosada autoadensável para grauteamento","kg",2.6459000000000001]
["M0085","Ancoragem ativa para 4 cordoalhas - D = 12,7 mm","un",382.35509999999999]
["M0086","Ancoragem ativa para 6 cordoalhas - D = 12,7 mm","un",495.96300000000002]
["M0087","Ancoragem ativa para 7 cordoalhas - D = 12,7 mm","un",572.70249999999999]
["M0088","Ancoragem ativa para 8 cordoalhas - D = 12,7 mm","un",668.95039999999995]
["M0089","Ancoragem ativa para 9 cordoalhas - D = 12,7 mm","un",755.40899999999999]
["M0091","Ancoragem ativa para 10 cordoalhas - D = 12,7 mm","un",841.10230000000001]
["M0092","Ancoragem ativa para 12 cordoalhas - D = 12,7 mm","un",1062.2237]
["M0093","Ancoragem ativa para 15 cordoalhas - D = 12,7 mm","un",1474.4513999999999]
["M0094","Ancoragem ativa para 19 cordoalhas - D = 12,7 mm","un",1873.5503000000001]
["M0098","Bambu com diâmetro médio de 10 cm","m",21.357299999999999]
["M0099","Equipamentos para a fábrica de dormentes de concreto protendido","ISF",567.85599999999999]
["M0100","Ancoragem ativa para 22 cordoalhas - D = 12,7 mm","un",2427.3901999999998]
["M0101","Ancoragem ativa para 27 cordoalhas - D = 12,7 mm","un",2973.9883]
["M0102","Ancoragem ativa para 31 cordoalhas - D = 12,7 mm","un",3206.7280000000001]
["M0103","Aditivo acelerador de pega para concreto e argamassa projetados","kg",7.5537000000000001]
["M0104","Asfalto diluído de petróleo - CM-30","t","-"]
["M0105","Ancoragem ativa para 4 cordoalhas - D = 15,2 mm","un",475.38909999999998]
["M0106","Ancoragem ativa para 6 cordoalhas - D = 15,2 mm","un",633.9624]
["M0107","Geocomposto para drenagem","m²",43.571300000000001]
["M0108","Ancoragem ativa para 7 cordoalhas - D = 15,2 mm","un",745.49599999999998]
["M0109","Geodreno vertical - L = 10 cm e E = 5 mm","m",5.18]
["M0110","Ancoragem ativa para 10 cordoalhas - D = 15,2 mm","un",1152.0871999999999]
["M0111","Ancoragem ativa para 9 cordoalhas - D = 15,2 mm","un",1027.5346999999999]
["M0112","Disco diamantado segmentado para corte de pavimento - D = 1.000 mm","un",5881.1315000000004]
["M0113","Ancoragem ativa para 12 cordoalhas - D = 15,2 mm","un",1406.3577]
["M0114","Disco diamantado segmentado para corte de pavimento - D = 1.500 mm","un",26165.8855]
["M0115","Biomanta vegetal de fibras de coco entrelaçadas com fios de polipropileno biodegradáveis - densidade 0,4 kg/m²","m²",6.51]
["M0116","Mangote flangeado de borracha reforçada com lonas sintéticas - C = 1,80 m e D = 0,30 m","un",16706.010399999999]
["M0117","Mangote flangeado de borracha reforçada com lonas sintéticas - C = 1,80 m e D = 0,40 m","un",22945.231599999999]
["M0118","Mangote flangeado de borracha reforçada com lonas sintéticas - C = 1,80 m e D = 0,45 m","un",25489.533200000002]
["M0119","Mangote flangeado de borracha reforçada com lonas sintéticas - C = 1,80 m e D = 0,50 m","un",28819.503400000001]
["M0120","Tubo PEAD PE 100 PN 8 com flanges - D = 250 mm","m",316.69709999999998]
["M0121","Tubo PEAD PE 100 PN 8 com flanges - D = 400 mm","m",2029.3742]
["M0122","Tubo PEAD PE 100 PN 8 com flanges - D = 450 mm","m",2549.3991999999998]
["M0123","Tubo PEAD PE 100 PN 8 com flanges - D = 500 mm","m",2855.0383000000002]
["M0124","Flutuador bipartido em polietileno com núcleo de espuma em poliuretano para tubos - D = 0,30 m","un",4366.1566999999995]
["M0125","Flutuador bipartido em polietileno com núcleo de espuma em poliuretano para tubos - D = 0,40 m","un",6031.5095000000001]
["M0126","Flutuador bipartido em polietileno com núcleo de espuma em poliuretano para tubos - D = 0,45 m","un",6908.9593999999997]
["M0127","Flutuador bipartido em polietileno com núcleo de espuma em poliuretano para tubos - D = 0,50 m","un",7482.1297000000004]
["M0128","Biomanta vegetal de fibras de palha entrelaçadas com fios de polipropileno biodegradáveis - densidade 0,6 kg/m²","m²",5.71]
["M0129","Retentor de sedimento em fibras vegetais - D = 20 cm","m",62.195900000000002]
["M0130","Ancoragem ativa para 15 cordoalhas - D = 15,2 mm","un",1853.9650999999999]
["M0131","Tubo PEAD corrugado com paredes estruturadas para drenagem - D = 400 mm","m",240.26060000000001]
["M0132","Tubo PEAD corrugado com paredes estruturadas para drenagem - D = 450 mm","m",293.9828]
["M0133","Tubo PEAD corrugado com paredes estruturadas para drenagem - D = 500 mm","m",395.76369999999997]
["M0134","Tubo PEAD corrugado com paredes estruturadas para drenagem - D = 600 mm","m",576.66560000000004]
["M0135","Tubo PEAD corrugado com paredes estruturadas para drenagem - D = 750 mm","m",783.47090000000003]
["M0136","Tubo PEAD corrugado com paredes estruturadas para drenagem - D = 800 mm","m",862.78729999999996]
["M0137","Tubo PEAD corrugado com paredes estruturadas para drenagem - D = 900 mm","m",1149.5487000000001]
["M0138","Ancoragem ativa para 19 cordoalhas - D = 15,2 mm","un",2410.2087999999999]
["M0139","Tubo PEAD corrugado com paredes estruturadas para drenagem - D = 1.000 mm","m",1512.1329000000001]
["M0140","Bentonita","kg",4.2319000000000004]
["M0141","Tubo PEAD corrugado com paredes estruturadas para drenagem - D = 1.050 mm","m",1500.4716000000001]
["M0142","Tubo PEAD corrugado com paredes estruturadas para drenagem - D = 1.200 mm","m",2137.4432999999999]
["M0143","Tubo PEAD corrugado com paredes estruturadas para drenagem - D = 1.500 mm","m",2470.8146000000002]
["M0145","Ancoragem ativa para 22 cordoalhas - D = 15,2 mm","un",3128.9618999999998]
["M0146","Ancoragem ativa para 27 cordoalhas - D = 15,2 mm","un",4094.0605999999998]
["M0148","Ancoragem ativa para lajes para 1 cordoalha - D = 12,7 mm","un",90.0762]
["M0151","Ancoragem ativa para lajes para 2 cordoalhas - D = 12,7 mm","un",167.4211]
["M0152","Ancoragem ativa para lajes para 3 cordoalhas - D = 12,7 mm","un",233.11099999999999]
["M0153","Ancoragem ativa para lajes para 4 cordoalhas - D = 12,7 mm","un",311.49239999999998]
["M0156","Bloco de concreto - L = 19 cm, A = 19 cm e C = 39 cm","un",4.6445999999999996]
["M0158","Tela metálica galvanizada dobrada em L - C = 2,0 m, L = 0,4 m e H = 0,4 m","un",477.71230000000003]
["M0160","Extintor de incêndio tipo espuma mecânica - V = 10 l","un",642.36170000000004]
["M0161","Barra de fibra de vidro (vergalhão) - D = 25,0 mm","m",61.622999999999998]
["M0162","Corrente de elo soldado em aço galvanizado com acabamento polido - D = 3,18 mm (1/8\")","m",7.1839000000000004]
["M0163","Gonzo com aba em aço galvanizado - D = 12,7 mm (1/2\")","un",3.7017000000000002]
["M0164","Tubo em aço galvanizado - E = 1,50 mm e seção de 20 x 20 mm","m",12.5547]
["M0166","Tubo em aço galvanizado - E = 2,25 mm e D = 20 mm (3/4\")","m",30.564399999999999]
["M0167","Tela de poliamida industrial - E = 0,40 mm e malha de 1,6 mm","m²",16.487400000000001]
["M0168","Abraçadeira de poliamida - E = 3,6 mm e C = 200 mm","un",0.2324]
["M0169","Roda em aço e pneu com câmara de ar 83/203 mm (3,25\"/8\") para carrinho de mão","un",65.000900000000001]
["M0173","Ancoragem ativa para lajes para 1 cordoalha - D = 15,2 mm","un",101.32389999999999]
["M0178","Ancoragem ativa para lajes para 2 cordoalhas - D = 15,2 mm","un",218.95609999999999]
["M0181","Ancoragem ativa para lajes para 3 cordoalhas - D = 15,2 mm","un",285.4083]
["M0184","Ancoragem ativa para lajes para 4 cordoalhas - D = 15,2 mm","un",376.75439999999998]
["M0191","Brita 1","m³",201.2817]
["M0192","Brita 2","m³",199.2347]
["M0193","Brita 3","m³",197.74019999999999]
["M0194","Escória de aciaria","m³",15.1882]
["M0198","Parafuso de cabeça chata em aço - D = 4,5 mm e bucha plástica - D = 8 mm (S8)","un",0.3322]
["M0199","Coroa de botões cruzados linha R32 - D = 43 mm (1 11/16’’)","un",321.28629999999998]
["M0201","Coroa de botões esféricos linha T38 - D = 89 mm (3 1/2\")","un",873.03269999999998]
["M0202","Coroa de botões esféricos linha T45 - D = 76 mm (3\")","un",675.04690000000005]
["M0204","Instalações físicas para a central de pré-moldagem de dormentes de concreto protendido","CMCC",1823.81]
["M0217","Enxofre","kg",5.1055000000000001]
["M0220","Adubo à base de nitrogênio, fósforo e potássio (NPK)","kg",3.9967000000000001]
["M0222","Filer calcário","kg",0.29959999999999998]
["M0223","Sementes para hidrossemeadura","kg",30.747499999999999]
["M0224","Guia-chapéu pré-moldada - C = 120 cm","un",53.976700000000001]
["M0225","Adubo orgânico composto","kg",0.30059999999999998]
["M0229","Gabião tipo colchão em liga de zinco e alumínio revestido com polímero de malha hexagonal - E = 0,17 m","m²",216.19990000000001]
["M0230","Gabião tipo caixa em liga de zinco e alumínio de malha hexagonal - C = 2,00 m, L = 1,00 m e H = 0,50 m","un",648.97170000000006]
["M0231","Gabião tipo caixa em liga de zinco e alumínio de malha hexagonal - C = 2,00 m, L = 1,00 m e H = 1,00 m","un",961.45309999999995]
["M0232","Gabião tipo caixa em liga de zinco e alumínio revestido com polímero de malha hexagonal - C = 2,00 m, L = 1,00 m e H = 0,50 m","un",802.51049999999998]
["M0233","Gabião tipo caixa em liga de zinco e alumínio revestido com polímero de malha hexagonal - C = 2,00 m, L = 1,00 m e H = 1,00 m","un",1124.2733000000001]
["M0234","Gabião tipo saco em liga de zinco e alumínio revestido com polímero de malha hexagonal - D = 0,65 m","m³",597.92520000000002]
["M0235","Gabião tipo colchão em liga de zinco e alumínio revestido com polímero de malha hexagonal - E = 0,23 m","m²",225.61510000000001]
["M0236","Gabião tipo colchão em liga de zinco e alumínio revestido com polímero de malha hexagonal - E = 0,30 m","m²",248.0795]
["M0237","Energia elétrica","kWh",0.88]
["M0253","Cabo de cobre flexível antichama isolado em PVC - tensão de 450/750 V e seção de 16 mm²","m",12.8255]
["M0254","Mistura gasosa de argônio e dióxido de carbono para solda MIG/MAG","m³",52.827800000000003]
["M0256","Tinta à base de etil silicato de zinco bicomponente para fundo preparador de pintura","l",101.14830000000001]
["M0257","Diluente para tinta à base de etil silicato de zinco","l",36.772399999999998]
["M0260","Cabo de cobre PP flexível isolado em PVC - tensão de 300/500 V e seção de 3 x 1,5 mm²","m",4.4534000000000002]
["M0264","Bomba de combustível industrial eletrônica simples","un",26715.160800000001]
["M0265","Tanque de combustível aéreo horizontal com escada para visita - capacidade de 5.000 l","un",20848.052]
["M0266","Cabo de cobre flexível antichama isolado em PVC - tensão de 0,6/1,0 kV e seção de 240 mm²","m",158.15029999999999]
["M0267","Módulo de torre de elevador de cremalheira","un",3897.8915000000002]
["M0268","Módulo de ancoragem de torre de elevador de cremalheira","un",2951.5918000000001]
["M0269","Cabo de cobre flexível antichama isolado em PVC - tensão de 0,6/1,0 kV e seção de 50 mm²","m",34.019199999999998]
["M0284","Caibro de pinho - L = 7,5 cm e E = 7,5 cm","m",11.5268]
["M0285","Pontalete para escoramento - D = 15 cm","m",8.35]
["M0286","Tábua - E = 2,5 cm e L = 30 cm","m",14.1631]
["M0289","Tábua - E = 2,5 cm e L = 15 cm","m",7.0415999999999999]
["M0290","Tábua - E = 2,5 cm e L = 10 cm","m",4.6890999999999998]
["M0291","Estrutura modular com 2 banheiros - L = 2,44 m e C = 6,06 m (1 TEU)","un",72966.529699999999]
["M0292","Estrutura modular com janela - L = 2,44 m e C = 6,06 m (1 TEU)","un",58642.337699999996]
["M0293","Estrutura modular com janela - L = 4,88 m e C = 6,06 m (1 TEU duplo)","un",103309.7098]
["M0294","Estrutura modular com janela e 2 banheiros - L = 4,88 m e C = 6,06 m (1 TEU duplo)","un",114835.52]
["M0295","Estrutura modular com revestimento térmico, janela e banheiro - L = 2,44 m e C = 6,06 m (1 TEU)","un",65997.399999999994]
["M0296","Estrutura modular com revestimento térmico, janela e banheiro - L = 2,44 m e C = 12,19 m (2 TEU)","un",122521.1627]
["M0297","Estrutura modular com 3 janelas para guarita - L = 2,44 m e C = 3,05 m (1/2 TEU)","un",41239.200100000002]
["M0301","Pontalete para escoramento - D = 10 cm","m",3.7130000000000001]
["M0310","Peça de madeira - L = 7,5 cm e E = 2,5 cm","m",3.8422999999999998]
["M0311","Filtro de aspiração de ar externo com capacidade 3,58 l/s para compressor de ar respirável ","un",200.1396]
["M0312","Filtro de purificação de ar comprimido com capacidade de 35 MPa para compressor de ar respirável ","un",222.2056]
["M0344","Cal hidratada - a granel","kg",0.80110000000000003]
["M0345","Cal hidratada - saco","kg",1.3153999999999999]
["M0346","Disco de aço para bomba de projeção via seca","un",330]
["M0347","Disco de aço para bomba de projeção via úmida","un",1262.5862]
["M0348","Disco de borracha para bomba de projeção via seca","un",265]
["M0349","Disco de borracha para bomba de projeção via úmida","un",600.6]
["M0350","Bico para bomba de projeção","un",300.8014]
["M0351","Mangote para bomba de projeção","m",300.23829999999998]
["M0364","Perfil cartola em aço carbono SAE 1010/1020 galvanizado - 50 x 70 x 3 mm - aba 20 mm","m",131.65270000000001]
["M0365","Cantoneira em ferro de abas iguais - L = 25,4 mm e E = 4,76 mm","kg",10.212199999999999]
["M0366","Cantoneira em aço ASTM A36 galvanizado","kg",9.8117000000000001]
["M0395","Chapa de alumínio - E = 1,5 mm","m²",188.71350000000001]
["M0408","Chumbador de expansão controlada por torque em aço zincado para concreto - D = 12,5 mm","un",10.1295]
["M0409","Chumbador de expansão controlada por torque em aço zincado para concreto - D = 6,3 mm","un",1.0336000000000001]
["M0410","Chumbador de expansão controlada por torque em aço zincado para concreto - D = 20,0 mm","un",19.8643]
["M0411","Chumbador de expansão controlada por torque em aço zincado para concreto - D = 10,0 mm","un",4.0880000000000001]
["M0412","Chumbador de expansão controlada por torque em aço zincado para concreto - D = 16,0 mm","un",12.4147]
["M0413","Chumbador de expansão controlada por torque em aço zincado para concreto - D = 25,0 mm","un",34.497300000000003]
["M0421","Argamassa expansiva para desmonte de rocha e demolição de concreto","kg",11.5747]
["M0424","Cimento Portland CP II - 32 - saco","kg",0.97809999999999997]
["M0427","Cordoalha nua tipo CP 190 RB - D = 12,7 mm","kg",11.2171]
["M0428","Cordoalha nua tipo CP 190 RB - D = 15,2 mm","kg",11.2171]
["M0429","Perfil de alumínio tipo L421 para placa de sinalização - seção de 33 x 40 mm","m",14.2544]
["M0434","Tirante de barra de aço - tensão de escoamento = 950 MPa, tensão de ruptura = 1.050 MPa e D = 32 mm","m",267.65859999999998]
["M0442","Compensado plastificado - E = 10 mm","m²",52.816600000000001]
["M0443","Compensado plastificado - E = 12 mm","m²",69.329800000000006]
["M0444","Luva em aço para emenda tipo prensada - D = 12,5 mm","un",21.110099999999999]
["M0445","Luva em aço para emenda tipo prensada - D = 16,0 mm","un",29.745999999999999]
["M0446","Compensado resinado - E = 10 mm","m²",40.908999999999999]
["M0447","Compensado resinado - E = 12 mm","m²",47.2789]
["M0448","Compensado resinado - E = 14 mm","m²",54.808700000000002]
["M0450","Compensado de virola - E = 6 mm","m²",45.612699999999997]
["M0451","Concreto usinado - fck = 20 MPa (comercial)","m³","-"]
["M0452","Concreto usinado - fck = 25 MPa (comercial)","m³","-"]
["M0453","Concreto usinado - fck = 30 MPa (comercial)","m³","-"]
["M0454","Concreto usinado - fck = 35 MPa (comercial)","m³","-"]
["M0459","Compensado plastificado - E = 14 mm","m²",79.808000000000007]
["M0467","Luva em aço para emenda tipo prensada - D = 20,0 mm","un",41.567]
["M0468","Luva em aço para emenda tipo prensada - D = 25,0 mm","un",80.073599999999999]
["M0469","Luva em aço para emenda tipo prensada - D = 32,0 mm","un",166.69900000000001]
["M0470","Luva em aço para emenda com rosca cônica - D = 12,5 mm","un",17.545999999999999]
["M0471","Luva em aço para emenda com rosca cônica - D = 16,0 mm","un",31.7684]
["M0472","Luva em aço para emenda com rosca cônica - D = 20,0 mm","un",41.680300000000003]
["M0481","Luva em aço para emenda com rosca cônica - D = 25,0 mm","un",57.826700000000002]
["M0502","Luva em aço para emenda com rosca cônica - D = 32,0 mm","un",82.761200000000002]
["M0505","Broca de widia - D = 6,5 mm e C = 100 mm","un",4.1052999999999997]
["M0506","Broca de widia - D = 8 mm e C = 120 mm","un",7.7740999999999998]
["M0511","Abrasivo tipo granalha de aço","kg",12.392899999999999]
["M0512","Bico venturi longo - D = 7,9 mm (5/16\")","un",533.11789999999996]
["M0521","Laminado elastoplástico - E = 1,5 mm","m²",204.31540000000001]
["M0532","Escora tubular galvanizada regulável telescópica para tunnel liner - L = 2,42 a 4,00 m e capacidade de 1.750 a 625 kg","kg",19.4633]
["M0533","Escora tubular galvanizada regulável - L = 3,00 a 4,50 m e capacidade de 2.100 a 750 kg","un",184.68690000000001]
["M0534","Escora tubular galvanizada regulável - L = 2,00 a 3,10 m e capacidade de 3.200 a 1.500 kg","un",133.10339999999999]
["M0536","Quadro tubular contraventado com acessórios - C = 1,00 m, L = 1,00 m e H = 1,25 m","un",502.4058]
["M0537","Sapata ajustável para andaime - base quadrada de 15 x 15 cm","un",89.279700000000005]
["M0538","Escada metálica tipo marinheiro para andaime","m",132.3194]
["M0539","Quadro tubular contraventado para andaime - H = 100 cm e L = 100 cm","un",176.61060000000001]
["M0540","Quadro tubular contraventado para andaime - H = 100 cm e L = 150 cm","un",243.24719999999999]
["M0541","Quadro tubular contraventado para andaime - H = 100 cm e L = 200 cm","un",257.22609999999997]
["M0542","Diagonal tubular para andaime - C = 141 cm","un",70.653999999999996]
["M0543","Diagonal tubular para andaime - C = 212 cm","un",79.082899999999995]
["M0544","Diagonal tubular para andaime - C = 283 cm","un",85.747]
["M0545","Plataforma metálica de piso para andaime - C = 100 e L = 33 cm","un",208.809]
["M0546","Plataforma metálica de piso para andaime - C = 150 e L = 37 cm","un",227.9289]
["M0547","Plataforma metálica de piso para andaime - C = 200 e L = 33 cm","un",280.63189999999997]
["M0548","Quadro tubular tipo guarda-corpo para andaime - H = 120 cm e L = 100 cm","un",200.7756]
["M0549","Quadro tubular tipo guarda-corpo com acessórios para andaime - H = 120 cm e L = 150 cm","un",248.6875]
["M0550","Quadro tubular tipo guarda-corpo com acessórios para andaime - H = 120 cm e L = 200 cm","un",350.84780000000001]
["M0560","Desmoldante para fôrmas de madeira","l",12.8911]
["M0562","Abraçadeira giratória em aço galvanizado para escada multidirecional - D = 48 mm","un",62.853299999999997]
["M0563","Tubo em aço galvanizado para escada multidirecional - C = 100 cm","un",91.758600000000001]
["M0564","Peça base em aço galvanizado para escada multidirecional - C = 33 cm","un",130.80789999999999]
["M0565","Poste vertical em aço galvanizado para escada multidirecional - C = 100 cm","un",250.31319999999999]
["M0566","Poste vertical em aço galvanizado para escada multidirecional - C = 200 cm","un",397.90370000000001]
["M0567","Travessa em aço galvanizado para escada multidirecional - C = 75 cm","un",161.6097]
["M0568","Travessa em aço galvanizado para escada multidirecional - C = 150 cm","un",302.88440000000003]
["M0569","Travessa em aço galvanizado para escada multidirecional - C = 250 cm","un",391.71170000000001]
["M0570","Diagonal em aço galvanizado para escada multidirecional - C = 150 cm para módulos de H = 200 cm","un",287.274]
["M0571","Diagonal em aço galvanizado para escada multidirecional - C = 250 cm para módulos de H = 200 cm","un",318.45909999999998]
["M0572","Piso em aço galvanizado para escada multidirecional - L = 32 cm e C = 150 cm","un",576.07979999999998]
["M0573","Escada de alumínio para escada multidirecional - H = 200 cm e C = 250 cm","un",5550.9049999999997]
["M0574","Corrimão externo em alumínio para escada multidirecional - C = 250 cm","un",918.53729999999996]
["M0575","Corrimão interno em alumínio para escada multidirecional - C = 250 cm","un",1387.722]
["M0576","Conexão tubular em aço galvanizado com semiabraçadeira para travessas - C = 30 cm e D = 48,3 mm","un",298.66860000000003]
["M0601","Ponteiro para martelete - D = 32 mm e C = 1,00 m","un",760.42259999999999]
["M0602","Ponteiro para rompedor hidráulico de 1.700 kg","un",7243.9485000000004]
["M0603","Ponteiro para rompedor hidráulico de 520 kg","un",5899.134]
["M0614","Concreto usinado - fctM,k = 4,5 MPa (comercial)","m³","-"]
["M0615","Aditivo incorporador de ar para concreto e argamassa","kg",7.8571]
["M0639","Bico para corte a plasma CNC - 130A","un",145.34899999999999]
["M0640","Bocal para corte a plasma CNC - 130A","un",109.41719999999999]
["M0641","Capa do bico para corte a plasma CNC - 130A","un",1428]
["M0642","Capa do bocal para corte a plasma CNC - 130A","un",708.351]
["M0643","Distribuidor de gás para corte a plasma CNC - 130A","un",207.43]
["M0644","Eletrodo para corte a plasma CNC - 130A","un",114.2208]
["M0645","Tubo de água para corte a plasma CNC - 130A","un",196.62]
["M0646","Estaca pré-moldada de concreto protendido com compressão admissível de 100 t","m",234.11580000000001]
["M0647","Estaca pré-moldada de concreto protendido com compressão admissível de 25 t","m",82.903800000000004]
["M0648","Estaca pré-moldada de concreto protendido com compressão admissível de 35 t","m",106.3563]
["M0649","Estaca pré-moldada de concreto protendido com compressão admissível de 60 t","m",125.2135]
["M0650","Estaca pré-moldada de concreto protendido com compressão admissível de 75 t","m",172.45650000000001]
["M0666","Martelo de fundo DTH - DN = 76 mm (3\")","un",8655.7258999999995]
["M0667","Martelo de fundo DTH - DN = 127 mm (5\")","un",12395.037399999999]
["M0668","Martelo de fundo DTH - DN = 152 mm (6\")","un",18570.7016]
["M0669","Martelo de fundo DTH - DN = 203 mm (8\")","un",30979.991000000002]
["M0673","Estaca pré-moldada de concreto armado centrifugado com compressão admissível de 55 t","m",174.23349999999999]
["M0677","Estaca pré-moldada de concreto armado centrifugado com compressão admissível de 80 t","m",247.08330000000001]
["M0682","Aço em perfis ASTM A36","kg",10.4361]
["M0686","Estaca pré-moldada de concreto armado centrifugado com compressão admissível de 100 t","m",272.97030000000001]
["M0713","Cinta com cerdas de aço","un",350]
["M0714","Tinta de acabamento poliuretano acrílico alifático brilhante bicomponente","l",124.97]
["M0715","Tinta selante epóxi vinílico bicomponente curada com poliamida","l",138]
["M0716","Tinta anti-incrustante livre de estanho","l",202.71]
["M0717","Tinta à base de resina epóxi bicomponente para fundo preparador de pintura","l",263.13670000000002]
["M0718","Tinta esmalte à base de resina epóxi bicomponente","l",62.771999999999998]
["M0719","Diluente epóxi","l",39.283099999999997]
["M0721","Tinta anticorrosiva zarcão para fundo preparador de pintura","l",54.273200000000003]
["M0722","Estaca pré-moldada de concreto armado centrifugado com compressão admissível de 125 t","m",339.84359999999998]
["M0729","Fixador de cal para pintura","l",5.2636000000000003]
["M0734","Estaca pré-moldada de concreto armado centrifugado com compressão admissível de 170 t","m",499.42739999999998]
["M0741","Grama tipo batatais","m²",4.2857000000000003]
["M0745","Grampo em aço galvanizado para cerca - C = 25,4 mm e E = 3,76 mm (1\" x 9 BWG)","kg",13.3378]
["M0755","Estaca pré-moldada de concreto armado centrifugado com compressão admissível de 230 t","m",602.55909999999994]
["M0756","Estaca pré-moldada de concreto armado centrifugado com compressão admissível de 300 t","m",776.5163]
["M0767","Sinalizador a LED com bateria","un",218.26580000000001]
["M0769","Lona plástica - E = 200 micra","m²",1.5819000000000001]
["M0771","Cavalete em polietileno zebrado com faixa refletiva","un",355]
["M0773","Perfil de alumínio tipo L463 para placa de sinalização - seção de 50 x 50 mm","m",52.225200000000001]
["M0783","Massa asfáltica comercial - capa de rolamento","t","-"]
["M0784","Massa asfáltica comercial - binder","t","-"]
["M0786","Placa de poliestireno expandido (EPS)","m³",341.61489999999998]
["M0787","Suporte em aço-carbono galvanizado tipo perfil C para placa de sinalização","kg",28.930199999999999]
["M0789","Conjunto para fixação de placas em aço galvanizado composto por barra chata, abraçadeira, parafusos, porcas e arruelas","kg",30.051200000000001]
["M0796","Semipórtico metálico para vão de 8,3 m e vento de 35 m/s","un",59200.903200000001]
["M0798","Apoio de neoprene fretado","dm³",98.3005]
["M0804","Cabo de aço - D = 12,70 mm (1/2\")","m",32.354500000000002]
["M0805","Semipórtico duplo metálico para vão de 2 x 8,3 m e vento de 35 m/s","un",99110.625199999995]
["M0808","Brita 4","m³",194.06829999999999]
["M0809","Cabo de aço - D = 6,35 mm (1/4\")","m",12.434900000000001]
["M0810","Cabo de aço - D = 52,00 mm (2\")","m",845.18579999999997]
["M0812","Sapatilha em aço inox - D = 6,35 mm (1/4\")","un",3.7343000000000002]
["M0818","Semipórtico metálico para vão de 8,3 m e vento de 40 m/s","un",65703.695200000002]
["M0824","Semipórtico duplo metálico para vão de 2 x 8,3 m e vento de 40 m/s","un",109947.0382]
["M0831","Pórtico metálico para vão de 15,9 m e vento de 40 m/s","un",111033.56789999999]
["M0848","Semipórtico metálico para vão de 8,3 m e vento de 45 m/s","un",72115.7739]
["M0849","Corda de sisal - D = 12,0 mm","m",2.4514]
["M0851","Grampo leve em aço-carbono para cabo de aço - D = 6,3 mm (1/4\")","un",1.2861]
["M0852","Poste de concreto - carga nominal de 800 daN, H = 15 m e D = 520 mm","un",6230.8229000000001]
["M0858","Semipórtico duplo metálico para vão de 2 x 8,3 m e vento de 45 m/s","un",120783.4512]
["M0865","Pórtico metálico para vão de 15,9 m e vento de 45 m/s","un",121838.4857]
["M0868","Lâmpada fluorescente compacta eletrônica - potência de 20 W","un",9.6709999999999994]
["M0875","Manta asfáltica não-tecido em poliéster - E = 3 mm","m²",44.667499999999997]
["M0876","Manta asfáltica não-tecido em poliéster - E = 4 mm","m²",55.381700000000002]
["M0879","Lixa para ferro Nº 150","un",3.2515999999999998]
["M0942","Estaca prancha metálica","kg",15.8752]
["M0945","Parafuso de cabeça sextavada em aço galvanizado com porca e arruela de pressão - D = 6,35 mm (1/4\")","cj",0.52059999999999995]
["M0946","Aço em perfis ASTM A572 grau 50","kg",13.019]
["M0947","Parafuso de cabeça sextavada em aço galvanizado com porca e arruela de pressão - D = 9,525 mm (3/8\")","cj",2.1455000000000002]
["M0948","Arruela lisa em aço ASTM F436 para parafuso - D = 12,7 mm","un",1.4048]
["M0949","Arruela lisa em aço ASTM F436 para parafuso - D = 16,0 mm","un",1.6178999999999999]
["M0950","Arruela lisa em aço ASTM F436 para parafuso - D = 20,0 mm","un",2.1383999999999999]
["M0951","Parafuso de cabeça sextavada em aço ASTM A325 de alta resistência com rosca parcial - D = 12,7 mm e C = 38,10 mm","un",2.2919]
["M0952","Parafuso de cabeça sextavada em aço ASTM A325 de alta resistência com rosca parcial - D = 12,7 mm e C = 44,45 mm","un",3.5106000000000002]
["M0953","Parafuso de cabeça sextavada em aço ASTM A325 de alta resistência com rosca parcial - D = 12,7 mm e C = 50,80 mm","un",3.8599000000000001]
["M0954","Parafuso de cabeça sextavada em aço ASTM A325 de alta resistência com rosca parcial - D = 12,7 mm e C = 57,15 mm","un",4.2244000000000002]
["M0955","Parafuso de cabeça sextavada em aço ASTM A325 de alta resistência com rosca parcial - D = 16 mm e C = 44,45 mm","un",6.2192999999999996]
["M0956","Parafuso de cabeça sextavada em aço ASTM A325 de alta resistência com rosca parcial - D = 16 mm e C = 50,80 mm","un",6.6833999999999998]
["M0957","Parafuso de cabeça sextavada em aço ASTM A325 de alta resistência com rosca parcial - D = 16 mm e C = 63,50 mm","un",8.6395999999999997]
["M0958","Parafuso de cabeça sextavada em aço ASTM A325 de alta resistência com rosca parcial - D = 20 mm e C = 50,80 mm","un",9.0935000000000006]
["M0959","Parafuso de cabeça sextavada em aço ASTM A325 de alta resistência com rosca parcial - D = 20 mm e C = 57,15 mm","un",10.7858]
["M0960","Parafuso de cabeça sextavada em aço ASTM A325 de alta resistência com rosca parcial - D = 20 mm e C = 63,50 mm","un",12.763999999999999]
["M0961","Parafuso de cabeça sextavada em aço ASTM A325 de alta resistência com rosca parcial - D = 20 mm e C = 76,20 mm","un",13.141400000000001]
["M0962","Tubo em aço galvanizado - E = 2,00 mm e D = 50,80 mm (2\")","m",26.461200000000002]
["M0963","Tubo em aço galvanizado - E = 3,00 mm e seção de 80 x 80 mm","m",67.496300000000005]
["M0964","Aço em perfis ASTM A572 grau 50 perfurado","kg",13.4543]
["M0965","Pino conector de cisalhamento para laje steel deck - D = 19 mm e C = 80 mm","un",7.8612000000000002]
["M0966","Porca sextavada pesada em aço ASTM A194 grau 2H para parafuso - D = 12,7 mm","un",1.43]
["M0967","Porca sextavada pesada em aço ASTM A194 grau 2H para parafuso - D = 16 mm","un",3.2507999999999999]
["M0968","Porca sextavada pesada em aço ASTM A194 grau 2H para parafuso - D = 20 mm","un",5.0692000000000004]
["M0969","Steel deck em aço galvanizado ASTM A653 grau 40","m²",211.15260000000001]
["M0970","Chapa de aço ASTM A572 grau 50 cortada e perfurada","kg",18.918700000000001]
["M0971","Suporte em aço-carbono para corrimão de guarda-corpo metálico","un",23.663]
["M0972","Fluido de resfriamento para usinagem de metais","l",21.710699999999999]
["M0998","Madeira estrutural de eucalipto","m³",2133.6]
["M0999","Tela em aço CA 60 soldada nervurada","kg",10.1341]
["M1000","Tela em aço galvanizado para alambrado - E = 1,64 mm (BWG 16) e malha de 50 mm","m²",24.079799999999999]
["M1001","Tela em aço galvanizado para passarelas rodoviárias - E = 2,75 mm e malha de 50 mm","m²",73.709400000000002]
["M1010","Manta de PVC reforçada com tela de poliéster - E = 1,2 mm","m²",127.20740000000001]
["M1011","Manta de PVC reforçada com tela de poliéster - E = 1,5 mm","m²",178.21549999999999]
["M1022","Massa para vidro","kg",3.8879999999999999]
["M1066","Cera de proteção para ancoragem de estais","kg",29.926200000000001]
["M1078","Parafuso de cabeça sextavada em aço inox - D = 12,7 mm (1/2\") e C = 127,0 mm (5\")","un",5.0457999999999998]
["M1079","Parafuso de cabeça sextavada em aço galvanizado tipo autoatarrachante com arruela de vedação - D = 6,3 mm e C = 19 mm","un",0.44850000000000001]
["M1097","Pedra de mão ou rachão","m³",188.3357]
["M1103","Pedrisco","m³",212.44579999999999]
["M1118","Cruzeta de madeira para poste - H = 240 cm","un",172.95]
["M1129","Junta de dilatação em perfil extrudado de borracha vulcanizada","m","-"]
["M1130","Selante elástico à base de poliuretano","kg",108.69289999999999]
["M1131","Cordão de polietileno expandido de baixa densidade - D = 15,0 mm","m",0.7026]
["M1132","Junta de dilatação em elastômero e perfil VV - L = 20 mm e H = 40 mm","m",162.02500000000001]
["M1134","Junta de dilatação em elastômero e perfil VV - L = 25 mm e H = 50 mm","m",192.8]
["M1135","Pó de pedra","m³",184.7295]
["M1136","Cordão de polietileno expandido de baixa densidade - D = 10,0 mm","m",0.2213]
["M1142","Junta de dilatação em elastômero e perfil VV - L = 35 mm e H = 60 mm","m",268.8]
["M1150","Adesivo estrutural à base de resina epóxi bicomponente tipo ADE-52 ou similar","kg",129.19540000000001]
["M1151","Junta de dilatação em elastômero e perfil VV - L = 40 mm e H = 70 mm","m",384.47500000000002]
["M1152","Junta de dilatação em elastômero e perfil VV - L = 50 mm e H = 80 mm","m",393.75]
["M1176","Arame liso em aço galvanizado - D = 1,65 mm (16 BWG)","kg",19.670500000000001]
["M1205","Prego de ferro","kg",20.002199999999998]
["M1210","Pórtico metálico para vão de 15,9 m e vento de 35 m/s","un",100228.6501]
["M1218","Projetor externo em alumínio fundido para lâmpada de até 2.000 W","un",546.8297]
["M1242","Coroa diamantada - D = 15,87 mm (5/8\")","un",317.428]
["M1243","Coroa diamantada - D = 19,50 mm (3/4\")","un",323.92939999999999]
["M1244","Coroa diamantada - D = 25,40 mm (1\")","un",384.83479999999997]
["M1245","Barra em aço SAE 1010/1020 roscada - D = 9,5 mm (3/8\")","m",9.6146999999999991]
["M1300","Roller bit - Tooth cutter - série 8 - D = 700 mm","un",208950.63699999999]
["M1301","Roller bit - Tooth cutter - série 8 - D = 800 mm","un",224653.46369999999]
["M1302","Roller bit - Tooth cutter - série 8 - D = 900 mm","un",240439.54079999999]
["M1303","Roller bit - Tooth cutter - série 8 - D = 1.000 mm","un",268140.4903]
["M1304","Roller bit - Tooth cutter - série 8 - D = 1.100 mm","un",296790.12569999998]
["M1305","Roller bit - Tooth cutter - série 8 - D = 1.200 mm","un",301817.90130000003]
["M1306","Roller bit - Tooth cutter - série 8 - D = 1.300 mm","un",387972.05099999998]
["M1307","Roller bit - Tooth cutter - série 13 - D = 1.400 mm","un",394323.27169999998]
["M1308","Roller bit - Tooth cutter - série 13 - D = 1.500 mm","un",442366.89179999998]
["M1309","Roller bit - Tooth cutter - série 13 - D = 1.600 mm","un",484972.402]
["M1310","Roller bit - Tooth cutter - série 13 - D = 1.700 mm","un",498567.0931]
["M1311","Roller bit - Tooth cutter - série 13 - D = 1.800 mm","un",539886.78189999994]
["M1312","Roller bit - Tooth cutter - cantilever - D = 600 mm","un",178132.72399999999]
["M1313","Roller bit - TCI button cutter - cantilever - D = 600 mm","un",182795.15229999999]
["M1314","Roller bit - TCI button cutter - série 8 - D = 700 mm","un",196839.6912]
["M1315","Roller bit - TCI button cutter - série 8 - D = 800 mm","un",210878.18030000001]
["M1316","Roller bit - TCI button cutter - série 8 - D = 900 mm","un",224955.55069999999]
["M1317","Roller bit - TCI button cutter - série 8 - D = 1.000 mm","un",249345.74840000001]
["M1318","Roller bit - TCI button cutter - série 8 - D = 1.100 mm","un",274668.48129999998]
["M1319","Roller bit - TCI button cutter - série 8 - D = 1.200 mm","un",279619.35310000001]
["M1320","Roller bit - TCI button cutter - série 8 - D = 1.300 mm","un",299929.92820000002]
["M1321","Roller bit - TCI button cutter - série 13 - D = 1.400 mm","un",306173.48340000003]
["M1322","Roller bit - TCI button cutter - série 13 - D = 1.500 mm","un",327020.56550000003]
["M1323","Roller bit - TCI button cutter - série 13 - D = 1.600 mm","un",374915.2524]
["M1324","Roller bit - TCI button cutter - série 13 - D = 1.700 mm","un",388290.76659999997]
["M1325","Roller bit - TCI button cutter - série 13 - D = 1.800 mm","un",418747.40389999998]
["M1328","Ripa de madeira - E = 4,0 cm e L = 1,5 cm","m",1.2295]
["M1337","Série de brocas integrais S11","un",766.03629999999998]
["M1341","Parafuso de cabeça sextavada em aço galvanizado - D = 15,875 mm (5/8\") e C = 101,600 mm (4\")","un",4.7544000000000004]
["M1350","Muda de árvore ornamental com altura de 2,00 a 3,00 m","un",93.574299999999994]
["M1351","Muda de árvore ornamental com altura de 1,00 a 2,00 m","un",81.317899999999995]
["M1356","Muda de árvore ornamental com altura até 1,00 m","un",30.825500000000002]
["M1358","Sarrafo em madeira de terceira - E = 2,5 cm e L = 5 cm","m",2.3410000000000002]
["M1359","Muda de árvore frutífera com altura de 2,00 a 3,00 m","un",199.1438]
["M1360","Muda de árvore frutífera com altura de 1,00 a 2,00 m","un",83.669399999999996]
["M1361","Muda de árvore frutífera com altura até 1,00 m","un",38.905500000000004]
["M1362","Tapete de floríferas com altura até 0,50 m","m²",62.621200000000002]
["M1364","Herbicida glifosato para aplicação localizada","l",29.483699999999999]
["M1366","Desengraxante líquido biodegradável","l",29.060099999999998]
["M1367","Chapa fina em aço galvanizado","kg",12.040699999999999]
["M1368","Pingadeira de elastômero com aba inclinada - L = 40 mm e H = 40 mm","m",168.07320000000001]
["M1369","Selador acrílico para pintura","l",9.4855]
["M1370","Aditivo látex de polímero SBR para concreto e argamassa","l",8.6481999999999992]
["M1376","Chapa fina em aço ASTM A36","kg",10.851800000000001]
["M1377","Treliça nervurada eletrossoldada em aço CA 60","kg",11.4427]
["M1378","Chapa grossa em aço ASTM A36","kg",10.257099999999999]
["M1379","Argamassa polimérica monocomponente para reparos estruturais","kg",5.9718999999999998]
["M1382","Areia grossa lavada","m³",147.7475]
["M1383","Areia fina lavada","m³",165.07320000000001]
["M1384","Tubo em aço-carbono com funil cônico tremonha para lançamento de concreto","kg",26.25]
["M1385","Disco de corte diamantado para concreto e asfalto - D = 350 mm","un",477.95150000000001]
["M1387","Adesivo estrutural à base de resina epóxi de média viscosidade","kg",62.777700000000003]
["M1388","Cordoalha tipo CP 177 RB para estais - D = 15,7 mm","kg",25.242599999999999]
["M1390","Adesivo estrutural à base de resina epóxi de baixa viscosidade","kg",178.28729999999999]
["M1391","Ponteiro para martelete - D = 22 mm e C = 1,00 m","un",421.62430000000001]
["M1397","Eletrodo revestido E60XX","kg",34.916600000000003]
["M1398","Vareta em aço-carbono para solda oxiacetileno AWS A 5.2 R45","kg",35.536000000000001]
["M1399","Broca de widia - D = 14 mm e C = 150 mm","un",29.355599999999999]
["M1400","Adesivo estrutural à base de resina epóxi de alta viscosidade","kg",60.753100000000003]
["M1401","Bico de adesão para injeção de adesivo estrutural à base de resina epóxi","un",8.2033000000000005]
["M1402","Bico de perfuração para injeção de adesivo estrutural à base de resina epóxi","un",5.5004999999999997]
["M1404","Aplicador manual de adesivo estrutural","un",2942.848]
["M1405","Disco diamantado para desbaste - D = 180 mm","un",482.2808]
["M1406","Broca de aço rápido - D = 12,5 mm e C = 151 mm","un",38.473300000000002]
["M1408","Grelha metálica para canaletas - C = 1,00 m e L = 0,30 m","un",406.91680000000002]
["M1409","Porta-grelha metálica - C = 1,00 m e L = 0,30 m","m",103.6112]
["M1429","Tábua de pinho de terceira - E = 2,5 cm","m²",46.891199999999998]
["M1432","Tampão de ferro fundido articulado para águas pluviais - DN 600 classe 400","un",619.66319999999996]
["M1433","Grelha metálica para canaletas - C = 0,50 m e L = 0,50 m","un",299.04610000000002]
["M1434","Porta-grelha metálica - C = 0,50 m e L = 0,50 m","m",168.03200000000001]
["M1446","Geogrelha bidirecional em polipropileno extrudado - resistência à tração de 30 kN/m, deformação inferior a 5% e malha de 36 x 34 mm","m²",32.488]
["M1447","Geogrelha unidirecional em poliéster - resistência à tração longitudinal de 50 kN/m","m²",21.94]
["M1448","Geogrelha unidirecional em poliéster - resistência à tração longitudinal de 90 kN/m","m²",27.8276]
["M1449","Geogrelha unidirecional em poliéster - resistência à tração longitudinal de 100 kN/m","m²",28.760400000000001]
["M1450","Geogrelha unidirecional em poliéster - resistência à tração longitudinal de 150 kN/m","m²",30.7163]
["M1451","Geogrelha unidirecional em poliéster - resistência à tração longitudinal de 200 kN/m","m²",40.044199999999996]
["M1452","Geogrelha unidirecional em poliéster - resistência à tração longitudinal de 300 kN/m","m²",58.669899999999998]
["M1453","Geogrelha unidirecional em poliéster - resistência à tração longitudinal de 400 kN/m","m²",77.285600000000002]
["M1454","Geocélula em PEAD - H = 75 mm e célula de 289 cm²","m²",41.423900000000003]
["M1455","Geocélula em PEAD - H = 100 mm e célula de 289 cm²","m²",52.014600000000002]
["M1456","Geocélula em PEAD - H = 150 mm e célula de 289 cm²","m²",62.500700000000002]
["M1457","Geocélula em PEAD - H = 200 mm e célula de 289 cm²","m²",74.240200000000002]
["M1458","Geocélula em PEAD - H = 75 mm e célula de 460 cm²","m²",34.110199999999999]
["M1459","Geocélula em PEAD - H = 100 mm e célula de 460 cm²","m²",42.564900000000002]
["M1460","Geocélula em PEAD - H = 150 mm e célula de 460 cm²","m²",50.822699999999998]
["M1461","Geocélula em PEAD - H = 200 mm e célula de 460 cm²","m²",59.980600000000003]
["M1462","Geocélula em PEAD - H = 75 mm e célula de 1.206 cm²","m²",30.562100000000001]
["M1463","Geocélula em PEAD - H = 100 mm e célula de 1.206 cm²","m²",39.8947]
["M1464","Geocélula em PEAD - H = 150 mm e célula de 1.206 cm²","m²",47.451099999999997]
["M1465","Geocélula em PEAD - H = 200 mm e célula de 1.206 cm²","m²",55.656999999999996]
["M1472","Tubo de PVC rosqueável para água fria - D = 75 mm (3\")","m",61.552300000000002]
["M1481","Coroa diamantada - D = 31,80 mm (1 1/4\")","un",456.8784]
["M1496","Coroa diamantada - D = 38,10 mm (1 1/2\")","un",462.2038]
["M1498","Coroa diamantada - D = 44,50 mm (1 3/4\")","un",495.38350000000003]
["M1518","Coroa diamantada - D = 50,80 mm (2\")","un",514.24469999999997]
["M1519","Coroa diamantada - D = 63,50 mm (2 1/2\")","un",569.26160000000004]
["M1520","Coroa diamantada - D = 76,20 mm (3\")","un",800.55119999999999]
["M1526","Coroa diamantada - D = 101,60 mm (4\")","un",1095.4568999999999]
["M1527","Broca de widia - D = 10 mm e C = 150 mm","un",10.8169]
["M1528","Broca de widia - D = 13 mm e C = 150 mm","un",20.136099999999999]
["M1546","Telha trapezoidal em aço zincado - E = 0,43 mm","m²",51.503999999999998]
["M1553","Geotêxtil não-tecido agulhado em poliéster - resistência à tração longitudinal de 31 kN/m","m²",16.1935]
["M1556","Terra vegetal produzida","m³","-"]
["M1575","Tinta látex à base de resina acrílica","l",14.027699999999999]
["M1577","Tinta plástica à base de resina metacrílica aplicada a frio por dispersão ou extrusão","kg",32.8538]
["M1585","Massa termoplástica aplicada por extrusão","kg",13.464600000000001]
["M1591","Suporte polimérico ecológico maciço colapsível para placa de sinalização - D = 6,4 cm","m",203.0086]
["M1600","Trilho TR25 em aço-carbono usado","kg",5.4989999999999997]
["M1602","Trilho TR37 em aço-carbono usado","kg",5.4991000000000003]
["M1603","Trilho TR45 em aço-carbono usado","kg",5.4989999999999997]
["M1605","Trilho TR57 em aço-carbono usado","kg",5.4988999999999999]
["M1606","Trilho TR68 em aço-carbono usado","kg",5.4992000000000001]
["M1614","Tubo em aço galvanizado com rosca BSP classe leve - D = 50 mm (2\")","m",68.897499999999994]
["M1616","Tubo em aço galvanizado com rosca BSP classe leve - D = 20 mm (3/4\")","m",12.004200000000001]
["M1617","Tubo em aço galvanizado com rosca BSP classe leve - D = 80 mm (3\")","m",138.30940000000001]
["M1618","Tubo em aço galvanizado com rosca BSP classe leve - D = 100 mm (4\")","m",152.40119999999999]
["M1624","Suporte polimérico ecológico maciço colapsível para placa de sinalização - seção de 8 x 8 cm","m",276.54109999999997]
["M1636","Suporte polimérico ecológico maciço colapsível para placa de sinalização - seção de 7 x 15 cm","m",593.25660000000005]
["M1638","Mourão de madeira - H = 2,10 m e D = 0,10 m","un",21.296099999999999]
["M1639","Mourão de madeira - H = 2,20 m e D = 0,15 m","un",50.317100000000003]
["M1640","Nonel iniciador - C = 300,0 m","un",304.39679999999998]
["M1642","Coroa de botões esféricos - D = 130 mm (5 1/8\")","un",3026.8901000000001]
["M1643","Coroa de botões esféricos - D = 194 mm (7 5/8\")","un",6987.2887000000001]
["M1644","Coroa de botões esféricos - D = 251 mm (9 7/8\")","un",8390.0169000000005]
["M1645","Coroa de botões esféricos - D = 305 mm (12\")","un",12477.8842]
["M1646","Coroa de botões esféricos - D = 355 mm (14\")","un",7525.9495999999999]
["M1648","Dente de corte para trado ou caçamba de perfuração","un",30.302299999999999]
["M1649","Coroa de botões esféricos linha ST68 - D = 102 mm (4\")","un",2631.3350999999998]
["M1650","Coroa de botões esféricos para tirante autoinjetável - D = 87 mm (3 7/16\")","un",649.79729999999995]
["M1651","Tricone para tirante autoinjetável - D = 120 mm","un",312.45420000000001]
["M1653","Coroa piloto de botões esféricos para sistema autoperfurante - D = 76,2 mm (3\")","un",1217.4752000000001]
["M1655","Tubo de PVC ponta e bolsa para esgoto - D = 50 mm (2\")","m",7.9142999999999999]
["M1656","Tubo de PVC ponta e bolsa para esgoto - D = 75 mm (3\")","m",12.3674]
["M1657","Tubo PEAD corrugado perfurado para drenagem - D = 170 mm","m",32.272199999999998]
["M1658","Tubo PEAD corrugado perfurado para drenagem - D = 230 mm","m",46.8307]
["M1662","Suporte em madeira de eucalipto tratado - seção de 8 x 8 cm","m",13.654999999999999]
["M1665","Tubo de PVC rosqueável para água fria - D = 40 mm (1 1/2\")","m",21.754000000000001]
["M1673","Tubo de PVC rosqueável para água fria - D = 100 mm (4\")","m",76.012299999999996]
["M1675","Tubo de PVC rosqueável para água fria - D = 150 mm (6\")","m",76.273300000000006]
["M1702","Duto flexível de ventilação em PVC - D = 1,20 m","m",132.8468]
["M1719","Broca integral série H19 - D = 24 mm e C = 0,4 m","un",508.85109999999997]
["M1720","Geotêxtil não-tecido agulhado em poliéster - resistência à tração longitudinal de 10 kN/m","m²",6.0431999999999997]
["M1728","Punho linha R25 para martelete perfurador e rompedor - D = 25 mm (1\")","un",770]
["M1729","Haste linha R25 para martelete perfurador e rompedor - D = 25 mm (1\") e C = 1,00 m","un",1353]
["M1730","Luva de acoplamento linha R25 para martelete perfurador e rompedor - D = 25 mm (1\")","un",271.30340000000001]
["M1731","Haste de perfuração simples para jet grouting - D = 88,9 mm (3 1/2\") e C = 3,00 m","un",1973.6995999999999]
["M1732","Luva em aço galvanizado com rosca BSP classe leve - D = 50 mm (2\")","un",15.830299999999999]
["M1733","Manta drenante em malha de polietileno e geotêxtil de polipropileno em uma das faces","m²",50.597200000000001]
["M1735","Punho linha ST68 para perfuração - D = 80 mm (3 5/32\")","un",7240.0156999999999]
["M1736","Adesivo à base de resina poliéster bicomponente para ancoragem","kg",52.772199999999998]
["M1737","Tubo em aço-carbono para ar comprimido - D = 150 mm (6\")","m",226.2414]
["M1739","Haste linha T45 para perfuratriz sobre esteiras - D = 45,0 mm (1 3/4\") e C = 3,60 m","un",4234.2570999999998]
["M1740","Punho linha T45 para perfuratriz sobre esteiras - D = 45 mm (1 3/4\")","un",2609.9940000000001]
["M1741","Luva em aço linha T45 para perfuratriz sobre esteiras - D = 45,0 mm (1 3/4\")","un",524.54989999999998]
["M1742","Coroa de botões esféricos linha T45 - D = 89 mm (3 1/2\")","un",1444.6268]
["M1747","Tubo em aço-carbono para sistema autoperfurante - D = 76,2 mm","m",152.36709999999999]
["M1748","Tubo em aço-carbono iniciador para sistema autoperfurante com anel da coroa piloto - D = 76,2 mm (3\") e C = 3 m","un",1084.4835]
["M1749","Haste linha ST68 para perfuração - D = 87,0 mm (3 7/16\") e C = 1,83 m","un",9657.9611000000004]
["M1750","Hidromonitor com bico de injeção para jet grouting - D = 88,9 mm (3 1/2\")","un",10584.409600000001]
["M1751","Válvula manchete - D = 73 mm","un",5.9314]
["M1752","Borracha para obturador mecânico","un",390]
["M1753","Disco de corte diamantado segmentado para concreto - D = 110 mm","un",37.781799999999997]
["M1754","Conjunto de lâminas de corte para trituradora de galhos e troncos","un",4941.4750999999997]
["M1755","Pó calcário dolomítico","kg",0.2369]
["M1756","Material formador de camada protetora para hidrossemeadura","kg",2.4679000000000002]
["M1765","Tubo em aço-carbono schedule 40 - D = 65 mm (2 1/2\")","m",109.7835]
["M1773","Ancoragem regulável para estais de 19 cordoalhas - D = 15,7 mm","un",27634.7192]
["M1774","Ancoragem regulável para estais de 31 cordoalhas - D = 15,7 mm","un",44750.276400000002]
["M1775","Ancoragem regulável para estais de 37 cordoalhas - D = 15,7 mm","un",53153.005100000002]
["M1776","Ancoragem regulável para estais de 55 cordoalhas - D = 15,7 mm","un",77888.011400000003]
["M1777","Ancoragem regulável para estais de 61 cordoalhas - D = 15,7 mm","un",85908.751600000003]
["M1778","Ancoragem regulável para estais de 73 cordoalhas - D = 15,7 mm","un",102261.92110000001]
["M1779","Ancoragem regulável para estais de 91 cordoalhas - D = 15,7 mm","un",126987.1646]
["M1780","Ancoragem fixa para estais de 19 cordoalhas - D = 15,7 mm","un",17122.843000000001]
["M1781","Ancoragem fixa para estais de 31 cordoalhas - D = 15,7 mm","un",27774.553199999998]
["M1782","Ancoragem fixa para estais de 37 cordoalhas - D = 15,7 mm","un",33019.171300000002]
["M1783","Ancoragem fixa para estais de 55 cordoalhas - D = 15,7 mm","un",48605.8102]
["M1784","Ancoragem fixa para estais de 61 cordoalhas - D = 15,7 mm","un",53877.692000000003]
["M1785","Ancoragem fixa para estais de 73 cordoalhas - D = 15,7 mm","un",68402.426300000006]
["M1786","Ancoragem fixa para estais de 91 cordoalhas - D = 15,7 mm","un",88152.616299999994]
["M1787","Estaca de tutoramento - D = 5 cm e H = 2 m","un",9.1798000000000002]
["M1789","Ancoragem ativa para 31 cordoalhas - D = 15,2 mm","un",5972.732]
["M1790","Gás liquefeito de petróleo (GLP)","kg",8.7691999999999997]
["M1795","Gás oxigênio","m³",20]
["M1796","Gás acetileno","kg",99.338999999999999]
["M1797","Fita de espuma EPDM para vedação com adesivo em uma face - E = 4 mm e L = 40 mm","m",3.0621999999999998]
["M1800","Manta asfáltica não-tecido em poliéster - antirraíz - E = 3 mm","m²",46.4482]
["M1811","Longarina de madeira de primeira - L = 16 cm e E = 6 cm","m",38.590499999999999]
["M1812","Estronca de madeira - D = 20 cm","m",24.75]
["M1814","Tela metálica galvanizada dobrada em L - C = 2,0 m, L = 0,5 m e H = 0,5 m","un",560.31849999999997]
["M1819","Cartucho de cimento - D = 25 mm e C = 320 mm","un",3.3730000000000002]
["M1820","Cartucho de resina poliéster - D = 38 mm e C = 500 mm","un",15.364000000000001]
["M1844","Ancoragem ativa para 8 cordoalhas - D = 15,2 mm","un",856.81889999999999]
["M1845","Ancoragem passiva aderente para 10 cordoalhas - D = 15,2 mm","un",149.22120000000001]
["M1868","Tinta em pó à base de resina epóxi","kg",120.9285]
["M1869","Coroa de botões esféricos - D = 120 mm (4 3/4\")","un",2137.6203999999998]
["M1870","Cunha metálica para cordoalha - D = 12,7 mm","un",18.2041]
["M1874","Martelo de fundo DTH - DN = 102 mm (4\")","un",9958.2425999999996]
["M1875","Haste de perfuração com rosca API 2 3/8\" - D = 73 mm (2 7/8\")","m",955.13679999999999]
["M1876","Válvula manchete - D = 32 mm","un",2.4849000000000001]
["M1877","Válvula manchete - D = 40 mm","un",4.0327999999999999]
["M1879","Tubo PEAD PE 80 PN 6 - D = 40 mm","m",10.7379]
["M1880","Tubo PEAD PE 80 PN 16 - D = 20 mm","m",4.1752000000000002]
["M1894","Cabo de aço - D = 16,00 mm (5/8\")","m",37.9]
["M1895","Coroa de botões esféricos linha R25 - D = 48 mm (1 7/8\")","un",400.44380000000001]
["M1898","Pasta lubrificante para tubo PEAD","kg",41.95]
["M1899","Tela metálica de dupla torção em liga de zinco e alumínio com cabos de aço longitudinais - resistência longitudinal à tração de 121 kN/m - inclusive grampos e clipes de junção","m²",166.69]
["M1907","Tubo PEAD PE 80 PN 8 - D = 32 mm","m",5.0072000000000001]
["M1909","Tubo PEAD PE 80 PN 8 - D = 40 mm","m",8.1441999999999997]
["M1911","Tubo PEAD PE 80 PN 8 - D = 50 mm","m",12.439]
["M1912","Tubo PEAD PE 80 PN 8 - D = 63 mm","m",18.605]
["M1913","Tubo PEAD PE 80 PN 8 - D = 75 mm","m",24.450399999999998]
["M1919","Tubo PEAD PE 80 PN 8 - D = 110 mm","m",80.212299999999999]
["M1920","Duto flexível de poliéster aluminizado sem isolamento para exaustão - D = 263 mm","m",36]
["M1922","Tubo de PVC espaguete - D = 14 mm","m",1.5818000000000001]
["M1923","Duto flexível de poliéster aluminizado sem isolamento para ventilação forçada - D = 161 mm","m",14.9]
["M1924","Tirante de barra de aço - tensão de escoamento = 500 MPa, tensão de ruptura = 750 MPa e D = 25 mm","kg",14.406599999999999]
["M1926","Espaçador plástico tipo disco separador para tirante com 6 cordoalhas - D = 12,7 mm","un",1.1932]
["M1927","Espaçador plástico tipo disco separador para tirante com 8 cordoalhas - D = 12,7 mm","un",1.1932]
["M1928","Espaçador plástico tipo disco separador para tirante com 10 cordoalhas - D = 12,7 mm","un",1.1932]
["M1931","Espaçador plástico tipo disco separador para tirante com 12 cordoalhas - D = 12,7 mm","un",1.1932]
["M1935","Espaçador plástico tipo centralizador carambola para tirante de barra de aço - D = 32,0 mm","un",8.1468000000000007]
["M1936","Espaçador plástico tipo centralizador carambola para tirante de barra de aço - D = 30,0 mm","un",8.1404999999999994]
["M1937","Espaçador plástico tipo centralizador carambola para tirante de barra de aço - D = 40,0 mm","un",8.1717999999999993]
["M1941","Óleo tipo A1","l",6.1069000000000004]
["M1942","Espaçador plástico tipo centralizador carambola para tirante de barra de aço - D = 47,0 mm","un",9.8607999999999993]
["M1943","Cimento asfáltico de petróleo - CAP 50/70","t","-"]
["M1944","Cimento asfáltico de petróleo - CAP 150/200","t","-"]
["M1945","Cimento asfáltico de petróleo - CAP 85/100","t","-"]
["M1946","Emulsão asfáltica - RR-1C","t","-"]
["M1947","Emulsão asfáltica - RM-1C","t","-"]
["M1948","Espaçador plástico tipo centralizador carambola para tirante de barra de aço - D = 50,0 mm","un",9.8704999999999998]
["M1949","Emulsão asfáltica - RL-1C","t","-"]
["M1950","Emulsão asfáltica com polímero - RC-1C-E","t","-"]
["M1952","Cimento asfáltico de petróleo com polímero - CAP 150/200-E","t","-"]
["M1953","Aditivo asfáltico de reciclagem para misturas a quente","t",9139.7878000000001]
["M1954","Cimento Portland CP II - 32 - a granel","kg",0.96719999999999995]
["M1955","Cimento asfáltico de petróleo com polímero - CAP 55/75-E","t","-"]
["M1956","Emulsão asfáltica com polímero - RR-2C-E","t","-"]
["M1958","Emulsão asfáltica com polímero - RM-1C-E","t","-"]
["M1959","Espaçador plástico tipo centralizador carambola para tirante de barra de aço - D = 53,0 mm","un",12.1065]
["M1960","Espaçador plástico tipo centralizador carambola para tirante de barra de aço - D = 57,0 mm","un",21.424600000000002]
["M1961","Espaçador plástico tipo centralizador carambola para tirante de barra de aço - D = 63,0 mm","un",23.7986]
["M1962","Espaçador plástico tipo centralizador carambola para tirante de barra de aço - D = 69,0 mm","un",23.8111]
["M1965","Cantoneira em ferro de abas iguais - L = 63,5 mm e E = 9,53 mm","kg",10.372400000000001]
["M1966","Defensa metálica maleável simples","un",3094.6541000000002]
["M1967","Defensa metálica maleável dupla","un",3836.3391999999999]
["M1968","Defensa metálica semimaleável simples","un",2031.2581]
["M1969","Defensa metálica semimaleável dupla","un",2831.886]
["M1970","Dente de corte para fresadora de 155 kW","un",38.0837]
["M1971","Módulo de transição de defensa metálica tipo dupla onda com lâmina adicional para barreira rígida","un",6854.8108000000002]
["M1974","Dente de corte para fresadora de 455 kW","un",40.220100000000002]
["M1976","Terminal aéreo de defensa metálica (tipo A)","un",370.51710000000003]
["M1977","Terminal de ancoragem de defensa metálica em barreira rígida (tipo D)","un",370.51710000000003]
["M1979","Luva em aço para emenda de tirantes - D = 38 mm e C = 115 mm","un",73.176000000000002]
["M1980","Luva em aço para emenda de tirantes - D = 48 mm e C = 120 mm","un",75.468900000000005]
["M1981","Luva em aço para emenda de tirantes - D = 60 mm e C = 160 mm","un",106.5493]
["M1982","Luva em aço para emenda de tirantes - D = 50 mm e C = 130 mm","un",83.1755]
["M1983","Luva em aço para emenda de tirantes - D = 63 mm e C = 180 mm","un",134.48500000000001]
["M1984","Luva em aço para emenda de tirantes - D = 73 mm e C = 180 mm","un",161.05250000000001]
["M1985","Luva em aço para emenda de tirantes - D = 73 mm e C = 200 mm","un",166.24789999999999]
["M1986","Luva em aço para emenda de tirantes - D = 82 mm e C = 200 mm","un",195.7758]
["M1987","Luva em aço para emenda de tirantes - D = 89 mm e C = 210 mm","un",217.66130000000001]
["M1988","Luva em aço para emenda de tirantes - D = 97 mm e C = 210 mm","un",290.94909999999999]
["M1990","Placa de ancoragem para tirante de barra de aço - E = 16,0 mm e seção de 160 x 160 mm","un",104.3108]
["M1991","Placa de ancoragem para tirante de barra de aço - E = 16,0 mm e seção de 200 x 200 mm","un",162.98769999999999]
["M1994","Placa de ancoragem para tirante de barra de aço - E = 22,0 mm e seção de 200 x 200 mm","un",228.0361]
["M1996","Amortecedor retrátil tipo TAU II paralelo PCB ou similar para velocidade de projeto de 100 km/h","un",164719.83960000001]
["M1997","Amortecedor retrátil tipo TAU II combinado PCB ou similar para velocidade de projeto de 100 km/h e âncora traseira de 900 mm","un",190580.58230000001]
["M1998","Amortecedor retrátil tipo TAU II combinado PCB ou similar para velocidade de projeto de 100 km/h e âncora traseira de 1.060 mm","un",229988.33199999999]
["M1999","Amortecedor retrátil tipo TAU II combinado PCB ou similar para velocidade de projeto de 100 km/h e âncora traseira de 1.220 mm","un",243377.82509999999]
["M2000","Amortecedor retrátil tipo TAU II combinado PCB ou similar para velocidade de projeto de 100 km/h e âncora traseira de 1.370 mm","un",261669.67189999999]
["M2001","Dispositivo de ancoragem de fixação elástica Pandrol","un",15.9177]
["M2002","Amortecedor retrátil tipo TAU II combinado PCB ou similar para velocidade de projeto de 100 km/h e âncora traseira de 1.520 mm","un",275185.97830000002]
["M2003","Amortecedor retrátil tipo TAU II afunilado PCB ou similar para velocidade de projeto de 100 km/h e âncora traseira de 1.680 mm","un",255460.9406]
["M2004","Amortecedor retrátil tipo TAU II afunilado PCB ou similar para velocidade de projeto de 100 km/h e âncora traseira de 1.830 mm","un",261158.13639999999]
["M2005","Placa de ancoragem para tirante de barra de aço - E = 32,0 mm e seção de 250 x 250 mm","un",604.89869999999996]
["M2006","Placa de ancoragem para tirante de barra de aço - E = 38,0 mm e seção de 250 x 250 mm","un",610.20309999999995]
["M2007","Placa de ancoragem para tirante de barra de aço - E = 51,0 mm e seção de 300 x 300 mm","un",1173.1704]
["M2008","Placa de ancoragem para tirante de barra de aço - E = 64,0 mm e seção de 350 x 350 mm","un",1996.0300999999999]
["M2009","Placa de ancoragem para tirante com 6 cordoalhas de D = 12,7 mm","un",225.49889999999999]
["M2010","Placa de ancoragem para tirante com 8 cordoalhas de D = 12,7 mm","un",296.51280000000003]
["M2011","Placa de ancoragem para tirante com 10 cordoalhas de D = 12,7 mm","un",362.5575]
["M2012","Placa de ancoragem para tirante com 12 cordoalhas de D = 12,7 mm","un",458.75369999999998]
["M2014","Mourão de madeira - H = 2,20 m e D = 0,10 m","un",22.4161]
["M2016","Amortecedor retrátil tipo TAU II afunilado PCB ou similar para velocidade de projeto de 100 km/h e âncora traseira de 1.980 mm","un",269797.84480000002]
["M2017","Porca em aço para ancoragem de tirantes - D = 38 mm e E = 55 mm","un",38.814900000000002]
["M2018","Gastalho - L = 10 cm e E = 2 cm","m",3.7271999999999998]
["M2019","Porca em aço para ancoragem de tirantes - D = 38 mm e E = 60 mm","un",46.7468]
["M2020","Porca em aço para ancoragem de tirantes - D = 48 mm e E = 65 mm","un",48.323500000000003]
["M2021","Amortecedor retrátil tipo TAU II afunilado PCB ou similar para velocidade de projeto de 100 km/h e âncora traseira de 2.130 mm","un",275972.26809999999]
["M2024","Cordel detonante NP 10","m",2.6339000000000001]
["M2025","Retardo de cordel","un",36.2363]
["M2026","Estopim","m",3.1787000000000001]
["M2027","Tinta à base de resina acrílica estirenada para demarcação viária","l",42.8279]
["M2028","Coroa de botões cônicos - TCI tricone - D = 75 mm (2 15/16\")","un",1139.3099]
["M2029","Porca em aço para ancoragem de tirantes - D = 60 mm e E = 65 mm","un",70.705399999999997]
["M2030","Porca em aço para ancoragem de tirantes - D = 73 mm e E = 80 mm","un",121.00230000000001]
["M2031","Porca em aço para ancoragem de tirantes - D = 73 mm e E = 100 mm","un",137.74299999999999]
["M2032","Porca em aço para ancoragem de tirantes - D = 82 mm e E = 100 mm","un",151.8836]
["M2033","Porca em aço para ancoragem de tirantes - D = 89 mm e E = 100 mm","un",191.15899999999999]
["M2034","Solvente para tinta à base de resina acrílica","l",17.760999999999999]
["M2035","Porca em aço para ancoragem de tirantes - D = 97 mm e E = 100 mm","un",219.23929999999999]
["M2036","Tinta à base de resina acrílica emulsionada em água para demarcação viária","l",23.2835]
["M2037","Microesferas refletivas de vidro tipo I-B","kg",10.1129]
["M2038","Microesferas refletivas de vidro tipo II-A","kg",11.223699999999999]
["M2040","Massa termoplástica para aspersão","kg",12.542400000000001]
["M2041","Adesivo à base de resina poliéster","kg",35.5246]
["M2042","Emulsão explosiva encartuchada","kg",15.3735]
["M2044","Tinta à base de resina acrílica emulsionada em água para pré-marcação viária","l",23.2835]
["M2045","Microesferas refletivas de vidro tipo II-C","kg",9.6638000000000002]
["M2046","Coroa de botões cônicos - TCI tricone - D = 121 mm (4 3/4\")","un",1549.6949999999999]
["M2047","Tirante autoinjetável de aço - tensão de escoamento = 440 MPa, tensão de ruptura = 580 MPa, seção de 684 mm² e D = 40 mm","m",161.607]
["M2048","Tirante autoinjetável de aço - tensão de escoamento = 470 MPa, tensão de ruptura = 600 MPa, seção de 822 mm² e D = 40 mm","m",191.31829999999999]
["M2049","Tirante autoinjetável de aço - tensão de escoamento = 700 MPa, tensão de ruptura = 830 MPa, seção de 936 mm² e D = 40 mm","m",241.03739999999999]
["M2050","Geotêxtil não-tecido agulhado em poliéster - resistência à tração longitudinal de 9 kN/m","m²",5.6420000000000003]
["M2051","Geotêxtil não-tecido agulhado em poliéster - resistência à tração longitudinal de 14 kN/m","m²",7.5175999999999998]
["M2052","Tirante autoinjetável de aço - tensão de escoamento = 630 MPa, tensão de ruptura = 740 MPa, seção de 1.330 mm² e D = 50 mm","m",319.06360000000001]
["M2053","Tirante autoinjetável de aço - tensão de escoamento = 630 MPa, tensão de ruptura = 740 MPa, seção de 1.569 mm² e D = 50 mm","m",371.34050000000002]
["M2054","Tirante de barra de aço - tensão de escoamento = 600 MPa, tensão de ruptura = 720 MPa e D = 30 mm","m",115.8237]
["M2055","Tirante de barra de aço - tensão de escoamento = 600 MPa, tensão de ruptura = 720 MPa e D = 40 mm","m",196.0865]
["M2056","Tirante de barra de aço - tensão de escoamento = 680 MPa, tensão de ruptura = 870 MPa e D = 44 mm","m",255.7303]
["M2057","Tirante de barra de aço - tensão de escoamento = 600 MPa, tensão de ruptura = 720 MPa e D = 50 mm","m",308.26339999999999]
["M2058","Tirante de barra de aço - tensão de escoamento = 600 MPa, tensão de ruptura = 720 MPa e D = 53 mm","m",348.30029999999999]
["M2059","Tirante de barra de aço - tensão de escoamento = 600 MPa, tensão de ruptura = 720 MPa e D = 57 mm","m",392.03629999999998]
["M2060","Amortecedor retrátil tipo TAU II afunilado PCB ou similar para velocidade de projeto de 100 km/h e âncora traseira de 2.290 mm","un",284642.87969999999]
["M2061","Amortecedor retrátil tipo TAU II afunilado PCB ou similar para velocidade de projeto de 100 km/h e âncora traseira de 2.440 mm","un",298071.88540000003]
["M2062","Coroa de botões esféricos linha T38 - D = 64 mm (2 1/2\")","un",722.33889999999997]
["M2063","Tirante de barra de aço - tensão de escoamento = 600 MPa, tensão de ruptura = 720 MPa e D = 63 mm","m",488.27280000000002]
["M2064","Termoplástico pré-formado - E = 2,00 mm","m²",338.65030000000002]
["M2065","Haste linha T38 para perfuratriz sobre esteiras - D = 38,0 mm (1 1/2\") e C = 3,05 m","un",2091.5021000000002]
["M2066","Luva em aço linha T38 para perfuratriz sobre esteiras - D = 38,0 mm (1 1/2\")","un",354.95119999999997]
["M2067","Punho linha T38 para perfuratriz sobre esteiras - D = 38 mm (1 1/2\")","un",1000.9328]
["M2069","Tirante de barra de aço - tensão de escoamento = 600 MPa, tensão de ruptura = 720 MPa e D = 69 mm","m",593.94690000000003]
["M2070","Haste linha R/T38 - R32 para jumbo hidráulico - D = 38 mm (1 1/2\") e C = 4,50 m","un",4062.9708999999998]
["M2071","Coroa de botões esféricos linha R32 - D = 51 mm (2\")","un",579.2953]
["M2072","Luva de acoplamento linha T38 para jumbo hidráulico - D = 38,0 mm (1 1/2\")","un",247.429]
["M2073","Punho linha T38 para jumbo hidráulico - D = 38 mm (1 1/2\")","un",1439.4450999999999]
["M2074","Cartucho de absorção de energia para amortecedor retrátil - tipo A","un",5638.76]
["M2075","Cartucho de absorção de energia para amortecedor retrátil - tipo B","un",5518.8011999999999]
["M2079","Fio de poliamida Nº 40 - E = 0,40 mm","m",9.9199999999999997E-2]
["M2087","Placa de ancoragem para tirante de barra de aço - E = 25,4 mm e seção de 225 x 225 mm","un",332.29680000000002]
["M2088","Placa de ancoragem para tirante de barra de aço - E = 20,0 mm e seção de 200 x 200 mm","un",196.6653]
["M2089","Porca sextavada em aço para ancoragem de tirantes - D = 50 mm e E = 85 mm","un",99.003399999999999]
["M2090","Porca em aço para ancoragem de tirantes - D = 73 mm e E = 60 mm","un",88.67]
["M2091","Porca sextavada em aço para ancoragem de tirantes - D = 50 mm e E = 50 mm","un",67.843599999999995]
["M2092","Emulsão asfáltica para imprimação","t","-"]
["M2093","Material fresado","m³","-"]
["M2094","Porca em aço para ancoragem de tirantes - D = 49 mm e E = 60 mm","un",57.863199999999999]
["M2095","Porca em aço para ancoragem de tirantes - D = 61 mm e E = 70 mm","un",85.766000000000005]
["M2096","Porca em aço para ancoragem de tirantes - D = 73 mm e E = 110 mm","un",131.88890000000001]
["M2097","Emulsão asfáltica - RR-2C","t","-"]
["M2100","Placa de ancoragem para tirante de barra de aço - E = 16,0 mm e seção de 140 x 140 mm","un",91.184799999999996]
["M2101","Porca sextavada em aço para ancoragem de tirantes - D = 50 mm e E = 41 mm","un",48.647500000000001]
["M2102","Adesivo à base de PVA","kg",12.492699999999999]
["M2103","Tirante de barra de aço - tensão de escoamento = 686 MPa, tensão de ruptura = 789 MPa e D = 19 mm","kg",13.773899999999999]
["M2104","Tirante de barra de aço - tensão de escoamento = 686 MPa, tensão de ruptura = 789 MPa e D = 22 mm","kg",13.891]
["M2105","Tirante de barra de aço - tensão de escoamento = 686 MPa, tensão de ruptura = 789 MPa e D = 25 mm","kg",14.1265]
["M2106","Tirante de barra de aço - tensão de escoamento = 686 MPa, tensão de ruptura = 789 MPa e D = 32 mm","kg",14.161199999999999]
["M2107","Tirante de barra de aço - tensão de escoamento = 686 MPa, tensão de ruptura = 789 MPa e D = 36 mm","kg",14.410299999999999]
["M2110","Mandíbula móvel para britador - abertura de alimentação com L = 930 mm","un",25459.7343]
["M2111","Mandíbula fixa para britador - abertura de alimentação com L = 930 mm","un",33510.196100000001]
["M2112","Manta do britador cônico HP200 ou similar","un",21845.253499999999]
["M2113","Revestimento do bojo interno do britador cônico HP200 ou similar","un",25720.9984]
["M2114","Cunha lateral superior para britador","un",2539.9153999999999]
["M2115","Cunha lateral inferior para britador","un",1979.7893999999999]
["M2117","Meio tubo de concreto simples - D = 0,40 m","m",48.480400000000003]
["M2118","Calha metálica semicircular corrugada e galvanizada, incluindo fixações - D = 400 mm","m",600.72]
["M2119","Mourão de madeira - H = 2,80 m e D = 0,15 m","un",64.039900000000003]
["M2128","Tinta esmalte sintético acetinado","l",35.443300000000001]
["M2130","Eletrodo revestido E70XX","kg",35.426299999999998]
["M2135","Nonel de coluna (túnel) - C = 4,8 m","un",26.470600000000001]
["M2137","Tubo de PVC soldável para água fria - D = 50 mm (2\")","m",12.240399999999999]
["M2138","Nonel de coluna - C = 12,0 m","un",22.196200000000001]
["M2140","Coroa de diamante linha AWG","un",978.21630000000005]
["M2141","Nonel de iniciação para fogacho - C = 6,0 m","un",16.037600000000001]
["M2142","Nonel de coluna - C = 4,8 m","un",21.906700000000001]
["M2143","Nonel de ligação - C = 6,0 m","un",19.6998]
["M2144","Nonel de coluna - C = 6,0 m","un",17.338000000000001]
["M2145","Série de brocas integrais S12","un",974.70129999999995]
["M2146","Nonel iniciador - C = 150,0 m","un",233.0668]
["M2147","Dente de corte para recicladora","un",54.212000000000003]
["M2148","Porta-dente de corte para fresadora e recicladora a frio","un",494.60419999999999]
["M2150","Selante elástico à base de poliuretano e asfalto","kg",52.223599999999998]
["M2152","Aditivo de cura para concreto","kg",13.5189]
["M2153","Coroa de diamante linha HWG","un",1871.7405000000001]
["M2156","Coroa de diamante linha NWG","un",1579.4661000000001]
["M2158","Argamassa asfáltica","kg",28.869]
["M2160","Tubo PEAD corrugado perfurado para drenagem - D = 100 mm","m",21.632000000000001]
["M2162","Coroa de widia linha AWG","un",449.83600000000001]
["M2163","Tubo de concreto armado PA1 - D = 0,40 m","m",132.30840000000001]
["M2164","Tubo de concreto armado PA2 - D = 0,40 m","m",152.46360000000001]
["M2165","Tubo de concreto armado PA3 - D = 0,40 m","m",156.84880000000001]
["M2166","Tubo de concreto armado PA4 - D = 0,40 m","m",198.01329999999999]
["M2167","Tubo de concreto armado PA1 - D = 0,60 m","m",228]
["M2168","Tubo de concreto armado PA2 - D = 0,60 m","m",260.0872]
["M2169","Tubo de concreto armado PA3 - D = 0,60 m","m",272.93880000000001]
["M2170","Tubo de concreto armado PA4 - D = 0,60 m","m",340.86]
["M2171","Tubo de concreto armado PA1 - D = 0,80 m","m",347.02359999999999]
["M2172","Tubo de concreto armado PA2 - D = 0,80 m","m",388.40559999999999]
["M2173","Tubo de concreto armado PA3 - D = 0,80 m","m",451.3716]
["M2174","Tubo de concreto armado PA4 - D = 0,80 m","m",485.42720000000003]
["M2175","Tubo de concreto armado PA1 - D = 1,00 m","m",494.88920000000002]
["M2176","Tubo de concreto armado PA2 - D = 1,00 m","m",527.4932]
["M2177","Tubo de concreto armado PA3 - D = 1,00 m","m",594.0616]
["M2178","Tubo de concreto armado PA4 - D = 1,00 m","m",651.66200000000003]
["M2179","Tubo de concreto armado PA1 - D = 1,20 m","m",677.23599999999999]
["M2180","Tubo de concreto armado PA2 - D = 1,20 m","m",759.6884]
["M2181","Tubo de concreto armado PA3 - D = 1,20 m","m",895.80970000000002]
["M2182","Tubo de concreto armado PA4 - D = 1,20 m","m",1061.1804]
["M2183","Tubo de concreto armado PA1 - D = 1,50 m","m",1239.2483999999999]
["M2184","Tubo de concreto armado PA2 - D = 1,50 m","m",1308.2944]
["M2185","Tubo de concreto armado PA3 - D = 1,50 m","m",1393.6956]
["M2186","Tubo de concreto armado PA4 - D = 1,50 m","m",1492.944]
["M2187","Tubo de concreto armado PA1 - D = 0,50 m","m",180.1352]
["M2188","Tubo de concreto armado PA2 - D = 0,50 m","m",199.57599999999999]
["M2189","Tubo de concreto armado PA3 - D = 0,50 m","m",205.6636]
["M2190","Tubo de concreto armado PA4 - D = 0,50 m","m",302.29759999999999]
["M2192","Coroa de widia linha HWG","un",804.78869999999995]
["M2193","Coroa de widia linha NWG","un",732.62139999999999]
["M2197","Haste de paredes paralelas com niple linha NW","m",741.29840000000002]
["M2198","Trilho UIC60 em aço-carbono - C = 12 m","t",16665.863399999998]
["M2200","Trilho TR45 em aço-carbono - C = 12 m","t",16714.3099]
["M2202","Trilho TR57 em aço-carbono - C = 12 m","t",16714.3099]
["M2204","Trilho TR68 em aço-carbono - C = 12 m","t",16714.3099]
["M2206","Lubrificador de trilhos e de flanges de rodas","un",92708.334900000002]
["M2207","Tirefão - D = 24 mm e C = 188 mm","un",20.11]
["M2208","Tirefão - D = 22 mm e C = 155 mm","un",11.0404]
["M2209","Retensor para via férrea de TR45","un",50.557000000000002]
["M2210","Retensor para via férrea de TR57","un",52.369700000000002]
["M2211","Retensor para via férrea de TR68","un",54.837600000000002]
["M2213","Placa de apoio em aço laminado para UIC60 com fixação rígida","un",167.12540000000001]
["M2214","Grampo elástico Pandrol para fixação elástica","un",14.4163]
["M2215","Placa de apoio em aço laminado para TR45 com fixação elástica","un",83.631]
["M2216","Placa de apoio em aço laminado para TR57 com fixação elástica","un",124.76949999999999]
["M2217","Placa de apoio em aço laminado para TR68 com fixação elástica","un",136.35470000000001]
["M2218","Placa de apoio em aço laminado para TR45 com fixação rígida","un",72.862499999999997]
["M2219","Placa de apoio em aço laminado para TR57 com fixação rígida","un",151.88419999999999]
["M2220","Placa de apoio em aço laminado para TR68 com fixação rígida","un",165.1317]
["M2221","Retensor para via férrea de UIC60","un",57.1937]
["M2222","Placa de apoio em aço laminado para UIC60 com fixação elástica","un",135.5061]
["M2225","Tala de junção TJ 45 não isolada com 6 furos","par",689.77239999999995]
["M2227","Tala de junção TJ 57 não isolada com 6 furos","par",840.50779999999997]
["M2229","Tala de junção TJ 68 não isolada com 6 furos","par",998.92570000000001]
["M2233","Parafuso de cabeça abaulada em aço inox com porca e arruela de pressão para tala de junção - D = 25,4 mm","un",45.582099999999997]
["M2234","Tala de junção TJ 60 não isolada com 6 furos","par",923.08280000000002]
["M2236","AMV tipo TR45, abertura 1:8, bitola métrica","un",283339.30699999997]
["M2237","AMV tipo TR45, abertura 1:10, bitola métrica","un",310479.40179999999]
["M2238","AMV tipo TR45, abertura 1:12, bitola métrica","un",340333.78730000003]
["M2239","AMV tipo TR45, abertura 1:14, bitola métrica","un",373173.28940000001]
["M2240","AMV tipo TR57, abertura 1:8, bitola métrica","un",355642.70819999999]
["M2241","AMV tipo TR57, abertura 1:10, bitola métrica","un",390013.14270000003]
["M2242","AMV tipo TR57, abertura 1:12, bitola métrica","un",427820.74109999998]
["M2243","AMV tipo TR57, abertura 1:14, bitola métrica","un",469409.05969999998]
["M2244","AMV tipo TR57, abertura 1:20, bitola métrica","un",566872.13970000006]
["M2245","AMV tipo TR68, abertura 1:10, bitola métrica","un",462988.18489999999]
["M2246","AMV tipo TR68, abertura 1:12, bitola métrica","un",514062.20789999998]
["M2247","AMV tipo TR68, abertura 1:14, bitola métrica","un",563677.67480000004]
["M2248","AMV tipo UIC60, abertura 1:10, bitola métrica","un",409938.1666]
["M2249","AMV tipo TR68, abertura 1:20, bitola métrica","un",672831.94209999999]
["M2250","AMV tipo TR45, abertura 1:8, bitola larga","un",323989.17580000003]
["M2251","AMV tipo TR45, abertura 1:10, bitola larga","un",355194.27769999998]
["M2252","AMV tipo TR45, abertura 1:12, bitola larga","un",389520.1103]
["M2253","AMV tipo TR45, abertura 1:14, bitola larga","un",427278.28519999998]
["M2254","AMV tipo TR57, abertura 1:8, bitola larga","un",407162.79879999999]
["M2255","AMV tipo TR57, abertura 1:10, bitola larga","un",446716.30379999999]
["M2256","AMV tipo TR57, abertura 1:12, bitola larga","un",490194.17820000002]
["M2257","AMV tipo TR57, abertura 1:14, bitola larga","un",543988.51910000003]
["M2258","AMV tipo TR57, abertura 1:20, bitola larga","un",649204.95559999999]
["M2259","AMV tipo TR68, abertura 1:10, bitola larga","un",536618.7476]
["M2260","AMV tipo TR68, abertura 1:12, bitola larga","un",588490.02910000004]
["M2261","AMV tipo TR68, abertura 1:14, bitola larga","un",645548.39789999998]
["M2262","AMV tipo UIC60, abertura 1:10, bitola larga","un",469613.3847]
["M2263","AMV tipo TR68, abertura 1:20, bitola larga","un",788983.14950000006]
["M2264","AMV tipo TR45, abertura 1:8, bitola mista","un",386284.86070000002]
["M2265","AMV tipo TR45, abertura 1:10, bitola mista","un",423719.571]
["M2266","AMV tipo TR45, abertura 1:12, bitola mista","un",464897.83199999999]
["M2267","AMV tipo TR45, abertura 1:14, bitola mista","un",516162.51870000002]
["M2268","AMV tipo TR57, abertura 1:8, bitola mista","un",486286.8847]
["M2269","AMV tipo TR57, abertura 1:10, bitola mista","un",539690.45719999995]
["M2270","AMV tipo TR57, abertura 1:12, bitola mista","un",591868.92859999998]
["M2271","AMV tipo TR57, abertura 1:14, bitola mista","un",649265.22829999996]
["M2272","AMV tipo TR57, abertura 1:20, bitola mista","un",793443.34569999995]
["M2273","AMV tipo TR68, abertura 1:10, bitola mista","un",640394.45979999995]
["M2274","AMV tipo TR68, abertura 1:12, bitola mista","un",702643.33239999996]
["M2275","AMV tipo TR68, abertura 1:14, bitola mista","un",789023.33149999997]
["M2276","Revestimento com conector linha AW","m",335.92469999999997]
["M2277","AMV tipo TR68, abertura 1:20, bitola mista","un",939665.46200000006]
["M2281","Dormente de madeira bitola larga - C = 280 cm, L = 24 cm e H = 17 cm","un",415.77879999999999]
["M2282","Dormente de madeira bitola métrica - C = 200 cm, L = 22 cm e H = 16 cm","un",256.22219999999999]
["M2284","Revestimento com conector linha HW","m",670.68430000000001]
["M2285","Revestimento com conector linha NW","m",557.12469999999996]
["M2292","AMV tipo UIC60, abertura 1:12, bitola métrica","un",449738.18719999999]
["M2293","AMV tipo UIC60, abertura 1:14, bitola métrica","un",493518.22989999998]
["M2294","AMV tipo UIC60, abertura 1:20, bitola métrica","un",595803.14379999996]
["M2298","AMV tipo UIC60, abertura 1:10, bitola mista","un",567170.28989999997]
["M2299","AMV tipo UIC60, abertura 1:12, bitola mista","un",622096.80539999995]
["M2300","AMV tipo UIC60, abertura 1:14, bitola mista","un",682515.7916]
["M2301","AMV tipo UIC60, abertura 1:20, bitola mista","un",833344.02220000001]
["M2303","Sapata de widia linha NW","un",629.89269999999999]
["M2304","Broca de arraste com três asas linha NW","un",1924.5532000000001]
["M2308","Dormente de madeira para pontes - C = 300 cm, L = 25 cm e H = 20 cm","un",545.928]
["M2313","AMV tipo UIC60, abertura 1:12, bitola larga","un",521349.6067]
["M2314","AMV tipo UIC60, abertura 1:14, bitola larga","un",571693.97369999997]
["M2316","AMV tipo UIC60, abertura 1:20, bitola larga","un",682451.50049999997]
["M2317","Tubo de revestimento em aço-carbono schedule 40 para estaca raiz - ponteira schedule 80, D = 141,3 mm, peso 24 kg/m","m",488.18239999999997]
["M2318","Tubo de revestimento em aço-carbono schedule 40 para estaca raiz - ponteira schedule 80, D = 168,3 mm, peso 31 kg/m","m",802.76440000000002]
["M2319","Tubo de revestimento em aço-carbono schedule 40 para estaca raiz - ponteira schedule 80, D = 219,1 mm, peso 47 kg/m","m",1225.8398999999999]
["M2320","Tubo de revestimento em aço-carbono schedule 40 para estaca raiz - ponteira schedule 80, D = 273,0 mm, peso 67 kg/m","m",1639.912]
["M2321","Tubo de revestimento em aço-carbono schedule 40 para estaca raiz - ponteira schedule 80, D = 323,8 mm, peso 90 kg/m","m",2147.0351999999998]
["M2322","Tubo de revestimento em aço-carbono schedule 40 para estaca raiz - ponteira schedule 80, D = 406,0 mm, peso 143 kg/m","m",2952.7961]
["M2325","Anel de compensação angular para tirantes de D = 30 mm","un",53.640099999999997]
["M2326","Anel de compensação angular para tirantes de D = 32 mm","un",77.86]
["M2327","Anel de compensação angular para tirantes de D = 40 mm","un",80.275899999999993]
["M2328","Anel de compensação angular para tirantes de D = 44 mm","un",91.807199999999995]
["M2329","Anel de compensação angular para tirantes de D = 50 mm","un",100.887]
["M2330","Anel de compensação angular para tirantes de D = 53 mm","un",110.08199999999999]
["M2331","Anel de compensação angular para tirantes de D = 57 mm","un",120.8432]
["M2332","Anel de compensação angular para tirantes de D = 63 mm","un",133.49690000000001]
["M2333","Anel de compensação angular para tirantes de D = 69 mm","un",151.28919999999999]
["M2334","Coroa de widia linha BWG","un",600.04049999999995]
["M2352","Conjunto para solda aluminotérmica de TR45 - porção, fôrmas, acendedor, pasta de vedação e cadinho descartável","un",1288.9148]
["M2353","Conjunto para solda aluminotérmica de TR57 - porção, fôrmas, acendedor, pasta de vedação e cadinho descartável","un",1289.0084999999999]
["M2354","Conjunto para solda aluminotérmica de TR68 - porção, fôrmas, acendedor, pasta de vedação e cadinho descartável","un",1367.1310000000001]
["M2355","Conjunto para solda aluminotérmica de UIC60 - porção, fôrmas, acendedor, pasta de vedação e cadinho descartável","un",1304.106]
["M2356","Brita padrão para lastro ferroviário","m³",197.935]
["M2358","Palmilha de borracha para dormente de concreto","un",13.8726]
["M2364","Broca para furar trilho - D = 29 mm (1 1/8\")","un",1015.8593]
["M2365","Disco de corte abrasivo para máquina para serrar trilho - D = 350 mm","un",23.824999999999999]
["M2370","Dormentes de madeira para AMV","m³",3639.5196999999998]
["M2379","Coroa de diamante linha BWG","un",1234.7049999999999]
["M2383","Revestimento com conector linha BW","m",438.71339999999998]
["M2386","Corda de poliamida - D = 12,0 mm e capacidade de carga de 2.200 kg","m",4.2346000000000004]
["M2388","Broca de widia - D = 16 mm e C = 150 mm","un",40.467500000000001]
["M2389","Broca de widia - D = 19 mm e C = 160 mm","un",74.4041]
["M2419","Parafuso de cabeça abaulada em aço inox com porca e arruela - D = 6 mm (M6) e C = 30 mm","un",1.0147999999999999]
["M2420","Parafuso de cabeça abaulada em aço inox com porca e arruela - D = 8 mm (M8) e C = 50 mm","un",2.3711000000000002]
["M2421","Mangueira cristal trançada de PVC com pressão de trabalho de 1,50 MPa (250 psi) - D = 9,5 mm (3/8\")","m",3.8058999999999998]
["M2423","Fôrma plástica para nicho de protensão de cordoalha - D = 15,2 mm","un",2.1339000000000001]
["M2424","Fôrma plástica para nicho de protensão de cordoalha - D = 12,7 mm","un",1.1085]
["M2425","Cordoalha engraxada tipo CP 190 RB - D = 15,2 mm","kg",13.6343]
["M2426","Cordoalha engraxada tipo CP 190 RB - D = 12,7 mm","kg",13.6343]
["M2427","Bainha metálica para protensão - D = 35 mm","m",15.931699999999999]
["M2428","Bainha metálica para protensão - D = 30 mm","m",14.9101]
["M2429","Ancoragem passiva aderente para 8 cordoalhas - D = 15,2 mm","un",108.8674]
["M2430","Ancoragem passiva aderente para 31 cordoalhas - D = 15,2 mm","un",683.57100000000003]
["M2431","Ancoragem ativa para cordoalha engraxada - D = 12,7 mm","un",71.569699999999997]
["M2432","Ancoragem ativa para cordoalha engraxada - D = 15,2 mm","un",103.7453]
["M2433","Ancoragem passiva aderente para 10 cordoalhas - D = 12,7 mm","un",137.68549999999999]
["M2434","Ancoragem passiva aderente para 12 cordoalhas - D = 12,7 mm","un",160.43350000000001]
["M2435","Ancoragem passiva aderente para 12 cordoalhas - D = 15,2 mm","un",171.9692]
["M2436","Ancoragem passiva aderente para 15 cordoalhas - D = 12,7 mm","un",222.31800000000001]
["M2437","Ancoragem passiva aderente para 15 cordoalhas - D = 15,2 mm","un",246.15940000000001]
["M2438","Ancoragem passiva aderente para 19 cordoalhas - D = 12,7 mm","un",273.72649999999999]
["M2439","Ancoragem passiva aderente para 19 cordoalhas - D = 15,2 mm","un",304.01920000000001]
["M2440","Ancoragem passiva aderente para 22 cordoalhas - D = 12,7 mm","un",368.87689999999998]
["M2441","Ancoragem passiva aderente para 22 cordoalhas - D = 15,2 mm","un",378.68700000000001]
["M2442","Ancoragem passiva aderente para 27 cordoalhas - D = 12,7 mm","un",516.0634]
["M2443","Ancoragem passiva aderente para 27 cordoalhas - D = 15,2 mm","un",551.94259999999997]
["M2444","Ancoragem passiva aderente para 31 cordoalhas - D = 12,7 mm","un",597.58240000000001]
["M2445","Ancoragem passiva aderente para 4 cordoalhas - D = 12,7 mm","un",55.372300000000003]
["M2446","Ancoragem passiva aderente para 4 cordoalhas - D = 15,2 mm","un",58.424900000000001]
["M2447","Ancoragem passiva aderente para 6 cordoalhas - D = 12,7 mm","un",85.780299999999997]
["M2448","Ancoragem passiva aderente para 6 cordoalhas - D = 15,2 mm","un",90.1815]
["M2449","Ancoragem passiva aderente para 7 cordoalhas - D = 12,7 mm","un",104.4662]
["M2450","Ancoragem passiva aderente para 7 cordoalhas - D = 15,2 mm","un",108.8674]
["M2451","Ancoragem passiva aderente para 8 cordoalhas - D = 12,7 mm","un",104.4662]
["M2452","Ancoragem passiva aderente para 9 cordoalhas - D = 12,7 mm","un",132.26179999999999]
["M2453","Ancoragem passiva aderente para 9 cordoalhas - D = 15,2 mm","un",139.3287]
["M2454","Ancoragem passiva aderente para lajes para 1 cordoalha - D = 12,7 mm","un",18.231200000000001]
["M2455","Ancoragem passiva aderente para lajes para 1 cordoalha - D = 15,2 mm","un",23.717600000000001]
["M2456","Ancoragem passiva aderente para lajes para 2 cordoalhas - D = 12,7 mm","un",21.521699999999999]
["M2457","Ancoragem passiva aderente para lajes para 2 cordoalhas - D = 15,2 mm","un",28.883600000000001]
["M2458","Ancoragem passiva aderente para lajes para 3 cordoalhas - D = 12,7 mm","un",40.813499999999998]
["M2459","Ancoragem passiva aderente para lajes para 3 cordoalhas - D = 15,2 mm","un",40.813499999999998]
["M2460","Ancoragem passiva aderente para lajes para 4 cordoalhas - D = 12,7 mm","un",48.064700000000002]
["M2461","Ancoragem passiva aderente para lajes para 4 cordoalhas - D = 15,2 mm","un",59.716200000000001]
["M2462","Mangueira cristal trançada de PVC com pressão de trabalho de 1,50 MPa (250 psi) - D = 19,0 mm (3/4\")","m",9.4914000000000005]
["M2465","Bainha metálica para protensão - D = 40 mm","m",17.727599999999999]
["M2466","Bainha metálica para protensão - D = 45 mm","m",19.656300000000002]
["M2467","Bainha metálica para protensão - D = 50 mm","m",21.446000000000002]
["M2468","Bainha metálica para protensão - D = 55 mm","m",23.5289]
["M2469","Bainha metálica para protensão - D = 60 mm","m",26.872]
["M2470","Bainha metálica para protensão - D = 65 mm","m",28.3475]
["M2471","Bainha metálica para protensão - D = 70 mm","m",30.947600000000001]
["M2472","Bainha metálica para protensão - D = 75 mm","m",32.256]
["M2473","Bainha metálica para protensão - D = 80 mm","m",35.456800000000001]
["M2474","Bainha metálica para protensão - D = 85 mm","m",37.915199999999999]
["M2475","Bainha metálica para protensão - D = 90 mm","m",43.561100000000003]
["M2476","Bainha metálica para protensão - D = 95 mm","m",46.3628]
["M2477","Bainha metálica para protensão - D = 100 mm","m",48.578600000000002]
["M2478","Bainha metálica para protensão - D = 110 mm","m",54.701700000000002]
["M2479","Bainha metálica para protensão - D = 120 mm","m",59.3598]
["M2480","Bainha metálica para protensão - D = 130 mm","m",63.593899999999998]
["M2481","Bainha metálica ovalizada para protensão - seção de 19 x 36 mm","m",15.7026]
["M2482","Bainha metálica ovalizada para protensão - seção de 19 x 48 mm","m",18.3794]
["M2483","Bainha metálica ovalizada para protensão - seção de 19 x 62 mm","m",20.577100000000002]
["M2484","Bainha metálica ovalizada para protensão - seção de 22 x 32 mm","m",15.1318]
["M2485","Bainha metálica ovalizada para protensão - seção de 22 x 55 mm","m",19.261299999999999]
["M2486","Bainha metálica ovalizada para protensão - seção de 22 x 73 mm","m",22.551400000000001]
["M2487","Espaçador plástico tipo centralizador carambola para grampo de barra de aço - D ≤ 25,4 mm","un",0.49170000000000003]
["M2488","Cinta para elevação de cargas tipo Grab com 1 ramal, anel de suspensão e gancho - C = 3 m a 5 m, capacidade de carga de 5.000 kg, F. S. = 4:1","un",1312.4872]
["M2489","Cinta para elevação de cargas tipo Grab com 2 ramais, anel de suspensão e ganchos - C = 3 m a 5 m, capacidade de carga de 5.000 kg, F. S. = 4:1","un",2757.0012999999999]
["M2490","Cinta para elevação de cargas tipo sling com 1 ramal - C = 2 m a 3 m, capacidade de carga de 1.000 kg, F. S. = 7:1","un",44.855200000000004]
["M2500","Chapa metálica corrugada galvanizada para tunnel liner - E = 2,2 mm e D = 1,2 m","m",4296.5631000000003]
["M2501","Chapa metálica corrugada galvanizada para tunnel liner - E = 2,2 mm e D = 1,4 m","m",4878.4339]
["M2502","Chapa metálica corrugada galvanizada para tunnel liner - E = 2,2 mm e D = 1,6 m","m",5773.5884999999998]
["M2503","Chapa metálica corrugada galvanizada para tunnel liner - E = 2,2 mm e D = 1,8 m","m",6604.3825999999999]
["M2504","Chapa metálica corrugada galvanizada para tunnel liner - E = 2,2 mm e D = 2,0 m","m",7278.6396000000004]
["M2505","Chapa metálica corrugada galvanizada para tunnel liner - E = 2,2 mm e D = 2,2 m","m",8043.4647999999997]
["M2506","Chapa metálica corrugada galvanizada para tunnel liner - E = 2,2 mm e D = 2,4 m","m",8672.5514999999996]
["M2507","Chapa metálica corrugada galvanizada para tunnel liner - E = 2,2 mm e D = 2,6 m","m",9435.7922999999992]
["M2508","Chapa metálica corrugada galvanizada para tunnel liner - E = 2,2 mm e D = 2,8 m","m",10108.6649]
["M2509","Chapa metálica corrugada galvanizada para tunnel liner - E = 2,2 mm e D = 3,0 m","m",10918.4941]
["M2510","Chapa metálica corrugada galvanizada para tunnel liner - E = 2,7 mm e D = 3,2 m","m",13629.3848]
["M2511","Chapa metálica corrugada galvanizada para tunnel liner - E = 2,7 mm e D = 3,4 m","m",14592.4506]
["M2512","Chapa metálica corrugada galvanizada para tunnel liner - E = 2,7 mm e D = 3,6 m","m",15338.4352]
["M2513","Chapa metálica corrugada galvanizada para tunnel liner - E = 2,7 mm e D = 3,8 m","m",16215.126]
["M2514","Chapa metálica corrugada galvanizada para tunnel liner - E = 2,7 mm e D = 4,0 m","m",17040.2484]
["M2515","Chapa metálica corrugada galvanizada para tunnel liner - E = 3,4 mm e D = 4,2 m","m",21205.286599999999]
["M2516","Chapa metálica corrugada galvanizada para tunnel liner - E = 3,4 mm e D = 4,4 m","m",22125.484700000001]
["M2517","Chapa metálica corrugada galvanizada para tunnel liner - E = 3,4 mm e D = 4,6 m","m",23211.3177]
["M2518","Chapa metálica corrugada galvanizada para tunnel liner - E = 3,9 mm e D = 4,8 m","m",26947.084599999998]
["M2519","Chapa metálica corrugada galvanizada para tunnel liner - E = 3,9 mm e D = 5,0 m","m",28191.056100000002]
["M2520","Chapa metálica corrugada galvanizada revestida com epóxi para tunnel liner - E = 2,2 mm e D = 1,2 m","m",4599.1280999999999]
["M2521","Chapa metálica corrugada galvanizada revestida com epóxi para tunnel liner - E = 2,2 mm e D = 1,4 m","m",5221.9614000000001]
["M2522","Chapa metálica corrugada galvanizada revestida com epóxi para tunnel liner - E = 2,2 mm e D = 1,6 m","m",6180.1646000000001]
["M2523","Chapa metálica corrugada galvanizada revestida com epóxi para tunnel liner - E = 2,2 mm e D = 1,8 m","m",7067.6782999999996]
["M2524","Chapa metálica corrugada galvanizada revestida com epóxi para tunnel liner - E = 2,2 mm e D = 2,0 m","m",7789.2066999999997]
["M2525","Chapa metálica corrugada galvanizada revestida com epóxi para tunnel liner - E = 2,2 mm e D = 2,2 m","m",8607.6221999999998]
["M2526","Chapa metálica corrugada galvanizada revestida com epóxi para tunnel liner - E = 2,2 mm e D = 2,4 m","m",9280.8207999999995]
["M2527","Chapa metálica corrugada galvanizada revestida com epóxi para tunnel liner - E = 2,2 mm e D = 2,6 m","m",10097.641900000001]
["M2528","Chapa metálica corrugada galvanizada revestida com epóxi para tunnel liner - E = 2,2 mm e D = 2,8 m","m",10817.796]
["M2529","Chapa metálica corrugada galvanizada revestida com epóxi para tunnel liner - E = 2,2 mm e D = 3,0 m","m",11684.354799999999]
["M2530","Chapa metálica corrugada galvanizada revestida com epóxi para tunnel liner - E = 2,7 mm e D = 3,2 m","m",14297.0417]
["M2531","Chapa múltipla metálica corrugada galvanizada tipo MP 100 ou similar - E = 1,60 mm e D = 0,60 m","m",1444.4993999999999]
["M2532","Chapa múltipla metálica corrugada galvanizada tipo MP 100 ou similar - E = 1,60 mm e D = 0,70 m","m",1670.2037]
["M2533","Chapa múltipla metálica corrugada galvanizada tipo MP 100 ou similar - E = 1,60 mm e D = 0,80 m","m",1895.9159]
["M2534","Chapa múltipla metálica corrugada galvanizada tipo MP 100 ou similar - E = 1,60 mm e D = 0,90 m","m",2076.4789000000001]
["M2535","Chapa múltipla metálica corrugada galvanizada tipo MP 100 ou similar - E = 1,60 mm e D = 1,00 m","m",2302.1894000000002]
["M2536","Chapa múltipla metálica corrugada galvanizada tipo MP 100 ou similar - E = 1,60 mm e D = 1,10 m","m",2618.2035000000001]
["M2537","Chapa múltipla metálica corrugada galvanizada tipo MP 100 ou similar - E = 1,60 mm e D = 1,20 m","m",2798.7741999999998]
["M2538","Chapa múltipla metálica corrugada galvanizada tipo MP 100 ou similar - E = 1,60 mm e D = 1,30 m","m",3024.4735999999998]
["M2539","Chapa múltipla metálica corrugada galvanizada tipo MP 100 ou similar - E = 1,60 mm e D = 1,40 m","m",3205.0522999999998]
["M2540","Chapa múltipla metálica corrugada galvanizada tipo MP 100 ou similar - E = 1,60 mm e D = 1,50 m","m",3430.6913]
["M2541","Chapa múltipla metálica corrugada galvanizada tipo MP 100 ou similar - E = 1,60 mm e D = 1,60 m","m",3656.4517999999998]
["M2542","Chapa múltipla metálica corrugada galvanizada tipo MP 100 ou similar - E = 1,60 mm e D = 1,70 m","m",3837.0061000000001]
["M2543","Chapa múltipla metálica corrugada galvanizada tipo MP 100 ou similar - E = 1,60 mm e D = 1,80 m","m",4062.6538]
["M2544","Chapa múltipla metálica corrugada galvanizada tipo MP 100 ou similar - E = 2,00 mm e D = 1,90 m","m",4773.6594999999998]
["M2545","Chapa múltipla metálica corrugada galvanizada tipo MP 100 ou similar - E = 2,00 mm e D = 2,00 m","m",5031.7559000000001]
["M2546","Chapa múltipla metálica corrugada galvanizada tipo MP 100 ou similar - E = 2,00 mm e D = 2,10 m","m",5375.6401999999998]
["M2547","Chapa múltipla metálica corrugada galvanizada tipo MP 100 ou similar - E = 2,00 mm e D = 2,20 m","m",5504.8243000000002]
["M2548","Chapa múltipla metálica corrugada galvanizada tipo MP 100 ou similar - E = 2,00 mm e D = 2,30 m","m",5719.7977000000001]
["M2549","Chapa múltipla metálica corrugada galvanizada tipo MP 100 ou similar - E = 2,70 mm e D = 2,40 m","m",7615.7365]
["M2550","Chapa múltipla metálica corrugada galvanizada tipo MP 100 ou similar - E = 3,40 mm e D = 2,50 m","m",9660.7263000000003]
["M2551","Chapa múltipla metálica corrugada galvanizada tipo MP 100 ou similar - E = 3,40 mm e D = 2,60 m","m",10209.504300000001]
["M2552","Chapa múltipla metálica corrugada galvanizada tipo MP 100 ou similar - E = 3,40 mm e D = 2,70 m","m",10406.8063]
["M2553","Chapa múltipla metálica corrugada galvanizada tipo MP 100 ou similar - E = 3,40 mm e D = 2,80 m","m",10917.480100000001]
["M2554","Chapa múltipla metálica corrugada galvanizada tipo MP 152 ou similar - E = 2,70 mm e D = 1,50 m","m",7185.3519999999999]
["M2555","Chapa múltipla metálica corrugada galvanizada tipo MP 152 ou similar - E = 2,70 mm e D = 1,80 m","m",8688.2657999999992]
["M2556","Chapa múltipla metálica corrugada galvanizada tipo MP 152 ou similar - E = 2,70 mm e D = 1,90 m","m",8970.2955000000002]
["M2557","Chapa múltipla metálica corrugada galvanizada tipo MP 152 ou similar - E = 2,70 mm e D = 2,15 m","m",10191.248900000001]
["M2558","Chapa múltipla metálica corrugada galvanizada tipo MP 152 ou similar - E = 2,70 mm e D = 2,30 m","m",10754.964099999999]
["M2559","Chapa múltipla metálica corrugada galvanizada tipo MP 152 ou similar - E = 2,70 mm e D = 2,65 m","m",12587.252200000001]
["M2560","Chapa múltipla metálica corrugada galvanizada tipo MP 152 ou similar - E = 2,70 mm e D = 3,05 m","m",14370.704100000001]
["M2561","Chapa múltipla metálica corrugada galvanizada tipo MP 152 ou similar - E = 2,70 mm e D = 3,20 m","m",15263.8094]
["M2562","Chapa múltipla metálica corrugada galvanizada tipo MP 152 ou similar - E = 2,70 mm e D = 3,40 m","m",16157.001099999999]
["M2563","Chapa múltipla metálica corrugada galvanizada tipo MP 152 ou similar - E = 2,70 mm e D = 3,65 m","m",17331.705699999999]
["M2564","Chapa múltipla metálica corrugada galvanizada tipo MP 152 ou similar - E = 2,70 mm e D = 3,80 m","m",17941.9728]
["M2565","Chapa múltipla metálica corrugada galvanizada tipo MP 152 ou similar - E = 2,70 mm e D = 4,20 m","m",19774.2978]
["M2566","Chapa múltipla metálica corrugada galvanizada tipo MP 152 ou similar - E = 2,70 mm e D = 4,60 m","m",21556.056199999999]
["M2567","Chapa múltipla metálica corrugada galvanizada tipo MP 152 ou similar - E = 3,40 mm e D = 4,80 m","m",24692.084800000001]
["M2568","Chapa múltipla metálica corrugada galvanizada tipo MP 152 ou similar - E = 3,40 mm e D = 5,00 m","m",25389.127400000001]
["M2569","Chapa múltipla metálica corrugada galvanizada tipo MP 152 ou similar - E = 3,90 mm e D = 5,35 m","m",32033.681]
["M2570","Chapa múltipla metálica corrugada galvanizada tipo MP 152 ou similar - E = 3,90 mm e D = 5,70 m","m",34326.451800000003]
["M2571","Chapa múltipla metálica corrugada galvanizada tipo MP 152 ou similar - E = 4,70 mm e D = 6,10 m","m",42294.013599999998]
["M2572","Chapa múltipla metálica corrugada galvanizada tipo MP 152 ou similar - E = 6,40 mm e D = 6,50 m","m",50814.923600000002]
["M2573","Chapa múltipla metálica corrugada galvanizada tipo MP 152 ou similar - E = 6,40 mm e D = 6,85 m","m",53812.505700000002]
["M2574","Chapa múltipla metálica corrugada galvanizada tipo MP 152 ou similar - E = 6,40 mm e D = 7,25 m","m",56767.177799999998]
["M2580","Parafuso de cabeça sextavada em aço galvanizado com porca e arruela de pressão - D = 7,938 mm (5/16\")","cj",0.68540000000000001]
["M2597","Concreto usinado - fck = 40 MPa (comercial)","m³","-"]
["M2598","Concreto usinado - fck = 45 MPa (comercial)","m³","-"]
["M2599","Concreto usinado - fck = 50 MPa (comercial)","m³","-"]
["M2601","Aparelho de apoio metálico esférico fixo com 4 chumbadores e capacidade de 1.000 kN","un",5881.6484]
["M2602","Aparelho de apoio metálico esférico unidirecional com 4 chumbadores e capacidade de 1.500 kN","un",12626.8145]
["M2603","Aparelho de apoio metálico esférico fixo com 4 chumbadores e capacidade de 1.500 kN","un",9146.3237000000008]
["M2604","Aparelho de apoio metálico esférico fixo com 4 chumbadores e capacidade de 2.000 kN","un",11290.920099999999]
["M2605","Aparelho de apoio metálico esférico fixo com 4 chumbadores e capacidade de 2.500 kN","un",13994.572700000001]
["M2606","Aparelho de apoio metálico esférico fixo com 4 chumbadores e capacidade de 3.000 kN","un",15779.4527]
["M2607","Aparelho de apoio metálico esférico fixo com 4 chumbadores e capacidade de 3.500 kN","un",19408.682000000001]
["M2608","Aparelho de apoio metálico esférico fixo com 4 chumbadores e capacidade de 4.000 kN","un",24857.402399999999]
["M2609","Aparelho de apoio metálico esférico unidirecional com 4 chumbadores e capacidade de 1.000 kN","un",9160.7597000000005]
["M2610","Aparelho de apoio metálico esférico unidirecional com 4 chumbadores e capacidade de 2.000 kN","un",15834.879499999999]
["M2611","Aparelho de apoio metálico esférico unidirecional com 4 chumbadores e capacidade de 2.500 kN","un",18421.156999999999]
["M2612","Aparelho de apoio metálico esférico unidirecional com 4 chumbadores e capacidade de 3.000 kN","un",22064.0808]
["M2613","Aparelho de apoio metálico esférico unidirecional com 4 chumbadores e capacidade de 3.500 kN","un",25536.365300000001]
["M2614","Aparelho de apoio metálico esférico unidirecional com 4 chumbadores e capacidade de 4.000 kN","un",30164.352200000001]
["M2615","Aparelho de apoio metálico esférico fixo com 4 chumbadores e capacidade de 4.500 kN","un",32231.138900000002]
["M2616","Aparelho de apoio metálico esférico fixo com 4 chumbadores e capacidade de 5.000 kN","un",35946.020100000002]
["M2617","Aparelho de apoio metálico esférico fixo com 4 chumbadores e capacidade de 5.500 kN","un",40764.923499999997]
["M2618","Aparelho de apoio metálico esférico fixo com 4 chumbadores e capacidade de 6.000 kN","un",44990.816299999999]
["M2619","Aparelho de apoio metálico esférico fixo com 4 chumbadores e capacidade de 6.500 kN","un",49769.735999999997]
["M2620","Aparelho de apoio metálico esférico fixo com 4 chumbadores e capacidade de 7.000 kN","un",54749.628900000003]
["M2621","Aparelho de apoio metálico esférico fixo com 4 chumbadores e capacidade de 7.500 kN","un",55689.471299999997]
["M2622","Aparelho de apoio metálico esférico fixo com 4 chumbadores e capacidade de 8.000 kN","un",61631.309300000001]
["M2623","Grelha metálica para boca de lobo com capacidade de até 300 kN - C = 0,90 m e L = 0,30 m","un",566.02099999999996]
["M2624","Grelha de piso em PVC para passagem de pedestres - C = 50 cm e L = 13 cm","un",64.535300000000007]
["M2625","Marco em PVC para grelha de piso - L = 2,50 m","un",69.327299999999994]
["M2626","Grelha de piso em PVC para passagem de veículos de até 3 t - C = 50 cm e L = 13 cm","un",92.720500000000001]
["M2627","Grelha de piso em PVC para passagem de veículos de até 10 t - C = 50 cm e L = 13 cm","un",116.6712]
["M2628","Grelha de piso em PVC para passagem de pedestres - C = 50 cm e L = 20 cm","un",118.8502]
["M2629","Grelha de piso em PVC para passagem de veículos de até 3 t - C = 50 cm e L = 20 cm","un",128.52780000000001]
["M2631","Grelha metálica para canaletas - C = 1,00 m e L = 0,10 m","un",72.702799999999996]
["M2632","Grelha metálica para canaletas - C = 1,00 m e L = 0,15 m","un",144.5018]
["M2633","Porta-grelha metálica - C = 1,00 m e L = 0,15 m","m",107.37560000000001]
["M2634","Grelha metálica para canaletas - C = 1,00 m e L = 0,20 m","un",306.09289999999999]
["M2635","Porta-grelha metálica - C = 1,00 m e L = 0,20 m","m",107.18219999999999]
["M2636","Porta-grelha metálica - C = 1,00 m e L = 0,10 m","m",74.899500000000003]
["M2637","Aparelho de apoio metálico esférico fixo com 4 chumbadores e capacidade de 8.500 kN","un",63200.630599999997]
["M2638","Aparelho de apoio metálico esférico fixo com 4 chumbadores e capacidade de 9.000 kN","un",70541.290500000003]
["M2639","Aparelho de apoio metálico esférico fixo com 4 chumbadores e capacidade de 9.500 kN","un",74643.937600000005]
["M2640","Aparelho de apoio metálico esférico fixo com 4 chumbadores e capacidade de 10.000 kN","un",78832.279800000004]
["M2641","Aparelho de apoio metálico esférico unidirecional com 4 chumbadores e capacidade de 4.500 kN","un",40179.497300000003]
["M2642","Aparelho de apoio metálico esférico unidirecional com 4 chumbadores e capacidade de 5.000 kN","un",44479.104700000004]
["M2643","Aparelho de apoio metálico esférico unidirecional com 4 chumbadores e capacidade de 5.500 kN","un",48251.328099999999]
["M2644","Aparelho de apoio metálico esférico unidirecional com 4 chumbadores e capacidade de 6.000 kN","un",50173.2981]
["M2645","Aparelho de apoio metálico esférico unidirecional com 4 chumbadores e capacidade de 6.500 kN","un",54265.588199999998]
["M2646","Aparelho de apoio metálico esférico unidirecional com 4 chumbadores e capacidade de 7.000 kN","un",58314.596100000002]
["M2647","Aparelho de apoio metálico esférico unidirecional com 4 chumbadores e capacidade de 7.500 kN","un",62627.528700000003]
["M2648","Fincapino de ação direta e pino com furo - D = 6,35 mm (1/4\")","un",1.7484999999999999]
["M2649","Aparelho de apoio metálico esférico unidirecional com 4 chumbadores e capacidade de 8.000 kN","un",66579.313800000004]
["M2650","Aparelho de apoio metálico esférico unidirecional com 4 chumbadores e capacidade de 8.500 kN","un",71849.874599999996]
["M2651","Chapa múltipla metálica corrugada revestida em epóxi tipo MP 100 ou similar - E = 1,60 mm e D = 0,60 m","m",1533.616]
["M2652","Chapa múltipla metálica corrugada revestida em epóxi tipo MP 100 ou similar - E = 1,60 mm e D = 0,70 m","m",1773.2419]
["M2653","Chapa múltipla metálica corrugada revestida em epóxi tipo MP 100 ou similar - E = 1,60 mm e D = 0,80 m","m",2012.8758]
["M2654","Chapa múltipla metálica corrugada revestida em epóxi tipo MP 100 ou similar - E = 1,60 mm e D = 0,90 m","m",2204.5720999999999]
["M2655","Chapa múltipla metálica corrugada revestida em epóxi tipo MP 100 ou similar - E = 1,60 mm e D = 1,00 m","m",2444.2141999999999]
["M2656","Chapa múltipla metálica corrugada revestida em epóxi tipo MP 100 ou similar - E = 1,60 mm e D = 1,10 m","m",2779.7267000000002]
["M2657","Chapa múltipla metálica corrugada revestida em epóxi tipo MP 100 ou similar - E = 1,60 mm e D = 1,20 m","m",2971.4306000000001]
["M2658","Chapa múltipla metálica corrugada revestida em epóxi tipo MP 100 ou similar - E = 1,60 mm e D = 1,30 m","m",3211.0515999999998]
["M2659","Chapa múltipla metálica corrugada revestida em epóxi tipo MP 100 ou similar - E = 1,60 mm e D = 1,40 m","m",3402.7737000000002]
["M2660","Chapa múltipla metálica corrugada revestida em epóxi tipo MP 100 ou similar - E = 1,60 mm e D = 1,50 m","m",3642.3343]
["M2661","Chapa múltipla metálica corrugada revestida em epóxi tipo MP 100 ou similar - E = 1,60 mm e D = 1,60 m","m",3882.0165000000002]
["M2662","Chapa múltipla metálica corrugada revestida em epóxi tipo MP 100 ou similar - E = 1,60 mm e D = 1,70 m","m",4073.7141000000001]
["M2663","Chapa múltipla metálica corrugada revestida em epóxi tipo MP 100 ou similar - E = 1,60 mm e D = 1,80 m","m",4313.2834000000003]
["M2664","Chapa múltipla metálica corrugada revestida em epóxi tipo MP 100 ou similar - E = 2,00 mm e D = 1,90 m","m",5074.0078000000003]
["M2665","Chapa múltipla metálica corrugada revestida em epóxi tipo MP 100 ou similar - E = 2,00 mm e D = 2,00 m","m",5348.3328000000001]
["M2666","Chapa múltipla metálica corrugada revestida em epóxi tipo MP 100 ou similar - E = 2,00 mm e D = 2,10 m","m",5713.8617999999997]
["M2667","Chapa múltipla metálica corrugada revestida em epóxi tipo MP 100 ou similar - E = 2,00 mm e D = 2,20 m","m",5851.1702999999998]
["M2668","Chapa múltipla metálica corrugada revestida em epóxi tipo MP 100 ou similar - E = 2,00 mm e D = 2,30 m","m",6079.6641]
["M2669","Chapa múltipla metálica corrugada revestida em epóxi tipo MP 100 ou similar - E = 2,70 mm e D = 2,40 m","m",8283.3333000000002]
["M2670","Chapa múltipla metálica corrugada revestida em epóxi tipo MP 100 ou similar - E = 3,40 mm e D = 2,50 m","m",10502.0126]
["M2671","Chapa múltipla metálica corrugada revestida em epóxi tipo MP 100 ou similar - E = 3,40 mm e D = 2,60 m","m",11098.6738]
["M2672","Chapa múltipla metálica corrugada revestida em epóxi tipo MP 100 ou similar - E = 3,40 mm e D = 2,70 m","m",11313.087]
["M2673","Chapa múltipla metálica corrugada revestida em epóxi tipo MP 100 ou similar - E = 3,40 mm e D = 2,80 m","m",11868.203799999999]
["M2674","Chapa múltipla metálica corrugada revestida em epóxi tipo MP 152 ou similar - E = 2,70 mm e D = 1,50 m","m",7440.0940000000001]
["M2675","Chapa múltipla metálica corrugada revestida em epóxi tipo MP 152 ou similar - E = 2,70 mm e D = 1,80 m","m",8996.2870999999996]
["M2676","Chapa múltipla metálica corrugada revestida em epóxi tipo MP 152 ou similar - E = 2,70 mm e D = 1,90 m","m",9288.3066999999992]
["M2677","Chapa múltipla metálica corrugada revestida em epóxi tipo MP 152 ou similar - E = 2,70 mm e D = 2,15 m","m",10552.5496]
["M2678","Chapa múltipla metálica corrugada revestida em epóxi tipo MP 152 ou similar - E = 2,70 mm e D = 2,30 m","m",11136.2546]
["M2679","Chapa múltipla metálica corrugada revestida em epóxi tipo MP 152 ou similar - E = 2,70 mm e D = 2,65 m","m",13033.4668]
["M2680","Chapa múltipla metálica corrugada revestida em epóxi tipo MP 152 ou similar - E = 2,70 mm e D = 3,05 m","m",14880.188]
["M2681","Chapa múltipla metálica corrugada revestida em epóxi tipo MP 152 ou similar - E = 2,70 mm e D = 3,20 m","m",15804.927900000001]
["M2682","Chapa múltipla metálica corrugada revestida em epóxi tipo MP 152 ou similar - E = 2,70 mm e D = 3,40 m","m",16729.754199999999]
["M2683","Chapa múltipla metálica corrugada revestida em epóxi tipo MP 152 ou similar - E = 2,70 mm e D = 3,65 m","m",17946.0834]
["M2684","Chapa múltipla metálica corrugada revestida em epóxi tipo MP 152 ou similar - E = 2,70 mm e D = 3,80 m","m",18578.0052]
["M2685","Chapa múltipla metálica corrugada revestida em epóxi tipo MP 152 ou similar - E = 2,70 mm e D = 4,20 m","m",20475.254300000001]
["M2686","Chapa múltipla metálica corrugada revestida em epóxi tipo MP 152 ou similar - E = 2,70 mm e D = 4,60 m","m",22320.281999999999]
["M2687","Chapa múltipla metálica corrugada revestida em epóxi tipo MP 152 ou similar - E = 3,40 mm e D = 4,80 m","m",28468.269400000001]
["M2688","Chapa múltipla metálica corrugada revestida em epóxi tipo MP 152 ou similar - E = 3,40 mm e D = 5,00 m","m",29271.951099999998]
["M2689","Chapa múltipla metálica corrugada revestida em epóxi tipo MP 152 ou similar - E = 3,90 mm e D = 5,35 m","m",35799.043299999998]
["M2690","Chapa múltipla metálica corrugada revestida em epóxi tipo MP 152 ou similar - E = 3,90 mm e D = 5,70 m","m",38361.109600000003]
["M2691","Chapa múltipla metálica corrugada revestida em epóxi tipo MP 152 ou similar - E = 4,70 mm e D = 6,10 m","m",47428.611400000002]
["M2692","Chapa múltipla metálica corrugada revestida em epóxi tipo MP 152 ou similar - E = 6,40 mm e D = 6,50 m","m",60889.406600000002]
["M2693","Chapa múltipla metálica corrugada revestida em epóxi tipo MP 152 ou similar - E = 6,40 mm e D = 6,85 m","m",64477.274299999997]
["M2694","Chapa múltipla metálica corrugada revestida em epóxi tipo MP 152 ou similar - E = 6,40 mm e D = 7,25 m","m",68022.212]
["M2695","Aparelho de apoio metálico esférico unidirecional com 4 chumbadores e capacidade de 9.000 kN","un",76170.819199999998]
["M2696","Aparelho de apoio metálico esférico unidirecional com 4 chumbadores e capacidade de 9.500 kN","un",80599.370899999994]
["M2697","Aparelho de apoio metálico esférico unidirecional com 4 chumbadores e capacidade de 10.000 kN","un",84811.4326]
["M2698","Fincapino de ação indireta e pino liso - D = 6,35 mm (1/4\")","un",0.9415]
["M2700","Corpo de BSCC pré-moldado comercial - seção de 1,5 m x 1,5 m - tipo I","m",2382.0653000000002]
["M2701","Corpo de BSCC pré-moldado comercial - seção de 1,5 m x 1,5 m - tipo II","m",2510.2867000000001]
["M2702","Corpo de BSCC pré-moldado comercial - seção de 1,5 m x 1,5 m - tipo III","m",2582.1803]
["M2703","Corpo de BSCC pré-moldado comercial - seção de 1,5 m x 1,5 m - tipo IV","m",2846.2152000000001]
["M2704","Corpo de BSCC pré-moldado comercial - seção de 1,5 m x 1,5 m - tipo V","m",3437.29]
["M2705","Corpo de BSCC pré-moldado comercial - seção de 1,5 m x 1,5 m - tipo VI","m",3590.4452000000001]
["M2706","Corpo de BSCC pré-moldado comercial - seção de 1,5 m x 1,5 m - tipo VII","m",3813.1327999999999]
["M2707","Corpo de BSCC pré-moldado comercial - seção de 2,0 m x 2,0 m - tipo I","m",3285.2064]
["M2708","Corpo de BSCC pré-moldado comercial - seção de 2,0 m x 2,0 m - tipo II","m",3381.886]
["M2709","Corpo de BSCC pré-moldado comercial - seção de 2,0 m x 2,0 m - tipo III","m",3468.2752]
["M2710","Corpo de BSCC pré-moldado comercial - seção de 2,0 m x 2,0 m - tipo IV","m",4210.1643999999997]
["M2711","Corpo de BSCC pré-moldado comercial - seção de 2,0 m x 2,0 m - tipo V","m",4370.3040000000001]
["M2712","Corpo de BSCC pré-moldado comercial - seção de 2,0 m x 2,0 m - tipo VI","m",4437.6628000000001]
["M2713","Corpo de BSCC pré-moldado comercial - seção de 2,0 m x 2,0 m - tipo VII","m",4739.2915999999996]
["M2714","Corpo de BSCC pré-moldado comercial - seção de 2,5 m x 2,5 m - tipo I","m",3936.078]
["M2715","Corpo de BSCC pré-moldado comercial - seção de 2,5 m x 2,5 m - tipo II","m",4247.5716000000002]
["M2716","Corpo de BSCC pré-moldado comercial - seção de 2,5 m x 2,5 m - tipo III","m",5120.7507999999998]
["M2717","Corpo de BSCC pré-moldado comercial - seção de 2,5 m x 2,5 m - tipo IV","m",5472.4408000000003]
["M2718","Corpo de BSCC pré-moldado comercial - seção de 2,5 m x 2,5 m - tipo V","m",5552.8487999999998]
["M2719","Corpo de BSCC pré-moldado comercial - seção de 2,5 m x 2,5 m - tipo VI","m",6516.0803999999998]
["M2720","Corpo de BSCC pré-moldado comercial - seção de 2,5 m x 2,5 m - tipo VII","m",6787.4763999999996]
["M2721","Corpo de BSCC pré-moldado comercial - seção de 3,0 m x 3,0 m - tipo I","m",5664.0064000000002]
["M2722","Corpo de BSCC pré-moldado comercial - seção de 3,0 m x 3,0 m - tipo II","m",5992.8963999999996]
["M2723","Corpo de BSCC pré-moldado comercial - seção de 3,0 m x 3,0 m - tipo III","m",6762.5864000000001]
["M2724","Corpo de BSCC pré-moldado comercial - seção de 3,0 m x 3,0 m - tipo IV","m",7127.7511999999997]
["M2725","Corpo de BSCC pré-moldado comercial - seção de 3,0 m x 3,0 m - tipo V","m",7564.5991999999997]
["M2726","Corpo de BSCC pré-moldado comercial - seção de 3,0 m x 3,0 m - tipo VI","m",7744.4456]
["M2727","Corpo de BSCC pré-moldado comercial - seção de 3,0 m x 3,0 m - tipo VII","m",7870.4260999999997]
["M2728","Corpo de BSCC pré-moldado comercial - seção canal de 1,5 m x 1,5 m","m",2225.4168]
["M2729","Corpo de BSCC pré-moldado comercial - seção canal de 2,0 m x 1,5 m","m",2363.5012000000002]
["M2730","Corpo de BSCC pré-moldado comercial - seção canal de 2,0 m x 2,0 m - tipo I","m",3381.1792]
["M2731","Corpo de BSCC pré-moldado comercial - seção canal de 2,0 m x 2,0 m - tipo II","m",3559.1408000000001]
["M2732","Corpo de BSCC pré-moldado comercial - seção canal de 2,5 m x 1,5 m","m",2821.9180000000001]
["M2733","Corpo de BSCC pré-moldado comercial - seção canal de 2,5 m x 2,0 m - tipo I","m",3877.0108]
["M2734","Corpo de BSCC pré-moldado comercial - seção canal de 2,5 m x 2,0 m - tipo II","m",4747.5604000000003]
["M2735","Corpo de BSCC pré-moldado comercial - seção canal de 3,0 m x 1,5 m","m",3301.9643999999998]
["M2736","Corpo de BSCC pré-moldado comercial - seção canal de 3,0 m x 2,0 m - tipo I","m",4406.0771999999997]
["M2737","Corpo de BSCC pré-moldado comercial - seção canal de 3,0 m x 2,0 m - tipo II","m",4518.7623999999996]
["M2738","Aparelho de apoio metálico esférico multidirecional com 4 chumbadores e capacidade de 1.000 kN","un",8553.4712]
["M2739","Aparelho de apoio metálico esférico multidirecional com 4 chumbadores e capacidade de 1.500 kN","un",12268.0124]
["M2740","Aparelho de apoio metálico esférico multidirecional com 4 chumbadores e capacidade de 2.000 kN","un",15981.1098]
["M2741","Aparelho de apoio metálico esférico multidirecional com 4 chumbadores e capacidade de 2.500 kN","un",19457.023700000002]
["M2742","Aparelho de apoio metálico esférico multidirecional com 4 chumbadores e capacidade de 3.000 kN","un",21935.135900000001]
["M2743","Aparelho de apoio metálico esférico multidirecional com 4 chumbadores e capacidade de 3.500 kN","un",25275.902600000001]
["M2744","Aparelho de apoio metálico esférico multidirecional com 4 chumbadores e capacidade de 4.000 kN","un",27562.0226]
["M2745","Aparelho de apoio metálico esférico multidirecional com 4 chumbadores e capacidade de 4.500 kN","un",33917.6921]
["M2746","Aparelho de apoio metálico esférico multidirecional com 4 chumbadores e capacidade de 5.000 kN","un",37114.43]
["M2747","Aparelho de apoio metálico esférico multidirecional com 4 chumbadores e capacidade de 5.500 kN","un",40969.640099999997]
["M2748","Aparelho de apoio metálico esférico multidirecional com 4 chumbadores e capacidade de 6.000 kN","un",46578.308499999999]
["M2749","Aparelho de apoio metálico esférico multidirecional com 4 chumbadores e capacidade de 6.500 kN","un",50326.011700000003]
["M2750","Aparelho de apoio metálico esférico multidirecional com 4 chumbadores e capacidade de 7.000 kN","un",54176.494899999998]
["M2751","Aparelho de apoio metálico esférico multidirecional com 4 chumbadores e capacidade de 7.500 kN","un",58462.678800000002]
["M2752","Aparelho de apoio metálico esférico multidirecional com 4 chumbadores e capacidade de 8.000 kN","un",64877.368999999999]
["M2753","Aparelho de apoio metálico esférico multidirecional com 4 chumbadores e capacidade de 8.500 kN","un",71131.080600000001]
["M2754","Aparelho de apoio metálico esférico multidirecional com 4 chumbadores e capacidade de 9.000 kN","un",75038.373000000007]
["M2755","Aparelho de apoio metálico esférico multidirecional com 4 chumbadores e capacidade de 9.500 kN","un",79680.061000000002]
["M2756","Aparelho de apoio metálico esférico multidirecional com 4 chumbadores e capacidade de 10.000 kN","un",83680.099300000002]
["M2757","Aparelho de apoio metálico elastomérico fixo com 4 chumbadores e capacidade de 700 kN","un",4656.4930000000004]
["M2758","Aparelho de apoio metálico elastomérico fixo com 4 chumbadores e capacidade de 1.500 kN","un",7095.0491000000002]
["M2759","Aparelho de apoio metálico elastomérico fixo com 4 chumbadores e capacidade de 2.500 kN","un",11653.206899999999]
["M2760","Aparelho de apoio metálico elastomérico fixo com 4 chumbadores e capacidade de 4.000 kN","un",17646.915199999999]
["M2761","Aparelho de apoio metálico elastomérico fixo com 4 chumbadores e capacidade de 5.500 kN","un",24327.764299999999]
["M2762","Aparelho de apoio metálico elastomérico fixo com 4 chumbadores e capacidade de 7.500 kN","un",33744.768600000003]
["M2763","Aparelho de apoio metálico elastomérico fixo com 4 chumbadores e capacidade de 10.000 kN","un",46467.902399999999]
["M2764","Aparelho de apoio metálico elastomérico unidirecional com 4 chumbadores e capacidade de 700 kN","un",4584.8693999999996]
["M2765","Aparelho de apoio metálico elastomérico unidirecional com 4 chumbadores e capacidade de 1.500 kN","un",6911.8482999999997]
["M2766","Aparelho de apoio metálico elastomérico unidirecional com 4 chumbadores e capacidade de 2.500 kN","un",9950.1000999999997]
["M2767","Aparelho de apoio metálico elastomérico unidirecional com 4 chumbadores e capacidade de 4.000 kN","un",17434.087899999999]
["M2768","Aparelho de apoio metálico elastomérico unidirecional com 4 chumbadores e capacidade de 5.500 kN","un",23750.725399999999]
["M2769","Aparelho de apoio metálico elastomérico unidirecional com 4 chumbadores e capacidade de 7.500 kN","un",29826.666000000001]
["M2770","Aparelho de apoio metálico elastomérico unidirecional com 4 chumbadores e capacidade de 10.000 kN","un",45346.716500000002]
["M2771","Aparelho de apoio metálico elastomérico multidirecional com 4 chumbadores e capacidade de 700 kN","un",3762.7730000000001]
["M2772","Aparelho de apoio metálico elastomérico multidirecional com 4 chumbadores e capacidade de 1.500 kN","un",5564.0562]
["M2773","Aparelho de apoio metálico elastomérico multidirecional com 4 chumbadores e capacidade de 2.500 kN","un",8239.9863000000005]
["M2774","Aparelho de apoio metálico elastomérico multidirecional com 4 chumbadores e capacidade de 4.000 kN","un",13050.5555]
["M2775","Aparelho de apoio metálico elastomérico multidirecional com 4 chumbadores e capacidade de 5.500 kN","un",18566.165700000001]
["M2776","Aparelho de apoio metálico elastomérico multidirecional com 4 chumbadores e capacidade de 7.500 kN","un",26303.428899999999]
["M2777","Aparelho de apoio metálico elastomérico multidirecional com 4 chumbadores e capacidade de 10.000 kN","un",35698.9228]
["M2780","Chapa metálica corrugada galvanizada para tunnel liner - E = 2,7 mm e D = 1,2 m","m",5170.8887000000004]
["M2781","Chapa metálica corrugada galvanizada para tunnel liner - E = 2,7 mm e D = 1,4 m","m",5828.2219999999998]
["M2782","Chapa metálica corrugada galvanizada para tunnel liner - E = 2,7 mm e D = 1,6 m","m",6792.2933999999996]
["M2783","Chapa metálica corrugada galvanizada para tunnel liner - E = 2,7 mm e D = 1,8 m","m",7756.3380999999999]
["M2784","Chapa metálica corrugada galvanizada para tunnel liner - E = 2,7 mm e D = 2,0 m","m",8545.5187999999998]
["M2785","Chapa metálica corrugada galvanizada para tunnel liner - E = 3,4 mm e D = 2,2 m","m",11144.526900000001]
["M2786","Chapa metálica corrugada galvanizada para tunnel liner - E = 3,4 mm e D = 2,4 m","m",12063.1335]
["M2787","Chapa metálica corrugada galvanizada para tunnel liner - E = 3,4 mm e D = 2,6 m","m",13148.7919]
["M2788","Chapa metálica corrugada galvanizada para tunnel liner - E = 3,4 mm e D = 2,8 m","m",14066.536599999999]
["M2789","Chapa metálica corrugada galvanizada para tunnel liner - E = 3,4 mm e D = 3,0 m","m",15152.979300000001]
["M2790","Chapa metálica corrugada galvanizada para tunnel liner - E = 3,4 mm e D = 3,2 m","m",16071.2582]
["M2791","Chapa metálica corrugada galvanizada para tunnel liner - E = 3,9 mm e D = 3,4 m","m",19171.630799999999]
["M2792","Chapa metálica corrugada galvanizada para tunnel liner - E = 3,9 mm e D = 3,6 m","m",20221.6083]
["M2793","Chapa metálica corrugada galvanizada para tunnel liner - E = 3,9 mm e D = 3,8 m","m",21471.839599999999]
["M2794","Chapa metálica corrugada galvanizada para tunnel liner - E = 3,9 mm e D = 4,0 m","m",22442.7088]
["M2795","Chapa metálica corrugada galvanizada para tunnel liner - E = 3,9 mm e D = 4,2 m","m",23653.017400000001]
["M2796","Chapa metálica corrugada galvanizada para tunnel liner - E = 3,9 mm e D = 4,4 m","m",24740.3406]
["M2797","Chapa metálica corrugada galvanizada para tunnel liner - E = 3,9 mm e D = 4,6 m","m",25868.932799999999]
["M2798","Chapa metálica corrugada galvanizada para tunnel liner - E = 4,7 mm e D = 4,8 m","m",31332.8315]
["M2799","Chapa metálica corrugada galvanizada para tunnel liner - E = 4,7 mm e D = 5,0 m","m",32809.775399999999]
["M2800","Chapa metálica corrugada galvanizada revestida com epóxi para tunnel liner - E = 2,7 mm e D = 1,2 m","m",5424.2164000000002]
["M2801","Chapa metálica corrugada galvanizada revestida com epóxi para tunnel liner - E = 2,7 mm e D = 1,4 m","m",6113.7460000000001]
["M2802","Chapa metálica corrugada galvanizada revestida com epóxi para tunnel liner - E = 2,7 mm e D = 1,6 m","m",7125.0486000000001]
["M2803","Chapa metálica corrugada galvanizada revestida com epóxi para tunnel liner - E = 2,7 mm e D = 1,8 m","m",8136.3247000000001]
["M2804","Chapa metálica corrugada galvanizada revestida com epóxi para tunnel liner - E = 2,7 mm e D = 2,0 m","m",8964.1409000000003]
["M2805","Chapa metálica corrugada galvanizada revestida com epóxi para tunnel liner - E = 3,4 mm e D = 2,2 m","m",12026.6554]
["M2806","Chapa metálica corrugada galvanizada revestida com epóxi para tunnel liner - E = 3,4 mm e D = 2,4 m","m",13017.9494]
["M2807","Chapa metálica corrugada galvanizada revestida com epóxi para tunnel liner - E = 3,4 mm e D = 2,6 m","m",14189.5047]
["M2808","Chapa metálica corrugada galvanizada revestida com epóxi para tunnel liner - E = 3,4 mm e D = 2,8 m","m",15179.936799999999]
["M2809","Chapa metálica corrugada galvanizada revestida com epóxi para tunnel liner - E = 3,4 mm e D = 3,0 m","m",16352.276400000001]
["M2810","Chapa metálica corrugada galvanizada revestida com epóxi para tunnel liner - E = 3,4 mm e D = 3,2 m","m",17343.2428]
["M2811","Chapa múltipla metálica corrugada galvanizada tipo MP 152 lenticular ou similar - E = 2,70 mm, H = 1,40 m e vão = 1,95 m","m",8612.6327999999994]
["M2812","Chapa múltipla metálica corrugada galvanizada tipo MP 152 lenticular ou similar - E = 2,70 mm, H = 1,50 m e vão = 2,15 m","m",9516.7684000000008]
["M2813","Chapa múltipla metálica corrugada galvanizada tipo MP 152 lenticular ou similar - E = 2,70 mm, H = 1,60 m e vão = 2,30 m","m",10151.0134]
["M2814","Chapa múltipla metálica corrugada galvanizada tipo MP 152 lenticular ou similar - E = 2,70 mm, H = 1,65 m e vão = 2,55 m","m",10770.252699999999]
["M2815","Chapa múltipla metálica corrugada galvanizada tipo MP 152 lenticular ou similar - E = 2,70 mm, H = 1,85 m e vão = 2,70 m","m",11673.7618]
["M2816","Chapa múltipla metálica corrugada galvanizada tipo MP 152 lenticular ou similar - E = 2,70 mm, H = 1,90 m e vão = 2,75 m","m",11991.0762]
["M2817","Chapa múltipla metálica corrugada galvanizada tipo MP 152 lenticular ou similar - E = 2,70 mm, H = 2,00 m e vão = 3,00 m","m",12609.816500000001]
["M2818","Chapa múltipla metálica corrugada galvanizada tipo MP 152 lenticular ou similar - E = 2,70 mm, H = 2,10 m e vão = 3,20 m","m",13228.348599999999]
["M2819","Chapa múltipla metálica corrugada galvanizada tipo MP 152 lenticular ou similar - E = 2,70 mm, H = 2,15 m e vão = 3,35 m","m",13846.4445]
["M2820","Chapa múltipla metálica corrugada galvanizada tipo MP 152 lenticular ou similar - E = 2,70 mm, H = 2,25 m e vão = 3,55 m","m",14465.4944]
["M2821","Chapa múltipla metálica corrugada galvanizada tipo MP 152 lenticular ou similar - E = 2,70 mm, H = 2,35 m e vão = 3,70 m","m",15369.917100000001]
["M2822","Chapa múltipla metálica corrugada galvanizada tipo MP 152 lenticular ou similar - E = 2,70 mm, H = 2,45 m e vão = 3,90 m","m",16005.2363]
["M2823","Chapa múltipla metálica corrugada galvanizada tipo MP 152 lenticular ou similar - E = 2,70 mm, H = 2,55 m e vão = 4,00 m","m",16623.8174]
["M2824","Chapa múltipla metálica corrugada galvanizada tipo MP 152 lenticular ou similar - E = 2,70 mm, H = 2,80 m e vão = 4,15 m","m",17240.862400000002]
["M2825","Chapa múltipla metálica corrugada galvanizada tipo MP 152 lenticular ou similar - E = 2,70 mm, H = 2,90 m e vão = 4,40 m","m",17861.079099999999]
["M2826","Chapa múltipla metálica corrugada galvanizada tipo MP 152 lenticular ou similar - E = 2,70 mm, H = 3,00 m e vão = 4,60 m","m",18781.3033]
["M2827","Chapa múltipla metálica corrugada galvanizada tipo MP 152 lenticular ou similar - E = 3,40 mm, H = 3,05 m e vão = 4,80 m","m",23351.5815]
["M2828","Chapa múltipla metálica corrugada galvanizada tipo MP 152 lenticular ou similar - E = 3,40 mm, H = 3,15 m e vão = 5,05 m","m",24441.555899999999]
["M2829","Chapa múltipla metálica corrugada galvanizada tipo MP 152 lenticular ou similar - E = 3,40 mm, H = 3,25 m e vão = 5,25 m","m",25211.287]
["M2830","Chapa múltipla metálica corrugada galvanizada tipo MP 152 lenticular ou similar - E = 3,90 mm, H = 3,35 m e vão = 5,45 m","m",28869.357100000001]
["M2831","Chapa múltipla metálica corrugada galvanizada tipo MP 152 lenticular ou similar - E = 3,90 mm, H = 3,40 m e vão = 5,60 m","m",29298.051200000002]
["M2832","Chapa múltipla metálica corrugada galvanizada tipo MP 152 lenticular ou similar - E = 4,70 mm, H = 3,50 m e vão = 5,80 m","m",35187.807800000002]
["M2833","Chapa múltipla metálica corrugada galvanizada tipo MP 152 lenticular ou similar - E = 4,70 mm, H = 3,55 m e vão = 5,90 m","m",35681.602200000001]
["M2834","Chapa múltipla metálica corrugada galvanizada tipo MP 152 lenticular ou similar - E = 4,70 mm, H = 3,65 m e vão = 6,10 m","m",37052.920899999997]
["M2835","Chapa múltipla metálica corrugada galvanizada tipo MP 152 lenticular ou similar - E = 4,70 mm, H = 3,65 m e vão = 6,25 m","m",37548.165399999998]
["M2836","Chapa múltipla metálica corrugada galvanizada tipo MP 152 lenticular ou similar - E = 6,40 mm, H = 3,75 m e vão = 6,40 m","m",51483.789599999996]
["M2837","Chapa múltipla metálica corrugada galvanizada tipo MP 152 lenticular ou similar - E = 6,40 mm, H = 3,85 m e vão = 6,60 m","m",53286.828099999999]
["M2838","Chapa múltipla metálica corrugada galvanizada tipo MP 152 ou similar para passagem de gado - E = 2,70 mm, H = 2,25 m e vão = 2,20 m","m",11706.0291]
["M2839","Chapa múltipla metálica corrugada galvanizada tipo MP 152 ou similar para passagem de gado - E = 2,70 mm, H = 3,10 m e vão = 2,90 m","m",15369.917100000001]
["M2840","Chapa múltipla metálica corrugada galvanizada tipo MP 152 ou similar para passagem inferior - E = 2,70 mm, H = 3,50 m e vão = 3,70 m","m",17845.4925]
["M2841","Chapa múltipla metálica corrugada galvanizada tipo MP 152 ou similar para passagem inferior - E = 2,70 mm, H = 3,60 m e vão = 3,90 m","m",18765.726600000002]
["M2842","Chapa múltipla metálica corrugada galvanizada tipo MP 152 ou similar para passagem inferior - E = 2,70 mm, H = 3,75 m e vão = 4,00 m","m",19382.3331]
["M2843","Chapa múltipla metálica corrugada galvanizada tipo MP 152 ou similar para passagem inferior - E = 2,70 mm, H = 3,90 m e vão = 4,20 m","m",20002.653699999999]
["M2844","Chapa múltipla metálica corrugada galvanizada tipo MP 152 ou similar para passagem inferior - E = 2,70 mm, H = 4,10 m e vão = 4,25 m","m",20620.4617]
["M2845","Chapa múltipla metálica corrugada galvanizada tipo MP 152 ou similar para passagem inferior - E = 2,70 mm, H = 4,25 m e vão = 4,40 m","m",21542.405599999998]
["M2846","Chapa múltipla metálica corrugada galvanizada tipo MP 152 ou similar para passagem inferior - E = 2,70 mm, H = 4,40 m e vão = 4,50 m","m",22157.916399999998]
["M2847","Chapa múltipla metálica corrugada galvanizada tipo MP 152 ou similar para passagem inferior - E = 3,40 mm, H = 4,50 m e vão = 4,70 m","m",27439.3524]
["M2848","Chapa múltipla metálica corrugada galvanizada tipo MP 152 ou similar para passagem inferior - E = 3,40 mm, H = 4,75 m e vão = 4,80 m","m",28831.748100000001]
["M2849","Chapa múltipla metálica corrugada galvanizada tipo MP 152 ou similar para passagem inferior - E = 3,40 mm, H = 4,85 m e vão = 5,00 m","m",29600.162]
["M2850","Chapa múltipla metálica corrugada galvanizada tipo MP 152 ou similar para passagem inferior - E = 3,40 mm, H = 4,90 m e vão = 5,15 m","m",30369.435700000002]
["M2851","Chapa múltipla metálica corrugada galvanizada tipo MP 152 ou similar para passagem inferior - E = 3,40 mm, H = 5,00 m e vão = 5,25 m","m",30739.3446]
["M2852","Chapa múltipla metálica corrugada galvanizada tipo MP 152 ou similar para passagem inferior - E = 3,40 mm, H = 5,30 m e vão = 5,30 m","m",32152.047900000001]
["M2853","Chapa múltipla metálica corrugada galvanizada tipo MP 152 ou similar para passagem inferior - E = 3,90 mm, H = 5,25 m e vão = 5,65 m","m",36909.959199999998]
["M2854","Chapa múltipla metálica corrugada galvanizada tipo MP 152 ou similar para passagem inferior - E = 4,70 mm, H = 5,30 m e vão = 5,85 m","m",43892.486199999999]
["M2855","Chapa múltipla metálica corrugada galvanizada tipo MP 152 ou similar para passagem inferior - E = 4,70 mm, H = 5,45 m e vão = 6,00 m","m",44874.593099999998]
["M2856","Chapa múltipla metálica corrugada galvanizada tipo MP 152 ou similar para passagem inferior - E = 4,70 mm, H = 5,50 m e vão = 6,25 m","m",45871.754800000002]
["M2857","Chapa múltipla metálica corrugada galvanizada de arco alto tipo MP 152S ou similar - E = 4,70 mm, H = 2,77 m e vão = 6,12 m","m",26773.324199999999]
["M2858","Chapa múltipla metálica corrugada galvanizada de arco alto tipo MP 152S ou similar - E = 4,70 mm, H = 3,68 m e vão = 6,30 m","m",31312.0517]
["M2859","Chapa múltipla metálica corrugada galvanizada de arco alto tipo MP 152S ou similar - E = 4,70 mm, H = 3,56 m e vão = 6,55 m","m",31289.960899999998]
["M2860","Chapa múltipla metálica corrugada galvanizada de arco alto tipo MP 152S ou similar - E = 4,70 mm, H = 4,42 m e vão = 6,96 m","m",37291.157800000001]
["M2861","Chapa múltipla metálica corrugada galvanizada de arco alto tipo MP 152S ou similar - E = 4,70 mm, H = 3,61 m e vão = 6,78 m","m",33002.623]
["M2862","Chapa múltipla metálica corrugada galvanizada de arco alto tipo MP 152S ou similar - E = 4,70 mm, H = 4,27 m e vão = 6,99 m","m",37164.709600000002]
["M2863","Chapa múltipla metálica corrugada galvanizada de arco alto tipo MP 152S ou similar - E = 4,70 mm, H = 3,63 m e vão = 7,01 m","m",33564.693099999997]
["M2864","Chapa múltipla metálica corrugada galvanizada de arco alto tipo MP 152S ou similar - E = 4,70 mm, H = 4,52 m e vão = 7,42 m","m",38827.233399999997]
["M2865","Chapa múltipla metálica corrugada galvanizada de arco alto tipo MP 152S ou similar - E = 4,70 mm, H = 3,68 m e vão = 7,24 m","m",34111.2327]
["M2866","Chapa múltipla metálica corrugada galvanizada de arco alto tipo MP 152S ou similar - E = 4,70 mm, H = 4,19 m e vão = 7,47 m","m",36880.198600000003]
["M2867","Chapa múltipla metálica corrugada galvanizada de arco alto tipo MP 152S ou similar - E = 4,70 mm, H = 4,60 m e vão = 7,85 m","m",39930.1898]
["M2868","Chapa múltipla metálica corrugada galvanizada de arco alto tipo MP 152S ou similar - E = 4,70 mm, H = 3,99 m e vão = 7,67 m","m",36332.049599999998]
["M2869","Chapa múltipla metálica corrugada galvanizada de arco alto tipo MP 152S ou similar - E = 4,70 mm, H = 4,65 m e vão = 8,08 m","m",40480.388400000003]
["M2870","Chapa múltipla metálica corrugada galvanizada de arco alto tipo MP 152S ou similar - E = 4,70 mm, H = 4,04 m e vão = 7,90 m","m",37291.157800000001]
["M2871","Chapa múltipla metálica corrugada galvanizada de arco alto tipo MP 152S ou similar - E = 4,70 mm, H = 4,70 m e vão = 8,31 m","m",41457.836199999998]
["M2872","Chapa múltipla metálica corrugada galvanizada de arco alto tipo MP 152S ou similar - E = 4,70 mm, H = 4,11 m e vão = 8,36 m","m",38404.3727]
["M2873","Chapa múltipla metálica corrugada galvanizada de arco alto tipo MP 152S ou similar - E = 4,70 mm, H = 5,00 m e vão = 8,97 m","m",43666.290399999998]
["M2874","Chapa múltipla metálica corrugada galvanizada de arco alto tipo MP 152S ou similar - E = 4,70 mm, H = 4,39 m e vão = 8,59 m","m",40056.638099999996]
["M2875","Chapa múltipla metálica corrugada galvanizada de arco alto tipo MP 152S ou similar - E = 4,70 mm, H = 5,49 m e vão = 9,17 m","m",46433.4496]
["M2876","Chapa múltipla metálica corrugada galvanizada de arco alto tipo MP 152S ou similar - E = 4,70 mm, H = 4,70 m e vão = 9,22 m","m",43539.842199999999]
["M2877","Chapa múltipla metálica corrugada galvanizada de arco alto tipo MP 152S ou similar - E = 4,70 mm, H = 5,59 m e vão = 9,63 m","m",47952.602500000001]
["M2878","Chapa múltipla metálica corrugada galvanizada de arco alto tipo MP 152S ou similar - E = 4,70 mm, H = 4,75 m e vão = 9,45 m","m",44077.249600000003]
["M2879","Chapa múltipla metálica corrugada galvanizada de arco alto tipo MP 152S ou similar - E = 4,70 mm, H = 5,41 m e vão = 9,65 m","m",47415.195099999997]
["M2880","Chapa múltipla metálica corrugada galvanizada de arco alto tipo MP 152S ou similar - E = 4,70 mm, H = 6,07 m e vão = 9,86 m","m",51571.836300000003]
["M2881","Chapa múltipla metálica corrugada galvanizada de arco alto tipo MP 152S ou similar - E = 4,70 mm, H = 5,23 m e vão = 9,68 m","m",46844.408799999997]
["M2882","Chapa múltipla metálica corrugada galvanizada de arco alto tipo MP 152S ou similar - E = 4,70 mm, H = 6,12 m e vão = 10,08 m","m",52109.243699999999]
["M2883","Chapa múltipla metálica corrugada galvanizada de arco alto tipo MP 152S ou similar - E = 4,70 mm, H = 5,28 m e vão = 9,91 m","m",47415.195099999997]
["M2884","Chapa múltipla metálica corrugada galvanizada de arco alto tipo MP 152S ou similar - E = 4,70 mm, H = 6,17 m e vão = 10,31 m","m",52684.519800000002]
["M2885","Chapa múltipla metálica corrugada galvanizada de arco alto tipo MP 152S ou similar - E = 4,70 mm, H = 5,38 m e vão = 10,36 m","m",48919.321600000003]
["M2886","Chapa múltipla metálica corrugada galvanizada de arco alto tipo MP 152S ou similar - E = 4,70 mm, H = 6,05 m e vão = 10,54 m","m",53095.478999999999]
["M2887","Chapa múltipla metálica corrugada galvanizada de arco alto tipo MP 152S ou similar - E = 4,70 mm, H = 6,48 m e vão = 10,74 m","m",55308.432800000002]
["M2888","Chapa múltipla metálica corrugada galvanizada de arco alto tipo MP 152S ou similar - E = 4,70 mm, H = 7,12 m e vão = 11,35 m","m",59454.881399999998]
["M2889","Chapa múltipla metálica corrugada galvanizada de arco alto tipo MP 152S ou similar - E = 6,40 mm, H = 5,41 m e vão = 10,57 m","m",65545.849600000001]
["M2890","Chapa múltipla metálica corrugada galvanizada de arco alto tipo MP 152S ou similar - E = 6,40 mm, H = 6,10 m e vão = 10,77 m","m",71045.106799999994]
["M2891","Chapa múltipla metálica corrugada galvanizada de arco alto tipo MP 152S ou similar - E = 6,40 mm, H = 6,53 m e vão = 10,97 m","m",74068.240399999995]
["M2892","Chapa múltipla metálica corrugada galvanizada de arco alto tipo MP 152S ou similar - E = 6,40 mm, H = 7,16 m e vão = 11,58 m","m",79592.719700000001]
["M2893","Chapa múltipla metálica corrugada galvanizada tipo MP 152S ovoide ou similar - E = 4,70 mm, H = 7,82 m e vão = 7,21 m","m",63140.740599999997]
["M2894","Chapa múltipla metálica corrugada galvanizada tipo MP 152S ovoide ou similar - E = 4,70 mm, H = 7,87 m e vão = 7,31 m","m",65482.302000000003]
["M2895","Chapa múltipla metálica corrugada galvanizada tipo MP 152S ovoide ou similar - E = 4,70 mm, H = 7,90 m e vão = 7,77 m","m",66572.924100000004]
["M2896","Chapa múltipla metálica corrugada galvanizada tipo MP 152S ovoide ou similar - E = 4,70 mm, H = 8,44 m e vão = 7,57 m","m",67841.776800000007]
["M2897","Chapa múltipla metálica corrugada galvanizada tipo MP 152S ovoide ou similar - E = 4,70 mm, H = 8,23 m e vão = 8,36 m","m",71117.935500000007]
["M2898","Chapa múltipla metálica corrugada galvanizada tipo MP 152S ovoide ou similar - E = 4,70 mm, H = 8,01 m e vão = 8,13 m","m",71009.693799999994]
["M2899","Chapa múltipla metálica corrugada galvanizada tipo MP 152S ovoide ou similar - E = 4,70 mm, H = 8,48 m e vão = 8,56 m","m",71245.7834]
["M2900","Chapa múltipla metálica corrugada galvanizada tipo MP 152S ovoide ou similar - E = 4,70 mm, H = 9,32 m e vão = 8,71 m","m",76720.563599999994]
["M2901","Chapa múltipla metálica corrugada galvanizada tipo MP 152S ovoide ou similar - E = 4,70 mm, H = 9,04 m e vão = 9,15 m","m",77257.971000000005]
["M2902","Chapa múltipla metálica corrugada galvanizada tipo MP 152S ovoide ou similar - E = 4,70 mm, H = 9,50 m e vão = 9,15 m","m",77495.419099999999]
["M2908","Terminal absorvedor de energia de abertura com nível de contenção TL3 para defensa metálica","un",46312.061099999999]
["M2909","Terminal absorvedor de energia de não abertura com nível de contenção TL3 para defensa metálica","un",62667.982100000001]
["M2979","Chumbador em aço CA 25","kg",7.4097]
["M3089","Arame liso em aço galvanizado - D = 1,24 mm (18 BWG)","kg",23.435199999999998]
["M3091","Porca sextavada em aço para ancoragem de tirantes - 20 mm ≤ D ≤ 40 mm","un",27.2134]
["M3093","Tela de poliamida - malha de 60 fios/cm","m²",20.5974]
["M3094","Tirante de barra de aço - tensão de escoamento = 500 MPa, tensão de ruptura = 550 MPa e D = 32 mm","m",124.8715]
["M3095","Válvula manchete - D = 20 mm","un",2.4047999999999998]
["M3126","Barra chata em aço galvanizado","kg",10.4742]
["M3127","Luva para bainha metálica - D = 30 mm","un",3.8159000000000001]
["M3128","Luva para bainha metálica - D = 35 mm","un",3.8967000000000001]
["M3129","Luva para bainha metálica - D = 40 mm","un",4.3273000000000001]
["M3130","Luva para bainha metálica - D = 45 mm","un",5.4728000000000003]
["M3131","Luva para bainha metálica - D = 50 mm","un",5.8959000000000001]
["M3132","Luva para bainha metálica - D = 55 mm","un",6.7491000000000003]
["M3133","Luva para bainha metálica - D = 60 mm","un",7.2248999999999999]
["M3134","Luva para bainha metálica - D = 65 mm","un",7.8582999999999998]
["M3135","Luva para bainha metálica - D = 70 mm","un",7.9661999999999997]
["M3136","Luva para bainha metálica - D = 75 mm","un",8.9383999999999997]
["M3137","Luva para bainha metálica - D = 80 mm","un",9.2954000000000008]
["M3138","Luva para bainha metálica - D = 85 mm","un",9.6623999999999999]
["M3139","Luva para bainha metálica - D = 90 mm","un",10.694800000000001]
["M3140","Luva para bainha metálica - D = 95 mm","un",11.314500000000001]
["M3141","Luva para bainha metálica - D = 100 mm","un",11.9619]
["M3142","Luva para bainha metálica - D = 110 mm","un",13.2913]
["M3143","Luva para bainha metálica - D = 120 mm","un",14.74]
["M3144","Luva para bainha metálica - D = 130 mm","un",17.092500000000001]
["M3145","Luva para bainha metálica ovalizada de 19 x 36 mm","un",9.0330999999999992]
["M3146","Luva para bainha metálica ovalizada de 19 x 48 mm","un",9.6382999999999992]
["M3147","Luva para bainha metálica ovalizada de 19 x 62 mm","un",10.1073]
["M3148","Luva para bainha metálica ovalizada de 22 x 32 mm","un",10.6813]
["M3149","Luva para bainha metálica ovalizada de 22 x 55 mm","un",11.0601]
["M3150","Luva para bainha metálica ovalizada de 22 x 73 mm","un",11.8079]
["M3153","Tinta em pó à base de resina poliéster","kg",85.052099999999996]
["M3170","Apoio de neoprene não fretado - C = 100 mm, L = 100 mm e E = 20 mm","un",25.155999999999999]
["M3171","Porca sextavada em aço galvanizado para parafuso - D = 9,525 mm (3/8\")","un",0.31690000000000002]
["M3172","Porca sextavada em aço galvanizado para parafuso - D = 12 mm (M12)","un",0.61399999999999999]
["M3173","Parafuso de cabeça sextavada em aço galvanizado, classe 8.8 - D = 12 mm (M12) e C = 30 mm","un",1.8048999999999999]
["M3174","Ligação tipo barra chata em aço galvanizado para contenção - L = 45 mm e E = 4 mm","kg",19.533899999999999]
["M3177","Fita metálica SAE 1010/1020 para solo reforçado - L = 50 mm e E = 4 mm","kg",17.257200000000001]
["M3178","Material para aterro reforçado com fitas metálicas","m³","-"]
["M3179","Tubo PEAD PE 100 PN 5 para estais - D = 140 mm","m",188.66370000000001]
["M3180","Tubo PEAD PE 100 PN 5 para estais - D = 160 mm","m",229.85480000000001]
["M3181","Tubo PEAD PE 100 PN 5 para estais - D = 180 mm","m",275.91149999999999]
["M3182","Tubo PEAD PE 100 PN 5 para estais - D = 200 mm","m",322.40469999999999]
["M3183","Tubo PEAD PE 100 PN 5 para estais - D = 225 mm","m",369.36989999999997]
["M3184","Tubo PEAD PE 100 PN 5 para estais - D = 250 mm","m",416.26339999999999]
["M3185","Tubo PEAD PE 100 PN 5 para estais - D = 280 mm","m",445.452]
["M3186","Tubo PEAD PE 100 PN 5 para estais - D = 315 mm","m",484.1592]
["M3187","Tubo antivandalismo em aço galvanizado para estais de 12 cordoalhas - D = 15,7 mm","m",1941.2099000000001]
["M3188","Tubo antivandalismo em aço galvanizado para estais de 19 cordoalhas - D = 15,7 mm","m",2224.1552000000001]
["M3189","Tubo antivandalismo em aço galvanizado para estais de 22 cordoalhas - D = 15,7 mm","m",2413.2945]
["M3190","Tubo antivandalismo em aço galvanizado para estais de 31 cordoalhas - D = 15,7 mm","m",2890.6864999999998]
["M3191","Tubo antivandalismo em aço galvanizado para estais de 37 cordoalhas - D = 15,7 mm","m",2897.2759999999998]
["M3192","Tubo antivandalismo em aço galvanizado para estais de 43 cordoalhas - D = 15,7 mm","m",3621.2534000000001]
["M3193","Tubo antivandalismo em aço galvanizado para estais de 55 cordoalhas - D = 15,7 mm","m",3635.4648000000002]
["M3194","Tubo antivandalismo em aço galvanizado para estais de 61 cordoalhas - D = 15,7 mm","m",3635.4648000000002]
["M3195","Tubo antivandalismo em aço galvanizado para estais de 73 cordoalhas - D = 15,7 mm","m",4197.6656999999996]
["M3196","Tubo antivandalismo em aço galvanizado para estais de 85 cordoalhas - D = 15,7 mm","m",4749.3157000000001]
["M3197","Tubo antivandalismo em aço galvanizado para estais de 91 cordoalhas - D = 15,7 mm","m",4763.6346999999996]
["M3198","Tubo fôrma lado fixo em aço galvanizado para estais de 12 cordoalhas - D = 15,7 mm","m",2164.5347999999999]
["M3199","Tubo fôrma lado fixo em aço galvanizado para estais de 19 cordoalhas - D = 15,7 mm","m",2471.9848000000002]
["M3200","Tubo fôrma lado fixo em aço galvanizado para estais de 22 cordoalhas - D = 15,7 mm","m",3142.8270000000002]
["M3201","Tubo fôrma lado fixo em aço galvanizado para estais de 31 cordoalhas - D = 15,7 mm","m",4191.9246999999996]
["M3202","Tubo fôrma lado fixo em aço galvanizado para estais de 37 cordoalhas - D = 15,7 mm","m",4452.7775000000001]
["M3203","Tubo fôrma lado fixo em aço galvanizado para estais de 43 cordoalhas - D = 15,7 mm","m",5876.5545000000002]
["M3204","Tubo fôrma lado fixo em aço galvanizado para estais de 55 cordoalhas - D = 15,7 mm","m",7408.8487999999998]
["M3205","Tubo fôrma lado fixo em aço galvanizado para estais de 61 cordoalhas - D = 15,7 mm","m",7408.8487999999998]
["M3206","Tubo fôrma lado fixo em aço galvanizado para estais de 73 cordoalhas - D = 15,7 mm","m",8676.8168000000005]
["M3207","Tubo fôrma lado fixo em aço galvanizado para estais de 85 cordoalhas - D = 15,7 mm","m",9566.0174000000006]
["M3208","Tubo fôrma lado fixo em aço galvanizado para estais de 91 cordoalhas - D = 15,7 mm","m",9987.4189000000006]
["M3209","Tubo fôrma lado regulável em aço galvanizado para estais de 12 cordoalhas - D = 15,7 mm","m",1866.0553]
["M3210","Tubo fôrma lado regulável em aço galvanizado para estais de 19 cordoalhas - D = 15,7 mm","m",2156.0398]
["M3211","Tubo fôrma lado regulável em aço galvanizado para estais de 22 cordoalhas - D = 15,7 mm","m",2736.5538000000001]
["M3212","Tubo fôrma lado regulável em aço galvanizado para estais de 31 cordoalhas - D = 15,7 mm","m",3655.3197]
["M3213","Tubo fôrma lado regulável em aço galvanizado para estais de 37 cordoalhas - D = 15,7 mm","m",3886.0825]
["M3214","Tubo fôrma lado regulável em aço galvanizado para estais de 43 cordoalhas - D = 15,7 mm","m",5126.8119999999999]
["M3215","Tubo fôrma lado regulável em aço galvanizado para estais de 55 cordoalhas - D = 15,7 mm","m",6461.0137999999997]
["M3216","Tubo fôrma lado regulável em aço galvanizado para estais de 61 cordoalhas - D = 15,7 mm","m",6461.0137999999997]
["M3217","Tubo fôrma lado regulável em aço galvanizado para estais de 73 cordoalhas - D = 15,7 mm","m",7571.0092999999997]
["M3218","Tubo fôrma lado regulável em aço galvanizado para estais de 85 cordoalhas - D = 15,7 mm","m",8624.1592999999993]
["M3219","Tubo fôrma lado regulável em aço galvanizado para estais de 91 cordoalhas - D = 15,7 mm","m",8723.6388999999999]
["M3220","Coroa de botões esféricos - Ring bit - D = 104 mm (4 3/32\")","un",979.17639999999994]
["M3225","Película retrorrefletiva tipo III + SI (sinal impresso com película de sobreposição tipo V)","m²",436.64179999999999]
["M3227","Tubo de revestimento em aço-carbono schedule 40 - DN = 101,6 mm (4\")","m",262.99619999999999]
["M3228","Cimento asfáltico de petróleo com borracha - CAP 50/70 com 15% de borracha de pneu","t","-"]
["M3229","Película retrorrefletiva tipo I + SI (sinal impresso com película de sobreposição tipo V)","m²",372.84550000000002]
["M3230","Chapa de poliéster reforçada com fibra de vidro - E = 2,0 mm","m²",122.0453]
["M3231","Chapa de alumínio composto (ACM) - E = 3,0 mm","m²",174.7259]
["M3232","Película retrorrefletiva tipo X + SI (sinal impresso com película de sobreposição tipo V)","m²",534.75519999999995]
["M3233","Fita adesiva estrutural dupla-face - E = 2 mm e L = 25 mm","m",8.4733999999999998]
["M3235","Película retrorrefletiva tipo I","m²",152.20009999999999]
["M3236","Película retrorrefletiva tipo III + SI","m²",502.09829999999999]
["M3237","Película retrorrefletiva tipo III","m²",277.14879999999999]
["M3238","Película não retrorrefletiva tipo IV","m²",133.05340000000001]
["M3239","Película retrorrefletiva tipo X","m²",451.48390000000001]
["M3240","Duto flexível de ventilação de poliéster aluminizado sem isolamento - D = 200 mm","m",22.719100000000001]
["M3241","Cabo de cobre flexível antichama isolado em HEPR - tensão de 0,6/1,0 kV e seção de 2 x 6 mm²","m",13.756600000000001]
["M3242","Cabo de cobre flexível antichama isolado em HEPR - tensão de 0,6/1,0 kV e seção de 4 x 6 mm²","m",24.064900000000002]
["M3245","Tinta plástica à base de resina metacrílica aplicada a frio por aspersão (spray)","kg",58.353200000000001]
["M3270","Ancoragem fixa para estais de 12 cordoalhas - D = 15,7 mm","un",12736.985699999999]
["M3271","Ancoragem fixa para estais de 22 cordoalhas - D = 15,7 mm","un",18142.890200000002]
["M3272","Ancoragem fixa para estais de 43 cordoalhas - D = 15,7 mm","un",38251.874400000001]
["M3273","Ancoragem fixa para estais de 85 cordoalhas - D = 15,7 mm","un",74781.680300000007]
["M3274","Ancoragem regulável para estais de 12 cordoalhas - D = 15,7 mm","un",19801.752899999999]
["M3275","Ancoragem regulável para estais de 22 cordoalhas - D = 15,7 mm","un",30761.804100000001]
["M3276","Ancoragem regulável para estais de 43 cordoalhas - D = 15,7 mm","un",61452.108399999997]
["M3277","Ancoragem regulável para estais de 85 cordoalhas - D = 15,7 mm","un",119271.8379]
["M3278","Tubo PEAD PE 100 PN 5 para estais - D = 110 mm","m",167.38980000000001]
["M3279","Arruela lisa em aço zincado branco para parafuso - D = 9,525 mm (3/8\")","un",0.17949999999999999]
["M3280","Viga de madeira - E = 5 cm e L = 11 cm","m",22.099900000000002]
["M3353","Purgador plástico","un",1.1724000000000001]
["M3360","Chumbador de expansão controlada por torque em aço zincado para concreto - D = 8,0 mm","un",2.7871000000000001]
["M3361","Corrente de elo soldado em aço SAE 1010/1020 com acabamento polido - E = 25,00 mm (1\")","m",340.67579999999998]
["M3362","Corrente de elo soldado em aço SAE 1010/1020 com acabamento polido - E = 12,50 mm (1/2\")","m",95.770700000000005]
["M3363","Corrente de elo soldado em aço SAE 1010/1020 com acabamento polido - E = 19,00 mm (3/4\")","m",219.99039999999999]
["M3364","Lanterna de sinalização náutica com acessórios de fixação - alcance 2 mn","un",3970.4339]
["M3365","Lanterna de sinalização náutica com acessórios de fixação - alcance 3 mn","un",4626.8405000000002]
["M3366","Lanterna de sinalização náutica com acessórios de fixação - alcance 4 mn","un",7100.2385000000004]
["M3367","Lanterna de sinalização náutica com acessórios de fixação - alcance 6 mn","un",8744.1571000000004]
["M3368","Lanterna de sinalização náutica com acessórios de fixação - alcance 8 mn","un",10566.9537]
["M3369","Manilha âncora em aço forjado com porca e cupilha - DN = 16,0 mm (5/8\")","un",52.570099999999996]
["M3370","Manilha reta em aço forjado com porca e cupilha - DN = 38,1 mm (1 1/2\")","un",566.81730000000005]
["M3371","Manilha reta em aço forjado com porca e cupilha - DN = 25,4 mm (1\")","un",134.75049999999999]
["M3372","Suporte polimérico ecológico maciço colapsível para placa de sinalização - seção de 10 x 10 cm","m",441.22309999999999]
["M3501","Placa de ancoragem para tirante de barra de aço - E = 12,7 mm e seção de 160 x 160 mm","un",83.426599999999993]
["M3502","Mistura betuminosa","m³","-"]
["M3503","Material de base","m³","-"]
["M3504","Concreto","m³","-"]
["M3505","Material demolido - concreto simples","m³","-"]
["M3506","Material demolido - madeira","m³","-"]
["M3507","Revestimento asfáltico","m³","-"]
["M3508","Camada granular (base ou sub-base)","m³","-"]
["M3509","Material demolido - remendo profundo","m³","-"]
["M3510","Material demolido - alvenaria","m³","-"]
["M3511","Acessórios e materiais metálicos","t","-"]
["M3512","Material demolido - concreto armado","m³","-"]
["M3513","Material de 3ª categoria","m³","-"]
["M3514","Solo","m³","-"]
["M3515","Grãos, agregados e solos derramados na pista","t","-"]
["M3516","Veículos de pequeno porte incendiados em rodovia","un","-"]
["M3518","Tinta à base de resina epóxi bicomponente","l",61.314399999999999]
["M3519","Tinta à base de resina epóxi poliamida bicomponente para fundo preparador de pintura","l",105.1011]
["M3520","Tinta anticorrosiva à base de resina epóxi poliamida bicomponente","l",98.904300000000006]
["M3521","Guincho manual com capacidade de tração de 100 kN com cabo de aço","un",166176.47339999999]
["M3522","Guincho manual com capacidade de tração de 200 kN com cabo de aço","un",231792.2377]
["M3523","Pneu reaproveitado","un",52.715699999999998]
["M3524","Sapatilha em aço inox - D = 13 mm (1/2\")","un",24.7211]
["M3525","Molinete manual com capacidade de tração de 70 kN","un",256967.89170000001]
["M3526","Ânodo de sacrifício em liga de zinco - peso = 20 kg","un",1585.6428000000001]
["M3527","Cabo de aço - D = 42,00 mm (1 5/8\")","m",289.0421]
["M3528","Terminal soquete fechado em aço galvanizado compatível com cabo de aço de D = 42 mm","un",4342.1414000000004]
["M3529","Manilha reta em aço forjado com porca e cupilha - D = 57,2 mm (2 1/4\")","un",1706.4779000000001]
["M3530","Tubo mecânico em aço-carbono","kg",35.866900000000001]
["M3718","Material combustível removido","t","-"]
["M3719","Blocos de rocha ou matacões","m³","-"]
["M3720","Material asfáltico removido","t","-"]
["M3721","Estrutura de pórtico metálico removida","un","-"]
["M3722","Estrutura de semipórtico duplo metálico removida","un","-"]
["M3723","Estrutura de semipórtico metálico removida","un","-"]
["M3727","Mangueira para hidrojateamento com pressão de trabalho de até 17,5 MPa (2.538 psi) - D = 25 mm (1\")","m",153.58860000000001]
["M3728","Mangueira para sistema de sucção a vácuo com vazão de entrada de até 3,6 m³/h (60 l/min) - D = 72,5 mm (3\")","m",133.1908]
["M3729","Detritos removidos de bueiros","m³","-"]
["M3730","Material triturado - galhos e troncos","m³","-"]
["M3772","Canal monobloco com corpo e grelha em concreto polímero com efeito autolimpante - carga de controle de 400 kN - C = 100,0 cm, L = 15,0 cm e H = 23,0 cm","m",386.69110000000001]
["M3773","Canal monobloco com corpo e grelha em concreto polímero com efeito autolimpante - carga de controle de 400 kN - C = 100,0 cm, L = 25,0 cm e H = 32,0 cm","m",747.42150000000004]
["M3774","Canal monobloco com corpo e grelha em concreto polímero com efeito autolimpante - carga de controle de 900 kN - C = 100,0 cm, L = 16,0 cm e H = 26,5 cm","m",768.35239999999999]
["M3775","Canal monobloco com corpo e grelha em concreto polímero com efeito autolimpante - carga de controle de 900 kN - C = 100,0 cm, L = 21,0 cm e H = 28,0 cm","m",687.66520000000003]
["M3776","Canal monobloco com corpo e grelha em concreto polímero com efeito autolimpante - carga de controle de 900 kN - C = 100,0 cm, L = 21,0 cm e H = 38,0 cm","m",755.61609999999996]
["M3777","Canal monobloco com corpo e grelha em concreto polímero com efeito autolimpante - carga de controle de 900 kN - C = 100,0 cm, L = 21,0 cm e H = 48,0 cm","m",1218.4137000000001]
["M3778","Canal monobloco com corpo e grelha em concreto polímero com efeito autolimpante - carga de controle de 900 kN - C = 100,0 cm, L = 26,0 cm e H = 33,0 cm","m",926.53620000000001]
["M3779","Canal monobloco com corpo e grelha em concreto polímero com efeito autolimpante - carga de controle de 900 kN - C = 100,0 cm, L = 26,0 cm e H = 53,0 cm","m",1118.3696]
["M3780","Canal monobloco com corpo e grelha em concreto polímero com efeito autolimpante - carga de controle de 900 kN - C = 200,0 cm, L = 40,0 cm e H = 59,5 cm","m",4902.2620999999999]
["M3781","Canal em polietileno e polipropileno com efeito autolimpante e grelha de encaixe em poliamida reforçada - carga de controle de 250 kN - C = 100,0 cm, L = 16,0 cm e H = 12,2 cm","m",308.29840000000002]
["M3782","Canal em polietileno e polipropileno com efeito autolimpante e grelha de encaixe em poliamida reforçada - carga de controle de 250 kN - C = 100,0 cm, L = 16,0 cm e H = 17,2 cm","m",327.12049999999999]
["M3783","Canal em polietileno e polipropileno com efeito autolimpante e grelha de encaixe em poliamida reforçada - carga de controle de 250 kN - C = 100,0 cm, L = 16,0 cm e H = 5,5 cm","m",290.29430000000002]
["M3784","Canal em polietileno e polipropileno com efeito autolimpante e grelha de encaixe em ferro fundido dúctil - carga de controle de 400 kN - C = 100,0 cm, L = 14,7 cm e H = 15,7 cm","m",488.17039999999997]
["M3785","Canal em polietileno e polipropileno com efeito autolimpante e grelha de encaixe em ferro fundido dúctil - carga de controle de 400 kN - C = 100,0 cm, L = 24,7 cm e H = 20,8 cm","m",1315.5273999999999]
["M3786","Canal em polietileno e polipropileno com efeito autolimpante e grelha de encaixe em ferro fundido dúctil - carga de controle de 400 kN - C = 100,0 cm, L = 34,9 cm e H = 25,8 cm","m",2198.8006]
["M3787","Canal em polietileno e polipropileno com efeito autolimpante e grelha de encaixe em ferro fundido dúctil - carga de controle de 600 kN - C = 100,0 cm, L = 16,0 cm e H = 12,2 cm","m",745.65480000000002]
["M3788","Canal em polietileno e polipropileno com efeito autolimpante e grelha de encaixe em ferro fundido dúctil - carga de controle de 600 kN - C = 100,0 cm, L = 21,2 cm e H = 18,0 cm","m",911.13400000000001]
["M3789","Canal em polietileno e polipropileno com efeito autolimpante e grelha de encaixe em ferro fundido dúctil - carga de controle de 600 kN - C = 100,0 cm, L = 26,2 cm e H = 17,2 cm","m",1168.5065]
["M3790","Canal em polietileno e polipropileno com efeito autolimpante e abertura de captação em ferro fundido dúctil - carga de controle de 900 kN - C = 100,0 cm, L = 21,0 cm e H = 57,9 cm","m",1011.4703]
["M3791","Canal em polietileno e polipropileno com efeito autolimpante e abertura de captação em ferro fundido dúctil - carga de controle de 900 kN - C = 100,0 cm, L = 25,2 cm e H = 57,8 cm","m",1646.8181999999999]
["M3792","Canal em polietileno e polipropileno com efeito autolimpante e abertura de captação em ferro fundido dúctil - carga de controle de 900 kN - C = 100,0 cm, L = 42,0 cm e H = 95,0 cm","m",2061.7537000000002]
["M3793","Canal em polietileno e polipropileno com efeito autolimpante e abertura de captação em ferro fundido dúctil - carga de controle de 900 kN - C = 114,2 cm, L = 78,0 cm e H = 106,0 cm","m",2697.8742000000002]
["M3795","Custo equivalente da construção civil para construção do Estaleiro Padrão","m²",1823.81]
["M3801","Animais de grande porte mortos em rodovia","t","-"]
["M3802","Animais de pequeno porte mortos em rodovia","t","-"]
["M3803","Emborrachados de pneus espalhados em rodovia","t","-"]
["M3804","Espécimes arbóreos de até 20 m tombados na pista","t","-"]
["M3805","Espécimes arbóreos de 20 a 40 m tombados na pista","t","-"]
["M3806","Sucatas derramadas em rodovia","t","-"]
["M3807","Veículos de grande porte incendiados em rodovia","un","-"]
["M3808","Veículos de médio porte incendiados em rodovia","un","-"]
["M3809","Veículos de grande porte tombados em rodovia","un","-"]
["M3810","Veículos de médio porte tombados em rodovia","un","-"]
["M3811","Veículos de pequeno porte tombados em rodovia","un","-"]
["M3813","Vidros, caixas e engradados derramados na pista","t","-"]
["M3821","Tacha refletiva em plástico injetado bidirecional com um pino - tipo I","un",23.065899999999999]
["M3822","Tacha refletiva em plástico injetado bidirecional com um pino - tipo II","un",30.9194]
["M3823","Tacha refletiva em plástico injetado bidirecional com um pino - tipo III","un",30.9194]
["M3824","Tacha refletiva em plástico injetado bidirecional com um pino - tipo IV","un",32.253]
["M3825","Tacha refletiva em plástico injetado bidirecional sem pino - tipo I","un",22.631599999999999]
["M3826","Tacha refletiva em plástico injetado bidirecional sem pino - tipo II","un",25.613499999999998]
["M3827","Tacha refletiva em plástico injetado bidirecional sem pino - tipo III","un",25.613499999999998]
["M3828","Tacha refletiva em plástico injetado bidirecional sem pino - tipo IV","un",31.5914]
["M3829","Tacha refletiva em plástico injetado monodirecional com um pino - tipo I","un",18.7029]
["M3830","Tacha refletiva em plástico injetado monodirecional com um pino - tipo II","un",23.266500000000001]
["M3831","Tacha refletiva em plástico injetado monodirecional com um pino - tipo III","un",24.249500000000001]
["M3832","Tacha refletiva em plástico injetado monodirecional com um pino - tipo IV","un",31.0398]
["M3833","Tacha refletiva em plástico injetado monodirecional sem pino - tipo I","un",17.404699999999998]
["M3834","Tacha refletiva em plástico injetado monodirecional sem pino - tipo II","un",22.7149]
["M3835","Tacha refletiva em plástico injetado monodirecional sem pino - tipo III","un",23.266500000000001]
["M3836","Tacha refletiva em plástico injetado monodirecional sem pino - tipo IV","un",30.407900000000001]
["M3837","Tacha refletiva em resina sintética bidirecional com um pino - tipo I","un",34.159599999999998]
["M3838","Tacha refletiva em resina sintética bidirecional com um pino - tipo II","un",43.3872]
["M3839","Tacha refletiva em resina sintética bidirecional com um pino - tipo III","un",48.051099999999998]
["M3840","Tacha refletiva em resina sintética bidirecional com um pino - tipo IV","un",48.378999999999998]
["M3841","Tacha refletiva em resina sintética bidirecional sem pino - tipo I","un",33.5578]
["M3842","Tacha refletiva em resina sintética bidirecional sem pino - tipo II","un",42.835500000000003]
["M3843","Tacha refletiva em resina sintética bidirecional sem pino - tipo III","un",47.3992]
["M3844","Tacha refletiva em resina sintética bidirecional sem pino - tipo IV","un",47.3992]
["M3845","Tacha refletiva em resina sintética monodirecional com um pino - tipo I","un",30.8096]
["M3846","Tacha refletiva em resina sintética monodirecional com um pino - tipo II","un",37.9208]
["M3847","Tacha refletiva em resina sintética monodirecional com um pino - tipo III","un",42.183599999999998]
["M3848","Tacha refletiva em resina sintética monodirecional com um pino - tipo IV","un",46.824300000000001]
["M3851","Tacha refletiva em resina sintética monodirecional sem pino - tipo I","un",30.107500000000002]
["M3852","Tacha refletiva em resina sintética monodirecional sem pino - tipo II","un",37.2087]
["M3853","Tacha refletiva em resina sintética monodirecional sem pino - tipo III","un",41.3812]
["M3854","Tacha refletiva em resina sintética monodirecional sem pino - tipo IV","un",45.8947]
["M3855","Tacha refletiva metálica bidirecional com dois pinos - tipo II","un",26.261299999999999]
["M3856","Tacha refletiva metálica bidirecional com dois pinos - tipo III","un",22.869800000000001]
["M3857","Tacha refletiva metálica bidirecional com dois pinos - tipo IV","un",65.329700000000003]
["M3858","Tacha refletiva metálica bidirecional com um pino - tipo II","un",23.563199999999998]
["M3859","Tacha refletiva metálica bidirecional com um pino - tipo III","un",19.663699999999999]
["M3860","Tacha refletiva metálica bidirecional com um pino - tipo IV","un",63.774999999999999]
["M3861","Tacha refletiva metálica monodirecional com dois pinos - tipo II","un",21.0959]
["M3862","Tacha refletiva metálica monodirecional com dois pinos - tipo III","un",19.156500000000001]
["M3863","Tacha refletiva metálica monodirecional com dois pinos - tipo IV","un",56.051900000000003]
["M3864","Tacha refletiva metálica monodirecional com um pino - tipo II","un",17.454999999999998]
["M3865","Tacha refletiva metálica monodirecional com um pino - tipo III","un",15.972300000000001]
["M3866","Tacha refletiva metálica monodirecional com um pino - tipo IV","un",54.547400000000003]
["M3867","Tachão refletivo em plástico injetado bidirecional","un",76.605900000000005]
["M3868","Tachão refletivo em plástico injetado monodirecional","un",74.655100000000004]
["M3869","Tachão refletivo em resina sintética bidirecional","un",63.831400000000002]
["M3870","Tachão refletivo em resina sintética monodirecional","un",62.286700000000003]
["M3900","Emulsão asfáltica com polímero - RR-1C-E","t","-"]
["M3901","Reservatório metálico tipo taça - capacidade de 5.000 l","un",19200]
["M3902","Reservatório metálico tipo taça - capacidade de 10.000 l","un",26125.389899999998]
["M3903","Reservatório metálico tipo taça - capacidade de 20.000 l","un",41361.6855]
["M3904","Reservatório metálico tipo taça - capacidade de 30.000 l","un",55570.082000000002]
["M3905","AMV tipo TR37, abertura 1:8, bitola métrica","un","-"]
["M3906","AMV tipo TR37, abertura 1:10, bitola métrica","un","-"]
["M3907","AMV tipo TR37, abertura 1:12, bitola métrica","un","-"]
["M3908","AMV tipo TR37, abertura 1:14, bitola métrica","un","-"]
["M3909","Bico para corte a plasma manual - 65A","un",64.423699999999997]
["M3910","Bico para corte a plasma manual - 45A","un",62.397599999999997]
["M3911","Bocal para corte a plasma manual - 45A/65A","un",167.85990000000001]
["M3912","Capa de retenção para corte a plasma manual - 45A/65A","un",271.85199999999998]
["M3913","Eletrodo para corte a plasma manual - 45A/65A","un",77.233599999999996]
["M3914","Distribuidor de gás para corte a plasma manual - 45A/65A","un",179.71950000000001]
["M3915","Parafuso de cabeça sextavada em aço inox - D = 12,7 mm (1/2\") e C = 38,1 mm (1.1/2\")","un",6.1626000000000003]
["M3916","Porca sextavada em aço inox para parafuso - D = 12,7 mm (1/2\")","un",1.9941]
["M3917","Arruela lisa em aço inox - D = 12,7 mm (1/2\")","un",0.78959999999999997]
["M3918","Disco de corte com 80 dentes multimaterial - D = 250 mm","un",388.09660000000002]
["M3919","Lixa d'água Nº 360","un",1.1715]
["M3920","Diluente para tinta epóxi bicomponente ou tricomponente","l",62.183500000000002]
["M3921","Tinta à base de resina epóxi óxido de ferro","l",164.97380000000001]
["M3922","Diluente para esmalte poliuretano de dois componentes","l",100.5279]
["M3923","Tinta esmalte poliuretano bicomponente","l",192.98840000000001]
["M3924","Catalisador para tinta fosfatizante","l",62.963799999999999]
["M3925","Tinta fosfatizante para fundo preparador de pintura","l",78.183599999999998]
["M3926","Luva em aço galvanizado com rosca BSP classe leve - D = 12,5 mm (1/2\")","un",3.3]
["M3927","Plug tipo bujão em aço galvanizado com rosca BSP - D = 15 mm (1/2\")","un",3.9512999999999998]
["M3928","Tubo em aço-carbono - E = 3,35 mm e D = 80 mm (3\")","m",62.614899999999999]
["M3929","Tubo em aço-carbono - E = 3,00 mm e D = 150 mm (6\")","m",171.2287]
["M3931","Cantoneira em alumínio de abas iguais - L = 38,1 mm e E = 4,76 mm","kg",34.4649]
["M3932","Parafuso de cabeça sextavada em aço inox - D = 8 mm (M8) e C = 20 mm","un",1.7747999999999999]
["M3933","Porca sextavada em aço inox para parafuso - D = 8 mm (M8)","un",0.5474]
["M3934","Arruela lisa em aço inox para parafuso - D = 8,4 mm (M8)","un",0.2228]
["M3935","Arruela de pressão em aço inox para parafuso - D = 8,1 mm (M8)","un",0.33900000000000002]
["M3936","Parafuso de cabeça sextavada em aço inox - D = 12,7 mm (1/2\") e C = 19,05 mm (3/4\")","un",5.5426000000000002]
["M3939","Barra redonda em aço SAE 1020 - D = 25,4 mm (1\")","m",43.282299999999999]
["M3947","Tubo em aço - E = 3,00 mm e seção de 40 x 40 mm","m",34.160600000000002]
["M3949","Desmoldante para fôrmas metálicas","l",17.7531]
["M4413","Arame E70S6 para solda MIG/MAG - D = 0,9 mm","kg",22.624300000000002]

{"sheet":"Pessoal Sicro","index":15,"n_rows":106,"n_cols":7,"rows_kept":106,"cut":false,"hidden":false,"merged":[[0,0,1,0],[0,1,1,5],[0,6,1,6],[2,0,2,6],[3,0,3,6]]}
["CGCIT","SISTEMA DE CUSTOS REFERENCIAIS DE OBRAS - SICRO",{"$nulls":4},"DNIT"]
[]
["Amapá - Abril/2024"]
["Sem desoneração"]
["Código","Descrição","Unidade","Salário (R$)","Encargos Totais","Custo (R$)","Periculosidade/\nInsalubridade"]
["P9801","Ajudante","h",7.2674000000000003,2.1414759999999999,22.830300000000001,0]
["P9802","Ajudante especializado","h",8.6984999999999992,2.0589940000000002,26.608599999999999,0]
["P9803","Almoxarife","mês",2043.3868,1.4280330000000001,4961.4105,0]
["P9804","Apontador","mês",2037.2,1.456037,5003.4385000000002,0]
["P9805","Armador","h",9.3283000000000005,1.919575,27.2346,0]
["P9806","Auxiliar administrativo","mês",2037.2,1.4371769999999999,4965.0168999999996,0]
["P9807","Bombeiro hidráulico","h",12.7181,1.763968,35.1524,0]
["P9808","Carpinteiro","h",9.2715999999999994,1.9180980000000001,27.055399999999999,0]
["P9809","Encarregado administrativo","mês",3821.6770000000001,1.0955889999999999,8008.6642000000002,0]
["P9810","Eletricista","h",10.5878,1.863202,30.315000000000001,0]
["P9811","Encarregado especializado","mês",3318.1091000000001,1.169916,7200.018,0]
["P9812","Engenheiro","mês",12813.8699,0.83897299999999997,23564.360700000001,0]
["P9814","Operacional","mês",1570.3441,1.489277,3909.0214000000001,0]
["P9815","Jardineiro","h",9.6300000000000008,1.885027,27.782800000000002,0]
["P9819","Engenheiro supervisor","mês",12813.8699,0.83897299999999997,23564.360700000001,0]
["P9821","Pedreiro","h",9.26,1.916655,27.008199999999999,0]
["P9822","Pintor","h",9.5418000000000003,1.9110590000000001,27.776700000000002,0]
["P9823","Serralheiro","h",10.4649,1.8277330000000001,29.591899999999999,0]
["P9824","Servente","h",6.4691000000000001,2.2684090000000001,21.143599999999999,0]
["P9825","Soldador","h",12.562799999999999,1.7137150000000001,34.091799999999999,0]
["P9826","Chefe setor de finanças","mês",12414.8644,0.83894500000000005,22830.252799999998,0]
["P9827","Vigia","mês",1500.4,1.9053580000000001,4809.3190999999997,0.3]
["P9830","Montador","h",9.75,1.965015,28.908799999999999,0]
["P9833","Auxiliar de laboratório","mês",1795.0952,1.531684,4544.6136999999999,0]
["P9837","Oceanógrafo","mês",5313.4665999999997,0.96730700000000003,10453.219999999999,0]
["P9840","Encarregado geral","mês",5146.1073999999999,1.024057,10416.0147,0]
["P9842","Faxineiro","mês",1556,1.6424749999999999,4111.6911,0]
["P9843","Operador de equipamento leve","h",9.7211999999999996,1.8690960000000001,27.890999999999998,0]
["P9845","Operador de equipamento pesado","h",12.58,1.69336,33.882399999999997,0]
["P9846","Operador de equipamento especial","h",17.502800000000001,1.5162850000000001,44.042000000000002,0]
["P9847","Perfurador de tubulão","h",7.2549000000000001,2.1379079999999999,22.7652,0]
["P9848","Desenhista","mês",4280.5241999999998,1.0753630000000001,8883.6414999999997,0]
["P9849","Condutor maquinista fluvial","mês",2497.4353999999998,1.203174,5502.2847000000002,0]
["P9850","Copeiro","mês",1634.277,1.568729,4198.0146999999997,0]
["P9851","Médico do trabalho","mês",9683.7414000000008,0.86197599999999996,18030.894,0]
["P9852","Blaster","h",11.0884,2.1279020000000002,38.009900000000002,0.3]
["P9853","Pré-marcador","h",7.2545999999999999,2.115729,22.603300000000001,0]
["P9854","Recepcionista","mês",1783.9545000000001,1.4789540000000001,4422.3410999999996,0]
["P9855","Marinheiro de máquinas","mês",2228.6950000000002,1.253325,5021.9741000000004,0]
["P9856","Marinheiro de convés","h",9.8879999999999999,1.7087289999999999,26.783899999999999,0]
["P9857","Marinheiro de convés - mensalista","mês",2175.3665999999998,1.2649189999999999,4927.0290999999997,0]
["P9858","Laboratorista","mês",2995.5104000000001,1.231819,6685.4369999999999,0]
["P9859","Trabalhador de via","h",6.4181999999999997,2.2886899999999999,21.107399999999998,0]
["P9861","Selecionador de material pétreo","h",7.2545999999999999,2.1257579999999998,22.676100000000002,0]
["P9864","Engenheiro de segurança do trabalho","mês",12257.0455,0.84480200000000005,22611.822,0]
["P9866","Motorista de caminhão","h",10.4397,1.7942499999999999,29.171099999999999,0]
["P9867","Técnico especializado - mensalista","mês",4072.0154000000002,1.10483,8570.9001000000007,0]
["P9869","Encarregado de obras de artes especiais","mês",3318.1091000000001,1.169916,7200.018,0]
["P9870","Motorista de veículo leve","h",9.26,1.8863049999999999,26.7271,0]
["P9871","Motorista de veículo especial","h",12.025700000000001,1.7018720000000001,32.491900000000001,0]
["P9875","Encarregado de turma","mês",2264.6316999999999,1.36093,5346.6369000000004,0]
["P9876","Técnico de segurança do trabalho","mês",3671.75,1.1402559999999999,7858.4849000000004,0]
["P9878","Secretária","mês",2855.4866000000002,1.207004,6302.0703000000003,0]
["P9880","Piloto fluvial","mês",3456.53,1.073971,7168.7429000000002,0]
["P9882","Técnico especializado","h",18.5092,1.500435,46.280999999999999,0]
["P9883","Chefe do setor administrativo","mês",3821.6966000000002,1.0955870000000001,8008.6976999999997,0]
["P9884","Encarregado de terraplenagem","mês",3318.1091000000001,1.169916,7200.018,0]
["P9885","Frentista de túnel","h",7.2545999999999999,2.1936429999999998,23.168600000000001,0]
["P9889","Técnico da qualidade","mês",4365.7313999999997,1.0932010000000001,9138.3533000000007,0]
["P9892","Auxiliar de blaster","h",9.7646999999999995,2.2229679999999998,34.400700000000001,0.3]
["P9893","Encarregado de pavimentação","mês",3318.1091000000001,1.169916,7200.018,0]
["P9896","Porteiro","mês",1764.56,1.5351809999999999,4473.4789000000001,0]
["P9897","Técnico de meio ambiente","mês",3588.2384999999999,1.1532830000000001,7726.4929000000002,0]
["P9900","Comprador","mês",3461.4513000000002,1.150782,7444.8271000000004,0]
["P9901","Encarregado de superestrutura ferroviária","mês",3318.1091000000001,1.169916,7200.018,0]
["P9903","Auxiliar técnico","mês",1956.586,1.4538800000000001,4801.2272000000003,0]
["P9907","Comandante de longo curso","mês",11259.305700000001,0.85216000000000003,20854.035599999999,0]
["P9908","Imediato","mês",8904.6059999999998,0.87814300000000001,16724.1234,0]
["P9909","Oficial de náutica","mês",2834.3490999999999,1.1487700000000001,6090.3643000000002,0]
["P9910","Oficial de máquinas","mês",2921.1264999999999,1.1330519999999999,6230.9147000000003,0]
["P9913","Draguista","mês",3595.3388,1.0616129999999999,7412.1971999999996,0]
["P9915","Maquinista","h",12.767899999999999,1.672053,34.116500000000002,0]
["P9916","Encarregado de conservação rodoviária","mês",3318.1091000000001,1.169916,7200.018,0]
["P9920","Mestre fluvial","mês",4677.0464000000002,0.99044500000000002,9309.4035999999996,0]
["P9921","Mergulhador raso autônomo de emergência","h",9.9237000000000002,2.4632299999999998,36.935299999999998,0.25869999999999999]
["P9922","Mergulhador raso dependente de emergência","h",9.9207999999999998,2.539431,38.090200000000003,0.3]
["P9924","Mergulhador raso dependente","h",9.9207999999999998,3.8559169999999998,51.150799999999997,0.3]
["P9925","Mergulhador raso autônomo","h",9.9237000000000002,3.4892300000000001,47.116999999999997,0.25869999999999999]
["P9926","Mergulhador raso auxiliar de superfície","h",9.9237000000000002,2.2370320000000001,34.6905,0.25869999999999999]
["P9927","Frentista de túnel com periculosidade","h",7.2545999999999999,2.5216959999999999,27.724799999999998,0.3]
["P9930","Eletricista com periculosidade","h",10.5878,2.1904080000000001,36.9557,0.3]
["P9931","Operador de equipamento de mergulho","h",18.011800000000001,1.8009949999999999,53.017600000000002,0.14249999999999999]
["P9932","Operador de equipamento pesado com periculosidade","h",12.58,2.0227599999999999,41.8003,0.3]
["P9933","Supervisor de mergulho raso","mês",3962.5981000000002,1.3261419999999999,9782.2360000000008,0.14249999999999999]
["P9934","Motorista de veículo especial com periculosidade","h",12.025700000000001,2.030011,40.045699999999997,0.3]
["P9938","Operador de equipamento leve com periculosidade","h",9.7211999999999996,2.1984889999999999,34.009500000000003,0.3]
["P9939","Operador de equipamento leve com insalubridade","h",9.7211999999999996,2.2942019999999999,34.590899999999998,0.2641]
["P9942","Marinheiro de convés com periculosidade","h",9.8879999999999999,2.0371389999999998,32.997599999999998,0.3]
["P9944","Operador de equipamento especial com periculosidade","h",17.502800000000001,1.8456889999999999,55.058300000000003,0.3]
["P9946","Engenheiro auxiliar","mês",12002,0.84401700000000002,22131.892,0]
["P9947","Técnico florestal","mês",3588.2384999999999,1.1532830000000001,7726.4929000000002,0]
["P9948","Motorista de veículo leve - mensalista","mês",2037.2,1.428005,4946.3316999999997,0]
["P9949","Topógrafo","mês",3671.75,1.158771,7926.4674000000005,0]
["P9950","Auxiliar de topografia","mês",1764.56,1.56135,4519.6557000000003,0]
["P9951","Médico de câmara hiperbárica","mês",9683.7414000000008,1.004912,19979.611400000002,5.8299999999999998E-2]
["P9952","Pedreiro - mensalista","mês",2037.2,1.4521599999999999,4995.5402999999997,0]
["P9953","Eletricista - mensalista","mês",2329.3081999999999,1.403467,5598.4152999999997,0]
["P9954","Servente - mensalista","mês",1423.2013999999999,1.7500830000000001,3913.9218999999998,0]
["P9955","Engenheiro chefe","mês",15748.7567,0.82507600000000003,28742.677800000001,0]
["P9956","Motorista de caminhão com periculosidade","h",10.4397,2.1223890000000001,35.728700000000003,0.3]
["P9972","Técnico de batimetria","mês",3322.76,1.108568,7006.2654000000002,0]

{"sheet":"Equipamentos","index":16,"n_rows":541,"n_cols":11,"rows_kept":541,"cut":false,"hidden":false,"merged":[[419,2,419,8],[1,1,1,9],[0,1,0,9],[382,2,382,8],[407,2,407,8],[417,2,417,8],[410,2,410,8],[413,2,413,8],[415,2,415,8],[385,2,385,8],[389,2,389,8],[392,2,392,8],[395,2,395,8],[404,2,404,8],[399,2,399,8],[472,2,472,8],[475,2,475,8],[478,2,478,8],[481,2,481,8],[434,2,434,8],[445,2,445,8],[448,2,448,8],[451,2,451,8],[454,2,454,8],[457,2,457,8],[460,2,460,8],[463,2,463,8],[466,2,466,8],[469,2,469,8],[422,2,422,8],[425,2,425,8],[429,2,429,8],[439,2,439,8],[442,2,442,8],[484,2,484,8],[488,2,488,8],[491,2,491,8],[494,2,494,8],[497,2,497,8],[532,2,532,8],[535,2,535,8],[538,2,538,8],[500,2,500,8],[503,2,503,8],[514,2,514,8],[517,2,517,8],[529,2,529,8],[524,2,524,8],[506,2,506,8],[509,2,509,8],[521,2,521,8]]}
["CGCIT","SISTEMA DE CUSTOS REFERENCIAIS DE OBRAS - SICRO",{"$nulls":8},"DNIT"]
[null,"Amapá - Abril/2024"]
["Código","Descrição","Valor de Aquisição (R$)","Depreciação (R$/h)","Oportunidade de Capital (R$/h)","Seguros e Impostos (R$/h)","Manutenção (R$/h)","Operação (R$/h)","Mão de Obra de Operação (R$/h)","Custo Produtivo (R$/h)","Custo Improdutivo (R$/h)"]
["E9001","Conjunto vibratório para tubos de concreto com encaixe PB e 3 jogos de fôrmas - D = 0,60 m - 2,20 kW",68280.623200000002,9.1041000000000007,2.1065,0,6.8281000000000001,0,0,18.038699999999999,11.210599999999999]
["E9002","Conjunto vibratório para tubos de concreto com encaixe PB e 3 jogos de fôrmas - D = 0,80 m - 2,20 kW",85238.7359,11.3652,2.6295999999999999,0,8.5238999999999994,0,0,22.518699999999999,13.9948]
["E9003","Conjunto vibratório para tubos de concreto com encaixe PB e 3 jogos de fôrmas - D = 1,00 m - 2,20 kW",104947.7555,13.993,3.2376,0,10.4948,0,0,27.7254,17.230599999999999]
["E9004","Conjunto vibratório para tubos de concreto com encaixe PB e 3 jogos de fôrmas - D = 1,20 m - 2,20 kW",111242.5107,14.8323,3.4318,0,11.1243,0,0,29.388400000000001,18.264099999999999]
["E9005","Conjunto vibratório para tubos de concreto com encaixe PB e 3 jogos de fôrmas - D = 1,50 m - 2,20 kW",116033.71339999999,15.4712,3.5796000000000001,0,11.603400000000001,0,0,30.654199999999999,19.050799999999999]
["E9006","Equipamento para sondagem manual",3008.5028000000002,0.51139999999999997,0.1114,0,0.3009,0,0,0.92369999999999997,0.62280000000000002]
["E9007","Bomba de pistão triplex com capacidade de 7,80 m³/h (130 l/min) - 8,20 kW",158773.4963,12.7019,2.9388999999999998,0,11.114100000000001,8.5417000000000005,0,35.296599999999998,15.6408]
["E9008","Transportador manual de tubos de concreto com capacidade de 1 t",2207.4394000000002,1.9866999999999999,0.13619999999999999,0,1.1036999999999999,0,0,3.2265999999999999,2.1229]
["E9009","Embarcação rebocadora - 268 kW",641788.2304,8.3566000000000003,3.7238000000000002,0,18.5703,279.16890000000001,135.46729999999999,445.2869,147.54769999999999]
["E9010","Balança plataforma digital à bateria, com mesa de 75 x 75 cm e capacidade de 500 kg",5248.1292000000003,0.78720000000000001,0.1079,0,0.43730000000000002,0,0,1.3324,0.89510000000000001]
["E9011","Carro manual modelo plataforma de 200 x 80 cm com capacidade de 800 kg",1939.1251999999999,0.34899999999999998,7.1800000000000003E-2,0,0.19389999999999999,0,0,0.61470000000000002,0.42080000000000001]
["E9014","Deflectômetro de impacto (FWD) instalado em picape com reboque e faixa de carga de 7 a 120 kN - 147 kW",2141825.9416999999,171.34610000000001,39.645200000000003,0,107.0913,0,32.491900000000001,350.5745,243.48320000000001]
["E9015","Elevador de obra com capacidade de 1.000 kg - 9 kW",65864.444099999993,5.2691999999999997,1.2192000000000001,0,4.6105,0,27.890999999999998,38.989899999999999,34.379399999999997]
["E9016","Usina misturadora móvel de reciclagem a frio com sistema de espuma de asfalto - 129,40 kW",10023658.6675,584.71339999999998,180.38409999999999,0,751.77440000000001,99.320999999999998,44.042000000000002,1660.2348999999999,809.1395]
["E9017","Escavadeira hidráulica sobre esteira com capacidade de 0,4 m³ - 64 kW",720373.96429999999,50.426200000000001,13.334099999999999,0,50.426200000000001,45.614400000000003,33.882399999999997,193.6833,97.642700000000005]
["E9020","Recicladora a frio - 455 kW",5017314.1842999998,292.67669999999998,90.290700000000001,0,418.10950000000003,498.90750000000003,44.042000000000002,1344.0264,427.00940000000003]
["E9021","Grupo gerador - 456 kVA",359094.97659999999,17.954699999999999,6.3303000000000003,0,12.8248,380.21140000000003,0,417.32119999999998,24.285]
["E9022","Pórtico metálico rolante com capacidade de 25 t - 30 kW",963462.81779999996,43.355800000000002,16.3476,0,33.721200000000003,0,27.890999999999998,121.3156,87.594399999999993]
["E9023","Guindaste móvel sobre esteiras com dragline com capacidade de 1,9 a 2,3 m³ - 270 kW",3566698.2272999999,124.8344,60.518000000000001,0,178.3349,74.013800000000003,44.042000000000002,481.74310000000003,229.39439999999999]
["E9024","Misturador de nata cimento - 1,50 kW",8418.0794000000005,0.6734,0.15579999999999999,0,0.58930000000000005,0,27.890999999999998,29.3095,28.720199999999998]
["E9025","Conjunto bomba e macaco hidráulico para protensão com capacidade de 7.000 kN - 15 kW",100955.9712,5.7689000000000004,1.7797000000000001,0,5.7689000000000004,0,44.042000000000002,57.359499999999997,51.590600000000002]
["E9026","Bomba para injeção de nata de cimento com capacidade de 2 MPa - 2,20 kW",31918.983199999999,2.5535000000000001,0.59079999999999999,0,2.2343000000000002,0,0,5.3785999999999996,3.1442999999999999]
["E9028","Bomba de alta pressão para hidrojateamento com capacidade de 18 MPa - 5,20 kW",4829.7403000000004,0.38640000000000002,8.9399999999999993E-2,0,0.43469999999999998,9.3469999999999995,27.890999999999998,38.148499999999999,28.366800000000001]
["E9029","Conjunto bomba e macaco hidráulico para protensão com capacidade de 8.000 kN - 20 kW",128333.9028,7.3334000000000001,2.2623000000000002,0,7.3334000000000001,0,44.042000000000002,60.9711,53.637700000000002]
["E9030","Bomba de protensão com leitura digital para tensionamento de estais - 3 kW",13862.736500000001,0.79220000000000002,0.24440000000000001,0,0.79220000000000002,0,0,1.8288,1.0366]
["E9031","Elevador de cremalheira com cabine simples, com capacidade de 1.500 kg e altura de até 100 m - 15 kW",340423.44410000002,27.233899999999998,6.3011999999999997,0,23.829599999999999,0,27.890999999999998,85.255700000000004,61.426099999999998]
["E9032","Equipamento para regulagem final de estais com até 37 cordoalhas - D = 15,7 mm - 20 kW",75292.089300000007,4.3023999999999996,1.3272999999999999,0,4.3023999999999996,0,44.042000000000002,53.9741,49.671700000000001]
["E9033","Equipamento para regulagem final de estais de 38 a 55 cordoalhas - D = 15,7 mm - 30 kW",107560.1275,6.1463000000000001,1.8960999999999999,0,6.1463000000000001,0,44.042000000000002,58.230699999999999,52.084400000000002]
["E9034","Equipamento para regulagem final de estais de 56 a 73 cordoalhas - D = 15,7 mm - 40 kW",161340.19130000001,9.2194000000000003,2.8441999999999998,0,9.2194000000000003,0,44.042000000000002,65.325000000000003,56.105600000000003]
["E9035","Equipamento para regulagem final de estais de 74 a 91 cordoalhas - D = 15,7 mm - 50 kW",215120.25510000001,12.2926,3.7923,0,12.2926,0,44.042000000000002,72.419499999999999,60.126899999999999]
["E9036","Grua fixa para alturas de 60 a 102 m, com alcance de 60 m com capacidade de 1.500 kg na ponta da lança - 37 kW",3214869.372,160.74350000000001,56.6736,0,183.70679999999999,0,44.042000000000002,445.16590000000002,261.45909999999998]
["E9038","Macaco hidráulico monocordoalha para tensionamento de estais - 3 kW",17408.896100000002,0.99480000000000002,0.30690000000000001,0,0.99480000000000002,0,44.042000000000002,46.338500000000003,45.343699999999998]
["E9039","Máquina de solda por termofusão para tubos PEAD com gerador de 4 kW",117778.6159,6.7302,2.0762999999999998,0,6.7302,4.1666999999999996,44.042000000000002,63.745399999999997,52.848500000000001]
["E9040","Serra mármore - 1,45 kW",465.98750000000001,4.19E-2,8.6E-3,0,2.3300000000000001E-2,0,0,7.3800000000000004E-2,5.0500000000000003E-2]
["E9042","Trator sobre esteiras com lâmina - 97 kW",1339961.0935,52.1096,22.965399999999999,0,74.442300000000003,74.452399999999997,33.882399999999997,257.85210000000001,108.95740000000001]
["E9043","Embarcação de alumínio com comprimento de 6 m e motor de popa - 18,60 kW",25164.780299999999,0.39319999999999999,0.14829999999999999,0,0.43690000000000001,38.209600000000002,39.282899999999998,78.4709,39.824399999999997]
["E9044","Central de concreto com capacidade de 150 m³/h - dosadora e misturadora",2344740.2960000001,133.98519999999999,41.334400000000002,0,117.23699999999999,0,44.042000000000002,336.59859999999998,219.36160000000001]
["E9045","Conjunto bomba e macaco hidráulico para elevação com capacidade de 496 kN",60126.374000000003,4.8101000000000003,1.1129,0,4.8101000000000003,5.9162999999999997,44.042000000000002,60.691400000000002,49.965000000000003]
["E9046","Conjunto bomba e macaco hidráulico para elevação com capacidade de 929 kN",73013.097699999998,5.8410000000000002,1.3514999999999999,0,5.8410000000000002,5.9162999999999997,44.042000000000002,62.991799999999998,51.234499999999997]
["E9047","Conjunto bomba e macaco hidráulico para elevação com capacidade de 1.390 kN",103691.2604,8.2952999999999992,1.9193,0,8.2952999999999992,5.9162999999999997,44.042000000000002,68.468199999999996,54.256599999999999]
["E9048","Conjunto bomba e macaco hidráulico para elevação com capacidade de 1.859 kN",120374.6326,9.6300000000000008,2.2281,0,9.6300000000000008,5.9162999999999997,44.042000000000002,71.446399999999997,55.900100000000002]
["E9049","Bomba de alta pressão para hidrojateamento com capacidade de 250 MPa - 72 kW",704674.18070000003,56.373899999999999,13.0435,0,63.420699999999997,59.210999999999999,27.890999999999998,219.9401,97.308400000000006]
["E9050","Guindaste móvel sobre pneus com 2 eixos com capacidade de 18 t - 97 kW",2843724.0691,142.18620000000001,50.130800000000001,0,182.8108,26.5901,32.491900000000001,434.20979999999997,224.80889999999999]
["E9051","Máquina levantadora e posicionadora de via - 7,40 kW",793511.66099999996,63.480899999999998,14.687900000000001,0,55.5458,10.6412,27.890999999999998,172.24680000000001,106.0598]
["E9052","Empilhadeira a diesel com capacidade de 10 t - 82 kW",762127.12199999997,60.970199999999998,14.106999999999999,0,53.3489,67.434799999999996,27.890999999999998,223.75190000000001,102.9682]
["E9053","Perfuratriz hidráulica montada em flutuante - 32 kW",352717.85470000003,11.022399999999999,2.2669000000000001,0,9.7977000000000007,17.544,34.009500000000003,74.640500000000003,47.2988]
["E9054","Equipamento sobre forma-trilho para execução e acabamento de pavimento de concreto - 13,40 kW",1385247.9335,110.8198,25.640899999999998,0,69.2624,19.269100000000002,27.890999999999998,252.88319999999999,164.35169999999999]
["E9055","Guincho pneumático com capacidade de 2,5 t",526758.30440000002,47.408200000000001,9.7502999999999993,0,26.337900000000001,0,0,83.496399999999994,57.158499999999997]
["E9056","Plataforma autoelevatória de 12 x 24 m com capacidade de 150 t",865509.09909999999,6.7618,4.8673999999999999,0,15.026199999999999,0,104.0051,130.66050000000001,115.6343]
["E9057","Batelão sem propulsão com capacidade de 66 m³",231450.2409,1.8082,1.3016000000000001,0,3.0137,0,26.783899999999999,32.907400000000003,29.893699999999999]
["E9058","Plataforma flutuante de 12 x 24 x 1,8 m com capacidade de 150 t",692228.29399999999,5.4080000000000004,3.8929,0,9.0134000000000007,0,26.783899999999999,45.098199999999999,36.084800000000001]
["E9059","Plataforma autoelevatória de 12 x 24 m montada na obra com capacidade de 150 t",865509.09909999999,6.7618,4.8673999999999999,0,15.026199999999999,0,104.0051,130.66050000000001,115.6343]
["E9060","Perfuratriz pneumática rotopercussiva montada em flutuante com pressão de 0,70 MPa e capacidade de 2.500 gpm",32255.966100000001,1.008,0.20730000000000001,0,0.89600000000000002,0,68.019000000000005,70.130300000000005,69.234300000000005]
["E9061","Lixadeira elétrica manual angular - 2 kW",1389.0742,0.1111,2.5700000000000001E-2,0,6.9500000000000006E-2,0,0,0.20630000000000001,0.1368]
["E9062","Soprador de ar quente manual - 1,60 kW",4563.5123000000003,0.60850000000000004,9.3899999999999997E-2,0,0.38030000000000003,0,0,1.0827,0.70240000000000002]
["E9063","Equipamento de estabilização dinâmica da via - 300 kW",24318637.9472,972.74549999999999,412.62650000000002,0,972.74549999999999,197.37,44.042000000000002,2599.5295000000001,1429.414]
["E9064","Transportador manual gerica com capacidade de 180 l",1016.2483999999999,1.0162,6.2700000000000006E-2,0,0.5081,0,0,1.587,1.0789]
["E9065","Carro controle ferroviário - 186 kW",29596832.015799999,1183.8733,502.18419999999998,0,1035.8891000000001,122.3694,44.042000000000002,2888.3580000000002,1730.0995]
["E9066","Grupo gerador - 14 kVA",68455.293300000005,3.4228000000000001,1.2068000000000001,0,2.4447999999999999,11.458399999999999,0,18.532800000000002,4.6295999999999999]
["E9067","Veículo ferroviário para capina química com capacidade de 12.000 l - 115 kW",1704866.3603000001,68.194699999999997,28.927299999999999,0,42.621699999999997,75.658500000000004,27.890999999999998,243.29320000000001,125.01300000000001]
["E9068","Perfuratriz hidráulica rotopercussiva para CCPH - 123 kW",3524663.9511000002,234.9776,63.429299999999998,0,234.9776,101.1521,33.882399999999997,668.41899999999998,332.28930000000003]
["E9069","Vibrador de imersão para concreto - 4,10 kW",3892.7651999999998,0.62280000000000002,0.14410000000000001,0,0.38929999999999998,7.3696999999999999,0,8.5259,0.76690000000000003]
["E9070","Ponte rolante com capacidade de 5 t e vão de até 15 m - 10 kW",337430.17660000001,13.497199999999999,5.7252999999999998,0,8.4358000000000004,0,27.890999999999998,55.549300000000002,47.113500000000002]
["E9071","Transportador manual carrinho de mão com capacidade de 80 l",479.64850000000001,0.47960000000000003,2.9600000000000001E-2,0,0.23980000000000001,0,0,0.749,0.50919999999999999]
["E9072","Martelo hidráulico vibratório com unidade hidráulica - 486 kW",2864542.0747000002,190.96950000000001,51.549799999999998,0,167.09829999999999,399.67430000000002,44.042000000000002,853.33389999999997,286.56130000000002]
["E9073","Bomba de concreto rebocável com capacidade de 30 m³/h - 74 kW",489083.77659999998,39.1267,9.0528999999999993,0,39.1267,77.084000000000003,27.890999999999998,192.28129999999999,76.070599999999999]
["E9074","Tanque de estocagem de asfalto com agitadores de 60.000 l",816000,34,11.8001,0,21.25,0,0,67.0501,45.8001]
["E9075","Trado cavadeira de 12\"",151.53899999999999,7.5800000000000006E-2,7.0000000000000001E-3,0,3.7900000000000003E-2,0,0,0.1207,8.2799999999999999E-2]
["E9076","Equipamento para pintura eletrostática com cabine dupla de 7,00 kW e estufa de 80.000 kCal",164126.6416,10.551,2.8933,0,5.8616999999999999,0,27.890999999999998,47.197000000000003,41.335299999999997]
["E9077","Perfuratriz de circulação reversa tipo Wirth ou similar com unidade hidráulica (Power Pack) - 273 kW",4250023.3310000002,283.3349,76.482699999999994,0,283.3349,149.67230000000001,33.882399999999997,826.70719999999994,393.7]
["E9078","Treliça lançadeira com capacidade de carga de 100 a 120 t e vão máximo de 45 m - 110 kW",3556221.8972999998,94.832599999999999,58.511699999999998,0,59.270400000000002,0,44.042000000000002,256.6567,197.38630000000001]
["E9079","Bomba submersível com capacidade de 360 m³/h - 23 kW",180147.21030000001,14.411799999999999,3.3344999999999998,0,12.610300000000001,0,0,30.3566,17.746300000000002]
["E9080","Carrelone com capacidade máxima de 70 t",1766402.0123999999,79.488100000000003,29.971399999999999,0,44.1601,0,27.890999999999998,181.51060000000001,137.35050000000001]
["E9081","Fischietti simples com capacidade de 70 t",110525.6324,4.9737,1.8753,0,2.7631000000000001,0,27.890999999999998,37.503100000000003,34.74]
["E9083","Vagão fechado FLT com capacidade de 99 t",800000,12.666700000000001,12.751300000000001,0,6.6666999999999996,0,0,32.084699999999998,25.417999999999999]
["E9084","Vagão tanque convencional TCT com capacidade de 97 t e 103.000 l",1195000,18.9208,19.0473,0,9.9582999999999995,0,0,47.926400000000001,37.9681]
["E9085","Vagão gôndola GDE com capacidade de 93,5 t / 29 m³",620000,9.8167000000000009,9.8823000000000008,0,5.1666999999999996,0,0,24.8657,19.699000000000002]
["E9086","Bomba de concreto rebocável com capacidade de 41 m³/h - 74 kW",539233.77659999998,43.1387,9.9811999999999994,0,43.1387,77.084000000000003,27.890999999999998,201.2336,81.010900000000007]
["E9089","Roçadeira costal - 1,40 kW",2869.6963000000001,0.43049999999999999,5.8999999999999997E-2,0,0.33479999999999999,7.9089999999999998,0,8.7332999999999998,0.48949999999999999]
["E9093","Veículo leve - 53 kW (sem motorista)",71509.025399999999,4.2904999999999998,1.3236000000000001,0.5363,4.2904999999999998,24.497299999999999,0,34.938200000000002,6.1504000000000003]
["E9094","Guindaste móvel sobre pneus com 6 eixos com capacidade máxima de 350 t - 450 kW",16378691.9804,818.93460000000005,288.73289999999997,116.9907,1052.9159,123.3563,32.491900000000001,2433.4223000000002,1257.1501000000001]
["E9095","Guindaste móvel sobre pneus com 8 eixos com capacidade máxima de 500 t - 500 kW",28706930.8748,1435.3465000000001,506.06220000000002,205.04949999999999,1845.4456,137.0625,32.491900000000001,4161.4582,2178.9501]
["E9096","Minicarregadeira de pneus - 45,50 kW",408908.80910000001,28.6236,7.5689000000000002,0,28.6236,62.363399999999999,33.882399999999997,161.06190000000001,70.0749]
["E9101","Removedora de faixas de sinalização viária - 9,69 kW",51249.285100000001,4.0998999999999999,0.9486,0,3.5874000000000001,17.4177,0,26.053599999999999,5.0484999999999998]
["E9102","Extrusora para sarjeta de concreto - 10,44 kW",75565.354099999997,6.0452000000000004,1.3987000000000001,0,5.2896000000000001,8.5855999999999995,27.890999999999998,49.210099999999997,35.334899999999998]
["E9103","Extrusora para meio-fio de concreto - 10,44 kW",64066.452599999997,5.1253000000000002,1.1859,0,4.4847000000000001,8.5855999999999995,27.890999999999998,47.272500000000001,34.202199999999998]
["E9105","Embarcação empurradora multipropósito - 2 x 186 kW",4997303.2631000001,65.069100000000006,28.9955,0,144.59790000000001,387.50310000000002,135.46729999999999,761.63289999999995,229.53190000000001]
["E9106","Balsa de convés com capacidade de 200 t",1981635.5105000001,15.4815,11.1441,0,25.802499999999998,0,26.783899999999999,79.212000000000003,53.409500000000001]
["E9107","Compactador manual com soquete vibratório - 2,24 kW",9897.94,0.65990000000000004,0.17810000000000001,0,0.65990000000000004,4.0263999999999998,0,5.5243000000000002,0.83799999999999997]
["E9108","Soldadora de trilho por caldeamento na via - 400 kW",9036682.1547999997,144.58690000000001,144.9665,0,180.7336,263.16000000000003,88.084000000000003,821.53099999999995,377.63740000000001]
["E9110","Escavadeira hidráulica sobre esteiras para rocha com caçamba com capacidade de 1,56 m³ - 118 kW",1089149.9105,108.91500000000001,21.600200000000001,0,108.91500000000001,122.9177,33.882399999999997,396.2303,164.39760000000001]
["E9111","Jateador abrasivo úmido com capacidade de 350 kg de abrasivo",248426.36410000001,22.3584,4.5983999999999998,0,22.3584,0,27.890999999999998,77.206199999999995,54.847799999999999]
["E9112","Sinalizador direcional móvel com sistema fotovoltaico de energia e montado em chassi sobre pneus",23159.320899999999,2.0842999999999998,0.42870000000000003,0,1.1579999999999999,0,0,3.6709999999999998,2.5129999999999999]
["E9113","Painel de Mensagem Variável - PMV móvel, com sistema fotovoltaico de energia e montado em chassi sobre pneus",178153.77660000001,16.033799999999999,3.2976000000000001,0,8.9077000000000002,0,0,28.239100000000001,19.331399999999999]
["E9116","Semáforo móvel com 3 lentes e bateria - D = 200 mm",7848.3588,0.70640000000000003,0.14530000000000001,0,0.39240000000000003,0,0,1.2441,0.85170000000000001]
["E9117","Carregadeira de pneus para rocha com capacidade de 2,50 m³ - 105 kW",1007956.7997,100.7957,19.989899999999999,0,100.7957,109.3759,33.882399999999997,364.83960000000002,154.66800000000001]
["E9118","Cortadora de pavimento com disco diamantado de 450 a 1.500 mm - 55,40 kW",485947.3394,38.875799999999998,8.9948999999999995,0,38.875799999999998,45.559600000000003,27.890999999999998,160.19710000000001,75.761700000000005]
["E9119","Minicarregadeira sobre pneus com valetadeira - 55,40 kW",623575.45120000001,43.650300000000001,11.542400000000001,0,43.650300000000001,75.932599999999994,33.882399999999997,208.65799999999999,89.075100000000006]
["E9120","Equipamento de cravação sobre esteira para geodreno com haste para profundidade de até 20 m - 258 kW",3295003.0769000002,230.65020000000001,60.990499999999997,0,230.65020000000001,183.88310000000001,27.890999999999998,734.06500000000005,319.5317]
["E9122","Perfuratriz tipo Bottom Feed para coluna de brita - 194 kW",4540769.0066,302.71789999999999,81.7149,0,302.71789999999999,106.3605,33.882399999999997,827.39359999999999,418.3152]
["E9125","Veículo tipo van furgão com capacidade de 1,54 t - 93 kW",235316.91029999999,11.7658,4.2347000000000001,1.7159,11.7658,25.493600000000001,26.7271,81.7029,44.4435]
["E9126","Draga backhoe com capacidade de 7 m³ - 1.000 kW",82197311.584399998,924.71979999999996,665.64409999999998,0,2054.9328,1041.675,67.400899999999993,4754.3725999999997,1657.7647999999999]
["E9127","Escavadeira hidráulica com martelo hidráulico de 520 kg - 75 kW",1116275.0027999999,127.57429999999999,22.138100000000001,0,159.46789999999999,53.4544,33.882399999999997,396.51710000000003,183.59479999999999]
["E9134","Miniônibus com capacidade para 30 passageiros - 111 kW",647580.71129999997,27.753499999999999,11.415900000000001,4.6256000000000004,41.630200000000002,115.6259,29.171099999999999,230.22219999999999,72.966099999999997]
["E9141","Rebarbador hidráulico com bomba manual com capacidade de força de 9.000 kgf",93475.8465,7.4781000000000004,1.7302,0,4.6738,0,0,13.882099999999999,9.2082999999999995]
["E9144","Pórtico metálico rolante com talha com capacidade de 5 t - 10 kW",322434.21850000002,12.897399999999999,5.4709000000000003,0,8.0609000000000002,0,27.890999999999998,54.3202,46.259300000000003]
["E9148","Macaco de protensão de fios com bomba - 3,72 kW",101565.60769999999,5.8037000000000001,1.7905,0,5.8037000000000001,0,44.042000000000002,57.439900000000002,51.636200000000002]
["E9149","Máquina de aplicação e extração de grampo elástico tipo Pandrol - 6,70 kW",265885.30780000001,21.270800000000001,4.9215,0,21.270800000000001,9.6346000000000007,0,57.097700000000003,26.192299999999999]
["E9151","Britador de mandíbulas móvel sobre esteiras, sem peneira, com capacidade de 140 m³/h - 170 kW",2980072.9375,170.28989999999999,52.534399999999998,0,170.28989999999999,167.7645,44.042000000000002,604.92070000000001,266.86630000000002]
["E9152","Ferramenta de fixação à pólvora de ação direta",1061.2311,9.0200000000000002E-2,1.9599999999999999E-2,0,8.4900000000000003E-2,0,0,0.19470000000000001,0.10979999999999999]
["E9153","Ferramenta de fixação à pólvora e sistema à pistão",1006.6128,8.5599999999999996E-2,1.8599999999999998E-2,0,8.0500000000000002E-2,0,0,0.1847,0.1042]
["E9154","Equipamento para selagem com material asfáltico rebocável com capacidade de 370 l - 35 kW",455670.30359999998,29.293099999999999,8.0327999999999999,0,9.7644000000000002,28.783100000000001,27.890999999999998,103.76439999999999,65.216899999999995]
["E9155","Caldeira de asfalto rebocável com capacidade de 600 l - 5,20 kW",138023.97529999999,8.8729999999999993,2.4331999999999998,0,2.9577,3.9912999999999998,0,18.255199999999999,11.3062]
["E9156","Soprador de ar costal - 2,6 kW",2570.6224000000002,0.4113,9.5200000000000007E-2,0,0.3599,4.6734999999999998,0,5.5399000000000003,0.50649999999999995]
["E9157","Locomotiva diesel-elétrica CC - bitola métrica - 2.237 kW",8250000,132,132.34649999999999,0,165,1471.7222999999999,34.116500000000002,1935.1853000000001,298.46300000000002]
["E9158","Locomotiva diesel-elétrica CC - bitola larga - 2.237 kW",8250000,132,132.34649999999999,0,165,1471.7222999999999,34.116500000000002,1935.1853000000001,298.46300000000002]
["E9159","Vagão plataforma PNE com capacidade de 82 t - bitola métrica",736000,11.6533,11.731199999999999,0,6.1333000000000002,0,0,29.517800000000001,23.384499999999999]
["E9160","Vagão plataforma PNT com capacidade de 98 t - bitola larga",842000,13.3317,13.4208,0,7.0167000000000002,0,0,33.769199999999998,26.752500000000001]
["E9161","Vagão fechado com porta para carga e descarga de paletes FLD com capacidade de 64 t - bitola métrica",730000,11.558299999999999,11.6356,0,6.0833000000000004,0,0,29.277200000000001,23.193899999999999]
["E9162","Vagão fechado com porta para carga e descarga de paletes FLT com capacidade de 99 t - bitola larga",800000,12.666700000000001,12.751300000000001,0,6.6666999999999996,0,0,32.084699999999998,25.417999999999999]
["E9163","Vagão hopper aberto com descarga automática HNE com capacidade de 45 m³ - bitola métrica",880000,13.933299999999999,14.0265,0,7.3333000000000004,0,0,35.293100000000003,27.959800000000001]
["E9164","Vagão hopper aberto com descarga automática HNT com capacidade de 63 m³ - bitola larga",915000,14.487500000000001,14.584300000000001,0,7.625,0,0,36.696800000000003,29.0718]
["E9167","Equipamento para carga e descarga de TLS de até 250 m - 90 kW",2830890.5630000001,45.294199999999996,45.4131,0,56.617800000000003,59.210999999999999,44.042000000000002,250.57810000000001,134.74930000000001]
["E9168","Carregadeira de pneus com implemento de garfo - 195 kW",1740639.5034,121.84480000000001,32.219200000000001,0,121.84480000000001,85.527000000000001,33.882399999999997,395.31819999999999,187.94640000000001]
["E9200","Carregadeira de pneus para rocha com capacidade de 2,50 m³ - 105 kW com periculosidade",1007956.7997,100.7957,19.989899999999999,0,100.7957,109.3759,41.8003,372.75749999999999,162.58590000000001]
["E9203","Escavadeira hidráulica com martelo hidráulico de 1.700 kg - 103 kW com periculosidade",1923754.9024,219.85769999999999,38.152200000000001,0,274.82209999999998,73.410700000000006,41.8003,648.04300000000001,299.81020000000001]
["E9204","Perfuratriz sobre esteiras - 145 kW com periculosidade",1710234.5179000001,114.01560000000001,30.777100000000001,0,114.01560000000001,119.2444,41.8003,419.85300000000001,186.59299999999999]
["E9205","Equipamento de corte a plasma CNC - 12.000 x 5.500 mm - 19,5 kW",1074209.3385999999,85.936700000000002,19.883600000000001,0,64.452600000000004,0,0,170.27289999999999,105.8203]
["E9206","Equipamento de solda MIG automática com acessórios - 14,6 kVA",83511.959799999997,6.681,1.5458000000000001,0,6.681,0,0,14.9078,8.2268000000000008]
["E9207","Máquina de solda elétrica retificadora 425 A - 18,70 kW",6035.6031999999996,0.48280000000000001,0.11169999999999999,0,0.48280000000000001,0,0,1.0772999999999999,0.59450000000000003]
["E9209","Martelete perfurador/rompedor a ar comprimido de 25 kg para rocha, com insalubridade, com capacidade de 2.040 gpm",27882.5929,2.2305999999999999,0.5161,0,2.2305999999999999,0,34.590899999999998,39.568199999999997,37.337600000000002]
["E9213","Jumbo eletro-hidráulico com 3 braços - 155 kW/237 kW com periculosidade",11644042.751700001,776.26949999999999,209.54429999999999,0,970.33690000000001,178.4554,55.058300000000003,2189.6644000000001,1040.8721]
["E9231","Maçarico lança-chamas a gás liquefeito de petróleo (GLP)",86.171000000000006,6.8999999999999999E-3,1.6000000000000001E-3,0,6.8999999999999999E-3,0,0,1.54E-2,8.5000000000000006E-3]
["E9242","Estação transmissora de superfície para televisionamento",12127.713599999999,0.77959999999999996,0.21379999999999999,0,0.43309999999999998,0,0,1.4265000000000001,0.99339999999999995]
["E9243","Câmara hiperbárica com filtro, serpentina e reservatório de ar para mergulho raso - D = 1,80 m e H = 2,22 m.",429536.31410000002,7.5168999999999997,6.9569000000000001,0,10.7384,0,53.017600000000002,78.229799999999997,67.491399999999999]
["E9244","Estação transmissora de superfície para comunicação sem fio",38565.863499999999,2.4792000000000001,0.67989999999999995,0,1.3774,0,0,4.5365000000000002,3.1591]
["E9245","Estação transmissora de superfície para comunicação com fio",6463.8225000000002,0.41549999999999998,0.1139,0,0.23089999999999999,0,0,0.76029999999999998,0.52939999999999998]
["E9246","Painel de controle de ar com manômetros e pneufatômetros",12404.1952,0.7974,0.21870000000000001,0,0.443,0,0,1.4591000000000001,1.0161]
["E9247","Sistema de Sino aberto (sinete) para mergulho até 50 m  - 33,50 kW",550152.47730000003,14.6707,9.0518000000000001,0,14.6707,0,53.017600000000002,91.410799999999995,76.740099999999998]
["E9248","Sistema de ar comprimido para mergulho até 30 m com pressão de trabalho de 1,4 MPa - 7,46 kW",52396.016199999998,3.4931000000000001,0.94289999999999996,0,3.4931000000000001,6.9528999999999996,0,14.882,4.4359999999999999]
["E9249","Sistema de ar comprimido para mergulho até 50 m com pressão de trabalho de 1,7 MPa - 16,18 kW",78694.0046,5.2462999999999997,1.4161999999999999,0,5.2462999999999997,15.0802,0,26.989000000000001,6.6624999999999996]
["E9251","Fonte de plasma para corte manual - 65A - 15 kW",32645.8766,2.6116999999999999,0.60429999999999995,0,2.6116999999999999,0,0,5.8277000000000001,3.2160000000000002]
["E9252","Serra de esquadria com braço telescópico - D = 250 mm (10\") - 1,80 kW",5410.6857,0.48699999999999999,0.1002,0,0.27050000000000002,0,0,0.85770000000000002,0.58720000000000006]
["E9253","Rebordeadeira diâmetro máximo 3,00 m - 4,85 kW",69246.464200000002,2.7698999999999998,1.1749000000000001,0,2.4236,0,0,6.3684000000000003,3.9447999999999999]
["E9254","Dobradeira viradeira manual comprimento máximo de dobra de até 2.000 mm",19779.776000000002,0.79120000000000001,0.33560000000000001,0,0.69230000000000003,0,0,1.8190999999999999,1.1268]
["E9255","Fonte de plasma para corte manual - 45A - 10 kW",21813.476600000002,1.7451000000000001,0.40379999999999999,0,1.7451000000000001,0,0,3.8940000000000001,2.1488999999999998]
["E9256","Equipamento para pintura com cal rebocável com dois bicos aplicadores e capacidade de 2.200 l",70842.622499999998,4.0480999999999998,1.2488999999999999,0,4.0480999999999998,0,27.890999999999998,37.2361,33.188000000000002]
["E9259","Ventilador centrífugo média pressão com capacidade de 38 m³/min - 2,21 kW",17180,1.5462,0.318,0,1.0307999999999999,0,0,2.895,1.8642000000000001]
["E9260","Detector de gases com bomba elétrica para espaço confinado",4049,0.32390000000000002,7.4899999999999994E-2,0,0.20250000000000001,0,0,0.60129999999999995,0.39879999999999999]
["E9261","Equipamento de pintura com pistola airless - 0,90 kW",2439.4499999999998,0.21959999999999999,4.5199999999999997E-2,0,0.122,0,0,0.38679999999999998,0.26479999999999998]
["E9262","Escova rotativa com cerdas de aço para tratamento de superfície - 0,91 kW",19452,1.5562,0.36009999999999998,0,0.97260000000000002,0,27.890999999999998,30.779900000000001,29.807300000000001]
["E9263","Tripé com guincho para espaço confinado",9781.5300000000007,0.78249999999999997,0.18110000000000001,0,0.58689999999999998,0,0,1.5505,0.96360000000000001]
["E9264","Respirador purificador de ar motorizado",8510.0400000000009,0.68079999999999996,0.1575,0,0.42549999999999999,0,0,1.2638,0.83830000000000005]
["E9265","Respirador de adução de ar tipo linha de ar comprimido para jateamento",17371.839599999999,1.3896999999999999,0.3216,0,0.86860000000000004,0,0,2.5798999999999999,1.7113]
["E9267","Exaustor centrífugo alta pressão com capacidade de 35 m³/min - 1,47 kW",5444.14,0.49,0.1008,0,0.3266,0,0,0.91739999999999999,0.59079999999999999]
["E9501","Ventilador axial para ventilação forçada com velocidade de saída de 32,8 m/s - D = 1.000 mm - 30 kW",441717.46389999997,39.754600000000003,8.1761999999999997,0,26.503,0,0,74.433800000000005,47.930799999999998]
["E9502","Bate-estaca de gravidade para 6 t - 119 kW",938230.53200000001,53.613199999999999,16.5397,0,40.209899999999998,84.814300000000003,33.882399999999997,229.05950000000001,104.03530000000001]
["E9503","Guilhotina hidráulica 16 x 6.100 mm - 30 kW",1300770.3687,52.030799999999999,22.070799999999998,0,45.527000000000001,0,27.890999999999998,147.5196,101.9926]
["E9505","Prensa dobradeira capacidade 320 t - comprimento até 3.100 mm - 30 kW",843910.64580000006,33.756399999999999,14.319100000000001,0,29.536899999999999,0,27.890999999999998,105.5034,75.966499999999996]
["E9507","Plotadora de recorte com computador e programa computacional",87590.900999999998,13.1386,1.8015000000000001,0,8.7591000000000001,0,0,23.699200000000001,14.940099999999999]
["E9510","Ventilador centrífugo baixa pressão com capacidade de 58 m³/min - 3,68 kW",13190.1515,1.1871,0.24410000000000001,0,0.79139999999999999,0,0,2.2225999999999999,1.4312]
["E9511","Carregadeira de pneus com capacidade de 3,40 m³ - 195 kW",2058486.4946999999,144.0941,38.102600000000002,0,144.0941,85.527000000000001,33.882399999999997,445.7002,216.07910000000001]
["E9512","Veículo leve - 53 kW",71509.025399999999,4.2904999999999998,1.3236000000000001,0.5363,4.2904999999999998,24.497299999999999,26.7271,61.665300000000002,32.877499999999998]
["E9513","Compressor de ar portátil de 160,46 l/s (340 PCM) - 81 kW",320944.18280000001,21.3963,5.7756999999999996,0,21.3963,75.494,0,124.06229999999999,27.172000000000001]
["E9514","Distribuidor de agregados sobre pneus autopropelido - 130 kW",955372.20349999995,54.592700000000001,16.841799999999999,0,47.768599999999999,135.4178,33.882399999999997,288.50330000000002,105.3169]
["E9515","Escavadeira hidráulica sobre esteiras com caçamba com capacidade de 1,56 m³ - 118 kW",1089149.9105,76.240499999999997,20.1602,0,76.240499999999997,84.101600000000005,33.882399999999997,290.62520000000001,130.28309999999999]
["E9516","Perfuratriz hidráulica sobre esteiras - 283 kW",5008841.8543999996,333.9228,90.138300000000001,0,333.9228,155.15479999999999,33.882399999999997,947.02110000000005,457.94349999999997]
["E9518","Grade de 24 discos rebocável de D = 60 cm (24\")",41873.377500000002,2.6919,0.73819999999999997,0,1.4955000000000001,0,0,4.9256000000000002,3.4300999999999999]
["E9519","Betoneira com motor a gasolina com capacidade de 600 l - 10 kW",38347.763899999998,3.0678000000000001,0.70979999999999999,0,2.3008999999999999,17.975000000000001,27.890999999999998,51.944499999999998,31.668600000000001]
["E9521","Grupo gerador - 3,2 kVA",3591.1658000000002,0.17960000000000001,6.3299999999999995E-2,0,0.1283,4.2728999999999999,0,4.6440999999999999,0.2429]
["E9522","Caldeira de asfalto rebocável com capacidade de 1.500 l - 6,5 kW",188416.33970000001,12.112500000000001,3.3214999999999999,0,4.0374999999999996,4.9890999999999996,0,24.460599999999999,15.433999999999999]
["E9523","Motoscraper - 304 kW",5542306.4512999998,260.81439999999998,95.547700000000006,0,293.4162,266.66879999999998,33.882399999999997,950.32950000000005,390.24450000000002]
["E9524","Motoniveladora - 93 kW",1367261.5501999999,68.363100000000003,24.102900000000002,0,87.895399999999995,76.480900000000005,33.882399999999997,290.72469999999998,126.3484]
["E9525","Ponte rolante com capacidade de 15 t e vão de até 15 m - 20 kW",3369751.602,134.7901,57.176299999999998,0,84.243799999999993,0,55.781999999999996,331.99220000000003,247.7484]
["E9526","Retroescavadeira de pneus - capacidade da caçamba da pá-carregadeira de 0,76 m³ e da retroescavadeira de 0,29 m³ - 58 kW ",471276.9817,32.989400000000003,8.7233000000000001,0,32.989400000000003,41.338099999999997,33.882399999999997,149.92259999999999,75.595100000000002]
["E9527","Martelete perfurador/rompedor a ar comprimido de 25 kg para rocha com capacidade de 2.040 gpm",27882.5929,2.2305999999999999,0.5161,0,2.2305999999999999,0,27.890999999999998,32.868299999999998,30.637699999999999]
["E9528","Empilhadeira a diesel com capacidade de 4 t - 60 kW",491225.55430000002,39.298000000000002,9.0925999999999991,0,34.385800000000003,49.342500000000001,27.890999999999998,160.00989999999999,76.281599999999997]
["E9529","Jateador para estruturas metálicas com transportador a roletes - 22 kW",4126114.3128,275.07429999999999,74.252899999999997,0,206.3057,0,27.890999999999998,583.52390000000003,377.21820000000002]
["E9530","Rolo compactador liso vibratório autopropelido por pneus de 11 t - 97 kW",886249.6287,59.083300000000001,15.9488,0,59.083300000000001,85.088399999999993,33.882399999999997,253.08619999999999,108.9145]
["E9532","Equipamento de solda MIG com acessórios - 14,6 kVA",80278.779399999999,6.4222999999999999,1.486,0,6.4222999999999999,0,0,14.3306,7.9082999999999997]
["E9535","Serra circular com bancada - D = 30 cm - 4 kW",7280.4888000000001,0.6552,0.1348,0,0.36399999999999999,0,27.890999999999998,29.045000000000002,28.681000000000001]
["E9536","Embarcação de transporte de pessoal e apoio logístico - 30 kW",121345.21709999999,1.8959999999999999,0.71489999999999998,0,2.1067,61.628399999999999,39.282899999999998,105.6289,41.893799999999999]
["E9538","Conjunto vibratório para meio tubo de concreto com encaixe PB e 3 jogos de fôrmas - D = 0,30 m - 2,20 kW",17297.990900000001,2.3064,0.53359999999999996,0,1.7298,0,0,4.5697999999999999,2.84]
["E9539","Equipamento de batimetria monofeixe",98940.960399999996,6.3605,1.7442,0,3.5335999999999999,0,38.392499999999998,50.030799999999999,46.497199999999999]
["E9540","Trator sobre esteiras com lâmina - 127 kW",1733095.5893999999,67.398200000000003,29.703299999999999,0,96.283100000000005,97.478899999999996,33.882399999999997,324.74590000000001,130.98390000000001]
["E9541","Trator sobre esteiras com lâmina - 259 kW",4807505.3618000001,186.95849999999999,82.395300000000006,0,267.08359999999999,198.7955,33.882399999999997,769.11530000000005,303.2362]
["E9543","Compressor de ar respirável com capacidade de até 35 MPa e 3,58 l/s - 5,52 kW",50743.9539,3.3828999999999998,0.91320000000000001,0,3.3828999999999998,0,0,7.6790000000000003,4.2961]
["E9544","Vassoura mecânica rebocável com largura de 2,44 m",75547.688899999994,6.7992999999999997,1.3984000000000001,0,4.5328999999999997,0,0,12.730600000000001,8.1976999999999993]
["E9545","Vibroacabadora de asfalto sobre esteiras - 82 kW",3675155.8357000002,183.7578,64.787700000000001,0,236.26,85.417400000000001,44.042000000000002,614.26490000000001,292.58749999999998]
["E9547","Máquina de solda elétrica transformadora 250 A - 9,20 kW",1383.3724,0.11070000000000001,2.5600000000000001E-2,0,0.11070000000000001,0,0,0.247,0.1363]
["E9548","Bomba centrífuga com capacidade de 7,1 a 22 m³/h - 1,50 kW",2500.7294000000002,0.2001,4.6300000000000001E-2,0,0.17510000000000001,0,0,0.42149999999999999,0.24640000000000001]
["E9551","Obturador mecânico simples com extensão de 12 m",4925.5709999999999,0.44330000000000003,9.1200000000000003E-2,0,0.24629999999999999,0,0,0.78080000000000005,0.53449999999999998]
["E9552","Nível ótico com capacidade de aumento de 32x",15449.3071,1.2359,0.28599999999999998,0,0.77249999999999996,0,0,2.2944,1.5219]
["E9553","Estação total eletrônica com alcance máximo de 3.000 m",32009.099699999999,2.8807999999999998,0.59250000000000003,0,1.6005,0,0,5.0738000000000003,3.4733000000000001]
["E9556","Compactador manual de placa vibratória - 3,00 kW",10833.2547,0.72219999999999995,0.19500000000000001,0,0.72219999999999995,5.3925000000000001,0,7.0319000000000003,0.91720000000000002]
["E9558","Tanque de estocagem de asfalto com capacidade de 30.000 l",696168.98499999999,29.007000000000001,10.067299999999999,0,18.1294,0,0,57.203699999999998,39.074300000000001]
["E9559","Aquecedor de fluido térmico - 12 kW",689279.88309999998,31.017600000000002,9.5688999999999993,0,20.6784,9.8684999999999992,0,71.133399999999995,40.586500000000001]
["E9560","Ônibus com capacidade para 80 passageiros - 175 kW",1104792.3614000001,47.348199999999999,19.475899999999999,7.8914,71.022400000000005,182.29310000000001,29.171099999999999,357.20209999999997,103.8866]
["E9561","GPS geodésico de simples frequência (L1)",31555.739600000001,2.5245000000000002,0.58409999999999995,0,1.5778000000000001,0,0,4.6863999999999999,3.1086]
["E9562","GPS geodésico de dupla frequência (L1/L2)",68012.640499999994,5.4409999999999998,1.2588999999999999,0,3.4005999999999998,0,0,10.1005,6.6999000000000004]
["E9563","Perfuratriz hidráulica sobre esteiras com clamshell - 220 kW",3020180.2497999999,201.34530000000001,54.350700000000003,0,201.34530000000001,120.61499999999999,33.882399999999997,611.53869999999995,289.57839999999999]
["E9565","Trator sobre esteiras com lâmina e escarificador - 259 kW",4871363.5935000004,189.4419,83.489800000000002,0,270.63130000000001,198.7955,33.882399999999997,776.24090000000001,306.8141]
["E9566","Guindaste móvel sobre esteiras com clamshell de 1,9 m³ - 220 kW",3965621.1072,138.79669999999999,67.286699999999996,0,198.28110000000001,60.307499999999997,44.042000000000002,508.714,250.12540000000001]
["E9567","Fresadora de piso de concreto - 6,7 kW",19301.597399999999,1.5441,0.35730000000000001,0,1.5441,12.043200000000001,0,15.4887,1.9014]
["E9568","Furadeira de impacto de 12,5 mm - 0,80 kW",1385.5426,0.1108,2.5600000000000001E-2,0,6.93E-2,0,0,0.20569999999999999,0.13639999999999999]
["E9569","Guindaste móvel sobre esteiras com clamshell de 4,6 m³ - 403 kW",6111231.7772000004,74.2684,36.004300000000001,0,106.09780000000001,110.47239999999999,88.084000000000003,414.92689999999999,198.35669999999999]
["E9570","Furadeira com base magnética - 1,20 kW",6007.3163999999997,0.34329999999999999,0.10589999999999999,0,0.25750000000000001,0,0,0.70669999999999999,0.44919999999999999]
["E9574","Perfuratriz sobre esteiras - 145 kW",1710234.5179000001,114.01560000000001,30.777100000000001,0,114.01560000000001,119.2444,33.882399999999997,411.93509999999998,178.67509999999999]
["E9576","Escavadeira hidráulica de longo alcance sobre esteiras - 103 kW",1083501.8870999999,75.845100000000002,20.055599999999998,0,75.845100000000002,73.410700000000006,33.882399999999997,279.03890000000001,129.78309999999999]
["E9577","Trator agrícola sobre pneus - 77 kW",327235.8823,21.8157,5.8888999999999996,0,19.088799999999999,75.987499999999997,27.890999999999998,150.67189999999999,55.595599999999997]
["E9578","Conjunto vibratório para meio tubo de concreto com encaixe PB e 3 jogos de fôrmas - D = 0,40 m - 2,20 kW",18489.9784,2.4653,0.57040000000000002,0,1.849,0,0,4.8846999999999996,3.0356999999999998]
["E9580","Fresadora e distribuidora com controle de greide - 287 kW",3050909.2091000001,177.96969999999999,54.903700000000001,0,254.2424,283.226,44.042000000000002,814.38379999999995,276.91539999999998]
["E9581","Carregadeira de pneus para rocha com capacidade de 1,72 m³ - 113 kW",759893.77659999998,75.989400000000003,15.0703,0,75.989400000000003,117.7093,33.882399999999997,318.64080000000001,124.9421]
["E9583","Distribuidor de agregados rebocável com capacidade de 1,9 m³",85359.623900000006,7.6824000000000003,1.58,0,5.1215999999999999,0,0,14.384,9.2623999999999995]
["E9584","Carregadeira de pneus com capacidade de 1,72 m³ - 113 kW",759893.77659999998,53.192599999999999,14.0656,0,53.192599999999999,49.561799999999998,33.882399999999997,203.89500000000001,101.14060000000001]
["E9585","Motosserra com motor a gasolina - 2,30 kW",1743.8949,1.3079000000000001,0.17929999999999999,0,1.3079000000000001,4.1341999999999999,27.890999999999998,34.820300000000003,29.3782]
["E9586","Régua vibratória dupla com 4 m - 4,10 kW",5636.5964999999997,0.50729999999999997,0.1043,0,0.39460000000000001,7.3696999999999999,0,8.3758999999999997,0.61160000000000003]
["E9587","Serra para corte de concreto - 4 kW",13160.5888,1.0528,0.24360000000000001,0,0.92120000000000002,7.19,0,9.4076000000000004,1.2964]
["E9588","Vibroacabadora de concreto sobre esteiras com fôrmas deslizantes - 205 kW",5738551.2739000004,286.92759999999998,101.16249999999999,0,368.90690000000001,213.54339999999999,44.042000000000002,1014.5824,432.13209999999998]
["E9589","Máquina texturizadora e aplicadora de cura química em pavimento de concreto - 44,80 kW",1442654.6314000001,72.1327,25.431899999999999,0,72.1327,36.842399999999998,33.882399999999997,240.4221,131.447]
["E9590","Central de concreto com capacidade de 40 m³/h - dosadora fixa",402891.54210000002,23.022400000000001,7.1024000000000003,0,20.144600000000001,0,44.042000000000002,94.311400000000006,74.166799999999995]
["E9591","Serra para corte de concreto e asfalto - 10 kW",18903.562300000001,1.5123,0.34989999999999999,0,1.3231999999999999,17.975000000000001,0,21.160399999999999,1.8622000000000001]
["E9593","Draga hopper com capacidade de 750 m³",112978410.4038,882.64380000000006,635.35649999999998,0,1961.4306999999999,657.9,168.97909999999999,4306.3100999999997,1686.9793999999999]
["E9594","Draga hopper com capacidade de 1.000 m³",124575512.58419999,973.24620000000004,700.57510000000002,0,2162.7692999999999,789.48,195.76300000000001,4821.8335999999999,1869.5843]
["E9595","Draga hopper com capacidade de 2.000 m³",170963921.30599999,1335.6556,961.44939999999997,0,2968.1235999999999,1381.59,195.76300000000001,6842.5816000000004,2492.8679999999999]
["E9596","Draga hopper com capacidade de 3.000 m³",217352330.02790001,1698.0651,1222.3237999999999,0,3773.4780000000001,1973.7,348.3347,9015.9015999999992,3268.7235999999998]
["E9597","Draga hopper com capacidade de 4.000 m³",263740738.7498,2060.4744999999998,1483.1982,0,4578.8323,2565.81,405.2697,11093.584699999999,3948.9423999999999]
["E9598","Draga hopper com capacidade de 5.000 m³",310129147.47140002,2422.884,1744.0726,0,5384.1866,3157.92,405.2697,13114.332899999999,4572.2263000000003]
["E9599","Central de concreto com capacidade de 30 m³/h - dosadora RS",305077.96899999998,17.433,5.3780999999999999,0,15.2539,0,44.042000000000002,82.106999999999999,66.853099999999998]
["E9601","Embarcação de transporte de pessoal e apoio logístico - 130 kW",536153.2537,8.3773999999999997,3.1587000000000001,0,9.3081999999999994,267.0564,39.282899999999998,327.18360000000001,50.819000000000003]
["E9603","Embarcação empurradora multipropósito com guindaste hidráulico de 74 kN.m - 165 kW",2146604.4956999999,27.950600000000001,12.4551,0,62.112400000000001,171.87639999999999,135.46729999999999,409.86180000000002,175.87299999999999]
["E9606","Embarcação rebocadora - 2 x 268 kW",1101447.7799,14.341799999999999,6.3909000000000002,0,31.8706,559.37950000000001,135.46729999999999,747.45010000000002,156.19999999999999]
["E9607","Conjunto de britagem para rachão com capacidade de 80 m³/h - 224 kW",2280287.5024999999,130.3021,40.1982,0,97.726600000000005,0,44.042000000000002,312.26889999999997,214.54230000000001]
["E9609","Draga de sucção para extração de areia com tubo de descarga de 150 mm - 100 kW",662951.99639999995,5.1792999999999996,3.7282000000000002,0,11.509600000000001,82.237499999999997,40.616999999999997,143.27160000000001,49.524500000000003]
["E9610","Compressor de ar portátil de 42,48 l/s (90 PCM) - 18,50 kW",119352.601,7.9568000000000003,2.1478000000000002,0,7.9568000000000003,17.2425,0,35.303899999999999,10.1046]
["E9611","Conjunto de britagem com capacidade de 80 m³/h - 313 kW",8119422.4017000003,463.96699999999998,143.13380000000001,0,347.97519999999997,0,44.042000000000002,999.11800000000005,651.14279999999997]
["E9612","Plataforma flutuante montada na obra de 12 x 24 x 1,8 m com capacidade de 150 t",692228.29399999999,5.4080000000000004,3.8929,0,9.0134000000000007,0,53.567799999999998,71.882099999999994,62.868699999999997]
["E9613","Guindaste móvel sobre esteiras com pinça com capacidade de 40 t - 186 kW",6904204.9907,241.6472,117.14709999999999,0,345.21019999999999,50.987299999999998,44.042000000000002,799.03380000000004,402.83629999999999]
["E9614","Bomba com capacidade de 136 m³/h e câmara de vácuo - 5,60 kW",10193.1896,0.8155,0.18870000000000001,0,0.71350000000000002,0,0,1.7177,1.0042]
["E9615","Usina misturadora de solos com capacidade de 300 t/h - 44 kW",1465621.3474999999,83.749799999999993,25.8368,0,73.281099999999995,0,33.882399999999997,216.7501,143.46899999999999]
["E9617","Usina misturadora de pré-misturado a frio com capacidade de 60 t/h - 23,50 kW",260190.2702,14.868,4.5868000000000002,0,13.009499999999999,0,33.882399999999997,66.346699999999998,53.337200000000003]
["E9618","Batelão autopropelido com capacidade de 300 m³ - 224 kW",20667572.377500001,161.46539999999999,116.2282,0,358.81200000000001,73.684799999999996,105.31619999999999,815.50660000000005,383.00979999999998]
["E9619","Batelão autopropelido com capacidade de 500 m³ - 373 kW",25354271.828600001,198.08019999999999,142.5848,0,440.17829999999998,122.69840000000001,105.31619999999999,1008.8579,445.9812]
["E9620","Pontão flutuante de 15 x 30 x 1,8 m com capacidade de 500 t",3416481.8525,26.691299999999998,19.2133,0,44.485399999999998,0,26.783899999999999,117.1739,72.688500000000005]
["E9621","Bomba de injeção de argamassa e nata com capacidade de 1,08 m³/h (18 l/min) e misturador com tambor de 0,100 m³ - 6,20 kW",48461.603499999997,3.8769,0.89700000000000002,0,3.8769,0,27.890999999999998,36.541800000000002,32.664900000000003]
["E9622","Máquina de bancada universal para corte de chapa - 1,50 kW",106716.8743,6.0980999999999996,1.8813,0,4.5735999999999999,0,0,12.553000000000001,7.9794]
["E9623","Máquina de bancada guilhotina - 4,00 kW",129088.72199999999,7.3765000000000001,2.2755999999999998,0,5.5324,0,0,15.1845,9.6521000000000008]
["E9624","Draga hopper com capacidade de 10.000 m³",542071191.08060002,4234.9312,3048.4445999999998,0,9410.9581999999991,5394.78,537.36980000000005,22626.483800000002,7820.7456000000002]
["E9625","Draga hopper com capacidade de 15.000 m³",774013234.68959999,6046.9784,4352.8166000000001,0,13437.729799999999,7763.22,564.88890000000004,32165.633699999998,10964.6839]
["E9626","Draga hopper com capacidade de 20.000 m³",1005955278.2986,7859.0255999999999,5657.1886000000004,0,17464.501400000001,10197.450000000001,591.67280000000005,41769.838400000001,14107.887000000001]
["E9627","Embarcação hotel com capacidade para 15 pessoas - 199 kW",2339880.9506000001,24.373799999999999,10.8612,0,54.163899999999998,207.29329999999999,56.935000000000002,353.62720000000002,92.17]
["E9628","Fábrica de pré-moldado de concreto para balizador - 2,20 kW",14321.5744,1.9095,0.44180000000000003,0,1.4321999999999999,0,0,3.7835000000000001,2.3513000000000002]
["E9629","Compressor de ar portátil de 185,95 l/s (394 PCM) - 81,50 kW",328890.52730000002,21.925999999999998,5.9187000000000003,0,21.925999999999998,75.959999999999994,0,125.7307,27.8447]
["E9630","Bomba submersível com capacidade de 75 m³/h - 3,6 kW",5381.1025,0.43049999999999999,9.9599999999999994E-2,0,0.37669999999999998,0,0,0.90680000000000005,0.53010000000000002]
["E9631","Bomba para concreto projetado via seca com capacidade de 6 m³/h - 7,5 kW",247876.48130000001,19.830100000000002,4.5881999999999996,0,17.351400000000002,0,44.042000000000002,85.811700000000002,68.460300000000004]
["E9632","Conjunto vibratório para tubos de concreto com encaixe PB e 3 jogos de fôrmas - D = 0,20 m - 2,20 kW",55198.8583,7.3597999999999999,1.7029000000000001,0,5.5198999999999998,0,0,14.582599999999999,9.0626999999999995]
["E9633","Conjunto vibratório para tubos de concreto com encaixe PB e 3 jogos de fôrmas - D = 0,30 m - 2,20 kW",62844.0193,8.3792000000000009,1.9387000000000001,0,6.2843999999999998,0,0,16.6023,10.3179]
["E9634","Conjunto vibratório para tubos de concreto com encaixe PB e 3 jogos de fôrmas - D = 0,40 m - 2,20 kW",68803.956699999995,9.1738999999999997,2.1225999999999998,0,6.8803999999999998,0,0,18.1769,11.2965]
["E9635","Draga de sucção e recalque com potência da bomba de 294 kW e cortador de 30 kW",4204093.2977,32.844499999999996,23.642600000000002,0,72.987700000000004,241.7783,67.400899999999993,438.654,123.88800000000001]
["E9636","Draga de sucção e recalque com potência da bomba de 483 kW e cortador de 55 kW",7081844.3680999996,55.326900000000002,39.8262,0,122.9487,397.20710000000003,67.400899999999993,682.70979999999997,162.554]
["E9637","Draga de sucção e recalque com potência da bomba de 746 kW e cortador de 110 kW",13321767.752699999,104.0763,74.917599999999993,0,231.2807,613.49180000000001,94.184799999999996,1117.9512,273.17869999999999]
["E9638","Draga de sucção e recalque com potência da bomba de 1.350 kW e cortador de 170 kW",20360000.050999999,159.0625,114.49850000000001,0,353.47219999999999,1110.2063000000001,94.184799999999996,1831.4242999999999,367.74579999999997]
["E9639","Embarcação hotel com capacidade para 30 pessoas - 2 x 112 kW",3734416.2053,38.900199999999998,17.334299999999999,0,86.444800000000001,233.33519999999999,135.46729999999999,511.48180000000002,191.70179999999999]
["E9640","Compressor de ar portátil de 33,51 l/s (71 PCM) - 14 kW",100717.2815,6.7145000000000001,1.8125,0,6.7145000000000001,13.048400000000001,0,28.289899999999999,8.5269999999999992]
["E9641","Compressor de ar portátil de 75,04 l/s (159 PCM) - 33 kW",150781.5716,10.052099999999999,2.7134,0,10.052099999999999,30.756799999999998,0,53.574399999999997,12.765499999999999]
["E9642","Perfuratriz hidráulica sobre esteiras para estaca raiz - 56 kW",1494371.5718,99.624799999999993,26.892499999999998,0,99.624799999999993,30.702000000000002,33.882399999999997,290.72649999999999,160.3997]
["E9643","Equipamento para pintura a ar comprimido de pistola com caneca com capacidade de 1.000 ml e compressor de 1,50 kW",3132.3251,0.28189999999999998,5.8000000000000003E-2,0,0.15659999999999999,0,0,0.4965,0.33989999999999998]
["E9646","Compressor de ar portátil de 58,52 l/s (124 PCM) - 27 kW",132405.77979999999,8.8270999999999997,2.3828,0,8.8270999999999997,25.1647,0,45.201700000000002,11.209899999999999]
["E9647","Compactador manual com soquete vibratório - 4,10 kW",12564.4545,0.83760000000000001,0.2261,0,0.83760000000000001,7.3696999999999999,0,9.2710000000000008,1.0637000000000001]
["E9648","Compressor de ar portátil de 422,86 l/s (896 PCM) - 213 kW",721218.24349999998,48.081200000000003,12.978899999999999,0,48.081200000000003,198.5213,0,307.6626,61.060099999999998]
["E9649","Compressor de ar portátil de 94,39 l/s (200 PCM) - 36 kW",174696.9803,11.6465,3.1438000000000001,0,11.6465,33.552900000000001,0,59.989699999999999,14.7903]
["E9651","Guindaste móvel sobre esteiras com Hammer Grab - 186 kW",3734477.0852000001,130.70670000000001,63.364699999999999,0,186.72389999999999,50.987299999999998,44.042000000000002,475.82459999999998,238.11340000000001]
["E9652","Compressor de ar portátil de 540,85 l/s (1.146 PCM) - 331,10 kW",924937.42660000001,61.662500000000001,16.645,0,61.662500000000001,308.59350000000001,0,448.56349999999998,78.307500000000005]
["E9653","Guindaste móvel sobre esteiras com trado para escavação em solos - 186 kW",5429752.9228999997,190.04140000000001,92.129300000000001,0,271.48759999999999,50.987299999999998,44.042000000000002,648.68759999999997,326.21269999999998]
["E9654","Guindaste móvel sobre esteiras com trado com bits escavação em rocha - 186 kW",5429752.9228999997,190.04140000000001,92.129300000000001,0,271.48759999999999,50.987299999999998,44.042000000000002,648.68759999999997,326.21269999999998]
["E9656","Guindaste móvel sobre esteiras com caçamba para escavação em solos - 186 kW",5413053.9549000002,189.45689999999999,91.846000000000004,0,270.65269999999998,50.987299999999998,44.042000000000002,646.98490000000004,325.3449]
["E9657","Guindaste móvel sobre esteiras com caçamba para escavação em rocha - 186 kW",5413053.9549000002,189.45689999999999,91.846000000000004,0,270.65269999999998,50.987299999999998,44.042000000000002,646.98490000000004,325.3449]
["E9660","Guindaste móvel sobre esteiras com capacidade de 40 t - 186 kW",3395106.9355000001,118.8287,57.606499999999997,0,169.75530000000001,50.987299999999998,44.042000000000002,441.21980000000002,220.47720000000001]
["E9661","Compressor de ar portátil de 89,67 l/s (190 PCM) - 36 kW",164013.93900000001,10.9343,2.9516,0,10.9343,33.552900000000001,0,58.373100000000001,13.885899999999999]
["E9662","Equipamento para solda e corte com oxiacetileno",6152.7143999999998,0.49220000000000003,0.1139,0,0.49220000000000003,0,0,1.0983000000000001,0.60609999999999997]
["E9664","Guindaste móvel sobre esteiras com capacidade de 80 t - 212 kW",5806366.7801999999,203.22280000000001,98.519499999999994,0,290.31830000000002,58.1145,44.042000000000002,694.21709999999996,345.78429999999997]
["E9668","Mesa vibratória - 2,20 kW",13317.4835,1.7757000000000001,0.4108,0,1.3317000000000001,0,0,3.5182000000000002,2.1865000000000001]
["E9671","Compressor de ar portátil de 363,87 l/s (771 PCM) - 158,13 kW",571751.03659999999,38.116700000000002,10.289099999999999,0,38.116700000000002,147.3811,0,233.90360000000001,48.405799999999999]
["E9673","Equipamento de batimetria multifeixe",1906811.7102999999,61.290399999999998,16.807200000000002,0,68.100399999999993,0,76.784999999999997,222.983,154.8826]
["E9674","Equipamento de medição de descarga líquida com ADCP",392281.71029999998,12.6091,3.4577,0,14.0101,0,76.784999999999997,106.86190000000001,92.851799999999997]
["E9675","Martelete perfurador/rompedor elétrico - 1,50 kW",5707.0149000000001,0.45660000000000001,0.1056,0,0.45660000000000001,0,0,1.0187999999999999,0.56220000000000003]
["E9676","Embarcação de transporte de pessoal e apoio logístico - 90 kW",528197.3162,8.2530999999999999,3.1118999999999999,0,9.1700999999999997,184.8852,39.282899999999998,244.70320000000001,50.6479]
["E9677","Martelete perfurador/rompedor a ar comprimido de 10 kg com capacidade de 1.800 gpm",20605.7958,1.6485000000000001,0.38140000000000002,0,1.6485000000000001,0,27.890999999999998,31.569400000000002,29.9209]
["E9678","Fresadora a frio - 455 kW",5760155.0412999997,336.00900000000001,103.6588,0,480.0129,449.01679999999999,44.042000000000002,1412.7394999999999,483.70979999999997]
["E9681","Rolo compactador liso tandem vibratório autopropelido de 10,4 t - 82 kW",856046.3175,57.069800000000001,15.4053,0,57.069800000000001,121.3826,33.882399999999997,284.80990000000003,106.3575]
["E9682","Rolo compactador liso tandem vibratório autopropelido de 1,6 t - 18 kW",264441.47509999998,17.6294,4.7587999999999999,0,17.6294,26.645,33.882399999999997,100.545,56.270600000000002]
["E9683","Martelete perfurador/rompedor elétrico - 0,90 kW",5360.8847999999998,0.4289,9.9199999999999997E-2,0,0.4289,0,0,0.95699999999999996,0.52810000000000001]
["E9684","Veículo leve picape 4 x 4 com capacidade de 1,10 t - 147 kW",273326.43359999999,16.3996,5.0593000000000004,2.0499000000000001,16.3996,40.296399999999998,26.7271,106.9319,50.235900000000001]
["E9685","Rolo compactador pé de carneiro vibratório autopropelido por pneus de 11,6 t - 82 kW",776457.3077,51.763800000000003,13.973000000000001,0,51.763800000000003,71.930400000000006,33.882399999999997,223.3134,99.619200000000006]
["E9689","Usina de asfalto a quente gravimétrica com capacidade de 100/140 t/h - 260 kW",9089552.5690000001,454.4776,160.23580000000001,0,584.32839999999999,0,44.042000000000002,1243.0838000000001,658.75540000000001]
["E9691","Guincho tracionador de cordoalhas - 7,50 kW",389106.62319999997,31.128499999999999,7.2023999999999999,0,19.455300000000001,0,27.890999999999998,85.677199999999999,66.221900000000005]
["E9692","Caldeira para aquecimento e injeção de cera - 1 kW",111409.9311,7.1620999999999997,1.964,0,2.3874,0,27.890999999999998,39.404499999999999,37.017099999999999]
["E9694","Misturador de argamassa de alta turbulência com capacidade de 220 l - 13 kW",28741.7032,2.2993000000000001,0.53200000000000003,0,2.0118999999999998,0,27.890999999999998,32.734200000000001,30.722300000000001]
["E9697","Minicarregadeira de pneus com vassoura de 1,68 m - 45,50 kW",428762.4399,30.013400000000001,7.9363999999999999,0,30.013400000000001,62.363399999999999,33.882399999999997,164.209,71.8322]
["E9699","Trituradora de galhos e troncos rebocável com capacidade de até 350 mm de diâmetro com guincho - 96,94 kW",424461.10119999998,47.751899999999999,14.7315,0,53.057600000000001,79.721000000000004,27.890999999999998,223.15299999999999,90.374399999999994]
["E9700","Fresadora a frio - 155 kW",3441042.8969999999,200.72749999999999,61.924399999999999,0,286.75360000000001,152.96180000000001,44.042000000000002,746.40930000000003,306.69389999999999]
["E9701","Jateador pressurizado multiabrasivo com capacidade de 280 l",24610.902600000001,2.2149999999999999,0.45550000000000002,0,2.2149999999999999,0,27.890999999999998,32.776499999999999,30.561499999999999]
["E9703","Fábrica de pré-moldado de concreto para mourão - 2,20 kW",14321.5744,1.9095,0.44180000000000003,0,1.4321999999999999,0,0,3.7835000000000001,2.3513000000000002]
["E9704","Batelão sem propulsão montado na obra com capacidade de 66 m³",231450.2409,1.8082,1.3016000000000001,0,3.0137,0,26.783899999999999,32.907400000000003,29.893699999999999]
["E9705","Misturador de lama bentonítica - 4 kW",16785.943200000002,1.3429,0.31069999999999998,0,1.175,0,27.890999999999998,30.7196,29.544599999999999]
["E9706","Martelete perfurador/rompedor a ar comprimido de 28 kg para concreto com capacidade de 1.230 gpm",26167.786899999999,2.0933999999999999,0.4844,0,2.0933999999999999,0,27.890999999999998,32.562199999999997,30.468800000000002]
["E9707","Desarenador - 15 kW",13562.066999999999,1.085,0.251,0,1.085,0,27.890999999999998,30.312000000000001,29.227]
["E9708","Microtrator com roçadeira - 10 kW",51835.248699999996,3.4557000000000002,0.93279999999999996,0,3.0236999999999998,8.2238000000000007,27.890999999999998,43.527000000000001,32.279499999999999]
["E9710","Socadora automática de linha - 253 kW",30713298.850699998,1228.5319999999999,521.12789999999995,0,1228.5319999999999,166.4487,88.084000000000003,3232.7246,1837.7438999999999]
["E9712","Reguladora e distribuidora de lastro - 300 kW",15407585.4166,616.30340000000001,261.4282,0,616.30340000000001,197.37,88.084000000000003,1779.489,965.81560000000002]
["E9714","Bate-estaca com martelo hidráulico - 450 kW",3259564.3410999998,186.26079999999999,57.461500000000001,0,139.69560000000001,320.72629999999998,33.882399999999997,738.02660000000003,277.60469999999998]
["E9716","Conjunto bomba e macaco hidráulico para protensão com capacidade de 590 kN - 3,70 kW",15181.308800000001,0.86750000000000005,0.2676,0,0.86750000000000005,0,44.042000000000002,46.044600000000003,45.177100000000003]
["E9717","Máquina policorte - 2,20 kW",989.64229999999998,8.9099999999999999E-2,1.83E-2,0,4.9500000000000002E-2,0,0,0.15690000000000001,0.1074]
["E9718","Pórtico duplo de descarga e posicionamento de dormente - 89 kW",10159043.516799999,406.36169999999998,172.37360000000001,0,304.7713,58.553100000000001,88.084000000000003,1030.1437000000001,666.8193]
["E9719","Talha manual com capacidade de 3 t",7674.7722999999996,0.307,0.13020000000000001,0,0.19189999999999999,0,0,0.62909999999999999,0.43719999999999998]
["E9720","Conjunto bomba e macaco hidráulico para protensão com capacidade de 250 kN - 3,70 kW",12002.600399999999,0.68589999999999995,0.21160000000000001,0,0.68589999999999995,0,44.042000000000002,45.625399999999999,44.939500000000002]
["E9721","Conjunto bomba e macaco hidráulico para protensão com capacidade de 1.150 kN - 5 kW",24920.1047,1.4239999999999999,0.43930000000000002,0,1.4239999999999999,0,44.042000000000002,47.329300000000003,45.905299999999997]
["E9722","Conjunto bomba e macaco hidráulico para protensão com capacidade de 2.000 kN - 5 kW",39764.794199999997,2.2723,0.70099999999999996,0,2.2723,0,44.042000000000002,49.287599999999998,47.015300000000003]
["E9723","Conjunto bomba e macaco hidráulico para protensão com capacidade de 2.500 kN - 7 kW",47062.993399999999,2.6892999999999998,0.82969999999999999,0,2.6892999999999998,0,44.042000000000002,50.250300000000003,47.561]
["E9724","Conjunto bomba e macaco hidráulico para protensão com capacidade de 4.000 kN - 10 kW",50317.248699999996,2.8753000000000002,0.88700000000000001,0,2.8753000000000002,0,44.042000000000002,50.679600000000001,47.804299999999998]
["E9725","Conjunto bomba e macaco hidráulico para protensão com capacidade de 5.400 kN - 10 kW",54100.059000000001,3.0914000000000001,0.95369999999999999,0,3.0914000000000001,0,44.042000000000002,51.1785,48.0871]
["E9726","Bate-estaca Strauss - 15 kW",123551.7124,7.0601000000000003,2.1779999999999999,0,5.2950999999999997,10.690899999999999,33.882399999999997,59.106499999999997,43.1205]
["E9727","Posicionadora de trilhos - 7,40 kW",562178.95440000005,32.124499999999998,9.9103999999999992,0,28.108899999999998,4.8685,0,75.012299999999996,42.0349]
["E9728","Tirefonadora/parafusadora portátil - 3,10 kW",52282.516300000003,4.1825999999999999,0.9677,0,4.1825999999999999,4.4577999999999998,0,13.790699999999999,5.1502999999999997]
["E9729","Equipamento para pintura eletrostática com cabine simples de 5,50 kW e estufa de 2x120.000 kCal",157518.73749999999,12.0014,3.2395999999999998,0,12.0014,0,0,27.2424,15.241]
["E9730","Grupo vibrador com gerador - 2,80 kW",80981.140199999994,4.0491000000000001,1.4276,0,2.8921999999999999,4.0263999999999998,0,12.395300000000001,5.4767000000000001]
["E9731","Máquina de furar dormente portátil - 1,50 kW",80195.445900000006,6.4156000000000004,1.4843999999999999,0,6.4156000000000004,2.157,0,16.4726,7.9]
["E9732","Máquina para furar dormente - 6,70 kW",80285.166100000002,6.4227999999999996,1.4861,0,6.4227999999999996,9.6346000000000007,0,23.9663,7.9089]
["E9733","Máquina tirefonadora e parafusadora - 6,70 kW",84641.550300000003,6.7713000000000001,1.5667,0,6.7713000000000001,9.6346000000000007,0,24.7439,8.3379999999999992]
["E9734","Bomba projetora de argamassa com capacidade de 2 m³/h - 5,50 kW",176922.5472,14.1538,3.2747999999999999,0,12.384600000000001,0,27.890999999999998,57.7042,45.319600000000001]
["E9735","Máquina para serrar trilho - 5,00 kW",25343.135200000001,2.0274999999999999,0.46910000000000002,0,2.0274999999999999,7.19,0,11.7141,2.4965999999999999]
["E9736","Máquina para furar trilho - 1,20 kW",37573.1155,3.0057999999999998,0.69550000000000001,0,3.0057999999999998,1.7256,0,8.4327000000000005,3.7012999999999998]
["E9737","Conjunto para pré-aquecimento de trilho em solda aluminotérmica",4051.5371,0.3241,7.4999999999999997E-2,0,0.3241,0,0,0.72319999999999995,0.39910000000000001]
["E9738","Máquina de esmerilhar topo e lateral de boleto - 5,20 kW",86747.568799999994,6.9398,1.6056999999999999,0,6.9398,7.4775999999999998,0,22.962900000000001,8.5455000000000005]
["E9742","Trator agrícola sobre pneus com roçadeira articulada e capacidade de 1,12 m - 77 kW",633753,42.2502,11.4049,0,36.968899999999998,75.987499999999997,27.890999999999998,194.5025,81.546099999999996]
["E9745","Trator agrícola sobre pneus com roçadeira de arraste e capacidade de 1,50 m - 77 kW",352742.04269999999,23.516100000000002,6.3479000000000001,0,20.576599999999999,75.987499999999997,27.890999999999998,154.31909999999999,57.755000000000003]
["E9746","Conjunto bomba e prensa para luva de emenda de 25 mm",25152.396100000002,2.0122,0.46560000000000001,0,1.2576000000000001,0,27.890999999999998,31.6264,30.3688]
["E9747","Conjunto bomba e prensa para luva de emenda de 32 mm",26410.0069,2.1128,0.48880000000000001,0,1.3205,0,27.890999999999998,31.813099999999999,30.492599999999999]
["E9748","Rosqueadeira para rosca cônica - 0,75 kW",6067.4252999999999,0.34670000000000001,0.107,0,0.34670000000000001,0,27.890999999999998,28.691400000000002,28.3447]
["E9749","Jateador portátil multiabrasivo com capacidade de 300 kg",8005.8352000000004,0.72050000000000003,0.1482,0,0.72050000000000003,0,27.890999999999998,29.4802,28.759699999999999]
["E9750","Bomba de injeção de argamassa com capacidade de 50 l/min",42724.327599999997,3.4178999999999999,0.79079999999999995,0,2.9906999999999999,0,0,7.1993999999999998,4.2087000000000003]
["E9753","Grupo gerador - 23 kVA",82570.494300000006,4.1284999999999998,1.4556,0,2.9489000000000001,18.7502,0,27.283200000000001,5.5841000000000003]
["E9754","Grupo gerador - 68 kVA",112930.68150000001,5.6464999999999996,1.9907999999999999,0,4.0331999999999999,56.250500000000002,0,67.921000000000006,7.6372999999999998]
["E9755","Bomba de alta pressão para jet grouting de até 45 MPa - 150 kW",1596386.2241,127.7109,29.549099999999999,0,127.7109,156.25129999999999,27.890999999999998,469.11320000000001,185.15100000000001]
["E9756","Calandra para chapas de aço até 25 mm - 22 kW",1005358.7937,40.214399999999998,17.058399999999999,0,35.187600000000003,0,27.890999999999998,120.3514,85.163799999999995]
["E9758","Vibroacabadora de asfalto sobre pneus - 82 kW",2129152.5542000001,121.66589999999999,37.533900000000003,0,136.8741,85.417400000000001,44.042000000000002,425.5333,203.24180000000001]
["E9760","Perfuratriz manual para coroa diamantada - 1,60 kW",20036.6999,1.6029,0.37090000000000001,0,1.6029,0,0,3.5767000000000002,1.9738]
["E9761","Guincho de coluna com capacidade de 200 kg - 0,92 kW",4202.9930999999997,0.3362,7.7799999999999994E-2,0,0.25219999999999998,0,0,0.66620000000000001,0.41399999999999998]
["E9762","Rolo compactador de pneus autopropelido de 27 t - 85 kW",1084259.6836999999,72.284000000000006,19.5122,0,72.284000000000006,60.581600000000002,33.882399999999997,258.54419999999999,125.6786]
["E9763","Grupo gerador - 40 kVA",106887.2406,5.3444000000000003,1.8843000000000001,0,3.8174000000000001,33.333599999999997,0,44.3797,7.2286999999999999]
["E9764","Grupo gerador - 7,2 kVA",7272.3266000000003,0.36359999999999998,0.12820000000000001,0,0.25969999999999999,9.6140000000000008,0,10.365500000000001,0.49180000000000001]
["E9765","Grupo gerador - 569 kVA",431672.64130000002,21.583600000000001,7.6097999999999999,0,15.4169,473.96210000000002,0,518.57240000000002,29.1934]
["E9766","Prensa hidráulica para fabricação de blocos pré-moldados - 20 kW",544051.58360000001,36.9178,9.5908999999999995,0,31.088699999999999,0,27.890999999999998,105.4884,74.399699999999996]
["E9767","Compressor de ar portátil de 9,44 l/s (20 PCM) a gasolina - 5,22 kW",11716.4627,0.78110000000000002,0.21079999999999999,0,0.78110000000000002,9.3828999999999994,0,11.155900000000001,0.9919]
["E9768","Compressor de ar portátil de 373,78 l/s (792 PCM) - 213,30 kW",590794.45310000004,39.386299999999999,10.6318,0,39.386299999999999,198.80090000000001,0,288.20530000000002,50.018099999999997]
["E9769","Cunha hidráulica com três cilindros e acessórios com capacidade de 3.000 kN - 5,60 kW",243425.70629999999,19.4741,4.5057999999999998,0,19.4741,5.8334000000000001,27.890999999999998,77.178399999999996,51.870899999999999]
["E9770","Retroescavadeira de pneus com caçamba de escavação trapezoidal ou triangular com seção de corte inferior a 0,10 m² - 58 kW",471276.9817,32.989400000000003,8.7233000000000001,0,32.989400000000003,41.338099999999997,33.882399999999997,149.92259999999999,75.595100000000002]
["E9771","Retroescavadeira de pneus com caçamba de escavação trapezoidal ou triangular com seção de corte de 0,10 a 0,15 m² - 58 kW",471276.9817,32.989400000000003,8.7233000000000001,0,32.989400000000003,41.338099999999997,33.882399999999997,149.92259999999999,75.595100000000002]
["E9772","Retroescavadeira de pneus com caçamba de escavação trapezoidal ou triangular com seção de corte de 0,15 a 0,20 m² - 58 kW",471276.9817,32.989400000000003,8.7233000000000001,0,32.989400000000003,41.338099999999997,33.882399999999997,149.92259999999999,75.595100000000002]
["E9773","Retroescavadeira de pneus com caçamba de escavação trapezoidal ou triangular com seção de corte de 0,20 a 0,30 m² - 58 kW",471276.9817,32.989400000000003,8.7233000000000001,0,32.989400000000003,41.338099999999997,33.882399999999997,149.92259999999999,75.595100000000002]
["E9774","Retroescavadeira de pneus com caçamba de escavação trapezoidal ou triangular com seção de corte de 0,30 a 0,50 m² - 58 kW",471276.9817,32.989400000000003,8.7233000000000001,0,32.989400000000003,41.338099999999997,33.882399999999997,149.92259999999999,75.595100000000002]
["E9775","Escavadeira hidráulica com martelo hidráulico de 1.700 kg - 103 kW",1923754.9024,219.85769999999999,38.152200000000001,0,274.82209999999998,73.410700000000006,33.882399999999997,640.12509999999997,291.89229999999998]
["E9776","Grupo gerador - 174 kVA",187388.2801,9.3694000000000006,3.3033999999999999,0,6.6924000000000001,144.7928,0,164.15799999999999,12.672800000000001]
["E9777","Extrusora de barreira de concreto - 74 kW",4564202.9912999999,319.49419999999998,84.483400000000003,0,410.7783,60.855800000000002,33.882399999999997,909.4941,437.86]
["E9778","Grupo gerador - 338 kVA",262390.0441,13.1195,4.6256000000000004,0,9.3711000000000002,281.25229999999999,0,308.36849999999998,17.745100000000001]
["E9779","Grupo gerador - 113 kVA",128188.6441,6.4093999999999998,2.2597999999999998,0,4.5781999999999998,93.750799999999998,0,106.9982,8.6692]
["E9780","Misturador automático para grauteamento com capacidade de 20 m³/h - 7 kW",268413.28830000001,21.473099999999999,4.9683000000000002,0,21.473099999999999,7.2916999999999996,27.890999999999998,83.097200000000001,54.3324]
["E9781","Misturador com bomba para grauteamento tipo Flex E ou similar - 25 kW",556131.79180000001,44.490499999999997,10.294,0,44.490499999999997,0,27.890999999999998,127.166,82.6755]
["E9782","Perfuratriz pneumática com avanço de coluna de 33,5 kg com capacidade de 2.280 gpm",39514.855100000001,3.1612,0.73140000000000005,0,3.1612,0,27.890999999999998,34.944800000000001,31.7836]
["E9784","Plataforma autopropelida com alcance de 12 m com capacidade de 700 kg - 24 kW",564167.35360000003,37.611199999999997,10.152699999999999,0,37.611199999999997,19.736999999999998,27.890999999999998,133.00309999999999,75.654899999999998]
["E9785","Guindaste móvel sobre pneus com 2 eixos com capacidade máxima de 55 t - 186 kW",2173266.2116,108.66330000000001,38.311599999999999,15.523300000000001,139.71,50.987299999999998,32.491900000000001,385.68740000000003,194.99010000000001]
["E9788","Misturador de argamassa com capacidade de 0,250 m³ - 3,70 kW",22330.743900000001,1.7865,0.4133,0,1.7865,3.8542000000000001,27.890999999999998,35.731499999999997,30.090800000000002]
["E9789","Carro manual modelo plataforma de 150 x 80 cm com capacidade de 800 kg",1822.7563,0.3281,6.7500000000000004E-2,0,0.18229999999999999,0,0,0.57789999999999997,0.39560000000000001]
["E9790","Bomba para concreto projetado via úmida com capacidade de 10 m³/h - 14,70 kW",295586.72200000001,23.646899999999999,5.4713000000000003,0,23.646899999999999,15.3126,44.042000000000002,112.11969999999999,73.160200000000003]
["E9791","Bomba pneumática para injeção de resina com capacidade de 0,18 m³/h",49831.6826,3.9864999999999999,0.9224,0,3.4882,0,0,8.3971,4.9089]
["E9793","Robot para concreto projetado com capacidade de 30 m³/h - 70 kW - com compressor diesel",5677841.0034999996,454.22730000000001,105.0968,0,454.22730000000001,72.917299999999997,44.042000000000002,1130.5107,603.36609999999996]
["E9795","Perfuratriz de superfície sobre pneus com martelo de topo e controle remoto via rádio - 60 kW",1466133.8154,97.7423,26.3843,0,97.7423,49.342500000000001,33.882399999999997,305.09379999999999,158.00899999999999]
["E9797","Jumbo eletro-hidráulico com 3 braços - 155 kW/237 kW",11644042.751700001,776.26949999999999,209.54429999999999,0,970.33690000000001,178.4554,44.042000000000002,2178.6480999999999,1029.8558]
["E9798","Perfuratriz hidráulica rotopercussiva - 123 kW",1573297.2496,104.8865,28.312799999999999,0,104.8865,101.1521,33.882399999999997,373.12029999999999,167.08170000000001]
["E9013","Caminhão tanque de asfalto com capacidade de 31.000 l - 265 kW",{"$nulls":7},448.68529999999998,104.3357]
["A9335","Cavalo mecânico estradeiro 6 x 2, PBT 23.000 kg - 265 kW - condição de trabalho severa - motorista de caminhão",888188.74690000003,38.065199999999997,15.657500000000001,6.3441999999999998,57.097799999999999,276.04390000000001,29.171099999999999,422.37970000000001,89.238]
["A9364","Tanque isotérmico de asfalto com capacidade de 31.000 l",280198.08,11.2079,3.8898000000000001,0,11.2079,0,0,26.305599999999998,15.0977]
["E9018","Cavalo mecânico com dolly intermediário e semirreboque de 4 eixos com capacidade de 53 t - 323 kW",{"$nulls":7},530.87609999999995,167.3758]
["A9324","Cavalo mecânico estradeiro 6 x 4, PBT 23.000 kg - 323 kW - motorista de veículo especial",1066020.6468,45.686599999999999,18.792400000000001,7.6143999999999998,68.529899999999998,247.9187,32.491900000000001,421.03390000000002,104.5853]
["A9355","Semirreboque com 4 eixos",533596,35.573099999999997,17.833200000000001,0,40.0197,0,0,93.426000000000002,53.406300000000002]
["A9382","Dolly intermediário com 2 eixos para semirreboque",93759.848199999993,6.2507000000000001,3.1335000000000002,0,7.032,0,0,16.4162,9.3841999999999999]
["E9027","Caminhão distribuidor de cimento e cal com capacidade de 17 m³ - 210 kW",{"$nulls":7},444.65300000000002,131.1618]
["A9333","Caminhão plataforma 8 x 2, PBTC 36.000 kg e distância entre eixos 4,8 m - 210 kW - motorista de caminhão",789271.03729999997,33.825899999999997,13.9137,5.6376999999999997,50.738900000000001,218.7518,29.171099999999999,352.03910000000002,82.548400000000001]
["A9365","Distribuidor de cimento montado sobre chassi com capacidade de 17 m³",518227.59259999997,39.111499999999999,9.5018999999999991,0,44.000500000000002,0,0,92.613900000000001,48.613399999999999]
["E9037","Plataforma de inspeção sob pontes montada em caminhão com capacidade de 500 kg e alcance de 15 m - 188 kW",{"$nulls":7},665.23109999999997,277.7124]
["A9334","Caminhão plataforma 8 x 2, PBT 29.000 kg e distância entre eixos 4,8 m - 188 kW - condição de trabalho severa - motorista de veículo especial",786825.59730000002,33.7211,13.8706,5.6201999999999996,50.581600000000002,195.8349,32.491900000000001,332.12029999999999,85.703800000000001]
["A9378","Plataforma telescópica para inspeção de pontes montada sobre chassi com capacidade de 500 kg",2194922.6727999998,125.4242,38.693399999999997,0,141.10220000000001,0,27.890999999999998,333.11079999999998,192.0086]
["E9041","Caminhão carroceria com guindauto com capacidade de 45 t.m - 188 kW",{"$nulls":7},404.1497,138.8673]
["A9313","Caminhão plataforma 6 x 2, PBT 23.000 kg e distância entre eixos 5,4 m - 188 kW - motorista de veículo especial",678833.52579999994,29.0929,11.966900000000001,4.8487999999999998,43.639299999999999,195.8349,32.491900000000001,317.87470000000002,78.400499999999994]
["A9351","Carroceria de madeira com capacidade de 11 t",37211.961900000002,2.5663,0.67300000000000004,0,2.5663,0,0,5.8056000000000001,3.2393000000000001]
["A9373","Guindaste articulado montado sobre chassi com capacidade de 45 t.m",337008,23.241900000000001,6.0945999999999998,0,23.241900000000001,0,27.890999999999998,80.469399999999993,57.227499999999999]
["E9082","Bate-estaca hidráulico para defensas montado em caminhão guindauto com capacidade de 20 t.m e carroceria de 4 t - 136 kW",{"$nulls":7},357.83929999999998,156.2132]
["A9323","Caminhão plataforma 4 x 2, PBT 14.300 kg e distância entre eixos 4,8 m - 136 kW - condição de trabalho severa - motorista de caminhão",509254.6287,21.825199999999999,8.9773999999999994,3.6375000000000002,32.7378,141.6678,29.171099999999999,238.01679999999999,63.611199999999997]
["A9347","Carroceria de madeira com capacidade de 4 t",25561.254400000002,1.7627999999999999,0.46229999999999999,0,1.7627999999999999,0,0,3.9878999999999998,2.2250999999999999]
["A9372","Guindaste articulado montado sobre chassi com capacidade de 20 t.m",210128.5,14.4916,3.8001,0,14.4916,0,27.890999999999998,60.674300000000002,46.182699999999997]
["A9379","Bate-estaca hidráulico para defensas metálicas montada sobre chassi",205615,11.6515,4.6516999999999999,0,10.966100000000001,0,27.890999999999998,55.160299999999999,44.194200000000002]
["E9097","Caminhão de resgate de veículos leves com plataforma com capacidade de 4 t - 115 kW",{"$nulls":7},218.24959999999999,66.572100000000006]
["A9326","Caminhão plataforma 4 x 2 PBT 9.600 kg e distância entre eixos 3,7 m - 115 kW - motorista de veículo especial",420762.62099999998,18.032699999999998,7.4173999999999998,3.0053999999999998,27.048999999999999,119.79259999999999,32.491900000000001,207.78899999999999,60.947400000000002]
["A9374","Plataforma hidráulica para resgate de veículos montada sobre chassi com capacidade de 4 t",75225,4.2986000000000004,1.3261000000000001,0,4.8358999999999996,0,0,10.460599999999999,5.6246999999999998]
["E9098","Caminhão de resgate de veículos de porte médio com capacidade do guincho de 20 t - 136 kW",{"$nulls":7},301.5204,112.0985]
["A9306","Caminhão plataforma 4 x 2, PBT 16.000 kg e distância entre eixos 3,6 m - 136 kW - motorista de veículo especial",535897.08889999997,22.966999999999999,9.4471000000000007,3.8277999999999999,34.450499999999998,141.6678,32.491900000000001,244.85210000000001,68.733800000000002]
["A9375","Guincho rebocador para resgate de veículos montada sobre chassi com capacidade de 20 t",206945.6299,11.8255,3.6482000000000001,0,13.303599999999999,0,27.890999999999998,56.668300000000002,43.364699999999999]
["E9099","Caminhão de resgate de veículos pesados com dois guinchos com capacidade de 35 t - 240 kW",{"$nulls":7},506.8854,163.2003]
["A9320","Caminhão plataforma 6 x 2, PBT 23.000 kg e distância entre eixos 4,8 m - 240 kW - motorista de veículo especial",860507.16159999999,36.878900000000002,15.169499999999999,6.1464999999999996,55.318300000000001,250.00200000000001,32.491900000000001,396.00709999999998,90.686800000000005]
["A9376","Guincho rebocador para resgate de veículos montada sobre chassi com capacidade de 35 t",596785,34.101999999999997,10.5205,0,38.364800000000002,0,27.890999999999998,110.8783,72.513499999999993]
["E9100","Cavalo mecânico sem reboque - 210 kW",{"$nulls":7},269.72570000000002,69.8613]
["A9310","Cavalo mecânico 4 x 2, PBT 16.000 kg - 210 kW - motorista de caminhão",601672.16390000004,25.785900000000002,10.6066,4.2976999999999999,38.678899999999999,161.18549999999999,29.171099999999999,269.72570000000002,69.8613]
["E9114","Painel com seta luminosa para montagem em caminhão",{"$nulls":7},5.6012000000000004,3.8344]
["A9380","Painel com seta luminosa montado sobre chassi",35336.738799999999,3.1802999999999999,0.65410000000000001,0,1.7667999999999999,0,0,5.6012000000000004,3.8344]
["E9115","Amortecedor retrátil (AMC) para montagem em caminhão",{"$nulls":7},92.469499999999996,50.545900000000003]
["A9381","Amortecedor retrátil montado em caminhão",465817.73249999998,41.9236,8.6222999999999992,0,41.9236,0,0,92.469499999999996,50.545900000000003]
["E9145","Caminhão basculante para concreto com capacidade de 7 m³ - 210 kW",{"$nulls":7},300.08879999999999,85.562399999999997]
["A9316","Caminhão plataforma 8 x 4, PBT 29.000 kg e distância entre eixos 4,6 m - 210 kW - motorista de caminhão",748311.37930000003,32.070500000000003,13.191700000000001,5.3451000000000004,48.105699999999999,161.18549999999999,29.171099999999999,289.06959999999998,79.778400000000005]
["A9340","Caçamba basculante para concreto com capacidade de 7 m³",61658.927000000003,4.6535000000000002,1.1305000000000001,0,5.2351999999999999,0,0,11.0192,5.7839999999999998]
["E9146","Caminhão silo com capacidade de 30 m³ - 265 kW",{"$nulls":7},465.41269999999997,113.2486]
["A9335","Cavalo mecânico estradeiro 6 x 2, PBT 23.000 kg - 265 kW - condição de trabalho severa - motorista de caminhão",888188.74690000003,38.065199999999997,15.657500000000001,6.3441999999999998,57.097799999999999,276.04390000000001,29.171099999999999,422.37970000000001,89.238]
["A9357","Semirreboque silo para cimento com capacidade de 30 m³",275825,19.022400000000001,4.9882,0,19.022400000000001,0,0,43.033000000000001,24.0106]
["E9169","Cavalo mecânico com dolly pneumático de 4 eixos e mesas de giro com capacidade de 57 t - 323 kW",{"$nulls":7},561.47299999999996,184.8663]
["A9324","Cavalo mecânico estradeiro 6 x 4, PBT 23.000 kg - 323 kW - motorista de veículo especial",1066020.6468,45.686599999999999,18.792400000000001,7.6143999999999998,68.529899999999998,247.9187,32.491900000000001,421.03390000000002,104.5853]
["A9385","Conjunto de duas mesas de giro para quinta roda ou reboque com capacidade de 100 t cada",313868.54920000001,20.924600000000002,10.489699999999999,0,23.540099999999999,0,0,54.9544,31.414300000000001]
["A9389","Dolly pneumático com capacidade de 48 t e 4 eixos",488240.07919999998,32.549300000000002,16.317399999999999,0,36.618000000000002,0,0,85.484700000000004,48.866700000000002]
["E9170","Cavalo mecânico com dois dollys pneumáticos de 3 e 4 eixos e mesas de giro com capacidade de 77 t - 323 kW",{"$nulls":7},653.47029999999995,235.9007]
["A9385","Conjunto de duas mesas de giro para quinta roda ou reboque com capacidade de 100 t cada",313868.54920000001,20.924600000000002,10.489699999999999,0,23.540099999999999,0,0,54.9544,31.414300000000001]
["A9386","Cavalo mecânico estradeiro 6 x 4, CMT 123.000 kg - 323 kW - motorista de veículo especial",1265942.969,54.2547,22.316800000000001,9.0424000000000007,81.382000000000005,247.9187,32.491900000000001,447.40649999999999,118.1058]
["A9387","Dolly pneumático com capacidade de 28,5 t e 3 eixos",374810.56849999999,24.987400000000001,12.5265,0,28.110800000000001,0,0,65.624700000000004,37.5139]
["A9389","Dolly pneumático com capacidade de 48 t e 4 eixos",488240.07919999998,32.549300000000002,16.317399999999999,0,36.618000000000002,0,0,85.484700000000004,48.866700000000002]
["E9171","Cavalo mecânico com dois dollys pneumáticos de 4 e 5 eixos e mesas de giro com capacidade de 111 t - 440 kW",{"$nulls":7},1277.1243999999999,511.93270000000001]
["A9325","Cavalo mecânico 8 x 8, PBT 26.000 kg - 440 kW -  motorista de veículo especial",5011788.9378000004,214.791,88.350700000000003,35.798499999999997,322.18639999999999,337.72199999999998,32.491900000000001,1031.3405,371.43209999999999]
["A9385","Conjunto de duas mesas de giro para quinta roda ou reboque com capacidade de 100 t cada",313868.54920000001,20.924600000000002,10.489699999999999,0,23.540099999999999,0,0,54.9544,31.414300000000001]
["A9388","Dolly pneumático com capacidade de 60 t e 5 eixos",601669.58990000002,40.1113,20.1083,0,45.1252,0,0,105.34480000000001,60.2196]
["A9389","Dolly pneumático com capacidade de 48 t e 4 eixos",488240.07919999998,32.549300000000002,16.317399999999999,0,36.618000000000002,0,0,85.484700000000004,48.866700000000002]
["E9199","Caminhão com sistema de hidrojateamento de alta pressão e vácuo para limpeza e desobstrução de bueiros com capacidade total de 15.600 l - 188 kW",{"$nulls":7},356.77809999999999,101.2559]
["A9299","Equipamento com sistema de hidrojateamento de alta pressão e vácuo para limpeza e desobstrução de bueiros com diâmetro de até 1.500 mm com capacidade total de 15.600 l",401200,16.047999999999998,6.8074000000000003,0,16.047999999999998,0,0,38.903399999999998,22.855399999999999]
["A9313","Caminhão plataforma 6 x 2, PBT 23.000 kg e distância entre eixos 5,4 m - 188 kW - motorista de veículo especial",678833.52579999994,29.0929,11.966900000000001,4.8487999999999998,43.639299999999999,195.8349,32.491900000000001,317.87470000000002,78.400499999999994]
["E9201","Caminhão basculante para rocha com capacidade de 12 m³ - 188 kW com periculosidade",{"$nulls":7},320.82400000000001,110.4143]
["A9327","Caminhão plataforma 8 x 2 PBT 29.000 kg e distância entre eixos 4,8 m - 188 kW - motorista de veículo especial com periculosidade",786825.59730000002,33.7211,13.8706,5.6201999999999996,50.581600000000002,144.29939999999999,40.045699999999997,288.1386,93.257599999999996]
["A9343","Caçamba basculante para rocha com capacidade de 12 m³",182894.041,13.8033,3.3534000000000002,0,15.528700000000001,0,0,32.685400000000001,17.156700000000001]
["E9202","Plataforma pantográfica montada em caminhão - 115 kW com periculosidade",{"$nulls":7},319.16059999999999,141.70820000000001]
["A9300","Caminhão plataforma 4 x 2, PBT 8.300 kg e distância entre eixos 3,7 m - 115 kW - motorista de veículo especial com periculosidade",397658.80780000001,17.0425,7.0102000000000002,2.8403999999999998,25.563800000000001,119.79259999999999,40.045699999999997,212.29519999999999,66.938800000000001]
["A9383","Plataforma pantográfica hidráulica montada sobre chassi com capacidade de 600 kg - com periculosidade",481440,32.095999999999997,8.6638999999999999,0,32.095999999999997,0,34.009500000000003,106.86539999999999,74.769400000000005]
["E9506","Caminhão basculante com capacidade de 6 m³ - 136 kW",{"$nulls":7},185.7182,71.340599999999995]
["A9307","Caminhão plataforma 4 x 2, PBT 16.000 kg e distância entre eixos 3,6 m - 136 kW - motorista de caminhão",535897.08889999997,22.966999999999999,9.4471000000000007,3.8277999999999999,34.450499999999998,74.561999999999998,29.171099999999999,174.4255,65.412999999999997]
["A9338","Caçamba basculante com capacidade de 6 m³",63189,4.7690000000000001,1.1586000000000001,0,5.3651,0,0,11.2927,5.9276]
["E9508","Caminhão carroceria com capacidade de 9 t - 136 kW",{"$nulls":7},185.1405,71.1614]
["A9309","Caminhão plataforma 4 x 2, PBT 16.000 kg e distância entre eixos 4,8 m - 136 kW - motorista de caminhão",574417.76619999995,24.617899999999999,10.126200000000001,4.1029999999999998,36.926900000000003,74.561999999999998,29.171099999999999,179.50710000000001,68.018199999999993]
["A9350","Carroceria de madeira com capacidade de 9 t",36108,2.4902000000000002,0.65300000000000002,0,2.4902000000000002,0,0,5.6334,3.1432000000000002]
["E9509","Caminhão tanque distribuidor de asfalto com capacidade de 6.000 l - 7 kW/136 kW",{"$nulls":7},263.58350000000002,73.879599999999996]
["A9323","Caminhão plataforma 4 x 2, PBT 14.300 kg e distância entre eixos 4,8 m - 136 kW - condição de trabalho severa - motorista de caminhão",509254.6287,21.825199999999999,8.9773999999999994,3.6375000000000002,32.7378,141.6678,29.171099999999999,238.01679999999999,63.611199999999997]
["A9363","Tanque espargidor de asfalto com capacidade de 6.000 l - 7 kW",190570,7.6227999999999998,2.6456,0,7.6227999999999998,7.6755000000000004,0,25.566700000000001,10.2684]
["E9520","Caminhão com caçamba térmica com capacidade de 6 m³ - 188 kW",{"$nulls":7},274.61900000000003,81.411500000000004]
["A9311","Caminhão plataforma 6 x 2, PBT 23.000 kg e distância entre eixos 4,8 m - 188 kW - motorista de caminhão",676370.98389999999,28.987300000000001,11.923500000000001,4.8311999999999999,43.481000000000002,144.29939999999999,29.171099999999999,262.69349999999997,74.9131]
["A9339","Caçamba térmica com capacidade de 6 m³",96481.589000000007,4.8240999999999996,1.6742999999999999,0,5.4271000000000003,0,0,11.9255,6.4984000000000002]
["E9571","Caminhão tanque com capacidade de 10.000 l - 188 kW",{"$nulls":7},330.9726,84.255300000000005]
["A9332","Caminhão plataforma 6 x 2, PBT 23.000 kg e distância entre eixos 4,8 m - 188 kW - condição de trabalho severa - motorista de caminhão",676370.98389999999,28.987300000000001,11.923500000000001,4.8311999999999999,43.481000000000002,195.8349,29.171099999999999,314.22899999999998,74.9131]
["A9360","Tanque para transporte de água com capacidade de 10.000 l",107321,7.4013999999999998,1.9408000000000001,0,7.4013999999999998,0,0,16.743600000000001,9.3422000000000001]
["E9575","Caminhão basculante com caçamba estanque com capacidade de 14 m³ - 210 kW",{"$nulls":7},304.69990000000001,87.982799999999997]
["A9316","Caminhão plataforma 8 x 4, PBT 29.000 kg e distância entre eixos 4,6 m - 210 kW - motorista de caminhão",748311.37930000003,32.070500000000003,13.191700000000001,5.3451000000000004,48.105699999999999,161.18549999999999,29.171099999999999,289.06959999999998,79.778400000000005]
["A9345","Caçamba basculante estanque com capacidade de 14 m³",87460.546799999996,6.6007999999999996,1.6035999999999999,0,7.4259000000000004,0,0,15.6303,8.2043999999999997]
["E9579","Caminhão basculante com capacidade de 10 m³ - 210 kW",{"$nulls":7},303.2303,87.211399999999998]
["A9316","Caminhão plataforma 8 x 4, PBT 29.000 kg e distância entre eixos 4,6 m - 210 kW - motorista de caminhão",748311.37930000003,32.070500000000003,13.191700000000001,5.3451000000000004,48.105699999999999,161.18549999999999,29.171099999999999,289.06959999999998,79.778400000000005]
["A9342","Caçamba basculante com capacidade de 10 m³",79237,5.9802,1.4528000000000001,0,6.7276999999999996,0,0,14.1607,7.4329999999999998]
["E9592","Caminhão carroceria com capacidade de 15 t - 188 kW",{"$nulls":7},269.74720000000002,78.834100000000007]
["A9314","Caminhão plataforma 6 x 2, PBT 23.000 kg e distância entre eixos 5,4 m - 188 kW - motorista de caminhão",678833.52579999994,29.0929,11.966900000000001,4.8487999999999998,43.639299999999999,144.29939999999999,29.171099999999999,263.01839999999999,75.079700000000003]
["A9352","Carroceria de madeira com capacidade de 15 t",43129,2.9744000000000002,0.78,0,2.9744000000000002,0,0,6.7287999999999997,3.7544]
["E9600","Caminhão betoneira com capacidade de 8 m³ - 188 kW",{"$nulls":7},311.05720000000002,101.69889999999999]
["A9317","Caminhão plataforma 8 x 2, PBT 29.000 kg e distância entre eixos 4,8 m - 188 kW - motorista de veículo especial",786825.59730000002,33.7211,13.8706,5.6201999999999996,50.581600000000002,144.29939999999999,32.491900000000001,280.58479999999997,85.703800000000001]
["A9346","Misturador de concreto para montagem em chassi de caminhão com capacidade de 8 m³",170510,12.8687,3.1263999999999998,0,14.4773,0,0,30.4724,15.995100000000001]
["E9604","Caminhão basculante para rocha com capacidade de 8 m³ - 210 kW",{"$nulls":7},304.26299999999998,87.704800000000006]
["A9315","Caminhão basculante 6 x 4, PBT 23.000 kg e distância entre eixos 3,6 m - 210 kW -  motorista de caminhão",778426.50150000001,33.3611,13.7225,5.5602,50.041699999999999,161.18549999999999,29.171099999999999,293.0421,81.814899999999994]
["A9341","Caçamba basculante para rocha com capacidade de 8 m³",62787.8,4.7386999999999997,1.1512,0,5.3310000000000004,0,0,11.2209,5.8898999999999999]
["E9605","Caminhão tanque com capacidade de 6.000 l - 136 kW",{"$nulls":7},252.1003,71.469200000000001]
["A9323","Caminhão plataforma 4 x 2, PBT 14.300 kg e distância entre eixos 4,8 m - 136 kW - condição de trabalho severa - motorista de caminhão",509254.6287,21.825199999999999,8.9773999999999994,3.6375000000000002,32.7378,141.6678,29.171099999999999,238.01679999999999,63.611199999999997]
["A9358","Tanque para transporte de água com capacidade de 6.000 l",90270,6.2255000000000003,1.6325000000000001,0,6.2255000000000003,0,0,14.083500000000001,7.8579999999999997]
["E9644","Caminhão demarcador de faixas com sistema de pintura a frio - 28 kW/115 kW",{"$nulls":7},380.37970000000001,159.21190000000001]
["A9302","Caminhão plataforma 4 x 2, PBT 8.300 kg e distância entre eixos 4,4 m - 115 kW - motorista de veículo especial",399902.97749999998,17.1387,7.0496999999999996,2.8563999999999998,25.707999999999998,119.79259999999999,32.491900000000001,205.03729999999999,59.536700000000003]
["A9368","Equipamento demarcador de faixas a frio montado sobre chassi com capacidade de 800 l - 28 kW",697085,52.668599999999998,19.115600000000001,0,49.570500000000003,26.096699999999998,27.890999999999998,175.3424,99.675200000000004]
["E9645","Caminhão demarcador de faixas com sistema de pintura a quente - 5 kW/30,10 kW/136 kW",{"$nulls":7},568.04600000000005,251.19479999999999]
["A9305","Caminhão plataforma 4 x 2, PBT 14.300 kg e distância entre eixos 4,8 m - 136 kW - motorista de veículo especial",509254.6287,21.825199999999999,8.9773999999999994,3.6375000000000002,32.7378,141.6678,32.491900000000001,241.33760000000001,66.932000000000002]
["A9328","Compressor de ar portátil de 70,79 l/s (150 PCM) sem reboque - 30,10 kW",146397.10190000001,9.7598000000000003,2.6345000000000001,0,9.7598000000000003,28.053999999999998,0,50.208100000000002,12.394299999999999]
["A9369","Equipamento demarcador de faixas a quente montado sobre chassi com capacidade de 500 l - 5,0 kW",1398141.5991,105.6374,38.3401,0,99.423400000000001,5.2084000000000001,27.890999999999998,276.50029999999998,171.86850000000001]
["E9663","Caminhão basculante com capacidade de 4 m³ - 136 kW",{"$nulls":7},180.05269999999999,68.409700000000001]
["A9304","Caminhão plataforma 4 x 2, PBT 14.300 kg e distância entre eixos 4,8 m - 136 kW - motorista de caminhão",509254.6287,21.825199999999999,8.9773999999999994,3.6375000000000002,32.7378,74.561999999999998,29.171099999999999,170.911,63.611199999999997]
["A9336","Caçamba basculante com capacidade de 4 m³",51153,3.8605999999999998,0.93789999999999996,0,4.3432000000000004,0,0,9.1417000000000002,4.7984999999999998]
["E9665","Cavalo mecânico com semirreboque com capacidade de 22 t - 240 kW",{"$nulls":7},394.66649999999998,127.5599]
["A9318","Cavalo mecânico 4 x 2, PBT 16.000 kg - 240 kW - motorista de veículo especial",856509.85129999998,36.707599999999999,15.099,6.1178999999999997,55.061300000000003,184.21199999999999,32.491900000000001,329.68970000000002,90.416399999999996]
["A9353","Semirreboque com 2 eixos",371110,24.7407,12.402799999999999,0,27.833300000000001,0,0,64.976799999999997,37.143500000000003]
["E9666","Cavalo mecânico com semirreboque com capacidade de 30 t - 265 kW",{"$nulls":7},421.73779999999999,130.39689999999999]
["A9321","Cavalo mecânico estradeiro 6 x 2, PBT 23.000 kg - 265 kW - motorista de caminhão",888188.74690000003,38.065199999999997,15.657500000000001,6.3441999999999998,57.097799999999999,203.4008,29.171099999999999,349.73660000000001,89.238]
["A9354","Semirreboque com 3 eixos",411230,27.415299999999998,13.743600000000001,0,30.842300000000002,0,0,72.001199999999997,41.158900000000003]
["E9667","Caminhão basculante com capacidade de 14 m³ - 210 kW",{"$nulls":7},304.3057,87.775899999999993]
["A9316","Caminhão plataforma 8 x 4, PBT 29.000 kg e distância entre eixos 4,6 m - 210 kW - motorista de caminhão",748311.37930000003,32.070500000000003,13.191700000000001,5.3451000000000004,48.105699999999999,161.18549999999999,29.171099999999999,289.06959999999998,79.778400000000005]
["A9344","Caçamba basculante com capacidade de 14 m³",85255,6.4343000000000004,1.5631999999999999,0,7.2385999999999999,0,0,15.2361,7.9974999999999996]
["E9669","Caminhão tanque com capacidade de 8.000 l - 136 kW",{"$nulls":7},261.32229999999998,76.225399999999993]
["A9331","Caminhão plataforma 4 x 2, PBT 16.000 kg e distância entre eixos 4,8 m - 136 kW - condição de trabalho severa - motorista de caminhão",574417.76619999995,24.617899999999999,10.126200000000001,4.1029999999999998,36.926900000000003,141.6678,29.171099999999999,246.6129,68.018199999999993]
["A9359","Tanque para transporte de água com capacidade de 8.000 l",94282,6.5022000000000002,1.7050000000000001,0,6.5022000000000002,0,0,14.7094,8.2072000000000003]
["E9670","Usina móvel de lama asfáltica ou microrrevestimento com cavalo mecânico com capacidade de 12 m³ - 95,6 kW/240 kW",{"$nulls":7},772.60810000000004,263.84089999999998]
["A9319","Cavalo mecânico 4 x 2, PBT 16.000 kg - 240 kW - condição de trabalho severa - motorista de veículo especial",856509.85129999998,36.707599999999999,15.099,6.1178999999999997,55.061300000000003,250.00200000000001,32.491900000000001,395.47969999999998,90.416399999999996]
["A9367","Usina de lama asfáltica ou microrrevestimento asfáltico rebocável com capacidade de 12 m³ - 95,6 kW",1538109.527,98.878500000000003,30.504000000000001,0,98.878500000000003,104.8254,44.042000000000002,377.1284,173.42449999999999]
["E9672","Caminhão basculante para rocha com capacidade de 12 m³ - 188 kW",{"$nulls":7},313.27019999999999,102.8605]
["A9317","Caminhão plataforma 8 x 2, PBT 29.000 kg e distância entre eixos 4,8 m - 188 kW - motorista de veículo especial",786825.59730000002,33.7211,13.8706,5.6201999999999996,50.581600000000002,144.29939999999999,32.491900000000001,280.58479999999997,85.703800000000001]
["A9343","Caçamba basculante para rocha com capacidade de 12 m³",182894.041,13.8033,3.3534000000000002,0,15.528700000000001,0,0,32.685400000000001,17.156700000000001]
["E9679","Cavalo mecânico com dois reboques hidropneumáticos de 5 e 4 eixos e mesas de giro com capacidade de 130 t - 440 kW",{"$nulls":7},1462.0905,617.66719999999998]
["A9325","Cavalo mecânico 8 x 8, PBT 26.000 kg - 440 kW -  motorista de veículo especial",5011788.9378000004,214.791,88.350700000000003,35.798499999999997,322.18639999999999,337.72199999999998,32.491900000000001,1031.3405,371.43209999999999]
["A9384","Reboque hidropneumático com capacidade de 166 t e 4 eixos",979787.42260000005,65.319199999999995,32.7453,0,73.484099999999998,0,0,171.54859999999999,98.064499999999995]
["A9385","Conjunto de duas mesas de giro para quinta roda ou reboque com capacidade de 100 t cada",313868.54920000001,20.924600000000002,10.489699999999999,0,23.540099999999999,0,0,54.9544,31.414300000000001]
["A9390","Reboque hidropneumático com capacidade de 117 t e 5 eixos",1166542.4838,77.769499999999994,38.986800000000002,0,87.490700000000004,0,0,204.24700000000001,116.7563]
["E9680","Caminhão tanque com capacidade de 13.000 l - 188 kW",{"$nulls":7},333.47649999999999,85.6524]
["A9332","Caminhão plataforma 6 x 2, PBT 23.000 kg e distância entre eixos 4,8 m - 188 kW - condição de trabalho severa - motorista de caminhão",676370.98389999999,28.987300000000001,11.923500000000001,4.8311999999999999,43.481000000000002,195.8349,29.171099999999999,314.22899999999998,74.9131]
["A9361","Tanque para transporte de água com capacidade de 13.000 l",123369,8.5082000000000004,2.2311000000000001,0,8.5082000000000004,0,0,19.247499999999999,10.7393]
["E9686","Caminhão carroceria com guindauto com capacidade de 20 t.m - 136 kW",{"$nulls":7},315.06779999999998,120.01009999999999]
["A9308","Caminhão plataforma 4 x 2, PBT 16.000 kg e distância entre eixos 4,8 m - 136 kW - motorista de veículo especial",574417.76619999995,24.617899999999999,10.126200000000001,4.1029999999999998,36.926900000000003,141.6678,32.491900000000001,249.93369999999999,71.338999999999999]
["A9349","Carroceria de madeira com capacidade de 7 t",28585.5,1.9714,0.51700000000000002,0,1.9714,0,0,4.4598000000000004,2.4883999999999999]
["A9372","Guindaste articulado montado sobre chassi com capacidade de 20 t.m",210128.5,14.4916,3.8001,0,14.4916,0,27.890999999999998,60.674300000000002,46.182699999999997]
["E9687","Caminhão carroceria com capacidade de 5 t - 115 kW",{"$nulls":7},151.9075,59.960599999999999]
["A9303","Caminhão plataforma 4 x 2, PBT 9.600 kg e distância entre eixos 3,7 m - 115 kW - motorista de caminhão",420762.62099999998,18.032699999999998,7.4173999999999998,3.0053999999999998,27.048999999999999,63.0488,29.171099999999999,147.7244,57.626600000000003]
["A9348","Carroceria de madeira com capacidade de 5 t",26811.654299999998,1.8491,0.4849,0,1.8491,0,0,4.1830999999999996,2.3340000000000001]
["E9690","Caminhão carroceria com guindauto e cesto aéreo com capacidade de 10 t.m - 136 kW",{"$nulls":7},339.17309999999998,145.78880000000001]
["A9308","Caminhão plataforma 4 x 2, PBT 16.000 kg e distância entre eixos 4,8 m - 136 kW - motorista de veículo especial",574417.76619999995,24.617899999999999,10.126200000000001,4.1029999999999998,36.926900000000003,141.6678,32.491900000000001,249.93369999999999,71.338999999999999]
["A9329","Cesto aéreo simples isolado com capacidade para 135 kg",24327.764999999999,1.6778,0.44,0,1.6778,0,0,3.7955999999999999,2.1177999999999999]
["A9330","Guindaste articulado montado sobre chassi com capacidade de 10 t.m",154012.7763,10.621600000000001,2.7852000000000001,0,10.621600000000001,0,55.781999999999996,79.810400000000001,69.188800000000001]
["A9350","Carroceria de madeira com capacidade de 9 t",36108,2.4902000000000002,0.65300000000000002,0,2.4902000000000002,0,0,5.6334,3.1432000000000002]
["E9693","Caminhão demarcador de faixas com sistema de pintura Spray - 115 kW",{"$nulls":7},793.95230000000004,417.71350000000001]
["A9322","Caminhão plataforma 4 x 2, PBT 9.600 kg e distância entre eixos 3,7 m - 115 kW - condição de trabalho severa - motorista de caminhão",420762.62099999998,18.032699999999998,7.4173999999999998,3.0053999999999998,27.048999999999999,119.79259999999999,29.171099999999999,204.4682,57.626600000000003]
["A9370","Equipamento demarcador de faixas sistema spray montado sobre chassi com capacidade 1.080 l",3225898.75,243.7346,88.461299999999994,0,229.3972,0,27.890999999999998,589.48410000000001,360.08690000000001]
["E9783","Plataforma pantográfica montada em caminhão - 115 kW",{"$nulls":7},305.48829999999998,128.0359]
["A9301","Caminhão plataforma 4 x 2, PBT 8.300 kg e distância entre eixos 3,7 m - 115 kW - motorista de veículo especial",397658.80780000001,17.0425,7.0102000000000002,2.8403999999999998,25.563800000000001,119.79259999999999,32.491900000000001,204.7414,59.384999999999998]
["A9377","Plataforma pantográfica hidráulica montada sobre chassi com capacidade de 600 kg",481440,32.095999999999997,8.6638999999999999,0,32.095999999999997,0,27.890999999999998,100.7469,68.650899999999993]
["E9787","Bomba para concreto com lança montada sobre chassi com capacidade de 50 m³/h - 136 kW",{"$nulls":7},558.09569999999997,261.1345]
["A9308","Caminhão plataforma 4 x 2, PBT 16.000 kg e distância entre eixos 4,8 m - 136 kW - motorista de veículo especial",574417.76619999995,24.617899999999999,10.126200000000001,4.1029999999999998,36.926900000000003,141.6678,32.491900000000001,249.93369999999999,71.338999999999999]
["A9371","Bomba para concreto com lança montada sobre chassi com capacidade de 50 m³/h",1479581.0349999999,118.3665,27.387,0,118.3665,0,44.042000000000002,308.16199999999998,189.7955]
["E9792","Caminhão para hidrossemeadura com capacidade de 7.500 l - 136 kW",{"$nulls":7},351.05099999999999,136.1942]
["A9323","Caminhão plataforma 4 x 2, PBT 14.300 kg e distância entre eixos 4,8 m - 136 kW - condição de trabalho severa - motorista de caminhão",509254.6287,21.825199999999999,8.9773999999999994,3.6375000000000002,32.7378,141.6678,29.171099999999999,238.01679999999999,63.611199999999997]
["A9362","Tanque para hidrossemeadura com capacidade de 7.500 l",476425,35.956600000000002,8.7354000000000003,0,40.4512,0,27.890999999999998,113.0342,72.582999999999998]

{"sheet":"SINTÉTICO SICRO","index":17,"n_rows":6402,"n_cols":4,"rows_kept":6402,"cut":false,"hidden":false,"merged":[[0,1,0,2]]}
["CGCIT","SISTEMA DE CUSTOS REFERENCIAIS DE OBRAS - SICRO",null,"DNIT"]
[null,"Amapá - Abril/2024"]
["Código","Descrição do Serviço","Unidade","Custo Unitário (R$)"]
[307731,"Aparelho de apoio de neoprene fretado para estruturas moldadas no local - fornecimento e instalação","dm³",127.56]
[307732,"Aparelho de apoio de neoprene fretado para estruturas pré-moldadas - fornecimento e instalação","dm³",102.91]
[308308,"Aparelho de apoio metálico elastomérico fixo com capacidade de 1.500 kN - fornecimento e instalação","un",7376.65]
[308313,"Aparelho de apoio metálico elastomérico fixo com capacidade de 10.000 kN - fornecimento e instalação","un",46937.279999999999]
[308309,"Aparelho de apoio metálico elastomérico fixo com capacidade de 2.500 kN - fornecimento e instalação","un",11967.2]
[308310,"Aparelho de apoio metálico elastomérico fixo com capacidade de 4.000 kN - fornecimento e instalação","un",17987.21]
[308311,"Aparelho de apoio metálico elastomérico fixo com capacidade de 5.500 kN - fornecimento e instalação","un",24699.14]
[308312,"Aparelho de apoio metálico elastomérico fixo com capacidade de 7.500 kN - fornecimento e instalação","un",34156.269999999997]
[308307,"Aparelho de apoio metálico elastomérico fixo com capacidade de 700 kN - fornecimento e instalação","un",4914.01]
[308322,"Aparelho de apoio metálico elastomérico multidirecional com capacidade de 1.500 kN - fornecimento e instalação","un",5848.54]
[308327,"Aparelho de apoio metálico elastomérico multidirecional com capacidade de 10.000 kN - fornecimento e instalação","un",36168.980000000003]
[308323,"Aparelho de apoio metálico elastomérico multidirecional com capacidade de 2.500 kN - fornecimento e instalação","un",8548.31]
[308324,"Aparelho de apoio metálico elastomérico multidirecional com capacidade de 4.000 kN - fornecimento e instalação","un",13384.51]
[308325,"Aparelho de apoio metálico elastomérico multidirecional com capacidade de 5.500 kN - fornecimento e instalação","un",18941.04]
[308326,"Aparelho de apoio metálico elastomérico multidirecional com capacidade de 7.500 kN - fornecimento e instalação","un",26719.24]
[308321,"Aparelho de apoio metálico elastomérico multidirecional com capacidade de 700 kN - fornecimento e instalação","un",4023.35]
[308315,"Aparelho de apoio metálico elastomérico unidirecional com capacidade de 1.500 kN - fornecimento e instalação","un",7196.62]
[308320,"Aparelho de apoio metálico elastomérico unidirecional com capacidade de 10.000 kN - fornecimento e instalação","un",45816.31]
[308316,"Aparelho de apoio metálico elastomérico unidirecional com capacidade de 2.500 kN - fornecimento e instalação","un",10267.799999999999]
[308317,"Aparelho de apoio metálico elastomérico unidirecional com capacidade de 4.000 kN - fornecimento e instalação","un",17777.080000000002]
[308318,"Aparelho de apoio metálico elastomérico unidirecional com capacidade de 5.500 kN - fornecimento e instalação","un",24124.31]
[308319,"Aparelho de apoio metálico elastomérico unidirecional com capacidade de 7.500 kN - fornecimento e instalação","un",30240.87]
[308314,"Aparelho de apoio metálico elastomérico unidirecional com capacidade de 700 kN - fornecimento e instalação","un",4845.5]
[308250,"Aparelho de apoio metálico esférico fixo com capacidade de 1.000 kN - fornecimento e instalação","un",6182.47]
[308251,"Aparelho de apoio metálico esférico fixo com capacidade de 1.500 kN - fornecimento e instalação","un",9453.17]
[308268,"Aparelho de apoio metálico esférico fixo com capacidade de 10.000 kN - fornecimento e instalação","un",79458.289999999994]
[308252,"Aparelho de apoio metálico esférico fixo com capacidade de 2.000 kN - fornecimento e instalação","un",11615.53]
[308253,"Aparelho de apoio metálico esférico fixo com capacidade de 2.500 kN - fornecimento e instalação","un",14342.81]
[308254,"Aparelho de apoio metálico esférico fixo com capacidade de 3.000 kN - fornecimento e instalação","un",16141.17]
[308255,"Aparelho de apoio metálico esférico fixo com capacidade de 3.500 kN - fornecimento e instalação","un",19782.45]
[308256,"Aparelho de apoio metálico esférico fixo com capacidade de 4.000 kN - fornecimento e instalação","un",25245.4]
[308257,"Aparelho de apoio metálico esférico fixo com capacidade de 4.500 kN - fornecimento e instalação","un",32651.15]
[308258,"Aparelho de apoio metálico esférico fixo com capacidade de 5.000 kN - fornecimento e instalação","un",36381.43]
[308259,"Aparelho de apoio metálico esférico fixo com capacidade de 5.500 kN - fornecimento e instalação","un",41211.58]
[308260,"Aparelho de apoio metálico esférico fixo com capacidade de 6.000 kN - fornecimento e instalação","un",45462.38]
[308261,"Aparelho de apoio metálico esférico fixo com capacidade de 6.500 kN - fornecimento e instalação","un",50253.81]
[308262,"Aparelho de apoio metálico esférico fixo com capacidade de 7.000 kN - fornecimento e instalação","un",55248.85]
[308263,"Aparelho de apoio metálico esférico fixo com capacidade de 7.500 kN - fornecimento e instalação","un",56209.36]
[308264,"Aparelho de apoio metálico esférico fixo com capacidade de 8.000 kN - fornecimento e instalação","un",62198.06]
[308265,"Aparelho de apoio metálico esférico fixo com capacidade de 8.500 kN - fornecimento e instalação","un",63793.04]
[308266,"Aparelho de apoio metálico esférico fixo com capacidade de 9.000 kN - fornecimento e instalação","un",71139.509999999995]
[308267,"Aparelho de apoio metálico esférico fixo com capacidade de 9.500 kN - fornecimento e instalação","un",75253.11]
[308288,"Aparelho de apoio metálico esférico multidirecional com capacidade de 1.000 kN - fornecimento e instalação","un",8859.23]
[308289,"Aparelho de apoio metálico esférico multidirecional com capacidade de 1.500 kN - fornecimento e instalação","un",12580.95]
[308306,"Aparelho de apoio metálico esférico multidirecional com capacidade de 10.000 kN - fornecimento e instalação","un",84256.28]
[308290,"Aparelho de apoio metálico esférico multidirecional com capacidade de 2.000 kN - fornecimento e instalação","un",16308.08]
[308291,"Aparelho de apoio metálico esférico multidirecional com capacidade de 2.500 kN - fornecimento e instalação","un",19805.39]
[308292,"Aparelho de apoio metálico esférico multidirecional com capacidade de 3.000 kN - fornecimento e instalação","un",22295.279999999999]
[308293,"Aparelho de apoio metálico esférico multidirecional com capacidade de 3.500 kN - fornecimento e instalação","un",25647.73]
[308294,"Aparelho de apoio metálico esférico multidirecional com capacidade de 4.000 kN - fornecimento e instalação","un",27945.07]
[308295,"Aparelho de apoio metálico esférico multidirecional com capacidade de 4.500 kN - fornecimento e instalação","un",34315.040000000001]
[308296,"Aparelho de apoio metálico esférico multidirecional com capacidade de 5.000 kN - fornecimento e instalação","un",37528.28]
[308297,"Aparelho de apoio metálico esférico multidirecional com capacidade de 5.500 kN - fornecimento e instalação","un",41394.67]
[308298,"Aparelho de apoio metálico esférico multidirecional com capacidade de 6.000 kN - fornecimento e instalação","un",47018.16]
[308299,"Aparelho de apoio metálico esférico multidirecional com capacidade de 6.500 kN - fornecimento e instalação","un",50780.959999999999]
[308300,"Aparelho de apoio metálico esférico multidirecional com capacidade de 7.000 kN - fornecimento e instalação","un",54645.69]
[308301,"Aparelho de apoio metálico esférico multidirecional com capacidade de 7.500 kN - fornecimento e instalação","un",58946.65]
[308302,"Aparelho de apoio metálico esférico multidirecional com capacidade de 8.000 kN - fornecimento e instalação","un",65398.91]
[308303,"Aparelho de apoio metálico esférico multidirecional com capacidade de 8.500 kN - fornecimento e instalação","un",71666.320000000007]
[308304,"Aparelho de apoio metálico esférico multidirecional com capacidade de 9.000 kN - fornecimento e instalação","un",75586.7]
[308305,"Aparelho de apoio metálico esférico multidirecional com capacidade de 9.500 kN - fornecimento e instalação","un",80242.649999999994]
[308269,"Aparelho de apoio metálico esférico unidirecional com capacidade de 1.000 kN - fornecimento e instalação","un",9469.85]
[308270,"Aparelho de apoio metálico esférico unidirecional com capacidade de 1.500 kN - fornecimento e instalação","un",12947.22]
[308287,"Aparelho de apoio metálico esférico unidirecional com capacidade de 10.000 kN - fornecimento e instalação","un",85436.65]
[308271,"Aparelho de apoio metálico esférico unidirecional com capacidade de 2.000 kN - fornecimento e instalação","un",16171.58]
[308272,"Aparelho de apoio metálico esférico unidirecional com capacidade de 2.500 kN - fornecimento e instalação","un",18780.75]
[308273,"Aparelho de apoio metálico esférico unidirecional com capacidade de 3.000 kN - fornecimento e instalação","un",22433.66]
[308274,"Aparelho de apoio metálico esférico unidirecional com capacidade de 3.500 kN - fornecimento e instalação","un",25922.240000000002]
[308275,"Aparelho de apoio metálico esférico unidirecional com capacidade de 4.000 kN - fornecimento e instalação","un",30564.080000000002]
[308276,"Aparelho de apoio metálico esférico unidirecional com capacidade de 4.500 kN - fornecimento e instalação","un",40594.730000000003]
[308277,"Aparelho de apoio metálico esférico unidirecional com capacidade de 5.000 kN - fornecimento e instalação","un",44912.26]
[308278,"Aparelho de apoio metálico esférico unidirecional com capacidade de 5.500 kN - fornecimento e instalação","un",48699.12]
[308279,"Aparelho de apoio metálico esférico unidirecional com capacidade de 6.000 kN - fornecimento e instalação","un",50639.47]
[308280,"Aparelho de apoio metálico esférico unidirecional com capacidade de 6.500 kN - fornecimento e instalação","un",54750.22]
[308281,"Aparelho de apoio metálico esférico unidirecional com capacidade de 7.000 kN - fornecimento e instalação","un",58818.26]
[308282,"Aparelho de apoio metálico esférico unidirecional com capacidade de 7.500 kN - fornecimento e instalação","un",63147.53]
[308283,"Aparelho de apoio metálico esférico unidirecional com capacidade de 8.000 kN - fornecimento e instalação","un",67143.22]
[308284,"Aparelho de apoio metálico esférico unidirecional com capacidade de 8.500 kN - fornecimento e instalação","un",72425.73]
[308285,"Aparelho de apoio metálico esférico unidirecional com capacidade de 9.000 kN - fornecimento e instalação","un",76764.160000000003]
[308286,"Aparelho de apoio metálico esférico unidirecional com capacidade de 9.500 kN - fornecimento e instalação","un",81208.47]
[307733,"Junta de dilatação em elastômero e perfil VV - L = 20 mm e H = 40 mm - fornecimento e instalação","m",261.94]
[307734,"Junta de dilatação em elastômero e perfil VV - L = 25 mm e H = 50 mm - fornecimento e instalação","m",315.52]
[307735,"Junta de dilatação em elastômero e perfil VV - L = 35 mm e H = 60 mm - fornecimento e instalação","m",413.88]
[307736,"Junta de dilatação em elastômero e perfil VV - L = 40 mm e H = 70 mm - fornecimento e instalação","m",552.41]
[307737,"Junta de dilatação em elastômero e perfil VV - L = 50 mm e H = 80 mm - fornecimento e instalação","m",583.45000000000005]
[307730,"Junta de dilatação em perfil extrudado de borracha vulcanizada","m",0]
[307084,"Lábios poliméricos em junta de pavimento de concreto - L = 20 mm e H = 30 mm - confecção e assentamento","m",33.68]
[407818,"Armação em aço CA-25 - fornecimento, preparo e colocação","kg",12.43]
[407819,"Armação em aço CA-50 - fornecimento, preparo e colocação","kg",12.64]
[407820,"Armação em aço CA-60 - fornecimento, preparo e colocação","kg",14.17]
[407740,"Chumbador tipo espera em aço CA-25 para fixação de estrutura metálica em concreto - fornecimento e instalação","kg",14.95]
[408037,"Luva de emenda com rosca cônica para aço CA-50 - D = 12,5 mm - fornecimento e instalação","un",23.35]
[408038,"Luva de emenda com rosca cônica para aço CA-50 - D = 16 mm - fornecimento e instalação","un",38.19]
[408039,"Luva de emenda com rosca cônica para aço CA-50 - D = 20 mm - fornecimento e instalação","un",50]
[408041,"Luva de emenda com rosca cônica para aço CA-50 - D = 25 mm - fornecimento e instalação","un",67.790000000000006]
[408042,"Luva de emenda com rosca cônica para aço CA-50 - D = 32 mm - fornecimento e instalação","un",95.09]
[408031,"Luva de emenda prensada para aço CA-50 - D = 12,5 mm - fornecimento e instalação","un",24.92]
[408032,"Luva de emenda prensada para aço CA-50 - D = 16 mm - fornecimento e instalação","un",33.94]
[408033,"Luva de emenda prensada para aço CA-50 - D = 20 mm - fornecimento e instalação","un",46.27]
[408035,"Luva de emenda prensada para aço CA-50 - D = 25 mm - fornecimento e instalação","un",85.81]
[408036,"Luva de emenda prensada para aço CA-50 - D = 32 mm - fornecimento e instalação","un",173.13]
[408067,"Tela de aço eletrossoldada - fornecimento, preparo e colocação","kg",12.29]
[407743,"Treliça nervurada três barras longitudinais interligadas por duas diagonais sinusoidal - fornecimento e instalação","kg",13.48]
[607137,"Arco metálico galvanizado tipo MP 152S - arco alto - vão = 10,08 m e altura = 6,12 m - aterro rodoviário mínimo = 0,90 m e máximo = 5,00 m - areia e brita comerciais","m",61833.919999999998]
[606785,"Arco metálico galvanizado tipo MP 152S - arco alto - vão = 10,08 m e altura = 6,12 m - aterro rodoviário mínimo = 0,90 m e máximo = 5,00 m - areia extraída e brita produzida","m",60901.41]
[607139,"Arco metálico galvanizado tipo MP 152S - arco alto - vão = 10,31 m e altura = 6,17 m - aterro rodoviário mínimo = 0,90 m e máximo = 4,90 m - areia e brita comerciais","m",62679.6]
[606787,"Arco metálico galvanizado tipo MP 152S - arco alto - vão = 10,31 m e altura = 6,17 m - aterro rodoviário mínimo = 0,90 m e máximo = 4,90 m - areia extraída e brita produzida","m",61406.04]
[607140,"Arco metálico galvanizado tipo MP 152S - arco alto - vão = 10,36 m e altura = 5,38 m - aterro rodoviário mínimo = 1,20 m e máximo = 3,60 m - areia e brita comerciais","m",57224.86]
[606788,"Arco metálico galvanizado tipo MP 152S - arco alto - vão = 10,36 m e altura = 5,38 m - aterro rodoviário mínimo = 1,20 m e máximo = 3,60 m - areia extraída e brita produzida","m",56713.23]
[607141,"Arco metálico galvanizado tipo MP 152S - arco alto - vão = 10,54 m e altura = 6,05 m - aterro rodoviário mínimo = 1,20 m e máximo = 4,20 m - areia e brita comerciais","m",63787.7]
[606789,"Arco metálico galvanizado tipo MP 152S - arco alto - vão = 10,54 m e altura = 6,05 m - aterro rodoviário mínimo = 1,20 m e máximo = 4,20 m - areia extraída e brita produzida","m",62818.58]
[607144,"Arco metálico galvanizado tipo MP 152S - arco alto - vão = 10,57 m e altura = 5,41 m - aterro rodoviário mínimo = 1,20 m e máximo = 4,10 m - areia e brita comerciais","m",74545.399999999994]
[606792,"Arco metálico galvanizado tipo MP 152S - arco alto - vão = 10,57 m e altura = 5,41 m - aterro rodoviário mínimo = 1,20 m e máximo = 4,10 m - areia extraída e brita produzida","m",73660.22]
[607142,"Arco metálico galvanizado tipo MP 152S - arco alto - vão = 10,74 m e altura = 6,48 m - aterro rodoviário mínimo = 1,20 m e máximo = 4,70 m - areia e brita comerciais","m",66939.48]
[606790,"Arco metálico galvanizado tipo MP 152S - arco alto - vão = 10,74 m e altura = 6,48 m - aterro rodoviário mínimo = 1,20 m e máximo = 4,70 m - areia extraída e brita produzida","m",65897.09]
[607145,"Arco metálico galvanizado tipo MP 152S - arco alto - vão = 10,77 m e altura = 6,10 m - aterro rodoviário mínimo = 1,20 m e máximo = 4,70 m - areia e brita comerciais","m",82311.37]
[606793,"Arco metálico galvanizado tipo MP 152S - arco alto - vão = 10,77 m e altura = 6,10 m - aterro rodoviário mínimo = 1,20 m e máximo = 4,70 m - areia extraída e brita produzida","m",81321.37]
[607146,"Arco metálico galvanizado tipo MP 152S - arco alto - vão = 10,97 m e altura = 6,53 m - aterro rodoviário mínimo = 1,20 m e máximo = 4,70 m - areia e brita comerciais","m",85912.59]
[606794,"Arco metálico galvanizado tipo MP 152S - arco alto - vão = 10,97 m e altura = 6,53 m - aterro rodoviário mínimo = 1,20 m e máximo = 4,70 m - areia extraída e brita produzida","m",84838.080000000002]
[607143,"Arco metálico galvanizado tipo MP 152S - arco alto - vão = 11,35 m e altura = 7,12 m - aterro rodoviário mínimo = 1,20 m e máximo = 4,70 m - areia e brita comerciais","m",72361.210000000006]
[606791,"Arco metálico galvanizado tipo MP 152S - arco alto - vão = 11,35 m e altura = 7,12 m - aterro rodoviário mínimo = 1,20 m e máximo = 4,70 m - areia extraída e brita produzida","m",71161.119999999995]
[607147,"Arco metálico galvanizado tipo MP 152S - arco alto - vão = 11,58 m e altura = 7,16 m - aterro rodoviário mínimo = 1,20 m e máximo = 6,40 m - areia e brita comerciais","m",92751.039999999994]
[606795,"Arco metálico galvanizado tipo MP 152S - arco alto - vão = 11,58 m e altura = 7,16 m - aterro rodoviário mínimo = 1,20 m e máximo = 6,40 m - areia extraída e brita produzida","m",91512.88]
[607112,"Arco metálico galvanizado tipo MP 152S - arco alto - vão = 6,12 m e altura = 2,77 m - aterro rodoviário mínimo = 0,75 m e máximo = 5,40 m - areia e brita comerciais","m",30078.41]
[606760,"Arco metálico galvanizado tipo MP 152S - arco alto - vão = 6,12 m e altura = 2,77 m - aterro rodoviário mínimo = 0,75 m e máximo = 5,40 m - areia extraída e brita produzida","m",29753.84]
[607113,"Arco metálico galvanizado tipo MP 152S - arco alto - vão = 6,30 m e altura = 3,68 m - aterro rodoviário mínimo = 0,75 m e máximo = 7,50 m - areia e brita comerciais","m",35341.26]
[606761,"Arco metálico galvanizado tipo MP 152S - arco alto - vão = 6,30 m e altura = 3,68 m - aterro rodoviário mínimo = 0,75 m e máximo = 7,50 m - areia extraída e brita produzida","m",34968.18]
[606762,"Arco metálico galvanizado tipo MP 152S - arco alto - vão = 6,55 m e altura = 3,56 m - aterro rodoviário mínimo = 0,75 m e máximo = 4,9 m - areia extraída e brita produzida","m",34664.080000000002]
[607114,"Arco metálico galvanizado tipo MP 152S - arco alto - vão = 6,55 m e altura = 3,56 m - aterro rodoviário mínimo = 0,75 m e máximo = 4,90 m - areia e brita comerciais","m",35044.21]
[607116,"Arco metálico galvanizado tipo MP 152S - arco alto - vão = 6,78 m e altura = 3,61 m - aterro rodoviário mínimo = 0,75 m e máximo = 4,80 m - areia e brita comerciais","m",37064.76]
[606764,"Arco metálico galvanizado tipo MP 152S - arco alto - vão = 6,78 m e altura = 3,61 m - aterro rodoviário mínimo = 0,75 m e máximo = 4,80 m - areia extraída e brita produzida","m",36668.61]
[607115,"Arco metálico galvanizado tipo MP 152S - arco alto - vão = 6,96 m e altura = 4,42 m - aterro rodoviário mínimo = 0,75 m e máximo = 8,10 m - areia e brita comerciais","m",42105.56]
[606763,"Arco metálico galvanizado tipo MP 152S - arco alto - vão = 6,96 m e altura = 4,42 m - aterro rodoviário mínimo = 0,75 m e máximo = 8,10 m - areia extraída e brita produzida","m",41628.980000000003]
[607117,"Arco metálico galvanizado tipo MP 152S - arco alto - vão = 6,99 m e altura = 4,27 m - aterro rodoviário mínimo = 0,75 m e máximo = 5,70 m - areia e brita comerciais","m",42086.12]
[606765,"Arco metálico galvanizado tipo MP 152S - arco alto - vão = 6,99 m e altura = 4,27 m - aterro rodoviário mínimo = 0,75 m e máximo = 5,70 m - areia extraída e brita produzida","m",41622.629999999997]
[607118,"Arco metálico galvanizado tipo MP 152S - arco alto - vão = 7,01 m e altura = 3,63 m - aterro rodoviário mínimo = 0,75 m e máximo = 4,60 m - areia e brita comerciais","m",37720.85]
[606766,"Arco metálico galvanizado tipo MP 152S - arco alto - vão = 7,01 m e altura = 3,63 m - aterro rodoviário mínimo = 0,75 m e máximo = 4,60 m - areia extraída e brita produzida","m",37311.9]
[607120,"Arco metálico galvanizado tipo MP 152S - arco alto - vão = 7,24 m e altura = 3,68 m - aterro rodoviário mínimo = 0,90 m e máximo = 4,4 m - areia e brita comerciais","m",38424.300000000003]
[606768,"Arco metálico galvanizado tipo MP 152S - arco alto - vão = 7,24 m e altura = 3,68 m - aterro rodoviário mínimo = 0,90 m e máximo = 4,40 m - areia extraída e brita produzida","m",37993.65]
[607119,"Arco metálico galvanizado tipo MP 152S - arco alto - vão = 7,42 m e altura = 4,52 m - aterro rodoviário mínimo = 0,90 m e máximo = 6,40 m - areia e brita comerciais","m",44188.98]
[606767,"Arco metálico galvanizado tipo MP 152S - arco alto - vão = 7,42 m e altura = 4,52 m - aterro rodoviário mínimo = 0,90 m e máximo = 6,40 m - areia extraída e brita produzida","m",43663.79]
[607121,"Arco metálico galvanizado tipo MP 152S - arco alto - vão = 7,47 m e altura = 4,19 m - aterro rodoviário mínimo = 0,90 m e máximo = 4,30 m - areia e brita comerciais","m",41627.839999999997]
[606769,"Arco metálico galvanizado tipo MP 152S - arco alto - vão = 7,47 m e altura = 4,19 m - aterro rodoviário mínimo = 0,90 m e máximo = 4,30 m - areia extraída e brita produzida","m",41136.85]
[607123,"Arco metálico galvanizado tipo MP 152S - arco alto - vão = 7,67 m e altura = 3,99 m - aterro rodoviário mínimo = 0,90 m e máximo = 4,10 m - areia e brita comerciais","m",41076.76]
[606771,"Arco metálico galvanizado tipo MP 152S - arco alto - vão = 7,67 m e altura = 3,99 m - aterro rodoviário mínimo = 0,90 m e máximo = 4,10 m - areia extraída e brita produzida","m",40587.599999999999]
[607122,"Arco metálico galvanizado tipo MP 152S - arco alto - vão = 7,85 m e altura = 4,60 m - aterro rodoviário mínimo = 0,90 m e máximo = 6,00 m - areia e brita comerciais","m",45589.4]
[606770,"Arco metálico galvanizado tipo MP 152S - arco alto - vão = 7,85 m e altura = 4,60 m - aterro rodoviário mínimo = 0,90 m e máximo = 6,00 m - areia extraída e brita produzida","m",45025.26]
[607125,"Arco metálico galvanizado tipo MP 152S - arco alto - vão = 7,90 m e altura = 4,04 m - aterro rodoviário mínimo = 0,90 m e máximo = 4,00 m - areia e brita comerciais","m",42470.3]
[606773,"Arco metálico galvanizado tipo MP 152S - arco alto - vão = 7,90 m e altura = 4,04 m - aterro rodoviário mínimo = 0,90 m e máximo = 4,00 m - areia extraída e brita produzida","m",41955.62]
[607124,"Arco metálico galvanizado tipo MP 152S - arco alto - vão = 8,08 m e altura = 4,65 m - aterro rodoviário mínimo = 0,90 m e máximo = 5,80 m - areia e brita comerciais","m",46283.79]
[606772,"Arco metálico galvanizado tipo MP 152S - arco alto - vão = 8,08 m e altura = 4,65 m - aterro rodoviário mínimo = 0,90 m e máximo = 5,80 m - areia extraída e brita produzida","m",45701.599999999999]
[607126,"Arco metálico galvanizado tipo MP 152S - arco alto - vão = 8,31 m e altura = 4,70 m - aterro rodoviário mínimo = 0,90 m e máximo = 5,60 m - areia e brita comerciais","m",47579.4]
[606774,"Arco metálico galvanizado tipo MP 152S - arco alto - vão = 8,31 m e altura = 4,70 m - aterro rodoviário mínimo = 0,90 m e máximo = 5,60 m - areia extraída e brita produzida","m",46969.16]
[607127,"Arco metálico galvanizado tipo MP 152S - arco alto - vão = 8,36 m e altura = 4,11 m - aterro rodoviário mínimo = 0,90 m e máximo = 3,70 m - areia e brita comerciais","m",43796.57]
[606775,"Arco metálico galvanizado tipo MP 152S - arco alto - vão = 8,36 m e altura = 4,11 m - aterro rodoviário mínimo = 0,90 m e máximo = 3,70 m - areia extraída e brita produzida","m",43250.97]
[607129,"Arco metálico galvanizado tipo MP 152S - arco alto - vão = 8,59 m e altura = 4,39 m - aterro rodoviário mínimo = 0,90 m e máximo = 3,60 m - areia e brita comerciais","m",45853.16]
[606777,"Arco metálico galvanizado tipo MP 152S - arco alto - vão = 8,59 m e altura = 4,39 m - aterro rodoviário mínimo = 0,90 m e máximo = 3,60 m - areia extraída e brita produzida","m",45255.64]
[607128,"Arco metálico galvanizado tipo MP 152S - arco alto - vão = 8,97 m e altura = 5,00 m - aterro rodoviário mínimo = 0,90 m e máximo = 5,80 m - areia e brita comerciais","m",50468.46]
[606776,"Arco metálico galvanizado tipo MP 152S - arco alto - vão = 8,97 m e altura = 5,00 m - aterro rodoviário mínimo = 0,90 m e máximo = 5,80 m - areia extraída e brita produzida","m",49770.31]
[607130,"Arco metálico galvanizado tipo MP 152S - arco alto - vão = 9,17 m e altura = 5,49 m - aterro rodoviário mínimo = 0,90 m e máximo = 5,60 m - areia e brita comerciais","m",53807.199999999997]
[606778,"Arco metálico galvanizado tipo MP 152S - arco alto - vão = 9,17 m e altura = 5,49 m - aterro rodoviário mínimo = 0,90 m e máximo = 5,60 m - areia extraída e brita produzida","m",53039.81]
[607131,"Arco metálico galvanizado tipo MP 152S - arco alto - vão = 9,22 m e altura = 4,70 m - aterro rodoviário mínimo = 0,90 m e máximo = 4,10 m - areia e brita comerciais","m",50463.97]
[606779,"Arco metálico galvanizado tipo MP 152S - arco alto - vão = 9,22 m e altura = 4,70 m - aterro rodoviário mínimo = 0,90 m e máximo = 4,10 m - areia extraída e brita produzida","m",49785.08]
[607133,"Arco metálico galvanizado tipo MP 152S - arco alto - vão = 9,45 m e altura = 4,75 m - aterro rodoviário mínimo = 0,90 m e máximo = 4,00 m - areia e brita comerciais","m",51231.74]
[606781,"Arco metálico galvanizado tipo MP 152S - arco alto - vão = 9,45 m e altura = 4,75 m - aterro rodoviário mínimo = 0,90 m e máximo = 4,00 m - areia extraída e brita produzida","m",50532.44]
[607132,"Arco metálico galvanizado tipo MP 152S - arco alto - vão = 9,63 m e altura = 5,59 m - aterro rodoviário mínimo = 0,90 m e máximo = 5,30 m - areia e brita comerciais","m",55907.16]
[606780,"Arco metálico galvanizado tipo MP 152S - arco alto - vão = 9,63 m e altura = 5,59 m - aterro rodoviário mínimo = 0,90 m e máximo = 5,30 m - areia extraída e brita produzida","m",55085.97]
[607134,"Arco metálico galvanizado tipo MP 152S - arco alto - vão = 9,65 m e altura = 5,41 m - aterro rodoviário mínimo = 0,90 m e máximo = 4,70 m - areia e brita comerciais","m",55351.56]
[606782,"Arco metálico galvanizado tipo MP 152S - arco alto - vão = 9,65 m e altura = 5,41 m - aterro rodoviário mínimo = 0,90 m e máximo = 4,70 m - areia extraída e brita produzida","m",54549.15]
[607136,"Arco metálico galvanizado tipo MP 152S - arco alto - vão = 9,68 m e altura = 5,23 m - aterro rodoviário mínimo = 0,90 m e máximo = 3,90 m - areia e brita comerciais","m",54596.59]
[606784,"Arco metálico galvanizado tipo MP 152S - arco alto - vão = 9,68 m e altura = 5,23 m - aterro rodoviário mínimo = 0,90 m e máximo = 3,90 m - areia extraída e brita produzida","m",53819.81]
[607135,"Arco metálico galvanizado tipo MP 152S - arco alto - vão = 9,86 m e altura = 6,07 m - aterro rodoviário mínimo = 0,90 m e máximo = 5,20 m - areia e brita comerciais","m",60938.32]
[606783,"Arco metálico galvanizado tipo MP 152S - arco alto - vão = 9,86 m e altura = 6,07 m - aterro rodoviário mínimo = 0,90 m e máximo = 5,20 m - areia extraída e brita produzida","m",60037.83]
[607138,"Arco metálico galvanizado tipo MP 152S - arco alto - vão = 9,91 m e altura = 5,28 m - aterro rodoviário mínimo = 0,90 m e máximo = 3,80 m - areia e brita comerciais","m",55569.17]
[606786,"Arco metálico galvanizado tipo MP 152S - arco alto - vão = 9,91 m e altura = 5,28 m - aterro rodoviário mínimo = 0,90 m e máximo = 3,80 m - areia extraída e brita produzida","m",54741.67]
[606842,"Arco metálico galvanizado tipo MP 152S - ovoide - vão = 7,21 m e altura = 7,82 m - aterro rodoviário mínimo = 0,75 m e máximo = 6,70 m - areia e brita comerciais","m",68517.05]
[606832,"Arco metálico galvanizado tipo MP 152S - ovoide - vão = 7,21 m e altura = 7,82 m - aterro rodoviário mínimo = 0,75 m e máximo = 6,70 m - areia extraída e brita produzida","m",67954.55]
[606843,"Arco metálico galvanizado tipo MP 152S - ovoide - vão = 7,31 m e altura = 7,87 m - aterro rodoviário mínimo = 0,90 m e máximo = 6,80 m - areia e brita comerciais","m",71197.66]
[606833,"Arco metálico galvanizado tipo MP 152S - ovoide - vão = 7,31 m e altura = 7,87 m - aterro rodoviário mínimo = 0,90 m e máximo = 6,80 m - areia extraída e brita produzida","m",70610.3]
[606845,"Arco metálico galvanizado tipo MP 152S - ovoide - vão = 7,57 m e altura = 8,44 m - aterro rodoviário mínimo = 0,90 m e máximo = 5,60 m - areia e brita comerciais","m",73805.87]
[606835,"Arco metálico galvanizado tipo MP 152S - ovoide - vão = 7,57 m e altura = 8,44 m - aterro rodoviário mínimo = 0,90 m e máximo = 5,60 m - areia extraída e brita produzida","m",73217.34]
[606844,"Arco metálico galvanizado tipo MP 152S - ovoide - vão = 7,77 m e altura = 7,90 m - aterro rodoviário mínimo = 0,90 m e máximo = 6,80 m - areia e brita comerciais","m",72296.95]
[606834,"Arco metálico galvanizado tipo MP 152S - ovoide - vão = 7,77 m e altura = 7,90 m - aterro rodoviário mínimo = 0,90 m e máximo = 6,80 m - areia extraída e brita produzida","m",71691.86]
[606847,"Arco metálico galvanizado tipo MP 152S - ovoide - vão = 8,13 m e altura = 8,01 m - aterro rodoviário mínimo = 0,90 m e máximo = 3,50 m - areia e brita comerciais","m",77209.2]
[606837,"Arco metálico galvanizado tipo MP 152S - ovoide - vão = 8,13 m e altura = 8,01 m - aterro rodoviário mínimo = 0,90 m e máximo = 3,50 m - areia extraída e brita produzida","m",76553.23]
[606846,"Arco metálico galvanizado tipo MP 152S - ovoide - vão = 8,36 m e altura = 8,23 m - aterro rodoviário mínimo = 0,90 m e máximo = 4,30 m - areia e brita comerciais","m",77923]
[606836,"Arco metálico galvanizado tipo MP 152S - ovoide - vão = 8,36 m e altura = 8,23 m - aterro rodoviário mínimo = 0,90 m e máximo = 4,30 m - areia extraída e brita produzida","m",77258.490000000005]
[606848,"Arco metálico galvanizado tipo MP 152S - ovoide - vão = 8,56 m e altura = 8,48 m - aterro rodoviário mínimo = 0,90 m e máximo = 5,30 m - areia e brita comerciais","m",77815.33]
[606838,"Arco metálico galvanizado tipo MP 152S - ovoide - vão = 8,56 m e altura = 8,48 m - aterro rodoviário mínimo = 0,90 m e máximo = 5,30 m - areia extraída e brita produzida","m",77126.289999999994]
[606849,"Arco metálico galvanizado tipo MP 152S - ovoide - vão = 8,71 m e altura = 9,32 m - aterro rodoviário mínimo = 0,90 m e máximo = 6,00 m - areia e brita comerciais","m",84260.18]
[606839,"Arco metálico galvanizado tipo MP 152S - ovoide - vão = 8,71 m e altura = 9,32 m - aterro rodoviário mínimo = 0,90 m e máximo = 6,00 m - areia extraída e brita produzida","m",83583.8]
[606850,"Arco metálico galvanizado tipo MP 152S - ovoide - vão = 9,15 m e altura = 9,04 m - aterro rodoviário mínimo = 0,90 m e máximo = 4,70 m - areia e brita comerciais","m",84995.42]
[606840,"Arco metálico galvanizado tipo MP 152S - ovoide - vão = 9,15 m e altura = 9,04 m - aterro rodoviário mínimo = 0,90 m e máximo = 4,70 m - areia extraída e brita produzida","m",84261.33]
[606851,"Arco metálico galvanizado tipo MP 152S - ovoide - vão = 9,15 m e altura = 9,50 m - aterro rodoviário mínimo = 0,90 m e máximo = 5,70 m - areia e brita comerciais","m",85578.31]
[606841,"Arco metálico galvanizado tipo MP 152S - ovoide - vão = 9,15 m e altura = 9,50 m - aterro rodoviário mínimo = 0,90 m e máximo = 5,70 m - areia extraída e brita produzida","m",84870.62]
[605604,"Argamassa de solo-cimento com 10% de cimento e material de jazida - preparo e injeção em tunnel liner","m³",373.94]
[605695,"Bueiro metálico com chapas múltiplas MP 100 com revestimento em epóxi - D = 0,60 m - brita comercial","m",1643.59]
[605607,"Bueiro metálico com chapas múltiplas MP 100 com revestimento em epóxi - D = 0,60 m - brita produzida","m",1595.88]
[605696,"Bueiro metálico com chapas múltiplas MP 100 com revestimento em epóxi - D = 0,70 m - brita comercial","m",1890.31]
[605608,"Bueiro metálico com chapas múltiplas MP 100 com revestimento em epóxi - D = 0,70 m - brita produzida","m",1839.62]
[605697,"Bueiro metálico com chapas múltiplas MP 100 com revestimento em epóxi - D = 0,80 m - brita comercial","m",2137.0700000000002]
[605609,"Bueiro metálico com chapas múltiplas MP 100 com revestimento em epóxi - D = 0,80 m - brita produzida","m",2083.39]
[605698,"Bueiro metálico com chapas múltiplas MP 100 com revestimento em epóxi - D = 0,90 m - brita comercial","m",2335.91]
[605610,"Bueiro metálico com chapas múltiplas MP 100 com revestimento em epóxi - D = 0,90 m - brita produzida","m",2279.25]
[605699,"Bueiro metálico com chapas múltiplas MP 100 com revestimento em epóxi - D = 1,00 m - brita comercial","m",2582.6]
[605611,"Bueiro metálico com chapas múltiplas MP 100 com revestimento em epóxi - D = 1,00 m - brita produzida","m",2522.96]
[605700,"Bueiro metálico com chapas múltiplas MP 100 com revestimento em epóxi - D = 1,10 m - brita comercial","m",2925.27]
[605612,"Bueiro metálico com chapas múltiplas MP 100 com revestimento em epóxi - D = 1,10 m - brita produzida","m",2862.65]
[605701,"Bueiro metálico com chapas múltiplas MP 100 com revestimento em epóxi - D = 1,20 m - brita comercial","m",3124.09]
[605613,"Bueiro metálico com chapas múltiplas MP 100 com revestimento em epóxi - D = 1,20 m - brita produzida","m",3058.48]
[605702,"Bueiro metálico com chapas múltiplas MP 100 com revestimento em epóxi - D = 1,30 m - brita comercial","m",3425.46]
[605614,"Bueiro metálico com chapas múltiplas MP 100 com revestimento em epóxi - D = 1,30 m - brita produzida","m",3322.58]
[605703,"Bueiro metálico com chapas múltiplas MP 100 com revestimento em epóxi - D = 1,40 m - brita comercial","m",3629.18]
[605615,"Bueiro metálico com chapas múltiplas MP 100 com revestimento em epóxi - D = 1,40 m - brita produzida","m",3521.83]
[605704,"Bueiro metálico com chapas múltiplas MP 100 com revestimento em epóxi - D = 1,50 m - brita comercial","m",3881.39]
[605616,"Bueiro metálico com chapas múltiplas MP 100 com revestimento em epóxi - D = 1,50 m - brita produzida","m",3769.57]
[605705,"Bueiro metálico com chapas múltiplas MP 100 com revestimento em epóxi - D = 1,60 m - brita comercial","m",4137.3100000000004]
[605617,"Bueiro metálico com chapas múltiplas MP 100 com revestimento em epóxi - D = 1,60 m - brita produzida","m",4021.01]
[605706,"Bueiro metálico com chapas múltiplas MP 100 com revestimento em epóxi - D = 1,70 m - brita comercial","m",4346.57]
[605618,"Bueiro metálico com chapas múltiplas MP 100 com revestimento em epóxi - D = 1,70 m - brita produzida","m",4225.8]
[605707,"Bueiro metálico com chapas múltiplas MP 100 com revestimento em epóxi - D = 1,80 m - brita comercial","m",4816.24]
[605619,"Bueiro metálico com chapas múltiplas MP 100 com revestimento em epóxi - D = 1,80 m - brita produzida","m",4691]
[605708,"Bueiro metálico com chapas múltiplas MP 100 com revestimento em epóxi - D = 1,90 m - brita comercial","m",5641.25]
[605620,"Bueiro metálico com chapas múltiplas MP 100 com revestimento em epóxi - D = 1,90 m - brita produzida","m",5511.53]
[605709,"Bueiro metálico com chapas múltiplas MP 100 com revestimento em epóxi - D = 2,00 m - brita comercial","m",5910.62]
[605621,"Bueiro metálico com chapas múltiplas MP 100 com revestimento em epóxi - D = 2,00 m - brita produzida","m",5776.43]
[605710,"Bueiro metálico com chapas múltiplas MP 100 com revestimento em epóxi - D = 2,10 m - brita comercial","m",6344.4]
[605622,"Bueiro metálico com chapas múltiplas MP 100 com revestimento em epóxi - D = 2,10 m - brita produzida","m",6205.74]
[605711,"Bueiro metálico com chapas múltiplas MP 100 com revestimento em epóxi - D = 2,20 m - brita comercial","m",6556.29]
[605623,"Bueiro metálico com chapas múltiplas MP 100 com revestimento em epóxi - D = 2,20 m - brita produzida","m",6413.15]
[605712,"Bueiro metálico com chapas múltiplas MP 100 com revestimento em epóxi - D = 2,30 m - brita comercial","m",6898.94]
[605624,"Bueiro metálico com chapas múltiplas MP 100 com revestimento em epóxi - D = 2,30 m - brita produzida","m",6751.33]
[605713,"Bueiro metálico com chapas múltiplas MP 100 com revestimento em epóxi - D = 2,40 m - brita comercial","m",9236.39]
[605625,"Bueiro metálico com chapas múltiplas MP 100 com revestimento em epóxi - D = 2,40 m - brita produzida","m",9084.31]
[605714,"Bueiro metálico com chapas múltiplas MP 100 com revestimento em epóxi - D = 2,50 m - brita comercial","m",11617.08]
[605626,"Bueiro metálico com chapas múltiplas MP 100 com revestimento em epóxi - D = 2,50 m - brita produzida","m",11460.52]
[605715,"Bueiro metálico com chapas múltiplas MP 100 com revestimento em epóxi - D = 2,60 m - brita comercial","m",12397.25]
[605627,"Bueiro metálico com chapas múltiplas MP 100 com revestimento em epóxi - D = 2,60 m - brita produzida","m",12236.22]
[605716,"Bueiro metálico com chapas múltiplas MP 100 com revestimento em epóxi - D = 2,70 m - brita comercial","m",12852.7]
[605628,"Bueiro metálico com chapas múltiplas MP 100 com revestimento em epóxi - D = 2,70 m - brita produzida","m",12687.2]
[605717,"Bueiro metálico com chapas múltiplas MP 100 com revestimento em epóxi - D = 2,80 m - brita comercial","m",13685.82]
[605629,"Bueiro metálico com chapas múltiplas MP 100 com revestimento em epóxi - D = 2,80 m - brita produzida","m",13515.85]
[605651,"Bueiro metálico com chapas múltiplas MP 100 galvanizadas - D = 0,60 m - brita comercial","m",1554.48]
[605460,"Bueiro metálico com chapas múltiplas MP 100 galvanizadas - D = 0,60 m - brita produzida","m",1506.76]
[605652,"Bueiro metálico com chapas múltiplas MP 100 galvanizadas - D = 0,70 m - brita comercial","m",1787.27]
[605461,"Bueiro metálico com chapas múltiplas MP 100 galvanizadas - D = 0,70 m - brita produzida","m",1736.58]
[605653,"Bueiro metálico com chapas múltiplas MP 100 galvanizadas - D = 0,80 m - brita comercial","m",2020.11]
[605462,"Bueiro metálico com chapas múltiplas MP 100 galvanizadas - D = 0,80 m - brita produzida","m",1966.43]
[605654,"Bueiro metálico com chapas múltiplas MP 100 galvanizadas - D = 0,90 m - brita comercial","m",2207.8200000000002]
[605463,"Bueiro metálico com chapas múltiplas MP 100 galvanizadas - D = 0,90 m - brita produzida","m",2151.16]
[605655,"Bueiro metálico com chapas múltiplas MP 100 galvanizadas - D = 1,00 m - brita comercial","m",2440.58]
[605464,"Bueiro metálico com chapas múltiplas MP 100 galvanizadas - D = 1,00 m - brita produzida","m",2380.94]
[605656,"Bueiro metálico com chapas múltiplas MP 100 galvanizadas - D = 1,10 m - brita comercial","m",2763.75]
[605465,"Bueiro metálico com chapas múltiplas MP 100 galvanizadas - D = 1,10 m - brita produzida","m",2701.13]
[605657,"Bueiro metálico com chapas múltiplas MP 100 galvanizadas - D = 1,20 m - brita comercial","m",2951.43]
[605466,"Bueiro metálico com chapas múltiplas MP 100 galvanizadas - D = 1,20 m - brita produzida","m",2885.83]
[605658,"Bueiro metálico com chapas múltiplas MP 100 galvanizadas - D = 1,30 m - brita comercial","m",3238.88]
[605467,"Bueiro metálico com chapas múltiplas MP 100 galvanizadas - D = 1,30 m - brita produzida","m",3136]
[605659,"Bueiro metálico com chapas múltiplas MP 100 galvanizadas - D = 1,40 m - brita comercial","m",3431.46]
[605468,"Bueiro metálico com chapas múltiplas MP 100 galvanizadas - D = 1,40 m - brita produzida","m",3324.11]
[605660,"Bueiro metálico com chapas múltiplas MP 100 galvanizadas - D = 1,50 m - brita comercial","m",3669.75]
[605469,"Bueiro metálico com chapas múltiplas MP 100 galvanizadas - D = 1,50 m - brita produzida","m",3557.92]
[605661,"Bueiro metálico com chapas múltiplas MP 100 galvanizadas - D = 1,60 m - brita comercial","m",3911.74]
[605470,"Bueiro metálico com chapas múltiplas MP 100 galvanizadas - D = 1,60 m - brita produzida","m",3795.44]
[605662,"Bueiro metálico com chapas múltiplas MP 100 galvanizadas - D = 1,70 m - brita comercial","m",4109.87]
[605471,"Bueiro metálico com chapas múltiplas MP 100 galvanizadas - D = 1,70 m - brita produzida","m",3989.09]
[605663,"Bueiro metálico com chapas múltiplas MP 100 galvanizadas - D = 1,80 m - brita comercial","m",4565.6099999999997]
[605472,"Bueiro metálico com chapas múltiplas MP 100 galvanizadas - D = 1,80 m - brita produzida","m",4440.3599999999997]
[605664,"Bueiro metálico com chapas múltiplas MP 100 galvanizadas - D = 1,90 m - brita comercial","m",5340.9]
[605473,"Bueiro metálico com chapas múltiplas MP 100 galvanizadas - D = 1,90 m - brita produzida","m",5211.18]
[605665,"Bueiro metálico com chapas múltiplas MP 100 galvanizadas - D = 2,00 m - brita comercial","m",5594.04]
[605474,"Bueiro metálico com chapas múltiplas MP 100 galvanizadas - D = 2,00 m - brita produzida","m",5459.85]
[605666,"Bueiro metálico com chapas múltiplas MP 100 galvanizadas - D = 2,10 m - brita comercial","m",6006.17]
[605475,"Bueiro metálico com chapas múltiplas MP 100 galvanizadas - D = 2,10 m - brita produzida","m",5867.51]
[605667,"Bueiro metálico com chapas múltiplas MP 100 galvanizadas - D = 2,20 m - brita comercial","m",6209.93]
[605476,"Bueiro metálico com chapas múltiplas MP 100 galvanizadas - D = 2,20 m - brita produzida","m",6066.8]
[605668,"Bueiro metálico com chapas múltiplas MP 100 galvanizadas - D = 2,30 m - brita comercial","m",6539.07]
[605477,"Bueiro metálico com chapas múltiplas MP 100 galvanizadas - D = 2,30 m - brita produzida","m",6391.46]
[605669,"Bueiro metálico com chapas múltiplas MP 100 galvanizadas - D = 2,40 m - brita comercial","m",8568.7800000000007]
[605478,"Bueiro metálico com chapas múltiplas MP 100 galvanizadas - D = 2,40 m - brita produzida","m",8416.7000000000007]
[605670,"Bueiro metálico com chapas múltiplas MP 100 galvanizadas - D = 2,50 m - brita comercial","m",10775.78]
[605479,"Bueiro metálico com chapas múltiplas MP 100 galvanizadas - D = 2,50 m - brita produzida","m",10619.22]
[605671,"Bueiro metálico com chapas múltiplas MP 100 galvanizadas - D = 2,60 m - brita comercial","m",11508.06]
[605480,"Bueiro metálico com chapas múltiplas MP 100 galvanizadas - D = 2,60 m - brita produzida","m",11347.04]
[605672,"Bueiro metálico com chapas múltiplas MP 100 galvanizadas - D = 2,70 m - brita comercial","m",11946.4]
[605481,"Bueiro metálico com chapas múltiplas MP 100 galvanizadas - D = 2,70 m - brita produzida","m",11780.9]
[605673,"Bueiro metálico com chapas múltiplas MP 100 galvanizadas - D = 2,80 m - brita comercial","m",12735.08]
[605482,"Bueiro metálico com chapas múltiplas MP 100 galvanizadas - D = 2,80 m - brita produzida","m",12565.1]
[605718,"Bueiro metálico com chapas múltiplas MP 152 com revestimento em epóxi - D = 1,50 m - brita comercial","m",7681.74]
[605630,"Bueiro metálico com chapas múltiplas MP 152 com revestimento em epóxi - D = 1,50 m - brita produzida","m",7569.92]
[605719,"Bueiro metálico com chapas múltiplas MP 152 com revestimento em epóxi - D = 1,80 m - brita comercial","m",9504.5400000000009]
[605631,"Bueiro metálico com chapas múltiplas MP 152 com revestimento em epóxi - D = 1,80 m - brita produzida","m",9379.2999999999993]
[605720,"Bueiro metálico com chapas múltiplas MP 152 com revestimento em epóxi - D = 1,90 m - brita comercial","m",9808.73]
[605632,"Bueiro metálico com chapas múltiplas MP 152 com revestimento em epóxi - D = 1,90 m - brita produzida","m",9679.01]
[605721,"Bueiro metálico com chapas múltiplas MP 152 com revestimento em epóxi - D = 2,15 m - brita comercial","m",11111.62]
[605633,"Bueiro metálico com chapas múltiplas MP 152 com revestimento em epóxi - D = 2,15 m - brita produzida","m",10970.72]
[605722,"Bueiro metálico com chapas múltiplas MP 152 com revestimento em epóxi - D = 2,30 m - brita comercial","m",11770.54]
[605634,"Bueiro metálico com chapas múltiplas MP 152 com revestimento em epóxi - D = 2,30 m - brita produzida","m",11622.93]
[605723,"Bueiro metálico com chapas múltiplas MP 152 com revestimento em epóxi - D = 2,65 m - brita comercial","m",13767.32]
[605635,"Bueiro metálico com chapas múltiplas MP 152 com revestimento em epóxi - D = 2,65 m - brita produzida","m",13604.06]
[605724,"Bueiro metálico com chapas múltiplas MP 152 com revestimento em epóxi - D = 3,05 m - brita comercial","m",15739.82]
[605636,"Bueiro metálico com chapas múltiplas MP 152 com revestimento em epóxi - D = 3,05 m - brita produzida","m",15513.94]
[605725,"Bueiro metálico com chapas múltiplas MP 152 com revestimento em epóxi - D = 3,20 m - brita comercial","m",16706.509999999998]
[605637,"Bueiro metálico com chapas múltiplas MP 152 com revestimento em epóxi - D = 3,20 m - brita produzida","m",16473.91]
[605726,"Bueiro metálico com chapas múltiplas MP 152 com revestimento em epóxi - D = 3,40 m - brita comercial","m",17680.8]
[605638,"Bueiro metálico com chapas múltiplas MP 152 com revestimento em epóxi - D = 3,40 m - brita produzida","m",17439.259999999998]
[605727,"Bueiro metálico com chapas múltiplas MP 152 com revestimento em epóxi - D = 3,65 m - brita comercial","m",18948.07]
[605639,"Bueiro metálico com chapas múltiplas MP 152 com revestimento em epóxi - D = 3,65 m - brita produzida","m",18695.349999999999]
[605728,"Bueiro metálico com chapas múltiplas MP 152 com revestimento em epóxi - D = 3,80 m - brita comercial","m",19653.759999999998]
[605640,"Bueiro metálico com chapas múltiplas MP 152 com revestimento em epóxi - D = 3,80 m - brita produzida","m",19394.330000000002]
[605729,"Bueiro metálico com chapas múltiplas MP 152 com revestimento em epóxi - D = 4,20 m - brita comercial","m",21586.31]
[605641,"Bueiro metálico com chapas múltiplas MP 152 com revestimento em epóxi - D = 4,20 m - brita produzida","m",21308.99]
[605730,"Bueiro metálico com chapas múltiplas MP 152 com revestimento em epóxi - D = 4,60 m - brita comercial","m",23574.41]
[605642,"Bueiro metálico com chapas múltiplas MP 152 com revestimento em epóxi - D = 4,60 m - brita produzida","m",23279.19]
[605731,"Bueiro metálico com chapas múltiplas MP 152 com revestimento em epóxi - D = 4,80 m - brita comercial","m",29859.3]
[605643,"Bueiro metálico com chapas múltiplas MP 152 com revestimento em epóxi - D = 4,80 m - brita produzida","m",29555.14]
[605732,"Bueiro metálico com chapas múltiplas MP 152 com revestimento em epóxi - D = 5,00 m - brita comercial","m",30897.56]
[605644,"Bueiro metálico com chapas múltiplas MP 152 com revestimento em epóxi - D = 5,00 m - brita produzida","m",30532.26]
[605733,"Bueiro metálico com chapas múltiplas MP 152 com revestimento em epóxi - D = 5,35 m - brita comercial","m",37607.910000000003]
[605645,"Bueiro metálico com chapas múltiplas MP 152 com revestimento em epóxi - D = 5,35 m - brita produzida","m",37224.35]
[605734,"Bueiro metálico com chapas múltiplas MP 152 com revestimento em epóxi - D = 5,70 m - brita comercial","m",40397.9]
[605646,"Bueiro metálico com chapas múltiplas MP 152 com revestimento em epóxi - D = 5,70 m - brita produzida","m",39996.080000000002]
[605735,"Bueiro metálico com chapas múltiplas MP 152 com revestimento em epóxi - D = 6,10 m - brita comercial","m",49781.32]
[605647,"Bueiro metálico com chapas múltiplas MP 152 com revestimento em epóxi - D = 6,10 m - brita produzida","m",49358.62]
[605736,"Bueiro metálico com chapas múltiplas MP 152 com revestimento em epóxi - D = 6,50 m - brita comercial","m",63630.57]
[605648,"Bueiro metálico com chapas múltiplas MP 152 com revestimento em epóxi - D = 6,50 m - brita produzida","m",63187]
[605737,"Bueiro metálico com chapas múltiplas MP 152 com revestimento em epóxi - D = 6,85 m - brita comercial","m",67659.66]
[605649,"Bueiro metálico com chapas múltiplas MP 152 com revestimento em epóxi - D = 6,85 m - brita produzida","m",67197.820000000007]
[605738,"Bueiro metálico com chapas múltiplas MP 152 com revestimento em epóxi - D = 7,25 m - brita comercial","m",71718.2]
[605650,"Bueiro metálico com chapas múltiplas MP 152 com revestimento em epóxi - D = 7,25 m - brita produzida","m",71235.490000000005]
[605674,"Bueiro metálico com chapas múltiplas MP 152 galvanizadas - D = 1,50 m - brita comercial","m",7427]
[605483,"Bueiro metálico com chapas múltiplas MP 152 galvanizadas - D = 1,50 m - brita produzida","m",7315.17]
[605675,"Bueiro metálico com chapas múltiplas MP 152 galvanizadas - D = 1,80 m - brita comercial","m",9196.52]
[605484,"Bueiro metálico com chapas múltiplas MP 152 galvanizadas - D = 1,80 m - brita produzida","m",9071.27]
[605676,"Bueiro metálico com chapas múltiplas MP 152 galvanizadas - D = 1,90 m - brita comercial","m",9490.7199999999993]
[605485,"Bueiro metálico com chapas múltiplas MP 152 galvanizadas - D = 1,90 m - brita produzida","m",9361]
[605677,"Bueiro metálico com chapas múltiplas MP 152 galvanizadas - D = 2,15 m - brita comercial","m",10750.32]
[605486,"Bueiro metálico com chapas múltiplas MP 152 galvanizadas - D = 2,15 m - brita produzida","m",10609.42]
[605678,"Bueiro metálico com chapas múltiplas MP 152 galvanizadas - D = 2,30 m - brita comercial","m",11389.25]
[605487,"Bueiro metálico com chapas múltiplas MP 152 galvanizadas - D = 2,30 m - brita produzida","m",11241.64]
[605679,"Bueiro metálico com chapas múltiplas MP 152 galvanizadas - D = 2,65 m - brita comercial","m",13321.11]
[605488,"Bueiro metálico com chapas múltiplas MP 152 galvanizadas - D = 2,65 m - brita produzida","m",13157.85]
[605680,"Bueiro metálico com chapas múltiplas MP 152 galvanizadas - D = 3,05 m - brita comercial","m",15230.34]
[605489,"Bueiro metálico com chapas múltiplas MP 152 galvanizadas - D = 3,05 m - brita produzida","m",15004.45]
[605681,"Bueiro metálico com chapas múltiplas MP 152 galvanizadas - D = 3,20 m - brita comercial","m",16165.39]
[605490,"Bueiro metálico com chapas múltiplas MP 152 galvanizadas - D = 3,20 m - brita produzida","m",15932.79]
[605682,"Bueiro metálico com chapas múltiplas MP 152 galvanizadas - D = 3,40 m - brita comercial","m",17108.05]
[605491,"Bueiro metálico com chapas múltiplas MP 152 galvanizadas - D = 3,40 m - brita produzida","m",16866.509999999998]
[605683,"Bueiro metálico com chapas múltiplas MP 152 galvanizadas - D = 3,65 m - brita comercial","m",18333.7]
[605492,"Bueiro metálico com chapas múltiplas MP 152 galvanizadas - D = 3,65 m - brita produzida","m",18080.97]
[605684,"Bueiro metálico com chapas múltiplas MP 152 galvanizadas - D = 3,80 m - brita comercial","m",19017.73]
[605493,"Bueiro metálico com chapas múltiplas MP 152 galvanizadas - D = 3,80 m - brita produzida","m",18758.3]
[605685,"Bueiro metálico com chapas múltiplas MP 152 galvanizadas - D = 4,20 m - brita comercial","m",20885.36]
[605494,"Bueiro metálico com chapas múltiplas MP 152 galvanizadas - D = 4,20 m - brita produzida","m",20608.03]
[605686,"Bueiro metálico com chapas múltiplas MP 152 galvanizadas - D = 4,60 m - brita comercial","m",22810.18]
[605495,"Bueiro metálico com chapas múltiplas MP 152 galvanizadas - D = 4,60 m - brita produzida","m",22514.97]
[605687,"Bueiro metálico com chapas múltiplas MP 152 galvanizadas - D = 4,80 m - brita comercial","m",26083.119999999999]
[605496,"Bueiro metálico com chapas múltiplas MP 152 galvanizadas - D = 4,80 m - brita produzida","m",25778.95]
[605688,"Bueiro metálico com chapas múltiplas MP 152 galvanizadas - D = 5,00 m - brita comercial","m",27014.73]
[605497,"Bueiro metálico com chapas múltiplas MP 152 galvanizadas - D = 5,00 m - brita produzida","m",26649.439999999999]
[605689,"Bueiro metálico com chapas múltiplas MP 152 galvanizadas - D = 5,35 m - brita comercial","m",33842.550000000003]
[605498,"Bueiro metálico com chapas múltiplas MP 152 galvanizadas - D = 5,35 m - brita produzida","m",33458.99]
[605690,"Bueiro metálico com chapas múltiplas MP 152 galvanizadas - D = 5,70 m - brita comercial","m",36363.24]
[605499,"Bueiro metálico com chapas múltiplas MP 152 galvanizadas - D = 5,70 m - brita produzida","m",35961.42]
[605691,"Bueiro metálico com chapas múltiplas MP 152 galvanizadas - D = 6,10 m - brita comercial","m",44646.720000000001]
[605500,"Bueiro metálico com chapas múltiplas MP 152 galvanizadas - D = 6,10 m - brita produzida","m",44224.02]
[605692,"Bueiro metálico com chapas múltiplas MP 152 galvanizadas - D = 6,50 m - brita comercial","m",53556.08]
[605501,"Bueiro metálico com chapas múltiplas MP 152 galvanizadas - D = 6,50 m - brita produzida","m",53112.51]
[605693,"Bueiro metálico com chapas múltiplas MP 152 galvanizadas - D = 6,85 m - brita comercial","m",56994.89]
[605502,"Bueiro metálico com chapas múltiplas MP 152 galvanizadas - D = 6,85 m - brita produzida","m",56533.05]
[605694,"Bueiro metálico com chapas múltiplas MP 152 galvanizadas - D = 7,25 m - brita comercial","m",60463.16]
[605503,"Bueiro metálico com chapas múltiplas MP 152 galvanizadas - D = 7,25 m - brita produzida","m",59980.45]
[606433,"Bueiro metálico com chapas múltiplas MP 152 galvanizadas - lenticular - vão = 1,95 m e altura = 1,40 m - aterro rodoviário mínimo = 0,60 m e máximo = 8,40 m - brita comercial","m",8943.73]
[606343,"Bueiro metálico com chapas múltiplas MP 152 galvanizadas - lenticular - vão = 1,95 m e altura = 1,40 m - aterro rodoviário mínimo = 0,60 m e máximo = 8,40 m - brita produzida","m",8811.7800000000007]
[606434,"Bueiro metálico com chapas múltiplas MP 152 galvanizadas - lenticular - vão = 2,15 m e altura = 1,50 m - aterro rodoviário mínimo = 0,60 m e máximo = 7,50 m - brita comercial","m",9886.3700000000008]
[606344,"Bueiro metálico com chapas múltiplas MP 152 galvanizadas - lenticular - vão = 2,15 m e altura = 1,50 m - aterro rodoviário mínimo = 0,60 m e máximo = 7,50 m - brita produzida","m",9745.4699999999993]
[606435,"Bueiro metálico com chapas múltiplas MP 152 galvanizadas - lenticular - vão = 2,30 m e altura = 1,60 m - aterro rodoviário mínimo = 0,60 m e máximo = 7,20 m - brita comercial","m",10801.21]
[606345,"Bueiro metálico com chapas múltiplas MP 152 galvanizadas - lenticular - vão = 2,30 m e altura = 1,60 m - aterro rodoviário mínimo = 0,60 m e máximo = 7,20 m - brita produzida","m",10653.6]
[606436,"Bueiro metálico com chapas múltiplas MP 152 galvanizadas - lenticular - vão = 2,55 m e altura = 1,65 m - aterro rodoviário mínimo = 0,60 m e máximo = 6,50 m - brita comercial","m",11484.67]
[606346,"Bueiro metálico com chapas múltiplas MP 152 galvanizadas - lenticular - vão = 2,55 m e altura = 1,65 m - aterro rodoviário mínimo = 0,60 m e máximo = 6,50 m - brita produzida","m",11325.88]
[606437,"Bueiro metálico com chapas múltiplas MP 152 galvanizadas - lenticular - vão = 2,70 m e altura = 1,85 m - aterro rodoviário mínimo = 0,60 m e máximo = 6,60 m - brita comercial","m",12426.82]
[606347,"Bueiro metálico com chapas múltiplas MP 152 galvanizadas - lenticular - vão = 2,70 m e altura = 1,85 m - aterro rodoviário mínimo = 0,60 m e máximo = 6,60 m - brita produzida","m",12261.32]
[606438,"Bueiro metálico com chapas múltiplas MP 152 galvanizadas - lenticular - vão = 2,75 m e altura = 1,90 m - aterro rodoviário mínimo = 0,60 m e máximo = 6,50 m - brita comercial","m",12757.62]
[606348,"Bueiro metálico com chapas múltiplas MP 152 galvanizadas - lenticular - vão = 2,75 m e altura = 1,90 m - aterro rodoviário mínimo = 0,60 m e máximo = 6,50 m - brita produzida","m",12589.88]
[606439,"Bueiro metálico com chapas múltiplas MP 152 galvanizadas - lenticular - vão = 3,00 m e altura = 2,00 m - aterro rodoviário mínimo = 0,60 m e máximo = 6,00 m - brita comercial","m",13470.89]
[606349,"Bueiro metálico com chapas múltiplas MP 152 galvanizadas - lenticular - vão = 3,00 m e altura = 2,00 m - aterro rodoviário mínimo = 0,60 m e máximo = 6,00 m - brita produzida","m",13247.24]
[606440,"Bueiro metálico com chapas múltiplas MP 152 galvanizadas - lenticular - vão = 3,20 m e altura = 2,10 m - aterro rodoviário mínimo = 0,60 m e máximo = 5,60 m - brita comercial","m",14088.31]
[606350,"Bueiro metálico com chapas múltiplas MP 152 galvanizadas - lenticular - vão = 3,20 m e altura = 2,10 m - aterro rodoviário mínimo = 0,60 m e máximo = 5,60 m - brita produzida","m",13855.71]
[606441,"Bueiro metálico com chapas múltiplas MP 152 galvanizadas - lenticular - vão = 3,35 m e altura = 2,15 m - aterro rodoviário mínimo = 0,60 m e máximo = 5,30 m - brita comercial","m",14756.3]
[606351,"Bueiro metálico com chapas múltiplas MP 152 galvanizadas - lenticular - vão = 3,35 m e altura = 2,15 m - aterro rodoviário mínimo = 0,60 m e máximo = 5,30 m - brita produzida","m",14516.99]
[606442,"Bueiro metálico com chapas múltiplas MP 152 galvanizadas - lenticular - vão = 3,55 m e altura = 2,25 m - aterro rodoviário mínimo = 0,60 m e máximo = 5,00 m - brita comercial","m",15399.9]
[606352,"Bueiro metálico com chapas múltiplas MP 152 galvanizadas - lenticular - vão = 3,55 m e altura = 2,25 m - aterro rodoviário mínimo = 0,60 m e máximo = 5,00 m - brita produzida","m",15151.65]
[606443,"Bueiro metálico com chapas múltiplas MP 152 galvanizadas - lenticular - vão = 3,70 m e altura = 2,35 m - aterro rodoviário mínimo = 0,60 m e máximo = 4,90 m - brita comercial","m",16326.07]
[606353,"Bueiro metálico com chapas múltiplas MP 152 galvanizadas - lenticular - vão = 3,70 m e altura = 2,35 m - aterro rodoviário mínimo = 0,60 m e máximo = 4,90 m - brita produzida","m",16071.11]
[606444,"Bueiro metálico com chapas múltiplas MP 152 galvanizadas - lenticular - vão = 3,90 m e altura = 2,45 m - aterro rodoviário mínimo = 0,60 m e máximo = 4,60 m - brita comercial","m",17032.77]
[606354,"Bueiro metálico com chapas múltiplas MP 152 galvanizadas - lenticular - vão = 3,90 m e altura = 2,45 m - aterro rodoviário mínimo = 0,60 m e máximo = 4,60 m - brita produzida","m",16768.86]
[606445,"Bueiro metálico com chapas múltiplas MP 152 galvanizadas - lenticular - vão = 4,00 m e altura = 2,55 m - aterro rodoviário mínimo = 0,60 m e máximo = 4,50 m - brita comercial","m",17694.61]
[606355,"Bueiro metálico com chapas múltiplas MP 152 galvanizadas - lenticular - vão = 4,00 m e altura = 2,55 m - aterro rodoviário mínimo = 0,60 m e máximo = 4,50 m - brita produzida","m",17426.23]
[606446,"Bueiro metálico com chapas múltiplas MP 152 galvanizadas - lenticular - vão = 4,15 m e altura = 2,80 m - aterro rodoviário mínimo = 0,60 m e máximo = 6,80 m - brita comercial","m",18337.7]
[606356,"Bueiro metálico com chapas múltiplas MP 152 galvanizadas - lenticular - vão = 4,15 m e altura = 2,80 m - aterro rodoviário mínimo = 0,60 m e máximo = 6,80 m - brita produzida","m",18062.62]
[606447,"Bueiro metálico com chapas múltiplas MP 152 galvanizadas - lenticular - vão = 4,40 m e altura = 2,90 m - aterro rodoviário mínimo = 0,60 m e máximo = 6,40 m - brita comercial","m",19071.599999999999]
[606357,"Bueiro metálico com chapas múltiplas MP 152 galvanizadas - lenticular - vão = 4,40 m e altura = 2,90 m - aterro rodoviário mínimo = 0,60 m e máximo = 6,40 m - brita produzida","m",18737.62]
[606448,"Bueiro metálico com chapas múltiplas MP 152 galvanizadas - lenticular - vão = 4,60 m e altura = 3,00 m - aterro rodoviário mínimo = 0,60 m e máximo = 6,10 m - brita comercial","m",20061.46]
[606358,"Bueiro metálico com chapas múltiplas MP 152 galvanizadas - lenticular - vão = 4,60 m e altura = 3,00 m - aterro rodoviário mínimo = 0,60 m e máximo = 6,10 m - brita produzida","m",19717.04]
[606449,"Bueiro metálico com chapas múltiplas MP 152 galvanizadas - lenticular - vão = 4,80 m e altura = 3,05 m - aterro rodoviário mínimo = 0,60 m e máximo = 5,80 m - brita comercial","m",24706.93]
[606359,"Bueiro metálico com chapas múltiplas MP 152 galvanizadas - lenticular - vão = 4,80 m e altura = 3,05 m - aterro rodoviário mínimo = 0,60 m e máximo = 5,80 m - brita produzida","m",24352.07]
[606450,"Bueiro metálico com chapas múltiplas MP 152 galvanizadas - lenticular - vão = 5,05 m e altura = 3,15 m - aterro rodoviário mínimo = 0,90 m e máximo = 5,50 m - brita comercial","m",25689.45]
[606360,"Bueiro metálico com chapas múltiplas MP 152 galvanizadas - lenticular - vão = 5,05 m e altura = 3,15 m - aterro rodoviário mínimo = 0,90 m e máximo = 5,50 m - brita produzida","m",25321.54]
[606451,"Bueiro metálico com chapas múltiplas MP 152 galvanizadas - lenticular - vão = 5,25 m e altura = 3,25 m - aterro rodoviário mínimo = 0,90 m e máximo = 5,30 m - brita comercial","m",26516.27]
[606361,"Bueiro metálico com chapas múltiplas MP 152 galvanizadas - lenticular - vão = 5,25 m e altura = 3,25 m - aterro rodoviário mínimo = 0,90 m e máximo = 5,30 m - brita produzida","m",26137.93]
[606452,"Bueiro metálico com chapas múltiplas MP 152 galvanizadas - lenticular - vão = 5,45 m e altura = 3,35 m - aterro rodoviário mínimo = 0,90 m e máximo = 5,10 m - brita comercial","m",30208.880000000001]
[606362,"Bueiro metálico com chapas múltiplas MP 152 galvanizadas - lenticular - vão = 5,45 m e altura = 3,35 m - aterro rodoviário mínimo = 0,90 m e máximo = 5,10 m - brita produzida","m",29820.1]
[606453,"Bueiro metálico com chapas múltiplas MP 152 galvanizadas - lenticular - vão = 5,60 m e altura = 3,40 m - aterro rodoviário mínimo = 0,90 m e máximo = 4,90 m - brita comercial","m",30676.67]
[606363,"Bueiro metálico com chapas múltiplas MP 152 galvanizadas - lenticular - vão = 5,60 m e altura = 3,40 m - aterro rodoviário mínimo = 0,90 m e máximo = 4,90 m - brita produzida","m",30280.06]
[606454,"Bueiro metálico com chapas múltiplas MP 152 galvanizadas - lenticular - vão = 5,80 m e altura = 3,50 m - aterro rodoviário mínimo = 0,90 m e máximo = 4,70 m - brita comercial","m",36604.089999999997]
[606364,"Bueiro metálico com chapas múltiplas MP 152 galvanizadas - lenticular - vão = 5,80 m e altura = 3,50 m - aterro rodoviário mínimo = 0,90 m e máximo = 4,70 m - brita produzida","m",36197.050000000003]
[606455,"Bueiro metálico com chapas múltiplas MP 152 galvanizadas - lenticular - vão = 5,90 m e altura = 3,55 m - aterro rodoviário mínimo = 0,90 m e máximo = 4,70 m - brita comercial","m",37194]
[606365,"Bueiro metálico com chapas múltiplas MP 152 galvanizadas - lenticular - vão = 5,90 m e altura = 3,55 m - aterro rodoviário mínimo = 0,90 m e máximo = 4,70 m - brita produzida","m",36781.74]
[606456,"Bueiro metálico com chapas múltiplas MP 152 galvanizadas - lenticular - vão = 6,10 m e altura = 3,65 m - aterro rodoviário mínimo = 0,90 m e máximo = 4,50 m - brita comercial","m",38616.43]
[606366,"Bueiro metálico com chapas múltiplas MP 152 galvanizadas - lenticular - vão = 6,10 m e altura = 3,65 m - aterro rodoviário mínimo = 0,90 m e máximo = 4,50 m - brita produzida","m",38193.730000000003]
[606457,"Bueiro metálico com chapas múltiplas MP 152 galvanizadas - lenticular - vão = 6,25 m e altura = 3,65 m - aterro rodoviário mínimo = 0,90 m e máximo = 4,30 m - brita comercial","m",39241.5]
[606367,"Bueiro metálico com chapas múltiplas MP 152 galvanizadas - lenticular - vão = 6,25 m e altura = 3,65 m - aterro rodoviário mínimo = 0,90 m e máximo = 4,30 m - brita produzida","m",38810.97]
[606458,"Bueiro metálico com chapas múltiplas MP 152 galvanizadas - lenticular - vão = 6,40 m e altura = 3,75 m - aterro rodoviário mínimo = 0,90 m e máximo = 4,30 m - brita comercial","m",53287.29]
[606368,"Bueiro metálico com chapas múltiplas MP 152 galvanizadas - lenticular - vão = 6,40 m e altura = 3,75 m - aterro rodoviário mínimo = 0,90 m e máximo = 4,30 m - brita produzida","m",52848.94]
[606459,"Bueiro metálico com chapas múltiplas MP 152 galvanizadas - lenticular - vão = 6,60 m e altura = 3,85 m - aterro rodoviário mínimo = 0,90 m e máximo = 4,10 m - brita comercial","m",55445.1]
[606369,"Bueiro metálico com chapas múltiplas MP 152 galvanizadas - lenticular - vão = 6,60 m e altura = 3,85 m - aterro rodoviário mínimo = 0,90 m e máximo = 4,10 m - brita produzida","m",54996.31]
[606479,"Bueiro metálico com chapas múltiplas MP 152 galvanizadas - passagem de gado - vão = 2,20 m e altura = 2,25 m -aterro rodoviário mínimo = 0,30 m e máximo = 8,90 m - brita comercial","m",12546.24]
[606460,"Bueiro metálico com chapas múltiplas MP 152 galvanizadas - passagem de gado - vão = 2,20 m e altura = 2,25 m -aterro rodoviário mínimo = 0,30 m e máximo = 8,90 m - brita produzida","m",12379.25]
[606480,"Bueiro metálico com chapas múltiplas MP 152 galvanizadas - passagem de gado - vão = 2,90 m e altura = 3,10 m - aterro rodoviário mínimo = 0,60 m e máximo = 11,40 m - brita comercial","m",16345.22]
[606461,"Bueiro metálico com chapas múltiplas MP 152 galvanizadas - passagem de gado - vão = 2,90 m e altura = 3,10 m - aterro rodoviário mínimo = 0,60 m e máximo = 11,40 m - brita produzida","m",16141.7]
[606481,"Bueiro metálico com chapas múltiplas MP 152 galvanizadas - passagem inferior - vão = 3,70 m e altura = 3,50 m - aterro rodoviário mínimo = 0,60 m e máximo = 10,30 m - brita comercial","m",19049.8]
[606462,"Bueiro metálico com chapas múltiplas MP 152 galvanizadas - passagem inferior - vão = 3,70 m e altura = 3,50 m - aterro rodoviário mínimo = 0,60 m e máximo = 10,30 m - brita produzida","m",18752.349999999999]
[606482,"Bueiro metálico com chapas múltiplas MP 152 galvanizadas - passagem inferior - vão = 3,90 m e altura = 3,60 m - aterro rodoviário mínimo = 0,60 m e máximo = 9,80 m - brita comercial","m",20038.95]
[606463,"Bueiro metálico com chapas múltiplas MP 152 galvanizadas - passagem inferior - vão = 3,90 m e altura = 3,60 m - aterro rodoviário mínimo = 0,60 m e máximo = 9,80 m - brita produzida","m",19731.060000000001]
[606483,"Bueiro metálico com chapas múltiplas MP 152 galvanizadas - passagem inferior - vão = 4,00 m e altura = 3,75 m - aterro rodoviário mínimo = 0,60 m e máximo = 9,50 m - brita comercial","m",20540.27]
[606464,"Bueiro metálico com chapas múltiplas MP 152 galvanizadas - passagem inferior - vão = 4,00 m e altura = 3,75 m - aterro rodoviário mínimo = 0,60 m e máximo = 9,50 m - brita produzida","m",20227.16]
[606484,"Bueiro metálico com chapas múltiplas MP 152 galvanizadas - passagem inferior - vão = 4,20 m e altura = 3,90 m - aterro rodoviário mínimo = 0,60 m e máximo = 9,10 m - brita comercial","m",21247.88]
[606465,"Bueiro metálico com chapas múltiplas MP 152 galvanizadas - passagem inferior - vão = 4,20 m e altura = 3,90 m - aterro rodoviário mínimo = 0,60 m e máximo = 9,10 m - brita produzida","m",20924.330000000002]
[606485,"Bueiro metálico com chapas múltiplas MP 152 galvanizadas - passagem inferior - vão = 4,25 m e altura = 4,10 m - aterro rodoviário mínimo = 0,60 m e máximo = 8,90 m - brita comercial","m",21922.75]
[606466,"Bueiro metálico com chapas múltiplas MP 152 galvanizadas - passagem inferior - vão = 4,25 m e altura = 4,10 m - aterro rodoviário mínimo = 0,60 m e máximo = 8,90 m - brita produzida","m",21596.59]
[606486,"Bueiro metálico com chapas múltiplas MP 152 galvanizadas - passagem inferior - vão = 4,40 m e altura = 4,25 m - aterro rodoviário mínimo = 0,60 m e máximo = 8,60 m - brita comercial","m",22880.12]
[606467,"Bueiro metálico com chapas múltiplas MP 152 galvanizadas - passagem inferior - vão = 4,40 m e altura = 4,25 m - aterro rodoviário mínimo = 0,60 m e máximo = 8,60 m - brita produzida","m",22546.14]
[606487,"Bueiro metálico com chapas múltiplas MP 152 galvanizadas - passagem inferior - vão = 4,50 m e altura = 4,40 m - aterro rodoviário mínimo = 0,60 m e máximo = 8,40 m - brita comercial","m",23541.39]
[606468,"Bueiro metálico com chapas múltiplas MP 152 galvanizadas - passagem inferior - vão = 4,50 m e altura = 4,40 m - aterro rodoviário mínimo = 0,60 m e máximo = 8,40 m - brita produzida","m",23202.19]
[606488,"Bueiro metálico com chapas múltiplas MP 152 galvanizadas - passagem inferior - vão = 4,70 m e altura = 4,50 m - aterro rodoviário mínimo = 0,60 m e máximo = 8,90 m - brita comercial","m",29069.34]
[606469,"Bueiro metálico com chapas múltiplas MP 152 galvanizadas - passagem inferior - vão = 4,70 m e altura = 4,50 m - aterro rodoviário mínimo = 0,60 m e máximo = 8,90 m - brita produzida","m",28719.7]
[606489,"Bueiro metálico com chapas múltiplas MP 152 galvanizadas - passagem inferior - vão = 4,80 m e altura = 4,75 m - aterro rodoviário mínimo = 0,90 m e máximo = 9,00 m - brita comercial","m",30662.13]
[606470,"Bueiro metálico com chapas múltiplas MP 152 galvanizadas - passagem inferior - vão = 4,80 m e altura = 4,75 m - aterro rodoviário mínimo = 0,90 m e máximo = 9,00 m - brita produzida","m",30307.27]
[606490,"Bueiro metálico com chapas múltiplas MP 152 galvanizadas - passagem inferior - vão = 5,00 m e altura = 4,85 m - aterro rodoviário mínimo = 0,90 m e máximo = 8,60 m - brita comercial","m",31560.5]
[606471,"Bueiro metálico com chapas múltiplas MP 152 galvanizadas - passagem inferior - vão = 5,00 m e altura = 4,85 m - aterro rodoviário mínimo = 0,90 m e máximo = 8,60 m - brita produzida","m",31195.200000000001]
[606491,"Bueiro metálico com chapas múltiplas MP 152 galvanizadas - passagem inferior - vão = 5,15 m e altura = 4,90 m - aterro rodoviário mínimo = 0,90 m e máximo = 8,50 m - brita comercial","m",32441.06]
[606472,"Bueiro metálico com chapas múltiplas MP 152 galvanizadas - passagem inferior - vão = 5,15 m e altura = 4,90 m - aterro rodoviário mínimo = 0,90 m e máximo = 8,50 m - brita produzida","m",32067.94]
[606492,"Bueiro metálico com chapas múltiplas MP 152 galvanizadas - passagem inferior - vão = 5,25 m e altura = 5,00 m - aterro rodoviário mínimo = 0,90 m e máximo = 8,40 m - brita comercial","m",33107.839999999997]
[606473,"Bueiro metálico com chapas múltiplas MP 152 galvanizadas - passagem inferior - vão = 5,25 m e altura = 5,00 m - aterro rodoviário mínimo = 0,90 m e máximo = 8,40 m - brita produzida","m",32729.5]
[606493,"Bueiro metálico com chapas múltiplas MP 152 galvanizadas - passagem inferior - vão = 5,30 m e altura = 5,30 m - aterro rodoviário mínimo = 0,90 m e máximo = 9,60 m - brita comercial","m",34881.72]
[606474,"Bueiro metálico com chapas múltiplas MP 152 galvanizadas - passagem inferior - vão = 5,30 m e altura = 5,30 m - aterro rodoviário mínimo = 0,90 m e máximo = 9,60 m - brita produzida","m",34500.76]
[606494,"Bueiro metálico com chapas múltiplas MP 152 galvanizadas - passagem inferior - vão = 5,65 m e altura = 5,25 m - aterro rodoviário mínimo = 0,90 m e máximo = 9,00 m - brita comercial","m",40301.21]
[606475,"Bueiro metálico com chapas múltiplas MP 152 galvanizadas - passagem inferior - vão = 5,65 m e altura = 5,25 m - aterro rodoviário mínimo = 0,90 m e máximo = 9,00 m - brita produzida","m",39902]
[606495,"Bueiro metálico com chapas múltiplas MP 152 galvanizadas - passagem inferior - vão = 5,85 m e altura = 5,30 m - aterro rodoviário mínimo = 0,90 m e máximo = 8,40 m - brita comercial","m",47425.61]
[606476,"Bueiro metálico com chapas múltiplas MP 152 galvanizadas - passagem inferior - vão = 5,85 m e altura = 5,30 m - aterro rodoviário mínimo = 0,90 m e máximo = 8,40 m - brita produzida","m",47015.96]
[606496,"Bueiro metálico com chapas múltiplas MP 152 galvanizadas - passagem inferior - vão = 6,00 m e altura = 5,45 m - aterro rodoviário mínimo = 0,90 m e máximo = 8,30 m - brita comercial","m",48552.19]
[606477,"Bueiro metálico com chapas múltiplas MP 152 galvanizadas - passagem inferior - vão = 6,00 m e altura = 5,45 m - aterro rodoviário mínimo = 0,90 m e máximo = 8,30 m - brita produzida","m",48134.71]
[606497,"Bueiro metálico com chapas múltiplas MP 152 galvanizadas - passagem inferior - vão = 6,25 m e altura = 5,50 m - aterro rodoviário mínimo = 0,90 m e máximo = 7,90 m - brita comercial","m",49871.040000000001]
[606478,"Bueiro metálico com chapas múltiplas MP 152 galvanizadas - passagem inferior - vão = 6,25 m e altura = 5,50 m - aterro rodoviário mínimo = 0,90 m e máximo = 7,90 m - brita produzida","m",49440.52]
[605835,"Bueiro metálico sem interrupção de tráfego - D = 1,20 m - chapa com epóxi - escavado em material de 1ª categoria - aterro ferroviário máximo = 12,90 m","m",7213.79]
[605571,"Bueiro metálico sem interrupção de tráfego - D = 1,20 m - chapa com epóxi - escavado em material de 1ª categoria - aterro rodoviário máximo = 9,00 m","m",6387.97]
[605850,"Bueiro metálico sem interrupção de tráfego - D = 1,20 m - chapa com epóxi - escavado em material de 2ª categoria - aterro ferroviário máximo = 12,90 m","m",7721.81]
[605582,"Bueiro metálico sem interrupção de tráfego - D = 1,20 m - chapa com epóxi - escavado em material de 2ª categoria - aterro rodoviário máximo = 9,00 m","m",6895.98]
[605889,"Bueiro metálico sem interrupção de tráfego - D = 1,20 m - chapa com epóxi - escavado em material de 3ª categoria - aterro ferroviário máximo = 12,90 m","m",8533.48]
[605593,"Bueiro metálico sem interrupção de tráfego - D = 1,20 m - chapa com epóxi - escavado em material de 3ª categoria - aterro rodoviário máximo = 9,00 m","m",7707.66]
[605739,"Bueiro metálico sem interrupção de tráfego - D = 1,20 m - chapa galvanizada - escavado em material de 1ª categoria - aterro ferroviário máximo = 12,90 m","m",6960.47]
[605504,"Bueiro metálico sem interrupção de tráfego - D = 1,20 m - chapa galvanizada - escavado em material de 1ª categoria - aterro rodoviário máximo = 9,00 m","m",6085.4]
[605781,"Bueiro metálico sem interrupção de tráfego - D = 1,20 m - chapa galvanizada - escavado em material de 2ª categoria - aterro ferroviário máximo = 12,90 m","m",7468.48]
[605524,"Bueiro metálico sem interrupção de tráfego - D = 1,20 m - chapa galvanizada - escavado em material de 2ª categoria - aterro rodoviário máximo = 9,00 m","m",6593.42]
[605815,"Bueiro metálico sem interrupção de tráfego - D = 1,20 m - chapa galvanizada - escavado em material de 3ª categoria - aterro ferroviário máximo = 12,90 m","m",8280.15]
[605544,"Bueiro metálico sem interrupção de tráfego - D = 1,20 m - chapa galvanizada - escavado em material de 3ª categoria - aterro rodoviário máximo = 9,00 m","m",7405.09]
[605836,"Bueiro metálico sem interrupção de tráfego - D = 1,40 m - chapa com epóxi - escavado em material de 1ª categoria - aterro ferroviário máximo = 11,00 m","m",8176.84]
[605572,"Bueiro metálico sem interrupção de tráfego - D = 1,40 m - chapa com epóxi - escavado em material de 1ª categoria - aterro rodoviário máximo = 7,70 m","m",7284.25]
[605851,"Bueiro metálico sem interrupção de tráfego - D = 1,40 m - chapa com epóxi - escavado em material de 2ª categoria - aterro ferroviário máximo = 11,00 m","m",8840.3700000000008]
[605583,"Bueiro metálico sem interrupção de tráfego - D = 1,40 m - chapa com epóxi - escavado em material de 2ª categoria - aterro rodoviário máximo = 7,70 m","m",7947.78]
[605890,"Bueiro metálico sem interrupção de tráfego - D = 1,40 m - chapa com epóxi - escavado em material de 3ª categoria - aterro ferroviário máximo = 11,00 m","m",9900.51]
[605594,"Bueiro metálico sem interrupção de tráfego - D = 1,40 m - chapa com epóxi - escavado em material de 3ª categoria - aterro rodoviário máximo = 7,70 m","m",9007.92]
[605740,"Bueiro metálico sem interrupção de tráfego - D = 1,40 m - chapa galvanizada - escavado em material de 1ª categoria - aterro ferroviário máximo = 11,00 m","m",7891.31]
[605505,"Bueiro metálico sem interrupção de tráfego - D = 1,40 m - chapa galvanizada - escavado em material de 1ª categoria - aterro rodoviário máximo = 7,70 m","m",6940.72]
[605782,"Bueiro metálico sem interrupção de tráfego - D = 1,40 m - chapa galvanizada - escavado em material de 2ª categoria - aterro ferroviário máximo = 11,00 m","m",8554.84]
[605525,"Bueiro metálico sem interrupção de tráfego - D = 1,40 m - chapa galvanizada - escavado em material de 2ª categoria - aterro rodoviário máximo = 7,70 m","m",7604.25]
[605816,"Bueiro metálico sem interrupção de tráfego - D = 1,40 m - chapa galvanizada - escavado em material de 3ª categoria - aterro ferroviário máximo = 11,00 m","m",9614.99]
[605545,"Bueiro metálico sem interrupção de tráfego - D = 1,40 m - chapa galvanizada - escavado em material de 3ª categoria - aterro rodoviário máximo = 7,70 m","m",8664.4]
[605837,"Bueiro metálico sem interrupção de tráfego - D = 1,60 m - chapa com epóxi - escavado em material de 1ª categoria - aterro ferroviário máximo = 9,60 m","m",9728.09]
[605573,"Bueiro metálico sem interrupção de tráfego - D = 1,60 m - chapa com epóxi - escavado em material de 1ª categoria - aterro rodoviário máximo = 6,70 m","m",8782.33]
[605852,"Bueiro metálico sem interrupção de tráfego - D = 1,60 m - chapa com epóxi - escavado em material de 2ª categoria - aterro ferroviário máximo = 9,60 m","m",10567.87]
[605584,"Bueiro metálico sem interrupção de tráfego - D = 1,60 m - chapa com epóxi - escavado em material de 2ª categoria - aterro rodoviário máximo = 6,70 m","m",9622.11]
[605891,"Bueiro metálico sem interrupção de tráfego - D = 1,60 m - chapa com epóxi - escavado em material de 3ª categoria - aterro ferroviário máximo = 9,60 m","m",11909.61]
[605595,"Bueiro metálico sem interrupção de tráfego - D = 1,60 m - chapa com epóxi - escavado em material de 3ª categoria - aterro rodoviário máximo = 6,70 m","m",10963.85]
[605741,"Bueiro metálico sem interrupção de tráfego - D = 1,60 m - chapa galvanizada - escavado em material de 1ª categoria - aterro ferroviário máximo = 9,60 m","m",9395.33]
[605506,"Bueiro metálico sem interrupção de tráfego - D = 1,60 m - chapa galvanizada - escavado em material de 1ª categoria - aterro rodoviário máximo = 6,70 m","m",8375.75]
[605783,"Bueiro metálico sem interrupção de tráfego - D = 1,60 m - chapa galvanizada - escavado em material de 2ª categoria - aterro ferroviário máximo = 9,60 m","m",10235.11]
[605526,"Bueiro metálico sem interrupção de tráfego - D = 1,60 m - chapa galvanizada - escavado em material de 2ª categoria - aterro rodoviário máximo = 6,70 m","m",9215.5300000000007]
[605817,"Bueiro metálico sem interrupção de tráfego - D = 1,60 m - chapa galvanizada - escavado em material de 3ª categoria - aterro ferroviário máximo = 9,60 m","m",11576.85]
[605546,"Bueiro metálico sem interrupção de tráfego - D = 1,60 m - chapa galvanizada - escavado em material de 3ª categoria - aterro rodoviário máximo = 6,70 m","m",10557.28]
[605838,"Bueiro metálico sem interrupção de tráfego - D = 1,80 m - chapa com epóxi - escavado em material de 1ª categoria - aterro ferroviário máximo = 8,00 m","m",11077.37]
[605574,"Bueiro metálico sem interrupção de tráfego - D = 1,80 m - chapa com epóxi - escavado em material de 1ª categoria - aterro rodoviário máximo = 6,00 m","m",10007.719999999999]
[605853,"Bueiro metálico sem interrupção de tráfego - D = 1,80 m - chapa com epóxi - escavado em material de 2ª categoria - aterro ferroviário máximo = 8,00 m","m",12114.13]
[605585,"Bueiro metálico sem interrupção de tráfego - D = 1,80 m - chapa com epóxi - escavado em material de 2ª categoria - aterro rodoviário máximo = 6,00 m","m",11044.48]
[605892,"Bueiro metálico sem interrupção de tráfego - D = 1,80 m - chapa com epóxi - escavado em material de 3ª categoria - aterro ferroviário máximo = 8,00 m","m",13770.61]
[605596,"Bueiro metálico sem interrupção de tráfego - D = 1,80 m - chapa com epóxi - escavado em material de 3ª categoria - aterro rodoviário máximo = 6,00 m","m",12700.95]
[605742,"Bueiro metálico sem interrupção de tráfego - D = 1,80 m - chapa galvanizada - escavado em material de 1ª categoria - aterro ferroviário máximo = 8,00 m","m",10697.38]
[605507,"Bueiro metálico sem interrupção de tráfego - D = 1,80 m - chapa galvanizada - escavado em material de 1ª categoria - aterro rodoviário máximo = 6,00 m","m",9544.42]
[605784,"Bueiro metálico sem interrupção de tráfego - D = 1,80 m - chapa galvanizada - escavado em material de 2ª categoria - aterro ferroviário máximo = 8,00 m","m",11734.15]
[605527,"Bueiro metálico sem interrupção de tráfego - D = 1,80 m - chapa galvanizada - escavado em material de 2ª categoria - aterro rodoviário máximo = 6,00 m","m",10581.19]
[605818,"Bueiro metálico sem interrupção de tráfego - D = 1,80 m - chapa galvanizada - escavado em material de 3ª categoria - aterro ferroviário máximo = 8,00 m","m",13390.62]
[605547,"Bueiro metálico sem interrupção de tráfego - D = 1,80 m - chapa galvanizada - escavado em material de 3ª categoria - aterro rodoviário máximo = 6,00 m","m",12237.66]
[605839,"Bueiro metálico sem interrupção de tráfego - D = 2,00 m - chapa com epóxi - escavado em material de 1ª categoria - aterro ferroviário máximo = 6,90 m","m",12480.12]
[605575,"Bueiro metálico sem interrupção de tráfego - D = 2,00 m - chapa com epóxi - escavado em material de 1ª categoria - aterro rodoviário máximo = 5,40 m","m",11304.08]
[605854,"Bueiro metálico sem interrupção de tráfego - D = 2,00 m - chapa com epóxi - escavado em material de 2ª categoria - aterro ferroviário máximo = 6,90 m","m",13734.6]
[605586,"Bueiro metálico sem interrupção de tráfego - D = 2,00 m - chapa com epóxi - escavado em material de 2ª categoria - aterro rodoviário máximo = 5,40 m","m",12558.56]
[605893,"Bueiro metálico sem interrupção de tráfego - D = 2,00 m - chapa com epóxi - escavado em material de 3ª categoria - aterro ferroviário máximo = 6,90 m","m",15738.94]
[605597,"Bueiro metálico sem interrupção de tráfego - D = 2,00 m - chapa com epóxi - escavado em material de 3ª categoria - aterro rodoviário máximo = 5,40 m","m",14562.9]
[605743,"Bueiro metálico sem interrupção de tráfego - D = 2,00 m - chapa galvanizada - escavado em material de 1ª categoria - aterro ferroviário máximo = 6,90 m","m",12061.49]
[605508,"Bueiro metálico sem interrupção de tráfego - D = 2,00 m - chapa galvanizada - escavado em material de 1ª categoria - aterro rodoviário máximo = 5,40 m","m",10793.51]
[605785,"Bueiro metálico sem interrupção de tráfego - D = 2,00 m - chapa galvanizada - escavado em material de 2ª categoria - aterro ferroviário máximo = 6,90 m","m",13315.98]
[605528,"Bueiro metálico sem interrupção de tráfego - D = 2,00 m - chapa galvanizada - escavado em material de 2ª categoria - aterro rodoviário máximo = 5,40 m","m",12048]
[605819,"Bueiro metálico sem interrupção de tráfego - D = 2,00 m - chapa galvanizada - escavado em material de 3ª categoria - aterro ferroviário máximo = 6,90 m","m",15320.32]
[605548,"Bueiro metálico sem interrupção de tráfego - D = 2,00 m - chapa galvanizada - escavado em material de 3ª categoria - aterro rodoviário máximo = 5,40 m","m",14052.33]
[605840,"Bueiro metálico sem interrupção de tráfego - D = 2,20 m - chapa com epóxi - escavado em material de 1ª categoria - aterro ferroviário máximo = 7,90 m","m",16177.29]
[605576,"Bueiro metálico sem interrupção de tráfego - D = 2,20 m - chapa com epóxi - escavado em material de 1ª categoria - aterro rodoviário máximo = 4,90 m","m",12755.31]
[605855,"Bueiro metálico sem interrupção de tráfego - D = 2,20 m - chapa com epóxi - escavado em material de 2ª categoria - aterro ferroviário máximo = 7,90 m","m",17670.23]
[605587,"Bueiro metálico sem interrupção de tráfego - D = 2,20 m - chapa com epóxi - escavado em material de 2ª categoria - aterro rodoviário máximo = 4,90 m","m",14248.25]
[605898,"Bueiro metálico sem interrupção de tráfego - D = 2,20 m - chapa com epóxi - escavado em material de 3ª categoria - aterro ferroviário máximo = 7,90 m","m",20055.55]
[605598,"Bueiro metálico sem interrupção de tráfego - D = 2,20 m - chapa com epóxi - escavado em material de 3ª categoria - aterro rodoviário máximo = 4,90 m","m",16633.57]
[605744,"Bueiro metálico sem interrupção de tráfego - D = 2,20 m - chapa galvanizada - escavado em material de 1ª categoria - aterro ferroviário máximo = 7,90 m","m",15295.16]
[605509,"Bueiro metálico sem interrupção de tráfego - D = 2,20 m - chapa galvanizada - escavado em material de 1ª categoria - aterro rodoviário máximo = 4,90 m","m",12191.15]
[605787,"Bueiro metálico sem interrupção de tráfego - D = 2,20 m - chapa galvanizada - escavado em material de 2ª categoria - aterro ferroviário máximo = 7,90 m","m",16788.099999999999]
[605529,"Bueiro metálico sem interrupção de tráfego - D = 2,20 m - chapa galvanizada - escavado em material de 2ª categoria - aterro rodoviário máximo = 4,90 m","m",13684.09]
[605820,"Bueiro metálico sem interrupção de tráfego - D = 2,20 m - chapa galvanizada - escavado em material de 3ª categoria - aterro ferroviário máximo = 7,90 m","m",19173.419999999998]
[605549,"Bueiro metálico sem interrupção de tráfego - D = 2,20 m - chapa galvanizada - escavado em material de 3ª categoria - aterro rodoviário máximo = 4,90 m","m",16069.41]
[605841,"Bueiro metálico sem interrupção de tráfego - D = 2,40 m - chapa com epóxi - escavado em material de 1ª categoria - aterro ferroviário máximo = 7,00 m","m",17679.05]
[605577,"Bueiro metálico sem interrupção de tráfego - D = 2,40 m - chapa com epóxi - escavado em material de 1ª categoria - aterro rodoviário máximo = 4,50 m","m",13938.71]
[605856,"Bueiro metálico sem interrupção de tráfego - D = 2,40 m - chapa com epóxi - escavado em material de 2ª categoria - aterro ferroviário máximo = 7,00 m","m",19431.189999999999]
[605588,"Bueiro metálico sem interrupção de tráfego - D = 2,40 m - chapa com epóxi - escavado em material de 2ª categoria - aterro rodoviário máximo = 4,50 m","m",15690.84]
[605899,"Bueiro metálico sem interrupção de tráfego - D = 2,40 m - chapa com epóxi - escavado em material de 3ª categoria - aterro ferroviário máximo = 7,00 m","m",22230.63]
[605599,"Bueiro metálico sem interrupção de tráfego - D = 2,40 m - chapa com epóxi - escavado em material de 3ª categoria - aterro rodoviário máximo = 4,50 m","m",18490.28]
[605745,"Bueiro metálico sem interrupção de tráfego - D = 2,40 m - chapa galvanizada - escavado em material de 1ª categoria - aterro ferroviário máximo = 7,00 m","m",16724.240000000002]
[605510,"Bueiro metálico sem interrupção de tráfego - D = 2,40 m - chapa galvanizada - escavado em material de 1ª categoria - aterro rodoviário máximo = 4,50 m","m",13330.44]
[605788,"Bueiro metálico sem interrupção de tráfego - D = 2,40 m - chapa galvanizada - escavado em material de 2ª categoria - aterro ferroviário máximo = 7,00 m","m",18476.37]
[605530,"Bueiro metálico sem interrupção de tráfego - D = 2,40 m - chapa galvanizada - escavado em material de 2ª categoria - aterro rodoviário máximo = 4,50 m","m",15082.57]
[605821,"Bueiro metálico sem interrupção de tráfego - D = 2,40 m - chapa galvanizada - escavado em material de 3ª categoria - aterro ferroviário máximo = 7,00 m","m",21275.81]
[605550,"Bueiro metálico sem interrupção de tráfego - D = 2,40 m - chapa galvanizada - escavado em material de 3ª categoria - aterro rodoviário máximo = 4,50 m","m",17882.009999999998]
[605842,"Bueiro metálico sem interrupção de tráfego - D = 2,60 m - chapa com epóxi - escavado em material de 1ª categoria - aterro ferroviário máximo = 6,40 m","m",19536.98]
[605578,"Bueiro metálico sem interrupção de tráfego - D = 2,60 m - chapa com epóxi - escavado em material de 1ª categoria - aterro rodoviário máximo = 4,10 m","m",15441.6]
[605857,"Bueiro metálico sem interrupção de tráfego - D = 2,60 m - chapa com epóxi - escavado em material de 2ª categoria - aterro ferroviário máximo = 6,40 m","m",21569.040000000001]
[605589,"Bueiro metálico sem interrupção de tráfego - D = 2,60 m - chapa com epóxi - escavado em material de 2ª categoria - aterro rodoviário máximo = 4,10 m","m",17473.66]
[605900,"Bueiro metálico sem interrupção de tráfego - D = 2,60 m - chapa com epóxi - escavado em material de 3ª categoria - aterro ferroviário máximo = 6,40 m","m",24815.73]
[605600,"Bueiro metálico sem interrupção de tráfego - D = 2,60 m - chapa com epóxi - escavado em material de 3ª categoria - aterro rodoviário máximo = 4,10 m","m",20720.349999999999]
[605746,"Bueiro metálico sem interrupção de tráfego - D = 2,60 m - chapa galvanizada - escavado em material de 1ª categoria - aterro ferroviário máximo = 6,40 m","m",18496.27]
[605511,"Bueiro metálico sem interrupção de tráfego - D = 2,60 m - chapa galvanizada - escavado em material de 1ª categoria - aterro rodoviário máximo = 4,10 m","m",14779.75]
[605789,"Bueiro metálico sem interrupção de tráfego - D = 2,60 m - chapa galvanizada - escavado em material de 2ª categoria - aterro ferroviário máximo = 6,40 m","m",20528.330000000002]
[605531,"Bueiro metálico sem interrupção de tráfego - D = 2,60 m - chapa galvanizada - escavado em material de 2ª categoria - aterro rodoviário máximo = 4,10 m","m",16811.810000000001]
[605822,"Bueiro metálico sem interrupção de tráfego - D = 2,60 m - chapa galvanizada - escavado em material de 3ª categoria - aterro ferroviário máximo = 6,40 m","m",23775.02]
[605551,"Bueiro metálico sem interrupção de tráfego - D = 2,60 m - chapa galvanizada - escavado em material de 3ª categoria - aterro rodoviário máximo = 4,10 m","m",20058.5]
[605843,"Bueiro metálico sem interrupção de tráfego - D = 2,80 m - chapa com epóxi - escavado em material de 1ª categoria - aterro ferroviário máximo = 5,50 m","m",21030.99]
[605579,"Bueiro metálico sem interrupção de tráfego - D = 2,80 m - chapa com epóxi - escavado em material de 1ª categoria - aterro rodoviário máximo = 3,80 m","m",16665.099999999999]
[605858,"Bueiro metálico sem interrupção de tráfego - D = 2,80 m - chapa com epóxi - escavado em material de 2ª categoria - aterro ferroviário máximo = 5,50 m","m",23363.71]
[605590,"Bueiro metálico sem interrupção de tráfego - D = 2,80 m - chapa com epóxi - escavado em material de 2ª categoria - aterro rodoviário máximo = 3,80 m","m",18997.82]
[605901,"Bueiro metálico sem interrupção de tráfego - D = 2,80 m - chapa com epóxi - escavado em material de 3ª categoria - aterro ferroviário máximo = 5,50 m","m",27090.78]
[605601,"Bueiro metálico sem interrupção de tráfego - D = 2,80 m - chapa com epóxi - escavado em material de 3ª categoria - aterro rodoviário máximo = 3,80 m","m",22724.880000000001]
[605747,"Bueiro metálico sem interrupção de tráfego - D = 2,80 m - chapa galvanizada - escavado em material de 1ª categoria - aterro ferroviário máximo = 5,50 m","m",19917.59]
[605512,"Bueiro metálico sem interrupção de tráfego - D = 2,80 m - chapa galvanizada - escavado em material de 1ª categoria - aterro rodoviário máximo = 3,80 m","m",15955.96]
[605790,"Bueiro metálico sem interrupção de tráfego - D = 2,80 m - chapa galvanizada - escavado em material de 2ª categoria - aterro ferroviário máximo = 5,50 m","m",22250.31]
[605532,"Bueiro metálico sem interrupção de tráfego - D = 2,80 m - chapa galvanizada - escavado em material de 2ª categoria - aterro rodoviário máximo = 3,80 m","m",18288.689999999999]
[605823,"Bueiro metálico sem interrupção de tráfego - D = 2,80 m - chapa galvanizada - escavado em material de 3ª categoria - aterro ferroviário máximo = 5,50 m","m",25977.38]
[605552,"Bueiro metálico sem interrupção de tráfego - D = 2,80 m - chapa galvanizada - escavado em material de 3ª categoria - aterro rodoviário máximo = 3,80 m","m",22015.75]
[605844,"Bueiro metálico sem interrupção de tráfego - D = 3,00 m - chapa com epóxi - escavado em material de 1ª categoria - aterro ferroviário máximo = 4,70 m","m",22955.74]
[605580,"Bueiro metálico sem interrupção de tráfego - D = 3,00 m - chapa com epóxi - escavado em material de 1ª categoria - aterro rodoviário máximo = 3,60 m","m",18283.8]
[605887,"Bueiro metálico sem interrupção de tráfego - D = 3,00 m - chapa com epóxi - escavado em material de 2ª categoria - aterro ferroviário máximo = 4,70 m","m",25609.86]
[605591,"Bueiro metálico sem interrupção de tráfego - D = 3,00 m - chapa com epóxi - escavado em material de 2ª categoria - aterro rodoviário máximo = 3,60 m","m",20937.919999999998]
[605902,"Bueiro metálico sem interrupção de tráfego - D = 3,00 m - chapa com epóxi - escavado em material de 3ª categoria - aterro ferroviário máximo = 4,70 m","m",29850.44]
[605602,"Bueiro metálico sem interrupção de tráfego - D = 3,00 m - chapa com epóxi - escavado em material de 3ª categoria - aterro rodoviário máximo = 3,60 m","m",25178.5]
[605748,"Bueiro metálico sem interrupção de tráfego - D = 3,00 m - chapa galvanizada - escavado em material de 1ª categoria - aterro ferroviário máximo = 4,70 m","m",21756.45]
[605513,"Bueiro metálico sem interrupção de tráfego - D = 3,00 m - chapa galvanizada - escavado em material de 1ª categoria - aterro rodoviário máximo = 3,60 m","m",17517.939999999999]
[605804,"Bueiro metálico sem interrupção de tráfego - D = 3,00 m - chapa galvanizada - escavado em material de 2ª categoria - aterro ferroviário máximo = 4,70 m","m",24410.57]
[605533,"Bueiro metálico sem interrupção de tráfego - D = 3,00 m - chapa galvanizada - escavado em material de 2ª categoria - aterro rodoviário máximo = 3,60 m","m",20172.060000000001]
[605824,"Bueiro metálico sem interrupção de tráfego - D = 3,00 m - chapa galvanizada - escavado em material de 3ª categoria - aterro ferroviário máximo = 4,70 m","m",28651.14]
[605553,"Bueiro metálico sem interrupção de tráfego - D = 3,00 m - chapa galvanizada - escavado em material de 3ª categoria - aterro rodoviário máximo = 3,60 m","m",24412.639999999999]
[605845,"Bueiro metálico sem interrupção de tráfego - D = 3,20 m - chapa com epóxi - escavado em material de 1ª categoria - aterro ferroviário máximo = 4,00 m","m",24884.7]
[605581,"Bueiro metálico sem interrupção de tráfego - D = 3,20 m - chapa com epóxi - escavado em material de 1ª categoria - aterro rodoviário máximo = 4,80 m","m",21836.02]
[605888,"Bueiro metálico sem interrupção de tráfego - D = 3,20 m - chapa com epóxi - escavado em material de 2ª categoria - aterro ferroviário máximo = 4,00 m","m",27880.95]
[605592,"Bueiro metálico sem interrupção de tráfego - D = 3,20 m - chapa com epóxi - escavado em material de 2ª categoria - aterro rodoviário máximo = 4,80 m","m",24832.27]
[605903,"Bueiro metálico sem interrupção de tráfego - D = 3,20 m - chapa com epóxi - escavado em material de 3ª categoria - aterro ferroviário máximo = 4,00 m","m",32668.16]
[605603,"Bueiro metálico sem interrupção de tráfego - D = 3,20 m - chapa com epóxi - escavado em material de 3ª categoria - aterro rodoviário máximo = 4,80 m","m",29619.48]
[605771,"Bueiro metálico sem interrupção de tráfego - D = 3,20 m - chapa galvanizada - escavado em material de 1ª categoria - aterro ferroviário máximo = 4,00 m","m",23612.71]
[605514,"Bueiro metálico sem interrupção de tráfego - D = 3,20 m - chapa galvanizada - escavado em material de 1ª categoria - aterro rodoviário máximo = 4,80 m","m",21168.36]
[605805,"Bueiro metálico sem interrupção de tráfego - D = 3,20 m - chapa galvanizada - escavado em material de 2ª categoria - aterro ferroviário máximo = 4,00 m","m",26608.97]
[605534,"Bueiro metálico sem interrupção de tráfego - D = 3,20 m - chapa galvanizada - escavado em material de 2ª categoria - aterro rodoviário máximo = 4,80 m","m",24164.61]
[605825,"Bueiro metálico sem interrupção de tráfego - D = 3,20 m - chapa galvanizada - escavado em material de 3ª categoria - aterro ferroviário máximo = 4,00 m","m",31396.17]
[605554,"Bueiro metálico sem interrupção de tráfego - D = 3,20 m - chapa galvanizada - escavado em material de 3ª categoria - aterro rodoviário máximo = 4,80 m","m",28951.82]
[605772,"Bueiro metálico sem interrupção de tráfego - D = 3,40 m - chapa galvanizada - escavado em material de 1ª categoria - aterro ferroviário máximo = 7,00 m","m",27596.93]
[605515,"Bueiro metálico sem interrupção de tráfego - D = 3,40 m - chapa galvanizada - escavado em material de 1ª categoria - aterro rodoviário máximo = 4,50 m","m",23013]
[605806,"Bueiro metálico sem interrupção de tráfego - D = 3,40 m - chapa galvanizada - escavado em material de 2ª categoria - aterro ferroviário máximo = 7,00 m","m",30956.06]
[605535,"Bueiro metálico sem interrupção de tráfego - D = 3,40 m - chapa galvanizada - escavado em material de 2ª categoria - aterro rodoviário máximo = 4,50 m","m",26372.12]
[605826,"Bueiro metálico sem interrupção de tráfego - D = 3,40 m - chapa galvanizada - escavado em material de 3ª categoria - aterro ferroviário máximo = 7,00 m","m",36323.03]
[605555,"Bueiro metálico sem interrupção de tráfego - D = 3,40 m - chapa galvanizada - escavado em material de 3ª categoria - aterro rodoviário máximo = 4,50 m","m",31739.09]
[605773,"Bueiro metálico sem interrupção de tráfego - D = 3,60 m - chapa galvanizada - escavado em material de 1ª categoria - aterro ferroviário máximo = 6,60 m","m",29280.84]
[605516,"Bueiro metálico sem interrupção de tráfego - D = 3,60 m - chapa galvanizada - escavado em material de 1ª categoria - aterro rodoviário máximo = 4,30 m","m",24392.61]
[605807,"Bueiro metálico sem interrupção de tráfego - D = 3,60 m - chapa galvanizada - escavado em material de 2ª categoria - aterro ferroviário máximo = 6,60 m","m",33023.56]
[605536,"Bueiro metálico sem interrupção de tráfego - D = 3,60 m - chapa galvanizada - escavado em material de 2ª categoria - aterro rodoviário máximo = 4,30 m","m",28135.33]
[605827,"Bueiro metálico sem interrupção de tráfego - D = 3,60 m - chapa galvanizada - escavado em material de 3ª categoria - aterro ferroviário máximo = 6,60 m","m",39003.43]
[605556,"Bueiro metálico sem interrupção de tráfego - D = 3,60 m - chapa galvanizada - escavado em material de 3ª categoria - aterro rodoviário máximo = 4,30 m","m",34115.199999999997]
[605774,"Bueiro metálico sem interrupção de tráfego - D = 3,80 m - chapa galvanizada - escavado em material de 1ª categoria - aterro ferroviário máximo = 6,20 m","m",31482.48]
[605517,"Bueiro metálico sem interrupção de tráfego - D = 3,80 m - chapa galvanizada - escavado em material de 1ª categoria - aterro rodoviário máximo = 4,00 m","m",26220.34]
[605808,"Bueiro metálico sem interrupção de tráfego - D = 3,80 m - chapa galvanizada - escavado em material de 2ª categoria - aterro ferroviário máximo = 6,20 m","m",35629.54]
[605537,"Bueiro metálico sem interrupção de tráfego - D = 3,80 m - chapa galvanizada - escavado em material de 2ª categoria - aterro rodoviário máximo = 4,00 m","m",30367.4]
[605828,"Bueiro metálico sem interrupção de tráfego - D = 3,80 m - chapa galvanizada - escavado em material de 3ª categoria - aterro ferroviário máximo = 6,20 m","m",42255.44]
[605557,"Bueiro metálico sem interrupção de tráfego - D = 3,80 m - chapa galvanizada - escavado em material de 3ª categoria - aterro rodoviário máximo = 4,00 m","m",36993.29]
[605775,"Bueiro metálico sem interrupção de tráfego - D = 4,00 m - chapa galvanizada - escavado em material de 1ª categoria - aterro ferroviário máximo = 5,10 m","m",33153.31]
[605518,"Bueiro metálico sem interrupção de tráfego - D = 4,00 m - chapa galvanizada - escavado em material de 1ª categoria - aterro rodoviário máximo = 3,10 m","m",27745.19]
[605809,"Bueiro metálico sem interrupção de tráfego - D = 4,00 m - chapa galvanizada - escavado em material de 2ª categoria - aterro ferroviário máximo = 5,10 m","m",37725.449999999997]
[605538,"Bueiro metálico sem interrupção de tráfego - D = 4,00 m - chapa galvanizada - escavado em material de 2ª categoria - aterro rodoviário máximo = 3,10 m","m",32317.32]
[605829,"Bueiro metálico sem interrupção de tráfego - D = 4,00 m - chapa galvanizada - escavado em material de 3ª categoria - aterro ferroviário máximo = 5,10 m","m",45030.49]
[605558,"Bueiro metálico sem interrupção de tráfego - D = 4,00 m - chapa galvanizada - escavado em material de 3ª categoria - aterro rodoviário máximo = 3,10 m","m",39622.370000000003]
[605776,"Bueiro metálico sem interrupção de tráfego - D = 4,20 m - chapa galvanizada - escavado em material de 1ª categoria - aterro ferroviário máximo = 4,80 m","m",35354.620000000003]
[605519,"Bueiro metálico sem interrupção de tráfego - D = 4,20 m - chapa galvanizada - escavado em material de 1ª categoria - aterro rodoviário máximo = 4,40 m","m",32904.269999999997]
[605810,"Bueiro metálico sem interrupção de tráfego - D = 4,20 m - chapa galvanizada - escavado em material de 2ª categoria - aterro ferroviário máximo = 4,80 m","m",40372.559999999998]
[605539,"Bueiro metálico sem interrupção de tráfego - D = 4,20 m - chapa galvanizada - escavado em material de 2ª categoria - aterro rodoviário máximo = 4,40 m","m",37922.22]
[605830,"Bueiro metálico sem interrupção de tráfego - D = 4,20 m - chapa galvanizada - escavado em material de 3ª categoria - aterro ferroviário máximo = 4,80 m","m",48389.9]
[605559,"Bueiro metálico sem interrupção de tráfego - D = 4,20 m - chapa galvanizada - escavado em material de 3ª categoria - aterro rodoviário máximo = 4,40 m","m",45939.55]
[605777,"Bueiro metálico sem interrupção de tráfego - D = 4,40 m - chapa galvanizada - escavado em material de 1ª categoria - aterro ferroviário máximo = 4,20 m","m",37710.980000000003]
[605520,"Bueiro metálico sem interrupção de tráfego - D = 4,40 m - chapa galvanizada - escavado em material de 1ª categoria - aterro rodoviário máximo = 4,20 m","m",35093.35]
[605811,"Bueiro metálico sem interrupção de tráfego - D = 4,40 m - chapa galvanizada - escavado em material de 2ª categoria - aterro ferroviário máximo = 4,20 m","m",43195.48]
[605540,"Bueiro metálico sem interrupção de tráfego - D = 4,40 m - chapa galvanizada - escavado em material de 2ª categoria - aterro rodoviário máximo = 4,20 m","m",40577.839999999997]
[605831,"Bueiro metálico sem interrupção de tráfego - D = 4,40 m - chapa galvanizada - escavado em material de 3ª categoria - aterro ferroviário máximo = 4,20 m","m",51958.23]
[605560,"Bueiro metálico sem interrupção de tráfego - D = 4,40 m - chapa galvanizada - escavado em material de 3ª categoria - aterro rodoviário máximo = 4,20 m","m",49340.59]
[605778,"Bueiro metálico sem interrupção de tráfego - D = 4,60 m - chapa galvanizada - escavado em material de 1ª categoria - aterro ferroviário máximo = 4,00 m","m",39961.61]
[605521,"Bueiro metálico sem interrupção de tráfego - D = 4,60 m - chapa galvanizada - escavado em material de 1ª categoria - aterro rodoviário máximo = 4,00 m","m",37301.14]
[605812,"Bueiro metálico sem interrupção de tráfego - D = 4,60 m - chapa galvanizada - escavado em material de 2ª categoria - aterro ferroviário máximo = 4,00 m","m",45933.38]
[605541,"Bueiro metálico sem interrupção de tráfego - D = 4,60 m - chapa galvanizada - escavado em material de 2ª categoria - aterro rodoviário máximo = 4,00 m","m",43272.91]
[605832,"Bueiro metálico sem interrupção de tráfego - D = 4,60 m - chapa galvanizada - escavado em material de 3ª categoria - aterro ferroviário máximo = 4,00 m","m",55474.66]
[605561,"Bueiro metálico sem interrupção de tráfego - D = 4,60 m - chapa galvanizada - escavado em material de 3ª categoria - aterro rodoviário máximo = 4,00 m","m",52814.2]
[605779,"Bueiro metálico sem interrupção de tráfego - D = 4,80 m - chapa galvanizada - escavado em material de 1ª categoria - aterro ferroviário máximo = 5,10 m","m",46264.51]
[605522,"Bueiro metálico sem interrupção de tráfego - D = 4,80 m - chapa galvanizada - escavado em material de 1ª categoria - aterro rodoviário máximo = 5,50 m","m",41874.71]
[605813,"Bueiro metálico sem interrupção de tráfego - D = 4,80 m - chapa galvanizada - escavado em material de 2ª categoria - aterro ferroviário máximo = 5,10 m","m",52744.3]
[605542,"Bueiro metálico sem interrupção de tráfego - D = 4,80 m - chapa galvanizada - escavado em material de 2ª categoria - aterro rodoviário máximo = 5,50 m","m",48354.5]
[605833,"Bueiro metálico sem interrupção de tráfego - D = 4,80 m - chapa galvanizada - escavado em material de 3ª categoria - aterro ferroviário máximo = 5,10 m","m",63097.26]
[605562,"Bueiro metálico sem interrupção de tráfego - D = 4,80 m - chapa galvanizada - escavado em material de 3ª categoria - aterro rodoviário máximo = 5,50 m","m",58707.46]
[605780,"Bueiro metálico sem interrupção de tráfego - D = 5,00 m - chapa galvanizada - escavado em material de 1ª categoria - aterro ferroviário máximo = 4,80 m","m",48932.61]
[605523,"Bueiro metálico sem interrupção de tráfego - D = 5,00 m - chapa galvanizada - escavado em material de 1ª categoria - aterro rodoviário máximo = 5,30 m","m",44309.64]
[605814,"Bueiro metálico sem interrupção de tráfego - D = 5,00 m - chapa galvanizada - escavado em material de 2ª categoria - aterro ferroviário máximo = 4,80 m","m",55941.15]
[605543,"Bueiro metálico sem interrupção de tráfego - D = 5,00 m - chapa galvanizada - escavado em material de 2ª categoria - aterro rodoviário máximo = 5,30 m","m",51318.18]
[605834,"Bueiro metálico sem interrupção de tráfego - D = 5,00 m - chapa galvanizada - escavado em material de 3ª categoria - aterro ferroviário máximo = 4,80 m","m",67138.91]
[605563,"Bueiro metálico sem interrupção de tráfego - D = 5,00 m - chapa galvanizada - escavado em material de 3ª categoria - aterro rodoviário máximo = 5,30 m","m",62515.94]
[605606,"Sistema de escoramento telescópico regulável para tunnel liner","m³",14.4]
[705314,"Boca de BDCC 1,50 x 1,50 m - esconsidade 0° - areia e brita comerciais","un",14870.3]
[705312,"Boca de BDCC 1,50 x 1,50 m - esconsidade 0° - areia extraída e brita produzida","un",13215.98]
[705316,"Boca de BDCC 1,50 x 1,50 m - esconsidade 15° - areia e brita comerciais","un",16284.08]
[705315,"Boca de BDCC 1,50 x 1,50 m - esconsidade 15° - areia extraída e brita produzida","un",14503.45]
[705318,"Boca de BDCC 1,50 x 1,50 m - esconsidade 30° - areia e brita comerciais","un",17457.16]
[705317,"Boca de BDCC 1,50 x 1,50 m - esconsidade 30° - areia extraída e brita produzida","un",15450.16]
[705320,"Boca de BDCC 1,50 x 1,50 m - esconsidade 45° - areia e brita comerciais","un",21861.51]
[705319,"Boca de BDCC 1,50 x 1,50 m - esconsidade 45° - areia extraída e brita produzida","un",19405.439999999999]
[705322,"Boca de BDCC 2,00 x 2,00 m - esconsidade 0° - areia e brita comerciais","un",23221.439999999999]
[705321,"Boca de BDCC 2,00 x 2,00 m - esconsidade 0° - areia extraída e brita produzida","un",20441.87]
[705324,"Boca de BDCC 2,00 x 2,00 m - esconsidade 15° - areia e brita comerciais","un",25428.87]
[705323,"Boca de BDCC 2,00 x 2,00 m - esconsidade 15° - areia extraída e brita produzida","un",22455.18]
[705326,"Boca de BDCC 2,00 x 2,00 m - esconsidade 30° - areia e brita comerciais","un",27354.95]
[705325,"Boca de BDCC 2,00 x 2,00 m - esconsidade 30° - areia extraída e brita produzida","un",24100.16]
[705328,"Boca de BDCC 2,00 x 2,00 m - esconsidade 45° - areia e brita comerciais","un",34672.5]
[705327,"Boca de BDCC 2,00 x 2,00 m - esconsidade 45° - areia extraída e brita produzida","un",30634.54]
[705330,"Boca de BDCC 2,50 x 2,50 m - esconsidade 0° - areia e brita comerciais","un",32611.07]
[705329,"Boca de BDCC 2,50 x 2,50 m - esconsidade 0° - areia extraída e brita produzida","un",28565.75]
[705332,"Boca de BDCC 2,50 x 2,50 m - esconsidade 15° - areia e brita comerciais","un",35075.32]
[705331,"Boca de BDCC 2,50 x 2,50 m - esconsidade 15° - areia extraída e brita produzida","un",30958.9]
[705334,"Boca de BDCC 2,50 x 2,50 m - esconsidade 30° - areia e brita comerciais","un",37092]
[705333,"Boca de BDCC 2,50 x 2,50 m - esconsidade 30° - areia extraída e brita produzida","un",33013.94]
[705336,"Boca de BDCC 2,50 x 2,50 m - esconsidade 45° - areia e brita comerciais","un",50090.17]
[705335,"Boca de BDCC 2,50 x 2,50 m - esconsidade 45° - areia extraída e brita produzida","un",44404.99]
[705338,"Boca de BDCC 3,00 x 3,00 m - esconsidade 0° - areia e brita comerciais","un",47208.02]
[705337,"Boca de BDCC 3,00 x 3,00 m - esconsidade 0° - areia extraída e brita produzida","un",41312.26]
[705340,"Boca de BDCC 3,00 x 3,00 m - esconsidade 15° - areia e brita comerciais","un",50583.54]
[705339,"Boca de BDCC 3,00 x 3,00 m - esconsidade 15° - areia extraída e brita produzida","un",44639.01]
[705342,"Boca de BDCC 3,00 x 3,00 m - esconsidade 30° - areia e brita comerciais","un",57310.69]
[705341,"Boca de BDCC 3,00 x 3,00 m - esconsidade 30° - areia extraída e brita produzida","un",50698.59]
[705344,"Boca de BDCC 3,00 x 3,00 m - esconsidade 45° - areia e brita comerciais","un",72436.740000000005]
[705343,"Boca de BDCC 3,00 x 3,00 m - esconsidade 45° - areia extraída e brita produzida","un",64338.01]
[705225,"Boca de BSCC 1,50 x 1,50 m - esconsidade 0° - areia e brita comerciais","un",12809.57]
[705224,"Boca de BSCC 1,50 x 1,50 m - esconsidade 0° - areia extraída e brita produzida","un",11280.67]
[705227,"Boca de BSCC 1,50 x 1,50 m - esconsidade 15° - areia e brita comerciais","un",13103.95]
[705226,"Boca de BSCC 1,50 x 1,50 m - esconsidade 15° - areia extraída e brita produzida","un",11709]
[705229,"Boca de BSCC 1,50 x 1,50 m - esconsidade 30° - areia e brita comerciais","un",14203.08]
[705228,"Boca de BSCC 1,50 x 1,50 m - esconsidade 30° - areia extraída e brita produzida","un",12592.36]
[705231,"Boca de BSCC 1,50 x 1,50 m - esconsidade 45° - areia e brita comerciais","un",17609.91]
[705230,"Boca de BSCC 1,50 x 1,50 m - esconsidade 45° - areia extraída e brita produzida","un",15724.93]
[705233,"Boca de BSCC 2,00 x 2,00 m - esconsidade 0° - areia e brita comerciais","un",20017.009999999998]
[705232,"Boca de BSCC 2,00 x 2,00 m - esconsidade 0° - areia extraída e brita produzida","un",17585.419999999998]
[705235,"Boca de BSCC 2,00 x 2,00 m - esconsidade 15° - areia e brita comerciais","un",20383.78]
[705234,"Boca de BSCC 2,00 x 2,00 m - esconsidade 15° - areia extraída e brita produzida","un",18124.939999999999]
[705237,"Boca de BSCC 2,00 x 2,00 m - esconsidade 30° - areia e brita comerciais","un",22130.400000000001]
[705236,"Boca de BSCC 2,00 x 2,00 m - esconsidade 30° - areia extraída e brita produzida","un",19595.009999999998]
[705239,"Boca de BSCC 2,00 x 2,00 m - esconsidade 45° - areia e brita comerciais","un",28224.41]
[705238,"Boca de BSCC 2,00 x 2,00 m - esconsidade 45° - areia extraída e brita produzida","un",25054.639999999999]
[705241,"Boca de BSCC 2,50 x 2,50 m - esconsidade 0° - areia e brita comerciais","un",27113.93]
[705240,"Boca de BSCC 2,50 x 2,50 m - esconsidade 0° - areia extraída e brita produzida","un",23776.13]
[705243,"Boca de BSCC 2,50 x 2,50 m - esconsidade 15° - areia e brita comerciais","un",28585.53]
[705242,"Boca de BSCC 2,50 x 2,50 m - esconsidade 15° - areia extraída e brita produzida","un",25251.279999999999]
[705245,"Boca de BSCC 2,50 x 2,50 m - esconsidade 30° - areia e brita comerciais","un",31589.09]
[705244,"Boca de BSCC 2,50 x 2,50 m - esconsidade 30° - areia extraída e brita produzida","un",28032.71]
[705247,"Boca de BSCC 2,50 x 2,50 m - esconsidade 45° - areia e brita comerciais","un",39923.81]
[705246,"Boca de BSCC 2,50 x 2,50 m - esconsidade 45° - areia extraída e brita produzida","un",35567.25]
[705249,"Boca de BSCC 3,00 x 3,00 m - esconsidade 0° - areia e brita comerciais","un",38623.29]
[705248,"Boca de BSCC 3,00 x 3,00 m - esconsidade 0° - areia extraída e brita produzida","un",33780.089999999997]
[705251,"Boca de BSCC 3,00 x 3,00 m - esconsidade 15° - areia e brita comerciais","un",40668.89]
[705250,"Boca de BSCC 3,00 x 3,00 m - esconsidade 15° - areia extraída e brita produzida","un",35830.6]
[705253,"Boca de BSCC 3,00 x 3,00 m - esconsidade 30° - areia e brita comerciais","un",44466.35]
[705252,"Boca de BSCC 3,00 x 3,00 m - esconsidade 30° - areia extraída e brita produzida","un",39204.639999999999]
[705255,"Boca de BSCC 3,00 x 3,00 m - esconsidade 45° - areia e brita comerciais","un",56049.53]
[705254,"Boca de BSCC 3,00 x 3,00 m - esconsidade 45° - areia extraída e brita produzida","un",49689.08]
[705403,"Boca de BTCC 1,50 x 1,50 m - esconsidade 0° - areia e brita comerciais","un",18735.22]
[705402,"Boca de BTCC 1,50 x 1,50 m - esconsidade 0° - areia extraída e brita produzida","un",16519.47]
[705405,"Boca de BTCC 1,50 x 1,50 m - esconsidade 15° - areia e brita comerciais","un",20138.7]
[705404,"Boca de BTCC 1,50 x 1,50 m - esconsidade 15° - areia extraída e brita produzida","un",17902.02]
[705407,"Boca de BTCC 1,50 x 1,50 m - esconsidade 30° - areia e brita comerciais","un",21201.08]
[705406,"Boca de BTCC 1,50 x 1,50 m - esconsidade 30° - areia extraída e brita produzida","un",18709.650000000001]
[705409,"Boca de BTCC 1,50 x 1,50 m - esconsidade 45° - areia e brita comerciais","un",26660.46]
[705408,"Boca de BTCC 1,50 x 1,50 m - esconsidade 45° - areia extraída e brita produzida","un",23591.39]
[705411,"Boca de BTCC 2,00 x 2,00 m - esconsidade 0° - areia e brita comerciais","un",28623.42]
[705410,"Boca de BTCC 2,00 x 2,00 m - esconsidade 0° - areia extraída e brita produzida","un",25051.86]
[705413,"Boca de BTCC 2,00 x 2,00 m - esconsidade 15° - areia e brita comerciais","un",30589.15]
[705412,"Boca de BTCC 2,00 x 2,00 m - esconsidade 15° - areia extraída e brita produzida","un",27020.07]
[705415,"Boca de BTCC 2,00 x 2,00 m - esconsidade 30° - areia e brita comerciais","un",33757.9]
[705414,"Boca de BTCC 2,00 x 2,00 m - esconsidade 30° - areia extraída e brita produzida","un",29736.02]
[705417,"Boca de BTCC 2,00 x 2,00 m - esconsidade 45° - areia e brita comerciais","un",42667.58]
[705416,"Boca de BTCC 2,00 x 2,00 m - esconsidade 45° - areia extraída e brita produzida","un",37717.83]
[705419,"Boca de BTCC 2,50 x 2,50 m - esconsidade 0° - areia e brita comerciais","un",40511.97]
[705418,"Boca de BTCC 2,50 x 2,50 m - esconsidade 0° - areia extraída e brita produzida","un",35522.370000000003]
[705421,"Boca de BTCC 2,50 x 2,50 m - esconsidade 15° - areia e brita comerciais","un",43314.01]
[705420,"Boca de BTCC 2,50 x 2,50 m - esconsidade 15° - areia extraída e brita produzida","un",38309.440000000002]
[705423,"Boca de BTCC 2,50 x 2,50 m - esconsidade 30° - areia e brita comerciais","un",49233.45]
[705422,"Boca de BTCC 2,50 x 2,50 m - esconsidade 30° - areia extraída e brita produzida","un",43633.73]
[705425,"Boca de BTCC 2,50 x 2,50 m - esconsidade 45° - areia e brita comerciais","un",62186.6]
[705424,"Boca de BTCC 2,50 x 2,50 m - esconsidade 45° - areia extraída e brita produzida","un",55315.77]
[705427,"Boca de BTCC 3,00 x 3,00 m - esconsidade 0° - areia e brita comerciais","un",57422.76]
[705426,"Boca de BTCC 3,00 x 3,00 m - esconsidade 0° - areia extraída e brita produzida","un",50204.88]
[705429,"Boca de BTCC 3,00 x 3,00 m - esconsidade 15° - areia e brita comerciais","un",59125.72]
[705428,"Boca de BTCC 3,00 x 3,00 m - esconsidade 15° - areia extraída e brita produzida","un",52036.68]
[705431,"Boca de BTCC 3,00 x 3,00 m - esconsidade 30° - areia e brita comerciais","un",70727.490000000005]
[705430,"Boca de BTCC 3,00 x 3,00 m - esconsidade 30° - areia extraída e brita produzida","un",62816.3]
[705433,"Boca de BTCC 3,00 x 3,00 m - esconsidade 45° - areia e brita comerciais","un",89530.13]
[705432,"Boca de BTCC 3,00 x 3,00 m - esconsidade 45° - areia extraída e brita produzida","un",79731.429999999993]
[705257,"Corpo de BDCC 1,50 x 1,50 m - moldado no local - altura do aterro 0,00 a 1,00 m - areia e brita comerciais","m",4448.45]
[705256,"Corpo de BDCC 1,50 x 1,50 m - moldado no local - altura do aterro 0,00 a 1,00 m - areia extraída e brita produzida","m",4000.06]
[705259,"Corpo de BDCC 1,50 x 1,50 m - moldado no local - altura do aterro 1,00 a 2,50 m - areia e brita comerciais","m",3927.74]
[705258,"Corpo de BDCC 1,50 x 1,50 m - moldado no local - altura do aterro 1,00 a 2,50 m - areia extraída e brita produzida","m",3479.36]
[705267,"Corpo de BDCC 1,50 x 1,50 m - moldado no local - altura do aterro 10,00 a 12,50 m - areia e brita comerciais","m",5598.4]
[705266,"Corpo de BDCC 1,50 x 1,50 m - moldado no local - altura do aterro 10,00 a 12,50 m - areia extraída e brita produzida","m",5003.92]
[705269,"Corpo de BDCC 1,50 x 1,50 m - moldado no local - altura do aterro 12,50 a 15,00 m - areia e brita comerciais","m",5852.89]
[705268,"Corpo de BDCC 1,50 x 1,50 m - moldado no local - altura do aterro 12,50 a 15,00 m - areia extraída e brita produzida","m",5258.42]
[705261,"Corpo de BDCC 1,50 x 1,50 m - moldado no local - altura do aterro 2,50 a 5,00 m - areia e brita comerciais","m",4169.8999999999996]
[705260,"Corpo de BDCC 1,50 x 1,50 m - moldado no local - altura do aterro 2,50 a 5,00 m - areia extraída e brita produzida","m",3721.52]
[705263,"Corpo de BDCC 1,50 x 1,50 m - moldado no local - altura do aterro 5,00 a 7,50 m - areia e brita comerciais","m",4648.51]
[705262,"Corpo de BDCC 1,50 x 1,50 m - moldado no local - altura do aterro 5,00 a 7,50 m - areia extraída e brita produzida","m",4200.13]
[705265,"Corpo de BDCC 1,50 x 1,50 m - moldado no local - altura do aterro 7,50 a 10,00 m - areia e brita comerciais","m",5059.88]
[705264,"Corpo de BDCC 1,50 x 1,50 m - moldado no local - altura do aterro 7,50 a 10,00 m - areia extraída e brita produzida","m",4611.5]
[705271,"Corpo de BDCC 2,00 x 2,00 m - moldado no local - altura do aterro 0,00 a 1,00 m - areia e brita comerciais","m",6330.75]
[705270,"Corpo de BDCC 2,00 x 2,00 m - moldado no local - altura do aterro 0,00 a 1,00 m - areia extraída e brita produzida","m",5751.18]
[705273,"Corpo de BDCC 2,00 x 2,00 m - moldado no local - altura do aterro 1,00 a 2,50 m - areia e brita comerciais","m",5693.3]
[705272,"Corpo de BDCC 2,00 x 2,00 m - moldado no local - altura do aterro 1,00 a 2,50 m - areia extraída e brita produzida","m",5113.74]
[705281,"Corpo de BDCC 2,00 x 2,00 m - moldado no local - altura do aterro 10,00 a 12,50 m - areia e brita comerciais","m",8770.64]
[705280,"Corpo de BDCC 2,00 x 2,00 m - moldado no local - altura do aterro 10,00 a 12,50 m - areia extraída e brita produzida","m",7833.77]
[705283,"Corpo de BDCC 2,00 x 2,00 m - moldado no local - altura do aterro 12,50 a 15,00 m - areia e brita comerciais","m",8970.1]
[705282,"Corpo de BDCC 2,00 x 2,00 m - moldado no local - altura do aterro 12,50 a 15,00 m - areia extraída e brita produzida","m",8033.23]
[705275,"Corpo de BDCC 2,00 x 2,00 m - moldado no local - altura do aterro 2,50 a 5,00 m - areia e brita comerciais","m",6320.07]
[705274,"Corpo de BDCC 2,00 x 2,00 m - moldado no local - altura do aterro 2,50 a 5,00 m - areia extraída e brita produzida","m",5740.5]
[705277,"Corpo de BDCC 2,00 x 2,00 m - moldado no local - altura do aterro 5,00 a 7,50 m - areia e brita comerciais","m",7178.94]
[705276,"Corpo de BDCC 2,00 x 2,00 m - moldado no local - altura do aterro 5,00 a 7,50 m - areia extraída e brita produzida","m",6419.71]
[705279,"Corpo de BDCC 2,00 x 2,00 m - moldado no local - altura do aterro 7,50 a 10,00 m - areia e brita comerciais","m",8056.36]
[705278,"Corpo de BDCC 2,00 x 2,00 m - moldado no local - altura do aterro 7,50 a 10,00 m - areia extraída e brita produzida","m",7297.13]
[705285,"Corpo de BDCC 2,50 x 2,50 m - moldado no local - altura do aterro 0,00 a 1,00 m - areia e brita comerciais","m",8119.06]
[705284,"Corpo de BDCC 2,50 x 2,50 m - moldado no local - altura do aterro 0,00 a 1,00 m - areia extraída e brita produzida","m",7390.55]
[705287,"Corpo de BDCC 2,50 x 2,50 m - moldado no local - altura do aterro 1,00 a 2,50 m - areia e brita comerciais","m",7488.88]
[705286,"Corpo de BDCC 2,50 x 2,50 m - moldado no local - altura do aterro 1,00 a 2,50 m - areia extraída e brita produzida","m",6760.37]
[705295,"Corpo de BDCC 2,50 x 2,50 m - moldado no local - altura do aterro 10,00 a 12,50 m - areia e brita comerciais","m",11402.16]
[705294,"Corpo de BDCC 2,50 x 2,50 m - moldado no local - altura do aterro 10,00 a 12,50 m - areia extraída e brita produzida","m",10274.86]
[705297,"Corpo de BDCC 2,50 x 2,50 m - moldado no local - altura do aterro 12,50 a 15,00 m - areia e brita comerciais","m",12227.53]
[705296,"Corpo de BDCC 2,50 x 2,50 m - moldado no local - altura do aterro 12,50 a 15,00 m - areia extraída e brita produzida","m",11100.23]
[705289,"Corpo de BDCC 2,50 x 2,50 m - moldado no local - altura do aterro 2,50 a 5,00 m - areia e brita comerciais","m",8523.2900000000009]
[705288,"Corpo de BDCC 2,50 x 2,50 m - moldado no local - altura do aterro 2,50 a 5,00 m - areia extraída e brita produzida","m",7599.3]
[705291,"Corpo de BDCC 2,50 x 2,50 m - moldado no local - altura do aterro 5,00 a 7,50 m - areia e brita comerciais","m",9579.4500000000007]
[705290,"Corpo de BDCC 2,50 x 2,50 m - moldado no local - altura do aterro 5,00 a 7,50 m - areia extraída e brita produzida","m",8655.4599999999991]
[705293,"Corpo de BDCC 2,50 x 2,50 m - moldado no local - altura do aterro 7,50 a 10,00 m - areia e brita comerciais","m",10431.51]
[705292,"Corpo de BDCC 2,50 x 2,50 m - moldado no local - altura do aterro 7,50 a 10,00 m - areia extraída e brita produzida","m",9304.2099999999991]
[705299,"Corpo de BDCC 3,00 x 3,00 m - moldado no local - altura do aterro 0,00 a 1,00 m - areia e brita comerciais","m",10549.95]
[705298,"Corpo de BDCC 3,00 x 3,00 m - moldado no local - altura do aterro 0,00 a 1,00 m - areia extraída e brita produzida","m",9461.2099999999991]
[705301,"Corpo de BDCC 3,00 x 3,00 m - moldado no local - altura do aterro 1,00 a 2,50 m - areia e brita comerciais","m",9949.6299999999992]
[705300,"Corpo de BDCC 3,00 x 3,00 m - moldado no local - altura do aterro 1,00 a 2,50 m - areia extraída e brita produzida","m",8860.89]
[705309,"Corpo de BDCC 3,00 x 3,00 m - moldado no local - altura do aterro 10,00 a 12,50 m - areia e brita comerciais","m",15850.16]
[705308,"Corpo de BDCC 3,00 x 3,00 m - moldado no local - altura do aterro 10,00 a 12,50 m - areia extraída e brita produzida","m",14218.46]
[705311,"Corpo de BDCC 3,00 x 3,00 m - moldado no local - altura do aterro 12,50 a 15,00 m - areia e brita comerciais","m",15755.84]
[705310,"Corpo de BDCC 3,00 x 3,00 m - moldado no local - altura do aterro 12,50 a 15,00 m - areia extraída e brita produzida","m",14124.14]
[705303,"Corpo de BDCC 3,00 x 3,00 m - moldado no local - altura do aterro 2,50 a 5,00 m - areia e brita comerciais","m",10820.05]
[705302,"Corpo de BDCC 3,00 x 3,00 m - moldado no local - altura do aterro 2,50 a 5,00 m - areia extraída e brita produzida","m",9492.4500000000007]
[705305,"Corpo de BDCC 3,00 x 3,00 m - moldado no local - altura do aterro 5,00 a 7,50 m - areia e brita comerciais","m",12901.82]
[705304,"Corpo de BDCC 3,00 x 3,00 m - moldado no local - altura do aterro 5,00 a 7,50 m - areia extraída e brita produzida","m",11574.22]
[705307,"Corpo de BDCC 3,00 x 3,00 m - moldado no local - altura do aterro 7,50 a 10,00 m - areia e brita comerciais","m",14350.62]
[705306,"Corpo de BDCC 3,00 x 3,00 m - moldado no local - altura do aterro 7,50 a 10,00 m - areia extraída e brita produzida","m",12718.93]
[705169,"Corpo de BSCC 1,50 x 1,50 m - moldado no local - altura do aterro 0,00 a 1,00 m - areia e brita comerciais","m",2656.97]
[705168,"Corpo de BSCC 1,50 x 1,50 m - moldado no local - altura do aterro 0,00 a 1,00 m - areia extraída e brita produzida","m",2405.4899999999998]
[705171,"Corpo de BSCC 1,50 x 1,50 m - moldado no local - altura do aterro 1,00 a 2,50 m - areia e brita comerciais","m",2380.29]
[705170,"Corpo de BSCC 1,50 x 1,50 m - moldado no local - altura do aterro 1,00 a 2,50 m - areia extraída e brita produzida","m",2128.8200000000002]
[705179,"Corpo de BSCC 1,50 x 1,50 m - moldado no local - altura do aterro 10,00 a 12,50 m - areia e brita comerciais","m",3342.17]
[705178,"Corpo de BSCC 1,50 x 1,50 m - moldado no local - altura do aterro 10,00 a 12,50 m - areia extraída e brita produzida","m",3009.78]
[705181,"Corpo de BSCC 1,50 x 1,50 m - moldado no local - altura do aterro 12,50 a 15,00 m - areia e brita comerciais","m",3477.97]
[705180,"Corpo de BSCC 1,50 x 1,50 m - moldado no local - altura do aterro 12,50 a 15,00 m - areia extraída e brita produzida","m",3145.58]
[705173,"Corpo de BSCC 1,50 x 1,50 m - moldado no local - altura do aterro 2,50 a 5,00 m - areia e brita comerciais","m",2573.25]
[705172,"Corpo de BSCC 1,50 x 1,50 m - moldado no local - altura do aterro 2,50 a 5,00 m - areia extraída e brita produzida","m",2321.7800000000002]
[705175,"Corpo de BSCC 1,50 x 1,50 m - moldado no local - altura do aterro 5,00 a 7,50 m - areia e brita comerciais","m",2839.06]
[705174,"Corpo de BSCC 1,50 x 1,50 m - moldado no local - altura do aterro 5,00 a 7,50 m - areia extraída e brita produzida","m",2587.59]
[705177,"Corpo de BSCC 1,50 x 1,50 m - moldado no local - altura do aterro 7,50 a 10,00 m - areia e brita comerciais","m",3229.57]
[705176,"Corpo de BSCC 1,50 x 1,50 m - moldado no local - altura do aterro 7,50 a 10,00 m - areia extraída e brita produzida","m",2897.18]
[705183,"Corpo de BSCC 2,00 x 2,00 m - moldado no local - altura do aterro 0,00 a 1,00 m - areia e brita comerciais","m",3682.73]
[705182,"Corpo de BSCC 2,00 x 2,00 m - moldado no local - altura do aterro 0,00 a 1,00 m - areia extraída e brita produzida","m",3359.49]
[705185,"Corpo de BSCC 2,00 x 2,00 m - moldado no local - altura do aterro 1,00 a 2,50 m - areia e brita comerciais","m",3362.04]
[705184,"Corpo de BSCC 2,00 x 2,00 m - moldado no local - altura do aterro 1,00 a 2,50 m - areia extraída e brita produzida","m",3038.8]
[705193,"Corpo de BSCC 2,00 x 2,00 m - moldado no local - altura do aterro 10,00 a 12,50 m - areia e brita comerciais","m",5094.8900000000003]
[705192,"Corpo de BSCC 2,00 x 2,00 m - moldado no local - altura do aterro 10,00 a 12,50 m - areia extraída e brita produzida","m",4572.28]
[705195,"Corpo de BSCC 2,00 x 2,00 m - moldado no local - altura do aterro 12,50 a 15,00 m - areia e brita comerciais","m",5420.42]
[705194,"Corpo de BSCC 2,00 x 2,00 m - moldado no local - altura do aterro 12,50 a 15,00 m - areia extraída e brita produzida","m",4897.8100000000004]
[705187,"Corpo de BSCC 2,00 x 2,00 m - moldado no local - altura do aterro 2,50 a 5,00 m - areia e brita comerciais","m",3853.4]
[705186,"Corpo de BSCC 2,00 x 2,00 m - moldado no local - altura do aterro 2,50 a 5,00 m - areia extraída e brita produzida","m",3429.49]
[705189,"Corpo de BSCC 2,00 x 2,00 m - moldado no local - altura do aterro 5,00 a 7,50 m - areia e brita comerciais","m",4276.3500000000004]
[705188,"Corpo de BSCC 2,00 x 2,00 m - moldado no local - altura do aterro 5,00 a 7,50 m - areia extraída e brita produzida","m",3852.44]
[705191,"Corpo de BSCC 2,00 x 2,00 m - moldado no local - altura do aterro 7,50 a 10,00 m - areia e brita comerciais","m",4725.82]
[705190,"Corpo de BSCC 2,00 x 2,00 m - moldado no local - altura do aterro 7,50 a 10,00 m - areia extraída e brita produzida","m",4203.22]
[705197,"Corpo de BSCC 2,50 x 2,50 m - moldado no local - altura do aterro 0,00 a 1,00 m - areia e brita comerciais","m",5075.6099999999997]
[705196,"Corpo de BSCC 2,50 x 2,50 m - moldado no local - altura do aterro 0,00 a 1,00 m - areia extraída e brita produzida","m",4558.72]
[705199,"Corpo de BSCC 2,50 x 2,50 m - moldado no local - altura do aterro 1,00 a 2,50 m - areia e brita comerciais","m",4833.01]
[705198,"Corpo de BSCC 2,50 x 2,50 m - moldado no local - altura do aterro 1,00 a 2,50 m - areia extraída e brita produzida","m",4316.12]
[705207,"Corpo de BSCC 2,50 x 2,50 m - moldado no local - altura do aterro 10,00 a 12,50 m - areia e brita comerciais","m",7221.83]
[705206,"Corpo de BSCC 2,50 x 2,50 m - moldado no local - altura do aterro 10,00 a 12,50 m - areia extraída e brita produzida","m",6450.27]
[705209,"Corpo de BSCC 2,50 x 2,50 m - moldado no local - altura do aterro 12,50 a 15,00 m - areia e brita comerciais","m",8201.69]
[705208,"Corpo de BSCC 2,50 x 2,50 m - moldado no local - altura do aterro 12,50 a 15,00 m - areia extraída e brita produzida","m",7301.82]
[705201,"Corpo de BSCC 2,50 x 2,50 m - moldado no local - altura do aterro 2,50 a 5,00 m - areia e brita comerciais","m",5470.64]
[705200,"Corpo de BSCC 2,50 x 2,50 m - moldado no local - altura do aterro 2,50 a 5,00 m - areia extraída e brita produzida","m",4953.74]
[705203,"Corpo de BSCC 2,50 x 2,50 m - moldado no local - altura do aterro 5,00 a 7,50 m - areia e brita comerciais","m",6058.28]
[705202,"Corpo de BSCC 2,50 x 2,50 m - moldado no local - altura do aterro 5,00 a 7,50 m - areia extraída e brita produzida","m",5422.94]
[705205,"Corpo de BSCC 2,50 x 2,50 m - moldado no local - altura do aterro 7,50 a 10,00 m - areia e brita comerciais","m",6569.29]
[705204,"Corpo de BSCC 2,50 x 2,50 m - moldado no local - altura do aterro 7,50 a 10,00 m - areia extraída e brita produzida","m",5933.95]
[705211,"Corpo de BSCC 3,00 x 3,00 m - moldado no local - altura do aterro 0,00 a 1,00 m - areia e brita comerciais","m",6543.88]
[705210,"Corpo de BSCC 3,00 x 3,00 m - moldado no local - altura do aterro 0,00 a 1,00 m - areia extraída e brita produzida","m",5797.28]
[705213,"Corpo de BSCC 3,00 x 3,00 m - moldado no local - altura do aterro 1,00 a 2,50 m - areia e brita comerciais","m",6470.9]
[705212,"Corpo de BSCC 3,00 x 3,00 m - moldado no local - altura do aterro 1,00 a 2,50 m - areia extraída e brita produzida","m",5724.29]
[705221,"Corpo de BSCC 3,00 x 3,00 m - moldado no local - altura do aterro 10,00 a 12,50 m - areia e brita comerciais","m",9901.93]
[705220,"Corpo de BSCC 3,00 x 3,00 m - moldado no local - altura do aterro 10,00 a 12,50 m - areia extraída e brita produzida","m",8851.2900000000009]
[705223,"Corpo de BSCC 3,00 x 3,00 m - moldado no local - altura do aterro 12,50 a 15,00 m - areia e brita comerciais","m",10755.27]
[705222,"Corpo de BSCC 3,00 x 3,00 m - moldado no local - altura do aterro 12,50 a 15,00 m - areia extraída e brita produzida","m",9544.7099999999991]
[705215,"Corpo de BSCC 3,00 x 3,00 m - moldado no local - altura do aterro 2,50 a 5,00 m - areia e brita comerciais","m",7660.65]
[705214,"Corpo de BSCC 3,00 x 3,00 m - moldado no local - altura do aterro 2,50 a 5,00 m - areia extraída e brita produzida","m",6756.1]
[705217,"Corpo de BSCC 3,00 x 3,00 m - moldado no local - altura do aterro 5,00 a 7,50 m - areia e brita comerciais","m",8415.08]
[705216,"Corpo de BSCC 3,00 x 3,00 m - moldado no local - altura do aterro 5,00 a 7,50 m - areia extraída e brita produzida","m",7510.53]
[705219,"Corpo de BSCC 3,00 x 3,00 m - moldado no local - altura do aterro 7,50 a 10,00 m - areia e brita comerciais","m",9206.98]
[705218,"Corpo de BSCC 3,00 x 3,00 m - moldado no local - altura do aterro 7,50 a 10,00 m - areia extraída e brita produzida","m",8156.34]
[705346,"Corpo de BTCC 1,50 x 1,50 m - moldado no local - altura do aterro 0,00 a 1,00 m - areia e brita comerciais","m",6138.8]
[705345,"Corpo de BTCC 1,50 x 1,50 m - moldado no local - altura do aterro 0,00 a 1,00 m - areia extraída e brita produzida","m",5493.96]
[705348,"Corpo de BTCC 1,50 x 1,50 m - moldado no local - altura do aterro 1,00 a 2,50 m - areia e brita comerciais","m",5577.97]
[705347,"Corpo de BTCC 1,50 x 1,50 m - moldado no local - altura do aterro 1,00 a 2,50 m - areia extraída e brita produzida","m",4933.13]
[705356,"Corpo de BTCC 1,50 x 1,50 m - moldado no local - altura do aterro 10,00 a 12,50 m - areia e brita comerciais","m",8140.94]
[705355,"Corpo de BTCC 1,50 x 1,50 m - moldado no local - altura do aterro 10,00 a 12,50 m - areia extraída e brita produzida","m",7280.94]
[705358,"Corpo de BTCC 1,50 x 1,50 m - moldado no local - altura do aterro 12,50 a 15,00 m - areia e brita comerciais","m",8254.64]
[705357,"Corpo de BTCC 1,50 x 1,50 m - moldado no local - altura do aterro 12,50 a 15,00 m - areia extraída e brita produzida","m",7394.64]
[705350,"Corpo de BTCC 1,50 x 1,50 m - moldado no local - altura do aterro 2,50 a 5,00 m - areia e brita comerciais","m",6036.35]
[705349,"Corpo de BTCC 1,50 x 1,50 m - moldado no local - altura do aterro 2,50 a 5,00 m - areia extraída e brita produzida","m",5391.51]
[705352,"Corpo de BTCC 1,50 x 1,50 m - moldado no local - altura do aterro 5,00 a 7,50 m - areia e brita comerciais","m",6427.85]
[705351,"Corpo de BTCC 1,50 x 1,50 m - moldado no local - altura do aterro 5,00 a 7,50 m - areia extraída e brita produzida","m",5783.01]
[705354,"Corpo de BTCC 1,50 x 1,50 m - moldado no local - altura do aterro 7,50 a 10,00 m - areia e brita comerciais","m",7019.65]
[705353,"Corpo de BTCC 1,50 x 1,50 m - moldado no local - altura do aterro 7,50 a 10,00 m - areia extraída e brita produzida","m",6374.81]
[705360,"Corpo de BTCC 2,00 x 2,00 m - moldado no local - altura do aterro 0,00 a 1,00 m - areia e brita comerciais","m",8735.11]
[705359,"Corpo de BTCC 2,00 x 2,00 m - moldado no local - altura do aterro 0,00 a 1,00 m - areia extraída e brita produzida","m",7903.12]
[705362,"Corpo de BTCC 2,00 x 2,00 m - moldado no local - altura do aterro 1,00 a 2,50 m - areia e brita comerciais","m",8011.42]
[705361,"Corpo de BTCC 2,00 x 2,00 m - moldado no local - altura do aterro 1,00 a 2,50 m - areia extraída e brita produzida","m",7179.43]
[705370,"Corpo de BTCC 2,00 x 2,00 m - moldado no local - altura do aterro 10,00 a 12,50 m - areia e brita comerciais","m",11987.76]
[705369,"Corpo de BTCC 2,00 x 2,00 m - moldado no local - altura do aterro 10,00 a 12,50 m - areia extraída e brita produzida","m",10654.35]
[705372,"Corpo de BTCC 2,00 x 2,00 m - moldado no local - altura do aterro 12,50 a 15,00 m - areia e brita comerciais","m",12696.45]
[705371,"Corpo de BTCC 2,00 x 2,00 m - moldado no local - altura do aterro 12,50 a 15,00 m - areia extraída e brita produzida","m",11363.04]
[705364,"Corpo de BTCC 2,00 x 2,00 m - moldado no local - altura do aterro 2,50 a 5,00 m - areia e brita comerciais","m",8979.39]
[705363,"Corpo de BTCC 2,00 x 2,00 m - moldado no local - altura do aterro 2,50 a 5,00 m - areia extraída e brita produzida","m",8147.4]
[705366,"Corpo de BTCC 2,00 x 2,00 m - moldado no local - altura do aterro 5,00 a 7,50 m - areia e brita comerciais","m",9944.98]
[705365,"Corpo de BTCC 2,00 x 2,00 m - moldado no local - altura do aterro 5,00 a 7,50 m - areia extraída e brita produzida","m",8848.4599999999991]
[705368,"Corpo de BTCC 2,00 x 2,00 m - moldado no local - altura do aterro 7,50 a 10,00 m - areia e brita comerciais","m",11039.78]
[705367,"Corpo de BTCC 2,00 x 2,00 m - moldado no local - altura do aterro 7,50 a 10,00 m - areia extraída e brita produzida","m",9943.26]
[705374,"Corpo de BTCC 2,50 x 2,50 m - moldado no local - altura do aterro 0,00 a 1,00 m - areia e brita comerciais","m",11492.9]
[705373,"Corpo de BTCC 2,50 x 2,50 m - moldado no local - altura do aterro 0,00 a 1,00 m - areia extraída e brita produzida","m",10436.75]
[705376,"Corpo de BTCC 2,50 x 2,50 m - moldado no local - altura do aterro 1,00 a 2,50 m - areia e brita comerciais","m",10393.68]
[705375,"Corpo de BTCC 2,50 x 2,50 m - moldado no local - altura do aterro 1,00 a 2,50 m - areia extraída e brita produzida","m",9337.52]
[705384,"Corpo de BTCC 2,50 x 2,50 m - moldado no local - altura do aterro 10,00 a 12,50 m - areia e brita comerciais","m",15744.84]
[705383,"Corpo de BTCC 2,50 x 2,50 m - moldado no local - altura do aterro 10,00 a 12,50 m - areia extraída e brita produzida","m",14124.06]
[705386,"Corpo de BTCC 2,50 x 2,50 m - moldado no local - altura do aterro 12,50 a 15,00 m - areia e brita comerciais","m",16870.05]
[705385,"Corpo de BTCC 2,50 x 2,50 m - moldado no local - altura do aterro 12,50 a 15,00 m - areia extraída e brita produzida","m",15249.28]
[705378,"Corpo de BTCC 2,50 x 2,50 m - moldado no local - altura do aterro 2,50 a 5,00 m - areia e brita comerciais","m",11899.55]
[705377,"Corpo de BTCC 2,50 x 2,50 m - moldado no local - altura do aterro 2,50 a 5,00 m - areia extraída e brita produzida","m",10565.04]
[705380,"Corpo de BTCC 2,50 x 2,50 m - moldado no local - altura do aterro 5,00 a 7,50 m - areia e brita comerciais","m",13350.96]
[705379,"Corpo de BTCC 2,50 x 2,50 m - moldado no local - altura do aterro 5,00 a 7,50 m - areia extraída e brita produzida","m",12016.45]
[705382,"Corpo de BTCC 2,50 x 2,50 m - moldado no local - altura do aterro 7,50 a 10,00 m - areia e brita comerciais","m",14811.16]
[705381,"Corpo de BTCC 2,50 x 2,50 m - moldado no local - altura do aterro 7,50 a 10,00 m - areia extraída e brita produzida","m",13190.39]
[705388,"Corpo de BTCC 3,00 x 3,00 m - moldado no local - altura do aterro 0,00 a 1,00 m - areia e brita comerciais","m",14616.81]
[705387,"Corpo de BTCC 3,00 x 3,00 m - moldado no local - altura do aterro 0,00 a 1,00 m - areia extraída e brita produzida","m",13045.77]
[705390,"Corpo de BTCC 3,00 x 3,00 m - moldado no local - altura do aterro 1,00 a 2,50 m - areia e brita comerciais","m",13839.2]
[705389,"Corpo de BTCC 3,00 x 3,00 m - moldado no local - altura do aterro 1,00 a 2,50 m - areia extraída e brita produzida","m",12268.16]
[705399,"Corpo de BTCC 3,00 x 3,00 m - moldado no local - altura do aterro 10,00 a 12,50 m - areia e brita comerciais","m",21234.91]
[705398,"Corpo de BTCC 3,00 x 3,00 m - moldado no local - altura do aterro 10,00 a 12,50 m - areia extraída e brita produzida","m",18874.099999999999]
[705401,"Corpo de BTCC 3,00 x 3,00 m - moldado no local - altura do aterro 12,50 a 15,00 m - areia e brita comerciais","m",22758.76]
[705400,"Corpo de BTCC 3,00 x 3,00 m - moldado no local - altura do aterro 12,50 a 15,00 m - areia extraída e brita produzida","m",20397.95]
[705392,"Corpo de BTCC 3,00 x 3,00 m - moldado no local - altura do aterro 2,50 a 5,00 m - areia e brita comerciais","m",15854.88]
[705391,"Corpo de BTCC 3,00 x 3,00 m - moldado no local - altura do aterro 2,50 a 5,00 m - areia extraída e brita produzida","m",13948.21]
[705395,"Corpo de BTCC 3,00 x 3,00 m - moldado no local - altura do aterro 5,00 a 7,50 m - areia e brita comerciais","m",17876.419999999998]
[705394,"Corpo de BTCC 3,00 x 3,00 m - moldado no local - altura do aterro 5,00 a 7,50 m - areia extraída e brita produzida","m",15969.75]
[705397,"Corpo de BTCC 3,00 x 3,00 m - moldado no local - altura do aterro 7,50 a 10,00 m - areia e brita comerciais","m",19780.12]
[705396,"Corpo de BTCC 3,00 x 3,00 m - moldado no local - altura do aterro 7,50 a 10,00 m - areia extraída e brita produzida","m",17419.310000000001]
[804213,"Boca de BDTC D = 0,80 m - esconsidade 0° - areia e brita comerciais - alas retas","un",1824.29]
[804212,"Boca de BDTC D = 0,80 m - esconsidade 0° - areia extraída e brita produzida - alas retas","un",1437.78]
[804217,"Boca de BDTC D = 0,80 m - esconsidade 10° - areia e brita comerciais - alas retas","un",1833.52]
[804216,"Boca de BDTC D = 0,80 m - esconsidade 10° - areia extraída e brita produzida - alas retas","un",1446.22]
[804219,"Boca de BDTC D = 0,80 m - esconsidade 15° - areia e brita comerciais - alas retas","un",1845]
[804218,"Boca de BDTC D = 0,80 m - esconsidade 15° - areia extraída e brita produzida - alas retas","un",1456.91]
[804221,"Boca de BDTC D = 0,80 m - esconsidade 20° - areia e brita comerciais - alas retas","un",1863.58]
[804220,"Boca de BDTC D = 0,80 m - esconsidade 20° - areia extraída e brita produzida - alas retas","un",1474.11]
[804223,"Boca de BDTC D = 0,80 m - esconsidade 25° - areia e brita comerciais - alas retas","un",1887.91]
[804222,"Boca de BDTC D = 0,80 m - esconsidade 25° - areia extraída e brita produzida - alas retas","un",1496.67]
[804225,"Boca de BDTC D = 0,80 m - esconsidade 30° - areia e brita comerciais - alas retas","un",1919.62]
[804224,"Boca de BDTC D = 0,80 m - esconsidade 30° - areia extraída e brita produzida - alas retas","un",1526.4]
[804227,"Boca de BDTC D = 0,80 m - esconsidade 35° - areia e brita comerciais - alas retas","un",1962.33]
[804226,"Boca de BDTC D = 0,80 m - esconsidade 35° - areia extraída e brita produzida - alas retas","un",1566.74]
[804229,"Boca de BDTC D = 0,80 m - esconsidade 40° - areia e brita comerciais - alas retas","un",2017.68]
[804228,"Boca de BDTC D = 0,80 m - esconsidade 40° - areia extraída e brita produzida - alas retas","un",1619.52]
[804231,"Boca de BDTC D = 0,80 m - esconsidade 45° - areia e brita comerciais - alas retas","un",2093.0500000000002]
[804230,"Boca de BDTC D = 0,80 m - esconsidade 45° - areia extraída e brita produzida - alas retas","un",1691.93]
[804215,"Boca de BDTC D = 0,80 m - esconsidade 5° - areia e brita comerciais - alas retas","un",1826.41]
[804214,"Boca de BDTC D = 0,80 m - esconsidade 5° - areia extraída e brita produzida - alas retas","un",1439.7]
[804417,"Boca de BDTC D = 1,00 m - esconsidade 0° - areia e brita comerciais - alas esconsas","un",4726.3]
[804233,"Boca de BDTC D = 1,00 m - esconsidade 0° - areia e brita comerciais - alas retas","un",2733.88]
[804416,"Boca de BDTC D = 1,00 m - esconsidade 0° - areia extraída e brita produzida - alas esconsas","un",3717.86]
[804232,"Boca de BDTC D = 1,00 m - esconsidade 0° - areia extraída e brita produzida - alas retas","un",2134.0700000000002]
[804237,"Boca de BDTC D = 1,00 m - esconsidade 10° - areia e brita comerciais - alas retas","un",2747.96]
[804236,"Boca de BDTC D = 1,00 m - esconsidade 10° - areia extraída e brita produzida - alas retas","un",2146.77]
[804419,"Boca de BDTC D = 1,00 m - esconsidade 15° - areia e brita comerciais - alas esconsas","un",4945.59]
[804239,"Boca de BDTC D = 1,00 m - esconsidade 15° - areia e brita comerciais - alas retas","un",2766.27]
[804418,"Boca de BDTC D = 1,00 m - esconsidade 15° - areia extraída e brita produzida - alas esconsas","un",3888.96]
[804238,"Boca de BDTC D = 1,00 m - esconsidade 15° - areia extraída e brita produzida - alas retas","un",2163.31]
[804241,"Boca de BDTC D = 1,00 m - esconsidade 20° - areia e brita comerciais - alas retas","un",2792.45]
[804240,"Boca de BDTC D = 1,00 m - esconsidade 20° - areia extraída e brita produzida - alas retas","un",2187.11]
[804243,"Boca de BDTC D = 1,00 m - esconsidade 25° - areia e brita comerciais - alas retas","un",2827.98]
[804242,"Boca de BDTC D = 1,00 m - esconsidade 25° - areia extraída e brita produzida - alas retas","un",2219.6799999999998]
[804421,"Boca de BDTC D = 1,00 m - esconsidade 30° - areia e brita comerciais - alas esconsas","un",5521.7]
[804245,"Boca de BDTC D = 1,00 m - esconsidade 30° - areia e brita comerciais - alas retas","un",2875.75]
[804420,"Boca de BDTC D = 1,00 m - esconsidade 30° - areia extraída e brita produzida - alas esconsas","un",4339.2700000000004]
[804244,"Boca de BDTC D = 1,00 m - esconsidade 30° - areia extraída e brita produzida - alas retas","un",2263.6999999999998]
[804247,"Boca de BDTC D = 1,00 m - esconsidade 35° - areia e brita comerciais - alas retas","un",2937.53]
[804246,"Boca de BDTC D = 1,00 m - esconsidade 35° - areia extraída e brita produzida - alas retas","un",2321.33]
[804249,"Boca de BDTC D = 1,00 m - esconsidade 40° - areia e brita comerciais - alas retas","un",3019.8]
[804248,"Boca de BDTC D = 1,00 m - esconsidade 40° - areia extraída e brita produzida - alas retas","un",2398.67]
[804423,"Boca de BDTC D = 1,00 m - esconsidade 45° - areia e brita comerciais - alas esconsas","un",6846.88]
[804251,"Boca de BDTC D = 1,00 m - esconsidade 45° - areia e brita comerciais - alas retas","un",3128.25]
[804422,"Boca de BDTC D = 1,00 m - esconsidade 45° - areia extraída e brita produzida - alas esconsas","un",5371.56]
[804250,"Boca de BDTC D = 1,00 m - esconsidade 45° - areia extraída e brita produzida - alas retas","un",2501.98]
[804235,"Boca de BDTC D = 1,00 m - esconsidade 5° - areia e brita comerciais - alas retas","un",2737.36]
[804234,"Boca de BDTC D = 1,00 m - esconsidade 5° - areia extraída e brita produzida - alas retas","un",2137.16]
[804425,"Boca de BDTC D = 1,20 m - esconsidade 0° - areia e brita comerciais - alas esconsas","un",6940.11]
[804253,"Boca de BDTC D = 1,20 m - esconsidade 0° - areia e brita comerciais - alas retas","un",3833.81]
[804424,"Boca de BDTC D = 1,20 m - esconsidade 0° - areia extraída e brita produzida - alas esconsas","un",5382.03]
[804252,"Boca de BDTC D = 1,20 m - esconsidade 0° - areia extraída e brita produzida - alas retas","un",2963.23]
[804257,"Boca de BDTC D = 1,20 m - esconsidade 10° - areia e brita comerciais - alas retas","un",3855.2]
[804256,"Boca de BDTC D = 1,20 m - esconsidade 10° - areia extraída e brita produzida - alas retas","un",2981.85]
[804427,"Boca de BDTC D = 1,20 m - esconsidade 15° - areia e brita comerciais - alas esconsas","un",7279.44]
[804259,"Boca de BDTC D = 1,20 m - esconsidade 15° - areia e brita comerciais - alas retas","un",3882.19]
[804426,"Boca de BDTC D = 1,20 m - esconsidade 15° - areia extraída e brita produzida - alas esconsas","un",5642.36]
[804258,"Boca de BDTC D = 1,20 m - esconsidade 15° - areia extraída e brita produzida - alas retas","un",3005.49]
[804261,"Boca de BDTC D = 1,20 m - esconsidade 20° - areia e brita comerciais - alas retas","un",3921.76]
[804260,"Boca de BDTC D = 1,20 m - esconsidade 20° - areia extraída e brita produzida - alas retas","un",3040.32]
[804263,"Boca de BDTC D = 1,20 m - esconsidade 25° - areia e brita comerciais - alas retas","un",3975.41]
[804262,"Boca de BDTC D = 1,20 m - esconsidade 25° - areia extraída e brita produzida - alas retas","un",3087.85]
[804429,"Boca de BDTC D = 1,20 m - esconsidade 30° - areia e brita comerciais - alas esconsas","un",8131.33]
[804265,"Boca de BDTC D = 1,20 m - esconsidade 30° - areia e brita comerciais - alas retas","un",4046.28]
[804428,"Boca de BDTC D = 1,20 m - esconsidade 30° - areia extraída e brita produzida - alas esconsas","un",6297.54]
[804264,"Boca de BDTC D = 1,20 m - esconsidade 30° - areia extraída e brita produzida - alas retas","un",3151.41]
[804267,"Boca de BDTC D = 1,20 m - esconsidade 35° - areia e brita comerciais - alas retas","un",4136.01]
[804266,"Boca de BDTC D = 1,20 m - esconsidade 35° - areia extraída e brita produzida - alas retas","un",3232.85]
[804269,"Boca de BDTC D = 1,20 m - esconsidade 40° - areia e brita comerciais - alas retas","un",4254.1000000000004]
[804268,"Boca de BDTC D = 1,20 m - esconsidade 40° - areia extraída e brita produzida - alas retas","un",3341.26]
[804431,"Boca de BDTC D = 1,20 m - esconsidade 45° - areia e brita comerciais - alas esconsas","un",10099.799999999999]
[804271,"Boca de BDTC D = 1,20 m - esconsidade 45° - areia e brita comerciais - alas retas","un",4409.84]
[804430,"Boca de BDTC D = 1,20 m - esconsidade 45° - areia extraída e brita produzida - alas esconsas","un",7807.41]
[804270,"Boca de BDTC D = 1,20 m - esconsidade 45° - areia extraída e brita produzida - alas retas","un",3486.33]
[804255,"Boca de BDTC D = 1,20 m - esconsidade 5° - areia e brita comerciais - alas retas","un",3839.27]
[804254,"Boca de BDTC D = 1,20 m - esconsidade 5° - areia extraída e brita produzida - alas retas","un",2967.9]
[804433,"Boca de BDTC D = 1,50 m - esconsidade 0° - areia e brita comerciais - alas esconsas","un",12482.26]
[804273,"Boca de BDTC D = 1,50 m - esconsidade 0° - areia e brita comerciais - alas retas","un",6637.76]
[804432,"Boca de BDTC D = 1,50 m - esconsidade 0° - areia extraída e brita produzida - alas esconsas","un",9492.5]
[804272,"Boca de BDTC D = 1,50 m - esconsidade 0° - areia extraída e brita produzida - alas retas","un",5080.47]
[804277,"Boca de BDTC D = 1,50 m - esconsidade 10° - areia e brita comerciais - alas retas","un",6670.56]
[804276,"Boca de BDTC D = 1,50 m - esconsidade 10° - areia extraída e brita produzida - alas retas","un",5108.54]
[804435,"Boca de BDTC D = 1,50 m - esconsidade 15° - areia e brita comerciais - alas esconsas","un",13105.09]
[804279,"Boca de BDTC D = 1,50 m - esconsidade 15° - areia e brita comerciais - alas retas","un",6711.57]
[804434,"Boca de BDTC D = 1,50 m - esconsidade 15° - areia extraída e brita produzida - alas esconsas","un",9962.4699999999993]
[804278,"Boca de BDTC D = 1,50 m - esconsidade 15° - areia extraída e brita produzida - alas retas","un",5143.62]
[804281,"Boca de BDTC D = 1,50 m - esconsidade 20° - areia e brita comerciais - alas retas","un",6771.37]
[804280,"Boca de BDTC D = 1,50 m - esconsidade 20° - areia extraída e brita produzida - alas retas","un",5195.32]
[804283,"Boca de BDTC D = 1,50 m - esconsidade 25° - areia e brita comerciais - alas retas","un",6852.23]
[804282,"Boca de BDTC D = 1,50 m - esconsidade 25° - areia extraída e brita produzida - alas retas","un",5265.91]
[804437,"Boca de BDTC D = 1,50 m - esconsidade 30° - areia e brita comerciais - alas esconsas","un",14687.17]
[804285,"Boca de BDTC D = 1,50 m - esconsidade 30° - areia e brita comerciais - alas retas","un",6957.75]
[804436,"Boca de BDTC D = 1,50 m - esconsidade 30° - areia extraída e brita produzida - alas esconsas","un",11156.66]
[804284,"Boca de BDTC D = 1,50 m - esconsidade 30° - areia extraída e brita produzida - alas retas","un",5358.79]
[804287,"Boca de BDTC D = 1,50 m - esconsidade 35° - areia e brita comerciais - alas retas","un",7092.86]
[804286,"Boca de BDTC D = 1,50 m - esconsidade 35° - areia extraída e brita produzida - alas retas","un",5479.48]
[804289,"Boca de BDTC D = 1,50 m - esconsidade 40° - areia e brita comerciais - alas retas","un",7267.81]
[804288,"Boca de BDTC D = 1,50 m - esconsidade 40° - areia extraída e brita produzida - alas retas","un",5637.84]
[804439,"Boca de BDTC D = 1,50 m - esconsidade 45° - areia e brita comerciais - alas esconsas","un",18320.28]
[804291,"Boca de BDTC D = 1,50 m - esconsidade 45° - areia e brita comerciais - alas retas","un",7495.79]
[804438,"Boca de BDTC D = 1,50 m - esconsidade 45° - areia extraída e brita produzida - alas esconsas","un",13891.94]
[804290,"Boca de BDTC D = 1,50 m - esconsidade 45° - areia extraída e brita produzida - alas retas","un",5847.65]
[804275,"Boca de BDTC D = 1,50 m - esconsidade 5° - areia e brita comerciais - alas retas","un",6645.96]
[804274,"Boca de BDTC D = 1,50 m - esconsidade 5° - areia extraída e brita produzida - alas retas","un",5087.49]
[804061,"Boca de BSTC D = 0,40 m - esconsidade 0° - areia e brita comerciais - alas retas","un",432.41]
[804060,"Boca de BSTC D = 0,40 m - esconsidade 0° - areia extraída e brita produzida - alas retas","un",348.86]
[804065,"Boca de BSTC D = 0,40 m - esconsidade 10° - areia e brita comerciais - alas retas","un",433.91]
[804064,"Boca de BSTC D = 0,40 m - esconsidade 10° - areia extraída e brita produzida - alas retas","un",350.37]
[804067,"Boca de BSTC D = 0,40 m - esconsidade 15° - areia e brita comerciais - alas retas","un",435.41]
[804066,"Boca de BSTC D = 0,40 m - esconsidade 15° - areia extraída e brita produzida - alas retas","un",351.87]
[804069,"Boca de BSTC D = 0,40 m - esconsidade 20° - areia e brita comerciais - alas retas","un",438.28]
[804068,"Boca de BSTC D = 0,40 m - esconsidade 20° - areia extraída e brita produzida - alas retas","un",354.54]
[804071,"Boca de BSTC D = 0,40 m - esconsidade 25° - areia e brita comerciais - alas retas","un",442.04]
[804070,"Boca de BSTC D = 0,40 m - esconsidade 25° - areia extraída e brita produzida - alas retas","un",358.3]
[804073,"Boca de BSTC D = 0,40 m - esconsidade 30° - areia e brita comerciais - alas retas","un",447.16]
[804072,"Boca de BSTC D = 0,40 m - esconsidade 30° - areia extraída e brita produzida - alas retas","un",363.23]
[804075,"Boca de BSTC D = 0,40 m - esconsidade 35° - areia e brita comerciais - alas retas","un",453.93]
[804074,"Boca de BSTC D = 0,40 m - esconsidade 35° - areia extraída e brita produzida - alas retas","un",369.99]
[804077,"Boca de BSTC D = 0,40 m - esconsidade 40° - areia e brita comerciais - alas retas","un",462.81]
[804076,"Boca de BSTC D = 0,40 m - esconsidade 40° - areia extraída e brita produzida - alas retas","un",378.68]
[804079,"Boca de BSTC D = 0,40 m - esconsidade 45° - areia e brita comerciais - alas retas","un",476.2]
[804078,"Boca de BSTC D = 0,40 m - esconsidade 45° - areia extraída e brita produzida - alas retas","un",391.87]
[804063,"Boca de BSTC D = 0,40 m - esconsidade 5° - areia e brita comerciais - alas retas","un",433.16]
[804062,"Boca de BSTC D = 0,40 m - esconsidade 5° - areia extraída e brita produzida - alas retas","un",349.61]
[804377,"Boca de BSTC D = 0,60 m - esconsidade 0° - areia e brita comerciais - alas esconsas","un",1269.43]
[804081,"Boca de BSTC D = 0,60 m - esconsidade 0° - areia e brita comerciais - alas retas","un",886.91]
[804376,"Boca de BSTC D = 0,60 m - esconsidade 0° - areia extraída e brita produzida - alas esconsas","un",1041.71]
[804080,"Boca de BSTC D = 0,60 m - esconsidade 0° - areia extraída e brita produzida - alas retas","un",702.84]
[804085,"Boca de BSTC D = 0,60 m - esconsidade 10° - areia e brita comerciais - alas retas","un",889.78]
[804084,"Boca de BSTC D = 0,60 m - esconsidade 10° - areia extraída e brita produzida - alas retas","un",705.52]
[804379,"Boca de BSTC D = 0,60 m - esconsidade 15° - areia e brita comerciais - alas esconsas","un",1111.76]
[804087,"Boca de BSTC D = 0,60 m - esconsidade 15° - areia e brita comerciais - alas retas","un",892.79]
[804378,"Boca de BSTC D = 0,60 m - esconsidade 15° - areia extraída e brita produzida - alas esconsas","un",871.2]
[804086,"Boca de BSTC D = 0,60 m - esconsidade 15° - areia extraída e brita produzida - alas retas","un",708.52]
[804089,"Boca de BSTC D = 0,60 m - esconsidade 20° - areia e brita comerciais - alas retas","un",897.92]
[804088,"Boca de BSTC D = 0,60 m - esconsidade 20° - areia extraída e brita produzida - alas retas","un",713.45]
[804091,"Boca de BSTC D = 0,60 m - esconsidade 25° - areia e brita comerciais - alas retas","un",904.54]
[804090,"Boca de BSTC D = 0,60 m - esconsidade 25° - areia extraída e brita produzida - alas retas","un",719.88]
[804381,"Boca de BSTC D = 0,60 m - esconsidade 30° - areia e brita comerciais - alas esconsas","un",1503.81]
[804093,"Boca de BSTC D = 0,60 m - esconsidade 30° - areia e brita comerciais - alas retas","un",914.04]
[804380,"Boca de BSTC D = 0,60 m - esconsidade 30° - areia extraída e brita produzida - alas esconsas","un",1231.26]
[804092,"Boca de BSTC D = 0,60 m - esconsidade 30° - areia extraída e brita produzida - alas retas","un",728.98]
[804095,"Boca de BSTC D = 0,60 m - esconsidade 35° - areia e brita comerciais - alas retas","un",926.68]
[804094,"Boca de BSTC D = 0,60 m - esconsidade 35° - areia extraída e brita produzida - alas retas","un",741.43]
[804097,"Boca de BSTC D = 0,60 m - esconsidade 40° - areia e brita comerciais - alas retas","un",942.95]
[804096,"Boca de BSTC D = 0,60 m - esconsidade 40° - areia extraída e brita produzida - alas retas","un",757.3]
[804383,"Boca de BSTC D = 0,60 m - esconsidade 45° - areia e brita comerciais - alas esconsas","un",1862.32]
[804099,"Boca de BSTC D = 0,60 m - esconsidade 45° - areia e brita comerciais - alas retas","un",965.97]
[804382,"Boca de BSTC D = 0,60 m - esconsidade 45° - areia extraída e brita produzida - alas esconsas","un",1522.23]
[804098,"Boca de BSTC D = 0,60 m - esconsidade 45° - areia extraída e brita produzida - alas retas","un",779.93]
[804083,"Boca de BSTC D = 0,60 m - esconsidade 5° - areia e brita comerciais - alas retas","un",887.67]
[804082,"Boca de BSTC D = 0,60 m - esconsidade 5° - areia extraída e brita produzida - alas retas","un",703.6]
[804385,"Boca de BSTC D = 0,80 m - esconsidade 0° - areia e brita comerciais - alas esconsas","un",2156.36]
[804101,"Boca de BSTC D = 0,80 m - esconsidade 0° - areia e brita comerciais - alas retas","un",1509.58]
[804384,"Boca de BSTC D = 0,80 m - esconsidade 0° - areia extraída e brita produzida - alas esconsas","un",1733.71]
[804100,"Boca de BSTC D = 0,80 m - esconsidade 0° - areia extraída e brita produzida - alas retas","un",1189.83]
[804105,"Boca de BSTC D = 0,80 m - esconsidade 10° - areia e brita comerciais - alas retas","un",1513.95]
[804104,"Boca de BSTC D = 0,80 m - esconsidade 10° - areia extraída e brita produzida - alas retas","un",1194]
[804387,"Boca de BSTC D = 0,80 m - esconsidade 15° - areia e brita comerciais - alas esconsas","un",2273.5300000000002]
[804107,"Boca de BSTC D = 0,80 m - esconsidade 15° - areia e brita comerciais - alas retas","un",1519.83]
[804386,"Boca de BSTC D = 0,80 m - esconsidade 15° - areia extraída e brita produzida - alas esconsas","un",1826.78]
[804106,"Boca de BSTC D = 0,80 m - esconsidade 15° - areia extraída e brita produzida - alas retas","un",1199.68]
[804109,"Boca de BSTC D = 0,80 m - esconsidade 20° - areia e brita comerciais - alas retas","un",1528.71]
[804108,"Boca de BSTC D = 0,80 m - esconsidade 20° - areia extraída e brita produzida - alas retas","un",1208.3699999999999]
[804111,"Boca de BSTC D = 0,80 m - esconsidade 25° - areia e brita comerciais - alas retas","un",1540.46]
[804110,"Boca de BSTC D = 0,80 m - esconsidade 25° - areia extraída e brita produzida - alas retas","un",1219.72]
[804389,"Boca de BSTC D = 0,80 m - esconsidade 30° - areia e brita comerciais - alas esconsas","un",2541.6799999999998]
[804113,"Boca de BSTC D = 0,80 m - esconsidade 30° - areia e brita comerciais - alas retas","un",1556.59]
[804388,"Boca de BSTC D = 0,80 m - esconsidade 30° - areia extraída e brita produzida - alas esconsas","un",2040.23]
[804112,"Boca de BSTC D = 0,80 m - esconsidade 30° - areia extraída e brita produzida - alas retas","un",1235.26]
[804115,"Boca de BSTC D = 0,80 m - esconsidade 35° - areia e brita comerciais - alas retas","un",1578.73]
[804114,"Boca de BSTC D = 0,80 m - esconsidade 35° - areia extraída e brita produzida - alas retas","un",1256.8]
[804117,"Boca de BSTC D = 0,80 m - esconsidade 40° - areia e brita comerciais - alas retas","un",1607.63]
[804116,"Boca de BSTC D = 0,80 m - esconsidade 40° - areia extraída e brita produzida - alas retas","un",1285.1199999999999]
[804391,"Boca de BSTC D = 0,80 m - esconsidade 45° - areia e brita comerciais - alas esconsas","un",3162.01]
[804119,"Boca de BSTC D = 0,80 m - esconsidade 45° - areia e brita comerciais - alas retas","un",1647.06]
[804390,"Boca de BSTC D = 0,80 m - esconsidade 45° - areia extraída e brita produzida - alas esconsas","un",2532.38]
[804118,"Boca de BSTC D = 0,80 m - esconsidade 45° - areia extraída e brita produzida - alas retas","un",1323.95]
[804103,"Boca de BSTC D = 0,80 m - esconsidade 5° - areia e brita comerciais - alas retas","un",1511.08]
[804102,"Boca de BSTC D = 0,80 m - esconsidade 5° - areia extraída e brita produzida - alas retas","un",1191.33]
[804393,"Boca de BSTC D = 1,00 m - esconsidade 0° - areia e brita comerciais - alas esconsas","un",3373.43]
[804121,"Boca de BSTC D = 1,00 m - esconsidade 0° - areia e brita comerciais - alas retas","un",2274.5100000000002]
[804392,"Boca de BSTC D = 1,00 m - esconsidade 0° - areia extraída e brita produzida - alas esconsas","un",2668.94]
[804120,"Boca de BSTC D = 1,00 m - esconsidade 0° - areia extraída e brita produzida - alas retas","un",1778]
[804125,"Boca de BSTC D = 1,00 m - esconsidade 10° - areia e brita comerciais - alas retas","un",2280.39]
[804124,"Boca de BSTC D = 1,00 m - esconsidade 10° - areia extraída e brita produzida - alas retas","un",1783.68]
[804395,"Boca de BSTC D = 1,00 m - esconsidade 15° - areia e brita comerciais - alas esconsas","un",3545.21]
[804127,"Boca de BSTC D = 1,00 m - esconsidade 15° - areia e brita comerciais - alas retas","un",2289.14]
[804394,"Boca de BSTC D = 1,00 m - esconsidade 15° - areia extraída e brita produzida - alas esconsas","un",2803.2]
[804126,"Boca de BSTC D = 1,00 m - esconsidade 15° - areia extraída e brita produzida - alas retas","un",1792.03]
[804129,"Boca de BSTC D = 1,00 m - esconsidade 20° - areia e brita comerciais - alas retas","un",2301.5100000000002]
[804128,"Boca de BSTC D = 1,00 m - esconsidade 20° - areia extraída e brita produzida - alas retas","un",1803.81]
[804131,"Boca de BSTC D = 1,00 m - esconsidade 25° - areia e brita comerciais - alas retas","un",2318.38]
[804130,"Boca de BSTC D = 1,00 m - esconsidade 25° - areia extraída e brita produzida - alas retas","un",1820.09]
[804397,"Boca de BSTC D = 1,00 m - esconsidade 30° - areia e brita comerciais - alas esconsas","un",3954.67]
[804133,"Boca de BSTC D = 1,00 m - esconsidade 30° - areia e brita comerciais - alas retas","un",2341.89]
[804396,"Boca de BSTC D = 1,00 m - esconsidade 30° - areia extraída e brita produzida - alas esconsas","un",3124.18]
[804132,"Boca de BSTC D = 1,00 m - esconsidade 30° - areia extraída e brita produzida - alas retas","un",1842.81]
[804135,"Boca de BSTC D = 1,00 m - esconsidade 35° - areia e brita comerciais - alas retas","un",2372.16]
[804134,"Boca de BSTC D = 1,00 m - esconsidade 35° - areia extraída e brita produzida - alas retas","un",1872.29]
[804137,"Boca de BSTC D = 1,00 m - esconsidade 40° - areia e brita comerciais - alas retas","un",2339.16]
[804136,"Boca de BSTC D = 1,00 m - esconsidade 40° - areia extraída e brita produzida - alas retas","un",1838.3]
[804399,"Boca de BSTC D = 1,00 m - esconsidade 45° - areia e brita comerciais - alas esconsas","un",4933.0600000000004]
[804139,"Boca de BSTC D = 1,00 m - esconsidade 45° - areia e brita comerciais - alas retas","un",2471.38]
[804398,"Boca de BSTC D = 1,00 m - esconsidade 45° - areia extraída e brita produzida - alas esconsas","un",3887.7]
[804138,"Boca de BSTC D = 1,00 m - esconsidade 45° - areia extraída e brita produzida - alas retas","un",1969.33]
[804123,"Boca de BSTC D = 1,00 m - esconsidade 5° - areia e brita comerciais - alas retas","un",2275.27]
[804122,"Boca de BSTC D = 1,00 m - esconsidade 5° - areia extraída e brita produzida - alas retas","un",1778.75]
[804401,"Boca de BSTC D = 1,20 m - esconsidade 0° - areia e brita comerciais - alas esconsas","un",4940.12]
[804141,"Boca de BSTC D = 1,20 m - esconsidade 0° - areia e brita comerciais - alas retas","un",3186.37]
[804400,"Boca de BSTC D = 1,20 m - esconsidade 0° - areia extraída e brita produzida - alas esconsas","un",3852.68]
[804140,"Boca de BSTC D = 1,20 m - esconsidade 0° - areia extraída e brita produzida - alas retas","un",2467.87]
[804145,"Boca de BSTC D = 1,20 m - esconsidade 10° - areia e brita comerciais - alas retas","un",3196.35]
[804144,"Boca de BSTC D = 1,20 m - esconsidade 10° - areia extraída e brita produzida - alas retas","un",2477.06]
[804403,"Boca de BSTC D = 1,20 m - esconsidade 15° - areia e brita comerciais - alas esconsas","un",5206.37]
[804147,"Boca de BSTC D = 1,20 m - esconsidade 15° - areia e brita comerciais - alas retas","un",3208.58]
[804402,"Boca de BSTC D = 1,20 m - esconsidade 15° - areia extraída e brita produzida - alas esconsas","un",4057.12]
[804146,"Boca de BSTC D = 1,20 m - esconsidade 15° - areia extraída e brita produzida - alas retas","un",2488.5]
[804149,"Boca de BSTC D = 1,20 m - esconsidade 20° - areia e brita comerciais - alas retas","un",3227.17]
[804148,"Boca de BSTC D = 1,20 m - esconsidade 20° - areia extraída e brita produzida - alas retas","un",2505.6999999999998]
[804151,"Boca de BSTC D = 1,20 m - esconsidade 25° - areia e brita comerciais - alas retas","un",3252.39]
[804150,"Boca de BSTC D = 1,20 m - esconsidade 25° - areia extraída e brita produzida - alas retas","un",2529.34]
[804405,"Boca de BSTC D = 1,20 m - esconsidade 30° - areia e brita comerciais - alas esconsas","un",5825.7]
[804153,"Boca de BSTC D = 1,20 m - esconsidade 30° - areia e brita comerciais - alas retas","un",3286.35]
[804404,"Boca de BSTC D = 1,20 m - esconsidade 30° - areia extraída e brita produzida - alas esconsas","un",4534.84]
[804152,"Boca de BSTC D = 1,20 m - esconsidade 30° - areia extraída e brita produzida - alas retas","un",2561.33]
[804155,"Boca de BSTC D = 1,20 m - esconsidade 35° - areia e brita comerciais - alas retas","un",3329.95]
[804154,"Boca de BSTC D = 1,20 m - esconsidade 35° - areia extraída e brita produzida - alas retas","un",2602.75]
[804157,"Boca de BSTC D = 1,20 m - esconsidade 40° - areia e brita comerciais - alas retas","un",3389.81]
[804156,"Boca de BSTC D = 1,20 m - esconsidade 40° - areia extraída e brita produzida - alas retas","un",2660.04]
[804407,"Boca de BSTC D = 1,20 m - esconsidade 45° - areia e brita comerciais - alas esconsas","un",7277.44]
[804159,"Boca de BSTC D = 1,20 m - esconsidade 45° - areia e brita comerciais - alas retas","un",3469.07]
[804406,"Boca de BSTC D = 1,20 m - esconsidade 45° - areia extraída e brita produzida - alas esconsas","un",5649.45]
[804158,"Boca de BSTC D = 1,20 m - esconsidade 45° - areia extraída e brita produzida - alas retas","un",2736.55]
[804143,"Boca de BSTC D = 1,20 m - esconsidade 5° - areia e brita comerciais - alas retas","un",3189.24]
[804142,"Boca de BSTC D = 1,20 m - esconsidade 5° - areia extraída e brita produzida - alas retas","un",2470.54]
[804409,"Boca de BSTC D = 1,50 m - esconsidade 0° - areia e brita comerciais - alas esconsas","un",9097.5300000000007]
[804161,"Boca de BSTC D = 1,50 m - esconsidade 0° - areia e brita comerciais - alas retas","un",5524.22]
[804408,"Boca de BSTC D = 1,50 m - esconsidade 0° - areia extraída e brita produzida - alas esconsas","un",6962.56]
[804160,"Boca de BSTC D = 1,50 m - esconsidade 0° - areia extraída e brita produzida - alas retas","un",4243.04]
[804165,"Boca de BSTC D = 1,50 m - esconsidade 10° - areia e brita comerciais - alas retas","un",5537.82]
[804164,"Boca de BSTC D = 1,50 m - esconsidade 10° - areia extraída e brita produzida - alas retas","un",4255.6499999999996]
[804411,"Boca de BSTC D = 1,50 m - esconsidade 15° - areia e brita comerciais - alas esconsas","un",9600.67]
[804167,"Boca de BSTC D = 1,50 m - esconsidade 15° - areia e brita comerciais - alas retas","un",5555.66]
[804410,"Boca de BSTC D = 1,50 m - esconsidade 15° - areia extraída e brita produzida - alas esconsas","un",7343.04]
[804166,"Boca de BSTC D = 1,50 m - esconsidade 15° - areia extraída e brita produzida - alas retas","un",4272.1099999999997]
[804169,"Boca de BSTC D = 1,50 m - esconsidade 20° - areia e brita comerciais - alas retas","un",5581.49]
[804168,"Boca de BSTC D = 1,50 m - esconsidade 20° - areia extraída e brita produzida - alas retas","un",4296.16]
[804171,"Boca de BSTC D = 1,50 m - esconsidade 25° - areia e brita comerciais - alas retas","un",5616.68]
[804170,"Boca de BSTC D = 1,50 m - esconsidade 25° - areia extraída e brita produzida - alas retas","un",4328.9799999999996]
[804413,"Boca de BSTC D = 1,50 m - esconsidade 30° - areia e brita comerciais - alas esconsas","un",10770.52]
[804173,"Boca de BSTC D = 1,50 m - esconsidade 30° - areia e brita comerciais - alas retas","un",5663.63]
[804412,"Boca de BSTC D = 1,50 m - esconsidade 30° - areia extraída e brita produzida - alas esconsas","un",8229.09]
[804172,"Boca de BSTC D = 1,50 m - esconsidade 30° - areia extraída e brita produzida - alas retas","un",4373.16]
[804175,"Boca de BSTC D = 1,50 m - esconsidade 35° - areia e brita comerciais - alas retas","un",5726.09]
[804174,"Boca de BSTC D = 1,50 m - esconsidade 35° - areia extraída e brita produzida - alas retas","un",4432.46]
[804177,"Boca de BSTC D = 1,50 m - esconsidade 40° - areia e brita comerciais - alas retas","un",5809.18]
[804176,"Boca de BSTC D = 1,50 m - esconsidade 40° - areia extraída e brita produzida - alas retas","un",4511.8]
[804415,"Boca de BSTC D = 1,50 m - esconsidade 45° - areia e brita comerciais - alas esconsas","un",13534.34]
[804179,"Boca de BSTC D = 1,50 m - esconsidade 45° - areia e brita comerciais - alas retas","un",5922.07]
[804414,"Boca de BSTC D = 1,50 m - esconsidade 45° - areia extraída e brita produzida - alas esconsas","un",10314.5]
[804178,"Boca de BSTC D = 1,50 m - esconsidade 45° - areia extraída e brita produzida - alas retas","un",4620.54]
[804163,"Boca de BSTC D = 1,50 m - esconsidade 5° - areia e brita comerciais - alas retas","un",5527.84]
[804162,"Boca de BSTC D = 1,50 m - esconsidade 5° - areia extraída e brita produzida - alas retas","un",4246.46]
[804441,"Boca de BTTC D = 1,00 m - esconsidade 0° - areia e brita comerciais - alas esconsas","un",6079.17]
[804317,"Boca de BTTC D = 1,00 m - esconsidade 0° - areia e brita comerciais - alas retas","un",3347.7]
[804440,"Boca de BTTC D = 1,00 m - esconsidade 0° - areia extraída e brita produzida - alas esconsas","un",4766.78]
[804316,"Boca de BTTC D = 1,00 m - esconsidade 0° - areia extraída e brita produzida - alas retas","un",2595.02]
[804321,"Boca de BTTC D = 1,00 m - esconsidade 10° - areia e brita comerciais - alas retas","un",3368.61]
[804320,"Boca de BTTC D = 1,00 m - esconsidade 10° - areia extraída e brita produzida - alas retas","un",2613.5700000000002]
[804443,"Boca de BTTC D = 1,00 m - esconsidade 15° - areia e brita comerciais - alas esconsas","un",6345.35]
[804323,"Boca de BTTC D = 1,00 m - esconsidade 15° - areia e brita comerciais - alas retas","un",3396.49]
[804442,"Boca de BTTC D = 1,00 m - esconsidade 15° - areia extraída e brita produzida - alas esconsas","un",4974.3100000000004]
[804322,"Boca de BTTC D = 1,00 m - esconsidade 15° - areia extraída e brita produzida - alas retas","un",2638.29]
[804325,"Boca de BTTC D = 1,00 m - esconsidade 20° - areia e brita comerciais - alas retas","un",3436.47]
[804324,"Boca de BTTC D = 1,00 m - esconsidade 20° - areia extraída e brita produzida - alas retas","un",2674.12]
[804327,"Boca de BTTC D = 1,00 m - esconsidade 25° - areia e brita comerciais - alas retas","un",3491.28]
[804326,"Boca de BTTC D = 1,00 m - esconsidade 25° - areia extraída e brita produzida - alas retas","un",2723.4]
[804445,"Boca de BTTC D = 1,00 m - esconsidade 30° - areia e brita comerciais - alas esconsas","un",7084.64]
[804329,"Boca de BTTC D = 1,00 m - esconsidade 30° - areia e brita comerciais - alas retas","un",3563.45]
[804444,"Boca de BTTC D = 1,00 m - esconsidade 30° - areia extraída e brita produzida - alas esconsas","un",5550.85]
[804328,"Boca de BTTC D = 1,00 m - esconsidade 30° - areia extraída e brita produzida - alas retas","un",2789.05]
[804331,"Boca de BTTC D = 1,00 m - esconsidade 35° - areia e brita comerciais - alas retas","un",3655.98]
[804330,"Boca de BTTC D = 1,00 m - esconsidade 35° - areia extraída e brita produzida - alas retas","un",2874.08]
[804333,"Boca de BTTC D = 1,00 m - esconsidade 40° - areia e brita comerciais - alas retas","un",3778.51]
[804332,"Boca de BTTC D = 1,00 m - esconsidade 40° - areia extraída e brita produzida - alas retas","un",2987.91]
[804447,"Boca de BTTC D = 1,00 m - esconsidade 45° - areia e brita comerciais - alas esconsas","un",8772.66]
[804335,"Boca de BTTC D = 1,00 m - esconsidade 45° - areia e brita comerciais - alas retas","un",3938.82]
[804446,"Boca de BTTC D = 1,00 m - esconsidade 45° - areia extraída e brita produzida - alas esconsas","un",6866.19]
[804334,"Boca de BTTC D = 1,00 m - esconsidade 45° - areia extraída e brita produzida - alas retas","un",3138.75]
[804319,"Boca de BTTC D = 1,00 m - esconsidade 5° - areia e brita comerciais - alas retas","un",3352.55]
[804318,"Boca de BTTC D = 1,00 m - esconsidade 5° - areia extraída e brita produzida - alas retas","un",2599.2800000000002]
[804449,"Boca de BTTC D = 1,20 m - esconsidade 0° - areia e brita comerciais - alas esconsas","un",8939.35]
[804337,"Boca de BTTC D = 1,20 m - esconsidade 0° - areia e brita comerciais - alas retas","un",4634.6899999999996]
[804448,"Boca de BTTC D = 1,20 m - esconsidade 0° - areia extraída e brita produzida - alas esconsas","un",6910.63]
[804336,"Boca de BTTC D = 1,20 m - esconsidade 0° - areia extraída e brita produzida - alas retas","un",3549.03]
[804341,"Boca de BTTC D = 1,20 m - esconsidade 10° - areia e brita comerciais - alas retas","un",4667.5]
[804340,"Boca de BTTC D = 1,20 m - esconsidade 10° - areia extraída e brita produzida - alas retas","un",3577.1]
[804451,"Boca de BTTC D = 1,20 m - esconsidade 15° - areia e brita comerciais - alas esconsas","un",9352.51]
[804343,"Boca de BTTC D = 1,20 m - esconsidade 15° - areia e brita comerciais - alas retas","un",4709.26]
[804450,"Boca de BTTC D = 1,20 m - esconsidade 15° - areia extraída e brita produzida - alas esconsas","un",7227.61]
[804342,"Boca de BTTC D = 1,20 m - esconsidade 15° - areia extraída e brita produzida - alas retas","un",3612.93]
[804345,"Boca de BTTC D = 1,20 m - esconsidade 20° - areia e brita comerciais - alas retas","un",4769.8100000000004]
[804344,"Boca de BTTC D = 1,20 m - esconsidade 20° - areia extraída e brita produzida - alas retas","un",3665.39]
[804347,"Boca de BTTC D = 1,20 m - esconsidade 25° - areia e brita comerciais - alas retas","un",4852.03]
[804346,"Boca de BTTC D = 1,20 m - esconsidade 25° - areia extraída e brita produzida - alas retas","un",3737.14]
[804453,"Boca de BTTC D = 1,20 m - esconsidade 30° - areia e brita comerciais - alas esconsas","un",10434.77]
[804349,"Boca de BTTC D = 1,20 m - esconsidade 30° - areia e brita comerciais - alas retas","un",4959.05]
[804452,"Boca de BTTC D = 1,20 m - esconsidade 30° - areia extraída e brita produzida - alas esconsas","un",8057.07]
[804348,"Boca de BTTC D = 1,20 m - esconsidade 30° - areia extraída e brita produzida - alas retas","un",3831.53]
[804351,"Boca de BTTC D = 1,20 m - esconsidade 35° - areia e brita comerciais - alas retas","un",5095.53]
[804350,"Boca de BTTC D = 1,20 m - esconsidade 35° - areia extraída e brita produzida - alas retas","un",3953.39]
[804353,"Boca de BTTC D = 1,20 m - esconsidade 40° - areia e brita comerciais - alas retas","un",5272.74]
[804352,"Boca de BTTC D = 1,20 m - esconsidade 40° - areia extraída e brita produzida - alas retas","un",4114.01]
[804455,"Boca de BTTC D = 1,20 m - esconsidade 45° - areia e brita comerciais - alas esconsas","un",12931.79]
[804355,"Boca de BTTC D = 1,20 m - esconsidade 45° - areia e brita comerciais - alas retas","un",5503.45]
[804454,"Boca de BTTC D = 1,20 m - esconsidade 45° - areia extraída e brita produzida - alas esconsas","un",9972.65]
[804354,"Boca de BTTC D = 1,20 m - esconsidade 45° - areia extraída e brita produzida - alas retas","un",4326.1499999999996]
[804339,"Boca de BTTC D = 1,20 m - esconsidade 5° - areia e brita comerciais - alas retas","un",4642.8900000000003]
[804338,"Boca de BTTC D = 1,20 m - esconsidade 5° - areia extraída e brita produzida - alas retas","un",3556.05]
[804457,"Boca de BTTC D = 1,50 m - esconsidade 0° - areia e brita comerciais - alas esconsas","un",15922.56]
[804357,"Boca de BTTC D = 1,50 m - esconsidade 0° - areia e brita comerciais - alas retas","un",7901.17]
[804456,"Boca de BTTC D = 1,50 m - esconsidade 0° - areia extraída e brita produzida - alas esconsas","un",12068.15]
[804356,"Boca de BTTC D = 1,50 m - esconsidade 0° - areia extraída e brita produzida - alas retas","un",5978.91]
[804361,"Boca de BTTC D = 1,50 m - esconsidade 10° - areia e brita comerciais - alas retas","un",7952.57]
[804360,"Boca de BTTC D = 1,50 m - esconsidade 10° - areia extraída e brita produzida - alas retas","un",6022.01]
[804459,"Boca de BTTC D = 1,50 m - esconsidade 15° - areia e brita comerciais - alas esconsas","un",16667.689999999999]
[804363,"Boca de BTTC D = 1,50 m - esconsidade 15° - areia e brita comerciais - alas retas","un",8018.26]
[804458,"Boca de BTTC D = 1,50 m - esconsidade 15° - areia extraída e brita produzida - alas esconsas","un",12629.61]
[804362,"Boca de BTTC D = 1,50 m - esconsidade 15° - areia extraída e brita produzida - alas retas","un",6077.23]
[804365,"Boca de BTTC D = 1,50 m - esconsidade 20° - areia e brita comerciais - alas retas","un",8112.65]
[804364,"Boca de BTTC D = 1,50 m - esconsidade 20° - areia extraída e brita produzida - alas retas","un",6157]
[804367,"Boca de BTTC D = 1,50 m - esconsidade 25° - areia e brita comerciais - alas retas","un",8239.64]
[804366,"Boca de BTTC D = 1,50 m - esconsidade 25° - areia extraída e brita produzida - alas retas","un",6265.43]
[804461,"Boca de BTTC D = 1,50 m - esconsidade 30° - areia e brita comerciais - alas esconsas","un",18646.189999999999]
[804369,"Boca de BTTC D = 1,50 m - esconsidade 30° - areia e brita comerciais - alas retas","un",8403.73]
[804460,"Boca de BTTC D = 1,50 m - esconsidade 30° - areia extraída e brita produzida - alas esconsas","un",14120.48]
[804371,"Boca de BTTC D = 1,50 m - esconsidade 35° - areia e brita comerciais - alas retas","un",8612.73]
[804370,"Boca de BTTC D = 1,50 m - esconsidade 35° - areia extraída e brita produzida - alas retas","un",6589.94]
[804373,"Boca de BTTC D = 1,50 m - esconsidade 40° - areia e brita comerciais - alas retas","un",8878.7900000000009]
[804372,"Boca de BTTC D = 1,50 m - esconsidade 40° - areia extraída e brita produzida - alas retas","un",6826.57]
[804463,"Boca de BTTC D = 1,50 m - esconsidade 45° - areia e brita comerciais - alas esconsas","un",23186.94]
[804375,"Boca de BTTC D = 1,50 m - esconsidade 45° - areia e brita comerciais - alas retas","un",9223.7000000000007]
[804462,"Boca de BTTC D = 1,50 m - esconsidade 45° - areia extraída e brita produzida - alas esconsas","un",17535.28]
[804374,"Boca de BTTC D = 1,50 m - esconsidade 45° - areia extraída e brita produzida - alas retas","un",7138.69]
[804359,"Boca de BTTC D = 1,50 m - esconsidade 5° - areia e brita comerciais - alas retas","un",7914.09]
[804358,"Boca de BTTC D = 1,50 m - esconsidade 5° - areia extraída e brita produzida - alas retas","un",5989.85]
[804368,"Boca de BTTC D = 1,50 m esconsidade 30° - areia extraída e brita produzida - alas retas","un",6407.01]
[804465,"Confecção de tubos de concreto armado D = 0,60 m PA1 - areia e brita comerciais","m",152.36000000000001]
[804464,"Confecção de tubos de concreto armado D = 0,60 m PA1 - areia extraída e brita produzida","m",125.71]
[804475,"Confecção de tubos de concreto armado D = 0,60 m PA2 - areia e brita comerciais","m",166.46]
[804474,"Confecção de tubos de concreto armado D = 0,60 m PA2 - areia extraída e brita produzida","m",139.83000000000001]
[804485,"Confecção de tubos de concreto armado D = 0,60 m PA3 - areia e brita comerciais","m",236.91]
[804484,"Confecção de tubos de concreto armado D = 0,60 m PA3 - areia extraída e brita produzida","m",210.41]
[804495,"Confecção de tubos de concreto armado D = 0,60 m PA4 - areia e brita comerciais","m",294.73]
[804494,"Confecção de tubos de concreto armado D = 0,60 m PA4 - areia extraída e brita produzida","m",263.32]
[804467,"Confecção de tubos de concreto armado D = 0,80 m PA1 - areia e brita comerciais","m",233.12]
[804466,"Confecção de tubos de concreto armado D = 0,80 m PA1 - areia extraída e brita produzida","m",190.69]
[804477,"Confecção de tubos de concreto armado D = 0,80 m PA2 - areia e brita comerciais","m",289.49]
[804476,"Confecção de tubos de concreto armado D = 0,80 m PA2 - areia extraída e brita produzida","m",247.16]
[804487,"Confecção de tubos de concreto armado D = 0,80 m PA3 - areia e brita comerciais","m",404.41]
[804486,"Confecção de tubos de concreto armado D = 0,80 m PA3 - areia extraída e brita produzida","m",357.03]
[804497,"Confecção de tubos de concreto armado D = 0,80 m PA4 - areia e brita comerciais","m",478.03]
[804496,"Confecção de tubos de concreto armado D = 0,80 m PA4 - areia extraída e brita produzida","m",420.66]
[804469,"Confecção de tubos de concreto armado D = 1,00 m PA1 - areia e brita comerciais","m",400.53]
[804468,"Confecção de tubos de concreto armado D = 1,00 m PA1 - areia extraída e brita produzida","m",342.36]
[804479,"Confecção de tubos de concreto armado D = 1,00 m PA2 - areia e brita comerciais","m",456.9]
[804478,"Confecção de tubos de concreto armado D = 1,00 m PA2 - areia extraída e brita produzida","m",398.82]
[804489,"Confecção de tubos de concreto armado D = 1,00 m PA3 - areia e brita comerciais","m",577.75]
[804488,"Confecção de tubos de concreto armado D = 1,00 m PA3 - areia extraída e brita produzida","m",503.62]
[804499,"Confecção de tubos de concreto armado D = 1,00 m PA4 - areia e brita comerciais","m",729.53]
[804498,"Confecção de tubos de concreto armado D = 1,00 m PA4 - areia extraída e brita produzida","m",643.07000000000005]
[804471,"Confecção de tubos de concreto armado D = 1,20 m PA1 - areia e brita comerciais","m",547.29]
[804470,"Confecção de tubos de concreto armado D = 1,20 m PA1 - areia extraída e brita produzida","m",462.57]
[804481,"Confecção de tubos de concreto armado D = 1,20 m PA2 - areia e brita comerciais","m",674.11]
[804480,"Confecção de tubos de concreto armado D = 1,20 m PA2 - areia extraída e brita produzida","m",589.62]
[804491,"Confecção de tubos de concreto armado D = 1,20 m PA3 - areia e brita comerciais","m",890]
[804490,"Confecção de tubos de concreto armado D = 1,20 m PA3 - areia extraída e brita produzida","m",777.15]
[804501,"Confecção de tubos de concreto armado D = 1,20 m PA4 - areia e brita comerciais","m",1064.51]
[804500,"Confecção de tubos de concreto armado D = 1,20 m PA4 - areia extraída e brita produzida","m",936.58]
[804473,"Confecção de tubos de concreto armado D = 1,50 m PA1 - areia e brita comerciais","m",880.26]
[804472,"Confecção de tubos de concreto armado D = 1,50 m PA1 - areia extraída e brita produzida","m",747.93]
[804483,"Confecção de tubos de concreto armado D = 1,50 m PA2 - areia e brita comerciais","m",1077.55]
[804482,"Confecção de tubos de concreto armado D = 1,50 m PA2 - areia extraída e brita produzida","m",945.57]
[804493,"Confecção de tubos de concreto armado D = 1,50 m PA3 - areia e brita comerciais","m",1423.18]
[804492,"Confecção de tubos de concreto armado D = 1,50 m PA3 - areia extraída e brita produzida","m",1248.49]
[804503,"Confecção de tubos de concreto armado D = 1,50 m PA4 - areia e brita comerciais","m",1682.4]
[804502,"Confecção de tubos de concreto armado D = 1,50 m PA4 - areia extraída e brita produzida","m",1501.83]
[804180,"Corpo de BDTC D = 0,80 m PA1 - areia extraída e brita e pedra de mão produzidas","m",1135.79]
[804181,"Corpo de BDTC D = 0,80 m PA1 - areia, brita e pedra de mão comerciais","m",1269.6600000000001]
[804182,"Corpo de BDTC D = 0,80 m PA2 - areia extraída e brita e pedra de mão produzidas","m",1218.55]
[804183,"Corpo de BDTC D = 0,80 m PA2 - areia, brita e pedra de mão comerciais","m",1352.42]
[804184,"Corpo de BDTC D = 0,80 m PA3 - areia extraída e brita e pedra de mão produzidas","m",1344.48]
[804185,"Corpo de BDTC D = 0,80 m PA3 - areia, brita e pedra de mão comerciais","m",1478.35]
[804186,"Corpo de BDTC D = 0,80 m PA4 - areia extraída e brita e pedra de mão produzidas","m",1412.6]
[804187,"Corpo de BDTC D = 0,80 m PA4 - areia, brita e pedra de mão comerciais","m",1546.47]
[804188,"Corpo de BDTC D = 1,00 m PA1 - areia extraída e brita e pedra de mão produzidas","m",1569.62]
[804189,"Corpo de BDTC D = 1,00 m PA1 - areia, brita e pedra de mão comerciais","m",1748.69]
[804190,"Corpo de BDTC D = 1,00 m PA2 - areia extraída e brita e pedra de mão produzidas","m",1634.83]
[804191,"Corpo de BDTC D = 1,00 m PA2 - areia, brita e pedra de mão comerciais","m",1813.9]
[804192,"Corpo de BDTC D = 1,00 m PA3 - areia extraída e brita e pedra de mão produzidas","m",1767.97]
[804193,"Corpo de BDTC D = 1,00 m PA3 - areia, brita e pedra de mão comerciais","m",1947.03]
[804194,"Corpo de BDTC D = 1,00 m PA4 - areia extraída e brita e pedra de mão produzidas","m",1883.17]
[804195,"Corpo de BDTC D = 1,00 m PA4 - areia, brita e pedra de mão comerciais","m",2062.2399999999998]
[804196,"Corpo de BDTC D = 1,20 m PA1 - areia extraída e brita e pedra de mão produzidas","m",2079.35]
[804197,"Corpo de BDTC D = 1,20 m PA1 - areia, brita e pedra de mão comerciais","m",2307.2600000000002]
[804198,"Corpo de BDTC D = 1,20 m PA2 - areia extraída e brita e pedra de mão produzidas","m",2244.2600000000002]
[804199,"Corpo de BDTC D = 1,20 m PA2 - areia, brita e pedra de mão comerciais","m",2472.16]
[804200,"Corpo de BDTC D = 1,20 m PA3 - areia extraída e brita e pedra de mão produzidas","m",2516.5]
[804201,"Corpo de BDTC D = 1,20 m PA3 - areia, brita e pedra de mão comerciais","m",2744.41]
[804202,"Corpo de BDTC D = 1,20 m PA4 - areia extraída e brita e pedra de mão produzidas","m",2847.24]
[804203,"Corpo de BDTC D = 1,20 m PA4 - areia, brita e pedra de mão comerciais","m",3075.15]
[804204,"Corpo de BDTC D = 1,50 m PA1 - areia extraída e brita e pedra de mão produzidas","m",3406.19]
[804205,"Corpo de BDTC D = 1,50 m PA1 - areia, brita e pedra de mão comerciais","m",3699.93]
[804206,"Corpo de BDTC D = 1,50 m PA2 - areia extraída e brita e pedra de mão produzidas","m",3544.28]
[804207,"Corpo de BDTC D = 1,50 m PA2 - areia, brita e pedra de mão comerciais","m",3838.02]
[804208,"Corpo de BDTC D = 1,50 m PA3 - areia extraída e brita e pedra de mão produzidas","m",3715.09]
[804209,"Corpo de BDTC D = 1,50 m PA3 - areia, brita e pedra de mão comerciais","m",4008.82]
[804210,"Corpo de BDTC D = 1,50 m PA4 - areia extraída e brita e pedra de mão produzidas","m",3913.58]
[804211,"Corpo de BDTC D = 1,50 m PA4 - areia, brita e pedra de mão comerciais","m",4207.32]
[804012,"Corpo de BSTC D = 0,40 m PA1 - areia extraída e brita e pedra de mão produzidas","m",250.49]
[804013,"Corpo de BSTC D = 0,40 m PA1 - areia, brita e pedra de mão comerciais","m",283.14]
[804014,"Corpo de BSTC D = 0,40 m PA2 - areia extraída e brita e pedra de mão produzidas","m",270.64999999999998]
[804015,"Corpo de BSTC D = 0,40 m PA2 - areia, brita e pedra de mão comerciais","m",303.29000000000002]
[804016,"Corpo de BSTC D = 0,40 m PA3 - areia extraída e brita e pedra de mão produzidas","m",275.02999999999997]
[804017,"Corpo de BSTC D = 0,40 m PA3 - areia, brita e pedra de mão comerciais","m",307.68]
[804018,"Corpo de BSTC D = 0,40 m PA4 - areia extraída e brita e pedra de mão produzidas","m",316.2]
[804019,"Corpo de BSTC D = 0,40 m PA4 - areia, brita e pedra de mão comerciais","m",348.84]
[804020,"Corpo de BSTC D = 0,60 m PA1 - areia extraída e brita e pedra de mão produzidas","m",409.53]
[804021,"Corpo de BSTC D = 0,60 m PA1 - areia, brita e pedra de mão comerciais","m",458.47]
[804022,"Corpo de BSTC D = 0,60 m PA2 - areia extraída e brita e pedra de mão produzidas","m",441.62]
[804023,"Corpo de BSTC D = 0,60 m PA2 - areia, brita e pedra de mão comerciais","m",490.56]
[804024,"Corpo de BSTC D = 0,60 m PA3 - areia extraída e brita e pedra de mão produzidas","m",454.47]
[804025,"Corpo de BSTC D = 0,60 m PA3 - areia, brita e pedra de mão comerciais","m",503.41]
[804026,"Corpo de BSTC D = 0,60 m PA4 - areia extraída e brita e pedra de mão produzidas","m",522.39]
[804027,"Corpo de BSTC D = 0,60 m PA4 - areia, brita e pedra de mão comerciais","m",571.33000000000004]
[804028,"Corpo de BSTC D = 0,80 m PA1 - areia extraída e brita e pedra de mão produzidas","m",594.20000000000005]
[804029,"Corpo de BSTC D = 0,80 m PA1 - areia, brita e pedra de mão comerciais","m",661.13]
[804030,"Corpo de BSTC D = 0,80 m PA2 - areia extraída e brita e pedra de mão produzidas","m",635.58000000000004]
[804031,"Corpo de BSTC D = 0,80 m PA2 - areia, brita e pedra de mão comerciais","m",702.51]
[804032,"Corpo de BSTC D = 0,80 m PA3 - areia extraída e brita e pedra de mão produzidas","m",698.55]
[804033,"Corpo de BSTC D = 0,80 m PA3 - areia, brita e pedra de mão comerciais","m",765.48]
[804034,"Corpo de BSTC D = 0,80 m PA4 - areia extraída e brita e pedra de mão produzidas","m",732.6]
[804035,"Corpo de BSTC D = 0,80 m PA4 - areia, brita e pedra de mão comerciais","m",799.54]
[804036,"Corpo de BSTC D = 1,00 m PA1 - areia extraída e brita e pedra de mão produzidas","m",811.6]
[804037,"Corpo de BSTC D = 1,00 m PA1 - areia, brita e pedra de mão comerciais","m",898.99]
[804038,"Corpo de BSTC D = 1,00 m PA2 - areia extraída e brita e pedra de mão produzidas","m",844.21]
[804039,"Corpo de BSTC D = 1,00 m PA2 - areia, brita e pedra de mão comerciais","m",931.6]
[804040,"Corpo de BSTC D = 1,00 m PA3 - areia extraída e brita e pedra de mão produzidas","m",910.77]
[804041,"Corpo de BSTC D = 1,00 m PA3 - areia, brita e pedra de mão comerciais","m",998.16]
[804042,"Corpo de BSTC D = 1,00 m PA4 - areia extraída e brita e pedra de mão produzidas","m",968.38]
[804043,"Corpo de BSTC D = 1,00 m PA4 - areia, brita e pedra de mão comerciais","m",1055.77]
[804044,"Corpo de BSTC D = 1,20 m PA1 - areia extraída e brita e pedra de mão produzidas","m",1065.97]
[804045,"Corpo de BSTC D = 1,20 m PA1 - areia, brita e pedra de mão comerciais","m",1174.99]
[804046,"Corpo de BSTC D = 1,20 m PA2 - areia extraída e brita e pedra de mão produzidas","m",1148.42]
[804047,"Corpo de BSTC D = 1,20 m PA2 - areia, brita e pedra de mão comerciais","m",1257.44]
[804048,"Corpo de BSTC D = 1,20 m PA3 - areia extraída e brita e pedra de mão produzidas","m",1284.54]
[804049,"Corpo de BSTC D = 1,20 m PA3 - areia, brita e pedra de mão comerciais","m",1393.56]
[804050,"Corpo de BSTC D = 1,20 m PA4 - areia extraída e brita e pedra de mão produzidas","m",1449.91]
[804051,"Corpo de BSTC D = 1,20 m PA4 - areia, brita e pedra de mão comerciais","m",1558.93]
[804052,"Corpo de BSTC D = 1,50 m PA1 - areia extraída e brita e pedra de mão produzidas","m",1732.49]
[804053,"Corpo de BSTC D = 1,50 m PA1 - areia, brita e pedra de mão comerciais","m",1874]
[804054,"Corpo de BSTC D = 1,50 m PA2 - areia extraída e brita e pedra de mão produzidas","m",1801.53]
[804055,"Corpo de BSTC D = 1,50 m PA2 - areia, brita e pedra de mão comerciais","m",1943.04]
[804056,"Corpo de BSTC D = 1,50 m PA3 - areia extraída e brita e pedra de mão produzidas","m",1886.94]
[804057,"Corpo de BSTC D = 1,50 m PA3 - areia, brita e pedra de mão comerciais","m",2028.44]
[804058,"Corpo de BSTC D = 1,50 m PA4 - areia extraída e brita e pedra de mão produzidas","m",1986.18]
[804059,"Corpo de BSTC D = 1,50 m PA4 - areia, brita e pedra de mão comerciais","m",2127.69]
[804292,"Corpo de BTTC D = 1,00 m PA1 - areia extraída e brita e pedra de mão produzidas","m",2327.65]
[804293,"Corpo de BTTC D = 1,00 m PA1 - areia, brita e pedra de mão comerciais","m",2598.39]
[804294,"Corpo de BTTC D = 1,00 m PA2 - areia extraída e brita e pedra de mão produzidas","m",2425.46]
[804295,"Corpo de BTTC D = 1,00 m PA2 - areia, brita e pedra de mão comerciais","m",2696.21]
[804296,"Corpo de BTTC D = 1,00 m PA3 - areia extraída e brita e pedra de mão produzidas","m",2625.17]
[804297,"Corpo de BTTC D = 1,00 m PA3 - areia, brita e pedra de mão comerciais","m",2895.91]
[804298,"Corpo de BTTC D = 1,00 m PA4 - areia extraída e brita e pedra de mão produzidas","m",2797.97]
[804299,"Corpo de BTTC D = 1,00 m PA4 - areia, brita e pedra de mão comerciais","m",3068.71]
[804300,"Corpo de BTTC D = 1,20 m PA1 - areia extraída e brita e pedra de mão produzidas","m",3092.41]
[804301,"Corpo de BTTC D = 1,20 m PA1 - areia, brita e pedra de mão comerciais","m",3438.99]
[804302,"Corpo de BTTC D = 1,20 m PA2 - areia extraída e brita e pedra de mão produzidas","m",3339.77]
[804303,"Corpo de BTTC D = 1,20 m PA2 - areia, brita e pedra de mão comerciais","m",3686.35]
[804304,"Corpo de BTTC D = 1,20 m PA3 - areia extraída e brita e pedra de mão produzidas","m",3748.13]
[804305,"Corpo de BTTC D = 1,20 m PA3 - areia, brita e pedra de mão comerciais","m",4094.71]
[804306,"Corpo de BTTC D = 1,20 m PA4 - areia extraída e brita e pedra de mão produzidas","m",4244.25]
[804307,"Corpo de BTTC D = 1,20 m PA4 - areia, brita e pedra de mão comerciais","m",4590.83]
[804308,"Corpo de BTTC D = 1,50 m PA1 - areia extraída e brita e pedra de mão produzidas","m",5080.22]
[804309,"Corpo de BTTC D = 1,50 m PA1 - areia, brita e pedra de mão comerciais","m",5526.41]
[804310,"Corpo de BTTC D = 1,50 m PA2 - areia extraída e brita e pedra de mão produzidas","m",5287.36]
[804311,"Corpo de BTTC D = 1,50 m PA2 - areia, brita e pedra de mão comerciais","m",5733.54]
[804312,"Corpo de BTTC D = 1,50 m PA3 - areia extraída e brita e pedra de mão produzidas","m",5543.57]
[804313,"Corpo de BTTC D = 1,50 m PA3 - areia, brita e pedra de mão comerciais","m",5989.75]
[804314,"Corpo de BTTC D = 1,50 m PA4 - areia extraída e brita e pedra de mão produzidas","m",5841.31]
[804315,"Corpo de BTTC D = 1,50 m PA4 - areia, brita e pedra de mão comerciais","m",6287.49]
[805446,"Dentes para bueiros duplos D = 0,80 m - areia extraída e brita e pedra de mão produzidas","un",47.24]
[805447,"Dentes para bueiros duplos D = 0,80 m - areia, brita e pedra de mão comerciais","un",67.83]
[805448,"Dentes para bueiros duplos D = 1,00 m - areia extraída e brita e pedra de mão produzidas","un",56.63]
[805449,"Dentes para bueiros duplos D = 1,00 m - areia, brita e pedra de mão comerciais","un",81.290000000000006]
[805450,"Dentes para bueiros duplos D = 1,20 m - areia extraída e brita e pedra de mão produzidas","un",65.680000000000007]
[805451,"Dentes para bueiros duplos D = 1,20 m - areia, brita e pedra de mão comerciais","un",94.2]
[805452,"Dentes para bueiros duplos D = 1,50 m - areia extraída e brita e pedra de mão produzidas","un",77.03]
[805453,"Dentes para bueiros duplos D = 1,50 m - areia, brita e pedra de mão comerciais","un",110.91]
[805434,"Dentes para bueiros simples D = 0,40 m - areia extraída e brita e pedra de mão produzidas","un",15.82]
[805435,"Dentes para bueiros simples D = 0,40 m - areia, brita e pedra de mão comerciais","un",22.04]
[805436,"Dentes para bueiros simples D = 0,60 m - areia extraída e brita e pedra de mão produzidas","un",18.77]
[805437,"Dentes para bueiros simples D = 0,60 m - areia, brita e pedra de mão comerciais","un",26.92]
[805438,"Dentes para bueiros simples D = 0,80 m - areia extraída e brita e pedra de mão produzidas","un",25.2]
[805439,"Dentes para bueiros simples D = 0,80 m - areia, brita e pedra de mão comerciais","un",35.5]
[805440,"Dentes para bueiros simples D = 1,00 m - areia extraída e brita e pedra de mão produzidas","un",28.48]
[805441,"Dentes para bueiros simples D = 1,00 m - areia, brita e pedra de mão comerciais","un",40.909999999999997]
[805442,"Dentes para bueiros simples D = 1,20 m - areia extraída e brita e pedra de mão produzidas","un",34.26]
[805443,"Dentes para bueiros simples D = 1,20 m - areia, brita e pedra de mão comerciais","un",48.41]
[805444,"Dentes para bueiros simples D = 1,50 m - areia extraída e brita e pedra de mão produzidas","un",38.51]
[805445,"Dentes para bueiros simples D = 1,50 m - areia, brita e pedra de mão comerciais","un",55.46]
[805454,"Dentes para bueiros triplos D = 1,00 m - areia extraída e brita e pedra de mão produzidas","un",85.1]
[805455,"Dentes para bueiros triplos D = 1,00 m - areia, brita e pedra de mão comerciais","un",122.2]
[805456,"Dentes para bueiros triplos D = 1,20 m - areia extraída e brita e pedra de mão produzidas","un",96.78]
[805457,"Dentes para bueiros triplos D = 1,20 m - areia, brita e pedra de mão comerciais","un",139.44999999999999]
[805458,"Dentes para bueiros triplos D = 1,50 m - areia extraída e brita e pedra de mão produzidas","un",115.87]
[805459,"Dentes para bueiros triplos D = 1,50 m - areia, brita e pedra de mão comerciais","un",166.91]
[909620,"Alvenaria de blocos de concreto 19 x 19 x 39 cm com espessura de 20 cm com argamassa traço 1:0,5:3,5 - areia comercial","m²",125.15]
[909621,"Alvenaria de blocos de concreto 19 x 19 x 39 cm com espessura de 20 cm com argamassa traço 1:0,5:3,5 - areia extraída","m²",123.35]
[903802,"Bacia de contenção para tanque de emulsão de 30.000 l - inclusive demolição","un",17168.77]
[919113,"Canaleta perfil cartola 50 x 70 x 3 mm - aba 20 mm","m",146.28]
[903788,"Chapisco com argamassa de cimento e areia 1:3 - aplicação manual","m²",4.92]
[919247,"Cobertura em chapas zincadas com espessura de 0,43 mm - utilização 2 vezes","m²",39.020000000000003]
[919016,"Depósito de óleo para oficina - inclusive demolição","un",8594.65]
[919078,"Dique de contenção para usina de asfalto a quente - inclusive demolição","un",43589.74]
[903789,"Emboço com argamassa de cimento, cal hidratada e areia 1:2:8 com espessura de 2 cm - aplicação manual","m²",36.85]
[919250,"Fornecimento e instalação de extintor de espuma 10 l","un",666.39]
[903807,"Instalação da central de britagem com capacidade de 80 m³/h","un",116283.28]
[903806,"Instalação da central de concreto com capacidade de 150 m³/h","un",198255.18]
[903804,"Instalação da central de concreto com capacidade de 30 m³/h","un",73792.72]
[903805,"Instalação da central de concreto com capacidade de 40 m³/h","un",85437.72]
[903810,"Instalação da usina de asfalto a quente capacidade de 120 t/h","un",213257.63]
[903809,"Instalação da usina de pré-misturado a frio com capacidade de 60 t/h","un",136466.44]
[903808,"Instalação da usina misturadora de solos com capacidade de 300 t/h","un",123573.36]
[903845,"Lastro de brita comercial - espalhamento mecânico","m³",203.31]
[919009,"Montagem e desmontagem da central de britagem com capacidade de 80 m³/h - inclusive construção de aterro, construção e demolição de rampa e bases","un",68178.649999999994]
[919007,"Montagem e desmontagem da central de concreto com capacidade de 150 m³/h - inclusive construção e demolição de bases, rampas e depósitos de agregados","un",130685.85]
[919011,"Montagem e desmontagem da central de concreto com capacidade de 30 m³/h - inclusive construção e demolição de bases, rampas e depósitos de agregados","un",36856.74]
[919246,"Montagem e desmontagem da central de concreto com capacidade de 40 m³/h - inclusive construção e demolição de bases, rampas e depósitos de agregados","un",50593.94]
[919013,"Montagem e desmontagem da usina de asfalto a quente com capacidade de 120 t/h - inclusive construção e demolição de bases, rampas, depósitos de agregados e dique de contenção","un",144721.60000000001]
[919008,"Montagem e desmontagem da usina de pré-misturado a frio com capacidade de 60 t/h - inclusive construção e demolição de bases, rampas, depósitos de agregados e bacia de contenção","un",104145.26]
[919012,"Montagem e desmontagem da usina misturadora de solos com capacidade de 300 t/h - inclusive construção e demolição de bases, rampas e depósitos de agregados","un",66162.75]
[903848,"Muro em alvenaria de blocos de concreto com espessura de 0,20 m h = 1,0 m","m",182.56]
[919002,"Posto de combustível - com reaproveitamento de 2 vezes do tanque/bomba/cobertura - inclusive demolição","un",40326.089999999997]
[919210,"Rampa de lavagem - inclusive demolição","un",24816.05]
[909612,"Rampa para acesso do misturador de agregados para centrais de 30 m³ e 40 m³ - inclusive demolição","un",14228.6]
[909613,"Rampa para acesso do misturador de agregados para central de 150 m³ - inclusive demolição","un",23468.62]
[909614,"Rampa para acesso do misturador de agregados para central de britagem - inclusive demolição","un",50452.6]
[909616,"Rampa para acesso do misturador de agregados para PMF - inclusive demolição","un",40659.49]
[909617,"Rampa para acesso do misturador de agregados para usina de asfalto a quente - inclusive demolição","un",23956.720000000001]
[909615,"Rampa para acesso do misturador de agregados para usina de solos - inclusive demolição","un",18444.47]
[903860,"Selador acrílico - camada de fundo com aplicação manual","m²",2.9]
[919101,"Sistema separador água e óleo, inclusive demolição","un",2034.35]
[903818,"Tinta látex - duas camadas com aplicação manual","m²",14.19]
[1100657,"Adensamento de concreto por vibrador de imersão","m³",3.3]
[1108055,"Argamassa autoadensável para reparos e grauteamento - confecção em misturador e lançamento manual","m³",5363.24]
[1109665,"Argamassa de cimento e areia 1:1 - confecção em betoneira e lançamento manual - areia comercial","m³",1121.5999999999999]
[1109664,"Argamassa de cimento e areia 1:1 - confecção em betoneira e lançamento manual - areia extraída","m³",1051.1500000000001]
[1109667,"Argamassa de cimento e areia 1:2 - confecção em betoneira e lançamento manual - areia comercial","m³",828.64]
[1109666,"Argamassa de cimento e areia 1:2 - confecção em betoneira e lançamento manual - areia extraída","m³",706.54]
[1109669,"Argamassa de cimento e areia 1:3 - confecção em betoneira e lançamento manual - areia comercial","m³",686.61]
[1109668,"Argamassa de cimento e areia 1:3 - confecção em betoneira e lançamento manual - areia extraída","m³",540.14]
[1108060,"Argamassa de cimento e areia 1:3 com 8% de microssílica - confecção em betoneira e lançamento manual - areia comercial","m³",783.41]
[1109626,"Argamassa de cimento e areia 1:3 com 8% de microssílica - confecção em betoneira e lançamento manual - areia extraída","m³",636.84]
[1109671,"Argamassa de cimento e areia 1:4 - confecção em betoneira e lançamento manual - areia comercial","m³",611.30999999999995]
[1109670,"Argamassa de cimento e areia 1:4 - confecção em betoneira e lançamento manual - areia extraída","m³",450.64]
[1109672,"Argamassa de cimento e areia com aditivo aglutinante 1:8 - confecção em betoneira e lançamento manual - areia comercial","m³",472.6]
[1109624,"Argamassa de cimento e areia com aditivo aglutinante 1:8 - confecção em betoneira e lançamento manual - areia extraída","m³",287.49]
[1109622,"Argamassa de cimento, cal hidratada e areia 1:0,5:3,5 - confecção em betoneira e lançamento manual - areia comercial","m³",637.30999999999995]
[1109623,"Argamassa de cimento, cal hidratada e areia 1:0,5:3,5 - confecção em betoneira e lançamento manual - areia extraída","m³",517.62]
[1109697,"Argamassa de cimento, cal hidratada e areia 1:0,5:8 - confecção em betoneira e lançamento manual - areia comercial","m³",450.66]
[1109698,"Argamassa de cimento, cal hidratada e areia 1:0,5:8 - confecção em betoneira e lançamento manual - areia extraída","m³",299.08]
[1109679,"Argamassa de cimento, cal hidratada e areia 1:1:6 - confecção em betoneira e lançamento manual - areia comercial","m³",545.04]
[1109625,"Argamassa de cimento, cal hidratada e areia 1:1:6 - confecção em betoneira e lançamento manual - areia extraída","m³",407.55]
[1109678,"Argamassa de cimento, cal hidratada e areia 1:2:10 - confecção em betoneira e lançamento manual - areia comercial","m³",497.54]
[1109694,"Argamassa de cimento, cal hidratada e areia 1:2:10 - confecção em betoneira e lançamento manual - areia extraída","m³",350.13]
[1109673,"Argamassa de cimento, cal hidratada e areia 1:2:6 - confecção em betoneira e lançamento manual - areia comercial","m³",620.67999999999995]
[1109690,"Argamassa de cimento, cal hidratada e areia 1:2:6 - confecção em betoneira e lançamento manual - areia extraída","m³",492.3]
[1109674,"Argamassa de cimento, cal hidratada e areia 1:2:7 - confecção em betoneira e lançamento manual - areia comercial","m³",579.22]
[1109691,"Argamassa de cimento, cal hidratada e areia 1:2:7 - confecção em betoneira e lançamento manual - areia extraída","m³",444.43]
[1109675,"Argamassa de cimento, cal hidratada e areia 1:2:8 - confecção em betoneira e lançamento manual - areia comercial","m³",546.25]
[1109692,"Argamassa de cimento, cal hidratada e areia 1:2:8 - confecção em betoneira e lançamento manual - areia extraída","m³",406.38]
[1109676,"Argamassa de cimento, cal hidratada e areia 1:2:9 - confecção em betoneira e lançamento manual - areia comercial","m³",519.54]
[1109693,"Argamassa de cimento, cal hidratada e areia 1:2:9 - confecção em betoneira e lançamento manual - areia extraída","m³",375.54]
[1109680,"Argamassa para reparos e grauteamento - confecção em misturador e lançamento manual","m³",5610.21]
[1107748,"Argamassa polimérica de alto desempenho projetada para reparos superficiais e reforços estruturais - confecção em misturador e lançamento projetado","m³",12972.69]
[1110000,"Concreto","m³",0]
[1106059,"Concreto autoadensável com silicato de alumínio fck = 20 MPa - confecção em betoneira e lançamento manual - areia e brita comerciais","m³",778.22]
[1106060,"Concreto autoadensável com silicato de alumínio fck = 20 MPa - confecção em betoneira e lançamento manual - areia extraída e brita produzida","m³",588.66999999999996]
[1100658,"Concreto autoadensável com silicato de alumínio fck = 20 MPa - confecção em central dosadora de 30 m³/h - areia e brita comerciais","m³",688.67]
[1106159,"Concreto autoadensável com silicato de alumínio fck = 25 MPa - confecção em central dosadora de 30 m³/h - areia e brita comerciais","m³",735.94]
[1107902,"Concreto autoadensável com silicato de alumínio fck = 30 MPa - confecção em central dosadora de 30 m³/h - areia e brita comerciais","m³",788.73]
[1107906,"Concreto autoadensável com silicato de alumínio fck = 35 MPa - confecção em central dosadora de 30 m³/h - areia e brita comerciais","m³",847.72]
[1107910,"Concreto autoadensável com silicato de alumínio fck = 40 MPa - confecção em central dosadora de 30 m³/h - areia e brita comerciais","m³",913.65]
[1107911,"Concreto autoadensável com silicato de alumínio fck = 45 MPa - confecção em central dosadora de 30 m³/h - areia e brita comerciais","m³",987.34]
[1107912,"Concreto autoadensável com silicato de alumínio fck = 50 MPa - confecção em central dosadora de 30 m³/h - areia e brita comerciais","m³",1086.46]
[1106164,"Concreto ciclópico fck = 20 MPa - confecção em betoneira e lançamento manual - areia extraída, brita e pedra de mão produzidas","m³",327.52999999999997]
[1106165,"Concreto ciclópico fck = 20 MPa - confecção em betoneira e lançamento manual - areia, brita e pedra de mão comerciais","m³",541.98]
[1106156,"Concreto com 10% de microssílica fck = 45 MPa - confecção em central dosadora de 30 m³/h - areia e brita comerciais","m³",762.61]
[1107932,"Concreto com 10% de microssílica fck = 50 MPa - confecção em central dosadora de 30 m³/h - areia e brita comerciais","m³",817.58]
[1108111,"Concreto com 8% de microssílica fck = 25 MPa - confecção em central dosadora de 30 m³/h - areia e brita comerciais","m³",610.47]
[1108112,"Concreto com 8% de microssílica fck = 30 MPa - confecção em central dosadora de 30 m³/h - areia e brita comerciais","m³",625.12]
[1108113,"Concreto com 8% de microssílica fck = 35 MPa - confecção em central dosadora de 30 m³/h - areia e brita comerciais","m³",663.91]
[1108114,"Concreto com 8% de microssílica fck = 40 MPa - confecção em central dosadora de 30 m³/h - areia e brita comerciais","m³",707.23]
[1108061,"Concreto com látex SBR fck = 25 MPa - confecção em betoneira e lançamento manual - areia e brita comerciais","m³",1126.43]
[1108064,"Concreto com látex SBR fck = 30 MPa - confecção em betoneira e lançamento manual - areia e brita comerciais","m³",1218.46]
[1107888,"Concreto fck = 15 MPa - confecção em betoneira e lançamento manual - areia e brita comerciais","m³",586.73]
[1107889,"Concreto fck = 15 MPa - confecção em betoneira e lançamento manual - areia extraída e brita produzida","m³",386.78]
[1107892,"Concreto fck = 20 MPa - confecção em betoneira e lançamento manual - areia e brita comerciais","m³",615.34]
[1107891,"Concreto fck = 20 MPa - confecção em betoneira e lançamento manual - areia extraída e brita produzida","m³",417.84]
[1107928,"Concreto fck = 20 MPa - confecção em central dosadora de 30 m³/h - areia e brita comerciais","m³",552.4]
[1107929,"Concreto fck = 20 MPa - confecção em central dosadora de 30 m³/h - areia extraída e brita produzida","m³",354.28]
[1106109,"Concreto fck = 20 MPa - confecção em central dosadora de 40 m³/h - areia e brita comerciais","m³",540.33000000000004]
[1106117,"Concreto fck = 20 MPa - confecção em central dosadora de 40 m³/h - areia extraída e brita produzida","m³",342.21]
[1107896,"Concreto fck = 25 MPa - confecção em betoneira e lançamento manual - areia e brita comerciais","m³",647.38]
[1107895,"Concreto fck = 25 MPa - confecção em betoneira e lançamento manual - areia extraída e brita produzida","m³",452.62]
[1119528,"Concreto fck = 25 MPa - confecção em central dosadora de 30 m³/h - areia e brita comerciais","m³",574.04999999999995]
[1106135,"Concreto fck = 25 MPa - confecção em central dosadora de 30 m³/h - areia extraída e brita produzida","m³",377.81]
[1106136,"Concreto fck = 25 MPa - confecção em central dosadora de 40 m³/h - areia e brita comerciais","m³",561.34]
[1106137,"Concreto fck = 25 MPa - confecção em central dosadora de 40 m³/h - areia extraída e brita produzida","m³",365.1]
[1116127,"Concreto fck = 25 MPa para pré-moldados (mourões) - confecção em betoneira e lançamento manual - areia e brita comerciais","m³",678.13]
[1116126,"Concreto fck = 25 MPa para pré-moldados (mourões) - confecção em betoneira e lançamento manual - areia extraída e brita produzida","m³",494.25]
[1107900,"Concreto fck = 30 MPa - confecção em betoneira e lançamento manual - areia e brita comerciais","m³",683.12]
[1107899,"Concreto fck = 30 MPa - confecção em betoneira e lançamento manual - areia extraída e brita produzida","m³",491.41]
[1107890,"Concreto fck = 30 MPa - confecção em central dosadora de 30 m³/h - areia e brita comerciais","m³",602.29999999999995]
[1106138,"Concreto fck = 30 MPa - confecção em central dosadora de 30 m³/h - areia extraída e brita produzida","m³",408.54]
[1106139,"Concreto fck = 30 MPa - confecção em central dosadora de 40 m³/h - areia e brita comerciais","m³",588.84]
[1106140,"Concreto fck = 30 MPa - confecção em central dosadora de 40 m³/h - areia extraída e brita produzida","m³",395.07]
[1107904,"Concreto fck = 35 MPa - confecção em betoneira e lançamento manual - areia e brita comerciais","m³",723.1]
[1107903,"Concreto fck = 35 MPa - confecção em betoneira e lançamento manual - areia extraída e brita produzida","m³",534.80999999999995]
[1107908,"Concreto fck = 40 MPa - confecção em betoneira e lançamento manual - areia e brita comerciais","m³",767.69]
[1107907,"Concreto fck = 40 MPa - confecção em betoneira e lançamento manual - areia extraída e brita produzida","m³",583.22]
[1107871,"Concreto fctm,k = 4,5 MPa - confecção em central dosadora de 30 m³/h - areia e brita comerciais","m³",651.42999999999995]
[1107870,"Concreto fctm,k = 4,5 MPa - confecção em central dosadora de 30 m³/h - areia extraída e brita produzida","m³",463.59]
[1106057,"Concreto magro - confecção em betoneira e lançamento manual - areia e brita comerciais","m³",599.79]
[1106058,"Concreto magro - confecção em betoneira e lançamento manual - areia extraída e brita produzida","m³",407.98]
[1106380,"Concreto para bombeamento fck = 25 MPa - confecção em central dosadora de 30 m³/h - areia e brita comerciais","m³",613.5]
[1106378,"Concreto para bombeamento fck = 25 MPa - confecção em central dosadora de 30 m³/h - areia extraída e brita produzida","m³",427.92]
[1116263,"Concreto para bombeamento fck = 25 MPa - confecção em central dosadora de 40 m³/h - areia e brita comerciais","m³",599.48]
[1116267,"Concreto para bombeamento fck = 25 MPa - confecção em central dosadora de 40 m³/h - areia extraída e brita produzida","m³",413.9]
[1106280,"Concreto para bombeamento fck = 30 MPa - confecção em central dosadora de 30 m³/h - areia e brita comerciais","m³",646.69000000000005]
[1106289,"Concreto para bombeamento fck = 30 MPa - confecção em central dosadora de 30 m³/h - areia extraída e brita produzida","m³",463.98]
[1116264,"Concreto para bombeamento fck = 30 MPa - confecção em central dosadora de 40 m³/h - areia e brita comerciais","m³",631.79]
[1116268,"Concreto para bombeamento fck = 30 MPa - confecção em central dosadora de 40 m³/h - areia extraída e brita produzida","m³",449.08]
[1106281,"Concreto para bombeamento fck = 35 MPa - confecção em central dosadora de 30 m³/h - areia e brita comerciais","m³",689.43]
[1106382,"Concreto para bombeamento fck = 35 MPa - confecção em central dosadora de 30 m³/h - areia extraída e brita produzida","m³",510.41]
[1116265,"Concreto para bombeamento fck = 35 MPa - confecção em central dosadora de 40 m³/h - areia e brita comerciais","m³",673.3]
[1116269,"Concreto para bombeamento fck = 35 MPa - confecção em central dosadora de 40 m³/h - areia extraída e brita produzida","m³",494.29]
[1106282,"Concreto para bombeamento fck = 40 MPa - confecção em central dosadora de 30 m³/h - areia e brita comerciais","m³",737.14]
[1106384,"Concreto para bombeamento fck = 40 MPa - confecção em central dosadora de 30 m³/h - areia extraída e brita produzida","m³",562.26]
[1116266,"Concreto para bombeamento fck = 40 MPa - confecção em central dosadora de 40 m³/h - areia e brita comerciais","m³",719.7]
[1116270,"Concreto para bombeamento fck = 40 MPa - confecção em central dosadora de 40 m³/h - areia extraída e brita produzida","m³",544.80999999999995]
[1107868,"Concreto para sub-base adensado por vibração fck = 7,5 MPa - confecção em central dosadora de 30 m³/h - areia e brita comerciais","m³",480.54]
[1107869,"Concreto para sub-base adensado por vibração fck = 7,5 MPa - confecção em central dosadora de 30 m³/h - areia extraída e brita produzida","m³",276.14999999999998]
[1103853,"Concreto poroso para tubos de drenagem fck = 25 MPa - confecção em betoneira e lançamento manual - areia e brita comerciais","m³",607.82000000000005]
[1103852,"Concreto poroso para tubos de drenagem fck = 25 MPa - confecção em betoneira e lançamento manual - areia extraída e brita produzida","m³",471.98]
[1106284,"Concreto submerso fck = 20 MPa - confecção em central dosadora de 30 m³/h - areia e brita comerciais","m³",656.02]
[1108116,"Concreto submerso fck = 25 MPa - confecção em central dosadora de 30 m³/h - areia e brita comerciais","m³",662]
[1108118,"Concreto submerso fck = 30 MPa - confecção em central dosadora de 30 m³/h - areia e brita comerciais","m³",692.68]
[1106158,"Concreto submerso fck = 35 MPa - confecção em central dosadora de 30 m³/h - areia e brita comerciais","m³",740.44]
[1108120,"Concreto submerso fck = 40 MPa - confecção em central dosadora de 30 m³/h - areia e brita comerciais","m³",793.81]
[1106050,"Lançamento livre de concreto usinado por meio de caminhão betoneira - confecção em central dosadora de 30 m³/h","m³",46.88]
[1106051,"Lançamento livre de concreto usinado por meio de caminhão betoneira - confecção em central dosadora de 40 m³/h","m³",39.18]
[1106061,"Lançamento manual de concreto usinado - confecção em central dosadora de 30 m³/h","m³",54.18]
[1106087,"Lançamento manual de concreto usinado - confecção em central dosadora de 40 m³/h","m³",46.7]
[1107860,"Lançamento mecânico de concreto com bomba lança sobre chassi com capacidade de 50 m³/h - confecção em central dosadora de 40 m³/h","m³",54.84]
[1106088,"Lançamento mecânico de concreto com bomba rebocável com capacidade de 30 m³/h - confecção em central dosadora de 30 m³/h","m³",58]
[1106128,"Lançamento mecânico de concreto com bomba rebocável com capacidade de 41 m³/h - confecção em central dosadora de 40 m³/h","m³",47.72]
[1108056,"Microconcreto autoadensável para reparos e grauteamento - confecção em misturador e lançamento manual","m³",4614.74]
[1108059,"Microconcreto para reparos e grauteamento - confecção em misturador e lançamento manual","m³",5039.57]
[1207700,"Concreto fck = 20 MPa para projeção via seca - confecção em betoneira - areia e brita comerciais","m³",730.61]
[1207701,"Concreto fck = 25 MPa para projeção via seca - confecção em betoneira - areia e brita comerciais","m³",778.48]
[1207702,"Concreto fck = 30 MPa para projeção via seca - confecção em betoneira - areia e brita comerciais","m³",832.04]
[1207708,"Concreto fck = 30 MPa para projeção via úmida - confecção em central dosadora de 30 m³/h - areia e brita comerciais","m³",763.47]
[1207703,"Concreto fck = 40 MPa para projeção via seca - confecção em betoneira - areia e brita comerciais","m³",958.87]
[1207709,"Concreto fck = 40 MPa para projeção via úmida - confecção em central dosadora de 30 m³/h - areia e brita comerciais","m³",880.19]
[1207710,"Concreto projetado via seca fck = 20 MPa aplicado em pisos","m³",1067.3]
[1207711,"Concreto projetado via seca fck = 20 MPa aplicado em superfícies inclinadas e verticais","m³",1325.66]
[1207713,"Concreto projetado via seca fck = 20 MPa aplicado em teto","m³",1983.52]
[1207714,"Concreto projetado via seca fck = 25 MPa aplicado em pisos","m³",1123.6199999999999]
[1207715,"Concreto projetado via seca fck = 25 MPa aplicado em superfícies inclinadas e verticais","m³",1394.05]
[1207717,"Concreto projetado via seca fck = 25 MPa aplicado em teto","m³",2079.2600000000002]
[1207718,"Concreto projetado via seca fck = 30 MPa aplicado em pisos","m³",1186.6300000000001]
[1207719,"Concreto projetado via seca fck = 30 MPa aplicado em superfícies inclinadas e verticais","m³",1470.56]
[1207721,"Concreto projetado via seca fck = 30 MPa aplicado em teto","m³",2186.38]
[1207722,"Concreto projetado via seca fck = 40 MPa aplicado em pisos","m³",1335.84]
[1207723,"Concreto projetado via seca fck = 40 MPa aplicado em superfícies inclinadas e verticais","m³",1651.75]
[1207725,"Concreto projetado via seca fck = 40 MPa via seca aplicado em teto","m³",2440.04]
[1207728,"Concreto projetado via úmida fck = 30 MPa aplicado em túneis classe I com seção de 20 a 40 m²","m³",1064.9100000000001]
[1207727,"Concreto projetado via úmida fck = 30 MPa aplicado em túneis classe I com seção de 40 a 60 m²","m³",1046.6600000000001]
[1207726,"Concreto projetado via úmida fck = 30 MPa aplicado em túneis classe I com seção de 60 a 90 m²","m³",1032.07]
[1208329,"Concreto projetado via úmida fck = 30 MPa aplicado em túneis classe I com seção superior a 90 m²","m³",1015.27]
[1207685,"Concreto projetado via úmida fck = 30 MPa aplicado em túneis classe II com seção de 20 a 40 m²","m³",1114.24]
[1207684,"Concreto projetado via úmida fck = 30 MPa aplicado em túneis classe II com seção de 40 a 60 m²","m³",1090.1300000000001]
[1207683,"Concreto projetado via úmida fck = 30 MPa aplicado em túneis classe II com seção de 60 a 90 m²","m³",1071.76]
[1208337,"Concreto projetado via úmida fck = 30 MPa aplicado em túneis classe II com seção superior a 90 m²","m³",1052.23]
[1207691,"Concreto projetado via úmida fck = 30 MPa aplicado em túneis classe III com seção de 20 a 40 m²","m³",1172.51]
[1207690,"Concreto projetado via úmida fck = 30 MPa aplicado em túneis classe III com seção de 40 a 60 m²","m³",1139.68]
[1207689,"Concreto projetado via úmida fck = 30 MPa aplicado em túneis classe III com seção de 60 a 90 m²","m³",1112.08]
[1208345,"Concreto projetado via úmida fck = 30 MPa aplicado em túneis classe III com seção superior a 90 m²","m³",1089.3399999999999]
[1207697,"Concreto projetado via úmida fck = 30 MPa aplicado em túneis classe IV com seção de 20 a 40 m²","m³",1244.21]
[1207696,"Concreto projetado via úmida fck = 30 MPa aplicado em túneis classe IV com seção de 40 a 60 m²","m³",1197.29]
[1207695,"Concreto projetado via úmida fck = 30 MPa aplicado em túneis classe IV com seção de 60 a 90 m²","m³",1165.3800000000001]
[1208353,"Concreto projetado via úmida fck = 30 MPa aplicado em túneis classe IV com seção superior a 90 m²","m³",1133.3]
[1207663,"Concreto projetado via úmida fck = 30 MPa aplicado em túneis classe V com seção de 20 a 40 m²","m³",1403.34]
[1207662,"Concreto projetado via úmida fck = 30 MPa aplicado em túneis classe V com seção de 40 a 60 m²","m³",1374.16]
[1207661,"Concreto projetado via úmida fck = 30 MPa aplicado em túneis classe V com seção de 60 a 90 m²","m³",1350.81]
[1208361,"Concreto projetado via úmida fck = 30 MPa aplicado em túneis classe V com seção superior a 90 m²","m³",1315.8]
[1207669,"Concreto projetado via úmida fck = 30 MPa aplicado em túneis classe VI com seção de 20 a 40 m²","m³",1542.29]
[1207668,"Concreto projetado via úmida fck = 30 MPa aplicado em túneis classe VI com seção de 40 a 60 m²","m³",1506.06]
[1207667,"Concreto projetado via úmida fck = 30 MPa aplicado em túneis classe VI com seção de 60 a 90 m²","m³",1451.73]
[1208369,"Concreto projetado via úmida fck = 30 MPa aplicado em túneis classe VI com seção superior a 90 m²","m³",1397.39]
[1207682,"Concreto projetado via úmida fck = 40 MPa aplicado em túneis classe I com seção de 20 a 40 m²","m³",1202.23]
[1207681,"Concreto projetado via úmida fck = 40 MPa aplicado em túneis classe I com seção de 40 a 60 m²","m³",1183.98]
[1207729,"Concreto projetado via úmida fck = 40 MPa aplicado em túneis classe I com seção de 60 a 90 m²","m³",1169.3900000000001]
[1208333,"Concreto projetado via úmida fck = 40 MPa aplicado em túneis classe I com seção superior a 90 m²","m³",1152.5899999999999]
[1207688,"Concreto projetado via úmida fck = 40 MPa aplicado em túneis classe II com seção de 20 a 40 m²","m³",1255.72]
[1207687,"Concreto projetado via úmida fck = 40 MPa aplicado em túneis classe II com seção de 40 a 60 m²","m³",1231.6099999999999]
[1207686,"Concreto projetado via úmida fck = 40 MPa aplicado em túneis classe II com seção de 60 a 90 m²","m³",1213.24]
[1208341,"Concreto projetado via úmida fck = 40 MPa aplicado em túneis classe II com seção superior a 90 m²","m³",1193.71]
[1207694,"Concreto projetado via úmida fck = 40 MPa aplicado em túneis classe III com seção de 20 a 40 m²","m³",1318.41]
[1207693,"Concreto projetado via úmida fck = 40 MPa aplicado em túneis classe III com seção de 40 a 60 m²","m³",1285.58]
[1207692,"Concreto projetado via úmida fck = 40 MPa aplicado em túneis classe III com seção de 60 a 90 m²","m³",1257.98]
[1208349,"Concreto projetado via úmida fck = 40 MPa aplicado em túneis classe III com seção superior a 90 m²","m³",1235.24]
[1207660,"Concreto projetado via úmida fck = 40 MPa aplicado em túneis classe IV com seção de 20 a 40 m²","m³",1394.81]
[1207699,"Concreto projetado via úmida fck = 40 MPa aplicado em túneis classe IV com seção de 40 a 60 m²","m³",1347.9]
[1207698,"Concreto projetado via úmida fck = 40 MPa aplicado em túneis classe IV com seção de 60 a 90 m²","m³",1315.99]
[1208357,"Concreto projetado via úmida fck = 40 MPa aplicado em túneis classe IV com seção superior a 90 m²","m³",1283.9000000000001]
[1207666,"Concreto projetado via úmida fck = 40 MPa aplicado em túneis classe V com seção de 20 a 40 m²","m³",1558.96]
[1207665,"Concreto projetado via úmida fck = 40 MPa aplicado em túneis classe V com seção de 40 a 60 m²","m³",1529.78]
[1207664,"Concreto projetado via úmida fck = 40 MPa aplicado em túneis classe V com seção de 60 a 90 m²","m³",1506.44]
[1208365,"Concreto projetado via úmida fck = 40 MPa aplicado em túneis classe V com seção superior a 90 m²","m³",1471.42]
[1207672,"Concreto projetado via úmida fck = 40 MPa aplicado em túneis classe VI com seção de 20 a 40 m²","m³",1703.28]
[1207671,"Concreto projetado via úmida fck = 40 MPa aplicado em túneis classe VI com seção de 40 a 60 m²","m³",1667.06]
[1207670,"Concreto projetado via úmida fck = 40 MPa aplicado em túneis classe VI com seção de 60 a 90 m²","m³",1612.72]
[1208373,"Concreto projetado via úmida fck = 40 MPa aplicado em túneis classe VI com seção superior a 90 m²","m³",1558.39]
[1400976,"Corte a plasma CNC em chapa com espessura de 6,3 a 10 mm","m",5.58]
[1400970,"Corte a plasma manual em chapa de aço-carbono com espessura de 4 a 8 mm","m",2.2000000000000002]
[1400971,"Corte a plasma manual em chapa de aço-carbono com espessura de 9 a 25 mm","m",9.59]
[1400972,"Corte a plasma manual em chapa de alumínio com espessura de 1,5 mm","m",2.13]
[1416201,"Corte de barras de aço CA-50 com maçarico oxiacetileno","cm²",0.24]
[1400969,"Corte de cantoneira de alumínio","un",0.14000000000000001]
[1400975,"Corte de chapa de aço com guilhotina hidráulica","m",4.17]
[1416141,"Corte de chapas de aço com espessura de 12,5 mm com maçarico oxiacetileno","m",3.85]
[1416142,"Corte de chapas de aço com espessura de 16 mm com maçarico oxiacetileno","m",5.98]
[1400973,"Corte de chapas de aço com espessura de 3 mm com maçarico oxiacetileno","m",1.59]
[1400974,"Corte de chapas de aço com espessura de 5 mm com maçarico oxiacetileno","m",1.88]
[1416139,"Corte de chapas de aço com espessura de 6,3 mm com maçarico oxiacetileno","m",2.11]
[1416202,"Corte de chapas de aço com espessura de 8 mm com maçarico oxiacetileno","m",2.4500000000000002]
[1416140,"Corte de chapas de aço com espessura de 9,5 mm com maçarico oxiacetileno","m",2.82]
[1419543,"Corte de perfil metálico com máquina policorte com espessura de até 1/8\"","un",0.18]
[1408173,"Corte de perfis metálicos com maçarico oxiacetileno","cm²",0.06]
[1407063,"Corte de trilho TR45 com utilização de equipamento leve","un",7.61]
[1407064,"Corte de trilho TR57 com utilização de equipamento leve","un",7.85]
[1407065,"Corte de trilho TR68 com utilização de equipamento leve","un",8.0399999999999991]
[1407066,"Corte de trilho UIC60 com utilização de equipamento leve","un",7.91]
[1400977,"Dobramento de chapas metálicas com espessuras de 6,3 a 10 mm","m",3.48]
[1407067,"Furação de trilho TR45 com utilização de equipamento leve","un",2.4300000000000002]
[1407068,"Furação de trilho TR57 com utilização de equipamento leve","un",2.73]
[1407069,"Furação de trilho TR68 com utilização de equipamento leve","un",2.96]
[1407070,"Furação de trilho UIC60 com utilização de equipamento leve","un",2.82]
[1416257,"Solda com maçarico oxiacetileno de chapas de aço de 12,5 mm","m",289.47000000000003]
[1416253,"Solda com maçarico oxiacetileno de chapas de aço de 16 mm","m",673.71]
[1416254,"Solda com maçarico oxiacetileno de chapas de aço de 6,3 mm","m",53.7]
[1416255,"Solda com maçarico oxiacetileno de chapas de aço de 8 mm","m",95.41]
[1416256,"Solda com maçarico oxiacetileno de chapas de aço de 9,5 mm","m",148.59]
[1408028,"Solda elétrica manual de perfis metálicos e chapas de aço com eletrodo E70XX para beneficiamento de aço naval","kg",210.37]
[1408027,"Solda tipo MIG/MAG automatizada","kg",120.08]
[1400978,"Solda tipo MIG/MAG manual","kg",189.99]
[1513941,"Contenção em areia-cimento ensacada com mistura de areia com 8% de cimento - confecção e assentamento","m³",607.16]
[1513940,"Contenção em solo-cimento ensacado com mistura de solo de jazida com 8% de cimento - confecção e assentamento","m³",419.83]
[1505879,"Enrocamento de pedra arrumada manualmente - pedra de mão comercial - fornecimento e assentamento","m³",348.45]
[1505878,"Enrocamento de pedra arrumada manualmente - pedra de mão produzida - confecção e assentamento","m³",174.62]
[1505877,"Enrocamento de pedra espalhada e compactada mecanicamente - pedra de mão comercial - fornecimento e assentamento","m³",248.18]
[1505860,"Enrocamento de pedra jogada - pedra de mão comercial - fornecimento e assentamento","m³",240.06]
[1505859,"Enrocamento de pedra jogada - pedra de mão produzida - confecção e assentamento","m³",95.2]
[1516204,"Fabricação de blocos segmentais de face pré-moldados - C = 40 cm, L = 40 cm e H = 20 cm - massa de 25 kg","un",7.78]
[1516312,"Geocélula em PEAD, paredes perfuradas, soldadas - altura de 100 mm e 1.206 cm² de área de célula - fornecimento e instalação","m²",41.93]
[1516304,"Geocélula em PEAD, paredes perfuradas, soldadas - altura de 100 mm e 289 cm² de área de célula - fornecimento e instalação","m²",54.43]
[1516308,"Geocélula em PEAD, paredes perfuradas, soldadas - altura de 100 mm e 460 cm² de área de célula - fornecimento e instalação","m²",44.69]
[1516313,"Geocélula em PEAD, paredes perfuradas, soldadas - altura de 150 mm e 1.206 cm² de área de célula - fornecimento e instalação","m²",50.02]
[1516305,"Geocélula em PEAD, paredes perfuradas, soldadas - altura de 150 mm e 289 cm² de área de célula - fornecimento e instalação","m²",65.540000000000006]
[1516309,"Geocélula em PEAD, paredes perfuradas, soldadas - altura de 150 mm e 460 cm² de área de célula - fornecimento e instalação","m²",53.5]
[1516314,"Geocélula em PEAD, paredes perfuradas, soldadas - altura de 200 mm e 1.206 cm² de área de célula - fornecimento e instalação","m²",58.77]
[1516306,"Geocélula em PEAD, paredes perfuradas, soldadas - altura de 200 mm e 289 cm² de área de célula - fornecimento e instalação","m²",77.94]
[1516310,"Geocélula em PEAD, paredes perfuradas, soldadas - altura de 200 mm e 460 cm² de área de célula - fornecimento e instalação","m²",63.24]
[1516311,"Geocélula em PEAD, paredes perfuradas, soldadas - altura de 75 mm e 1.206 cm² de área de célula - fornecimento e instalação","m²",32.17]
[1516303,"Geocélula em PEAD, paredes perfuradas, soldadas - altura de 75 mm e 289 cm² de área de célula - fornecimento e instalação","m²",43.37]
[1516307,"Geocélula em PEAD, paredes perfuradas, soldadas - altura de 75 mm e 460 cm² de área de célula - fornecimento e instalação","m²",35.83]
[1516298,"Geogrelha unidirecional com resistência à tração de 100 kN/m - fornecimento e instalação","m²",30.5]
[1516299,"Geogrelha unidirecional com resistência à tração de 150 kN/m - fornecimento e instalação","m²",32.56]
[1516300,"Geogrelha unidirecional com resistência à tração de 200 kN/m - fornecimento e instalação","m²",42.35]
[1516301,"Geogrelha unidirecional com resistência à tração de 300 kN/m - fornecimento e instalação","m²",62.02]
[1516302,"Geogrelha unidirecional com resistência à tração de 400 kN/m - fornecimento e instalação","m²",81.569999999999993]
[1516296,"Geogrelha unidirecional com resistência à tração de 50 kN/m - fornecimento e instalação","m²",23.23]
[1516297,"Geogrelha unidirecional com resistência à tração de 90 kN/m - fornecimento e instalação","m²",29.52]
[1505847,"Muro em blocos segmentais de face pré-moldados - C = 40 cm, L = 40 cm, e H = 20 cm com altura de 4 a 6 m - confecção e assentamento","m²",224.9]
[1505848,"Muro em blocos segmentais de face pré-moldados - C = 40 cm, L = 40 cm, e H = 20 cm com altura de 6 a 8 m - confecção e assentamento","m²",219.33]
[1505849,"Muro em blocos segmentais de face pré-moldados - C = 40 cm, L = 40 cm, e H = 20 cm com altura de 8 a 10 m - confecção e assentamento","m²",216.25]
[1505930,"Muro em blocos segmentais de face pré-moldados - C = 40 cm, L = 40 cm, e H = 20 cm com altura de até 4 m - confecção e assentamento","m²",254.11]
[1506055,"Pedra argamassada com cimento e areia 1:3 - areia e pedra de mão comercial - fornecimento e assentamento","m³",557.49]
[1506056,"Pedra argamassada com cimento e areia 1:3 - areia extraída e pedra de mão produzida - confecção e assentamento","m³",337.44]
[1513943,"Proteção de taludes rochosos com telas metálicas - resistência longitudinal à tração de 121 kN/m - fornecimento e posicionamento - inclusive cabos de aço, grampos e clipes de junção","m²",181.12]
[1516318,"Tela metálica dobrada em L para muro em solo reforçado - C = 200 cm, L = 40 cm e H = 40 cm - fornecimento e instalação","m²",635.78]
[1516317,"Tela metálica dobrada em L para muro em solo reforçado - C = 200 cm, L = 50 cm e H = 50 cm - fornecimento e instalação","m²",597.12]
[1600965,"Abertura em muro de alvenaria de pedra argamassada com martelete","m³",101.72]
[1600408,"Apicoamento manual de concreto","m²",18.11]
[1600990,"Demolição de concreto armado com martelete e corte oxiacetileno","m³",771.26]
[1600989,"Demolição de concreto simples com martelete","m³",404.2]
[1600438,"Demolição manual de concreto armado","m³",575.1]
[1600436,"Demolição manual de concreto simples","m³",393.6]
[1600895,"Demolição manual de construções provisórias de madeira - sem reaproveitamento","m²",13.86]
[1600897,"Demolição manual de construções provisórias de madeira, sem fechamento lateral e sem pavimentação","m²",3.72]
[1619004,"Demolição mecânica de alvenaria com carregadeira de pneus","m³",7.53]
[1600896,"Demolição mecânica de alvenaria com escavadeira hidráulica","m²",16.010000000000002]
[1619003,"Demolição mecânica de concreto armado com escavadeira hidráulica","m³",69.150000000000006]
[1619006,"Demolição mecânica de concreto simples com escavadeira hidráulica","m³",50.39]
[1600414,"Fresagem de piso de concreto","m²",1.1200000000000001]
[1608148,"Perfuração em concreto com coroa diamantada - D = 100 mm","m",271.93]
[1608021,"Perfuração em concreto com coroa diamantada - D = 16 mm","m",77.58]
[1608024,"Perfuração em concreto com coroa diamantada - D = 20 mm","m",80.739999999999995]
[1608026,"Perfuração em concreto com coroa diamantada - D = 25 mm","m",94.96]
[1608142,"Perfuração em concreto com coroa diamantada - D = 32 mm","m",112.51]
[1608143,"Perfuração em concreto com coroa diamantada - D = 38 mm","m",115.93]
[1608144,"Perfuração em concreto com coroa diamantada - D = 44 mm","m",125.5]
[1608145,"Perfuração em concreto com coroa diamantada - D = 50 mm","m",131.03]
[1608146,"Perfuração em concreto com coroa diamantada - D = 63 mm","m",149.08000000000001]
[1608147,"Perfuração em concreto com coroa diamantada - D = 75 mm","m",202.38]
[1608019,"Perfuração em concreto com martelete elétrico - D = 10 mm","m",18.72]
[1608020,"Perfuração em concreto com martelete elétrico - D = 13,0 mm","m",29.52]
[1608025,"Perfuração em concreto com martelete elétrico - D = 14 mm","m",36.01]
[1600966,"Remoção de cerca com mourões de concreto","m",0.74]
[1600898,"Remoção de painel publicitário, tipo outdoor, com estrutura e suportes em madeira","m²",11.82]
[1600441,"Remoção de paralelepípedos","m²",3.94]
[1600404,"Remoção de tubos de concreto com diâmetro de 0,40 m a 1,00 m em valas e bueiros","m",9.92]
[1600405,"Remoção de tubos de concreto com diâmetro de 1,20 m a 1,50 m em valas e bueiros","m",11.01]
[1716605,"Derrocagem subaquática de material de 3ª categoria - carga e limpeza - plataforma com clamshell - flutuante e batelão rebocado de 100 t montado na obra - DMT até 200 m","m³",113.01]
[1716610,"Derrocagem subaquática de material de 3ª categoria - carga e limpeza - plataforma com clamshell - flutuante e batelão rebocado de 100 t montado na obra - DMT de 1.000 a 1200 m","m³",117.44]
[1716611,"Derrocagem subaquática de material de 3ª categoria - carga e limpeza - plataforma com clamshell - flutuante e batelão rebocado de 100 t montado na obra - DMT de 1.200 a 1.400 m","m³",117.99]
[1716612,"Derrocagem subaquática de material de 3ª categoria - carga e limpeza - plataforma com clamshell - flutuante e batelão rebocado de 100 t montado na obra - DMT de 1.400 a 1.600 m","m³",118.55]
[1716613,"Derrocagem subaquática de material de 3ª categoria - carga e limpeza - plataforma com clamshell - flutuante e batelão rebocado de 100 t montado na obra - DMT de 1.600 a 1.800 m","m³",119.1]
[1716614,"Derrocagem subaquática de material de 3ª categoria - carga e limpeza - plataforma com clamshell - flutuante e batelão rebocado de 100 t montado na obra - DMT de 1.800 a 2.000 m","m³",120.21]
[1716615,"Derrocagem subaquática de material de 3ª categoria - carga e limpeza - plataforma com clamshell - flutuante e batelão rebocado de 100 t montado na obra - DMT de 2.000 a 2.500 m","m³",121.32]
[1716616,"Derrocagem subaquática de material de 3ª categoria - carga e limpeza - plataforma com clamshell - flutuante e batelão rebocado de 100 t montado na obra - DMT de 2.500 a 3.000 m","m³",122.98]
[1716606,"Derrocagem subaquática de material de 3ª categoria - carga e limpeza - plataforma com clamshell - flutuante e batelão rebocado de 100 t montado na obra - DMT de 200 a 400 m","m³",114.67]
[1716617,"Derrocagem subaquática de material de 3ª categoria - carga e limpeza - plataforma com clamshell - flutuante e batelão rebocado de 100 t montado na obra - DMT de 3.000 m","m³",124.09]
[1716607,"Derrocagem subaquática de material de 3ª categoria - carga e limpeza - plataforma com clamshell - flutuante e batelão rebocado de 100 t montado na obra - DMT de 400 a 600 m","m³",115.22]
[1716608,"Derrocagem subaquática de material de 3ª categoria - carga e limpeza - plataforma com clamshell - flutuante e batelão rebocado de 100 t montado na obra - DMT de 600 a 800 m","m³",116.33]
[1716609,"Derrocagem subaquática de material de 3ª categoria - carga e limpeza - plataforma com clamshell - flutuante e batelão rebocado de 100 t montado na obra - DMT de 800 a 1.000 m","m³",116.89]
[1716604,"Derrocagem subaquática de material de 3ª categoria - carga e limpeza - plataforma com clamshell - flutuante montado na obra - sem transporte","m³",64.069999999999993]
[1716623,"Derrocagem subaquática de material de 3ª categoria - carga e limpeza - plataforma flutuante com clamshell - sem transporte","m³",62.82]
[1716624,"Derrocagem subaquática de material de 3ª categoria - carga e limpeza - plataforma flutuante com clamshell e batelão rebocado de 100 t - DMT até 200 m","m³",111.76]
[1716629,"Derrocagem subaquática de material de 3ª categoria - carga e limpeza - plataforma flutuante com clamshell e batelão rebocado de 100 t - DMT de 1.000 a 1.200 m","m³",116.19]
[1716630,"Derrocagem subaquática de material de 3ª categoria - carga e limpeza - plataforma flutuante com clamshell e batelão rebocado de 100 t - DMT de 1.200 a 1.400 m","m³",116.75]
[1716631,"Derrocagem subaquática de material de 3ª categoria - carga e limpeza - plataforma flutuante com clamshell e batelão rebocado de 100 t - DMT de 1.400 a 1.600 m","m³",117.3]
[1716632,"Derrocagem subaquática de material de 3ª categoria - carga e limpeza - plataforma flutuante com clamshell e batelão rebocado de 100 t - DMT de 1.600 a 1.800 m","m³",117.85]
[1716633,"Derrocagem subaquática de material de 3ª categoria - carga e limpeza - plataforma flutuante com clamshell e batelão rebocado de 100 t - DMT de 1.800 a 2.000 m","m³",118.96]
[1716634,"Derrocagem subaquática de material de 3ª categoria - carga e limpeza - plataforma flutuante com clamshell e batelão rebocado de 100 t - DMT de 2.000 a 2.500 m","m³",120.07]
[1716635,"Derrocagem subaquática de material de 3ª categoria - carga e limpeza - plataforma flutuante com clamshell e batelão rebocado de 100 t - DMT de 2.500 a 3.000 m","m³",121.73]
[1716625,"Derrocagem subaquática de material de 3ª categoria - carga e limpeza - plataforma flutuante com clamshell e batelão rebocado de 100 t - DMT de 200 a 400 m","m³",113.42]
[1716636,"Derrocagem subaquática de material de 3ª categoria - carga e limpeza - plataforma flutuante com clamshell e batelão rebocado de 100 t - DMT de 3.000 m","m³",122.84]
[1716626,"Derrocagem subaquática de material de 3ª categoria - carga e limpeza - plataforma flutuante com clamshell e batelão rebocado de 100 t - DMT de 400 a 600 m","m³",113.97]
[1716627,"Derrocagem subaquática de material de 3ª categoria - carga e limpeza - plataforma flutuante com clamshell e batelão rebocado de 100 t - DMT de 600 a 800 m","m³",115.08]
[1716628,"Derrocagem subaquática de material de 3ª categoria - carga e limpeza - plataforma flutuante com clamshell e batelão rebocado de 100 t - DMT de 800 a 1.000 m","m³",115.64]
[1716640,"Derrocagem subaquática de material de 3ª categoria - carga e limpeza com draga backhoe de 7 m³ - sem transporte","m³",30.76]
[1716641,"Derrocagem subaquática de material de 3ª categoria - carga e limpeza com draga backhoe de 7 m³ - transporte com batelão autopropelido de 300 m³ - DMT até 200 m","m³",39.58]
[1716646,"Derrocagem subaquática de material de 3ª categoria - carga e limpeza com draga backhoe de 7 m³ - transporte com batelão autopropelido de 300 m³ - DMT de 1.000 a 1.200 m","m³",40.14]
[1716647,"Derrocagem subaquática de material de 3ª categoria - carga e limpeza com draga backhoe de 7 m³ - transporte com batelão autopropelido de 300 m³ - DMT de 1.200 a 1.400 m","m³",40.200000000000003]
[1716648,"Derrocagem subaquática de material de 3ª categoria - carga e limpeza com draga backhoe de 7 m³ - transporte com batelão autopropelido de 300 m³ - DMT de 1.400 a 1.600 m","m³",40.31]
[1716649,"Derrocagem subaquática de material de 3ª categoria - carga e limpeza com draga backhoe de 7 m³ - transporte com batelão autopropelido de 300 m³ - DMT de 1.600 a 1.800 m","m³",40.36]
[1716650,"Derrocagem subaquática de material de 3ª categoria - carga e limpeza com draga backhoe de 7 m³ - transporte com batelão autopropelido de 300 m³ - DMT de 1.800 a 2.000 m","m³",40.479999999999997]
[1716651,"Derrocagem subaquática de material de 3ª categoria - carga e limpeza com draga backhoe de 7 m³ - transporte com batelão autopropelido de 300 m³ - DMT de 2.000 a 2.500 m","m³",40.590000000000003]
[1716652,"Derrocagem subaquática de material de 3ª categoria - carga e limpeza com draga backhoe de 7 m³ - transporte com batelão autopropelido de 300 m³ - DMT de 2.500 a 3.000 m","m³",40.81]
[1716642,"Derrocagem subaquática de material de 3ª categoria - carga e limpeza com draga backhoe de 7 m³ - transporte com batelão autopropelido de 300 m³ - DMT de 200 a 400 m","m³",39.75]
[1716653,"Derrocagem subaquática de material de 3ª categoria - carga e limpeza com draga backhoe de 7 m³ - transporte com batelão autopropelido de 300 m³ - DMT de 3.000 m","m³",40.98]
[1716643,"Derrocagem subaquática de material de 3ª categoria - carga e limpeza com draga backhoe de 7 m³ - transporte com batelão autopropelido de 300 m³ - DMT de 400 a 600 m","m³",39.86]
[1716644,"Derrocagem subaquática de material de 3ª categoria - carga e limpeza com draga backhoe de 7 m³ - transporte com batelão autopropelido de 300 m³ - DMT de 600 a 800 m","m³",39.97]
[1716645,"Derrocagem subaquática de material de 3ª categoria - carga e limpeza com draga backhoe de 7 m³ - transporte com batelão autopropelido de 300 m³ - DMT de 800 a 1.000 m","m³",40.03]
[1716622,"Derrocagem subaquática de material de 3ª categoria - malha de 1,5 m² - perfuração e detonação - plataforma autoelevatória com três torres de perfuração","m³",94.27]
[1716603,"Derrocagem subaquática de material de 3ª categoria - malha de 1,5 m² - perfuração e detonação - plataforma autoelevatória montada na obra com três torres de perfuração","m³",94.27]
[1716620,"Derrocagem subaquática de material de 3ª categoria - malha de 1,5 m² - perfuração e detonação - plataforma flutuante com duas torres de perfuração","m³",126.42]
[1716621,"Derrocagem subaquática de material de 3ª categoria - malha de 1,5 m² - perfuração e detonação - plataforma flutuante com três torres de perfuração","m³",100.82]
[1716619,"Derrocagem subaquática de material de 3ª categoria - malha de 1,5 m² - perfuração e detonação - plataforma flutuante com uma torre de perfuração","m³",203.3]
[1716601,"Derrocagem subaquática de material de 3ª categoria - malha de 1,5 m² - perfuração e detonação - plataforma montada na obra com duas torres de perfuração","m³",128.1]
[1716602,"Derrocagem subaquática de material de 3ª categoria - malha de 1,5 m² - perfuração e detonação - plataforma montada na obra com três torres de perfuração","m³",101.93]
[1716600,"Derrocagem subaquática de material de 3ª categoria - malha de 1,5 m² - perfuração e detonação - plataforma montada na obra com uma torre de perfuração","m³",206.65]
[1716655,"Derrocagem subaquática de material de 3ª categoria - malha de 2,5 m² - perfuração e detonação - plataforma com duas torres de perfuração","m³",75]
[1716639,"Derrocagem subaquática de material de 3ª categoria - malha de 4,0 m² - perfuração e detonação - plataforma com duas torres de perfuração","m³",53.8]
[1801636,"Levantamento batimétrico monofeixe longitudinal","km",19.46]
[1801637,"Levantamento batimétrico monofeixe transversal","km",25.94]
[1817720,"Levantamento batimétrico multifeixe","km",95.94]
[1817723,"Levantamento hidrométrico com ADCP em rios com velocidade de corrente acima de 1,5 m/s","km",47.41]
[1817721,"Levantamento hidrométrico com ADCP em rios com velocidade de corrente de 0,5 a 1,0 m/s","km",142.22999999999999]
[1817722,"Levantamento hidrométrico com ADCP em rios com velocidade de corrente de 1,0 a 1,5 m/s","km",71.11]
[1917483,"Dragagem de areia fina com draga de sucção e recalque - bomba de 1.350 kW e cortador de 170 kW - distância de recalque de 1.100 a 1.300 m","m³",4.5599999999999996]
[1917484,"Dragagem de areia fina com draga de sucção e recalque - bomba de 1.350 kW e cortador de 170 kW - distância de recalque de 1.300 a 1.500 m","m³",4.74]
[1917485,"Dragagem de areia fina com draga de sucção e recalque - bomba de 1.350 kW e cortador de 170 kW - distância de recalque de 1.500 a 1.700 m","m³",5.29]
[1917486,"Dragagem de areia fina com draga de sucção e recalque - bomba de 1.350 kW e cortador de 170 kW - distância de recalque de 1.700 a 1.900 m","m³",5.51]
[1917487,"Dragagem de areia fina com draga de sucção e recalque - bomba de 1.350 kW e cortador de 170 kW - distância de recalque de 1.900 a 2.100 m","m³",5.8]
[1917528,"Dragagem de areia fina com draga de sucção e recalque - bomba de 1.350 kW e cortador de 170 kW - distância de recalque de 10.100 a 10.300 m","m³",30.35]
[1917529,"Dragagem de areia fina com draga de sucção e recalque - bomba de 1.350 kW e cortador de 170 kW - distância de recalque de 10.300 a 10.500 m","m³",31.35]
[1917530,"Dragagem de areia fina com draga de sucção e recalque - bomba de 1.350 kW e cortador de 170 kW - distância de recalque de 10.500 a 10.700 m","m³",32.99]
[1917531,"Dragagem de areia fina com draga de sucção e recalque - bomba de 1.350 kW e cortador de 170 kW - distância de recalque de 10.700 a 10.900 m","m³",34.68]
[1917532,"Dragagem de areia fina com draga de sucção e recalque - bomba de 1.350 kW e cortador de 170 kW - distância de recalque de 10.900 a 11.100 m","m³",36.58]
[1917533,"Dragagem de areia fina com draga de sucção e recalque - bomba de 1.350 kW e cortador de 170 kW - distância de recalque de 11.100 a 11.300 m","m³",37.61]
[1917534,"Dragagem de areia fina com draga de sucção e recalque - bomba de 1.350 kW e cortador de 170 kW - distância de recalque de 11.300 a 11.500 m","m³",38.67]
[1917535,"Dragagem de areia fina com draga de sucção e recalque - bomba de 1.350 kW e cortador de 170 kW - distância de recalque de 11.500 a 11.700 m","m³",40.130000000000003]
[1917536,"Dragagem de areia fina com draga de sucção e recalque - bomba de 1.350 kW e cortador de 170 kW - distância de recalque de 11.700 a 11.900 m","m³",41.34]
[1917537,"Dragagem de areia fina com draga de sucção e recalque - bomba de 1.350 kW e cortador de 170 kW - distância de recalque de 11.900 a 12.100 m","m³",42.59]
[1917488,"Dragagem de areia fina com draga de sucção e recalque - bomba de 1.350 kW e cortador de 170 kW - distância de recalque de 2.100 a 2.300 m","m³",6.02]
[1917489,"Dragagem de areia fina com draga de sucção e recalque - bomba de 1.350 kW e cortador de 170 kW - distância de recalque de 2.300 a 2.500 m","m³",6.31]
[1917490,"Dragagem de areia fina com draga de sucção e recalque - bomba de 1.350 kW e cortador de 170 kW - distância de recalque de 2.500 a 2.700 m","m³",6.81]
[1917491,"Dragagem de areia fina com draga de sucção e recalque - bomba de 1.350 kW e cortador de 170 kW - distância de recalque de 2.700 a 2.900 m","m³",7.12]
[1917492,"Dragagem de areia fina com draga de sucção e recalque - bomba de 1.350 kW e cortador de 170 kW - distância de recalque de 2.900 a 3.100 m","m³",7.37]
[1917493,"Dragagem de areia fina com draga de sucção e recalque - bomba de 1.350 kW e cortador de 170 kW - distância de recalque de 3.100 a 3.300 m","m³",7.69]
[1917494,"Dragagem de areia fina com draga de sucção e recalque - bomba de 1.350 kW e cortador de 170 kW - distância de recalque de 3.300 a 3.500 m","m³",8.0299999999999994]
[1917495,"Dragagem de areia fina com draga de sucção e recalque - bomba de 1.350 kW e cortador de 170 kW - distância de recalque de 3.500 a 3.700 m","m³",8.59]
[1917496,"Dragagem de areia fina com draga de sucção e recalque - bomba de 1.350 kW e cortador de 170 kW - distância de recalque de 3.700 a 3.900 m","m³",8.9]
[1917497,"Dragagem de areia fina com draga de sucção e recalque - bomba de 1.350 kW e cortador de 170 kW - distância de recalque de 3.900 a 4.100 m","m³",9.2200000000000006]
[1917498,"Dragagem de areia fina com draga de sucção e recalque - bomba de 1.350 kW e cortador de 170 kW - distância de recalque de 4.100 a 4.300 m","m³",9.5500000000000007]
[1917499,"Dragagem de areia fina com draga de sucção e recalque - bomba de 1.350 kW e cortador de 170 kW - distância de recalque de 4.300 a 4.500 m","m³",9.81]
[1917500,"Dragagem de areia fina com draga de sucção e recalque - bomba de 1.350 kW e cortador de 170 kW - distância de recalque de 4.500 a 4.700 m","m³",10.43]
[1917501,"Dragagem de areia fina com draga de sucção e recalque - bomba de 1.350 kW e cortador de 170 kW - distância de recalque de 4.700 a 4.900 m","m³",10.77]
[1917502,"Dragagem de areia fina com draga de sucção e recalque - bomba de 1.350 kW e cortador de 170 kW - distância de recalque de 4.900 a 5.100 m","m³",11.1]
[1917503,"Dragagem de areia fina com draga de sucção e recalque - bomba de 1.350 kW e cortador de 170 kW - distância de recalque de 5.100 a 5.300 m","m³",11.44]
[1917504,"Dragagem de areia fina com draga de sucção e recalque - bomba de 1.350 kW e cortador de 170 kW - distância de recalque de 5.300 a 5.500 m","m³",11.79]
[1917505,"Dragagem de areia fina com draga de sucção e recalque - bomba de 1.350 kW e cortador de 170 kW - distância de recalque de 5.500 a 5.700 m","m³",12.43]
[1917506,"Dragagem de areia fina com draga de sucção e recalque - bomba de 1.350 kW e cortador de 170 kW - distância de recalque de 5.700 a 5.900 m","m³",12.78]
[1917507,"Dragagem de areia fina com draga de sucção e recalque - bomba de 1.350 kW e cortador de 170 kW - distância de recalque de 5.900 a 6.100 m","m³",13.13]
[1917480,"Dragagem de areia fina com draga de sucção e recalque - bomba de 1.350 kW e cortador de 170 kW - distância de recalque de 500 a 700 m","m³",3.95]
[1917508,"Dragagem de areia fina com draga de sucção e recalque - bomba de 1.350 kW e cortador de 170 kW - distância de recalque de 6.100 a 6.300 m","m³",13.5]
[1917509,"Dragagem de areia fina com draga de sucção e recalque - bomba de 1.350 kW e cortador de 170 kW - distância de recalque de 6.300 a 6.500 m","m³",13.94]
[1917510,"Dragagem de areia fina com draga de sucção e recalque - bomba de 1.350 kW e cortador de 170 kW - distância de recalque de 6.500 a 6.700 m","m³",14.62]
[1917511,"Dragagem de areia fina com draga de sucção e recalque - bomba de 1.350 kW e cortador de 170 kW - distância de recalque de 6.700 a 6.900 m","m³",15.01]
[1917512,"Dragagem de areia fina com draga de sucção e recalque - bomba de 1.350 kW e cortador de 170 kW - distância de recalque de 6.900 a 7.100 m","m³",15.49]
[1917513,"Dragagem de areia fina com draga de sucção e recalque - bomba de 1.350 kW e cortador de 170 kW - distância de recalque de 7.100 a 7.300 m","m³",15.93]
[1917514,"Dragagem de areia fina com draga de sucção e recalque - bomba de 1.350 kW e cortador de 170 kW - distância de recalque de 7.300 a 7.500 m","m³",16.46]
[1917515,"Dragagem de areia fina com draga de sucção e recalque - bomba de 1.350 kW e cortador de 170 kW - distância de recalque de 7.500 a 7.700 m","m³",17.3]
[1917516,"Dragagem de areia fina com draga de sucção e recalque - bomba de 1.350 kW e cortador de 170 kW - distância de recalque de 7.700 a 7.900 m","m³",17.86]
[1917517,"Dragagem de areia fina com draga de sucção e recalque - bomba de 1.350 kW e cortador de 170 kW - distância de recalque de 7.900 a 8.100 m","m³",18.649999999999999]
[1917481,"Dragagem de areia fina com draga de sucção e recalque - bomba de 1.350 kW e cortador de 170 kW - distância de recalque de 700 a 900 m","m³",4.13]
[1917518,"Dragagem de areia fina com draga de sucção e recalque - bomba de 1.350 kW e cortador de 170 kW - distância de recalque de 8.100 a 8.300 m","m³",19.399999999999999]
[1917519,"Dragagem de areia fina com draga de sucção e recalque - bomba de 1.350 kW e cortador de 170 kW - distância de recalque de 8.300 a 8.500 m","m³",20.36]
[1917520,"Dragagem de areia fina com draga de sucção e recalque - bomba de 1.350 kW e cortador de 170 kW - distância de recalque de 8.500 a 8.700 m","m³",21.5]
[1917521,"Dragagem de areia fina com draga de sucção e recalque - bomba de 1.350 kW e cortador de 170 kW - distância de recalque de 8.700 a 8.900 m","m³",22.41]
[1917522,"Dragagem de areia fina com draga de sucção e recalque - bomba de 1.350 kW e cortador de 170 kW - distância de recalque de 8.900 a 9.100 m","m³",23.43]
[1917523,"Dragagem de areia fina com draga de sucção e recalque - bomba de 1.350 kW e cortador de 170 kW - distância de recalque de 9.100 a 9.300 m","m³",24.46]
[1917524,"Dragagem de areia fina com draga de sucção e recalque - bomba de 1.350 kW e cortador de 170 kW - distância de recalque de 9.300 a 9.500 m","m³",25.56]
[1917525,"Dragagem de areia fina com draga de sucção e recalque - bomba de 1.350 kW e cortador de 170 kW - distância de recalque de 9.500 a 9.700 m","m³",26.95]
[1917526,"Dragagem de areia fina com draga de sucção e recalque - bomba de 1.350 kW e cortador de 170 kW - distância de recalque de 9.700 a 9.900 m","m³",27.97]
[1917527,"Dragagem de areia fina com draga de sucção e recalque - bomba de 1.350 kW e cortador de 170 kW - distância de recalque de 9.900 a 10.100 m","m³",28.99]
[1917482,"Dragagem de areia fina com draga de sucção e recalque - bomba de 1.350 kW e cortador de 170 kW - distância de recalque de 900 a 1.100 m","m³",4.3099999999999996]
[1917737,"Dragagem de areia fina com draga de sucção e recalque - bomba de 1.350 kW e cortador de 170 kW - distância de recalque de até 500 m","m³",3.92]
[1917220,"Dragagem de areia fina com draga de sucção e recalque - bomba de 294 kW e cortador de 30 kW - distância de recalque de 1.100 a 1.300 m","m³",6.57]
[1917221,"Dragagem de areia fina com draga de sucção e recalque - bomba de 294 kW e cortador de 30 kW - distância de recalque de 1.300 a 1.500 m","m³",7.03]
[1917222,"Dragagem de areia fina com draga de sucção e recalque - bomba de 294 kW e cortador de 30 kW - distância de recalque de 1.500 a 1.700 m","m³",7.61]
[1917223,"Dragagem de areia fina com draga de sucção e recalque - bomba de 294 kW e cortador de 30 kW - distância de recalque de 1.700 a 1.900 m","m³",7.96]
[1917224,"Dragagem de areia fina com draga de sucção e recalque - bomba de 294 kW e cortador de 30 kW - distância de recalque de 1.900 a 2.100 m","m³",8.34]
[1917225,"Dragagem de areia fina com draga de sucção e recalque - bomba de 294 kW e cortador de 30 kW - distância de recalque de 2.100 a 2.300 m","m³",8.7799999999999994]
[1917226,"Dragagem de areia fina com draga de sucção e recalque - bomba de 294 kW e cortador de 30 kW - distância de recalque de 2.300 a 2.500 m","m³",9.19]
[1917227,"Dragagem de areia fina com draga de sucção e recalque - bomba de 294 kW e cortador de 30 kW - distância de recalque de 2.500 a 2.700 m","m³",9.8000000000000007]
[1917228,"Dragagem de areia fina com draga de sucção e recalque - bomba de 294 kW e cortador de 30 kW - distância de recalque de 2.700 a 2.900 m","m³",10.3]
[1917229,"Dragagem de areia fina com draga de sucção e recalque - bomba de 294 kW e cortador de 30 kW - distância de recalque de 2.900 a 3.100 m","m³",10.73]
[1917230,"Dragagem de areia fina com draga de sucção e recalque - bomba de 294 kW e cortador de 30 kW - distância de recalque de 3.100 a 3.300 m","m³",11.22]
[1917231,"Dragagem de areia fina com draga de sucção e recalque - bomba de 294 kW e cortador de 30 kW - distância de recalque de 3.300 a 3.500 m","m³",11.74]
[1917232,"Dragagem de areia fina com draga de sucção e recalque - bomba de 294 kW e cortador de 30 kW - distância de recalque de 3.500 a 3.700 m","m³",12.44]
[1917233,"Dragagem de areia fina com draga de sucção e recalque - bomba de 294 kW e cortador de 30 kW - distância de recalque de 3.700 a 3.900 m","m³",12.98]
[1917234,"Dragagem de areia fina com draga de sucção e recalque - bomba de 294 kW e cortador de 30 kW - distância de recalque de 3.900 a 4.100 m","m³",13.61]
[1917217,"Dragagem de areia fina com draga de sucção e recalque - bomba de 294 kW e cortador de 30 kW - distância de recalque de 500 a 700 m","m³",5.36]
[1917218,"Dragagem de areia fina com draga de sucção e recalque - bomba de 294 kW e cortador de 30 kW - distância de recalque de 700 a 900 m","m³",5.58]
[1917219,"Dragagem de areia fina com draga de sucção e recalque - bomba de 294 kW e cortador de 30 kW - distância de recalque de 900 a 1.100 m","m³",6.02]
[1917724,"Dragagem de areia fina com draga de sucção e recalque - bomba de 294 kW e cortador de 30 kW - distância de recalque de até 500 m","m³",5.23]
[1917274,"Dragagem de areia fina com draga de sucção e recalque - bomba de 483 kW e cortador de 55 kW - distância de recalque de 1.100 a 1.300 m","m³",4.8600000000000003]
[1917275,"Dragagem de areia fina com draga de sucção e recalque - bomba de 483 kW e cortador de 55 kW - distância de recalque de 1.300 a 1.500 m","m³",5.17]
[1917276,"Dragagem de areia fina com draga de sucção e recalque - bomba de 483 kW e cortador de 55 kW - distância de recalque de 1.500 a 1.700 m","m³",5.72]
[1917277,"Dragagem de areia fina com draga de sucção e recalque - bomba de 483 kW e cortador de 55 kW - distância de recalque de 1.700 a 1.900 m","m³",6.12]
[1917278,"Dragagem de areia fina com draga de sucção e recalque - bomba de 483 kW e cortador de 55 kW - distância de recalque de 1.900 a 2.100 m","m³",6.33]
[1917279,"Dragagem de areia fina com draga de sucção e recalque - bomba de 483 kW e cortador de 55 kW - distância de recalque de 2.100 a 2.300 m","m³",6.74]
[1917280,"Dragagem de areia fina com draga de sucção e recalque - bomba de 483 kW e cortador de 55 kW - distância de recalque de 2.300 a 2.500 m","m³",7.13]
[1917281,"Dragagem de areia fina com draga de sucção e recalque - bomba de 483 kW e cortador de 55 kW - distância de recalque de 2.500 a 2.700 m","m³",7.7]
[1917282,"Dragagem de areia fina com draga de sucção e recalque - bomba de 483 kW e cortador de 55 kW - distância de recalque de 2.700 a 2.900 m","m³",8.09]
[1917283,"Dragagem de areia fina com draga de sucção e recalque - bomba de 483 kW e cortador de 55 kW - distância de recalque de 2.900 a 3.100 m","m³",8.48]
[1917284,"Dragagem de areia fina com draga de sucção e recalque - bomba de 483 kW e cortador de 55 kW - distância de recalque de 3.100 a 3.300 m","m³",8.84]
[1917285,"Dragagem de areia fina com draga de sucção e recalque - bomba de 483 kW e cortador de 55 kW - distância de recalque de 3.300 a 3.500 m","m³",9.25]
[1917286,"Dragagem de areia fina com draga de sucção e recalque - bomba de 483 kW e cortador de 55 kW - distância de recalque de 3.500 a 3.700 m","m³",9.9600000000000009]
[1917287,"Dragagem de areia fina com draga de sucção e recalque - bomba de 483 kW e cortador de 55 kW - distância de recalque de 3.700 a 3.900 m","m³",10.4]
[1917288,"Dragagem de areia fina com draga de sucção e recalque - bomba de 483 kW e cortador de 55 kW - distância de recalque de 3.900 a 4.100 m","m³",10.87]
[1917289,"Dragagem de areia fina com draga de sucção e recalque - bomba de 483 kW e cortador de 55 kW - distância de recalque de 4.100 a 4.300 m","m³",11.38]
[1917290,"Dragagem de areia fina com draga de sucção e recalque - bomba de 483 kW e cortador de 55 kW - distância de recalque de 4.300 a 4.500 m","m³",11.92]
[1917291,"Dragagem de areia fina com draga de sucção e recalque - bomba de 483 kW e cortador de 55 kW - distância de recalque de 4.500 a 4.700 m","m³",12.7]
[1917292,"Dragagem de areia fina com draga de sucção e recalque - bomba de 483 kW e cortador de 55 kW - distância de recalque de 4.700 a 4.900 m","m³",13.29]
[1917293,"Dragagem de areia fina com draga de sucção e recalque - bomba de 483 kW e cortador de 55 kW - distância de recalque de 4.900 a 5.100 m","m³",13.9]
[1917294,"Dragagem de areia fina com draga de sucção e recalque - bomba de 483 kW e cortador de 55 kW - distância de recalque de 5.100 a 5.300 m","m³",14.71]
[1917295,"Dragagem de areia fina com draga de sucção e recalque - bomba de 483 kW e cortador de 55 kW - distância de recalque de 5.300 a 5.500 m","m³",15.51]
[1917296,"Dragagem de areia fina com draga de sucção e recalque - bomba de 483 kW e cortador de 55 kW - distância de recalque de 5.500 a 5.700 m","m³",16.649999999999999]
[1917297,"Dragagem de areia fina com draga de sucção e recalque - bomba de 483 kW e cortador de 55 kW - distância de recalque de 5.700 a 5.900 m","m³",17.690000000000001]
[1917298,"Dragagem de areia fina com draga de sucção e recalque - bomba de 483 kW e cortador de 55 kW - distância de recalque de 5.900 a 6.100 m","m³",18.809999999999999]
[1917271,"Dragagem de areia fina com draga de sucção e recalque - bomba de 483 kW e cortador de 55 kW - distância de recalque de 500 a 700 m","m³",4.08]
[1917299,"Dragagem de areia fina com draga de sucção e recalque - bomba de 483 kW e cortador de 55 kW - distância de recalque de 6.100 a 6.300 m","m³",20.149999999999999]
[1917300,"Dragagem de areia fina com draga de sucção e recalque - bomba de 483 kW e cortador de 55 kW - distância de recalque de 6.300 a 6.500 m","m³",21.61]
[1917301,"Dragagem de areia fina com draga de sucção e recalque - bomba de 483 kW e cortador de 55 kW - distância de recalque de 6.500 a 6.700 m","m³",23.56]
[1917302,"Dragagem de areia fina com draga de sucção e recalque - bomba de 483 kW e cortador de 55 kW - distância de recalque de 6.700 a 6.900 m","m³",25.41]
[1917303,"Dragagem de areia fina com draga de sucção e recalque - bomba de 483 kW e cortador de 55 kW - distância de recalque de 6.900 a 7.100 m","m³",27.14]
[1917304,"Dragagem de areia fina com draga de sucção e recalque - bomba de 483 kW e cortador de 55 kW - distância de recalque de 7.100 a 7.300 m","m³",28.84]
[1917305,"Dragagem de areia fina com draga de sucção e recalque - bomba de 483 kW e cortador de 55 kW - distância de recalque de 7.300 a 7.500 m","m³",30.73]
[1917306,"Dragagem de areia fina com draga de sucção e recalque - bomba de 483 kW e cortador de 55 kW - distância de recalque de 7.500 a 7.700 m","m³",33.049999999999997]
[1917307,"Dragagem de areia fina com draga de sucção e recalque - bomba de 483 kW e cortador de 55 kW - distância de recalque de 7.700 a 7.900 m","m³",34.78]
[1917272,"Dragagem de areia fina com draga de sucção e recalque - bomba de 483 kW e cortador de 55 kW - distância de recalque de 700 a 900 m","m³",4.29]
[1917273,"Dragagem de areia fina com draga de sucção e recalque - bomba de 483 kW e cortador de 55 kW - distância de recalque de 900 a 1.100 m","m³",4.51]
[1917729,"Dragagem de areia fina com draga de sucção e recalque - bomba de 483 kW e cortador de 55 kW - distância de recalque de até 500 m","m³",4.0199999999999996]
[1917367,"Dragagem de areia fina com draga de sucção e recalque - bomba de 746 kW e cortador de 110 kW - distância de recalque de 1.100 a 1.300 m","m³",4.54]
[1917368,"Dragagem de areia fina com draga de sucção e recalque - bomba de 746 kW e cortador de 110 kW - distância de recalque de 1.300 a 1.500 m","m³",4.8600000000000003]
[1917369,"Dragagem de areia fina com draga de sucção e recalque - bomba de 746 kW e cortador de 110 kW - distância de recalque de 1.500 a 1.700 m","m³",5.35]
[1917370,"Dragagem de areia fina com draga de sucção e recalque - bomba de 746 kW e cortador de 110 kW - distância de recalque de 1.700 a 1.900 m","m³",5.64]
[1917371,"Dragagem de areia fina com draga de sucção e recalque - bomba de 746 kW e cortador de 110 kW - distância de recalque de 1.900 a 2.100 m","m³",5.92]
[1917372,"Dragagem de areia fina com draga de sucção e recalque - bomba de 746 kW e cortador de 110 kW - distância de recalque de 2.100 a 2.300 m","m³",6.2]
[1917373,"Dragagem de areia fina com draga de sucção e recalque - bomba de 746 kW e cortador de 110 kW - distância de recalque de 2.300 a 2.500 m","m³",6.42]
[1917374,"Dragagem de areia fina com draga de sucção e recalque - bomba de 746 kW e cortador de 110 kW - distância de recalque de 2.500 a 2.700 m","m³",6.97]
[1917375,"Dragagem de areia fina com draga de sucção e recalque - bomba de 746 kW e cortador de 110 kW - distância de recalque de 2.700 a 2.900 m","m³",7.23]
[1917376,"Dragagem de areia fina com draga de sucção e recalque - bomba de 746 kW e cortador de 110 kW - distância de recalque de 2.900 a 3.100 m","m³",7.49]
[1917377,"Dragagem de areia fina com draga de sucção e recalque - bomba de 746 kW e cortador de 110 kW - distância de recalque de 3.100 a 3.300 m","m³",7.76]
[1917378,"Dragagem de areia fina com draga de sucção e recalque - bomba de 746 kW e cortador de 110 kW - distância de recalque de 3.300 a 3.500 m","m³",8.0299999999999994]
[1917379,"Dragagem de areia fina com draga de sucção e recalque - bomba de 746 kW e cortador de 110 kW - distância de recalque de 3.500 a 3.700 m","m³",8.6]
[1917380,"Dragagem de areia fina com draga de sucção e recalque - bomba de 746 kW e cortador de 110 kW - distância de recalque de 3.700 a 3.900 m","m³",8.93]
[1917381,"Dragagem de areia fina com draga de sucção e recalque - bomba de 746 kW e cortador de 110 kW - distância de recalque de 3.900 a 4.100 m","m³",9.26]
[1917382,"Dragagem de areia fina com draga de sucção e recalque - bomba de 746 kW e cortador de 110 kW - distância de recalque de 4.100 a 4.300 m","m³",9.68]
[1917383,"Dragagem de areia fina com draga de sucção e recalque - bomba de 746 kW e cortador de 110 kW - distância de recalque de 4.300 a 4.500 m","m³",10.039999999999999]
[1917384,"Dragagem de areia fina com draga de sucção e recalque - bomba de 746 kW e cortador de 110 kW - distância de recalque de 4.500 a 4.700 m","m³",10.67]
[1917385,"Dragagem de areia fina com draga de sucção e recalque - bomba de 746 kW e cortador de 110 kW - distância de recalque de 4.700 a 4.900 m","m³",11.13]
[1917386,"Dragagem de areia fina com draga de sucção e recalque - bomba de 746 kW e cortador de 110 kW - distância de recalque de 4.900 a 5.100 m","m³",11.6]
[1917387,"Dragagem de areia fina com draga de sucção e recalque - bomba de 746 kW e cortador de 110 kW - distância de recalque de 5.100 a 5.300 m","m³",12.1]
[1917388,"Dragagem de areia fina com draga de sucção e recalque - bomba de 746 kW e cortador de 110 kW - distância de recalque de 5.300 a 5.500 m","m³",12.61]
[1917389,"Dragagem de areia fina com draga de sucção e recalque - bomba de 746 kW e cortador de 110 kW - distância de recalque de 5.500 a 5.700 m","m³",13.41]
[1917390,"Dragagem de areia fina com draga de sucção e recalque - bomba de 746 kW e cortador de 110 kW - distância de recalque de 5.700 a 5.900 m","m³",14.12]
[1917391,"Dragagem de areia fina com draga de sucção e recalque - bomba de 746 kW e cortador de 110 kW - distância de recalque de 5.900 a 6.100 m","m³",14.87]
[1917364,"Dragagem de areia fina com draga de sucção e recalque - bomba de 746 kW e cortador de 110 kW - distância de recalque de 500 a 700 m","m³",3.62]
[1917392,"Dragagem de areia fina com draga de sucção e recalque - bomba de 746 kW e cortador de 110 kW - distância de recalque de 6.100 a 6.300 m","m³",15.81]
[1917393,"Dragagem de areia fina com draga de sucção e recalque - bomba de 746 kW e cortador de 110 kW - distância de recalque de 6.300 a 6.500 m","m³",16.809999999999999]
[1917394,"Dragagem de areia fina com draga de sucção e recalque - bomba de 746 kW e cortador de 110 kW - distância de recalque de 6.500 a 6.700 m","m³",18.22]
[1917395,"Dragagem de areia fina com draga de sucção e recalque - bomba de 746 kW e cortador de 110 kW - distância de recalque de 6.700 a 6.900 m","m³",19.2]
[1917396,"Dragagem de areia fina com draga de sucção e recalque - bomba de 746 kW e cortador de 110 kW - distância de recalque de 6.900 a 7.100 m","m³",20.329999999999998]
[1917397,"Dragagem de areia fina com draga de sucção e recalque - bomba de 746 kW e cortador de 110 kW - distância de recalque de 7.100 a 7.300 m","m³",21.62]
[1917398,"Dragagem de areia fina com draga de sucção e recalque - bomba de 746 kW e cortador de 110 kW - distância de recalque de 7.300 a 7.500 m","m³",22.76]
[1917399,"Dragagem de areia fina com draga de sucção e recalque - bomba de 746 kW e cortador de 110 kW - distância de recalque de 7.500 a 7.700 m","m³",24.38]
[1917400,"Dragagem de areia fina com draga de sucção e recalque - bomba de 746 kW e cortador de 110 kW - distância de recalque de 7.700 a 7.900 m","m³",25.85]
[1917401,"Dragagem de areia fina com draga de sucção e recalque - bomba de 746 kW e cortador de 110 kW - distância de recalque de 7.900 a 8.100 m","m³",27.17]
[1917365,"Dragagem de areia fina com draga de sucção e recalque - bomba de 746 kW e cortador de 110 kW - distância de recalque de 700 a 900 m","m³",3.98]
[1917402,"Dragagem de areia fina com draga de sucção e recalque - bomba de 746 kW e cortador de 110 kW - distância de recalque de 8.100 a 8.300 m","m³",28.74]
[1917403,"Dragagem de areia fina com draga de sucção e recalque - bomba de 746 kW e cortador de 110 kW - distância de recalque de 8.300 a 8.500 m","m³",30.49]
[1917404,"Dragagem de areia fina com draga de sucção e recalque - bomba de 746 kW e cortador de 110 kW - distância de recalque de 8.500 a 8.700 m","m³",32.299999999999997]
[1917405,"Dragagem de areia fina com draga de sucção e recalque - bomba de 746 kW e cortador de 110 kW - distância de recalque de 8.700 a 8.900 m","m³",34.020000000000003]
[1917406,"Dragagem de areia fina com draga de sucção e recalque - bomba de 746 kW e cortador de 110 kW - distância de recalque de 8.900 a 9.100 m","m³",35.93]
[1917407,"Dragagem de areia fina com draga de sucção e recalque - bomba de 746 kW e cortador de 110 kW - distância de recalque de 9.100 a 9.300 m","m³",38.119999999999997]
[1917408,"Dragagem de areia fina com draga de sucção e recalque - bomba de 746 kW e cortador de 110 kW - distância de recalque de 9.300 a 9.500 m","m³",40.54]
[1917409,"Dragagem de areia fina com draga de sucção e recalque - bomba de 746 kW e cortador de 110 kW - distância de recalque de 9.500 a 9.700 m","m³",42.5]
[1917410,"Dragagem de areia fina com draga de sucção e recalque - bomba de 746 kW e cortador de 110 kW - distância de recalque de 9.700 a 9.900 m","m³",44.27]
[1917411,"Dragagem de areia fina com draga de sucção e recalque - bomba de 746 kW e cortador de 110 kW - distância de recalque de 9.900 a 10.100 m","m³",46.26]
[1917366,"Dragagem de areia fina com draga de sucção e recalque - bomba de 746 kW e cortador de 110 kW - distância de recalque de 900 a 1.100 m","m³",4.22]
[1917732,"Dragagem de areia fina com draga de sucção e recalque - bomba de 746 kW e cortador de 110 kW - distância de recalque de até 500 m","m³",3.39]
[1917043,"Dragagem de areia fina com draga hopper - capacidade da cisterna de 1.000 m³ - DMT de 1.500 a 1.800 m","m³",12.25]
[1917044,"Dragagem de areia fina com draga hopper - capacidade da cisterna de 1.000 m³ - DMT de 1.800 a 2.100 m","m³",12.46]
[1917045,"Dragagem de areia fina com draga hopper - capacidade da cisterna de 1.000 m³ - DMT de 2.100 a 2.400 m","m³",12.68]
[1917046,"Dragagem de areia fina com draga hopper - capacidade da cisterna de 1.000 m³ - DMT de 2.400 a 2.700 m","m³",12.91]
[1917047,"Dragagem de areia fina com draga hopper - capacidade da cisterna de 1.000 m³ - DMT de 2.700 a 3.000 m","m³",13.15]
[1917048,"Dragagem de areia fina com draga hopper - capacidade da cisterna de 1.000 m³ - DMT de 3.000 m","m³",13.28]
[1901518,"Dragagem de areia fina com draga hopper - capacidade da cisterna de 10.000 m³ - DMT de 1.500 a 1.800 m","m³",8.32]
[1901519,"Dragagem de areia fina com draga hopper - capacidade da cisterna de 10.000 m³ - DMT de 1.800 a 2.100 m","m³",8.3800000000000008]
[1901520,"Dragagem de areia fina com draga hopper - capacidade da cisterna de 10.000 m³ - DMT de 2.100 a 2.400 m","m³",8.4499999999999993]
[1901521,"Dragagem de areia fina com draga hopper - capacidade da cisterna de 10.000 m³ - DMT de 2.400 a 2.700 m","m³",8.51]
[1901522,"Dragagem de areia fina com draga hopper - capacidade da cisterna de 10.000 m³ - DMT de 2.700 a 3.000 m","m³",8.59]
[1901517,"Dragagem de areia fina com draga hopper - capacidade da cisterna de 10.000 m³ - DMT de 3.000 m","m³",8.6300000000000008]
[1901523,"Dragagem de areia fina com draga hopper - capacidade da cisterna de 15.000 m³ - DMT de 1.500 a 1.800 m","m³",11.06]
[1901524,"Dragagem de areia fina com draga hopper - capacidade da cisterna de 15.000 m³ - DMT de 1.800 a 2.100 m","m³",11.12]
[1901525,"Dragagem de areia fina com draga hopper - capacidade da cisterna de 15.000 m³ - DMT de 2.100 a 2.400 m","m³",11.18]
[1901526,"Dragagem de areia fina com draga hopper - capacidade da cisterna de 15.000 m³ - DMT de 2.400 a 2.700 m","m³",11.24]
[1901527,"Dragagem de areia fina com draga hopper - capacidade da cisterna de 15.000 m³ - DMT de 2.700 a 3.000 m","m³",11.31]
[1901528,"Dragagem de areia fina com draga hopper - capacidade da cisterna de 15.000 m³ - DMT de 3.000 m","m³",11.35]
[1917079,"Dragagem de areia fina com draga hopper - capacidade da cisterna de 2.000 m³ - DMT de 1.500 a 1.800 m","m³",8.68]
[1917080,"Dragagem de areia fina com draga hopper - capacidade da cisterna de 2.000 m³ - DMT de 1.800 a 2.100 m","m³",8.81]
[1917081,"Dragagem de areia fina com draga hopper - capacidade da cisterna de 2.000 m³ - DMT de 2.100 a 2.400 m","m³",8.9499999999999993]
[1917082,"Dragagem de areia fina com draga hopper - capacidade da cisterna de 2.000 m³ - DMT de 2.400 a 2.700 m","m³",9.09]
[1917083,"Dragagem de areia fina com draga hopper - capacidade da cisterna de 2.000 m³ - DMT de 2.700 a 3.000 m","m³",9.24]
[1917084,"Dragagem de areia fina com draga hopper - capacidade da cisterna de 2.000 m³ - DMT de 3.000 m","m³",9.32]
[1901529,"Dragagem de areia fina com draga hopper - capacidade da cisterna de 20.000 m³ - DMT de 1.500 a 1.800 m","m³",13.86]
[1901530,"Dragagem de areia fina com draga hopper - capacidade da cisterna de 20.000 m³ - DMT de 1.800 a 2.100 m","m³",13.92]
[1901531,"Dragagem de areia fina com draga hopper - capacidade da cisterna de 20.000 m³ - DMT de 2.100 a 2.400 m","m³",13.98]
[1901532,"Dragagem de areia fina com draga hopper - capacidade da cisterna de 20.000 m³ - DMT de 2.400 a 2.700 m","m³",14.04]
[1901533,"Dragagem de areia fina com draga hopper - capacidade da cisterna de 20.000 m³ - DMT de 2.700 a 3.000 m","m³",14.11]
[1901534,"Dragagem de areia fina com draga hopper - capacidade da cisterna de 20.000 m³ - DMT de 3.000 m","m³",14.14]
[1917115,"Dragagem de areia fina com draga hopper - capacidade da cisterna de 3.000 m³ - DMT de 1.500 a 1.800 m","m³",8.34]
[1917116,"Dragagem de areia fina com draga hopper - capacidade da cisterna de 3.000 m³ - DMT de 1.800 a 2.100 m","m³",8.4499999999999993]
[1917117,"Dragagem de areia fina com draga hopper - capacidade da cisterna de 3.000 m³ - DMT de 2.100 a 2.400 m","m³",8.56]
[1917118,"Dragagem de areia fina com draga hopper - capacidade da cisterna de 3.000 m³ - DMT de 2.400 a 2.700 m","m³",8.68]
[1917119,"Dragagem de areia fina com draga hopper - capacidade da cisterna de 3.000 m³ - DMT de 2.700 a 3.000 m","m³",8.8000000000000007]
[1917120,"Dragagem de areia fina com draga hopper - capacidade da cisterna de 3.000 m³ - DMT de 3.000 m","m³",8.8699999999999992]
[1917151,"Dragagem de areia fina com draga hopper - capacidade da cisterna de 4.000 m³ - DMT de 1.500 a 1.800 m","m³",7.96]
[1917152,"Dragagem de areia fina com draga hopper - capacidade da cisterna de 4.000 m³ - DMT de 1.800 a 2.100 m","m³",8.06]
[1917153,"Dragagem de areia fina com draga hopper - capacidade da cisterna de 4.000 m³ - DMT de 2.100 a 2.400 m","m³",8.16]
[1917154,"Dragagem de areia fina com draga hopper - capacidade da cisterna de 4.000 m³ - DMT de 2.400 a 2.700 m","m³",8.26]
[1917155,"Dragagem de areia fina com draga hopper - capacidade da cisterna de 4.000 m³ - DMT de 2.700 a 3.000 m","m³",8.3699999999999992]
[1917156,"Dragagem de areia fina com draga hopper - capacidade da cisterna de 4.000 m³ - DMT de 3.000 m","m³",8.43]
[1917187,"Dragagem de areia fina com draga hopper - capacidade da cisterna de 5.000 m³ - DMT de 1.500 a 1.800 m","m³",8.8699999999999992]
[1917188,"Dragagem de areia fina com draga hopper - capacidade da cisterna de 5.000 m³ - DMT de 1.800 a 2.100 m","m³",8.9499999999999993]
[1917189,"Dragagem de areia fina com draga hopper - capacidade da cisterna de 5.000 m³ - DMT de 2.100 a 2.400 m","m³",9.0399999999999991]
[1917190,"Dragagem de areia fina com draga hopper - capacidade da cisterna de 5.000 m³ - DMT de 2.400 a 2.700 m","m³",9.1300000000000008]
[1917191,"Dragagem de areia fina com draga hopper - capacidade da cisterna de 5.000 m³ - DMT de 2.700 a 3.000 m","m³",9.23]
[1917192,"Dragagem de areia fina com draga hopper - capacidade da cisterna de 5.000 m³ - DMT de 3.000 m","m³",9.2799999999999994]
[1917007,"Dragagem de areia fina com draga hopper - capacidade da cisterna de 750 m³ - DMT de 1.500 a 1.800 m","m³",16.63]
[1917008,"Dragagem de areia fina com draga hopper - capacidade da cisterna de 750 m³ - DMT de 1.800 a 2.100 m","m³",16.940000000000001]
[1917009,"Dragagem de areia fina com draga hopper - capacidade da cisterna de 750 m³ - DMT de 2.100 a 2.400 m","m³",17.25]
[1917010,"Dragagem de areia fina com draga hopper - capacidade da cisterna de 750 m³ - DMT de 2.400 a 2.700 m","m³",17.579999999999998]
[1917011,"Dragagem de areia fina com draga hopper - capacidade da cisterna de 750 m³ - DMT de 2.700 a 3.000 m","m³",17.920000000000002]
[1917012,"Dragagem de areia fina com draga hopper - capacidade da cisterna de 750 m³ - DMT de 3.000 m","m³",18.11]
[1917578,"Dragagem de areia grossa com draga de sucção e recalque - bomba de 1.350 kW e cortador de 170 kW - distância de recalque de 1.100 a 1.300 m","m³",6.45]
[1917579,"Dragagem de areia grossa com draga de sucção e recalque - bomba de 1.350 kW e cortador de 170 kW - distância de recalque de 1.300 a 1.500 m","m³",6.92]
[1917580,"Dragagem de areia grossa com draga de sucção e recalque - bomba de 1.350 kW e cortador de 170 kW - distância de recalque de 1.500 a 1.700 m","m³",7.3]
[1917581,"Dragagem de areia grossa com draga de sucção e recalque - bomba de 1.350 kW e cortador de 170 kW - distância de recalque de 1.700 a 1.900 m","m³",7.75]
[1917582,"Dragagem de areia grossa com draga de sucção e recalque - bomba de 1.350 kW e cortador de 170 kW - distância de recalque de 1.900 a 2.100 m","m³",8.41]
[1917583,"Dragagem de areia grossa com draga de sucção e recalque - bomba de 1.350 kW e cortador de 170 kW - distância de recalque de 2.100 a 2.300 m","m³",8.91]
[1917584,"Dragagem de areia grossa com draga de sucção e recalque - bomba de 1.350 kW e cortador de 170 kW - distância de recalque de 2.300 a 2.500 m","m³",9.34]
[1917585,"Dragagem de areia grossa com draga de sucção e recalque - bomba de 1.350 kW e cortador de 170 kW - distância de recalque de 2.500 a 2.700 m","m³",9.9700000000000006]
[1917586,"Dragagem de areia grossa com draga de sucção e recalque - bomba de 1.350 kW e cortador de 170 kW - distância de recalque de 2.700 a 2.900 m","m³",10.93]
[1917587,"Dragagem de areia grossa com draga de sucção e recalque - bomba de 1.350 kW e cortador de 170 kW - distância de recalque de 2.900 a 3.100 m","m³",11.64]
[1917588,"Dragagem de areia grossa com draga de sucção e recalque - bomba de 1.350 kW e cortador de 170 kW - distância de recalque de 3.100 a 3.300 m","m³",12.43]
[1917589,"Dragagem de areia grossa com draga de sucção e recalque - bomba de 1.350 kW e cortador de 170 kW - distância de recalque de 3.300 a 3.500 m","m³",13.99]
[1917590,"Dragagem de areia grossa com draga de sucção e recalque - bomba de 1.350 kW e cortador de 170 kW - distância de recalque de 3.500 a 3.700 m","m³",16.190000000000001]
[1917591,"Dragagem de areia grossa com draga de sucção e recalque - bomba de 1.350 kW e cortador de 170 kW - distância de recalque de 3.700 a 3.900 m","m³",18.13]
[1917592,"Dragagem de areia grossa com draga de sucção e recalque - bomba de 1.350 kW e cortador de 170 kW - distância de recalque de 3.900 a 4.100 m","m³",20.6]
[1917593,"Dragagem de areia grossa com draga de sucção e recalque - bomba de 1.350 kW e cortador de 170 kW - distância de recalque de 4.100 a 4.300 m","m³",23.15]
[1917594,"Dragagem de areia grossa com draga de sucção e recalque - bomba de 1.350 kW e cortador de 170 kW - distância de recalque de 4.300 a 4.500 m","m³",26.29]
[1917595,"Dragagem de areia grossa com draga de sucção e recalque - bomba de 1.350 kW e cortador de 170 kW - distância de recalque de 4.500 a 4.700 m","m³",29.61]
[1917596,"Dragagem de areia grossa com draga de sucção e recalque - bomba de 1.350 kW e cortador de 170 kW - distância de recalque de 4.700 a 4.900 m","m³",32.64]
[1917597,"Dragagem de areia grossa com draga de sucção e recalque - bomba de 1.350 kW e cortador de 170 kW - distância de recalque de 4.900 a 5.100 m","m³",36.81]
[1917598,"Dragagem de areia grossa com draga de sucção e recalque - bomba de 1.350 kW e cortador de 170 kW - distância de recalque de 5.100 a 5.300 m","m³",40.68]
[1917599,"Dragagem de areia grossa com draga de sucção e recalque - bomba de 1.350 kW e cortador de 170 kW - distância de recalque de 5.300 a 5.500 m","m³",45.07]
[1917600,"Dragagem de areia grossa com draga de sucção e recalque - bomba de 1.350 kW e cortador de 170 kW - distância de recalque de 5.500 a 5.700 m","m³",50.69]
[1917601,"Dragagem de areia grossa com draga de sucção e recalque - bomba de 1.350 kW e cortador de 170 kW - distância de recalque de 5.700 a 5.900 m","m³",53.26]
[1917575,"Dragagem de areia grossa com draga de sucção e recalque - bomba de 1.350 kW e cortador de 170 kW - distância de recalque de 500 a 700 m","m³",4.97]
[1917576,"Dragagem de areia grossa com draga de sucção e recalque - bomba de 1.350 kW e cortador de 170 kW - distância de recalque de 700 a 900 m","m³",5.33]
[1917577,"Dragagem de areia grossa com draga de sucção e recalque - bomba de 1.350 kW e cortador de 170 kW - distância de recalque de 900 a 1.100 m","m³",5.78]
[1917739,"Dragagem de areia grossa com draga de sucção e recalque - bomba de 1.350 kW e cortador de 170 kW - distância de recalque de até 500 m","m³",4.8899999999999997]
[1917253,"Dragagem de areia grossa com draga de sucção e recalque - bomba de 294 kW e cortador de 30 kW - distância de recalque de 1.100 a 1.300 m","m³",7.86]
[1917254,"Dragagem de areia grossa com draga de sucção e recalque - bomba de 294 kW e cortador de 30 kW - distância de recalque de 1.300 a 1.500 m","m³",8.42]
[1917255,"Dragagem de areia grossa com draga de sucção e recalque - bomba de 294 kW e cortador de 30 kW - distância de recalque de 1.500 a 1.700 m","m³",9.14]
[1917256,"Dragagem de areia grossa com draga de sucção e recalque - bomba de 294 kW e cortador de 30 kW - distância de recalque de 1.700 a 1.900 m","m³",9.89]
[1917257,"Dragagem de areia grossa com draga de sucção e recalque - bomba de 294 kW e cortador de 30 kW - distância de recalque de 1.900 a 2.100 m","m³",10.92]
[1917258,"Dragagem de areia grossa com draga de sucção e recalque - bomba de 294 kW e cortador de 30 kW - distância de recalque de 2.100 a 2.300 m","m³",11.96]
[1917259,"Dragagem de areia grossa com draga de sucção e recalque - bomba de 294 kW e cortador de 30 kW - distância de recalque de 2.300 a 2.500 m","m³",14.91]
[1917250,"Dragagem de areia grossa com draga de sucção e recalque - bomba de 294 kW e cortador de 30 kW - distância de recalque de 500 a 700 m","m³",5.88]
[1917251,"Dragagem de areia grossa com draga de sucção e recalque - bomba de 294 kW e cortador de 30 kW - distância de recalque de 700 a 900 m","m³",6.23]
[1917252,"Dragagem de areia grossa com draga de sucção e recalque - bomba de 294 kW e cortador de 30 kW - distância de recalque de 900 a 1.100 m","m³",6.97]
[1917726,"Dragagem de areia grossa com draga de sucção e recalque - bomba de 294 kW e cortador de 30 kW - distância de recalque de até 500 m","m³",5.74]
[1917335,"Dragagem de areia grossa com draga de sucção e recalque - bomba de 483 kW e cortador de 55 kW - distância de recalque de 1.100 a 1.300 m","m³",5.78]
[1917336,"Dragagem de areia grossa com draga de sucção e recalque - bomba de 483 kW e cortador de 55 kW - distância de recalque de 1.300 a 1.500 m","m³",6.6]
[1917337,"Dragagem de areia grossa com draga de sucção e recalque - bomba de 483 kW e cortador de 55 kW - distância de recalque de 1.500 a 1.700 m","m³",7.2]
[1917338,"Dragagem de areia grossa com draga de sucção e recalque - bomba de 483 kW e cortador de 55 kW - distância de recalque de 1.700 a 1.900 m","m³",7.96]
[1917339,"Dragagem de areia grossa com draga de sucção e recalque - bomba de 483 kW e cortador de 55 kW - distância de recalque de 1.900 a 2.100 m","m³",8.89]
[1917340,"Dragagem de areia grossa com draga de sucção e recalque - bomba de 483 kW e cortador de 55 kW - distância de recalque de 2.100 a 2.300 m","m³",10.34]
[1917341,"Dragagem de areia grossa com draga de sucção e recalque - bomba de 483 kW e cortador de 55 kW - distância de recalque de 2.300 a 2.500 m","m³",13.16]
[1917342,"Dragagem de areia grossa com draga de sucção e recalque - bomba de 483 kW e cortador de 55 kW - distância de recalque de 2.500 a 2.700 m","m³",16.34]
[1917343,"Dragagem de areia grossa com draga de sucção e recalque - bomba de 483 kW e cortador de 55 kW - distância de recalque de 2.700 a 2.900 m","m³",20.399999999999999]
[1917344,"Dragagem de areia grossa com draga de sucção e recalque - bomba de 483 kW e cortador de 55 kW - distância de recalque de 2.900 a 3.100 m","m³",24.69]
[1917345,"Dragagem de areia grossa com draga de sucção e recalque - bomba de 483 kW e cortador de 55 kW - distância de recalque de 3.100 a 3.300 m","m³",30.74]
[1917346,"Dragagem de areia grossa com draga de sucção e recalque - bomba de 483 kW e cortador de 55 kW - distância de recalque de 3.300 a 3.500 m","m³",36.69]
[1917347,"Dragagem de areia grossa com draga de sucção e recalque - bomba de 483 kW e cortador de 55 kW - distância de recalque de 3.500 a 3.700 m","m³",48.54]
[1917332,"Dragagem de areia grossa com draga de sucção e recalque - bomba de 483 kW e cortador de 55 kW - distância de recalque de 500 a 700 m","m³",4.71]
[1917333,"Dragagem de areia grossa com draga de sucção e recalque - bomba de 483 kW e cortador de 55 kW - distância de recalque de 700 a 900 m","m³",5.03]
[1917334,"Dragagem de areia grossa com draga de sucção e recalque - bomba de 483 kW e cortador de 55 kW - distância de recalque de 900 a 1.100 m","m³",5.35]
[1917331,"Dragagem de areia grossa com draga de sucção e recalque - bomba de 483 kW e cortador de 55 kW - distância de recalque de até 500 m","m³",4.29]
[1917443,"Dragagem de areia grossa com draga de sucção e recalque - bomba de 746 kW e cortador de 110 kW - distância de recalque de 1.100 a 1.300 m","m³",6.39]
[1917444,"Dragagem de areia grossa com draga de sucção e recalque - bomba de 746 kW e cortador de 110 kW - distância de recalque de 1.300 a 1.500 m","m³",6.91]
[1917445,"Dragagem de areia grossa com draga de sucção e recalque - bomba de 746 kW e cortador de 110 kW - distância de recalque de 1.500 a 1.700 m","m³",7.49]
[1917446,"Dragagem de areia grossa com draga de sucção e recalque - bomba de 746 kW e cortador de 110 kW - distância de recalque de 1.700 a 1.900 m","m³",8.08]
[1917447,"Dragagem de areia grossa com draga de sucção e recalque - bomba de 746 kW e cortador de 110 kW - distância de recalque de 1.900 a 2.100 m","m³",9]
[1917448,"Dragagem de areia grossa com draga de sucção e recalque - bomba de 746 kW e cortador de 110 kW - distância de recalque de 2.100 a 2.300 m","m³",9.76]
[1917449,"Dragagem de areia grossa com draga de sucção e recalque - bomba de 746 kW e cortador de 110 kW - distância de recalque de 2.300 a 2.500 m","m³",10.76]
[1917450,"Dragagem de areia grossa com draga de sucção e recalque - bomba de 746 kW e cortador de 110 kW - distância de recalque de 2.500 a 2.700 m","m³",11.95]
[1917451,"Dragagem de areia grossa com draga de sucção e recalque - bomba de 746 kW e cortador de 110 kW - distância de recalque de 2.700 a 2.900 m","m³",14.61]
[1917452,"Dragagem de areia grossa com draga de sucção e recalque - bomba de 746 kW e cortador de 110 kW - distância de recalque de 2.900 a 3.100 m","m³",17.190000000000001]
[1917453,"Dragagem de areia grossa com draga de sucção e recalque - bomba de 746 kW e cortador de 110 kW - distância de recalque de 3.100 a 3.300 m","m³",20.3]
[1917454,"Dragagem de areia grossa com draga de sucção e recalque - bomba de 746 kW e cortador de 110 kW - distância de recalque de 3.300 a 3.500 m","m³",23.72]
[1917455,"Dragagem de areia grossa com draga de sucção e recalque - bomba de 746 kW e cortador de 110 kW - distância de recalque de 3.500 a 3.700 m","m³",28.13]
[1917456,"Dragagem de areia grossa com draga de sucção e recalque - bomba de 746 kW e cortador de 110 kW - distância de recalque de 3.700 a 3.900 m","m³",32.86]
[1917457,"Dragagem de areia grossa com draga de sucção e recalque - bomba de 746 kW e cortador de 110 kW - distância de recalque de 3.900 a 4.100 m","m³",37.11]
[1917458,"Dragagem de areia grossa com draga de sucção e recalque - bomba de 746 kW e cortador de 110 kW - distância de recalque de 4.100 a 4.300 m","m³",42.75]
[1917459,"Dragagem de areia grossa com draga de sucção e recalque - bomba de 746 kW e cortador de 110 kW - distância de recalque de 4.300 a 4.500 m","m³",45.06]
[1917440,"Dragagem de areia grossa com draga de sucção e recalque - bomba de 746 kW e cortador de 110 kW - distância de recalque de 500 a 700 m","m³",4.42]
[1917441,"Dragagem de areia grossa com draga de sucção e recalque - bomba de 746 kW e cortador de 110 kW - distância de recalque de 700 a 900 m","m³",5]
[1917442,"Dragagem de areia grossa com draga de sucção e recalque - bomba de 746 kW e cortador de 110 kW - distância de recalque de 900 a 1.100 m","m³",5.58]
[1917734,"Dragagem de areia grossa com draga de sucção e recalque - bomba de 746 kW e cortador de 110 kW - distância de recalque de até 500 m","m³",4.0999999999999996]
[1917055,"Dragagem de areia grossa com draga hopper - capacidade da cisterna de 1.000 m³ - DMT de 1.500 a 1.800 m","m³",11.16]
[1917056,"Dragagem de areia grossa com draga hopper - capacidade da cisterna de 1.000 m³ - DMT de 1.800 a 2.100 m","m³",11.37]
[1917057,"Dragagem de areia grossa com draga hopper - capacidade da cisterna de 1.000 m³ - DMT de 2.100 a 2.400 m","m³",11.58]
[1917058,"Dragagem de areia grossa com draga hopper - capacidade da cisterna de 1.000 m³ - DMT de 2.400 a 2.700 m","m³",11.81]
[1917059,"Dragagem de areia grossa com draga hopper - capacidade da cisterna de 1.000 m³ - DMT de 2.700 a 3.000 m","m³",12.04]
[1917060,"Dragagem de areia grossa com draga hopper - capacidade da cisterna de 1.000 m³ - DMT de 3.000 m","m³",12.17]
[1901536,"Dragagem de areia grossa com draga hopper - capacidade da cisterna de 10.000 m³ - DMT de 1.500 a 1.800 m","m³",7.47]
[1901537,"Dragagem de areia grossa com draga hopper - capacidade da cisterna de 10.000 m³ - DMT de 1.800 a 2.100 m","m³",7.53]
[1901538,"Dragagem de areia grossa com draga hopper - capacidade da cisterna de 10.000 m³ - DMT de 2.100 a 2.400 m","m³",7.6]
[1901539,"Dragagem de areia grossa com draga hopper - capacidade da cisterna de 10.000 m³ - DMT de 2.400 a 2.700 m","m³",7.66]
[1901540,"Dragagem de areia grossa com draga hopper - capacidade da cisterna de 10.000 m³ - DMT de 2.700 a 3.000 m","m³",7.73]
[1901535,"Dragagem de areia grossa com draga hopper - capacidade da cisterna de 10.000 m³ - DMT de 3.000 m","m³",7.77]
[1901542,"Dragagem de areia grossa com draga hopper - capacidade da cisterna de 15.000 m³ - DMT de 1.500 a 1.800 m","m³",9.8800000000000008]
[1901543,"Dragagem de areia grossa com draga hopper - capacidade da cisterna de 15.000 m³ - DMT de 1.800 a 2.100 m","m³",9.93]
[1901544,"Dragagem de areia grossa com draga hopper - capacidade da cisterna de 15.000 m³ - DMT de 2.100 a 2.400 m","m³",9.99]
[1901545,"Dragagem de areia grossa com draga hopper - capacidade da cisterna de 15.000 m³ - DMT de 2.400 a 2.700 m","m³",10.06]
[1901546,"Dragagem de areia grossa com draga hopper - capacidade da cisterna de 15.000 m³ - DMT de 2.700 a 3.000 m","m³",10.119999999999999]
[1901541,"Dragagem de areia grossa com draga hopper - capacidade da cisterna de 15.000 m³ - DMT de 3.000 m","m³",10.16]
[1917091,"Dragagem de areia grossa com draga hopper - capacidade da cisterna de 2.000 m³ - DMT de 1.500 a 1.800 m","m³",7.89]
[1917092,"Dragagem de areia grossa com draga hopper - capacidade da cisterna de 2.000 m³ - DMT de 1.800 a 2.100 m","m³",8.02]
[1917093,"Dragagem de areia grossa com draga hopper - capacidade da cisterna de 2.000 m³ - DMT de 2.100 a 2.400 m","m³",8.16]
[1917094,"Dragagem de areia grossa com draga hopper - capacidade da cisterna de 2.000 m³ - DMT de 2.400 a 2.700 m","m³",8.3000000000000007]
[1917095,"Dragagem de areia grossa com draga hopper - capacidade da cisterna de 2.000 m³ - DMT de 2.700 a 3.000 m","m³",8.4499999999999993]
[1917096,"Dragagem de areia grossa com draga hopper - capacidade da cisterna de 2.000 m³ - DMT de 3.000 m","m³",8.52]
[1901548,"Dragagem de areia grossa com draga hopper - capacidade da cisterna de 20.000 m³ - DMT de 1.500 a 1.800 m","m³",12.34]
[1901549,"Dragagem de areia grossa com draga hopper - capacidade da cisterna de 20.000 m³ - DMT de 1.800 a 2.100 m","m³",12.39]
[1901550,"Dragagem de areia grossa com draga hopper - capacidade da cisterna de 20.000 m³ - DMT de 2.100 a 2.400 m","m³",12.45]
[1901551,"Dragagem de areia grossa com draga hopper - capacidade da cisterna de 20.000 m³ - DMT de 2.400 a 2.700 m","m³",12.51]
[1901552,"Dragagem de areia grossa com draga hopper - capacidade da cisterna de 20.000 m³ - DMT de 2.700 a 3.000 m","m³",12.58]
[1901547,"Dragagem de areia grossa com draga hopper - capacidade da cisterna de 20.000 m³ - DMT de 3.000 m","m³",12.61]
[1917127,"Dragagem de areia grossa com draga hopper - capacidade da cisterna de 3.000 m³ - DMT de 1.500 a 1.800 m","m³",7.56]
[1917128,"Dragagem de areia grossa com draga hopper - capacidade da cisterna de 3.000 m³ - DMT de 1.800 a 2.100 m","m³",7.67]
[1917129,"Dragagem de areia grossa com draga hopper - capacidade da cisterna de 3.000 m³ - DMT de 2.100 a 2.400 m","m³",7.77]
[1917130,"Dragagem de areia grossa com draga hopper - capacidade da cisterna de 3.000 m³ - DMT de 2.400 a 2.700 m","m³",7.89]
[1917131,"Dragagem de areia grossa com draga hopper - capacidade da cisterna de 3.000 m³ - DMT de 2.700 a 3.000 m","m³",8.01]
[1917132,"Dragagem de areia grossa com draga hopper - capacidade da cisterna de 3.000 m³ - DMT de 3.000 m","m³",8.07]
[1917163,"Dragagem de areia grossa com draga hopper - capacidade da cisterna de 4.000 m³ - DMT de 1.500 a 1.800 m","m³",7.21]
[1917164,"Dragagem de areia grossa com draga hopper - capacidade da cisterna de 4.000 m³ - DMT de 1.800 a 2.100 m","m³",7.3]
[1917165,"Dragagem de areia grossa com draga hopper - capacidade da cisterna de 4.000 m³ - DMT de 2.100 a 2.400 m","m³",7.4]
[1917166,"Dragagem de areia grossa com draga hopper - capacidade da cisterna de 4.000 m³ - DMT de 2.400 a 2.700 m","m³",7.5]
[1917167,"Dragagem de areia grossa com draga hopper - capacidade da cisterna de 4.000 m³ - DMT de 2.700 a 3.000 m","m³",7.6]
[1917168,"Dragagem de areia grossa com draga hopper - capacidade da cisterna de 4.000 m³ - DMT de 3.000 m","m³",7.66]
[1917199,"Dragagem de areia grossa com draga hopper - capacidade da cisterna de 5.000 m³ - DMT de 1.500 a 1.800 m","m³",7.99]
[1917200,"Dragagem de areia grossa com draga hopper - capacidade da cisterna de 5.000 m³ - DMT de 1.800 a 2.100 m","m³",8.07]
[1917201,"Dragagem de areia grossa com draga hopper - capacidade da cisterna de 5.000 m³ - DMT de 2.100 a 2.400 m","m³",8.16]
[1917202,"Dragagem de areia grossa com draga hopper - capacidade da cisterna de 5.000 m³ - DMT de 2.400 a 2.700 m","m³",8.25]
[1917203,"Dragagem de areia grossa com draga hopper - capacidade da cisterna de 5.000 m³ - DMT de 2.700 a 3.000 m","m³",8.34]
[1917204,"Dragagem de areia grossa com draga hopper - capacidade da cisterna de 5.000 m³ - DMT de 3.000 m","m³",8.39]
[1917019,"Dragagem de areia grossa com draga hopper - capacidade da cisterna de 750 m³ - DMT de 1.500 a 1.800 m","m³",15.13]
[1917020,"Dragagem de areia grossa com draga hopper - capacidade da cisterna de 750 m³ - DMT de 1.800 a 2.100 m","m³",15.42]
[1917021,"Dragagem de areia grossa com draga hopper - capacidade da cisterna de 750 m³ - DMT de 2.100 a 2.400 m","m³",15.73]
[1917022,"Dragagem de areia grossa com draga hopper - capacidade da cisterna de 750 m³ - DMT de 2.400 a 2.700 m","m³",16.05]
[1917023,"Dragagem de areia grossa com draga hopper - capacidade da cisterna de 750 m³ - DMT de 2.700 a 3.000 m","m³",16.38]
[1917024,"Dragagem de areia grossa com draga hopper - capacidade da cisterna de 750 m³ - DMT de 3.000 m","m³",16.559999999999999]
[1917541,"Dragagem de areia média com draga de sucção e recalque - bomba de 1.350 kW e cortador de 170 kW - distância de recalque de 1.100 a 1.300 m","m³",5.47]
[1917542,"Dragagem de areia média com draga de sucção e recalque - bomba de 1.350 kW e cortador de 170 kW - distância de recalque de 1.300 a 1.500 m","m³",6.13]
[1917543,"Dragagem de areia média com draga de sucção e recalque - bomba de 1.350 kW e cortador de 170 kW - distância de recalque de 1.500 a 1.700 m","m³",6.44]
[1917544,"Dragagem de areia média com draga de sucção e recalque - bomba de 1.350 kW e cortador de 170 kW - distância de recalque de 1.700 a 1.900 m","m³",6.76]
[1917545,"Dragagem de areia média com draga de sucção e recalque - bomba de 1.350 kW e cortador de 170 kW - distância de recalque de 1.900 a 2.100 m","m³",7.16]
[1917546,"Dragagem de areia média com draga de sucção e recalque - bomba de 1.350 kW e cortador de 170 kW - distância de recalque de 2.100 a 2.300 m","m³",7.5]
[1917547,"Dragagem de areia média com draga de sucção e recalque - bomba de 1.350 kW e cortador de 170 kW - distância de recalque de 2.300 a 2.500 m","m³",8.1999999999999993]
[1917548,"Dragagem de areia média com draga de sucção e recalque - bomba de 1.350 kW e cortador de 170 kW - distância de recalque de 2.500 a 2.700 m","m³",8.6300000000000008]
[1917549,"Dragagem de areia média com draga de sucção e recalque - bomba de 1.350 kW e cortador de 170 kW - distância de recalque de 2.700 a 2.900 m","m³",9.06]
[1917550,"Dragagem de areia média com draga de sucção e recalque - bomba de 1.350 kW e cortador de 170 kW - distância de recalque de 2.900 a 3.100 m","m³",9.5399999999999991]
[1917551,"Dragagem de areia média com draga de sucção e recalque - bomba de 1.350 kW e cortador de 170 kW - distância de recalque de 3.100 a 3.300 m","m³",10.32]
[1917552,"Dragagem de areia média com draga de sucção e recalque - bomba de 1.350 kW e cortador de 170 kW - distância de recalque de 3.300 a 3.500 m","m³",10.84]
[1917553,"Dragagem de areia média com draga de sucção e recalque - bomba de 1.350 kW e cortador de 170 kW - distância de recalque de 3.500 a 3.700 m","m³",10.68]
[1917554,"Dragagem de areia média com draga de sucção e recalque - bomba de 1.350 kW e cortador de 170 kW - distância de recalque de 3.700 a 3.900 m","m³",11.81]
[1917555,"Dragagem de areia média com draga de sucção e recalque - bomba de 1.350 kW e cortador de 170 kW - distância de recalque de 3.900 a 4.100 m","m³",12.36]
[1917556,"Dragagem de areia média com draga de sucção e recalque - bomba de 1.350 kW e cortador de 170 kW - distância de recalque de 4.100 a 4.300 m","m³",13.29]
[1917557,"Dragagem de areia média com draga de sucção e recalque - bomba de 1.350 kW e cortador de 170 kW - distância de recalque de 4.300 a 4.500 m","m³",13.89]
[1917558,"Dragagem de areia média com draga de sucção e recalque - bomba de 1.350 kW e cortador de 170 kW - distância de recalque de 4.500 a 4.700 m","m³",14.77]
[1917559,"Dragagem de areia média com draga de sucção e recalque - bomba de 1.350 kW e cortador de 170 kW - distância de recalque de 4.700 a 4.900 m","m³",16.21]
[1917560,"Dragagem de areia média com draga de sucção e recalque - bomba de 1.350 kW e cortador de 170 kW - distância de recalque de 4.900 a 5.100 m","m³",18.07]
[1917561,"Dragagem de areia média com draga de sucção e recalque - bomba de 1.350 kW e cortador de 170 kW - distância de recalque de 5.100 a 5.300 m","m³",19.88]
[1917562,"Dragagem de areia média com draga de sucção e recalque - bomba de 1.350 kW e cortador de 170 kW - distância de recalque de 5.300 a 5.500 m","m³",21.94]
[1917563,"Dragagem de areia média com draga de sucção e recalque - bomba de 1.350 kW e cortador de 170 kW - distância de recalque de 5.500 a 5.700 m","m³",23.83]
[1917564,"Dragagem de areia média com draga de sucção e recalque - bomba de 1.350 kW e cortador de 170 kW - distância de recalque de 5.700 a 5.900 m","m³",25.87]
[1917565,"Dragagem de areia média com draga de sucção e recalque - bomba de 1.350 kW e cortador de 170 kW - distância de recalque de 5.900 a 6.100 m","m³",28.63]
[1917538,"Dragagem de areia média com draga de sucção e recalque - bomba de 1.350 kW e cortador de 170 kW - distância de recalque de 500 a 700 m","m³",4.5]
[1917566,"Dragagem de areia média com draga de sucção e recalque - bomba de 1.350 kW e cortador de 170 kW - distância de recalque de 6.100 a 6.300 m","m³",31.37]
[1917567,"Dragagem de areia média com draga de sucção e recalque - bomba de 1.350 kW e cortador de 170 kW - distância de recalque de 6.300 a 6.500 m","m³",34.270000000000003]
[1917568,"Dragagem de areia média com draga de sucção e recalque - bomba de 1.350 kW e cortador de 170 kW - distância de recalque de 6.500 a 6.700 m","m³",37.07]
[1917569,"Dragagem de areia média com draga de sucção e recalque - bomba de 1.350 kW e cortador de 170 kW - distância de recalque de 6.700 a 6.900 m","m³",40.549999999999997]
[1917570,"Dragagem de areia média com draga de sucção e recalque - bomba de 1.350 kW e cortador de 170 kW - distância de recalque de 6.900 a 7.100 m","m³",43.73]
[1917571,"Dragagem de areia média com draga de sucção e recalque - bomba de 1.350 kW e cortador de 170 kW - distância de recalque de 7.100 a 7.300 m","m³",47.49]
[1917572,"Dragagem de areia média com draga de sucção e recalque - bomba de 1.350 kW e cortador de 170 kW - distância de recalque de 7.300 a 7.500 m","m³",51.7]
[1917573,"Dragagem de areia média com draga de sucção e recalque - bomba de 1.350 kW e cortador de 170 kW - distância de recalque de 7.500 a 7.700 m","m³",56.27]
[1917574,"Dragagem de areia média com draga de sucção e recalque - bomba de 1.350 kW e cortador de 170 kW - distância de recalque de 7.700 a 7.900 m","m³",60.5]
[1917539,"Dragagem de areia média com draga de sucção e recalque - bomba de 1.350 kW e cortador de 170 kW - distância de recalque de 700 a 900 m","m³",4.8]
[1917540,"Dragagem de areia média com draga de sucção e recalque - bomba de 1.350 kW e cortador de 170 kW - distância de recalque de 900 a 1.100 m","m³",5.17]
[1917738,"Dragagem de areia média com draga de sucção e recalque - bomba de 1.350 kW e cortador de 170 kW - distância de recalque de até 500 m","m³",4.4400000000000004]
[1917238,"Dragagem de areia média com draga de sucção e recalque - bomba de 294 kW e cortador de 30 kW - distância de recalque de 1.100 a 1.300 m","m³",6.99]
[1917239,"Dragagem de areia média com draga de sucção e recalque - bomba de 294 kW e cortador de 30 kW - distância de recalque de 1.300 a 1.500 m","m³",7.67]
[1917240,"Dragagem de areia média com draga de sucção e recalque - bomba de 294 kW e cortador de 30 kW - distância de recalque de 1.500 a 1.700 m","m³",8.1999999999999993]
[1917241,"Dragagem de areia média com draga de sucção e recalque - bomba de 294 kW e cortador de 30 kW - distância de recalque de 1.700 a 1.900 m","m³",8.69]
[1917242,"Dragagem de areia média com draga de sucção e recalque - bomba de 294 kW e cortador de 30 kW - distância de recalque de 1.900 a 2.100 m","m³",9.17]
[1917243,"Dragagem de areia média com draga de sucção e recalque - bomba de 294 kW e cortador de 30 kW - distância de recalque de 2.100 a 2.300 m","m³",9.6199999999999992]
[1917244,"Dragagem de areia média com draga de sucção e recalque - bomba de 294 kW e cortador de 30 kW - distância de recalque de 2.300 a 2.500 m","m³",10.27]
[1917245,"Dragagem de areia média com draga de sucção e recalque - bomba de 294 kW e cortador de 30 kW - distância de recalque de 2.500 a 2.700 m","m³",10.81]
[1917246,"Dragagem de areia média com draga de sucção e recalque - bomba de 294 kW e cortador de 30 kW - distância de recalque de 2.700 a 2.900 m","m³",11.39]
[1917247,"Dragagem de areia média com draga de sucção e recalque - bomba de 294 kW e cortador de 30 kW - distância de recalque de 2.900 a 3.100 m","m³",12.35]
[1917248,"Dragagem de areia média com draga de sucção e recalque - bomba de 294 kW e cortador de 30 kW - distância de recalque de 3.100 a 3.300 m","m³",14.14]
[1917249,"Dragagem de areia média com draga de sucção e recalque - bomba de 294 kW e cortador de 30 kW - distância de recalque de 3.300 a 3.500 m","m³",16.96]
[1917235,"Dragagem de areia média com draga de sucção e recalque - bomba de 294 kW e cortador de 30 kW - distância de recalque de 500 a 700 m","m³",5.54]
[1917236,"Dragagem de areia média com draga de sucção e recalque - bomba de 294 kW e cortador de 30 kW - distância de recalque de 700 a 900 m","m³",5.93]
[1917237,"Dragagem de areia média com draga de sucção e recalque - bomba de 294 kW e cortador de 30 kW - distância de recalque de 900 a 1.100 m","m³",6.39]
[1917725,"Dragagem de areia média com draga de sucção e recalque - bomba de 294 kW e cortador de 30 kW - distância de recalque de até 500 m","m³",5.39]
[1917311,"Dragagem de areia média com draga de sucção e recalque - bomba de 483 kW e cortador de 55 kW - distância de recalque de 1.100 a 1.300 m","m³",5.5]
[1917312,"Dragagem de areia média com draga de sucção e recalque - bomba de 483 kW e cortador de 55 kW - distância de recalque de 1.300 a 1.500 m","m³",6.24]
[1917313,"Dragagem de areia média com draga de sucção e recalque - bomba de 483 kW e cortador de 55 kW - distância de recalque de 1.500 a 1.700 m","m³",6.71]
[1917314,"Dragagem de areia média com draga de sucção e recalque - bomba de 483 kW e cortador de 55 kW - distância de recalque de 1.700 a 1.900 m","m³",7.15]
[1917315,"Dragagem de areia média com draga de sucção e recalque - bomba de 483 kW e cortador de 55 kW - distância de recalque de 1.900 a 2.100 m","m³",7.69]
[1917316,"Dragagem de areia média com draga de sucção e recalque - bomba de 483 kW e cortador de 55 kW - distância de recalque de 2.100 a 2.300 m","m³",8.2100000000000009]
[1917317,"Dragagem de areia média com draga de sucção e recalque - bomba de 483 kW e cortador de 55 kW - distância de recalque de 2.300 a 2.500 m","m³",9.07]
[1917318,"Dragagem de areia média com draga de sucção e recalque - bomba de 483 kW e cortador de 55 kW - distância de recalque de 2.500 a 2.700 m","m³",9.8000000000000007]
[1917319,"Dragagem de areia média com draga de sucção e recalque - bomba de 483 kW e cortador de 55 kW - distância de recalque de 2.700 a 2.900 m","m³",10.48]
[1917320,"Dragagem de areia média com draga de sucção e recalque - bomba de 483 kW e cortador de 55 kW - distância de recalque de 2.900 a 3.100 m","m³",11.23]
[1917321,"Dragagem de areia média com draga de sucção e recalque - bomba de 483 kW e cortador de 55 kW - distância de recalque de 3.100 a 3.300 m","m³",13.73]
[1917322,"Dragagem de areia média com draga de sucção e recalque - bomba de 483 kW e cortador de 55 kW - distância de recalque de 3.300 a 3.500 m","m³",15.89]
[1917323,"Dragagem de areia média com draga de sucção e recalque - bomba de 483 kW e cortador de 55 kW - distância de recalque de 3.500 a 3.700 m","m³",18.66]
[1917324,"Dragagem de areia média com draga de sucção e recalque - bomba de 483 kW e cortador de 55 kW - distância de recalque de 3.700 a 3.900 m","m³",21.58]
[1917325,"Dragagem de areia média com draga de sucção e recalque - bomba de 483 kW e cortador de 55 kW - distância de recalque de 3.900 a 4.100 m","m³",25.04]
[1917326,"Dragagem de areia média com draga de sucção e recalque - bomba de 483 kW e cortador de 55 kW - distância de recalque de 4.100 a 4.300 m","m³",29.75]
[1917327,"Dragagem de areia média com draga de sucção e recalque - bomba de 483 kW e cortador de 55 kW - distância de recalque de 4.300 a 4.500 m","m³",34.520000000000003]
[1917328,"Dragagem de areia média com draga de sucção e recalque - bomba de 483 kW e cortador de 55 kW - distância de recalque de 4.500 a 4.700 m","m³",40]
[1917329,"Dragagem de areia média com draga de sucção e recalque - bomba de 483 kW e cortador de 55 kW - distância de recalque de 4.700 a 4.900 m","m³",43.77]
[1917330,"Dragagem de areia média com draga de sucção e recalque - bomba de 483 kW e cortador de 55 kW - distância de recalque de 4.900 a 5.100 m","m³",48.45]
[1917308,"Dragagem de areia média com draga de sucção e recalque - bomba de 483 kW e cortador de 55 kW - distância de recalque de 500 a 700 m","m³",4.49]
[1917309,"Dragagem de areia média com draga de sucção e recalque - bomba de 483 kW e cortador de 55 kW - distância de recalque de 700 a 900 m","m³",4.78]
[1917310,"Dragagem de areia média com draga de sucção e recalque - bomba de 483 kW e cortador de 55 kW - distância de recalque de 900 a 1.100 m","m³",5.09]
[1917730,"Dragagem de areia média com draga de sucção e recalque - bomba de 483 kW e cortador de 55 kW - distância de recalque de até 500 m","m³",4.43]
[1917415,"Dragagem de areia média com draga de sucção e recalque - bomba de 746 kW e cortador de 110 kW - distância de recalque de 1.100 a 1.300 m","m³",5.42]
[1917416,"Dragagem de areia média com draga de sucção e recalque - bomba de 746 kW e cortador de 110 kW - distância de recalque de 1.300 a 1.500 m","m³",6.1]
[1917417,"Dragagem de areia média com draga de sucção e recalque - bomba de 746 kW e cortador de 110 kW - distância de recalque de 1.500 a 1.700 m","m³",6.54]
[1917418,"Dragagem de areia média com draga de sucção e recalque - bomba de 746 kW e cortador de 110 kW - distância de recalque de 1.700 a 1.900 m","m³",6.96]
[1917419,"Dragagem de areia média com draga de sucção e recalque - bomba de 746 kW e cortador de 110 kW - distância de recalque de 1.900 a 2.100 m","m³",7.32]
[1917420,"Dragagem de areia média com draga de sucção e recalque - bomba de 746 kW e cortador de 110 kW - distância de recalque de 2.100 a 2.300 m","m³",7.76]
[1917421,"Dragagem de areia média com draga de sucção e recalque - bomba de 746 kW e cortador de 110 kW - distância de recalque de 2.300 a 2.500 m","m³",8.4700000000000006]
[1917422,"Dragagem de areia média com draga de sucção e recalque - bomba de 746 kW e cortador de 110 kW - distância de recalque de 2.500 a 2.700 m","m³",8.89]
[1917423,"Dragagem de areia média com draga de sucção e recalque - bomba de 746 kW e cortador de 110 kW - distância de recalque de 2.700 a 2.900 m","m³",9.31]
[1917424,"Dragagem de areia média com draga de sucção e recalque - bomba de 746 kW e cortador de 110 kW - distância de recalque de 2.900 a 3.100 m","m³",9.75]
[1917425,"Dragagem de areia média com draga de sucção e recalque - bomba de 746 kW e cortador de 110 kW - distância de recalque de 3.100 a 3.300 m","m³",10.62]
[1917426,"Dragagem de areia média com draga de sucção e recalque - bomba de 746 kW e cortador de 110 kW - distância de recalque de 3.300 a 3.500 m","m³",11.52]
[1917427,"Dragagem de areia média com draga de sucção e recalque - bomba de 746 kW e cortador de 110 kW - distância de recalque de 3.500 a 3.700 m","m³",13.13]
[1917428,"Dragagem de areia média com draga de sucção e recalque - bomba de 746 kW e cortador de 110 kW - distância de recalque de 3.700 a 3.900 m","m³",15.01]
[1917429,"Dragagem de areia média com draga de sucção e recalque - bomba de 746 kW e cortador de 110 kW - distância de recalque de 3.900 a 4.100 m","m³",16.98]
[1917430,"Dragagem de areia média com draga de sucção e recalque - bomba de 746 kW e cortador de 110 kW - distância de recalque de 4.100 a 4.300 m","m³",19.63]
[1917431,"Dragagem de areia média com draga de sucção e recalque - bomba de 746 kW e cortador de 110 kW - distância de recalque de 4.300 a 4.500 m","m³",21.94]
[1917432,"Dragagem de areia média com draga de sucção e recalque - bomba de 746 kW e cortador de 110 kW - distância de recalque de 4.500 a 4.700 m","m³",24.93]
[1917433,"Dragagem de areia média com draga de sucção e recalque - bomba de 746 kW e cortador de 110 kW - distância de recalque de 4.700 a 4.900 m","m³",28]
[1917434,"Dragagem de areia média com draga de sucção e recalque - bomba de 746 kW e cortador de 110 kW - distância de recalque de 4.900 a 5.100 m","m³",31.67]
[1917435,"Dragagem de areia média com draga de sucção e recalque - bomba de 746 kW e cortador de 110 kW - distância de recalque de 5.100 a 5.300 m","m³",36.03]
[1917436,"Dragagem de areia média com draga de sucção e recalque - bomba de 746 kW e cortador de 110 kW - distância de recalque de 5.300 a 5.500 m","m³",39.99]
[1917437,"Dragagem de areia média com draga de sucção e recalque - bomba de 746 kW e cortador de 110 kW - distância de recalque de 5.500 a 5.700 m","m³",45.06]
[1917438,"Dragagem de areia média com draga de sucção e recalque - bomba de 746 kW e cortador de 110 kW - distância de recalque de 5.700 a 5.900 m","m³",48.62]
[1917439,"Dragagem de areia média com draga de sucção e recalque - bomba de 746 kW e cortador de 110 kW - distância de recalque de 5.900 a 6.100 m","m³",51.79]
[1917412,"Dragagem de areia média com draga de sucção e recalque - bomba de 746 kW e cortador de 110 kW - distância de recalque de 500 a 700 m","m³",4.07]
[1917413,"Dragagem de areia média com draga de sucção e recalque - bomba de 746 kW e cortador de 110 kW - distância de recalque de 700 a 900 m","m³",4.5599999999999996]
[1917414,"Dragagem de areia média com draga de sucção e recalque - bomba de 746 kW e cortador de 110 kW - distância de recalque de 900 a 1.100 m","m³",5.04]
[1917733,"Dragagem de areia média com draga de sucção e recalque - bomba de 746 kW e cortador de 110 kW - distância de recalque de até 500 m","m³",3.8]
[1917049,"Dragagem de areia média com draga hopper - capacidade da cisterna de 1.000 m³ - DMT de 1.500 a 1.800 m","m³",11.53]
[1917050,"Dragagem de areia média com draga hopper - capacidade da cisterna de 1.000 m³ - DMT de 1.800 a 2.100 m","m³",11.74]
[1917051,"Dragagem de areia média com draga hopper - capacidade da cisterna de 1.000 m³ - DMT de 2.100 a 2.400 m","m³",11.96]
[1917052,"Dragagem de areia média com draga hopper - capacidade da cisterna de 1.000 m³ - DMT de 2.400 a 2.700 m","m³",12.18]
[1917053,"Dragagem de areia média com draga hopper - capacidade da cisterna de 1.000 m³ - DMT de 2.700 a 3.000 m","m³",12.42]
[1917054,"Dragagem de areia média com draga hopper - capacidade da cisterna de 1.000 m³ - DMT de 3.000 m","m³",12.55]
[1901553,"Dragagem de areia média com draga hopper - capacidade da cisterna de 10.000 m³ - DMT de 1.500 a 1.800 m","m³",7.76]
[1901554,"Dragagem de areia média com draga hopper - capacidade da cisterna de 10.000 m³ - DMT de 1.800 a 2.100 m","m³",7.82]
[1901555,"Dragagem de areia média com draga hopper - capacidade da cisterna de 10.000 m³ - DMT de 2.100 a 2.400 m","m³",7.88]
[1901556,"Dragagem de areia média com draga hopper - capacidade da cisterna de 10.000 m³ - DMT de 2.400 a 2.700 m","m³",7.95]
[1901557,"Dragagem de areia média com draga hopper - capacidade da cisterna de 10.000 m³ - DMT de 2.700 a 3.000 m","m³",8.02]
[1901558,"Dragagem de areia média com draga hopper - capacidade da cisterna de 10.000 m³ - DMT de 3.000 m","m³",8.06]
[1901560,"Dragagem de areia média com draga hopper - capacidade da cisterna de 15.000 m³ - DMT de 1.500 a 1.800 m","m³",10.27]
[1901561,"Dragagem de areia média com draga hopper - capacidade da cisterna de 15.000 m³ - DMT de 1.800 a 2.100 m","m³",10.33]
[1901562,"Dragagem de areia média com draga hopper - capacidade da cisterna de 15.000 m³ - DMT de 2.100 a 2.400 m","m³",10.39]
[1901563,"Dragagem de areia média com draga hopper - capacidade da cisterna de 15.000 m³ - DMT de 2.400 a 2.700 m","m³",10.45]
[1901564,"Dragagem de areia média com draga hopper - capacidade da cisterna de 15.000 m³ - DMT de 2.700 a 3.000 m","m³",10.52]
[1901559,"Dragagem de areia média com draga hopper - capacidade da cisterna de 15.000 m³ - DMT de 3.000 m","m³",10.56]
[1917085,"Dragagem de areia média com draga hopper - capacidade da cisterna de 2.000 m³ - DMT de 1.500 a 1.800 m","m³",8.16]
[1917086,"Dragagem de areia média com draga hopper - capacidade da cisterna de 2.000 m³ - DMT de 1.800 a 2.100 m","m³",8.2899999999999991]
[1917087,"Dragagem de areia média com draga hopper - capacidade da cisterna de 2.000 m³ - DMT de 2.100 a 2.400 m","m³",8.43]
[1917088,"Dragagem de areia média com draga hopper - capacidade da cisterna de 2.000 m³ - DMT de 2.400 a 2.700 m","m³",8.57]
[1917089,"Dragagem de areia média com draga hopper - capacidade da cisterna de 2.000 m³ - DMT de 2.700 a 3.000 m","m³",8.7200000000000006]
[1917090,"Dragagem de areia média com draga hopper - capacidade da cisterna de 2.000 m³ - DMT de 3.000 m","m³",8.8000000000000007]
[1901566,"Dragagem de areia média com draga hopper - capacidade da cisterna de 20.000 m³ - DMT de 1.500 a 1.800 m","m³",12.85]
[1901567,"Dragagem de areia média com draga hopper - capacidade da cisterna de 20.000 m³ - DMT de 1.800 a 2.100 m","m³",12.9]
[1901568,"Dragagem de areia média com draga hopper - capacidade da cisterna de 20.000 m³ - DMT de 2.100 a 2.400 m","m³",12.96]
[1901569,"Dragagem de areia média com draga hopper - capacidade da cisterna de 20.000 m³ - DMT de 2.400 a 2.700 m","m³",13.03]
[1901570,"Dragagem de areia média com draga hopper - capacidade da cisterna de 20.000 m³ - DMT de 2.700 a 3.000 m","m³",13.09]
[1901565,"Dragagem de areia média com draga hopper - capacidade da cisterna de 20.000 m³ - DMT de 3.000 m","m³",13.13]
[1917121,"Dragagem de areia média com draga hopper - capacidade da cisterna de 3.000 m³ - DMT de 1.500 a 1.800 m","m³",7.83]
[1917122,"Dragagem de areia média com draga hopper - capacidade da cisterna de 3.000 m³ - DMT de 1.800 a 2.100 m","m³",7.93]
[1917123,"Dragagem de areia média com draga hopper - capacidade da cisterna de 3.000 m³ - DMT de 2.100 a 2.400 m","m³",8.0399999999999991]
[1917124,"Dragagem de areia média com draga hopper - capacidade da cisterna de 3.000 m³ - DMT de 2.400 a 2.700 m","m³",8.16]
[1917125,"Dragagem de areia média com draga hopper - capacidade da cisterna de 3.000 m³ - DMT de 2.700 a 3.000 m","m³",8.2799999999999994]
[1917126,"Dragagem de areia média com draga hopper - capacidade da cisterna de 3.000 m³ - DMT de 3.000 m","m³",8.35]
[1917157,"Dragagem de areia média com draga hopper - capacidade da cisterna de 4.000 m³ - DMT de 1.500 a 1.800 m","m³",7.46]
[1917158,"Dragagem de areia média com draga hopper - capacidade da cisterna de 4.000 m³ - DMT de 1.800 a 2.100 m","m³",7.56]
[1917159,"Dragagem de areia média com draga hopper - capacidade da cisterna de 4.000 m³ - DMT de 2.100 a 2.400 m","m³",7.65]
[1917160,"Dragagem de areia média com draga hopper - capacidade da cisterna de 4.000 m³ - DMT de 2.400 a 2.700 m","m³",7.76]
[1917161,"Dragagem de areia média com draga hopper - capacidade da cisterna de 4.000 m³ - DMT de 2.700 a 3.000 m","m³",7.86]
[1917162,"Dragagem de areia média com draga hopper - capacidade da cisterna de 4.000 m³ - DMT de 3.000 m","m³",7.92]
[1917193,"Dragagem de areia média com draga hopper - capacidade da cisterna de 5.000 m³ - DMT de 1.500 a 1.800 m","m³",8.2899999999999991]
[1917194,"Dragagem de areia média com draga hopper - capacidade da cisterna de 5.000 m³ - DMT de 1.800 a 2.100 m","m³",8.3699999999999992]
[1917195,"Dragagem de areia média com draga hopper - capacidade da cisterna de 5.000 m³ - DMT de 2.100 a 2.400 m","m³",8.4600000000000009]
[1917196,"Dragagem de areia média com draga hopper - capacidade da cisterna de 5.000 m³ - DMT de 2.400 a 2.700 m","m³",8.5500000000000007]
[1917197,"Dragagem de areia média com draga hopper - capacidade da cisterna de 5.000 m³ - DMT de 2.700 a 3.000 m","m³",8.64]
[1917198,"Dragagem de areia média com draga hopper - capacidade da cisterna de 5.000 m³ - DMT de 3.000 m","m³",8.6999999999999993]
[1917013,"Dragagem de areia média com draga hopper - capacidade da cisterna de 750 m³ - DMT de 1.500 a 1.800 m","m³",15.64]
[1917014,"Dragagem de areia média com draga hopper - capacidade da cisterna de 750 m³ - DMT de 1.800 a 2.100 m","m³",15.94]
[1917015,"Dragagem de areia média com draga hopper - capacidade da cisterna de 750 m³ - DMT de 2.100 a 2.400 m","m³",16.25]
[1917016,"Dragagem de areia média com draga hopper - capacidade da cisterna de 750 m³ - DMT de 2.400 a 2.700 m","m³",16.57]
[1917017,"Dragagem de areia média com draga hopper - capacidade da cisterna de 750 m³ - DMT de 2.700 a 3.000 m","m³",16.91]
[1917018,"Dragagem de areia média com draga hopper - capacidade da cisterna de 750 m³ - DMT de 3.000 m","m³",17.09]
[1917623,"Dragagem de cascalho com draga de sucção e recalque - bomba de 1.350 kW e cortador de 170 kW - distância de recalque de 1.100 a 1.300 m","m³",18.760000000000002]
[1917624,"Dragagem de cascalho com draga de sucção e recalque - bomba de 1.350 kW e cortador de 170 kW - distância de recalque de 1.300 a 1.500 m","m³",23.63]
[1917625,"Dragagem de cascalho com draga de sucção e recalque - bomba de 1.350 kW e cortador de 170 kW - distância de recalque de 1.500 a 1.700 m","m³",29.62]
[1917626,"Dragagem de cascalho com draga de sucção e recalque - bomba de 1.350 kW e cortador de 170 kW - distância de recalque de 1.700 a 1.900 m","m³",36.200000000000003]
[1917627,"Dragagem de cascalho com draga de sucção e recalque - bomba de 1.350 kW e cortador de 170 kW - distância de recalque de 1.900 a 2.100 m","m³",43.49]
[1917628,"Dragagem de cascalho com draga de sucção e recalque - bomba de 1.350 kW e cortador de 170 kW - distância de recalque de 2.100 a 2.300 m","m³",50.88]
[1917620,"Dragagem de cascalho com draga de sucção e recalque - bomba de 1.350 kW e cortador de 170 kW - distância de recalque de 500 a 700 m","m³",8.7899999999999991]
[1917621,"Dragagem de cascalho com draga de sucção e recalque - bomba de 1.350 kW e cortador de 170 kW - distância de recalque de 700 a 900 m","m³",10.25]
[1917622,"Dragagem de cascalho com draga de sucção e recalque - bomba de 1.350 kW e cortador de 170 kW - distância de recalque de 900 a 1.100 m","m³",12.81]
[1917741,"Dragagem de cascalho com draga de sucção e recalque - bomba de 1.350 kW e cortador de 170 kW - distância de recalque de até 500 m","m³",8.15]
[1917269,"Dragagem de cascalho com draga de sucção e recalque - bomba de 294 kW e cortador de 30 kW - distância de recalque de 1.100 a 1.300 m","m³",22.91]
[1917270,"Dragagem de cascalho com draga de sucção e recalque - bomba de 294 kW e cortador de 30 kW - distância de recalque de 1.300 a 1.500 m","m³",30.89]
[1917266,"Dragagem de cascalho com draga de sucção e recalque - bomba de 294 kW e cortador de 30 kW - distância de recalque de 500 a 700 m","m³",7.51]
[1917267,"Dragagem de cascalho com draga de sucção e recalque - bomba de 294 kW e cortador de 30 kW - distância de recalque de 700 a 900 m","m³",10.89]
[1917268,"Dragagem de cascalho com draga de sucção e recalque - bomba de 294 kW e cortador de 30 kW - distância de recalque de 900 a 1.100 m","m³",16.62]
[1917728,"Dragagem de cascalho com draga de sucção e recalque - bomba de 294 kW e cortador de 30 kW - distância de recalque de até 500 m","m³",6.93]
[1917358,"Dragagem de cascalho com draga de sucção e recalque - bomba de 483 kW e cortador de 55 kW - distância de recalque até 500 m","m³",7.01]
[1917362,"Dragagem de cascalho com draga de sucção e recalque - bomba de 483 kW e cortador de 55 kW - distância de recalque de 1.100 a 1.300 m","m³",33.65]
[1917363,"Dragagem de cascalho com draga de sucção e recalque - bomba de 483 kW e cortador de 55 kW - distância de recalque de 1.300 a 1.500 m","m³",41.03]
[1917359,"Dragagem de cascalho com draga de sucção e recalque - bomba de 483 kW e cortador de 55 kW - distância de recalque de 500 a 700 m","m³",9.8800000000000008]
[1917360,"Dragagem de cascalho com draga de sucção e recalque - bomba de 483 kW e cortador de 55 kW - distância de recalque de 700 a 900 m","m³",16.13]
[1917361,"Dragagem de cascalho com draga de sucção e recalque - bomba de 483 kW e cortador de 55 kW - distância de recalque de 900 a 1.100 m","m³",24.14]
[1917476,"Dragagem de cascalho com draga de sucção e recalque - bomba de 746 kW e cortador de 110 kW - distância de recalque de 1.100 a 1.300 m","m³",24.91]
[1917477,"Dragagem de cascalho com draga de sucção e recalque - bomba de 746 kW e cortador de 110 kW - distância de recalque de 1.300 a 1.500 m","m³",32.07]
[1917478,"Dragagem de cascalho com draga de sucção e recalque - bomba de 746 kW e cortador de 110 kW - distância de recalque de 1.500 a 1.700 m","m³",41.2]
[1917479,"Dragagem de cascalho com draga de sucção e recalque - bomba de 746 kW e cortador de 110 kW - distância de recalque de 1.700 a 1.900 m","m³",44.84]
[1917473,"Dragagem de cascalho com draga de sucção e recalque - bomba de 746 kW e cortador de 110 kW - distância de recalque de 500 a 700 m","m³",11.39]
[1917474,"Dragagem de cascalho com draga de sucção e recalque - bomba de 746 kW e cortador de 110 kW - distância de recalque de 700 a 900 m","m³",14.65]
[1917475,"Dragagem de cascalho com draga de sucção e recalque - bomba de 746 kW e cortador de 110 kW - distância de recalque de 900 a 1.100 m","m³",18.8]
[1917736,"Dragagem de cascalho com draga de sucção e recalque - bomba de 746 kW e cortador de 110 kW - distância de recalque de até 500 m","m³",8.25]
[1917067,"Dragagem de cascalho com draga hopper - capacidade da cisterna de 1.000 m³ - DMT de 1.500 a 1.800 m","m³",10.77]
[1917068,"Dragagem de cascalho com draga hopper - capacidade da cisterna de 1.000 m³ - DMT de 1.800 a 2.100 m","m³",10.99]
[1917069,"Dragagem de cascalho com draga hopper - capacidade da cisterna de 1.000 m³ - DMT de 2.100 a 2.400 m","m³",11.21]
[1917070,"Dragagem de cascalho com draga hopper - capacidade da cisterna de 1.000 m³ - DMT de 2.400 a 2.700 m","m³",11.44]
[1917071,"Dragagem de cascalho com draga hopper - capacidade da cisterna de 1.000 m³ - DMT de 2.700 a 3.000 m","m³",11.69]
[1917072,"Dragagem de cascalho com draga hopper - capacidade da cisterna de 1.000 m³ - DMT de 3.000 m","m³",11.81]
[1901572,"Dragagem de cascalho com draga hopper - capacidade da cisterna de 10.000 m³ - DMT de 1.500 a 1.800 m","m³",7.1]
[1901573,"Dragagem de cascalho com draga hopper - capacidade da cisterna de 10.000 m³ - DMT de 1.800 a 2.100 m","m³",7.16]
[1901574,"Dragagem de cascalho com draga hopper - capacidade da cisterna de 10.000 m³ - DMT de 2.100 a 2.400 m","m³",7.23]
[1901575,"Dragagem de cascalho com draga hopper - capacidade da cisterna de 10.000 m³ - DMT de 2.400 a 2.700 m","m³",7.3]
[1901576,"Dragagem de cascalho com draga hopper - capacidade da cisterna de 10.000 m³ - DMT de 2.700 a 3.000 m","m³",7.37]
[1901571,"Dragagem de cascalho com draga hopper - capacidade da cisterna de 10.000 m³ - DMT de 3.000 m","m³",7.41]
[1901578,"Dragagem de cascalho com draga hopper - capacidade da cisterna de 15.000 m³ - DMT de 1.500 a 1.800 m","m³",9.32]
[1901579,"Dragagem de cascalho com draga hopper - capacidade da cisterna de 15.000 m³ - DMT de 1.800 a 2.100 m","m³",9.3800000000000008]
[1901580,"Dragagem de cascalho com draga hopper - capacidade da cisterna de 15.000 m³ - DMT de 2.100 a 2.400 m","m³",9.44]
[1901581,"Dragagem de cascalho com draga hopper - capacidade da cisterna de 15.000 m³ - DMT de 2.400 a 2.700 m","m³",9.51]
[1901582,"Dragagem de cascalho com draga hopper - capacidade da cisterna de 15.000 m³ - DMT de 2.700 a 3.000 m","m³",9.57]
[1901577,"Dragagem de cascalho com draga hopper - capacidade da cisterna de 15.000 m³ - DMT de 3.000 m","m³",9.61]
[1917103,"Dragagem de cascalho com draga hopper - capacidade da cisterna de 2.000 m³ - DMT de 1.500 a 1.800 m","m³",7.61]
[1917104,"Dragagem de cascalho com draga hopper - capacidade da cisterna de 2.000 m³ - DMT de 1.800 a 2.100 m","m³",7.74]
[1917105,"Dragagem de cascalho com draga hopper - capacidade da cisterna de 2.000 m³ - DMT de 2.100 a 2.400 m","m³",7.88]
[1917106,"Dragagem de cascalho com draga hopper - capacidade da cisterna de 2.000 m³ - DMT de 2.400 a 2.700 m","m³",8.02]
[1917107,"Dragagem de cascalho com draga hopper - capacidade da cisterna de 2.000 m³ - DMT de 2.700 a 3.000 m","m³",8.18]
[1917108,"Dragagem de cascalho com draga hopper - capacidade da cisterna de 2.000 m³ - DMT de 3.000 m","m³",8.26]
[1901583,"Dragagem de cascalho com draga hopper - capacidade da cisterna de 20.000 m³ - DMT de 1.500 a 1.800 m","m³",11.6]
[1901584,"Dragagem de cascalho com draga hopper - capacidade da cisterna de 20.000 m³ - DMT de 1.800 a 2.100 m","m³",11.66]
[1901585,"Dragagem de cascalho com draga hopper - capacidade da cisterna de 20.000 m³ - DMT de 2.100 a 2.400 m","m³",11.72]
[1901586,"Dragagem de cascalho com draga hopper - capacidade da cisterna de 20.000 m³ - DMT de 2.400 a 2.700 m","m³",11.78]
[1901587,"Dragagem de cascalho com draga hopper - capacidade da cisterna de 20.000 m³ - DMT de 2.700 a 3.000 m","m³",11.85]
[1901588,"Dragagem de cascalho com draga hopper - capacidade da cisterna de 20.000 m³ - DMT de 3.000 m","m³",11.88]
[1917139,"Dragagem de cascalho com draga hopper - capacidade da cisterna de 3.000 m³ - DMT de 1.500 a 1.800 m","m³",7.26]
[1917140,"Dragagem de cascalho com draga hopper - capacidade da cisterna de 3.000 m³ - DMT de 1.800 a 2.100 m","m³",7.37]
[1917141,"Dragagem de cascalho com draga hopper - capacidade da cisterna de 3.000 m³ - DMT de 2.100 a 2.400 m","m³",7.48]
[1917142,"Dragagem de cascalho com draga hopper - capacidade da cisterna de 3.000 m³ - DMT de 2.400 a 2.700 m","m³",7.6]
[1917143,"Dragagem de cascalho com draga hopper - capacidade da cisterna de 3.000 m³ - DMT de 2.700 a 3.000 m","m³",7.72]
[1917144,"Dragagem de cascalho com draga hopper - capacidade da cisterna de 3.000 m³ - DMT de 3.000 m","m³",7.79]
[1917175,"Dragagem de cascalho com draga hopper - capacidade da cisterna de 4.000 m³ - DMT de 1.500 a 1.800 m","m³",6.91]
[1917176,"Dragagem de cascalho com draga hopper - capacidade da cisterna de 4.000 m³ - DMT de 1.800 a 2.100 m","m³",7]
[1917177,"Dragagem de cascalho com draga hopper - capacidade da cisterna de 4.000 m³ - DMT de 2.100 a 2.400 m","m³",7.1]
[1917178,"Dragagem de cascalho com draga hopper - capacidade da cisterna de 4.000 m³ - DMT de 2.400 a 2.700 m","m³",7.21]
[1917179,"Dragagem de cascalho com draga hopper - capacidade da cisterna de 4.000 m³ - DMT de 2.700 a 3.000 m","m³",7.32]
[1917180,"Dragagem de cascalho com draga hopper - capacidade da cisterna de 4.000 m³ - DMT de 3.000 m","m³",7.38]
[1917211,"Dragagem de cascalho com draga hopper - capacidade da cisterna de 5.000 m³ - DMT de 1.500 a 1.800 m","m³",7.62]
[1917212,"Dragagem de cascalho com draga hopper - capacidade da cisterna de 5.000 m³ - DMT de 1.800 a 2.100 m","m³",7.7]
[1917213,"Dragagem de cascalho com draga hopper - capacidade da cisterna de 5.000 m³ - DMT de 2.100 a 2.400 m","m³",7.79]
[1917214,"Dragagem de cascalho com draga hopper - capacidade da cisterna de 5.000 m³ - DMT de 2.400 a 2.700 m","m³",7.88]
[1917215,"Dragagem de cascalho com draga hopper - capacidade da cisterna de 5.000 m³ - DMT de 2.700 a 3.000 m","m³",7.98]
[1917216,"Dragagem de cascalho com draga hopper - capacidade da cisterna de 5.000 m³ - DMT de 3.000 m","m³",8.0299999999999994]
[1917031,"Dragagem de cascalho com draga hopper - capacidade da cisterna de 750 m³ - DMT de 1.500 a 1.800 m","m³",14.57]
[1917032,"Dragagem de cascalho com draga hopper - capacidade da cisterna de 750 m³ - DMT de 1.800 a 2.100 m","m³",14.88]
[1917033,"Dragagem de cascalho com draga hopper - capacidade da cisterna de 750 m³ - DMT de 2.100 a 2.400 m","m³",15.19]
[1917034,"Dragagem de cascalho com draga hopper - capacidade da cisterna de 750 m³ - DMT de 2.400 a 2.700 m","m³",15.52]
[1917035,"Dragagem de cascalho com draga hopper - capacidade da cisterna de 750 m³ - DMT de 2.700 a 3.000 m","m³",15.87]
[1917036,"Dragagem de cascalho com draga hopper - capacidade da cisterna de 750 m³ - DMT de 3.000 m","m³",16.05]
[1917605,"Dragagem de cascalho fino com draga de sucção e recalque - bomba de 1.350 kW e cortador de 170 kW - distância de recalque de 1.100 a 1.300 m","m³",8.33]
[1917606,"Dragagem de cascalho fino com draga de sucção e recalque - bomba de 1.350 kW e cortador de 170 kW - distância de recalque de 1.300 a 1.500 m","m³",8.99]
[1917607,"Dragagem de cascalho fino com draga de sucção e recalque - bomba de 1.350 kW e cortador de 170 kW - distância de recalque de 1.500 a 1.700 m","m³",9.65]
[1917608,"Dragagem de cascalho fino com draga de sucção e recalque - bomba de 1.350 kW e cortador de 170 kW - distância de recalque de 1.700 a 1.900 m","m³",10.78]
[1917609,"Dragagem de cascalho fino com draga de sucção e recalque - bomba de 1.350 kW e cortador de 170 kW - distância de recalque de 1.900 a 2.100 m","m³",12.28]
[1917610,"Dragagem de cascalho fino com draga de sucção e recalque - bomba de 1.350 kW e cortador de 170 kW - distância de recalque de 2.100 a 2.300 m","m³",14.52]
[1917611,"Dragagem de cascalho fino com draga de sucção e recalque - bomba de 1.350 kW e cortador de 170 kW - distância de recalque de 2.300 a 2.500 m","m³",17.04]
[1917612,"Dragagem de cascalho fino com draga de sucção e recalque - bomba de 1.350 kW e cortador de 170 kW - distância de recalque de 2.500 a 2.700 m","m³",20.02]
[1917613,"Dragagem de cascalho fino com draga de sucção e recalque - bomba de 1.350 kW e cortador de 170 kW - distância de recalque de 2.700 a 2.900 m","m³",23.32]
[1917614,"Dragagem de cascalho fino com draga de sucção e recalque - bomba de 1.350 kW e cortador de 170 kW - distância de recalque de 2.900 a 3.100 m","m³",26.95]
[1917615,"Dragagem de cascalho fino com draga de sucção e recalque - bomba de 1.350 kW e cortador de 170 kW - distância de recalque de 3.100 a 3.300 m","m³",31.07]
[1917616,"Dragagem de cascalho fino com draga de sucção e recalque - bomba de 1.350 kW e cortador de 170 kW - distância de recalque de 3.300 a 3.500 m","m³",36]
[1917617,"Dragagem de cascalho fino com draga de sucção e recalque - bomba de 1.350 kW e cortador de 170 kW - distância de recalque de 3.500 a 3.700 m","m³",40.36]
[1917618,"Dragagem de cascalho fino com draga de sucção e recalque - bomba de 1.350 kW e cortador de 170 kW - distância de recalque de 3.700 a 3.900 m","m³",46.01]
[1917619,"Dragagem de cascalho fino com draga de sucção e recalque - bomba de 1.350 kW e cortador de 170 kW - distância de recalque de 3.900 a 4.100 m","m³",49.92]
[1917602,"Dragagem de cascalho fino com draga de sucção e recalque - bomba de 1.350 kW e cortador de 170 kW - distância de recalque de 500 a 700 m","m³",6.07]
[1917603,"Dragagem de cascalho fino com draga de sucção e recalque - bomba de 1.350 kW e cortador de 170 kW - distância de recalque de 700 a 900 m","m³",6.77]
[1917604,"Dragagem de cascalho fino com draga de sucção e recalque - bomba de 1.350 kW e cortador de 170 kW - distância de recalque de 900 a 1.100 m","m³",7.37]
[1917740,"Dragagem de cascalho fino com draga de sucção e recalque - bomba de 1.350 kW e cortador de 170 kW - distância de recalque de até 500 m","m³",5.85]
[1917263,"Dragagem de cascalho fino com draga de sucção e recalque - bomba de 294 kW e cortador de 30 kW - distância de recalque de 1.100 a 1.300 m","m³",10.59]
[1917264,"Dragagem de cascalho fino com draga de sucção e recalque - bomba de 294 kW e cortador de 30 kW - distância de recalque de 1.300 a 1.500 m","m³",13.13]
[1917265,"Dragagem de cascalho fino com draga de sucção e recalque - bomba de 294 kW e cortador de 30 kW - distância de recalque de 1.500 a 1.700 m","m³",17.03]
[1917260,"Dragagem de cascalho fino com draga de sucção e recalque - bomba de 294 kW e cortador de 30 kW - distância de recalque de 500 a 700 m","m³",6.43]
[1917261,"Dragagem de cascalho fino com draga de sucção e recalque - bomba de 294 kW e cortador de 30 kW - distância de recalque de 700 a 900 m","m³",7.16]
[1917262,"Dragagem de cascalho fino com draga de sucção e recalque - bomba de 294 kW e cortador de 30 kW - distância de recalque de 900 a 1.100 m","m³",8.48]
[1917727,"Dragagem de cascalho fino com draga de sucção e recalque - bomba de 294 kW e cortador de 30 kW - distância de recalque de até 500 m","m³",6.22]
[1917351,"Dragagem de cascalho fino com draga de sucção e recalque - bomba de 483 kW e cortador de 55 kW - distância de recalque de 1.100 a 1.300 m","m³",9.26]
[1917352,"Dragagem de cascalho fino com draga de sucção e recalque - bomba de 483 kW e cortador de 55 kW - distância de recalque de 1.300 a 1.500 m","m³",12.22]
[1917353,"Dragagem de cascalho fino com draga de sucção e recalque - bomba de 483 kW e cortador de 55 kW - distância de recalque de 1.500 a 1.700 m","m³",15.7]
[1917354,"Dragagem de cascalho fino com draga de sucção e recalque - bomba de 483 kW e cortador de 55 kW - distância de recalque de 1.700 a 1.900 m","m³",20.420000000000002]
[1917355,"Dragagem de cascalho fino com draga de sucção e recalque - bomba de 483 kW e cortador de 55 kW - distância de recalque de 1.900 a 2.100 m","m³",26.31]
[1917356,"Dragagem de cascalho fino com draga de sucção e recalque - bomba de 483 kW e cortador de 55 kW - distância de recalque de 2.100 a 2.300 m","m³",32.25]
[1917357,"Dragagem de cascalho fino com draga de sucção e recalque - bomba de 483 kW e cortador de 55 kW - distância de recalque de 2.300 a 2.500 m","m³",36.86]
[1917348,"Dragagem de cascalho fino com draga de sucção e recalque - bomba de 483 kW e cortador de 55 kW - distância de recalque de 500 a 700 m","m³",5.59]
[1917349,"Dragagem de cascalho fino com draga de sucção e recalque - bomba de 483 kW e cortador de 55 kW - distância de recalque de 700 a 900 m","m³",6.06]
[1917350,"Dragagem de cascalho fino com draga de sucção e recalque - bomba de 483 kW e cortador de 55 kW - distância de recalque de 900 a 1.100 m","m³",6.89]
[1917731,"Dragagem de cascalho fino com draga de sucção e recalque - bomba de 483 kW e cortador de 55 kW - distância de recalque de até 500 m","m³",5.48]
[1917463,"Dragagem de cascalho fino com draga de sucção e recalque - bomba de 746 kW e cortador de 110 kW - distância de recalque de 1.100 a 1.300 m","m³",9.35]
[1917464,"Dragagem de cascalho fino com draga de sucção e recalque - bomba de 746 kW e cortador de 110 kW - distância de recalque de 1.300 a 1.500 m","m³",10.83]
[1917465,"Dragagem de cascalho fino com draga de sucção e recalque - bomba de 746 kW e cortador de 110 kW - distância de recalque de 1.500 a 1.700 m","m³",12.48]
[1917466,"Dragagem de cascalho fino com draga de sucção e recalque - bomba de 746 kW e cortador de 110 kW - distância de recalque de 1.700 a 1.900 m","m³",14.86]
[1917467,"Dragagem de cascalho fino com draga de sucção e recalque - bomba de 746 kW e cortador de 110 kW - distância de recalque de 1.900 a 2.100 m","m³",18.39]
[1917468,"Dragagem de cascalho fino com draga de sucção e recalque - bomba de 746 kW e cortador de 110 kW - distância de recalque de 2.100 a 2.300 m","m³",22.41]
[1917469,"Dragagem de cascalho fino com draga de sucção e recalque - bomba de 746 kW e cortador de 110 kW - distância de recalque de 2.300 a 2.500 m","m³",26.86]
[1917470,"Dragagem de cascalho fino com draga de sucção e recalque - bomba de 746 kW e cortador de 110 kW - distância de recalque de 2.500 a 2.700 m","m³",32.049999999999997]
[1917471,"Dragagem de cascalho fino com draga de sucção e recalque - bomba de 746 kW e cortador de 110 kW - distância de recalque de 2.700 a 2.900 m","m³",38.19]
[1917472,"Dragagem de cascalho fino com draga de sucção e recalque - bomba de 746 kW e cortador de 110 kW - distância de recalque de 2.900 a 3.100 m","m³",40.89]
[1917460,"Dragagem de cascalho fino com draga de sucção e recalque - bomba de 746 kW e cortador de 110 kW - distância de recalque de 500 a 700 m","m³",5.41]
[1917461,"Dragagem de cascalho fino com draga de sucção e recalque - bomba de 746 kW e cortador de 110 kW - distância de recalque de 700 a 900 m","m³",6.42]
[1917462,"Dragagem de cascalho fino com draga de sucção e recalque - bomba de 746 kW e cortador de 110 kW - distância de recalque de 900 a 1.100 m","m³",7.64]
[1917735,"Dragagem de cascalho fino com draga de sucção e recalque - bomba de 746 kW e cortador de 110 kW - distância de recalque de até 500 m","m³",4.84]
[1917061,"Dragagem de cascalho fino com draga hopper - capacidade da cisterna de 1.000 m³ - DMT de 1.500 a 1.800 m","m³",10.89]
[1917062,"Dragagem de cascalho fino com draga hopper - capacidade da cisterna de 1.000 m³ - DMT de 1.800 a 2.100 m","m³",11.11]
[1917063,"Dragagem de cascalho fino com draga hopper - capacidade da cisterna de 1.000 m³ - DMT de 2.100 a 2.400 m","m³",11.32]
[1917064,"Dragagem de cascalho fino com draga hopper - capacidade da cisterna de 1.000 m³ - DMT de 2.400 a 2.700 m","m³",11.55]
[1917065,"Dragagem de cascalho fino com draga hopper - capacidade da cisterna de 1.000 m³ - DMT de 2.700 a 3.000 m","m³",11.79]
[1917066,"Dragagem de cascalho fino com draga hopper - capacidade da cisterna de 1.000 m³ - DMT de 3.000 m","m³",11.92]
[1901590,"Dragagem de cascalho fino com draga hopper - capacidade da cisterna de 10.000 m³ - DMT de 1.500 a 1.800 m","m³",7.23]
[1901591,"Dragagem de cascalho fino com draga hopper - capacidade da cisterna de 10.000 m³ - DMT de 1.800 a 2.100 m","m³",7.29]
[1901592,"Dragagem de cascalho fino com draga hopper - capacidade da cisterna de 10.000 m³ - DMT de 2.100 a 2.400 m","m³",7.36]
[1901593,"Dragagem de cascalho fino com draga hopper - capacidade da cisterna de 10.000 m³ - DMT de 2.400 a 2.700 m","m³",7.42]
[1901594,"Dragagem de cascalho fino com draga hopper - capacidade da cisterna de 10.000 m³ - DMT de 2.700 a 3.000 m","m³",7.5]
[1901589,"Dragagem de cascalho fino com draga hopper - capacidade da cisterna de 10.000 m³ - DMT de 3.000 m","m³",7.53]
[1901596,"Dragagem de cascalho fino com draga hopper - capacidade da cisterna de 15.000 m³ - DMT de 1.500 a 1.800 m","m³",9.52]
[1901597,"Dragagem de cascalho fino com draga hopper - capacidade da cisterna de 15.000 m³ - DMT de 1.800 a 2.100 m","m³",9.58]
[1901598,"Dragagem de cascalho fino com draga hopper - capacidade da cisterna de 15.000 m³ - DMT de 2.100 a 2.400 m","m³",9.64]
[1901599,"Dragagem de cascalho fino com draga hopper - capacidade da cisterna de 15.000 m³ - DMT de 2.400 a 2.700 m","m³",9.6999999999999993]
[1901600,"Dragagem de cascalho fino com draga hopper - capacidade da cisterna de 15.000 m³ - DMT de 2.700 a 3.000 m","m³",9.77]
[1901595,"Dragagem de cascalho fino com draga hopper - capacidade da cisterna de 15.000 m³ - DMT de 3.000 m","m³",9.81]
[1917097,"Dragagem de cascalho fino com draga hopper - capacidade da cisterna de 2.000 m³ - DMT de 1.500 a 1.800 m","m³",7.7]
[1917098,"Dragagem de cascalho fino com draga hopper - capacidade da cisterna de 2.000 m³ - DMT de 1.800 a 2.100 m","m³",7.83]
[1917099,"Dragagem de cascalho fino com draga hopper - capacidade da cisterna de 2.000 m³ - DMT de 2.100 a 2.400 m","m³",7.97]
[1917100,"Dragagem de cascalho fino com draga hopper - capacidade da cisterna de 2.000 m³ - DMT de 2.400 a 2.700 m","m³",8.11]
[1917101,"Dragagem de cascalho fino com draga hopper - capacidade da cisterna de 2.000 m³ - DMT de 2.700 a 3.000 m","m³",8.26]
[1917102,"Dragagem de cascalho fino com draga hopper - capacidade da cisterna de 2.000 m³ - DMT de 3.000 m","m³",8.34]
[1901601,"Dragagem de cascalho fino com draga hopper - capacidade da cisterna de 20.000 m³ - DMT de 1.500 a 1.800 m","m³",11.87]
[1901602,"Dragagem de cascalho fino com draga hopper - capacidade da cisterna de 20.000 m³ - DMT de 1.800 a 2.100 m","m³",11.92]
[1901603,"Dragagem de cascalho fino com draga hopper - capacidade da cisterna de 20.000 m³ - DMT de 2.100 a 2.400 m","m³",11.98]
[1901604,"Dragagem de cascalho fino com draga hopper - capacidade da cisterna de 20.000 m³ - DMT de 2.400 a 2.700 m","m³",12.04]
[1901605,"Dragagem de cascalho fino com draga hopper - capacidade da cisterna de 20.000 m³ - DMT de 2.700 a 3.000 m","m³",12.11]
[1901606,"Dragagem de cascalho fino com draga hopper - capacidade da cisterna de 20.000 m³ - DMT de 3.000 m","m³",12.15]
[1917133,"Dragagem de cascalho fino com draga hopper - capacidade da cisterna de 3.000 m³ - DMT de 1.500 a 1.800 m","m³",7.36]
[1917134,"Dragagem de cascalho fino com draga hopper - capacidade da cisterna de 3.000 m³ - DMT de 1.800 a 2.100 m","m³",7.46]
[1917135,"Dragagem de cascalho fino com draga hopper - capacidade da cisterna de 3.000 m³ - DMT de 2.100 a 2.400 m","m³",7.57]
[1917136,"Dragagem de cascalho fino com draga hopper - capacidade da cisterna de 3.000 m³ - DMT de 2.400 a 2.700 m","m³",7.69]
[1917137,"Dragagem de cascalho fino com draga hopper - capacidade da cisterna de 3.000 m³ - DMT de 2.700 a 3.000 m","m³",7.81]
[1917138,"Dragagem de cascalho fino com draga hopper - capacidade da cisterna de 3.000 m³ - DMT de 3.000 m","m³",7.88]
[1917169,"Dragagem de cascalho fino com draga hopper - capacidade da cisterna de 4.000 m³ - DMT de 1.500 a 1.800 m","m³",7.01]
[1917170,"Dragagem de cascalho fino com draga hopper - capacidade da cisterna de 4.000 m³ - DMT de 1.800 a 2.100 m","m³",7.1]
[1917171,"Dragagem de cascalho fino com draga hopper - capacidade da cisterna de 4.000 m³ - DMT de 2.100 a 2.400 m","m³",7.2]
[1917172,"Dragagem de cascalho fino com draga hopper - capacidade da cisterna de 4.000 m³ - DMT de 2.400 a 2.700 m","m³",7.3]
[1917173,"Dragagem de cascalho fino com draga hopper - capacidade da cisterna de 4.000 m³ - DMT de 2.700 a 3.000 m","m³",7.41]
[1917174,"Dragagem de cascalho fino com draga hopper - capacidade da cisterna de 4.000 m³ - DMT de 3.000 m","m³",7.47]
[1917205,"Dragagem de cascalho fino com draga hopper - capacidade da cisterna de 5.000 m³ - DMT de 1.500 a 1.800 m","m³",7.75]
[1917206,"Dragagem de cascalho fino com draga hopper - capacidade da cisterna de 5.000 m³ - DMT de 1.800 a 2.100 m","m³",7.83]
[1917207,"Dragagem de cascalho fino com draga hopper - capacidade da cisterna de 5.000 m³ - DMT de 2.100 a 2.400 m","m³",7.92]
[1917208,"Dragagem de cascalho fino com draga hopper - capacidade da cisterna de 5.000 m³ - DMT de 2.400 a 2.700 m","m³",8.01]
[1917209,"Dragagem de cascalho fino com draga hopper - capacidade da cisterna de 5.000 m³ - DMT de 2.700 a 3.000 m","m³",8.1]
[1917210,"Dragagem de cascalho fino com draga hopper - capacidade da cisterna de 5.000 m³ - DMT de 3.000 m","m³",8.15]
[1917025,"Dragagem de cascalho fino com draga hopper - capacidade da cisterna de 750 m³ - DMT de 1.500 a 1.800 m","m³",14.75]
[1917026,"Dragagem de cascalho fino com draga hopper - capacidade da cisterna de 750 m³ - DMT de 1.800 a 2.100 m","m³",15.05]
[1917027,"Dragagem de cascalho fino com draga hopper - capacidade da cisterna de 750 m³ - DMT de 2.100 a 2.400 m","m³",15.36]
[1917028,"Dragagem de cascalho fino com draga hopper - capacidade da cisterna de 750 m³ - DMT de 2.400 a 2.700 m","m³",15.68]
[1917029,"Dragagem de cascalho fino com draga hopper - capacidade da cisterna de 750 m³ - DMT de 2.700 a 3.000 m","m³",16.02]
[1917030,"Dragagem de cascalho fino com draga hopper - capacidade da cisterna de 750 m³ - DMT de 3.000 m","m³",16.21]
[1917629,"Dragagem de material de 1ª categoria com clamshell sobre pontão flutuante - capacidade da caçamba de 4,6 m³ - transporte com batelão sem propulsão com capacidade de 100 t - DMT 0 a 300 m","m³",13.85]
[1917633,"Dragagem de material de 1ª categoria com clamshell sobre pontão flutuante - capacidade da caçamba de 4,6 m³ - transporte com batelão sem propulsão com capacidade de 100 t - DMT 1.200 a 1.500 m","m³",15.57]
[1917634,"Dragagem de material de 1ª categoria com clamshell sobre pontão flutuante - capacidade da caçamba de 4,6 m³ - transporte com batelão sem propulsão com capacidade de 100 t - DMT 1.500 a 1.800 m","m³",15.88]
[1917635,"Dragagem de material de 1ª categoria com clamshell sobre pontão flutuante - capacidade da caçamba de 4,6 m³ - transporte com batelão sem propulsão com capacidade de 100 t - DMT 1.800 a 2.100 m","m³",16.190000000000001]
[1917636,"Dragagem de material de 1ª categoria com clamshell sobre pontão flutuante - capacidade da caçamba de 4,6 m³ - transporte com batelão sem propulsão com capacidade de 100 t - DMT 2.100 a 2.400 m","m³",18.079999999999998]
[1917637,"Dragagem de material de 1ª categoria com clamshell sobre pontão flutuante - capacidade da caçamba de 4,6 m³ - transporte com batelão sem propulsão com capacidade de 100 t - DMT 2.400 a 2.700 m","m³",18.5]
[1917638,"Dragagem de material de 1ª categoria com clamshell sobre pontão flutuante - capacidade da caçamba de 4,6 m³ - transporte com batelão sem propulsão com capacidade de 100 t - DMT 2.700 a 3.000 m","m³",18.91]
[1917630,"Dragagem de material de 1ª categoria com clamshell sobre pontão flutuante - capacidade da caçamba de 4,6 m³ - transporte com batelão sem propulsão com capacidade de 100 t - DMT 300 a 600 m","m³",14.4]
[1917631,"Dragagem de material de 1ª categoria com clamshell sobre pontão flutuante - capacidade da caçamba de 4,6 m³ - transporte com batelão sem propulsão com capacidade de 100 t - DMT 600 a 900 m","m³",14.87]
[1917632,"Dragagem de material de 1ª categoria com clamshell sobre pontão flutuante - capacidade da caçamba de 4,6 m³ - transporte com batelão sem propulsão com capacidade de 100 t - DMT 900 a 1.200 m","m³",15.18]
[1917639,"Dragagem de material de 1ª categoria com clamshell sobre pontão flutuante - capacidade da caçamba de 4,6 m³ - transporte com batelão sem propulsão com capacidade de 100 t - DMT de 3.000 m","m³",19.12]
[1917646,"Dragagem de material de 1ª categoria com dragline - caçamba de 2,1 m³ - caminho de serviço em leito natural - DMT 1.000 a 1.200 m - com caminhão de 14 m³ e carregadeira","m³",19.11]
[1917647,"Dragagem de material de 1ª categoria com dragline - caçamba de 2,1 m³ - caminho de serviço em leito natural - DMT 1.200 a 1.400 m - com caminhão de 14 m³ e carregadeira","m³",19.41]
[1917648,"Dragagem de material de 1ª categoria com dragline - caçamba de 2,1 m³ - caminho de serviço em leito natural - DMT 1.400 a 1.600 m - com caminhão de 14 m³ e carregadeira","m³",19.63]
[1917649,"Dragagem de material de 1ª categoria com dragline - caçamba de 2,1 m³ - caminho de serviço em leito natural - DMT 1.600 a 1.800 m - com caminhão de 14 m³ e carregadeira","m³",19.93]
[1917650,"Dragagem de material de 1ª categoria com dragline - caçamba de 2,1 m³ - caminho de serviço em leito natural - DMT 1.800 a 2.000 m - com caminhão de 14 m³ e carregadeira","m³",20.22]
[1917651,"Dragagem de material de 1ª categoria com dragline - caçamba de 2,1 m³ - caminho de serviço em leito natural - DMT 2.000 a 2.500 m - com caminhão de 14 m³ e carregadeira","m³",20.67]
[1917652,"Dragagem de material de 1ª categoria com dragline - caçamba de 2,1 m³ - caminho de serviço em leito natural - DMT 2.500 a 3.000 m - com caminhão de 14 m³ e carregadeira","m³",22.95]
[1917642,"Dragagem de material de 1ª categoria com dragline - caçamba de 2,1 m³ - caminho de serviço em leito natural - DMT 200 a 400 m - com caminhão de 14 m³ e carregadeira","m³",17.850000000000001]
[1917643,"Dragagem de material de 1ª categoria com dragline - caçamba de 2,1 m³ - caminho de serviço em leito natural - DMT 400 a 600 m - com caminhão de 14 m³ e carregadeira","m³",18.22]
[1917641,"Dragagem de material de 1ª categoria com dragline - caçamba de 2,1 m³ - caminho de serviço em leito natural - DMT 50 a 200 m - com caminhão de 14 m³ e carregadeira","m³",15.94]
[1917644,"Dragagem de material de 1ª categoria com dragline - caçamba de 2,1 m³ - caminho de serviço em leito natural - DMT 600 a 800 m - com caminhão de 14 m³ e carregadeira","m³",18.59]
[1917645,"Dragagem de material de 1ª categoria com dragline - caçamba de 2,1 m³ - caminho de serviço em leito natural - DMT 800 a 1.000 m - com caminhão de 14 m³ e carregadeira","m³",18.82]
[1917653,"Dragagem de material de 1ª categoria com dragline - caçamba de 2,1 m³ - caminho de serviço em leito natural - DMT de 3.000 m - com caminhão de 14 m³ e carregadeira","m³",23.28]
[1917659,"Dragagem de material de 1ª categoria com dragline - caçamba de 2,1 m³ - caminho de serviço em revestimento primário - DMT 1.000 a 1.200 m - com caminhão de 14 m³ e carregadeira","m³",18.3]
[1917660,"Dragagem de material de 1ª categoria com dragline - caçamba de 2,1 m³ - caminho de serviço em revestimento primário - DMT 1.200 a 1.400 m - com caminhão de 14 m³ e carregadeira","m³",18.45]
[1917661,"Dragagem de material de 1ª categoria com dragline - caçamba de 2,1 m³ - caminho de serviço em revestimento primário - DMT 1.400 a 1.600 m - com caminhão de 14 m³ e carregadeira","m³",18.59]
[1917662,"Dragagem de material de 1ª categoria com dragline - caçamba de 2,1 m³ - caminho de serviço em revestimento primário - DMT 1.600 a 1.800 m - com caminhão de 14 m³ e carregadeira","m³",18.739999999999998]
[1917663,"Dragagem de material de 1ª categoria com dragline - caçamba de 2,1 m³ - caminho de serviço em revestimento primário - DMT 1.800 a 2.000 m - com caminhão de 14 m³ e carregadeira","m³",18.96]
[1917664,"Dragagem de material de 1ª categoria com dragline - caçamba de 2,1 m³ - caminho de serviço em revestimento primário - DMT 2.000 a 2.500 m - com caminhão de 14 m³ e carregadeira","m³",19.260000000000002]
[1917665,"Dragagem de material de 1ª categoria com dragline - caçamba de 2,1 m³ - caminho de serviço em revestimento primário - DMT 2.500 a 3.000 m - com caminhão de 14 m³ e carregadeira","m³",19.7]
[1917655,"Dragagem de material de 1ª categoria com dragline - caçamba de 2,1 m³ - caminho de serviço em revestimento primário - DMT 200 a 400 m - com caminhão de 14 m³ e carregadeira","m³",15.94]
[1917656,"Dragagem de material de 1ª categoria com dragline - caçamba de 2,1 m³ - caminho de serviço em revestimento primário - DMT 400 a 600 m - com caminhão de 14 m³ e carregadeira","m³",17.71]
[1917654,"Dragagem de material de 1ª categoria com dragline - caçamba de 2,1 m³ - caminho de serviço em revestimento primário - DMT 50 a 200 m - com caminhão de 14 m³ e carregadeira","m³",15.69]
[1917657,"Dragagem de material de 1ª categoria com dragline - caçamba de 2,1 m³ - caminho de serviço em revestimento primário - DMT 600 a 800 m - com caminhão de 14 m³ e carregadeira","m³",17.93]
[1917658,"Dragagem de material de 1ª categoria com dragline - caçamba de 2,1 m³ - caminho de serviço em revestimento primário - DMT 800 a 1.000 m - com caminhão de 14 m³ e carregadeira","m³",18.079999999999998]
[1917666,"Dragagem de material de 1ª categoria com dragline - caçamba de 2,1 m³ - caminho de serviço em revestimento primário - DMT de 3.000 m - com caminhão de 14 m³ e carregadeira","m³",20]
[1917672,"Dragagem de material de 1ª categoria com dragline - caçamba de 2,1 m³ - caminho de serviço pavimentado - DMT 1.000 a 1.200 m - com caminhão de 14 m³ e carregadeira","m³",18.22]
[1917673,"Dragagem de material de 1ª categoria com dragline - caçamba de 2,1 m³ - caminho de serviço pavimentado - DMT 1.200 a 1.400 m - com caminhão de 14 m³ e carregadeira","m³",18.45]
[1917674,"Dragagem de material de 1ª categoria com dragline - caçamba de 2,1 m³ - caminho de serviço pavimentado - DMT 1.400 a 1.600 m - com caminhão de 14 m³ e carregadeira","m³",18.59]
[1917675,"Dragagem de material de 1ª categoria com dragline - caçamba de 2,1 m³ - caminho de serviço pavimentado - DMT 1.600 a 1.800 m - com caminhão de 14 m³ e carregadeira","m³",18.739999999999998]
[1917676,"Dragagem de material de 1ª categoria com dragline - caçamba de 2,1 m³ - caminho de serviço pavimentado - DMT 1.800 a 2.000 m - com caminhão de 14 m³ e carregadeira","m³",18.89]
[1917677,"Dragagem de material de 1ª categoria com dragline - caçamba de 2,1 m³ - caminho de serviço pavimentado - DMT 2.000 a 2.500 m - com caminhão de 14 m³ e carregadeira","m³",19.190000000000001]
[1917678,"Dragagem de material de 1ª categoria com dragline - caçamba de 2,1 m³ - caminho de serviço pavimentado - DMT 2.500 a 3.000 m - com caminhão de 14 m³ e carregadeira","m³",19.63]
[1917668,"Dragagem de material de 1ª categoria com dragline - caçamba de 2,1 m³ - caminho de serviço pavimentado - DMT 200 a 400 m - com caminhão de 14 m³ e carregadeira","m³",17.559999999999999]
[1917669,"Dragagem de material de 1ª categoria com dragline - caçamba de 2,1 m³ - caminho de serviço pavimentado - DMT 400 a 600 m - com caminhão de 14 m³ e carregadeira","m³",17.71]
[1917667,"Dragagem de material de 1ª categoria com dragline - caçamba de 2,1 m³ - caminho de serviço pavimentado - DMT 50 a 200 m - com caminhão de 14 m³ e carregadeira","m³",15.76]
[1917670,"Dragagem de material de 1ª categoria com dragline - caçamba de 2,1 m³ - caminho de serviço pavimentado - DMT 600 a 800 m - com caminhão de 14 m³ e carregadeira","m³",17.93]
[1917671,"Dragagem de material de 1ª categoria com dragline - caçamba de 2,1 m³ - caminho de serviço pavimentado - DMT 800 a 1.000 m - com caminhão de 14 m³ e carregadeira","m³",18.079999999999998]
[1917679,"Dragagem de material de 1ª categoria com dragline - caçamba de 2,1 m³ - caminho de serviço pavimentado - DMT de 3.000 m - com caminhão de 14 m³ e carregadeira","m³",19.850000000000001]
[1917640,"Dragagem de material de 1ª categoria com dragline - caçamba de 2,1 m³ - DMT até 50 m","m³",8.23]
[1917686,"Dragagem de material de 1ª categoria com escavadeira hidráulica - capacidade de caçamba de 1,56 m³ - caminho de serviço em leito natural - DMT 1.000 a 1.200 m","m³",10.48]
[1917687,"Dragagem de material de 1ª categoria com escavadeira hidráulica - capacidade de caçamba de 1,56 m³ - caminho de serviço em leito natural - DMT 1.200 a 1.400 m","m³",10.77]
[1917688,"Dragagem de material de 1ª categoria com escavadeira hidráulica - capacidade de caçamba de 1,56 m³ - caminho de serviço em leito natural - DMT 1.400 a 1.600 m","m³",11.79]
[1917689,"Dragagem de material de 1ª categoria com escavadeira hidráulica - capacidade de caçamba de 1,56 m³ - caminho de serviço em leito natural - DMT 1.600 a 1.800 m","m³",12.1]
[1917690,"Dragagem de material de 1ª categoria com escavadeira hidráulica - capacidade de caçamba de 1,56 m³ - caminho de serviço em leito natural - DMT 1.800 a 2.000 m","m³",12.33]
[1917691,"Dragagem de material de 1ª categoria com escavadeira hidráulica - capacidade de caçamba de 1,56 m³ - caminho de serviço em leito natural - DMT 2.000 a 2.500 m","m³",12.8]
[1917692,"Dragagem de material de 1ª categoria com escavadeira hidráulica - capacidade de caçamba de 1,56 m³ - caminho de serviço em leito natural - DMT 2.500 a 3.000 m","m³",14.38]
[1917682,"Dragagem de material de 1ª categoria com escavadeira hidráulica - capacidade de caçamba de 1,56 m³ - caminho de serviço em leito natural - DMT 200 a 400 m","m³",9.26]
[1917693,"Dragagem de material de 1ª categoria com escavadeira hidráulica - capacidade de caçamba de 1,56 m³ - caminho de serviço em leito natural - DMT 3.000 m","m³",14.76]
[1917683,"Dragagem de material de 1ª categoria com escavadeira hidráulica - capacidade de caçamba de 1,56 m³ - caminho de serviço em leito natural - DMT 400 a 600 m","m³",9.61]
[1917681,"Dragagem de material de 1ª categoria com escavadeira hidráulica - capacidade de caçamba de 1,56 m³ - caminho de serviço em leito natural - DMT 50 a 200 m","m³",8.01]
[1917684,"Dragagem de material de 1ª categoria com escavadeira hidráulica - capacidade de caçamba de 1,56 m³ - caminho de serviço em leito natural - DMT 600 a 800 m","m³",9.9]
[1917685,"Dragagem de material de 1ª categoria com escavadeira hidráulica - capacidade de caçamba de 1,56 m³ - caminho de serviço em leito natural - DMT 800 a 1.000 m","m³",10.19]
[1917699,"Dragagem de material de 1ª categoria com escavadeira hidráulica - capacidade de caçamba de 1,56 m³ - caminho de serviço em revestimento primário - DMT 1.000 a 1.200 m","m³",9.61]
[1917700,"Dragagem de material de 1ª categoria com escavadeira hidráulica - capacidade de caçamba de 1,56 m³ - caminho de serviço em revestimento primário - DMT 1.200 a 1.400 m","m³",9.7799999999999994]
[1917701,"Dragagem de material de 1ª categoria com escavadeira hidráulica - capacidade de caçamba de 1,56 m³ - caminho de serviço em revestimento primário - DMT 1.400 a 1.600 m","m³",9.9600000000000009]
[1917702,"Dragagem de material de 1ª categoria com escavadeira hidráulica - capacidade de caçamba de 1,56 m³ - caminho de serviço em revestimento primário - DMT 1.600 a 1.800 m","m³",10.130000000000001]
[1917703,"Dragagem de material de 1ª categoria com escavadeira hidráulica - capacidade de caçamba de 1,56 m³ - caminho de serviço em revestimento primário - DMT 1.800 a 2.000 m","m³",10.3]
[1917704,"Dragagem de material de 1ª categoria com escavadeira hidráulica - capacidade de caçamba de 1,56 m³ - caminho de serviço em revestimento primário - DMT 2.000 a 2.500 m","m³",10.59]
[1917705,"Dragagem de material de 1ª categoria com escavadeira hidráulica - capacidade de caçamba de 1,56 m³ - caminho de serviço em revestimento primário - DMT 2.500 a 3.000 m","m³",11.87]
[1917695,"Dragagem de material de 1ª categoria com escavadeira hidráulica - capacidade de caçamba de 1,56 m³ - caminho de serviço em revestimento primário - DMT 200 a 400 m","m³",8.01]
[1917706,"Dragagem de material de 1ª categoria com escavadeira hidráulica - capacidade de caçamba de 1,56 m³ - caminho de serviço em revestimento primário - DMT 3.000 m","m³",12.18]
[1917696,"Dragagem de material de 1ª categoria com escavadeira hidráulica - capacidade de caçamba de 1,56 m³ - caminho de serviço em revestimento primário - DMT 400 a 600 m","m³",9.0299999999999994]
[1917694,"Dragagem de material de 1ª categoria com escavadeira hidráulica - capacidade de caçamba de 1,56 m³ - caminho de serviço em revestimento primário - DMT 50 a 200 m","m³",7.74]
[1917697,"Dragagem de material de 1ª categoria com escavadeira hidráulica - capacidade de caçamba de 1,56 m³ - caminho de serviço em revestimento primário - DMT 600 a 800 m","m³",9.26]
[1917698,"Dragagem de material de 1ª categoria com escavadeira hidráulica - capacidade de caçamba de 1,56 m³ - caminho de serviço em revestimento primário - DMT 800 a 1.000 m","m³",9.43]
[1917712,"Dragagem de material de 1ª categoria com escavadeira hidráulica - capacidade de caçamba de 1,56 m³ - caminho de serviço pavimentado - DMT 1.000 a 1.200 m","m³",9.61]
[1917713,"Dragagem de material de 1ª categoria com escavadeira hidráulica - capacidade de caçamba de 1,56 m³ - caminho de serviço pavimentado - DMT 1.200 a 1.400 m","m³",9.7799999999999994]
[1917714,"Dragagem de material de 1ª categoria com escavadeira hidráulica - capacidade de caçamba de 1,56 m³ - caminho de serviço pavimentado - DMT 1.400 a 1.600 m","m³",9.9600000000000009]
[1917715,"Dragagem de material de 1ª categoria com escavadeira hidráulica - capacidade de caçamba de 1,56 m³ - caminho de serviço pavimentado - DMT 1.600 a 1.800 m","m³",10.07]
[1917716,"Dragagem de material de 1ª categoria com escavadeira hidráulica - capacidade de caçamba de 1,56 m³ - caminho de serviço pavimentado - DMT 1.800 a 2.000 m","m³",10.25]
[1917717,"Dragagem de material de 1ª categoria com escavadeira hidráulica - capacidade de caçamba de 1,56 m³ - caminho de serviço pavimentado - DMT 2.000 a 2.500 m","m³",10.54]
[1917718,"Dragagem de material de 1ª categoria com escavadeira hidráulica - capacidade de caçamba de 1,56 m³ - caminho de serviço pavimentado - DMT 2.500 a 3.000 m","m³",11.71]
[1917708,"Dragagem de material de 1ª categoria com escavadeira hidráulica - capacidade de caçamba de 1,56 m³ - caminho de serviço pavimentado - DMT 200 a 400 m","m³",8.85]
[1917719,"Dragagem de material de 1ª categoria com escavadeira hidráulica - capacidade de caçamba de 1,56 m³ - caminho de serviço pavimentado - DMT 3.000 m","m³",12.02]
[1917709,"Dragagem de material de 1ª categoria com escavadeira hidráulica - capacidade de caçamba de 1,56 m³ - caminho de serviço pavimentado - DMT 400 a 600 m","m³",9.08]
[1917707,"Dragagem de material de 1ª categoria com escavadeira hidráulica - capacidade de caçamba de 1,56 m³ - caminho de serviço pavimentado - DMT 50 a 200 m","m³",7.85]
[1917710,"Dragagem de material de 1ª categoria com escavadeira hidráulica - capacidade de caçamba de 1,56 m³ - caminho de serviço pavimentado - DMT 600 a 800 m","m³",9.26]
[1917711,"Dragagem de material de 1ª categoria com escavadeira hidráulica - capacidade de caçamba de 1,56 m³ - caminho de serviço pavimentado - DMT 800 a 1.000 m","m³",9.43]
[1917680,"Dragagem de material de 1ª categoria com escavadeira hidráulica - capacidade de caçamba de 1,56 m³ - DMT 0 a 50 m","m³",2.6]
[1901607,"Dragagem de material de 1ª categoria com escavadeira hidráulica sobre pontão flutuante - capacidade da caçamba de 1,56 m³ - transporte com batelão sem propulsão com capacidade de 100 t - DMT 0 a 300 m","m³",14.41]
[1901611,"Dragagem de material de 1ª categoria com escavadeira hidráulica sobre pontão flutuante - capacidade da caçamba de 1,56 m³ - transporte com batelão sem propulsão com capacidade de 100 t - DMT 1.200 a 1.500 m","m³",18.12]
[1901612,"Dragagem de material de 1ª categoria com escavadeira hidráulica sobre pontão flutuante - capacidade da caçamba de 1,56 m³ - transporte com batelão sem propulsão com capacidade de 100 t - DMT 1.500 a 1.800 m","m³",18.55]
[1901613,"Dragagem de material de 1ª categoria com escavadeira hidráulica sobre pontão flutuante - capacidade da caçamba de 1,56 m³ - transporte com batelão sem propulsão com capacidade de 100 t - DMT 1.800 a 2.100 m","m³",18.87]
[1901614,"Dragagem de material de 1ª categoria com escavadeira hidráulica sobre pontão flutuante - capacidade da caçamba de 1,56 m³ - transporte com batelão sem propulsão com capacidade de 100 t - DMT 2.100 a 2.400 m","m³",19.190000000000001]
[1901615,"Dragagem de material de 1ª categoria com escavadeira hidráulica sobre pontão flutuante - capacidade da caçamba de 1,56 m³ - transporte com batelão sem propulsão com capacidade de 100 t - DMT 2.400 a 2.700 m","m³",19.62]
[1901616,"Dragagem de material de 1ª categoria com escavadeira hidráulica sobre pontão flutuante - capacidade da caçamba de 1,56 m³ - transporte com batelão sem propulsão com capacidade de 100 t - DMT 2.700 a 3.000 m","m³",19.940000000000001]
[1901608,"Dragagem de material de 1ª categoria com escavadeira hidráulica sobre pontão flutuante - capacidade da caçamba de 1,56 m³ - transporte com batelão sem propulsão com capacidade de 100 t - DMT 300 a 600 m","m³",14.91]
[1901609,"Dragagem de material de 1ª categoria com escavadeira hidráulica sobre pontão flutuante - capacidade da caçamba de 1,56 m³ - transporte com batelão sem propulsão com capacidade de 100 t - DMT 600 a 900 m","m³",15.34]
[1901610,"Dragagem de material de 1ª categoria com escavadeira hidráulica sobre pontão flutuante - capacidade da caçamba de 1,56 m³ - transporte com batelão sem propulsão com capacidade de 100 t - DMT 900 a 1.200 m","m³",17.8]
[1901617,"Dragagem de material de 1ª categoria com escavadeira hidráulica sobre pontão flutuante - capacidade da caçamba de 1,56 m³ - transporte com batelão sem propulsão com capacidade de 100 t - DMT de 3.000 m","m³",20.16]
[1917037,"Dragagem de silte com draga hopper - capacidade da cisterna de 1.000 m³ - DMT de 1.500 a 1.800 m","m³",18.13]
[1917038,"Dragagem de silte com draga hopper - capacidade da cisterna de 1.000 m³ - DMT de 1.800 a 2.100 m","m³",18.739999999999998]
[1917039,"Dragagem de silte com draga hopper - capacidade da cisterna de 1.000 m³ - DMT de 2.100 a 2.400 m","m³",19.37]
[1917040,"Dragagem de silte com draga hopper - capacidade da cisterna de 1.000 m³ - DMT de 2.400 a 2.700 m","m³",20.02]
[1917041,"Dragagem de silte com draga hopper - capacidade da cisterna de 1.000 m³ - DMT de 2.700 a 3.000 m","m³",20.72]
[1917042,"Dragagem de silte com draga hopper - capacidade da cisterna de 1.000 m³ - DMT de 3.000 m","m³",21.09]
[1901619,"Dragagem de silte com draga hopper - capacidade da cisterna de 10.000 m³ - DMT de 1.500 a 1.800 m","m³",10.01]
[1901620,"Dragagem de silte com draga hopper - capacidade da cisterna de 10.000 m³ - DMT de 1.800 a 2.100 m","m³",10.19]
[1901621,"Dragagem de silte com draga hopper - capacidade da cisterna de 10.000 m³ - DMT de 2.100 a 2.400 m","m³",10.37]
[1901622,"Dragagem de silte com draga hopper - capacidade da cisterna de 10.000 m³ - DMT de 2.400 a 2.700 m","m³",10.57]
[1901623,"Dragagem de silte com draga hopper - capacidade da cisterna de 10.000 m³ - DMT de 2.700 a 3.000 m","m³",10.78]
[1901618,"Dragagem de silte com draga hopper - capacidade da cisterna de 10.000 m³ - DMT de 3.000 m","m³",10.89]
[1901625,"Dragagem de silte com draga hopper - capacidade da cisterna de 15.000 m³ - DMT de 1.500 a 1.800 m","m³",12.02]
[1901626,"Dragagem de silte com draga hopper - capacidade da cisterna de 15.000 m³ - DMT de 1.800 a 2.100 m","m³",12.19]
[1901627,"Dragagem de silte com draga hopper - capacidade da cisterna de 15.000 m³ - DMT de 2.100 a 2.400 m","m³",12.37]
[1901628,"Dragagem de silte com draga hopper - capacidade da cisterna de 15.000 m³ - DMT de 2.400 a 2.700 m","m³",12.55]
[1901629,"Dragagem de silte com draga hopper - capacidade da cisterna de 15.000 m³ - DMT de 2.700 a 3.000 m","m³",12.75]
[1901624,"Dragagem de silte com draga hopper - capacidade da cisterna de 15.000 m³ - DMT de 3.000 m","m³",12.86]
[1917073,"Dragagem de silte com draga hopper - capacidade da cisterna de 2.000 m³ - DMT de 1.500 a 1.800 m","m³",12.58]
[1917074,"Dragagem de silte com draga hopper - capacidade da cisterna de 2.000 m³ - DMT de 1.800 a 2.100 m","m³",12.96]
[1917075,"Dragagem de silte com draga hopper - capacidade da cisterna de 2.000 m³ - DMT de 2.100 a 2.400 m","m³",13.35]
[1917076,"Dragagem de silte com draga hopper - capacidade da cisterna de 2.000 m³ - DMT de 2.400 a 2.700 m","m³",13.76]
[1917077,"Dragagem de silte com draga hopper - capacidade da cisterna de 2.000 m³ - DMT de 2.700 a 3.000 m","m³",14.2]
[1917078,"Dragagem de silte com draga hopper - capacidade da cisterna de 2.000 m³ - DMT de 3.000 m","m³",14.43]
[1901631,"Dragagem de silte com draga hopper - capacidade da cisterna de 20.000 m³ - DMT de 1.500 a 1.800 m","m³",14.18]
[1901632,"Dragagem de silte com draga hopper - capacidade da cisterna de 20.000 m³ - DMT de 1.800 a 2.100 m","m³",14.35]
[1901633,"Dragagem de silte com draga hopper - capacidade da cisterna de 20.000 m³ - DMT de 2.100 a 2.400 m","m³",14.52]
[1901634,"Dragagem de silte com draga hopper - capacidade da cisterna de 20.000 m³ - DMT de 2.400 a 2.700 m","m³",14.7]
[1901635,"Dragagem de silte com draga hopper - capacidade da cisterna de 20.000 m³ - DMT de 2.700 a 3.000 m","m³",14.89]
[1901630,"Dragagem de silte com draga hopper - capacidade da cisterna de 20.000 m³ - DMT de 3.000 m","m³",14.99]
[1917109,"Dragagem de silte com draga hopper - capacidade da cisterna de 3.000 m³ - DMT de 1.500 a 1.800 m","m³",11.5]
[1917110,"Dragagem de silte com draga hopper - capacidade da cisterna de 3.000 m³ - DMT de 1.800 a 2.100 m","m³",11.81]
[1917111,"Dragagem de silte com draga hopper - capacidade da cisterna de 3.000 m³ - DMT de 2.100 a 2.400 m","m³",12.13]
[1917112,"Dragagem de silte com draga hopper - capacidade da cisterna de 3.000 m³ - DMT de 2.400 a 2.700 m","m³",12.47]
[1917113,"Dragagem de silte com draga hopper - capacidade da cisterna de 3.000 m³ - DMT de 2.700 a 3.000 m","m³",12.82]
[1917114,"Dragagem de silte com draga hopper - capacidade da cisterna de 3.000 m³ - DMT de 3.000 m","m³",13.01]
[1917145,"Dragagem de silte com draga hopper - capacidade da cisterna de 4.000 m³ - DMT de 1.500 a 1.800 m","m³",10.76]
[1917146,"Dragagem de silte com draga hopper - capacidade da cisterna de 4.000 m³ - DMT de 1.800 a 2.100 m","m³",11.03]
[1917147,"Dragagem de silte com draga hopper - capacidade da cisterna de 4.000 m³ - DMT de 2.100 a 2.400 m","m³",11.32]
[1917148,"Dragagem de silte com draga hopper - capacidade da cisterna de 4.000 m³ - DMT de 2.400 a 2.700 m","m³",11.61]
[1917149,"Dragagem de silte com draga hopper - capacidade da cisterna de 4.000 m³ - DMT de 2.700 a 3.000 m","m³",11.92]
[1917150,"Dragagem de silte com draga hopper - capacidade da cisterna de 4.000 m³ - DMT de 3.000 m","m³",12.09]
[1917181,"Dragagem de silte com draga hopper - capacidade da cisterna de 5.000 m³ - DMT de 1.500 a 1.800 m","m³",11.16]
[1917182,"Dragagem de silte com draga hopper - capacidade da cisterna de 5.000 m³ - DMT de 1.800 a 2.100 m","m³",11.41]
[1917183,"Dragagem de silte com draga hopper - capacidade da cisterna de 5.000 m³ - DMT de 2.100 a 2.400 m","m³",11.66]
[1917184,"Dragagem de silte com draga hopper - capacidade da cisterna de 5.000 m³ - DMT de 2.400 a 2.700 m","m³",11.92]
[1917185,"Dragagem de silte com draga hopper - capacidade da cisterna de 5.000 m³ - DMT de 2.700 a 3.000 m","m³",12.2]
[1917186,"Dragagem de silte com draga hopper - capacidade da cisterna de 5.000 m³ - DMT de 3.000 m","m³",12.35]
[1917001,"Dragagem de silte com draga hopper - capacidade da cisterna de 750 m³ - DMT de 1.500 a 1.800 m","m³",23.97]
[1917002,"Dragagem de silte com draga hopper - capacidade da cisterna de 750 m³ - DMT de 1.800 a 2.100 m","m³",24.85]
[1917003,"Dragagem de silte com draga hopper - capacidade da cisterna de 750 m³ - DMT de 2.100 a 2.400 m","m³",25.74]
[1917004,"Dragagem de silte com draga hopper - capacidade da cisterna de 750 m³ - DMT de 2.400 a 2.700 m","m³",26.68]
[1917005,"Dragagem de silte com draga hopper - capacidade da cisterna de 750 m³ - DMT de 2.700 a 3.000 m","m³",27.67]
[1917006,"Dragagem de silte com draga hopper - capacidade da cisterna de 750 m³ - DMT de 3.000 m","m³",28.2]
[2009619,"Alvenaria de blocos de concreto 19 x 19 x 39 cm com espessura de 20 cm - areia comercial","m²",122.35]
[2009618,"Alvenaria de blocos de concreto 19 x 19 x 39 cm com espessura de 20 cm - areia extraída","m²",120.07]
[2003866,"Aplicação de geotêxtil não-tecido agulhado com resistência à tração longitudinal de 14 kN/m","m²",8.25]
[2003867,"Aplicação de geotêxtil não-tecido agulhado com resistência à tração longitudinal de 31 kN/m","m²",17.37]
[2003622,"Boca de lobo combinada - chapéu e grelha simples - BLC 01 - areia e brita comerciais","un",2533.73]
[2003621,"Boca de lobo combinada - chapéu e grelha simples - BLC 01 - areia extraída e brita produzida","un",2390.8200000000002]
[2003624,"Boca de lobo combinada - chapéu e grelha simples - BLC 02 - areia e brita comerciais","un",2942.45]
[2003623,"Boca de lobo combinada - chapéu e grelha simples - BLC 02 - areia extraída e brita produzida","un",2785.24]
[2003634,"Boca de lobo dupla - grelha de concreto - BLDG 01 - areia e brita comerciais","un",1900.31]
[2003633,"Boca de lobo dupla - grelha de concreto - BLDG 01 - areia extraída e brita produzida","un",1757.4]
[2003636,"Boca de lobo dupla - grelha de concreto - BLDG 02 - areia e brita comerciais","un",2309.04]
[2003635,"Boca de lobo dupla - grelha de concreto - BLDG 02 - areia extraída e brita produzida","un",2151.83]
[2003638,"Boca de lobo dupla - grelha de concreto - BLDG 03 - areia e brita comerciais","un",2724.62]
[2003637,"Boca de lobo dupla - grelha de concreto - BLDG 03 - areia extraída e brita produzida","un",2551.65]
[2003640,"Boca de lobo dupla - grelha de concreto - BLDG 04 - areia e brita comerciais","un",3133.34]
[2003639,"Boca de lobo dupla - grelha de concreto - BLDG 04 - areia extraída e brita produzida","un",2946.07]
[2003618,"Boca de lobo simples - BLS 01 - areia e brita comerciais","un",1045.4000000000001]
[2003617,"Boca de lobo simples - BLS 01 - areia extraída e brita produzida","un",966.86]
[2003620,"Boca de lobo simples - BLS 02 - areia e brita comerciais","un",1294.79]
[2003619,"Boca de lobo simples - BLS 02 - areia extraída e brita produzida","un",1207.5999999999999]
[2003626,"Boca de lobo simples - grelha de concreto - BLSG 01 - areia e brita comerciais","un",986.96]
[2003625,"Boca de lobo simples - grelha de concreto - BLSG 01 - areia extraída e brita produzida","un",908.43]
[2003628,"Boca de lobo simples - grelha de concreto - BLSG 02 - areia e brita comerciais","un",1236.3599999999999]
[2003627,"Boca de lobo simples - grelha de concreto - BLSG 02 - areia extraída e brita produzida","un",1149.1600000000001]
[2003630,"Boca de lobo simples - grelha de concreto - BLSG 03 - areia e brita comerciais","un",1485.75]
[2003629,"Boca de lobo simples - grelha de concreto - BLSG 03 - areia extraída e brita produzida","un",1389.9]
[2003632,"Boca de lobo simples - grelha de concreto - BLSG 04 - areia e brita comerciais","un",1735.14]
[2003631,"Boca de lobo simples - grelha de concreto - BLSG 04 - areia extraída e brita produzida","un",1630.63]
[2003599,"Boca de saída para dreno longitudinal profundo - BSD 01 - tubo de concreto perfurado - areia e brita comerciais","un",228.27]
[2003598,"Boca de saída para dreno longitudinal profundo - BSD 01 - tubo de concreto perfurado - areia extraída e brita produzida","un",197.46]
[2003919,"Boca de saída para dreno longitudinal profundo - BSD 01 - tubo de PEAD - areia e brita comerciais","un",228.27]
[2003918,"Boca de saída para dreno longitudinal profundo - BSD 01 - tubo de PEAD - areia extraída e brita produzida","un",197.46]
[2003601,"Boca de saída para dreno longitudinal profundo - BSD 02 - tubo de concreto perfurado - areia e brita comerciais","un",287.88]
[2003600,"Boca de saída para dreno longitudinal profundo - BSD 02 - tubo de concreto perfurado - areia extraída e brita produzida","un",247.59]
[2003921,"Boca de saída para dreno longitudinal profundo - BSD 02 - tubo de PEAD - areia e brita comerciais","un",287.88]
[2003920,"Boca de saída para dreno longitudinal profundo - BSD 02 - tubo de PEAD - areia extraída e brita produzida","un",247.59]
[2003616,"Boca de saída para dreno sub-horizontal em material de 1ª categoria - BSD 04 - areia e brita comerciais","un",25.56]
[2003615,"Boca de saída para dreno sub-horizontal em material de 1ª categoria - BSD 04 - areia extraída e brita produzida","un",21.21]
[2003927,"Boca de saída para dreno sub-horizontal em material de 2ª categoria - BSD 04 - areia e brita comerciais","un",26.37]
[2003926,"Boca de saída para dreno sub-horizontal em material de 2ª categoria - BSD 04 - areia extraída e brita produzida","un",22.02]
[2003613,"Boca de saída para dreno subsuperficial - BSD 03 - areia e brita comerciais","un",160.54]
[2003612,"Boca de saída para dreno subsuperficial - BSD 03 - areia extraída e brita produzida","un",141.58000000000001]
[2003477,"Caixa coletora de sarjeta - CCS 01 - com grelha de concreto - TCC 01 - areia e brita comerciais","un",4197.97]
[2003476,"Caixa coletora de sarjeta - CCS 01 - com grelha de concreto - TCC 01 - areia extraída e brita produzida","un",3745.55]
[2003517,"Caixa coletora de sarjeta - CCS 01 - com grelha de ferro - TCC 02 - areia e brita comerciais","un",4493.75]
[2003516,"Caixa coletora de sarjeta - CCS 01 - com grelha de ferro - TCC 02 - areia extraída e brita produzida","un",4059.25]
[2003479,"Caixa coletora de sarjeta - CCS 02 - com grelha de concreto - TCC 01 - areia e brita comerciais","un",4136.43]
[2003478,"Caixa coletora de sarjeta - CCS 02 - com grelha de concreto - TCC 01 - areia extraída e brita produzida","un",3703.77]
[2003519,"Caixa coletora de sarjeta - CCS 02 - com grelha de ferro - TCC 02 - areia e brita comerciais","un",4432.22]
[2003518,"Caixa coletora de sarjeta - CCS 02 - com grelha de ferro - TCC 02 - areia extraída e brita produzida","un",4017.47]
[2003481,"Caixa coletora de sarjeta - CCS 03 - com grelha de concreto - TCC 01 - areia e brita comerciais","un",4074.9]
[2003480,"Caixa coletora de sarjeta - CCS 03 - com grelha de concreto - TCC 01 - areia extraída e brita produzida","un",3661.98]
[2003521,"Caixa coletora de sarjeta - CCS 03 - com grelha de ferro - TCC 02 - areia e brita comerciais","un",4370.6899999999996]
[2003520,"Caixa coletora de sarjeta - CCS 03 - com grelha de ferro - TCC 02 - areia extraída e brita produzida","un",3975.69]
[2003483,"Caixa coletora de sarjeta - CCS 04 - com grelha de concreto - TCC 01 - areia e brita comerciais","un",4013.37]
[2003482,"Caixa coletora de sarjeta - CCS 04 - com grelha de concreto - TCC 01 - areia extraída e brita produzida","un",3620.2]
[2003523,"Caixa coletora de sarjeta - CCS 04 - com grelha de ferro - TCC 02 - areia e brita comerciais","un",4309.1499999999996]
[2003522,"Caixa coletora de sarjeta - CCS 04 - com grelha de ferro - TCC 02 - areia extraída e brita produzida","un",3933.9]
[2003485,"Caixa coletora de sarjeta - CCS 05 - com grelha de concreto - TCC 01 - areia e brita comerciais","un",5405.26]
[2003484,"Caixa coletora de sarjeta - CCS 05 - com grelha de concreto - TCC 01 - areia extraída e brita produzida","un",4844.22]
[2003525,"Caixa coletora de sarjeta - CCS 05 - com grelha de ferro - TCC 02 - areia e brita comerciais","un",5701.05]
[2003524,"Caixa coletora de sarjeta - CCS 05 - com grelha de ferro - TCC 02 - areia extraída e brita produzida","un",5157.92]
[2003487,"Caixa coletora de sarjeta - CCS 06 - com grelha de concreto - TCC 01 - areia e brita comerciais","un",5343.73]
[2003486,"Caixa coletora de sarjeta - CCS 06 - com grelha de concreto - TCC 01 - areia extraída e brita produzida","un",4802.4399999999996]
[2003527,"Caixa coletora de sarjeta - CCS 06 - com grelha de ferro - TCC 02 - areia e brita comerciais","un",5639.51]
[2003526,"Caixa coletora de sarjeta - CCS 06 - com grelha de ferro - TCC 02 - areia extraída e brita produzida","un",5116.1400000000003]
[2003489,"Caixa coletora de sarjeta - CCS 07 - com grelha de concreto - TCC 01 - areia e brita comerciais","un",5282.19]
[2003488,"Caixa coletora de sarjeta - CCS 07 - com grelha de concreto - TCC 01 - areia extraída e brita produzida","un",4760.6499999999996]
[2003529,"Caixa coletora de sarjeta - CCS 07 - com grelha de ferro - TCC 02 - areia e brita comerciais","un",5577.98]
[2003528,"Caixa coletora de sarjeta - CCS 07 - com grelha de ferro - TCC 02 - areia extraída e brita produzida","un",5074.3599999999997]
[2003491,"Caixa coletora de sarjeta - CCS 08 - com grelha de concreto - TCC 01 - areia e brita comerciais","un",5220.66]
[2003490,"Caixa coletora de sarjeta - CCS 08 - com grelha de concreto - TCC 01 - areia extraída e brita produzida","un",4718.87]
[2003531,"Caixa coletora de sarjeta - CCS 08 - com grelha de ferro - TCC 02 - areia e brita comerciais","un",5516.45]
[2003530,"Caixa coletora de sarjeta - CCS 08 - com grelha de ferro - TCC 02 - areia extraída e brita produzida","un",5032.57]
[2003493,"Caixa coletora de sarjeta - CCS 09 - com grelha de concreto - TCC 01 - areia e brita comerciais","un",6443.81]
[2003492,"Caixa coletora de sarjeta - CCS 09 - com grelha de concreto - TCC 01 - areia extraída e brita produzida","un",5774.14]
[2003533,"Caixa coletora de sarjeta - CCS 09 - com grelha de ferro - TCC 02 - areia e brita comerciais","un",6739.59]
[2003532,"Caixa coletora de sarjeta - CCS 09 - com grelha de ferro - TCC 02 - areia extraída e brita produzida","un",6087.84]
[2003495,"Caixa coletora de sarjeta - CCS 10 - com grelha de concreto - TCC 01 - areia e brita comerciais","un",6382.27]
[2003494,"Caixa coletora de sarjeta - CCS 10 - com grelha de concreto - TCC 01 - areia extraída e brita produzida","un",5732.36]
[2003535,"Caixa coletora de sarjeta - CCS 10 - com grelha de ferro - TCC 02 - areia e brita comerciais","un",6678.06]
[2003534,"Caixa coletora de sarjeta - CCS 10 - com grelha de ferro - TCC 02 - areia extraída e brita produzida","un",6046.06]
[2003497,"Caixa coletora de sarjeta - CCS 11 - com grelha de concreto - TCC 01 - areia e brita comerciais","un",6320.74]
[2003496,"Caixa coletora de sarjeta - CCS 11 - com grelha de concreto - TCC 01 - areia extraída e brita produzida","un",5690.57]
[2003537,"Caixa coletora de sarjeta - CCS 11 - com grelha de ferro - TCC 02 - areia e brita comerciais","un",6616.53]
[2003536,"Caixa coletora de sarjeta - CCS 11 - com grelha de ferro - TCC 02 - areia extraída e brita produzida","un",6004.28]
[2003499,"Caixa coletora de sarjeta - CCS 12 - com grelha de concreto - TCC 01 - areia e brita comerciais","un",6259.21]
[2003498,"Caixa coletora de sarjeta - CCS 12 - com grelha de concreto - TCC 01 - areia extraída e brita produzida","un",5648.79]
[2003539,"Caixa coletora de sarjeta - CCS 12 - com grelha de ferro - TCC 02 - areia e brita comerciais","un",6493.46]
[2003538,"Caixa coletora de sarjeta - CCS 12 - com grelha de ferro - TCC 02 - areia extraída e brita produzida","un",5920.71]
[2003501,"Caixa coletora de sarjeta - CCS 13 - com grelha de concreto - TCC 01 - areia e brita comerciais","un",7707.34]
[2003500,"Caixa coletora de sarjeta - CCS 13 - com grelha de concreto - TCC 01 - areia extraída e brita produzida","un",6929.05]
[2003541,"Caixa coletora de sarjeta - CCS 13 - com grelha de ferro - TCC 02 - areia e brita comerciais","un",8003.13]
[2003540,"Caixa coletora de sarjeta - CCS 13 - com grelha de ferro - TCC 02 - areia extraída e brita produzida","un",7242.75]
[2003503,"Caixa coletora de sarjeta - CCS 14 - com grelha de concreto - TCC 01 - areia e brita comerciais","un",7645.81]
[2003502,"Caixa coletora de sarjeta - CCS 14 - com grelha de concreto - TCC 01 - areia extraída e brita produzida","un",6887.27]
[2003543,"Caixa coletora de sarjeta - CCS 14 - com grelha de ferro - TCC 02 - areia e brita comerciais","un",7941.59]
[2003542,"Caixa coletora de sarjeta - CCS 14 - com grelha de ferro - TCC 02 - areia extraída e brita produzida","un",7200.97]
[2003505,"Caixa coletora de sarjeta - CCS 15 - com grelha de concreto - TCC 01 - areia e brita comerciais","un",7584.27]
[2003504,"Caixa coletora de sarjeta - CCS 15 - com grelha de concreto - TCC 01 - areia extraída e brita produzida","un",6845.48]
[2003545,"Caixa coletora de sarjeta - CCS 15 - com grelha de ferro - TCC 02 - areia e brita comerciais","un",7880.06]
[2003544,"Caixa coletora de sarjeta - CCS 15 - com grelha de ferro - TCC 02 - areia extraída e brita produzida","un",7159.19]
[2003507,"Caixa coletora de sarjeta - CCS 16 - com grelha de concreto - TCC 01 - areia e brita comerciais","un",7522.74]
[2003506,"Caixa coletora de sarjeta - CCS 16 - com grelha de concreto - TCC 01 - areia extraída e brita produzida","un",6803.7]
[2003547,"Caixa coletora de sarjeta - CCS 16 - com grelha de ferro - TCC 02 - areia e brita comerciais","un",7818.53]
[2003546,"Caixa coletora de sarjeta - CCS 16 - com grelha de ferro - TCC 02 - areia extraída e brita produzida","un",7117.4]
[2003509,"Caixa coletora de sarjeta - CCS 17 - com grelha de concreto - TCC 01 - areia e brita comerciais","un",8790.89]
[2003508,"Caixa coletora de sarjeta - CCS 17 - com grelha de concreto - TCC 01 - areia extraída e brita produzida","un",7903.97]
[2003549,"Caixa coletora de sarjeta - CCS 17 - com grelha de ferro - TCC 02 - areia e brita comerciais","un",9086.67]
[2003548,"Caixa coletora de sarjeta - CCS 17 - com grelha de ferro - TCC 02 - areia extraída e brita produzida","un",8217.67]
[2003511,"Caixa coletora de sarjeta - CCS 18 - com grelha de concreto - TCC 01 - areia e brita comerciais","un",8729.35]
[2003510,"Caixa coletora de sarjeta - CCS 18 - com grelha de concreto - TCC 01 - areia extraída e brita produzida","un",7862.19]
[2003551,"Caixa coletora de sarjeta - CCS 18 - com grelha de ferro - TCC 02 - areia e brita comerciais","un",9025.14]
[2003550,"Caixa coletora de sarjeta - CCS 18 - com grelha de ferro - TCC 02 - areia extraída e brita produzida","un",8175.89]
[2003513,"Caixa coletora de sarjeta - CCS 19 - com grelha de concreto - TCC 01 - areia e brita comerciais","un",8667.82]
[2003512,"Caixa coletora de sarjeta - CCS 19 - com grelha de concreto - TCC 01 - areia extraída e brita produzida","un",7820.4]
[2003553,"Caixa coletora de sarjeta - CCS 19 - com grelha de ferro - TCC 02 - areia e brita comerciais","un",8963.61]
[2003552,"Caixa coletora de sarjeta - CCS 19 - com grelha de ferro - TCC 02 - areia extraída e brita produzida","un",8134.11]
[2003515,"Caixa coletora de sarjeta - CCS 20 - com grelha de concreto - TCC 01 - areia e brita comerciais","un",8606.2900000000009]
[2003514,"Caixa coletora de sarjeta - CCS 20 - com grelha de concreto - TCC 01 - areia extraída e brita produzida","un",7778.62]
[2003555,"Caixa coletora de sarjeta - CCS 20 - com grelha de ferro - TCC 02 - areia e brita comerciais","un",8902.07]
[2003554,"Caixa coletora de sarjeta - CCS 20 - com grelha de ferro - TCC 02 - areia extraída e brita produzida","un",8092.32]
[2003728,"Caixa coletora de talvegue - CCT 01 - areia e brita comerciais","un",3918.92]
[2003727,"Caixa coletora de talvegue - CCT 01 - areia extraída e brita produzida","un",3472.57]
[2003730,"Caixa coletora de talvegue - CCT 02 - areia e brita comerciais","un",3857.38]
[2003729,"Caixa coletora de talvegue - CCT 02 - areia extraída e brita produzida","un",3430.78]
[2003732,"Caixa coletora de talvegue - CCT 03 - areia e brita comerciais","un",3802]
[2003731,"Caixa coletora de talvegue - CCT 03 - areia extraída e brita produzida","un",3393.18]
[2003734,"Caixa coletora de talvegue - CCT 04 - areia e brita comerciais","un",3734.31]
[2003733,"Caixa coletora de talvegue - CCT 04 - areia extraída e brita produzida","un",3347.21]
[2003736,"Caixa coletora de talvegue - CCT 05 - areia e brita comerciais","un",5126.21]
[2003735,"Caixa coletora de talvegue - CCT 05 - areia extraída e brita produzida","un",4571.24]
[2003738,"Caixa coletora de talvegue - CCT 06 - areia e brita comerciais","un",5064.68]
[2003737,"Caixa coletora de talvegue - CCT 06 - areia extraída e brita produzida","un",4529.45]
[2003740,"Caixa coletora de talvegue - CCT 07 - areia e brita comerciais","un",5009.3]
[2003739,"Caixa coletora de talvegue - CCT 07 - areia extraída e brita produzida","un",4491.8500000000004]
[2003742,"Caixa coletora de talvegue - CCT 08 - areia e brita comerciais","un",5187.75]
[2003741,"Caixa coletora de talvegue - CCT 08 - areia extraída e brita produzida","un",4613.0200000000004]
[2003744,"Caixa coletora de talvegue - CCT 09 - areia e brita comerciais","un",6164.76]
[2003743,"Caixa coletora de talvegue - CCT 09 - areia extraída e brita produzida","un",5501.16]
[2003746,"Caixa coletora de talvegue - CCT 10 - areia e brita comerciais","un",6103.22]
[2003745,"Caixa coletora de talvegue - CCT 10 - areia extraída e brita produzida","un",5459.37]
[2003748,"Caixa coletora de talvegue - CCT 11 - areia e brita comerciais","un",6047.84]
[2003747,"Caixa coletora de talvegue - CCT 11 - areia extraída e brita produzida","un",5421.77]
[2003750,"Caixa coletora de talvegue - CCT 12 - areia e brita comerciais","un",5980.15]
[2003749,"Caixa coletora de talvegue - CCT 12 - areia extraída e brita produzida","un",5375.8]
[2003752,"Caixa coletora de talvegue - CCT 13 - areia e brita comerciais","un",7428.29]
[2003751,"Caixa coletora de talvegue - CCT 13 - areia extraída e brita produzida","un",6656.07]
[2003754,"Caixa coletora de talvegue - CCT 14 - areia e brita comerciais","un",7366.76]
[2003753,"Caixa coletora de talvegue - CCT 14 - areia extraída e brita produzida","un",6614.28]
[2003756,"Caixa coletora de talvegue - CCT 15 - areia e brita comerciais","un",7311.38]
[2003755,"Caixa coletora de talvegue - CCT 15 - areia extraída e brita produzida","un",6576.68]
[2003758,"Caixa coletora de talvegue - CCT 16 - areia e brita comerciais","un",7243.69]
[2003757,"Caixa coletora de talvegue - CCT 16 - areia extraída e brita produzida","un",6530.71]
[2003760,"Caixa coletora de talvegue - CCT 17 - areia e brita comerciais","un",7158.09]
[2003759,"Caixa coletora de talvegue - CCT 17 - areia extraída e brita produzida","un",6711.74]
[2003762,"Caixa coletora de talvegue - CCT 18 - areia e brita comerciais","un",8450.2999999999993]
[2003761,"Caixa coletora de talvegue - CCT 18 - areia extraída e brita produzida","un",7589.2]
[2003764,"Caixa coletora de talvegue - CCT 19 - areia e brita comerciais","un",8394.92]
[2003763,"Caixa coletora de talvegue - CCT 19 - areia extraída e brita produzida","un",7551.6]
[2003766,"Caixa coletora de talvegue - CCT 20 - areia e brita comerciais","un",8327.23]
[2003765,"Caixa coletora de talvegue - CCT 20 - areia extraída e brita produzida","un",7505.63]
[2003642,"Caixa de ligação e passagem - CLP 01 - areia e brita comerciais","un",1822.39]
[2003641,"Caixa de ligação e passagem - CLP 01 - areia extraída e brita produzida","un",1543.91]
[2003644,"Caixa de ligação e passagem - CLP 02 - areia e brita comerciais","un",1785.46]
[2003643,"Caixa de ligação e passagem - CLP 02 - areia extraída e brita produzida","un",1518.84]
[2003646,"Caixa de ligação e passagem - CLP 03 - areia e brita comerciais","un",2459.54]
[2003645,"Caixa de ligação e passagem - CLP 03 - areia extraída e brita produzida","un",2076.39]
[2003648,"Caixa de ligação e passagem - CLP 04 - areia e brita comerciais","un",3160.83]
[2003647,"Caixa de ligação e passagem - CLP 04 - areia extraída e brita produzida","un",2678.93]
[2003650,"Caixa de ligação e passagem - CLP 05 - areia e brita comerciais","un",3752.32]
[2003649,"Caixa de ligação e passagem - CLP 05 - areia extraída e brita produzida","un",3195.37]
[2003652,"Caixa de ligação e passagem - CLP 06 - areia e brita comerciais","un",4785.6000000000004]
[2003651,"Caixa de ligação e passagem - CLP 06 - areia extraída e brita produzida","un",4112.12]
[2003654,"Caixa de ligação e passagem - CLP 07 - areia e brita comerciais","un",2176.4299999999998]
[2003653,"Caixa de ligação e passagem - CLP 07 - areia extraída e brita produzida","un",1844.63]
[2003656,"Caixa de ligação e passagem - CLP 08 - areia e brita comerciais","un",2133.35]
[2003655,"Caixa de ligação e passagem - CLP 08 - areia extraída e brita produzida","un",1815.38]
[2003658,"Caixa de ligação e passagem - CLP 09 - areia e brita comerciais","un",2869.3]
[2003657,"Caixa de ligação e passagem - CLP 09 - areia extraída e brita produzida","un",2420.9699999999998]
[2003660,"Caixa de ligação e passagem - CLP 10 - areia e brita comerciais","un",3597.92]
[2003659,"Caixa de ligação e passagem - CLP 10 - areia extraída e brita produzida","un",3046.9]
[2003662,"Caixa de ligação e passagem - CLP 11 - areia e brita comerciais","un",4222.91]
[2003661,"Caixa de ligação e passagem - CLP 11 - areia extraída e brita produzida","un",3590.91]
[2003664,"Caixa de ligação e passagem - CLP 12 - areia e brita comerciais","un",5197.22]
[2003663,"Caixa de ligação e passagem - CLP 12 - areia extraída e brita produzida","un",4442.7700000000004]
[2003666,"Caixa de ligação e passagem - CLP 13 - areia e brita comerciais","un",2536.62]
[2003665,"Caixa de ligação e passagem - CLP 13 - areia extraída e brita produzida","un",2149.52]
[2003668,"Caixa de ligação e passagem - CLP 14 - areia e brita comerciais","un",2499.6999999999998]
[2003667,"Caixa de ligação e passagem - CLP 14 - areia extraída e brita produzida","un",2124.4499999999998]
[2003670,"Caixa de ligação e passagem - CLP 15 - areia e brita comerciais","un",3297.51]
[2003669,"Caixa de ligação e passagem - CLP 15 - areia extraída e brita produzida","un",2778.08]
[2003672,"Caixa de ligação e passagem - CLP 16 - areia e brita comerciais","un",4065.78]
[2003671,"Caixa de ligação e passagem - CLP 16 - areia extraída e brita produzida","un",3435.75]
[2003674,"Caixa de ligação e passagem - CLP 17 - areia e brita comerciais","un",4718.1000000000004]
[2003673,"Caixa de ligação e passagem - CLP 17 - areia extraída e brita produzida","un",4003.15]
[2003676,"Caixa de ligação e passagem - CLP 18 - areia e brita comerciais","un",5745.74]
[2003675,"Caixa de ligação e passagem - CLP 18 - areia extraída e brita produzida","un",4898.46]
[2003854,"Camada drenante para proteção de muros de contenção - areia comercial","m³",167.12]
[2003855,"Camada drenante para proteção de muros de contenção - areia extraída","m³",17.559999999999999]
[2003856,"Camada drenante para proteção de muros de contenção - brita comercial","m³",228.93]
[2003857,"Camada drenante para proteção de muros de contenção - brita produzida","m³",70.47]
[2019782,"Canal em polietileno e polipropileno com efeito autolimpante e abertura de captação em ferro fundido dúctil - carga de controle de 900 kN - 100,0 x 21,0 x 57,9 cm - fornecimento e instalação em pavimento de asfalto","m",1235.31]
[2019783,"Canal em polietileno e polipropileno com efeito autolimpante e abertura de captação em ferro fundido dúctil - carga de controle de 900 kN - 100,0 x 25,2 x 66,5 cm - fornecimento e instalação em pavimento de asfalto","m",1901.59]
[2019784,"Canal em polietileno e polipropileno com efeito autolimpante e abertura de captação em ferro fundido dúctil - carga de controle de 900 kN - 100,0 x 42,0 x 95,0 cm - fornecimento e instalação em pavimento de asfalto","m",2478.67]
[2019785,"Canal em polietileno e polipropileno com efeito autolimpante e abertura de captação em ferro fundido dúctil - carga de controle de 900 kN - 114,2 x 78,0 x 106,0 cm - fornecimento e instalação em pavimento de asfalto","m",3302]
[2019776,"Canal em polietileno e polipropileno com efeito autolimpante e grelha de encaixe em ferro fundido dúctil - carga de controle de 400 kN - 100,0 x 14,7 x 18,6 cm - fornecimento e instalação em pavimento de asfalto","m",548.79]
[2019777,"Canal em polietileno e polipropileno com efeito autolimpante e grelha de encaixe em ferro fundido dúctil - carga de controle de 400 kN - 100,0 x 24,7 x 23,6 cm - fornecimento e instalação em pavimento de asfalto","m",1397.45]
[2019778,"Canal em polietileno e polipropileno com efeito autolimpante e grelha de encaixe em ferro fundido dúctil - carga de controle de 400 kN - 100,0 x 34,9 x 29,4 cm - fornecimento e instalação em pavimento de asfalto","m",2304.16]
[2019779,"Canal em polietileno e polipropileno com efeito autolimpante e grelha de encaixe em ferro fundido dúctil - carga de controle de 600 kN - 100,0 x 16,0 x 15,0 cm - fornecimento e instalação em pavimento de asfalto","m",836.96]
[2019780,"Canal em polietileno e polipropileno com efeito autolimpante e grelha de encaixe em ferro fundido dúctil - carga de controle de 600 kN - 100,0 x 21,2 x 21,0 cm - fornecimento e instalação em pavimento de asfalto","m",1023.91]
[2019781,"Canal em polietileno e polipropileno com efeito autolimpante e grelha de encaixe em ferro fundido dúctil - carga de controle de 600 kN - 100,0 x 26,2 x 20,0 cm - fornecimento e instalação em pavimento de asfalto","m",1283.52]
[2019773,"Canal em polietileno e polipropileno com efeito autolimpante e grelha de encaixe em poliamida reforçada - carga de controle de 250 kN - 100,0 x 16,0 x 15,0 cm - fornecimento e instalação em pavimento de asfalto","m",366.57]
[2019774,"Canal em polietileno e polipropileno com efeito autolimpante e grelha de encaixe em poliamida reforçada - carga de controle de 250 kN - 100,0 x 16,0 x 20,0 cm - fornecimento e instalação em pavimento de asfalto","m",393.41]
[2019775,"Canal em polietileno e polipropileno com efeito autolimpante e grelha de encaixe em poliamida reforçada - carga de controle de 250 kN - 100,0 x 16,0 x 7,5 cm - fornecimento e instalação em pavimento de asfalto","m",338.61]
[2019755,"Canal monobloco com corpo e grelha em concreto polímero com efeito autolimpante - carga de controle de 400 kN - 100,0 x 15,0 x 23,0 cm - fornecimento e instalação em pavimento de asfalto","m",481.93]
[2019764,"Canal monobloco com corpo e grelha em concreto polímero com efeito autolimpante - carga de controle de 400 kN - 100,0 x 15,0 x 23,0 cm - fornecimento e instalação em pavimento de concreto","m",501.13]
[2019756,"Canal monobloco com corpo e grelha em concreto polímero com efeito autolimpante - carga de controle de 400 kN - 100,0 x 25,0 x 32,0 cm - fornecimento e instalação em pavimento de asfalto","m",872.84]
[2019765,"Canal monobloco com corpo e grelha em concreto polímero com efeito autolimpante - carga de controle de 400 kN - 100,0 x 25,0 x 32,0 cm - fornecimento e instalação em pavimento de concreto","m",892.05]
[2019757,"Canal monobloco com corpo e grelha em concreto polímero com efeito autolimpante - carga de controle de 900 kN - 100,0 x 16,0 x 26,5 cm - fornecimento e instalação em pavimento de asfalto","m",868.87]
[2019766,"Canal monobloco com corpo e grelha em concreto polímero com efeito autolimpante - carga de controle de 900 kN - 100,0 x 16,0 x 26,5 cm - fornecimento e instalação em pavimento de concreto","m",935.51]
[2019758,"Canal monobloco com corpo e grelha em concreto polímero com efeito autolimpante - carga de controle de 900 kN - 100,0 x 21,0 x 28,0 cm - fornecimento e instalação em pavimento de asfalto","m",803.28]
[2019767,"Canal monobloco com corpo e grelha em concreto polímero com efeito autolimpante - carga de controle de 900 kN - 100,0 x 21,0 x 28,0 cm - fornecimento e instalação em pavimento de concreto","m",870.57]
[2019759,"Canal monobloco com corpo e grelha em concreto polímero com efeito autolimpante - carga de controle de 900 kN - 100,0 x 21,0 x 38,0 cm - fornecimento e instalação em pavimento de asfalto","m",891.28]
[2019768,"Canal monobloco com corpo e grelha em concreto polímero com efeito autolimpante - carga de controle de 900 kN - 100,0 x 21,0 x 38,0 cm - fornecimento e instalação em pavimento de concreto","m",971.51]
[2019760,"Canal monobloco com corpo e grelha em concreto polímero com efeito autolimpante - carga de controle de 900 kN - 100,0 x 21,0 x 48,0 cm - fornecimento e instalação em pavimento de asfalto","m",1376.96]
[2019769,"Canal monobloco com corpo e grelha em concreto polímero com efeito autolimpante - carga de controle de 900 kN - 100,0 x 21,0 x 48,0 cm - fornecimento e instalação em pavimento de concreto","m",1470.14]
[2019761,"Canal monobloco com corpo e grelha em concreto polímero com efeito autolimpante - carga de controle de 900 kN - 100,0 x 26,0 x 33,0 cm - fornecimento e instalação em pavimento de asfalto","m",1054.6600000000001]
[2019770,"Canal monobloco com corpo e grelha em concreto polímero com efeito autolimpante - carga de controle de 900 kN - 100,0 x 26,0 x 33,0 cm - fornecimento e instalação em pavimento de concreto","m",1128.42]
[2019762,"Canal monobloco com corpo e grelha em concreto polímero com efeito autolimpante - carga de controle de 900 kN - 100,0 x 26,0 x 53,0 cm - fornecimento e instalação em pavimento de asfalto","m",1282.44]
[2019771,"Canal monobloco com corpo e grelha em concreto polímero com efeito autolimpante - carga de controle de 900 kN - 100,0 x 26,0 x 53,0 cm - fornecimento e instalação em pavimento de concreto","m",1382.1]
[2019763,"Canal monobloco com corpo e grelha em concreto polímero com efeito autolimpante - carga de controle de 900 kN - 200,0 x 40,0 x 59,5 cm - fornecimento e instalação em pavimento de asfalto","m",5085.21]
[2019772,"Canal monobloco com corpo e grelha em concreto polímero com efeito autolimpante - carga de controle de 900 kN - 200,0 x 40,0 x 59,5 cm - fornecimento e instalação em pavimento de concreto","m",5182.92]
[2003811,"Canaleta de concreto - CAU 01 - seção de 20 x 20 cm - espessura de 10 cm - apoiada em toda a extensão","m",148.47]
[2003812,"Canaleta de concreto - CAU 02 - seção de 25 x 25 cm - espessura de 10 cm - apoiada em toda a extensão","m",175.74]
[2003813,"Canaleta de concreto - CAU 03 - seção de 30 x 30 cm - espessura de 10 cm - apoiada em toda a extensão","m",209.57]
[2003814,"Canaleta de concreto - CAU 04 - seção de 35 x 35 cm - espessura de 10 cm - apoiada em toda a extensão","m",239.03]
[2003815,"Canaleta de concreto - CAU 05 - seção de 40 x 40 cm - espessura de 10 cm - apoiada em toda a extensão","m",268.48]
[2003816,"Canaleta de concreto - CAU 06 - seção de 50 x 50 cm - espessura de 10 cm - apoiada em toda a extensão","m",331.77]
[2003817,"Canaleta de concreto - CAU 07 - seção de 60 x 60 cm - espessura de 10 cm - apoiada em toda a extensão","m",388.5]
[2003799,"Canaleta meia cana D = 0,30 m assente sobre lastro de areia - areia e brita comerciais - fornecimento e instalação","m",63.03]
[2003798,"Canaleta meia cana D = 0,30 m assente sobre lastro de areia - areia extraída e brita produzida - fornecimento e instalação","m",51.92]
[2003801,"Canaleta meia cana D = 0,40 m assente sobre lastro de areia - areia e brita comerciais - fornecimento e instalação","m",81.22]
[2003800,"Canaleta meia cana D = 0,40 m assente sobre lastro de areia - areia extraída e brita produzida - fornecimento e instalação","m",65.400000000000006]
[2003714,"Chaminé dos poços de visita - CPV 01 - areia e brita comerciais","un",1621.5]
[2003713,"Chaminé dos poços de visita - CPV 01 - areia extraída e brita produzida","un",1566.23]
[2003716,"Chaminé dos poços de visita - CPV 02 - areia e brita comerciais","un",1913.27]
[2003715,"Chaminé dos poços de visita - CPV 02 - areia extraída e brita produzida","un",1849.87]
[2003718,"Chaminé dos poços de visita - CPV 03 - areia e brita comerciais","un",2196.96]
[2003717,"Chaminé dos poços de visita - CPV 03 - areia extraída e brita produzida","un",2126.9]
[2003720,"Chaminé dos poços de visita - CPV 04 - areia e brita comerciais","un",2488.67]
[2003719,"Chaminé dos poços de visita - CPV 04 - areia extraída e brita produzida","un",2410.4899999999998]
[2003722,"Chaminé dos poços de visita - CPV 05 - areia e brita comerciais","un",2772.36]
[2003721,"Chaminé dos poços de visita - CPV 05 - areia extraída e brita produzida","un",2687.52]
[2003724,"Chaminé dos poços de visita - CPV 06 - areia e brita comerciais","un",3064.13]
[2003723,"Chaminé dos poços de visita - CPV 06 - areia extraída e brita produzida","un",2971.16]
[2003726,"Chaminé dos poços de visita - CPV 07 - areia e brita comerciais","un",3347.81]
[2003725,"Chaminé dos poços de visita - CPV 07 - areia extraída e brita produzida","un",3248.2]
[2003859,"Colchão drenante com espalhamento e compactação mecânicos - brita produzida","m³",67.22]
[2003861,"Coluna drenante D = 20 cm - areia comercial","m",25.79]
[2003862,"Coluna drenante D = 20 cm - areia extraída","m",21.51]
[2003405,"Descida d'água de aterros em degraus - DAD 01 - areia e brita comerciais","m",259.60000000000002]
[2003404,"Descida d'água de aterros em degraus - DAD 01 - areia extraída e brita produzida","m",208.25]
[2003407,"Descida d'água de aterros em degraus - DAD 02 - areia e brita comerciais","m",320.82]
[2003406,"Descida d'água de aterros em degraus - DAD 02 - areia extraída e brita produzida","m",269.47000000000003]
[2003409,"Descida d'água de aterros em degraus - DAD 03 - areia e brita comerciais","m",556.19000000000005]
[2003408,"Descida d'água de aterros em degraus - DAD 03 - areia extraída e brita produzida","m",439.66]
[2003411,"Descida d'água de aterros em degraus - DAD 04 - areia e brita comerciais","m",725.66]
[2003410,"Descida d'água de aterros em degraus - DAD 04 - areia extraída e brita produzida","m",609.14]
[2003413,"Descida d'água de aterros em degraus - DAD 05 - areia e brita comerciais","m",777.29]
[2003412,"Descida d'água de aterros em degraus - DAD 05 - areia extraída e brita produzida","m",615.34]
[2003415,"Descida d'água de aterros em degraus - DAD 06 - areia e brita comerciais","m",980.35]
[2003414,"Descida d'água de aterros em degraus - DAD 06 - areia extraída e brita produzida","m",818.4]
[2003417,"Descida d'água de aterros em degraus - DAD 07 - areia e brita comerciais","m",1011.72]
[2003416,"Descida d'água de aterros em degraus - DAD 07 - areia extraída e brita produzida","m",800.39]
[2003419,"Descida d'água de aterros em degraus - DAD 08 - areia e brita comerciais","m",1249.6300000000001]
[2003418,"Descida d'água de aterros em degraus - DAD 08 - areia extraída e brita produzida","m",1038.31]
[2003421,"Descida d'água de aterros em degraus - DAD 09 - areia e brita comerciais","m",1273.78]
[2003420,"Descida d'água de aterros em degraus - DAD 09 - areia extraída e brita produzida","m",1009.13]
[2003423,"Descida d'água de aterros em degraus - DAD 10 - areia e brita comerciais","m",1539.18]
[2003422,"Descida d'água de aterros em degraus - DAD 10 - areia extraída e brita produzida","m",1274.53]
[2003425,"Descida d'água de aterros em degraus - DAD 11 - areia e brita comerciais","m",1656.42]
[2003424,"Descida d'água de aterros em degraus - DAD 11 - areia extraída e brita produzida","m",1312.77]
[2003427,"Descida d'água de aterros em degraus - DAD 12 - areia e brita comerciais","m",2007.55]
[2003426,"Descida d'água de aterros em degraus - DAD 12 - areia extraída e brita produzida","m",1663.9]
[2003429,"Descida d'água de aterros em degraus - DAD 13 - areia e brita comerciais","m",2099.81]
[2003428,"Descida d'água de aterros em degraus - DAD 13 - areia extraída e brita produzida","m",1649.51]
[2003431,"Descida d'água de aterros em degraus - DAD 14 - areia e brita comerciais","m",2425.16]
[2003430,"Descida d'água de aterros em degraus - DAD 14 - areia extraída e brita produzida","m",1974.86]
[2003433,"Descida d'água de aterros em degraus - DAD 15 - areia e brita comerciais","m",2703.87]
[2003432,"Descida d'água de aterros em degraus - DAD 15 - areia extraída e brita produzida","m",2127.17]
[2003435,"Descida d'água de aterros em degraus - DAD 16 - areia e brita comerciais","m",3084.33]
[2003434,"Descida d'água de aterros em degraus - DAD 16 - areia extraída e brita produzida","m",2507.63]
[2003437,"Descida d'água de aterros em degraus - DAD 17 - areia e brita comerciais","m",3657.99]
[2003436,"Descida d'água de aterros em degraus - DAD 17 - areia extraída e brita produzida","m",2881.81]
[2003439,"Descida d'água de aterros em degraus - DAD 18 - areia e brita comerciais","m",4134.38]
[2003438,"Descida d'água de aterros em degraus - DAD 18 - areia extraída e brita produzida","m",3358.21]
[2003389,"Descida d'água de aterros tipo rápido - DAR 01 - areia e brita comerciais","m",288.95]
[2003388,"Descida d'água de aterros tipo rápido - DAR 01 - areia extraída e brita produzida","m",254.39]
[2003391,"Descida d'água de aterros tipo rápido - DAR 02 - areia e brita comerciais","m",181.25]
[2003390,"Descida d'água de aterros tipo rápido - DAR 02 - areia extraída e brita produzida","m",154.19]
[2003393,"Descida d'água de aterros tipo rápido - DAR 03 - areia e brita comerciais","m",254.78]
[2003392,"Descida d'água de aterros tipo rápido - DAR 03 - areia extraída e brita produzida","m",227.72]
[2003395,"Descida d'água de aterros tipo rápido - DAR 04 - areia e brita comerciais","m",695.75]
[2003394,"Descida d'água de aterros tipo rápido - DAR 04 - areia extraída e brita produzida","m",691.8]
[2003397,"Descida d'água de cortes em degraus - DCD 01 - areia e brita comerciais","m",577.15]
[2003396,"Descida d'água de cortes em degraus - DCD 01 - areia extraída e brita produzida","m",508.03]
[2003399,"Descida d'água de cortes em degraus - DCD 02 - areia e brita comerciais","m",726.93]
[2003398,"Descida d'água de cortes em degraus - DCD 02 - areia extraída e brita produzida","m",657.8]
[2003401,"Descida d'água de cortes em degraus - DCD 03 - areia e brita comerciais","m",657.06]
[2003400,"Descida d'água de cortes em degraus - DCD 03 - areia extraída e brita produzida","m",574.11]
[2003403,"Descida d'água de cortes em degraus - DCD 04 - areia e brita comerciais","m",814.91]
[2003402,"Descida d'água de cortes em degraus - DCD 04 - areia extraída e brita produzida","m",731.96]
[2003448,"Dissipador de energia - DEB 01 - areia extraída e brita e pedra de mão produzidas","un",424.95]
[2003449,"Dissipador de energia - DEB 01 - areia, brita e pedra de mão comerciais","un",538.32000000000005]
[2003450,"Dissipador de energia - DEB 02 - areia extraída e brita e pedra de mão produzidas","un",436.96]
[2003451,"Dissipador de energia - DEB 02 - areia, brita e pedra de mão comerciais","un",555.73]
[2003452,"Dissipador de energia - DEB 03 - areia extraída e brita e pedra de mão produzidas","un",1323.99]
[2003453,"Dissipador de energia - DEB 03 - areia, brita e pedra de mão comerciais","un",1687.01]
[2003454,"Dissipador de energia - DEB 04 - areia extraída e brita e pedra de mão produzidas","un",1872.84]
[2003455,"Dissipador de energia - DEB 04 - areia, brita e pedra de mão comerciais","un",2438.52]
[2003456,"Dissipador de energia - DEB 05 - areia extraída e brita e pedra de mão produzidas","un",2506.77]
[2003457,"Dissipador de energia - DEB 05 - areia, brita e pedra de mão comerciais","un",3318.15]
[2003458,"Dissipador de energia - DEB 06 - areia extraída e brita e pedra de mão produzidas","un",3185.25]
[2003459,"Dissipador de energia - DEB 06 - areia, brita e pedra de mão comerciais","un",4269.1899999999996]
[2003460,"Dissipador de energia - DEB 07 - areia extraída e brita e pedra de mão produzidas","un",4499.8599999999997]
[2003461,"Dissipador de energia - DEB 07 - areia, brita e pedra de mão comerciais","un",6145.52]
[2003462,"Dissipador de energia - DEB 08 - areia extraída e brita e pedra de mão produzidas","un",3227.62]
[2003463,"Dissipador de energia - DEB 08 - areia, brita e pedra de mão comerciais","un",4345.2700000000004]
[2003464,"Dissipador de energia - DEB 09 - areia extraída e brita e pedra de mão produzidas","un",4151.3599999999997]
[2003465,"Dissipador de energia - DEB 09 - areia, brita e pedra de mão comerciais","un",5658.51]
[2003466,"Dissipador de energia - DEB 10 - areia extraída e brita e pedra de mão produzidas","un",5812.19]
[2003467,"Dissipador de energia - DEB 10 - areia, brita e pedra de mão comerciais","un",8047.36]
[2003468,"Dissipador de energia - DEB 11 - areia extraída e brita e pedra de mão produzidas","un",3953.41]
[2003469,"Dissipador de energia - DEB 11 - areia, brita e pedra de mão comerciais","un",5380.76]
[2003470,"Dissipador de energia - DEB 12 - areia extraída e brita e pedra de mão produzidas","un",5117.49]
[2003471,"Dissipador de energia - DEB 12 - areia, brita e pedra de mão comerciais","un",7049.29]
[2003472,"Dissipador de energia - DEB 13 - areia extraída e brita e pedra de mão produzidas","un",7553.71]
[2003473,"Dissipador de energia - DEB 13 - areia, brita e pedra de mão comerciais","un",10571.16]
[2003475,"Dissipador de energia - DED 01 - areia e brita comerciais","un",597.23]
[2003474,"Dissipador de energia - DED 01 - areia extraída e brita produzida","un",524.16]
[2003441,"Dissipador de energia - DES 01 - areia e pedra de mão comerciais","un",282.45]
[2003440,"Dissipador de energia - DES 01 - areia extraída e pedra de mão produzida","un",176.82]
[2003443,"Dissipador de energia - DES 02 - areia e pedra de mão comerciais","un",335.32]
[2003442,"Dissipador de energia - DES 02 - areia extraída e pedra de mão produzida","un",209.89]
[2003445,"Dissipador de energia - DES 03 - areia e pedra de mão comerciais","un",400.25]
[2003444,"Dissipador de energia - DES 03 - areia extraída e pedra de mão produzida","un",250.61]
[2003447,"Dissipador de energia - DES 04 - areia e pedra de mão comerciais","un",493.95]
[2003446,"Dissipador de energia - DES 04 - areia extraída e pedra de mão produzida","un",309.11]
[2004516,"Dreno de pavimento em microvala com geocomposto drenante H = 0,40 m - inclusive corte, enchimento com areia e selo asfáltico","m",35.130000000000003]
[2004517,"Dreno de pavimento em microvala com geocomposto drenante H = 0,60 m - inclusive corte, enchimento com areia e selo asfáltico","m",70.55]
[2007971,"Dreno de PVC D = 100 mm para OAE - fornecimento e instalação","m",86.63]
[2008091,"Dreno de PVC D = 150 mm para OAE - fornecimento e instalação","m",86.91]
[2006408,"Dreno de PVC D = 75 mm para OAE - fornecimento e instalação","m",72.150000000000006]
[2015642,"Dreno em tubo de aço galvanizado D = 100 mm em OAE - fornecimento e instalação","m",161.21]
[2015641,"Dreno em tubo de aço galvanizado D = 80 mm em OAE - fornecimento e instalação","m",147.01]
[2004509,"Dreno longitudinal de pavimento H = 0,40 m - com geocomposto drenante","m",39.54]
[2004510,"Dreno longitudinal de pavimento H = 0,60 m - com geocomposto drenante","m",48.32]
[2004511,"Dreno longitudinal de pavimento H = 1,00 m - com geocomposto drenante","m",65.88]
[2004512,"Dreno longitudinal de pavimento H = 1,50 m - com geocomposto drenante","m",87.82]
[2003843,"Dreno longitudinal profundo em tubo de concreto D = 0,40 m em vala de H = 1,10 m e L = 1,00 m com brita envolta em geotêxtil","m",403.33]
[2003915,"Dreno longitudinal profundo para corte em rocha - DPR 01 - tubo de concreto perfurado e brita comercial","m",126.99]
[2003914,"Dreno longitudinal profundo para corte em rocha - DPR 01 - tubo de concreto perfurado e brita produzida","m",102.46]
[2003589,"Dreno longitudinal profundo para corte em rocha - DPR 01 - tubo PEAD e brita comercial","m",135.94999999999999]
[2003588,"Dreno longitudinal profundo para corte em rocha - DPR 01 - tubo PEAD e brita produzida","m",115.93]
[2003917,"Dreno longitudinal profundo para corte em rocha - DPR 02 - tubo de concreto perfurado e brita comercial","m",142.04]
[2003916,"Dreno longitudinal profundo para corte em rocha - DPR 02 - tubo de concreto perfurado e brita produzida","m",117.51]
[2003591,"Dreno longitudinal profundo para corte em rocha - DPR 02 - tubo PEAD e brita comercial","m",151]
[2003590,"Dreno longitudinal profundo para corte em rocha - DPR 02 - tubo PEAD e brita produzida","m",130.97999999999999]
[2003593,"Dreno longitudinal profundo para corte em rocha - DPR 03 - brita comercial","m",100.06]
[2003592,"Dreno longitudinal profundo para corte em rocha - DPR 03 - brita produzida","m",71.45]
[2003595,"Dreno longitudinal profundo para corte em rocha - DPR 04 - brita comercial","m",85.01]
[2003594,"Dreno longitudinal profundo para corte em rocha - DPR 04 - brita produzida","m",56.4]
[2003597,"Dreno longitudinal profundo para corte em rocha - DPR 05 - tubo de concreto poroso e areia comercial","m",119]
[2003596,"Dreno longitudinal profundo para corte em rocha - DPR 05 - tubo de concreto poroso e areia extraída","m",96.49]
[2003572,"Dreno longitudinal profundo para corte em solo - DPS 01 - tubo PEAD e areia comercial","m",139.38]
[2003580,"Dreno longitudinal profundo para corte em solo - DPS 01 - tubo PEAD e areia extraída","m",68.39]
[2003573,"Dreno longitudinal profundo para corte em solo - DPS 02 - tubo PEAD e areia comercial","m",148.66]
[2003581,"Dreno longitudinal profundo para corte em solo - DPS 02 - tubo PEAD e areia extraída","m",66.569999999999993]
[2003561,"Dreno longitudinal profundo para corte em solo - DPS 03 - tubo de concreto perfurado, areia e brita comerciais - madeira com utilização de 5 vezes","m",224.02]
[2003560,"Dreno longitudinal profundo para corte em solo - DPS 03 - tubo de concreto perfurado, areia extraída e brita produzida - madeira com utilização de 5 vezes","m",119.01]
[2003574,"Dreno longitudinal profundo para corte em solo - DPS 03 - tubo PEAD, areia e brita comerciais - madeira com utilização de 5 vezes","m",198.68]
[2003582,"Dreno longitudinal profundo para corte em solo - DPS 03 - tubo PEAD, areia extraída e brita produzida - madeira com utilização de 5 vezes","m",123.76]
[2003563,"Dreno longitudinal profundo para corte em solo - DPS 04 - tubo de concreto perfurado, areia e brita comerciais - madeira com utilização de 5 vezes","m",237.76]
[2003562,"Dreno longitudinal profundo para corte em solo - DPS 04 - tubo de concreto perfurado, areia extraída e brita produzida - madeira com utilização de 5 vezes","m",116.11]
[2003575,"Dreno longitudinal profundo para corte em solo - DPS 04 - tubo PEAD, areia e brita comerciais - madeira com utilização de 5 vezes","m",208.3]
[2003583,"Dreno longitudinal profundo para corte em solo - DPS 04 - tubo PEAD, areia extraída e brita produzida - madeira com utilização de 5 vezes","m",121.73]
[2003565,"Dreno longitudinal profundo para corte em solo - DPS 05 - dreno cego - brita comercial","m",174.62]
[2003564,"Dreno longitudinal profundo para corte em solo - DPS 05 - dreno cego - brita produzida","m",85.94]
[2003567,"Dreno longitudinal profundo para corte em solo - DPS 06 - dreno cego - brita comercial","m",200.96]
[2003566,"Dreno longitudinal profundo para corte em solo - DPS 06 - dreno cego - brita produzida","m",93.69]
[2003569,"Dreno longitudinal profundo para corte em solo - DPS 07 - tubo de concreto perfurado e brita comercial","m",216.39]
[2003568,"Dreno longitudinal profundo para corte em solo - DPS 07 - tubo de concreto perfurado e brita produzida","m",131.79]
[2003578,"Dreno longitudinal profundo para corte em solo - DPS 07 - tubo PEAD e brita comercial","m",207.95]
[2003586,"Dreno longitudinal profundo para corte em solo - DPS 07 - tubo PEAD e brita produzida","m",137.56]
[2003571,"Dreno longitudinal profundo para corte em solo - DPS 08 - tubo de concreto perfurado e brita comercial","m",242.72]
[2003570,"Dreno longitudinal profundo para corte em solo - DPS 08 - tubo de concreto perfurado e brita produzida","m",139.54]
[2003579,"Dreno longitudinal profundo para corte em solo - DPS 08 - tubo PEAD e brita comercial","m",229.28]
[2003587,"Dreno longitudinal profundo para corte em solo - DPS 08 - tubo PEAD e brita produzida","m",144.58000000000001]
[2004506,"Dreno profundo H = 1,0 m - com geocomposto drenante - inclusive escavação e reaterro","m",72.92]
[2004507,"Dreno profundo H = 1,5 m - com geocomposto drenante - inclusive escavação e reaterro","m",98.46]
[2003614,"Dreno sub-horizontal - DSH 01 - material de 1ª categoria","m",129.41]
[2003865,"Dreno sub-horizontal - DSH 01 - material de 2ª categoria","m",144.08000000000001]
[2003923,"Dreno subsuperficial - DSS 01 - tubo de concreto perfurado e areia comercial","m",65.47]
[2003922,"Dreno subsuperficial - DSS 01 - tubo de concreto perfurado e areia extraída","m",38.79]
[2003605,"Dreno subsuperficial - DSS 01 - tubo PEAD e areia comercial","m",49.18]
[2003604,"Dreno subsuperficial - DSS 01 - tubo PEAD e areia extraída","m",27.01]
[2003607,"Dreno subsuperficial - DSS 02 - brita comercial","m",52.11]
[2003606,"Dreno subsuperficial - DSS 02 - brita produzida","m",29.23]
[2003609,"Dreno subsuperficial - DSS 03 - brita comercial","m",35.93]
[2003608,"Dreno subsuperficial - DSS 03 - brita produzida","m",13.05]
[2003925,"Dreno subsuperficial - DSS 04 - tubo de concreto perfurado e brita comercial","m",92.17]
[2003924,"Dreno subsuperficial - DSS 04 - tubo de concreto perfurado e brita produzida","m",64.78]
[2003611,"Dreno subsuperficial - DSS 04 - tubo PEAD e brita comercial","m",75.88]
[2003610,"Dreno subsuperficial - DSS 04 - tubo PEAD e brita produzida","m",53]
[2003820,"Dreno tipo barbacã - DRB 01 - D = 75 mm em estrutura de contenção de encosta - excluso o tubo de drenagem","un",20.75]
[2003821,"Dreno tipo barbacã - DRB 02 - D = 50 mm em estrutura de contenção de encosta - excluso o tubo de drenagem","un",18.260000000000002]
[2003842,"Enchimento de junta de concreto com argamassa asfáltica de densidade 1.700 kg/m³ - espessura de 1 cm","kg",71.19]
[2003385,"Entrada para descida d'água - EDA 01 - areia e brita comerciais","un",75.2]
[2003384,"Entrada para descida d'água - EDA 01 - areia extraída e brita produzida","un",53.48]
[2003387,"Entrada para descida d'água - EDA 02 - areia e brita comerciais","un",93.66]
[2003386,"Entrada para descida d'água - EDA 02 - areia extraída e brita produzida","un",66.010000000000005]
[2003335,"Entrada para descida d'água - EDA 03 - areia e brita comerciais","un",2153.2600000000002]
[2003334,"Entrada para descida d'água - EDA 03 - areia extraída e brita produzida","un",1756.09]
[2003336,"Entrada para descida d'água - EDA 04 - areia e brita comerciais","un",1883.16]
[2003337,"Entrada para descida d'água - EDA 04 - areia extraída e brita produzida","un",1488.16]
[2003819,"Envelope de brita para tubos com diâmetro externo de 75 a 110 mm - L = 15 cm e H = 15 cm","m",7.86]
[2004504,"Escavação mecânica de vala para drenagem com valetadeira em material de 1ª categoria","m³",17.8]
[2004519,"Escavação mecânica de vala trapezoidal ou triangular em material de 1ª categoria para drenagem superficial com retroescavadeira - 0,10 m² ≤ seção < 0,15 m²","m³",27.7]
[2004520,"Escavação mecânica de vala trapezoidal ou triangular em material de 1ª categoria para drenagem superficial com retroescavadeira - 0,15 m² ≤ seção < 0,20 m²","m³",22.85]
[2004521,"Escavação mecânica de vala trapezoidal ou triangular em material de 1ª categoria para drenagem superficial com retroescavadeira - 0,20 m² ≤ seção < 0,30 m²","m³",15.63]
[2004522,"Escavação mecânica de vala trapezoidal ou triangular em material de 1ª categoria para drenagem superficial com retroescavadeira - 0,30 m² ≤ seção < 0,50 m²","m³",11.42]
[2004518,"Escavação mecânica de vala trapezoidal ou triangular em material de 1ª categoria para drenagem superficial com retroescavadeira - seção < 0,10 m²","m³",48.1]
[2003864,"Esgotamento de água com bomba submersa","h",13.33]
[2003863,"Esgotamento de dreno horizontal profundo a vácuo","h",22.73]
[2004508,"Geodreno vertical para tratamento de solos moles","m",13.4]
[2003316,"Grelha de concreto 54 x 100 cm para boca-de-lobo - areia e brita comerciais - sobrecarga do trem tipo TB 45","un",119.36]
[2003317,"Grelha de concreto 54 x 100 cm para boca-de-lobo - areia extraída e brita produzida - sobrecarga do trem tipo TB 45","un",112.11]
[2003767,"Lastro de areia comercial - espalhamento manual","m³",151.22999999999999]
[2003844,"Lastro de areia comercial - espalhamento mecânico","m³",148.37]
[2003576,"Lastro de areia extraída - espalhamento manual","m³",15.27]
[2003858,"Lastro de areia extraída - espalhamento mecânico","m³",12.42]
[2003850,"Lastro de brita comercial compactado com soquete vibratório - espalhamento manual","m³",223.71]
[2003849,"Lastro de brita produzida compactado com soquete vibratório - espalhamento manual","m³",74.61]
[2003868,"Lastro de pedra de mão ou rachão - espalhamento manual","m³",203.98]
[2003369,"Meio-fio de concreto - MFC 01 - areia e brita comerciais - fôrma de madeira","m",130.53]
[2003368,"Meio-fio de concreto - MFC 01 - areia extraída e brita produzida - fôrma de madeira","m",110.29]
[2003939,"Meio-fio de concreto - MFC 01 moldado no local com extrusora e concreto usinado - areia e brita comerciais","m",91.24]
[2003940,"Meio-fio de concreto - MFC 01 moldado no local com extrusora e concreto usinado - areia extraída e brita produzida","m",70.930000000000007]
[2003371,"Meio-fio de concreto - MFC 02 - areia e brita comerciais - fôrma de madeira","m",98.17]
[2003370,"Meio-fio de concreto - MFC 02 - areia extraída e brita produzida - fôrma de madeira","m",81.06]
[2003941,"Meio-fio de concreto - MFC 02 moldado no local com extrusora e concreto usinado - areia e brita comerciais","m",77.77]
[2003942,"Meio-fio de concreto - MFC 02 moldado no local com extrusora e concreto usinado - areia extraída e brita produzida","m",60.61]
[2003373,"Meio-fio de concreto - MFC 03 - areia e brita comerciais - fôrma de madeira","m",72.58]
[2003372,"Meio-fio de concreto - MFC 03 - areia extraída e brita produzida - fôrma de madeira","m",64.290000000000006]
[2003943,"Meio-fio de concreto - MFC 03 moldado no local com extrusora e concreto usinado - areia e brita comerciais","m",36.94]
[2003944,"Meio-fio de concreto - MFC 03 moldado no local com extrusora e concreto usinado - areia extraída e brita produzida","m",28.62]
[2003375,"Meio-fio de concreto - MFC 04 - areia e brita comerciais - fôrma de madeira","m",47.45]
[2003374,"Meio-fio de concreto - MFC 04 - areia extraída e brita produzida - fôrma de madeira","m",41.35]
[2003945,"Meio-fio de concreto - MFC 04 moldado no local com extrusora e concreto usinado - areia e brita comerciais","m",27.53]
[2003946,"Meio-fio de concreto - MFC 04 moldado no local com extrusora e concreto usinado - areia extraída e brita produzida","m",21.41]
[2003377,"Meio-fio de concreto - MFC 05 - areia e brita comerciais - fôrma de madeira","m",62.53]
[2003376,"Meio-fio de concreto - MFC 05 - areia extraída e brita produzida - fôrma de madeira","m",55.93]
[2003947,"Meio-fio de concreto - MFC 05 moldado no local com extrusora e concreto usinado - areia e brita comerciais","m",29.11]
[2003948,"Meio-fio de concreto - MFC 05 moldado no local com extrusora e concreto usinado - areia extraída e brita produzida","m",22.49]
[2003379,"Meio-fio de concreto - MFC 06 - areia e brita comerciais - fôrma de madeira","m",36.659999999999997]
[2003378,"Meio-fio de concreto - MFC 06 - areia extraída e brita produzida - fôrma de madeira","m",32.22]
[2003949,"Meio-fio de concreto - MFC 06 moldado no local com extrusora e concreto usinado - areia e brita comerciais","m",19.88]
[2003950,"Meio-fio de concreto - MFC 06 moldado no local com extrusora e concreto usinado - areia extraída e brita produzida","m",15.42]
[2003381,"Meio-fio de concreto - MFC 07 - areia e brita comerciais - fôrma de madeira","m",61.68]
[2003380,"Meio-fio de concreto - MFC 07 - areia extraída e brita produzida - fôrma de madeira","m",54.06]
[2003951,"Meio-fio de concreto - MFC 07 moldado no local com extrusora e concreto usinado - areia e brita comerciais","m",33.89]
[2003952,"Meio-fio de concreto - MFC 07 moldado no local com extrusora e concreto usinado - areia extraída e brita produzida","m",26.24]
[2003383,"Meio-fio de concreto - MFC 08 - areia e brita comerciais - fôrma de madeira","m",105.26]
[2003382,"Meio-fio de concreto - MFC 08 - areia extraída e brita produzida - fôrma de madeira","m",91.02]
[2003953,"Meio-fio de concreto - MFC 08 moldado no local com extrusora e concreto usinado - areia e brita comerciais","m",62.03]
[2003954,"Meio-fio de concreto - MFC 08 moldado no local com extrusora e concreto usinado - areia extraída e brita produzida","m",47.75]
[2004514,"Microvala para dreno de pavimento com geocomposto drenante H = 0,4 m","m",15.31]
[2004515,"Microvala para dreno de pavimento com geocomposto drenante H = 0,6 m","m",39.86]
[2005759,"Perfuração para dreno sub-horizontal em material de 1ª categoria com D = 75 mm (linha NW)","m",51.66]
[2005764,"Perfuração para dreno sub-horizontal em material de 2ª categoria com D = 75 mm (linha NW)","m",66.33]
[2003678,"Poço de visita - PVI 01 - areia e brita comerciais","un",2442.7399999999998]
[2003677,"Poço de visita - PVI 01 - areia extraída e brita produzida","un",2099.09]
[2003680,"Poço de visita - PVI 02 - areia e brita comerciais","un",2399.67]
[2003679,"Poço de visita - PVI 02 - areia extraída e brita produzida","un",2069.84]
[2003682,"Poço de visita - PVI 03 - areia e brita comerciais","un",2777.79]
[2003681,"Poço de visita - PVI 03 - areia extraída e brita produzida","un",2366.9899999999998]
[2003684,"Poço de visita - PVI 04 - areia e brita comerciais","un",3326.68]
[2003683,"Poço de visita - PVI 04 - areia extraída e brita produzida","un",2836.88]
[2003686,"Poço de visita - PVI 05 - areia e brita comerciais","un",3917.78]
[2003685,"Poço de visita - PVI 05 - areia extraída e brita produzida","un",3347.01]
[2003688,"Poço de visita - PVI 06 - areia e brita comerciais","un",4870.54]
[2003687,"Poço de visita - PVI 06 - areia extraída e brita produzida","un",4179.29]
[2003690,"Poço de visita - PVI 07 - areia e brita comerciais","un",2831.64]
[2003689,"Poço de visita - PVI 07 - areia extraída e brita produzida","un",2430.71]
[2003692,"Poço de visita - PVI 08 - areia e brita comerciais","un",2794.72]
[2003691,"Poço de visita - PVI 08 - areia extraída e brita produzida","un",2405.64]
[2003694,"Poço de visita - PVI 09 - areia e brita comerciais","un",3201.21]
[2003693,"Poço de visita - PVI 09 - areia extraída e brita produzida","un",2723.26]
[2003696,"Poço de visita - PVI 10 - areia e brita comerciais","un",3618.1]
[2003695,"Poço de visita - PVI 10 - areia extraída e brita produzida","un",3057.2]
[2003698,"Poço de visita - PVI 11 - areia e brita comerciais","un",4388.3599999999997]
[2003697,"Poço de visita - PVI 11 - areia extraída e brita produzida","un",3742.54]
[2003700,"Poço de visita - PVI 12 - areia e brita comerciais","un",5388.29]
[2003699,"Poço de visita - PVI 12 - areia extraída e brita produzida","un",4614.09]
[2003702,"Poço de visita - PVI 13 - areia e brita comerciais","un",3245.15]
[2003701,"Poço de visita - PVI 13 - areia extraída e brita produzida","un",2779.05]
[2003704,"Poço de visita - PVI 14 - areia e brita comerciais","un",3208.23]
[2003703,"Poço de visita - PVI 14 - areia extraída e brita produzida","un",2753.98]
[2003706,"Poço de visita - PVI 15 - areia e brita comerciais","un",3649.25]
[2003705,"Poço de visita - PVI 15 - areia extraída e brita produzida","un",3096.25]
[2003708,"Poço de visita - PVI 16 - areia e brita comerciais","un",4237.78]
[2003707,"Poço de visita - PVI 16 - areia extraída e brita produzida","un",3597.88]
[2003710,"Poço de visita - PVI 17 - areia e brita comerciais","un",4883.5600000000004]
[2003709,"Poço de visita - PVI 17 - areia extraída e brita produzida","un",4154.79]
[2003712,"Poço de visita - PVI 18 - areia e brita comerciais","un",5930.65]
[2003711,"Poço de visita - PVI 18 - areia extraída e brita produzida","un",5065.6000000000004]
[2004505,"Reaterro e compactação em vala de dreno com geocomposto","m³",19.22]
[2003353,"Sarjeta trapezoidal de canteiro central de concreto - SZCC 100-25 - areia e brita comerciais","m",103.1]
[2003352,"Sarjeta trapezoidal de canteiro central de concreto - SZCC 100-25 - areia extraída e brita produzida","m",75.64]
[2003979,"Sarjeta trapezoidal de canteiro central de concreto - SZCC 100-25 moldada no local com extrusora e concreto usinado - areia e brita comerciais","m",115.49]
[2003980,"Sarjeta trapezoidal de canteiro central de concreto - SZCC 100-25 moldada no local com extrusora e concreto usinado - areia extraída e brita produzida","m",87.95]
[2003355,"Sarjeta trapezoidal de canteiro central de concreto - SZCC 140-35 - areia e brita comerciais","m",138.78]
[2003354,"Sarjeta trapezoidal de canteiro central de concreto - SZCC 140-35 - areia extraída e brita produzida","m",101.78]
[2003981,"Sarjeta trapezoidal de canteiro central de concreto - SZCC 140-35 moldada no local com extrusora e concreto usinado - areia e brita comerciais","m",155.62]
[2003982,"Sarjeta trapezoidal de canteiro central de concreto - SZCC 140-35 moldada no local com extrusora e concreto usinado - areia extraída e brita produzida","m",118.51]
[2003345,"Sarjeta trapezoidal de concreto - SZC 60-20 - escavação mecânica - areia e brita comerciais","m",79.61]
[2003344,"Sarjeta trapezoidal de concreto - SZC 60-20 - escavação mecânica - areia extraída e brita produzida","m",60.87]
[2003973,"Sarjeta trapezoidal de concreto - SZC 60-20 moldada no local com extrusora e concreto usinado - escavação mecânica - areia e brita comerciais","m",88.23]
[2003974,"Sarjeta trapezoidal de concreto - SZC 60-20 moldada no local com extrusora e concreto usinado - escavação mecânica - areia extraída e brita produzida","m",69.430000000000007]
[2003343,"Sarjeta trapezoidal de concreto - SZC 90-30 - escavação mecânica - areia e brita comerciais","m",109.15]
[2003342,"Sarjeta trapezoidal de concreto - SZC 90-30 - escavação mecânica - areia extraída e brita produzida","m",82.86]
[2003971,"Sarjeta trapezoidal de concreto - SZC 90-30 moldada no local com extrusora e concreto usinado - escavação mecânica - areia e brita comerciais","m",121.37]
[2003972,"Sarjeta trapezoidal de concreto - SZC 90-30 moldada no local com extrusora e concreto usinado - escavação mecânica - areia extraída e brita produzida","m",95]
[2003347,"Sarjeta trapezoidal de grama - SZG 60-20 - escavação mecânica","m",14.89]
[2003346,"Sarjeta trapezoidal de grama - SZG 90-30 - escavação mecânica","m",20.67]
[2003933,"Sarjeta trapezoidal sem revestimento - SZT 60-20 - escavação mecânica","m",7.49]
[2003932,"Sarjeta trapezoidal sem revestimento - SZT 90-30 - escavação mecânica","m",9.58]
[2003349,"Sarjeta triangular de canteiro central de concreto - STCC 100-25 - areia e brita comerciais","m",78.91]
[2003348,"Sarjeta triangular de canteiro central de concreto - STCC 100-25 - areia extraída e brita produzida","m",58.09]
[2003975,"Sarjeta triangular de canteiro central de concreto - STCC 100-25 moldada no local com extrusora e concreto usinado - areia e brita comerciais","m",87.57]
[2003976,"Sarjeta triangular de canteiro central de concreto - STCC 100-25 moldada no local com extrusora e concreto usinado - areia extraída e brita produzida","m",66.69]
[2003351,"Sarjeta triangular de canteiro central de concreto - STCC 140-35 - areia e brita comerciais","m",105.56]
[2003350,"Sarjeta triangular de canteiro central de concreto - STCC 140-35 - areia extraída e brita produzida","m",77.67]
[2003977,"Sarjeta triangular de canteiro central de concreto - STCC 140-35 moldada no local com extrusora e concreto usinado - areia e brita comerciais","m",117.31]
[2003978,"Sarjeta triangular de canteiro central de concreto - STCC 140-35 moldada no local com extrusora e concreto usinado - areia extraída e brita produzida","m",89.34]
[2003291,"Sarjeta triangular de canteiro central de grama - STCG 100-25 - escavação mecânica","m",10.8]
[2003292,"Sarjeta triangular de canteiro central de grama - STCG 140-35 - escavação mecânica","m",15.12]
[2003293,"Sarjeta triangular de canteiro central de grama - STCG 200-25 - escavação mecânica","m",19.920000000000002]
[2003294,"Sarjeta triangular de canteiro central de grama - STCG 300-37,5 - escavação mecânica","m",29.87]
[2003257,"Sarjeta triangular de concreto - STC 100-20 - escavação mecânica - areia e brita comerciais","m",81.02]
[2003258,"Sarjeta triangular de concreto - STC 100-20 - escavação mecânica - areia extraída e brita produzida","m",62.34]
[2003259,"Sarjeta triangular de concreto - STC 100-20 moldada no local com extrusora e concreto usinado - escavação mecânica - areia e brita comerciais","m",89.03]
[2003260,"Sarjeta triangular de concreto - STC 100-20 moldada no local com extrusora e concreto usinado - escavação mecânica - areia extraída e brita produzida","m",70.290000000000006]
[2003281,"Sarjeta triangular de concreto - STC 100-21 - escavação mecânica - areia e brita comerciais","m",81.48]
[2003282,"Sarjeta triangular de concreto - STC 100-21 - escavação mecânica - areia extraída e brita produzida","m",62.37]
[2003283,"Sarjeta triangular de concreto - STC 100-21 moldada no local com extrusora e concreto usinado - escavação mecânica - areia e brita comerciais","m",89.69]
[2003284,"Sarjeta triangular de concreto - STC 100-21 moldada no local com extrusora e concreto usinado - escavação mecânica - areia extraída e brita produzida","m",70.510000000000005]
[2003327,"Sarjeta triangular de concreto - STC 108-25 - escavação mecânica - areia e brita comerciais","m",112.28]
[2003326,"Sarjeta triangular de concreto - STC 108-25 - escavação mecânica - areia extraída e brita produzida","m",90.62]
[2003963,"Sarjeta triangular de concreto - STC 108-25 moldada no local com extrusora e concreto usinado - escavação mecânica - areia e brita comerciais","m",101.87]
[2003964,"Sarjeta triangular de concreto - STC 108-25 moldada no local com extrusora e concreto usinado - escavação mecânica - areia extraída e brita produzida","m",80.13]
[2003319,"Sarjeta triangular de concreto - STC 125-25 - escavação mecânica - areia e brita comerciais","m",98.69]
[2003318,"Sarjeta triangular de concreto - STC 125-25 - escavação mecânica - areia extraída e brita produzida","m",75.62]
[2003955,"Sarjeta triangular de concreto - STC 125-25 moldada no local com extrusora e concreto usinado - escavação mecânica - areia e brita comerciais","m",108.62]
[2003956,"Sarjeta triangular de concreto - STC 125-25 moldada no local com extrusora e concreto usinado - escavação mecânica - areia extraída e brita produzida","m",85.48]
[2003277,"Sarjeta triangular de concreto - STC 125-27 - escavação mecânica - areia e brita comerciais","m",101.57]
[2003278,"Sarjeta triangular de concreto - STC 125-27 - escavação mecânica - areia extraída e brita produzida","m",77.849999999999994]
[2003279,"Sarjeta triangular de concreto - STC 125-27 moldada no local com extrusora e concreto usinado - escavação mecânica - areia e brita comerciais","m",111.79]
[2003280,"Sarjeta triangular de concreto - STC 125-27 moldada no local com extrusora e concreto usinado - escavação mecânica - areia extraída e brita produzida","m",88]
[2003253,"Sarjeta triangular de concreto - STC 150-30 - escavação mecânica - areia e brita comerciais","m",116.35]
[2003254,"Sarjeta triangular de concreto - STC 150-30 - escavação mecânica - areia extraída e brita produzida","m",88.91]
[2003255,"Sarjeta triangular de concreto - STC 150-30 moldada no local com extrusora e concreto usinado - escavação mecânica - areia e brita comerciais","m",128.19]
[2003256,"Sarjeta triangular de concreto - STC 150-30 moldada no local com extrusora e concreto usinado - escavação mecânica - areia extraída e brita produzida","m",100.67]
[2003273,"Sarjeta triangular de concreto - STC 150-32 - escavação mecânica - areia e brita comerciais","m",119.43]
[2003274,"Sarjeta triangular de concreto - STC 150-32 - escavação mecânica - areia extraída e brita produzida","m",91.29]
[2003275,"Sarjeta triangular de concreto - STC 150-32 moldada no local com extrusora e concreto usinado - escavação mecânica - areia e brita comerciais","m",131.59]
[2003276,"Sarjeta triangular de concreto - STC 150-32 moldada no local com extrusora e concreto usinado - escavação mecânica - areia extraída e brita produzida","m",103.36]
[2003269,"Sarjeta triangular de concreto - STC 73-15 - escavação mecânica - areia e brita comerciais","m",75.349999999999994]
[2003270,"Sarjeta triangular de concreto - STC 73-15 - escavação mecânica - areia extraída e brita produzida","m",60.97]
[2003271,"Sarjeta triangular de concreto - STC 73-15 moldada no local com extrusora e concreto usinado - escavação mecânica - areia e brita comerciais","m",68.7]
[2003272,"Sarjeta triangular de concreto - STC 73-15 moldada no local com extrusora e concreto usinado - escavação mecânica - areia extraída e brita produzida","m",54.28]
[2003261,"Sarjeta triangular de concreto - STC 80-15 - escavação mecânica - areia e brita comerciais","m",65.650000000000006]
[2003262,"Sarjeta triangular de concreto - STC 80-15 - escavação mecânica - areia extraída e brita produzida","m",50.58]
[2003263,"Sarjeta triangular de concreto - STC 80-15 moldada no local com extrusora e concreto usinado - escavação mecânica - areia e brita comerciais","m",72.069999999999993]
[2003264,"Sarjeta triangular de concreto - STC 80-15 moldada no local com extrusora e concreto usinado - escavação mecânica - areia extraída e brita produzida","m",56.96]
[2003285,"Sarjeta triangular de concreto - STC 80-17 - escavação mecânica - areia e brita comerciais","m",67.760000000000005]
[2003286,"Sarjeta triangular de concreto - STC 80-17 - escavação mecânica - areia extraída e brita produzida","m",52.24]
[2003287,"Sarjeta triangular de concreto - STC 80-17 moldada no local com extrusora e concreto usinado - escavação mecânica - areia e brita comerciais","m",74.39]
[2003288,"Sarjeta triangular de concreto - STC 80-17 moldada no local com extrusora e concreto usinado - escavação mecânica - areia extraída e brita produzida","m",58.82]
[2003265,"Sarjeta triangular de concreto - STC 88-20 - escavação mecânica - areia e brita comerciais","m",92.56]
[2003266,"Sarjeta triangular de concreto - STC 88-20 - escavação mecânica - areia extraída e brita produzida","m",74.92]
[2003267,"Sarjeta triangular de concreto - STC 88-20 moldada no local com extrusora e concreto usinado - escavação mecânica - areia e brita comerciais","m",83.92]
[2003268,"Sarjeta triangular de concreto - STC 88-20 moldada no local com extrusora e concreto usinado - escavação mecânica - areia extraída e brita produzida","m",66.23]
[2003289,"Sarjeta triangular de grama - STG 100-20 - escavação mecânica","m",18.739999999999998]
[2003338,"Sarjeta triangular de grama - STG 125-25 - escavação mecânica","m",23.53]
[2003290,"Sarjeta triangular de grama - STG 80-15 - escavação mecânica","m",15.56]
[2003300,"Sarjeta triangular sem revestimento - STT 100-20 - escavação mecânica","m",8.0399999999999991]
[2003299,"Sarjeta triangular sem revestimento - STT 125-25 - escavação mecânica","m",10.16]
[2003301,"Sarjeta triangular sem revestimento - STT 80-15 - escavação mecânica","m",7.07]
[2004513,"Selo asfáltico de microvala para dreno de pavimento com geocomposto","m",0.12]
[2003357,"Transposição de segmentos de sarjeta - TSS 01 - areia e brita comerciais","m",260.64]
[2003356,"Transposição de segmentos de sarjeta - TSS 01 - areia extraída e brita produzida","m",194.89]
[2003359,"Transposição de segmentos de sarjeta - TSS 02 - areia e brita comerciais","m",318.98]
[2003358,"Transposição de segmentos de sarjeta - TSS 02 - areia extraída e brita produzida","m",238.11]
[2003361,"Transposição de segmentos de sarjeta - TSS 03 - areia e brita comerciais","m",584.57000000000005]
[2003360,"Transposição de segmentos de sarjeta - TSS 03 - areia extraída e brita produzida","m",519.86]
[2003363,"Transposição de segmentos de sarjeta - TSS 04 - areia e brita comerciais","m",504.97]
[2003362,"Transposição de segmentos de sarjeta - TSS 04 - areia extraída e brita produzida","m",446.11]
[2003365,"Transposição de segmentos de sarjeta - TSS 05 - areia e brita comerciais","m",451.87]
[2003364,"Transposição de segmentos de sarjeta - TSS 05 - areia extraída e brita produzida","m",396.9]
[2003367,"Transposição de segmentos de sarjeta - TSS 06 - areia e brita comerciais","m",425.25]
[2003366,"Transposição de segmentos de sarjeta - TSS 06 - areia extraída e brita produzida","m",372.23]
[2003869,"Tubo de concreto PA1 comercial para drenagem - D = 0,50 m - fornecimento e instalação","m",222.56]
[2003822,"Tubo de concreto PA1 comercial para drenagem - D = 0,60 m - fornecimento e instalação","m",279.81]
[2003826,"Tubo de concreto PA1 comercial para drenagem - D = 0,80 m - fornecimento e instalação","m",415.94]
[2003830,"Tubo de concreto PA1 comercial para drenagem - D = 1,00 m - fornecimento e instalação","m",581.36]
[2003834,"Tubo de concreto PA1 comercial para drenagem - D = 1,20 m - fornecimento e instalação","m",783.54]
[2003838,"Tubo de concreto PA1 comercial para drenagem - D = 1,50 m - fornecimento e instalação","m",1375.92]
[2003768,"Tubo de concreto PA1 produzido na obra para drenagem - D = 0,60 m - areia e brita comerciais - fornecimento e instalação","m",204.17]
[2003873,"Tubo de concreto PA1 produzido na obra para drenagem - D = 0,60 m - areia extraída e brita produzida - fornecimento e instalação","m",176.89]
[2003772,"Tubo de concreto PA1 produzido na obra para drenagem - D = 0,80 m - areia e brita comerciais - fornecimento e instalação","m",302.04000000000002]
[2003877,"Tubo de concreto PA1 produzido na obra para drenagem - D = 0,80 m - areia extraída e brita produzida - fornecimento e instalação","m",258.8]
[2003776,"Tubo de concreto PA1 produzido na obra para drenagem - D = 1,00 m - areia e brita comerciais - fornecimento e instalação","m",487]
[2003881,"Tubo de concreto PA1 produzido na obra para drenagem - D = 1,00 m - areia extraída e brita produzida - fornecimento e instalação","m",427.76]
[2003780,"Tubo de concreto PA1 produzido na obra para drenagem - D = 1,20 m - areia e brita comerciais - fornecimento e instalação","m",653.6]
[2003885,"Tubo de concreto PA1 produzido na obra para drenagem - D = 1,20 m - areia extraída e brita produzida - fornecimento e instalação","m",567.04999999999995]
[2003784,"Tubo de concreto PA1 produzido na obra para drenagem - D = 1,50 m - areia e brita comerciais - fornecimento e instalação","m",1016.94]
[2003889,"Tubo de concreto PA1 produzido na obra para drenagem - D = 1,50 m - areia extraída e brita produzida - fornecimento e instalação","m",881.51]
[2003870,"Tubo de concreto PA2 comercial para drenagem - D = 0,50 m - fornecimento e instalação","m",242]
[2003823,"Tubo de concreto PA2 comercial para drenagem - D = 0,60 m - fornecimento e instalação","m",311.89999999999998]
[2003827,"Tubo de concreto PA2 comercial para drenagem - D = 0,80 m - fornecimento e instalação","m",457.32]
[2003831,"Tubo de concreto PA2 comercial para drenagem - D = 1,00 m - fornecimento e instalação","m",613.97]
[2003835,"Tubo de concreto PA2 comercial para drenagem - D = 1,20 m - fornecimento e instalação","m",866]
[2003839,"Tubo de concreto PA2 comercial para drenagem - D = 1,50 m - fornecimento e instalação","m",1444.97]
[2003769,"Tubo de concreto PA2 produzido na obra para drenagem - D = 0,60 m - areia e brita comerciais - fornecimento e instalação","m",218.27]
[2003874,"Tubo de concreto PA2 produzido na obra para drenagem - D = 0,60 m - areia extraída e brita produzida - fornecimento e instalação","m",191.01]
[2003773,"Tubo de concreto PA2 produzido na obra para drenagem - D = 0,80 m - areia e brita comerciais - fornecimento e instalação","m",358.41]
[2003878,"Tubo de concreto PA2 produzido na obra para drenagem - D = 0,80 m - areia extraída e brita produzida - fornecimento e instalação","m",315.27]
[2003777,"Tubo de concreto PA2 produzido na obra para drenagem - D = 1,00 m - areia e brita comerciais - fornecimento e instalação","m",543.37]
[2003882,"Tubo de concreto PA2 produzido na obra para drenagem - D = 1,00 m - areia extraída e brita produzida - fornecimento e instalação","m",484.22]
[2003781,"Tubo de concreto PA2 produzido na obra para drenagem - D = 1,20 m - areia e brita comerciais - fornecimento e instalação","m",780.42]
[2003886,"Tubo de concreto PA2 produzido na obra para drenagem - D = 1,20 m - areia extraída e brita produzida - fornecimento e instalação","m",694.1]
[2003785,"Tubo de concreto PA2 produzido na obra para drenagem - D = 1,50 m - areia e brita comerciais - fornecimento e instalação","m",1214.23]
[2003890,"Tubo de concreto PA2 produzido na obra para drenagem - D = 1,50 m - areia extraída e brita produzida - fornecimento e instalação","m",1079.1500000000001]
[2003871,"Tubo de concreto PA3 comercial para drenagem - D = 0,50 m - fornecimento e instalação","m",248.09]
[2003824,"Tubo de concreto PA3 comercial para drenagem - D = 0,60 m - fornecimento e instalação","m",324.75]
[2003828,"Tubo de concreto PA3 comercial para drenagem - D = 0,80 m - fornecimento e instalação","m",520.69000000000005]
[2003832,"Tubo de concreto PA3 comercial para drenagem - D = 1,00 m - fornecimento e instalação","m",681.96]
[2003836,"Tubo de concreto PA3 comercial para drenagem - D = 1,20 m - fornecimento e instalação","m",1005.17]
[2003840,"Tubo de concreto PA3 comercial para drenagem - D = 1,50 m - fornecimento e instalação","m",1536.01]
[2003770,"Tubo de concreto PA3 produzido na obra para drenagem - D = 0,60 m - areia e brita comerciais - fornecimento e instalação","m",288.72000000000003]
[2003875,"Tubo de concreto PA3 produzido na obra para drenagem - D = 0,60 m - areia extraída e brita produzida - fornecimento e instalação","m",261.58999999999997]
[2003774,"Tubo de concreto PA3 produzido na obra para drenagem - D = 0,80 m - areia e brita comerciais - fornecimento e instalação","m",473.73]
[2003879,"Tubo de concreto PA3 produzido na obra para drenagem - D = 0,80 m - areia extraída e brita produzida - fornecimento e instalação","m",425.46]
[2003778,"Tubo de concreto PA3 produzido na obra para drenagem - D = 1,00 m - areia e brita comerciais - fornecimento e instalação","m",665.65]
[2003883,"Tubo de concreto PA3 produzido na obra para drenagem - D = 1,00 m - areia extraída e brita produzida - fornecimento e instalação","m",590.14]
[2003782,"Tubo de concreto PA3 produzido na obra para drenagem - D = 1,20 m - areia e brita comerciais - fornecimento e instalação","m",999.36]
[2003887,"Tubo de concreto PA3 produzido na obra para drenagem - D = 1,20 m - areia extraída e brita produzida - fornecimento e instalação","m",884.02]
[2003786,"Tubo de concreto PA3 produzido na obra para drenagem - D = 1,50 m - areia e brita comerciais - fornecimento e instalação","m",1565.49]
[2003891,"Tubo de concreto PA3 produzido na obra para drenagem - D = 1,50 m - areia extraída e brita produzida - fornecimento e instalação","m",1386.5]
[2003872,"Tubo de concreto PA4 comercial para drenagem - D = 0,50 m - fornecimento e instalação","m",345.57]
[2003825,"Tubo de concreto PA4 comercial para drenagem - D = 0,60 m - fornecimento e instalação","m",393.87]
[2003829,"Tubo de concreto PA4 comercial para drenagem - D = 0,80 m - fornecimento e instalação","m",555.64]
[2003833,"Tubo de concreto PA4 comercial para drenagem - D = 1,00 m - fornecimento e instalação","m",740.88]
[2003837,"Tubo de concreto PA4 comercial para drenagem - D = 1,20 m - fornecimento e instalação","m",1172.5]
[2003841,"Tubo de concreto PA4 comercial para drenagem - D = 1,50 m - fornecimento e instalação","m",1636.2]
[2003771,"Tubo de concreto PA4 produzido na obra para drenagem - D = 0,60 m - areia e brita comerciais - fornecimento e instalação","m",347.74]
[2003876,"Tubo de concreto PA4 produzido na obra para drenagem - D = 0,60 m - areia extraída e brita produzida - fornecimento e instalação","m",315.44]
[2003775,"Tubo de concreto PA4 produzido na obra para drenagem - D = 0,80 m - areia e brita comerciais - fornecimento e instalação","m",548.25]
[2003880,"Tubo de concreto PA4 produzido na obra para drenagem - D = 0,80 m - areia extraída e brita produzida - fornecimento e instalação","m",489.79]
[2003779,"Tubo de concreto PA4 produzido na obra para drenagem - D = 1,00 m - areia e brita comerciais - fornecimento e instalação","m",818.75]
[2003884,"Tubo de concreto PA4 produzido na obra para drenagem - D = 1,00 m - areia extraída e brita produzida - fornecimento e instalação","m",730.63]
[2003783,"Tubo de concreto PA4 produzido na obra para drenagem - D = 1,20 m - areia e brita comerciais - fornecimento e instalação","m",1175.83]
[2003888,"Tubo de concreto PA4 produzido na obra para drenagem - D = 1,20 m - areia extraída e brita produzida - fornecimento e instalação","m",1045]
[2003787,"Tubo de concreto PA4 produzido na obra para drenagem - D = 1,50 m - areia e brita comerciais - fornecimento e instalação","m",1825.66]
[2003892,"Tubo de concreto PA4 produzido na obra para drenagem - D = 1,50 m - areia extraída e brita produzida - fornecimento e instalação","m",1640.59]
[2003851,"Tubo de concreto perfurado produzido na obra para drenagem - D = 0,40 m - fornecimento e instalação","m",102.32]
[2003935,"Tubo de PVC para dreno tipo barbacã - D = 50 mm - fornecimento e instalação","m",10.039999999999999]
[2003934,"Tubo de PVC para dreno tipo barbacã - D = 75 mm - fornecimento e instalação","m",14.49]
[2003990,"Tubo PEAD para drenagem - D = 1.000 mm - fornecimento e instalação","m",1561.04]
[2003991,"Tubo PEAD para drenagem - D = 1.050 mm - fornecimento e instalação","m",1551.4]
[2003992,"Tubo PEAD para drenagem - D = 1.200 mm - fornecimento e instalação","m",2210.3000000000002]
[2003993,"Tubo PEAD para drenagem - D = 1.500 mm - fornecimento e instalação","m",2571.7399999999998]
[2003983,"Tubo PEAD para drenagem - D = 400 mm - fornecimento e instalação","m",246.21]
[2003984,"Tubo PEAD para drenagem - D = 450 mm - fornecimento e instalação","m",301.24]
[2003985,"Tubo PEAD para drenagem - D = 500 mm - fornecimento e instalação","m",407.53]
[2003986,"Tubo PEAD para drenagem - D = 600 mm - fornecimento e instalação","m",592.98]
[2003987,"Tubo PEAD para drenagem - D = 750 mm - fornecimento e instalação","m",808.03]
[2003988,"Tubo PEAD para drenagem - D = 800 mm - fornecimento e instalação","m",889.98]
[2003989,"Tubo PEAD para drenagem - D = 900 mm - fornecimento e instalação","m",1185.52]
[2003298,"Valeta de proteção de aterro sem revestimento - VPAT 120-30 - escavação mecânica","m",12.99]
[2003297,"Valeta de proteção de aterro sem revestimento - VPAT 160-30 - escavação mecânica","m",15.96]
[2003315,"Valeta de proteção de aterros com revestimento de concreto - VPAC 120-30 - escavação mecânica - areia e brita comerciais","m",127.71]
[2003314,"Valeta de proteção de aterros com revestimento de concreto - VPAC 120-30 - escavação mecânica - areia extraída e brita produzida","m",102.51]
[2003313,"Valeta de proteção de aterros com revestimento de concreto - VPAC 160-30 - escavação mecânica - areia e brita comerciais","m",158.66999999999999]
[2003312,"Valeta de proteção de aterros com revestimento de concreto - VPAC 160-30 - escavação mecânica - areia extraída e brita produzida","m",127.15]
[2003311,"Valeta de proteção de aterros com revestimento vegetal - VPAG 120-30 - escavação mecânica","m",40.97]
[2003310,"Valeta de proteção de aterros com revestimento vegetal - VPAG 160-30 - escavação mecânica","m",51.67]
[2003296,"Valeta de proteção de corte sem revestimento - VPCT 120-30 - escavação mecânica","m",12.99]
[2003295,"Valeta de proteção de corte sem revestimento - VPCT 160-30 - escavação mecânica","m",15.96]
[2003309,"Valeta de proteção de cortes com revestimento de concreto - VPCC 120-30 - escavação mecânica - areia e brita comerciais","m",127.71]
[2003308,"Valeta de proteção de cortes com revestimento de concreto - VPCC 120-30 - escavação mecânica - areia extraída e brita produzida","m",102.51]
[2003307,"Valeta de proteção de cortes com revestimento de concreto - VPCC 160-30 - escavação mecânica - areia e brita comerciais","m",158.66999999999999]
[2003306,"Valeta de proteção de cortes com revestimento de concreto - VPCC 160-30 - escavação mecânica - areia extraída e brita produzida","m",127.15]
[2003305,"Valeta de proteção de cortes com revestimento vegetal - VPCG 120-30 - escavação mecânica","m",40.97]
[2003304,"Valeta de proteção de cortes com revestimento vegetal - VPCG 160-30 - escavação mecânica","m",51.67]
[2105846,"Escoramento com estacas de perfis metálicos W 250 x 38,5 kg/m, espaçadas em 1,5 m, intercaladas com prancha de madeira com espessura de 5 cm e ficha de 0 a 0,2 H - sem reaproveitamento - fornecimento e instalação","m²",513.03]
[2105929,"Escoramento com estacas de perfis metálicos W 250 x 38,5 kg/m, espaçadas em 1,5 m, intercaladas com prancha de madeira com espessura de 5 cm e ficha de 0,20 a 0,4 H - sem reaproveitamento - fornecimento e instalação","m²",579.98]
[2105933,"Escoramento com estacas de perfis metálicos W 250 x 38,5 kg/m, espaçadas em 1,5 m, intercaladas com prancha de madeira com espessura de 5 cm e ficha de 0,40 a 0,6 H - sem reaproveitamento - fornecimento e instalação","m²",646.91999999999996]
[2106293,"Escoramento com perfis metálicos W 150 x 18,0 kg/m a cada metro e chapas de aço - estroncas a cada 2 m não incluídas - profundidade de até 10 m - aço com utilização de 20 vezes - fornecimento, instalação e retirada","m²",206.62]
[2108165,"Escoramento com pontaletes D = 10 cm - utilização de 1 vez - confecção, instalação e retirada","m³",34.85]
[2108166,"Escoramento com pontaletes D = 10 cm - utilização de 2 vezes - confecção, instalação e retirada","m³",24.55]
[2108167,"Escoramento com pontaletes D = 10 cm - utilização de 3 vezes - confecção, instalação e retirada","m³",21.96]
[2108168,"Escoramento com pontaletes D = 10 cm - utilização de 5 vezes - confecção, instalação e retirada","m³",21.42]
[2108169,"Escoramento com pontaletes D = 15 cm - utilização de 1 vez - confecção e instalação","m³",56.45]
[2108170,"Escoramento com pontaletes D = 15 cm - utilização de 2 vezes - confecção, instalação e retirada","m³",39.94]
[2108171,"Escoramento com pontaletes D = 15 cm - utilização de 3 vezes - confecção, instalação e retirada","m³",36.19]
[2108172,"Escoramento com pontaletes D = 15 cm - utilização de 5 vezes - confecção, instalação e retirada","m³",36.159999999999997]
[2106292,"Escoramento contínuo de valas com tábuas de 2,5 x 30 cm e longarinas de 6 x 16 cm - estroncas a cada metro não incluídas - profundidade de até 4 m - madeira com utilização de 3 vezes - confecção, instalação e retirada","m²",148.38]
[2106291,"Escoramento contínuo de valas com tábuas de 2,5 x 30 cm e longarinas de 6 x 16 cm - estroncas a cada metro não incluídas - profundidade de até 4 m - madeira sem reaproveitamento - confecção e instalação","m²",213.06]
[2106235,"Escoramento metálico com quadro tubular contraventado - capacidade de carga até 3,8 t/m² - quadro de 1,0 x 1,0 x 1,25 m - utilização de 50 vezes - fornecimento, instalação e retirada","m³",3.2]
[2106232,"Escoramento metálico tubular galvanizado para formas com capacidade de 2.100 a 750 kg por unidade - regulável de 3,0 a 4,5 m - utilização de 20 vezes - fornecimento, instalação e retirada","un",14.44]
[2106233,"Escoramento metálico tubular galvanizado para formas com capacidade de 3.200 a 1.600 kg por unidade - regulável de 1,8 a 3,0 m - utilização de 20 vezes - fornecimento, instalação e retirada","un",10.99]
[2105605,"Escoramento para corpo de bueiros celulares - utilização de 3 vezes - confecção, instalação e retirada","m³",59.56]
[2106298,"Estroncas em perfil metálico W 150 x 18,0 kg/m - utilização de 20 vezes","m",34.880000000000003]
[2106295,"Estroncas para valas com D = 15 cm - madeira com utilização de 3 vezes","m",19]
[2106294,"Estroncas para valas com D = 15 cm - madeira sem reaproveitamento","m",25.22]
[2106297,"Estroncas para valas com D = 20 cm - madeira com utilização de 3 vezes","m",29.67]
[2106296,"Estroncas para valas com D = 20 cm - madeira sem reaproveitamento","m",47.62]
[2306731,"Apoio náutico para a colocação da armação em camisa metálica","kg",0.65]
[2306728,"Apoio náutico para a escavação com perfuratriz tipo Wirth em rocha com média dureza e média abrasão - resistência à compressão menor que 80 MPa - D = 600 a 1.800 mm","m",1613.58]
[2306729,"Apoio náutico para a escavação com perfuratriz tipo Wirth em rocha de alta dureza e alta abrasão - resistência à compressão acima de 80 MPa - D = 600 a 1.800 mm","m",1965.85]
[2306727,"Apoio náutico para a escavação com perfuratriz tipo Wirth em solo D = 600 a 1.800 mm","m",377.58]
[2306730,"Apoio náutico para a execução da concretagem de camisas metálicas","m³",127.63]
[2306726,"Apoio náutico para a execução da cravação de camisa metálica D = 600 a 1.800 mm","m",246.77]
[2306076,"Armação de estaca escavada ou estaca barrete em aço CA-50 com apoio de guindaste - fornecimento, preparo e colocação","kg",12.32]
[2306247,"Arrasamento de estacas de concreto com seção de até 900 cm²","m³",237.89]
[2306248,"Arrasamento de estacas de concreto com seção superior à 900 cm²","m³",561.37]
[2306279,"Berço para pré-moldagem de estacas protendidas com capacidade de 19 m³, inclusive formas metálicas - utilização de 100 vezes","m³",83.5]
[2306651,"Camisa metálica com espessura de 12,5 mm D = 1.400 mm - cravada com martelo vibratório - sem escavação - cravação","m",7445.06]
[2306678,"Camisa metálica com espessura de 12,5 mm D = 1.400 mm - para passagem de lâmina d'água - posicionamento","m",7195.36]
[2306652,"Camisa metálica com espessura de 12,5 mm D = 1.500 mm - cravada com martelo vibratório - sem escavação - cravação","m",7509.7]
[2306679,"Camisa metálica com espessura de 12,5 mm D = 1.500 mm - para passagem de lâmina d'água - posicionamento","m",7250.75]
[2306653,"Camisa metálica com espessura de 12,5 mm D = 1.600 mm - cravada com martelo vibratório - sem escavação - cravação","m",7576.91]
[2306680,"Camisa metálica com espessura de 12,5 mm D = 1.600 mm - para passagem de lâmina d'água - posicionamento","m",7308]
[2306654,"Camisa metálica com espessura de 12,5 mm D = 1.700 mm - cravada com martelo vibratório - sem escavação - cravação","m",7643.19]
[2306681,"Camisa metálica com espessura de 12,5 mm D = 1.700 mm - para passagem de lâmina d'água - posicionamento","m",7363.53]
[2306655,"Camisa metálica com espessura de 12,5 mm D = 1.800 mm - cravada com martelo vibratório - sem escavação - cravação","m",7710.54]
[2306682,"Camisa metálica com espessura de 12,5 mm D = 1.800 mm - para passagem de lâmina d'água - posicionamento","m",7419.22]
[2306656,"Camisa metálica com espessura de 16 mm D = 1.500 mm - cravada com martelo vibratório - sem escavação - cravação","m",10630.23]
[2306683,"Camisa metálica com espessura de 16 mm D = 1.500 mm - para passagem de lâmina d'água - posicionamento","m",10371.280000000001]
[2306657,"Camisa metálica com espessura de 16 mm D = 1.600 mm - cravada com martelo vibratório - sem escavação - cravação","m",10766.26]
[2306684,"Camisa metálica com espessura de 16 mm D = 1.600 mm - para passagem de lâmina d'água - posicionamento","m",10497.35]
[2306658,"Camisa metálica com espessura de 16 mm D = 1.700 mm - cravada com martelo vibratório - sem escavação - cravação","m",10899.24]
[2306685,"Camisa metálica com espessura de 16 mm D = 1.700 mm - para passagem de lâmina d'água - posicionamento","m",10619.57]
[2306659,"Camisa metálica com espessura de 16 mm D = 1.800 mm - cravada com martelo vibratório - sem escavação - cravação","m",11037.11]
[2306686,"Camisa metálica com espessura de 16 mm D = 1.800 mm - para passagem de lâmina d'água - posicionamento","m",10745.79]
[2306637,"Camisa metálica com espessura de 6,3 mm D = 1.000 mm - cravada com martelo vibratório - sem escavação - cravação","m",2498.02]
[2306664,"Camisa metálica com espessura de 6,3 mm D = 1.000 mm - para passagem de lâmina d'água - posicionamento","m",2279.54]
[2306732,"Camisa metálica com espessura de 6,3 mm D = 400 mm - cravada com martelo vibratório - sem escavação - cravação","m",1022.77]
[2306733,"Camisa metálica com espessura de 6,3 mm D = 400 mm - para passagem de lâmina d'água - posicionamento","m",838.78]
[2306734,"Camisa metálica com espessura de 6,3 mm D = 500 mm - cravada com martelo vibratório - sem escavação - cravação","m",1235.3599999999999]
[2306735,"Camisa metálica com espessura de 6,3 mm D = 500 mm - para passagem de lâmina d'água - posicionamento","m",1046.3900000000001]
[2306633,"Camisa metálica com espessura de 6,3 mm D = 600 mm - cravada com martelo vibratório - sem escavação - cravação","m",1399.74]
[2306660,"Camisa metálica com espessura de 6,3 mm D = 600 mm - para passagem de lâmina d'água - posicionamento","m",1205.53]
[2306634,"Camisa metálica com espessura de 6,3 mm D = 700 mm - cravada com martelo vibratório - sem escavação - cravação","m",1623.07]
[2306661,"Camisa metálica com espessura de 6,3 mm D = 700 mm - para passagem de lâmina d'água - posicionamento","m",1423.31]
[2306635,"Camisa metálica com espessura de 6,3 mm D = 800 mm - cravada com martelo vibratório - sem escavação - cravação","m",1948.1]
[2306662,"Camisa metálica com espessura de 6,3 mm D = 800 mm - para passagem de lâmina d'água - posicionamento","m",1742.46]
[2306636,"Camisa metálica com espessura de 6,3 mm D = 900 mm - cravada com martelo vibratório - sem escavação - cravação","m",1968.58]
[2306663,"Camisa metálica com espessura de 6,3 mm D = 900 mm - para passagem de lâmina d'água - posicionamento","m",1756.71]
[2306641,"Camisa metálica com espessura de 8 mm D = 1.000 mm - cravada com martelo vibratório - sem escavação - cravação","m",3165.33]
[2306668,"Camisa metálica com espessura de 8 mm D = 1.000 mm - para passagem de lâmina d'água - posicionamento","m",2946.84]
[2306642,"Camisa metálica com espessura de 8 mm D = 1.100 mm - cravada com martelo vibratório - sem escavação - cravação","m",3194.17]
[2306669,"Camisa metálica com espessura de 8 mm D = 1.100 mm - para passagem de lâmina d'água - posicionamento","m",2968.64]
[2306643,"Camisa metálica com espessura de 8 mm D = 1.200 mm - cravada com martelo vibratório - sem escavação - cravação","m",3223.1]
[2306670,"Camisa metálica com espessura de 8 mm D = 1.200 mm - para passagem de lâmina d'água - posicionamento","m",2990.04]
[2306638,"Camisa metálica com espessura de 8 mm D = 700 mm - cravada com martelo vibratório - sem escavação - cravação","m",2048.29]
[2306665,"Camisa metálica com espessura de 8 mm D = 700 mm - para passagem de lâmina d'água - posicionamento","m",1848.53]
[2306639,"Camisa metálica com espessura de 8 mm D = 800 mm - cravada com martelo vibratório - sem escavação - cravação","m",2463.19]
[2306666,"Camisa metálica com espessura de 8 mm D = 800 mm - para passagem de lâmina d'água - posicionamento","m",2257.5500000000002]
[2306640,"Camisa metálica com espessura de 8 mm D = 900 mm - cravada com martelo vibratório - sem escavação - cravação","m",2491.13]
[2306667,"Camisa metálica com espessura de 8 mm D = 900 mm - para passagem de lâmina d'água - posicionamento","m",2279.2600000000002]
[2306645,"Camisa metálica com espessura de 9,5 mm D = 1.000 mm - cravada com martelo vibratório - sem escavação - cravação","m",3800.59]
[2306672,"Camisa metálica com espessura de 9,5 mm D = 1.000 mm - para passagem de lâmina d'água - posicionamento","m",3582.1]
[2306646,"Camisa metálica com espessura de 9,5 mm D = 1.100 mm - cravada com martelo vibratório - sem escavação - cravação","m",3839.11]
[2306673,"Camisa metálica com espessura de 9,5 mm D = 1.100 mm - para passagem de lâmina d'água - posicionamento","m",3613.57]
[2306647,"Camisa metálica com espessura de 9,5 mm D = 1.200 mm - cravada com martelo vibratório - sem escavação - cravação","m",3877.3]
[2306674,"Camisa metálica com espessura de 9,5 mm D = 1.200 mm - para passagem de lâmina d'água - posicionamento","m",3644.25]
[2306648,"Camisa metálica com espessura de 9,5 mm D = 1.300 mm - cravada com martelo vibratório - sem escavação - cravação","m",5450.95]
[2306675,"Camisa metálica com espessura de 9,5 mm D = 1.300 mm - para passagem de lâmina d'água - posicionamento","m",5209.8599999999997]
[2306649,"Camisa metálica com espessura de 9,5 mm D = 1.400 mm - cravada com martelo vibratório - sem escavação - cravação","m",5491.24]
[2306676,"Camisa metálica com espessura de 9,5 mm D = 1.400 mm - para passagem de lâmina d'água - posicionamento","m",5241.54]
[2306650,"Camisa metálica com espessura de 9,5 mm D = 1.500 mm - cravada com martelo vibratório - sem escavação - cravação","m",5531.26]
[2306677,"Camisa metálica com espessura de 9,5 mm D = 1.500 mm - para passagem de lâmina d'água - posicionamento","m",5272.31]
[2306644,"Camisa metálica com espessura de 9,5 mm D = 900 mm - cravada com martelo vibratório - sem escavação - cravação","m",2995.9]
[2306671,"Camisa metálica com espessura de 9,5 mm D = 900 mm - para passagem de lâmina d'água - posicionamento","m",2784.03]
[2306141,"Coluna de brita D = 50 cm executada com perfuratriz tipo bottom feed - brita comercial - confecção e cravação","m",81.96]
[2306145,"Coluna de brita D = 50 cm executada com perfuratriz tipo bottom feed - brita produzida - confecção e cravação","m",51.29]
[2306142,"Coluna de brita D = 60 cm executada com perfuratriz tipo bottom feed - brita comercial - confecção e cravação","m",104.52]
[2306146,"Coluna de brita D = 60 cm executada com perfuratriz tipo bottom feed - brita produzida - confecção e cravação","m",60.35]
[2306143,"Coluna de brita D = 70 cm executada com perfuratriz tipo bottom feed - brita comercial - confecção e cravação","m",130.88999999999999]
[2306147,"Coluna de brita D = 70 cm executada com perfuratriz tipo bottom feed - brita produzida - confecção e cravação","m",70.77]
[2306144,"Coluna de brita D = 80 cm executada com perfuratriz tipo bottom feed - brita comercial - confecção e cravação","m",161.9]
[2306148,"Coluna de brita D = 80 cm executada com perfuratriz tipo bottom feed - brita produzida - confecção e cravação","m",83.38]
[2306624,"Confecção de camisa metálica em aço ASTM A36 com espessura de 12,5 mm - D = 1.400 mm","m",7156.02]
[2306625,"Confecção de camisa metálica em aço ASTM A36 com espessura de 12,5 mm - D = 1.500 mm","m",7209.42]
[2306626,"Confecção de camisa metálica em aço ASTM A36 com espessura de 12,5 mm - D = 1.600 mm","m",7264.57]
[2306627,"Confecção de camisa metálica em aço ASTM A36 com espessura de 12,5 mm - D = 1.700 mm","m",7317.97]
[2306628,"Confecção de camisa metálica em aço ASTM A36 com espessura de 12,5 mm - D = 1.800 mm","m",7371.45]
[2306629,"Confecção de camisa metálica em aço ASTM A36 com espessura de 16 mm - D = 1.500 mm","m",10322.02]
[2306630,"Confecção de camisa metálica em aço ASTM A36 com espessura de 16 mm - D = 1.600 mm","m",10445.48]
[2306631,"Confecção de camisa metálica em aço ASTM A36 com espessura de 16 mm - D = 1.700 mm","m",10565.06]
[2306632,"Confecção de camisa metálica em aço ASTM A36 com espessura de 16 mm - D = 1.800 mm","m",10688.51]
[2306610,"Confecção de camisa metálica em aço ASTM A36 com espessura de 6,3 mm - D = 1.000 mm","m",2255.21]
[2306604,"Confecção de camisa metálica em aço ASTM A36 com espessura de 6,3 mm - D = 400 mm","m",820.26]
[2306605,"Confecção de camisa metálica em aço ASTM A36 com espessura de 6,3 mm - D = 500 mm","m",1026.98]
[2306606,"Confecção de camisa metálica em aço ASTM A36 com espessura de 6,3 mm - D = 600 mm","m",1185.2]
[2306607,"Confecção de camisa metálica em aço ASTM A36 com espessura de 6,3 mm - D = 700 mm","m",1402.02]
[2306608,"Confecção de camisa metálica em aço ASTM A36 com espessura de 6,3 mm - D = 800 mm","m",1720.2]
[2306609,"Confecção de camisa metálica em aço ASTM A36 com espessura de 6,3 mm - D = 900 mm","m",1733.43]
[2306614,"Confecção de camisa metálica em aço ASTM A36 com espessura de 8 mm - D = 1.000 mm","m",2920.72]
[2306615,"Confecção de camisa metálica em aço ASTM A36 com espessura de 8 mm - D = 1.100 mm","m",2941.24]
[2306616,"Confecção de camisa metálica em aço ASTM A36 com espessura de 8 mm - D = 1.200 mm","m",2961.35]
[2306611,"Confecção de camisa metálica em aço ASTM A36 com espessura de 8 mm - D = 700 mm","m",1825.97]
[2306612,"Confecção de camisa metálica em aço ASTM A36 com espessura de 8 mm - D = 800 mm","m",2233.84]
[2306613,"Confecção de camisa metálica em aço ASTM A36 com espessura de 8 mm - D = 900 mm","m",2254.35]
[2306618,"Confecção de camisa metálica em aço ASTM A36 com espessura de 9,5 mm - D = 1.000 mm","m",3554.24]
[2306619,"Confecção de camisa metálica em aço ASTM A36 com espessura de 9,5 mm - D = 1.100 mm","m",3584.27]
[2306620,"Confecção de camisa metálica em aço ASTM A36 com espessura de 9,5 mm - D = 1.200 mm","m",3613.48]
[2306621,"Confecção de camisa metálica em aço ASTM A36 com espessura de 9,5 mm - D = 1.300 mm","m",5177.58]
[2306622,"Confecção de camisa metálica em aço ASTM A36 com espessura de 9,5 mm - D = 1.400 mm","m",5207.68]
[2306623,"Confecção de camisa metálica em aço ASTM A36 com espessura de 9,5 mm - D = 1.500 mm","m",5236.83]
[2306617,"Confecção de camisa metálica em aço ASTM A36 com espessura de 9,5 mm - D = 900 mm","m",2757.55]
[2306014,"Contraventamento de grupo de estacas submersas em aço ASTM A36 - confecção e instalação","kg",13.65]
[2306700,"Escavação com perfuratriz tipo Wirth em rocha com média dureza e média abrasão - resistência à compressão menor que 80 MPa - D = 1.000 mm","m",2072.16]
[2306703,"Escavação com perfuratriz tipo Wirth em rocha com média dureza e média abrasão - resistência à compressão menor que 80 MPa - D = 1.100 mm","m",2144.29]
[2306706,"Escavação com perfuratriz tipo Wirth em rocha com média dureza e média abrasão - resistência à compressão menor que 80 MPa - D = 1.200 mm","m",2259.1999999999998]
[2306709,"Escavação com perfuratriz tipo Wirth em rocha com média dureza e média abrasão - resistência à compressão menor que 80 MPa - D = 1.300 mm","m",2426.98]
[2306712,"Escavação com perfuratriz tipo Wirth em rocha com média dureza e média abrasão - resistência à compressão menor que 80 MPa - D = 1.400 mm","m",2511.81]
[2306715,"Escavação com perfuratriz tipo Wirth em rocha com média dureza e média abrasão - resistência à compressão menor que 80 MPa - D = 1.500 mm","m",2620.4499999999998]
[2306718,"Escavação com perfuratriz tipo Wirth em rocha com média dureza e média abrasão - resistência à compressão menor que 80 MPa - D = 1.600 mm","m",2787.71]
[2306721,"Escavação com perfuratriz tipo Wirth em rocha com média dureza e média abrasão - resistência à compressão menor que 80 MPa - D = 1.700 mm","m",2868]
[2306724,"Escavação com perfuratriz tipo Wirth em rocha com média dureza e média abrasão - resistência à compressão menor que 80 MPa - D = 1.800 mm","m",3019.07]
[2306688,"Escavação com perfuratriz tipo Wirth em rocha com média dureza e média abrasão - resistência à compressão menor que 80 MPa - D = 600 mm","m",1649.61]
[2306691,"Escavação com perfuratriz tipo Wirth em rocha com média dureza e média abrasão - resistência à compressão menor que 80 MPa - D = 700 mm","m",1738.6]
[2306694,"Escavação com perfuratriz tipo Wirth em rocha com média dureza e média abrasão - resistência à compressão menor que 80 MPa - D = 800 mm","m",1862.57]
[2306697,"Escavação com perfuratriz tipo Wirth em rocha com média dureza e média abrasão - resistência à compressão menor que 80 MPa - D = 900 mm","m",1948.01]
[2306701,"Escavação com perfuratriz tipo Wirth em rocha de alta dureza e alta abrasão - resistência à compressão acima de 80 MPa - D = 1.000 mm","m",3850.9]
[2306704,"Escavação com perfuratriz tipo Wirth em rocha de alta dureza e alta abrasão - resistência à compressão acima de 80 MPa - D = 1.100 mm","m",4081.43]
[2306707,"Escavação com perfuratriz tipo Wirth em rocha de alta dureza e alta abrasão - resistência à compressão acima de 80 MPa - D = 1.200 mm","m",4248.75]
[2306710,"Escavação com perfuratriz tipo Wirth em rocha de alta dureza e alta abrasão - resistência à compressão acima de 80 MPa - D = 1.300 mm","m",4457.5600000000004]
[2306713,"Escavação com perfuratriz tipo Wirth em rocha de alta dureza e alta abrasão - resistência à compressão acima de 80 MPa - D = 1.400 mm","m",4577.21]
[2306716,"Escavação com perfuratriz tipo Wirth em rocha de alta dureza e alta abrasão - resistência à compressão acima de 80 MPa - D = 1.500 mm","m",4843.01]
[2306719,"Escavação com perfuratriz tipo Wirth em rocha de alta dureza e alta abrasão - resistência à compressão acima de 80 MPa - D = 1.600 mm","m",5254.25]
[2306722,"Escavação com perfuratriz tipo Wirth em rocha de alta dureza e alta abrasão - resistência à compressão acima de 80 MPa - D = 1.700 mm","m",5493.66]
[2306725,"Escavação com perfuratriz tipo Wirth em rocha de alta dureza e alta abrasão - resistência à compressão acima de 80 MPa - D = 1.800 mm","m",5750.58]
[2306689,"Escavação com perfuratriz tipo Wirth em rocha de alta dureza e alta abrasão - resistência à compressão acima de 80 MPa - D = 600 mm","m",3054.95]
[2306692,"Escavação com perfuratriz tipo Wirth em rocha de alta dureza e alta abrasão - resistência à compressão acima de 80 MPa - D = 700 mm","m",3214.19]
[2306695,"Escavação com perfuratriz tipo Wirth em rocha de alta dureza e alta abrasão - resistência à compressão acima de 80 MPa - D = 800 mm","m",3378.25]
[2306698,"Escavação com perfuratriz tipo Wirth em rocha de alta dureza e alta abrasão - resistência à compressão acima de 80 MPa - D = 900 mm","m",3574.57]
[2306699,"Escavação com perfuratriz tipo Wirth em solo - D = 1.000 mm","m",324.61]
[2306702,"Escavação com perfuratriz tipo Wirth em solo - D = 1.100 mm","m",335.52]
[2306705,"Escavação com perfuratriz tipo Wirth em solo - D = 1.200 mm","m",353.33]
[2306708,"Escavação com perfuratriz tipo Wirth em solo - D = 1.300 mm","m",366.3]
[2306711,"Escavação com perfuratriz tipo Wirth em solo - D = 1.400 mm","m",380.25]
[2306714,"Escavação com perfuratriz tipo Wirth em solo - D = 1.500 mm","m",395.31]
[2306717,"Escavação com perfuratriz tipo Wirth em solo - D = 1.600 mm","m",412.68]
[2306720,"Escavação com perfuratriz tipo Wirth em solo - D = 1.700 mm","m",430.48]
[2306723,"Escavação com perfuratriz tipo Wirth em solo - D = 1.800 mm","m",439.96]
[2306687,"Escavação com perfuratriz tipo Wirth em solo - D = 600 mm","m",270.23]
[2306690,"Escavação com perfuratriz tipo Wirth em solo - D = 700 mm","m",282.67]
[2306693,"Escavação com perfuratriz tipo Wirth em solo - D = 800 mm","m",295.20999999999998]
[2306696,"Escavação com perfuratriz tipo Wirth em solo - D = 900 mm","m",308.91000000000003]
[2306239,"Estaca barrete escavada com uso de fluido estabilizante - confecção","m³",260.22000000000003]
[2306090,"Estaca broca manual D = 25 cm - confecção","m",41.82]
[2306091,"Estaca broca manual D = 30 cm - confecção","m",55.76]
[2306072,"Estaca circular tipo estacão escavada com uso de fluido estabilizante - confecção","m³",772.08]
[2306133,"Estaca duplo perfil metálico W 250 x 17,9 - com emenda - fornecimento e cravação","m",498.58]
[2306114,"Estaca duplo trilho TR 25 - com emenda - fornecimento e cravação","m",306.24]
[2306115,"Estaca duplo trilho TR 37 - com emenda - fornecimento e cravação","m",446.72]
[2306116,"Estaca duplo trilho TR 45 - com emenda - fornecimento e cravação","m",532.42999999999995]
[2306118,"Estaca duplo trilho TR 57 - com emenda - fornecimento e cravação","m",669.33]
[2306122,"Estaca duplo trilho TR 68 - com emenda - fornecimento e cravação","m",793.19]
[2306078,"Estaca Franki com fuste apiloado D = 35 cm - confecção","m",125.35]
[2306080,"Estaca Franki com fuste apiloado D = 40 cm - confecção","m",136.75]
[2306082,"Estaca Franki com fuste apiloado D = 45 cm - confecção","m",150.41999999999999]
[2306084,"Estaca Franki com fuste apiloado D = 52 cm - confecção","m",174.91]
[2306086,"Estaca Franki com fuste apiloado D = 60 cm - confecção","m",214.89]
[2309088,"Estaca Franki com fuste apiloado D = 70 cm - confecção","m",300.83999999999997]
[2306074,"Estaca hélice contínua - confecção","m³",194.26]
[2306095,"Estaca hélice de deslocamento - confecção","m³",232.92]
[2306132,"Estaca perfil metálico W 150 x 22,5 (H) - fornecimento e cravação","m",320.66000000000003]
[2306015,"Estaca prancha metálica - fornecimento e cravação até 12 metros","kg",16.100000000000001]
[2306019,"Estaca prancha metálica com apoio de flutuante - fornecimento e cravação de 12 metros","kg",16.690000000000001]
[2306018,"Estaca prancha metálica com apoio de flutuante e utilização de 10 vezes - fornecimento, cravação até 12 metros","kg",2.79]
[2306016,"Estaca prancha metálica com utilização de 10 vezes - fornecimento, cravação até 12 metros","kg",1.91]
[2305999,"Estaca pré-moldada de concreto armado centrifugado com compressão admissível de 100 t - sem emenda - fornecimento e cravação","m",351.61]
[2306000,"Estaca pré-moldada de concreto armado centrifugado com compressão admissível de 125 t - sem emenda - fornecimento e cravação","m",427.95]
[2306001,"Estaca pré-moldada de concreto armado centrifugado com compressão admissível de 170 t - sem emenda - fornecimento e cravação","m",612.61]
[2306002,"Estaca pré-moldada de concreto armado centrifugado com compressão admissível de 230 t - sem emenda - fornecimento e cravação","m",741.85]
[2306003,"Estaca pré-moldada de concreto armado centrifugado com compressão admissível de 300 t - sem emenda - fornecimento e cravação","m",954.58]
[2305997,"Estaca pré-moldada de concreto armado centrifugado com compressão admissível de 55 t - sem emenda - fornecimento e cravação","m",231.73]
[2305998,"Estaca pré-moldada de concreto armado centrifugado com compressão admissível de 80 t - sem emenda - fornecimento e cravação","m",317.23]
[2306101,"Estaca pré-moldada de concreto protendido 15 x 15 cm - produzida - sem emenda - cravação","m",72.680000000000007]
[2306102,"Estaca pré-moldada de concreto protendido 17 x 17 cm - produzida - sem emenda - cravação","m",77.44]
[2306103,"Estaca pré-moldada de concreto protendido 20 x 20 cm - produzida - sem emenda - cravação","m",87.31]
[2306104,"Estaca pré-moldada de concreto protendido 21 x 21 cm - produzida - sem emenda - cravação","m",92.89]
[2306105,"Estaca pré-moldada de concreto protendido 23 x 23 cm - produzida - sem emenda - cravação","m",98.67]
[2306106,"Estaca pré-moldada de concreto protendido 25 x 25 cm - produzida - sem emenda - cravação","m",107.62]
[2306107,"Estaca pré-moldada de concreto protendido 26 x 26 cm - produzida - sem emenda - cravação","m",110.72]
[2306269,"Estaca pré-moldada de concreto protendido 30 x 30 cm - produzida - sem emenda - cravação","m",124.73]
[2306270,"Estaca pré-moldada de concreto protendido 33 x 33 cm - produzida - sem emenda - cravação","m",139.68]
[2306271,"Estaca pré-moldada de concreto protendido 35 x 35 cm - produzida - sem emenda - cravação","m",153.6]
[2306272,"Estaca pré-moldada de concreto protendido 38 x 38 cm - produzida - sem emenda - cravação","m",162.49]
[2306273,"Estaca pré-moldada de concreto protendido 40 x 40 cm - produzida - sem emenda - cravação","m",182.36]
[2306274,"Estaca pré-moldada de concreto protendido 42 x 42 cm - produzida - sem emenda - cravação","m",195.62]
[2306275,"Estaca pré-moldada de concreto protendido 45 x 45 cm - produzida - sem emenda - cravação","m",226.5]
[2306100,"Estaca pré-moldada de concreto protendido com compressão admissível de 100 t - comercial - sem emenda - fornecimento e cravação","m",329.09]
[2306004,"Estaca pré-moldada de concreto protendido com compressão admissível de 25 t - comercial - sem emenda - fornecimento e cravação","m",125.82]
[2306097,"Estaca pré-moldada de concreto protendido com compressão admissível de 35 t - comercial - sem emenda - fornecimento e cravação","m",154.69999999999999]
[2306098,"Estaca pré-moldada de concreto protendido com compressão admissível de 60 t - comercial - sem emenda - fornecimento e cravação","m",176.67]
[2306007,"Estaca pré-moldada de concreto protendido com compressão admissível de 75 t - comercial - sem emenda - fornecimento e cravação","m",246.69]
[2306067,"Estaca raiz perfurada na rocha com D = 16 cm - confecção","m",480.39]
[2306068,"Estaca raiz perfurada na rocha com D = 20 cm - confecção","m",607.32000000000005]
[2306069,"Estaca raiz perfurada na rocha com D = 25 cm - confecção","m",824.13]
[2306070,"Estaca raiz perfurada na rocha com D = 31 cm - confecção","m",1295.78]
[2306071,"Estaca raiz perfurada na rocha com D = 40 cm - confecção","m",1952.97]
[2306181,"Estaca raiz perfurada na rocha com D = 45 cm - confecção","m",1975.77]
[2306062,"Estaca raiz perfurada no solo com D = 16 cm - confecção","m",88.71]
[2306063,"Estaca raiz perfurada no solo com D = 20 cm - confecção","m",109.06]
[2306064,"Estaca raiz perfurada no solo com D = 25 cm - confecção","m",137.61000000000001]
[2306065,"Estaca raiz perfurada no solo com D = 31 cm - confecção","m",181.78]
[2306066,"Estaca raiz perfurada no solo com D = 40 cm - confecção","m",261.89999999999998]
[2306180,"Estaca raiz perfurada no solo com D = 45 cm - confecção","m",300.79000000000002]
[2306009,"Estaca Strauss D = 25 cm - confecção","m",16.27]
[2306010,"Estaca Strauss D = 32 cm - confecção","m",20.28]
[2306011,"Estaca Strauss D = 38 cm - confecção","m",23.1]
[2306012,"Estaca Strauss D = 45 cm - confecção","m",27.04]
[2306108,"Estaca trilho TR 25 - fornecimento e cravação","m",163.05000000000001]
[2306110,"Estaca trilho TR 37 - fornecimento e cravação","m",233.5]
[2306111,"Estaca trilho TR 45 - fornecimento e cravação","m",275.94]
[2306112,"Estaca trilho TR 57 - fornecimento e cravação","m",344.15]
[2306113,"Estaca trilho TR 68 - fornecimento e cravação","m",405.9]
[2306123,"Estaca triplo trilho TR 25 - com emenda - fornecimento e cravação","m",448]
[2306124,"Estaca triplo trilho TR 37 - com emenda - fornecimento e cravação","m",658.14]
[2306125,"Estaca triplo trilho TR 45 - com emenda - fornecimento e cravação","m",786.25]
[2306126,"Estaca triplo trilho TR 57 - com emenda - fornecimento e cravação","m",991.02]
[2306127,"Estaca triplo trilho TR 68 - com emenda - fornecimento e cravação","m",1176.1600000000001]
[2306300,"Fabricação de estaca pré-moldada de concreto protendida seção 15 x 15 cm","m",34.76]
[2306301,"Fabricação de estaca pré-moldada de concreto protendida seção 17 x 17 cm","m",37.57]
[2306302,"Fabricação de estaca pré-moldada de concreto protendida seção 20 x 20 cm","m",45.11]
[2306303,"Fabricação de estaca pré-moldada de concreto protendida seção 21 x 21 cm","m",49.08]
[2306304,"Fabricação de estaca pré-moldada de concreto protendida seção 23 x 23 cm","m",52.45]
[2306305,"Fabricação de estaca pré-moldada de concreto protendida seção 25 x 25 cm","m",59.05]
[2306306,"Fabricação de estaca pré-moldada de concreto protendida seção 26 x 26 cm","m",60.52]
[2306307,"Fabricação de estaca pré-moldada de concreto protendida seção 30 x 30 cm","m",70.31]
[2306308,"Fabricação de estaca pré-moldada de concreto protendida seção 33 x 33 cm","m",79.58]
[2306309,"Fabricação de estaca pré-moldada de concreto protendida seção 35 x 35 cm","m",90.02]
[2306310,"Fabricação de estaca pré-moldada de concreto protendida seção 38 x 38 cm","m",95.32]
[2306311,"Fabricação de estaca pré-moldada de concreto protendida seção 40 x 40 cm","m",109.92]
[2306312,"Fabricação de estaca pré-moldada de concreto protendida seção 42 x 42 cm","m",119.16]
[2306313,"Fabricação de estaca pré-moldada de concreto protendida seção 45 x 45 cm","m",143.72999999999999]
[2306013,"Gabarito de cravação de estacas submersas em aço ASTM A36 - confecção e instalação","kg",13.55]
[2306243,"Muro guia para estaca barrete com duas cortinas de 10 x 110 cm","m",590.64]
[2408149,"Estrutura em perfil de aço ASTM A36 corte, solda e montagem - fornecimento e instalação","kg",16.86]
[2407972,"Fornecimento e aplicação de adesivo estrutural à base de resina epóxi","kg",72.44]
[2407973,"Hidrojateamento em superfície de aço grau WJ-2","m²",30.28]
[2408075,"Jateamento abrasivo em chapa de aço por esteira contínua","m²",5.59]
[2408069,"Jateamento de chapa de aço com o uso de granalhas de aço grau Sa 2","m²",5.91]
[2419790,"Jateamento de chapa de aço com o uso de granalhas de aço grau Sa 2 1/2","m²",10.68]
[2407976,"Jateamento de chapa de aço com o uso de granalhas de aço grau Sa 2 1/2 - em espaço confinado","m²",11.97]
[2408068,"Jateamento de chapa de aço com o uso de granalhas de aço grau Sa 3","m²",16.63]
[2419705,"Pintura com epóxi de dois componentes com pistola a ar comprimido, uma demão, espessura de 120 µm","m²",10.55]
[2419704,"Pintura com primer epóxi de dois componentes com pistola a ar comprimido, uma demão, espessura de 70 µm","m²",13.45]
[2407981,"Pintura com selante epóxi vinílico com pistola airless, uma demão, espessura de 80 µm","m²",18.170000000000002]
[2407982,"Pintura com tinta anti-incrustante com pistola airless, uma demão, espessura de 125 µm","m²",40.58]
[2419703,"Pintura com tinta anticorrosiva à base de epóxi poliamida de dois componentes com pistola a ar comprimido, uma demão, espessura de 150 µm","m²",15.98]
[2408080,"Pintura de acabamento com esmalte epóxi com pistola a ar comprimido, uma demão, espessura de 40 µm","m²",8.02]
[2408078,"Pintura de acabamento com esmalte sintético com pistola a ar comprimido, uma demão, espessura de 30 µm","m²",3.04]
[2407979,"Pintura de acabamento com tinta de poliuretano acrílico de dois componentes com pistola airless, uma demão, espessura de 70 µm","m²",14.91]
[2407980,"Pintura de acabamento com tinta de poliuretano acrílico de dois componentes com pistola airless, uma demão, espessura de 70 µm - em espaço confinado","m²",14.95]
[2408077,"Pintura de fundo com tinta alquídica com pistola a ar comprimido, uma demão, espessura de 30 µm","m²",8.19]
[2407983,"Pintura de fundo com tinta anticorrosiva à base de epóxi poliamida de dois componentes com pistola airless, uma demão, espessura de 100 µm - em espaço confinado","m²",8.64]
[2407977,"Pintura de fundo com tinta anticorrosiva à base de epóxi poliamida de dois componentes com pistola airless, uma demão, espessura de 160 µm","m²",16.850000000000001]
[2407978,"Pintura de fundo com tinta anticorrosiva à base de epóxi poliamida de dois componentes com pistola airless, uma demão, espessura de 160 µm - em espaço confinado","m²",16.89]
[2408079,"Pintura de fundo com tinta epóxi com pistola a ar comprimido, uma demão, espessura de 120 µm","m²",43.21]
[2408076,"Pintura shop primer em chapa de aço por esteira contínua","m²",11.69]
[2408057,"Solda elétrica de perfis metálicos e chapas de aço com eletrodo E60XX","kg",98.11]
[2408058,"Solda elétrica de perfis metálicos e chapas de aço com eletrodo E70XX","kg",65.73]
[2407974,"Tratamento de superfície de aço com ferramenta mecânica grau SP-11","m²",351.9]
[2407975,"Tratamento de superfície de aço com ferramenta mecânica grau SP-11 - em espaço confinado","m²",358.81]
[2419789,"Tratamento em chapa de aço por esteira contínua","m²",10.210000000000001]
[2607183,"Alinhamento manual da grade do AMV para qualquer abertura e qualquer bitola","un",316.61]
[2607226,"Assentamento dos materiais metálicos do AMV 1:10, TR 45, bitola larga","un",357114.78]
[2607209,"Assentamento dos materiais metálicos do AMV 1:10, TR 45, bitola métrica","un",312053.33]
[2607161,"Assentamento dos materiais metálicos do AMV 1:10, TR 45, bitola mista","un",426509.48]
[2607148,"Assentamento dos materiais metálicos do AMV 1:10, TR 57, bitola larga","un",449148.94]
[2607213,"Assentamento dos materiais metálicos do AMV 1:10, TR 57, bitola métrica","un",392006.66]
[2607165,"Assentamento dos materiais metálicos do AMV 1:10, TR 57, bitola mista","un",543224.47]
[2607152,"Assentamento dos materiais metálicos do AMV 1:10, TR 68, bitola larga","un",538898.31999999995]
[2607217,"Assentamento dos materiais metálicos do AMV 1:10, TR 68, bitola métrica","un",465267.6]
[2607169,"Assentamento dos materiais metálicos do AMV 1:10, TR 68, bitola mista","un",644383.73]
[2607156,"Assentamento dos materiais metálicos do AMV 1:10, UIC 60, bitola larga","un",472271.06]
[2607221,"Assentamento dos materiais metálicos do AMV 1:10, UIC 60, bitola métrica","un",412041.45]
[2607173,"Assentamento dos materiais metálicos do AMV 1:10, UIC 60, bitola mista","un",570890.54]
[2607227,"Assentamento dos materiais metálicos do AMV 1:12, TR 45, bitola larga","un",391769.38]
[2607210,"Assentamento dos materiais metálicos do AMV 1:12, TR 45, bitola métrica","un",342167.33]
[2607162,"Assentamento dos materiais metálicos do AMV 1:12, TR 45, bitola mista","un",468188.23]
[2607149,"Assentamento dos materiais metálicos do AMV 1:12, TR 57, bitola larga","un",493043.19]
[2607214,"Assentamento dos materiais metálicos do AMV 1:12, TR 57, bitola métrica","un",430143.07]
[2607166,"Assentamento dos materiais metálicos do AMV 1:12, TR 57, bitola mista","un",596036.93999999994]
[2607153,"Assentamento dos materiais metálicos do AMV 1:12, TR 68, bitola larga","un",591141.93999999994]
[2607218,"Assentamento dos materiais metálicos do AMV 1:12, TR 68, bitola métrica","un",516713.99]
[2607170,"Assentamento dos materiais metálicos do AMV 1:12, TR 68, bitola mista","un",707343.29]
[2607157,"Assentamento dos materiais metálicos do AMV 1:12, UIC 60, bitola larga","un",524465.07999999996]
[2607222,"Assentamento dos materiais metálicos do AMV 1:12, UIC 60, bitola métrica","un",452188.4]
[2607174,"Assentamento dos materiais metálicos do AMV 1:12, UIC 60, bitola mista","un",626484.07999999996]
[2607228,"Assentamento dos materiais metálicos do AMV 1:14, TR 45, bitola larga","un",429861.83]
[2607211,"Assentamento dos materiais metálicos do AMV 1:14, TR 45, bitola métrica","un",375271.9]
[2607163,"Assentamento dos materiais metálicos do AMV 1:14, TR 45, bitola mista","un",519959.01]
[2607150,"Assentamento dos materiais metálicos do AMV 1:14, TR 57, bitola larga","un",547327.63]
[2607215,"Assentamento dos materiais metálicos do AMV 1:14, TR 57, bitola métrica","un",472067.14]
[2607167,"Assentamento dos materiais metálicos do AMV 1:14, TR 57, bitola mista","un",654074.32999999996]
[2607154,"Assentamento dos materiais metálicos do AMV 1:14, TR 68, bitola larga","un",648581.01]
[2607219,"Assentamento dos materiais metálicos do AMV 1:14, TR 68, bitola métrica","un",566710.23]
[2607171,"Assentamento dos materiais metálicos do AMV 1:14, TR 68, bitola mista","un",794442.69]
[2607158,"Assentamento dos materiais metálicos do AMV 1:14, UIC 60, bitola larga","un",575274.66]
[2607223,"Assentamento dos materiais metálicos do AMV 1:14, UIC 60, bitola métrica","un",496322.77]
[2607175,"Assentamento dos materiais metálicos do AMV 1:14, UIC 60, bitola mista","un",687578.27]
[2607151,"Assentamento dos materiais metálicos do AMV 1:20, TR 57, bitola larga","un",653685.94999999995]
[2607216,"Assentamento dos materiais metálicos do AMV 1:20, TR 57, bitola métrica","un",570475.94999999995]
[2607168,"Assentamento dos materiais metálicos do AMV 1:20, TR 57, bitola mista","un",800111.87]
[2607155,"Assentamento dos materiais metálicos do AMV 1:20, TR 68, bitola larga","un",793084.15]
[2607220,"Assentamento dos materiais metálicos do AMV 1:20, TR 68, bitola métrica","un",676933.23]
[2607172,"Assentamento dos materiais metálicos do AMV 1:20, TR 68, bitola mista","un",947166.87]
[2607159,"Assentamento dos materiais metálicos do AMV 1:20, UIC 60, bitola larga","un",687362.5]
[2607224,"Assentamento dos materiais metálicos do AMV 1:20, UIC 60, bitola métrica","un",599605.88]
[2607176,"Assentamento dos materiais metálicos do AMV 1:20, UIC 60, bitola mista","un",840363.51]
[2607225,"Assentamento dos materiais metálicos do AMV 1:8, TR 45, bitola larga","un",325585.99]
[2607208,"Assentamento dos materiais metálicos do AMV 1:8, TR 45, bitola métrica","un",284658.78000000003]
[2607160,"Assentamento dos materiais metálicos do AMV 1:8, TR 45, bitola mista","un",388579.53]
[2607229,"Assentamento dos materiais metálicos do AMV 1:8, TR 57, bitola larga","un",409185.36]
[2607212,"Assentamento dos materiais metálicos do AMV 1:8, TR 57, bitola métrica","un",357313.9]
[2607164,"Assentamento dos materiais metálicos do AMV 1:8, TR 57, bitola mista","un",489193.69]
[2607207,"Lançamento manual de lastro em AMV com descarga da brita por caminhão","m³",239.16]
[2607206,"Lançamento mecânico de lastro em AMV com descarga da brita por caminhão e espalhamento com carregadeira de pneus","m³",234.67]
[2607344,"Nivelamento de AMV com socaria com grupo vibrador e levante de até 10 cm, abertura 1:10, bitola larga, dormente de madeira ou concreto","un",229.95]
[2607339,"Nivelamento de AMV com socaria com grupo vibrador e levante de até 10 cm, abertura 1:10, bitola métrica, dormente de madeira ou concreto","un",157.97999999999999]
[2607349,"Nivelamento de AMV com socaria com grupo vibrador e levante de até 10 cm, abertura 1:10, bitola mista, dormente de madeira ou concreto","un",351.09]
[2607345,"Nivelamento de AMV com socaria com grupo vibrador e levante de até 10 cm, abertura 1:12, bitola larga, dormente de madeira ou concreto","un",262.39]
[2607340,"Nivelamento de AMV com socaria com grupo vibrador e levante de até 10 cm, abertura 1:12, bitola métrica, dormente de madeira ou concreto","un",180.37]
[2607350,"Nivelamento de AMV com socaria com grupo vibrador e levante de até 10 cm, abertura 1:12, bitola mista, dormente de madeira ou concreto","un",401.04]
[2607346,"Nivelamento de AMV com socaria com grupo vibrador e levante de até 10 cm, abertura 1:14, bitola larga, dormente de madeira ou concreto","un",304.76]
[2607341,"Nivelamento de AMV com socaria com grupo vibrador e levante de até 10 cm, abertura 1:14, bitola métrica, dormente de madeira ou concreto","un",212.78]
[2607351,"Nivelamento de AMV com socaria com grupo vibrador e levante de até 10 cm, abertura 1:14, bitola mista, dormente de madeira ou concreto","un",465.85]
[2607347,"Nivelamento de AMV com socaria com grupo vibrador e levante de até 10 cm, abertura 1:20, bitola larga, dormente de madeira ou concreto","un",402.1]
[2607342,"Nivelamento de AMV com socaria com grupo vibrador e levante de até 10 cm, abertura 1:20, bitola métrica, dormente de madeira ou concreto","un",262.39]
[2607352,"Nivelamento de AMV com socaria com grupo vibrador e levante de até 10 cm, abertura 1:20, bitola mista, dormente de madeira ou concreto","un",612.94000000000005]
[2607343,"Nivelamento de AMV com socaria com grupo vibrador e levante de até 10 cm, abertura 1:8, bitola larga, dormente de madeira","un",184.62]
[2607338,"Nivelamento de AMV com socaria com grupo vibrador e levante de até 10 cm, abertura 1:8, bitola métrica, dormente de madeira","un",135.09]
[2607348,"Nivelamento de AMV com socaria com grupo vibrador e levante de até 10 cm, abertura 1:8, bitola mista, dormente de madeira","un",282.06]
[2607329,"Nivelamento de AMV com socaria manual e levante de até 10 cm, abertura 1:10, bitola larga, dormente de madeira ou concreto","un",526.41]
[2607324,"Nivelamento de AMV com socaria manual e levante de até 10 cm, abertura 1:10, bitola métrica, dormente de madeira ou concreto","un",359.4]
[2607334,"Nivelamento de AMV com socaria manual e levante de até 10 cm, abertura 1:10, bitola mista, dormente de madeira ou concreto","un",763.23]
[2607330,"Nivelamento de AMV com socaria manual e levante de até 10 cm, abertura 1:12, bitola larga, dormente de madeira ou concreto","un",601.94000000000005]
[2607325,"Nivelamento de AMV com socaria manual e levante de até 10 cm, abertura 1:12, bitola métrica, dormente de madeira ou concreto","un",412.74]
[2607335,"Nivelamento de AMV com socaria manual e levante de até 10 cm, abertura 1:12, bitola mista, dormente de madeira ou concreto","un",872.13]
[2607331,"Nivelamento de AMV com socaria manual e levante de até 10 cm, abertura 1:14, bitola larga, dormente de madeira ou concreto","un",699.79]
[2607326,"Nivelamento de AMV com socaria manual e levante de até 10 cm, abertura 1:14, bitola métrica, dormente de madeira ou concreto","un",488.27]
[2607336,"Nivelamento de AMV com socaria manual e levante de até 10 cm, abertura 1:14, bitola mista, dormente de madeira ou concreto","un",1014.49]
[2607332,"Nivelamento de AMV com socaria manual e levante de até 10 cm, abertura 1:20, bitola larga, dormente de madeira ou concreto","un",926.44]
[2607327,"Nivelamento de AMV com socaria manual e levante de até 10 cm, abertura 1:20, bitola métrica, dormente de madeira ou concreto","un",601.94000000000005]
[2607337,"Nivelamento de AMV com socaria manual e levante de até 10 cm, abertura 1:20, bitola mista, dormente de madeira ou concreto","un",1341.29]
[2607328,"Nivelamento de AMV com socaria manual e levante de até 10 cm, abertura 1:8, bitola larga, dormente de madeira","un",422.28]
[2607323,"Nivelamento de AMV com socaria manual e levante de até 10 cm, abertura 1:8, bitola métrica, dormente de madeira","un",308.54000000000002]
[2607333,"Nivelamento de AMV com socaria manual e levante de até 10 cm, abertura 1:8, bitola mista, dormente de madeira","un",611.41999999999996]
[2607106,"Posicionamento de jogo de dormentes de concreto para AMV 1:10, bitola larga","jg",105006.46]
[2607102,"Posicionamento de jogo de dormentes de concreto para AMV 1:10, bitola métrica","jg",51602.5]
[2607261,"Posicionamento de jogo de dormentes de concreto para AMV 1:10, bitola mista","jg",105006.46]
[2607107,"Posicionamento de jogo de dormentes de concreto para AMV 1:12, bitola larga","jg",119845.22]
[2607103,"Posicionamento de jogo de dormentes de concreto para AMV 1:12, bitola métrica","jg",58728.34]
[2607262,"Posicionamento de jogo de dormentes de concreto para AMV 1:12, bitola mista","jg",119845.22]
[2607108,"Posicionamento de jogo de dormentes de concreto para AMV 1:14, bitola larga","jg",139606.37]
[2607104,"Posicionamento de jogo de dormentes de concreto para AMV 1:14, bitola métrica","jg",69393.119999999995]
[2607263,"Posicionamento de jogo de dormentes de concreto para AMV 1:14, bitola mista","jg",139606.37]
[2607109,"Posicionamento de jogo de dormentes de concreto para AMV 1:20, bitola larga","jg",184074.88]
[2607105,"Posicionamento de jogo de dormentes de concreto para AMV 1:20, bitola métrica","jg",86299.01]
[2607264,"Posicionamento de jogo de dormentes de concreto para AMV 1:20, bitola mista","jg",184074.88]
[2607093,"Posicionamento de jogo de dormentes de madeira para AMV 1:10, bitola larga","jg",50424.959999999999]
[2607088,"Posicionamento de jogo de dormentes de madeira para AMV 1:10, bitola métrica","jg",20786.2]
[2607098,"Posicionamento de jogo de dormentes de madeira para AMV 1:10, bitola mista","jg",50759.42]
[2607094,"Posicionamento de jogo de dormentes de madeira para AMV 1:12, bitola larga","jg",56835.95]
[2607089,"Posicionamento de jogo de dormentes de madeira para AMV 1:12, bitola métrica","jg",23797.98]
[2607099,"Posicionamento de jogo de dormentes de madeira para AMV 1:12, bitola mista","jg",57216.99]
[2607095,"Posicionamento de jogo de dormentes de madeira para AMV 1:14, bitola larga","jg",66765.84]
[2607090,"Posicionamento de jogo de dormentes de madeira para AMV 1:14, bitola métrica","jg",28980.23]
[2607260,"Posicionamento de jogo de dormentes de madeira para AMV 1:14, bitola mista","jg",67208.38]
[2607096,"Posicionamento de jogo de dormentes de madeira para AMV 1:20, bitola larga","jg",88015.03]
[2607091,"Posicionamento de jogo de dormentes de madeira para AMV 1:20, bitola métrica","jg",36409.9]
[2607101,"Posicionamento de jogo de dormentes de madeira para AMV 1:20, bitola mista","jg",88598.29]
[2607092,"Posicionamento de jogo de dormentes de madeira para AMV 1:8, bitola larga","jg",40124.300000000003]
[2607087,"Posicionamento de jogo de dormentes de madeira para AMV 1:8, bitola métrica","jg",17349.47]
[2607097,"Posicionamento de jogo de dormentes de madeira para AMV 1:8, bitola mista","jg",40392.080000000002]
[2607198,"Regularização manual do lastro do AMV para qualquer abertura e qualquer bitola","un",323.39999999999998]
[2809170,"Demolição de AMV 1:10 TR 37, em bitola métrica, dormente de madeira, com separação e empilhamento","un",1960.54]
[2809183,"Demolição de AMV 1:10 TR 45, em bitola larga, dormente de madeira, com separação e empilhamento","un",2839.1]
[2809174,"Demolição de AMV 1:10 TR 45, em bitola métrica, dormente de madeira, com separação e empilhamento","un",2058.7600000000002]
[2809196,"Demolição de AMV 1:10 TR 45, em bitola mista, dormente de madeira, com separação e empilhamento","un",2984.11]
[2809187,"Demolição de AMV 1:10 TR 57, em bitola larga, dormente de madeira, com separação e empilhamento","un",2986.65]
[2809178,"Demolição de AMV 1:10 TR 57, em bitola métrica, dormente de madeira, com separação e empilhamento","un",2205.94]
[2809200,"Demolição de AMV 1:10 TR 57, em bitola mista, dormente de madeira, com separação e empilhamento","un",3137.8]
[2809191,"Demolição de AMV 1:10 TR 68, em bitola larga, dormente de madeira, com separação e empilhamento","un",3121.96]
[2809204,"Demolição de AMV 1:10 TR 68, em bitola mista, dormente de madeira, com separação e empilhamento","un",3278.5]
[2809171,"Demolição de AMV 1:12 TR 37, em bitola métrica, dormente de madeira, com separação e empilhamento","un",2212.7399999999998]
[2809184,"Demolição de AMV 1:12 TR 45, em bitola larga, dormente de madeira, com separação e empilhamento","un",3202.23]
[2809175,"Demolição de AMV 1:12 TR 45, em bitola métrica, dormente de madeira, com separação e empilhamento","un",2320.7800000000002]
[2809197,"Demolição de AMV 1:12 TR 45, em bitola mista, dormente de madeira, com separação e empilhamento","un",3362.21]
[2809188,"Demolição de AMV 1:12 TR 57, em bitola larga, dormente de madeira, com separação e empilhamento","un",3364.53]
[2809179,"Demolição de AMV 1:12 TR 57, em bitola métrica, dormente de madeira, com separação e empilhamento","un",2482.69]
[2809201,"Demolição de AMV 1:12 TR 57, em bitola mista, dormente de madeira, com separação e empilhamento","un",3531.27]
[2809192,"Demolição de AMV 1:12 TR 68, em bitola larga, dormente de madeira, com separação e empilhamento","un",3513.38]
[2809205,"Demolição de AMV 1:12 TR 68, em bitola mista, dormente de madeira, com separação e empilhamento","un",3686.04]
[2809172,"Demolição de AMV 1:14 TR 37, em bitola métrica, dormente de madeira, com separação e empilhamento","un",2586.2800000000002]
[2809185,"Demolição de AMV 1:14 TR 45, em bitola larga, dormente de madeira, com separação e empilhamento","un",3686.1]
[2809176,"Demolição de AMV 1:14 TR 45, em bitola métrica, dormente de madeira, com separação e empilhamento","un",2705.12]
[2809198,"Demolição de AMV 1:14 TR 45, em bitola mista, dormente de madeira, com separação e empilhamento","un",3865.13]
[2809189,"Demolição de AMV 1:14 TR 57, em bitola larga, dormente de madeira, com separação e empilhamento","un",3864.63]
[2809180,"Demolição de AMV 1:14 TR 57, em bitola métrica, dormente de madeira, com separação e empilhamento","un",2883.22]
[2809202,"Demolição de AMV 1:14 TR 57, em bitola mista, dormente de madeira, com separação e empilhamento","un",4051.1]
[2809193,"Demolição de AMV 1:14 TR 68, em bitola larga, dormente de madeira, com separação e empilhamento","un",4028.36]
[2809206,"Demolição de AMV 1:14 TR 68, em bitola mista, dormente de madeira, com separação e empilhamento","un",4221.34]
[2809190,"Demolição de AMV 1:20 TR 57, em bitola larga, dormente de madeira, com separação e empilhamento","un",5003.33]
[2809181,"Demolição de AMV 1:20 TR 57, em bitola métrica, dormente de madeira, com separação e empilhamento","un",3543.64]
[2809203,"Demolição de AMV 1:20 TR 57, em bitola mista, dormente de madeira, com separação e empilhamento","un",5229.0600000000004]
[2809194,"Demolição de AMV 1:20 TR 68, em bitola larga, dormente de madeira, com separação e empilhamento","un",5199.8100000000004]
[2809207,"Demolição de AMV 1:20 TR 68, em bitola mista, dormente de madeira, com separação e empilhamento","un",5433.35]
[2809169,"Demolição de AMV 1:8 TR 37, em bitola métrica, dormente de madeira, com separação e empilhamento","un",1686.37]
[2809182,"Demolição de AMV 1:8 TR 45, em bitola larga, dormente de madeira, com separação e empilhamento","un",2339.25]
[2809173,"Demolição de AMV 1:8 TR 45, em bitola métrica, dormente de madeira, com separação e empilhamento","un",1775.66]
[2809195,"Demolição de AMV 1:8 TR 45, em bitola mista, dormente de madeira, com separação e empilhamento","un",2447.91]
[2809186,"Demolição de AMV 1:8 TR 57, em bitola larga, dormente de madeira, com separação e empilhamento","un",2473.38]
[2809177,"Demolição de AMV 1:8 TR 57, em bitola métrica, dormente de madeira, com separação e empilhamento","un",1909.47]
[2809199,"Demolição de AMV 1:8 TR 57, em bitola mista, dormente de madeira, com separação e empilhamento","un",2587.63]
[2809219,"Demolição de via, bitola larga, 1.667 dormentes de madeira/km, trilho TR 45, barra com 12 m de comprimento, com separação e empilhamento","km",23487.99]
[2809220,"Demolição de via, bitola larga, 1.667 dormentes de madeira/km, trilho TR 57, barra com 12 m de comprimento, com separação e empilhamento","km",25022.49]
[2809221,"Demolição de via, bitola larga, 1.667 dormentes de madeira/km, trilho TR 68, barra com 12 m de comprimento, com separação e empilhamento","km",25769.84]
[2809163,"Demolição de via, bitola larga, 1.750 dormentes de madeira/km, trilho TR 45, barra com 12 m de comprimento, com separação e empilhamento","km",24524.46]
[2809164,"Demolição de via, bitola larga, 1.750 dormentes de madeira/km, trilho TR 57, barra com 12 m de comprimento, com separação e empilhamento","km",26115.439999999999]
[2809165,"Demolição de via, bitola larga, 1.750 dormentes de madeira/km, trilho TR 68, barra com 12 m de comprimento, com separação e empilhamento","km",26883.85]
[2809216,"Demolição de via, bitola métrica, 1.667 dormentes de madeira/km, trilho TR 37, barra com 12 m de comprimento, com separação e empilhamento","km",21837.64]
[2809217,"Demolição de via, bitola métrica, 1.667 dormentes de madeira/km, trilho TR 45, barra com 12 m de comprimento, com separação e empilhamento","km",22232.49]
[2809218,"Demolição de via, bitola métrica, 1.667 dormentes de madeira/km, trilho TR 57, barra com 12 m de comprimento, com separação e empilhamento","km",23758.75]
[2809160,"Demolição de via, bitola métrica, 1.750 dormentes de madeira/km, trilho TR 37, barra com 12 m de comprimento, com separação e empilhamento","km",22809.75]
[2809161,"Demolição de via, bitola métrica, 1.750 dormentes de madeira/km, trilho TR 45, barra com 12 m de comprimento, com separação e empilhamento","km",23207.46]
[2809162,"Demolição de via, bitola métrica, 1.750 dormentes de madeira/km, trilho TR 57, barra com 12 m de comprimento, com separação e empilhamento","km",24790.04]
[2809222,"Demolição de via, bitola mista, 1.667 dormentes de madeira/km, trilho TR 45, barra com 12 m de comprimento, com separação e empilhamento","km",21443.42]
[2809223,"Demolição de via, bitola mista, 1.667 dormentes de madeira/km, trilho TR 57, barra com 12 m de comprimento, com separação e empilhamento","km",27476.28]
[2809224,"Demolição de via, bitola mista, 1.667 dormentes de madeira/km, trilho TR 68, barra com 12 m de comprimento, com separação e empilhamento","km",28597.3]
[2809166,"Demolição de via, bitola mista, 1.750 dormentes de madeira/km, trilho TR 45, barra com 12 m de comprimento, com separação e empilhamento","km",22314.13]
[2809167,"Demolição de via, bitola mista, 1.750 dormentes de madeira/km, trilho TR 57, barra com 12 m de comprimento, com separação e empilhamento","km",28642.12]
[2809168,"Demolição de via, bitola mista, 1.750 dormentes de madeira/km, trilho TR 68, barra com 12 m de comprimento, com separação e empilhamento","km",29794.73]
[2809158,"Retirada manual de dormente de madeira, bitola larga ou mista, com separação e empilhamento","un",10.71]
[2809159,"Retirada manual de dormente de madeira, bitola métrica, com separação e empilhamento","un",8.06]
[2909152,"Aferição da geometria da via com carro controle","km",117.86]
[2909153,"Capina química da plataforma ferroviária","km",199.46]
[2909151,"Estabilização dinâmica da via","km",62.64]
[2909145,"Nivelamento de junta com socaria manual da via","un",10.55]
[2909379,"Nivelamento de via com grupo gerador/vibrador e levante de até 10 cm - bitola métrica ou larga com dormente de madeira ou concreto e taxa de dormentação de 1.667 un/km","km",5886.62]
[2909381,"Nivelamento de via com grupo gerador/vibrador e levante de até 10 cm - bitola métrica ou larga com dormente de madeira ou concreto e taxa de dormentação de 1.750 un/km","km",6159.81]
[2909388,"Nivelamento de via com grupo gerador/vibrador e levante de até 10 cm - bitola métrica ou larga com dormente de madeira ou concreto e taxa de dormentação de 1.850 un/km","km",6489.79]
[2909380,"Nivelamento de via com grupo gerador/vibrador e levante de até 10 cm - bitola mista com dormente de madeira ou concreto e taxa de dormentação de 1.667 un/km","km",8628.1299999999992]
[2909382,"Nivelamento de via com grupo gerador/vibrador e levante de até 10 cm - bitola mista com dormente de madeira ou concreto e taxa de dormentação de 1.750 un/km","km",9036.99]
[2909387,"Nivelamento de via com grupo gerador/vibrador e levante de até 10 cm - bitola mista com dormente de madeira ou concreto e taxa de dormentação de 1.850 un/km","km",9534.07]
[2909375,"Nivelamento de via com socaria manual e levante de até 10 cm - bitola métrica ou larga com dormente de madeira ou concreto e taxa de dormentação de 1.667 un/km","km",9417.34]
[2909377,"Nivelamento de via com socaria manual e levante de até 10 cm - bitola métrica ou larga com dormente de madeira ou concreto e taxa de dormentação de 1.750 un/km","km",9857.1299999999992]
[2909386,"Nivelamento de via com socaria manual e levante de até 10 cm - bitola métrica ou larga com dormente de madeira ou concreto e taxa de dormentação de 1.850 un/km","km",10387.5]
[2909376,"Nivelamento de via com socaria manual e levante de até 10 cm - bitola mista com dormente de madeira ou concreto e taxa de dormentação de 1.667 un/km","km",13831.85]
[2909378,"Nivelamento de via com socaria manual e levante de até 10 cm - bitola mista com dormente de madeira ou concreto e taxa de dormentação de 1.750 un/km","km",14496.84]
[2909385,"Nivelamento de via com socaria manual e levante de até 10 cm - bitola mista com dormente de madeira ou concreto e taxa de dormentação de 1.850 un/km","km",15287.83]
[2909383,"Nivelamento e alinhamento de via com socadora automática e levante de até 10 cm - qualquer bitola ou dormente e taxa de dormentação de 1.667 un/km","km",5481.25]
[2909384,"Nivelamento e alinhamento de via com socadora automática e levante de até 10 cm - qualquer bitola ou dormente e taxa de dormentação de 1.750 un/km","km",5754.19]
[2909148,"Regularização do lastro com reguladora de lastro","km",438.96]
[2909389,"Regularização manual do lastro em via corrida, bitola larga, com qualquer tipo de dormente","km",3425.41]
[2909390,"Regularização manual do lastro em via corrida, bitola métrica, com qualquer tipo de dormente","km",2412.27]
[2909391,"Regularização manual do lastro em via corrida, bitola mista, com qualquer tipo de dormente","km",4110.76]
[3009336,"Alívio de tensão, com martelo de bronze, em TLS com 120 de comprimento de TR45, taxa de dormentação de 1.667 un/km, para qualquer bitola e fixação elástica","un",95.48]
[3009337,"Alívio de tensão, com martelo de bronze, em TLS com 120 de comprimento de TR45, taxa de dormentação de 1.750 un/km, para qualquer bitola e fixação elástica","un",98.02]
[3009340,"Alívio de tensão, com martelo de bronze, em TLS com 120 de comprimento de TR57, taxa de dormentação de 1.667 un/km, para qualquer bitola e fixação elástica","un",182.62]
[3009341,"Alívio de tensão, com martelo de bronze, em TLS com 120 de comprimento de TR57, taxa de dormentação de 1.750 un/km, para qualquer bitola e fixação elástica","un",187.69]
[3009344,"Alívio de tensão, com martelo de bronze, em TLS com 120 de comprimento de TR68, taxa de dormentação de 1.667 un/km, para qualquer bitola e fixação elástica","un",95.91]
[3009345,"Alívio de tensão, com martelo de bronze, em TLS com 120 de comprimento de TR68, taxa de dormentação de 1.750 un/km, para qualquer bitola e fixação elástica","un",98.45]
[3009348,"Alívio de tensão, com martelo de bronze, em TLS com 120 de comprimento de UIC60, taxa de dormentação de 1.667 un/km, para qualquer bitola e fixação elástica","un",182.68]
[3009349,"Alívio de tensão, com martelo de bronze, em TLS com 120 de comprimento de UIC60, taxa de dormentação de 1.750 un/km, para qualquer bitola e fixação elástica","un",187.75]
[3009338,"Alívio de tensão, com martelo de bronze, em TLS com 240 de comprimento de TR45, taxa de dormentação de 1.667 un/km, para qualquer bitola e fixação elástica","un",95.48]
[3009339,"Alívio de tensão, com martelo de bronze, em TLS com 240 de comprimento de TR45, taxa de dormentação de 1.750 un/km, para qualquer bitola e fixação elástica","un",98.02]
[3009342,"Alívio de tensão, com martelo de bronze, em TLS com 240 de comprimento de TR57, taxa de dormentação de 1.667 un/km, para qualquer bitola e fixação elástica","un",182.62]
[3009343,"Alívio de tensão, com martelo de bronze, em TLS com 240 de comprimento de TR57, taxa de dormentação de 1.750 un/km, para qualquer bitola e fixação elástica","un",187.69]
[3009346,"Alívio de tensão, com martelo de bronze, em TLS com 240 de comprimento de TR68, taxa de dormentação de 1.667 un/km, para qualquer bitola e fixação elástica","un",95.91]
[3009347,"Alívio de tensão, com martelo de bronze, em TLS com 240 de comprimento de TR68, taxa de dormentação de 1.750 un/km, para qualquer bitola e fixação elástica","un",98.45]
[3009350,"Alívio de tensão, com martelo de bronze, em TLS com 240 de comprimento de UIC60, taxa de dormentação de 1.667 un/km, para qualquer bitola e fixação elástica","un",182.68]
[3009351,"Alívio de tensão, com martelo de bronze, em TLS com 240 de comprimento de UIC60, taxa de dormentação de 1.750 un/km, para qualquer bitola e fixação elástica","un",187.75]
[3009080,"Colocação manual de grampo elástico Pandrol","un",0.14000000000000001]
[3009075,"Colocação manual de retensor para trilho TR45","un",50.93]
[3009076,"Colocação manual de retensor para trilho TR57","un",52.75]
[3009077,"Colocação manual de retensor para trilho TR68","un",55.22]
[3009078,"Colocação manual de retensor para trilho UIC60","un",57.57]
[3009087,"Colocação mecanizada de grampo elástico Pandrol","un",0.1]
[3009085,"Contratrilho TR45, comprimento de 12 m, sobre dormente de madeira, taxa de dormentação de 1.750 un/km, tala de junção de 6 furos e fixação rígida - posicionamento e assentamento manual","m",1735.5]
[3009086,"Contratrilho TR57, comprimento de 12 m, sobre dormente de madeira, taxa de dormentação de 1.750 un/km, tala de junção de 6 furos e fixação rígida - posicionamento e assentamento manual","m",2170.86]
[3009089,"Contratrilho TR68, comprimento de 12 m, sobre dormente de madeira, taxa de dormentação de 1.750 un/km, tala de junção de 6 furos e fixação rígida - posicionamento e assentamento manual","m",2553.94]
[3009090,"Contratrilho UIC60, comprimento de 12 m, sobre dormente de madeira, taxa de dormentação de 1.750 un/km, tala de junção de 6 furos e fixação rígida - posicionamento e assentamento manual","m",2293.88]
[3009004,"Dormente de concreto monobloco protendido bitola larga - confecção","un",462.66]
[3009002,"Dormente de concreto monobloco protendido bitola métrica - confecção","un",349.89]
[3009006,"Dormente de concreto monobloco protendido bitola mista - confecção","un",625.34]
[3009335,"Dormente de concreto monobloco protendido para AMV bitola larga ou mista - confecção","un",1210.44]
[3009334,"Dormente de concreto monobloco protendido para AMV bitola métrica - confecção","un",862.93]
[3009280,"Dormente de concreto monobloco, bitola larga, taxa de dormentação de 1.667 un/km, fixação elástica Pandrol - posicionamento mecanizado com carregadeira","km",794325.52]
[3009281,"Dormente de concreto monobloco, bitola larga, taxa de dormentação de 1.667 un/km, fixação elástica Pandrol - posicionamento mecanizado com pórtico","km",786455.99]
[3009061,"Dormente de concreto monobloco, bitola larga, taxa de dormentação de 1.750 un/km, fixação elástica Pandrol - posicionamento mecanizado com carregadeira","km",833876.03]
[3009062,"Dormente de concreto monobloco, bitola larga, taxa de dormentação de 1.750 un/km, fixação elástica Pandrol - posicionamento mecanizado com pórtico","km",825613.61]
[3009278,"Dormente de concreto monobloco, bitola métrica, taxa de dormentação de 1.667 un/km, fixação elástica Pandrol - posicionamento mecanizado com carregadeira","km",601474.30000000005]
[3009279,"Dormente de concreto monobloco, bitola métrica, taxa de dormentação de 1.667 un/km, fixação elástica Pandrol - posicionamento mecanizado com pórtico","km",595799.39]
[3009059,"Dormente de concreto monobloco, bitola métrica, taxa de dormentação de 1.750 un/km, fixação elástica Pandrol - posicionamento mecanizado com carregadeira","km",631422.73]
[3009060,"Dormente de concreto monobloco, bitola métrica, taxa de dormentação de 1.750 un/km, fixação elástica Pandrol - posicionamento mecanizado com pórtico","km",625464.21]
[3009282,"Dormente de concreto monobloco, bitola mista, taxa de dormentação de 1.667 un/km, fixação elástica Pandrol - posicionamento mecanizado com carregadeira","km",1065514.25]
[3009283,"Dormente de concreto monobloco, bitola mista, taxa de dormentação de 1.667 un/km, fixação elástica Pandrol - posicionamento mecanizado com pórtico","km",1057640.55]
[3009063,"Dormente de concreto monobloco, bitola mista, taxa de dormentação de 1.750 un/km, fixação elástica Pandrol - posicionamento mecanizado com carregadeira","km",1118567.26]
[3009064,"Dormente de concreto monobloco, bitola mista, taxa de dormentação de 1.750 un/km, fixação elástica Pandrol - posicionamento mecanizado com pórtico","km",1110300.46]
[3009081,"Dormente de madeira para ponte, bitola métrica ou larga, para TR45, fixação rígida - posicionamento e assentamento mecanizado","un",806.38]
[3009082,"Dormente de madeira para ponte, bitola métrica ou larga, para TR57, fixação rígida - posicionamento e assentamento mecanizado","un",964.68]
[3009083,"Dormente de madeira para ponte, bitola métrica ou larga, para TR68, fixação rígida - posicionamento e assentamento mecanizado","un",991.43]
[3009084,"Dormente de madeira para ponte, bitola métrica ou larga, para UIC60, fixação rígida - posicionamento e assentamento mecanizado","un",995.37]
[3009070,"Dormente de madeira, bitola larga ou mista - posicionamento manual","un",435.5]
[3009285,"Dormente de madeira, bitola larga ou mista, taxa de dormentação de 1.667 un/km - posicionamento mecanizado com carregadeira","km",706708.11]
[3009072,"Dormente de madeira, bitola larga ou mista, taxa de dormentação de 1.750 un/km - posicionamento mecanizado com carregadeira","km",741896.14]
[3009069,"Dormente de madeira, bitola métrica - posicionamento manual","un",272.39]
[3009284,"Dormente de madeira, bitola métrica, taxa de dormentação de 1.667 un/km - posicionamento mecanizado com carregadeira","km",439494.45]
[3009071,"Dormente de madeira, bitola métrica, taxa de dormentação de 1.750 un/km - posicionamento mecanizado com carregadeira","km",461377.91]
[3009091,"Lançamento de lastro, 10 cm de altura, primeiro levante, descarga de pedra britada de caminhões","m³",249.28]
[3009058,"Lubrificador de trilhos e de flanges de rodas","un",92941.24]
[3009229,"Posicionamento mecanizado de trilhos","km",176.55]
[3009132,"Pré-alinhamento manual da grade com dormente de madeira","km",1266.44]
[3009133,"Pré-alinhamento mecanizado da grade","km",1576.77]
[3009321,"Solda aluminotérmica para TR45 com cadinho descartável, executada no campo, para formação de trilho longo soldado (TLS)","un",1430.79]
[3009322,"Solda aluminotérmica para TR57 com cadinho descartável, executada no campo, para formação de trilho longo soldado (TLS)","un",1441.1]
[3009323,"Solda aluminotérmica para TR68 com cadinho descartável, executada no campo, para formação de trilho longo soldado (TLS)","un",1522.1]
[3009324,"Solda aluminotérmica para UIC60 com cadinho descartável, executada no campo, para formação de trilho longo soldado (TLS)","un",1457.95]
[3009096,"Solda elétrica por caldeamento para qualquer perfil de trilho, comprimento de 12 m, em estaleiro para formação de trilho longo soldado","un",262.06]
[3009330,"Solda elétrica por caldeamento para trilho TR45, comprimento de até 24 m, em via com dormente de concreto para formação de barra ou trilho longo soldado","un",211.93]
[3009326,"Solda elétrica por caldeamento para trilho TR45, comprimento de até 24 m, em via com dormente de madeira para formação de barra ou trilho longo soldado","un",217.89]
[3009234,"Trilho TR45, comprimento de 12 m, sobre dormente de concreto, bitola métrica ou larga, taxa de dormentação de 1.667 un/km, tala de junção de 6 furos e fixação elástica Pandrol - posicionamento e assentamento manual","km",1800119.02]
[3009022,"Trilho TR45, comprimento de 12 m, sobre dormente de concreto, bitola métrica ou larga, taxa de dormentação de 1.750 un/km, tala de junção de 6 furos e fixação elástica Pandrol - posicionamento e assentamento manual","km",1807353.46]
[3009230,"Trilho TR45, comprimento de 12 m, sobre dormente de concreto, bitola mista, taxa de dormentação de 1.667 un/km, tala de junção de 6 furos e fixação elástica Pandrol - posicionamento e assentamento manual","km",2700336.96]
[3009018,"Trilho TR45, comprimento de 12 m, sobre dormente de concreto, bitola mista, taxa de dormentação de 1.750 un/km, tala de junção de 6 furos e fixação elástica Pandrol - posicionamento e assentamento manual","km",2711188.63]
[3009288,"Trilho TR45, comprimento de 12 m, sobre dormente de madeira, bitola métrica ou larga, taxa de dormentação de 1.667 un/km, tala de junção de 6 furos e fixação rígida - posicionamento e assentamento manual","km",2172580.31]
[3009013,"Trilho TR45, comprimento de 12 m, sobre dormente de madeira, bitola métrica ou larga, taxa de dormentação de 1.750 un/km, tala de junção de 6 furos e fixação rígida - posicionamento e assentamento manual","km",2198150.36]
[3009292,"Trilho TR45, comprimento de 12 m, sobre dormente de madeira, bitola mista, taxa de dormentação de 1.667 un/km, tala de junção de 6 furos e fixação rígida - posicionamento e assentamento manual","km",3258873.08]
[3009225,"Trilho TR45, comprimento de 12 m, sobre dormente de madeira, bitola mista, taxa de dormentação de 1.750 un/km, tala de junção de 6 furos e fixação rígida - posicionamento e assentamento manual","km",3297228.33]
[3009100,"Trilho TR45, comprimento de 120 m (TLS), formado por trilhos curtos de 12 m soldados por caldeamento - confecção em estaleiro","un",91974.48]
[3009238,"Trilho TR45, comprimento de 120 m (TLS), sobre dormente de concreto, bitola métrica ou larga, taxa de dormentação de 1.667 un/km, tala de junção de 6 furos e fixação elástica Pandrol - posicionamento e assentamento mecanizado","km",1697467.21]
[3009304,"Trilho TR45, comprimento de 120 m (TLS), sobre dormente de concreto, bitola mista, taxa de dormentação de 1.667 un/km, tala de junção de 6 furos e fixação elástica Pandrol - posicionamento e assentamento mecanizado","km",2546112.16]
[3009030,"Trilho TR45, comprimento de 120 m (TLS), sobre dormente de concreto, bitola mista, taxa de dormentação de 1.750 un/km, tala de junção de 6 furos e fixação elástica Pandrol - posicionamento e assentamento mecanizado","km",2556956.08]
[3009254,"Trilho TR45, comprimento de 120 m (TLS), sobre dormente de madeira, bitola métrica ou larga, taxa de dormentação de 1.667 un/km, tala de junção de 6 furos e fixação elástica Pandrol - posicionamento e assentamento mecanizado","km",2201889.27]
[3009262,"Trilho TR45, comprimento de 120 m (TLS), sobre dormente de madeira, bitola métrica ou larga, taxa de dormentação de 1.667 un/km, tala de junção de 6 furos e fixação rígida - posicionamento e assentamento mecanizado","km",2068485.75]
[3009034,"Trilho TR45, comprimento de 120 m (TLS), sobre dormente de madeira, bitola métrica ou larga, taxa de dormentação de 1.750 un/km, tala de junção de 6 furos e fixação elástica Pandrol - posicionamento e assentamento mecanizado","km",2234508.33]
[3009042,"Trilho TR45, comprimento de 120 m (TLS), sobre dormente de madeira, bitola métrica ou larga, taxa de dormentação de 1.750 un/km, tala de junção de 6 furos e fixação rígida - posicionamento e assentamento mecanizado","km",2094462.48]
[3009270,"Trilho TR45, comprimento de 120 m (TLS), sobre dormente de madeira, bitola mista, taxa de dormentação de 1.667 un/km, tala de junção de 6 furos e fixação elástica Pandrol - posicionamento e assentamento mecanizado","km",3303510.16]
[3009050,"Trilho TR45, comprimento de 120 m (TLS), sobre dormente de madeira, bitola mista, taxa de dormentação de 1.750 un/km, tala de junção de 6 furos e fixação elástica Pandrol - posicionamento e assentamento mecanizado","km",3352477.29]
[3009101,"Trilho TR45, comprimento de 240 m (TLS), formado por trilhos curtos de 12 m soldados por caldeamento - confecção em estaleiro","un",184211.02]
[3009246,"Trilho TR45, comprimento de 240 m (TLS), sobre dormente de concreto, bitola métrica ou larga, taxa de dormentação de 1.667 un/km, tala de junção de 6 furos e fixação elástica Pandrol - posicionamento e assentamento mecanizado","km",1692157.35]
[3009208,"Trilho TR45, comprimento de 240 m (TLS), sobre dormente de concreto, bitola métrica ou larga, taxa de dormentação de 1.750 un/km, tala de junção de 6 furos e fixação elástica Pandrol - posicionamento e assentamento mecanizado","km",1699386.83]
[3009308,"Trilho TR45, comprimento de 240 m (TLS), sobre dormente de concreto, bitola mista, taxa de dormentação de 1.667 un/km, tala de junção de 6 furos e fixação elástica Pandrol - posicionamento e assentamento mecanizado","km",2538148.6800000002]
[3009212,"Trilho TR45, comprimento de 240 m (TLS), sobre dormente de concreto, bitola mista, taxa de dormentação de 1.750 un/km, tala de junção de 6 furos e fixação elástica Pandrol - posicionamento e assentamento mecanizado","km",2548992.89]
[3009258,"Trilho TR45, comprimento de 240 m (TLS), sobre dormente de madeira, bitola métrica ou larga, taxa de dormentação de 1.667 un/km, tala de junção de 6 furos e fixação elástica Pandrol - posicionamento e assentamento mecanizado","km",2196637.48]
[3009266,"Trilho TR45, comprimento de 240 m (TLS), sobre dormente de madeira, bitola métrica ou larga, taxa de dormentação de 1.667 un/km, tala de junção de 6 furos e fixação rígida - posicionamento e assentamento mecanizado","km",2063233.96]
[3009038,"Trilho TR45, comprimento de 240 m (TLS), sobre dormente de madeira, bitola métrica ou larga, taxa de dormentação de 1.750 un/km, tala de junção de 6 furos e fixação elástica Pandrol - posicionamento e assentamento mecanizado","km",2229256.54]
[3009046,"Trilho TR45, comprimento de 240 m (TLS), sobre dormente de madeira, bitola métrica ou larga, taxa de dormentação de 1.750 un/km, tala de junção de 6 furos e fixação rígida - posicionamento e assentamento mecanizado","km",2089210.7]
[3009274,"Trilho TR45, comprimento de 240 m (TLS), sobre dormente de madeira, bitola mista, taxa de dormentação de 1.667 un/km, tala de junção de 6 furos e fixação elástica Pandrol - posicionamento e assentamento mecanizado","km",3295633.86]
[3009054,"Trilho TR45, comprimento de 240 m (TLS), sobre dormente de madeira, bitola mista, taxa de dormentação de 1.750 un/km, tala de junção de 6 furos e fixação elástica Pandrol - posicionamento e assentamento mecanizado","km",3344600.99]
[3009235,"Trilho TR57, comprimento de 12 m, sobre dormente de concreto, bitola métrica ou larga, taxa de dormentação de 1.667 un/km, tala de junção de 6 furos e fixação elástica Pandrol - posicionamento e assentamento manual","km",2235903.4300000002]
[3009023,"Trilho TR57, comprimento de 12 m, sobre dormente de concreto, bitola métrica ou larga, taxa de dormentação de 1.750 un/km, tala de junção de 6 furos e fixação elástica Pandrol - posicionamento e assentamento manual","km",2242926.79]
[3009231,"Trilho TR57, comprimento de 12 m, sobre dormente de concreto, bitola mista, taxa de dormentação de 1.667 un/km, tala de junção de 6 furos e fixação elástica Pandrol - posicionamento e assentamento manual","km",3352079.3]
[3009019,"Trilho TR57, comprimento de 12 m, sobre dormente de concreto, bitola mista, taxa de dormentação de 1.750 un/km, tala de junção de 6 furos e fixação elástica Pandrol - posicionamento e assentamento manual","km",3365023.57]
[3009289,"Trilho TR57, comprimento de 12 m, sobre dormente de madeira, bitola métrica ou larga, taxa de dormentação de 1.667 un/km, tala de junção de 6 furos e fixação rígida - posicionamento e assentamento manual","km",2871977.66]
[3009014,"Trilho TR57, comprimento de 12 m, sobre dormente de madeira, bitola métrica ou larga, taxa de dormentação de 1.750 un/km, tala de junção de 6 furos e fixação rígida - posicionamento e assentamento manual","km",2910966.41]
[3009293,"Trilho TR57, comprimento de 12 m, sobre dormente de madeira, bitola mista, taxa de dormentação de 1.667 un/km, tala de junção de 6 furos e fixação rígida - posicionamento e assentamento manual","km",4307969.2]
[3009226,"Trilho TR57, comprimento de 12 m, sobre dormente de madeira, bitola mista, taxa de dormentação de 1.750 un/km, tala de junção de 6 furos e fixação rígida - posicionamento e assentamento manual","km",4366452.6100000003]
[3009102,"Trilho TR57, comprimento de 120 m (TLS), formado por trilhos curtos de 12 m soldados por caldeamento - confecção em estaleiro","un",116586.75]
[3009297,"Trilho TR57, comprimento de 120 m (TLS), sobre dormente de concreto, bitola métrica ou larga, taxa de dormentação de 1.667 un/km, tala de junção de 6 furos e fixação elástica Pandrol - posicionamento e assentamento mecanizado","km",2110087.15]
[3009027,"Trilho TR57, comprimento de 120 m (TLS), sobre dormente de concreto, bitola métrica ou larga, taxa de dormentação de 1.750 un/km, tala de junção de 6 furos e fixação elástica Pandrol - posicionamento e assentamento mecanizado","km",2117316.54]
[3009305,"Trilho TR57, comprimento de 120 m (TLS), sobre dormente de concreto, bitola mista, taxa de dormentação de 1.667 un/km, tala de junção de 6 furos e fixação elástica Pandrol - posicionamento e assentamento mecanizado","km",3165041.95]
[3009031,"Trilho TR57, comprimento de 120 m (TLS), sobre dormente de concreto, bitola mista, taxa de dormentação de 1.750 un/km, tala de junção de 6 furos e fixação elástica Pandrol - posicionamento e assentamento mecanizado","km",3175885.87]
[3009255,"Trilho TR57, comprimento de 120 m (TLS), sobre dormente de madeira, bitola métrica ou larga, taxa de dormentação de 1.667 un/km, tala de junção de 6 furos e fixação elástica Pandrol - posicionamento e assentamento mecanizado","km",2752109.73]
[3009263,"Trilho TR57, comprimento de 120 m (TLS), sobre dormente de madeira, bitola métrica ou larga, taxa de dormentação de 1.667 un/km, tala de junção de 6 furos e fixação rígida - posicionamento e assentamento mecanizado","km",2744992.01]
[3009035,"Trilho TR57, comprimento de 120 m (TLS), sobre dormente de madeira, bitola métrica ou larga, taxa de dormentação de 1.750 un/km, tala de junção de 6 furos e fixação elástica Pandrol - posicionamento e assentamento mecanizado","km",2791579.92]
[3009043,"Trilho TR57, comprimento de 120 m (TLS), sobre dormente de madeira, bitola métrica ou larga, taxa de dormentação de 1.750 un/km, tala de junção de 6 furos e fixação rígida - posicionamento e assentamento mecanizado","km",2784107.66]
[3009271,"Trilho TR57, comprimento de 120 m (TLS), sobre dormente de madeira, bitola mista, taxa de dormentação de 1.667 un/km, tala de junção de 6 furos e fixação elástica Pandrol - posicionamento e assentamento mecanizado","km",4128840.72]
[3009051,"Trilho TR57, comprimento de 120 m (TLS), sobre dormente de madeira, bitola mista, taxa de dormentação de 1.750 un/km, tala de junção de 6 furos e fixação elástica Pandrol - posicionamento e assentamento mecanizado","km",4188084.55]
[3009103,"Trilho TR57, comprimento de 240 m (TLS), formado por trilhos curtos de 12 m soldados por caldeamento - confecção em estaleiro","un",233435.55]
[3009247,"Trilho TR57, comprimento de 240 m (TLS), sobre dormente de concreto, bitola métrica ou larga, taxa de dormentação de 1.667 un/km, tala de junção de 6 furos e fixação elástica Pandrol - posicionamento e assentamento mecanizado","km",2103569.4700000002]
[3009209,"Trilho TR57, comprimento de 240 m (TLS), sobre dormente de concreto, bitola métrica ou larga, taxa de dormentação de 1.750 un/km, tala de junção de 6 furos e fixação elástica Pandrol - posicionamento e assentamento mecanizado","km",2110798.9500000002]
[3009309,"Trilho TR57, comprimento de 240 m (TLS), sobre dormente de concreto, bitola mista, taxa de dormentação de 1.667 un/km, tala de junção de 6 furos e fixação elástica Pandrol - posicionamento e assentamento mecanizado","km",3155267.1]
[3009213,"Trilho TR57, comprimento de 240 m (TLS), sobre dormente de concreto, bitola mista, taxa de dormentação de 1.750 un/km, tala de junção de 6 furos e fixação elástica Pandrol - posicionamento e assentamento mecanizado","km",3166111.32]
[3009259,"Trilho TR57, comprimento de 240 m (TLS), sobre dormente de madeira, bitola métrica ou larga, taxa de dormentação de 1.667 un/km, tala de junção de 6 furos e fixação elástica Pandrol - posicionamento e assentamento mecanizado","km",2745650.12]
[3009267,"Trilho TR57, comprimento de 240 m (TLS), sobre dormente de madeira, bitola métrica ou larga, taxa de dormentação de 1.667 un/km, tala de junção de 6 furos e fixação rígida - posicionamento e assentamento mecanizado","km",2738532.41]
[3009039,"Trilho TR57, comprimento de 240 m (TLS), sobre dormente de madeira, bitola métrica ou larga, taxa de dormentação de 1.750 un/km, tala de junção de 6 furos e fixação elástica Pandrol - posicionamento e assentamento mecanizado","km",2785120.32]
[3009047,"Trilho TR57, comprimento de 240 m (TLS), sobre dormente de madeira, bitola métrica ou larga, taxa de dormentação de 1.750 un/km, tala de junção de 6 furos e fixação rígida - posicionamento e assentamento mecanizado","km",2777648.05]
[3009275,"Trilho TR57, comprimento de 240 m (TLS), sobre dormente de madeira, bitola mista, taxa de dormentação de 1.667 un/km, tala de junção de 6 furos e fixação elástica Pandrol - posicionamento e assentamento mecanizado","km",4119153.07]
[3009055,"Trilho TR57, comprimento de 240 m (TLS), sobre dormente de madeira, bitola mista, taxa de dormentação de 1.750 un/km, tala de junção de 6 furos e fixação elástica Pandrol - posicionamento e assentamento mecanizado","km",4178396.9]
[3009236,"Trilho TR68, comprimento de 12 m, sobre dormente de concreto, bitola métrica ou larga, taxa de dormentação de 1.667 un/km, tala de junção de 6 furos e fixação elástica Pandrol - posicionamento e assentamento manual","km",2620443.6800000002]
[3009024,"Trilho TR68, comprimento de 12 m, sobre dormente de concreto, bitola métrica ou larga, taxa de dormentação de 1.750 un/km, tala de junção de 6 furos e fixação elástica Pandrol - posicionamento e assentamento manual","km",2625902.15]
[3009232,"Trilho TR68, comprimento de 12 m, sobre dormente de concreto, bitola mista, taxa de dormentação de 1.667 un/km, tala de junção de 6 furos e fixação elástica Pandrol - posicionamento e assentamento manual","km",3926753.41]
[3009020,"Trilho TR68, comprimento de 12 m, sobre dormente de concreto, bitola mista, taxa de dormentação de 1.750 un/km, tala de junção de 6 furos e fixação elástica Pandrol - posicionamento e assentamento manual","km",3937235.69]
[3009290,"Trilho TR68, comprimento de 12 m, sobre dormente de madeira, bitola métrica ou larga, taxa de dormentação de 1.667 un/km, tala de junção de 6 furos e fixação rígida - posicionamento e assentamento manual","km",3299539.76]
[3009015,"Trilho TR68, comprimento de 12 m, sobre dormente de madeira, bitola métrica ou larga, taxa de dormentação de 1.750 un/km, tala de junção de 6 furos e fixação rígida - posicionamento e assentamento manual","km",3340748.49]
[3009294,"Trilho TR68, comprimento de 12 m, sobre dormente de madeira, bitola mista, taxa de dormentação de 1.667 un/km, tala de junção de 6 furos e fixação rígida - posicionamento e assentamento manual","km",4949312.3600000003]
[3009227,"Trilho TR68, comprimento de 12 m, sobre dormente de madeira, bitola mista, taxa de dormentação de 1.750 un/km, tala de junção de 6 furos e fixação rígida - posicionamento e assentamento manual","km",5011125.7300000004]
[3009104,"Trilho TR68, comprimento de 120 m (TLS), formado por trilhos curtos de 12 m soldados por caldeamento - confecção em estaleiro","un",137986.97]
[3009240,"Trilho TR68, comprimento de 120 m (TLS), sobre dormente de concreto, bitola métrica ou larga, taxa de dormentação de 1.667 un/km, tala de junção de 6 furos e fixação elástica Pandrol - posicionamento e assentamento mecanizado","km",2469300.11]
[3009028,"Trilho TR68, comprimento de 120 m (TLS), sobre dormente de concreto, bitola métrica ou larga, taxa de dormentação de 1.750 un/km, tala de junção de 6 furos e fixação elástica Pandrol - posicionamento e assentamento mecanizado","km",2476529.5099999998]
[3009306,"Trilho TR68, comprimento de 120 m (TLS), sobre dormente de concreto, bitola mista, taxa de dormentação de 1.667 un/km, tala de junção de 6 furos e fixação elástica Pandrol - posicionamento e assentamento mecanizado","km",3703861.28]
[3009032,"Trilho TR68, comprimento de 120 m (TLS), sobre dormente de concreto, bitola mista, taxa de dormentação de 1.750 un/km, tala de junção de 6 furos e fixação elástica Pandrol - posicionamento e assentamento mecanizado","km",3714705.21]
[3009256,"Trilho TR68, comprimento de 120 m (TLS), sobre dormente de madeira, bitola métrica ou larga, taxa de dormentação de 1.667 un/km, tala de junção de 6 furos e fixação elástica Pandrol - posicionamento e assentamento mecanizado","km",3150375.72]
[3009264,"Trilho TR68, comprimento de 120 m (TLS), sobre dormente de madeira, bitola métrica ou larga, taxa de dormentação de 1.667 un/km, tala de junção de 6 furos e fixação rígida - posicionamento e assentamento mecanizado","km",3148791.72]
[3009036,"Trilho TR68, comprimento de 120 m (TLS), sobre dormente de madeira, bitola métrica ou larga, taxa de dormentação de 1.750 un/km, tala de junção de 6 furos e fixação elástica Pandrol - posicionamento e assentamento mecanizado","km",3191790.37]
[3009044,"Trilho TR68, comprimento de 120 m (TLS), sobre dormente de madeira, bitola métrica ou larga, taxa de dormentação de 1.750 un/km, tala de junção de 6 furos e fixação rígida - posicionamento e assentamento mecanizado","km",3190127.34]
[3009272,"Trilho TR68, comprimento de 120 m (TLS), sobre dormente de madeira, bitola mista, taxa de dormentação de 1.667 un/km, tala de junção de 6 furos e fixação elástica Pandrol - posicionamento e assentamento mecanizado","km",4726239.5999999996]
[3009052,"Trilho TR68, comprimento de 120 m (TLS), sobre dormente de madeira, bitola mista, taxa de dormentação de 1.750 un/km, tala de junção de 6 furos e fixação elástica Pandrol - posicionamento e assentamento mecanizado","km",4788400.1100000003]
[3009105,"Trilho TR68, comprimento de 240 m (TLS), formado por trilhos curtos de 12 m soldados por caldeamento - confecção em estaleiro","un",276236]
[3009248,"Trilho TR68, comprimento de 240 m (TLS), sobre dormente de concreto, bitola métrica ou larga, taxa de dormentação de 1.667 un/km, tala de junção de 6 furos e fixação elástica Pandrol - posicionamento e assentamento mecanizado","km",2461515.91]
[3009210,"Trilho TR68, comprimento de 240 m (TLS), sobre dormente de concreto, bitola métrica ou larga, taxa de dormentação de 1.750 un/km, tala de junção de 6 furos e fixação elástica Pandrol - posicionamento e assentamento mecanizado","km",2468745.39]
[3009310,"Trilho TR68, comprimento de 240 m (TLS), sobre dormente de concreto, bitola mista, taxa de dormentação de 1.667 un/km, tala de junção de 6 furos e fixação elástica Pandrol - posicionamento e assentamento mecanizado","km",3692186.97]
[3009214,"Trilho TR68, comprimento de 240 m (TLS), sobre dormente de concreto, bitola mista, taxa de dormentação de 1.750 un/km, tala de junção de 6 furos e fixação elástica Pandrol - posicionamento e assentamento mecanizado","km",3703031.19]
[3009260,"Trilho TR68, comprimento de 240 m (TLS), sobre dormente de madeira, bitola métrica ou larga, taxa de dormentação de 1.667 un/km, tala de junção de 6 furos e fixação elástica Pandrol - posicionamento e assentamento mecanizado","km",3142649.59]
[3009268,"Trilho TR68, comprimento de 240 m (TLS), sobre dormente de madeira, bitola métrica ou larga, taxa de dormentação de 1.667 un/km, tala de junção de 6 furos e fixação rígida - posicionamento e assentamento mecanizado","km",3141065.59]
[3009040,"Trilho TR68, comprimento de 240 m (TLS), sobre dormente de madeira, bitola métrica ou larga, taxa de dormentação de 1.750 un/km, tala de junção de 6 furos e fixação elástica Pandrol - posicionamento e assentamento mecanizado","km",3184064.24]
[3009048,"Trilho TR68, comprimento de 240 m (TLS), sobre dormente de madeira, bitola métrica ou larga, taxa de dormentação de 1.750 un/km, tala de junção de 6 furos e fixação rígida - posicionamento e assentamento mecanizado","km",3182401.21]
[3009276,"Trilho TR68, comprimento de 240 m (TLS), sobre dormente de madeira, bitola mista, taxa de dormentação de 1.667 un/km, tala de junção de 6 furos e fixação elástica Pandrol - posicionamento e assentamento mecanizado","km",4714652.4800000004]
[3009056,"Trilho TR68, comprimento de 240 m (TLS), sobre dormente de madeira, bitola mista, taxa de dormentação de 1.750 un/km, tala de junção de 6 furos e fixação elástica Pandrol - posicionamento e assentamento mecanizado","km",4776812.99]
[3009237,"Trilho UIC60, comprimento de 12 m, sobre dormente de concreto, bitola métrica ou larga, taxa de dormentação de 1.667 un/km, tala de junção de 6 furos e fixação elástica Pandrol - posicionamento e assentamento manual","km",2360429.81]
[3009025,"Trilho UIC60, comprimento de 12 m, sobre dormente de concreto, bitola métrica ou larga, taxa de dormentação de 1.750 un/km, tala de junção de 6 furos e fixação elástica Pandrol - posicionamento e assentamento manual","km",2365993.8199999998]
[3009319,"Trilho UIC60, comprimento de 12 m, sobre dormente de concreto, bitola mista, taxa de dormentação de 1.667 un/km, tala de junção de 6 furos e fixação elástica Pandrol - posicionamento e assentamento manual","km",3538772.43]
[3009021,"Trilho UIC60, comprimento de 12 m, sobre dormente de concreto, bitola mista, taxa de dormentação de 1.750 un/km, tala de junção de 6 furos e fixação elástica Pandrol - posicionamento e assentamento manual","km",3547425.96]
[3009291,"Trilho UIC60, comprimento de 12 m, sobre dormente de madeira, bitola métrica ou larga, taxa de dormentação de 1.667 un/km, tala de junção de 6 furos e fixação rígida - posicionamento e assentamento manual","km",3046097.36]
[3009016,"Trilho UIC60, comprimento de 12 m, sobre dormente de madeira, bitola métrica ou larga, taxa de dormentação de 1.750 un/km, tala de junção de 6 furos e fixação rígida - posicionamento e assentamento manual","km",3087633.28]
[3009295,"Trilho UIC60, comprimento de 12 m, sobre dormente de madeira, bitola mista, taxa de dormentação de 1.667 un/km, tala de junção de 6 furos e fixação rígida - posicionamento e assentamento manual","km",4569148.75]
[3009228,"Trilho UIC60, comprimento de 12 m, sobre dormente de madeira, bitola mista, taxa de dormentação de 1.750 un/km, tala de junção de 6 furos e fixação rígida - posicionamento e assentamento manual","km",4631452.91]
[3009106,"Trilho UIC60, comprimento de 120 m (TLS), formado por trilhos curtos de 12 m soldados por caldeamento - confecção em estaleiro","un",123141.84]
[3009299,"Trilho UIC60, comprimento de 120 m (TLS), sobre dormente de concreto, bitola métrica ou larga, taxa de dormentação de 1.667 un/km, tala de junção de 6 furos e fixação elástica Pandrol - posicionamento e assentamento mecanizado","km",2220667.59]
[3009029,"Trilho UIC60, comprimento de 120 m (TLS), sobre dormente de concreto, bitola métrica ou larga, taxa de dormentação de 1.750 un/km, tala de junção de 6 furos e fixação elástica Pandrol - posicionamento e assentamento mecanizado","km",2227896.9900000002]
[3009245,"Trilho UIC60, comprimento de 120 m (TLS), sobre dormente de concreto, bitola mista, taxa de dormentação de 1.667 un/km, tala de junção de 6 furos e fixação elástica Pandrol - posicionamento e assentamento mecanizado","km",3330912.58]
[3009033,"Trilho UIC60, comprimento de 120 m (TLS), sobre dormente de concreto, bitola mista, taxa de dormentação de 1.750 un/km, tala de junção de 6 furos e fixação elástica Pandrol - posicionamento e assentamento mecanizado","km",3341756.5]
[3009257,"Trilho UIC60, comprimento de 120 m (TLS), sobre dormente de madeira, bitola métrica ou larga, taxa de dormentação de 1.667 un/km, tala de junção de 6 furos e fixação elástica Pandrol - posicionamento e assentamento mecanizado","km",2898704.18]
[3009265,"Trilho UIC60, comprimento de 120 m (TLS), sobre dormente de madeira, bitola métrica ou larga, taxa de dormentação de 1.667 un/km, tala de junção de 6 furos e fixação rígida - posicionamento e assentamento mecanizado","km",2906730.67]
[3009037,"Trilho UIC60, comprimento de 120 m (TLS), sobre dormente de madeira, bitola métrica ou larga, taxa de dormentação de 1.750 un/km, tala de junção de 6 furos e fixação elástica Pandrol - posicionamento e assentamento mecanizado","km",2939967.51]
[3009045,"Trilho UIC60, comprimento de 120 m (TLS), sobre dormente de madeira, bitola métrica ou larga, taxa de dormentação de 1.750 un/km, tala de junção de 6 furos e fixação rígida - posicionamento e assentamento mecanizado","km",2948393.49]
[3009273,"Trilho UIC60, comprimento de 120 m (TLS), sobre dormente de madeira, bitola mista, taxa de dormentação de 1.667 un/km, tala de junção de 6 furos e fixação elástica Pandrol - posicionamento e assentamento mecanizado","km",4348732.3600000003]
[3009053,"Trilho UIC60, comprimento de 120 m (TLS), sobre dormente de madeira, bitola mista, taxa de dormentação de 1.750 un/km, tala de junção de 6 furos e fixação elástica Pandrol - posicionamento e assentamento mecanizado","km",4410665.9000000004]
[3009107,"Trilho UIC60, comprimento de 240 m (TLS), formado por trilhos curtos de 12 m soldados por caldeamento - confecção em estaleiro","un",246545.75]
[3009249,"Trilho UIC60, comprimento de 240 m (TLS), sobre dormente de concreto, bitola métrica ou larga, taxa de dormentação de 1.667 un/km, tala de junção de 6 furos e fixação elástica Pandrol - posicionamento e assentamento mecanizado","km",2213490.61]
[3009211,"Trilho UIC60, comprimento de 240 m (TLS), sobre dormente de concreto, bitola métrica ou larga, taxa de dormentação de 1.750 un/km, tala de junção de 6 furos e fixação elástica Pandrol - posicionamento e assentamento mecanizado","km",2220720.08]
[3009253,"Trilho UIC60, comprimento de 240 m (TLS), sobre dormente de concreto, bitola mista, taxa de dormentação de 1.667 un/km, tala de junção de 6 furos e fixação elástica Pandrol - posicionamento e assentamento mecanizado","km",3320148.87]
[3009215,"Trilho UIC60, comprimento de 240 m (TLS), sobre dormente de concreto, bitola mista, taxa de dormentação de 1.750 un/km, tala de junção de 6 furos e fixação elástica Pandrol - posicionamento e assentamento mecanizado","km",3330993.09]
[3009261,"Trilho UIC60, comprimento de 240 m (TLS), sobre dormente de madeira, bitola métrica ou larga, taxa de dormentação de 1.667 un/km, tala de junção de 6 furos e fixação elástica Pandrol - posicionamento e assentamento mecanizado","km",2891585.26]
[3009269,"Trilho UIC60, comprimento de 240 m (TLS), sobre dormente de madeira, bitola métrica ou larga, taxa de dormentação de 1.667 un/km, tala de junção de 6 furos e fixação rígida - posicionamento e assentamento mecanizado","km",2899611.76]
[3009041,"Trilho UIC60, comprimento de 240 m (TLS), sobre dormente de madeira, bitola métrica ou larga, taxa de dormentação de 1.750 un/km, tala de junção de 6 furos e fixação elástica Pandrol - posicionamento e assentamento mecanizado","km",2932848.6]
[3009049,"Trilho UIC60, comprimento de 240 m (TLS), sobre dormente de madeira, bitola métrica ou larga, taxa de dormentação de 1.750 un/km, tala de junção de 6 furos e fixação rígida - posicionamento e assentamento mecanizado","km",2941274.57]
[3009277,"Trilho UIC60, comprimento de 240 m (TLS), sobre dormente de madeira, bitola mista, taxa de dormentação de 1.667 un/km, tala de junção de 6 furos e fixação elástica Pandrol - posicionamento e assentamento mecanizado","km",4338055.84]
[3009057,"Trilho UIC60, comprimento de 240 m (TLS), sobre dormente de madeira, bitola mista, taxa de dormentação de 1.750 un/km, tala de junção de 6 furos e fixação elástica Pandrol - posicionamento e assentamento mecanizado","km",4399989.38]
[3108073,"Confecção de fôrma metálica em chapa 1/8\" para poita trapezoidal","m²",347.21]
[3107965,"Confecção de forma metálica em chapa 3/16\" para poita trapezoidal","m²",563.55999999999995]
[3105941,"Fôrma em chapa metálica 1/8\" para cabeça de tirantes - utilização de 50 vezes - confecção, instalação e retirada","m²",27.54]
[3108150,"Fôrma metálica curva em chapa 3/16\" reforçada com nervuras de 40 mm x 3/16\" dispostas em grelhas de 40 x 60 cm - utilização de 100 vezes - confecção, instalação e retirada","m²",17.5]
[3108071,"Fôrma metálica em chapa 1/8\" para poita trapezoidal - utilização de 50 vezes - montagem, instalação e retirada","m²",13.78]
[3107967,"Fôrma metálica em chapa 1/8\" reforçada com nervuras de 40 mm x 1/8\" dispostas em grelhas de 40 x 60 cm - utilização de 100 vezes - confecção, instalação e retirada","m²",9.77]
[3107966,"Fôrma metálica em chapa 3/16\" para poita trapezoidal - utilização de 50 vezes - montagem, instalação e retirada","m²",27.1]
[3108072,"Fôrma metálica em chapa 3/16\" reforçada com nervuras de 40 mm x 3/16\" dispostas em grelhas de 40 x 60 cm - utilização de 100 vezes - confecção, instalação e retirada","m²",14.41]
[3117750,"Fôrma metálica para aduelas de bueiros celulares de concreto pré-moldados - utilização de 100 vezes - confecção, instalação e retirada","m²",17.5]
[3117749,"Fôrma metálica para guarda-corpo de concreto - utilização de 50 vezes - confecção","m²",14.16]
[3106551,"Fôrma metálica para tetrápode - utilização de 100 vezes - confecção, instalação e retirada","m²",10.88]
[3106427,"Fôrma metálica para viga de concreto pré-moldada protendida para OAE - utilização de 20 vezes - confecção, instalação e retirada","m²",40.03]
[3106552,"Fôrma metálica para Xbloc - utilização de 100 vezes - confecção, instalação e retirada","m²",10.08]
[3107969,"Fôrmas curvas de compensado plastificado 10 mm - uso geral - utilização de 2 vezes - confecção, instalação e retirada","m²",129.91]
[3107970,"Fôrmas curvas de compensado resinado 10 mm - uso geral - utilização de 2 vezes - confecção, instalação e retirada","m²",122.5]
[3108007,"Fôrmas de compensado plastificado 10 mm - uso geral - utilização de 1 vez - confecção, instalação e retirada","m²",155.06]
[3108008,"Fôrmas de compensado plastificado 10 mm - uso geral - utilização de 2 vezes - confecção, instalação e retirada","m²",100.48]
[3108009,"Fôrmas de compensado plastificado 10 mm - uso geral - utilização de 3 vezes - confecção, instalação e retirada","m²",83.75]
[3108011,"Fôrmas de compensado plastificado 12 mm - uso geral - utilização de 1 vez - confecção, instalação e retirada","m²",173.3]
[3108012,"Fôrmas de compensado plastificado 12 mm - uso geral - utilização de 2 vezes - confecção, instalação e retirada","m²",110.06]
[3108013,"Fôrmas de compensado plastificado 12 mm - uso geral - utilização de 3 vezes - confecção, instalação e retirada","m²",90.45]
[3108015,"Fôrmas de compensado plastificado 14 mm - uso geral - utilização de 1 vez - confecção, instalação e retirada","m²",184.9]
[3108016,"Fôrmas de compensado plastificado 14 mm - uso geral - utilização de 2 vezes - confecção, instalação e retirada","m²",116.15]
[3108017,"Fôrmas de compensado plastificado 14 mm - uso geral - utilização de 3 vezes - confecção, instalação e retirada","m²",94.71]
[3107995,"Fôrmas de compensado resinado 10 mm - uso geral - utilização de 1 vez - confecção, instalação e retirada","m²",142.05000000000001]
[3107996,"Fôrmas de compensado resinado 10 mm - uso geral - utilização de 2 vezes - confecção, instalação e retirada","m²",93.7]
[3107997,"Fôrmas de compensado resinado 10 mm - uso geral - utilização de 3 vezes - confecção, instalação e retirada","m²",79.03]
[3107999,"Fôrmas de compensado resinado 12 mm - uso geral - utilização de 1 vez - confecção, instalação e retirada","m²",149.13]
[3108000,"Fôrmas de compensado resinado 12 mm - uso geral - utilização de 2 vezes - confecção, instalação e retirada","m²",97.42]
[3108001,"Fôrmas de compensado resinado 12 mm - uso geral - utilização de 3 vezes - confecção, instalação e retirada","m²",81.63]
[3108003,"Fôrmas de compensado resinado 14 mm - uso geral - utilização de 1 vez - confecção, instalação e retirada","m²",157.47999999999999]
[3108004,"Fôrmas de compensado resinado 14 mm - uso geral - utilização de 2 vezes - confecção, instalação e retirada","m²",101.8]
[3108005,"Fôrmas de compensado resinado 14 mm - uso geral - utilização de 3 vezes - confecção, instalação e retirada","m²",84.7]
[3106119,"Fôrmas de tábuas de pinho - utilização de 1 vez - confecção, instalação e retirada","m²",159.13999999999999]
[3106120,"Fôrmas de tábuas de pinho - utilização de 2 vezes - confecção, instalação e retirada","m²",110.96]
[3106121,"Fôrmas de tábuas de pinho - utilização de 3 vezes - confecção, instalação e retirada","m²",96.64]
[3103302,"Fôrmas de tábuas de pinho para dispositivos de drenagem - utilização de 3 vezes - confecção, instalação e retirada","m²",75.16]
[3103303,"Fôrmas de tábuas de pinho para drenos - utilização de 5 vezes - confecção, instalação e retirada","m²",39]
[3106759,"Fôrmas de tábuas de pinho para elementos estruturais dos arcos metálicos - utilização de 3 vezes - confecção, instalação e retirada","m²",115.99]
[3108023,"Guia de madeira de 2,5 x 10,0 cm - confecção e instalação","m",5.51]
[3108018,"Guia de madeira de 2,5 x 7,0 cm - confecção e instalação","m",4.01]
[3108022,"Guia de madeira de 2,5 x 8,0 cm - confecção e instalação","m",4.51]
[3205864,"Gabião caixa 2 x 1 x 0,50 m - Zn/Al + PVC - D = 2,4 mm - pedra de mão comercial - fornecimento e assentamento","m³",1124.3399999999999]
[3205863,"Gabião caixa 2 x 1 x 0,50 m - Zn/Al + PVC - D = 2,4 mm - pedra de mão produzida - confecção e assentamento","m³",957.76]
[3205868,"Gabião caixa 2 x 1 x 0,50 m Zn/Al - D = 2,7 mm - pedra de mão comercial - fornecimento e assentamento","m³",971.01]
[3205867,"Gabião caixa 2 x 1 x 0,50 m Zn/Al - D = 2,7 mm - pedra de mão produzida - confecção e assentamento","m³",804.42]
[3205866,"Gabião caixa 2 x 1 x 1,00 m - Zn/Al + PVC - D = 2,4 mm - pedra de mão comercial - fornecimento e assentamento","m³",876.92]
[3205865,"Gabião caixa 2 x 1 x 1,00 m - Zn/Al + PVC - D = 2,4 mm - pedra de mão produzida - confecção e assentamento","m³",710.34]
[3205870,"Gabião caixa 2 x 1 x 1,00 m Zn/Al - D = 2,7 mm - pedra de mão comercial - fornecimento e assentamento","m³",795.6]
[3205869,"Gabião caixa 2 x 1 x 1,00 m Zn/Al - D = 2,7 mm - pedra de mão produzida - confecção e assentamento","m³",629.01]
[3205872,"Gabião colchão espessura 0,17 m - Zn/Al + PVC - D = 2,0 mm - pedra de mão comercial - fornecimento e assentamento","m²",282.16000000000003]
[3205871,"Gabião colchão espessura 0,17 m - Zn/Al + PVC - D = 2,0 mm - pedra de mão produzida - confecção e assentamento","m²",253.84]
[3205874,"Gabião colchão espessura 0,23 m - Zn/Al + PVC - D = 2,0 mm - pedra de mão comercial - fornecimento e assentamento","m²",310.43]
[3205873,"Gabião colchão espessura 0,23 m - Zn/Al + PVC - D = 2,0 mm - pedra de mão produzida - confecção e assentamento","m²",272.11]
[3205876,"Gabião colchão espessura 0,30 m - Zn/Al + PVC - D = 2,0 mm - pedra de mão comercial - fornecimento e assentamento","m²",352.94]
[3205875,"Gabião colchão espessura 0,30 m - Zn/Al + PVC - D = 2,0 mm - pedra de mão produzida - confecção e assentamento","m²",302.95999999999998]
[3205862,"Gabião saco - diâmetro = 0,65 m - Zn/Al + PVC - D = 2,4 mm - pedra de mão comercial - fornecimento e assentamento","m³",915.24]
[3205861,"Gabião saco - diâmetro = 0,65 m - Zn/Al + PVC - D = 2,4 mm - pedra de mão produzida - confecção e assentamento","m³",748.66]
[3606579,"Carga, transporte e descarga de material pétreo para molhes com o uso de batelões e escavadeira hidráulica - DMT de 0 a 300 m","m³",20.89]
[3606583,"Carga, transporte e descarga de material pétreo para molhes com o uso de batelões e escavadeira hidráulica - DMT de 1.200 a 1.500 m","m³",21.67]
[3606584,"Carga, transporte e descarga de material pétreo para molhes com o uso de batelões e escavadeira hidráulica - DMT de 1.500 a 1.800 m","m³",21.78]
[3606585,"Carga, transporte e descarga de material pétreo para molhes com o uso de batelões e escavadeira hidráulica - DMT de 1.800 a 2.100 m","m³",21.9]
[3606586,"Carga, transporte e descarga de material pétreo para molhes com o uso de batelões e escavadeira hidráulica - DMT de 2.100 a 2.400 m","m³",22.12]
[3606587,"Carga, transporte e descarga de material pétreo para molhes com o uso de batelões e escavadeira hidráulica - DMT de 2.400 a 2.700 m","m³",22.34]
[3606588,"Carga, transporte e descarga de material pétreo para molhes com o uso de batelões e escavadeira hidráulica - DMT de 2.700 a 3.000 m","m³",22.45]
[3606589,"Carga, transporte e descarga de material pétreo para molhes com o uso de batelões e escavadeira hidráulica - DMT de 3.000 m","m³",22.57]
[3606580,"Carga, transporte e descarga de material pétreo para molhes com o uso de batelões e escavadeira hidráulica - DMT de 300 a 600 m","m³",21.11]
[3606581,"Carga, transporte e descarga de material pétreo para molhes com o uso de batelões e escavadeira hidráulica - DMT de 600 a 900 m","m³",21.34]
[3606582,"Carga, transporte e descarga de material pétreo para molhes com o uso de batelões e escavadeira hidráulica - DMT de 900 a 1.200 m","m³",21.45]
[3606527,"Escavação, carga e transporte de material pétreo para a subcarapaça - caminho de serviço em leito natural - DMT de 1.000 a 1.200 m - com caminhão basculante de 8 m³","m³",51.93]
[3606528,"Escavação, carga e transporte de material pétreo para a subcarapaça - caminho de serviço em leito natural - DMT de 1.200 a 1.400 m - com caminhão basculante de 8 m³","m³",52.72]
[3606529,"Escavação, carga e transporte de material pétreo para a subcarapaça - caminho de serviço em leito natural - DMT de 1.400 a 1.600 m - com caminhão basculante de 8 m³","m³",53.35]
[3606530,"Escavação, carga e transporte de material pétreo para a subcarapaça - caminho de serviço em leito natural - DMT de 1.600 a 1.800 m - com caminhão basculante de 8 m³","m³",54.13]
[3606531,"Escavação, carga e transporte de material pétreo para a subcarapaça - caminho de serviço em leito natural - DMT de 1.800 a 2.000 m - com caminhão basculante de 8 m³","m³",54.92]
[3606532,"Escavação, carga e transporte de material pétreo para a subcarapaça - caminho de serviço em leito natural - DMT de 2.000 a 2.500 m - com caminhão basculante de 8 m³","m³",56.18]
[3606533,"Escavação, carga e transporte de material pétreo para a subcarapaça - caminho de serviço em leito natural - DMT de 2.500 a 3.000 m - com caminhão basculante de 8 m³","m³",60.36]
[3606534,"Escavação, carga e transporte de material pétreo para a subcarapaça - caminho de serviço em leito natural - DMT de 3.000 m - com caminhão basculante de 8 m³","m³",61.41]
[3606535,"Escavação, carga e transporte de material pétreo para a subcarapaça - caminho de serviço em revestimento primário - DMT de 1.000 a 1.200 m - com caminhão basculante de 8 m³","m³",47.49]
[3606536,"Escavação, carga e transporte de material pétreo para a subcarapaça - caminho de serviço em revestimento primário - DMT de 1.200 a 1.400 m - com caminhão basculante de 8 m³","m³",47.91]
[3606537,"Escavação, carga e transporte de material pétreo para a subcarapaça - caminho de serviço em revestimento primário - DMT de 1.400 a 1.600 m - com caminhão basculante de 8 m³","m³",48.44]
[3606538,"Escavação, carga e transporte de material pétreo para a subcarapaça - caminho de serviço em revestimento primário - DMT de 1.600 a 1.800 m - com caminhão basculante de 8 m³","m³",48.86]
[3606539,"Escavação, carga e transporte de material pétreo para a subcarapaça - caminho de serviço em revestimento primário - DMT de 1.800 a 2.000 m - com caminhão basculante de 8 m³","m³",49.38]
[3606540,"Escavação, carga e transporte de material pétreo para a subcarapaça - caminho de serviço em revestimento primário - DMT de 2.000 a 2.500 m - com caminhão basculante de 8 m³","m³",52.24]
[3606541,"Escavação, carga e transporte de material pétreo para a subcarapaça - caminho de serviço em revestimento primário - DMT de 2.500 a 3.000 m - com caminhão basculante de 8 m³","m³",53.66]
[3606542,"Escavação, carga e transporte de material pétreo para a subcarapaça - caminho de serviço em revestimento primário - DMT de 3.000 m - com caminhão basculante de 8 m³","m³",54.29]
[3606543,"Escavação, carga e transporte de material pétreo para a subcarapaça - caminho de serviço pavimentado - DMT de 1.000 a 1.200 m - com caminhão basculante de 8 m³","m³",46.76]
[3606544,"Escavação, carga e transporte de material pétreo para a subcarapaça - caminho de serviço pavimentado - DMT de 1.200 a 1.400 m - com caminhão basculante de 8 m³","m³",47.07]
[3606545,"Escavação, carga e transporte de material pétreo para a subcarapaça - caminho de serviço pavimentado - DMT de 1.400 a 1.600 m - com caminhão basculante de 8 m³","m³",47.49]
[3606546,"Escavação, carga e transporte de material pétreo para a subcarapaça - caminho de serviço pavimentado - DMT de 1.600 a 1.800 m - com caminhão basculante de 8 m³","m³",47.91]
[3606547,"Escavação, carga e transporte de material pétreo para a subcarapaça - caminho de serviço pavimentado - DMT de 1.800 a 2.000 m - com caminhão basculante de 8 m³","m³",48.23]
[3606548,"Escavação, carga e transporte de material pétreo para a subcarapaça - caminho de serviço pavimentado - DMT de 2.000 a 2.500 m - com caminhão basculante de 8 m³","m³",48.96]
[3606549,"Escavação, carga e transporte de material pétreo para a subcarapaça - caminho de serviço pavimentado - DMT de 2.500 a 3.000 m - com caminhão basculante de 8 m³","m³",52.09]
[3606550,"Escavação, carga e transporte de material pétreo para a subcarapaça - caminho de serviço pavimentado - DMT de 3.000 m - com caminhão basculante de 8 m³","m³",52.72]
[3606500,"Escavação, carga e transporte de material pétreo para o núcleo - caminho de serviço em leito natural - DMT de 1.000 a 1.200 m - com caminhão basculante de 8 m³","m³",48.41]
[3606501,"Escavação, carga e transporte de material pétreo para o núcleo - caminho de serviço em leito natural - DMT de 1.200 a 1.400 m - com caminhão basculante de 8 m³","m³",49.19]
[3606502,"Escavação, carga e transporte de material pétreo para o núcleo - caminho de serviço em leito natural - DMT de 1.400 a 1.600 m - com caminhão basculante de 8 m³","m³",49.82]
[3606503,"Escavação, carga e transporte de material pétreo para o núcleo - caminho de serviço em leito natural - DMT de 1.600 a 1.800 m - com caminhão basculante de 8 m³","m³",50.61]
[3606504,"Escavação, carga e transporte de material pétreo para o núcleo - caminho de serviço em leito natural - DMT de 1.800 a 2.000 m - com caminhão basculante de 8 m³","m³",51.4]
[3606505,"Escavação, carga e transporte de material pétreo para o núcleo - caminho de serviço em leito natural - DMT de 2.000 a 2.500 m - com caminhão basculante de 8 m³","m³",52.66]
[3606506,"Escavação, carga e transporte de material pétreo para o núcleo - caminho de serviço em leito natural - DMT de 2.500 a 3.000 m - com caminhão basculante de 8 m³","m³",56.73]
[3606507,"Escavação, carga e transporte de material pétreo para o núcleo - caminho de serviço em leito natural - DMT de 3.000 m - com caminhão basculante de 8 m³","m³",57.99]
[3606509,"Escavação, carga e transporte de material pétreo para o núcleo - caminho de serviço em revestimento primário - DMT de 1.000 a 1.200 m - com caminhão basculante de 8 m³","m³",43.97]
[3606510,"Escavação, carga e transporte de material pétreo para o núcleo - caminho de serviço em revestimento primário - DMT de 1.200 a 1.400 m - com caminhão basculante de 8 m³","m³",44.49]
[3606511,"Escavação, carga e transporte de material pétreo para o núcleo - caminho de serviço em revestimento primário - DMT de 1.400 a 1.600 m - com caminhão basculante de 8 m³","m³",44.91]
[3606512,"Escavação, carga e transporte de material pétreo para o núcleo - caminho de serviço em revestimento primário - DMT de 1.600 a 1.800 m - com caminhão basculante de 8 m³","m³",45.33]
[3606513,"Escavação, carga e transporte de material pétreo para o núcleo - caminho de serviço em revestimento primário - DMT de 1.800 a 2.000 m - com caminhão basculante de 8 m³","m³",47.93]
[3606514,"Escavação, carga e transporte de material pétreo para o núcleo - caminho de serviço em revestimento primário - DMT de 2.000 a 2.500 m - com caminhão basculante de 8 m³","m³",48.88]
[3606515,"Escavação, carga e transporte de material pétreo para o núcleo - caminho de serviço em revestimento primário - DMT de 2.500 a 3.000 m - com caminhão basculante de 8 m³","m³",50.14]
[3606516,"Escavação, carga e transporte de material pétreo para o núcleo - caminho de serviço em revestimento primário - DMT de 3.000 m - com caminhão basculante de 8 m³","m³",50.77]
[3606518,"Escavação, carga e transporte de material pétreo para o núcleo - caminho de serviço pavimentado - DMT de 1.000 a 1.200 m - com caminhão basculante de 8 m³","m³",43.23]
[3606519,"Escavação, carga e transporte de material pétreo para o núcleo - caminho de serviço pavimentado - DMT de 1.200 a 1.400 m - com caminhão basculante de 8 m³","m³",43.65]
[3606520,"Escavação, carga e transporte de material pétreo para o núcleo - caminho de serviço pavimentado - DMT de 1.400 a 1.600 m - com caminhão basculante de 8 m³","m³",43.97]
[3606521,"Escavação, carga e transporte de material pétreo para o núcleo - caminho de serviço pavimentado - DMT de 1.600 a 1.800 m - com caminhão basculante de 8 m³","m³",44.39]
[3606522,"Escavação, carga e transporte de material pétreo para o núcleo - caminho de serviço pavimentado - DMT de 1.800 a 2.000 m - com caminhão basculante de 8 m³","m³",44.7]
[3606523,"Escavação, carga e transporte de material pétreo para o núcleo - caminho de serviço pavimentado - DMT de 2.000 a 2.500 m - com caminhão basculante de 8 m³","m³",45.44]
[3606524,"Escavação, carga e transporte de material pétreo para o núcleo - caminho de serviço pavimentado - DMT de 2.500 a 3.000 m - com caminhão basculante de 8 m³","m³",48.72]
[3606525,"Escavação, carga e transporte de material pétreo para o núcleo - caminho de serviço pavimentado - DMT de 3.000 m - com caminhão basculante de 8 m³","m³",49.19]
[3606577,"Espalhamento e conformação de material pétreo para núcleo","m³",11.26]
[3606576,"Espalhamento e conformação de material pétreo para subcarapaça","m³",4.3]
[3606561,"Fabricação de tetrápode de 10 t - concreto fck = 20 MPa - areia e brita comerciais","un",2806.02]
[3606556,"Fabricação de tetrápode de 10 t - concreto fck = 20 MPa - areia extraída e brita produzida","un",1980.52]
[3606562,"Fabricação de tetrápode de 11 t - concreto fck = 20 MPa - areia e brita comerciais","un",3073.11]
[3606557,"Fabricação de tetrápode de 11 t - concreto fck = 20 MPa - areia extraída e brita produzida","un",2165.06]
[3606563,"Fabricação de tetrápode de 12 t - concreto fck = 20 MPa - areia e brita comerciais","un",3348.92]
[3606558,"Fabricação de tetrápode de 12 t - concreto fck = 20 MPa - areia extraída e brita produzida","un",2358.3200000000002]
[3606559,"Fabricação de tetrápode de 8 t - concreto fck = 20 MPa - areia e brita comerciais","un",2245.27]
[3606554,"Fabricação de tetrápode de 8 t - concreto fck = 20 MPa - areia extraída e brita produzida","un",1584.87]
[3606560,"Fabricação de tetrápode de 9 t - concreto fck = 20 MPa - areia e brita comerciais","un",2513.19]
[3606555,"Fabricação de tetrápode de 9 t - concreto fck = 20 MPa - areia extraída e brita produzida","un",1770.24]
[3606571,"Fabricação de Xbloc de 10 t - concreto fck = 20 MPa - areia e brita comerciais","un",2770.79]
[3606566,"Fabricação de Xbloc de 10 t - concreto fck = 20 MPa - areia extraída e brita produzida","un",1945.29]
[3606572,"Fabricação de Xbloc de 11 t - concreto fck = 20 MPa - areia e brita comerciais","un",3040.52]
[3606567,"Fabricação de Xbloc de 11 t - concreto fck = 20 MPa - areia extraída e brita produzida","un",2132.4699999999998]
[3606573,"Fabricação de Xbloc de 12 t - concreto fck = 20 MPa - areia e brita comerciais","un",3309.83]
[3606568,"Fabricação de Xbloc de 12 t - concreto fck = 20 MPa - areia extraída e brita produzida","un",2319.23]
[3606569,"Fabricação de Xbloc de 8 t - concreto fck = 20 MPa - areia e brita comerciais","un",2229.83]
[3606564,"Fabricação de Xbloc de 8 t - concreto fck = 20 MPa - areia extraída e brita produzida","un",1569.43]
[3606570,"Fabricação de Xbloc de 9 t - concreto fck = 20 MPa - areia e brita comerciais","un",2500.59]
[3606565,"Fabricação de Xbloc de 9 t - concreto fck = 20 MPa - areia extraída e brita produzida","un",1757.64]
[3606578,"Lançamento de blocos artificias de concreto","un",112.95]
[3606575,"Seleção de material pétreo para a carapaça e subcarapaça","m³",1.76]
[3606574,"Seleção de material pétreo para o núcleo","m³",0.88]
[3713603,"Ancoragem de defensa maleável dupla - fornecimento e implantação","m",1055.77]
[3713601,"Ancoragem de defensa maleável simples - fornecimento e implantação","m",851.86]
[3713607,"Ancoragem de defensa semimaleável dupla - fornecimento e implantação","m",804.62]
[3713605,"Ancoragem de defensa semimaleável simples - fornecimento e implantação","m",569.85]
[3719530,"Barreira dupla de concreto, armada, pré-moldada (perfil New Jersey) - L > 3,00 m e H = 1.070 mm","m",317.58999999999997]
[3713828,"Barreira dupla de concreto, armada, pré-moldada (perfil New Jersey) - L > 3,00 m e H = 810 mm","m",237.12]
[3713875,"Barreira dupla de concreto, não armada, moldada no local (perfil F) - H = 810 + 100 mm","m",67.209999999999994]
[3713619,"Barreira dupla de concreto, não armada, moldada no local (perfil New Jersey) - H = 810 + 100 mm","m",67.62]
[3713876,"Barreira dupla de concreto, não armada, moldada no local, com extrusora (perfil F) - H = 810 + 100 mm","m",89.24]
[3713827,"Barreira dupla de concreto, não armada, moldada no local, com extrusora (perfil New Jersey) - H = 810 + 100 mm","m",87.77]
[3713904,"Barreira simples de concreto, armada, pré-moldada (perfil New Jersey) - L > 3,00 m e H = 1.070 mm","m",274.52]
[3719529,"Barreira simples de concreto, armada, pré-moldada (perfil New Jersey) - L > 3,00 m e H = 810 mm","m",200.36]
[3713878,"Barreira simples de concreto, não armada, moldada no local (perfil F) - H = 810 + 100 mm","m",66.84]
[3713617,"Barreira simples de concreto, não armada, moldada no local (perfil New Jersey) - H = 810 + 100 mm","m",67.05]
[3713879,"Barreira simples de concreto, não armada, moldada no local, com extrusora (perfil F) - H = 810 + 100 mm","m",80.349999999999994]
[3713826,"Barreira simples de concreto, não armada, moldada no local, com extrusora (perfil New Jersey) - H = 810 + 100 mm","m",76.77]
[3713610,"Cerca com 4 fios de arame farpado e mourão de concreto de seção quadrada de 11 cm a cada 2,5 m e esticador de 15 cm a cada 50 m - areia e brita comerciais","m",36.049999999999997]
[3713609,"Cerca com 4 fios de arame farpado e mourão de concreto de seção quadrada de 11 cm a cada 2,5 m e esticador de 15 cm a cada 50 m - areia extraída e brita produzida","m",33.909999999999997]
[3713612,"Cerca com 4 fios de arame farpado e mourão de concreto de seção triangular de 11 cm a cada 2,5 m e esticador de 15 cm a cada 50 m - areia e brita comerciais","m",28.72]
[3713611,"Cerca com 4 fios de arame farpado e mourão de concreto de seção triangular de 11 cm a cada 2,5 m e esticador de 15 cm a cada 50 m - areia extraída e brita produzida","m",27.79]
[3713608,"Cerca com 4 fios de arame farpado e mourão de madeira a cada 2,5 m e esticador a cada 50 m","m",22.17]
[3713613,"Cerca com 4 fios de arame liso galvanizado e mourão de madeira a cada 2,5 m e esticador a cada 50 m","m",20.12]
[3713822,"Confecção de barreira dupla de concreto, armada, pré-moldada (perfil New Jersey) - L > 3,00 m e H = 1.070 mm","m",310.60000000000002]
[3713824,"Confecção de barreira dupla de concreto, armada, pré-moldada (perfil New Jersey) - L > 3,00 m e H = 810 mm","m",230.13]
[3713825,"Confecção de barreira simples de concreto, armada, pré-moldada (perfil New Jersey) - L > 3,00 m e H = 1.070 mm","m",267.52999999999997]
[3713823,"Confecção de barreira simples de concreto, armada, pré-moldada (perfil New Jersey) - L > 3,00 m e H = 810 mm","m",193.37]
[3713602,"Defensa maleável dupla - fornecimento e implantação","m",975.72]
[3713600,"Defensa maleável simples - fornecimento e implantação","m",785.6]
[3713606,"Defensa semimaleável dupla - fornecimento e implantação","m",724.57]
[3713604,"Defensa semimaleável simples - fornecimento e implantação","m",515.02]
[3716129,"Fabricação de mourão de concreto esticador - seção quadrada de 15 cm - areia e brita comerciais","un",60.32]
[3716128,"Fabricação de mourão de concreto esticador - seção quadrada de 15 cm - areia extraída e brita produzida","un",51.22]
[3716133,"Fabricação de mourão de concreto esticador - seção triangular de 15 cm - areia e brita comercias","un",34.51]
[3716132,"Fabricação de mourão de concreto esticador - seção triangular de 15 cm - areia extraída e brita produzida","un",30.56]
[3716131,"Fabricação de mourão de concreto suporte - seção quadrada de 11 cm - areia e brita comerciais","un",38.270000000000003]
[3716130,"Fabricação de mourão de concreto suporte - seção quadrada de 11 cm - areia extraída e brita produzida","un",33.6]
[3716135,"Fabricação de mourão de concreto suporte - seção triangular de 11 cm - areia e brita comerciais","un",23.32]
[3716134,"Fabricação de mourão de concreto suporte - seção triangular de 11 cm - areia extraída e brita produzida","un",21.29]
[3713698,"Fornecimento e implantação de amortecedor retrátil (v <= 100 km/h) tipo TAU II afunilado - fixado em barreira de concreto, com largura de âncora traseira de 1.830 mm","un",318276.13]
[3713699,"Fornecimento e implantação de amortecedor retrátil (v <= 100 km/h) tipo TAU II afunilado - fixado em barreira de concreto, com largura de âncora traseira de 1.980 mm","un",327035.8]
[3713700,"Fornecimento e implantação de amortecedor retrátil (v <= 100 km/h) tipo TAU II afunilado - fixado em barreira de concreto, com largura de âncora traseira de 2.130 mm","un",333210.23]
[3713701,"Fornecimento e implantação de amortecedor retrátil (v <= 100 km/h) tipo TAU II afunilado - fixado em barreira de concreto, com largura de âncora traseira de 2.290 mm","un",347519.6]
[3713702,"Fornecimento e implantação de amortecedor retrátil (v <= 100 km/h) tipo TAU II afunilado - fixado em barreira de concreto, com largura de âncora traseira de 2.440 mm","un",366587.36]
[3713693,"Fornecimento e implantação de amortecedor retrátil (v <= 100 km/h) tipo TAU II combinado - fixado em barreira de concreto, com largura de âncora traseira de 1.060 mm","un",276068.73]
[3713694,"Fornecimento e implantação de amortecedor retrátil (v <= 100 km/h) tipo TAU II combinado - fixado em barreira de concreto, com largura de âncora traseira de 1.220 mm","un",289943.11]
[3713695,"Fornecimento e implantação de amortecedor retrátil (v <= 100 km/h) tipo TAU II combinado - fixado em barreira de concreto, com largura de âncora traseira de 1.370 mm","un",307750.07]
[3713696,"Fornecimento e implantação de amortecedor retrátil (v <= 100 km/h) tipo TAU II combinado - fixado em barreira de concreto, com largura de âncora traseira de 1.520 mm","un",321266.37]
[3713697,"Fornecimento e implantação de amortecedor retrátil (v <= 100 km/h) tipo TAU II combinado - fixado em barreira de concreto, com largura de âncora traseira de 1.680 mm","un",307060.14]
[3713692,"Fornecimento e implantação de amortecedor retrátil (v <= 100 km/h) tipo TAU II combinado - fixado em barreira de concreto, com largura de âncora traseira de 900 mm","un",236660.98]
[3713691,"Fornecimento e implantação de amortecedor retrátil (v <= 100 km/h) tipo TAU II paralelo - fixado em barreira de concreto, com largura de âncora traseira de até 700 mm","un",210800.24]
[3713873,"Módulo de transição de defensa metálica para barreira rígida - fornecimento e implantação","un",6959.54]
[3713705,"Remoção de defensa metálica","m",22.83]
[3713902,"Terminal absorvedor de energia de abertura com nível de contenção TL3 para defensa metálica - fornecimento e implantação","un",46767.3]
[3713903,"Terminal absorvedor de energia de não abertura com nível de contenção TL3 para defensa metálica - fornecimento e implantação","un",63123.22]
[3713689,"Terminal aéreo de defensa metálica - tipo A - fornecimento e implantação","un",396.7]
[3713690,"Terminal de ancoragem de defensa metálica em barreira New Jersey - fornecimento e implantação","un",512.15]
[3713897,"Terminal de ancoragem para barreira dupla de concreto, moldada no local (perfil F) - H = 810 + 250 mm","m",316.54000000000002]
[3713893,"Terminal de ancoragem para barreira dupla de concreto, moldada no local (perfil New Jersey) - H = 810 + 250 mm","m",322.06]
[3713898,"Terminal de ancoragem para barreira dupla de concreto, moldada no local, com extrusora (perfil F) - H = 810 + 250 mm","m",333.39]
[3713894,"Terminal de ancoragem para barreira dupla de concreto, moldada no local, com extrusora (perfil New Jersey) - H = 810 + 250 mm","m",336.53]
[3713895,"Terminal de ancoragem para barreira simples de concreto, moldada no local (perfil F) - H = 810 + 250 mm","m",288.79000000000002]
[3713891,"Terminal de ancoragem para barreira simples de concreto, moldada no local (perfil New Jersey) - H = 810 + 250 mm","m",287.35000000000002]
[3713896,"Terminal de ancoragem para barreira simples de concreto, moldada no local, com extrusora (perfil F) - H = 810 + 250 mm","m",299.43]
[3713892,"Terminal de ancoragem para barreira simples de concreto, moldada no local, com extrusora (perfil New Jersey) - H = 810 + 250 mm","m",294.27]
[3806412,"Abertura de janela em estrutura de concreto existente para inspeção com espessura até 0,20 m e seção 0,49 m²","un",64.650000000000006]
[3806413,"Apicoamento mecanizado de concreto","m²",21.81]
[3807863,"Chumbador de expansão controlada por torque para concreto D = 12,5 mm - fornecimento e instalação","un",12.84]
[3807864,"Chumbador de expansão controlada por torque para concreto D = 16 mm - fornecimento e instalação","un",15.24]
[3807865,"Chumbador de expansão controlada por torque para concreto D = 20 mm - fornecimento e instalação","un",23.09]
[3807861,"Chumbador de expansão controlada por torque para concreto D = 6,3 mm - fornecimento e instalação","un",3.21]
[3807862,"Chumbador de expansão controlada por torque para concreto D = 8 mm - fornecimento e instalação","un",4.97]
[3807752,"Corte linear em superfície de concreto para fixação de barras de aço de 10 mm - L = 12 mm e H = 12 mm","m",8.5399999999999991]
[3807753,"Corte linear em superfície de concreto para fixação de barras de aço de 12,5 mm - L = 15 mm e H = 15 mm","m",12.27]
[3807750,"Corte linear em superfície de concreto para fixação de barras de aço de 6,3 mm - L = 8 mm e H = 8 mm","m",5.01]
[3807751,"Corte linear em superfície de concreto para fixação de barras de aço de 8 mm - L = 10 mm e H = 10 mm","m",6.56]
[3806415,"Demolição controlada de concreto com martelete","m³",660.05]
[3806416,"Elevação de estruturas até 496 kN para substituição de aparelho de apoio com a utilização de macaco hidráulico","un",78.55]
[3806419,"Elevação de estruturas de 1.390 a 1.859 kN para substituição de aparelho de apoio com a utilização de macaco hidráulico","un",104.89]
[3806417,"Elevação de estruturas de 496 a 929 kN para substituição de aparelho de apoio com a utilização de macaco hidráulico","un",87.97]
[3806418,"Elevação de estruturas de 929 a 1.390 kN para substituição de aparelho de apoio com a utilização de macaco hidráulico","un",103.85]
[3808207,"Escada tubular multidirecional em aço galvanizado - utilização de 100 vezes - fornecimento, instalação e retirada","m",167.62]
[3806400,"Fabricação de superestrutura metálica para passarela PL-15 - exceto piso de concreto","un",165194.51999999999]
[3806399,"Fabricação de superestrutura metálica para passarela PL-20 - exceto piso de concreto","un",234808.35]
[3806387,"Fabricação de superestrutura metálica para passarela PL-25 - exceto piso de concreto","un",293931.92]
[3806397,"Fabricação de superestrutura metálica para passarela PL-30 - exceto piso de concreto","un",393296.04]
[3806396,"Fabricação de superestrutura metálica para passarela PL-35 - exceto piso de concreto","un",452656.82]
[3816118,"Guarda-corpo de concreto - fabricação - areia e brita comerciais","m",107.99]
[3816117,"Guarda-corpo de concreto - fabricação - areia extraída e brita produzida","m",97.21]
[3806386,"Guarda-corpo e corrimão metálico para passarelas para pedestres - fornecimento e instalação","m",727.45]
[3816196,"Injeção de nata de cimento","m³",1526.57]
[3806426,"Lançamento de pré-laje com utilização de guindauto","t",64.03]
[3806401,"Lançamento de superestrutura de passarela metálica de 12 a 24 t com utilização de guindaste","un",14340.56]
[3806423,"Lançamento de viga pré-moldada de 1.000 a 1.250 kN com utilização de guindaste","un",10129.51]
[3806421,"Lançamento de viga pré-moldada de 500 a 750 kN com utilização de guindaste","un",4772.45]
[3806422,"Lançamento de viga pré-moldada de 750 a 1.000 kN com utilização de guindaste","un",9116.58]
[3806425,"Lançamento de viga pré-moldada de 980 a 1.225 kN com utilização de treliça lançadeira","un",3563.3]
[3806424,"Lançamento de viga pré-moldada de 980 a 1.225 kN com utilização de treliça lançadeira e carrelone","un",5709.07]
[3806420,"Lançamento de viga pré-moldada de até 500 kN com utilização de guindaste","un",4175.91]
[3806405,"Limpeza de aparelhos de apoio em obras de arte especiais - exclusa a plataforma","un",139.78]
[3806404,"Limpeza de material retido em fundações submersas de obras de arte especiais","m³",126.15]
[3806406,"Limpeza em junta de dilatação","m",6.05]
[3806403,"Limpeza em superfície de concreto com jateamento abrasivo com uso de granalhas de aço","m²",9.4700000000000006]
[3806402,"Limpeza em superfície de concreto com jateamento d'água sob pressão","m²",2.42]
[3806407,"Pingadeira de elastômero perfil 40 x 40 mm com aba inclinada e fixada com adesivo estrutural e pinos - fornecimento e instalação - exclusa a plataforma","m",184.6]
[3808043,"Pintura manual com nata de cimento - 3 demãos","m²",4.25]
[3806431,"Placa de aço de apoio para protensão externa em reforço de viga de OAE - confecção e instalação","un",5920.09]
[3806432,"Placa de aço de desvio para protensão externa em reforço de viga de OAE - confecção e instalação","un",3105.87]
[3806429,"Plataforma de trabalho em aço tubular apoiada no solo - altura de 4 a 6 m - utilização de 100 vezes - fornecimento, instalação e retirada","m³",16.920000000000002]
[3806430,"Plataforma de trabalho em aço tubular apoiada no solo - altura de 6 a 8 m - utilização de 100 vezes - fornecimento, instalação e retirada","m³",10.46]
[3806428,"Plataforma de trabalho em aço tubular apoiada no solo - altura de até 4 m - utilização de 100 vezes - fornecimento, instalação e retirada","m³",38.31]
[3816198,"Plataforma de trabalho em madeira apoiada no solo - altura de 6 a 12 m - utilização de 5 vezes - confecção, instalação e retirada","m³",65.97]
[3816197,"Plataforma de trabalho em madeira apoiada no solo - altura de até 6 m - utilização de 5 vezes - confecção, instalação e retirada","m³",60.51]
[3806410,"Plataforma de trabalho suspensa sob tabuleiro de pontes com treliças metálicas e tábuas - utilização de 100 vezes - confecção, instalação e retirada","m²",62.06]
[3806411,"Plataforma mecanizada de inspeção sob pontes com capacidade de 500 kg e alcance de 15 m","h",665.23]
[3815644,"Recomposição de dreno em tubo de aço galvanizado D = 100 mm em OAE - fornecimento e instalação","un",109.22]
[3815643,"Recomposição de dreno em tubo de aço galvanizado D = 80 mm em OAE - fornecimento e instalação","un",101.61]
[3815706,"Recomposição de guarda-corpo com agregados comerciais - instalação","m",143.88999999999999]
[3815597,"Recomposição de guarda-corpo com agregados produzidos - instalação","m",133.11000000000001]
[3815600,"Recuperação de guarda-corpo metálico em ambiente agressivo","m²",69.930000000000007]
[3815601,"Recuperação de guarda-corpo metálico em ambiente muito agressivo","m²",64.44]
[3815599,"Recuperação de guarda-corpo metálico em ambiente pouco agressivo","m²",30.25]
[3806414,"Remoção de concreto com jateamento d'água sob alta pressão","m³",600.78]
[3806409,"Restauração de berços de apoio para junta de dilatação - fornecimento e instalação","m",64]
[3815602,"Substituição de junta de dilatação e lábios poliméricos - fornecimento e instalação","m",33.68]
[4011444,"Areia asfalto a quente - faixa A - areia comercial","t",226.36]
[4011443,"Areia asfalto a quente - faixa A - areia extraída","t",146.91]
[4011446,"Areia asfalto a quente - faixa B - areia comercial","t",209.03]
[4011445,"Areia asfalto a quente - faixa B - areia extraída","t",127.85]
[4011448,"Areia asfalto a quente com asfalto polímero - faixa A - areia comercial","t",212.38]
[4011447,"Areia asfalto a quente com asfalto polímero - faixa A - areia extraída","t",128.91]
[4011450,"Areia asfalto a quente com asfalto polímero - faixa B - areia comercial","t",222.36]
[4011449,"Areia asfalto a quente com asfalto polímero - faixa B - areia extraída","t",140.38]
[4011452,"Areia asfalto a quente com asfalto polímero - faixa C - areia comercial","t",228.89]
[4011451,"Areia asfalto a quente com asfalto polímero - faixa C - areia extraída","t",147.94999999999999]
[4011219,"Base de solo estabilizado granulometricamente sem mistura com material de jazida","m³",12.84]
[4011291,"Base de solo melhorado com 3% de cimento e mistura em usina com material de jazida","m³",87.88]
[4011287,"Base de solo melhorado com 3% de cimento e mistura na pista com material de jazida","m³",76.89]
[4011305,"Base de solo-cal com 7% de cal e mistura na pista com material de jazida","m³",134.62]
[4011313,"Base de solo-cimento com 7% de cimento e mistura em usina com material de jazida","m³",168.87]
[4011297,"Base de solo-cimento com 7% de cimento e mistura na pista com material de jazida","m³",160.15]
[4011221,"Base estabilizada granulometricamente com mistura de solos na pista com material de jazida","m³",13.7]
[4011226,"Base estabilizada granulometricamente com mistura solo areia (70% - 30%) em usina com material de jazida e areia extraída","m³",32.44]
[4011240,"Base estabilizada granulometricamente com mistura solo brita (70% - 30%) com 3% de cimento em usina com material de jazida e brita comercial","m³",169.69]
[4011239,"Base estabilizada granulometricamente com mistura solo brita (70% - 30%) com 3% de cimento em usina com material de jazida e brita produzida","m³",112.04]
[4011268,"Base estabilizada granulometricamente com mistura solo brita (70% - 30%) em usina com material de jazida e brita comercial","m³",109.78]
[4011267,"Base estabilizada granulometricamente com mistura solo brita (70% - 30%) em usina com material de jazida e brita produzida","m³",50.34]
[4011256,"Base estabilizada granulometricamente com mistura solo brita (70% - 30%) na pista com material de jazida e brita comercial","m³",96.22]
[4011255,"Base estabilizada granulometricamente com mistura solo brita (70% - 30%) na pista com material de jazida e brita produzida","m³",36.79]
[4011276,"Base ou sub-base de brita graduada com brita comercial","m³",323.19]
[4011275,"Base ou sub-base de brita graduada com brita produzida","m³",112.91]
[4011549,"Base ou sub-base de brita graduada executada com vibroacabadora - brita comercial","m³",326.13]
[4011548,"Base ou sub-base de brita graduada executada com vibroacabadora - brita produzida","m³",115.85]
[4011278,"Base ou sub-base de brita graduada tratada com cimento com brita comercial","m³",401.41]
[4011277,"Base ou sub-base de brita graduada tratada com cimento com brita produzida","m³",195.99]
[4011561,"Base ou sub-base de brita graduada tratada com cimento executada com vibroacabadora - brita comercial","m³",404.35]
[4011560,"Base ou sub-base de brita graduada tratada com cimento executada com vibroacabadora - brita produzida","m³",198.93]
[4011282,"Base ou sub-base de macadame hidráulico com brita comercial","m³",288.3]
[4011281,"Base ou sub-base de macadame hidráulico com brita produzida","m³",98.02]
[4011279,"Base ou sub-base de macadame seco com brita comercial","m³",282.35000000000002]
[4011280,"Base ou sub-base de macadame seco com brita produzida","m³",92.06]
[4011327,"Base ou sub-base estabilizada granulometricamente com mistura solo escória de aciaria (50%-50%) em usina com material de jazida","m³",39.700000000000003]
[4011325,"Base ou sub-base estabilizada granulometricamente com mistura solo escória de aciaria (50%-50%) na pista com material de jazida","m³",24.28]
[4011454,"Concreto asfáltico - faixa A - areia e brita comerciais","t",242.46]
[4011453,"Concreto asfáltico - faixa A - areia extraída e brita produzida","t",154.05000000000001]
[4011455,"Concreto asfáltico - faixa A - massa comercial","t",20.65]
[4011459,"Concreto asfáltico - faixa B - areia e brita comerciais","t",247.14]
[4011458,"Concreto asfáltico - faixa B - areia extraída e brita produzida","t",159.69]
[4011463,"Concreto asfáltico - faixa C - areia e brita comerciais","t",245.16]
[4011462,"Concreto asfáltico - faixa C - areia extraída e brita produzida","t",159.19]
[4011464,"Concreto asfáltico - faixa C - massa comercial","t",20.65]
[4011457,"Concreto asfáltico com asfalto polímero - faixa A - areia e brita comerciais","t",244.87]
[4011456,"Concreto asfáltico com asfalto polímero - faixa A - areia extraída e brita produzida","t",154.34]
[4011461,"Concreto asfáltico com asfalto polímero - faixa B - areia e brita comerciais","t",247.9]
[4011460,"Concreto asfáltico com asfalto polímero - faixa B - areia extraída e brita produzida","t",160.03]
[4011466,"Concreto asfáltico com asfalto polímero - faixa C - areia e brita comerciais","t",252.4]
[4011465,"Concreto asfáltico com asfalto polímero - faixa C - areia extraída e brita produzida","t",168.49]
[4011469,"Concreto asfáltico com borracha - faixa A - brita comercial","t",293.19]
[4011473,"Concreto asfáltico com borracha - faixa A - brita produzida","t",206.46]
[4011470,"Concreto asfáltico com borracha - faixa B - brita comercial","t",299.08999999999997]
[4011474,"Concreto asfáltico com borracha - faixa B - brita produzida","t",213.6]
[4011471,"Concreto asfáltico com borracha - faixa C - brita comercial","t",300.87]
[4011475,"Concreto asfáltico com borracha - faixa C - brita produzida","t",217.15]
[4011472,"Concreto asfáltico com borracha - faixa GAP GRADED - brita comercial","t",295.24]
[4011476,"Concreto asfáltico com borracha - faixa GAP GRADED - brita produzida","t",206.06]
[4011478,"Concreto asfáltico reciclado em usina com adição de asfalto - brita comercial","t",205.13]
[4011477,"Concreto asfáltico reciclado em usina com adição de asfalto - brita produzida","t",147.59]
[4011539,"Cura com pintura asfáltica para camadas granulares com adição de cimento","m²",0.21]
[4011538,"Cura com pintura asfáltica para pavimento de concreto compactado com rolo","m²",0.32]
[4016096,"Escavação e carga de material de jazida com escavadeira hidráulica de 1,56 m³","m³",1.44]
[4016008,"Escavação e carga de material de jazida com trator de 127 kW e carregadeira de 3,4 m³","m³",4.6399999999999997]
[4016007,"Escavação e carga de material de jazida com trator de 97 kW e carregadeira de 1,72 m³","m³",5.31]
[4015612,"Execução de revestimento primário com material de jazida","m³",12.63]
[4011562,"Geogrelha bidirecional com resistência à tração de 30 kN/m - deformação < 5% - malha de 36 x 34 mm - para reforço de base granular","m²",34.200000000000003]
[4011351,"Imprimação com asfalto diluído","m²",0.38]
[4011352,"Imprimação com emulsão asfáltica","m²",0.41]
[4011402,"Lama asfáltica - faixa I - areia e brita comerciais","m²",1.04]
[4011401,"Lama asfáltica - faixa I - areia extraída e brita produzida","m²",0.61]
[4011404,"Lama asfáltica - faixa II - areia e brita comerciais","m²",0.72]
[4011403,"Lama asfáltica - faixa II - areia extraída e brita produzida","m²",0.42]
[4011406,"Lama asfáltica - faixa III - areia e brita comerciais","m²",1.37]
[4011405,"Lama asfáltica - faixa III - areia extraída e brita produzida","m²",0.8]
[4011392,"Macadame betuminoso por penetração - faixa A - brita comercial","m³",314.35000000000002]
[4011391,"Macadame betuminoso por penetração - faixa A - brita produzida","m³",129.05000000000001]
[4011394,"Macadame betuminoso por penetração - faixa B - brita comercial","m³",314.88]
[4011393,"Macadame betuminoso por penetração - faixa B - brita produzida","m³",129.66999999999999]
[4011396,"Macadame betuminoso por penetração - faixa C - brita comercial","m³",319.86]
[4011395,"Macadame betuminoso por penetração - faixa C - brita produzida","m³",130.37]
[4011398,"Macadame betuminoso por penetração - faixa D - brita comercial","m³",322.22000000000003]
[4011397,"Macadame betuminoso por penetração - faixa D - brita produzida","m³",130.65]
[4011400,"Macadame betuminoso por penetração com asfalto com polímero - faixa A - brita comercial","m³",329.27]
[4011399,"Macadame betuminoso por penetração com asfalto com polímero - faixa A - brita produzida","m³",148.53]
[4011490,"Manta sintética para recapeamento asfáltico com geotêxtil RT - 09 - fornecimento e aplicação","m²",5.82]
[4011536,"Membrana plástica isolante e impermeabilizante com espessura de 0,2 mm - fornecimento e instalação","m²",1.82]
[4011415,"Micro pré-misturado a quente com asfalto polímero - brita comercial","t",237.19]
[4011416,"Micro pré-misturado a quente com asfalto polímero - brita produzida","t",153]
[4011408,"Microrrevestimento a frio com emulsão modificada com polímero de 0,8 cm - faixa II - brita comercial","m²",2.88]
[4011407,"Microrrevestimento a frio com emulsão modificada com polímero de 0,8 cm - faixa II - brita produzida","m²",1.81]
[4011410,"Microrrevestimento a frio com emulsão modificada com polímero de 1,5 cm - faixa III - brita comercial","m²",5.55]
[4011409,"Microrrevestimento a frio com emulsão modificada com polímero de 1,5 cm - faixa III - brita produzida","m²",3.53]
[4011412,"Microrrevestimento a frio com emulsão modificada com polímero de 2,0 cm - faixa III - brita comercial","m²",7.4]
[4011411,"Microrrevestimento a frio com emulsão modificada com polímero de 2,0 cm - faixa III - brita produzida","m²",4.7]
[4011520,"Pavimento de concreto com equipamento de pequeno porte - areia e brita comerciais","m³",746.47]
[4011507,"Pavimento de concreto com equipamento de pequeno porte - areia extraída e brita produzida","m³",558.63]
[4011535,"Pavimento de concreto com equipamento fôrma-trilho - areia e brita comerciais","m³",622.78]
[4011534,"Pavimento de concreto com equipamento fôrma-trilho - areia extraída e brita produzida","m³",447.42]
[4011533,"Pavimento de concreto com fôrmas deslizantes - areia e brita comerciais","m³",631.96]
[4011532,"Pavimento de concreto com fôrmas deslizantes - areia extraída e brita produzida","m³",456.6]
[4011492,"Pavimento de concreto compactado com rolo - brita comercial","m³",518.41]
[4011491,"Pavimento de concreto compactado com rolo - brita produzida","m³",312.91000000000003]
[4011353,"Pintura de ligação","m²",0.28000000000000003]
[4011354,"Pintura de ligação - emulsão com polímero","m²",0.28000000000000003]
[4011418,"Pré-misturado a frio - faixa A - areia e brita comerciais","m³",434.14]
[4011417,"Pré-misturado a frio - faixa A - areia extraída e brita produzida","m³",220.46]
[4011420,"Pré-misturado a frio - faixa B - areia e brita comerciais","m³",435.54]
[4011419,"Pré-misturado a frio - faixa B - areia extraída e brita produzida","m³",217.23]
[4011422,"Pré-misturado a frio - faixa C - areia e brita comerciais","m³",452.77]
[4011421,"Pré-misturado a frio - faixa C - areia extraída e brita produzida","m³",242.65]
[4011424,"Pré-misturado a frio - faixa D - areia e brita comerciais","m³",454.73]
[4011423,"Pré-misturado a frio - faixa D - areia extraída e brita produzida","m³",239.42]
[4011426,"Pré-misturado a frio com emulsão asfáltica com polímero - faixa A - areia e brita comerciais","m³",434.14]
[4011425,"Pré-misturado a frio com emulsão asfáltica com polímero - faixa A - areia extraída e brita produzida","m³",220.46]
[4011428,"Pré-misturado a frio com emulsão asfáltica com polímero - faixa B - areia e brita comerciais","m³",435.54]
[4011427,"Pré-misturado a frio com emulsão asfáltica com polímero - faixa B - areia extraída e brita produzida","m³",217.23]
[4011430,"Pré-misturado a frio com emulsão asfáltica com polímero - faixa C - areia e brita comerciais","m³",451.08]
[4011429,"Pré-misturado a frio com emulsão asfáltica com polímero - faixa C - areia extraída e brita produzida","m³",241.96]
[4011432,"Pré-misturado a frio com emulsão asfáltica com polímero - faixa D - areia e brita comerciais","m³",453.04]
[4011431,"Pré-misturado a frio com emulsão asfáltica com polímero - faixa D - areia extraída e brita produzida","m³",238.74]
[4011434,"Pré-misturado a quente com asfalto polímero - faixa I - camada porosa de atrito - areia e brita comerciais","t",245.45]
[4011433,"Pré-misturado a quente com asfalto polímero - faixa I - camada porosa de atrito - areia extraída e brita produzida","t",151.99]
[4011436,"Pré-misturado a quente com asfalto polímero - faixa II - camada porosa de atrito - areia e brita comerciais","t",231.68]
[4011435,"Pré-misturado a quente com asfalto polímero - faixa II - camada porosa de atrito - areia extraída e brita produzida","t",136.31]
[4011438,"Pré-misturado a quente com asfalto polímero - faixa III - camada porosa de atrito - areia e brita comerciais","t",242.96]
[4011437,"Pré-misturado a quente com asfalto polímero - faixa III - camada porosa de atrito - areia extraída e brita produzida","t",151.71]
[4011440,"Pré-misturado a quente com asfalto polímero - faixa IV - camada porosa de atrito - areia e brita comerciais","t",252.29]
[4011439,"Pré-misturado a quente com asfalto polímero - faixa IV - camada porosa de atrito - areia extraída e brita produzida","t",158.02000000000001]
[4011442,"Pré-misturado a quente com asfalto polímero - faixa V - camada porosa de atrito - areia e brita comerciais","t",250.6]
[4011441,"Pré-misturado a quente com asfalto polímero - faixa V - camada porosa de atrito - areia extraída e brita produzida","t",157.6]
[4011482,"Reciclagem com incorporação do revestimento asfáltico à base e adição de 3% de cimento","m³",104.31]
[4011486,"Reciclagem com incorporação do revestimento asfáltico à base e adição de 3% de cimento e de brita comercial","m³",158.91]
[4011485,"Reciclagem com incorporação do revestimento asfáltico à base e adição de 3% de cimento e de brita produzida","m³",122.89]
[4011484,"Reciclagem com incorporação do revestimento asfáltico à base e adição de brita comercial","m³",91.46]
[4011483,"Reciclagem com incorporação do revestimento asfáltico à base e adição de brita produzida","m³",55.44]
[4011488,"Reciclagem com incorporação do revestimento asfáltico à base e adição de espuma asfáltica e cimento","m³",65.510000000000005]
[4011487,"Reciclagem com incorporação do revestimento asfáltico à base e adição de espuma asfáltica, cimento e pó de pedra comercial","m³",106.54]
[4011489,"Reciclagem de revestimento asfáltico em usina com adição de espuma asfáltica, pó de pedra comercial e cimento","m³",188.48]
[4011493,"Reciclagem de revestimento asfáltico em usina com adição de espuma asfáltica, pó de pedra produzido e cimento","m³",114.27]
[4011481,"Reciclagem simples com incorporação do revestimento asfáltico à base","m³",36.86]
[4011347,"Reestabilização de camada de base com adição de 3% de cimento","m³",90.09]
[4011342,"Reestabilização de camada de base com adição de 30% de brita comercial","m³",114.28]
[4011344,"Reestabilização de camada de base com adição de 30% de brita produzida","m³",54.84]
[4011341,"Reestabilização de camada de base com adição de 30% de material fresado retirado da pista","m³",13.05]
[4011346,"Reestabilização de camada de base sem adição de material","m³",9.16]
[4011211,"Reforço do subleito com material de jazida","m³",12.02]
[4011304,"Reforço do subleito de solo melhorado com 4% de cal e mistura na pista com material de jazida","m³",82.8]
[4011209,"Regularização do subleito","m²",1.22]
[4011210,"Regularização do subleito com fresagem corte e controle automático de greide","m²",1.32]
[4011537,"Serragem de juntas em pavimento de concreto, limpeza e enchimento com selante a frio","m",19.86]
[4011218,"Sub-base de concreto adensado por vibração - areia e brita comerciais","m³",575.82000000000005]
[4011217,"Sub-base de concreto adensado por vibração - areia extraída e brita produzida","m³",371.43]
[4011214,"Sub-base de concreto compactado com rolo - brita comercial","m³",433.28]
[4011213,"Sub-base de concreto compactado com rolo - brita produzida","m³",218.43]
[4011227,"Sub-base de solo estabilizado granulometricamente sem mistura com material de jazida","m³",12.02]
[4011302,"Sub-base de solo melhorado com 3% de cimento e mistura em usina com material de jazida","m³",87.49]
[4011300,"Sub-base de solo melhorado com 3% de cimento e mistura na pista com material de jazida","m³",76.489999999999995]
[4011306,"Sub-base de solo-cal com 7% de cal e mistura na pista com material de jazida","m³",134.22999999999999]
[4011303,"Sub-base de solo-cimento com 7% de cimento e mistura em usina com material de jazida","m³",168.48]
[4011301,"Sub-base de solo-cimento com 7% de cimento e mistura na pista com material de jazida","m³",159.75]
[4011228,"Sub-base estabilizada granulometricamente com mistura de solos na pista com material de jazida","m³",13.3]
[4011229,"Sub-base estabilizada granulometricamente com mistura solo areia (70% - 30%) em usina com material de jazida e areia extraída","m³",32.049999999999997]
[4011231,"Sub-base estabilizada granulometricamente com mistura solo brita (70% - 30%) com 3% de cimento em usina com material de jazida e brita comercial","m³",169.3]
[4011230,"Sub-base estabilizada granulometricamente com mistura solo brita (70% - 30%) com 3% de cimento em usina com material de jazida e brita produzida","m³",111.65]
[4011235,"Sub-base estabilizada granulometricamente com mistura solo brita (70% - 30%) em usina com material de jazida e brita comercial","m³",109.39]
[4011234,"Sub-base estabilizada granulometricamente com mistura solo brita (70% - 30%) em usina com material de jazida e brita produzida","m³",49.95]
[4011233,"Sub-base estabilizada granulometricamente com mistura solo brita (70% - 30%) na pista com material de jazida e brita comercial","m³",95.83]
[4011232,"Sub-base estabilizada granulometricamente com mistura solo brita (70% - 30%) na pista com material de jazida e brita produzida","m³",36.39]
[4011372,"Tratamento superficial duplo com banho diluído - brita comercial","m²",7.42]
[4011371,"Tratamento superficial duplo com banho diluído - brita produzida","m²",4.09]
[4011378,"Tratamento superficial duplo com banho diluído com emulsão com polímero - brita comercial","m²",7.42]
[4011377,"Tratamento superficial duplo com banho diluído com emulsão com polímero - brita produzida","m²",4.09]
[4011368,"Tratamento superficial duplo com CAP - brita comercial","m²",6.27]
[4011367,"Tratamento superficial duplo com CAP - brita produzida","m²",2.93]
[4011374,"Tratamento superficial duplo com CAP com polímero - brita comercial","m²",6.27]
[4011373,"Tratamento superficial duplo com CAP com polímero - brita produzida","m²",2.93]
[4011370,"Tratamento superficial duplo com emulsão - brita comercial","m²",6.89]
[4011369,"Tratamento superficial duplo com emulsão - brita produzida","m²",3.56]
[4011376,"Tratamento superficial duplo com emulsão com polímero - brita comercial","m²",6.89]
[4011375,"Tratamento superficial duplo com emulsão com polímero - brita produzida","m²",3.56]
[4011360,"Tratamento superficial simples com banho diluído - brita comercial","m²",2.56]
[4011359,"Tratamento superficial simples com banho diluído - brita produzida","m²",1.49]
[4011366,"Tratamento superficial simples com banho diluído com emulsão com polímero - brita comercial","m²",2.56]
[4011365,"Tratamento superficial simples com banho diluído com emulsão com polímero - brita produzida","m²",1.49]
[4011356,"Tratamento superficial simples com CAP - brita comercial","m²",2.08]
[4011355,"Tratamento superficial simples com CAP - brita produzida","m²",1.01]
[4011362,"Tratamento superficial simples com CAP com polímero - brita comercial","m²",2.08]
[4011361,"Tratamento superficial simples com CAP com polímero - brita produzida","m²",1.01]
[4011358,"Tratamento superficial simples com emulsão - brita comercial","m²",2.33]
[4011357,"Tratamento superficial simples com emulsão - brita produzida","m²",1.26]
[4011364,"Tratamento superficial simples com emulsão com polímero - brita comercial","m²",2.33]
[4011363,"Tratamento superficial simples com emulsão com polímero - brita produzida","m²",1.26]
[4011384,"Tratamento superficial triplo com banho diluído - brita comercial","m²",8.2899999999999991]
[4011383,"Tratamento superficial triplo com banho diluído - brita produzida","m²",4.4800000000000004]
[4011390,"Tratamento superficial triplo com banho diluído - emulsão com polímero - brita comercial","m²",8.2899999999999991]
[4011389,"Tratamento superficial triplo com banho diluído - emulsão com polímero - brita produzida","m²",4.4800000000000004]
[4011380,"Tratamento superficial triplo com CAP - brita comercial","m²",7.14]
[4011379,"Tratamento superficial triplo com CAP - brita produzida","m²",3.32]
[4011386,"Tratamento superficial triplo com CAP com polímero - brita comercial","m²",7.14]
[4011385,"Tratamento superficial triplo com CAP com polímero - brita produzida","m²",3.32]
[4011382,"Tratamento superficial triplo com emulsão - brita comercial","m²",7.76]
[4011381,"Tratamento superficial triplo com emulsão - brita produzida","m²",3.95]
[4011388,"Tratamento superficial triplo com emulsão com polímero - brita comercial","m²",7.76]
[4011387,"Tratamento superficial triplo com emulsão com polímero - brita produzida","m²",3.95]
[4011212,"Varredura da superfície para execução de revestimento asfáltico","m²",7.0000000000000007E-2]
[4208197,"Ancoragem fixa para estais de 12 cordoalhas D = 15,7 mm - inclusive injeção de cera","un",13261.29]
[4208158,"Ancoragem fixa para estais de 19 cordoalhas D = 15,7 mm - inclusive injeção de cera","un",17721.97]
[4208198,"Ancoragem fixa para estais de 22 cordoalhas D = 15,7 mm - inclusive injeção de cera","un",18776.080000000002]
[4208159,"Ancoragem fixa para estais de 31 cordoalhas D = 15,7 mm - inclusive injeção de cera","un",28459.4]
[4208160,"Ancoragem fixa para estais de 37 cordoalhas D = 15,7 mm - inclusive injeção de cera","un",33778.9]
[4208199,"Ancoragem fixa para estais de 43 cordoalhas D = 15,7 mm - inclusive injeção de cera","un",39104.699999999997]
[4208161,"Ancoragem fixa para estais de 55 cordoalhas D = 15,7 mm - inclusive injeção de cera","un",49540.47]
[4208162,"Ancoragem fixa para estais de 61 cordoalhas D = 15,7 mm - inclusive injeção de cera","un",54873.53]
[4208163,"Ancoragem fixa para estais de 73 cordoalhas D = 15,7 mm - inclusive injeção de cera","un",69540.03]
[4208200,"Ancoragem fixa para estais de 85 cordoalhas D = 15,7 mm - inclusive injeção de cera","un",75974.960000000006]
[4208164,"Ancoragem fixa para estais de 91 cordoalhas D = 15,7 mm - inclusive injeção de cera","un",89468.49]
[4208201,"Ancoragem regulável para estais de 12 cordoalhas D = 15,7 mm - inclusive protensão, injeção de cera e regulagem final","un",21227.46]
[4208151,"Ancoragem regulável para estais de 19 cordoalhas D = 15,7 mm - inclusive protensão, injeção de cera e regulagem final","un",29243.14]
[4208202,"Ancoragem regulável para estais de 22 cordoalhas D = 15,7 mm - inclusive protensão, injeção de cera e regulagem final","un",32491.37]
[4208152,"Ancoragem regulável para estais de 31 cordoalhas D = 15,7 mm - inclusive protensão, injeção de cera e regulagem final","un",46681.02]
[4208153,"Ancoragem regulável para estais de 37 cordoalhas D = 15,7 mm - inclusive protensão, injeção de cera e regulagem final","un",55332.09]
[4208203,"Ancoragem regulável para estais de 43 cordoalhas D = 15,7 mm - inclusive protensão, injeção de cera e regulagem final","un",64060.75]
[4208154,"Ancoragem regulável para estais de 55 cordoalhas D = 15,7 mm - inclusive protensão, injeção de cera e regulagem final","un",80859.48]
[4208155,"Ancoragem regulável para estais de 61 cordoalhas D = 15,7 mm - inclusive protensão, injeção de cera e regulagem final","un",89741.99]
[4208156,"Ancoragem regulável para estais de 73 cordoalhas D = 15,7 mm - inclusive protensão, injeção de cera e regulagem final","un",106801.11]
[4208204,"Ancoragem regulável para estais de 85 cordoalhas D = 15,7 mm - inclusive protensão, injeção de cera e regulagem final","un",124311.4]
[4208157,"Ancoragem regulável para estais de 91 cordoalhas D = 15,7 mm - inclusive protensão, injeção de cera e regulagem final","un",132764.14000000001]
[4208127,"Cordoalha para estais CP 177 RB D = 15,7 mm - fornecimento, preparo e colocação","kg",28.63]
[4208196,"Elevador de cremalheira - ascensão e ancoragem da torre a partir de 16 m com cada elevação de até 9 m - utilização de 50 vezes - inclusive desmontagem","un",2604.5500000000002]
[4208209,"Elevador de cremalheira - montagem e desmontagem até a altura de 16 m - exceto fundações","un",10631.44]
[4208206,"Elevador de cremalheira com cabine simples, com capacidade de 1.500 kg e altura de até 100 m - operação","h",129.63999999999999]
[4208210,"Grua fixa - montagem e desmontagem até a altura de 60 m - exceto fundações","un",23938.42]
[4208195,"Grua fixa - telescopagem e ancoragem da torre a partir de 60 m com cada elevação de até 18 m - inclusive desmontagem","un",12738.99]
[4208208,"Grua fixa com altura de 60 a 102 m, com alcance de 60 m e capacidade de 1.500 kg na ponta da lança - operação","h",552.16]
[4208135,"Tubo antivandalismo em aço galvanizado para estais de 12 cordoalhas D = 15,7 mm - fornecimento e instalação","m",2018.58]
[4208136,"Tubo antivandalismo em aço galvanizado para estais de 19 cordoalhas D = 15,7 mm - fornecimento e instalação","m",2304.7800000000002]
[4208137,"Tubo antivandalismo em aço galvanizado para estais de 22 cordoalhas D = 15,7 mm - fornecimento e instalação","m",2495.5700000000002]
[4208138,"Tubo antivandalismo em aço galvanizado para estais de 31 cordoalhas D = 15,7 mm - fornecimento e instalação","m",2977.86]
[4208139,"Tubo antivandalismo em aço galvanizado para estais de 37 cordoalhas D = 15,7 mm - fornecimento e instalação","m",2986.09]
[4208140,"Tubo antivandalismo em aço galvanizado para estais de 43 cordoalhas D = 15,7 mm - fornecimento e instalação","m",3713.46]
[4208141,"Tubo antivandalismo em aço galvanizado para estais de 55 cordoalhas D = 15,7 mm - fornecimento e instalação","m",3732.56]
[4208212,"Tubo antivandalismo em aço galvanizado para estais de 61 cordoalhas D = 15,7 mm - fornecimento e instalação","m",3734.25]
[4208213,"Tubo antivandalismo em aço galvanizado para estais de 73 cordoalhas D = 15,7 mm - fornecimento e instalação","m",4301.5]
[4208214,"Tubo antivandalismo em aço galvanizado para estais de 85 cordoalhas D = 15,7 mm - fornecimento e instalação","m",4858]
[4208215,"Tubo antivandalismo em aço galvanizado para estais de 91 cordoalhas D = 15,7 mm - fornecimento e instalação","m",4874.04]
[4208216,"Tubo fôrma lado fixo em aço galvanizado para estais de 12 cordoalhas D = 15,7 mm - fornecimento e instalação","m",2206.6799999999998]
[4208217,"Tubo fôrma lado fixo em aço galvanizado para estais de 19 cordoalhas D = 15,7 mm - fornecimento e instalação","m",2516.75]
[4208218,"Tubo fôrma lado fixo em aço galvanizado para estais de 22 cordoalhas D = 15,7 mm - fornecimento e instalação","m",3188.64]
[4208219,"Tubo fôrma lado fixo em aço galvanizado para estais de 31 cordoalhas D = 15,7 mm - fornecimento e instalação","m",4240.34]
[4208220,"Tubo fôrma lado fixo em aço galvanizado para estais de 37 cordoalhas D = 15,7 mm - fornecimento e instalação","m",4502.9799999999996]
[4208221,"Tubo fôrma lado fixo em aço galvanizado para estais de 43 cordoalhas D = 15,7 mm - fornecimento e instalação","m",5929.08]
[4208222,"Tubo fôrma lado fixo em aço galvanizado para estais de 55 cordoalhas D = 15,7 mm - fornecimento e instalação","m",7465.32]
[4208223,"Tubo fôrma lado fixo em aço galvanizado para estais de 61 cordoalhas D = 15,7 mm - fornecimento e instalação","m",7467.8]
[4208224,"Tubo fôrma lado fixo em aço galvanizado para estais de 73 cordoalhas D = 15,7 mm - fornecimento e instalação","m",8739.66]
[4208225,"Tubo fôrma lado fixo em aço galvanizado para estais de 85 cordoalhas D = 15,7 mm - fornecimento e instalação","m",9633.17]
[4208226,"Tubo fôrma lado fixo em aço galvanizado para estais de 91 cordoalhas D = 15,7 mm - fornecimento e instalação","m",10057.049999999999]
[4208227,"Tubo fôrma lado regulável em aço galvanizado para estais de 12 cordoalhas D = 15,7 mm - fornecimento e instalação","m",1908.24]
[4208228,"Tubo fôrma lado regulável em aço galvanizado para estais de 19 cordoalhas D = 15,7 mm - fornecimento e instalação","m",2200.88]
[4208229,"Tubo fôrma lado regulável em aço galvanizado para estais de 22 cordoalhas D = 15,7 mm - fornecimento e instalação","m",2782.4]
[4208230,"Tubo fôrma lado regulável em aço galvanizado para estais de 31 cordoalhas D = 15,7 mm - fornecimento e instalação","m",3703.92]
[4208231,"Tubo fôrma lado regulável em aço galvanizado para estais de 37 cordoalhas D = 15,7 mm - fornecimento e instalação","m",3936.35]
[4208232,"Tubo fôrma lado regulável em aço galvanizado para estais de 43 cordoalhas D = 15,7 mm - fornecimento e instalação","m",5179.42]
[4208233,"Tubo fôrma lado regulável em aço galvanizado para estais de 55 cordoalhas D = 15,7 mm - fornecimento e instalação","m",6517.72]
[4208234,"Tubo fôrma lado regulável em aço galvanizado para estais de 61 cordoalhas D = 15,7 mm - fornecimento e instalação","m",6519.99]
[4208235,"Tubo fôrma lado regulável em aço galvanizado para estais de 73 cordoalhas D = 15,7 mm - fornecimento e instalação","m",7633.98]
[4208236,"Tubo fôrma lado regulável em aço galvanizado para estais de 85 cordoalhas D = 15,7 mm - fornecimento e instalação","m",8691.5400000000009]
[4208237,"Tubo fôrma lado regulável em aço galvanizado para estais de 91 cordoalhas D = 15,7 mm - fornecimento e instalação","m",8793.39]
[4208128,"Tubo PEAD para estais - D = 110 mm - fornecimento e instalação","m",220.74]
[4208129,"Tubo PEAD para estais - D = 140 mm - fornecimento e instalação","m",245.15]
[4208130,"Tubo PEAD para estais - D = 160 mm - fornecimento e instalação","m",288.97000000000003]
[4208131,"Tubo PEAD para estais - D = 180 mm - fornecimento e instalação","m",338.35]
[4208132,"Tubo PEAD para estais - D = 200 mm - fornecimento e instalação","m",387.89]
[4208133,"Tubo PEAD para estais - D = 225 mm - fornecimento e instalação","m",437.92]
[4208134,"Tubo PEAD para estais - D = 250 mm - fornecimento e instalação","m",488.77]
[4208238,"Tubo PEAD para estais - D = 280 mm - fornecimento e instalação","m",521.28]
[4208239,"Tubo PEAD para estais - D = 315 mm - fornecimento e instalação","m",563.52]
[4413920,"Adubação de cobertura por equipamento de hidrossemeadura em áreas de semeadura via seca ou de hidrossemeadura","m²",0.6]
[4413024,"Adubação manual de cobertura em áreas de enleivamento ou de plantio de mudas de gramíneas","m²",0.43]
[4413022,"Adubação manual de cobertura em áreas de semeadura via seca ou de hidrossemeadura","m²",0.68]
[4413020,"Barreira arbórea para tratamento acústico das áreas lindeiras da faixa de domínio – densidade de plantio de 1,0 m entre mudas","m",38.42]
[4413013,"Cerca de passagem de fauna com tela de alambrado sobre mureta de blocos de concreto - H = 20 cm - mourões de madeira a cada 2,5 m e esticador a cada 50 m","m",92.4]
[4413019,"Cerca viva para tratamento acústico das áreas lindeiras da faixa de domínio – densidade de plantio de 1,0 m entre mudas","m",41.26]
[4413026,"Dique de bambu para controle de erosão de taludes","m²",246.43]
[4413996,"Enleivamento","m²",9.66]
[4413942,"Espalhamento de material em bota-fora","m³",2.08]
[4413018,"Fixação de tela eletrossoldada em talude para lançamento de argamassa ou concreto projetado","kg",13.84]
[4413905,"Hidrossemeadura","m²",6.55]
[4413987,"Irrigação de área plantada para proteção vegetal do corpo estradal","m²",0.35]
[4413995,"Obtenção de grama para replantio","m²",2.86]
[4413994,"Passagem aérea de animais com rede de cabos de aço e sisal apoiadas em 6 postes de concreto de 15 m - extensão total de 100 m","m",649.89]
[4413200,"Plantio de grama comercial em placas","m²",15.55]
[4413990,"Plantio de muda de arbusto com altura até 0,50 m em cova de 0,40 x 0,40 x 0,40 m","un",41.26]
[4413989,"Plantio de muda de árvore com altura de 0,30 a 0,80 m em cova de 0,60 x 0,60 x 0,60 m","un",38.42]
[4413951,"Plantio de muda de árvore frutífera com altura até 1,00 m em cova de 0,60 x 0,60 x 0,60 m","un",59.29]
[4413950,"Plantio de muda de árvore frutífera com altura de 1,00 a 2,00 m em cova de 0,60 x 0,60 x 0,60 m","un",107.4]
[4413949,"Plantio de muda de árvore frutífera com altura de 2,00 a 3,00 m em cova de 0,60 x 0,60 x 0,60 m","un",230.75]
[4413948,"Plantio de muda de árvore ornamental com altura até 1,00 m em cova de 0,60 x 0,60 x 0,60 m","un",51.21]
[4413947,"Plantio de muda de árvore ornamental com altura de 1,00 a 2,00 m em cova de 0,60 x 0,60 x 0,60 m","un",105.05]
[4413946,"Plantio de muda de árvore ornamental com altura de 2,00 a 3,00 m em cova de 0,60 x 0,60 x 0,60 m","un",125.19]
[4413952,"Plantio de tapete de floríferas com altura até 0,50 m","m²",78.56]
[4413012,"Preenchimento de erosão em talude com terra vegetal e sementes de gramíneas ensacadas","m³",403.98]
[4413014,"Recuperação ambiental de pedreiras ou áreas degradadas com biomanta vegetal de fibras de coco","m²",16.75]
[4413016,"Recuperação ambiental de pedreiras ou áreas degradadas com biomanta vegetal de fibras de palha em áreas com inclinação máxima de 1:1,5","m²",10.39]
[4413984,"Regularização de bota-fora com espalhamento e compactação","m³",4.07]
[4413986,"Regularização de superfície com motoniveladora","m²",7.0000000000000007E-2]
[4413985,"Regularização manual de taludes de cortes e aterros","m²",22.5]
[4413017,"Retentores de sedimentos em fibras vegetais - D = 20 cm","m",65.8]
[4415673,"Revestimento vegetal com grama em mudas em superfícies inclinadas","m²",7.86]
[4415684,"Revestimento vegetal com grama em mudas em superfícies planas","m²",4.4800000000000004]
[4413993,"Revestimento vegetal por semeadura a lanço manual de gramíneas e leguminosas","m²",0.63]
[4507754,"Ancoragem ativa com 10 cordoalhas aderentes D = 12,7 mm - fornecimento e instalação","un",901.47]
[4507738,"Ancoragem ativa com 10 cordoalhas aderentes D = 15,2 mm - fornecimento e instalação","un",1221.6199999999999]
[4507755,"Ancoragem ativa com 12 cordoalhas aderentes D = 12,7 mm - fornecimento e instalação","un",1125.72]
[4507756,"Ancoragem ativa com 12 cordoalhas aderentes D = 15,2 mm - fornecimento e instalação","un",1479.44]
[4507757,"Ancoragem ativa com 15 cordoalhas aderentes D = 12,7 mm - fornecimento e instalação","un",1564.71]
[4507758,"Ancoragem ativa com 15 cordoalhas aderentes D = 15,2 mm - fornecimento e instalação","un",1944.76]
[4507759,"Ancoragem ativa com 19 cordoalhas aderentes D = 12,7 mm - fornecimento e instalação","un",1971]
[4507760,"Ancoragem ativa com 19 cordoalhas aderentes D = 15,2 mm - fornecimento e instalação","un",2508.54]
[4507761,"Ancoragem ativa com 22 cordoalhas aderentes D = 12,7 mm - fornecimento e instalação","un",2544.9]
[4507762,"Ancoragem ativa com 22 cordoalhas aderentes D = 15,2 mm - fornecimento e instalação","un",3248.41]
[4507763,"Ancoragem ativa com 27 cordoalhas aderentes D = 12,7 mm - fornecimento e instalação","un",3100.75]
[4507764,"Ancoragem ativa com 27 cordoalhas aderentes D = 15,2 mm - fornecimento e instalação","un",4221]
[4507765,"Ancoragem ativa com 31 cordoalhas aderentes D = 12,7 mm - fornecimento e instalação","un",3347.55]
[4508192,"Ancoragem ativa com 31 cordoalhas aderentes D = 15,2 mm - fornecimento e instalação","un",6130.54]
[4507766,"Ancoragem ativa com 4 cordoalhas aderentes D = 12,7 mm - fornecimento e instalação","un",423.72]
[4507767,"Ancoragem ativa com 4 cordoalhas aderentes D = 15,2 mm - fornecimento e instalação","un",519.85]
[4507768,"Ancoragem ativa com 6 cordoalhas aderentes D = 12,7 mm - fornecimento e instalação","un",543.59]
[4507769,"Ancoragem ativa com 6 cordoalhas aderentes D = 15,2 mm - fornecimento e instalação","un",686.59]
[4507770,"Ancoragem ativa com 7 cordoalhas aderentes D = 12,7 mm - fornecimento e instalação","un",621.88]
[4507771,"Ancoragem ativa com 7 cordoalhas aderentes D = 15,2 mm - fornecimento e instalação","un",799.76]
[4507772,"Ancoragem ativa com 8 cordoalhas aderentes D = 12,7 mm - fornecimento e instalação","un",726.18]
[4508193,"Ancoragem ativa com 8 cordoalhas aderentes D = 15,2 mm - fornecimento e instalação","un",921.02]
[4507773,"Ancoragem ativa com 9 cordoalhas aderentes D = 12,7 mm - fornecimento e instalação","un",814.21]
[4507774,"Ancoragem ativa com 9 cordoalhas aderentes D = 15,2 mm - fornecimento e instalação","un",1095.05]
[4507775,"Ancoragem ativa para lajes com 1 cordoalha aderente D = 12,7 mm - fornecimento e instalação","un",102.72]
[4507776,"Ancoragem ativa para lajes com 1 cordoalha aderente D = 15,2 mm - fornecimento e instalação","un",115.02]
[4507783,"Ancoragem ativa para lajes com 1 cordoalha engraxada D = 12,7 mm - fornecimento e instalação","un",82.28]
[4507784,"Ancoragem ativa para lajes com 1 cordoalha engraxada D = 15,2 mm - fornecimento e instalação","un",115.48]
[4507777,"Ancoragem ativa para lajes com 2 cordoalhas aderentes D = 12,7 mm - fornecimento e instalação","un",194.76]
[4507778,"Ancoragem ativa para lajes com 2 cordoalhas aderentes D = 15,2 mm - fornecimento e instalação","un",247.41]
[4507779,"Ancoragem ativa para lajes com 3 cordoalhas aderentes D = 12,7 mm - fornecimento e instalação","un",264.58]
[4507780,"Ancoragem ativa para lajes com 3 cordoalhas aderentes D = 15,2 mm - fornecimento e instalação","un",318.08]
[4507781,"Ancoragem ativa para lajes com 4 cordoalhas aderentes D = 12,7 mm - fornecimento e instalação","un",345.52]
[4507782,"Ancoragem ativa para lajes com 4 cordoalhas aderentes D = 15,2 mm - fornecimento e instalação","un",413.01]
[4507785,"Ancoragem passiva com 10 cordoalhas aderentes D = 12,7 mm - fornecimento e instalação","un",150.65]
[4508194,"Ancoragem passiva com 10 cordoalhas aderentes D = 15,2 mm - fornecimento e instalação","un",162.31]
[4507786,"Ancoragem passiva com 12 cordoalhas aderentes D = 12,7 mm - fornecimento e instalação","un",174.22]
[4507787,"Ancoragem passiva com 12 cordoalhas aderentes D = 15,2 mm - fornecimento e instalação","un",185.95]
[4507788,"Ancoragem passiva com 15 cordoalhas aderentes D = 12,7 mm - fornecimento e instalação","un",237.42]
[4507789,"Ancoragem passiva com 15 cordoalhas aderentes D = 15,2 mm - fornecimento e instalação","un",261.43]
[4507790,"Ancoragem passiva com 19 cordoalhas aderentes D = 12,7 mm - fornecimento e instalação","un",290.58999999999997]
[4507791,"Ancoragem passiva com 19 cordoalhas aderentes D = 15,2 mm - fornecimento e instalação","un",321.08]
[4507792,"Ancoragem passiva com 22 cordoalhas aderentes D = 12,7 mm - fornecimento e instalação","un",387.05]
[4507793,"Ancoragem passiva com 22 cordoalhas aderentes D = 15,2 mm - fornecimento e instalação","un",397.09]
[4507794,"Ancoragem passiva com 27 cordoalhas aderentes D = 12,7 mm - fornecimento e instalação","un",536.37]
[4507795,"Ancoragem passiva com 27 cordoalhas aderentes D = 15,2 mm - fornecimento e instalação","un",572.59]
[4507796,"Ancoragem passiva com 31 cordoalhas aderentes D = 12,7 mm - fornecimento e instalação","un",619.72]
[4508190,"Ancoragem passiva com 31 cordoalhas aderentes D = 15,2 mm - fornecimento e instalação","un",706.07]
[4507797,"Ancoragem passiva com 4 cordoalhas aderentes D = 12,7 mm - fornecimento e instalação","un",65.59]
[4507798,"Ancoragem passiva com 4 cordoalhas aderentes D = 15,2 mm - fornecimento e instalação","un",68.680000000000007]
[4507799,"Ancoragem passiva com 6 cordoalhas aderentes D = 12,7 mm - fornecimento e instalação","un",96.92]
[4507800,"Ancoragem passiva com 6 cordoalhas aderentes D = 15,2 mm - fornecimento e instalação","un",101.43]
[4507801,"Ancoragem passiva com 7 cordoalhas aderentes D = 12,7 mm - fornecimento e instalação","un",116.08]
[4507802,"Ancoragem passiva com 7 cordoalhas aderentes D = 15,2 mm - fornecimento e instalação","un",120.59]
[4507803,"Ancoragem passiva com 8 cordoalhas aderentes D = 12,7 mm - fornecimento e instalação","un",116.48]
[4508191,"Ancoragem passiva com 8 cordoalhas aderentes D = 15,2 mm - fornecimento e instalação","un",120.99]
[4507804,"Ancoragem passiva com 9 cordoalhas aderentes D = 12,7 mm - fornecimento e instalação","un",144.76]
[4507805,"Ancoragem passiva com 9 cordoalhas aderentes D = 15,2 mm - fornecimento e instalação","un",151.94]
[4507806,"Ancoragem passiva para lajes com 1 cordoalha aderente D = 12,7 mm - fornecimento e instalação","un",27.22]
[4507807,"Ancoragem passiva para lajes com 1 cordoalha aderente D = 15,2 mm - fornecimento e instalação","un",32.74]
[4507866,"Ancoragem passiva para lajes com 1 cordoalha engraxada D = 12,7 mm - fornecimento e instalação","un",77.099999999999994]
[4507867,"Ancoragem passiva para lajes com 1 cordoalha engraxada D = 15,2 mm - fornecimento e instalação","un",110.3]
[4507808,"Ancoragem passiva para lajes com 2 cordoalhas aderentes D = 12,7 mm - fornecimento e instalação","un",30.93]
[4507809,"Ancoragem passiva para lajes com 2 cordoalhas aderentes D = 15,2 mm - fornecimento e instalação","un",38.36]
[4507810,"Ancoragem passiva para lajes com 3 cordoalhas aderentes D = 12,7 mm - fornecimento e instalação","un",50.71]
[4507811,"Ancoragem passiva para lajes com 3 cordoalhas aderentes D = 15,2 mm - fornecimento e instalação","un",50.85]
[4507812,"Ancoragem passiva para lajes com 4 cordoalhas aderentes D = 12,7 mm - fornecimento e instalação","un",58.46]
[4507813,"Ancoragem passiva para lajes com 4 cordoalhas aderentes D = 15,2 mm - fornecimento e instalação","un",70.239999999999995]
[4507851,"Bainha metálica ovalizada seção 19 x 36 mm para 1 cordoalha D = 12,7 mm - fornecimento, instalação e injeção de nata de cimento","m",26.97]
[4507852,"Bainha metálica ovalizada seção 19 x 36 mm para 2 cordoalhas D = 12,7 mm - fornecimento, instalação e injeção de nata de cimento","m",26.77]
[4507853,"Bainha metálica ovalizada seção 19 x 48 mm para 3 cordoalhas D = 12,7 mm - fornecimento, instalação e injeção de nata de cimento","m",30.04]
[4507854,"Bainha metálica ovalizada seção 19 x 62 mm para 4 cordoalhas D = 12,7 mm - fornecimento, instalação e injeção de nata de cimento","m",32.83]
[4507855,"Bainha metálica ovalizada seção 22 x 32 mm para 1 cordoalha D = 15,2 mm - fornecimento, instalação e injeção de nata de cimento","m",26.56]
[4507856,"Bainha metálica ovalizada seção 22 x 32 mm para 2 cordoalhas D = 15,2 mm - fornecimento, instalação e injeção de nata de cimento","m",26.27]
[4507857,"Bainha metálica ovalizada seção 22 x 55 mm para 3 cordoalhas D = 15,2 mm - fornecimento, instalação e injeção de nata de cimento","m",31.6]
[4507858,"Bainha metálica ovalizada seção 22 x 73 mm para 4 cordoalhas D = 15,2 mm - fornecimento, instalação e injeção de nata de cimento","m",35.700000000000003]
[4508177,"Bainha metálica redonda D = 100 mm para 21 cordoalhas D = 15,2 mm - fornecimento, instalação e injeção de nata de cimento","m",72.19]
[4508178,"Bainha metálica redonda D = 100 mm para 22 cordoalhas D = 15,2 mm - fornecimento, instalação e injeção de nata de cimento","m",71.89]
[4507821,"Bainha metálica redonda D = 100 mm para 24 cordoalhas D = 15,2 mm - fornecimento, instalação e injeção de nata de cimento","m",71.3]
[4507822,"Bainha metálica redonda D = 100 mm para 25 cordoalhas D = 15,2 mm - fornecimento, instalação e injeção de nata de cimento","m",71.010000000000005]
[4507823,"Bainha metálica redonda D = 100 mm para 30 cordoalhas D = 12,7 mm - fornecimento, instalação e injeção de nata de cimento","m",72.2]
[4508188,"Bainha metálica redonda D = 100 mm para 31 cordoalhas D = 12,7 mm - fornecimento, instalação e injeção de nata de cimento","m",72]
[4507824,"Bainha metálica redonda D = 110 mm para 27 cordoalhas D = 15,2 mm - fornecimento, instalação e injeção de nata de cimento","m",79.989999999999995]
[4507825,"Bainha metálica redonda D = 110 mm para 37 cordoalhas D = 12,7 mm - fornecimento, instalação e injeção de nata de cimento","m",80.33]
[4507826,"Bainha metálica redonda D = 120 mm para 30 cordoalhas D = 15,2 mm - fornecimento, instalação e injeção de nata de cimento","m",87.41]
[4508179,"Bainha metálica redonda D = 120 mm para 31 cordoalhas D = 15,2 mm - fornecimento, instalação e injeção de nata de cimento","m",87.12]
[4507827,"Bainha metálica redonda D = 130 mm para 37 cordoalhas D = 15,2 mm - fornecimento, instalação e injeção de nata de cimento","m",93.63]
[4508180,"Bainha metálica redonda D = 30 mm para 2 cordoalhas D = 12,7 mm - fornecimento, instalação e injeção de nata de cimento","m",25.86]
[4507739,"Bainha metálica redonda D = 35 mm para 2 cordoalhas D = 15,2 mm - fornecimento, instalação e injeção de nata de cimento","m",27.48]
[4508181,"Bainha metálica redonda D = 35 mm para 3 cordoalhas D = 12,7 mm - fornecimento, instalação e injeção de nata de cimento","m",27.45]
[4508125,"Bainha metálica redonda D = 40 mm para 3 cordoalhas D = 15,2 mm - fornecimento, instalação e injeção de nata de cimento","m",29.9]
[4507828,"Bainha metálica redonda D = 40 mm para 4 cordoalhas D = 12,7 mm - fornecimento, instalação e injeção de nata de cimento","m",29.96]
[4507829,"Bainha metálica redonda D = 45 mm para 4 cordoalhas D = 15,2 mm - fornecimento, instalação e injeção de nata de cimento","m",32.630000000000003]
[4508182,"Bainha metálica redonda D = 45 mm para 5 cordoalhas D = 12,7 mm - fornecimento, instalação e injeção de nata de cimento","m",32.78]
[4508092,"Bainha metálica redonda D = 50 mm para 5 cordoalhas D = 15,2 mm - fornecimento, instalação e injeção de nata de cimento","m",35.17]
[4507830,"Bainha metálica redonda D = 50 mm para 6 cordoalhas D = 12,7 mm - fornecimento, instalação e injeção de nata de cimento","m",35.409999999999997]
[4508183,"Bainha metálica redonda D = 55 mm para 7 cordoalhas D = 12,7 mm - fornecimento, instalação e injeção de nata de cimento","m",41.95]
[4507831,"Bainha metálica redonda D = 55 mm para 8 cordoalhas D = 12,7 mm - fornecimento, instalação e injeção de nata de cimento","m",38.270000000000003]
[4507832,"Bainha metálica redonda D = 60 mm para 6 cordoalhas D = 15,2 mm - fornecimento, instalação e injeção de nata de cimento","m",42.73]
[4507833,"Bainha metálica redonda D = 60 mm para 9 cordoalhas D = 12,7 mm - fornecimento, instalação e injeção de nata de cimento","m",42.64]
[4507834,"Bainha metálica redonda D = 65 mm para 10 cordoalhas D = 12,7 mm - fornecimento, instalação e injeção de nata de cimento","m",45.17]
[4508184,"Bainha metálica redonda D = 65 mm para 11 cordoalhas D = 12,7 mm - fornecimento, instalação e injeção de nata de cimento","m",44.96]
[4507835,"Bainha metálica redonda D = 65 mm para 12 cordoalhas D = 12,7 mm - fornecimento, instalação e injeção de nata de cimento","m",44.76]
[4508174,"Bainha metálica redonda D = 65 mm para 7 cordoalhas D = 15,2 mm - fornecimento, instalação e injeção de nata de cimento","m",45.16]
[4507836,"Bainha metálica redonda D = 65 mm para 8 cordoalhas D = 15,2 mm - fornecimento, instalação e injeção de nata de cimento","m",44.87]
[4507837,"Bainha metálica redonda D = 70 mm para 15 cordoalhas D = 12,7 mm - fornecimento, instalação e injeção de nata de cimento","m",48.02]
[4507838,"Bainha metálica redonda D = 70 mm para 9 cordoalhas D = 15,2 mm - fornecimento, instalação e injeção de nata de cimento","m",48.45]
[4507839,"Bainha metálica redonda D = 75 mm para 10 cordoalhas D = 15,2 mm - fornecimento, instalação e injeção de nata de cimento","m",50.9]
[4508175,"Bainha metálica redonda D = 75 mm para 11 cordoalhas D = 15,2 mm - fornecimento, instalação e injeção de nata de cimento","m",50.6]
[4507840,"Bainha metálica redonda D = 75 mm para 16 cordoalhas D = 12,7 mm - fornecimento, instalação e injeção de nata de cimento","m",50.55]
[4507841,"Bainha metálica redonda D = 75 mm para 18 cordoalhas D = 12,7 mm - fornecimento, instalação e injeção de nata de cimento","m",50.14]
[4507842,"Bainha metálica redonda D = 80 mm para 12 cordoalhas D = 15,2 mm - fornecimento, instalação e injeção de nata de cimento","m",54.98]
[4508185,"Bainha metálica redonda D = 80 mm para 19 cordoalhas D = 12,7 mm - fornecimento, instalação e injeção de nata de cimento","m",54.61]
[4507843,"Bainha metálica redonda D = 80 mm para 20 cordoalhas D = 12,7 mm - fornecimento, instalação e injeção de nata de cimento","m",54.41]
[4507844,"Bainha metálica redonda D = 85 mm para 15 cordoalhas D = 15,2 mm - fornecimento, instalação e injeção de nata de cimento","m",58.07]
[4508186,"Bainha metálica redonda D = 85 mm para 21 cordoalhas D = 12,7 mm - fornecimento, instalação e injeção de nata de cimento","m",58.17]
[4508187,"Bainha metálica redonda D = 85 mm para 22 cordoalhas D = 12,7 mm - fornecimento, instalação e injeção de nata de cimento","m",57.96]
[4507845,"Bainha metálica redonda D = 85 mm para 24 cordoalhas D = 12,7 mm - fornecimento, instalação e injeção de nata de cimento","m",57.55]
[4507846,"Bainha metálica redonda D = 85 mm para 25 cordoalhas D = 12,7 mm - fornecimento, instalação e injeção de nata de cimento","m",57.34]
[4507847,"Bainha metálica redonda D = 90 mm para 16 cordoalhas D = 15,2 mm - fornecimento, instalação e injeção de nata de cimento","m",65.22]
[4507848,"Bainha metálica redonda D = 90 mm para 18 cordoalhas D = 15,2 mm - fornecimento, instalação e injeção de nata de cimento","m",64.63]
[4507849,"Bainha metálica redonda D = 90 mm para 27 cordoalhas D = 12,7 mm - fornecimento, instalação e injeção de nata de cimento","m",64.38]
[4508176,"Bainha metálica redonda D = 95 mm para 19 cordoalhas D = 15,2 mm - fornecimento, instalação e injeção de nata de cimento","m",68.819999999999993]
[4507850,"Bainha metálica redonda D = 95 mm para 20 cordoalhas D = 15,2 mm - fornecimento, instalação e injeção de nata de cimento","m",68.53]
[4507956,"Cordoalha CP 190 RB D = 12,7 mm - fornecimento e instalação","kg",12.17]
[4507957,"Cordoalha CP 190 RB D = 15,2 mm - fornecimento e instalação","kg",12.15]
[4507958,"Cordoalha engraxada CP 190 RB D = 12,7 mm - fornecimento e instalação","kg",15.87]
[4507959,"Cordoalha engraxada CP 190 RB D = 15,2 mm - fornecimento e instalação","kg",15.87]
[4516138,"Gaiola metálica em cantoneira para armazenamento e manipulação de cordoalha - confecção","kg",10.43]
[4516137,"Nicho de madeira para dispositivo de ancoragem de protensão - confecção e instalação","m²",148.97]
[4805755,"Apiloamento manual","m³",31.72]
[4805756,"Apiloamento manual de superfície com espessura de 15 cm","m²",4.76]
[4816020,"Areia extraída com draga de sucção tipo bomba","m³",12.37]
[4816019,"Areia extraída com escavadeira hidráulica de longo alcance","m³",7.66]
[4816018,"Areia extraída com trator e carregadeira","m³",5.24]
[4816012,"Brita produzida em central de britagem de 80 m³/h","m³",55.76]
[4815805,"Calandragem de chapa metálica com espessura de 3 mm","m²",13.71]
[4815802,"Calandragem de chapa metálica com espessura de 5 mm","m²",20.239999999999998]
[4805754,"Compactação manual com soquete vibratório","m³",6.93]
[4816145,"Confecção de canaleta meia cana D = 0,30 m - areia e brita comerciais","m",29.39]
[4816144,"Confecção de canaleta meia cana D = 0,30 m - areia extraída e brita produzida","m",26.18]
[4816147,"Confecção de canaleta meia cana D = 0,40 m - areia e brita comerciais","m",41.84]
[4816146,"Confecção de canaleta meia cana D = 0,40 m - areia extraída e brita produzida","m",36.06]
[4816121,"Confecção de tubos de concreto D = 0,20 m - areia e brita comerciais","m",35.04]
[4816120,"Confecção de tubos de concreto D = 0,20 m - areia extraída e brita produzida","m",30.54]
[4816123,"Confecção de tubos de concreto D = 0,30 m - areia e brita comerciais","m",46.53]
[4816122,"Confecção de tubos de concreto D = 0,30 m - areia extraída e brita produzida","m",40.11]
[4816125,"Confecção de tubos de concreto D = 0,40 m - areia e brita comerciais","m",67.819999999999993]
[4816124,"Confecção de tubos de concreto D = 0,40 m - areia extraída e brita produzida","m",56.26]
[4816022,"Confecção de tubos de concreto D = 0,50 m - areia e brita comerciais","m",93]
[4816021,"Confecção de tubos de concreto D = 0,50 m - areia extraída e brita produzida","m",75.03]
[4816106,"Confecção de tubos de concreto perfurado D = 0,20 m - areia e brita comerciais","m",36.1]
[4816105,"Confecção de tubos de concreto perfurado D = 0,20 m - areia extraída e brita produzida","m",31.6]
[4816108,"Confecção de tubos de concreto perfurado D = 0,30 m - areia e brita comerciais","m",47.59]
[4816107,"Confecção de tubos de concreto perfurado D = 0,30 m - areia extraída e brita produzida","m",41.16]
[4816110,"Confecção de tubos de concreto perfurado D = 0,40 m - areia e brita comerciais","m",68.88]
[4816109,"Confecção de tubos de concreto perfurado D = 0,40 m - areia extraída e brita produzida","m",57.31]
[4816100,"Confecção de tubos de concreto poroso D = 0,20 m - areia e brita comerciais","m",35.93]
[4816099,"Confecção de tubos de concreto poroso D = 0,20 m - areia extraída e brita produzida","m",32.83]
[4816102,"Confecção de tubos de concreto poroso D = 0,30 m - areia e brita comerciais","m",46.41]
[4816101,"Confecção de tubos de concreto poroso D = 0,30 m - areia extraída e brita produzida","m",42.93]
[4816104,"Confecção de tubos de concreto poroso D = 0,40 m - areia e brita comerciais","m",67.709999999999994]
[4816103,"Confecção de tubos de concreto poroso D = 0,40 m - areia extraída e brita produzida","m",59.76]
[4815804,"Dobramento de chapas de alumínio com espessura de 1,5 mm e comprimento de dobra de até 500 mm","un",0.54]
[4816002,"Escavação de tunnel liner em material de 3ª categoria","m³",1349.86]
[4805765,"Escavação de vala em material de 3ª categoria","m³",204.04]
[4816000,"Escavação manual de tunnel liner em material de 1ª categoria","m³",454.2]
[4816001,"Escavação manual de tunnel liner em material de 2ª categoria","m³",778.23]
[4805749,"Escavação manual de vala em material de 1ª categoria","m³",75.010000000000005]
[4805751,"Escavação manual em material de 1ª categoria na profundidade de 1 a 2 m","m³",56.26]
[4805752,"Escavação manual em material de 1ª categoria na profundidade de 2 a 3 m","m³",67.510000000000005]
[4805753,"Escavação manual em material de 1ª categoria na profundidade de 3 a 4 m","m³",78.760000000000005]
[4805750,"Escavação manual em material de 1ª categoria na profundidade de até 1 m","m³",45.01]
[4805767,"Escavação manual em material de 2ª categoria na profundidade de 1 a 2 m","m³",75.59]
[4805769,"Escavação manual em material de 2ª categoria na profundidade de 2 a 3 m","m³",89.99]
[4805770,"Escavação manual em material de 2ª categoria na profundidade de 3 a 4 m","m³",104.38]
[4805760,"Escavação manual em material de 2ª categoria na profundidade de até 1 m","m³",61.19]
[4805757,"Escavação mecânica de vala em material de 1ª categoria","m³",7]
[4805762,"Escavação mecânica de vala em material de 2ª categoria","m³",8.4]
[4806395,"Fixação de parafuso em estrutura metálica","un",5.17]
[4816003,"Iluminação provisória para tunnel liner","m",37.51]
[4816017,"Material pétreo produzido em britador de mandíbulas móvel - camada final de aterro em rocha","m³",22.36]
[4816023,"Operação de mergulho autônomo em profundidade de até 20 m","h",237.12]
[4816025,"Operação de mergulho dependente em profundidade de 30 a 50 m - inclusive descompressão","h",440.74]
[4816024,"Operação de mergulho dependente em profundidade de até 30 m - inclusive descompressão","h",304.83]
[4816005,"Pedra de mão produzida manualmente","m³",85.59]
[4800400,"Preparo e regularização de terreno em desnível","m²",5.23]
[4816016,"Rachão ou pedra de mão produzida","m³",42.01]
[4800412,"Raspagem e limpeza de terreno plano","m²",4.5]
[4815671,"Reaterro e compactação com soquete vibratório","m³",16.559999999999999]
[4815803,"Rebordeamento de chapa metálica com espessura de 5 mm","m",7.84]
[4816011,"Recarga de cilindro com ar respirável para atividades de mergulho","m³",1521.21]
[4816014,"Rocha para britagem com perfuratriz manual","m³",52.01]
[4816010,"Rocha para britagem com perfuratriz sobre esteira","m³",37.68]
[4816015,"Rocha para britagem com perfuratriz sobre esteira - camada final de aterro em rocha","m³",22.33]
[4816119,"Selo de argila apiloado (solo local)","m³",35.94]
[4816004,"Ventilação provisória para tunnel liner","m",52.22]
[4915652,"Bico de adesão para injeção de adesivo estrutural à base de resina epóxi - fornecimento, instalação e retirada","un",8.48]
[4915651,"Bico de perfuração para injeção de adesivo estrutural à base de resina epóxi - fornecimento, instalação e retirada","un",9.2899999999999991]
[4915723,"Caiação manual com fixador de cal","m²",3.28]
[4915724,"Caiação mecanizada com fixador de cal","m²",2.14]
[4915637,"Capa selante - areia comercial","m²",1.05]
[4915779,"Capa selante - areia extraída","m²",0.65]
[4915638,"Capa selante - brita produzida","m²",0.78]
[4915636,"Capa selante - pedrisco comercial","m²",1.23]
[4915744,"Capina manual","m²",0.75]
[4915700,"Combate à exsudação - areia comercial","m²",1.22]
[4915590,"Combate à exsudação - areia extraída","m²",0.79]
[4915591,"Combate à exsudação - brita produzida","m²",0.92]
[4915701,"Combate à exsudação - pedrisco comercial","m²",1.39]
[4915703,"Correção de defeitos com mistura betuminosa","m³",103.53]
[4915705,"Correção de defeitos por fresagem descontínua do revestimento asfáltico - espessura de 5 cm","m³",123.99]
[4915743,"Corte e limpeza de áreas gramadas","m²",0.09]
[4915768,"Corte e remoção de árvores","m³",15.2]
[4915713,"Desobstrução de bueiro","m³",63.43]
[4915655,"Fresagem contínua de revestimento asfáltico - espessura de 3 cm","m³",86.1]
[4915656,"Fresagem contínua de revestimento asfáltico - espessura de 4 cm","m³",67.650000000000006]
[4915657,"Fresagem contínua de revestimento asfáltico - espessura de 5 cm","m³",56.59]
[4915658,"Fresagem contínua de revestimento asfáltico - espessura de 6 cm","m³",49.38]
[4915659,"Fresagem contínua de revestimento asfáltico - espessura de 7 cm","m³",44.37]
[4915660,"Fresagem contínua de revestimento asfáltico - espessura de 8 cm","m³",40.799999999999997]
[4915661,"Fresagem descontínua de revestimento asfáltico - espessura de 3 cm","m³",112.2]
[4915662,"Fresagem descontínua de revestimento asfáltico - espessura de 4 cm","m³",88.7]
[4915663,"Fresagem descontínua de revestimento asfáltico - espessura de 5 cm","m³",73.459999999999994]
[4915664,"Fresagem descontínua de revestimento asfáltico - espessura de 6 cm","m³",64.63]
[4915665,"Fresagem descontínua de revestimento asfáltico - espessura de 7 cm","m³",58.6]
[4915666,"Fresagem descontínua de revestimento asfáltico - espessura de 8 cm","m³",54.24]
[4915650,"Injeção de adesivo estrutural à base de resina epóxi de baixa viscosidade para tratamento de fissuras em estruturas de concreto - fornecimento e aplicação manual","kg",281.52]
[4915645,"Injeção de adesivo estrutural à base de resina epóxi de baixa viscosidade para tratamento de fissuras em estruturas de concreto - fornecimento e aplicação mecanizada","kg",205.85]
[4915712,"Limpeza de bueiro","m³",21.14]
[4915711,"Limpeza de descida d'água","m",1.41]
[4915790,"Limpeza de emulsão asfáltica ou asfalto diluído derramados na pista - remoção com minicarregadeira com vassoura e descarga livre","t",243.33]
[4915793,"Limpeza de líquidos combustíveis derramados na pista - remoção com minicarregadeira com vassoura e descarga livre","t",191.97]
[4915792,"Limpeza de material asfáltico derramado fora da pista - remoção com escavadeira hidráulica e caminhão basculante","t",86.91]
[4915718,"Limpeza de placa de sinalização","m²",9.1]
[4915672,"Limpeza de ponte","m",4.2300000000000004]
[4915708,"Limpeza de sarjeta e meio-fio","m",0.7]
[4915710,"Limpeza de vala de drenagem","m",4.2300000000000004]
[4915709,"Limpeza de valeta de corte","m",1.06]
[4915686,"Limpeza e desobstrução de dispositivos de drenagem em OAE","un",4.2300000000000004]
[4915687,"Limpeza e desobstrução de drenos de obras de contenção","un",2.64]
[4915634,"Limpeza e desobstrução mecanizada de bueiros com diâmetro acima de 1,00 até 1,50 m","m",62.17]
[4915633,"Limpeza e desobstrução mecanizada de bueiros com diâmetro de até 1,00 m","m",20.51]
[4915714,"Limpeza e enchimento com resina epóxi de fissuras niveladas com abertura máxima de 0,4 mm e profundidade de 20 mm em pavimento de concreto que não atravessam toda a espessura da placa","m",2.87]
[4915759,"Limpeza e remoção de vegetação junto aos aparelhos de apoio de OAE com o uso de herbicida","un",7.14]
[4915758,"Limpeza e remoção de vegetação nas juntas de dilatação com o uso de herbicida","m",4.26]
[4915640,"Limpeza e remoção manual de material retido em terra firme em OAE","m³",21.14]
[4915639,"Limpeza em superfície de concreto com escova de aço","m²",4.2300000000000004]
[4915695,"Limpeza, serragem e enchimento de fissuras niveladas com abertura entre 0,4 mm e 1,0 mm e profundidade de 25 mm em pavimento de concreto com CAP","m",6.73]
[4915696,"Limpeza, serragem e enchimento de fissuras niveladas com abertura entre 0,4 mm e 1,0 mm e profundidade de 25 mm em pavimento de concreto com CAP com polímero","m",6.73]
[4915694,"Limpeza, serragem e enchimento de fissuras niveladas com abertura entre 0,4 mm e 1,0 mm e profundidade de 25 mm em pavimento de concreto com selante elástico a frio","m",30.65]
[4915654,"Lixamento mecanizado em superfície de concreto","m²",11.38]
[4900001,"Material de base","m³",0]
[4915801,"Mistura betuminosa","m³",0]
[4916290,"Mistura betuminosa a frio executada em betoneira - faixa C - areia e brita comerciais","m³",479.27]
[4915765,"Poda de árvores com 5,0 m a 7,5 m de altura","m³",208.85]
[4915766,"Poda de árvores com 7,5 m a 10 m de altura","m³",122.59]
[4915764,"Poda de árvores com até 5 m de altura","m³",375.93]
[4915767,"Poda de árvores com mais de 10 m de altura","m³",80.56]
[4915777,"Reassentamento manual de meio-fio com material arrancado da pista","m",13.86]
[4915618,"Recomposição de camada granular do pavimento com material de jazida","m²",3.32]
[4915774,"Recomposição de erosão em corte ou aterro com material de jazida","m³",24.19]
[4915719,"Recomposição de placa de sinalização","m²",34.020000000000003]
[4915611,"Recomposição de revestimento primário com material de jazida","m³",11.25]
[4915733,"Recomposição manual de aterro com material de jazida","m³",40.19]
[4915734,"Recomposição mecanizada de aterro com material de jazida","m³",12.31]
[4915727,"Recomposição parcial de cerca com mourão de concreto - arame","m",10.84]
[4915726,"Recomposição parcial de cerca com mourão de concreto seção quadrada - mourão - areia e brita comerciais","m",26.99]
[4915594,"Recomposição parcial de cerca com mourão de concreto seção quadrada - mourão - areia extraída e brita produzida","m",24.85]
[4915729,"Recomposição parcial de cerca com mourão de concreto seção triangular - mourão - areia e brita comerciais","m",20.2]
[4915596,"Recomposição parcial de cerca com mourão de concreto seção triangular - mourão - areia extraída e brita comercial","m",19.260000000000002]
[4915732,"Recomposição parcial de cerca com mourão de madeira - arame","m",8.3699999999999992]
[4915731,"Recomposição parcial de cerca com mourão de madeira - mourão","m",17.940000000000001]
[4915725,"Recomposição total de cerca com mourão de concreto seção quadrada - areia e brita comerciais","m",32.29]
[4915593,"Recomposição total de cerca com mourão de concreto seção quadrada - areia extraída e brita produzida","m",30.15]
[4915728,"Recomposição total de cerca com mourão de concreto seção triangular - areia e brita comerciais","m",30.6]
[4915595,"Recomposição total de cerca com mourão de concreto seção triangular - areia extraída e brita produzida","m",29.66]
[4915730,"Recomposição total de cerca com mourão de madeira","m",25.49]
[4915598,"Reconformação da plataforma","m²",0.11]
[4915748,"Recuperação de desgaste superficial em pavimentos de concreto","m²",246.78]
[4915608,"Regularização de taludes e valas com soquete vibratório","m²",2.64]
[4915613,"Regularização mecânica da faixa de domínio","m²",0.18]
[4915692,"Remendo profundo com imprimação com asfalto diluído - demolição manual","m³",369.72]
[4915746,"Remendo profundo com imprimação com asfalto diluído - demolição mecânica e corte com serra","m³",287.68]
[4915630,"Remendo profundo com imprimação com emulsão asfáltica - demolição manual","m³",369.72]
[4915631,"Remendo profundo com imprimação com emulsão asfáltica - demolição mecânica e corte com serra","m³",287.68]
[4915785,"Remoção de animais de grande porte mortos em rodovia - carga e descarga com guindauto","t",398.88]
[4915786,"Remoção de animais de pequeno porte mortos em rodovia - carga manual","t",162.58000000000001]
[4915795,"Remoção de emborrachados de pneus em rodovia","t",345.24]
[4915800,"Remoção de espécimes arbóreos de 20 a 40 m tombados na pista","t",54.72]
[4915799,"Remoção de espécimes arbóreos de até 20 m tombados na pista","t",42.93]
[4915698,"Remoção de grãos, agregados e solos derramados na pista em rodovias","t",19.170000000000002]
[4915794,"Remoção de sucatas derramadas em rodovia - cinta com utilização de 100 vezes","t",602.36]
[4915789,"Remoção de veículos de grande porte incendiados em rodovia - carga e descarga com guindaste - cinta com utilização de 100 vezes","un",1685.17]
[4915798,"Remoção de veículos de grande porte tombados em rodovia - cinta com utilização de 100 vezes","un",1590.35]
[4915788,"Remoção de veículos de médio porte incendiados em rodovia - carga e descarga com guindaste - cinta com utilização de 100 vezes","un",1528.44]
[4915797,"Remoção de veículos de médio porte tombados em rodovia - cinta com utilização de 100 vezes","un",785.31]
[4915787,"Remoção de veículos de pequeno porte incendiados em rodovia - carga e descarga com guindauto - cinta com utilização de 100 vezes","un",901.22]
[4915796,"Remoção de veículos de pequeno porte tombados em rodovia - cinta com utilização de 100 vezes","un",315.95]
[4915760,"Remoção de vestígios de óleo ou graxa na superfície do revestimento do pavimento","m²",54.79]
[4915699,"Remoção de vidros, caixas e engradados derramados na pista em rodovia","t",29.68]
[4915736,"Remoção manual de barreira em rocha","m³",16.03]
[4915735,"Remoção manual de barreira em solo","m³",13.5]
[4915670,"Remoção manual de camada granular do pavimento","m³",193.79]
[4915668,"Remoção manual de revestimento asfáltico","m³",294.12]
[4915761,"Remoção manual de vegetação daninha","m²",4.2300000000000004]
[4915762,"Remoção manual de vegetação daninha em frestas","m",2.11]
[4915738,"Remoção mecanizada de barreira em rocha","m³",5.74]
[4915737,"Remoção mecanizada de barreira em solo","m³",4.87]
[4915669,"Remoção mecanizada de camada granular do pavimento","m³",7.69]
[4915667,"Remoção mecanizada de revestimento asfáltico","m³",12.25]
[4915632,"Reparo localizado com pintura de ligação - demolição mecânica e corte com serra","m³",415.98]
[4915753,"Reparo no interior de placa de pavimento de concreto","m³",1578.8]
[4915776,"Roçada com roçadeira costal","ha",791.47]
[4915740,"Roçada manual","ha",1875.24]
[4915741,"Roçada manual de capim colonião","ha",4500.58]
[4915775,"Roçada mecanizada com roçadeira articulada","ha",769.27]
[4915742,"Roçada mecanizada com roçadeira de arraste","ha",476.91]
[4915626,"Selagem de trincas mecanizada em pavimento flexível com emulsão - areia comercial","m",2.11]
[4915653,"Selagem superficial de fissuras com adesivo estrutural à base de resina epóxi de alta viscosidade, inclusive limpeza superficial - fornecimento e aplicação","kg",74.56]
[4915623,"Solo brita para base de remendo profundo - brita comercial","m³",87.56]
[4915625,"Solo melhorado com cimento para base de remendo profundo","m³",66.959999999999994]
[4915621,"Solo para base de remendo profundo","m³",4.68]
[4915720,"Substituição de balizador - areia e brita comerciais","un",32.14]
[4915592,"Substituição de balizador - areia extraída e brita produzida","un",31.18]
[4913703,"Substituição de cartucho de absorção de energia tipo A - fornecimento e instalação, e reposicionamento do amortecedor retrátil","un",5639.97]
[4913704,"Substituição de cartucho de absorção de energia tipo B - fornecimento, instalação e reposicionamento do amortecedor retrátil","un",5520.01]
[4915757,"Tapa buraco com pintura de ligação - demolição com serra corta piso","m³",431.13]
[4915678,"Tapa buraco com pintura de ligação - demolição manual","m³",375.85]
[4919547,"Tela de proteção para roçada em tubo galvanizado 4,0 X 1,5 m - confecção","un",494.42]
[4915716,"Tratamento de fissuras do tipo rendilhado em pavimentos de concreto","m²",17.41]
[4915750,"Tratamento de fissuras transversais com abertura maior que 1,0 mm em pavimentos de concreto","m",242.35]
[4915769,"Trituração de galhos e troncos com diâmetro de até 350 mm","m³",32.75]
[5213836,"Balizador cônico refletivo em polietileno semiflexível de 114 x 11 x 40 cm - utilização de 150 ciclos - fornecimento, 01 implantação e 01 retirada diária","un.dia",1.19]
[5213368,"Balizador de concreto - areia e brita comerciais - fornecimento e implantação","un",21.42]
[5213367,"Balizador de concreto - areia extraída e brita produzida - fornecimento e implantação","un",19.71]
[5213385,"Barreira de sinalização tipo I de direcionamento ou bloqueio - confecção","un",325.99]
[5213343,"Barreira de sinalização tipo I de direcionamento ou bloqueio - utilização de 150 ciclos - fornecimento, 01 implantação e 01 retirada diária","un.dia",3.7]
[5213390,"Barreira de sinalização tipo I de direcionamento ou bloqueio contínua - confecção","m",279.58]
[5213344,"Barreira de sinalização tipo I de direcionamento ou bloqueio contínua - utilização de 150 ciclos - fornecimento, 01 implantação e 01 retirada diária","m.dia",3.23]
[5213386,"Barreira de sinalização tipo II de direcionamento ou bloqueio - confecção","un",537.48]
[5213345,"Barreira de sinalização tipo II de direcionamento ou bloqueio - utilização de 150 ciclos - fornecimento, 01 implantação e 01 retirada diária","un.dia",5.45]
[5213387,"Barreira de sinalização tipo III de direcionamento ou bloqueio - confecção","un",771.46]
[5213346,"Barreira de sinalização tipo III de direcionamento ou bloqueio - utilização de 150 ciclos - fornecimento, 01 implantação e 01 retirada diária","un.dia",7.64]
[5213843,"Barreira plástica articulável modular 240 x 100 cm na cor amarela - utilização de 600 ciclos - fornecimento, 01 implantação e 01 retirada diária","m.dia",1.01]
[5213833,"Barreira plástica monobloco para canalização de trânsito - 101 x 50 x 55 cm - utilização de 600 ciclos - fornecimento, 01 implantação e 01 retirada diária","un.dia",10.24]
[5213834,"Barreira plástica para canalização de trânsito - 60 x 45 x 60 cm - utilização de 600 ciclos - fornecimento, 01 implantação e 01 retirada diária","un.dia",6.7]
[5219544,"Cavalete em perfil metálico para placa de sinalização - 1,00 m x 1,00 m - confecção","un",232.42]
[5213383,"Cavalete em polietileno zebrado com faixa refletiva - H = 1,00 m - utilização de 600 ciclos - fornecimento, 01 implantação e 01 retirada diária","un.dia",0.81]
[5213380,"Cavalete em polietileno zebrado com faixa refletiva e com sinalizador a LED com bateria - H = 1,00 m - utilização de 600 ciclos - fornecimento, 01 implantação e 01 retirada diária","un.dia",1.92]
[5213838,"Cilindro canalizador de tráfego com base quadrada de 111 x 56 x 56 cm - utilização de 600 ciclos - fornecimento, 01 implantação e 01 retirada diária","un.dia",4.59]
[5213837,"Cilindro flexível delimitador de tráfego com duas faixas refletivas e chumbador - D = 20 cm e H = 80 cm","un",186.97]
[5213835,"Cone plástico para canalização de trânsito - utilização de 150 ciclos - fornecimento, 01 implantação e 01 retirada diária","un.dia",0.82]
[5213839,"Dispositivo de direcionamento ou bloqueio tipo tapume - confecção","m²",316.43]
[5213347,"Dispositivo de direcionamento ou bloqueio tipo tapume - utilização de 150 ciclos - fornecimento, 01 implantação e 01 retirada diária","m².dia",7.37]
[5213840,"Dispositivo de direcionamento ou bloqueio tipo tela plástica com suporte fixo - confecção","m²",35.4]
[5213349,"Dispositivo de direcionamento ou bloqueio tipo tela plástica com suporte fixo - utilização de 150 ciclos - fornecimento, 01 implantação e 01 retirada diária","m².dia",0.68]
[5213841,"Dispositivo de direcionamento ou bloqueio tipo tela plástica com suporte móvel afixado em bloco de concreto - confecção","m²",67.900000000000006]
[5213348,"Dispositivo de direcionamento ou bloqueio tipo tela plástica com suporte móvel afixado em bloco de concreto - utilização de 150 ciclos - fornecimento, 01 implantação e 01 retirada diária","m².dia",0.8]
[5216116,"Fabricação de balizador de concreto - seção circular de 10 cm - areia e brita comerciais","un",18.03]
[5216115,"Fabricação de balizador de concreto - seção circular de 10 cm - areia extraída e brita produzida","un",17.07]
[5213842,"Fita zebrada para dispositivos de canalização de trânsito - fornecimento, implantação e retirada","m",0.12]
[5213358,"Laminado elastoplástico para sinalização horizontal - espessura de 1,5 mm - fornecimento e implantação","m²",223.84]
[5213848,"Luz de advertência e bateria para dispositivos de sinalização - utilização de 200 ciclos - fornecimento, 01 implantação e 01 retirada diária","un.dia",1.1100000000000001]
[5214012,"Manutenção/recomposição de sinalização - pintura de faixa com tinta acrílica - espessura de 0,4 mm","m²",24.76]
[5213356,"Manutenção/recomposição de sinalização - pintura de faixa com tinta acrílica - espessura de 0,6 mm","m²",34.39]
[5214011,"Manutenção/recomposição de sinalização - pintura de faixa com tinta acrílica emulsionada em água - espessura de 0,3 mm","m²",13.87]
[5213354,"Manutenção/recomposição de sinalização - pintura de faixa com tinta acrílica emulsionada em água - espessura de 0,4 mm","m²",16.59]
[5213355,"Manutenção/recomposição de sinalização - pintura de faixa com tinta acrílica emulsionada em água - espessura de 0,5 mm","m²",19.34]
[5213850,"Operação de sinalização por bandeirola de tecido ou com placa metálica","h",21.14]
[5213846,"Painel com seta luminosa montado em chassi de caminhão com prancha","h",5.6]
[5213847,"Painel com seta luminosa montado em chassi de caminhão com prancha e amortecedor retrátil","h",98.07]
[5213845,"Painel de mensagens variáveis, portátil móvel, LED, com banco fotovoltaico de energia e montado em chassi com engate","h",28.24]
[5213412,"Pintura de faixa com plástico a frio bicomponente à base de resinas metacrílicas por dispersão (estrutura)","m²",117.04]
[5213411,"Pintura de faixa com plástico a frio bicomponente à base de resinas metacrílicas por extrusão (alto relevo)","m²",207.81]
[5214009,"Pintura de faixa com plástico a frio bicomponente à base de resinas metacrílicas por extrusão (plano) - espessura de 1,5 mm","m²",117.04]
[5214010,"Pintura de faixa com plástico a frio bicomponente à base de resinas metacrílicas por extrusão (plano) - espessura de 3,0 mm","m²",215.7]
[5213413,"Pintura de faixa com plástico a frio tricomponente à base de resinas metacrílicas por aspersão - espessura de 0,6 mm","m²",71.28]
[5213410,"Pintura de faixa com termoplástico em alto relevo tipo I por extrusão - relevo duplo com base","m²",146.94]
[5214004,"Pintura de faixa com termoplástico em alto relevo tipo II por extrusão - relevo simples ranhurado com base","m²",177.93]
[5214005,"Pintura de faixa com termoplástico em alto relevo tipo III por extrusão - relevo simples com base","m²",158.84]
[5214006,"Pintura de faixa com termoplástico em alto relevo tipo IV por extrusão - relevo simples sem base","m²",99.62]
[5214007,"Pintura de faixa com termoplástico em alto relevo tipo V por extrusão - relevo multipontos sem base (gotas)","m²",84.13]
[5214008,"Pintura de faixa com termoplástico em alto relevo tipo VI por extrusão - relevo multipontos sem base (calotas)","m²",82.47]
[5213408,"Pintura de faixa com termoplástico por aspersão - espessura de 1,5 mm","m²",50.5]
[5213400,"Pintura de faixa com tinta acrílica - espessura de 0,4 mm","m²",25.03]
[5213401,"Pintura de faixa com tinta acrílica - espessura de 0,6 mm","m²",34.700000000000003]
[5214001,"Pintura de faixa com tinta acrílica emulsionada em água - espessura de 0,3 mm","m²",14.13]
[5213402,"Pintura de faixa com tinta acrílica emulsionada em água - espessura de 0,4 mm","m²",16.86]
[5213403,"Pintura de faixa com tinta acrílica emulsionada em água - espessura de 0,5 mm","m²",19.63]
[5214003,"Pintura de setas e zebrados com termoplástico por aspersão - espessura de 1,5 mm","m²",60.82]
[5213409,"Pintura de setas e zebrados com termoplástico por extrusão - espessura de 3,0 mm","m²",105.16]
[5213404,"Pintura de setas e zebrados com tinta acrílica - espessura de 0,4 mm","m²",38.43]
[5213405,"Pintura de setas e zebrados com tinta acrílica - espessura de 0,6 mm","m²",47.59]
[5214002,"Pintura de setas e zebrados com tinta acrílica emulsionada em água - espessura de 0,3 mm","m²",27.73]
[5213406,"Pintura de setas e zebrados com tinta acrílica emulsionada em água - espessura de 0,4 mm","m²",30.26]
[5213407,"Pintura de setas e zebrados com tinta acrílica emulsionada em água - espessura de 0,5 mm","m²",32.799999999999997]
[5212552,"Pintura eletrostática a pó com tinta poliéster em chapa de aço","m²",17.510000000000002]
[5213464,"Placa de advertência em aço, lado de 0,60 m - película retrorrefletiva tipo I + SI - fornecimento e implantação","un",259.82]
[5213465,"Placa de advertência em aço, lado de 0,80 m - película retrorrefletiva tipo I + SI - fornecimento e implantação","un",447.03]
[5213466,"Placa de advertência em aço, lado de 1,00 m - película retrorrefletiva tipo I + SI - fornecimento e implantação","un",627.64]
[5213467,"Placa de advertência em aço, lado de 1,20 m - película retrorrefletiva tipo III + SI - fornecimento e implantação","un",972.38]
[5213468,"Placa de advertência em fibra, lado de 0,60 m - película retrorrefletiva tipo I + SI - fornecimento e implantação","un",251.53]
[5213469,"Placa de advertência em fibra, lado de 0,80 m - película retrorrefletiva tipo I + SI - fornecimento e implantação","un",431.24]
[5213470,"Placa de advertência em fibra, lado de 1,00 m - película retrorrefletiva tipo I + SI - fornecimento e implantação","un",604.62]
[5213471,"Placa de advertência em fibra, lado de 1,20 m - película retrorrefletiva tipo III + SI - fornecimento e implantação","un",939.25]
[5212560,"Placa de advertência para sinalização de obras montada em suporte metálico móvel, lado 1,00 m - utilização de 600 ciclos - fornecimento, 01 implantação e 01 retirada diária","un.dia",3.99]
[5213472,"Placa de marco quilométrico em aço - 0,60 x 0,865 m - película retrorrefletiva tipo I + I - fornecimento e implantação","un",303.61]
[5213473,"Placa de marco quilométrico em aço - 0,70 x 1,00 m - película retrorrefletiva tipo I + III - fornecimento e implantação","un",403.78]
[5213474,"Placa de marco quilométrico em fibra - 0,60 x 0,865 m - película retrorrefletiva tipo I + I - fornecimento e implantação","un",289.8]
[5213475,"Placa de marco quilométrico em fibra - 0,70 x 1,00 m - película retrorrefletiva tipo I + III - fornecimento e implantação","un",386.52]
[5213440,"Placa de regulamentação em aço D = 0,60 m - película retrorrefletiva tipo I + SI - fornecimento e implantação","un",259.77999999999997]
[5213441,"Placa de regulamentação em aço D = 0,80 m - película retrorrefletiva tipo I + SI - fornecimento e implantação","un",447.07]
[5213442,"Placa de regulamentação em aço D = 1,00 m - película retrorrefletiva tipo I + SI - fornecimento e implantação","un",627.64]
[5213443,"Placa de regulamentação em aço D = 1,20 m - película retrorrefletiva tipo III + SI - fornecimento e implantação","un",972.4]
[5213444,"Placa de regulamentação em aço, R1 lado 0,248 m - película retrorrefletiva tipo I + SI - fornecimento e implantação","un",259.83999999999997]
[5213445,"Placa de regulamentação em aço, R1 lado 0,331 m - película retrorrefletiva tipo I + SI - fornecimento e implantação","un",446.99]
[5213446,"Placa de regulamentação em aço, R1 lado 0,414 m - película retrorrefletiva tipo I + SI - fornecimento e implantação","un",627.64]
[5213447,"Placa de regulamentação em aço, R1 lado 0,497 m - película retrorrefletiva tipo III + SI - fornecimento e implantação","un",972.45]
[5213448,"Placa de regulamentação em aço, R2 lado 0,60 m - película retrorrefletiva tipo I + SI - fornecimento e implantação","un",178.31]
[5213449,"Placa de regulamentação em aço, R2 lado 0,80 m - película retrorrefletiva tipo I + SI - fornecimento e implantação","un",282.79000000000002]
[5213450,"Placa de regulamentação em aço, R2 lado 1,00 m - película retrorrefletiva tipo I + SI - fornecimento e implantação","un",397.73]
[5213451,"Placa de regulamentação em aço, R2 lado 1,20 m - película retrorrefletiva tipo III + SI - fornecimento e implantação","un",563.71]
[5213452,"Placa de regulamentação em fibra, D = 0,60 m - película retrorrefletiva tipo I + SI - fornecimento e implantação","un",251.5]
[5213453,"Placa de regulamentação em fibra, D = 0,80 m - película retrorrefletiva tipo I + SI - fornecimento e implantação","un",431.28]
[5213454,"Placa de regulamentação em fibra, D = 1,00 m - película retrorrefletiva tipo I + SI - fornecimento e implantação","un",604.62]
[5213455,"Placa de regulamentação em fibra, D = 1,20 m - película retrorrefletiva tipo III + SI - fornecimento e implantação","un",939.27]
[5213456,"Placa de regulamentação em fibra, R1 lado 0,248 m - película retrorrefletiva tipo I + SI - fornecimento e implantação","un",251.55]
[5213457,"Placa de regulamentação em fibra, R1 lado 0,331 m - película retrorrefletiva tipo I + SI - fornecimento e implantação","un",431.21]
[5213458,"Placa de regulamentação em fibra, R1 lado 0,414 m - película retrorrefletiva tipo I + SI - fornecimento e implantação","un",604.62]
[5213459,"Placa de regulamentação em fibra, R1 lado 0,497 m - película retrorrefletiva tipo III + SI - fornecimento e implantação","un",939.32]
[5213460,"Placa de regulamentação em fibra, R2 lado 0,60 m - película retrorrefletiva tipo I + SI - fornecimento e implantação","un",173.29]
[5213461,"Placa de regulamentação em fibra, R2 lado 0,80 m - película retrorrefletiva tipo I + SI - fornecimento e implantação","un",273.58]
[5213462,"Placa de regulamentação em fibra, R2 lado 1,00 m - película retrorrefletiva tipo I + SI - fornecimento e implantação","un",383.92]
[5213463,"Placa de regulamentação em fibra, R2 lado 1,20 m - película retrorrefletiva tipo I + SI - fornecimento e implantação","un",494.27]
[5212557,"Placa de regulamentação para sinalização de obras montada em suporte metálico móvel - D = 1,00 m - utilização de 600 ciclos - fornecimento, 01 implantação e 01 retirada diária","un.dia",3.75]
[5212558,"Placa de regulamentação para sinalização de obras montada em suporte metálico móvel, R1 lado 0,414 m - utilização de 600 ciclos - fornecimento, 01 implantação e 01 retirada diária","un.dia",3.8]
[5212559,"Placa de regulamentação para sinalização de obras montada em suporte metálico móvel, R2 lado 1,00 m - utilização de 600 ciclos - fornecimento, 01 implantação e 01 retirada diária","un.dia",3.36]
[5213477,"Placa delineador em aço - 0,30 x 0,90 m - película retrorrefletiva tipo I + IV - fornecimento e implantação","un",163.66]
[5213476,"Placa delineador em aço - 0,50 x 0,60 m - película retrorrefletiva tipo I + IV - fornecimento e implantação","un",175.96]
[5213479,"Placa delineador em fibra - 0,30 x 0,90 m - película retrorrefletiva tipo I + IV - fornecimento e implantação","un",157.44]
[5213478,"Placa delineador em fibra - 0,50 x 0,60 m - película retrorrefletiva tipo I + IV - fornecimento e implantação","un",169.06]
[5213489,"Placa em aço - 2,00 x 1,00 m - película retrorrefletiva tipo I + I - fornecimento e implantação","un",915.01]
[5213498,"Placa em aço - 2,00 x 1,00 m - película retrorrefletiva tipo I + III - fornecimento e implantação","un",1014.97]
[5213365,"Placa em aço - 2,00 x 1,00 m - película retrorrefletiva tipo I + X - fornecimento e implantação","un",1154.45]
[5213507,"Placa em aço - 2,00 x 1,00 m - película retrorrefletiva tipo III + III - fornecimento e implantação","un",1264.8699999999999]
[5213372,"Placa em aço - 2,00 x 1,00 m - película retrorrefletiva tipo III + X - fornecimento e implantação","un",1404.35]
[5213490,"Placa em aço - 3,00 x 1,50 m - película retrorrefletiva tipo I + I - fornecimento e implantação","un",1959.56]
[5213499,"Placa em aço - 3,00 x 1,50 m - película retrorrefletiva tipo I + III - fornecimento e implantação","un",2184.4699999999998]
[5213366,"Placa em aço - 3,00 x 1,50 m - película retrorrefletiva tipo I + X - fornecimento e implantação","un",2498.3000000000002]
[5213508,"Placa em aço - 3,00 x 1,50 m - película retrorrefletiva tipo III + III - fornecimento e implantação","un",2746.75]
[5213373,"Placa em aço - 3,00 x 1,50 m - película retrorrefletiva tipo III + X - fornecimento e implantação","un",3060.58]
[5213491,"Placa em aço - 3,00 x 2,00 m - película retrorrefletiva tipo I + I - fornecimento e implantação","un",2586.29]
[5213500,"Placa em aço - 3,00 x 2,00 m - película retrorrefletiva tipo I + III - fornecimento e implantação","un",2886.17]
[5213369,"Placa em aço - 3,00 x 2,00 m - película retrorrefletiva tipo I + X - fornecimento e implantação","un",3304.61]
[5213509,"Placa em aço - 3,00 x 2,00 m - película retrorrefletiva tipo III + III - fornecimento e implantação","un",3635.87]
[5213374,"Placa em aço - 3,00 x 2,00 m - película retrorrefletiva tipo III + X - fornecimento e implantação","un",4054.31]
[5213492,"Placa em aço - 4,00 x 2,00 m - película retrorrefletiva tipo I + I - fornecimento e implantação","un",3501.3]
[5213501,"Placa em aço - 4,00 x 2,00 m - película retrorrefletiva tipo I + III - fornecimento e implantação","un",3901.14]
[5213370,"Placa em aço - 4,00 x 2,00 m - película retrorrefletiva tipo I + X - fornecimento e implantação","un",4459.0600000000004]
[5213510,"Placa em aço - 4,00 x 2,00 m - película retrorrefletiva tipo III + III - fornecimento e implantação","un",4900.74]
[5213375,"Placa em aço - 4,00 x 2,00 m - película retrorrefletiva tipo III + X - fornecimento e implantação","un",5458.66]
[5213494,"Placa em aço - 4,00 x 3,00 m - película retrorrefletiva tipo I + I - fornecimento e implantação","un",5172.58]
[5213503,"Placa em aço - 4,00 x 3,00 m - película retrorrefletiva tipo I + III - fornecimento e implantação","un",5772.34]
[5213371,"Placa em aço - 4,00 x 3,00 m - película retrorrefletiva tipo I + X - fornecimento e implantação","un",6609.22]
[5213512,"Placa em aço - 4,00 x 3,00 m - película retrorrefletiva tipo III + III - fornecimento e implantação","un",7271.74]
[5213376,"Placa em aço - 4,00 x 3,00 m - película retrorrefletiva tipo III + X - fornecimento e implantação","un",8108.62]
[5213377,"Placa em aço - película I + I - chapa recuperada - fornecimento e implantação","m²",330.24]
[5213570,"Placa em aço - película I + I - fornecimento e implantação","m²",470.73]
[5213378,"Placa em aço - película I + III - chapa recuperada - fornecimento e implantação","m²",380.22]
[5213571,"Placa em aço - película I + III - fornecimento e implantação","m²",520.71]
[5213379,"Placa em aço - película III + III - chapa recuperada - fornecimento e implantação","m²",505.17]
[5213572,"Placa em aço - película III + III - fornecimento e implantação","m²",645.66]
[5212553,"Placa em aço nº 16 galvanizado com película retrorrefletiva tipo I + I - chapa recuperada - confecção","m²",277.33]
[5213416,"Placa em aço nº 16 galvanizado com película retrorrefletiva tipo I + I - confecção","m²",417.82]
[5212554,"Placa em aço nº 16 galvanizado com película retrorrefletiva tipo I + III - chapa recuperada - confecção","m²",327.31]
[5213417,"Placa em aço nº 16 galvanizado com película retrorrefletiva tipo I + III - confecção","m²",467.8]
[5213421,"Placa em aço nº 16 galvanizado com película retrorrefletiva tipo I + IV - confecção","m²",410.16]
[5213414,"Placa em aço nº 16 galvanizado com película retrorrefletiva tipo I + SI - confecção","m²",574.73]
[5213419,"Placa em aço nº 16 galvanizado com película retrorrefletiva tipo I + X - confecção","m²",537.54]
[5212555,"Placa em aço nº 16 galvanizado com película retrorrefletiva tipo III + III - chapa recuperada - confecção","m²",452.26]
[5213418,"Placa em aço nº 16 galvanizado com película retrorrefletiva tipo III + III - confecção","m²",592.75]
[5213415,"Placa em aço nº 16 galvanizado com película retrorrefletiva tipo III + SI - confecção","m²",638.52]
[5213420,"Placa em aço nº 16 galvanizado com película retrorrefletiva tipo III + X - confecção","m²",662.49]
[5213543,"Placa em aço, modulada - 2,00 x 1,00 m - película retrorrefletiva tipo I + I - fornecimento e implantação","un",1157.19]
[5213552,"Placa em aço, modulada - 2,00 x 1,00 m - película retrorrefletiva tipo I + III - fornecimento e implantação","un",1257.1500000000001]
[5213561,"Placa em aço, modulada - 2,00 x 1,00 m - película retrorrefletiva tipo III + III - fornecimento e implantação","un",1507.05]
[5213544,"Placa em aço, modulada - 3,00 x 1,50 m - película retrorrefletiva tipo I + I - fornecimento e implantação","un",2504.4699999999998]
[5213553,"Placa em aço, modulada - 3,00 x 1,50 m - película retrorrefletiva tipo I + III - fornecimento e implantação","un",2729.38]
[5213562,"Placa em aço, modulada - 3,00 x 1,50 m - película retrorrefletiva tipo III + III - fornecimento e implantação","un",3291.65]
[5213545,"Placa em aço, modulada - 3,00 x 2,00 m - película retrorrefletiva tipo I + I - fornecimento e implantação","un",3312.83]
[5213554,"Placa em aço, modulada - 3,00 x 2,00 m - película retrorrefletiva tipo I + III - fornecimento e implantação","un",3612.71]
[5213563,"Placa em aço, modulada - 3,00 x 2,00 m - película retrorrefletiva tipo III + III - fornecimento e implantação","un",4362.41]
[5213546,"Placa em aço, modulada - 4,00 x 2,00 m - película retrorrefletiva tipo I + I - fornecimento e implantação","un",4470.0200000000004]
[5213555,"Placa em aço, modulada - 4,00 x 2,00 m - película retrorrefletiva tipo I + III - fornecimento e implantação","un",4869.8599999999997]
[5213564,"Placa em aço, modulada - 4,00 x 2,00 m - película retrorrefletiva tipo III + III - fornecimento e implantação","un",5869.46]
[5213548,"Placa em aço, modulada - 4,00 x 3,00 m - película retrorrefletiva tipo I + I - fornecimento e implantação","un",6625.66]
[5213557,"Placa em aço, modulada - 4,00 x 3,00 m - película retrorrefletiva tipo I + III - fornecimento e implantação","un",7225.42]
[5213566,"Placa em aço, modulada - 4,00 x 3,00 m - película retrorrefletiva tipo III + III - fornecimento e implantação","un",8724.82]
[5213576,"Placa em aço, modulada - acima de 2 m² - película I + I - fornecimento e implantação","m²",591.82000000000005]
[5213577,"Placa em aço, modulada - acima de 2 m² - película I + III - fornecimento e implantação","m²",641.79999999999995]
[5213578,"Placa em aço, modulada - acima de 2 m² - película III + III - fornecimento e implantação","m²",766.75]
[5213425,"Placa em alumínio composto de 3 mm, modulada, aérea, com película retrorrefletiva tipo I + III - confecção","m²",634.70000000000005]
[5213426,"Placa em alumínio composto de 3 mm, modulada, aérea, com película retrorrefletiva tipo III + III - confecção","m²",759.65]
[5213427,"Placa em alumínio composto de 3 mm, modulada, aérea, com película retrorrefletiva tipo III + X - confecção","m²",829.38]
[5213567,"Placa em alumínio composto de 3 mm, modulada, aérea, com película retrorrefletiva tipo X + SI - confecção","m²",903.54]
[5213486,"Placa em alumínio composto, espessura de 3,0 mm, modulada, aérea - película retrorrefletiva tipo I + III - fornecimento e implantação","m²",997.42]
[5213487,"Placa em alumínio composto, espessura de 3,0 mm, modulada, aérea - película retrorrefletiva tipo III + III - fornecimento e implantação","m²",1122.3699999999999]
[5213488,"Placa em alumínio composto, espessura de 3,0 mm, modulada, aérea - película retrorrefletiva tipo III + X - fornecimento e implantação","m²",1192.0999999999999]
[5213568,"Placa em alumínio composto, espessura de 3,0 mm, modulada, aérea - película retrorrefletiva tipo X + SI - fornecimento e implantação","m²",1266.26]
[5213483,"Placa em alumínio, espessura de 1,5 mm, modulada, aérea - película retrorrefletiva tipo I + III - fornecimento e implantação","m²",1011.39]
[5213484,"Placa em alumínio, espessura de 1,5 mm, modulada, aérea - película retrorrefletiva tipo III + III - fornecimento e implantação","m²",1136.3399999999999]
[5213485,"Placa em alumínio, espessura de 1,5 mm, modulada, aérea - película retrorrefletiva tipo III + X - fornecimento e implantação","m²",1206.08]
[5213434,"Placa em alumínio, espessura de 1,5 mm, modulada, aérea, com película retrorrefletiva tipo I + III - confecção","m²",648.66999999999996]
[5213435,"Placa em alumínio, espessura de 1,5 mm, modulada, aérea, com película retrorrefletiva tipo III + III - confecção","m²",773.62]
[5213436,"Placa em alumínio, espessura de 1,5 mm, modulada, aérea, com película retrorrefletiva tipo III + X - confecção","m²",843.36]
[5213430,"Placa em chapa de poliéster reforçada com fibra de vidro com película retrorrefletiva tipo I + I - confecção","m²",394.81]
[5213431,"Placa em chapa de poliéster reforçada com fibra de vidro com película retrorrefletiva tipo I + III - confecção","m²",444.79]
[5213433,"Placa em chapa de poliéster reforçada com fibra de vidro com película retrorrefletiva tipo I + IV - confecção","m²",387.15]
[5213428,"Placa em chapa de poliéster reforçada com fibra de vidro com película retrorrefletiva tipo I + SI - confecção","m²",551.71]
[5213432,"Placa em chapa de poliéster reforçada com fibra de vidro com película retrorrefletiva tipo III + III - confecção","m²",569.74]
[5213429,"Placa em chapa de poliéster reforçada com fibra de vidro com película retrorrefletiva tipo III + SI - confecção","m²",615.51]
[5213516,"Placa em fibra - 2,00 x 1,00 m - película retrorrefletiva tipo I + I - fornecimento e implantação","un",868.99]
[5213525,"Placa em fibra - 2,00 x 1,00 m - película retrorrefletiva tipo I + III - fornecimento e implantação","un",968.95]
[5213534,"Placa em fibra - 2,00 x 1,00 m - película retrorrefletiva tipo III + III - fornecimento e implantação","un",1218.8499999999999]
[5213517,"Placa em fibra - 3,00 x 1,50 m - película retrorrefletiva tipo I + I - fornecimento e implantação","un",1856.02]
[5213526,"Placa em fibra - 3,00 x 1,50 m - película retrorrefletiva tipo I + III - fornecimento e implantação","un",2080.9299999999998]
[5213535,"Placa em fibra - 3,00 x 1,50 m - película retrorrefletiva tipo III + III - fornecimento e implantação","un",2643.2]
[5213518,"Placa em fibra - 3,00 x 2,00 m - película retrorrefletiva tipo I + I - fornecimento e implantação","un",2448.23]
[5213527,"Placa em fibra - 3,00 x 2,00 m - película retrorrefletiva tipo I + III - fornecimento e implantação","un",2748.11]
[5213536,"Placa em fibra - 3,00 x 2,00 m - película retrorrefletiva tipo III + III - fornecimento e implantação","un",3497.81]
[5213519,"Placa em fibra - 4,00 x 2,00 m - película retrorrefletiva tipo I + I - fornecimento e implantação","un",3317.22]
[5213528,"Placa em fibra - 4,00 x 2,00 m - película retrorrefletiva tipo I + III - fornecimento e implantação","un",3717.06]
[5213537,"Placa em fibra - 4,00 x 2,00 m - película retrorrefletiva tipo III + III - fornecimento e implantação","un",4716.66]
[5213521,"Placa em fibra - 4,00 x 3,00 m - película retrorrefletiva tipo I + I - fornecimento e implantação","un",4896.46]
[5213530,"Placa em fibra - 4,00 x 3,00 m - película retrorrefletiva tipo I + III - fornecimento e implantação","un",5496.22]
[5213539,"Placa em fibra - 4,00 x 3,00 m - película retrorrefletiva tipo III + III - fornecimento e implantação","un",6995.62]
[5213573,"Placa em fibra - película I + I - fornecimento e implantação","m²",447.72]
[5213574,"Placa em fibra - película I + III - fornecimento e implantação","m²",497.7]
[5213575,"Placa em fibra - película III + III - fornecimento e implantação","m²",622.65]
[5213480,"Placa em fibra, modulada, aérea - película retrorrefletiva tipo I + III - fornecimento e implantação","m²",923.73]
[5213481,"Placa em fibra, modulada, aérea - película retrorrefletiva tipo III + III - fornecimento e implantação","m²",1048.68]
[5213482,"Placa em fibra, modulada, aérea - película retrorrefletiva tipo III + X - fornecimento e implantação","m²",1118.42]
[5213422,"Placa modulada em aço nº 18 galvanizado com película retrorrefletiva tipo I + I - confecção","m²",538.91]
[5213423,"Placa modulada em aço nº 18 galvanizado com película retrorrefletiva tipo I + III - confecção","m²",588.89]
[5213424,"Placa modulada em aço nº 18 galvanizado com película retrorrefletiva tipo III + III - confecção","m²",713.84]
[5213437,"Placa modulada em chapa de poliéster reforçada com fibra de vidro, aérea, com película retrorrefletiva tipo I + III - confecção","m²",561.01]
[5213438,"Placa modulada em chapa de poliéster reforçada com fibra de vidro, aérea, com película retrorrefletiva tipo III + III - confecção","m²",685.96]
[5213439,"Placa modulada em chapa de poliéster reforçada com fibra de vidro, aérea, com película retrorrefletiva tipo III + X - confecção","m²",755.7]
[5212556,"Placa para sinalização de obras montada em cavalete metálico - 1,00 x 1,00 m - utilização de 600 ciclos - fornecimento, 01 implantação e 01 retirada diária","un.dia",1.98]
[5213649,"Pórtico metálico com vão de 15,9 m, vento de 35 m/s e área de exposição de até 23,85 m² - fornecimento e implantação - areia e brita comerciais","un",103308.7]
[5213591,"Pórtico metálico com vão de 15,9 m, vento de 35 m/s e área de exposição de até 23,85 m² - fornecimento e implantação - areia extraída e brita produzida","un",103308.7]
[5213718,"Pórtico metálico com vão de 15,9 m, vento de 40 m/s e área de exposição de até 23,85 m² - fornecimento e implantação - areia e brita comerciais","un",114113.62]
[5213741,"Pórtico metálico com vão de 15,9 m, vento de 40 m/s e área de exposição de até 23,85 m² - fornecimento e implantação - areia extraída e brita produzida","un",114113.62]
[5213776,"Pórtico metálico com vão de 15,9 m, vento de 45 m/s e área de exposição de até 23,85 m² - fornecimento e implantação - areia e brita comerciais","un",124918.53]
[5213799,"Pórtico metálico com vão de 15,9 m, vento de 45 m/s e área de exposição de até 23,85 m² - fornecimento e implantação - areia extraída e brita produzida","un",124918.53]
[5213363,"Recuperação de chapa em aço para placa de sinalização","m²",35.909999999999997]
[5213667,"Remoção da estrutura de pórtico metálico","un",342.84]
[5213683,"Remoção da estrutura de semipórtico duplo metálico","un",244.44]
[5213660,"Remoção da estrutura de semipórtico metálico","un",203.7]
[5213364,"Remoção de placa de sinalização","m²",20.39]
[5213832,"Remoção de sinalização horizontal com maçarico","m²",3.85]
[5213830,"Remoção de sinalização horizontal por fresagem","m²",4.74]
[5213831,"Remoção de sinalização horizontal tipo pintura acrílica por jateamento abrasivo úmido com vidro - utilização de 3 vezes","m²",59.41]
[5213849,"Semáforo móvel com 3 lentes D = 200 mm","h",3.36]
[5213636,"Semipórtico duplo metálico com vão de 2 x 8,3 m, vento de 35 m/s e área de exposição de até 2 x 12,45 m² - fornecimento e implantação - areia e brita comerciais","un",100731.24]
[5213642,"Semipórtico duplo metálico com vão de 2 x 8,3 m, vento de 35 m/s e área de exposição de até 2 x 12,45 m² - fornecimento e implantação - areia extraída e brita produzida","un",100731.24]
[5213757,"Semipórtico duplo metálico com vão de 2 x 8,3 m, vento de 40 m/s e área de exposição de até 2 x 12,45 m² - fornecimento e implantação - areia e brita comerciais","un",111567.65]
[5213763,"Semipórtico duplo metálico com vão de 2 x 8,3 m, vento de 40 m/s e área de exposição de até 2 x 12,45 m² - fornecimento e implantação - areia extraída e brita produzida","un",111567.65]
[5213815,"Semipórtico duplo metálico com vão de 2 x 8,3 m, vento de 45 m/s e área de exposição de até 2 x 12,45 m² - fornecimento e implantação - areia e brita comerciais","un",122404.06]
[5213821,"Semipórtico duplo metálico com vão de 2 x 8,3 m, vento de 45 m/s e área de exposição de até 2 x 12,45 m² - fornecimento e implantação - areia extraída e brita produzida","un",122404.06]
[5213630,"Semipórtico metálico com vão de 8,3 m, vento de 35 m/s e área de exposição de até 12,45 m² - fornecimento e implantação - areia e brita comerciais","un",60821.52]
[5213584,"Semipórtico metálico com vão de 8,3 m, vento de 35 m/s e área de exposição de até 12,45 m² - fornecimento e implantação - areia extraída e brita produzida","un",60821.52]
[5213711,"Semipórtico metálico com vão de 8,3 m, vento de 40 m/s e área de exposição de até 12,45 m² - fornecimento e implantação - areia e brita comerciais","un",67324.31]
[5213734,"Semipórtico metálico com vão de 8,3 m, vento de 40 m/s e área de exposição de até 12,45 m² - fornecimento e implantação - areia extraída e brita produzida","un",67324.31]
[5213769,"Semipórtico metálico com vão de 8,3 m, vento de 45 m/s e área de exposição de até 12,45 m² - fornecimento e implantação - areia e brita comerciais","un",73736.39]
[5213792,"Semipórtico metálico com vão de 8,3 m, vento de 45 m/s e área de exposição de até 12,45 m² - fornecimento e implantação - areia extraída e brita produzida","un",73736.39]
[5213844,"Sinalizador direcional móvel, LED, com banco fotovoltaico de energia e montado em chassi com engate","h",3.67]
[5213869,"Suporte duplo metálico galvanizado para placas - 3,00 x 1,50 m - fornecimento e implantação","un",2471.59]
[5213870,"Suporte duplo metálico galvanizado para placas - 3,00 x 2,00 m - fornecimento e implantação","un",3359.36]
[5213871,"Suporte duplo metálico galvanizado para placas - 4,00 x 2,00 m - fornecimento e implantação","un",3436.27]
[5213872,"Suporte duplo metálico galvanizado para placas - 4,00 x 3,00 m - fornecimento e implantação","un",5380.73]
[5213867,"Suporte metálico galvanizado para marco quilométrico - fornecimento e implantação","un",576.07000000000005]
[5213863,"Suporte metálico galvanizado para placa de advertência ou regulamentação - lado ou diâmetro de 0,60 m - fornecimento e implantação","un",456.06]
[5213864,"Suporte metálico galvanizado para placa de advertência ou regulamentação - lado ou diâmetro de 0,80 m - fornecimento e implantação","un",485.06]
[5213865,"Suporte metálico galvanizado para placa de advertência ou regulamentação - lado ou diâmetro de 1,00 m - fornecimento e implantação","un",514.25]
[5213866,"Suporte metálico galvanizado para placa de advertência ou regulamentação - lado ou diâmetro de 1,20 m - fornecimento e implantação","un",587.84]
[5213855,"Suporte metálico galvanizado para placa de regulamentação - R1 - lado de 0,248 m - fornecimento e implantação","un",410.85]
[5213856,"Suporte metálico galvanizado para placa de regulamentação - R1 - lado de 0,331 m - fornecimento e implantação","un",425.79]
[5213857,"Suporte metálico galvanizado para placa de regulamentação - R1 - lado de 0,414 m - fornecimento e implantação","un",440.13]
[5213858,"Suporte metálico galvanizado para placa de regulamentação - R1 - lado de 0,497 m - fornecimento e implantação","un",455.26]
[5213859,"Suporte metálico galvanizado para placa de regulamentação - R2 - lado de 0,60 m - fornecimento e implantação","un",451.16]
[5213860,"Suporte metálico galvanizado para placa de regulamentação - R2 - lado de 0,80 m - fornecimento e implantação","un",466.05]
[5213861,"Suporte metálico galvanizado para placa de regulamentação - R2 - lado de 1,00 m - fornecimento e implantação","un",494]
[5213862,"Suporte metálico galvanizado para placa de regulamentação - R2 - lado de 1,20 m - fornecimento e implantação","un",567.25]
[5213868,"Suporte metálico galvanizado para placas - 2,00 x 1,00 m - fornecimento e implantação","un",1134.24]
[5219546,"Suporte metálico móvel para placa de sinalização - confecção","un",337.07]
[5216111,"Suporte para placa de sinalização em madeira de lei tratada 8 x 8 cm - fornecimento e implantação","un",114.53]
[5213351,"Suporte polimérico ecológico maciço colapsível D = 6,5 cm para placa de sinalização - fornecimento e implantação","un",786.47]
[5213350,"Suporte polimérico ecológico maciço colapsível quadrado de 10 cm para placa de sinalização - fornecimento e implantação","un",2042.21]
[5213352,"Suporte polimérico ecológico maciço colapsível quadrado de 8 cm para placa de sinalização - fornecimento e implantação","un",1162.25]
[5213353,"Suporte polimérico ecológico maciço colapsível retangular de 7 x 15 cm para placa de sinalização - fornecimento e implantação","un",3321.56]
[5213360,"Tacha refletiva em plástico injetado - bidirecional tipo I - com um pino - fornecimento e colocação","un",35.08]
[5219605,"Tacha refletiva em plástico injetado - bidirecional tipo I - fornecimento e colocação","un",32.78]
[5219606,"Tacha refletiva em plástico injetado - bidirecional tipo II - com um pino - fornecimento e colocação","un",42.93]
[5219607,"Tacha refletiva em plástico injetado - bidirecional tipo II - fornecimento e colocação","un",35.76]
[5219608,"Tacha refletiva em plástico injetado - bidirecional tipo III - com um pino - fornecimento e colocação","un",42.93]
[5219609,"Tacha refletiva em plástico injetado - bidirecional tipo III - fornecimento e colocação","un",35.76]
[5219610,"Tacha refletiva em plástico injetado - bidirecional tipo IV - com um pino - fornecimento e colocação","un",44.26]
[5219611,"Tacha refletiva em plástico injetado - bidirecional tipo IV - fornecimento e colocação","un",41.74]
[5213359,"Tacha refletiva em plástico injetado - monodirecional tipo I - com um pino - fornecimento e colocação","un",30.71]
[5219612,"Tacha refletiva em plástico injetado - monodirecional tipo I - fornecimento e colocação","un",27.55]
[5219613,"Tacha refletiva em plástico injetado - monodirecional tipo II - com um pino - fornecimento e colocação","un",35.28]
[5219614,"Tacha refletiva em plástico injetado - monodirecional tipo II - fornecimento e colocação","un",32.86]
[5219615,"Tacha refletiva em plástico injetado - monodirecional tipo III - com um pino - fornecimento e colocação","un",36.26]
[5219616,"Tacha refletiva em plástico injetado - monodirecional tipo III - fornecimento e colocação","un",33.409999999999997]
[5219617,"Tacha refletiva em plástico injetado - monodirecional tipo IV - com um pino - fornecimento e colocação","un",43.05]
[5219618,"Tacha refletiva em plástico injetado - monodirecional tipo IV - fornecimento e colocação","un",40.56]
[5219619,"Tacha refletiva em resina sintética - bidirecional tipo I - com um pino - fornecimento e colocação","un",46.17]
[5219620,"Tacha refletiva em resina sintética - bidirecional tipo I - fornecimento e colocação","un",43.71]
[5219621,"Tacha refletiva em resina sintética - bidirecional tipo II - com um pino - fornecimento e colocação","un",55.4]
[5219622,"Tacha refletiva em resina sintética - bidirecional tipo II - fornecimento e colocação","un",52.99]
[5219623,"Tacha refletiva em resina sintética - bidirecional tipo III - com um pino - fornecimento e colocação","un",60.06]
[5219624,"Tacha refletiva em resina sintética - bidirecional tipo III - fornecimento e colocação","un",57.55]
[5219625,"Tacha refletiva em resina sintética - bidirecional tipo IV - com um pino - fornecimento e colocação","un",60.39]
[5219626,"Tacha refletiva em resina sintética - bidirecional tipo IV - fornecimento e colocação","un",57.55]
[5219627,"Tacha refletiva em resina sintética - monodirecional tipo I - com um pino - fornecimento e colocação","un",42.82]
[5219628,"Tacha refletiva em resina sintética - monodirecional tipo I - fornecimento e colocação","un",40.26]
[5219629,"Tacha refletiva em resina sintética - monodirecional tipo II - com um pino - fornecimento e colocação","un",49.93]
[5219630,"Tacha refletiva em resina sintética - monodirecional tipo II - fornecimento e colocação","un",47.36]
[5219631,"Tacha refletiva em resina sintética - monodirecional tipo III - com um pino - fornecimento e colocação","un",54.2]
[5219632,"Tacha refletiva em resina sintética - monodirecional tipo III - fornecimento e colocação","un",51.53]
[5219633,"Tacha refletiva em resina sintética - monodirecional tipo IV - com um pino - fornecimento e colocação","un",58.84]
[5219634,"Tacha refletiva em resina sintética - monodirecional tipo IV - fornecimento e colocação","un",56.05]
[5213395,"Tacha refletiva metálica - bidirecional tipo II - com dois pinos - fornecimento e colocação","un",40.14]
[5213394,"Tacha refletiva metálica - bidirecional tipo II - com um pino - fornecimento e colocação","un",35.57]
[5219635,"Tacha refletiva metálica - bidirecional tipo III - com dois pinos - fornecimento e colocação","un",36.75]
[5219636,"Tacha refletiva metálica - bidirecional tipo III - com um pino - fornecimento e colocação","un",31.68]
[5219637,"Tacha refletiva metálica - bidirecional tipo IV - com dois pinos - fornecimento e colocação","un",79.209999999999994]
[5219638,"Tacha refletiva metálica - bidirecional tipo IV - com um pino - fornecimento e colocação","un",75.790000000000006]
[5213393,"Tacha refletiva metálica - monodirecional tipo II - com dois pinos - fornecimento e colocação","un",34.97]
[5213392,"Tacha refletiva metálica - monodirecional tipo II - com um pino - fornecimento e colocação","un",29.47]
[5219639,"Tacha refletiva metálica - monodirecional tipo III - com dois pinos - fornecimento e colocação","un",33.03]
[5219640,"Tacha refletiva metálica - monodirecional tipo III - com um pino - fornecimento e colocação","un",27.98]
[5219641,"Tacha refletiva metálica - monodirecional tipo IV - com dois pinos - fornecimento e colocação","un",69.930000000000007]
[5219642,"Tacha refletiva metálica - monodirecional tipo IV - com um pino - fornecimento e colocação","un",66.56]
[5213362,"Tachão refletivo em plástico injetado - bidirecional - fornecimento e colocação","un",99.65]
[5213361,"Tachão refletivo em plástico injetado - monodirecional - fornecimento e colocação","un",97.7]
[5219643,"Tachão refletivo em resina sintética - bidirecional - fornecimento e colocação","un",86.92]
[5219644,"Tachão refletivo em resina sintética - monodirecional - fornecimento e colocação","un",85.38]
[5214000,"Termoplástico pré-formado para sinalização horizontal - espessura de 2 mm - fornecimento e implantação","m²",356.03]
[5301014,"Comboio balizador em deslocamento","km",143.04]
[5300995,"Confecção de corpo de boia flutuante cilíndrico D = 1,10m","un",2791.02]
[5300996,"Confecção de corpo de boia flutuante cilíndrico D = 1,10m - com lastro","un",3647.06]
[5300998,"Confecção de corpo de boia flutuante cilíndrico D = 1,42m - boia de amarração","un",7173.62]
[5300997,"Confecção de corpo de boia flutuante cilíndrico D = 1,43m - com lastro","un",5978.41]
[5300999,"Confecção de mangrulho H = 0,90m","un",944.19]
[5301000,"Confecção de mangrulho H = 1,50m","un",1411.26]
[5301001,"Confecção de marca de tope de bombordo","un",651.54999999999995]
[5301002,"Confecção de marca de tope de boreste","un",409.43]
[5301003,"Confecção de marca de tope especial","un",402.27]
[5301064,"Fornecimento e implantação de suporte duplo em madeira com travessa para placa de sinalização náutica em margem - altura total de 4,0 m","un",698.17]
[5301046,"Fornecimento e implantação de suporte duplo em madeira com travessa para placa de sinalização náutica em margem - altura total de 4,0 m - com embarcação","un",1334.85]
[5301065,"Fornecimento e implantação de suporte duplo em madeira com travessa para placa de sinalização náutica em margem - altura total de 5,0 m","un",1266.68]
[5301047,"Fornecimento e implantação de suporte duplo em madeira com travessa para placa de sinalização náutica em margem - altura total de 5,0 m - com embarcação","un",2301.6799999999998]
[5301066,"Fornecimento e implantação de suporte duplo em madeira com travessa para placa de sinalização náutica em margem - altura total de 5,5 m","un",1427.39]
[5301048,"Fornecimento e implantação de suporte duplo em madeira com travessa para placa de sinalização náutica em margem - altura total de 5,5 m - com embarcação","un",2519.81]
[5301040,"Fornecimento e implantação de suporte duplo metálico galvanizado para placa de sinalização náutica em margem - altura total de 4 m - com embarcação","un",2350.77]
[5301058,"Fornecimento e implantação de suporte duplo metálico galvanizado para placa de sinalização náutica em margem - altura total de 4,0 m","un",1708.01]
[5301041,"Fornecimento e implantação de suporte duplo metálico galvanizado para placa de sinalização náutica em margem - altura total de 5 m - com embarcação","un",5204.1499999999996]
[5301059,"Fornecimento e implantação de suporte duplo metálico galvanizado para placa de sinalização náutica em margem - altura total de 5,0 m","un",4150.8500000000004]
[5301060,"Fornecimento e implantação de suporte duplo metálico galvanizado para placa de sinalização náutica em margem - altura total de 5,5 m","un",4606.45]
[5301042,"Fornecimento e implantação de suporte duplo metálico galvanizado para placa de sinalização náutica em margem - altura total de 5,5 m - com embarcação","un",5718.64]
[5301072,"Fornecimento e implantação de suporte duplo polimérico ecológico maciço quadrado de 10 cm para placa de sinalização náutica em margem - altura total de 5,5 m","un",5905.9]
[5301054,"Fornecimento e implantação de suporte duplo polimérico ecológico maciço quadrado de 10 cm para placa de sinalização náutica em margem - altura total de 5,5 m - com embarcação","un",6444.07]
[5301070,"Fornecimento e implantação de suporte duplo polimérico ecológico maciço quadrado de 8 cm para placa de sinalização náutica em margem - altura total de 4,0 m","un",2744.34]
[5301052,"Fornecimento e implantação de suporte duplo polimérico ecológico maciço quadrado de 8 cm para placa de sinalização náutica em margem - altura total de 4,0 m - com embarcação","un",3259.51]
[5301071,"Fornecimento e implantação de suporte duplo polimérico ecológico maciço quadrado de 8 cm para placa de sinalização náutica em margem - altura total de 5,0 m","un",3696.92]
[5301053,"Fornecimento e implantação de suporte duplo polimérico ecológico maciço quadrado de 8 cm para placa de sinalização náutica em margem - altura total de 5,0 m - com embarcação","un",4212.47]
[5301061,"Fornecimento e implantação de suporte simples em madeira com travessa para placa de sinalização náutica em margem - altura total de 4 m","un",197.39]
[5301043,"Fornecimento e implantação de suporte simples em madeira com travessa para placa de sinalização náutica em margem - altura total de 4 m - com embarcação","un",706.75]
[5301062,"Fornecimento e implantação de suporte simples em madeira com travessa para placa de sinalização náutica em margem - altura total de 5 m","un",340.29]
[5301044,"Fornecimento e implantação de suporte simples em madeira com travessa para placa de sinalização náutica em margem - altura total de 5 m - com embarcação","un",1058.51]
[5301063,"Fornecimento e implantação de suporte simples em madeira com travessa para placa de sinalização náutica em margem - altura total de 5,5 m","un",399.2]
[5301045,"Fornecimento e implantação de suporte simples em madeira com travessa para placa de sinalização náutica em margem - altura total de 5,5 m - com embarcação","un",1167.21]
[5301037,"Fornecimento e implantação de suporte simples metálico galvanizado para placa de sinalização náutica em margem - altura total de 4 m - com embarcação","un",1197.54]
[5301055,"Fornecimento e implantação de suporte simples metálico galvanizado para placa de sinalização náutica em margem - altura total de 4,0 m","un",685.06]
[5301038,"Fornecimento e implantação de suporte simples metálico galvanizado para placa de sinalização náutica em margem - altura total de 5 m - com embarcação","un",2474.5]
[5301056,"Fornecimento e implantação de suporte simples metálico galvanizado para placa de sinalização náutica em margem - altura total de 5,0 m","un",1746.81]
[5301057,"Fornecimento e implantação de suporte simples metálico galvanizado para placa de sinalização náutica em margem - altura total de 5,5 m","un",1949.14]
[5301039,"Fornecimento e implantação de suporte simples metálico galvanizado para placa de sinalização náutica em margem - altura total de 5,5 m - com embarcação","un",2727.9]
[5301069,"Fornecimento e implantação de suporte simples polimérico ecológico maciço quadrado de 10 cm para placa de sinalização náutica em margem - altura total de 5,5 m","un",2627.12]
[5301051,"Fornecimento e implantação de suporte simples polimérico ecológico maciço quadrado de 10 cm para placa de sinalização náutica em margem - altura total de 5,5 m - com embarcação","un",3071.93]
[5301067,"Fornecimento e implantação de suporte simples polimérico ecológico maciço quadrado de 8 cm para placa de sinalização náutica em margem - altura total de 4 m","un",1219.06]
[5301049,"Fornecimento e implantação de suporte simples polimérico ecológico maciço quadrado de 8 cm para placa de sinalização náutica em margem - altura total de 4 m - com embarcação","un",1663.01]
[5301068,"Fornecimento e implantação de suporte simples polimérico ecológico maciço quadrado de 8 cm para placa de sinalização náutica em margem - altura total de 5 m","un",1550.81]
[5301050,"Fornecimento e implantação de suporte simples polimérico ecológico maciço quadrado de 8 cm para placa de sinalização náutica em margem - altura total de 5 m - com embarcação","un",1994.94]
[5301022,"Fornecimento e instalação de conjunto de acessórios para sistema de fundeio de boia de amarração náutica com 4 manilhas","un",976.29]
[5301021,"Fornecimento e instalação de conjunto de acessórios para sistema de fundeio de boia de sinalização náutica com 7 manilhas","un",620.23]
[5301020,"Fornecimento e instalação de corrente 1\" para sistema de fundeio de boia de sinalização náutica","m",341.54]
[5301018,"Fornecimento e instalação de corrente 1/2\" para sistema de fundeio de boia de sinalização náutica","m",96.1]
[5301019,"Fornecimento e instalação de corrente 3/4\" para sistema de fundeio de boia de sinalização náutica","m",220.44]
[5301077,"Fornecimento e instalação de lanterna de sinalização náutica com alcance luminoso de 2 MN em obra de arte especial - com embarcação","un",5189.63]
[5301078,"Fornecimento e instalação de lanterna de sinalização náutica com alcance luminoso de 3 MN em obra de arte especial - com embarcação","un",5846.03]
[5301079,"Fornecimento e instalação de lanterna de sinalização náutica com alcance luminoso de 4 MN em obra de arte especial - com embarcação","un",8319.43]
[5301080,"Fornecimento e instalação de lanterna de sinalização náutica com alcance luminoso de 5 MN em obra de arte especial - com embarcação","un",9963.7000000000007]
[5301081,"Fornecimento e instalação de lanterna de sinalização náutica com alcance luminoso de 8 MN em obra de arte especial - com embarcação","un",11786.5]
[5301023,"Fornecimento e instalação de suporte e lanterna de sinalização náutica com alcance luminoso de 2 MN em boia","un",4033.57]
[5301024,"Fornecimento e instalação de suporte e lanterna de sinalização náutica com alcance luminoso de 3 MN em boia","un",4689.9799999999996]
[5301025,"Fornecimento e instalação de suporte e lanterna de sinalização náutica com alcance luminoso de 4 MN em boia","un",7163.37]
[5301026,"Fornecimento e instalação de suporte e lanterna de sinalização náutica com alcance luminoso de 5 MN em boia","un",8807.64]
[5301027,"Fornecimento e instalação de suporte e lanterna de sinalização náutica com alcance luminoso de 8 MN em boia","un",10630.44]
[5301028,"Fornecimento e substituição de lanterna de sinalização náutica com alcance luminoso de 2 MN em boia","un",3974]
[5301082,"Fornecimento e substituição de lanterna de sinalização náutica com alcance luminoso de 2 MN em obra de arte especial - com embarcação","un",5043.68]
[5301029,"Fornecimento e substituição de lanterna de sinalização náutica com alcance luminoso de 3 MN em boia","un",4630.41]
[5301083,"Fornecimento e substituição de lanterna de sinalização náutica com alcance luminoso de 3 MN em obra de arte especial - com embarcação","un",5700.08]
[5301030,"Fornecimento e substituição de lanterna de sinalização náutica com alcance luminoso de 4 MN em boia","un",7103.81]
[5301084,"Fornecimento e substituição de lanterna de sinalização náutica com alcance luminoso de 4 MN em obra de arte especial - com embarcação","un",8173.48]
[5301031,"Fornecimento e substituição de lanterna de sinalização náutica com alcance luminoso de 5 MN em boia","un",8748.08]
[5301085,"Fornecimento e substituição de lanterna de sinalização náutica com alcance luminoso de 5 MN em obra de arte especial - com embarcação","un",9817.75]
[5301032,"Fornecimento e substituição de lanterna de sinalização náutica com alcance luminoso de 8 MN em boia","un",10570.87]
[5301086,"Fornecimento e substituição de lanterna de sinalização náutica com alcance luminoso de 8 MN em obra de arte especial - com embarcação","un",11640.55]
[5301033,"Implantação de placa de sinalização náutica em margem - equipamentos e mão de obra","un",74.37]
[5301034,"Implantação de placa de sinalização náutica em margem - equipamentos e mão de obra - com embarcação","un",566.47]
[5301073,"Implantação de placa de sinalização náutica em obra de arte especial - equipamentos e mão de obra","un",461.84]
[5301074,"Implantação de placa de sinalização náutica em obra de arte especial - equipamentos e mão de obra - com embarcação","un",1620.58]
[5301015,"Lançamento de boia de sinalização náutica com sistema de fundeio - equipamentos e mão de obra","un",1047.4100000000001]
[5300992,"Pintura com epóxi óxido de ferro em chapa metálica com pistola a ar comprimido, uma demão, espessura de 35 µm","m²",16.579999999999998]
[5300994,"Pintura com esmalte poliuretano de dois componentes em chapa metálica com pistola a ar comprimido, uma demão, espessura de 35 µm","m²",14.84]
[5300993,"Pintura com fundo fosfatizante, uma demão, em chapa de alumínio com pistola a ar comprimido","m²",10.86]
[5301088,"Poita de concreto com 1.000 kg para boia de sinalização náutica","un",424.05]
[5301004,"Poita de concreto com 1.500 kg para boia de sinalização náutica","un",613.05999999999995]
[5301087,"Poita de concreto com 500 kg para boia de sinalização náutica","un",240.14]
[5301005,"Reforma de corpo de boia flutuante cilíndrico D = 1,10m","un",429.07]
[5301006,"Reforma de corpo de boia flutuante cilíndrico D = 1,10m - com lastro","un",529.86]
[5301008,"Reforma de corpo de boia flutuante cilíndrico D = 1,42m - boia de amarração","un",960.29]
[5301007,"Reforma de corpo de boia flutuante cilíndrico D = 1,43m - com lastro","un",876.71]
[5301009,"Reforma de mangrulho H = 0,90m","un",266.17]
[5301010,"Reforma de mangrulho H = 1,50m","un",406.01]
[5301011,"Reforma de marca de tope de bombordo","un",332.78]
[5301012,"Reforma de marca de tope de boreste","un",233.93]
[5301013,"Reforma de marca de tope especial","un",200.29]
[5301016,"Substituição de boia de sinalização náutica com sistema de fundeio - equipamentos e mão de obra","un",1731.34]
[5301017,"Substituição de boia de sinalização náutica sem sistema de fundeio - equipamentos e mão de obra","un",1267.53]
[5301035,"Substituição de placa de sinalização náutica em margem - equipamentos e mão de obra","un",105.83]
[5301036,"Substituição de placa de sinalização náutica em margem - equipamentos e mão de obra - com embarcação","un",1132.95]
[5301075,"Substituição de placa de sinalização náutica em obra de arte especial - equipamentos e mão de obra","un",527.27]
[5301076,"Substituição de placa de sinalização náutica em obra de arte especial - equipamentos e mão de obra - com embarcação","un",1785.38]
[5405977,"Aterro compactado em solo reforçado com fita metálica galvanizada - taxa 1,65 kg/m³ - material de jazida","m³",39.700000000000003]
[5406044,"Aterro compactado em solo reforçado com fita metálica galvanizada - taxa 12,40 kg/m³ - material de jazida","m³",225.51]
[5406045,"Aterro compactado em solo reforçado com fita metálica galvanizada - taxa 13,23 kg/m³ - material de jazida","m³",239.85]
[5406046,"Aterro compactado em solo reforçado com fita metálica galvanizada - taxa 14,88 kg/m³ - material de jazida","m³",268.37]
[5406047,"Aterro compactado em solo reforçado com fita metálica galvanizada - taxa 19,84 kg/m³ - material de jazida","m³",354.1]
[5405978,"Aterro compactado em solo reforçado com fita metálica galvanizada - taxa 3,31 kg/m³ - material de jazida","m³",68.39]
[5405982,"Aterro compactado em solo reforçado com fita metálica galvanizada - taxa 4,13 kg/m³ - material de jazida","m³",82.56]
[5405983,"Aterro compactado em solo reforçado com fita metálica galvanizada - taxa 4,96 kg/m³ - material de jazida","m³",96.91]
[5405984,"Aterro compactado em solo reforçado com fita metálica galvanizada - taxa 6,61 kg/m³ - material de jazida","m³",125.43]
[5405985,"Aterro compactado em solo reforçado com fita metálica galvanizada - taxa 8,27 kg/m³ - material de jazida","m³",154.12]
[5406043,"Aterro compactado em solo reforçado com fita metálica galvanizada - taxa 9,92 kg/m³ - material de jazida","m³",182.64]
[5405975,"Escoramento da primeira linha de escamas de concreto armado em solo reforçado com fita metálica – utilização de 3 vezes - confecção, instalação e retirada","m²",34.74]
[5405970,"Fabricação de escama de concreto armado para solo reforçado com fita metálica - 2 a 5 ligações - areia e brita comerciais","m³",1654.03]
[5405972,"Fabricação de escama de concreto armado para solo reforçado com fita metálica - 2 a 5 ligações - areia extraída e brita produzida","m³",1459.27]
[5405971,"Fabricação de escama de concreto armado para solo reforçado com fita metálica - 6 a 8 ligações - areia e brita comerciais","m³",1852.16]
[5405973,"Fabricação de escama de concreto armado para solo reforçado com fita metálica - 6 a 8 ligações - areia extraída e brita produzida","m³",1657.4]
[5405986,"Moldes metálicos para escama de concreto armado para solo reforçado com fita metálica - formato cruciforme de 1,50 x 1,50 m - utilização de 100 vezes","m²",9.75]
[5405976,"Montagem das escamas de concreto armado em solo reforçado com fita metálica","m²",130.43]
[5406023,"Muro de escama de concreto armado em solo reforçado com fita metálica com altura até 4 m - tipo 1 - areia e brita comerciais","m²",381.54]
[5406033,"Muro de escama de concreto armado em solo reforçado com fita metálica com altura até 4 m - tipo 1 - areia extraída e brita produzida","m²",354.27]
[5406024,"Muro de escama de concreto armado em solo reforçado com fita metálica com altura até 4 m - tipo 2 - areia e brita comerciais","m²",409.27]
[5406034,"Muro de escama de concreto armado em solo reforçado com fita metálica com altura até 4 m - tipo 2 - areia extraída e brita produzida","m²",382.01]
[5406031,"Muro de escama de concreto armado em solo reforçado com fita metálica com altura de 10,0 a 12 m - tipo 1 - areia e brita comerciais","m²",365.55]
[5406041,"Muro de escama de concreto armado em solo reforçado com fita metálica com altura de 10,0 a 12 m - tipo 1 - areia extraída e brita produzida","m²",338.28]
[5406032,"Muro de escama de concreto armado em solo reforçado com fita metálica com altura de 10,0 a 12 m - tipo 2 - areia e brita comerciais","m²",393.29]
[5406042,"Muro de escama de concreto armado em solo reforçado com fita metálica com altura de 10,0 a 12 m - tipo 2 - areia extraída e brita produzida","m²",366.02]
[5406025,"Muro de escama de concreto armado em solo reforçado com fita metálica com altura de 4,0 a 6 m - tipo 1 - areia e brita comerciais","m²",369.81]
[5406035,"Muro de escama de concreto armado em solo reforçado com fita metálica com altura de 4,0 a 6 m - tipo 1 - areia extraída e brita produzida","m²",342.54]
[5406026,"Muro de escama de concreto armado em solo reforçado com fita metálica com altura de 4,0 a 6 m - tipo 2 - areia e brita comerciais","m²",397.55]
[5406036,"Muro de escama de concreto armado em solo reforçado com fita metálica com altura de 4,0 a 6 m - tipo 2 - areia extraída e brita produzida","m²",370.28]
[5406027,"Muro de escama de concreto armado em solo reforçado com fita metálica com altura de 6,0 a 8 m - tipo 1 - areia e brita comerciais","m²",367.58]
[5406037,"Muro de escama de concreto armado em solo reforçado com fita metálica com altura de 6,0 a 8 m - tipo 1 - areia extraída e brita produzida","m²",340.31]
[5406028,"Muro de escama de concreto armado em solo reforçado com fita metálica com altura de 6,0 a 8 m - tipo 2 - areia e brita comerciais","m²",395.32]
[5406038,"Muro de escama de concreto armado em solo reforçado com fita metálica com altura de 6,0 a 8 m - tipo 2 - areia extraída e brita produzida","m²",368.05]
[5406029,"Muro de escama de concreto armado em solo reforçado com fita metálica com altura de 8,0 a 10 m - tipo 1 - areia e brita comerciais","m²",366.34]
[5406039,"Muro de escama de concreto armado em solo reforçado com fita metálica com altura de 8,0 a 10 m - tipo 1 - areia extraída e brita produzida","m²",339.07]
[5406030,"Muro de escama de concreto armado em solo reforçado com fita metálica com altura de 8,0 a 10 m - tipo 2 - areia e brita comerciais","m²",394.07]
[5406040,"Muro de escama de concreto armado em solo reforçado com fita metálica com altura de 8,0 a 10 m - tipo 2 - areia extraída e brita produzida","m²",366.81]
[5405987,"Travador de madeira para escama de concreto armado - utilização de 10 vezes","un",8.92]
[5405979,"Travamento e nivelamento de escama de concreto armado em solo reforçado com fita metálica","m²",15.74]
[5502806,"Camada drenante com conformação de trator de esteira - areia comercial","m³",165.15]
[5502807,"Camada drenante com conformação de trator de esteira - areia extraída","m³",15.6]
[5503041,"Compactação de aterros a 100% do Proctor intermediário","m³",9.1300000000000008]
[5502978,"Compactação de aterros a 100% do Proctor normal","m³",5.28]
[5502822,"Compactação de camada final de aterro de rocha","m³",40.869999999999997]
[5502979,"Construção de corpo de aterro com material de 3ª categoria oriundo de corte","m³",16.79]
[5501700,"Desmatamento, destocamento e limpeza de área com árvores de diâmetro até 0,15 m","m²",0.54]
[5500991,"Desmonte de blocos de rocha com martelete pneumático","m³",161.84]
[5515739,"Desmonte de matacões ou bloco de rocha por meio de explosivos","m³",45.7]
[5505766,"Desmonte de material de 3ª categoria a frio com argamassa expansiva a céu aberto","m³",355.2]
[5501701,"Destocamento de árvores com diâmetro de 0,15 a 0,30 m","un",39.520000000000003]
[5501702,"Destocamento de árvores com diâmetro maior que 0,30 m","un",98.81]
[5502972,"Escavação de vala em material de 3ª categoria - resistência à compressão acima de 110 MPa - com escavadeira e rompedor hidráulico 1.700 kg","m³",201.08]
[5502968,"Escavação de vala em material de 3ª categoria - resistência à compressão até 50 MPa - com escavadeira e rompedor hidráulico 1.700 kg","m³",22.68]
[5502969,"Escavação de vala em material de 3ª categoria - resistência à compressão de 50 a 70 MPa - com escavadeira e rompedor hidráulico 1.700 kg","m³",28.61]
[5502970,"Escavação de vala em material de 3ª categoria - resistência à compressão de 70 a 90 MPa - com escavadeira e rompedor hidráulico 1.700 kg","m³",52.42]
[5502971,"Escavação de vala em material de 3ª categoria - resistência à compressão de 90 a 110 MPa - com escavadeira e rompedor hidráulico 1.700 kg","m³",97.59]
[5502663,"Escavação e transporte de material de 3ª categoria - DMT de 0 a 50 m","m³",34.42]
[5502993,"Escavação em material de 3ª categoria","m³",25.85]
[5502967,"Escavação em material de 3ª categoria - resistência à compressão acima de 110 MPa - com escavadeira e rompedor hidráulico 1.700 kg","m³",111.27]
[5502963,"Escavação em material de 3ª categoria - resistência à compressão até 50 MPa - com escavadeira e rompedor hidráulico 1.700 kg","m³",13.58]
[5502964,"Escavação em material de 3ª categoria - resistência à compressão de 50 a 70 MPa - com escavadeira e rompedor hidráulico 1.700 kg","m³",17.010000000000002]
[5502965,"Escavação em material de 3ª categoria - resistência à compressão de 70 a 90 MPa - com escavadeira e rompedor hidráulico 1.700 kg","m³",30.62]
[5502966,"Escavação em material de 3ª categoria - resistência à compressão de 90 a 110 MPa - com escavadeira e rompedor hidráulico 1.700 kg","m³",56.14]
[5501706,"Escavação mecânica com retroescavadeira em material de 1ª categoria","m³",7]
[5501880,"Escavação, carga e transporte de material de 1ª categoria - DMT de 1.000 a 1.200 m - caminho de serviço em leito natural - com carregadeira e caminhão basculante de 14 m³","m³",12.46]
[5502114,"Escavação, carga e transporte de material de 1ª categoria - DMT de 1.000 a 1.200 m - caminho de serviço em leito natural - com escavadeira e caminhão basculante de 14 m³","m³",8.2799999999999994]
[5501906,"Escavação, carga e transporte de material de 1ª categoria - DMT de 1.000 a 1.200 m - caminho de serviço em revestimento primário - com carregadeira e caminhão basculante de 14 m³","m³",11.14]
[5502140,"Escavação, carga e transporte de material de 1ª categoria - DMT de 1.000 a 1.200 m - caminho de serviço em revestimento primário - com escavadeira e caminhão basculante de 14 m³","m³",6.95]
[5501932,"Escavação, carga e transporte de material de 1ª categoria - DMT de 1.000 a 1.200 m - caminho de serviço pavimentado - com carregadeira e caminhão basculante de 14 m³","m³",11.14]
[5502166,"Escavação, carga e transporte de material de 1ª categoria - DMT de 1.000 a 1.200 m - caminho de serviço pavimentado - com escavadeira e caminhão basculante de 14 m³","m³",7.38]
[5501881,"Escavação, carga e transporte de material de 1ª categoria - DMT de 1.200 a 1.400 m - caminho de serviço em leito natural - com carregadeira e caminhão basculante de 14 m³","m³",12.74]
[5502115,"Escavação, carga e transporte de material de 1ª categoria - DMT de 1.200 a 1.400 m - caminho de serviço em leito natural - com escavadeira e caminhão basculante de 14 m³","m³",8.98]
[5501907,"Escavação, carga e transporte de material de 1ª categoria - DMT de 1.200 a 1.400 m - caminho de serviço em revestimento primário - com carregadeira e caminhão basculante de 14 m³","m³",11.33]
[5502141,"Escavação, carga e transporte de material de 1ª categoria - DMT de 1.200 a 1.400 m - caminho de serviço em revestimento primário - com escavadeira e caminhão basculante de 14 m³","m³",7.53]
[5501933,"Escavação, carga e transporte de material de 1ª categoria - DMT de 1.200 a 1.400 m - caminho de serviço pavimentado - com carregadeira e caminhão basculante de 14 m³","m³",11.33]
[5502167,"Escavação, carga e transporte de material de 1ª categoria - DMT de 1.200 a 1.400 m - caminho de serviço pavimentado - com escavadeira e caminhão basculante de 14 m³","m³",7.53]
[5501882,"Escavação, carga e transporte de material de 1ª categoria - DMT de 1.400 a 1.600 m - caminho de serviço em leito natural - com carregadeira e caminhão basculante de 14 m³","m³",13.02]
[5502116,"Escavação, carga e transporte de material de 1ª categoria - DMT de 1.400 a 1.600 m - caminho de serviço em leito natural - com escavadeira e caminhão basculante de 14 m³","m³",9.2200000000000006]
[5501908,"Escavação, carga e transporte de material de 1ª categoria - DMT de 1.400 a 1.600 m - caminho de serviço em revestimento primário - com carregadeira e caminhão basculante de 14 m³","m³",11.52]
[5502142,"Escavação, carga e transporte de material de 1ª categoria - DMT de 1.400 a 1.600 m - caminho de serviço em revestimento primário - com escavadeira e caminhão basculante de 14 m³","m³",7.73]
[5501934,"Escavação, carga e transporte de material de 1ª categoria - DMT de 1.400 a 1.600 m - caminho de serviço pavimentado - com carregadeira e caminhão basculante de 14 m³","m³",11.47]
[5502168,"Escavação, carga e transporte de material de 1ª categoria - DMT de 1.400 a 1.600 m - caminho de serviço pavimentado - com escavadeira e caminhão basculante de 14 m³","m³",7.68]
[5501883,"Escavação, carga e transporte de material de 1ª categoria - DMT de 1.600 a 1.800 m - caminho de serviço em leito natural - com carregadeira e caminhão basculante de 14 m³","m³",13.31]
[5502117,"Escavação, carga e transporte de material de 1ª categoria - DMT de 1.600 a 1.800 m - caminho de serviço em leito natural - com escavadeira e caminhão basculante de 14 m³","m³",9.52]
[5501909,"Escavação, carga e transporte de material de 1ª categoria - DMT de 1.600 a 1.800 m - caminho de serviço em revestimento primário - com carregadeira e caminhão basculante de 14 m³","m³",11.71]
[5502143,"Escavação, carga e transporte de material de 1ª categoria - DMT de 1.600 a 1.800 m - caminho de serviço em revestimento primário - com escavadeira e caminhão basculante de 14 m³","m³",7.93]
[5501935,"Escavação, carga e transporte de material de 1ª categoria - DMT de 1.600 a 1.800 m - caminho de serviço pavimentado - com carregadeira e caminhão basculante de 14 m³","m³",11.66]
[5502169,"Escavação, carga e transporte de material de 1ª categoria - DMT de 1.600 a 1.800 m - caminho de serviço pavimentado - com escavadeira e caminhão basculante de 14 m³","m³",7.88]
[5501884,"Escavação, carga e transporte de material de 1ª categoria - DMT de 1.800 a 2.000 m - caminho de serviço em leito natural - com carregadeira e caminhão basculante de 14 m³","m³",13.97]
[5502118,"Escavação, carga e transporte de material de 1ª categoria - DMT de 1.800 a 2.000 m - caminho de serviço em leito natural - com escavadeira e caminhão basculante de 14 m³","m³",9.82]
[5501910,"Escavação, carga e transporte de material de 1ª categoria - DMT de 1.800 a 2.000 m - caminho de serviço em revestimento primário - com carregadeira e caminhão basculante de 14 m³","m³",11.89]
[5502144,"Escavação, carga e transporte de material de 1ª categoria - DMT de 1.800 a 2.000 m - caminho de serviço em revestimento primário - com escavadeira e caminhão basculante de 14 m³","m³",8.08]
[5501936,"Escavação, carga e transporte de material de 1ª categoria - DMT de 1.800 a 2.000 m - caminho de serviço pavimentado - com carregadeira e caminhão basculante de 14 m³","m³",11.8]
[5502170,"Escavação, carga e transporte de material de 1ª categoria - DMT de 1.800 a 2.000 m - caminho de serviço pavimentado - com escavadeira e caminhão basculante de 14 m³","m³",8.0299999999999994]
[5501885,"Escavação, carga e transporte de material de 1ª categoria - DMT de 2.000 a 2.500 m - caminho de serviço em leito natural - com carregadeira e caminhão basculante de 14 m³","m³",14.49]
[5502119,"Escavação, carga e transporte de material de 1ª categoria - DMT de 2.000 a 2.500 m - caminho de serviço em leito natural - com escavadeira e caminhão basculante de 14 m³","m³",10.73]
[5501911,"Escavação, carga e transporte de material de 1ª categoria - DMT de 2.000 a 2.500 m - caminho de serviço em revestimento primário - com carregadeira e caminhão basculante de 14 m³","m³",12.57]
[5502145,"Escavação, carga e transporte de material de 1ª categoria - DMT de 2.000 a 2.500 m - caminho de serviço em revestimento primário - com escavadeira e caminhão basculante de 14 m³","m³",8.43]
[5501937,"Escavação, carga e transporte de material de 1ª categoria - DMT de 2.000 a 2.500 m - caminho de serviço pavimentado - com carregadeira e caminhão basculante de 14 m³","m³",12.51]
[5502171,"Escavação, carga e transporte de material de 1ª categoria - DMT de 2.000 a 2.500 m - caminho de serviço pavimentado - com escavadeira e caminhão basculante de 14 m³","m³",8.33]
[5501886,"Escavação, carga e transporte de material de 1ª categoria - DMT de 2.500 a 3.000 m - caminho de serviço em leito natural - com carregadeira e caminhão basculante de 14 m³","m³",15.64]
[5502120,"Escavação, carga e transporte de material de 1ª categoria - DMT de 2.500 a 3.000 m - caminho de serviço em leito natural - com escavadeira e caminhão basculante de 14 m³","m³",11.9]
[5501912,"Escavação, carga e transporte de material de 1ª categoria - DMT de 2.500 a 3.000 m - caminho de serviço em revestimento primário - com carregadeira e caminhão basculante de 14 m³","m³",13.08]
[5502146,"Escavação, carga e transporte de material de 1ª categoria - DMT de 2.500 a 3.000 m - caminho de serviço em revestimento primário - com escavadeira e caminhão basculante de 14 m³","m³",9.34]
[5501938,"Escavação, carga e transporte de material de 1ª categoria - DMT de 2.500 a 3.000 m - caminho de serviço pavimentado - com carregadeira e caminhão basculante de 14 m³","m³",12.97]
[5502172,"Escavação, carga e transporte de material de 1ª categoria - DMT de 2.500 a 3.000 m - caminho de serviço pavimentado - com escavadeira e caminhão basculante de 14 m³","m³",9.2200000000000006]
[5501876,"Escavação, carga e transporte de material de 1ª categoria - DMT de 200 a 400 m - caminho de serviço em leito natural - com carregadeira e caminhão basculante de 14 m³","m³",10.37]
[5502110,"Escavação, carga e transporte de material de 1ª categoria - DMT de 200 a 400 m - caminho de serviço em leito natural - com escavadeira e caminhão basculante de 14 m³","m³",6.55]
[5501902,"Escavação, carga e transporte de material de 1ª categoria - DMT de 200 a 400 m - caminho de serviço em revestimento primário - com carregadeira e caminhão basculante de 14 m³","m³",9.91]
[5502136,"Escavação, carga e transporte de material de 1ª categoria - DMT de 200 a 400 m - caminho de serviço em revestimento primário - com escavadeira e caminhão basculante de 14 m³","m³",6.11]
[5501928,"Escavação, carga e transporte de material de 1ª categoria - DMT de 200 a 400 m - caminho de serviço pavimentado - com carregadeira e caminhão basculante de 14 m³","m³",9.99]
[5502162,"Escavação, carga e transporte de material de 1ª categoria - DMT de 200 a 400 m - caminho de serviço pavimentado - com escavadeira e caminhão basculante de 14 m³","m³",6.19]
[5501877,"Escavação, carga e transporte de material de 1ª categoria - DMT de 400 a 600 m - caminho de serviço em leito natural - com carregadeira e caminhão basculante de 14 m³","m³",11.14]
[5502111,"Escavação, carga e transporte de material de 1ª categoria - DMT de 400 a 600 m - caminho de serviço em leito natural - com escavadeira e caminhão basculante de 14 m³","m³",6.95]
[5501903,"Escavação, carga e transporte de material de 1ª categoria - DMT de 400 a 600 m - caminho de serviço em revestimento primário - com carregadeira e caminhão basculante de 14 m³","m³",10.18]
[5502137,"Escavação, carga e transporte de material de 1ª categoria - DMT de 400 a 600 m - caminho de serviço em revestimento primário - com escavadeira e caminhão basculante de 14 m³","m³",6.35]
[5501929,"Escavação, carga e transporte de material de 1ª categoria - DMT de 400 a 600 m - caminho de serviço pavimentado - com carregadeira e caminhão basculante de 14 m³","m³",10.220000000000001]
[5502163,"Escavação, carga e transporte de material de 1ª categoria - DMT de 400 a 600 m - caminho de serviço pavimentado - com escavadeira e caminhão basculante de 14 m³","m³",6.39]
[5501875,"Escavação, carga e transporte de material de 1ª categoria - DMT de 50 a 200 m - caminho de serviço em leito natural - com carregadeira e caminhão basculante de 14 m³","m³",9.91]
[5502109,"Escavação, carga e transporte de material de 1ª categoria - DMT de 50 a 200 m - caminho de serviço em leito natural - com escavadeira e caminhão basculante de 14 m³","m³",6.11]
[5501901,"Escavação, carga e transporte de material de 1ª categoria - DMT de 50 a 200 m - caminho de serviço em revestimento primário - com carregadeira e caminhão basculante de 14 m³","m³",9.24]
[5502135,"Escavação, carga e transporte de material de 1ª categoria - DMT de 50 a 200 m - caminho de serviço em revestimento primário - com escavadeira e caminhão basculante de 14 m³","m³",5.39]
[5501927,"Escavação, carga e transporte de material de 1ª categoria - DMT de 50 a 200 m - caminho de serviço pavimentado - com carregadeira e caminhão basculante de 14 m³","m³",9.73]
[5502161,"Escavação, carga e transporte de material de 1ª categoria - DMT de 50 a 200 m - caminho de serviço pavimentado - com escavadeira e caminhão basculante de 14 m³","m³",5.48]
[5501878,"Escavação, carga e transporte de material de 1ª categoria - DMT de 600 a 800 m - caminho de serviço em leito natural - com carregadeira e caminhão basculante de 14 m³","m³",11.47]
[5502112,"Escavação, carga e transporte de material de 1ª categoria - DMT de 600 a 800 m - caminho de serviço em leito natural - com escavadeira e caminhão basculante de 14 m³","m³",7.68]
[5501904,"Escavação, carga e transporte de material de 1ª categoria - DMT de 600 a 800 m - caminho de serviço em revestimento primário - com carregadeira e caminhão basculante de 14 m³","m³",10.37]
[5502138,"Escavação, carga e transporte de material de 1ª categoria - DMT de 600 a 800 m - caminho de serviço em revestimento primário - com escavadeira e caminhão basculante de 14 m³","m³",6.59]
[5501930,"Escavação, carga e transporte de material de 1ª categoria - DMT de 600 a 800 m - caminho de serviço pavimentado - com carregadeira e caminhão basculante de 14 m³","m³",10.41]
[5502164,"Escavação, carga e transporte de material de 1ª categoria - DMT de 600 a 800 m - caminho de serviço pavimentado - com escavadeira e caminhão basculante de 14 m³","m³",6.59]
[5501879,"Escavação, carga e transporte de material de 1ª categoria - DMT de 800 a 1.000 m - caminho de serviço em leito natural - com carregadeira e caminhão basculante de 14 m³","m³",11.8]
[5502113,"Escavação, carga e transporte de material de 1ª categoria - DMT de 800 a 1.000 m - caminho de serviço em leito natural - com escavadeira e caminhão basculante de 14 m³","m³",7.98]
[5501905,"Escavação, carga e transporte de material de 1ª categoria - DMT de 800 a 1.000 m - caminho de serviço em revestimento primário - com carregadeira e caminhão basculante de 14 m³","m³",10.59]
[5502139,"Escavação, carga e transporte de material de 1ª categoria - DMT de 800 a 1.000 m - caminho de serviço em revestimento primário - com escavadeira e caminhão basculante de 14 m³","m³",6.79]
[5501931,"Escavação, carga e transporte de material de 1ª categoria - DMT de 800 a 1.000 m - caminho de serviço pavimentado - com carregadeira e caminhão basculante de 14 m³","m³",11]
[5502165,"Escavação, carga e transporte de material de 1ª categoria - DMT de 800 a 1.000 m - caminho de serviço pavimentado - com escavadeira e caminhão basculante de 14 m³","m³",6.79]
[5502825,"Escavação, carga e transporte de material de 1ª categoria na distância de 3.000 m - caminho de serviço em leito natural - com carregadeira e caminhão basculante de 14 m³","m³",16.5]
[5502834,"Escavação, carga e transporte de material de 1ª categoria na distância de 3.000 m - caminho de serviço em leito natural - com escavadeira e caminhão basculante de 14 m³","m³",12.38]
[5502826,"Escavação, carga e transporte de material de 1ª categoria na distância de 3.000 m - caminho de serviço em revestimento primário - com carregadeira e caminhão basculante de 14 m³","m³",13.36]
[5502835,"Escavação, carga e transporte de material de 1ª categoria na distância de 3.000 m - caminho de serviço em revestimento primário - com escavadeira e caminhão basculante de 14 m³","m³",9.64]
[5502827,"Escavação, carga e transporte de material de 1ª categoria na distância de 3.000 m - caminho de serviço pavimentado - com carregadeira e caminhão basculante de 14 m³","m³",13.19]
[5502836,"Escavação, carga e transporte de material de 1ª categoria na distância de 3.000 m - caminho de serviço pavimentado - com escavadeira e caminhão basculante de 14 m³","m³",9.4600000000000009]
[5502356,"Escavação, carga e transporte de material de 2ª categoria - DMT de 1.000 a 1.200 m - caminho de serviço em leito natural - com carregadeira e caminhão basculante de 14 m³","m³",18.55]
[5502590,"Escavação, carga e transporte de material de 2ª categoria - DMT de 1.000 a 1.200 m - caminho de serviço em leito natural - com escavadeira e caminhão basculante de 14 m³","m³",10.86]
[5502382,"Escavação, carga e transporte de material de 2ª categoria - DMT de 1.000 a 1.200 m - caminho de serviço em revestimento primário - com carregadeira e caminhão basculante de 14 m³","m³",17.09]
[5502616,"Escavação, carga e transporte de material de 2ª categoria - DMT de 1.000 a 1.200 m - caminho de serviço em revestimento primário - com escavadeira e caminhão basculante de 14 m³","m³",9.25]
[5502408,"Escavação, carga e transporte de material de 2ª categoria - DMT de 1.000 a 1.200 m - caminho de serviço pavimentado - com carregadeira e caminhão basculante de 14 m³","m³",17.09]
[5502642,"Escavação, carga e transporte de material de 2ª categoria - DMT de 1.000 a 1.200 m - caminho de serviço pavimentado - com escavadeira e caminhão basculante de 14 m³","m³",9.1999999999999993]
[5502357,"Escavação, carga e transporte de material de 2ª categoria - DMT de 1.200 a 1.400 m - caminho de serviço em leito natural - com carregadeira e caminhão basculante de 14 m³","m³",18.87]
[5502591,"Escavação, carga e transporte de material de 2ª categoria - DMT de 1.200 a 1.400 m - caminho de serviço em leito natural - com escavadeira e caminhão basculante de 14 m³","m³",11.19]
[5502383,"Escavação, carga e transporte de material de 2ª categoria - DMT de 1.200 a 1.400 m - caminho de serviço em revestimento primário - com carregadeira e caminhão basculante de 14 m³","m³",17.29]
[5502617,"Escavação, carga e transporte de material de 2ª categoria - DMT de 1.200 a 1.400 m - caminho de serviço em revestimento primário - com escavadeira e caminhão basculante de 14 m³","m³",9.4]
[5502409,"Escavação, carga e transporte de material de 2ª categoria - DMT de 1.200 a 1.400 m - caminho de serviço pavimentado - com carregadeira e caminhão basculante de 14 m³","m³",17.239999999999998]
[5502643,"Escavação, carga e transporte de material de 2ª categoria - DMT de 1.200 a 1.400 m - caminho de serviço pavimentado - com escavadeira e caminhão basculante de 14 m³","m³",9.4]
[5502358,"Escavação, carga e transporte de material de 2ª categoria - DMT de 1.400 a 1.600 m - caminho de serviço em leito natural - com carregadeira e caminhão basculante de 14 m³","m³",19.18]
[5502592,"Escavação, carga e transporte de material de 2ª categoria - DMT de 1.400 a 1.600 m - caminho de serviço em leito natural - com escavadeira e caminhão basculante de 14 m³","m³",11.46]
[5502384,"Escavação, carga e transporte de material de 2ª categoria - DMT de 1.400 a 1.600 m - caminho de serviço em revestimento primário - com carregadeira e caminhão basculante de 14 m³","m³",17.489999999999998]
[5502618,"Escavação, carga e transporte de material de 2ª categoria - DMT de 1.400 a 1.600 m - caminho de serviço em revestimento primário - com escavadeira e caminhão basculante de 14 m³","m³",10.32]
[5502410,"Escavação, carga e transporte de material de 2ª categoria - DMT de 1.400 a 1.600 m - caminho de serviço pavimentado - com carregadeira e caminhão basculante de 14 m³","m³",17.440000000000001]
[5502644,"Escavação, carga e transporte de material de 2ª categoria - DMT de 1.400 a 1.600 m - caminho de serviço pavimentado - com escavadeira e caminhão basculante de 14 m³","m³",10.25]
[5502359,"Escavação, carga e transporte de material de 2ª categoria - DMT de 1.600 a 1.800 m - caminho de serviço em leito natural - com carregadeira e caminhão basculante de 14 m³","m³",19.489999999999998]
[5502593,"Escavação, carga e transporte de material de 2ª categoria - DMT de 1.600 a 1.800 m - caminho de serviço em leito natural - com escavadeira e caminhão basculante de 14 m³","m³",11.8]
[5502385,"Escavação, carga e transporte de material de 2ª categoria - DMT de 1.600 a 1.800 m - caminho de serviço em revestimento primário - com carregadeira e caminhão basculante de 14 m³","m³",17.690000000000001]
[5502619,"Escavação, carga e transporte de material de 2ª categoria - DMT de 1.600 a 1.800 m - caminho de serviço em revestimento primário - com escavadeira e caminhão basculante de 14 m³","m³",10.52]
[5502411,"Escavação, carga e transporte de material de 2ª categoria - DMT de 1.600 a 1.800 m - caminho de serviço pavimentado - com carregadeira e caminhão basculante de 14 m³","m³",17.64]
[5502645,"Escavação, carga e transporte de material de 2ª categoria - DMT de 1.600 a 1.800 m - caminho de serviço pavimentado - com escavadeira e caminhão basculante de 14 m³","m³",10.45]
[5502360,"Escavação, carga e transporte de material de 2ª categoria - DMT de 1.800 a 2.000 m - caminho de serviço em leito natural - com carregadeira e caminhão basculante de 14 m³","m³",20.27]
[5502594,"Escavação, carga e transporte de material de 2ª categoria - DMT de 1.800 a 2.000 m - caminho de serviço em leito natural - com escavadeira e caminhão basculante de 14 m³","m³",12.8]
[5502386,"Escavação, carga e transporte de material de 2ª categoria - DMT de 1.800 a 2.000 m - caminho de serviço em revestimento primário - com carregadeira e caminhão basculante de 14 m³","m³",18.37]
[5502620,"Escavação, carga e transporte de material de 2ª categoria - DMT de 1.800 a 2.000 m - caminho de serviço em revestimento primário - com escavadeira e caminhão basculante de 14 m³","m³",10.66]
[5502412,"Escavação, carga e transporte de material de 2ª categoria - DMT de 1.800 a 2.000 m - caminho de serviço pavimentado - com carregadeira e caminhão basculante de 14 m³","m³",18.309999999999999]
[5502646,"Escavação, carga e transporte de material de 2ª categoria - DMT de 1.800 a 2.000 m - caminho de serviço pavimentado - com escavadeira e caminhão basculante de 14 m³","m³",10.59]
[5502361,"Escavação, carga e transporte de material de 2ª categoria - DMT de 2.000 a 2.500 m - caminho de serviço em leito natural - com carregadeira e caminhão basculante de 14 m³","m³",20.79]
[5502595,"Escavação, carga e transporte de material de 2ª categoria - DMT de 2.000 a 2.500 m - caminho de serviço em leito natural - com escavadeira e caminhão basculante de 14 m³","m³",13.3]
[5502387,"Escavação, carga e transporte de material de 2ª categoria - DMT de 2.000 a 2.500 m - caminho de serviço em revestimento primário - com carregadeira e caminhão basculante de 14 m³","m³",18.739999999999998]
[5502621,"Escavação, carga e transporte de material de 2ª categoria - DMT de 2.000 a 2.500 m - caminho de serviço em revestimento primário - com escavadeira e caminhão basculante de 14 m³","m³",11.06]
[5502413,"Escavação, carga e transporte de material de 2ª categoria - DMT de 2.000 a 2.500 m - caminho de serviço pavimentado - com carregadeira e caminhão basculante de 14 m³","m³",18.62]
[5502647,"Escavação, carga e transporte de material de 2ª categoria - DMT de 2.000 a 2.500 m - caminho de serviço pavimentado - com escavadeira e caminhão basculante de 14 m³","m³",10.93]
[5502362,"Escavação, carga e transporte de material de 2ª categoria - DMT de 2.500 a 3.000 m - caminho de serviço em leito natural - com carregadeira e caminhão basculante de 14 m³","m³",22.21]
[5502596,"Escavação, carga e transporte de material de 2ª categoria - DMT de 2.500 a 3.000 m - caminho de serviço em leito natural - com escavadeira e caminhão basculante de 14 m³","m³",14.14]
[5502388,"Escavação, carga e transporte de material de 2ª categoria - DMT de 2.500 a 3.000 m - caminho de serviço em revestimento primário - com carregadeira e caminhão basculante de 14 m³","m³",19.239999999999998]
[5502622,"Escavação, carga e transporte de material de 2ª categoria - DMT de 2.500 a 3.000 m - caminho de serviço em revestimento primário - com escavadeira e caminhão basculante de 14 m³","m³",11.6]
[5502414,"Escavação, carga e transporte de material de 2ª categoria - DMT de 2.500 a 3.000 m - caminho de serviço pavimentado - com carregadeira e caminhão basculante de 14 m³","m³",19.12]
[5502648,"Escavação, carga e transporte de material de 2ª categoria - DMT de 2.500 a 3.000 m - caminho de serviço pavimentado - com escavadeira e caminhão basculante de 14 m³","m³",11.46]
[5502352,"Escavação, carga e transporte de material de 2ª categoria - DMT de 200 a 400 m - caminho de serviço em leito natural - com carregadeira e caminhão basculante de 14 m³","m³",16.64]
[5502586,"Escavação, carga e transporte de material de 2ª categoria - DMT de 200 a 400 m - caminho de serviço em leito natural - com escavadeira e caminhão basculante de 14 m³","m³",8.8000000000000007]
[5502378,"Escavação, carga e transporte de material de 2ª categoria - DMT de 200 a 400 m - caminho de serviço em revestimento primário - com carregadeira e caminhão basculante de 14 m³","m³",15.65]
[5502612,"Escavação, carga e transporte de material de 2ª categoria - DMT de 200 a 400 m - caminho de serviço em revestimento primário - com escavadeira e caminhão basculante de 14 m³","m³",8.2899999999999991]
[5502404,"Escavação, carga e transporte de material de 2ª categoria - DMT de 200 a 400 m - caminho de serviço pavimentado - com carregadeira e caminhão basculante de 14 m³","m³",15.72]
[5502638,"Escavação, carga e transporte de material de 2ª categoria - DMT de 200 a 400 m - caminho de serviço pavimentado - com escavadeira e caminhão basculante de 14 m³","m³",8.4]
[5502353,"Escavação, carga e transporte de material de 2ª categoria - DMT de 400 a 600 m - caminho de serviço em leito natural - com carregadeira e caminhão basculante de 14 m³","m³",17.04]
[5502587,"Escavação, carga e transporte de material de 2ª categoria - DMT de 400 a 600 m - caminho de serviço em leito natural - com escavadeira e caminhão basculante de 14 m³","m³",9.1999999999999993]
[5502379,"Escavação, carga e transporte de material de 2ª categoria - DMT de 400 a 600 m - caminho de serviço em revestimento primário - com carregadeira e caminhão basculante de 14 m³","m³",15.95]
[5502613,"Escavação, carga e transporte de material de 2ª categoria - DMT de 400 a 600 m - caminho de serviço em revestimento primário - com escavadeira e caminhão basculante de 14 m³","m³",8.6]
[5502405,"Escavação, carga e transporte de material de 2ª categoria - DMT de 400 a 600 m - caminho de serviço pavimentado - com carregadeira e caminhão basculante de 14 m³","m³",16.489999999999998]
[5502639,"Escavação, carga e transporte de material de 2ª categoria - DMT de 400 a 600 m - caminho de serviço pavimentado - com escavadeira e caminhão basculante de 14 m³","m³",8.65]
[5502351,"Escavação, carga e transporte de material de 2ª categoria - DMT de 50 a 200 m - caminho de serviço em leito natural - com carregadeira e caminhão basculante de 14 m³","m³",15.65]
[5502585,"Escavação, carga e transporte de material de 2ª categoria - DMT de 50 a 200 m - caminho de serviço em leito natural - com escavadeira e caminhão basculante de 14 m³","m³",8.2899999999999991]
[5502377,"Escavação, carga e transporte de material de 2ª categoria - DMT de 50 a 200 m - caminho de serviço em revestimento primário - com carregadeira e caminhão basculante de 14 m³","m³",15.35]
[5502611,"Escavação, carga e transporte de material de 2ª categoria - DMT de 50 a 200 m - caminho de serviço em revestimento primário - com escavadeira e caminhão basculante de 14 m³","m³",7.99]
[5502403,"Escavação, carga e transporte de material de 2ª categoria - DMT de 50 a 200 m - caminho de serviço pavimentado - com carregadeira e caminhão basculante de 14 m³","m³",15.46]
[5502637,"Escavação, carga e transporte de material de 2ª categoria - DMT de 50 a 200 m - caminho de serviço pavimentado - com escavadeira e caminhão basculante de 14 m³","m³",8.09]
[5502187,"Escavação, carga e transporte de material de 2ª categoria - DMT de 50 m","m³",7.36]
[5502354,"Escavação, carga e transporte de material de 2ª categoria - DMT de 600 a 800 m - caminho de serviço em leito natural - com carregadeira e caminhão basculante de 14 m³","m³",17.440000000000001]
[5502588,"Escavação, carga e transporte de material de 2ª categoria - DMT de 600 a 800 m - caminho de serviço em leito natural - com escavadeira e caminhão basculante de 14 m³","m³",10.25]
[5502380,"Escavação, carga e transporte de material de 2ª categoria - DMT de 600 a 800 m - caminho de serviço em revestimento primário - com carregadeira e caminhão basculante de 14 m³","m³",16.690000000000001]
[5502614,"Escavação, carga e transporte de material de 2ª categoria - DMT de 600 a 800 m - caminho de serviço em revestimento primário - com escavadeira e caminhão basculante de 14 m³","m³",8.8000000000000007]
[5502406,"Escavação, carga e transporte de material de 2ª categoria - DMT de 600 a 800 m - caminho de serviço pavimentado - com carregadeira e caminhão basculante de 14 m³","m³",16.690000000000001]
[5502640,"Escavação, carga e transporte de material de 2ª categoria - DMT de 600 a 800 m - caminho de serviço pavimentado - com escavadeira e caminhão basculante de 14 m³","m³",8.85]
[5502355,"Escavação, carga e transporte de material de 2ª categoria - DMT de 800 a 1.000 m - caminho de serviço em leito natural - com carregadeira e caminhão basculante de 14 m³","m³",17.739999999999998]
[5502589,"Escavação, carga e transporte de material de 2ª categoria - DMT de 800 a 1.000 m - caminho de serviço em leito natural - com escavadeira e caminhão basculante de 14 m³","m³",10.59]
[5502381,"Escavação, carga e transporte de material de 2ª categoria - DMT de 800 a 1.000 m - caminho de serviço em revestimento primário - com carregadeira e caminhão basculante de 14 m³","m³",16.89]
[5502615,"Escavação, carga e transporte de material de 2ª categoria - DMT de 800 a 1.000 m - caminho de serviço em revestimento primário - com escavadeira e caminhão basculante de 14 m³","m³",9.0500000000000007]
[5502407,"Escavação, carga e transporte de material de 2ª categoria - DMT de 800 a 1.000 m - caminho de serviço pavimentado - com carregadeira e caminhão basculante de 14 m³","m³",16.89]
[5502641,"Escavação, carga e transporte de material de 2ª categoria - DMT de 800 a 1.000 m - caminho de serviço pavimentado - com escavadeira e caminhão basculante de 14 m³","m³",9.0500000000000007]
[5502880,"Escavação, carga e transporte de material de 2ª categoria na distância de 3.000 m - caminho de serviço em leito natural - com escavadeira e caminhão basculante de 14 m³","m³",15.28]
[5502857,"Escavação, carga e transporte de material de 2ª categoria na distância de 3.000 m - caminho de serviço em leito natural com carregadeira e caminhão basculante de 14 m³","m³",22.65]
[5502881,"Escavação, carga e transporte de material de 2ª categoria na distância de 3.000 m - caminho de serviço em revestimento primário - com escavadeira e caminhão basculante de 14 m³","m³",11.87]
[5502859,"Escavação, carga e transporte de material de 2ª categoria na distância de 3.000 m - caminho de serviço pavimentado - com carregadeira e caminhão basculante de 14 m³","m³",19.37]
[5502882,"Escavação, carga e transporte de material de 2ª categoria na distância de 3.000 m - caminho de serviço pavimentado - com escavadeira e caminhão basculante de 14 m³","m³",11.73]
[5502858,"Escavação, carga e transporte de material de 2ª categoria na distância de 3.000 m -caminho de serviço com revestimento primário com carregadeira e caminhão basculante de 14 m³","m³",20.05]
[5502747,"Escavação, carga e transporte de material de 3ª categoria - DMT de 1.000 a 1.200 m - caminho de serviço em leito natural com caminhão basculante de 12 m³","m³",47.67]
[5502773,"Escavação, carga e transporte de material de 3ª categoria - DMT de 1.000 a 1.200 m - caminho de serviço em revestimento primário - com caminhão basculante de 12 m³","m³",46.1]
[5502799,"Escavação, carga e transporte de material de 3ª categoria - DMT de 1.000 a 1.200 m - caminho de serviço pavimentado - com caminhão basculante de 12 m³","m³",45.6]
[5502748,"Escavação, carga e transporte de material de 3ª categoria - DMT de 1.200 a 1.400 m - caminho de serviço em leito natural com caminhão basculante de 12 m³","m³",48.16]
[5502774,"Escavação, carga e transporte de material de 3ª categoria - DMT de 1.200 a 1.400 m - caminho de serviço em revestimento primário - com caminhão basculante de 12 m³","m³",46.39]
[5502800,"Escavação, carga e transporte de material de 3ª categoria - DMT de 1.200 a 1.400 m - caminho de serviço pavimentado - com caminhão basculante de 12 m³","m³",45.9]
[5502749,"Escavação, carga e transporte de material de 3ª categoria - DMT de 1.400 a 1.600 m - caminho de serviço em leito natural com caminhão basculante de 12 m³","m³",48.56]
[5502775,"Escavação, carga e transporte de material de 3ª categoria - DMT de 1.400 a 1.600 m - caminho de serviço em revestimento primário - com caminhão basculante de 12 m³","m³",46.69]
[5502801,"Escavação, carga e transporte de material de 3ª categoria - DMT de 1.400 a 1.600 m - caminho de serviço pavimentado - com caminhão basculante de 12 m³","m³",46.1]
[5502750,"Escavação, carga e transporte de material de 3ª categoria - DMT de 1.600 a 1.800 m - caminho de serviço em leito natural com caminhão basculante de 12 m³","m³",50.65]
[5502776,"Escavação, carga e transporte de material de 3ª categoria - DMT de 1.600 a 1.800 m - caminho de serviço em revestimento primário - com caminhão basculante de 12 m³","m³",46.98]
[5502802,"Escavação, carga e transporte de material de 3ª categoria - DMT de 1.600 a 1.800 m - caminho de serviço pavimentado - com caminhão basculante de 12 m³","m³",46.39]
[5502751,"Escavação, carga e transporte de material de 3ª categoria - DMT de 1.800 a 2.000 m - caminho de serviço em leito natural com caminhão basculante de 12 m³","m³",51.18]
[5502777,"Escavação, carga e transporte de material de 3ª categoria - DMT de 1.800 a 2.000 m - caminho de serviço em revestimento primário - com caminhão basculante de 12 m³","m³",47.28]
[5502803,"Escavação, carga e transporte de material de 3ª categoria - DMT de 1.800 a 2.000 m - caminho de serviço pavimentado - com caminhão basculante de 12 m³","m³",46.59]
[5502752,"Escavação, carga e transporte de material de 3ª categoria - DMT de 2.000 a 2.500 m - caminho de serviço em leito natural com caminhão basculante de 12 m³","m³",51.96]
[5502778,"Escavação, carga e transporte de material de 3ª categoria - DMT de 2.000 a 2.500 m - caminho de serviço em revestimento primário - com caminhão basculante de 12 m³","m³",47.87]
[5502804,"Escavação, carga e transporte de material de 3ª categoria - DMT de 2.000 a 2.500 m - caminho de serviço pavimentado - com caminhão basculante de 12 m³","m³",47.08]
[5502753,"Escavação, carga e transporte de material de 3ª categoria - DMT de 2.500 a 3.000 m - caminho de serviço em leito natural com caminhão basculante de 12 m³","m³",53.28]
[5502779,"Escavação, carga e transporte de material de 3ª categoria - DMT de 2.500 a 3.000 m - caminho de serviço em revestimento primário - com caminhão basculante de 12 m³","m³",50.39]
[5502805,"Escavação, carga e transporte de material de 3ª categoria - DMT de 2.500 a 3.000 m - caminho de serviço pavimentado - com caminhão basculante de 12 m³","m³",47.77]
[5502743,"Escavação, carga e transporte de material de 3ª categoria - DMT de 200 a 400 m - caminho de serviço em leito natural com caminhão basculante de 12 m³","m³",45.41]
[5502769,"Escavação, carga e transporte de material de 3ª categoria - DMT de 200 a 400 m - caminho de serviço em revestimento primário - com caminhão basculante de 12 m³","m³",43.05]
[5502795,"Escavação, carga e transporte de material de 3ª categoria - DMT de 200 a 400 m - caminho de serviço pavimentado - com caminhão basculante de 12 m³","m³",42.85]
[5502744,"Escavação, carga e transporte de material de 3ª categoria - DMT de 400 a 600 m - caminho de serviço em leito natural com caminhão basculante de 12 m³","m³",46.1]
[5502770,"Escavação, carga e transporte de material de 3ª categoria - DMT de 400 a 600 m - caminho de serviço em revestimento primário - com caminhão basculante de 12 m³","m³",43.51]
[5502796,"Escavação, carga e transporte de material de 3ª categoria - DMT de 400 a 600 m - caminho de serviço pavimentado - com caminhão basculante de 12 m³","m³",43.18]
[5502742,"Escavação, carga e transporte de material de 3ª categoria - DMT de 50 a 200 m - caminho de serviço em leito natural com caminhão basculante de 12 m³","m³",43.05]
[5502768,"Escavação, carga e transporte de material de 3ª categoria - DMT de 50 a 200 m - caminho de serviço em revestimento primário - com caminhão basculante de 12 m³","m³",42.59]
[5502794,"Escavação, carga e transporte de material de 3ª categoria - DMT de 50 a 200 m - caminho de serviço pavimentado - com caminhão basculante de 12 m³","m³",42.39]
[5502745,"Escavação, carga e transporte de material de 3ª categoria - DMT de 600 a 800 m - caminho de serviço em leito natural com caminhão basculante de 12 m³","m³",46.69]
[5502771,"Escavação, carga e transporte de material de 3ª categoria - DMT de 600 a 800 m - caminho de serviço em revestimento primário - com caminhão basculante de 12 m³","m³",45.51]
[5502797,"Escavação, carga e transporte de material de 3ª categoria - DMT de 600 a 800 m - caminho de serviço pavimentado - com caminhão basculante de 12 m³","m³",43.44]
[5502746,"Escavação, carga e transporte de material de 3ª categoria - DMT de 800 a 1.000 m - caminho de serviço em leito natural com caminhão basculante de 12 m³","m³",47.18]
[5502772,"Escavação, carga e transporte de material de 3ª categoria - DMT de 800 a 1.000 m - caminho de serviço em revestimento primário - com caminhão basculante de 12 m³","m³",45.8]
[5502798,"Escavação, carga e transporte de material de 3ª categoria - DMT de 800 a 1.000 m - caminho de serviço pavimentado - com caminhão basculante de 12 m³","m³",43.77]
[5502886,"Escavação, carga e transporte de material de 3ª categoria na distância de 3.000 m - caminho de serviço em leito natural com caminhão basculante de 12 m³","m³",55.63]
[5502887,"Escavação, carga e transporte de material de 3ª categoria na distância de 3.000 m - caminho de serviço em revestimento primário - com caminhão basculante de 12 m³","m³",50.78]
[5502888,"Escavação, carga e transporte de material de 3ª categoria na distância de 3.000 m - caminho de serviço pavimentado - com caminhão basculante de 12 m³","m³",48.16]
[5502820,"Escavação, carga e transporte de solos moles - DMT de 0 a 50 m","m³",7.02]
[5502904,"Escavação, carga e transporte de solos moles - DMT de 1.000 a 1.200 m - caminho de serviço em leito natural - com caminhão basculante de 14 m³","m³",20.96]
[5502930,"Escavação, carga e transporte de solos moles - DMT de 1.000 a 1.200 m - caminho de serviço em revestimento primário - com caminhão basculante de 14 m³","m³",19.84]
[5502956,"Escavação, carga e transporte de solos moles - DMT de 1.000 a 1.200 m - caminho de serviço pavimentado - com caminhão basculante de 14 m³","m³",19.440000000000001]
[5502905,"Escavação, carga e transporte de solos moles - DMT de 1.200 a 1.400 m - caminho de serviço em leito natural - com caminhão basculante de 14 m³","m³",23.37]
[5502931,"Escavação, carga e transporte de solos moles - DMT de 1.200 a 1.400 m - caminho de serviço em revestimento primário - com caminhão basculante de 14 m³","m³",20.05]
[5502957,"Escavação, carga e transporte de solos moles - DMT de 1.200 a 1.400 m - caminho de serviço pavimentado - com caminhão basculante de 14 m³","m³",19.64]
[5502906,"Escavação, carga e transporte de solos moles - DMT de 1.400 a 1.600 m - caminho de serviço em leito natural - com caminhão basculante de 14 m³","m³",23.67]
[5502932,"Escavação, carga e transporte de solos moles - DMT de 1.400 a 1.600 m - caminho de serviço em revestimento primário - com caminhão basculante de 14 m³","m³",20.25]
[5502958,"Escavação, carga e transporte de solos moles - DMT de 1.400 a 1.600 m - caminho de serviço pavimentado - com caminhão basculante de 14 m³","m³",19.84]
[5502907,"Escavação, carga e transporte de solos moles - DMT de 1.600 a 1.800 m - caminho de serviço em leito natural - com caminhão basculante de 14 m³","m³",24.13]
[5502933,"Escavação, carga e transporte de solos moles - DMT de 1.600 a 1.800 m - caminho de serviço em revestimento primário - com caminhão basculante de 14 m³","m³",20.55]
[5502959,"Escavação, carga e transporte de solos moles - DMT de 1.600 a 1.800 m - caminho de serviço pavimentado - com caminhão basculante de 14 m³","m³",20.05]
[5502908,"Escavação, carga e transporte de solos moles - DMT de 1.800 a 2.000 m - caminho de serviço em leito natural - com caminhão basculante de 14 m³","m³",24.43]
[5502934,"Escavação, carga e transporte de solos moles - DMT de 1.800 a 2.000 m - caminho de serviço em revestimento primário - com caminhão basculante de 14 m³","m³",20.76]
[5502960,"Escavação, carga e transporte de solos moles - DMT de 1.800 a 2.000 m - caminho de serviço pavimentado - com caminhão basculante de 14 m³","m³",20.149999999999999]
[5502909,"Escavação, carga e transporte de solos moles - DMT de 2.000 a 2.500 m - caminho de serviço em leito natural - com caminhão basculante de 14 m³","m³",25.04]
[5502935,"Escavação, carga e transporte de solos moles - DMT de 2.000 a 2.500 m - caminho de serviço em revestimento primário - com caminhão basculante de 14 m³","m³",21.16]
[5502961,"Escavação, carga e transporte de solos moles - DMT de 2.000 a 2.500 m - caminho de serviço pavimentado - com caminhão basculante de 14 m³","m³",20.55]
[5502910,"Escavação, carga e transporte de solos moles - DMT de 2.500 a 3.000 m - caminho de serviço em leito natural - com caminhão basculante de 14 m³","m³",26.1]
[5502936,"Escavação, carga e transporte de solos moles - DMT de 2.500 a 3.000 m - caminho de serviço em revestimento primário - com caminhão basculante de 14 m³","m³",23.83]
[5502962,"Escavação, carga e transporte de solos moles - DMT de 2.500 a 3.000 m - caminho de serviço pavimentado - com caminhão basculante de 14 m³","m³",21.06]
[5502900,"Escavação, carga e transporte de solos moles - DMT de 200 a 400 m - caminho de serviço em leito natural - com caminhão basculante de 14 m³","m³",19.34]
[5502926,"Escavação, carga e transporte de solos moles - DMT de 200 a 400 m - caminho de serviço em revestimento primário - com caminhão basculante de 14 m³","m³",18.73]
[5502952,"Escavação, carga e transporte de solos moles - DMT de 200 a 400 m - caminho de serviço pavimentado - com caminhão basculante de 14 m³","m³",18.53]
[5502901,"Escavação, carga e transporte de solos moles - DMT de 400 a 600 m - caminho de serviço em leito natural - com caminhão basculante de 14 m³","m³",19.739999999999998]
[5502927,"Escavação, carga e transporte de solos moles - DMT de 400 a 600 m - caminho de serviço em revestimento primário - com caminhão basculante de 14 m³","m³",19.03]
[5502953,"Escavação, carga e transporte de solos moles - DMT de 400 a 600 m - caminho de serviço pavimentado - com caminhão basculante de 14 m³","m³",18.829999999999998]
[5502899,"Escavação, carga e transporte de solos moles - DMT de 50 a 200 m - caminho de serviço em leito natural - com caminhão basculante de 14 m³","m³",18.73]
[5502925,"Escavação, carga e transporte de solos moles - DMT de 50 a 200 m - caminho de serviço em revestimento primário - com caminhão basculante de 14 m³","m³",18.43]
[5502951,"Escavação, carga e transporte de solos moles - DMT de 50 a 200 m - caminho de serviço pavimentado - com caminhão basculante de 14 m³","m³",18.22]
[5502902,"Escavação, carga e transporte de solos moles - DMT de 600 a 800 m - caminho de serviço em leito natural - com caminhão basculante de 14 m³","m³",20.25]
[5502928,"Escavação, carga e transporte de solos moles - DMT de 600 a 800 m - caminho de serviço em revestimento primário - com caminhão basculante de 14 m³","m³",19.34]
[5502954,"Escavação, carga e transporte de solos moles - DMT de 600 a 800 m - caminho de serviço pavimentado - com caminhão basculante de 14 m³","m³",19.03]
[5502903,"Escavação, carga e transporte de solos moles - DMT de 800 a 1.000 m - caminho de serviço em leito natural - com caminhão basculante de 14 m³","m³",20.55]
[5502929,"Escavação, carga e transporte de solos moles - DMT de 800 a 1.000 m - caminho de serviço em revestimento primário - com caminhão basculante de 14 m³","m³",19.54]
[5502955,"Escavação, carga e transporte de solos moles - DMT de 800 a 1.000 m - caminho de serviço pavimentado - com caminhão basculante de 14 m³","m³",19.239999999999998]
[5502889,"Escavação, carga e transporte de solos moles na distância de 3.000 m - caminho de serviço em leito natural - com caminhão basculante de 14 m³","m³",26.56]
[5502996,"Escavação, carga e transporte de solos moles na distância de 3.000 m - caminho de serviço em revestimento primário - com caminhão basculante de 14 m³","m³",24.13]
[5502997,"Escavação, carga e transporte de solos moles na distância de 3.000 m - caminho de serviço pavimentado - com caminhão basculante de 14 m³","m³",23.37]
[5501716,"Escavação, carga e transporte em material de 1ª categoria - DMT de 1.000 a 1.200 m com motoscraper","m³",20.74]
[5501717,"Escavação, carga e transporte em material de 1ª categoria - DMT de 1.200 a 1.400 m com motoscraper","m³",23.36]
[5501712,"Escavação, carga e transporte em material de 1ª categoria - DMT de 200 a 400 m com motoscraper","m³",12.06]
[5501713,"Escavação, carga e transporte em material de 1ª categoria - DMT de 400 a 600 m com motoscraper","m³",13.38]
[5501711,"Escavação, carga e transporte em material de 1ª categoria - DMT de 50 a 200 m com motoscraper","m³",9.68]
[5501710,"Escavação, carga e transporte em material de 1ª categoria - DMT de 50 m","m³",2.94]
[5501714,"Escavação, carga e transporte em material de 1ª categoria - DMT de 600 a 800 m com motoscraper","m³",15.73]
[5501715,"Escavação, carga e transporte em material de 1ª categoria - DMT de 800 a 1.000 m com motoscraper","m³",18.11]
[5502986,"Expurgo de jazida","m³",3.34]
[5502977,"Fragmentação de blocos de rocha com escavadeira e rompedor hidráulico 1.700 kg","m³",8.74]
[5502985,"Limpeza mecanizada da camada vegetal","m²",0.59]
[5503018,"Manutenção de caminho de serviço","km",66.72]
[5505768,"Pré-fissuramento de material de 3ª categoria","m²",84.05]
[5503020,"Umedecimento de caminho de serviço","km",298.14]
[5605798,"Chumbador de aço CA-50 - D = 20 mm com perfuratriz sobre pneus - ancorado na rocha com cartucho de cimento - fornecimento, perfuração e instalação","m",87.84]
[5605925,"Chumbador de aço CA-50 - D = 20 mm com perfuratriz sobre pneus - ancorado na rocha com injeção de nata de cimento - fornecimento, perfuração e instalação","m",82.66]
[5605799,"Chumbador de aço CA-50 - D = 22 mm com perfuratriz sobre pneus - ancorado na rocha com cartucho de cimento - fornecimento, perfuração e instalação","m",93.72]
[5605800,"Chumbador de aço CA-50 - D = 25 mm com perfuratriz sobre pneus - ancorado na rocha com cartucho de cimento - fornecimento, perfuração e instalação","m",104.47]
[5613944,"Chumbador de aço CA-50 - D = 32 mm com martelete perfurador manual - ancorado na rocha com cartucho de cimento - fornecimento, perfuração e instalação","m",138.44]
[5605894,"Grampo de aço CA-50 D = 12,5 mm para solo grampeado com capacidade de 30 kN - fornecimento, perfuração e instalação","m",55.97]
[5605895,"Grampo de aço CA-50 D = 16 mm para solo grampeado com capacidade de 50 kN - fornecimento, perfuração e instalação","m",60.24]
[5605896,"Grampo de aço CA-50 D = 20 mm para solo grampeado com capacidade de 80 kN - fornecimento, perfuração e instalação","m",66.680000000000007]
[5605911,"Perfuração para tirante permanente protendido autoinjetável em material de 1ª categoria com diâmetro de até 120 mm","m",35.42]
[5605912,"Perfuração para tirante permanente protendido autoinjetável em material de 2ª categoria com diâmetro de até 87 mm","m",56.24]
[5605938,"Perfuração para tirantes em material de 1ª categoria com diâmetro de até 120 mm","m",20.6]
[5605939,"Perfuração para tirantes em material de 2ª categoria com diâmetro de até 120 mm","m",24.76]
[5605940,"Perfuração para tirantes em material de 3ª categoria com diâmetro de até 120 mm","m",57.23]
[5605942,"Pintura eletrostática com tinta em pó à base de resina epóxi - E = 200 µm","m²",57.37]
[5605955,"Protensão de tirante com 10 cordoalhas D = 12,7 mm aço CP 190 RB, com capacidade de 860 kN - inclusive ancoragem e grauteamento da cabeça","un",769.26]
[5605956,"Protensão de tirante com 12 cordoalhas D = 12,7 mm aço CP 190 RB, com capacidade de 1.040 kN - inclusive ancoragem e grauteamento da cabeça","un",905.43]
[5605953,"Protensão de tirante com 6 cordoalhas D = 12,7 mm aço CP 190 RB, com capacidade de 520 kN - inclusive ancoragem e grauteamento da cabeça","un",551.17999999999995]
[5605954,"Protensão de tirante com 8 cordoalhas D = 12,7 mm aço CP 190 RB, com capacidade de 690 kN - inclusive ancoragem e grauteamento da cabeça","un",663.08]
[5605909,"Protensão de tirante permanente autoinjetável de aço D = 40 mm, seção de 684 mm², tensão de escoamento = 440 MPa e tensão de ruptura = 580 MPa - inclusive ancoragem e grauteamento da cabeça","un",520.44000000000005]
[5605908,"Protensão de tirante permanente autoinjetável de aço D = 40 mm, seção de 822 mm², tensão de escoamento = 470 MPa e tensão de ruptura = 600 MPa - inclusive ancoragem e grauteamento da cabeça","un",520.44000000000005]
[5605907,"Protensão de tirante permanente autoinjetável de aço D = 40 mm, seção de 936 mm², tensão de escoamento = 700 MPa e tensão de ruptura = 830 MPa - inclusive ancoragem e grauteamento da cabeça","un",554.71]
[5605906,"Protensão de tirante permanente autoinjetável de aço D = 50 mm, seção de 1.330 mm², tensão de escoamento = 630 MPa e tensão de ruptura = 740 MPa - inclusive ancoragem e grauteamento da cabeça","un",657.03]
[5605905,"Protensão de tirante permanente autoinjetável de aço D = 50 mm, seção de 1.569 mm², tensão de escoamento = 630 MPa e tensão de ruptura = 740 MP - inclusive ancoragem e grauteamento da cabeça","un",761.39]
[5605944,"Protensão de tirante permanente protendido de aço D = 30 mm, tensão de escoamento = 600 MPa e tensão de ruptura = 720 MPa - inclusive ancoragem e grauteamento da cabeça","un",471.39]
[5605910,"Protensão de tirante permanente protendido de aço D = 32 mm, tensão de escoamento = 500 MPa e tensão de ruptura = 550 MPa - inclusive ancoragem e grauteamento da cabeça","un",548.85]
[5605945,"Protensão de tirante permanente protendido de aço D = 32 mm, tensão de escoamento = 950 MPa e tensão de ruptura = 1.050 MPa - inclusive ancoragem e grauteamento da cabeça","un",580.57000000000005]
[5605946,"Protensão de tirante permanente protendido de aço D = 40 mm, tensão de escoamento = 600 MPa e tensão de ruptura = 720 MPa - inclusive ancoragem e grauteamento da cabeça","un",554.71]
[5605947,"Protensão de tirante permanente protendido de aço D = 44 mm, tensão de escoamento = 680 MPa e tensão de ruptura = 870 MPa - inclusive ancoragem e grauteamento da cabeça","un",615.61]
[5605948,"Protensão de tirante permanente protendido de aço D = 50 mm, tensão de escoamento = 600 MPa e tensão de ruptura = 720 MPa - inclusive ancoragem e grauteamento da cabeça","un",761.39]
[5605949,"Protensão de tirante permanente protendido de aço D = 53 mm, tensão de escoamento = 600 MPa e tensão de ruptura = 720 MPa - inclusive ancoragem e grauteamento da cabeça","un",1060.1300000000001]
[5605950,"Protensão de tirante permanente protendido de aço D = 57 mm, tensão de escoamento = 600 MPa e tensão de ruptura = 720 MPa - inclusive ancoragem e grauteamento da cabeça","un",1091.28]
[5605951,"Protensão de tirante permanente protendido de aço D = 63 mm, tensão de escoamento = 600 MPa e tensão de ruptura = 720 MPa - inclusive ancoragem e grauteamento da cabeça","un",1706.77]
[5605952,"Protensão de tirante permanente protendido de aço D = 69 mm, tensão de escoamento = 600 MPa e tensão de ruptura = 720 MPa - inclusive ancoragem e grauteamento da cabeça","un",2576.37]
[5605932,"Tirante de barra de aço ancorado na rocha com resina de poliéster, D = 19 mm, tensão de escoamento = 686 MPa e tensão de ruptura = 789 MPa - fornecimento, perfuração e instalação","m",131.12]
[5605934,"Tirante de barra de aço ancorado na rocha com resina de poliéster, D = 22 mm, tensão de escoamento = 686 MPa e tensão de ruptura = 789 MPa - fornecimento, perfuração e instalação","m",143.11000000000001]
[5605928,"Tirante de barra de aço ancorado na rocha com resina de poliéster, D = 25 mm, tensão de escoamento = 500 MPa e tensão de ruptura = 750 MPa - fornecimento, perfuração e instalação","m",156.07]
[5605935,"Tirante de barra de aço ancorado na rocha com resina de poliéster, D = 25 mm, tensão de escoamento = 686 MPa, tensão de ruptura = 789 MPa - fornecimento, perfuração e instalação","m",157.97]
[5605936,"Tirante de barra de aço ancorado na rocha com resina de poliéster, D = 32 mm, tensão de escoamento = 686 MPa, tensão de ruptura = 789 MPa - fornecimento, perfuração e instalação","m",244.01]
[5605937,"Tirante de barra de aço ancorado na rocha com resina de poliéster, D = 36 mm, tensão de escoamento = 686 MPa e tensão de ruptura = 789 MPa - fornecimento, perfuração e instalação","m",302.3]
[5605957,"Tirante permanente protendido autoinjetável de aço D = 40 mm, seção de 684 mm², tensão de escoamento = 440 MPa e tensão de ruptura = 580 MPa - exceto perfuração","m",221]
[5605958,"Tirante permanente protendido autoinjetável de aço D = 40 mm, seção de 822 mm², tensão de escoamento = 470 MPa e tensão de ruptura = 600 MPa - exceto perfuração","m",252.22]
[5605959,"Tirante permanente protendido autoinjetável de aço D = 40 mm, seção de 936 mm², tensão de escoamento = 700 MPa e tensão de ruptura = 830 MPa - exceto perfuração","m",304.44]
[5605960,"Tirante permanente protendido autoinjetável de aço D = 50 mm, seção de 1.330 mm², tensão de escoamento = 630 MPa e tensão de ruptura = 740 MPa - exceto perfuração","m",397.91]
[5605961,"Tirante permanente protendido autoinjetável de aço D = 50 mm, seção de 1.569 mm², tensão de escoamento = 630 MPa e tensão de ruptura = 740 MPa - exceto perfuração","m",452.85]
[5605885,"Tirante permanente protendido com 10 cordoalhas D = 12,7 mm, aço CP 190 RB, com capacidade de 860 kN - exceto perfuração","m",261.18]
[5605886,"Tirante permanente protendido com 12 cordoalhas D = 12,7 mm, aço CP 190 RB, com capacidade de 1.030 kN - exceto perfuração","m",281.49]
[5605883,"Tirante permanente protendido com 6 cordoalhas D = 12,7 mm, aço CP 190 RB, com capacidade de 510 kN - exceto perfuração","m",215.88]
[5605884,"Tirante permanente protendido com 8 cordoalhas D = 12,7 mm, aço CP 190 RB, com capacidade de 690 kN - exceto perfuração","m",236.19]
[5605962,"Tirante permanente protendido de aço D = 30 mm, tensão de escoamento = 600 MPa e tensão de ruptura = 720 MPa - exceto perfuração","m",165.42]
[5605881,"Tirante permanente protendido de aço D = 32 mm, tensão de escoamento = 500 MPa e tensão de ruptura = 550 MPa - exceto perfuração","m",259.62]
[5605882,"Tirante permanente protendido de aço D = 32 mm, tensão de escoamento = 950 MPa e tensão de ruptura = 1.050 MPa - exceto perfuração","m",413.82]
[5605963,"Tirante permanente protendido de aço D = 40 mm, tensão de escoamento = 600 MPa e tensão de ruptura = 720 MPa - exceto perfuração","m",257.27999999999997]
[5605964,"Tirante permanente protendido de aço D = 44 mm, tensão de escoamento = 680 MPa e tensão de ruptura = 870 MPa - exceto perfuração","m",329.65]
[5605965,"Tirante permanente protendido de aço D = 50 mm, tensão de escoamento = 600 MPa e tensão de ruptura = 720 MPa - exceto perfuração","m",386.66]
[5605966,"Tirante permanente protendido de aço D = 53mm, tensão de escoamento = 600 MPa e tensão de ruptura = 720 MPa - exceto perfuração","m",430.52]
[5605967,"Tirante permanente protendido de aço D = 57 mm, tensão de escoamento = 600 MPa e tensão de ruptura = 720 MPa - exceto perfuração","m",485.79]
[5605968,"Tirante permanente protendido de aço D = 63 mm, tensão de escoamento = 600 MPa e tensão de ruptura = 720 MPa - exceto perfuração","m",593.14]
[5605969,"Tirante permanente protendido de aço D = 69 mm, tensão de escoamento = 600 MPa e tensão de ruptura = 720 MPa - exceto perfuração","m",715.92]
[5909130,"Carga e manobra de aduelas de concreto pré-moldadas em cavalo mecânico com semirreboque 22 t - carga com caminhão guindauto de 45 t.m","t",26.3]
[5914703,"Carga e manobra de brita para lastro com locomotiva diesel-elétrica em vagão hopper aberto com capacidade de 45 m³ - carga com carregadeira e descarga automática - bitola métrica","t",5.64]
[5914704,"Carga e manobra de brita para lastro com locomotiva diesel-elétrica em vagão hopper aberto com capacidade de 63 m³ - carga com carregadeira e descarga automática - bitola larga","t",5.66]
[5914710,"Carga e manobra de dormentes de concreto de bitola larga com locomotiva diesel-elétrica e vagão plataforma com capacidade de 98 t - carga com carregadeira - bitola larga","t",10.92]
[5914711,"Carga e manobra de dormentes de concreto de bitola métrica com locomotiva diesel-elétrica e vagão plataforma com capacidade de 82 t - carga com carregadeira - bitola métrica","t",10]
[5914712,"Carga e manobra de dormentes de concreto de bitola mista com locomotiva diesel-elétrica e vagão plataforma com capacidade de 98 t - carga com carregadeira - bitola larga","t",9.9]
[5915369,"Carga, descarga e manobra de vigas pré-moldadas de 1.000 a 1.250 kN em cavalo mecânico com reboques de 5 e 4 eixos com capacidade de 130 t","un",7134.6]
[5915401,"Carga, descarga e manobra de vigas pré-moldadas de 500 a 750 kN em cavalo mecânico com dollys de 3 e 4 eixos com capacidade de 77 t","un",6550.06]
[5915402,"Carga, descarga e manobra de vigas pré-moldadas de 750 a 1.000 kN em cavalo mecânico com dollys de 5 e 4 eixos com capacidade de 111 t","un",3752.13]
[5915400,"Carga, descarga e manobra de vigas pré-moldadas de até 500 kN em cavalo mecânico com dolly de 4 eixos com capacidade de 57 t","un",3321.02]
[5914651,"Carga, manobra e descarga de agregados ou solos em caminhão basculante de 10 m³ - carga com carregadeira de 3,40 m³ (exclusa) e descarga em distribuidor autopropelido","t",2.58]
[5914648,"Carga, manobra e descarga de agregados ou solos em caminhão basculante de 10 m³ - carga com carregadeira de 3,40 m³ (exclusa) e descarga em distribuidor rebocável","t",7.79]
[5914647,"Carga, manobra e descarga de agregados ou solos em caminhão basculante de 10 m³ - carga com carregadeira de 3,40 m³ (exclusa) e descarga livre","t",1.79]
[5915411,"Carga, manobra e descarga de agregados ou solos em caminhão basculante de 10 m³ - carga com carregadeira de 3,40 m³ e descarga em distribuidor autopropelido","t",3.55]
[5915409,"Carga, manobra e descarga de agregados ou solos em caminhão basculante de 10 m³ - carga com carregadeira de 3,40 m³ e descarga em distribuidor rebocável","t",8.76]
[5915407,"Carga, manobra e descarga de agregados ou solos em caminhão basculante de 10 m³ - carga com carregadeira de 3,40 m³ e descarga livre","t",2.77]
[5914354,"Carga, manobra e descarga de agregados ou solos em caminhão basculante de 10 m³ - carga com escavadeira de 1,56 m³ (exclusa) e descarga livre","t",1.87]
[5915406,"Carga, manobra e descarga de agregados ou solos em caminhão basculante de 10 m³ - carga em usina de 60 t/h (PMF) e descarga livre","t",9.49]
[5914652,"Carga, manobra e descarga de agregados ou solos em caminhão basculante de 10 m³ - carga em usina de solos de 300 t/h e descarga em distribuidor autopropelido","t",3.45]
[5915417,"Carga, manobra e descarga de agregados ou solos em caminhão basculante de 10 m³ - carga em usina de solos de 300 t/h e descarga em vibroacabadora","t",5.44]
[5915414,"Carga, manobra e descarga de agregados ou solos em caminhão basculante de 10 m³ - carga em usina de solos de 300 t/h e descarga livre","t",2.85]
[5914351,"Carga, manobra e descarga de agregados ou solos em caminhão basculante de 14 m³ - carga com carregadeira de 3,40 m³ e descarga livre","t",2.65]
[5914645,"Carga, manobra e descarga de agregados ou solos em caminhão basculante de 6 m³ - carga com carregadeira de 1,72 m³ (exclusa) e descarga em distribuidor autopropelido","t",2.88]
[5914642,"Carga, manobra e descarga de agregados ou solos em caminhão basculante de 6 m³ - carga com carregadeira de 1,72 m³ (exclusa) e descarga em distribuidor rebocável","t",5.59]
[5914641,"Carga, manobra e descarga de agregados ou solos em caminhão basculante de 6 m³ - carga com carregadeira de 1,72 m³ (exclusa) e descarga livre","t",1.99]
[5915456,"Carga, manobra e descarga de agregados ou solos em caminhão basculante de 6 m³ - carga com carregadeira de 1,72 m³ e descarga em distribuidor autopropelido","t",3.76]
[5915454,"Carga, manobra e descarga de agregados ou solos em caminhão basculante de 6 m³ - carga com carregadeira de 1,72 m³ e descarga em distribuidor rebocável","t",6.47]
[5915399,"Carga, manobra e descarga de agregados ou solos em caminhão basculante de 6 m³ - carga com carregadeira de 1,72 m³ e descarga livre","t",2.88]
[5914353,"Carga, manobra e descarga de agregados ou solos em caminhão basculante de 6 m³ - carga com escavadeira de 1,56 m³ (exclusa) e descarga livre","t",1.5]
[5915470,"Carga, manobra e descarga de agregados ou solos em caminhão basculante de 6 m³ - carga com escavadeira de 1,56 m³ e descarga livre","t",2.17]
[5915459,"Carga, manobra e descarga de agregados ou solos em caminhão basculante de 6 m³ - carga com minicarregadeira de 0,45 m³ e descarga livre","t",7.48]
[5915476,"Carga, manobra e descarga de agregados ou solos em caminhão basculante de 6 m³ - carga manual e descarga livre","t",28.49]
[5914702,"Carga, manobra e descarga de barras de trilho de 12 m com locomotiva diesel-elétrica em vagão plataforma com capacidade de 82 t - carga e descarga com carregadeira - bitola métrica","t",14.86]
[5914701,"Carga, manobra e descarga de barras de trilho de 12 m com locomotiva diesel-elétrica em vagão plataforma com capacidade de 98 t - carga e descarga com carregadeira - bitola larga","t",15.07]
[5915018,"Carga, manobra e descarga de barras de trilho de 12 m em cavalo mecânico com semirreboque com capacidade de 30 t - carga e descarga com carregadeira","t",9.94]
[5906592,"Carga, manobra e descarga de blocos artificiais de concreto com 10 a 12 t para molhe em cavalo mecânico com semirreboque com capacidade de 30 t - carga e descarga com guindaste com pinça","un",32.049999999999997]
[5906591,"Carga, manobra e descarga de blocos artificiais de concreto com 8 a 9 t para molhe em cavalo mecânico com semirreboque com capacidade de 30 t - carga e descarga com guindaste com pinça","un",30.41]
[5914653,"Carga, manobra e descarga de blocos de rocha em caminhão basculante de 8 m³ - carga com carregadeira de 1,72 m³ (exclusa) e descarga livre","t",3.6]
[5915405,"Carga, manobra e descarga de blocos de rocha em caminhão basculante de 8 m³ - carga com carregadeira de 1,72 m³ e descarga livre","t",5.72]
[5914657,"Carga, manobra e descarga de blocos de rocha em caminhão basculante de 8 m³ - carga com retroescavadeira de 0,29 m³ e descarga livre","t",17.739999999999998]
[5914363,"Carga, manobra e descarga de cimento ou cal hidratada a granel em caminhão silo de 30 m³","t",17.8]
[5914646,"Carga, manobra e descarga de concreto asfáltico com borracha em caminhão basculante de 10 m³ - carga em usina de asfalto 100/140 t/h e descarga em vibroacabadora","t",8.83]
[5919535,"Carga, manobra e descarga de concreto com caminhão betoneira - carga em central de concreto de 30 m³/h e descarga em extrusora de barreira de concreto","t",19.48]
[5919533,"Carga, manobra e descarga de concreto com caminhão betoneira - carga em central de concreto de 30 m³/h e descarga em extrusora de meio-fio","t",65.25]
[5919534,"Carga, manobra e descarga de concreto com caminhão betoneira - carga em central de concreto de 30 m³/h e descarga em extrusora de sarjeta","t",59.58]
[5909007,"Carga, manobra e descarga de concreto com caminhão betoneira - carga em central de concreto de 30 m³/h e descarga livre","t",18.02]
[5919538,"Carga, manobra e descarga de concreto com caminhão betoneira - carga em central de concreto de 40 m³/h e descarga livre","t",15.19]
[5919540,"Carga, manobra e descarga de concreto de cimento em caminhão basculante de 7 m³ - carga em central de concreto de 150 m³/h e descarga em vibroacabadora","t",3.33]
[5914705,"Carga, manobra e descarga de dormentes de concreto de bitola larga com locomotiva diesel-elétrica e vagão plataforma com capacidade de 98 t - carga e descarga com carregadeira - bitola larga","t",21.84]
[5914706,"Carga, manobra e descarga de dormentes de concreto de bitola métrica com locomotiva diesel-elétrica e vagão plataforma com capacidade de 82 t - carga e descarga com carregadeira - bitola métrica","t",20]
[5914707,"Carga, manobra e descarga de dormentes de concreto de bitola mista com locomotiva diesel-elétrica e vagão plataforma com capacidade de 98 t - carga e descarga com carregadeira - bitola larga","t",19.809999999999999]
[5914677,"Carga, manobra e descarga de dormentes de madeira com locomotiva diesel-elétrica em vagão plataforma com capacidade de 82 t - carga e descarga com carregadeira - bitola métrica","t",29.82]
[5914676,"Carga, manobra e descarga de dormentes de madeira com locomotiva diesel-elétrica em vagão plataforma com capacidade de 98 t - carga e descarga com carregadeira - bitola larga","t",24.85]
[5915016,"Carga, manobra e descarga de dormentes de madeira de bitola larga ou mista em cavalo mecânico com semirreboque com capacidade de 30 t - carga e descarga com carregadeira","t",15.98]
[5915017,"Carga, manobra e descarga de dormentes de madeira de bitola métrica em cavalo mecânico com semirreboque com capacidade de 30 t - carga e descarga com carregadeira","t",19.329999999999998]
[5914678,"Carga, manobra e descarga de jogo de dormentes de concreto para AMV de bitola larga ou mista, qualquer abertura, com locomotiva diesel-elétrica em vagão plataforma com capacidade de 98 t - carga e descarga com carregadeira - bitola larga","t",35.51]
[5914679,"Carga, manobra e descarga de jogo de dormentes de concreto para AMV de bitola métrica, qualquer abertura, com locomotiva diesel-elétrica em vagão plataforma com capacidade de 82 t - carga e descarga com carregadeira - bitola métrica","t",56.67]
[5914681,"Carga, manobra e descarga de jogo de dormentes de madeira para AMV bitola métrica, qualquer abertura, com locomotiva diesel-elétrica em vagão plataforma com capacidade de 82 t - carga e descarga com carregadeira - bitola métrica","t",67.61]
[5914680,"Carga, manobra e descarga de jogo de dormentes de madeira para AMV de bitola larga ou mista, qualquer abertura, com locomotiva diesel-elétrica em vagão plataforma com capacidade de 98 t - carga e descarga com carregadeira - bitola larga","t",47.07]
[5915015,"Carga, manobra e descarga de materiais diversos em caminhão carroceria com capacidade de 11 t e com guindauto de 45 t.m","t",21.66]
[5915373,"Carga, manobra e descarga de materiais diversos em caminhão carroceria com capacidade de 7 t e com guindauto de 20 t.m","t",18.25]
[5914333,"Carga, manobra e descarga de materiais diversos em caminhão carroceria de 15 t - carga e descarga com caminhão guindauto de 20 t.m","t",33.57]
[5914655,"Carga, manobra e descarga de materiais diversos em caminhão carroceria de 15 t - carga e descarga manuais","t",33.5]
[5915474,"Carga, manobra e descarga de materiais diversos em caminhão carroceria de 5 t - carga e descarga manuais","t",30.47]
[5914654,"Carga, manobra e descarga de materiais diversos em caminhão carroceria de 9 t - carga e descarga manuais","t",27.54]
[5914686,"Carga, manobra e descarga de materiais metálicos e acessórios diversos com locomotiva diesel-elétrica em vagão fechado com capacidade de 64 t - carga e descarga com carregadeira - bitola métrica","t",25.03]
[5914685,"Carga, manobra e descarga de materiais metálicos e acessórios diversos com locomotiva diesel-elétrica em vagão fechado com capacidade de 99 t - carga e descarga com carregadeira - bitola larga","t",25.17]
[5914682,"Carga, manobra e descarga de materiais metálicos para AMV de bitola larga, qualquer abertura, com locomotiva diesel-elétrica em vagão plataforma com capacidade de 98 t - carga e descarga com carregadeira - bitola larga","t",32.39]
[5915019,"Carga, manobra e descarga de materiais metálicos para AMV de bitola larga, qualquer abertura, em cavalo mecânico com semirreboque com capacidade de 30 t - carga e descarga com carregadeira","t",13.55]
[5914683,"Carga, manobra e descarga de materiais metálicos para AMV de bitola métrica, qualquer abertura, com locomotiva diesel-elétrica em vagão plataforma com capacidade de 82 t - carga e descarga com carregadeira - bitola métrica","t",37.18]
[5915020,"Carga, manobra e descarga de materiais metálicos para AMV de bitola métrica, qualquer abertura, em cavalo mecânico com semirreboque com capacidade de 30 t - carga e descarga com carregadeira","t",15.58]
[5914684,"Carga, manobra e descarga de materiais metálicos para AMV de bitola mista, qualquer abertura, com locomotiva diesel-elétrica e vagão plataforma com capacidade de 98 t - carga e descarga com carregadeira","t",28.07]
[5915021,"Carga, manobra e descarga de materiais metálicos para AMV de bitola mista, qualquer abertura, em cavalo mecânico com semirreboque com capacidade de 30 t - carga e descarga com carregadeira","t",11.74]
[5914675,"Carga, manobra e descarga de material demolido em caminhão basculante de 6 m³ - carga com carregadeira de 1,72 m³ e descarga livre","t",3.04]
[5915433,"Carga, manobra e descarga de material demolido em caminhão basculante de 6 m³ - carga manual e descarga livre","t",34.450000000000003]
[5914304,"Carga, manobra e descarga de material fresado em caminhão basculante de 10 m³ - fresagem contínua em espessura de 3 cm - carga com fresadora e descarga livre","t",3.61]
[5914305,"Carga, manobra e descarga de material fresado em caminhão basculante de 10 m³ - fresagem contínua em espessura de 4 cm - carga com fresadora e descarga livre","t",3.55]
[5915440,"Carga, manobra e descarga de material fresado em caminhão basculante de 10 m³ - fresagem contínua em espessura de 5 cm - carga com fresadora e descarga livre","t",3.17]
[5914306,"Carga, manobra e descarga de material fresado em caminhão basculante de 10 m³ - fresagem contínua em espessura de 6 cm - carga com fresadora e descarga livre","t",2.95]
[5914307,"Carga, manobra e descarga de material fresado em caminhão basculante de 10 m³ - fresagem contínua em espessura de 7 cm - carga com fresadora e descarga livre","t",2.8]
[5914308,"Carga, manobra e descarga de material fresado em caminhão basculante de 10 m³ - fresagem contínua em espessura de 8 cm - carga com fresadora e descarga livre","t",2.71]
[5914309,"Carga, manobra e descarga de material fresado em caminhão basculante de 10 m³ - fresagem descontínua em espessura de 3 cm - carga com fresadora e descarga livre","t",5.99]
[5914310,"Carga, manobra e descarga de material fresado em caminhão basculante de 10 m³ - fresagem descontínua em espessura de 4 cm - carga com fresadora e descarga livre","t",5]
[5914352,"Carga, manobra e descarga de material fresado em caminhão basculante de 10 m³ - fresagem descontínua em espessura de 5 cm - carga com fresadora e descarga livre","t",4.46]
[5914311,"Carga, manobra e descarga de material fresado em caminhão basculante de 10 m³ - fresagem descontínua em espessura de 6 cm - carga com fresadora e descarga livre","t",4.0999999999999996]
[5914312,"Carga, manobra e descarga de material fresado em caminhão basculante de 10 m³ - fresagem descontínua em espessura de 7 cm - carga com fresadora e descarga livre","t",3.88]
[5914313,"Carga, manobra e descarga de material fresado em caminhão basculante de 10 m³ - fresagem descontínua em espessura de 8 cm - carga com fresadora e descarga livre","t",3.71]
[5914339,"Carga, manobra e descarga de material fresado em caminhão basculante de 6 m³ - fresagem descontínua em espessura de 5 cm - carga com fresadora e descarga livre","t",9.4600000000000009]
[5914650,"Carga, manobra e descarga de mistura betuminosa a frio em caminhão basculante de 10 m³ - carga em usina de 60 t/h (PMF) e descarga em vibroacabadora","t",11.4]
[5914358,"Carga, manobra e descarga de mistura betuminosa a frio em caminhão basculante de 6 m³ - carga em usina de 60 t/h (PMF) e descarga em vibroacabadora","t",8.91]
[5915421,"Carga, manobra e descarga de mistura betuminosa a frio em caminhão basculante de 6 m³ - carga em usina de 60 t/h (PMF) e descarga manual","t",25.51]
[5914649,"Carga, manobra e descarga de mistura betuminosa a quente em caminhão basculante de 10 m³ - carga em usina de asfalto 100/140 t/h e descarga em vibroacabadora","t",7.9]
[5914643,"Carga, manobra e descarga de mistura betuminosa a quente em caminhão basculante de 6 m³ - carga em usina de asfalto 100/140 t/h e descarga em vibroacabadora","t",5.39]
[5914328,"Carga, manobra e descarga de mistura betuminosa a quente em caminhão basculante de 6 m³ - carga em usina de asfalto 100/140 t/h e descarga manual","t",26.5]
[5914610,"Carga, manobra e descarga de mistura betuminosa a quente em caminhão com caçamba térmica de 6 m³ - carga em usina de asfalto de 100/140 t/h e descarga manual","t",36.840000000000003]
[5915408,"Carga, manobra e descarga de mistura reciclada com espuma de asfalto em caminhão basculante de 10 m³ - carga em usina de reciclagem a frio e descarga em vibroacabadora","t",5.7]
[5915306,"Carga, manobra e descarga de tetrápodes em cavalo mecânico com semirreboque com capacidade de 30 t - carga e descarga com guindaste","un",35.47]
[5914708,"Carga, manobra e descarga de TLS de TR45 de 120 m com locomotiva diesel-elétrica em vagão plataforma com capacidade de 82 t - carga e descarga com manipulador de TLS - bitola métrica","t",41.23]
[5914687,"Carga, manobra e descarga de TLS de TR45 de 120 m com locomotiva diesel-elétrica em vagão plataforma com capacidade de 98 t - carga e descarga com manipulador de TLS - bitola larga","t",40.729999999999997]
[5914709,"Carga, manobra e descarga de TLS de TR45 de 240 m com locomotiva diesel-elétrica em vagão plataforma com capacidade de 82 t - carga e descarga com manipulador de TLS - bitola métrica","t",45.36]
[5914688,"Carga, manobra e descarga de TLS de TR45 de 240 m com locomotiva diesel-elétrica em vagão plataforma com capacidade de 98 t - carga e descarga com manipulador de TLS - bitola larga","t",43.88]
[5914695,"Carga, manobra e descarga de TLS de TR57 de 120 m com locomotiva diesel-elétrica em vagão plataforma com capacidade de 82 t - carga e descarga com manipulador de TLS - bitola métrica","t",32.35]
[5914689,"Carga, manobra e descarga de TLS de TR57 de 120 m com locomotiva diesel-elétrica em vagão plataforma com capacidade de 98 t - carga e descarga com manipulador de TLS - bitola larga","t",31.96]
[5914696,"Carga, manobra e descarga de TLS de TR57 de 240 m com locomotiva diesel-elétrica em vagão plataforma com capacidade de 82 t - carga e descarga com manipulador de TLS - bitola métrica","t",35.590000000000003]
[5914690,"Carga, manobra e descarga de TLS de TR57 de 240 m com locomotiva diesel-elétrica em vagão plataforma com capacidade de 98 t - carga e descarga com manipulador de TLS - bitola larga","t",34.43]
[5914697,"Carga, manobra e descarga de TLS de TR68 de 120 m com locomotiva diesel-elétrica em vagão plataforma com capacidade de 82 t - carga e descarga com manipulador de TLS - bitola métrica","t",27.31]
[5914691,"Carga, manobra e descarga de TLS de TR68 de 120 m com locomotiva diesel-elétrica em vagão plataforma com capacidade de 98 t - carga e descarga com manipulador de TLS - bitola larga","t",26.97]
[5914698,"Carga, manobra e descarga de TLS de TR68 de 240 m com locomotiva diesel-elétrica em vagão plataforma com capacidade de 82 t - carga e descarga com manipulador de TLS - bitola métrica","t",30.05]
[5914692,"Carga, manobra e descarga de TLS de TR68 de 240 m com locomotiva diesel-elétrica em vagão plataforma com capacidade de 98 t - carga e descarga com manipulador de TLS - bitola larga","t",29.06]
[5914699,"Carga, manobra e descarga de TLS de UIC60 de 120 m com locomotiva diesel-elétrica em vagão plataforma com capacidade de 82 t - carga e descarga com manipulador de TLS - bitola métrica","t",30.57]
[5914693,"Carga, manobra e descarga de TLS de UIC60 de 120 m com locomotiva diesel-elétrica em vagão plataforma com capacidade de 98 t - carga e descarga com manipulador de TLS - bitola larga","t",30.2]
[5914700,"Carga, manobra e descarga de TLS de UIC60 de 240 m com locomotiva diesel-elétrica em vagão plataforma com capacidade de 82 t - carga e descarga com manipulador de TLS - bitola métrica","t",33.64]
[5914694,"Carga, manobra e descarga de TLS de UIC60 de 240 m com locomotiva diesel-elétrica em vagão plataforma com capacidade de 98 t - carga e descarga com manipulador de TLS - bitola larga","t",32.54]
[5915441,"Carga, manobra e descarga de trituração de galhos e troncos em caminhão basculante de 6 m³ - carga com trituradora e descarga livre","t",100.19]
[5901639,"Transporte com caminhão basculante com caçamba estanque com capacidade de 14 m³ - rodovia em leito natural","tkm",0.93]
[5901638,"Transporte com caminhão basculante com caçamba estanque com capacidade de 14 m³ - rodovia em revestimento primário","tkm",0.74]
[5901640,"Transporte com caminhão basculante com caçamba estanque com capacidade de 14 m³ - rodovia pavimentada","tkm",0.65]
[5914359,"Transporte com caminhão basculante de 10 m³ - rodovia em leito natural","tkm",1.3]
[5914374,"Transporte com caminhão basculante de 10 m³ - rodovia em revestimento primário","tkm",1.04]
[5914389,"Transporte com caminhão basculante de 10 m³ - rodovia pavimentada","tkm",0.81]
[5915319,"Transporte com caminhão basculante de 14 m³ - rodovia em leito natural","tkm",0.93]
[5915320,"Transporte com caminhão basculante de 14 m³ - rodovia em revestimento primário","tkm",0.74]
[5915321,"Transporte com caminhão basculante de 14 m³ - rodovia pavimentada","tkm",0.65]
[5914314,"Transporte com caminhão basculante de 6 m³ - rodovia em leito natural","tkm",1.32]
[5914329,"Transporte com caminhão basculante de 6 m³ - rodovia em revestimento primário","tkm",1.06]
[5914344,"Transporte com caminhão basculante de 6 m³ - rodovia pavimentada","tkm",0.83]
[5914539,"Transporte com caminhão betoneira - rodovia em leito natural","tkm",1.04]
[5914554,"Transporte com caminhão betoneira - rodovia em revestimento primário","tkm",0.83]
[5914569,"Transporte com caminhão betoneira - rodovia pavimentada","tkm",0.65]
[5915012,"Transporte com caminhão carroceria com capacidade de 11 t e com guindauto de 45 t.m - rodovia em leito natural","tkm",2.29]
[5915013,"Transporte com caminhão carroceria com capacidade de 11 t e com guindauto de 45 t.m - rodovia em revestimento primário","tkm",1.83]
[5915014,"Transporte com caminhão carroceria com capacidade de 11 t e com guindauto de 45 t.m - rodovia pavimentada","tkm",1.43]
[5914584,"Transporte com caminhão carroceria com capacidade de 7 t e com guindauto de 20 t.m - rodovia em leito natural","tkm",2.85]
[5914599,"Transporte com caminhão carroceria com capacidade de 7 t e com guindauto de 20 t.m - rodovia em revestimento primário","tkm",2.2799999999999998]
[5914614,"Transporte com caminhão carroceria com capacidade de 7 t e com guindauto de 20 t.m - rodovia pavimentada","tkm",1.79]
[5914581,"Transporte com caminhão carroceria com capacidade de 9 t e com guindauto de 10 t.m - rodovia em leito natural","tkm",2.58]
[5914582,"Transporte com caminhão carroceria com capacidade de 9 t e com guindauto de 10 t.m - rodovia em revestimento primário","tkm",2.06]
[5914583,"Transporte com caminhão carroceria com capacidade de 9 t e com guindauto de 10 t.m - rodovia pavimentada","tkm",1.62]
[5914449,"Transporte com caminhão carroceria de 15 t - rodovia em leito natural","tkm",1.1499999999999999]
[5914464,"Transporte com caminhão carroceria de 15 t - rodovia em revestimento primário","tkm",0.92]
[5914479,"Transporte com caminhão carroceria de 15 t - rodovia pavimentada","tkm",0.72]
[5915322,"Transporte com caminhão carroceria de 5 t - rodovia em leito natural","tkm",1.93]
[5915323,"Transporte com caminhão carroceria de 5 t - rodovia em revestimento primário","tkm",1.55]
[5915324,"Transporte com caminhão carroceria de 5 t - rodovia pavimentada","tkm",1.21]
[5914404,"Transporte com caminhão carroceria de 9 t - rodovia em leito natural","tkm",1.23]
[5914419,"Transporte com caminhão carroceria de 9 t - rodovia em revestimento primário","tkm",0.98]
[5914434,"Transporte com caminhão carroceria de 9 t - rodovia pavimentada","tkm",0.77]
[5914635,"Transporte com cavalo mecânico com semirreboque com capacidade de 22 t - rodovia em leito natural","tkm",1.1499999999999999]
[5914636,"Transporte com cavalo mecânico com semirreboque com capacidade de 22 t - rodovia em revestimento primário","tkm",0.92]
[5914637,"Transporte com cavalo mecânico com semirreboque com capacidade de 22 t - rodovia pavimentada","tkm",0.72]
[5914638,"Transporte com cavalo mecânico com semirreboque com capacidade de 30 t - rodovia em leito natural","tkm",0.92]
[5914639,"Transporte com cavalo mecânico com semirreboque com capacidade de 30 t - rodovia em revestimento primário","tkm",0.74]
[5914640,"Transporte com cavalo mecânico com semirreboque com capacidade de 30 t - rodovia pavimentada","tkm",0.57999999999999996]
[5915466,"Transporte de água com caminhão tanque de 10.000 l - rodovia em leito natural","tkm",2.12]
[5915467,"Transporte de água com caminhão tanque de 10.000 l - rodovia em revestimento primário","tkm",1.7]
[5915468,"Transporte de água com caminhão tanque de 10.000 l - rodovia pavimentada","tkm",1.33]
[5914617,"Transporte de água com caminhão tanque de 13.000 l - rodovia em leito natural","tkm",1.64]
[5914618,"Transporte de água com caminhão tanque de 13.000 l - rodovia em revestimento primário","tkm",1.32]
[5914619,"Transporte de água com caminhão tanque de 13.000 l - rodovia pavimentada","tkm",1.03]
[5915451,"Transporte de água com caminhão tanque de 6.000 l - rodovia em leito natural","tkm",2.69]
[5915452,"Transporte de água com caminhão tanque de 6.000 l - rodovia em revestimento primário","tkm",2.16]
[5915453,"Transporte de água com caminhão tanque de 6.000 l - rodovia pavimentada","tkm",1.69]
[5915448,"Transporte de água com caminhão tanque de 8.000 l - rodovia em leito natural","tkm",2.09]
[5915449,"Transporte de água com caminhão tanque de 8.000 l - rodovia em revestimento primário","tkm",1.68]
[5915450,"Transporte de água com caminhão tanque de 8.000 l - rodovia pavimentada","tkm",1.31]
[5901641,"Transporte de areia fina com draga hopper - capacidade da cisterna de 1.000 m³","m³km",0.88]
[5901642,"Transporte de areia fina com draga hopper - capacidade da cisterna de 10.000 m³","m³km",0.26]
[5901643,"Transporte de areia fina com draga hopper - capacidade da cisterna de 15.000 m³","m³km",0.25]
[5901644,"Transporte de areia fina com draga hopper - capacidade da cisterna de 2.000 m³","m³km",0.55000000000000004]
[5901645,"Transporte de areia fina com draga hopper - capacidade da cisterna de 20.000 m³","m³km",0.24]
[5901646,"Transporte de areia fina com draga hopper - capacidade da cisterna de 3.000 m³","m³km",0.45]
[5901647,"Transporte de areia fina com draga hopper - capacidade da cisterna de 4.000 m³","m³km",0.4]
[5901648,"Transporte de areia fina com draga hopper - capacidade da cisterna de 5.000 m³","m³km",0.35]
[5901649,"Transporte de areia fina com draga hopper - capacidade da cisterna de 750 m³","m³km",1.25]
[5901650,"Transporte de areia grossa com draga hopper - capacidade da cisterna de 1.000 m³","m³km",0.86]
[5901651,"Transporte de areia grossa com draga hopper - capacidade da cisterna de 10.000 m³","m³km",0.26]
[5901652,"Transporte de areia grossa com draga hopper - capacidade da cisterna de 15.000 m³","m³km",0.24]
[5901653,"Transporte de areia grossa com draga hopper - capacidade da cisterna de 2.000 m³","m³km",0.54]
[5901654,"Transporte de areia grossa com draga hopper - capacidade da cisterna de 20.000 m³","m³km",0.24]
[5901655,"Transporte de areia grossa com draga hopper - capacidade da cisterna de 3.000 m³","m³km",0.44]
[5901656,"Transporte de areia grossa com draga hopper - capacidade da cisterna de 4.000 m³","m³km",0.39]
[5901657,"Transporte de areia grossa com draga hopper - capacidade da cisterna de 5.000 m³","m³km",0.34]
[5901658,"Transporte de areia grossa com draga hopper - capacidade da cisterna de 750 m³","m³km",1.22]
[5901659,"Transporte de areia média com draga hopper - capacidade da cisterna de 1.000 m³","m³km",0.86]
[5901660,"Transporte de areia média com draga hopper - capacidade da cisterna de 10.000 m³","m³km",0.26]
[5901661,"Transporte de areia média com draga hopper - capacidade da cisterna de 15.000 m³","m³km",0.25]
[5901662,"Transporte de areia média com draga hopper - capacidade da cisterna de 2.000 m³","m³km",0.54]
[5901663,"Transporte de areia média com draga hopper - capacidade da cisterna de 20.000 m³","m³km",0.24]
[5901664,"Transporte de areia média com draga hopper - capacidade da cisterna de 3.000 m³","m³km",0.44]
[5901665,"Transporte de areia média com draga hopper - capacidade da cisterna de 4.000 m³","m³km",0.39]
[5901666,"Transporte de areia média com draga hopper - capacidade da cisterna de 5.000 m³","m³km",0.35]
[5901667,"Transporte de areia média com draga hopper - capacidade da cisterna de 750 m³","m³km",1.23]
[5914511,"Transporte de barras de trilho de 12 m com locomotiva diesel-elétrica em vagão plataforma com capacidade de 82 t - bitola métrica","tkm",0.27]
[5914510,"Transporte de barras de trilho de 12 m com locomotiva diesel-elétrica em vagão plataforma com capacidade de 98 t - bitola larga","tkm",0.24]
[5906597,"Transporte de blocos artificiais de concreto com 10 a 12 t para a execução de molhe com cavalo mecânico com semirreboque com capacidade de 30 t - rodovia em leito natural","unkm",13.52]
[5906598,"Transporte de blocos artificiais de concreto com 10 a 12 t para a execução de molhe com cavalo mecânico com semirreboque com capacidade de 30 t - rodovia em revestimento primário","unkm",10.82]
[5906599,"Transporte de blocos artificiais de concreto com 10 a 12 t para a execução de molhe com cavalo mecânico com semirreboque com capacidade de 30 t - rodovia pavimentada","unkm",8.4700000000000006]
[5906594,"Transporte de blocos artificiais de concreto com 8 a 9 t para a execução de molhe com cavalo mecânico com semirreboque com capacidade de 30 t - rodovia em leito natural","unkm",9.01]
[5906595,"Transporte de blocos artificiais de concreto com 8 a 9 t para a execução de molhe com cavalo mecânico com semirreboque com capacidade de 30 t - rodovia em revestimento primário","unkm",7.21]
[5906596,"Transporte de blocos artificiais de concreto com 8 a 9 t para a execução de molhe com cavalo mecânico com semirreboque com capacidade de 30 t - rodovia pavimentada","unkm",5.65]
[5901668,"Transporte de cascalho com draga hopper - capacidade da cisterna de 1.000 m³","m³km",0.88]
[5901669,"Transporte de cascalho com draga hopper - capacidade da cisterna de 10.000 m³","m³km",0.27]
[5901670,"Transporte de cascalho com draga hopper - capacidade da cisterna de 15.000 m³","m³km",0.25]
[5901671,"Transporte de cascalho com draga hopper - capacidade da cisterna de 2.000 m³","m³km",0.55000000000000004]
[5901672,"Transporte de cascalho com draga hopper - capacidade da cisterna de 20.000 m³","m³km",0.24]
[5901673,"Transporte de cascalho com draga hopper - capacidade da cisterna de 3.000 m³","m³km",0.45]
[5901674,"Transporte de cascalho com draga hopper - capacidade da cisterna de 4.000 m³","m³km",0.4]
[5901675,"Transporte de cascalho com draga hopper - capacidade da cisterna de 5.000 m³","m³km",0.36]
[5901676,"Transporte de cascalho com draga hopper - capacidade da cisterna de 750 m³","m³km",1.26]
[5901677,"Transporte de cascalho fino com draga hopper - capacidade da cisterna de 1.000 m³","m³km",0.87]
[5901678,"Transporte de cascalho fino com draga hopper - capacidade da cisterna de 10.000 m³","m³km",0.26]
[5901679,"Transporte de cascalho fino com draga hopper - capacidade da cisterna de 15.000 m³","m³km",0.25]
[5901680,"Transporte de cascalho fino com draga hopper - capacidade da cisterna de 2.000 m³","m³km",0.54]
[5901681,"Transporte de cascalho fino com draga hopper - capacidade da cisterna de 20.000 m³","m³km",0.24]
[5901682,"Transporte de cascalho fino com draga hopper - capacidade da cisterna de 3.000 m³","m³km",0.45]
[5901683,"Transporte de cascalho fino com draga hopper - capacidade da cisterna de 4.000 m³","m³km",0.39]
[5901684,"Transporte de cascalho fino com draga hopper - capacidade da cisterna de 5.000 m³","m³km",0.35]
[5901685,"Transporte de cascalho fino com draga hopper - capacidade da cisterna de 750 m³","m³km",1.23]
[5914360,"Transporte de cimento com caminhão distribuidor de 17 m³ - rodovia em leito natural","tkm",1.2]
[5914361,"Transporte de cimento com caminhão distribuidor de 17 m³ - rodovia em revestimento primário","tkm",0.96]
[5914362,"Transporte de cimento com caminhão distribuidor de 17 m³ - rodovia pavimentada","tkm",0.75]
[5914364,"Transporte de cimento ou cal hidratada a granel com caminhão silo de 30 m³ - rodovia em leito natural","tkm",0.95]
[5914365,"Transporte de cimento ou cal hidratada a granel com caminhão silo de 30 m³ - rodovia em revestimento primário","tkm",0.76]
[5914366,"Transporte de cimento ou cal hidratada a granel com caminhão silo de 30 m³ - rodovia pavimentada","tkm",0.59]
[5914315,"Transporte de concreto com caminhão basculante de 7 m³ - rodovia em leito natural","tkm",1.1499999999999999]
[5914330,"Transporte de concreto com caminhão basculante de 7 m³ - rodovia em revestimento primário","tkm",0.92]
[5914345,"Transporte de concreto com caminhão basculante de 7 m³ - rodovia pavimentada","tkm",0.72]
[5914367,"Transporte de detritos com caminhão de hidrojateamento de alta pressão e vácuo de 9 m³ - rodovia em leito natural","tkm",1.82]
[5914368,"Transporte de detritos com caminhão de hidrojateamento de alta pressão e vácuo de 9 m³ - rodovia em revestimento primário","tkm",1.46]
[5914369,"Transporte de detritos com caminhão de hidrojateamento de alta pressão e vácuo de 9 m³ - rodovia pavimentada","tkm",1.1399999999999999]
[5914489,"Transporte de dormentes de concreto monobloco protendido de bitola larga com locomotiva diesel-elétrica em vagão plataforma com capacidade de 98 t - bitola larga","tkm",0.24]
[5914491,"Transporte de dormentes de concreto monobloco protendido de bitola métrica com locomotiva diesel-elétrica em vagão plataforma com capacidade de 82 t - bitola métrica","tkm",0.28000000000000003]
[5914490,"Transporte de dormentes de concreto monobloco protendido de bitola mista com locomotiva diesel-elétrica em vagão plataforma com capacidade de 98 t - bitola larga","tkm",0.25]
[5914495,"Transporte de dormentes de concreto monobloco protendido para AMV de bitola larga ou mista com locomotiva diesel-elétrica em vagão plataforma com capacidade de 98 t - bitola larga","tkm",1.59]
[5914494,"Transporte de dormentes de concreto monobloco protendido para AMV de bitola métrica com locomotiva diesel-elétrica em vagão plataforma com capacidade de 82 t - bitola métrica","tkm",3.54]
[5914487,"Transporte de dormentes de madeira de bitola larga com locomotiva diesel-elétrica em vagão plataforma com capacidade de 98 t - bitola larga","tkm",0.24]
[5914488,"Transporte de dormentes de madeira de bitola métrica com locomotiva diesel-elétrica em vagão plataforma com capacidade de 82 t - bitola métrica","tkm",0.28000000000000003]
[5914493,"Transporte de dormentes de madeira para AMV de bitola larga ou mista com locomotiva diesel-elétrica em vagão plataforma com capacidade de 98 t - bitola larga","tkm",5.89]
[5914492,"Transporte de dormentes de madeira para AMV de bitola métrica com locomotiva diesel-elétrica em vagão plataforma com capacidade de 82 t - bitola métrica","tkm",14.09]
[5914482,"Transporte de lastro de brita com locomotiva diesel-elétrica em vagão hopper aberto com capacidade de 45 m³ - bitola métrica","tkm",0.63]
[5914483,"Transporte de lastro de brita com locomotiva diesel-elétrica em vagão hopper aberto com capacidade de 63 m³ - bitola larga","tkm",0.45]
[5914480,"Transporte de materiais metálicos e acessórios diversos com locomotiva diesel-elétrica em vagão fechado com capacidade de 64 t - bitola métrica","tkm",0.65]
[5914481,"Transporte de materiais metálicos e acessórios diversos com locomotiva diesel-elétrica em vagão fechado com capacidade de 99 t - bitola larga","tkm",0.43]
[5914485,"Transporte de materiais metálicos para AMV de bitola larga com locomotiva diesel-elétrica em vagão plataforma com capacidade de 98 t - bitola larga","tkm",4.05]
[5914486,"Transporte de materiais metálicos para AMV de bitola métrica com locomotiva diesel-elétrica em vagão plataforma com capacidade de 82 t - bitola métrica","tkm",5.07]
[5914484,"Transporte de materiais metálicos para AMV de bitola mista com locomotiva diesel-elétrica em vagão plataforma com capacidade de 98 t - bitola larga","tkm",3.51]
[5914620,"Transporte de material betuminoso com caminhão tanque distribuidor - rodovia em leito natural","tkm",2.82]
[5914621,"Transporte de material betuminoso com caminhão tanque distribuidor - rodovia em revestimento primário","tkm",2.25]
[5914622,"Transporte de material betuminoso com caminhão tanque distribuidor - rodovia pavimentada","tkm",1.76]
[5901695,"Transporte de material de 1ª categoria com batelão autopropelido com capacidade de 300 m³","m³km",0.72]
[5901696,"Transporte de material de 1ª categoria com batelão autopropelido com capacidade de 500 m³","m³km",0.53]
[5901697,"Transporte de material de 1ª categoria com batelão rebocado com capacidade de 66 m³","m³km",2.33]
[5901698,"Transporte de material de 1ª categoria com batelão rebocado montado na obra com capacidade de 66 m³","m³km",2.33]
[5916654,"Transporte de material de 3ª categoria com batelão autopropelido com capacidade de 300 m³","m³km",1.29]
[5916637,"Transporte de material de 3ª categoria com batelão rebocado com capacidade de 66 m³","m³km",6.87]
[5916618,"Transporte de material de 3ª categoria com batelão rebocado montado na obra com capacidade de 66 m³","m³km",6.87]
[5914334,"Transporte de material de 3ª categoria com caminhão basculante de 12 m³ para rocha - rodovia em leito natural","tkm",1.24]
[5914335,"Transporte de material de 3ª categoria com caminhão basculante de 12 m³ para rocha - rodovia em revestimento primário","tkm",0.99]
[5914336,"Transporte de material de 3ª categoria com caminhão basculante de 12 m³ para rocha - rodovia pavimentada","tkm",0.78]
[5914346,"Transporte de material de 3ª categoria com caminhão basculante de 8 m³ para rocha - rodovia em leito natural","tkm",1.81]
[5914347,"Transporte de material de 3ª categoria com caminhão basculante de 8 m³ para rocha - rodovia em revestimento primário","tkm",1.45]
[5914348,"Transporte de material de 3ª categoria com caminhão basculante de 8 m³ para rocha - rodovia pavimentada","tkm",1.1299999999999999]
[5914611,"Transporte de mistura betuminosa a quente com caminhão com caçamba térmica de 6 m³ - rodovia em leito natural","tkm",1.96]
[5914613,"Transporte de mistura betuminosa a quente com caminhão com caçamba térmica de 6 m³ - rodovia em revestimento primário","tkm",1.57]
[5914612,"Transporte de mistura betuminosa a quente com caminhão com caçamba térmica de 6 m³ - rodovia pavimentada","tkm",1.23]
[5901686,"Transporte de silte com draga hopper - capacidade da cisterna de 1.000 m³","m³km",2.5099999999999998]
[5901687,"Transporte de silte com draga hopper - capacidade da cisterna de 10.000 m³","m³km",0.75]
[5901688,"Transporte de silte com draga hopper - capacidade da cisterna de 15.000 m³","m³km",0.71]
[5901689,"Transporte de silte com draga hopper - capacidade da cisterna de 2.000 m³","m³km",1.57]
[5901690,"Transporte de silte com draga hopper - capacidade da cisterna de 20.000 m³","m³km",0.7]
[5901691,"Transporte de silte com draga hopper - capacidade da cisterna de 3.000 m³","m³km",1.29]
[5901692,"Transporte de silte com draga hopper - capacidade da cisterna de 4.000 m³","m³km",1.1399999999999999]
[5901693,"Transporte de silte com draga hopper - capacidade da cisterna de 5.000 m³","m³km",1.01]
[5901694,"Transporte de silte com draga hopper - capacidade da cisterna de 750 m³","m³km",3.57]
[5914512,"Transporte de TLS TR45 de 120 m com locomotiva diesel-elétrica em vagão plataforma com capacidade de 82 t - bitola métrica","tkm",1.49]
[5914496,"Transporte de TLS TR45 de 120 m com locomotiva diesel-elétrica em vagão plataforma com capacidade de 98 t - bitola larga","tkm",1.1499999999999999]
[5914513,"Transporte de TLS TR45 de 240 m com locomotiva diesel-elétrica em vagão plataforma com capacidade de 82 t - bitola métrica","tkm",0.84]
[5914497,"Transporte de TLS TR45 de 240 m com locomotiva diesel-elétrica em vagão plataforma com capacidade de 98 t - bitola larga","tkm",0.63]
[5914500,"Transporte de TLS TR57 de 120 m com locomotiva diesel-elétrica em vagão plataforma com capacidade de 82 t - bitola métrica","tkm",1.17]
[5914498,"Transporte de TLS TR57 de 120 m com locomotiva diesel-elétrica em vagão plataforma com capacidade de 98 t - bitola larga","tkm",0.9]
[5914501,"Transporte de TLS TR57 de 240 m com locomotiva diesel-elétrica em vagão plataforma com capacidade de 82 t - bitola métrica","tkm",0.66]
[5914499,"Transporte de TLS TR57 de 240 m com locomotiva diesel-elétrica em vagão plataforma com capacidade de 98 t - bitola larga","tkm",0.49]
[5914504,"Transporte de TLS TR68 de 120 m com locomotiva diesel-elétrica em vagão plataforma com capacidade de 82 t - bitola métrica","tkm",0.99]
[5914502,"Transporte de TLS TR68 de 120 m com locomotiva diesel-elétrica em vagão plataforma com capacidade de 98 t - bitola larga","tkm",0.76]
[5914505,"Transporte de TLS TR68 de 240 m com locomotiva diesel-elétrica em vagão plataforma com capacidade de 82 t - bitola métrica","tkm",0.55000000000000004]
[5914503,"Transporte de TLS TR68 de 240 m com locomotiva diesel-elétrica em vagão plataforma com capacidade de 98 t - bitola larga","tkm",0.42]
[5914508,"Transporte de TLS UIC60 de 120 m com locomotiva diesel-elétrica em vagão plataforma com capacidade de 82 t - bitola métrica","tkm",1.1100000000000001]
[5914506,"Transporte de TLS UIC60 de 120 m com locomotiva diesel-elétrica em vagão plataforma com capacidade de 98 t - bitola larga","tkm",0.85]
[5914509,"Transporte de TLS UIC60 de 240 m com locomotiva diesel-elétrica em vagão plataforma com capacidade de 82 t - bitola métrica","tkm",0.62]
[5914507,"Transporte de TLS UIC60 de 240 m com locomotiva diesel-elétrica em vagão plataforma com capacidade de 98 t - bitola larga","tkm",0.46]
[5915491,"Transporte de veículos de médio porte com guincho de resgate de 20 t - rodovia em leito natural","km",19.329999999999998]
[5915492,"Transporte de veículos de médio porte com guincho de resgate de 20 t - rodovia em revestimento primário","km",15.47]
[5915493,"Transporte de veículos de médio porte com guincho de resgate de 20 t - rodovia pavimentada","km",12.11]
[5915488,"Transporte de veículos leves com guincho de resgate de 4 t - rodovia em leito natural","km",13.99]
[5915489,"Transporte de veículos leves com guincho de resgate de 4 t - rodovia em revestimento primário","km",11.19]
[5915490,"Transporte de veículos leves com guincho de resgate de 4 t - rodovia pavimentada","km",8.77]
[5915494,"Transporte de veículos pesados com guincho de resgate de 35 t - rodovia em leito natural","km",32.5]
[5915495,"Transporte de veículos pesados com guincho de resgate de 35 t - rodovia em revestimento primário","km",26]
[5915496,"Transporte de veículos pesados com guincho de resgate de 35 t - rodovia pavimentada","km",20.36]
[5915325,"Transporte em cavalo mecânico com dolly de 4 eixos com capacidade de 57 t - rodovia em leito natural","km",72]
[5915326,"Transporte em cavalo mecânico com dolly de 4 eixos com capacidade de 57 t - rodovia em revestimento primário","km",57.57]
[5915327,"Transporte em cavalo mecânico com dolly de 4 eixos com capacidade de 57 t - rodovia pavimentada","km",45.1]
[5915328,"Transporte em cavalo mecânico com dollys de 3 e 4 eixos com capacidade de 77 t - rodovia em leito natural","km",83.79]
[5915329,"Transporte em cavalo mecânico com dollys de 3 e 4 eixos com capacidade de 77 t - rodovia em revestimento primário","km",67]
[5915330,"Transporte em cavalo mecânico com dollys de 3 e 4 eixos com capacidade de 77 t - rodovia pavimentada","km",52.49]
[5915331,"Transporte em cavalo mecânico com dollys de 5 e 4 eixos com capacidade de 111 t - rodovia em leito natural","km",163.76]
[5915332,"Transporte em cavalo mecânico com dollys de 5 e 4 eixos com capacidade de 111 t - rodovia em revestimento primário","km",130.94999999999999]
[5915333,"Transporte em cavalo mecânico com dollys de 5 e 4 eixos com capacidade de 111 t - rodovia pavimentada","km",102.58]
[5915364,"Transporte em cavalo mecânico com reboques de 5 e 4 eixos com capacidade de 130 t - rodovia em leito natural","km",187.48]
[5915365,"Transporte em cavalo mecânico com reboques de 5 e 4 eixos com capacidade de 130 t - rodovia em revestimento primário","km",149.91]
[5915361,"Transporte em cavalo mecânico com reboques de 5 e 4 eixos com capacidade de 130 t - rodovia pavimentada","km",117.44]
[5919716,"Transporte fluvial de materiais diversos com pontão flutuante - capacidade de 500 t","km",202.56]
[5919717,"Transporte fluvial do flutuante","km",175.11]
[6106220,"Armação de fuste de tubulão em aço CA-50 com apoio de guindaste - fornecimento, preparo e colocação","kg",12.17]
[6106183,"Escavação manual de base alargada de tubulão a céu aberto em material de 1ª categoria na profundidade de 10 a 15 m","m³",307.36]
[6106182,"Escavação manual de base alargada de tubulão a céu aberto em material de 1ª categoria na profundidade de até 10 m","m³",263.45]
[6106194,"Escavação manual de base alargada de tubulão a céu aberto em material de 2ª categoria na profundidade até 10 m","m³",745.9]
[6106195,"Escavação manual de base alargada de tubulão a céu aberto em material de 2ª categoria na profundidade de 10 a 15 m","m³",826.89]
[6106331,"Escavação manual de base alargada de tubulão a céu aberto em material de 3ª categoria a frio na profundidade até 10 m","m³",1868.56]
[6106332,"Escavação manual de base alargada de tubulão a céu aberto em material de 3ª categoria a frio na profundidade de 10 a 15 m","m³",1988.86]
[6106206,"Escavação manual de base alargada de tubulão a céu aberto em material de 3ª categoria na profundidade até 10 m","m³",2155.64]
[6106207,"Escavação manual de base alargada de tubulão a céu aberto em material de 3ª categoria na profundidade de 10 a 15 m","m³",2297.64]
[6106222,"Escavação manual de fuste de tubulão a céu aberto em material de 1ª categoria na profundidade de 10 a 15 m","m³",307.36]
[6106221,"Escavação manual de fuste de tubulão a céu aberto em material de 1ª categoria na profundidade de até 10 m","m³",263.45]
[6106224,"Escavação manual de fuste de tubulão a céu aberto em material de 2ª categoria na profundidade até 10 m","m³",745.9]
[6106225,"Escavação manual de fuste de tubulão a céu aberto em material de 2ª categoria na profundidade de 10 a 15 m","m³",826.89]
[6106228,"Escavação manual de fuste de tubulão a céu aberto em material de 3ª categoria na profundidade até 10 m","m³",1900.69]
[6106229,"Escavação manual de fuste de tubulão a céu aberto em material de 3ª categoria na profundidade de 10 a 15 m","m³",2024.49]
[6106328,"Escavação mecânica de fuste de tubulão com caçamba para rocha em material de 2ª categoria","m³",134.86000000000001]
[6106330,"Escavação mecânica de fuste de tubulão com caçamba para rocha em material de 3ª categoria","m³",670.6]
[6106326,"Escavação mecânica de fuste de tubulão com caçamba para solos em material de 1ª categoria","m³",55.68]
[6106324,"Escavação mecânica de fuste de tubulão com Hammer Grab em material de 1ª categoria","m³",33.130000000000003]
[6106327,"Escavação mecânica de fuste de tubulão com trado para rocha em material de 2ª categoria","m³",134.85]
[6106329,"Escavação mecânica de fuste de tubulão com trado para rocha em material de 3ª categoria","m³",671.6]
[6106325,"Escavação mecânica de fuste de tubulão com trado para solos em material de 1ª categoria","m³",55.82]
[6208126,"Armação de tela de aço eletrossoldada em túneis com auxílio de plataforma pantográfica - confecção e instalação","kg",21.72]
[6205797,"Cambotas metálicas treliçadas - confecção e instalação","kg",13.16]
[6205791,"Coluna de jet grouting horizontal CCPH em solo - D = 40 cm - perfuração e injeção","m",375.72]
[6205792,"Coluna de jet grouting horizontal CCPH em solo - D = 50 cm - perfuração e injeção","m",457.92]
[6205793,"Coluna de jet grouting horizontal CCPH em solo - D = 60 cm - perfuração e injeção","m",546.48]
[6205796,"Coluna de jet grouting vertical em solo - D = 100 cm - perfuração e injeção","m",1014.34]
[6219451,"Coluna de jet grouting vertical em solo - D = 110 cm - perfuração e injeção","m",1107.74]
[6219452,"Coluna de jet grouting vertical em solo - D = 120 cm - perfuração e injeção","m",1207.5]
[6205794,"Coluna de jet grouting vertical em solo - D = 80 cm - perfuração e injeção","m",846.6]
[6205795,"Coluna de jet grouting vertical em solo - D = 90 cm - perfuração e injeção","m",927.29]
[6219521,"Desmonte a frio e carga de rocha em túnel com cunha hidráulica - DMT de 0 a 200 m","m³",169.81]
[6219527,"Drenagem de túnel com manta drenante de malha de polietileno e geotêxtil em face revestida com argamassa polimérica com espessura de 25 mm","m²",484.45]
[6219526,"Dreno filtrante em tubos de PVC D = 40 mm aplicado em paredes e tetos de túnel - fornecimento e instalação","m",56.76]
[6219525,"Dreno não filtrante em tubos de PVC D = 40 mm aplicado em paredes e tetos de túnel - fornecimento e instalação","m",52.65]
[6219508,"Enfilagem tubular sistema autoperfurante - D = 76 mm","m",384.39]
[6219511,"Enfilagem tubular sistema convencional schedule 40 - D = 65 mm","m",285.51]
[6219500,"Escavação subterrânea e carregamento do material da calota em túnel classe I - DMT de 0 a 200 m - seção acima de 90 m²","m³",145.81]
[6219418,"Escavação subterrânea e carregamento do material da calota em túnel classe I - DMT de 0 a 200 m - seção de 20 a 40 m²","m³",312.19]
[6219412,"Escavação subterrânea e carregamento do material da calota em túnel classe I - DMT de 0 a 200 m - seção de 40 a 60 m²","m³",220.51]
[6219406,"Escavação subterrânea e carregamento do material da calota em túnel classe I - DMT de 0 a 200 m - seção de 60 a 90 m²","m³",156.30000000000001]
[6219501,"Escavação subterrânea e carregamento do material da calota em túnel classe II - DMT de 0 a 200 m - seção acima de 90 m²","m³",157.6]
[6219419,"Escavação subterrânea e carregamento do material da calota em túnel classe II - DMT de 0 a 200 m - seção de 20 a 40 m²","m³",343.39]
[6219413,"Escavação subterrânea e carregamento do material da calota em túnel classe II - DMT de 0 a 200 m - seção de 40 a 60 m²","m³",240.57]
[6219407,"Escavação subterrânea e carregamento do material da calota em túnel classe II - DMT de 0 a 200 m - seção de 60 a 90 m²","m³",169.18]
[6219502,"Escavação subterrânea e carregamento do material da calota em túnel classe III - DMT de 0 a 200 m - seção acima de 90 m²","m³",169.35]
[6219420,"Escavação subterrânea e carregamento do material da calota em túnel classe III - DMT de 0 a 200 m - seção de 20 a 40 m²","m³",383.62]
[6219414,"Escavação subterrânea e carregamento do material da calota em túnel classe III - DMT de 0 a 200 m - seção de 40 a 60 m²","m³",263.85000000000002]
[6219408,"Escavação subterrânea e carregamento do material da calota em túnel classe III - DMT de 0 a 200 m - seção de 60 a 90 m²","m³",181.85]
[6219503,"Escavação subterrânea e carregamento do material da calota em túnel classe IV - DMT de 0 a 200 m - seção acima de 90 m²","m³",195.46]
[6219421,"Escavação subterrânea e carregamento do material da calota em túnel classe IV - DMT de 0 a 200 m - seção de 20 a 40 m²","m³",455.14]
[6219415,"Escavação subterrânea e carregamento do material da calota em túnel classe IV - DMT de 0 a 200 m - seção de 40 a 60 m²","m³",307.2]
[6219409,"Escavação subterrânea e carregamento do material da calota em túnel classe IV - DMT de 0 a 200 m - seção de 60 a 90 m²","m³",211.46]
[6219518,"Escavação subterrânea e carregamento do material do rebaixo em túnel classe I a IV - DMT de 0 a 200 m","m³",54.88]
[6219504,"Escavação subterrânea e carregamento em túnel classe V - DMT de 0 a 200 m - seção acima de 90 m²","m³",112.46]
[6219422,"Escavação subterrânea e carregamento em túnel classe V - DMT de 0 a 200 m - seção de 20 a 40 m²","m³",250.8]
[6219416,"Escavação subterrânea e carregamento em túnel classe V - DMT de 0 a 200 m - seção de 40 a 60 m²","m³",192.54]
[6219410,"Escavação subterrânea e carregamento em túnel classe V - DMT de 0 a 200 m - seção de 60 a 90 m²","m³",134.25]
[6219505,"Escavação subterrânea e carregamento em túnel classe VI - DMT de 0 a 200 m - seção acima de 90 m²","m³",101.51]
[6219423,"Escavação subterrânea e carregamento em túnel classe VI - DMT de 0 a 200 m - seção de 20 a 40 m²","m³",238.43]
[6219417,"Escavação subterrânea e carregamento em túnel classe VI - DMT de 0 a 200 m - seção de 40 a 60 m²","m³",180.63]
[6219411,"Escavação subterrânea e carregamento em túnel classe VI - DMT de 0 a 200 m - seção de 60 a 90 m²","m³",122.89]
[6219520,"Pré-fissuramento em túnel","m²",64.67]
[6219433,"Pregagem da frente com vergalhão de fibra de vidro D = 25 mm com perfuração em D = 75 mm e injeção de calda de cimento","m",119.32]
[6205801,"Pregagem da frente em tubo de PVC D = 50 mm com perfuração em D = 100 mm e injeção de argamassa de cimento e areia 1:1","m",78.81]
[6219524,"Prego guia para controle de espessura de concreto projetado D = 16 mm em túnel - fornecimento e instalação","un",11.8]
[6416036,"Usinagem de agregados para microrrevestimento a frio - faixa II - brita comercial","m³",204.24]
[6416038,"Usinagem de agregados para microrrevestimento a frio - faixa II - brita produzida","m³",70.31]
[6416037,"Usinagem de agregados para microrrevestimento a frio - faixa III - brita comercial","m³",214.19]
[6416035,"Usinagem de agregados para microrrevestimento a frio - faixa III - brita produzida","m³",79.34]
[6416076,"Usinagem de areia-asfalto a quente - faixa A - areia comercial","t",205.2]
[6416075,"Usinagem de areia-asfalto a quente - faixa A - areia extraída","t",125.75]
[6416226,"Usinagem de areia-asfalto a quente - faixa B - areia comercial","t",187.87]
[6416225,"Usinagem de areia-asfalto a quente - faixa B - areia extraída","t",106.69]
[6416084,"Usinagem de areia-asfalto a quente com asfalto polímero - faixa A - areia comercial","t",191.22]
[6416083,"Usinagem de areia-asfalto a quente com asfalto polímero - faixa A - areia extraída","t",107.75]
[6416234,"Usinagem de areia-asfalto a quente com asfalto polímero - faixa B - areia comercial","t",201.2]
[6416233,"Usinagem de areia-asfalto a quente com asfalto polímero - faixa B - areia extraída","t",119.22]
[6416236,"Usinagem de areia-asfalto a quente com asfalto polímero - faixa C - areia comercial","t",207.73]
[6416235,"Usinagem de areia-asfalto a quente com asfalto polímero - faixa C - areia extraída","t",126.79]
[6416040,"Usinagem de brita graduada com brita comercial em usina de 300 t/h","m³",307.70999999999998]
[6416039,"Usinagem de brita graduada com brita produzida em usina de 300 t/h","m³",97.43]
[6416042,"Usinagem de brita graduada tratada com cimento e brita comercial em usina de 300 t/h","m³",385.93]
[6416041,"Usinagem de brita graduada tratada com cimento e brita produzida em usina de 300 t/h","m³",180.51]
[6416080,"Usinagem de concreto asfáltico - faixa A - areia e brita comerciais","t",221.81]
[6416079,"Usinagem de concreto asfáltico - faixa A - areia extraída e brita produzida","t",133.4]
[6416143,"Usinagem de concreto asfáltico - faixa B - areia e brita comerciais","t",226.49]
[6416262,"Usinagem de concreto asfáltico - faixa B - areia extraída e brita produzida","t",139.04]
[6416078,"Usinagem de concreto asfáltico - faixa C - areia e brita comerciais","t",224.51]
[6416077,"Usinagem de concreto asfáltico - faixa C - areia extraída e brita produzida","t",138.54]
[6416088,"Usinagem de concreto asfáltico com asfalto polímero - faixa A - areia e brita comerciais","t",224.22]
[6416087,"Usinagem de concreto asfáltico com asfalto polímero - faixa A - areia extraída e brita produzida","t",133.69]
[6416246,"Usinagem de concreto asfáltico com asfalto polímero - faixa B - areia e brita comerciais","t",227.25]
[6416245,"Usinagem de concreto asfáltico com asfalto polímero - faixa B - areia extraída e brita produzida","t",139.38]
[6416248,"Usinagem de concreto asfáltico com asfalto polímero - faixa C - areia e brita comerciais","t",231.75]
[6416247,"Usinagem de concreto asfáltico com asfalto polímero - faixa C - areia extraída e brita produzida","t",147.84]
[6416214,"Usinagem de concreto asfáltico com borracha (Gap Graded) - brita comercial","t",271.58]
[6416218,"Usinagem de concreto asfáltico com borracha (Gap Graded) - brita produzida","t",182.4]
[6416211,"Usinagem de concreto asfáltico com borracha - faixa A - brita comercial","t",269.82]
[6416215,"Usinagem de concreto asfáltico com borracha - faixa A - brita produzida","t",183.09]
[6416212,"Usinagem de concreto asfáltico com borracha - faixa B - brita comercial","t",275.72000000000003]
[6416216,"Usinagem de concreto asfáltico com borracha - faixa B - brita produzida","t",190.23]
[6416213,"Usinagem de concreto asfáltico com borracha - faixa C - brita comercial","t",277.5]
[6416217,"Usinagem de concreto asfáltico com borracha - faixa C - brita produzida","t",193.78]
[6416289,"Usinagem de concreto asfáltico reciclado a frio com espuma de asfalto, agregado comercial e cimento","m³",161.63999999999999]
[6416288,"Usinagem de concreto asfáltico reciclado a frio com espuma de asfalto, agregado produzido e cimento","m³",87.43]
[6416098,"Usinagem de concreto asfáltico reciclado em usina fixa com adição de material fresado e brita comercial","t",184.48]
[6416097,"Usinagem de concreto asfáltico reciclado em usina fixa com adição de material fresado e brita produzida","t",126.94]
[6416258,"Usinagem de micro pré-misturado a quente com asfalto polímero - brita comercial","t",216.54]
[6416259,"Usinagem de micro pré-misturado a quente com asfalto polímero - brita produzida","t",132.35]
[6416074,"Usinagem de pré-misturado a frio - faixa A - areia e brita comerciais","m³",354.64]
[6416073,"Usinagem de pré-misturado a frio - faixa A - areia extraída e brita produzida","m³",140.96]
[6416220,"Usinagem de pré-misturado a frio - faixa B - areia e brita comerciais","m³",356.04]
[6416219,"Usinagem de pré-misturado a frio - faixa B - areia extraída e brita produzida","m³",137.72999999999999]
[6416222,"Usinagem de pré-misturado a frio - faixa C - areia e brita comerciais","m³",373.27]
[6416221,"Usinagem de pré-misturado a frio - faixa C - areia extraída e brita produzida","m³",163.15]
[6416224,"Usinagem de pré-misturado a frio - faixa D - areia e brita comerciais","m³",375.23]
[6416223,"Usinagem de pré-misturado a frio - faixa D - areia extraída e brita produzida","m³",159.91999999999999]
[6416082,"Usinagem de pré-misturado a frio com asfalto polímero - faixa A - areia e brita comerciais","m³",354.64]
[6416081,"Usinagem de pré-misturado a frio com asfalto polímero - faixa A - areia extraída e brita produzida","m³",140.96]
[6416228,"Usinagem de pré-misturado a frio com asfalto polímero - faixa B - areia e brita comerciais","m³",356.04]
[6416227,"Usinagem de pré-misturado a frio com asfalto polímero - faixa B - areia extraída e brita produzida","m³",137.72999999999999]
[6416230,"Usinagem de pré-misturado a frio com asfalto polímero - faixa C - areia e brita comerciais","m³",371.58]
[6416229,"Usinagem de pré-misturado a frio com asfalto polímero - faixa C - areia extraída e brita produzida","m³",162.46]
[6416232,"Usinagem de pré-misturado a frio com asfalto polímero - faixa D - areia e brita comerciais","m³",373.54]
[6416231,"Usinagem de pré-misturado a frio com asfalto polímero - faixa D - areia extraída e brita produzida","m³",159.24]
[6416086,"Usinagem de pré-misturado a quente com asfalto polímero - faixa I - camada porosa de atrito - areia e brita comerciais","t",225.34]
[6416085,"Usinagem de pré-misturado a quente com asfalto polímero - faixa I - camada porosa de atrito - areia extraída e brita produzida","t",131.88]
[6416238,"Usinagem de pré-misturado a quente com asfalto polímero - faixa II - camada porosa de atrito - areia e brita comerciais","t",211.57]
[6416237,"Usinagem de pré-misturado a quente com asfalto polímero - faixa II - camada porosa de atrito - areia extraída e brita produzida","t",116.2]
[6416240,"Usinagem de pré-misturado a quente com asfalto polímero - faixa III - camada porosa de atrito - areia e brita comerciais","t",222.85]
[6416239,"Usinagem de pré-misturado a quente com asfalto polímero - faixa III - camada porosa de atrito - areia extraída e brita produzida","t",131.6]
[6416242,"Usinagem de pré-misturado a quente com asfalto polímero - faixa IV - camada porosa de atrito - areia e brita comerciais","t",232.18]
[6416241,"Usinagem de pré-misturado a quente com asfalto polímero - faixa IV - camada porosa de atrito - areia extraída e brita produzida","t",137.91]
[6416244,"Usinagem de pré-misturado a quente com asfalto polímero - faixa V - camada porosa de atrito - areia e brita comerciais","t",230.49]
[6416243,"Usinagem de pré-misturado a quente com asfalto polímero - faixa V - camada porosa de atrito - areia extraída e brita produzida","t",137.49]
[6416250,"Usinagem de solo areia (70% - 30%) - material de jazida e areia comercial","m³",73.39]
[6416153,"Usinagem de solo areia (70% - 30%) - material de jazida e areia extraída","m³",17.489999999999998]
[6416185,"Usinagem de solo brita (70% - 30%) com 3% cimento - material de jazida e brita comercial","m³",154.74]
[6416184,"Usinagem de solo brita (70% - 30%) com 3% cimento - material de jazida e brita produzida","m³",97.09]
[6416030,"Usinagem de solo brita (70% - 30%) com material de jazida e brita comercial em usina de 300 t/h","m³",94.83]
[6416029,"Usinagem de solo brita (70% - 30%) com material de jazida e brita produzida em usina de 300 t/h","m³",35.39]
[6416056,"Usinagem de solo cimento com 7% de cimento com material de jazida em usina de 300 t/h","m³",153.91999999999999]
[6416278,"Usinagem de solo escória de aciaria (50% - 50%) com material de jazida em usina de 300 t/h","m³",24.75]
[6416047,"Usinagem de solo melhorado com 3% de cimento com material de jazida em usina de 300 t/h","m³",72.930000000000007]
[6416090,"Usinagem para pavimento de concreto com fôrmas deslizantes - areia e brita comerciais","m³",595.4]
[6416089,"Usinagem para pavimento de concreto com fôrmas deslizantes - areia extraída e brita produzida","m³",420.04]
[6416094,"Usinagem para pavimento de concreto compactado com rolo - brita comercial","m³",502.57]
[6416093,"Usinagem para pavimento de concreto compactado com rolo - brita produzida","m³",297.07]
[6416092,"Usinagem para sub-base de concreto compactado com rolo - brita comercial","m³",417.52]
[6416091,"Usinagem para sub-base de concreto compactado com rolo - brita produzida","m³",202.67]
[6817809,"Confecção de BSCC - seção canal de 1,5 x 1,5 m - areia e brita comerciais","m",1198.1099999999999]
[6817810,"Confecção de BSCC - seção canal de 1,5 x 1,5 m - areia extraída e brita produzida","m",1048.97]
[6817811,"Confecção de BSCC - seção canal de 2,0 x 1,5 m - areia e brita comerciais","m",1285.3599999999999]
[6817812,"Confecção de BSCC - seção canal de 2,0 x 1,5 m - areia extraída e brita produzida","m",1120.52]
[6817813,"Confecção de BSCC - seção canal de 2,0 x 2,0 m - tipo I - areia e brita comerciais","m",2010.16]
[6817814,"Confecção de BSCC - seção canal de 2,0 x 2,0 m - tipo I - areia extraída e brita produzida","m",1751.13]
[6817815,"Confecção de BSCC - seção canal de 2,0 x 2,0 m - tipo II - areia e brita comerciais","m",1730.15]
[6817816,"Confecção de BSCC - seção canal de 2,0 x 2,0 m - tipo II - areia extraída e brita produzida","m",1471.12]
[6817817,"Confecção de BSCC - seção canal de 2,5 x 1,5 m - areia e brita comerciais","m",1382.37]
[6817818,"Confecção de BSCC - seção canal de 2,5 x 1,5 m - areia extraída e brita produzida","m",1203.79]
[6817819,"Confecção de BSCC - seção canal de 2,5 x 2,0 m - tipo I - areia e brita comerciais","m",2117.27]
[6817820,"Confecção de BSCC - seção canal de 2,5 x 2,0 m - tipo I - areia extraída e brita produzida","m",1838.61]
[6817821,"Confecção de BSCC - seção canal de 2,5 x 2,0 m - tipo II - areia e brita comerciais","m",1846.51]
[6817822,"Confecção de BSCC - seção canal de 2,5 x 2,0 m - tipo II - areia extraída e brita produzida","m",1567.85]
[6817823,"Confecção de BSCC - seção canal de 3,0 x 1,5 m - areia e brita comerciais","m",1485.6]
[6817824,"Confecção de BSCC - seção canal de 3,0 x 1,5 m - areia extraída e brita produzida","m",1291.32]
[6817825,"Confecção de BSCC - seção canal de 3,0 x 2,0 m - tipo I - areia e brita comerciais","m",2163.04]
[6817826,"Confecção de BSCC - seção canal de 3,0 x 2,0 m - tipo I - areia extraída e brita produzida","m",1864.76]
[6817827,"Confecção de BSCC - seção canal de 3,0 x 2,0 m - tipo II - areia e brita comerciais","m",1962.87]
[6817828,"Confecção de BSCC - seção canal de 3,0 x 2,0 m - tipo II - areia extraída e brita produzida","m",1664.58]
[6817753,"Confecção de BSCC - seção fechada de 1,5 x 1,5 m - altura do aterro de 0,25 a 1,00 m - areia e brita comerciais","m",1631.94]
[6817754,"Confecção de BSCC - seção fechada de 1,5 x 1,5 m - altura do aterro de 0,25 a 1,00 m - areia extraída e brita produzida","m",1421.97]
[6817755,"Confecção de BSCC - seção fechada de 1,5 x 1,5 m - altura do aterro de 1,00 a 2,50 m - areia e brita comerciais","m",1570.08]
[6817756,"Confecção de BSCC - seção fechada de 1,5 x 1,5 m - altura do aterro de 1,00 a 2,50 m - areia extraída e brita produzida","m",1360.11]
[6817763,"Confecção de BSCC - seção fechada de 1,5 x 1,5 m - altura do aterro de 10,00 a 12,50 m - areia e brita comerciais","m",2005.12]
[6817764,"Confecção de BSCC - seção fechada de 1,5 x 1,5 m - altura do aterro de 10,00 a 12,50 m - areia extraída e brita produzida","m",1726.11]
[6817765,"Confecção de BSCC - seção fechada de 1,5 x 1,5 m - altura do aterro de 12,50 a 15,00 m - areia e brita comerciais","m",2329.04]
[6817766,"Confecção de BSCC - seção fechada de 1,5 x 1,5 m - altura do aterro de 12,50 a 15,00 m - areia extraída e brita produzida","m",2071.25]
[6817757,"Confecção de BSCC - seção fechada de 1,5 x 1,5 m - altura do aterro de 2,50 a 5,00 m - areia e brita comerciais","m",1570.08]
[6817758,"Confecção de BSCC - seção fechada de 1,5 x 1,5 m - altura do aterro de 2,50 a 5,00 m - areia extraída e brita produzida","m",1360.11]
[6817759,"Confecção de BSCC - seção fechada de 1,5 x 1,5 m - altura do aterro de 5,00 a 7,50 m - areia e brita comerciais","m",1703.1]
[6817760,"Confecção de BSCC - seção fechada de 1,5 x 1,5 m - altura do aterro de 5,00 a 7,50 m - areia extraída e brita produzida","m",1495.78]
[6817761,"Confecção de BSCC - seção fechada de 1,5 x 1,5 m - altura do aterro de 7,50 a 10,00 m - areia e brita comerciais","m",2107.79]
[6817762,"Confecção de BSCC - seção fechada de 1,5 x 1,5 m - altura do aterro de 7,50 a 10,00 m - areia extraída e brita produzida","m",1828.77]
[6817767,"Confecção de BSCC - seção fechada de 2,0 x 2,0 m - altura do aterro de 0,25 a 1,00 m - areia e brita comerciais","m",2347.4899999999998]
[6817768,"Confecção de BSCC - seção fechada de 2,0 x 2,0 m - altura do aterro de 0,25 a 1,00 m - areia extraída e brita produzida","m",2078.64]
[6817769,"Confecção de BSCC - seção fechada de 2,0 x 2,0 m - altura do aterro de 1,00 a 2,50 m - areia e brita comerciais","m",2015.14]
[6817770,"Confecção de BSCC - seção fechada de 2,0 x 2,0 m - altura do aterro de 1,00 a 2,50 m - areia extraída e brita produzida","m",1746.29]
[6817777,"Confecção de BSCC - seção fechada de 2,0 x 2,0 m - altura do aterro de 10,00 a 12,50 m - areia e brita comerciais","m",3337.56]
[6817778,"Confecção de BSCC - seção fechada de 2,0 x 2,0 m - altura do aterro de 10,00 a 12,50 m - areia extraída e brita produzida","m",3015.78]
[6817779,"Confecção de BSCC - seção fechada de 2,0 x 2,0 m - altura do aterro de 12,50 a 15,00 m - areia e brita comerciais","m",3973.3]
[6817780,"Confecção de BSCC - seção fechada de 2,0 x 2,0 m - altura do aterro de 12,50 a 15,00 m - areia extraída e brita produzida","m",3565.83]
[6817771,"Confecção de BSCC - seção fechada de 2,0 x 2,0 m - altura do aterro de 2,50 a 5,00 m - areia e brita comerciais","m",2288.89]
[6817772,"Confecção de BSCC - seção fechada de 2,0 x 2,0 m - altura do aterro de 2,50 a 5,00 m - areia extraída e brita produzida","m",2023.44]
[6817773,"Confecção de BSCC - seção fechada de 2,0 x 2,0 m - altura do aterro de 5,00 a 7,50 m - areia e brita comerciais","m",2780.61]
[6817774,"Confecção de BSCC - seção fechada de 2,0 x 2,0 m - altura do aterro de 5,00 a 7,50 m - areia extraída e brita produzida","m",2424.09]
[6817775,"Confecção de BSCC - seção fechada de 2,0 x 2,0 m - altura do aterro de 7,50 a 10,00 m - areia e brita comerciais","m",3071.9]
[6817776,"Confecção de BSCC - seção fechada de 2,0 x 2,0 m - altura do aterro de 7,50 a 10,00 m - areia extraída e brita produzida","m",2742.5]
[6817781,"Confecção de BSCC - seção fechada de 2,5 x 2,5 m - altura do aterro de 0,25 a 1,00 m - areia e brita comerciais","m",3170.98]
[6817782,"Confecção de BSCC - seção fechada de 2,5 x 2,5 m - altura do aterro de 0,25 a 1,00 m - areia extraída e brita produzida","m",2843.25]
[6817783,"Confecção de BSCC - seção fechada de 2,5 x 2,5 m - altura do aterro de 1,00 a 2,50 m - areia e brita comerciais","m",2642.02]
[6817784,"Confecção de BSCC - seção fechada de 2,5 x 2,5 m - altura do aterro de 1,00 a 2,50 m - areia extraída e brita produzida","m",2314.3000000000002]
[6817791,"Confecção de BSCC - seção fechada de 2,5 x 2,5 m - altura do aterro de 10,00 a 12,50 m - areia e brita comerciais","m",4910.22]
[6817792,"Confecção de BSCC - seção fechada de 2,5 x 2,5 m - altura do aterro de 10,00 a 12,50 m - areia extraída e brita produzida","m",4415.3100000000004]
[6817793,"Confecção de BSCC - seção fechada de 2,5 x 2,5 m - altura do aterro de 12,50 a 15,00 m - areia e brita comerciais","m",5492.64]
[6817794,"Confecção de BSCC - seção fechada de 2,5 x 2,5 m - altura do aterro de 12,50 a 15,00 m - areia extraída e brita produzida","m",4997.7299999999996]
[6817785,"Confecção de BSCC - seção fechada de 2,5 x 2,5 m - altura do aterro de 2,50 a 5,00 m - areia e brita comerciais","m",3403.89]
[6817786,"Confecção de BSCC - seção fechada de 2,5 x 2,5 m - altura do aterro de 2,50 a 5,00 m - areia extraída e brita produzida","m",2969.87]
[6817787,"Confecção de BSCC - seção fechada de 2,5 x 2,5 m - altura do aterro de 5,00 a 7,50 m - areia e brita comerciais","m",3942.85]
[6817788,"Confecção de BSCC - seção fechada de 2,5 x 2,5 m - altura do aterro de 5,00 a 7,50 m - areia extraída e brita produzida","m",3541.85]
[6817789,"Confecção de BSCC - seção fechada de 2,5 x 2,5 m - altura do aterro de 7,50 a 10,00 m - areia e brita comerciais","m",4388.58]
[6817790,"Confecção de BSCC - seção fechada de 2,5 x 2,5 m - altura do aterro de 7,50 a 10,00 m - areia extraída e brita produzida","m",3996.85]
[6817795,"Confecção de BSCC - seção fechada de 3,0 x 3,0 m - altura do aterro de 0,25 a 1,00 m - areia e brita comerciais","m",4070.73]
[6817796,"Confecção de BSCC - seção fechada de 3,0 x 3,0 m - altura do aterro de 0,25 a 1,00 m - areia extraída e brita produzida","m",3689.03]
[6817797,"Confecção de BSCC - seção fechada de 3,0 x 3,0 m - altura do aterro de 1,00 a 2,50 m - areia e brita comerciais","m",3520.81]
[6817798,"Confecção de BSCC - seção fechada de 3,0 x 3,0 m - altura do aterro de 1,00 a 2,50 m - areia extraída e brita produzida","m",3139.1]
[6817805,"Confecção de BSCC - seção fechada de 3,0 x 3,0 m - altura do aterro de 10,00 a 12,50 m - areia e brita comerciais","m",6762.76]
[6817806,"Confecção de BSCC - seção fechada de 3,0 x 3,0 m - altura do aterro de 10,00 a 12,50 m - areia extraída e brita produzida","m",6180.41]
[6817807,"Confecção de BSCC - seção fechada de 3,0 x 3,0 m - altura do aterro de 12,50 a 15,00 m - areia e brita comerciais","m",7408.04]
[6817808,"Confecção de BSCC - seção fechada de 3,0 x 3,0 m - altura do aterro de 12,50 a 15,00 m - areia extraída e brita produzida","m",6825.69]
[6817799,"Confecção de BSCC - seção fechada de 3,0 x 3,0 m - altura do aterro de 2,50 a 5,00 m - areia e brita comerciais","m",4429.96]
[6817800,"Confecção de BSCC - seção fechada de 3,0 x 3,0 m - altura do aterro de 2,50 a 5,00 m - areia extraída e brita produzida","m",3918.44]
[6817801,"Confecção de BSCC - seção fechada de 3,0 x 3,0 m - altura do aterro de 5,00 a 7,50 m - areia e brita comerciais","m",5406.3]
[6817802,"Confecção de BSCC - seção fechada de 3,0 x 3,0 m - altura do aterro de 5,00 a 7,50 m - areia extraída e brita produzida","m",4944.6099999999997]
[6817803,"Confecção de BSCC - seção fechada de 3,0 x 3,0 m - altura do aterro de 7,50 a 10,00 m - areia e brita comerciais","m",6187.43]
[6817804,"Confecção de BSCC - seção fechada de 3,0 x 3,0 m - altura do aterro de 7,50 a 10,00 m - areia extraída e brita produzida","m",5605.08]
[6817885,"Corpo de BSCC - seção canal de 1,5 x 1,5 m - pré-moldado - areia e brita comerciais","m",1503.88]
[6817886,"Corpo de BSCC - seção canal de 1,5 x 1,5 m - pré-moldado - areia extraída e brita produzida","m",1301.6199999999999]
[6817887,"Corpo de BSCC - seção canal de 2,0 x 1,5 m - pré-moldado - areia e brita comerciais","m",1645.33]
[6817888,"Corpo de BSCC - seção canal de 2,0 x 1,5 m - pré-moldado - areia extraída e brita produzida","m",1414.77]
[6817889,"Corpo de BSCC - seção canal de 2,0 x 2,0 m - pré-moldado - tipo I - areia e brita comerciais","m",2413.73]
[6817890,"Corpo de BSCC - seção canal de 2,0 x 2,0 m - pré-moldado - tipo I - areia extraída e brita produzida","m",2086.75]
[6817891,"Corpo de BSCC - seção canal de 2,0 x 2,0 m - pré-moldado - tipo II - areia e brita comerciais","m",2133.7199999999998]
[6817892,"Corpo de BSCC - seção canal de 2,0 x 2,0 m - pré-moldado - tipo II - areia extraída e brita produzida","m",1806.74]
[6817893,"Corpo de BSCC - seção canal de 2,5 x 1,5 m - pré-moldado - areia e brita comerciais","m",1839.79]
[6817894,"Corpo de BSCC - seção canal de 2,5 x 1,5 m - pré-moldado - areia extraída e brita produzida","m",1579.52]
[6817895,"Corpo de BSCC - seção canal de 2,5 x 2,0 m - pré-moldado - tipo I - areia e brita comerciais","m",2602.16]
[6817896,"Corpo de BSCC - seção canal de 2,5 x 2,0 m - pré-moldado - tipo I - areia extraída e brita produzida","m",2241.5]
[6817897,"Corpo de BSCC - seção canal de 2,5 x 2,0 m - pré-moldado - tipo II - areia e brita comerciais","m",2331.4]
[6817898,"Corpo de BSCC - seção canal de 2,5 x 2,0 m - pré-moldado - tipo II - areia extraída e brita produzida","m",1970.74]
[6817899,"Corpo de BSCC - seção canal de 3,0 x 1,5 m - pré-moldado - areia e brita comerciais","m",2023.47]
[6817900,"Corpo de BSCC - seção canal de 3,0 x 1,5 m - pré-moldado - areia extraída e brita produzida","m",1733]
[6817901,"Corpo de BSCC - seção canal de 3,0 x 2,0 m - pré-moldado - tipo I - areia e brita comerciais","m",2734.39]
[6817902,"Corpo de BSCC - seção canal de 3,0 x 2,0 m - pré-moldado - tipo I - areia extraída e brita produzida","m",2337.6799999999998]
[6817903,"Corpo de BSCC - seção canal de 3,0 x 2,0 m - pré-moldado - tipo II - areia e brita comerciais","m",2534.2199999999998]
[6817904,"Corpo de BSCC - seção canal de 3,0 x 2,0 m - pré-moldado - tipo II - areia extraída e brita produzida","m",2137.5]
[6817829,"Corpo de BSCC - seção fechada de 1,5 x 1,5 m - pré-moldado - altura do aterro de 0,25 a 1,00 m - areia e brita comerciais","m",2001.38]
[6817830,"Corpo de BSCC - seção fechada de 1,5 x 1,5 m - pré-moldado - altura do aterro de 0,25 a 1,00 m - areia extraída e brita produzida","m",1737.85]
[6817831,"Corpo de BSCC - seção fechada de 1,5 x 1,5 m - pré-moldado - altura do aterro de 1,00 a 2,50 m - areia e brita comerciais","m",1939.52]
[6817832,"Corpo de BSCC - seção fechada de 1,5 x 1,5 m - pré-moldado - altura do aterro de 1,00 a 2,50 m - areia extraída e brita produzida","m",1675.99]
[6817839,"Corpo de BSCC - seção fechada de 1,5 x 1,5 m - pré-moldado - altura do aterro de 10,00 a 12,50 m - areia e brita comerciais","m",2382.3200000000002]
[6817840,"Corpo de BSCC - seção fechada de 1,5 x 1,5 m - pré-moldado - altura do aterro de 10,00 a 12,50 m - areia extraída e brita produzida","m",2047.79]
[6817841,"Corpo de BSCC - seção fechada de 1,5 x 1,5 m - pré-moldado - altura do aterro de 12,50 a 15,00 m - areia e brita comerciais","m",2706.24]
[6817842,"Corpo de BSCC - seção fechada de 1,5 x 1,5 m - pré-moldado - altura do aterro de 12,50 a 15,00 m - areia extraída e brita produzida","m",2392.9299999999998]
[6817833,"Corpo de BSCC - seção fechada de 1,5 x 1,5 m - pré-moldado - altura do aterro de 2,50 a 5,00 m - areia e brita comerciais","m",1939.52]
[6817834,"Corpo de BSCC - seção fechada de 1,5 x 1,5 m - pré-moldado - altura do aterro de 2,50 a 5,00 m - areia extraída e brita produzida","m",1675.99]
[6817835,"Corpo de BSCC - seção fechada de 1,5 x 1,5 m - pré-moldado - altura do aterro de 5,00 a 7,50 m - areia e brita comerciais","m",2072.54]
[6817836,"Corpo de BSCC - seção fechada de 1,5 x 1,5 m - pré-moldado - altura do aterro de 5,00 a 7,50 m - areia extraída e brita produzida","m",1811.66]
[6817837,"Corpo de BSCC - seção fechada de 1,5 x 1,5 m - pré-moldado - altura do aterro de 7,50 a 10,00 m - areia e brita comerciais","m",2484.9899999999998]
[6817838,"Corpo de BSCC - seção fechada de 1,5 x 1,5 m - pré-moldado - altura do aterro de 7,50 a 10,00 m - areia extraída e brita produzida","m",2150.4499999999998]
[6817843,"Corpo de BSCC - seção fechada de 2,0 x 2,0 m - pré-moldado - altura do aterro de 0,25 a 1,00 m - areia e brita comerciais","m",2796.14]
[6817844,"Corpo de BSCC - seção fechada de 2,0 x 2,0 m - pré-moldado - altura do aterro de 0,25 a 1,00 m - areia extraída e brita produzida","m",2460.71]
[6817845,"Corpo de BSCC - seção fechada de 2,0 x 2,0 m - pré-moldado - altura do aterro de 1,00 a 2,50 m - areia e brita comerciais","m",2463.79]
[6817846,"Corpo de BSCC - seção fechada de 2,0 x 2,0 m - pré-moldado - altura do aterro de 1,00 a 2,50 m - areia extraída e brita produzida","m",2128.36]
[6817853,"Corpo de BSCC - seção fechada de 2,0 x 2,0 m - pré-moldado - altura do aterro de 10,00 a 12,50 m - areia e brita comerciais","m",3799.97]
[6817854,"Corpo de BSCC - seção fechada de 2,0 x 2,0 m - pré-moldado - altura do aterro de 10,00 a 12,50 m - areia extraída e brita produzida","m",3407.73]
[6817855,"Corpo de BSCC - seção fechada de 2,0 x 2,0 m - pré-moldado - altura do aterro de 12,50 a 15,00 m - areia e brita comerciais","m",4437.4799999999996]
[6817856,"Corpo de BSCC - seção fechada de 2,0 x 2,0 m - pré-moldado - altura do aterro de 12,50 a 15,00 m - areia extraída e brita produzida","m",3959.51]
[6817847,"Corpo de BSCC - seção fechada de 2,0 x 2,0 m - pré-moldado - altura do aterro de 2,50 a 5,00 m - areia e brita comerciais","m",2743.54]
[6817848,"Corpo de BSCC - seção fechada de 2,0 x 2,0 m - pré-moldado - altura do aterro de 2,50 a 5,00 m - areia extraída e brita produzida","m",2409.59]
[6817849,"Corpo de BSCC - seção fechada de 2,0 x 2,0 m - pré-moldado - altura do aterro de 5,00 a 7,50 m - areia e brita comerciais","m",3237.02]
[6817850,"Corpo de BSCC - seção fechada de 2,0 x 2,0 m - pré-moldado - altura do aterro de 5,00 a 7,50 m - areia extraída e brita produzida","m",2811.96]
[6817851,"Corpo de BSCC - seção fechada de 2,0 x 2,0 m - pré-moldado - altura do aterro de 7,50 a 10,00 m - areia e brita comerciais","m",3534.31]
[6817852,"Corpo de BSCC - seção fechada de 2,0 x 2,0 m - pré-moldado - altura do aterro de 7,50 a 10,00 m - areia extraída e brita produzida","m",3134.45]
[6817857,"Corpo de BSCC - seção fechada de 2,5 x 2,5 m - pré-moldado - altura do aterro de 0,25 a 1,00 m - areia e brita comerciais","m",3711.71]
[6817858,"Corpo de BSCC - seção fechada de 2,5 x 2,5 m - pré-moldado - altura do aterro de 0,25 a 1,00 m - areia extraída e brita produzida","m",3301]
[6817859,"Corpo de BSCC - seção fechada de 2,5 x 2,5 m - pré-moldado - altura do aterro de 1,00 a 2,50 m - areia e brita comerciais","m",3182.75]
[6817860,"Corpo de BSCC - seção fechada de 2,5 x 2,5 m - pré-moldado - altura do aterro de 1,00 a 2,50 m - areia extraída e brita produzida","m",2772.05]
[6817867,"Corpo de BSCC - seção fechada de 2,5 x 2,5 m - pré-moldado - altura do aterro de 10,00 a 12,50 m - areia e brita comerciais","m",5466.48]
[6817868,"Corpo de BSCC - seção fechada de 2,5 x 2,5 m - pré-moldado - altura do aterro de 10,00 a 12,50 m - areia extraída e brita produzida","m",4884.66]
[6817869,"Corpo de BSCC - seção fechada de 2,5 x 2,5 m - pré-moldado - altura do aterro de 12,50 a 15,00 m - areia e brita comerciais","m",6054.89]
[6817870,"Corpo de BSCC - seção fechada de 2,5 x 2,5 m - pré-moldado - altura do aterro de 12,50 a 15,00 m - areia extraída e brita produzida","m",5471.16]
[6817861,"Corpo de BSCC - seção fechada de 2,5 x 2,5 m - pré-moldado - altura do aterro de 2,50 a 5,00 m - areia e brita comerciais","m",3946.39]
[6817862,"Corpo de BSCC - seção fechada de 2,5 x 2,5 m - pré-moldado - altura do aterro de 2,50 a 5,00 m - areia extraída e brita produzida","m",3429.34]
[6817863,"Corpo de BSCC - seção fechada de 2,5 x 2,5 m - pré-moldado - altura do aterro de 5,00 a 7,50 m - areia e brita comerciais","m",4491.3500000000004]
[6817864,"Corpo de BSCC - seção fechada de 2,5 x 2,5 m - pré-moldado - altura do aterro de 5,00 a 7,50 m - areia extraída e brita produzida","m",4005.4]
[6817865,"Corpo de BSCC - seção fechada de 2,5 x 2,5 m - pré-moldado - altura do aterro de 7,50 a 10,00 m - areia e brita comerciais","m",4937.08]
[6817866,"Corpo de BSCC - seção fechada de 2,5 x 2,5 m - pré-moldado - altura do aterro de 7,50 a 10,00 m - areia extraída e brita produzida","m",4460.3999999999996]
[6817871,"Corpo de BSCC - seção fechada de 3,0 x 3,0 m - pré-moldado - altura do aterro de 0,25 a 1,00 m - areia e brita comerciais","m",4722.01]
[6817872,"Corpo de BSCC - seção fechada de 3,0 x 3,0 m - pré-moldado - altura do aterro de 0,25 a 1,00 m - areia extraída e brita produzida","m",4242.3900000000003]
[6817873,"Corpo de BSCC - seção fechada de 3,0 x 3,0 m - pré-moldado - altura do aterro de 1,00 a 2,50 m - areia e brita comerciais","m",4172.09]
[6817874,"Corpo de BSCC - seção fechada de 3,0 x 3,0 m - pré-moldado - altura do aterro de 1,00 a 2,50 m - areia extraída e brita produzida","m",3692.46]
[6817881,"Corpo de BSCC - seção fechada de 3,0 x 3,0 m - pré-moldado - altura do aterro de 10,00 a 12,50 m - areia e brita comerciais","m",7429.4]
[6817882,"Corpo de BSCC - seção fechada de 3,0 x 3,0 m - pré-moldado - altura do aterro de 10,00 a 12,50 m - areia extraída e brita produzida","m",6745.25]
[6817883,"Corpo de BSCC - seção fechada de 3,0 x 3,0 m - pré-moldado - altura do aterro de 12,50 a 15,00 m - areia e brita comerciais","m",8080.68]
[6817884,"Corpo de BSCC - seção fechada de 3,0 x 3,0 m - pré-moldado - altura do aterro de 12,50 a 15,00 m - areia extraída e brita produzida","m",7394.61]
[6817875,"Corpo de BSCC - seção fechada de 3,0 x 3,0 m - pré-moldado - altura do aterro de 2,50 a 5,00 m - areia e brita comerciais","m",5089]
[6817876,"Corpo de BSCC - seção fechada de 3,0 x 3,0 m - pré-moldado - altura do aterro de 2,50 a 5,00 m - areia extraída e brita produzida","m",4477.6000000000004]
[6817877,"Corpo de BSCC - seção fechada de 3,0 x 3,0 m - pré-moldado - altura do aterro de 5,00 a 7,50 m - areia e brita comerciais","m",6065.34]
[6817878,"Corpo de BSCC - seção fechada de 3,0 x 3,0 m - pré-moldado - altura do aterro de 5,00 a 7,50 m - areia extraída e brita produzida","m",5503.77]
[6817879,"Corpo de BSCC - seção fechada de 3,0 x 3,0 m - pré-moldado - altura do aterro de 7,50 a 10,00 m - areia e brita comerciais","m",6854.23]
[6817880,"Corpo de BSCC - seção fechada de 3,0 x 3,0 m - pré-moldado - altura do aterro de 7,50 a 10,00 m - areia extraída e brita produzida","m",6170.04]
[7119788,"Administração local do Estaleiro Padrão","mês",287968.78000000003]
[7119714,"Amarração do sistema de fundeio - profundidade de até 50 m","un",2154.6799999999998]
[7119715,"Ânodo de sacrifício para proteção do casco - fornecimento e instalação","un",1596.84]
[7119678,"Beneficiamento de aço naval para construção de instalações portuárias de pequeno porte - excluso o aço naval","t",8913.9599999999991]
[7119712,"Cabo de segurança para conexão da ponte - fornecimento e instalação","un",12492.32]
[7119694,"Confecção de morto de concreto de 13 t","un",8710.66]
[7119695,"Confecção de morto de concreto de 14 t","un",9470.77]
[7119696,"Confecção de morto de concreto de 22 t","un",15166.36]
[7119697,"Confecção de morto de concreto de 36 t","un",24254.27]
[7119698,"Confecção de morto de concreto de 48 t","un",31097.279999999999]
[7119688,"Confecção de poita de concreto com garras metálicas de 13,3 t (peso submerso = 8 t)","un",9487.4699999999993]
[7119689,"Confecção de poita de concreto com garras metálicas de 25 t (peso submerso = 15 t)","un",18218.830000000002]
[7119690,"Confecção de poita de concreto com garras metálicas de 30 t (peso submerso = 18 t)","un",21754.57]
[7119691,"Confecção de poita de concreto com garras metálicas de 41,7 t (peso submerso = 25 t)","un",30151.27]
[7119692,"Confecção de poita de concreto com garras metálicas de 45,8 t (peso submerso = 27,5 t)","un",33147.83]
[7119693,"Confecção de poita de concreto com garras metálicas de 58,3 t (peso submerso = 35 t)","un",42129.17]
[7119687,"Confecção de poita de concreto com garras metálicas de 6,7 t (peso submerso = 4 t)","un",4968.2700000000004]
[7119681,"Confecção de poita de concreto de 13,3 t (peso submerso = 8 t)","un",10076.1]
[7119682,"Confecção de poita de concreto de 25 t (peso submerso = 15 t)","un",19277.45]
[7119683,"Confecção de poita de concreto de 30 t (peso submerso = 18 t)","un",23014.32]
[7119684,"Confecção de poita de concreto de 41,7 t (peso submerso = 25 t)","un",31871.23]
[7119685,"Confecção de poita de concreto de 45,8 t (peso submerso = 27,5 t)","un",35031.49]
[7119686,"Confecção de poita de concreto de 58,3 t (peso submerso = 35 t)","un",44507.07]
[7119680,"Confecção de poita de concreto de 6,7 t (peso submerso = 4 t)","un",5276.55]
[7119710,"Defensa de pneus para proteção do flutuante - confecção e instalação","un",757.92]
[7107375,"Fornecimento e instalação de reservatório metálico tipo taça de 10.000 litros pintura interna e externa com escada de acesso e base de concreto armado - areia e brita comerciais","un",28586.02]
[7107376,"Fornecimento e instalação de reservatório metálico tipo taça de 20.000 litros pintura interna e externa com escada de acesso e base de concreto armado - areia e brita comerciais","un",47238.27]
[7107377,"Fornecimento e instalação de reservatório metálico tipo taça de 30.000 litros pintura interna e externa com escada de acesso e base de concreto armado - areia e brita comerciais","un",65586.929999999993]
[7107374,"Fornecimento e instalação de reservatório metálico tipo taça de 5.000 litros pintura interna e externa com escada de acesso e base de concreto armado - areia e brita comerciais","un",20486.52]
[7119708,"Guincho manual para sistema de fundeio com capacidade de tração de 100 kN - fornecimento e instalação","un",166259.45000000001]
[7119709,"Guincho manual para sistema de fundeio com capacidade de tração de 200 kN - fornecimento e instalação","un",231882.91]
[7119706,"Implantação do sistema naval tipo I - ponte móvel e flutuante principal","un",51457.41]
[7119707,"Implantação do sistema naval tipo II - pontes móveis, flutuante intermediário e flutuante principal","un",121425.28]
[7119787,"Instalações do Estaleiro Padrão para o beneficiamento de estruturas navais, inclusive mobiliário, equipamentos de informática e de segurança","m²",364.65]
[7119647,"Lançamento da embarcação sobre carreira em água","un",2655.3]
[7119679,"Lançamento de poita de concreto - peso submerso","t",46.38]
[7119711,"Mancal de conexão - confecção e instalação","un",949.31]
[7107379,"Manutenção de tratamento superficial e pintura da área interna do flutuante (tanques de reserva de flutuabilidade)","m²",52.45]
[7107381,"Manutenção de tratamento superficial e pintura da parte externa do flutuante (costados e espelhos de proa e popa) - exceto fundo","m²",54.52]
[7107380,"Manutenção de tratamento superficial e pintura da ponte, convés, casarias e demais estruturas metálicas navais sobre os flutuantes","m²",59.29]
[7107382,"Manutenção de tratamento superficial e pintura do fundo do flutuante","m²",138.94]
[7119713,"Molinete manual para sistema de fundeio com capacidade de tração de 70 kN - fornecimento e instalação","un",257053.5]
[7119646,"Transporte interno em estaleiro para movimentação de peças","t",1134.0999999999999]
[7107384,"Tratamento superficial e pintura da ponte e demais estruturas metálicas navais - exceto fundo do flutuante","m²",93.8]
[7107378,"Tratamento superficial e pintura do fundo do flutuante","m²",163.31]

{"sheet":"INSUMOS SINAPI","index":18,"n_rows":4834,"n_cols":5,"rows_kept":4834,"cut":false,"hidden":false,"merged":[]}
["        PRECOS DE INSUMOS - BANCO NACIONAL"]
[""]
["MES DE COLETA: 07/2024"]
["LOCALIDADE: 0320 - MACAPA"]
["ENCARGOS SOCIAIS (%) HORISTA 115,81  MENSALISTA  69,84"]
[""]
["CODIGO  ","DESCRICAO DO INSUMO","UNIDADE DE MEDIDA","ORIGEM DO PRECO","PRECO MEDIANO R$"]
[38605,"ABERTURA PARA ENCAIXE DE CUBA OU LAVATORIO EM BANCADA DE MARMORE/ GRANITO OU OUTRO TIPO DE PEDRA NATURAL                                                                                                                                                                                                                                                                                                                                                                                                  ","UN    ","CR",186.4]
[11270,"ABRACADEIRA DE LATAO PARA FIXACAO DE CABO PARA-RAIO, DIMENSOES 32 X 24 X 24 MM                                                                                                                                                                                                                                                                                                                                                                                                                            ","UN    ","CR",2.64]
[412,"ABRACADEIRA DE NYLON PARA AMARRACAO DE CABOS, COMPRIMENTO DE *230* X *7,6* MM                                                                                                                                                                                                                                                                                                                                                                                                                             ","UN    ","CR",1.02]
[414,"ABRACADEIRA DE NYLON PARA AMARRACAO DE CABOS, COMPRIMENTO DE 100 X 2,5 MM                                                                                                                                                                                                                                                                                                                                                                                                                                 ","UN    ","CR",0.06]
[410,"ABRACADEIRA DE NYLON PARA AMARRACAO DE CABOS, COMPRIMENTO DE 150 X *3,6* MM                                                                                                                                                                                                                                                                                                                                                                                                                               ","UN    ","CR",0.15]
[411,"ABRACADEIRA DE NYLON PARA AMARRACAO DE CABOS, COMPRIMENTO DE 200 X *4,6* MM                                                                                                                                                                                                                                                                                                                                                                                                                               ","UN    ","C ",0.2]
[408,"ABRACADEIRA DE NYLON PARA AMARRACAO DE CABOS, COMPRIMENTO DE 390 X *4,6* MM                                                                                                                                                                                                                                                                                                                                                                                                                               ","UN    ","CR",0.99]
[39131,"ABRACADEIRA EM ACO PARA AMARRACAO DE ELETRODUTOS, TIPO D, COM 1 1/2\" E CUNHA DE FIXACAO                                                                                                                                                                                                                                                                                                                                                                                                                   ","UN    ","CR",5.87]
[394,"ABRACADEIRA EM ACO PARA AMARRACAO DE ELETRODUTOS, TIPO D, COM 1 1/2\" E PARAFUSO DE FIXACAO                                                                                                                                                                                                                                                                                                                                                                                                                ","UN    ","CR",5.94]
[39130,"ABRACADEIRA EM ACO PARA AMARRACAO DE ELETRODUTOS, TIPO D, COM 1 1/4\" E CUNHA DE FIXACAO                                                                                                                                                                                                                                                                                                                                                                                                                   ","UN    ","CR",5.35]
[395,"ABRACADEIRA EM ACO PARA AMARRACAO DE ELETRODUTOS, TIPO D, COM 1 1/4\" E PARAFUSO DE FIXACAO                                                                                                                                                                                                                                                                                                                                                                                                                ","UN    ","CR",5.72]
[39127,"ABRACADEIRA EM ACO PARA AMARRACAO DE ELETRODUTOS, TIPO D, COM 1/2\" E CUNHA DE FIXACAO                                                                                                                                                                                                                                                                                                                                                                                                                     ","UN    ","CR",2.82]
[392,"ABRACADEIRA EM ACO PARA AMARRACAO DE ELETRODUTOS, TIPO D, COM 1/2\" E PARAFUSO DE FIXACAO                                                                                                                                                                                                                                                                                                                                                                                                                  ","UN    ","CR",2.89]
[39129,"ABRACADEIRA EM ACO PARA AMARRACAO DE ELETRODUTOS, TIPO D, COM 1\" E CUNHA DE FIXACAO                                                                                                                                                                                                                                                                                                                                                                                                                       ","UN    ","CR",3.3]
[393,"ABRACADEIRA EM ACO PARA AMARRACAO DE ELETRODUTOS, TIPO D, COM 1\" E PARAFUSO DE FIXACAO                                                                                                                                                                                                                                                                                                                                                                                                                    ","UN    ","C ",3.45]
[39133,"ABRACADEIRA EM ACO PARA AMARRACAO DE ELETRODUTOS, TIPO D, COM 2 1/2\" E CUNHA DE FIXACAO                                                                                                                                                                                                                                                                                                                                                                                                                   ","UN    ","CR",7.7]
[397,"ABRACADEIRA EM ACO PARA AMARRACAO DE ELETRODUTOS, TIPO D, COM 2 1/2\" E PARAFUSO DE FIXACAO                                                                                                                                                                                                                                                                                                                                                                                                                ","UN    ","CR",8.51]
[39132,"ABRACADEIRA EM ACO PARA AMARRACAO DE ELETRODUTOS, TIPO D, COM 2\" E CUNHA DE FIXACAO                                                                                                                                                                                                                                                                                                                                                                                                                       ","UN    ","CR",6.16]
[396,"ABRACADEIRA EM ACO PARA AMARRACAO DE ELETRODUTOS, TIPO D, COM 2\" E PARAFUSO DE FIXACAO                                                                                                                                                                                                                                                                                                                                                                                                                    ","UN    ","CR",6.6]
[39135,"ABRACADEIRA EM ACO PARA AMARRACAO DE ELETRODUTOS, TIPO D, COM 3 1/2\" E CUNHA DE FIXACAO                                                                                                                                                                                                                                                                                                                                                                                                                   ","UN    ","CR",12.33]
[39128,"ABRACADEIRA EM ACO PARA AMARRACAO DE ELETRODUTOS, TIPO D, COM 3/4\" E CUNHA DE FIXACAO                                                                                                                                                                                                                                                                                                                                                                                                                     ","UN    ","CR",3.08]
[400,"ABRACADEIRA EM ACO PARA AMARRACAO DE ELETRODUTOS, TIPO D, COM 3/4\" E PARAFUSO DE FIXACAO                                                                                                                                                                                                                                                                                                                                                                                                                  ","UN    ","CR",3]
[39125,"ABRACADEIRA EM ACO PARA AMARRACAO DE ELETRODUTOS, TIPO D, COM 3/8\" E PARAFUSO DE FIXACAO                                                                                                                                                                                                                                                                                                                                                                                                                  ","UN    ","CR",3.08]
[39134,"ABRACADEIRA EM ACO PARA AMARRACAO DE ELETRODUTOS, TIPO D, COM 3\" E CUNHA DE FIXACAO                                                                                                                                                                                                                                                                                                                                                                                                                       ","UN    ","CR",10.27]
[398,"ABRACADEIRA EM ACO PARA AMARRACAO DE ELETRODUTOS, TIPO D, COM 3\" E PARAFUSO DE FIXACAO                                                                                                                                                                                                                                                                                                                                                                                                                    ","UN    ","CR",9.4600000000000009]
[39126,"ABRACADEIRA EM ACO PARA AMARRACAO DE ELETRODUTOS, TIPO D, COM 4\" E CUNHA DE FIXACAO                                                                                                                                                                                                                                                                                                                                                                                                                       ","UN    ","CR",13.87]
[399,"ABRACADEIRA EM ACO PARA AMARRACAO DE ELETRODUTOS, TIPO D, COM 4\" E PARAFUSO DE FIXACAO                                                                                                                                                                                                                                                                                                                                                                                                                    ","UN    ","CR",12.22]
[39158,"ABRACADEIRA EM ACO PARA AMARRACAO DE ELETRODUTOS, TIPO ECONOMICA (GOTA), COM 8\"                                                                                                                                                                                                                                                                                                                                                                                                                           ","UN    ","CR",32.81]
[39141,"ABRACADEIRA EM ACO PARA AMARRACAO DE ELETRODUTOS, TIPO U SIMPLES, COM 1 1/2\"                                                                                                                                                                                                                                                                                                                                                                                                                              ","UN    ","CR",2.38]
[39140,"ABRACADEIRA EM ACO PARA AMARRACAO DE ELETRODUTOS, TIPO U SIMPLES, COM 1 1/4\"                                                                                                                                                                                                                                                                                                                                                                                                                              ","UN    ","CR",2.16]
[39137,"ABRACADEIRA EM ACO PARA AMARRACAO DE ELETRODUTOS, TIPO U SIMPLES, COM 1/2\"                                                                                                                                                                                                                                                                                                                                                                                                                                ","UN    ","CR",1.24]
[39139,"ABRACADEIRA EM ACO PARA AMARRACAO DE ELETRODUTOS, TIPO U SIMPLES, COM 1\"                                                                                                                                                                                                                                                                                                                                                                                                                                  ","UN    ","CR",1.79]
[39143,"ABRACADEIRA EM ACO PARA AMARRACAO DE ELETRODUTOS, TIPO U SIMPLES, COM 2 1/2\"                                                                                                                                                                                                                                                                                                                                                                                                                              ","UN    ","CR",4.91]
[39142,"ABRACADEIRA EM ACO PARA AMARRACAO DE ELETRODUTOS, TIPO U SIMPLES, COM 2\"                                                                                                                                                                                                                                                                                                                                                                                                                                  ","UN    ","CR",3.52]
[39138,"ABRACADEIRA EM ACO PARA AMARRACAO DE ELETRODUTOS, TIPO U SIMPLES, COM 3/4\"                                                                                                                                                                                                                                                                                                                                                                                                                                ","UN    ","CR",1.32]
[39136,"ABRACADEIRA EM ACO PARA AMARRACAO DE ELETRODUTOS, TIPO U SIMPLES, COM 3/8\"                                                                                                                                                                                                                                                                                                                                                                                                                                ","UN    ","CR",0.88]
[39144,"ABRACADEIRA EM ACO PARA AMARRACAO DE ELETRODUTOS, TIPO U SIMPLES, COM 3\"                                                                                                                                                                                                                                                                                                                                                                                                                                  ","UN    ","CR",5.72]
[39145,"ABRACADEIRA EM ACO PARA AMARRACAO DE ELETRODUTOS, TIPO U SIMPLES, COM 4\"                                                                                                                                                                                                                                                                                                                                                                                                                                  ","UN    ","CR",9.43]
[12615,"ABRACADEIRA PVC, PARA CALHA PLUVIAL, DIAMETRO ENTRE *80 E 100* MM, PARA DRENAGEM PLUVIAL PREDIAL                                                                                                                                                                                                                                                                                                                                                                                                          ","UN    ","CR",9.1]
[11927,"ABRACADEIRA, GALVANIZADA/ZINCADA, ROSCA SEM FIM, PARAFUSO INOX, LARGURA FITA *12,6 A *14 MM, D = 2\" A 2 1/2\"                                                                                                                                                                                                                                                                                                                                                                                              ","UN    ","CR",7.88]
[11928,"ABRACADEIRA, GALVANIZADA/ZINCADA, ROSCA SEM FIM, PARAFUSO INOX, LARGURA FITA *12,6 A *14 MM, D = 3\" A 3 3/4\"                                                                                                                                                                                                                                                                                                                                                                                              ","UN    ","CR",9.02]
[11929,"ABRACADEIRA, GALVANIZADA/ZINCADA, ROSCA SEM FIM, PARAFUSO INOX, LARGURA FITA *12,6 A *14 MM, D = 4\" A 4 3/4\"                                                                                                                                                                                                                                                                                                                                                                                              ","UN    ","CR",13.96]
[36801,"ACABAMENTO DE METAL CROMADO PARA REGISTRO PEQUENO, DE PAREDE, 1/2\" OU 3/4\"                                                                                                                                                                                                                                                                                                                                                                                                                                ","UN    ","CR",53.98]
[36246,"ACABAMENTO SIMPLES/CONVENCIONAL PARA FORRO PVC, TIPO \"U\" OU \"C\", COR BRANCA, COMPRIMENTO 6 M                                                                                                                                                                                                                                                                                                                                                                                                              ","M     ","CR",2.99]
[37600,"ACESSORIO DE LIGACAO NAO ELETRICO PARA CARGAS EXPLOSIVAS, TUBO DE 6 M                                                                                                                                                                                                                                                                                                                                                                                                                                     ","UN    ","AS",103.45]
[37599,"ACESSORIO INICIADOR NAO ELETRICO, TUBO DE 6 M, TEMPO DE RETARDO DE *160* MS                                                                                                                                                                                                                                                                                                                                                                                                                               ","UN    ","AS",96.29]
[1,"ACETILENO (RECARGA DE GAS ACETILENO PARA CILINDRO DE CONJUNTO OXICORTE GRANDE) NAO INCLUI TROCA/MANUTENCAO DO CILINDRO                                                                                                                                                                                                                                                                                                                                                                                    ","KG    ","AS",89.5]
[3,"ACIDO CLORIDRICO / ACIDO MURIATICO, DILUICAO 10% A 12% PARA USO EM LIMPEZA                                                                                                                                                                                                                                                                                                                                                                                                                                ","L     ","CR",16.18]
[43054,"ACO CA-25, 10,0 MM, OU 12,5 MM, OU 16,0 MM, OU 20,0 MM, OU 25,0 MM, VERGALHAO                                                                                                                                                                                                                                                                                                                                                                                                                             ","KG    ","CR",9.61]
[42402,"ACO CA-25, 16,0 MM, BARRA DE TRANSFERENCIA                                                                                                                                                                                                                                                                                                                                                                                                                                                                ","KG    ","CR",9.19]
[42403,"ACO CA-25, 20,0 MM, BARRA DE TRANSFERENCIA                                                                                                                                                                                                                                                                                                                                                                                                                                                                ","KG    ","CR",11.78]
[42404,"ACO CA-25, 25,0 MM, BARRA DE TRANSFERENCIA                                                                                                                                                                                                                                                                                                                                                                                                                                                                ","KG    ","CR",11.72]
[42405,"ACO CA-25, 32,0 MM, BARRA DE TRANSFERENCIA                                                                                                                                                                                                                                                                                                                                                                                                                                                                ","KG    ","CR",12.48]
[34341,"ACO CA-25, 32,0 MM, VERGALHAO                                                                                                                                                                                                                                                                                                                                                                                                                                                                             ","KG    ","CR",10.83]
[43053,"ACO CA-25, 6,3 MM OU 8,0 MM, VERGALHAO                                                                                                                                                                                                                                                                                                                                                                                                                                                                    ","KG    ","CR",8.59]
[43058,"ACO CA-50, 10,0 MM, OU 12,5 MM, OU 16,0 MM, OU 20,0 MM, DOBRADO E CORTADO                                                                                                                                                                                                                                                                                                                                                                                                                                 ","KG    ","CR",8.9]
[34,"ACO CA-50, 10,0 MM, VERGALHAO                                                                                                                                                                                                                                                                                                                                                                                                                                                                             ","KG    ","CR",8.9499999999999993]
[43055,"ACO CA-50, 12,5 MM OU 16,0 MM, VERGALHAO                                                                                                                                                                                                                                                                                                                                                                                                                                                                  ","KG    ","C ",7.75]
[43056,"ACO CA-50, 20,0 MM OU 25,0 MM, VERGALHAO                                                                                                                                                                                                                                                                                                                                                                                                                                                                  ","KG    ","CR",8.93]
[43057,"ACO CA-50, 32,0 MM, VERGALHAO                                                                                                                                                                                                                                                                                                                                                                                                                                                                             ","KG    ","CR",9.82]
[34449,"ACO CA-50, 6,3 MM, DOBRADO E CORTADO                                                                                                                                                                                                                                                                                                                                                                                                                                                                      ","KG    ","CR",10.5]
[32,"ACO CA-50, 6,3 MM, VERGALHAO                                                                                                                                                                                                                                                                                                                                                                                                                                                                              ","KG    ","CR",9.44]
[33,"ACO CA-50, 8,0 MM, VERGALHAO                                                                                                                                                                                                                                                                                                                                                                                                                                                                              ","KG    ","CR",9.49]
[43061,"ACO CA-60, 4,2 MM OU 5,0 MM, DOBRADO E CORTADO                                                                                                                                                                                                                                                                                                                                                                                                                                                            ","KG    ","CR",8.8699999999999992]
[43059,"ACO CA-60, 4,2 MM, OU 5,0 MM, OU 6,0 MM, OU 7,0 MM, VERGALHAO                                                                                                                                                                                                                                                                                                                                                                                                                                             ","KG    ","CR",8.4700000000000006]
[43062,"ACO CA-60, 6,0 MM OU 7,0 MM, DOBRADO E CORTADO                                                                                                                                                                                                                                                                                                                                                                                                                                                            ","KG    ","CR",9.3800000000000008]
[43060,"ACO CA-60, 8,0 MM OU 9,5 MM, VERGALHAO                                                                                                                                                                                                                                                                                                                                                                                                                                                                    ","KG    ","CR",7.37]
[40410,"ACOPLAMENTO RIGIDO EM FERRO FUNDIDO PARA SISTEMA DE TUBULACAO RANHURADA, DN 50 MM (2\")                                                                                                                                                                                                                                                                                                                                                                                                                    ","UN    ","AS",19]
[40411,"ACOPLAMENTO RIGIDO EM FERRO FUNDIDO PARA SISTEMA DE TUBULACAO RANHURADA, DN 65 MM (2 1/2\")                                                                                                                                                                                                                                                                                                                                                                                                                ","UN    ","AS",20.62]
[40412,"ACOPLAMENTO RIGIDO EM FERRO FUNDIDO PARA SISTEMA DE TUBULACAO RANHURADA, DN 80 MM (3\")                                                                                                                                                                                                                                                                                                                                                                                                                    ","UN    ","AS",23.14]
[44254,"ADAPTADOR CPVC, ROSCAVEL, COM FLANGES E ANEL DE VEDACAO, 15 MM, CAIXA D'AGUA PARA AGUA QUENTE                                                                                                                                                                                                                                                                                                                                                                                                             ","UN    ","AS",22.5]
[44255,"ADAPTADOR CPVC, ROSCAVEL, COM FLANGES E ANEL DE VEDACAO, 22 MM, CAIXA D'AGUA PARA AGUA QUENTE                                                                                                                                                                                                                                                                                                                                                                                                             ","UN    ","AS",24.94]
[44256,"ADAPTADOR CPVC, ROSCAVEL, COM FLANGES E ANEL DE VEDACAO, 28 MM, CAIXA D'AGUA PARA AGUA QUENTE                                                                                                                                                                                                                                                                                                                                                                                                             ","UN    ","AS",28.16]
[44257,"ADAPTADOR CPVC, ROSCAVEL, COM FLANGES E ANEL DE VEDACAO, 35 MM, CAIXA D'AGUA PARA AGUA QUENTE                                                                                                                                                                                                                                                                                                                                                                                                             ","UN    ","AS",44.56]
[44258,"ADAPTADOR CPVC, ROSCAVEL, COM FLANGES E ANEL DE VEDACAO, 42 MM, CAIXA D'AGUA PARA AGUA QUENTE                                                                                                                                                                                                                                                                                                                                                                                                             ","UN    ","AS",50.92]
[44259,"ADAPTADOR CPVC, ROSCAVEL, COM FLANGES E ANEL DE VEDACAO, 54 MM, CAIXA D'AGUA PARA AGUA QUENTE                                                                                                                                                                                                                                                                                                                                                                                                             ","UN    ","AS",69.900000000000006]
[37997,"ADAPTADOR CPVC, SOLDAVEL, 15 MM, PARA AGUA QUENTE                                                                                                                                                                                                                                                                                                                                                                                                                                                         ","UN    ","AS",13.4]
[37998,"ADAPTADOR CPVC, SOLDAVEL, 22 MM, PARA AGUA QUENTE                                                                                                                                                                                                                                                                                                                                                                                                                                                         ","UN    ","AS",17.940000000000001]
[55,"ADAPTADOR DE COMPRESSAO EM POLIPROPILENO (PP), PARA TUBO EM PEAD, 20 MM X 1/2\", PARA LIGACAO PREDIAL DE AGUA (NTS 179)                                                                                                                                                                                                                                                                                                                                                                                    ","UN    ","AS",4.17]
[61,"ADAPTADOR DE COMPRESSAO EM POLIPROPILENO (PP), PARA TUBO EM PEAD, 20 MM X 3/4\", PARA LIGACAO PREDIAL DE AGUA (NTS 179)                                                                                                                                                                                                                                                                                                                                                                                    ","UN    ","AS",3.94]
[62,"ADAPTADOR DE COMPRESSAO EM POLIPROPILENO (PP), PARA TUBO EM PEAD, 32 MM X 1\", PARA LIGACAO PREDIAL DE AGUA (NTS 179)                                                                                                                                                                                                                                                                                                                                                                                      ","UN    ","AS",8.17]
[10899,"ADAPTADOR EM LATAO, ENGATE RAPIDO 2 1/2\" X ROSCA INTERNA 5 FIOS 2 1/2\", PARA INSTALACAO PREDIAL DE COMBATE A INCENDIO                                                                                                                                                                                                                                                                                                                                                                                     ","UN    ","AS",140.59]
[10900,"ADAPTADOR EM LATAO, ENGATE RAPIDO1 1/2\" X ROSCA INTERNA 5 FIOS 2 1/2\", PARA INSTALACAO PREDIAL DE COMBATE A INCENDIO                                                                                                                                                                                                                                                                                                                                                                                      ","UN    ","AS",110.03]
[47,"ADAPTADOR PVC PBA, BOLSA/ROSCA, JE, DN 100 / DE 110 MM                                                                                                                                                                                                                                                                                                                                                                                                                                                    ","UN    ","AS",61.16]
[48,"ADAPTADOR PVC PBA, BOLSA/ROSCA, JE, DN 50 / DE 60 MM                                                                                                                                                                                                                                                                                                                                                                                                                                                      ","UN    ","AS",15.95]
[46,"ADAPTADOR PVC PBA, BOLSA/ROSCA, JE, DN 75 / DE 85 MM                                                                                                                                                                                                                                                                                                                                                                                                                                                      ","UN    ","AS",35.770000000000003]
[52,"ADAPTADOR PVC PBA, PONTA/ROSCA, JE, DN 50 / DE 60 MM                                                                                                                                                                                                                                                                                                                                                                                                                                                      ","UN    ","AS",12.12]
[43,"ADAPTADOR PVC PBA, PONTA/ROSCA, JE, DN 75 / DE 85 MM                                                                                                                                                                                                                                                                                                                                                                                                                                                      ","UN    ","AS",40.909999999999997]
[103,"ADAPTADOR PVC SOLDAVEL CURTO COM BOLSA E ROSCA, 110 MM X 4\", PARA AGUA FRIA                                                                                                                                                                                                                                                                                                                                                                                                                               ","UN    ","CR",35.619999999999997]
[107,"ADAPTADOR PVC SOLDAVEL CURTO COM BOLSA E ROSCA, 20 MM X 1/2\", PARA AGUA FRIA                                                                                                                                                                                                                                                                                                                                                                                                                              ","UN    ","CR",0.67]
[65,"ADAPTADOR PVC SOLDAVEL CURTO COM BOLSA E ROSCA, 25 MM X 3/4\", PARA AGUA FRIA                                                                                                                                                                                                                                                                                                                                                                                                                              ","UN    ","CR",0.73]
[108,"ADAPTADOR PVC SOLDAVEL CURTO COM BOLSA E ROSCA, 32 MM X 1\", PARA AGUA FRIA                                                                                                                                                                                                                                                                                                                                                                                                                                ","UN    ","CR",1.47]
[110,"ADAPTADOR PVC SOLDAVEL CURTO COM BOLSA E ROSCA, 40 MM X 1 1/2\", PARA AGUA FRIA                                                                                                                                                                                                                                                                                                                                                                                                                            ","UN    ","CR",5.12]
[109,"ADAPTADOR PVC SOLDAVEL CURTO COM BOLSA E ROSCA, 40 MM X 1 1/4\", PARA AGUA FRIA                                                                                                                                                                                                                                                                                                                                                                                                                            ","UN    ","CR",3.05]
[111,"ADAPTADOR PVC SOLDAVEL CURTO COM BOLSA E ROSCA, 50 MM X 1 1/4\", PARA AGUA FRIA                                                                                                                                                                                                                                                                                                                                                                                                                            ","UN    ","CR",6.93]
[112,"ADAPTADOR PVC SOLDAVEL CURTO COM BOLSA E ROSCA, 50 MM X1 1/2\", PARA AGUA FRIA                                                                                                                                                                                                                                                                                                                                                                                                                             ","UN    ","CR",3.67]
[113,"ADAPTADOR PVC SOLDAVEL CURTO COM BOLSA E ROSCA, 60 MM X 2\", PARA AGUA FRIA                                                                                                                                                                                                                                                                                                                                                                                                                                ","UN    ","CR",9.1999999999999993]
[104,"ADAPTADOR PVC SOLDAVEL CURTO COM BOLSA E ROSCA, 75 MM X 2 1/2\", PARA AGUA FRIA                                                                                                                                                                                                                                                                                                                                                                                                                            ","UN    ","CR",16.010000000000002]
[102,"ADAPTADOR PVC SOLDAVEL CURTO COM BOLSA E ROSCA, 85 MM X 3\", PARA AGUA FRIA                                                                                                                                                                                                                                                                                                                                                                                                                                ","UN    ","CR",22.07]
[95,"ADAPTADOR PVC SOLDAVEL, COM FLANGE E ANEL DE VEDACAO, 20 MM X 1/2\", PARA CAIXA D'AGUA                                                                                                                                                                                                                                                                                                                                                                                                                     ","UN    ","CR",9.33]
[96,"ADAPTADOR PVC SOLDAVEL, COM FLANGE E ANEL DE VEDACAO, 25 MM X 3/4\", PARA CAIXA D'AGUA                                                                                                                                                                                                                                                                                                                                                                                                                     ","UN    ","CR",10.14]
[97,"ADAPTADOR PVC SOLDAVEL, COM FLANGE E ANEL DE VEDACAO, 32 MM X 1\", PARA CAIXA D'AGUA                                                                                                                                                                                                                                                                                                                                                                                                                       ","UN    ","CR",15.26]
[98,"ADAPTADOR PVC SOLDAVEL, COM FLANGE E ANEL DE VEDACAO, 40 MM X 1 1/4\", PARA CAIXA D'AGUA                                                                                                                                                                                                                                                                                                                                                                                                                   ","UN    ","CR",22.85]
[99,"ADAPTADOR PVC SOLDAVEL, COM FLANGE E ANEL DE VEDACAO, 50 MM X 1 1/2\", PARA CAIXA D'AGUA                                                                                                                                                                                                                                                                                                                                                                                                                   ","UN    ","CR",21.59]
[60,"ADAPTADOR PVC, COM REGISTRO, PARA PEAD, 20 MM X 3/4\", PARA LIGACAO PREDIAL DE AGUA                                                                                                                                                                                                                                                                                                                                                                                                                        ","UN    ","AS",5.41]
[72,"ADAPTADOR PVC, ROSCAVEL, COM FLANGES E ANEL DE VEDACAO, 1 1/2\", PARA CAIXA D'AGUA                                                                                                                                                                                                                                                                                                                                                                                                                         ","UN    ","CR",41.41]
[67,"ADAPTADOR PVC, ROSCAVEL, COM FLANGES E ANEL DE VEDACAO, 1/2\", PARA CAIXA D'AGUA                                                                                                                                                                                                                                                                                                                                                                                                                           ","UN    ","CR",13.39]
[71,"ADAPTADOR PVC, ROSCAVEL, COM FLANGES E ANEL DE VEDACAO, 1\", PARA CAIXA D'AGUA                                                                                                                                                                                                                                                                                                                                                                                                                             ","UN    ","CR",25.58]
[73,"ADAPTADOR PVC, ROSCAVEL, COM FLANGES E ANEL DE VEDACAO, 3/4\", PARA CAIXA D'AGUA                                                                                                                                                                                                                                                                                                                                                                                                                           ","UN    ","CR",12.81]
[100,"ADAPTADOR PVC, SOLDAVEL, COM FLANGES E ANEL DE VEDACAO, 60 MM X 2\", PARA CAIXA D'AGUA                                                                                                                                                                                                                                                                                                                                                                                                                     ","UN    ","CR",37.729999999999997]
[75,"ADAPTADOR PVC, SOLDAVEL, COM FLANGES LIVRES, 110 MM X 4\", PARA CAIXA D'AGUA                                                                                                                                                                                                                                                                                                                                                                                                                               ","UN    ","CR",219.97]
[83,"ADAPTADOR PVC, SOLDAVEL, COM FLANGES LIVRES, 75 MM X 2 1/2\", PARA CAIXA D'AGUA                                                                                                                                                                                                                                                                                                                                                                                                                            ","UN    ","CR",175.86]
[74,"ADAPTADOR PVC, SOLDAVEL, COM FLANGES LIVRES, 85 MM X 3\", PARA CAIXA D'AGUA                                                                                                                                                                                                                                                                                                                                                                                                                                ","UN    ","CR",251.44]
[106,"ADAPTADOR PVC, SOLDAVEL, LONGO, COM FLANGE LIVRE, 110 MM X 4\", PARA CAIXA D'AGUA                                                                                                                                                                                                                                                                                                                                                                                                                          ","UN    ","CR",317.95]
[88,"ADAPTADOR PVC, SOLDAVEL, LONGO, COM FLANGE LIVRE, 32 MM X 1\", PARA CAIXA D'AGUA                                                                                                                                                                                                                                                                                                                                                                                                                           ","UN    ","CR",8.93]
[82,"ADAPTADOR PVC, SOLDAVEL, LONGO, COM FLANGE LIVRE, 75 MM X 2 1/2\", PARA CAIXA D'AGUA                                                                                                                                                                                                                                                                                                                                                                                                                       ","UN    ","CR",167.32]
[105,"ADAPTADOR PVC, SOLDAVEL, LONGO, COM FLANGE LIVRE, 85 MM X 3\", PARA CAIXA D'AGUA                                                                                                                                                                                                                                                                                                                                                                                                                           ","UN    ","CR",237.09]
[39719,"ADESIVO / COLA DE CONTATO LIQUIDO, A BASE DE RESINAS, PARA COLAGEM DE ESPUMA PARA ISOLAMENTO TERMICO FLEXIVEL                                                                                                                                                                                                                                                                                                                                                                                             ","L     ","CR",156.91999999999999]
[3410,"ADESIVO / COLA PARA EPS (ISOPOR) E OUTROS MATERIAIS                                                                                                                                                                                                                                                                                                                                                                                                                                                       ","KG    ","CR",35.299999999999997]
[4791,"ADESIVO ACRILICO DE BASE AQUOSA / COLA DE CONTATO                                                                                                                                                                                                                                                                                                                                                                                                                                                         ","KG    ","CR",22.7]
[157,"ADESIVO ESTRUTURAL A BASE DE RESINA EPOXI PARA INJECAO EM TRINCAS, BICOMPONENTE, BAIXA VISCOSIDADE                                                                                                                                                                                                                                                                                                                                                                                                        ","KG    ","CR",233.14]
[156,"ADESIVO ESTRUTURAL A BASE DE RESINA EPOXI, BICOMPONENTE, FLUIDO                                                                                                                                                                                                                                                                                                                                                                                                                                           ","KG    ","CR",83.01]
[131,"ADESIVO ESTRUTURAL A BASE DE RESINA EPOXI, BICOMPONENTE, PASTOSO (TIXOTROPICO)                                                                                                                                                                                                                                                                                                                                                                                                                            ","KG    ","CR",70.989999999999995]
[21114,"ADESIVO PARA TUBOS CPVC, *75* G                                                                                                                                                                                                                                                                                                                                                                                                                                                                           ","UN    ","CR",30.93]
[119,"ADESIVO PLASTICO PARA PVC, BISNAGA COM 75 GR                                                                                                                                                                                                                                                                                                                                                                                                                                                              ","UN    ","C ",7.84]
[122,"ADESIVO PLASTICO PARA PVC, FRASCO COM *850* GR                                                                                                                                                                                                                                                                                                                                                                                                                                                            ","UN    ","CR",60.32]
[20080,"ADESIVO PLASTICO PARA PVC, FRASCO COM 175 GR                                                                                                                                                                                                                                                                                                                                                                                                                                                              ","UN    ","CR",19.690000000000001]
[124,"ADITIVO ACELERADOR DE PEGA E ENDURECIMENTO PARA ARGAMASSAS E CONCRETOS, LIQUIDO E ISENTO DE CLORETOS                                                                                                                                                                                                                                                                                                                                                                                                      ","L     ","CR",27.38]
[7334,"ADITIVO ADESIVO LIQUIDO PARA ARGAMASSAS DE REVESTIMENTOS CIMENTICIOS                                                                                                                                                                                                                                                                                                                                                                                                                                      ","L     ","CR",26.24]
[45146,"ADITIVO IMPERMEABILIZANTE CRISTALIZANTE PARA CONCRETO                                                                                                                                                                                                                                                                                                                                                                                                                                                     ","KG    ","CR",52.49]
[123,"ADITIVO IMPERMEABILIZANTE DE PEGA NORMAL PARA ARGAMASSAS E CONCRETOS SEM ARMACAO, LIQUIDO E ISENTO DE CLORETOS                                                                                                                                                                                                                                                                                                                                                                                            ","L     ","C ",11.2]
[127,"ADITIVO IMPERMEABILIZANTE DE PEGA ULTRARRAPIDA, LIQUIDO E ISENTO DE CLORETOS                                                                                                                                                                                                                                                                                                                                                                                                                              ","L     ","CR",26.74]
[133,"ADITIVO LIQUIDO INCORPORADOR DE AR PARA CONCRETO E ARGAMASSA, LIQUIDO E ISENTO DE CLORETOS                                                                                                                                                                                                                                                                                                                                                                                                                ","L     ","CR",11.1]
[43617,"ADITIVO PLASTIFICANTE E ESTABILIZADOR PARA ARGAMASSAS DE ASSENTAMENTO E REBOCO, LIQUIDO E ISENTO DE CLORETOS                                                                                                                                                                                                                                                                                                                                                                                              ","L     ","CR",12.41]
[132,"ADITIVO PLASTIFICANTE RETARDADOR DE PEGA E REDUTOR DE AGUA PARA CONCRETO, LIQUIDO E ISENTO DE CLORETOS                                                                                                                                                                                                                                                                                                                                                                                                    ","L     ","CR",11.51]
[43618,"ADITIVO SUPERPLASTIFICANTE DE PEGA NORMAL PARA CONCRETO, LIQUIDO E ISENTO DE CLORETOS                                                                                                                                                                                                                                                                                                                                                                                                                     ","KG    ","CR",28.98]
[37476,"ADUELA/ GALERIA PRE-MOLDADA DE CONCRETO ARMADO, SECAO QUADRADA INTERNA DE 1,50 X 1,50 M (L X A), MISULA DE 20 X 20 CM, C = 1,00 M, ESPESSURA MIN = 15 CM, TB-45 E FCK DO CONCRETO = 30 MPA                                                                                                                                                                                                                                                                                                                ","UN    ","AS",4059.83]
[37478,"ADUELA/ GALERIA PRE-MOLDADA DE CONCRETO ARMADO, SECAO RETANGULAR INTERNA DE 2,00 X 2,00 M (L X A), MISULA DE 20 X 20 CM, C = 1,00 M, ESPESSURA MIN = 15 CM, TB-45 E FCK DO CONCRETO = 30 MPA                                                                                                                                                                                                                                                                                                              ","UN    ","AS",5085.04]
[37477,"ADUELA/ GALERIA PRE-MOLDADA DE CONCRETO ARMADO, SECAO RETANGULAR INTERNA DE 2,50 X 2,50 M (L X A), MISULA DE 20 X 20 CM, C = 1,00 M, ESPESSURA MIN = 15 CM, TB-45 E FCK DO CONCRETO = 30 MPA                                                                                                                                                                                                                                                                                                              ","UN    ","AS",6889.41]
[37479,"ADUELA/ GALERIA PRE-MOLDADA DE CONCRETO ARMADO, SECAO RETANGULAR INTERNA DE 3,00 X 3,00 M (L X A), MISULA DE 20 X 20 CM, C = 1.00 M, ESPESSURA MIN = 20 CM, TB-45 E FCK DO CONCRETO = 30 MPA                                                                                                                                                                                                                                                                                                              ","UN    ","AS",8170.92]
[4319,"AFASTADOR PARA TELHA DE FIBROCIMENTO CANALETE 90 OU KALHETAO                                                                                                                                                                                                                                                                                                                                                                                                                                              ","UN    ","AS",1.98]
[42409,"AGENTE DE CURA, PROTETOR DA EVAPORACAO DA AGUA DE HIDRATACAO DO CONCRETO                                                                                                                                                                                                                                                                                                                                                                                                                                  ","KG    ","CR",18.25]
[40553,"AGREGADO RECICLADO, TIPO RACHAO RECICLADO CINZA, CLASSE A                                                                                                                                                                                                                                                                                                                                                                                                                                                 ","M3    ","AS",60]
[6114,"AJUDANTE DE ARMADOR (HORISTA)                                                                                                                                                                                                                                                                                                                                                                                                                                                                             ","H     ","CR",16.309999999999999]
[40912,"AJUDANTE DE ARMADOR (MENSALISTA)                                                                                                                                                                                                                                                                                                                                                                                                                                                                          ","MES   ","CR",2825.88]
[247,"AJUDANTE DE ELETRICISTA (HORISTA)                                                                                                                                                                                                                                                                                                                                                                                                                                                                         ","H     ","CR",16.309999999999999]
[40919,"AJUDANTE DE ELETRICISTA (MENSALISTA)                                                                                                                                                                                                                                                                                                                                                                                                                                                                      ","MES   ","CR",2825.88]
[44499,"AJUDANTE DE ESTRUTURAS METALICAS (HORISTA)                                                                                                                                                                                                                                                                                                                                                                                                                                                                ","H     ","CR",16.309999999999999]
[40984,"AJUDANTE DE ESTRUTURAS METALICAS (MENSALISTA)                                                                                                                                                                                                                                                                                                                                                                                                                                                             ","MES   ","CR",2825.88]
[248,"AJUDANTE DE OPERACAO EM GERAL (HORISTA)                                                                                                                                                                                                                                                                                                                                                                                                                                                                   ","H     ","CR",15.32]
[41086,"AJUDANTE DE OPERACAO EM GERAL (MENSALISTA)                                                                                                                                                                                                                                                                                                                                                                                                                                                                ","MES   ","CR",2656.41]
[34466,"AJUDANTE DE PINTOR (HORISTA)                                                                                                                                                                                                                                                                                                                                                                                                                                                                              ","H     ","CR",16.309999999999999]
[41083,"AJUDANTE DE PINTOR (MENSALISTA)                                                                                                                                                                                                                                                                                                                                                                                                                                                                           ","MES   ","CR",2825.88]
[252,"AJUDANTE DE SERRALHEIRO (HORISTA)                                                                                                                                                                                                                                                                                                                                                                                                                                                                         ","H     ","CR",16.309999999999999]
[40909,"AJUDANTE DE SERRALHEIRO (MENSALISTA)                                                                                                                                                                                                                                                                                                                                                                                                                                                                      ","MES   ","CR",2825.88]
[242,"AJUDANTE ESPECIALIZADO (HORISTA)                                                                                                                                                                                                                                                                                                                                                                                                                                                                          ","H     ","CR",15.32]
[41085,"AJUDANTE ESPECIALIZADO (MENSALISTA)                                                                                                                                                                                                                                                                                                                                                                                                                                                                       ","MES   ","CR",2656.41]
[427,"ALCA PREFORMADA DE CONTRA POSTE, EM ACO GALVANIZADO, PARA CABO 3/16\", COMPRIMENTO *860* MM                                                                                                                                                                                                                                                                                                                                                                                                                ","UN    ","AS",6.55]
[417,"ALCA PREFORMADA DE DISTRIBUICAO, EM ACO GALVANIZADO, PARA CABO DE ALUMINIO DIAMETRO 16 A 25 MM                                                                                                                                                                                                                                                                                                                                                                                                            ","UN    ","AS",3.08]
[11273,"ALCA PREFORMADA DE DISTRIBUICAO, EM ACO GALVANIZADO, PARA CONDUTORES DE ALUMINIO AWG 1/0 (CAA 6/1 OU CA 7 FIOS)                                                                                                                                                                                                                                                                                                                                                                                           ","UN    ","AS",9.58]
[11272,"ALCA PREFORMADA DE DISTRIBUICAO, EM ACO GALVANIZADO, PARA CONDUTORES DE ALUMINIO AWG 2 (CAA 6/1 OU CA 7 FIOS)                                                                                                                                                                                                                                                                                                                                                                                             ","UN    ","AS",5.78]
[11275,"ALCA PREFORMADA DE SERVICO, EM ACO GALVANIZADO, PARA CONDUTORES DE ALUMINIO AWG 4 (CAA 6/1)                                                                                                                                                                                                                                                                                                                                                                                                               ","UN    ","AS",2.3199999999999998]
[11274,"ALCA PREFORMADA DE SERVICO, EM ACO GALVANIZADO, PARA CONDUTORES DE ALUMINIO AWG 6 (CAA 6/1)                                                                                                                                                                                                                                                                                                                                                                                                               ","UN    ","AS",1.77]
[38470,"ALICATE DE CORTE DIAGONAL 6\" COM ISOLAMENTO                                                                                                                                                                                                                                                                                                                                                                                                                                                               ","UN    ","C ",39]
[38547,"ALICATE DE CRIMPAR RJ11, RJ12 E RJ45                                                                                                                                                                                                                                                                                                                                                                                                                                                                      ","UN    ","CR",106.42]
[38469,"ALICATE DE PRESSAO PARA SOLDA DE CHAPA 18\"                                                                                                                                                                                                                                                                                                                                                                                                                                                                ","UN    ","CR",114.43]
[38467,"ALICATE DE PRESSAO 11\" PARA SOLDA, TIPO C                                                                                                                                                                                                                                                                                                                                                                                                                                                                 ","UN    ","CR",64.39]
[38468,"ALICATE DE PRESSAO 11\" PARA SOLDA, TIPO U                                                                                                                                                                                                                                                                                                                                                                                                                                                                 ","UN    ","CR",70.849999999999994]
[38471,"ALICATE PARA ANEIS DE PISTAO, CAPACIDADE 50 A 100 MM                                                                                                                                                                                                                                                                                                                                                                                                                                                      ","UN    ","CR",92.01]
[37370,"ALIMENTACAO - HORISTA (COLETADO CAIXA - ENCARGOS COMPLEMENTARES)                                                                                                                                                                                                                                                                                                                                                                                                                                          ","H     ","C ",0.53]
[40862,"ALIMENTACAO - MENSALISTA (COLETADO CAIXA - ENCARGOS COMPLEMENTARES)                                                                                                                                                                                                                                                                                                                                                                                                                                       ","MES   ","C ",100]
[10658,"ALISADORA DE CONCRETO COM MOTOR A GASOLINA DE 5,5 HP, PESO COM MOTOR DE 78 KG, 4 PAS                                                                                                                                                                                                                                                                                                                                                                                                                      ","UN    ","AS",7209]
[253,"ALMOXARIFE (HORISTA)                                                                                                                                                                                                                                                                                                                                                                                                                                                                                      ","H     ","C ",20.37]
[40809,"ALMOXARIFE (MENSALISTA)                                                                                                                                                                                                                                                                                                                                                                                                                                                                                   ","MES   ","CR",3527.23]
[42428,"ALONGADOR COM TRES ALTURAS, EM TUBO DE ACO CARBONO, PINTURA NO PROCESSO ELETROSTATICO - EQUIPAMENTO DE GINASTICA PARA ACADEMIA AO AR LIVRE / ACADEMIA DA TERCEIRA IDADE - ATI                                                                                                                                                                                                                                                                                                                             ","UN    ","AS",2271]
[301,"ANEL BORRACHA PARA TUBO ESGOTO PREDIAL, DN 100 MM (NBR 5688)                                                                                                                                                                                                                                                                                                                                                                                                                                              ","UN    ","C ",3.64]
[296,"ANEL BORRACHA PARA TUBO ESGOTO PREDIAL, DN 50 MM (NBR 5688)                                                                                                                                                                                                                                                                                                                                                                                                                                               ","UN    ","CR",2.0499999999999998]
[297,"ANEL BORRACHA PARA TUBO ESGOTO PREDIAL, DN 75 MM (NBR 5688)                                                                                                                                                                                                                                                                                                                                                                                                                                               ","UN    ","CR",3.02]
[299,"ANEL BORRACHA, DN 100 MM, PARA TUBO SERIE REFORCADA ESGOTO PREDIAL                                                                                                                                                                                                                                                                                                                                                                                                                                        ","UN    ","CR",4.2699999999999996]
[300,"ANEL BORRACHA, DN 150 MM, PARA TUBO SERIE REFORCADA ESGOTO PREDIAL                                                                                                                                                                                                                                                                                                                                                                                                                                        ","UN    ","CR",14.77]
[20085,"ANEL BORRACHA, DN 50 MM, PARA TUBO SERIE REFORCADA ESGOTO PREDIAL                                                                                                                                                                                                                                                                                                                                                                                                                                         ","UN    ","CR",2.7]
[298,"ANEL BORRACHA, DN 75 MM, PARA TUBO SERIE REFORCADA ESGOTO PREDIAL                                                                                                                                                                                                                                                                                                                                                                                                                                         ","UN    ","CR",3.28]
[311,"ANEL BORRACHA, PARA TUBO PVC DEFOFO, DN 100 MM (NBR 7665)                                                                                                                                                                                                                                                                                                                                                                                                                                                 ","UN    ","CR",12.18]
[318,"ANEL BORRACHA, PARA TUBO PVC DEFOFO, DN 150 MM (NBR 7665)                                                                                                                                                                                                                                                                                                                                                                                                                                                 ","UN    ","CR",24.54]
[319,"ANEL BORRACHA, PARA TUBO PVC DEFOFO, DN 200 MM (NBR 7665)                                                                                                                                                                                                                                                                                                                                                                                                                                                 ","UN    ","CR",38.479999999999997]
[303,"ANEL BORRACHA, PARA TUBO PVC, REDE COLETOR ESGOTO, DN 100 MM (NBR 7362)                                                                                                                                                                                                                                                                                                                                                                                                                                   ","UN    ","CR",4.03]
[305,"ANEL BORRACHA, PARA TUBO PVC, REDE COLETOR ESGOTO, DN 150 MM (NBR 7362)                                                                                                                                                                                                                                                                                                                                                                                                                                   ","UN    ","CR",12.68]
[306,"ANEL BORRACHA, PARA TUBO PVC, REDE COLETOR ESGOTO, DN 200 MM (NBR 7362)                                                                                                                                                                                                                                                                                                                                                                                                                                   ","UN    ","CR",19.239999999999998]
[307,"ANEL BORRACHA, PARA TUBO PVC, REDE COLETOR ESGOTO, DN 250 MM (NBR 7362)                                                                                                                                                                                                                                                                                                                                                                                                                                   ","UN    ","CR",48.6]
[309,"ANEL BORRACHA, PARA TUBO PVC, REDE COLETOR ESGOTO, DN 350 MM (NBR 7362)                                                                                                                                                                                                                                                                                                                                                                                                                                   ","UN    ","CR",79.62]
[310,"ANEL BORRACHA, PARA TUBO PVC, REDE COLETOR ESGOTO, DN 400 MM (NBR 7362)                                                                                                                                                                                                                                                                                                                                                                                                                                   ","UN    ","CR",110.35]
[328,"ANEL BORRACHA, PARA TUBO/CONEXAO PVC PBA, DN 100 MM, PARA REDE AGUA                                                                                                                                                                                                                                                                                                                                                                                                                                       ","UN    ","CR",9.65]
[325,"ANEL BORRACHA, PARA TUBO/CONEXAO PVC PBA, DN 50 MM, PARA REDE AGUA                                                                                                                                                                                                                                                                                                                                                                                                                                        ","UN    ","CR",2.84]
[20326,"ANEL BORRACHA, PARA TUBO/CONEXAO PVC PBA, DN 60 MM, PARA REDE AGUA                                                                                                                                                                                                                                                                                                                                                                                                                                        ","UN    ","CR",5.21]
[329,"ANEL BORRACHA, PARA TUBO/CONEXAO PVC PBA, DN 75 MM, PARA REDE AGUA                                                                                                                                                                                                                                                                                                                                                                                                                                        ","UN    ","CR",8.07]
[308,"ANEL BORRACHA, PARA TUBO, PVC REDE COLETOR ESGOTO, DN 300 MM (NBR 7362)                                                                                                                                                                                                                                                                                                                                                                                                                                   ","UN    ","CR",108.48]
[39642,"ANEL DE BORRACHA PARA VEDACAO DE DUTO PEAD CORRUGADO PARA ELETRICA, DN 1 1/2\" (NBR 15715)                                                                                                                                                                                                                                                                                                                                                                                                                 ","UN    ","CR",3.57]
[39641,"ANEL DE BORRACHA PARA VEDACAO DE DUTO PEAD CORRUGADO PARA ELETRICA, DN 1 1/4\" (NBR 15715)                                                                                                                                                                                                                                                                                                                                                                                                                 ","UN    ","CR",3.14]
[39643,"ANEL DE BORRACHA PARA VEDACAO DE DUTO PEAD CORRUGADO PARA ELETRICA, DN 2\" (NBR 15715)                                                                                                                                                                                                                                                                                                                                                                                                                     ","UN    ","CR",4.2]
[39644,"ANEL DE BORRACHA PARA VEDACAO DE DUTO PEAD CORRUGADO PARA ELETRICA, DN 3\" (NBR 15715)                                                                                                                                                                                                                                                                                                                                                                                                                     ","UN    ","CR",6.51]
[39645,"ANEL DE BORRACHA PARA VEDACAO DE DUTO PEAD CORRUGADO PARA ELETRICA, DN 4\" (NBR 15715)                                                                                                                                                                                                                                                                                                                                                                                                                     ","UN    ","CR",7.13]
[41610,"ANEL DE CONCRETO ARMADO COM FUNDO, PARA FOSSA E POCO 1,50 X *0,50* M                                                                                                                                                                                                                                                                                                                                                                                                                                      ","UN    ","AS",753.2]
[41611,"ANEL DE CONCRETO ARMADO COM FUNDO, PARA FOSSA E POCO 2,00 X *0,50* M                                                                                                                                                                                                                                                                                                                                                                                                                                      ","UN    ","AS",1187.19]
[41612,"ANEL DE CONCRETO ARMADO COM FUNDO, PARA FOSSA E POCO 2,50 X *0,50* M                                                                                                                                                                                                                                                                                                                                                                                                                                      ","UN    ","AS",1666.99]
[41637,"ANEL DE CONCRETO ARMADO, COM FUROS/DRENO PARA SUMIDOURO, D = 0,80 M, H = 0,50 M                                                                                                                                                                                                                                                                                                                                                                                                                           ","UN    ","AS",155.83000000000001]
[41638,"ANEL DE CONCRETO ARMADO, COM FUROS/DRENO PARA SUMIDOURO, D = 1,00 M, H = 0,50M                                                                                                                                                                                                                                                                                                                                                                                                                            ","UN    ","AS",202.99]
[41639,"ANEL DE CONCRETO ARMADO, COM FUROS/DRENO PARA SUMIDOURO, D = 1,50 M, H = 0,50 M                                                                                                                                                                                                                                                                                                                                                                                                                           ","UN    ","AS",491.07]
[11789,"ANEL DE DISTRIBUICAO EM ACO GALVANIZADO PARA FIO FE-160                                                                                                                                                                                                                                                                                                                                                                                                                                                   ","UN    ","AS",0.87]
[20975,"ANEL DE EXPANSAO EM COBRE, ENGATE RAPIDO 1 1/2\", PARA EMPATACAO MANGUEIRA DE COMBATE A INCENDIO PREDIAL                                                                                                                                                                                                                                                                                                                                                                                                   ","UN    ","AS",22.05]
[20976,"ANEL DE EXPANSAO EM COBRE, ENGATE RAPIDO 2 1/2\", PARA EMPATACAO MANGUEIRA DE COMBATE A INCENDIO PREDIAL                                                                                                                                                                                                                                                                                                                                                                                                   ","UN    ","AS",33.31]
[40340,"ANEL DE VEDACAO/JUNTA ELASTICA, H = *16* MM, PARA TUBO DE CONCRETO, DN 300 MM                                                                                                                                                                                                                                                                                                                                                                                                                             ","UN    ","CR",26.78]
[40341,"ANEL DE VEDACAO/JUNTA ELASTICA, H = *16* MM, PARA TUBO DE CONCRETO, DN 400 MM                                                                                                                                                                                                                                                                                                                                                                                                                             ","UN    ","CR",31.95]
[40342,"ANEL DE VEDACAO/JUNTA ELASTICA, H = *16* MM, PARA TUBO DE CONCRETO, DN 500 MM                                                                                                                                                                                                                                                                                                                                                                                                                             ","UN    ","CR",38.11]
[40343,"ANEL DE VEDACAO/JUNTA ELASTICA, H = *16* MM, PARA TUBO DE CONCRETO, DN 600 MM                                                                                                                                                                                                                                                                                                                                                                                                                             ","UN    ","CR",45.2]
[40344,"ANEL DE VEDACAO/JUNTA ELASTICA, H = *18* MM, PARA TUBO DE CONCRETO, DN 700 MM                                                                                                                                                                                                                                                                                                                                                                                                                             ","UN    ","CR",61.63]
[40345,"ANEL DE VEDACAO/JUNTA ELASTICA, H = *19* MM, PARA TUBO DE CONCRETO, DN 800 MM                                                                                                                                                                                                                                                                                                                                                                                                                             ","UN    ","CR",75.94]
[40346,"ANEL DE VEDACAO/JUNTA ELASTICA, H = *19* MM, PARA TUBO DE CONCRETO, DN 900 MM                                                                                                                                                                                                                                                                                                                                                                                                                             ","UN    ","CR",88.08]
[40347,"ANEL DE VEDACAO/JUNTA ELASTICA, H = *21* MM, PARA TUBO DE CONCRETO, DN 1000 MM                                                                                                                                                                                                                                                                                                                                                                                                                            ","UN    ","CR",110.67]
[6138,"ANEL DE VEDACAO, PVC FLEXIVEL, 100 MM, PARA SAIDA DE BACIA / VASO SANITARIO                                                                                                                                                                                                                                                                                                                                                                                                                               ","UN    ","AS",11.83]
[43424,"ANEL EM CONCRETO ARMADO, LISO, PARA FOSSAS SEPTICAS E SUMIDOUROS, COM FUNDO, DIAMETRO INTERNO DE 1,20 M E ALTURA DE 0,50 M                                                                                                                                                                                                                                                                                                                                                                                ","UN    ","AS",631.04999999999995]
[43426,"ANEL EM CONCRETO ARMADO, LISO, PARA FOSSAS SEPTICAS E SUMIDOUROS, COM FUNDO, DIAMETRO INTERNO DE 3,00 M E ALTURA DE 0,50 M                                                                                                                                                                                                                                                                                                                                                                                ","UN    ","AS",2176.52]
[12565,"ANEL EM CONCRETO ARMADO, LISO, PARA FOSSAS SEPTICAS E SUMIDOUROS, SEM FUNDO, DIAMETRO INTERNO DE 2,00 M E ALTURA DE 0,50 M                                                                                                                                                                                                                                                                                                                                                                                ","UN    ","AS",763.27]
[12567,"ANEL EM CONCRETO ARMADO, LISO, PARA FOSSAS SEPTICAS E SUMIDOUROS, SEM FUNDO, DIAMETRO INTERNO DE 2,50 M E ALTURA DE 0,50 M                                                                                                                                                                                                                                                                                                                                                                                ","UN    ","AS",1025.21]
[12568,"ANEL EM CONCRETO ARMADO, LISO, PARA FOSSAS SEPTICAS E SUMIDOUROS, SEM FUNDO, DIAMETRO INTERNO DE 3,00 M E ALTURA DE 0,50 M                                                                                                                                                                                                                                                                                                                                                                                ","UN    ","AS",1435.29]
[43441,"ANEL EM CONCRETO ARMADO, LISO, PARA POCOS DE INSPECAO, COM FUNDO, DIAMETRO INTERNO DE 0,60 M E ALTURA DE 0,50 M                                                                                                                                                                                                                                                                                                                                                                                           ","UN    ","AS",184.53]
[43423,"ANEL EM CONCRETO ARMADO, LISO, PARA POCOS DE INSPECAO, SEM FUNDO, DIAMETRO INTERNO DE 0,60 M E ALTURA DE 0,20 M                                                                                                                                                                                                                                                                                                                                                                                           ","UN    ","AS",86.11]
[12532,"ANEL EM CONCRETO ARMADO, LISO, PARA POCOS DE INSPECAO, SEM FUNDO, DIAMETRO INTERNO DE 0,60 M E ALTURA DE 0,50 M                                                                                                                                                                                                                                                                                                                                                                                           ","UN    ","AS",132.81]
[43444,"ANEL EM CONCRETO ARMADO, LISO, PARA POCOS DE VISITA, POCOS DE INSPECAO, FOSSAS SEPTICAS E SUMIDOUROS, COM FUNDO, DIAMETRO INTERNO DE 1,20 M E ALTURA DE 0,75 M                                                                                                                                                                                                                                                                                                                                            ","UN    ","AS",445.96]
[12551,"ANEL EM CONCRETO ARMADO, LISO, PARA POCOS DE VISITA, POCOS DE INSPECAO, FOSSAS SEPTICAS E SUMIDOUROS, SEM FUNDO, DIAMETRO INTERNO DE 1,20 M E ALTURA DE 0,50 M                                                                                                                                                                                                                                                                                                                                            ","UN    ","AS",318.18]
[43442,"ANEL EM CONCRETO ARMADO, LISO, PARA POCOS DE VISITAS, POCOS DE INSPECAO, FOSSAS SEPTICAS E SUMIDOUROS, COM FUNDO, DIAMETRO INTERNO DE 0,80 M E ALTURA DE 0,50 M                                                                                                                                                                                                                                                                                                                                           ","UN    ","AS",246.05]
[43443,"ANEL EM CONCRETO ARMADO, LISO, PARA POCOS DE VISITAS, POCOS DE INSPECAO, FOSSAS SEPTICAS E SUMIDOUROS, COM FUNDO, DIAMETRO INTERNO DE 1,00 M E ALTURA DE 0,50 M                                                                                                                                                                                                                                                                                                                                           ","UN    ","AS",322.94]
[12544,"ANEL EM CONCRETO ARMADO, LISO, PARA POCOS DE VISITAS, POCOS DE INSPECAO, FOSSAS SEPTICAS E SUMIDOUROS, SEM FUNDO, DIAMETRO INTERNO DE 0,80 M E ALTURA DE 0,50 M                                                                                                                                                                                                                                                                                                                                           ","UN    ","AS",174.28]
[12547,"ANEL EM CONCRETO ARMADO, LISO, PARA POCOS DE VISITAS, POCOS DE INSPECAO, FOSSAS SEPTICAS E SUMIDOUROS, SEM FUNDO, DIAMETRO INTERNO DE 1,00 M E ALTURA DE 0,50 M                                                                                                                                                                                                                                                                                                                                           ","UN    ","AS",234.4]
[43445,"ANEL EM CONCRETO ARMADO, LISO, PARA, POCOS DE VISITA, POCOS DE INSPECAO, FOSSAS SEPTICAS E SUMIDOUROS, COM FUNDO, DIAMETRO INTERNO DE 1,50 M E ALTURA DE 1,00 M                                                                                                                                                                                                                                                                                                                                           ","UN    ","AS",615.12]
[12563,"ANEL EM CONCRETO ARMADO, LISO, PARA, POCOS DE VISITA, POCOS DE INSPECAO, FOSSAS SEPTICAS E SUMIDOUROS, SEM FUNDO, DIAMETRO INTERNO DE 1,50 M E ALTURA DE 0,50 M                                                                                                                                                                                                                                                                                                                                           ","UN    ","AS",440.1]
[43425,"ANEL EM CONCRETO ARMADO, PERFURADO, PARA FOSSAS SEPTICAS E SUMIDOUROS, SEM FUNDO, DIAMETRO INTERNO DE 1,20 M E ALTURA DE 0,50 M                                                                                                                                                                                                                                                                                                                                                                           ","UN    ","AS",276.8]
[43446,"ANEL EM CONCRETO ARMADO, PERFURADO, PARA FOSSAS SEPTICAS E SUMIDOUROS, SEM FUNDO, DIAMETRO INTERNO DE 2,00 M E ALTURA DE 0,50 M                                                                                                                                                                                                                                                                                                                                                                           ","UN    ","AS",584.36]
[43447,"ANEL EM CONCRETO ARMADO, PERFURADO, PARA FOSSAS SEPTICAS E SUMIDOUROS, SEM FUNDO, DIAMETRO INTERNO DE 2,50 M E ALTURA DE 0,50 M                                                                                                                                                                                                                                                                                                                                                                           ","UN    ","AS",717.64]
[43448,"ANEL EM CONCRETO ARMADO, PERFURADO, PARA FOSSAS SEPTICAS E SUMIDOUROS, SEM FUNDO, DIAMETRO INTERNO DE 3,00 M E ALTURA DE 0,50 M                                                                                                                                                                                                                                                                                                                                                                           ","UN    ","AS",1004.7]
[13761,"APARELHO CORTE OXI-ACETILENO PARA SOLDA E CORTE CONTENDO MACARICO SOLDA, BICO DE CORTE, CILINDROS, REGULADORES, MANGUEIRAS E CARRINHO                                                                                                                                                                                                                                                                                                                                                                     ","UN    ","CR",3608.8]
[4814,"APARELHO SINALIZADOR LUMINOSO COM LED, PARA SAIDA GARAGEM, COM 2 LENTES EM POLICARBONATO, BIVOLT (INCLUI SUPORTE DE FIXACAO)                                                                                                                                                                                                                                                                                                                                                                              ","UN    ","CR",66.33]
[44473,"APOIO DO PORTA DENTE PARA FRESADORA DE  ASFALTO                                                                                                                                                                                                                                                                                                                                                                                                                                                           ","UN    ","AS",2379.75]
[6122,"APONTADOR OU APROPRIADOR DE MAO DE OBRA (HORISTA)                                                                                                                                                                                                                                                                                                                                                                                                                                                         ","H     ","CR",17.239999999999998]
[40810,"APONTADOR OU APROPRIADOR DE MAO DE OBRA (MENSALISTA)                                                                                                                                                                                                                                                                                                                                                                                                                                                      ","MES   ","CR",2985.92]
[21100,"AQUECEDOR DE AGUA A GAS GLP/GN COM CAPACIDADE DE ARMAZENAMENTO DE 50 A 80 L                                                                                                                                                                                                                                                                                                                                                                                                                               ","UN    ","AS",3845.1]
[11811,"AQUECEDOR DE AGUA ELETRICO HORIZONTAL, RESERVATORIO DE 200 L CILINDRICO EM COBRE, REFORCADO COM ACO CARBONO, MONOFASICO, TENSAO NOMINAL 220 V                                                                                                                                                                                                                                                                                                                                                             ","UN    ","AS",5550.48]
[11816,"AQUECEDOR DE AGUA ELETRICO RESERVATORIO DE 100 L CILINDRICO EM COBRE, REFORCADO COM ACO CARBONO, MONOFASICO, TENSAO NOMINAL 220 V                                                                                                                                                                                                                                                                                                                                                                         ","UN    ","AS",4100]
[11814,"AQUECEDOR DE AGUA ELETRICO RESERVATORIO DE 500 L CILINDRICO EM COBRE, REFORCADO COM ACO CARBONO, MONOFASICO, TENSAO NOMINAL 220 V                                                                                                                                                                                                                                                                                                                                                                         ","UN    ","AS",8924.67]
[14186,"AQUECEDOR DE AGUA ELETRICO RESERVATORIO DE 500 L CILINDRICO EM COBRE, REFORCADO COM ACO CARBONO, TRIFASICO, TENSAO NOMINAL 220/380/400 V, POTENCIA 24 KW                                                                                                                                                                                                                                                                                                                                                  ","UN    ","AS",11206.13]
[14185,"AQUECEDOR DE AGUA ELETRICO RESERVATORIO DE 700 L CILINDRICO EM COBRE, REFORCADO COM ACO CARBONO, MONOFASICO, TENSAO NOMINAL 220 V                                                                                                                                                                                                                                                                                                                                                                         ","UN    ","AS",14516.3]
[44498,"AQUECEDOR DE OLEO BPF (FLUIDO) TERMICO, CAPACIDADE DE 300.000  KCAL/H                                                                                                                                                                                                                                                                                                                                                                                                                                     ","UN    ","AS",318204.48]
[34469,"AQUECEDOR SOLAR COM RESERVATORIO TERMICO DE 1000 L E *5* PLACAS COLETORAS DE *2,0* M2 (NAO INCLUI ACESSORIOS) (SEM INSTALACAO)                                                                                                                                                                                                                                                                                                                                                                            ","UN    ","AS",11310.87]
[34476,"AQUECEDOR SOLAR COM RESERVATORIO TERMICO DE 400 L E *2* PLACAS COLETORAS DE *2,0* M2 (NAO INCLUI ACESSORIOS) (SEM INSTALACAO)                                                                                                                                                                                                                                                                                                                                                                             ","UN    ","AS",5899.09]
[34477,"AQUECEDOR SOLAR COM RESERVATORIO TERMICO DE 600 L E *3* PLACAS COLETORAS DE *2,0* M2 (NAO INCLUI ACESSORIOS) (SEM INSTALACAO)                                                                                                                                                                                                                                                                                                                                                                             ","UN    ","AS",7829.24]
[34482,"AQUECEDOR SOLAR COM RESERVATORIO TERMICO DE 800 L E *4* PLACAS COLETORAS DE *2,0* M2 (NAO INCLUI ACESSORIOS) (SEM INSTALACAO)                                                                                                                                                                                                                                                                                                                                                                             ","UN    ","AS",7312.08]
[34472,"AQUECEDOR SOLAR DE INSTALACAO EXTERNA, KIT COMPACTO, CONJUNTO COM RESERVATORIO TERMICO DE 200 L, PLACA COLETORA DE *2,0* M2 E INCLUSO ACESSORIOS (RESIDENCIAS ATE 120,00 M2 E DE 4 A 5 BANHOS POR DIA) (SEM INSTALACAO)                                                                                                                                                                                                                                                                                   ","UN    ","AS",3480]
[42425,"AR CONDICIONADO SPLIT INVERTER, HI-WALL (PAREDE), 12000 BTU/H, CICLO FRIO, 60HZ, CLASSIFICACAO A (SELO PROCEL), GAS HFC, CONTROLE S/FIO                                                                                                                                                                                                                                                                                                                                                                   ","UN    ","CR",2282.87]
[42422,"AR CONDICIONADO SPLIT INVERTER, HI-WALL (PAREDE), 18000 BTU/H, CICLO FRIO, 60HZ, CLASSIFICACAO A (SELO PROCEL), GAS HFC, CONTROLE S/FIO                                                                                                                                                                                                                                                                                                                                                                   ","UN    ","C ",3389]
[43184,"AR CONDICIONADO SPLIT INVERTER, HI-WALL (PAREDE), 24000 BTU/H, CICLO FRIO, 60HZ, CLASSIFICACAO A (SELO PROCEL), GAS HFC, CONTROLE S/FIO                                                                                                                                                                                                                                                                                                                                                                   ","UN    ","CR",4683.92]
[42424,"AR CONDICIONADO SPLIT INVERTER, HI-WALL (PAREDE), 9000 BTU/H, CICLO FRIO, 60HZ, CLASSIFICACAO A (SELO PROCEL), GAS HFC, CONTROLE S/FIO                                                                                                                                                                                                                                                                                                                                                                    ","UN    ","CR",2038.8]
[42421,"AR CONDICIONADO SPLIT INVERTER, PISO TETO, APRESENTANDO ENTRE 54000 E 58000 BTU/H, CICLO FRIO, 60HZ, CLASSIFICACAO ENERGETICA A OU B (SELO PROCEL), GAS HFC, CONTROLE S/FIO                                                                                                                                                                                                                                                                                                                               ","UN    ","CR",18563.080000000002]
[42416,"AR CONDICIONADO SPLIT INVERTER, PISO TETO, 18000 BTU/H, CICLO FRIO, 60HZ, CLASSIFICACAO ENERGETICA A OU B (SELO PROCEL), GAS HFC, CONTROLE S/FIO                                                                                                                                                                                                                                                                                                                                                          ","UN    ","CR",8789.0499999999993]
[42417,"AR CONDICIONADO SPLIT INVERTER, PISO TETO, 24000 BTU/H, CICLO FRIO, 60HZ, CLASSIFICACAO ENERGETICA A OU B (SELO PROCEL), GAS HFC, CONTROLE S/FIO                                                                                                                                                                                                                                                                                                                                                          ","UN    ","CR",9853.24]
[42419,"AR CONDICIONADO SPLIT INVERTER, PISO TETO, 36000 BTU/H, CICLO FRIO, 60HZ, CLASSIFICACAO ENERGETICA A OU B (SELO PROCEL), GAS HFC, CONTROLE S/FIO                                                                                                                                                                                                                                                                                                                                                          ","UN    ","CR",11132.07]
[42420,"AR CONDICIONADO SPLIT INVERTER, PISO TETO, 48000 BTU/H, CICLO FRIO, 60HZ, CLASSIFICACAO ENERGETICA A OU B (SELO PROCEL), GAS HFC, CONTROLE S/FIO                                                                                                                                                                                                                                                                                                                                                          ","UN    ","CR",15300.21]
[43195,"AR CONDICIONADO SPLIT ON/OFF, CASSETE (TETO), FRIO 4 VIAS 18000 BTUS/H, CLASSIFICACAO ENERGETICA C - SELO PROCEL, GAS HFC, CONTROLE S/ FIO                                                                                                                                                                                                                                                                                                                                                                ","UN    ","CR",5387.42]
[43196,"AR CONDICIONADO SPLIT ON/OFF, CASSETE (TETO), FRIO 4 VIAS 24000 BTUS/H, CLASSIFICACAO ENERGETICA C - SELO PROCEL, GAS HFC, CONTROLE S/ FIO                                                                                                                                                                                                                                                                                                                                                                ","UN    ","CR",6676.93]
[43198,"AR CONDICIONADO SPLIT ON/OFF, CASSETE (TETO), FRIO 4 VIAS 36000 BTUS/H, CLASSIFICACAO ENERGETICA C - SELO PROCEL, GAS HFC, CONTROLE S/ FIO                                                                                                                                                                                                                                                                                                                                                                ","UN    ","CR",9921.76]
[43199,"AR CONDICIONADO SPLIT ON/OFF, CASSETE (TETO), FRIO 4 VIAS 48000 BTUS/H, CLASSIFICACAO ENERGETICA C - SELO PROCEL, GAS HFC, CONTROLE S/ FIO                                                                                                                                                                                                                                                                                                                                                                ","UN    ","CR",10285.33]
[43200,"AR CONDICIONADO SPLIT ON/OFF, CASSETE (TETO), FRIO 4 VIAS 60000 BTUS/H, CLASSIFICACAO ENERGETICA C - SELO PROCEL, GAS HFC, CONTROLE S/ FIO                                                                                                                                                                                                                                                                                                                                                                ","UN    ","CR",11803.17]
[39556,"AR CONDICIONADO SPLIT ON/OFF, CASSETE (TETO), 18000 BTUS/H, CICLO QUENTE/FRIO, 60 HZ, CLASSIFICACAO ENERGETICA C - SELO PROCEL, GAS HFC, CONTROLE S/ FIO                                                                                                                                                                                                                                                                                                                                                  ","UN    ","CR",6446.54]
[39557,"AR CONDICIONADO SPLIT ON/OFF, CASSETE (TETO), 24000 BTUS/H, CICLO QUENTE/FRIO, 60 HZ, CLASSIFICACAO ENERGETICA C - SELO PROCEL, GAS HFC, CONTROLE S/ FIO                                                                                                                                                                                                                                                                                                                                                  ","UN    ","CR",6941.52]
[39559,"AR CONDICIONADO SPLIT ON/OFF, CASSETE (TETO), 36000 BTUS/H, CICLO QUENTE/FRIO, 60 HZ, CLASSIFICACAO ENERGETICA A - SELO PROCEL, GAS HFC, CONTROLE S/ FIO                                                                                                                                                                                                                                                                                                                                                  ","UN    ","CR",10258.23]
[39560,"AR CONDICIONADO SPLIT ON/OFF, CASSETE (TETO), 48000 BTUS/H, CICLO QUENTE/FRIO, 60 HZ, CLASSIFICACAO ENERGETICA A - SELO PROCEL, GAS HFC, CONTROLE S/ FIO                                                                                                                                                                                                                                                                                                                                                  ","UN    ","CR",11867.77]
[39561,"AR CONDICIONADO SPLIT ON/OFF, CASSETE (TETO), 60000 BTUS/H, CICLO QUENTE/FRIO, 60 HZ, CLASSIFICACAO ENERGETICA A - SELO PROCEL, GAS HFC, CONTROLE S/ FIO                                                                                                                                                                                                                                                                                                                                                  ","UN    ","CR",12415.2]
[43190,"AR CONDICIONADO SPLIT ON/OFF, HI-WALL (PAREDE), 12000 BTUS/H, CICLO FRIO, 60 HZ, CLASSIFICACAO ENERGETICA A - SELO PROCEL, GAS HFC, CONTROLE S/ FIO                                                                                                                                                                                                                                                                                                                                                       ","UN    ","CR",1832.15]
[39555,"AR CONDICIONADO SPLIT ON/OFF, HI-WALL (PAREDE), 12000 BTUS/H, CICLO QUENTE/FRIO, 60 HZ, CLASSIFICACAO ENERGETICA A - SELO PROCEL, GAS HFC, CONTROLE S/ FIO                                                                                                                                                                                                                                                                                                                                                ","UN    ","CR",1981.92]
[43191,"AR CONDICIONADO SPLIT ON/OFF, HI-WALL (PAREDE), 18000 BTUS/H, CICLO FRIO, 60 HZ, CLASSIFICACAO ENERGETICA A - SELO PROCEL, GAS HFC, CONTROLE S/ FIO                                                                                                                                                                                                                                                                                                                                                       ","UN    ","CR",2636.22]
[39548,"AR CONDICIONADO SPLIT ON/OFF, HI-WALL (PAREDE), 18000 BTUS/H, CICLO QUENTE/FRIO, 60 HZ, CLASSIFICACAO ENERGETICA A - SELO PROCEL, GAS HFC, CONTROLE S/ FIO                                                                                                                                                                                                                                                                                                                                                ","UN    ","CR",2939.8]
[43192,"AR CONDICIONADO SPLIT ON/OFF, HI-WALL (PAREDE), 24000 BTUS/H, CICLO FRIO, 60 HZ, CLASSIFICACAO ENERGETICA A - SELO PROCEL, GAS HFC, CONTROLE S/ FIO                                                                                                                                                                                                                                                                                                                                                       ","UN    ","CR",3453.22]
[39554,"AR CONDICIONADO SPLIT ON/OFF, HI-WALL (PAREDE), 24000 BTUS/H, CICLO QUENTE/FRIO, 60 HZ, CLASSIFICACAO ENERGETICA A - SELO PROCEL, GAS HFC, CONTROLE S/ FIO                                                                                                                                                                                                                                                                                                                                                ","UN    ","CR",3887.44]
[43194,"AR CONDICIONADO SPLIT ON/OFF, HI-WALL (PAREDE), 9000 BTUS/H, CICLO FRIO, 60 HZ, CLASSIFICACAO ENERGETICA A - SELO PROCEL, GAS HFC, CONTROLE S/ FIO                                                                                                                                                                                                                                                                                                                                                        ","UN    ","CR",1569.55]
[39551,"AR CONDICIONADO SPLIT ON/OFF, HI-WALL (PAREDE), 9000 BTUS/H, CICLO QUENTE/FRIO, 60 HZ, CLASSIFICACAO ENERGETICA A - SELO PROCEL, GAS HFC, CONTROLE S/ FIO                                                                                                                                                                                                                                                                                                                                                 ","UN    ","CR",1728.24]
[43185,"AR CONDICIONADO SPLIT ON/OFF, PISO TETO, 18.000 BTU/H, CICLO FRIO, 60HZ, CLASSIFICACAO ENERGETICA C - SELO PROCEL, GAS HFC, CONTROLE S/FIO                                                                                                                                                                                                                                                                                                                                                                ","UN    ","CR",4911.3599999999997]
[43186,"AR CONDICIONADO SPLIT ON/OFF, PISO TETO, 24.000 BTU/H, CICLO FRIO, 60HZ, CLASSIFICACAO ENERGETICA C - SELO PROCEL, GAS HFC, CONTROLE S/FIO                                                                                                                                                                                                                                                                                                                                                                ","UN    ","CR",5180.5]
[43187,"AR CONDICIONADO SPLIT ON/OFF, PISO TETO, 36.000 BTU/H, CICLO FRIO, 60HZ, CLASSIFICACAO ENERGETICA C - SELO PROCEL, GAS HFC, CONTROLE S/FIO                                                                                                                                                                                                                                                                                                                                                                ","UN    ","CR",6874.57]
[43188,"AR CONDICIONADO SPLIT ON/OFF, PISO TETO, 48.000 BTU/H, CICLO FRIO, 60HZ, CLASSIFICACAO ENERGETICA C - SELO PROCEL, GAS HFC, CONTROLE S/FIO                                                                                                                                                                                                                                                                                                                                                                ","UN    ","CR",8329.4500000000007]
[43189,"AR CONDICIONADO SPLIT ON/OFF, PISO TETO, 60.000 BTU/H, CICLO FRIO, 60HZ, CLASSIFICACAO ENERGETICA C - SELO PROCEL, GAS HFC, CONTROLE S/FIO                                                                                                                                                                                                                                                                                                                                                                ","UN    ","CR",9369.25]
[39580,"AR-CONDICIONADO FRIO SPLITAO INVERTER 30 TR                                                                                                                                                                                                                                                                                                                                                                                                                                                               ","UN    ","CR",73833.5]
[39577,"AR-CONDICIONADO FRIO SPLITAO MODULAR 10 TR                                                                                                                                                                                                                                                                                                                                                                                                                                                                ","UN    ","CR",23109.73]
[39578,"AR-CONDICIONADO FRIO SPLITAO MODULAR 15 TR                                                                                                                                                                                                                                                                                                                                                                                                                                                                ","UN    ","CR",29823.56]
[39579,"AR-CONDICIONADO FRIO SPLITAO MODULAR 20 TR                                                                                                                                                                                                                                                                                                                                                                                                                                                                ","UN    ","CR",43390.94]
[39826,"AR-CONDICIONADO SPLIT INVERTER, PISO TETO, 24000 BTU/H, QUENTE/FRIO, 60HZ, CLASSIFICACAO ENERGETICA A - SELO PROCEL, GAS HFC, CONTROLE S/FIO                                                                                                                                                                                                                                                                                                                                                              ","UN    ","CR",5329.2]
[10700,"ARADO REVERSIVEL COM 3 DISCOS DE 26\" X 6MM REBOCAVEL                                                                                                                                                                                                                                                                                                                                                                                                                                                      ","UN    ","AS",23286.84]
[346,"ARAME DE ACO OVALADO 15 X 17 (45,7 KG, 700 KGF), ROLO 1000 M                                                                                                                                                                                                                                                                                                                                                                                                                                              ","KG    ","CR",30.8]
[3312,"ARAME DE AMARRACAO PARA GABIAO GALVANIZADO, DIAMETRO 2,2 MM                                                                                                                                                                                                                                                                                                                                                                                                                                               ","KG    ","CR",27.27]
[339,"ARAME FARPADO GALVANIZADO, 14 BWG (2,11 MM), CLASSE 250                                                                                                                                                                                                                                                                                                                                                                                                                                                   ","M     ","CR",1.59]
[340,"ARAME FARPADO GALVANIZADO, 16 BWG (1,65 MM), CLASSE 250                                                                                                                                                                                                                                                                                                                                                                                                                                                   ","M     ","CR",1.43]
[43130,"ARAME GALVANIZADO 12 BWG, D = 2,76 MM (0,048 KG/M) OU 14 BWG, D = 2,11 MM (0,026 KG/M)                                                                                                                                                                                                                                                                                                                                                                                                                    ","KG    ","C ",26]
[344,"ARAME GALVANIZADO 16 BWG, D = 1,65MM (0,0166 KG/M)                                                                                                                                                                                                                                                                                                                                                                                                                                                        ","KG    ","CR",34.18]
[345,"ARAME GALVANIZADO 18 BWG, D = 1,24MM (0,009 KG/M)                                                                                                                                                                                                                                                                                                                                                                                                                                                         ","KG    ","CR",37.08]
[43131,"ARAME GALVANIZADO 6 BWG, D = 5,16 MM (0,157 KG/M), OU 8 BWG, D = 4,19 MM (0,101 KG/M), OU 10 BWG, D = 3,40 MM (0,0713 KG/M)                                                                                                                                                                                                                                                                                                                                                                               ","KG    ","CR",30.2]
[3313,"ARAME PROTEGIDO COM POLIMERO PARA GABIAO, DIAMETRO 2,2 MM                                                                                                                                                                                                                                                                                                                                                                                                                                                 ","KG    ","CR",35.1]
[43132,"ARAME RECOZIDO 16 BWG, D = 1,65 MM (0,016 KG/M) OU 18 BWG, D = 1,25 MM (0,01 KG/M)                                                                                                                                                                                                                                                                                                                                                                                                                        ","KG    ","CR",26]
[366,"AREIA FINA - POSTO JAZIDA/FORNECEDOR (RETIRADO NA JAZIDA, SEM TRANSPORTE)                                                                                                                                                                                                                                                                                                                                                                                                                                 ","M3    ","C ",150]
[367,"AREIA GROSSA - POSTO JAZIDA/FORNECEDOR (RETIRADO NA JAZIDA, SEM TRANSPORTE)                                                                                                                                                                                                                                                                                                                                                                                                                               ","M3    ","CR",151.96]
[370,"AREIA MEDIA - POSTO JAZIDA/FORNECEDOR (RETIRADO NA JAZIDA, SEM TRANSPORTE)                                                                                                                                                                                                                                                                                                                                                                                                                                ","M3    ","CR",150]
[368,"AREIA PARA ATERRO - POSTO JAZIDA/FORNECEDOR (RETIRADO NA JAZIDA, SEM TRANSPORTE)                                                                                                                                                                                                                                                                                                                                                                                                                          ","M3    ","CR",75]
[11075,"AREIA PARA LEITO FILTRANTE (0,42 A 1,68 MM) - POSTO JAZIDA/FORNECEDOR (RETIRADO NA JAZIDA, SEM TRANSPORTE)                                                                                                                                                                                                                                                                                                                                                                                                ","M3    ","CR",1721.53]
[1381,"ARGAMASSA COLANTE AC I PARA CERAMICAS                                                                                                                                                                                                                                                                                                                                                                                                                                                                     ","KG    ","C ",1]
[34353,"ARGAMASSA COLANTE AC II                                                                                                                                                                                                                                                                                                                                                                                                                                                                                   ","KG    ","CR",1.86]
[37595,"ARGAMASSA COLANTE TIPO AC III                                                                                                                                                                                                                                                                                                                                                                                                                                                                             ","KG    ","CR",3.07]
[37596,"ARGAMASSA COLANTE TIPO AC III E                                                                                                                                                                                                                                                                                                                                                                                                                                                                           ","KG    ","CR",3.52]
[371,"ARGAMASSA INDUSTRIALIZADA MULTIUSO, PARA REVESTIMENTO INTERNO E EXTERNO E ASSENTAMENTO DE BLOCOS DIVERSOS                                                                                                                                                                                                                                                                                                                                                                                                 ","KG    ","CR",1.0900000000000001]
[37553,"ARGAMASSA INDUSTRIALIZADA PARA CHAPISCO COLANTE                                                                                                                                                                                                                                                                                                                                                                                                                                                           ","KG    ","CR",2.04]
[37552,"ARGAMASSA INDUSTRIALIZADA PARA CHAPISCO ROLADO                                                                                                                                                                                                                                                                                                                                                                                                                                                            ","KG    ","CR",3.28]
[36880,"ARGAMASSA PARA REVESTIMENTO DECORATIVO MONOCAMADA                                                                                                                                                                                                                                                                                                                                                                                                                                                         ","KG    ","CR",3.33]
[34355,"ARGAMASSA PISO SOBRE PISO                                                                                                                                                                                                                                                                                                                                                                                                                                                                                 ","KG    ","CR",2.87]
[130,"ARGAMASSA POLIMERICA DE REPARO ESTRUTURAL, BICOMPONENTE                                                                                                                                                                                                                                                                                                                                                                                                                                                   ","KG    ","CR",6.38]
[135,"ARGAMASSA POLIMERICA IMPERMEABILIZANTE SEMIFLEXIVEL, BICOMPONENTE, A BASE DE CIMENTO E ADITIVOS                                                                                                                                                                                                                                                                                                                                                                                                           ","KG    ","CR",5.14]
[36886,"ARGAMASSA PRONTA PARA CONTRAPISO                                                                                                                                                                                                                                                                                                                                                                                                                                                                          ","KG    ","CR",1.03]
[38546,"ARGAMASSA USINADA AUTOADENSAVEL E AUTONIVELANTE PARA CONTRAPISO, COM BOMBEAMENTO (DISPONIBILIZACAO DE BOMBA), SEM O LANCAMENTO                                                                                                                                                                                                                                                                                                                                                                            ","M3    ","CR",922.02]
[34549,"ARGILA EXPANDIDA, GRANULOMETRIA 2215                                                                                                                                                                                                                                                                                                                                                                                                                                                                      ","M3    ","AS",747.19]
[6081,"ARGILA OU BARRO PARA ATERRO/REATERRO (COM TRANSPORTE ATE 10 KM)                                                                                                                                                                                                                                                                                                                                                                                                                                           ","M3    ","AS",52.3]
[6077,"ARGILA OU BARRO PARA ATERRO/REATERRO (RETIRADO NA JAZIDA, SEM TRANSPORTE)                                                                                                                                                                                                                                                                                                                                                                                                                                 ","M3    ","AS",37.35]
[6079,"ARGILA, ARGILA VERMELHA OU ARGILA ARENOSA (RETIRADA NA JAZIDA, SEM TRANSPORTE)                                                                                                                                                                                                                                                                                                                                                                                                                            ","M3    ","AS",37.35]
[1091,"ARMACAO VERTICAL COM HASTE E CONTRA-PINO, EM CHAPA DE ACO GALVANIZADO 3/16\", COM 1 ESTRIBO E 1 ISOLADOR                                                                                                                                                                                                                                                                                                                                                                                                   ","UN    ","AS",26.08]
[1094,"ARMACAO VERTICAL COM HASTE E CONTRA-PINO, EM CHAPA DE ACO GALVANIZADO 3/16\", COM 1 ESTRIBO, SEM ISOLADOR                                                                                                                                                                                                                                                                                                                                                                                                  ","UN    ","AS",18.239999999999998]
[1095,"ARMACAO VERTICAL COM HASTE E CONTRA-PINO, EM CHAPA DE ACO GALVANIZADO 3/16\", COM 2 ESTRIBOS, E 2 ISOLADORES                                                                                                                                                                                                                                                                                                                                                                                               ","UN    ","AS",38.770000000000003]
[1092,"ARMACAO VERTICAL COM HASTE E CONTRA-PINO, EM CHAPA DE ACO GALVANIZADO 3/16\", COM 2 ESTRIBOS, SEM ISOLADOR                                                                                                                                                                                                                                                                                                                                                                                                 ","UN    ","AS",30]
[1093,"ARMACAO VERTICAL COM HASTE E CONTRA-PINO, EM CHAPA DE ACO GALVANIZADO 3/16\", COM 3 ESTRIBOS E 3 ISOLADORES                                                                                                                                                                                                                                                                                                                                                                                                ","UN    ","AS",70.06]
[1090,"ARMACAO VERTICAL COM HASTE E CONTRA-PINO, EM CHAPA DE ACO GALVANIZADO 3/16\", COM 3 ESTRIBOS, SEM ISOLADOR                                                                                                                                                                                                                                                                                                                                                                                                 ","UN    ","AS",50.16]
[1096,"ARMACAO VERTICAL COM HASTE E CONTRA-PINO, EM CHAPA DE ACO GALVANIZADO 3/16\", COM 4 ESTRIBOS E 4 ISOLADORES                                                                                                                                                                                                                                                                                                                                                                                                ","UN    ","AS",90.27]
[1097,"ARMACAO VERTICAL COM HASTE E CONTRA-PINO, EM CHAPA DE ACO GALVANIZADO 3/16\", COM 4 ESTRIBOS, SEM ISOLADOR                                                                                                                                                                                                                                                                                                                                                                                                 ","UN    ","AS",76.63]
[378,"ARMADOR (HORISTA)                                                                                                                                                                                                                                                                                                                                                                                                                                                                                         ","H     ","CR",20.37]
[40911,"ARMADOR (MENSALISTA)                                                                                                                                                                                                                                                                                                                                                                                                                                                                                      ","MES   ","CR",3527.23]
[33939,"ARQUITETO JUNIOR (HORISTA)                                                                                                                                                                                                                                                                                                                                                                                                                                                                                ","H     ","CR",115.54]
[40815,"ARQUITETO JUNIOR (MENSALISTA)                                                                                                                                                                                                                                                                                                                                                                                                                                                                             ","MES   ","CR",20005.77]
[33952,"ARQUITETO PLENO (HORISTA)                                                                                                                                                                                                                                                                                                                                                                                                                                                                                 ","H     ","CR",122.4]
[40816,"ARQUITETO PLENO (MENSALISTA)                                                                                                                                                                                                                                                                                                                                                                                                                                                                              ","MES   ","CR",21194.19]
[33953,"ARQUITETO SENIOR (HORISTA)                                                                                                                                                                                                                                                                                                                                                                                                                                                                                ","H     ","CR",128.27000000000001]
[40817,"ARQUITETO SENIOR (MENSALISTA)                                                                                                                                                                                                                                                                                                                                                                                                                                                                             ","MES   ","CR",22212.2]
[13348,"ARRUELA EM ACO GALVANIZADO, DIAMETRO EXTERNO = 35MM, ESPESSURA = 3MM, DIAMETRO DO FURO= 18MM                                                                                                                                                                                                                                                                                                                                                                                                              ","UN    ","AS",1.63]
[39212,"ARRUELA EM ALUMINIO, COM ROSCA, DE 1 1/2\", PARA ELETRODUTO                                                                                                                                                                                                                                                                                                                                                                                                                                                ","UN    ","AS",1.93]
[39211,"ARRUELA EM ALUMINIO, COM ROSCA, DE 1 1/4\", PARA ELETRODUTO                                                                                                                                                                                                                                                                                                                                                                                                                                                ","UN    ","AS",1.73]
[39208,"ARRUELA EM ALUMINIO, COM ROSCA, DE 1/2\", PARA ELETRODUTO                                                                                                                                                                                                                                                                                                                                                                                                                                                  ","UN    ","AS",0.53]
[39210,"ARRUELA EM ALUMINIO, COM ROSCA, DE 1\", PARA ELETRODUTO                                                                                                                                                                                                                                                                                                                                                                                                                                                    ","UN    ","AS",0.97]
[39214,"ARRUELA EM ALUMINIO, COM ROSCA, DE 2 1/2\", PARA ELETRODUTO                                                                                                                                                                                                                                                                                                                                                                                                                                                ","UN    ","AS",3.58]
[39213,"ARRUELA EM ALUMINIO, COM ROSCA, DE 2\", PARA ELETRODUTO                                                                                                                                                                                                                                                                                                                                                                                                                                                    ","UN    ","AS",2.5299999999999998]
[39209,"ARRUELA EM ALUMINIO, COM ROSCA, DE 3/4\", PARA ELETRODUTO                                                                                                                                                                                                                                                                                                                                                                                                                                                  ","UN    ","AS",0.63]
[39207,"ARRUELA EM ALUMINIO, COM ROSCA, DE 3/8\", PARA ELETRODUTO                                                                                                                                                                                                                                                                                                                                                                                                                                                  ","UN    ","AS",0.97]
[39215,"ARRUELA EM ALUMINIO, COM ROSCA, DE 3\", PARA ELETRODUTO                                                                                                                                                                                                                                                                                                                                                                                                                                                    ","UN    ","AS",6.52]
[39216,"ARRUELA EM ALUMINIO, COM ROSCA, DE 4\", PARA ELETRODUTO                                                                                                                                                                                                                                                                                                                                                                                                                                                    ","UN    ","AS",9.1]
[11267,"ARRUELA LISA, REDONDA, DE LATAO POLIDO, DIAMETRO NOMINAL 5/8\", DIAMETRO EXTERNO = 34 MM, DIAMETRO DO FURO = 17 MM, ESPESSURA = *2,5* MM                                                                                                                                                                                                                                                                                                                                                                   ","UN    ","AS",1.43]
[379,"ARRUELA QUADRADA EM ACO GALVANIZADO, DIMENSAO = 38 MM, ESPESSURA = 3MM, DIAMETRO DO FURO= 18 MM                                                                                                                                                                                                                                                                                                                                                                                                           ","UN    ","AS",1.43]
[510,"ASFALTO MODIFICADO TIPO I - NBR 9910 (ASFALTO OXIDADO PARA IMPERMEABILIZACAO, COEFICIENTE DE PENETRACAO 25-40)                                                                                                                                                                                                                                                                                                                                                                                            ","KG    ","AS",14.75]
[516,"ASFALTO MODIFICADO TIPO II - NBR 9910 (ASFALTO OXIDADO PARA IMPERMEABILIZACAO, COEFICIENTE DE PENETRACAO 20-35)                                                                                                                                                                                                                                                                                                                                                                                           ","KG    ","AS",17.47]
[509,"ASFALTO MODIFICADO TIPO III - NBR 9910 (ASFALTO OXIDADO PARA IMPERMEABILIZACAO, COEFICIENTE DE PENETRACAO 15-25)                                                                                                                                                                                                                                                                                                                                                                                          ","KG    ","AS",19.61]
[40331,"ASSENTADOR DE MANILHAS (HORISTA)                                                                                                                                                                                                                                                                                                                                                                                                                                                                          ","H     ","CR",11.11]
[40930,"ASSENTADOR DE MANILHAS (MENSALISTA)                                                                                                                                                                                                                                                                                                                                                                                                                                                                       ","MES   ","CR",1926.68]
[377,"ASSENTO SANITARIO DE PLASTICO, TIPO CONVENCIONAL                                                                                                                                                                                                                                                                                                                                                                                                                                                          ","UN    ","C ",39.01]
[11761,"ASSENTO VASO SANITARIO INFANTIL EM PLASTICO BRANCO                                                                                                                                                                                                                                                                                                                                                                                                                                                        ","UN    ","CR",83.01]
[7588,"AUTOMATICO DE BOIA SUPERIOR / INFERIOR, *15* A / 250 V                                                                                                                                                                                                                                                                                                                                                                                                                                                    ","UN    ","C ",50]
[34551,"AUXILIAR DE AZULEJISTA (HORISTA)                                                                                                                                                                                                                                                                                                                                                                                                                                                                          ","H     ","CR",14.2]
[41078,"AUXILIAR DE AZULEJISTA (MENSALISTA)                                                                                                                                                                                                                                                                                                                                                                                                                                                                       ","MES   ","CR",2458.6999999999998]
[246,"AUXILIAR DE ENCANADOR OU BOMBEIRO HIDRAULICO (HORISTA)                                                                                                                                                                                                                                                                                                                                                                                                                                                    ","H     ","CR",16.309999999999999]
[40927,"AUXILIAR DE ENCANADOR OU BOMBEIRO HIDRAULICO (MENSALISTA)                                                                                                                                                                                                                                                                                                                                                                                                                                                 ","MES   ","CR",2825.88]
[2350,"AUXILIAR DE ESCRITORIO (HORISTA)                                                                                                                                                                                                                                                                                                                                                                                                                                                                          ","H     ","CR",14.41]
[40812,"AUXILIAR DE ESCRITORIO (MENSALISTA)                                                                                                                                                                                                                                                                                                                                                                                                                                                                       ","MES   ","CR",2497.87]
[245,"AUXILIAR DE LABORATORISTA DE SOLOS E DE CONCRETO (HORISTA)                                                                                                                                                                                                                                                                                                                                                                                                                                                ","H     ","CR",25.81]
[41090,"AUXILIAR DE LABORATORISTA DE SOLOS E DE CONCRETO (MENSALISTA)                                                                                                                                                                                                                                                                                                                                                                                                                                             ","MES   ","CR",4472.2700000000004]
[251,"AUXILIAR DE MECANICO (HORISTA)                                                                                                                                                                                                                                                                                                                                                                                                                                                                            ","H     ","CR",16.309999999999999]
[40975,"AUXILIAR DE MECANICO (MENSALISTA)                                                                                                                                                                                                                                                                                                                                                                                                                                                                         ","MES   ","CR",2825.88]
[6127,"AUXILIAR DE PEDREIRO (HORISTA)                                                                                                                                                                                                                                                                                                                                                                                                                                                                            ","H     ","CR",16.309999999999999]
[41072,"AUXILIAR DE PEDREIRO (MENSALISTA)                                                                                                                                                                                                                                                                                                                                                                                                                                                                         ","MES   ","CR",2825.88]
[6121,"AUXILIAR DE SERVICOS GERAIS (HORISTA)                                                                                                                                                                                                                                                                                                                                                                                                                                                                     ","H     ","CR",14.32]
[41071,"AUXILIAR DE SERVICOS GERAIS (MENSALISTA)                                                                                                                                                                                                                                                                                                                                                                                                                                                                  ","MES   ","CR",2481.02]
[244,"AUXILIAR DE TOPOGRAFO (HORISTA)                                                                                                                                                                                                                                                                                                                                                                                                                                                                           ","H     ","CR",10.61]
[41093,"AUXILIAR DE TOPOGRAFO (MENSALISTA)                                                                                                                                                                                                                                                                                                                                                                                                                                                                        ","MES   ","CR",1841.26]
[532,"AUXILIAR TECNICO / ASSISTENTE DE ENGENHARIA (HORISTA)                                                                                                                                                                                                                                                                                                                                                                                                                                                     ","H     ","CR",25.16]
[40931,"AUXILIAR TECNICO / ASSISTENTE DE ENGENHARIA (MENSALISTA)                                                                                                                                                                                                                                                                                                                                                                                                                                                  ","MES   ","CR",4359.45]
[36150,"AVENTAL DE SEGURANCA DE RASPA DE COURO 1,00 X 0,60 M                                                                                                                                                                                                                                                                                                                                                                                                                                                      ","UN    ","CR",55.68]
[4760,"AZULEJISTA OU LADRILHEIRO (HORISTA)                                                                                                                                                                                                                                                                                                                                                                                                                                                                       ","H     ","CR",24.19]
[41069,"AZULEJISTA OU LADRILHEIRO (MENSALISTA)                                                                                                                                                                                                                                                                                                                                                                                                                                                                    ","MES   ","CR",4190.47]
[10422,"BACIA SANITARIA (VASO) COM CAIXA ACOPLADA, SIFAO APARENTE, DE LOUCA BRANCA (SEM ASSENTO)                                                                                                                                                                                                                                                                                                                                                                                                                  ","UN    ","CR",353.28]
[44019,"BACIA SANITARIA (VASO) COM CAIXA ACOPLADA, SIFAO OCULTO / CARENADO, DE LOUCA BRANCA (SEM ASSENTO) - PADRAO ALTO                                                                                                                                                                                                                                                                                                                                                                                           ","UN    ","CR",489.02]
[36520,"BACIA SANITARIA (VASO) CONVENCIONAL PARA PCD, SEM FURO FRONTAL, DE LOUCA BRANCA (SEM ASSENTO)                                                                                                                                                                                                                                                                                                                                                                                                             ","UN    ","CR",594.6]
[42319,"BACIA SANITARIA (VASO) CONVENCIONAL PARA USO ESPECIFICO (HOSPITAIS, CLINICAS), COM FURO FRONTAL, DE LOUCA BRANCA, SEM ASSENTO                                                                                                                                                                                                                                                                                                                                                                             ","UN    ","CR",532.79]
[10420,"BACIA SANITARIA (VASO) CONVENCIONAL, DE LOUCA BRANCA, SIFAO APARENTE, SAIDA VERTICAL (SEM ASSENTO)                                                                                                                                                                                                                                                                                                                                                                                                        ","UN    ","C ",189]
[10421,"BACIA SANITARIA (VASO) CONVENCIONAL, DE LOUCA COLORIDA, SIFAO APARENTE, SAIDA VERTICAL (SEM ASSENTO)                                                                                                                                                                                                                                                                                                                                                                                                      ","UN    ","CR",207.69]
[11786,"BACIA SANITARIA (VASO) INFANTIL, SIFONADO, DE LOUCA BRANCA, (SEM ASSENTO)                                                                                                                                                                                                                                                                                                                                                                                                                                 ","UN    ","CR",418.78]
[4815,"BALDE VERMELHO PARA SINALIZACAO DE VIAS                                                                                                                                                                                                                                                                                                                                                                                                                                                                   ","UN    ","CR",7.87]
[541,"BANCADA DE MARMORE SINTETICO COM UMA CUBA, 120 X *60* CM                                                                                                                                                                                                                                                                                                                                                                                                                                                  ","UN    ","C ",234.45]
[542,"BANCADA DE MARMORE SINTETICO COM UMA CUBA, 150 X *60* CM                                                                                                                                                                                                                                                                                                                                                                                                                                                  ","UN    ","CR",293.88]
[540,"BANCADA DE MARMORE SINTETICO COM UMA CUBA, 200 X *60* CM                                                                                                                                                                                                                                                                                                                                                                                                                                                  ","UN    ","CR",662.27]
[38364,"BANCADA/ BANCA EM GRANITO, POLIDO, TIPO ANDORINHA/ QUARTZ/ CASTELO/ CORUMBA OU OUTROS EQUIVALENTES DA REGIAO, COM CUBA INOX, FORMATO *120 X 60* CM, E= *2* CM                                                                                                                                                                                                                                                                                                                                             ","UN    ","CR",1153.03]
[11692,"BANCADA/ BANCA/ BALCAO/ TAMPO EM MARMORE BRANCO COMUM, POLIDO, LISO, ACABAMENTO RETO, E= *3* CM (SEM FUROS)                                                                                                                                                                                                                                                                                                                                                                                               ","M2    ","CR",630.89]
[1746,"BANCADA/BANCA/PIA DE ACO INOXIDAVEL (AISI 430) COM 1 CUBA CENTRAL, COM VALVULA, ESCORREDOR DUPLO, DE *0,55 X 1,20* M                                                                                                                                                                                                                                                                                                                                                                                      ","UN    ","C ",280]
[1748,"BANCADA/BANCA/PIA DE ACO INOXIDAVEL (AISI 430) COM 1 CUBA CENTRAL, COM VALVULA, ESCORREDOR DUPLO, DE *0,55 X 1,40* M                                                                                                                                                                                                                                                                                                                                                                                      ","UN    ","CR",372.33]
[1749,"BANCADA/BANCA/PIA DE ACO INOXIDAVEL (AISI 430) COM 1 CUBA CENTRAL, COM VALVULA, ESCORREDOR DUPLO, DE *0,55 X 1,80* M                                                                                                                                                                                                                                                                                                                                                                                      ","UN    ","CR",539.44000000000005]
[37412,"BANCADA/BANCA/PIA DE ACO INOXIDAVEL (AISI 430) COM 1 CUBA CENTRAL, COM VALVULA, LISA (SEM ESCORREDOR), DE *0,55 X 1,20* M                                                                                                                                                                                                                                                                                                                                                                                 ","UN    ","CR",273.7]
[1745,"BANCADA/BANCA/PIA DE ACO INOXIDAVEL (AISI 430) COM 1 CUBA CENTRAL, SEM VALVULA, ESCORREDOR DUPLO, DE *0,55 X 1,60* M                                                                                                                                                                                                                                                                                                                                                                                      ","UN    ","CR",325.45999999999998]
[1750,"BANCADA/BANCA/PIA DE ACO INOXIDAVEL (AISI 430) COM 2 CUBAS, COM VALVULAS, ESCORREDOR DUPLO, DE *0,55 X 2,00* M                                                                                                                                                                                                                                                                                                                                                                                            ","UN    ","CR",760.56]
[11687,"BANCADA/TAMPO ACO INOX (AISI 304), LARGURA 60 CM, COM RODABANCA (NAO INCLUI PES DE APOIO)                                                                                                                                                                                                                                                                                                                                                                                                                 ","M     ","CR",1211.81]
[11689,"BANCADA/TAMPO ACO INOX (AISI 304), LARGURA 70 CM, COM RODABANCA (NAO INCLUI PES DE APOIO)                                                                                                                                                                                                                                                                                                                                                                                                                 ","M     ","CR",1518.32]
[11693,"BANCADA/TAMPO LISO (SEM CUBA) EM MARMORE SINTETICO                                                                                                                                                                                                                                                                                                                                                                                                                                                        ","M2    ","CR",259.95]
[36215,"BANCO ARTICULADO PARA BANHO, EM ACO INOX POLIDO, 70* CM X 45* CM                                                                                                                                                                                                                                                                                                                                                                                                                                          ","UN    ","CR",1127.3900000000001]
[42439,"BANCO COM ENCOSTO, 1,60M* DE COMPRIMENTO, EM TUBO DE ACO CARBONO E PINTURA NO PROCESSO ELETROSTATICO - PARA ACADEMIA AO AR LIVRE / ACADEMIA DA TERCEIRA IDADE - ATI                                                                                                                                                                                                                                                                                                                                       ","UN    ","AS",1207.8399999999999]
[38381,"BANDEJA DE PINTURA PARA ROLO 23 CM                                                                                                                                                                                                                                                                                                                                                                                                                                                                        ","UN    ","CR",8.86]
[39621,"BARRA ANTIPANICO DUPLA, CEGA EM LADO OPOSTO, COR CINZA                                                                                                                                                                                                                                                                                                                                                                                                                                                    ","PAR   ","CR",1476.93]
[39624,"BARRA ANTIPANICO DUPLA, PARA PORTA DE VIDRO, COR CINZA                                                                                                                                                                                                                                                                                                                                                                                                                                                    ","PAR   ","CR",1629.21]
[39615,"BARRA ANTIPANICO SIMPLES, CEGA EM LADO OPOSTO, COR CINZA                                                                                                                                                                                                                                                                                                                                                                                                                                                  ","UN    ","CR",658.35]
[39620,"BARRA ANTIPANICO SIMPLES, COM FECHADURA LADO OPOSTO, COR CINZA                                                                                                                                                                                                                                                                                                                                                                                                                                            ","UN    ","CR",1005.48]
[39623,"BARRA ANTIPANICO SIMPLES, PARA PORTA DE VIDRO, COR CINZA                                                                                                                                                                                                                                                                                                                                                                                                                                                  ","UN    ","CR",1076.96]
[546,"BARRA DE ACO CHATA, RETANGULAR (QUALQUER BITOLA)                                                                                                                                                                                                                                                                                                                                                                                                                                                          ","KG    ","C ",7.94]
[566,"BARRA DE ACO CHATO, RETANGULAR, 19,05 MM X 3,17 MM (L X E), 0,47 KG/M                                                                                                                                                                                                                                                                                                                                                                                                                                     ","M     ","CR",3.76]
[565,"BARRA DE ACO CHATO, RETANGULAR, 25,4 MM X 4,76 MM (L X E), 0,94 KG/M                                                                                                                                                                                                                                                                                                                                                                                                                                      ","M     ","CR",13.73]
[555,"BARRA DE ACO CHATO, RETANGULAR, 25,4 MM X 6,35 MM (L X E), 1,2265 KG/M                                                                                                                                                                                                                                                                                                                                                                                                                                    ","M     ","CR",9.73]
[557,"BARRA DE ACO CHATO, RETANGULAR, 38,1 MM X 12,7 MM (L X E), 3,79 KG/M                                                                                                                                                                                                                                                                                                                                                                                                                                      ","M     ","CR",30.55]
[552,"BARRA DE ACO CHATO, RETANGULAR, 38,1 MM X 6,35 MM (L X E), 1,89 KG/M                                                                                                                                                                                                                                                                                                                                                                                                                                      ","M     ","CR",15.15]
[563,"BARRA DE ACO CHATO, RETANGULAR, 38,1 MM X 9,53 MM (L X E), 2,84 KG/M                                                                                                                                                                                                                                                                                                                                                                                                                                      ","M     ","CR",22.77]
[549,"BARRA DE ACO CHATO, RETANGULAR, 50,8 MM X 12,7 MM (L X E), 5,06 KG/M                                                                                                                                                                                                                                                                                                                                                                                                                                      ","M     ","CR",40.99]
[551,"BARRA DE ACO CHATO, RETANGULAR, 50,8 MM X 25,4 MM (L X E), 10,12 KG/M                                                                                                                                                                                                                                                                                                                                                                                                                                     ","M     ","CR",81.17]
[559,"BARRA DE ACO CHATO, RETANGULAR, 50,8 MM X 6,35 MM (L X E), 2,53 KG/M                                                                                                                                                                                                                                                                                                                                                                                                                                      ","M     ","CR",20.29]
[560,"BARRA DE ACO CHATO, RETANGULAR, 50,8 MM X 7,94 MM (L X E), 3,162 KG/M                                                                                                                                                                                                                                                                                                                                                                                                                                     ","M     ","CR",25.38]
[547,"BARRA DE ACO CHATO, RETANGULAR, 50,8 MM X 9,53 MM (L X E), 3,79KG/M                                                                                                                                                                                                                                                                                                                                                                                                                                       ","M     ","CR",30.39]
[36207,"BARRA DE APOIO EM \"L\", EM ACO INOX POLIDO 70 X 70 CM, DIAMETRO MINIMO 3 CM                                                                                                                                                                                                                                                                                                                                                                                                                                ","UN    ","CR",499.35]
[36209,"BARRA DE APOIO EM \"L\", EM ACO INOX POLIDO 80 X 80 CM, DIAMETRO MINIMO 3 CM                                                                                                                                                                                                                                                                                                                                                                                                                                ","UN    ","CR",573.09]
[36210,"BARRA DE APOIO LATERAL ARTICULADA, COM TRAVA, EM ACO INOX POLIDO, 70 CM, DIAMETRO MINIMO 3 CM                                                                                                                                                                                                                                                                                                                                                                                                             ","UN    ","CR",620.05999999999995]
[36204,"BARRA DE APOIO RETA, EM ACO INOX POLIDO, COMPRIMENTO 60CM, DIAMETRO MINIMO 3 CM                                                                                                                                                                                                                                                                                                                                                                                                                           ","UN    ","CR",219.85]
[36205,"BARRA DE APOIO RETA, EM ACO INOX POLIDO, COMPRIMENTO 70CM, DIAMETRO MINIMO 3 CM                                                                                                                                                                                                                                                                                                                                                                                                                           ","UN    ","CR",244.16]
[36081,"BARRA DE APOIO RETA, EM ACO INOX POLIDO, COMPRIMENTO 80CM, DIAMETRO MINIMO 3 CM                                                                                                                                                                                                                                                                                                                                                                                                                           ","UN    ","C ",260.33999999999997]
[36206,"BARRA DE APOIO RETA, EM ACO INOX POLIDO, COMPRIMENTO 90 CM, DIAMETRO MINIMO 3 CM                                                                                                                                                                                                                                                                                                                                                                                                                          ","UN    ","CR",272.75]
[36218,"BARRA DE APOIO RETA, EM ALUMINIO, COMPRIMENTO 60CM, DIAMETRO MINIMO 3 CM                                                                                                                                                                                                                                                                                                                                                                                                                                  ","UN    ","AS",155.6]
[36220,"BARRA DE APOIO RETA, EM ALUMINIO, COMPRIMENTO 70CM, DIAMETRO MINIMO 3 CM                                                                                                                                                                                                                                                                                                                                                                                                                                  ","UN    ","AS",178.42]
[36080,"BARRA DE APOIO RETA, EM ALUMINIO, COMPRIMENTO 80 CM, DIAMETRO MINIMO 3 CM                                                                                                                                                                                                                                                                                                                                                                                                                                 ","UN    ","AS",192.99]
[36223,"BARRA DE APOIO RETA, EM ALUMINIO, COMPRIMENTO 90 CM, DIAMETRO MINIMO 3 CM                                                                                                                                                                                                                                                                                                                                                                                                                                 ","UN    ","AS",202.09]
[38127,"BASE DE MISTURADOR MONOCOMANDO PARA CHUVEIRO, DE PAREDE (NAO INCLUI ACABAMENTOS)                                                                                                                                                                                                                                                                                                                                                                                                                          ","UN    ","CR",687.19]
[38060,"BASE PARA MASTRO DE PARA-RAIOS DIAMETRO NOMINAL 1 1/2\"                                                                                                                                                                                                                                                                                                                                                                                                                                                    ","UN    ","AS",55.24]
[10956,"BASE PARA MASTRO DE PARA-RAIOS DIAMETRO NOMINAL 2\"                                                                                                                                                                                                                                                                                                                                                                                                                                                        ","UN    ","AS",60.58]
[39380,"BASE PARA RELE COM SUPORTE METALICO                                                                                                                                                                                                                                                                                                                                                                                                                                                                       ","UN    ","AS",21.19]
[44172,"BASTIDOR PARA BLOCO M10                                                                                                                                                                                                                                                                                                                                                                                                                                                                                   ","UN    ","AS",6.16]
[37597,"BATE-ESTACAS POR GRAVIDADE, POTENCIA160 HP, PESO DO MARTELO ATE 3 TONELADAS                                                                                                                                                                                                                                                                                                                                                                                                                               ","UN    ","AS",656464.84]
[183,"BATENTE / PORTAL / ADUELA / MARCO EM MADEIRA MACICA COM REBAIXO, E = *3* CM, L = *14* CM, PARA PORTAS DE GIRO DE *60 CM A 120* CM X *210* CM, CEDRINHO / ANGELIM COMERCIAL / TAURI / CURUPIXA / PEROBA / CUMARU OU EQUIVALENTE DA REGIAO (NAO INCLUI ALIZARES)                                                                                                                                                                                                                                            ","JG    ","C ",155]
[184,"BATENTE / PORTAL / ADUELA / MARCO EM MADEIRA MACICA COM REBAIXO, E = *3* CM, L = *14* CM, PARA PORTAS DE GIRO DE *60 CM A 120* CM X *210* CM, PINUS / EUCALIPTO / VIROLA OU EQUIVALENTE DA REGIAO (NAO INCLUI ALIZARES)                                                                                                                                                                                                                                                                                   ","JG    ","CR",95.99]
[181,"BATENTE / PORTAL / ADUELA / MARCO EM MADEIRA MACICA COM REBAIXO, E = *3* CM, L = *16* CM, PARA PORTAS DE GIRO DE *60 CM A 120* CM X *210* CM, CEDRINHO / ANGELIM COMERCIAL / TAURI / CURUPIXA / PEROBA / CUMARU OU EQUIVALENTE DA REGIAO (NAO INCLUI ALIZARES)                                                                                                                                                                                                                                            ","JG    ","CR",207]
[20001,"BATENTE / PORTAL / ADUELA / MARCO EM MADEIRA MACICA COM REBAIXO, E = *3* CM, L = *16* CM, PARA PORTAS DE GIRO DE *60 CM A 120* CM X *210* CM, PINUS / EUCALIPTO / VIROLA OU EQUIVALENTE DA REGIAO (NAO INCLUI ALIZARES)                                                                                                                                                                                                                                                                                   ","JG    ","CR",119.99]
[39837,"BATENTE/PORTAL/ADUELA/MARCO, EM MDF/PVC WOOD/POLIESTIRENO OU MADEIRA LAMINADA, L = *9,0* CM COM GUARNICAO REGULAVEL 2 FACES = *35* MM, PRIMER                                                                                                                                                                                                                                                                                                                                                             ","JG    ","AS",367.6]
[43366,"BENTONITA, ARGILA CONSTITUIDA POR  MONTMORILONITA                                                                                                                                                                                                                                                                                                                                                                                                                                                         ","KG    ","AS",1.58]
[10535,"BETONEIRA CAPACIDADE NOMINAL 400 L, CAPACIDADE DE MISTURA 280 L, MOTOR ELETRICO TRIFASICO 220/380 V POTENCIA 2 CV, SEM CARREGADOR                                                                                                                                                                                                                                                                                                                                                                         ","UN    ","C ",5650]
[10537,"BETONEIRA CAPACIDADE NOMINAL 400 L, CAPACIDADE DE MISTURA 310 L, MOTOR A DIESEL POTENCIA 5 CV, SEM CARREGADOR                                                                                                                                                                                                                                                                                                                                                                                             ","UN    ","CR",7705.06]
[13891,"BETONEIRA CAPACIDADE NOMINAL 400 L, CAPACIDADE DE MISTURA 310 L, MOTOR A GASOLINA POTENCIA 5,5 CV, SEM CARREGADOR                                                                                                                                                                                                                                                                                                                                                                                         ","UN    ","CR",7067.28]
[44492,"BETONEIRA CAPACIDADE NOMINAL 600 L, CAPACIDADE DE MISTURA 440 L, MOTOR A GASOLINA POTENCIA 10 HP, COM  CARREGADOR                                                                                                                                                                                                                                                                                                                                                                                         ","UN    ","CR",30739.83]
[36396,"BETONEIRA, CAPACIDADE NOMINAL 400 L, CAPACIDADE DE MISTURA 310L, MOTOR ELETRICO TRIFASICO 220/380V POTENCIA 2 CV, SEM CARREGADOR                                                                                                                                                                                                                                                                                                                                                                          ","UN    ","CR",6463.98]
[36397,"BETONEIRA, CAPACIDADE NOMINAL 600 L, CAPACIDADE DE MISTURA 360L, MOTOR ELETRICO TRIFASICO 220/380V, POTENCIA 4CV, EXCLUSO CARREGADOR                                                                                                                                                                                                                                                                                                                                                                      ","UN    ","CR",22983.05]
[36398,"BETONEIRA, CAPACIDADE NOMINAL 600 L, CAPACIDADE DE MISTURA 440 L, MOTOR A DIESEL POTENCIA 10 CV, COM CARREGADOR                                                                                                                                                                                                                                                                                                                                                                                           ","UN    ","CR",27933.98]
[647,"BLASTER, DINAMITADOR OU CABO DE FOGO (HORISTA)                                                                                                                                                                                                                                                                                                                                                                                                                                                            ","H     ","CR",15.64]
[40920,"BLASTER, DINAMITADOR OU CABO DE FOGO (MENSALISTA)                                                                                                                                                                                                                                                                                                                                                                                                                                                         ","MES   ","CR",2709.45]
[715,"BLOCO / TIJOLO DE VIDRO INCOLOR, CANELADO / ONDULADO, *19 X 19 X 8* CM (A X L X E)                                                                                                                                                                                                                                                                                                                                                                                                                        ","UN    ","AS",22.9]
[716,"BLOCO / TIJOLO DE VIDRO INCOLOR, XADREZ, *20 X 20 X 10* CM (A X L X E)                                                                                                                                                                                                                                                                                                                                                                                                                                    ","UN    ","AS",25.89]
[38783,"BLOCO CERAMICO / TIJOLO VAZADO PARA ALVENARIA DE VEDACAO, FUROS NA HORIZONTAL DE 11,5 X 19 X 19 CM (L X A X C)                                                                                                                                                                                                                                                                                                                                                                                            ","UN    ","CR",1.23]
[37593,"BLOCO CERAMICO / TIJOLO VAZADO PARA ALVENARIA DE VEDACAO, FUROS NA VERTICAL DE 14 X 19 X 39 CM (L X A X C)                                                                                                                                                                                                                                                                                                                                                                                                ","UN    ","CR",3.02]
[37594,"BLOCO CERAMICO / TIJOLO VAZADO PARA ALVENARIA DE VEDACAO, FUROS NA VERTICAL DE 19 X 19 X 39 CM (L X A X C)                                                                                                                                                                                                                                                                                                                                                                                                ","UN    ","CR",3.76]
[37592,"BLOCO CERAMICO / TIJOLO VAZADO PARA ALVENARIA DE VEDACAO, FUROS NA VERTICAL DE 9 X 19 X 39 CM (L X A X C)                                                                                                                                                                                                                                                                                                                                                                                                 ","UN    ","CR",2.38]
[7270,"BLOCO CERAMICO / TIJOLO VAZADO PARA ALVENARIA DE VEDACAO, 4 FUROS NA HORIZONTAL DE 9 X 9 X 19 CM (L X A X C)                                                                                                                                                                                                                                                                                                                                                                                              ","UN    ","CR",1.06]
[7267,"BLOCO CERAMICO / TIJOLO VAZADO PARA ALVENARIA DE VEDACAO, 6 FUROS NA HORIZONTAL DE 9 X 14 X 19 CM (L X A X C)                                                                                                                                                                                                                                                                                                                                                                                             ","UN    ","CR",0.83]
[7271,"BLOCO CERAMICO / TIJOLO VAZADO PARA ALVENARIA DE VEDACAO, 8 FUROS NA HORIZONTAL DE 9 X 19 X 19 CM (L X A X C)                                                                                                                                                                                                                                                                                                                                                                                             ","UN    ","C ",0.92]
[7268,"BLOCO CERAMICO / TIJOLO VAZADO PARA ALVENARIA DE VEDACAO, 8 FUROS NA HORIZONTAL DE 9 X 19 X 29 CM (L X A X C)                                                                                                                                                                                                                                                                                                                                                                                             ","UN    ","CR",1.27]
[41372,"BLOCO CONCRETO CELULAR AUTOCLAVADO 12,5 X 30 X 60 CM (E X A X C)                                                                                                                                                                                                                                                                                                                                                                                                                                          ","M2    ","AS",117.11]
[41371,"BLOCO CONCRETO CELULAR AUTOCLAVADO 7,5 X 30 X 60 CM (E X A X C)                                                                                                                                                                                                                                                                                                                                                                                                                                           ","M2    ","AS",69.22]
[34556,"BLOCO DE CONCRETO ESTRUTURAL 14 X 19 X 29 CM, FBK 10 MPA (NBR 6136)                                                                                                                                                                                                                                                                                                                                                                                                                                       ","UN    ","CR",5.42]
[37873,"BLOCO DE CONCRETO ESTRUTURAL 14 X 19 X 29 CM, FBK 12 MPA (NBR 6136)                                                                                                                                                                                                                                                                                                                                                                                                                                       ","UN    ","CR",5.52]
[34564,"BLOCO DE CONCRETO ESTRUTURAL 14 X 19 X 29 CM, FBK 14 MPA (NBR 6136)                                                                                                                                                                                                                                                                                                                                                                                                                                       ","UN    ","CR",5.78]
[34565,"BLOCO DE CONCRETO ESTRUTURAL 14 X 19 X 29 CM, FBK 16 MPA (NBR 6136)                                                                                                                                                                                                                                                                                                                                                                                                                                       ","UN    ","CR",6.11]
[38590,"BLOCO DE CONCRETO ESTRUTURAL 14 X 19 X 29 CM, FBK 4,5 MPA (NBR 6136)                                                                                                                                                                                                                                                                                                                                                                                                                                      ","UN    ","CR",4.5199999999999996]
[34566,"BLOCO DE CONCRETO ESTRUTURAL 14 X 19 X 29 CM, FBK 6 MPA (NBR 6136)                                                                                                                                                                                                                                                                                                                                                                                                                                        ","UN    ","CR",4.75]
[34567,"BLOCO DE CONCRETO ESTRUTURAL 14 X 19 X 29 CM, FBK 8 MPA (NBR 6136)                                                                                                                                                                                                                                                                                                                                                                                                                                        ","UN    ","CR",5.03]
[38591,"BLOCO DE CONCRETO ESTRUTURAL 14 X 19 X 34 CM, FBK 4,5 MPA (NBR 6136)                                                                                                                                                                                                                                                                                                                                                                                                                                      ","UN    ","CR",4.57]
[34568,"BLOCO DE CONCRETO ESTRUTURAL 14 X 19 X 39 CM, FBK 10 MPA (NBR 6136)                                                                                                                                                                                                                                                                                                                                                                                                                                       ","UN    ","CR",5.95]
[34569,"BLOCO DE CONCRETO ESTRUTURAL 14 X 19 X 39 CM, FBK 12 MPA (NBR 6136)                                                                                                                                                                                                                                                                                                                                                                                                                                       ","UN    ","CR",6.11]
[34570,"BLOCO DE CONCRETO ESTRUTURAL 14 X 19 X 39 CM, FBK 14 MPA (NBR 6136)                                                                                                                                                                                                                                                                                                                                                                                                                                       ","UN    ","CR",6.64]
[25070,"BLOCO DE CONCRETO ESTRUTURAL 14 X 19 X 39 CM, FBK 4,5 MPA (NBR 6136)                                                                                                                                                                                                                                                                                                                                                                                                                                      ","UN    ","CR",4.99]
[34571,"BLOCO DE CONCRETO ESTRUTURAL 14 X 19 X 39 CM, FBK 6 MPA (NBR 6136)                                                                                                                                                                                                                                                                                                                                                                                                                                        ","UN    ","CR",5.04]
[34573,"BLOCO DE CONCRETO ESTRUTURAL 14 X 19 X 39 CM, FBK 8 MPA (NBR 6136)                                                                                                                                                                                                                                                                                                                                                                                                                                        ","UN    ","CR",5.3]
[37107,"BLOCO DE CONCRETO ESTRUTURAL 14 X 19 X 39, FCK 16 MPA (NBR 6136)                                                                                                                                                                                                                                                                                                                                                                                                                                          ","UN    ","CR",7.01]
[34576,"BLOCO DE CONCRETO ESTRUTURAL 19 X 19 X 39 CM, FBK 10 MPA (NBR 6136)                                                                                                                                                                                                                                                                                                                                                                                                                                       ","UN    ","CR",7.73]
[34577,"BLOCO DE CONCRETO ESTRUTURAL 19 X 19 X 39 CM, FBK 12 MPA (NBR 6136)                                                                                                                                                                                                                                                                                                                                                                                                                                       ","UN    ","CR",8.07]
[34578,"BLOCO DE CONCRETO ESTRUTURAL 19 X 19 X 39 CM, FBK 14 MPA (NBR 6136)                                                                                                                                                                                                                                                                                                                                                                                                                                       ","UN    ","CR",8.75]
[34579,"BLOCO DE CONCRETO ESTRUTURAL 19 X 19 X 39 CM, FBK 16 MPA (NBR 6136)                                                                                                                                                                                                                                                                                                                                                                                                                                       ","UN    ","CR",9.33]
[25067,"BLOCO DE CONCRETO ESTRUTURAL 19 X 19 X 39 CM, FBK 4,5 MPA (NBR 6136)                                                                                                                                                                                                                                                                                                                                                                                                                                      ","UN    ","CR",6.25]
[34580,"BLOCO DE CONCRETO ESTRUTURAL 19 X 19 X 39 CM, FBK 8 MPA (NBR 6136)                                                                                                                                                                                                                                                                                                                                                                                                                                        ","UN    ","CR",6.97]
[25071,"BLOCO DE CONCRETO ESTRUTURAL 9 X 19 X 39 CM, FBK 4,5 MPA (NBR 6136)                                                                                                                                                                                                                                                                                                                                                                                                                                       ","UN    ","CR",3.47]
[44171,"BLOCO DE ENGATE RAPIDO PARA BASTIDOR TIPO M10                                                                                                                                                                                                                                                                                                                                                                                                                                                             ","UN    ","AS",17.579999999999998]
[38395,"BLOCO DE ESPUMA MULTIUSO *23 X 13 X 8* CM                                                                                                                                                                                                                                                                                                                                                                                                                                                                 ","UN    ","CR",7.4]
[34583,"BLOCO DE GESSO COMPACTO / MACICO, BRANCO, E = 10 CM, DIMENSOES *67 X 50* CM                                                                                                                                                                                                                                                                                                                                                                                                                               ","M2    ","CR",61.48]
[34584,"BLOCO DE GESSO VAZADO, BRANCO, E = *7* CM, DIMENSOES *67 X 50* CM                                                                                                                                                                                                                                                                                                                                                                                                                                         ","M2    ","CR",45.08]
[709,"BLOCO DE POLIETILENO ALTA DENSIDADE, *27* X *30* X *100* CM, ACOMPANHADOS PLACAS TERMINAIS E LONGARINAS, PARA FUNDO DE FILTRO                                                                                                                                                                                                                                                                                                                                                                             ","M2    ","AS",727.92]
[34599,"BLOCO DE VEDACAO CONCRETO APARENTE 9 X 19 X 39 CM (CLASSE C - NBR 6136)                                                                                                                                                                                                                                                                                                                                                                                                                                   ","UN    ","CR",3.57]
[34592,"BLOCO DE VEDACAO CONCRETO 14 X 19 X 29 CM (CLASSE C - NBR 6136)                                                                                                                                                                                                                                                                                                                                                                                                                                           ","UN    ","CR",3.97]
[37103,"BLOCO DE VEDACAO DE CONCRETO APARENTE 14 X 19 X 39 CM (CLASSE C - NBR 6136)                                                                                                                                                                                                                                                                                                                                                                                                                               ","UN    ","CR",4.54]
[34555,"BLOCO DE VEDACAO DE CONCRETO APARENTE 19 X 19 X 39 CM (CLASSE C - NBR 6136)                                                                                                                                                                                                                                                                                                                                                                                                                               ","UN    ","CR",5.77]
[674,"BLOCO DE VEDACAO DE CONCRETO CELULAR AUTOCLAVADO 10 X 30 X 60 CM (E X A X C)                                                                                                                                                                                                                                                                                                                                                                                                                              ","M2    ","AS",83.45]
[34600,"BLOCO DE VEDACAO DE CONCRETO CELULAR AUTOCLAVADO 15 X 30 X 60 CM (E X A X C)                                                                                                                                                                                                                                                                                                                                                                                                                              ","M2    ","AS",122.57]
[652,"BLOCO DE VEDACAO DE CONCRETO CELULAR AUTOCLAVADO 20 X 30 X 60 CM (E X A X C)                                                                                                                                                                                                                                                                                                                                                                                                                              ","M2    ","AS",187.76]
[651,"BLOCO DE VEDACAO DE CONCRETO 14 X 19 X 39 CM (CLASSE C - NBR 6136)                                                                                                                                                                                                                                                                                                                                                                                                                                        ","UN    ","CR",4.38]
[654,"BLOCO DE VEDACAO DE CONCRETO 19 X 19 X 39 CM (CLASSE C - NBR 6136)                                                                                                                                                                                                                                                                                                                                                                                                                                        ","UN    ","CR",5.42]
[650,"BLOCO DE VEDACAO DE CONCRETO, 9 X 19 X 39 CM (CLASSE C - NBR 6136)                                                                                                                                                                                                                                                                                                                                                                                                                                        ","UN    ","C ",3.5]
[718,"BLOCO DE VIDRO / ELEMENTO VAZADO, INCOLOR, VENEZIANA, *20 X 20 X 6* CM (A X L X E)                                                                                                                                                                                                                                                                                                                                                                                                                        ","UN    ","AS",22.63]
[11981,"BLOCO DE VIDRO / ELEMENTO VAZADO, INCOLOR, VENEZIANA, DE *20 X 10 X 8* CM (A X L X E)                                                                                                                                                                                                                                                                                                                                                                                                                     ","UN    ","AS",21.98]
[34586,"BLOCO ESTRUTURAL CERAMICO DE 14 X 19 X 29 CM (L X A X C) E 6,0 MPA                                                                                                                                                                                                                                                                                                                                                                                                                                        ","UN    ","CR",2.58]
[38603,"BLOCO ESTRUTURAL CERAMICO DE 14 X 19 X 34 CM (L X A X C) E 6,0 MPA                                                                                                                                                                                                                                                                                                                                                                                                                                        ","UN    ","CR",3.12]
[34588,"BLOCO ESTRUTURAL CERAMICO DE 14 X 19 X 39 CM (L X A X C) E 6,0 MPA                                                                                                                                                                                                                                                                                                                                                                                                                                        ","UN    ","CR",3.37]
[34590,"BLOCO ESTRUTURAL CERAMICO DE 19 X 19 X 29 CM (L X A X C) E 6,0 MPA                                                                                                                                                                                                                                                                                                                                                                                                                                        ","UN    ","CR",3.08]
[34591,"BLOCO ESTRUTURAL CERAMICO DE 19 X 19 X 39 CM (L X A X C) E 6,0 MPA                                                                                                                                                                                                                                                                                                                                                                                                                                        ","UN    ","CR",4.17]
[40517,"BLOQUETE/PISO DE CONCRETO - MODELO PISOGRAMA/CONCREGRAMA 2 FUROS, DIMENSOES APROX. DE *35 X 15* CM E ESPESSURA DE 7 CM (+/- 1 CM), COR NATURAL                                                                                                                                                                                                                                                                                                                                                            ","M2    ","CR",62.88]
[40515,"BLOQUETE/PISO DE CONCRETO - MODELO PISOGRAMA/CONCREGRAMA/PAVI-GRADE/GRAMEIRO, DIMENSOES APROXIMADAS DE *60 X 45* CM E ESPESSURA DE 8 CM (+/- 1 CM), COR NATURAL                                                                                                                                                                                                                                                                                                                                           ","M2    ","CR",141.49]
[40524,"BLOQUETE/PISO INTERTRAVADO DE CONCRETO - MODELO ONDA/16 FACES/RETANGULAR/TIJOLINHO/PAVER/HOLANDES/PARALELEPIPEDO, *20 X 10* CM, E = 10 CM, RESISTENCIA DE 35 MPA, COR NATURAL                                                                                                                                                                                                                                                                                                                             ","M2    ","CR",88.43]
[40529,"BLOQUETE/PISO INTERTRAVADO DE CONCRETO - MODELO ONDA/16 FACES/RETANGULAR/TIJOLINHO/PAVER/HOLANDES/PARALELEPIPEDO, *20 X 10* CM, E = 10 CM, RESISTENCIA DE 50 MPA, COR NATURAL                                                                                                                                                                                                                                                                                                                             ","M2    ","CR",90.39]
[36156,"BLOQUETE/PISO INTERTRAVADO DE CONCRETO - MODELO ONDA/16 FACES/RETANGULAR/TIJOLINHO/PAVER/HOLANDES/PARALELEPIPEDO, *20 X 10* CM, E = 6 CM, RESISTENCIA DE 35 MPA, COLORIDO                                                                                                                                                                                                                                                                                                                                 ","M2    ","CR",68.78]
[36155,"BLOQUETE/PISO INTERTRAVADO DE CONCRETO - MODELO ONDA/16 FACES/RETANGULAR/TIJOLINHO/PAVER/HOLANDES/PARALELEPIPEDO, *20 X 10* CM, E = 6 CM, RESISTENCIA DE 35 MPA, COR NATURAL                                                                                                                                                                                                                                                                                                                              ","M2    ","CR",59.37]
[36154,"BLOQUETE/PISO INTERTRAVADO DE CONCRETO - MODELO ONDA/16 FACES/RETANGULAR/TIJOLINHO/PAVER/HOLANDES/PARALELEPIPEDO, *20 X 10* CM, E = 8 CM, RESISTENCIA DE 35 MPA, COLORIDO                                                                                                                                                                                                                                                                                                                                 ","M2    ","CR",82.53]
[36170,"BLOQUETE/PISO INTERTRAVADO DE CONCRETO - MODELO ONDA/16 FACES/RETANGULAR/TIJOLINHO/PAVER/HOLANDES/PARALELEPIPEDO, *20 X 10* CM, E = 8 CM, RESISTENCIA DE 35 MPA, COR NATURAL                                                                                                                                                                                                                                                                                                                              ","M2    ","C ",75]
[695,"BLOQUETE/PISO INTERTRAVADO DE CONCRETO - MODELO RAQUETE, *22 X 13,5* CM, E = 6 CM, RESISTENCIA DE 35 MPA, COR NATURAL                                                                                                                                                                                                                                                                                                                                                                                     ","M2    ","CR",60.62]
[679,"BLOQUETE/PISO INTERTRAVADO DE CONCRETO - MODELO SEXTAVADO / HEXAGONAL, *25 X 25* CM, E = 10 CM, RESISTENCIA DE 35 MPA, COR NATURAL                                                                                                                                                                                                                                                                                                                                                                        ","M2    ","CR",90.39]
[711,"BLOQUETE/PISO INTERTRAVADO DE CONCRETO - MODELO SEXTAVADO / HEXAGONAL, *25 X 25* CM, E = 6 CM, RESISTENCIA DE 35 MPA, COR NATURAL                                                                                                                                                                                                                                                                                                                                                                         ","M2    ","CR",59.79]
[712,"BLOQUETE/PISO INTERTRAVADO DE CONCRETO - MODELO SEXTAVADO / HEXAGONAL, *25 X 25* CM, E = 8 CM, RESISTENCIA DE 35 MPA, COR NATURAL                                                                                                                                                                                                                                                                                                                                                                         ","M2    ","CR",75.319999999999993]
[12614,"BOCAL PVC, PARA CALHA PLUVIAL, DIAMETRO DA SAIDA ENTRE *75 E 120* MM, PARA DRENAGEM PLUVIAL PREDIAL                                                                                                                                                                                                                                                                                                                                                                                                       ","UN    ","CR",39.24]
[6140,"BOLSA DE LIGACAO EM PVC FLEXIVEL PARA VASO SANITARIO 40 MM (1 1/2\")                                                                                                                                                                                                                                                                                                                                                                                                                                       ","UN    ","CR",3.48]
[38399,"BOLSA DE LONA PARA FERRAMENTAS *50 X 35 X 25* CM                                                                                                                                                                                                                                                                                                                                                                                                                                                          ","UN    ","CR",265.68]
[729,"BOMBA CENTRIFUGA COM MOTOR ELETRICO MONOFASICO, POTENCIA 0,33 HP, BOCAIS 1\" X 3/4\", DIAMETRO DO ROTOR 99 MM, HM/Q = 4 MCA / 8,5 M3/H A 18 MCA / 0,90 M3/H                                                                                                                                                                                                                                                                                                                                                 ","UN    ","C ",1016.2]
[39925,"BOMBA CENTRIFUGA MONOESTAGIO COM MOTOR ELETRICO MONOFASICO, POTENCIA 15 HP, DIAMETRO DO ROTOR *173* MM, HM/Q = *30* MCA / *90* M3/H A *45* MCA / *55* M3/H                                                                                                                                                                                                                                                                                                                                                ","UN    ","CR",14684]
[731,"BOMBA CENTRIFUGA MOTOR ELETRICO MONOFASICO 0,49 HP BOCAIS 1\" X 3/4\", DIAMETRO DO ROTOR 110 MM, HM/Q: 6 M / 8,3 M3/H A 20 M / 1,2 M3/H                                                                                                                                                                                                                                                                                                                                                                     ","UN    ","CR",989.01]
[10575,"BOMBA CENTRIFUGA MOTOR ELETRICO MONOFASICO 0,50 CV DIAMETRO DE SUCCAO X ELEVACAO 3/4\" X 3/4\", MONOESTAGIO, DIAMETRO DOS ROTORES 114 MM, HM/Q: 2 M / 2,99 M3/H A 24 M / 0,71 M3/H                                                                                                                                                                                                                                                                                                                          ","UN    ","CR",1543.43]
[733,"BOMBA CENTRIFUGA MOTOR ELETRICO MONOFASICO 0,74HP DIAMETRO DE SUCCAO X ELEVACAO 1 1/4\" X 1\", DIAMETRO DO ROTOR 120 MM, HM/Q: 8 M / 7,70 M3/H A 24 M / 2,80 M3/H                                                                                                                                                                                                                                                                                                                                           ","UN    ","CR",1689.87]
[732,"BOMBA CENTRIFUGA MOTOR ELETRICO TRIFASICO 0,99HP DIAMETRO DE SUCCAO X ELEVACAO 1\" X 1\", DIAMETRO DO ROTOR 145 MM, HM/Q: 14 M / 8,4 M3/H A 40 M / 0,60 M3/H                                                                                                                                                                                                                                                                                                                                                ","UN    ","CR",1667.15]
[735,"BOMBA CENTRIFUGA MOTOR ELETRICO TRIFASICO 1,48HP DIAMETRO DE SUCCAO X ELEVACAO 1\" X 1\", 4 ESTAGIOS, DIAMETRO DOS ROTORES 3 X 107 MM + 1 X 100 MM, HM/Q: 10 M / 5,3 M3/H A 70 M / 1,8 M3/H                                                                                                                                                                                                                                                                                                                 ","UN    ","CR",2965.77]
[737,"BOMBA CENTRIFUGA MOTOR ELETRICO TRIFASICO 14,8 HP, DIAMETRO DE SUCCAO X ELEVACAO 2 1/2\" X 2\", DIAMETRO DO ROTOR 195 MM, HM/Q: 62 M / 55,5 M3/H A 80 M / 31,50 M3/H                                                                                                                                                                                                                                                                                                                                        ","UN    ","CR",9348.8700000000008]
[736,"BOMBA CENTRIFUGA MOTOR ELETRICO TRIFASICO 2,96HP, DIAMETRO DE SUCCAO X ELEVACAO 1 1/2\" X 1 1/4\", DIAMETRO DO ROTOR 148 MM, HM/Q: 34 M / 14,80 M3/H A 40 M / 8,60 M3/H                                                                                                                                                                                                                                                                                                                                     ","UN    ","CR",2493.67]
[738,"BOMBA CENTRIFUGA MOTOR ELETRICO TRIFASICO 5HP, DIAMETRO DE SUCCAO X ELEVACAO 2\" X 1 1/2\", DIAMETRO DO ROTOR 155 MM, HM/Q: 40 M / 20,40 M3/H A 46 M / 9,20 M3/H                                                                                                                                                                                                                                                                                                                                            ","UN    ","CR",4335]
[740,"BOMBA CENTRIFUGA MOTOR ELETRICO TRIFASICO 9,86 DIAMETRO DE SUCCAO X ELEVACAO 1\" X 1\", 4 ESTAGIOS, DIAMETRO DOS ROTORES 4 X 146 MM, HM/Q: 85 M / 14,9 M3/H A 140 M / 4,2 M3/H                                                                                                                                                                                                                                                                                                                              ","UN    ","CR",8794.83]
[734,"BOMBA CENTRIFUGA, MOTOR ELETRICO TRIFASICO 1,48HP DIAMETRO DE SUCCAO X ELEVACAO 1 1/2\" X 1\", DIAMETRO DO ROTOR 117 MM, HM/Q: 10 M / 21,9 M3/H A 24 M / 6,1 M3/H                                                                                                                                                                                                                                                                                                                                           ","UN    ","CR",1787.18]
[39008,"BOMBA DE PROJECAO DE CONCRETO SECO, POTENCIA 10 CV, VAZAO 3 M3/H                                                                                                                                                                                                                                                                                                                                                                                                                                          ","UN    ","CR",68875.22]
[39009,"BOMBA DE PROJECAO DE CONCRETO SECO, POTENCIA 10 CV, VAZAO 6 M3/H                                                                                                                                                                                                                                                                                                                                                                                                                                          ","UN    ","CR",73791.27]
[10587,"BOMBA SUBMERSA PARA POCOS TUBULARES PROFUNDOS DIAMETRO DE 4 POLEGADAS, ELETRICA, MONOFASICA, POTENCIA 0,49 HP, 13 ESTAGIOS, BOCAL DE DESCARGA DIAMETRO DE UMA POLEGADA E MEIA, HM/Q = 18 M / 1,90 M3/H A 85 M / 0,60 M3/H                                                                                                                                                                                                                                                                                 ","UN    ","CR",3609.88]
[759,"BOMBA SUBMERSA PARA POCOS TUBULARES PROFUNDOS DIAMETRO DE 4 POLEGADAS, ELETRICA, TRIFASICA, POTENCIA 1,97 HP, 20 ESTAGIOS, BOCAL DE DESCARGA DIAMETRO DE UMA POLEGADA E MEIA, HM/Q = 18 M / 5,40 M3/H A 164 M / 0,80 M3/H                                                                                                                                                                                                                                                                                 ","UN    ","CR",5190.29]
[761,"BOMBA SUBMERSA PARA POCOS TUBULARES PROFUNDOS DIAMETRO DE 4 POLEGADAS, ELETRICA, TRIFASICA, POTENCIA 5,42 HP, 15 ESTAGIOS, BOCAL DE DESCARGA DIAMETRO DE 2 POLEGADAS, HM/Q = 18 M / 18,10 M3/H A 121 M / 2,90 M3/H                                                                                                                                                                                                                                                                                        ","UN    ","CR",8797.98]
[750,"BOMBA SUBMERSA PARA POCOS TUBULARES PROFUNDOS DIAMETRO DE 4 POLEGADAS, ELETRICA, TRIFASICA, POTENCIA 5,42 HP, 29 ESTAGIOS, BOCAL DE DESCARGA DE UMA POLEGADA E MEIA, HM/Q = 18 M / 8,10 M3/H A 201 M / 3,2 M3/H                                                                                                                                                                                                                                                                                           ","UN    ","CR",8352.99]
[755,"BOMBA SUBMERSA PARA POCOS TUBULARES PROFUNDOS DIAMETRO DE 6 POLEGADAS, ELETRICA, TRIFASICA, POTENCIA 27,12 HP, 7 ESTAGIOS, BOCAL DE DESCARGA DIAMETRO DE 4 POLEGADAS, HM/Q = 13,9 M / 90 M3/H A 44,0 M / 25,0 M3/H                                                                                                                                                                                                                                                                                        ","UN    ","CR",34276.61]
[749,"BOMBA SUBMERSA PARA POCOS TUBULARES PROFUNDOS DIAMETRO DE 6 POLEGADAS, ELETRICA, TRIFASICA, POTENCIA 3,45 HP, 5 ESTAGIOS, BOCAL DE DESCARGA DIAMETRO DE 2 POLEGADAS, HM/Q = 68,5 M / 6,12 M3/H A 39,5 M / 14,04 M3/H                                                                                                                                                                                                                                                                                      ","UN    ","CR",12606.3]
[756,"BOMBA SUBMERSA PARA POCOS TUBULARES PROFUNDOS DIAMETRO DE 6 POLEGADAS, ELETRICA, TRIFASICA, POTENCIA 32 HP, 9 ESTAGIOS, BOCAL DE DESCARGA DIAMETRO DE 4 POLEGADAS, HM/Q = 114,0 M / 13,9 M3/H A 57,0 M / 25,0 M3/H                                                                                                                                                                                                                                                                                        ","UN    ","CR",37383.230000000003]
[10588,"BOMBA SUBMERSIVEL, ELETRICA, TRIFASICA, POTENCIA 0,98 HP, DIAMETRO DO ROTOR 142 MM SEMIABERTO, BOCAL DE SAIDA DIAMETRO DE 2 POLEGADAS, HM/Q = 2 M / 32 M3/H A 8 M / 16 M3/H                                                                                                                                                                                                                                                                                                                               ","UN    ","CR",3747.51]
[10592,"BOMBA SUBMERSIVEL, ELETRICA, TRIFASICA, POTENCIA 0,99 HP, DIAMETRO ROTOR 98 MM SEMIABERTO, BOCAL DE SAIDA DIAMETRO 2 POLEGADAS, HM/Q = 2 M / 28,90 M3/H A 14 M / 7 M3/H                                                                                                                                                                                                                                                                                                                                   ","UN    ","C ",4526.5]
[10589,"BOMBA SUBMERSIVEL, ELETRICA, TRIFASICA, POTENCIA 1,97 HP, DIAMETRO DO ROTOR 144 MM SEMIABERTO, BOCAL DE SAIDA DIAMETRO DE 2 POLEGADAS, HM/Q = 2 M / 26,8 M3/H A 28 M / 4,6 M3/H                                                                                                                                                                                                                                                                                                                           ","UN    ","CR",6081.06]
[760,"BOMBA SUBMERSIVEL, ELETRICA, TRIFASICA, POTENCIA 13 HP, DIAMETRO DO ROTOR 170 MM, BOCAL DE SAIDA DIAMETRO DE 3 POLEGADAS, HM/Q = 11 M / 68,40 M3/H A 72 M / 3,6 M3/H                                                                                                                                                                                                                                                                                                                                      ","UN    ","CR",33948.75]
[751,"BOMBA SUBMERSIVEL, ELETRICA, TRIFASICA, POTENCIA 2,96 HP, DIAMETRO DO ROTOR 144 MM SEMIABERTO, BOCAL DE SAIDA DIAMETRO DE DUAS POLEGADAS, HM/Q = 2 M / 38,8 M3/H A 28 M / 5 M3/H                                                                                                                                                                                                                                                                                                                          ","UN    ","CR",5346.92]
[754,"BOMBA SUBMERSIVEL, ELETRICA, TRIFASICA, POTENCIA 3,75 HP, DIAMETRO DO ROTOR 90 MM SEMIABERTO, BOCAL DE SAIDA DIAMETRO DE 2 POLEGADAS, HM/Q = 5 M / 61,2 M3/H A 25,5 M / 3,6 M3/H                                                                                                                                                                                                                                                                                                                          ","UN    ","CR",8487.18]
[757,"BOMBA SUBMERSIVEL, ELETRICA, TRIFASICA, POTENCIA 6 HP, DIAMETRO DO ROTOR 127 MM, BOCAL DE SAIDA DIAMETRO DE 3 POLEGADAS, HM/Q = 7 M / 66,90 M3/H A 26 M / 2,88 M3/H                                                                                                                                                                                                                                                                                                                                       ","UN    ","CR",16974.37]
[44489,"BOMBA TRIPLEX COM MOTOR A DIESEL, NACIONAL, DIAMETRO DE SUCCAO DE 2 1/2\"                                                                                                                                                                                                                                                                                                                                                                                                                                  ","UN    ","CR",252626.86]
[39917,"BOMBA TRIPLEX, PARA INJECAO DE CALDA DE CIMENTO, VAZAO MAXIMA DE *100* LITROS/MINUTO, PRESSAO MAXIMA DE *70* BAR, POTENCIA DE 15 CV                                                                                                                                                                                                                                                                                                                                                                       ","UN    ","CR",105797.31]
[38167,"BORBOLETA PARA JANELA TIPO GUILHOTINA, EM ZAMAC CROMADO                                                                                                                                                                                                                                                                                                                                                                                                                                                   ","PAR   ","CR",28.21]
[36145,"BOTA DE PVC PRETA, CANO MEDIO, SEM FORRO                                                                                                                                                                                                                                                                                                                                                                                                                                                                  ","PAR   ","CR",54]
[12893,"BOTA DE SEGURANCA COM BIQUEIRA DE ACO E COLARINHO ACOLCHOADO                                                                                                                                                                                                                                                                                                                                                                                                                                              ","PAR   ","CR",90]
[11685,"BRACO / CANO PARA CHUVEIRO ELETRICO, EM ALUMINIO, 30 CM X 1/2\"                                                                                                                                                                                                                                                                                                                                                                                                                                            ","UN    ","CR",33.96]
[11680,"BRACO OU HASTE COM CANOPLA PLASTICA, 1/2 \", PARA CHUVEIRO SIMPLES                                                                                                                                                                                                                                                                                                                                                                                                                                         ","UN    ","AS",18.100000000000001]
[11679,"BRACO OU HASTE RETA COM CANOPLA PLASTICA, 1/2 \", PARA CHUVEIRO ELETRICO                                                                                                                                                                                                                                                                                                                                                                                                                                   ","UN    ","AS",24.55]
[2512,"BRACO P/ LUMINARIA PUBLICA 1 X 1,50M ROMAGNOLE OU EQUIV                                                                                                                                                                                                                                                                                                                                                                                                                                                   ","UN    ","AS",40.729999999999997]
[4374,"BUCHA DE NYLON SEM ABA S10                                                                                                                                                                                                                                                                                                                                                                                                                                                                                ","UN    ","CR",0.48]
[7568,"BUCHA DE NYLON SEM ABA S10, COM PARAFUSO DE 6,10 X 65 MM EM ACO ZINCADO COM ROSCA SOBERBA, CABECA CHATA E FENDA PHILLIPS                                                                                                                                                                                                                                                                                                                                                                                  ","UN    ","CR",0.79]
[7584,"BUCHA DE NYLON SEM ABA S12, COM PARAFUSO DE 5/16\" X 80 MM EM ACO ZINCADO COM ROSCA SOBERBA E CABECA SEXTAVADA                                                                                                                                                                                                                                                                                                                                                                                             ","UN    ","CR",1.21]
[11945,"BUCHA DE NYLON SEM ABA S4                                                                                                                                                                                                                                                                                                                                                                                                                                                                                 ","UN    ","CR",7.0000000000000007E-2]
[11946,"BUCHA DE NYLON SEM ABA S5                                                                                                                                                                                                                                                                                                                                                                                                                                                                                 ","UN    ","CR",0.09]
[4375,"BUCHA DE NYLON SEM ABA S6                                                                                                                                                                                                                                                                                                                                                                                                                                                                                 ","UN    ","C ",0.13]
[11950,"BUCHA DE NYLON SEM ABA S6, COM PARAFUSO DE 4,20 X 40 MM EM ACO ZINCADO COM ROSCA SOBERBA, CABECA CHATA E FENDA PHILLIPS                                                                                                                                                                                                                                                                                                                                                                                   ","UN    ","CR",0.26]
[4376,"BUCHA DE NYLON SEM ABA S8                                                                                                                                                                                                                                                                                                                                                                                                                                                                                 ","UN    ","CR",0.25]
[7583,"BUCHA DE NYLON SEM ABA S8, COM PARAFUSO DE 4,80 X 50 MM EM ACO ZINCADO COM ROSCA SOBERBA, CABECA CHATA E FENDA PHILLIPS                                                                                                                                                                                                                                                                                                                                                                                   ","UN    ","CR",0.54]
[4350,"BUCHA DE NYLON, DIAMETRO DO FURO 8 MM, COMPRIMENTO 40 MM, COM PARAFUSO DE ROSCA SOBERBA, CABECA CHATA, FENDA SIMPLES, 4,8 X 50 MM                                                                                                                                                                                                                                                                                                                                                                         ","UN    ","CR",0.65]
[44400,"BUCHA DE REDUCAO CPVC, SOLDAVEL, 54 X 28 MM, PARA AGUA QUENTE                                                                                                                                                                                                                                                                                                                                                                                                                                             ","UN    ","AS",24.84]
[39886,"BUCHA DE REDUCAO DE COBRE (REF 600-2) SEM ANEL DE SOLDA, PONTA X BOLSA, 22 X 15 MM                                                                                                                                                                                                                                                                                                                                                                                                                        ","UN    ","AS",5.88]
[39887,"BUCHA DE REDUCAO DE COBRE (REF 600-2) SEM ANEL DE SOLDA, PONTA X BOLSA, 28 X 22 MM                                                                                                                                                                                                                                                                                                                                                                                                                        ","UN    ","AS",8.82]
[39888,"BUCHA DE REDUCAO DE COBRE (REF 600-2) SEM ANEL DE SOLDA, PONTA X BOLSA, 35 X 28 MM                                                                                                                                                                                                                                                                                                                                                                                                                        ","UN    ","AS",20.170000000000002]
[39890,"BUCHA DE REDUCAO DE COBRE (REF 600-2) SEM ANEL DE SOLDA, PONTA X BOLSA, 42 X 35 MM                                                                                                                                                                                                                                                                                                                                                                                                                        ","UN    ","AS",34.44]
[39891,"BUCHA DE REDUCAO DE COBRE (REF 600-2) SEM ANEL DE SOLDA, PONTA X BOLSA, 54 X 42 MM                                                                                                                                                                                                                                                                                                                                                                                                                        ","UN    ","AS",48.55]
[39892,"BUCHA DE REDUCAO DE COBRE (REF 600-2) SEM ANEL DE SOLDA, PONTA X BOLSA, 66 X 54 MM                                                                                                                                                                                                                                                                                                                                                                                                                        ","UN    ","AS",151.35]
[790,"BUCHA DE REDUCAO DE FERRO GALVANIZADO, COM ROSCA BSP, DE 1 1/2\" X 1 1/4\"                                                                                                                                                                                                                                                                                                                                                                                                                                  ","UN    ","AS",23.11]
[766,"BUCHA DE REDUCAO DE FERRO GALVANIZADO, COM ROSCA BSP, DE 1 1/2\" X 1/2\"                                                                                                                                                                                                                                                                                                                                                                                                                                    ","UN    ","AS",23.11]
[791,"BUCHA DE REDUCAO DE FERRO GALVANIZADO, COM ROSCA BSP, DE 1 1/2\" X 1\"                                                                                                                                                                                                                                                                                                                                                                                                                                      ","UN    ","AS",23.11]
[767,"BUCHA DE REDUCAO DE FERRO GALVANIZADO, COM ROSCA BSP, DE 1 1/2\" X 3/4\"                                                                                                                                                                                                                                                                                                                                                                                                                                    ","UN    ","AS",23.11]
[768,"BUCHA DE REDUCAO DE FERRO GALVANIZADO, COM ROSCA BSP, DE 1 1/4\" X 1/2\"                                                                                                                                                                                                                                                                                                                                                                                                                                    ","UN    ","AS",18.149999999999999]
[789,"BUCHA DE REDUCAO DE FERRO GALVANIZADO, COM ROSCA BSP, DE 1 1/4\" X 1\"                                                                                                                                                                                                                                                                                                                                                                                                                                      ","UN    ","AS",17.760000000000002]
[769,"BUCHA DE REDUCAO DE FERRO GALVANIZADO, COM ROSCA BSP, DE 1 1/4\" X 3/4\"                                                                                                                                                                                                                                                                                                                                                                                                                                    ","UN    ","AS",18.149999999999999]
[770,"BUCHA DE REDUCAO DE FERRO GALVANIZADO, COM ROSCA BSP, DE 1/2\" X 1/4\"                                                                                                                                                                                                                                                                                                                                                                                                                                      ","UN    ","AS",6.4]
[12394,"BUCHA DE REDUCAO DE FERRO GALVANIZADO, COM ROSCA BSP, DE 1/2\" X 3/8\"                                                                                                                                                                                                                                                                                                                                                                                                                                      ","UN    ","AS",6.4]
[764,"BUCHA DE REDUCAO DE FERRO GALVANIZADO, COM ROSCA BSP, DE 1\" X 1/2\"                                                                                                                                                                                                                                                                                                                                                                                                                                        ","UN    ","AS",11.17]
[765,"BUCHA DE REDUCAO DE FERRO GALVANIZADO, COM ROSCA BSP, DE 1\" X 3/4\"                                                                                                                                                                                                                                                                                                                                                                                                                                        ","UN    ","AS",11.17]
[787,"BUCHA DE REDUCAO DE FERRO GALVANIZADO, COM ROSCA BSP, DE 2 1/2\" X 1 1/2\"                                                                                                                                                                                                                                                                                                                                                                                                                                  ","UN    ","AS",49.89]
[774,"BUCHA DE REDUCAO DE FERRO GALVANIZADO, COM ROSCA BSP, DE 2 1/2\" X 1 1/4\"                                                                                                                                                                                                                                                                                                                                                                                                                                  ","UN    ","AS",49.89]
[773,"BUCHA DE REDUCAO DE FERRO GALVANIZADO, COM ROSCA BSP, DE 2 1/2\" X 1\"                                                                                                                                                                                                                                                                                                                                                                                                                                      ","UN    ","AS",49.89]
[775,"BUCHA DE REDUCAO DE FERRO GALVANIZADO, COM ROSCA BSP, DE 2 1/2\" X 2\"                                                                                                                                                                                                                                                                                                                                                                                                                                      ","UN    ","AS",49.89]
[788,"BUCHA DE REDUCAO DE FERRO GALVANIZADO, COM ROSCA BSP, DE 2\" X 1 1/2\"                                                                                                                                                                                                                                                                                                                                                                                                                                      ","UN    ","AS",31.01]
[772,"BUCHA DE REDUCAO DE FERRO GALVANIZADO, COM ROSCA BSP, DE 2\" X 1 1/4\"                                                                                                                                                                                                                                                                                                                                                                                                                                      ","UN    ","AS",31.01]
[771,"BUCHA DE REDUCAO DE FERRO GALVANIZADO, COM ROSCA BSP, DE 2\" X 1\"                                                                                                                                                                                                                                                                                                                                                                                                                                          ","UN    ","AS",31.01]
[779,"BUCHA DE REDUCAO DE FERRO GALVANIZADO, COM ROSCA BSP, DE 3/4\" X 1/2\"                                                                                                                                                                                                                                                                                                                                                                                                                                      ","UN    ","AS",7.71]
[776,"BUCHA DE REDUCAO DE FERRO GALVANIZADO, COM ROSCA BSP, DE 3\" X 1 1/2\"                                                                                                                                                                                                                                                                                                                                                                                                                                      ","UN    ","AS",73.55]
[777,"BUCHA DE REDUCAO DE FERRO GALVANIZADO, COM ROSCA BSP, DE 3\" X 1 1/4\"                                                                                                                                                                                                                                                                                                                                                                                                                                      ","UN    ","AS",71.5]
[780,"BUCHA DE REDUCAO DE FERRO GALVANIZADO, COM ROSCA BSP, DE 3\" X 2 1/2\"                                                                                                                                                                                                                                                                                                                                                                                                                                      ","UN    ","AS",71.86]
[778,"BUCHA DE REDUCAO DE FERRO GALVANIZADO, COM ROSCA BSP, DE 3\" X 2\"                                                                                                                                                                                                                                                                                                                                                                                                                                          ","UN    ","AS",73.55]
[781,"BUCHA DE REDUCAO DE FERRO GALVANIZADO, COM ROSCA BSP, DE 4\" X 2 1/2\"                                                                                                                                                                                                                                                                                                                                                                                                                                      ","UN    ","AS",135.9]
[786,"BUCHA DE REDUCAO DE FERRO GALVANIZADO, COM ROSCA BSP, DE 4\" X 2\"                                                                                                                                                                                                                                                                                                                                                                                                                                          ","UN    ","AS",135.9]
[782,"BUCHA DE REDUCAO DE FERRO GALVANIZADO, COM ROSCA BSP, DE 4\" X 3\"                                                                                                                                                                                                                                                                                                                                                                                                                                          ","UN    ","AS",135.9]
[783,"BUCHA DE REDUCAO DE FERRO GALVANIZADO, COM ROSCA BSP, DE 5\" X 4\"                                                                                                                                                                                                                                                                                                                                                                                                                                          ","UN    ","AS",371.95]
[785,"BUCHA DE REDUCAO DE FERRO GALVANIZADO, COM ROSCA BSP, DE 6\" X 4\"                                                                                                                                                                                                                                                                                                                                                                                                                                          ","UN    ","AS",393]
[784,"BUCHA DE REDUCAO DE FERRO GALVANIZADO, COM ROSCA BSP, DE 6\" X 5\"                                                                                                                                                                                                                                                                                                                                                                                                                                          ","UN    ","AS",421.59]
[828,"BUCHA DE REDUCAO DE PVC, SOLDAVEL, CURTA, COM 25 X 20 MM, PARA AGUA FRIA PREDIAL                                                                                                                                                                                                                                                                                                                                                                                                                          ","UN    ","CR",0.49]
[829,"BUCHA DE REDUCAO DE PVC, SOLDAVEL, CURTA, COM 32 X 25 MM, PARA AGUA FRIA PREDIAL                                                                                                                                                                                                                                                                                                                                                                                                                          ","UN    ","CR",0.78]
[812,"BUCHA DE REDUCAO DE PVC, SOLDAVEL, CURTA, COM 40 X 32 MM, PARA AGUA FRIA PREDIAL                                                                                                                                                                                                                                                                                                                                                                                                                          ","UN    ","CR",1.73]
[819,"BUCHA DE REDUCAO DE PVC, SOLDAVEL, CURTA, COM 50 X 40 MM, PARA AGUA FRIA PREDIAL                                                                                                                                                                                                                                                                                                                                                                                                                          ","UN    ","CR",3.01]
[818,"BUCHA DE REDUCAO DE PVC, SOLDAVEL, CURTA, COM 60 X 50 MM, PARA AGUA FRIA PREDIAL                                                                                                                                                                                                                                                                                                                                                                                                                          ","UN    ","CR",5.61]
[832,"BUCHA DE REDUCAO DE PVC, SOLDAVEL, LONGA, COM 32 X 20 MM, PARA AGUA FRIA PREDIAL                                                                                                                                                                                                                                                                                                                                                                                                                          ","UN    ","CR",2.3199999999999998]
[834,"BUCHA DE REDUCAO DE PVC, SOLDAVEL, LONGA, COM 40 X 25 MM, PARA AGUA FRIA PREDIAL                                                                                                                                                                                                                                                                                                                                                                                                                          ","UN    ","CR",3]
[813,"BUCHA DE REDUCAO DE PVC, SOLDAVEL, LONGA, COM 50 X 25 MM, PARA AGUA FRIA PREDIAL                                                                                                                                                                                                                                                                                                                                                                                                                          ","UN    ","CR",3.49]
[820,"BUCHA DE REDUCAO DE PVC, SOLDAVEL, LONGA, COM 50 X 32 MM, PARA AGUA FRIA PREDIAL                                                                                                                                                                                                                                                                                                                                                                                                                          ","UN    ","CR",4.7]
[816,"BUCHA DE REDUCAO DE PVC, SOLDAVEL, LONGA, COM 60 X 25 MM, PARA AGUA FRIA PREDIAL                                                                                                                                                                                                                                                                                                                                                                                                                          ","UN    ","CR",8.3800000000000008]
[814,"BUCHA DE REDUCAO DE PVC, SOLDAVEL, LONGA, COM 60 X 32 MM, PARA AGUA FRIA PREDIAL                                                                                                                                                                                                                                                                                                                                                                                                                          ","UN    ","CR",10.41]
[822,"BUCHA DE REDUCAO DE PVC, SOLDAVEL, LONGA, COM 60 X 50 MM, PARA AGUA FRIA PREDIAL                                                                                                                                                                                                                                                                                                                                                                                                                          ","UN    ","CR",13.59]
[821,"BUCHA DE REDUCAO DE PVC, SOLDAVEL, LONGA, COM 75 X 50 MM, PARA AGUA FRIA PREDIAL                                                                                                                                                                                                                                                                                                                                                                                                                          ","UN    ","CR",15.54]
[20086,"BUCHA DE REDUCAO DE PVC, SOLDAVEL, LONGA, 50 X 40 MM, PARA ESGOTO PREDIAL                                                                                                                                                                                                                                                                                                                                                                                                                                 ","UN    ","CR",2.2400000000000002]
[39191,"BUCHA DE REDUCAO EM ALUMINIO, COM ROSCA, DE 1 1/2\" X 1 1/4\", PARA ELETRODUTO                                                                                                                                                                                                                                                                                                                                                                                                                              ","UN    ","AS",20.32]
[39190,"BUCHA DE REDUCAO EM ALUMINIO, COM ROSCA, DE 1 1/2\" X 1\", PARA ELETRODUTO                                                                                                                                                                                                                                                                                                                                                                                                                                  ","UN    ","AS",21.23]
[39189,"BUCHA DE REDUCAO EM ALUMINIO, COM ROSCA, DE 1 1/2\" X 3/4\", PARA ELETRODUTO                                                                                                                                                                                                                                                                                                                                                                                                                                ","UN    ","AS",22.47]
[39186,"BUCHA DE REDUCAO EM ALUMINIO, COM ROSCA, DE 1 1/4\" X 1/2\", PARA ELETRODUTO                                                                                                                                                                                                                                                                                                                                                                                                                                ","UN    ","AS",20.100000000000001]
[39188,"BUCHA DE REDUCAO EM ALUMINIO, COM ROSCA, DE 1 1/4\" X 1\", PARA ELETRODUTO                                                                                                                                                                                                                                                                                                                                                                                                                                  ","UN    ","AS",16.54]
[39187,"BUCHA DE REDUCAO EM ALUMINIO, COM ROSCA, DE 1 1/4\" X 3/4\", PARA ELETRODUTO                                                                                                                                                                                                                                                                                                                                                                                                                                ","UN    ","AS",17.329999999999998]
[39184,"BUCHA DE REDUCAO EM ALUMINIO, COM ROSCA, DE 1\" X 1/2\", PARA ELETRODUTO                                                                                                                                                                                                                                                                                                                                                                                                                                    ","UN    ","AS",6.52]
[39185,"BUCHA DE REDUCAO EM ALUMINIO, COM ROSCA, DE 1\" X 3/4\", PARA ELETRODUTO                                                                                                                                                                                                                                                                                                                                                                                                                                    ","UN    ","AS",5.94]
[39198,"BUCHA DE REDUCAO EM ALUMINIO, COM ROSCA, DE 2 1/2\" X 1 1/2\", PARA ELETRODUTO                                                                                                                                                                                                                                                                                                                                                                                                                              ","UN    ","AS",66.67]
[39197,"BUCHA DE REDUCAO EM ALUMINIO, COM ROSCA, DE 2 1/2\" X 1 1/4\", PARA ELETRODUTO                                                                                                                                                                                                                                                                                                                                                                                                                              ","UN    ","AS",69.64]
[39196,"BUCHA DE REDUCAO EM ALUMINIO, COM ROSCA, DE 2 1/2\" X 1\", PARA ELETRODUTO                                                                                                                                                                                                                                                                                                                                                                                                                                  ","UN    ","AS",71.819999999999993]
[39199,"BUCHA DE REDUCAO EM ALUMINIO, COM ROSCA, DE 2 1/2\" X 2\", PARA ELETRODUTO                                                                                                                                                                                                                                                                                                                                                                                                                                  ","UN    ","AS",64.16]
[39195,"BUCHA DE REDUCAO EM ALUMINIO, COM ROSCA, DE 2\" X 1 1/2\", PARA ELETRODUTO                                                                                                                                                                                                                                                                                                                                                                                                                                  ","UN    ","AS",37.03]
[39194,"BUCHA DE REDUCAO EM ALUMINIO, COM ROSCA, DE 2\" X 1 1/4\", PARA ELETRODUTO                                                                                                                                                                                                                                                                                                                                                                                                                                  ","UN    ","AS",39.630000000000003]
[39193,"BUCHA DE REDUCAO EM ALUMINIO, COM ROSCA, DE 2\" X 1\", PARA ELETRODUTO                                                                                                                                                                                                                                                                                                                                                                                                                                      ","UN    ","AS",43.43]
[39192,"BUCHA DE REDUCAO EM ALUMINIO, COM ROSCA, DE 2\" X 3/4\", PARA ELETRODUTO                                                                                                                                                                                                                                                                                                                                                                                                                                    ","UN    ","AS",45.18]
[39920,"BUCHA DE REDUCAO EM ALUMINIO, COM ROSCA, DE 3/4\" X 1/2\",  PARA ELETRODUTO                                                                                                                                                                                                                                                                                                                                                                                                                                 ","UN    ","AS",5.47]
[39201,"BUCHA DE REDUCAO EM ALUMINIO, COM ROSCA, DE 3\" X 1 1/2\", PARA ELETRODUTO                                                                                                                                                                                                                                                                                                                                                                                                                                  ","UN    ","AS",79.7]
[39200,"BUCHA DE REDUCAO EM ALUMINIO, COM ROSCA, DE 3\" X 1 1/4\", PARA ELETRODUTO                                                                                                                                                                                                                                                                                                                                                                                                                                  ","UN    ","AS",80.349999999999994]
[39203,"BUCHA DE REDUCAO EM ALUMINIO, COM ROSCA, DE 3\" X 2 1/2\", PARA ELETRODUTO                                                                                                                                                                                                                                                                                                                                                                                                                                  ","UN    ","AS",64.87]
[39202,"BUCHA DE REDUCAO EM ALUMINIO, COM ROSCA, DE 3\" X 2\", PARA ELETRODUTO                                                                                                                                                                                                                                                                                                                                                                                                                                      ","UN    ","AS",76.209999999999994]
[39205,"BUCHA DE REDUCAO EM ALUMINIO, COM ROSCA, DE 4\" X 2 1/2\", PARA ELETRODUTO                                                                                                                                                                                                                                                                                                                                                                                                                                  ","UN    ","AS",127.15]
[39204,"BUCHA DE REDUCAO EM ALUMINIO, COM ROSCA, DE 4\" X 2\", PARA ELETRODUTO                                                                                                                                                                                                                                                                                                                                                                                                                                      ","UN    ","AS",130.22]
[39206,"BUCHA DE REDUCAO EM ALUMINIO, COM ROSCA, DE 4\" X 3\", PARA ELETRODUTO                                                                                                                                                                                                                                                                                                                                                                                                                                      ","UN    ","AS",123.54]
[798,"BUCHA DE REDUCAO PVC ROSCAVEL 3/4\" X 1/2\"                                                                                                                                                                                                                                                                                                                                                                                                                                                                 ","UN    ","CR",0.97]
[797,"BUCHA DE REDUCAO PVC, ROSCAVEL 1 1/2\" X 1\"                                                                                                                                                                                                                                                                                                                                                                                                                                                                ","UN    ","CR",7.03]
[796,"BUCHA DE REDUCAO PVC, ROSCAVEL, 1 1/2\" X 3/4\"                                                                                                                                                                                                                                                                                                                                                                                                                                                             ","UN    ","CR",5.98]
[799,"BUCHA DE REDUCAO PVC, ROSCAVEL, 1\" X 1/2\"                                                                                                                                                                                                                                                                                                                                                                                                                                                                 ","UN    ","CR",2.89]
[792,"BUCHA DE REDUCAO PVC, ROSCAVEL, 1\" X 3/4\"                                                                                                                                                                                                                                                                                                                                                                                                                                                                 ","UN    ","CR",2.8]
[38001,"BUCHA DE REDUCAO, CPVC, SOLDAVEL, 22 X 15 MM, PARA AGUA QUENTE                                                                                                                                                                                                                                                                                                                                                                                                                                            ","UN    ","AS",0.92]
[38002,"BUCHA DE REDUCAO, CPVC, SOLDAVEL, 28 X 22 MM, PARA AGUA QUENTE                                                                                                                                                                                                                                                                                                                                                                                                                                            ","UN    ","AS",3.21]
[38003,"BUCHA DE REDUCAO, CPVC, SOLDAVEL, 35 X 28 MM, PARA AGUA QUENTE                                                                                                                                                                                                                                                                                                                                                                                                                                            ","UN    ","AS",21.9]
[38004,"BUCHA DE REDUCAO, CPVC, SOLDAVEL, 42 X 22 MM, PARA AGUA QUENTE                                                                                                                                                                                                                                                                                                                                                                                                                                            ","UN    ","AS",25.19]
[44263,"BUCHA DE REDUCAO, CPVC, SOLDAVEL, 54 X 35 MM, PARA AGUA QUENTE                                                                                                                                                                                                                                                                                                                                                                                                                                            ","UN    ","AS",45.23]
[36327,"BUCHA DE REDUCAO, PPR, DN 25 X 20 MM, PARA AGUA QUENTE PREDIAL                                                                                                                                                                                                                                                                                                                                                                                                                                            ","UN    ","AS",3.75]
[38992,"BUCHA DE REDUCAO, PPR, DN 32 X 25 MM, PARA AGUA QUENTE E FRIA PREDIAL                                                                                                                                                                                                                                                                                                                                                                                                                                     ","UN    ","AS",4.5599999999999996]
[38993,"BUCHA DE REDUCAO, PPR, DN 40 X 25 MM, PARA AGUA QUENTE E FRIA PREDIAL                                                                                                                                                                                                                                                                                                                                                                                                                                     ","UN    ","AS",11.85]
[44175,"BUCHA DE REDUCAO, PPR, DN 50 X 25 MM, PARA AGUA QUENTE E FRIA PREDIAL                                                                                                                                                                                                                                                                                                                                                                                                                                     ","UN    ","AS",20.68]
[44177,"BUCHA DE REDUCAO, PPR, DN 50 X 32 MM, PARA AGUA QUENTE E FRIA PREDIAL                                                                                                                                                                                                                                                                                                                                                                                                                                     ","UN    ","AS",15.45]
[38418,"BUCHA DE REDUCAO, PVC, LONGA, SERIE R, DN 50 X 40 MM, PARA ESGOTO PREDIAL                                                                                                                                                                                                                                                                                                                                                                                                                                 ","UN    ","CR",3.86]
[39178,"BUCHA EM ALUMINIO, COM ROSCA, DE 1 1/2\", PARA ELETRODUTO                                                                                                                                                                                                                                                                                                                                                                                                                                                  ","UN    ","AS",2.2000000000000002]
[39177,"BUCHA EM ALUMINIO, COM ROSCA, DE 1 1/4\", PARA ELETRODUTO                                                                                                                                                                                                                                                                                                                                                                                                                                                  ","UN    ","AS",1.99]
[39174,"BUCHA EM ALUMINIO, COM ROSCA, DE 1/2\", PARA ELETRODUTO                                                                                                                                                                                                                                                                                                                                                                                                                                                    ","UN    ","AS",0.99]
[39176,"BUCHA EM ALUMINIO, COM ROSCA, DE 1\", PARA ELETRODUTO                                                                                                                                                                                                                                                                                                                                                                                                                                                      ","UN    ","AS",1.3]
[39180,"BUCHA EM ALUMINIO, COM ROSCA, DE 2 1/2\", PARA ELETRODUTO                                                                                                                                                                                                                                                                                                                                                                                                                                                  ","UN    ","AS",5.97]
[39179,"BUCHA EM ALUMINIO, COM ROSCA, DE 2\", PARA ELETRODUTO                                                                                                                                                                                                                                                                                                                                                                                                                                                      ","UN    ","AS",5.28]
[39175,"BUCHA EM ALUMINIO, COM ROSCA, DE 3/4\", PARA ELETRODUTO                                                                                                                                                                                                                                                                                                                                                                                                                                                    ","UN    ","AS",1.21]
[39217,"BUCHA EM ALUMINIO, COM ROSCA, DE 3/8\", PARA ELETRODUTO                                                                                                                                                                                                                                                                                                                                                                                                                                                    ","UN    ","AS",0.93]
[39181,"BUCHA EM ALUMINIO, COM ROSCA, DE 3\", PARA ELETRODUTO                                                                                                                                                                                                                                                                                                                                                                                                                                                      ","UN    ","AS",8]
[39182,"BUCHA EM ALUMINIO, COM ROSCA, DE 4\", PARA ELETRODUTO                                                                                                                                                                                                                                                                                                                                                                                                                                                      ","UN    ","AS",11.25]
[12616,"CABECEIRA DIREITA OU ESQUERDA, PVC, PARA CALHA PLUVIAL, DIAMETRO ENTRE *119 E 170* MM, PARA DRENAGEM PLUVIAL PREDIAL                                                                                                                                                                                                                                                                                                                                                                                      ","UN    ","CR",11.9]
[1049,"CABECOTE PARA ENTRADA DE LINHA DE ALIMENTACAO PARA ELETRODUTO, EM LIGA DE ALUMINIO COM ACABAMENTO ANTI CORROSIVO, COM FIXACAO POR ENCAIXE LISO DE 360 GRAUS, DE 1 1/2\"                                                                                                                                                                                                                                                                                                                                    ","UN    ","AS",9.42]
[1099,"CABECOTE PARA ENTRADA DE LINHA DE ALIMENTACAO PARA ELETRODUTO, EM LIGA DE ALUMINIO COM ACABAMENTO ANTI CORROSIVO, COM FIXACAO POR ENCAIXE LISO DE 360 GRAUS, DE 1 1/4\"                                                                                                                                                                                                                                                                                                                                    ","UN    ","AS",7.21]
[39678,"CABECOTE PARA ENTRADA DE LINHA DE ALIMENTACAO PARA ELETRODUTO, EM LIGA DE ALUMINIO COM ACABAMENTO ANTI CORROSIVO, COM FIXACAO POR ENCAIXE LISO DE 360 GRAUS, DE 1/2\"                                                                                                                                                                                                                                                                                                                                      ","UN    ","AS",2.9]
[1050,"CABECOTE PARA ENTRADA DE LINHA DE ALIMENTACAO PARA ELETRODUTO, EM LIGA DE ALUMINIO COM ACABAMENTO ANTI CORROSIVO, COM FIXACAO POR ENCAIXE LISO DE 360 GRAUS, DE 1\"                                                                                                                                                                                                                                                                                                                                        ","UN    ","AS",4.93]
[1101,"CABECOTE PARA ENTRADA DE LINHA DE ALIMENTACAO PARA ELETRODUTO, EM LIGA DE ALUMINIO COM ACABAMENTO ANTI CORROSIVO, COM FIXACAO POR ENCAIXE LISO DE 360 GRAUS, DE 2 1/2\"                                                                                                                                                                                                                                                                                                                                    ","UN    ","AS",31.07]
[1100,"CABECOTE PARA ENTRADA DE LINHA DE ALIMENTACAO PARA ELETRODUTO, EM LIGA DE ALUMINIO COM ACABAMENTO ANTI CORROSIVO, COM FIXACAO POR ENCAIXE LISO DE 360 GRAUS, DE 2\"                                                                                                                                                                                                                                                                                                                                        ","UN    ","AS",16.03]
[39679,"CABECOTE PARA ENTRADA DE LINHA DE ALIMENTACAO PARA ELETRODUTO, EM LIGA DE ALUMINIO COM ACABAMENTO ANTI CORROSIVO, COM FIXACAO POR ENCAIXE LISO DE 360 GRAUS, DE 3 1/2\"                                                                                                                                                                                                                                                                                                                                    ","UN    ","AS",61.92]
[1098,"CABECOTE PARA ENTRADA DE LINHA DE ALIMENTACAO PARA ELETRODUTO, EM LIGA DE ALUMINIO COM ACABAMENTO ANTI CORROSIVO, COM FIXACAO POR ENCAIXE LISO DE 360 GRAUS, DE 3/4\"                                                                                                                                                                                                                                                                                                                                      ","UN    ","AS",3.84]
[1102,"CABECOTE PARA ENTRADA DE LINHA DE ALIMENTACAO PARA ELETRODUTO, EM LIGA DE ALUMINIO COM ACABAMENTO ANTI CORROSIVO, COM FIXACAO POR ENCAIXE LISO DE 360 GRAUS, DE 3\"                                                                                                                                                                                                                                                                                                                                        ","UN    ","AS",46.33]
[1051,"CABECOTE PARA ENTRADA DE LINHA DE ALIMENTACAO PARA ELETRODUTO, EM LIGA DE ALUMINIO COM ACABAMENTO ANTI CORROSIVO, COM FIXACAO POR ENCAIXE LISO DE 360 GRAUS, DE 4\"                                                                                                                                                                                                                                                                                                                                        ","UN    ","AS",67.34]
[37399,"CABIDE/GANCHO DE BANHEIRO SIMPLES EM METAL CROMADO                                                                                                                                                                                                                                                                                                                                                                                                                                                        ","UN    ","CR",29.89]
[43834,"CABO COAXIAL RG11 95% DE MALHA                                                                                                                                                                                                                                                                                                                                                                                                                                                                            ","M     ","CR",12.62]
[43835,"CABO COAXIAL RG59 95% DE MALHA                                                                                                                                                                                                                                                                                                                                                                                                                                                                            ","M     ","CR",1.1299999999999999]
[43833,"CABO COAXIAL RG6 95% DE MALHA                                                                                                                                                                                                                                                                                                                                                                                                                                                                             ","M     ","CR",1.17]
[41955,"CABO DE ACO GALVANIZADO, DIAMETRO 12,7 MM (1/2\"), COM ALMA DE ACO CABO INDEPENDENTE 6 X 25 F                                                                                                                                                                                                                                                                                                                                                                                                              ","KG    ","CR",87.02]
[41953,"CABO DE ACO GALVANIZADO, DIAMETRO 12,7 MM (1/2\"), COM ALMA DE FIBRA 6 X 25 F                                                                                                                                                                                                                                                                                                                                                                                                                              ","KG    ","CR",83.04]
[41954,"CABO DE ACO GALVANIZADO, DIAMETRO 9,53 MM (3/8\"), COM ALMA DE FIBRA 6 X 25 F                                                                                                                                                                                                                                                                                                                                                                                                                              ","KG    ","CR",82.25]
[25004,"CABO DE ALUMINIO NU COM ALMA DE ACO, BITOLA 1/0 AWG                                                                                                                                                                                                                                                                                                                                                                                                                                                       ","KG    ","CR",59.08]
[25002,"CABO DE ALUMINIO NU COM ALMA DE ACO, BITOLA 2 AWG                                                                                                                                                                                                                                                                                                                                                                                                                                                         ","KG    ","CR",59.08]
[37409,"CABO DE ALUMINIO NU COM ALMA DE ACO, BITOLA 2/0 AWG                                                                                                                                                                                                                                                                                                                                                                                                                                                       ","KG    ","CR",59.08]
[841,"CABO DE ALUMINIO NU COM ALMA DE ACO, BITOLA 4 AWG                                                                                                                                                                                                                                                                                                                                                                                                                                                         ","KG    ","CR",59.81]
[25005,"CABO DE ALUMINIO NU SEM ALMA DE ACO, BITOLA 1/0 AWG                                                                                                                                                                                                                                                                                                                                                                                                                                                       ","KG    ","CR",64.83]
[25003,"CABO DE ALUMINIO NU SEM ALMA DE ACO, BITOLA 2 AWG                                                                                                                                                                                                                                                                                                                                                                                                                                                         ","KG    ","CR",65.81]
[37410,"CABO DE ALUMINIO NU SEM ALMA DE ACO, BITOLA 2/0 AWG                                                                                                                                                                                                                                                                                                                                                                                                                                                       ","KG    ","CR",64.83]
[842,"CABO DE ALUMINIO NU SEM ALMA DE ACO, BITOLA 4 AWG                                                                                                                                                                                                                                                                                                                                                                                                                                                         ","KG    ","CR",65.760000000000005]
[44391,"CABO DE COBRE FLEXIVEL NAO HALOGENADO, SEM EMISSAO DE FUMACA, 750V, SECAO NOMINAL 120 MM                                                                                                                                                                                                                                                                                                                                                                                                                  ","M     ","CR",140.12]
[44388,"CABO DE COBRE FLEXIVEL NAO HALOGENADO, SEM EMISSAO DE FUMACA, 750V, SECAO NOMINAL 2,5 MM                                                                                                                                                                                                                                                                                                                                                                                                                  ","M     ","CR",3.03]
[44392,"CABO DE COBRE FLEXIVEL NAO HALOGENADO, SEM EMISSAO DE FUMACA, 750V, SECAO NOMINAL 240 MM                                                                                                                                                                                                                                                                                                                                                                                                                  ","M     ","CR",278.99]
[44390,"CABO DE COBRE FLEXIVEL NAO HALOGENADO, SEM EMISSAO DE FUMACA, 750V, SECAO NOMINAL 50 MM                                                                                                                                                                                                                                                                                                                                                                                                                   ","M     ","CR",59.11]
[44389,"CABO DE COBRE FLEXIVEL NAO HALOGENADO, SEM EMISSAO DE FUMACA, 750V, SECAO NOMINAL 6,0 MM                                                                                                                                                                                                                                                                                                                                                                                                                  ","M     ","CR",6.98]
[862,"CABO DE COBRE NU 10 MM2 MEIO-DURO                                                                                                                                                                                                                                                                                                                                                                                                                                                                         ","M     ","CR",12.78]
[866,"CABO DE COBRE NU 120 MM2 MEIO-DURO                                                                                                                                                                                                                                                                                                                                                                                                                                                                        ","M     ","CR",162.46]
[892,"CABO DE COBRE NU 150 MM2 MEIO-DURO                                                                                                                                                                                                                                                                                                                                                                                                                                                                        ","M     ","CR",196.65]
[857,"CABO DE COBRE NU 16 MM2 MEIO-DURO                                                                                                                                                                                                                                                                                                                                                                                                                                                                         ","M     ","CR",21.39]
[37404,"CABO DE COBRE NU 185 MM2 MEIO-DURO                                                                                                                                                                                                                                                                                                                                                                                                                                                                        ","M     ","CR",227.52]
[868,"CABO DE COBRE NU 25 MM2 MEIO-DURO                                                                                                                                                                                                                                                                                                                                                                                                                                                                         ","M     ","CR",30.48]
[863,"CABO DE COBRE NU 35 MM2 MEIO-DURO                                                                                                                                                                                                                                                                                                                                                                                                                                                                         ","M     ","CR",44.89]
[867,"CABO DE COBRE NU 50 MM2 MEIO-DURO                                                                                                                                                                                                                                                                                                                                                                                                                                                                         ","M     ","CR",63.95]
[864,"CABO DE COBRE NU 70 MM2 MEIO-DURO                                                                                                                                                                                                                                                                                                                                                                                                                                                                         ","M     ","CR",84.47]
[865,"CABO DE COBRE NU 95 MM2 MEIO-DURO                                                                                                                                                                                                                                                                                                                                                                                                                                                                         ","M     ","CR",121.5]
[993,"CABO DE COBRE, FLEXIVEL, CLASSE 4 OU 5, ISOLACAO EM PVC/A, ANTICHAMA BWF-B, COBERTURA PVC-ST1, ANTICHAMA BWF-B, 1 CONDUTOR, 0,6/1 KV, SECAO NOMINAL 1,5 MM2                                                                                                                                                                                                                                                                                                                                               ","M     ","CR",2.31]
[1020,"CABO DE COBRE, FLEXIVEL, CLASSE 4 OU 5, ISOLACAO EM PVC/A, ANTICHAMA BWF-B, COBERTURA PVC-ST1, ANTICHAMA BWF-B, 1 CONDUTOR, 0,6/1 KV, SECAO NOMINAL 10 MM2                                                                                                                                                                                                                                                                                                                                                ","M     ","CR",11.79]
[1017,"CABO DE COBRE, FLEXIVEL, CLASSE 4 OU 5, ISOLACAO EM PVC/A, ANTICHAMA BWF-B, COBERTURA PVC-ST1, ANTICHAMA BWF-B, 1 CONDUTOR, 0,6/1 KV, SECAO NOMINAL 120 MM2                                                                                                                                                                                                                                                                                                                                               ","M     ","CR",144.47]
[999,"CABO DE COBRE, FLEXIVEL, CLASSE 4 OU 5, ISOLACAO EM PVC/A, ANTICHAMA BWF-B, COBERTURA PVC-ST1, ANTICHAMA BWF-B, 1 CONDUTOR, 0,6/1 KV, SECAO NOMINAL 150 MM2                                                                                                                                                                                                                                                                                                                                               ","M     ","CR",175.02]
[995,"CABO DE COBRE, FLEXIVEL, CLASSE 4 OU 5, ISOLACAO EM PVC/A, ANTICHAMA BWF-B, COBERTURA PVC-ST1, ANTICHAMA BWF-B, 1 CONDUTOR, 0,6/1 KV, SECAO NOMINAL 16 MM2                                                                                                                                                                                                                                                                                                                                                ","M     ","CR",18.77]
[1000,"CABO DE COBRE, FLEXIVEL, CLASSE 4 OU 5, ISOLACAO EM PVC/A, ANTICHAMA BWF-B, COBERTURA PVC-ST1, ANTICHAMA BWF-B, 1 CONDUTOR, 0,6/1 KV, SECAO NOMINAL 185 MM2                                                                                                                                                                                                                                                                                                                                               ","M     ","CR",214.98]
[1022,"CABO DE COBRE, FLEXIVEL, CLASSE 4 OU 5, ISOLACAO EM PVC/A, ANTICHAMA BWF-B, COBERTURA PVC-ST1, ANTICHAMA BWF-B, 1 CONDUTOR, 0,6/1 KV, SECAO NOMINAL 2,5 MM2                                                                                                                                                                                                                                                                                                                                               ","M     ","CR",3.22]
[1015,"CABO DE COBRE, FLEXIVEL, CLASSE 4 OU 5, ISOLACAO EM PVC/A, ANTICHAMA BWF-B, COBERTURA PVC-ST1, ANTICHAMA BWF-B, 1 CONDUTOR, 0,6/1 KV, SECAO NOMINAL 240 MM2                                                                                                                                                                                                                                                                                                                                               ","M     ","CR",285.68]
[996,"CABO DE COBRE, FLEXIVEL, CLASSE 4 OU 5, ISOLACAO EM PVC/A, ANTICHAMA BWF-B, COBERTURA PVC-ST1, ANTICHAMA BWF-B, 1 CONDUTOR, 0,6/1 KV, SECAO NOMINAL 25 MM2                                                                                                                                                                                                                                                                                                                                                ","M     ","CR",29.11]
[1001,"CABO DE COBRE, FLEXIVEL, CLASSE 4 OU 5, ISOLACAO EM PVC/A, ANTICHAMA BWF-B, COBERTURA PVC-ST1, ANTICHAMA BWF-B, 1 CONDUTOR, 0,6/1 KV, SECAO NOMINAL 300 MM2                                                                                                                                                                                                                                                                                                                                               ","M     ","CR",370.66]
[1019,"CABO DE COBRE, FLEXIVEL, CLASSE 4 OU 5, ISOLACAO EM PVC/A, ANTICHAMA BWF-B, COBERTURA PVC-ST1, ANTICHAMA BWF-B, 1 CONDUTOR, 0,6/1 KV, SECAO NOMINAL 35 MM2                                                                                                                                                                                                                                                                                                                                                ","M     ","CR",41.13]
[1021,"CABO DE COBRE, FLEXIVEL, CLASSE 4 OU 5, ISOLACAO EM PVC/A, ANTICHAMA BWF-B, COBERTURA PVC-ST1, ANTICHAMA BWF-B, 1 CONDUTOR, 0,6/1 KV, SECAO NOMINAL 4 MM2                                                                                                                                                                                                                                                                                                                                                 ","M     ","CR",4.9400000000000004]
[39249,"CABO DE COBRE, FLEXIVEL, CLASSE 4 OU 5, ISOLACAO EM PVC/A, ANTICHAMA BWF-B, COBERTURA PVC-ST1, ANTICHAMA BWF-B, 1 CONDUTOR, 0,6/1 KV, SECAO NOMINAL 400 MM2                                                                                                                                                                                                                                                                                                                                               ","M     ","CR",498.38]
[1018,"CABO DE COBRE, FLEXIVEL, CLASSE 4 OU 5, ISOLACAO EM PVC/A, ANTICHAMA BWF-B, COBERTURA PVC-ST1, ANTICHAMA BWF-B, 1 CONDUTOR, 0,6/1 KV, SECAO NOMINAL 50 MM2                                                                                                                                                                                                                                                                                                                                                ","M     ","CR",60.82]
[39250,"CABO DE COBRE, FLEXIVEL, CLASSE 4 OU 5, ISOLACAO EM PVC/A, ANTICHAMA BWF-B, COBERTURA PVC-ST1, ANTICHAMA BWF-B, 1 CONDUTOR, 0,6/1 KV, SECAO NOMINAL 500 MM2                                                                                                                                                                                                                                                                                                                                               ","M     ","CR",596.16999999999996]
[994,"CABO DE COBRE, FLEXIVEL, CLASSE 4 OU 5, ISOLACAO EM PVC/A, ANTICHAMA BWF-B, COBERTURA PVC-ST1, ANTICHAMA BWF-B, 1 CONDUTOR, 0,6/1 KV, SECAO NOMINAL 6 MM2                                                                                                                                                                                                                                                                                                                                                 ","M     ","CR",7.19]
[977,"CABO DE COBRE, FLEXIVEL, CLASSE 4 OU 5, ISOLACAO EM PVC/A, ANTICHAMA BWF-B, COBERTURA PVC-ST1, ANTICHAMA BWF-B, 1 CONDUTOR, 0,6/1 KV, SECAO NOMINAL 70 MM2                                                                                                                                                                                                                                                                                                                                                ","M     ","CR",85.09]
[998,"CABO DE COBRE, FLEXIVEL, CLASSE 4 OU 5, ISOLACAO EM PVC/A, ANTICHAMA BWF-B, COBERTURA PVC-ST1, ANTICHAMA BWF-B, 1 CONDUTOR, 0,6/1 KV, SECAO NOMINAL 95 MM2                                                                                                                                                                                                                                                                                                                                                ","M     ","CR",110.47]
[39251,"CABO DE COBRE, FLEXIVEL, CLASSE 4 OU 5, ISOLACAO EM PVC/A, ANTICHAMA BWF-B, 1 CONDUTOR, 450/750 V, SECAO NOMINAL 0,5 MM2                                                                                                                                                                                                                                                                                                                                                                                  ","M     ","CR",0.8]
[1011,"CABO DE COBRE, FLEXIVEL, CLASSE 4 OU 5, ISOLACAO EM PVC/A, ANTICHAMA BWF-B, 1 CONDUTOR, 450/750 V, SECAO NOMINAL 0,75 MM2                                                                                                                                                                                                                                                                                                                                                                                 ","M     ","CR",1.0900000000000001]
[39252,"CABO DE COBRE, FLEXIVEL, CLASSE 4 OU 5, ISOLACAO EM PVC/A, ANTICHAMA BWF-B, 1 CONDUTOR, 450/750 V, SECAO NOMINAL 1,0 MM2                                                                                                                                                                                                                                                                                                                                                                                  ","M     ","CR",1.43]
[1013,"CABO DE COBRE, FLEXIVEL, CLASSE 4 OU 5, ISOLACAO EM PVC/A, ANTICHAMA BWF-B, 1 CONDUTOR, 450/750 V, SECAO NOMINAL 1,5 MM2                                                                                                                                                                                                                                                                                                                                                                                  ","M     ","CR",1.71]
[980,"CABO DE COBRE, FLEXIVEL, CLASSE 4 OU 5, ISOLACAO EM PVC/A, ANTICHAMA BWF-B, 1 CONDUTOR, 450/750 V, SECAO NOMINAL 10 MM2                                                                                                                                                                                                                                                                                                                                                                                   ","M     ","CR",12.36]
[39237,"CABO DE COBRE, FLEXIVEL, CLASSE 4 OU 5, ISOLACAO EM PVC/A, ANTICHAMA BWF-B, 1 CONDUTOR, 450/750 V, SECAO NOMINAL 120 MM2                                                                                                                                                                                                                                                                                                                                                                                  ","M     ","CR",131.52000000000001]
[39238,"CABO DE COBRE, FLEXIVEL, CLASSE 4 OU 5, ISOLACAO EM PVC/A, ANTICHAMA BWF-B, 1 CONDUTOR, 450/750 V, SECAO NOMINAL 150 MM2                                                                                                                                                                                                                                                                                                                                                                                  ","M     ","CR",165.87]
[979,"CABO DE COBRE, FLEXIVEL, CLASSE 4 OU 5, ISOLACAO EM PVC/A, ANTICHAMA BWF-B, 1 CONDUTOR, 450/750 V, SECAO NOMINAL 16 MM2                                                                                                                                                                                                                                                                                                                                                                                   ","M     ","CR",17.66]
[39239,"CABO DE COBRE, FLEXIVEL, CLASSE 4 OU 5, ISOLACAO EM PVC/A, ANTICHAMA BWF-B, 1 CONDUTOR, 450/750 V, SECAO NOMINAL 185 MM2                                                                                                                                                                                                                                                                                                                                                                                  ","M     ","CR",200.39]
[1014,"CABO DE COBRE, FLEXIVEL, CLASSE 4 OU 5, ISOLACAO EM PVC/A, ANTICHAMA BWF-B, 1 CONDUTOR, 450/750 V, SECAO NOMINAL 2,5 MM2                                                                                                                                                                                                                                                                                                                                                                                  ","M     ","CR",2.71]
[39240,"CABO DE COBRE, FLEXIVEL, CLASSE 4 OU 5, ISOLACAO EM PVC/A, ANTICHAMA BWF-B, 1 CONDUTOR, 450/750 V, SECAO NOMINAL 240 MM2                                                                                                                                                                                                                                                                                                                                                                                  ","M     ","CR",263.57]
[39232,"CABO DE COBRE, FLEXIVEL, CLASSE 4 OU 5, ISOLACAO EM PVC/A, ANTICHAMA BWF-B, 1 CONDUTOR, 450/750 V, SECAO NOMINAL 25 MM2                                                                                                                                                                                                                                                                                                                                                                                   ","M     ","CR",27.66]
[39233,"CABO DE COBRE, FLEXIVEL, CLASSE 4 OU 5, ISOLACAO EM PVC/A, ANTICHAMA BWF-B, 1 CONDUTOR, 450/750 V, SECAO NOMINAL 35 MM2                                                                                                                                                                                                                                                                                                                                                                                   ","M     ","CR",40.32]
[981,"CABO DE COBRE, FLEXIVEL, CLASSE 4 OU 5, ISOLACAO EM PVC/A, ANTICHAMA BWF-B, 1 CONDUTOR, 450/750 V, SECAO NOMINAL 4 MM2                                                                                                                                                                                                                                                                                                                                                                                    ","M     ","C ",4.5]
[39234,"CABO DE COBRE, FLEXIVEL, CLASSE 4 OU 5, ISOLACAO EM PVC/A, ANTICHAMA BWF-B, 1 CONDUTOR, 450/750 V, SECAO NOMINAL 50 MM2                                                                                                                                                                                                                                                                                                                                                                                   ","M     ","CR",56.12]
[982,"CABO DE COBRE, FLEXIVEL, CLASSE 4 OU 5, ISOLACAO EM PVC/A, ANTICHAMA BWF-B, 1 CONDUTOR, 450/750 V, SECAO NOMINAL 6 MM2                                                                                                                                                                                                                                                                                                                                                                                    ","M     ","CR",6.47]
[39235,"CABO DE COBRE, FLEXIVEL, CLASSE 4 OU 5, ISOLACAO EM PVC/A, ANTICHAMA BWF-B, 1 CONDUTOR, 450/750 V, SECAO NOMINAL 70 MM2                                                                                                                                                                                                                                                                                                                                                                                   ","M     ","CR",82.77]
[39236,"CABO DE COBRE, FLEXIVEL, CLASSE 4 OU 5, ISOLACAO EM PVC/A, ANTICHAMA BWF-B, 1 CONDUTOR, 450/750 V, SECAO NOMINAL 95 MM2                                                                                                                                                                                                                                                                                                                                                                                   ","M     ","CR",109.69]
[990,"CABO DE COBRE, RIGIDO, CLASSE 2, ISOLACAO EM PVC/A, ANTICHAMA BWF-B, 1 CONDUTOR, 450/750 V, SECAO NOMINAL 150 MM2                                                                                                                                                                                                                                                                                                                                                                                         ","M     ","CR",194.64]
[39241,"CABO DE COBRE, RIGIDO, CLASSE 2, ISOLACAO EM PVC/A, ANTICHAMA BWF-B, 1 CONDUTOR, 450/750 V, SECAO NOMINAL 16 MM2                                                                                                                                                                                                                                                                                                                                                                                          ","M     ","CR",19.16]
[1005,"CABO DE COBRE, RIGIDO, CLASSE 2, ISOLACAO EM PVC/A, ANTICHAMA BWF-B, 1 CONDUTOR, 450/750 V, SECAO NOMINAL 185 MM2                                                                                                                                                                                                                                                                                                                                                                                         ","M     ","CR",242.34]
[991,"CABO DE COBRE, RIGIDO, CLASSE 2, ISOLACAO EM PVC/A, ANTICHAMA BWF-B, 1 CONDUTOR, 450/750 V, SECAO NOMINAL 240 MM2                                                                                                                                                                                                                                                                                                                                                                                         ","M     ","CR",317.41000000000003]
[986,"CABO DE COBRE, RIGIDO, CLASSE 2, ISOLACAO EM PVC/A, ANTICHAMA BWF-B, 1 CONDUTOR, 450/750 V, SECAO NOMINAL 25 MM2                                                                                                                                                                                                                                                                                                                                                                                          ","M     ","CR",30.27]
[987,"CABO DE COBRE, RIGIDO, CLASSE 2, ISOLACAO EM PVC/A, ANTICHAMA BWF-B, 1 CONDUTOR, 450/750 V, SECAO NOMINAL 35 MM2                                                                                                                                                                                                                                                                                                                                                                                          ","M     ","CR",41.44]
[1007,"CABO DE COBRE, RIGIDO, CLASSE 2, ISOLACAO EM PVC/A, ANTICHAMA BWF-B, 1 CONDUTOR, 450/750 V, SECAO NOMINAL 50 MM2                                                                                                                                                                                                                                                                                                                                                                                          ","M     ","CR",57.37]
[1008,"CABO DE COBRE, RIGIDO, CLASSE 2, ISOLACAO EM PVC/A, ANTICHAMA BWF-B, 1 CONDUTOR, 450/750 V, SECAO NOMINAL 6 MM2                                                                                                                                                                                                                                                                                                                                                                                           ","M     ","CR",7.28]
[988,"CABO DE COBRE, RIGIDO, CLASSE 2, ISOLACAO EM PVC/A, ANTICHAMA BWF-B, 1 CONDUTOR, 450/750 V, SECAO NOMINAL 70 MM2                                                                                                                                                                                                                                                                                                                                                                                          ","M     ","CR",79.099999999999994]
[989,"CABO DE COBRE, RIGIDO, CLASSE 2, ISOLACAO EM PVC/A, ANTICHAMA BWF-B, 1 CONDUTOR, 450/750 V, SECAO NOMINAL 95 MM2                                                                                                                                                                                                                                                                                                                                                                                          ","M     ","CR",109.19]
[1006,"CABO DE COBRE, RIGIDO, CLASSE 2, ISOLACAO EM PVC, ANTI-CHAMA BWF-B, 1 CONDUTOR, 450/750 V, DIAMETRO 120 MM2                                                                                                                                                                                                                                                                                                                                                                                               ","M     ","CR",146.38]
[43972,"CABO DE REDE, PAR TRANCADO U/UTP, 4 PARES, CATEGORIA 5E (CAT 5E), ISOLAMENTO PVC (CM)                                                                                                                                                                                                                                                                                                                                                                                                                     ","M     ","CR",2.41]
[43971,"CABO DE REDE, PAR TRANCADO U/UTP, 4 PARES, CATEGORIA 5E (CAT 5E), ISOLAMENTO PVC (CMX)                                                                                                                                                                                                                                                                                                                                                                                                                    ","M     ","C ",1.84]
[39598,"CABO DE REDE, PAR TRANCADO U/UTP, 4 PARES, CATEGORIA 5E (CAT 5E), ISOLAMENTO PVC (LSZH)                                                                                                                                                                                                                                                                                                                                                                                                                   ","M     ","CR",3.41]
[43973,"CABO DE REDE, PAR TRANCADO U/UTP, 4 PARES, CATEGORIA 6 (CAT 6), ISOLAMENTO PVC (CM)                                                                                                                                                                                                                                                                                                                                                                                                                       ","M     ","CR",2.52]
[39599,"CABO DE REDE, PAR TRANCADO UTP, 4 PARES, CATEGORIA 6 (CAT 6), ISOLAMENTO PVC (LSZH)                                                                                                                                                                                                                                                                                                                                                                                                                       ","M     ","CR",4.91]
[43832,"CABO ELETRONICO CATEGORIA 6A U/UTP 23AWG X 4P                                                                                                                                                                                                                                                                                                                                                                                                                                                             ","M     ","CR",12.93]
[34602,"CABO FLEXIVEL PVC 750 V, 2 CONDUTORES DE 1,5 MM2                                                                                                                                                                                                                                                                                                                                                                                                                                                          ","M     ","CR",5.01]
[34607,"CABO FLEXIVEL PVC 750 V, 2 CONDUTORES DE 4,0 MM2                                                                                                                                                                                                                                                                                                                                                                                                                                                          ","M     ","CR",12.27]
[34609,"CABO FLEXIVEL PVC 750 V, 2 CONDUTORES DE 6,0 MM2                                                                                                                                                                                                                                                                                                                                                                                                                                                          ","M     ","CR",17.850000000000001]
[34618,"CABO FLEXIVEL PVC 750 V, 3 CONDUTORES DE 1,5 MM2                                                                                                                                                                                                                                                                                                                                                                                                                                                          ","M     ","CR",6.83]
[34621,"CABO FLEXIVEL PVC 750 V, 3 CONDUTORES DE 4,0 MM2                                                                                                                                                                                                                                                                                                                                                                                                                                                          ","M     ","CR",16.920000000000002]
[34622,"CABO FLEXIVEL PVC 750 V, 3 CONDUTORES DE 6,0 MM2                                                                                                                                                                                                                                                                                                                                                                                                                                                          ","M     ","CR",25.14]
[34624,"CABO FLEXIVEL PVC 750 V, 4 CONDUTORES DE 1,5 MM2                                                                                                                                                                                                                                                                                                                                                                                                                                                          ","M     ","CR",9.1199999999999992]
[34627,"CABO FLEXIVEL PVC 750 V, 4 CONDUTORES DE 4,0 MM2                                                                                                                                                                                                                                                                                                                                                                                                                                                          ","M     ","CR",21.98]
[34629,"CABO FLEXIVEL PVC 750 V, 4 CONDUTORES DE 6,0 MM2                                                                                                                                                                                                                                                                                                                                                                                                                                                          ","M     ","CR",33.590000000000003]
[39257,"CABO MULTIPOLAR DE COBRE, FLEXIVEL, CLASSE 4 OU 5, ISOLACAO EM HEPR, COBERTURA EM PVC-ST2, ANTICHAMA BWF-B, 0,6/1 KV, 3 CONDUTORES DE 1,5 MM2                                                                                                                                                                                                                                                                                                                                                             ","M     ","CR",6.83]
[39261,"CABO MULTIPOLAR DE COBRE, FLEXIVEL, CLASSE 4 OU 5, ISOLACAO EM HEPR, COBERTURA EM PVC-ST2, ANTICHAMA BWF-B, 0,6/1 KV, 3 CONDUTORES DE 10 MM2                                                                                                                                                                                                                                                                                                                                                              ","M     ","CR",39.130000000000003]
[39268,"CABO MULTIPOLAR DE COBRE, FLEXIVEL, CLASSE 4 OU 5, ISOLACAO EM HEPR, COBERTURA EM PVC-ST2, ANTICHAMA BWF-B, 0,6/1 KV, 3 CONDUTORES DE 120 MM2                                                                                                                                                                                                                                                                                                                                                             ","M     ","CR",611.64]
[39262,"CABO MULTIPOLAR DE COBRE, FLEXIVEL, CLASSE 4 OU 5, ISOLACAO EM HEPR, COBERTURA EM PVC-ST2, ANTICHAMA BWF-B, 0,6/1 KV, 3 CONDUTORES DE 16 MM2                                                                                                                                                                                                                                                                                                                                                              ","M     ","CR",62.31]
[39258,"CABO MULTIPOLAR DE COBRE, FLEXIVEL, CLASSE 4 OU 5, ISOLACAO EM HEPR, COBERTURA EM PVC-ST2, ANTICHAMA BWF-B, 0,6/1 KV, 3 CONDUTORES DE 2,5 MM2                                                                                                                                                                                                                                                                                                                                                             ","M     ","CR",10.3]
[39263,"CABO MULTIPOLAR DE COBRE, FLEXIVEL, CLASSE 4 OU 5, ISOLACAO EM HEPR, COBERTURA EM PVC-ST2, ANTICHAMA BWF-B, 0,6/1 KV, 3 CONDUTORES DE 25 MM2                                                                                                                                                                                                                                                                                                                                                              ","M     ","CR",107.75]
[39264,"CABO MULTIPOLAR DE COBRE, FLEXIVEL, CLASSE 4 OU 5, ISOLACAO EM HEPR, COBERTURA EM PVC-ST2, ANTICHAMA BWF-B, 0,6/1 KV, 3 CONDUTORES DE 35 MM2                                                                                                                                                                                                                                                                                                                                                              ","M     ","CR",149.27000000000001]
[39259,"CABO MULTIPOLAR DE COBRE, FLEXIVEL, CLASSE 4 OU 5, ISOLACAO EM HEPR, COBERTURA EM PVC-ST2, ANTICHAMA BWF-B, 0,6/1 KV, 3 CONDUTORES DE 4 MM2                                                                                                                                                                                                                                                                                                                                                               ","M     ","CR",15.86]
[39265,"CABO MULTIPOLAR DE COBRE, FLEXIVEL, CLASSE 4 OU 5, ISOLACAO EM HEPR, COBERTURA EM PVC-ST2, ANTICHAMA BWF-B, 0,6/1 KV, 3 CONDUTORES DE 50 MM2                                                                                                                                                                                                                                                                                                                                                              ","M     ","CR",202.65]
[39260,"CABO MULTIPOLAR DE COBRE, FLEXIVEL, CLASSE 4 OU 5, ISOLACAO EM HEPR, COBERTURA EM PVC-ST2, ANTICHAMA BWF-B, 0,6/1 KV, 3 CONDUTORES DE 6 MM2                                                                                                                                                                                                                                                                                                                                                               ","M     ","CR",24.29]
[39266,"CABO MULTIPOLAR DE COBRE, FLEXIVEL, CLASSE 4 OU 5, ISOLACAO EM HEPR, COBERTURA EM PVC-ST2, ANTICHAMA BWF-B, 0,6/1 KV, 3 CONDUTORES DE 70 MM2                                                                                                                                                                                                                                                                                                                                                              ","M     ","CR",305.8]
[39267,"CABO MULTIPOLAR DE COBRE, FLEXIVEL, CLASSE 4 OU 5, ISOLACAO EM HEPR, COBERTURA EM PVC-ST2, ANTICHAMA BWF-B, 0,6/1 KV, 3 CONDUTORES DE 95 MM2                                                                                                                                                                                                                                                                                                                                                              ","M     ","CR",382.33]
[11901,"CABO TELEFONICO CCI 50, 1 PAR, USO INTERNO, SEM BLINDAGEM                                                                                                                                                                                                                                                                                                                                                                                                                                                 ","M     ","CR",0.44]
[11902,"CABO TELEFONICO CCI 50, 2 PARES, USO INTERNO, SEM BLINDAGEM                                                                                                                                                                                                                                                                                                                                                                                                                                               ","M     ","CR",0.84]
[11903,"CABO TELEFONICO CCI 50, 3 PARES, USO INTERNO, SEM BLINDAGEM                                                                                                                                                                                                                                                                                                                                                                                                                                               ","M     ","CR",0.89]
[11904,"CABO TELEFONICO CCI 50, 4 PARES, USO INTERNO, SEM BLINDAGEM                                                                                                                                                                                                                                                                                                                                                                                                                                               ","M     ","CR",1.36]
[11905,"CABO TELEFONICO CCI 50, 5 PARES, USO INTERNO, SEM BLINDAGEM                                                                                                                                                                                                                                                                                                                                                                                                                                               ","M     ","CR",1.65]
[11906,"CABO TELEFONICO CCI 50, 6 PARES, USO INTERNO, SEM BLINDAGEM                                                                                                                                                                                                                                                                                                                                                                                                                                               ","M     ","CR",2.1]
[11919,"CABO TELEFONICO CI 50, 10 PARES, USO INTERNO                                                                                                                                                                                                                                                                                                                                                                                                                                                              ","M     ","CR",3.86]
[11920,"CABO TELEFONICO CI 50, 20 PARES, USO INTERNO                                                                                                                                                                                                                                                                                                                                                                                                                                                              ","M     ","CR",7.33]
[11924,"CABO TELEFONICO CI 50, 200 PARES, USO INTERNO                                                                                                                                                                                                                                                                                                                                                                                                                                                             ","M     ","CR",61.56]
[11921,"CABO TELEFONICO CI 50, 30 PARES, USO INTERNO                                                                                                                                                                                                                                                                                                                                                                                                                                                              ","M     ","CR",10.73]
[11922,"CABO TELEFONICO CI 50, 50 PARES, USO INTERNO                                                                                                                                                                                                                                                                                                                                                                                                                                                              ","M     ","CR",17.350000000000001]
[11923,"CABO TELEFONICO CI 50, 75 PARES, USO INTERNO                                                                                                                                                                                                                                                                                                                                                                                                                                                              ","M     ","CR",25.4]
[11916,"CABO TELEFONICO CTP - APL - 50, 10 PARES, USO EXTERNO                                                                                                                                                                                                                                                                                                                                                                                                                                                     ","M     ","CR",5.28]
[11914,"CABO TELEFONICO CTP - APL - 50, 100 PARES, USO EXTERNO                                                                                                                                                                                                                                                                                                                                                                                                                                                    ","M     ","CR",38.049999999999997]
[11917,"CABO TELEFONICO CTP - APL - 50, 20 PARES, USO EXTERNO                                                                                                                                                                                                                                                                                                                                                                                                                                                     ","M     ","CR",9.3000000000000007]
[11918,"CABO TELEFONICO CTP - APL - 50, 30 PARES, USO EXTERNO                                                                                                                                                                                                                                                                                                                                                                                                                                                     ","M     ","CR",11.03]
[37734,"CACAMBA METALICA BASCULANTE COM CAPACIDADE DE 10 M3 (INCLUI MONTAGEM, NAO INCLUI CAMINHAO)                                                                                                                                                                                                                                                                                                                                                                                                                ","UN    ","AS",80139.05]
[42251,"CACAMBA METALICA BASCULANTE COM CAPACIDADE DE 12 M3 (INCLUI MONTAGEM, NAO INCLUI CAMINHAO)                                                                                                                                                                                                                                                                                                                                                                                                                ","UN    ","AS",91002.79]
[37733,"CACAMBA METALICA BASCULANTE COM CAPACIDADE DE 6 M3 (INCLUI MONTAGEM, NAO INCLUI CAMINHAO)                                                                                                                                                                                                                                                                                                                                                                                                                 ","UN    ","AS",60087.96]
[37735,"CACAMBA METALICA BASCULANTE COM CAPACIDADE DE 8 M3 (INCLUI MONTAGEM, NAO INCLUI CAMINHAO)                                                                                                                                                                                                                                                                                                                                                                                                                 ","UN    ","AS",72405.990000000005]
[5090,"CADEADO SIMPLES, CORPO EM LATAO MACICO, COM LARGURA DE 25 MM E ALTURA DE APROX 25 MM, HASTE CEMENTADA (NAO LONGA), EM ACO TEMPERADO COM DIAMETRO DE APROX 5,0 MM, INCLUINDO 2 CHAVES                                                                                                                                                                                                                                                                                                                      ","UN    ","C ",20.71]
[5085,"CADEADO SIMPLES, CORPO EM LATAO MACICO, COM LARGURA DE 35 MM E ALTURA DE APROX 30 MM, HASTE CEMENTADA (NAO LONGA), EM ACO TEMPERADO COM DIAMETRO DE APROX 6,0 MM, INCLUINDO 2 CHAVES                                                                                                                                                                                                                                                                                                                      ","UN    ","CR",30.83]
[43603,"CADEADO SIMPLES, CORPO EM LATAO MACICO, COM LARGURA DE 50 MM E ALTURA DE APROX 40 MM, HASTE CEMENTADA EM ACO TEMPERADO COM DIAMETRO DE APROX 8,0 MM, INCLUINDO 2 CHAVES                                                                                                                                                                                                                                                                                                                                   ","UN    ","CR",44.04]
[38374,"CADEIRA SUSPENSA MANUAL / BALANCIM INDIVIDUAL (NBR 14751)                                                                                                                                                                                                                                                                                                                                                                                                                                                 ","UN    ","CR",1353.65]
[20212,"CAIBRO APARELHADO *6 X 8* CM, EM MACARANDUBA/MASSARANDUBA, ANGELIM OU EQUIVALENTE DA REGIAO                                                                                                                                                                                                                                                                                                                                                                                                               ","M     ","CR",14.25]
[20209,"CAIBRO APARELHADO *7,5 X 7,5* CM, EM MACARANDUBA/MASSARANDUBA, ANGELIM OU EQUIVALENTE DA REGIAO                                                                                                                                                                                                                                                                                                                                                                                                           ","M     ","CR",17.02]
[4430,"CAIBRO NAO APARELHADO *5 X 6* CM, EM MACARANDUBA/MASSARANDUBA, ANGELIM OU EQUIVALENTE DA REGIAO - BRUTA                                                                                                                                                                                                                                                                                                                                                                                                   ","M     ","C ",8.34]
[4433,"CAIBRO NAO APARELHADO *6 X 6* CM, EM MACARANDUBA/MASSARANDUBA, ANGELIM OU EQUIVALENTE DA REGIAO - BRUTA                                                                                                                                                                                                                                                                                                                                                                                                   ","M     ","CR",16.309999999999999]
[4400,"CAIBRO NAO APARELHADO, *6 X 8* CM, EM MACARANDUBA/MASSARANDUBA, ANGELIM OU EQUIVALENTE DA REGIAO - BRUTA                                                                                                                                                                                                                                                                                                                                                                                                  ","M     ","CR",13.27]
[2729,"CAIBRO ROLICO DE MADEIRA TRATADA, D = 4 A 7 CM, H = 3,00 M, EM EUCALIPTO OU EQUIVALENTE DA REGIAO                                                                                                                                                                                                                                                                                                                                                                                                         ","UN    ","CR",36.200000000000003]
[4513,"CAIBRO 5 X 5 CM EM PINUS, MISTA OU EQUIVALENTE DA REGIAO - BRUTA                                                                                                                                                                                                                                                                                                                                                                                                                                          ","M     ","CR",7.19]
[37106,"CAIXA D'AGUA / RESERVATORIO EM POLIESTER REFORCADO COM FIBRA DE VIDRO, 10000 LITROS, COM TAMPA                                                                                                                                                                                                                                                                                                                                                                                                            ","UN    ","CR",4067.91]
[11869,"CAIXA D'AGUA / RESERVATORIO EM POLIESTER REFORCADO COM FIBRA DE VIDRO, 1500 LITROS, COM TAMPA                                                                                                                                                                                                                                                                                                                                                                                                             ","UN    ","CR",813.58]
[43981,"CAIXA D'AGUA / RESERVATORIO EM POLIESTER REFORCADO COM FIBRA DE VIDRO, 15000 LITROS, COM TAMPA                                                                                                                                                                                                                                                                                                                                                                                                            ","UN    ","CR",6130.3]
[37104,"CAIXA D'AGUA / RESERVATORIO EM POLIESTER REFORCADO COM FIBRA DE VIDRO, 2000 LITROS, COM TAMPA                                                                                                                                                                                                                                                                                                                                                                                                             ","UN    ","CR",1021.06]
[43982,"CAIXA D'AGUA / RESERVATORIO EM POLIESTER REFORCADO COM FIBRA DE VIDRO, 20000 LITROS, COM TAMPA                                                                                                                                                                                                                                                                                                                                                                                                            ","UN    ","CR",9684.34]
[43978,"CAIXA D'AGUA / RESERVATORIO EM POLIESTER REFORCADO COM FIBRA DE VIDRO, 3000 LITROS, COM TAMPA                                                                                                                                                                                                                                                                                                                                                                                                             ","UN    ","CR",1513.19]
[11871,"CAIXA D'AGUA / RESERVATORIO EM POLIESTER REFORCADO COM FIBRA DE VIDRO, 500 LITROS, COM TAMPA                                                                                                                                                                                                                                                                                                                                                                                                              ","UN    ","CR",379.25]
[37105,"CAIXA D'AGUA / RESERVATORIO EM POLIESTER REFORCADO COM FIBRA DE VIDRO, 5000 LITROS, COM TAMPA                                                                                                                                                                                                                                                                                                                                                                                                             ","UN    ","CR",2333.5100000000002]
[43980,"CAIXA D'AGUA / RESERVATORIO EM POLIESTER REFORCADO COM FIBRA DE VIDRO, 7000 LITROS, COM TAMPA                                                                                                                                                                                                                                                                                                                                                                                                             ","UN    ","CR",2906.15]
[43979,"CAIXA D'AGUA / RESERVATORIO EM POLIESTER REFORCADO COM FIBRA DE VIDRO, 750 LITROS, COM TAMPA                                                                                                                                                                                                                                                                                                                                                                                                              ","UN    ","CR",546.03]
[11868,"CAIXA D'AGUA / RESERVATORIO EM POLIESTER REFORCADO COM FIBRA DE VIDRO,1000 LITROS, COM TAMPA                                                                                                                                                                                                                                                                                                                                                                                                              ","UN    ","CR",528.07000000000005]
[34636,"CAIXA D'AGUA / RESERVATORIO EM POLIETILENO, 1000 LITROS, COM TAMPA                                                                                                                                                                                                                                                                                                                                                                                                                                        ","UN    ","C ",375]
[34639,"CAIXA D'AGUA / RESERVATORIO EM POLIETILENO, 1500 LITROS, COM TAMPA                                                                                                                                                                                                                                                                                                                                                                                                                                        ","UN    ","CR",865.56]
[34640,"CAIXA D'AGUA / RESERVATORIO EM POLIETILENO, 2000 LITROS, COM TAMPA                                                                                                                                                                                                                                                                                                                                                                                                                                        ","UN    ","CR",981.85]
[43977,"CAIXA D'AGUA / RESERVATORIO EM POLIETILENO, 3000 LITROS, COM TAMPA                                                                                                                                                                                                                                                                                                                                                                                                                                        ","UN    ","CR",1692.65]
[34637,"CAIXA D'AGUA / RESERVATORIO EM POLIETILENO, 500 LITROS, COM TAMPA                                                                                                                                                                                                                                                                                                                                                                                                                                         ","UN    ","CR",226.78]
[34638,"CAIXA D'AGUA / RESERVATORIO EM POLIETILENO, 750 LITROS, COM TAMPA                                                                                                                                                                                                                                                                                                                                                                                                                                         ","UN    ","CR",350.78]
[34641,"CAIXA DE ATERRAMENTO EM CONCRETO PRE-MOLDADO, DIAMETRO DE 0,30 M E ALTURA DE 0,35 M, SEM FUNDO E COM TAMPA                                                                                                                                                                                                                                                                                                                                                                                                ","UN    ","AS",113.78]
[43434,"CAIXA DE CONCRETO ARMADO PRE-MOLDADO, COM FUNDO E SEM TAMPA, DIMENSOES DE 0,30 X 0,30 X 0,30 M                                                                                                                                                                                                                                                                                                                                                                                                            ","UN    ","AS",123.02]
[43435,"CAIXA DE CONCRETO ARMADO PRE-MOLDADO, COM FUNDO E SEM TAMPA, DIMENSOES DE 0,40 X 0,40 X 0,40 M                                                                                                                                                                                                                                                                                                                                                                                                            ","UN    ","AS",225.54]
[43436,"CAIXA DE CONCRETO ARMADO PRE-MOLDADO, COM FUNDO E SEM TAMPA, DIMENSOES DE 0,60 X 0,60 X 0,50 M                                                                                                                                                                                                                                                                                                                                                                                                            ","UN    ","AS",394.7]
[43437,"CAIXA DE CONCRETO ARMADO PRE-MOLDADO, COM FUNDO E SEM TAMPA, DIMENSOES DE 0,80 X 0,80 X 0,50 M                                                                                                                                                                                                                                                                                                                                                                                                            ","UN    ","AS",715.59]
[43438,"CAIXA DE CONCRETO ARMADO PRE-MOLDADO, COM FUNDO E SEM TAMPA, DIMENSOES DE 1,00 X 1,00 X 0,50 M                                                                                                                                                                                                                                                                                                                                                                                                            ","UN    ","AS",1281.51]
[41627,"CAIXA DE CONCRETO ARMADO PRE-MOLDADO, COM FUNDO E TAMPA, DIMENSOES DE 0,30 X 0,30 X 0,30 M                                                                                                                                                                                                                                                                                                                                                                                                                ","UN    ","AS",189.66]
[41628,"CAIXA DE CONCRETO ARMADO PRE-MOLDADO, COM FUNDO E TAMPA, DIMENSOES DE 0,40 X 0,40 X 0,40 M                                                                                                                                                                                                                                                                                                                                                                                                                ","UN    ","AS",348.57]
[41629,"CAIXA DE CONCRETO ARMADO PRE-MOLDADO, COM FUNDO E TAMPA, DIMENSOES DE 0,60 X 0,60 X 0,50 M                                                                                                                                                                                                                                                                                                                                                                                                                ","UN    ","AS",442.89]
[43429,"CAIXA DE CONCRETO ARMADO PRE-MOLDADO, SEM FUNDO, QUADRADA, DIMENSOES DE 0,30 X 0,30 X 0,30 M                                                                                                                                                                                                                                                                                                                                                                                                              ","UN    ","AS",98.13]
[43430,"CAIXA DE CONCRETO ARMADO PRE-MOLDADO, SEM FUNDO, QUADRADA, DIMENSOES DE 0,40 X 0,40 X 0,40 M                                                                                                                                                                                                                                                                                                                                                                                                              ","UN    ","AS",163]
[43431,"CAIXA DE CONCRETO ARMADO PRE-MOLDADO, SEM FUNDO, QUADRADA, DIMENSOES DE 0,60 X 0,60 X 0,50 M                                                                                                                                                                                                                                                                                                                                                                                                              ","UN    ","AS",315.76]
[43432,"CAIXA DE CONCRETO ARMADO PRE-MOLDADO, SEM FUNDO, QUADRADA, DIMENSOES DE 0,80 X 0,80 X 0,50 M                                                                                                                                                                                                                                                                                                                                                                                                              ","UN    ","AS",656.13]
[43433,"CAIXA DE CONCRETO ARMADO PRE-MOLDADO, SEM FUNDO, QUADRADA, DIMENSOES DE 1,00 X 1,00 X 0,50 M                                                                                                                                                                                                                                                                                                                                                                                                              ","UN    ","AS",1034.43]
[43094,"CAIXA DE DERIVACAO PARA MEDIDOR DE ENERGIA, COM BARRAMENTO MONOFASICO, EM POLICARBONATO / TERMOPLASTICO - MODULO (PADRAO CONCESSIONARIA LOCAL)                                                                                                                                                                                                                                                                                                                                                            ","UN    ","CR",273.69]
[43093,"CAIXA DE DERIVACAO PARA MEDIDOR DE ENERGIA, COM BARRAMENTO POLIFASICO, EM POLICARBONATO / TERMOPLASTICO - MODULO (PADRAO CONCESSIONARIA LOCAL)                                                                                                                                                                                                                                                                                                                                                            ","UN    ","CR",290.85000000000002]
[11694,"CAIXA DE DESCARGA PLASTICA PARA BACIA / VASO SANITARIO DE EMBUTIR, COM ESPELHO ACIONADOR EM PLASTICO, CAPACIDADE 6 A 10 LITROS, (COMPLETA - ACESSORIOS INCLUSOS)                                                                                                                                                                                                                                                                                                                                          ","UN    ","CR",884.21]
[1030,"CAIXA DE DESCARGA PLASTICA PARA BACIA / VASO SANITARIO, EXTERNA, CAPACIDADE 9 LITROS, PUXADOR FIO DE NYLON, NAO INCLUSO CANO, BOLSA, ENGATE                                                                                                                                                                                                                                                                                                                                                               ","UN    ","C ",40]
[11881,"CAIXA DE GORDURA CILINDRICA EM CONCRETO SIMPLES, PRE-MOLDADA, COM DIAMETRO DE 40 CM E ALTURA DE 45 CM, COM TAMPA                                                                                                                                                                                                                                                                                                                                                                                          ","UN    ","AS",174.28]
[35277,"CAIXA DE GORDURA EM PVC, DIAMETRO MINIMO 300 MM, DIAMETRO DE SAIDA 100 MM, CAPACIDADE APROXIMADA 18 LITROS, COM TAMPA E CESTO                                                                                                                                                                                                                                                                                                                                                                             ","UN    ","AS",388.26]
[10521,"CAIXA DE INCENDIO/ABRIGO PARA MANGUEIRA, DE EMBUTIR/INTERNA, COM 75 X 45 X 17 CM, EM CHAPA DE ACO, PORTA COM VENTILACAO, VISOR COM A INSCRICAO \"INCENDIO\", SUPORTE/CESTA INTERNA PARA A MANGUEIRA, PINTURA ELETROSTATICA VERMELHA                                                                                                                                                                                                                                                                         ","UN    ","AS",305.45]
[10885,"CAIXA DE INCENDIO/ABRIGO PARA MANGUEIRA, DE EMBUTIR/INTERNA, COM 90 X 60 X 17 CM, EM CHAPA DE ACO, PORTA COM VENTILACAO, VISOR COM A INSCRICAO \"INCENDIO\", SUPORTE/CESTA INTERNA PARA A MANGUEIRA, PINTURA ELETROSTATICA VERMELHA                                                                                                                                                                                                                                                                         ","UN    ","AS",386.36]
[20962,"CAIXA DE INCENDIO/ABRIGO PARA MANGUEIRA, DE SOBREPOR/EXTERNA, COM 75 X 45 X 17 CM, EM CHAPA DE ACO, PORTA COM VENTILACAO, VISOR COM A INSCRICAO \"INCENDIO\", SUPORTE/CESTA INTERNA PARA A MANGUEIRA, PINTURA ELETROSTATICA VERMELHA                                                                                                                                                                                                                                                                        ","UN    ","AS",320]
[20963,"CAIXA DE INCENDIO/ABRIGO PARA MANGUEIRA, DE SOBREPOR/EXTERNA, COM 90 X 60 X 17 CM, EM CHAPA DE ACO, PORTA COM VENTILACAO, VISOR COM A INSCRICAO \"INCENDIO\", SUPORTE/CESTA INTERNA PARA A MANGUEIRA, PINTURA ELETROSTATICA VERMELHA                                                                                                                                                                                                                                                                        ","UN    ","AS",390.9]
[34643,"CAIXA DE INSPECAO PARA ATERRAMENTO E PARA RAIOS, EM POLIPROPILENO, DIAMETRO = 300 MM X ALTURA = 400 MM                                                                                                                                                                                                                                                                                                                                                                                                    ","UN    ","AS",44.71]
[41480,"CAIXA DE INSPECAO PARA ATERRAMENTO OU OUTRO USO, EM PVC, DN = 250 X 250 MM                                                                                                                                                                                                                                                                                                                                                                                                                                ","UN    ","AS",51.84]
[41474,"CAIXA DE INSPECAO PARA ATERRAMENTO OU OUTRO USO, EM PVC, DN = 300 X *300* MM                                                                                                                                                                                                                                                                                                                                                                                                                              ","UN    ","AS",82.82]
[41475,"CAIXA DE INSPECAO PARA ATERRAMENTO OU OUTRO USO, EM PVC, DN = 300 X 250 MM                                                                                                                                                                                                                                                                                                                                                                                                                                ","UN    ","AS",70.66]
[41476,"CAIXA DE INSPECAO PARA ATERRAMENTO OU OUTRO USO, EM PVC, DN = 300 X 600 MM                                                                                                                                                                                                                                                                                                                                                                                                                                ","UN    ","AS",154.72]
[2555,"CAIXA DE LUZ \"3 X 3\" EM ACO ESMALTADA                                                                                                                                                                                                                                                                                                                                                                                                                                                                     ","UN    ","CR",1.7]
[2556,"CAIXA DE LUZ \"4 X 2\" EM ACO ESMALTADA                                                                                                                                                                                                                                                                                                                                                                                                                                                                     ","UN    ","CR",1.76]
[2557,"CAIXA DE LUZ \"4 X 4\" EM ACO ESMALTADA                                                                                                                                                                                                                                                                                                                                                                                                                                                                     ","UN    ","CR",3.72]
[10569,"CAIXA DE PASSAGEM / DERIVACAO / LUZ, OCTOGONAL 4 X4, EM ACO ESMALTADA, COM FUNDO MOVEL SIMPLES (FMS)                                                                                                                                                                                                                                                                                                                                                                                                      ","UN    ","CR",3.72]
[39810,"CAIXA DE PASSAGEM ELETRICA DE PAREDE, DE EMBUTIR, EM PVC, COM TAMPA APARAFUSADA, DIMENSOES 120 X 120 X *75* MM                                                                                                                                                                                                                                                                                                                                                                                            ","UN    ","CR",36.93]
[39811,"CAIXA DE PASSAGEM ELETRICA DE PAREDE, DE EMBUTIR, EM PVC, COM TAMPA APARAFUSADA, DIMENSOES 150 X 150 X *75* MM                                                                                                                                                                                                                                                                                                                                                                                            ","UN    ","CR",45.18]
[39812,"CAIXA DE PASSAGEM ELETRICA DE PAREDE, DE EMBUTIR, EM PVC, COM TAMPA APARAFUSADA, DIMENSOES 200 X 200 X *90* MM                                                                                                                                                                                                                                                                                                                                                                                            ","UN    ","CR",74.28]
[43096,"CAIXA DE PASSAGEM ELETRICA DE PAREDE, DE EMBUTIR, EM TERMOPLASTICO / PVC, COM TAMPA APARAFUSADA, DIMENSOES 400 X 400 X *120* MM                                                                                                                                                                                                                                                                                                                                                                           ","UN    ","CR",246.24]
[43102,"CAIXA DE PASSAGEM ELETRICA DE PAREDE, DE SOBREPOR, EM PVC, COM TAMPA APARAFUSADA, DIMENSOES 300 X 300 X *100* MM                                                                                                                                                                                                                                                                                                                                                                                          ","UN    ","CR",149.72999999999999]
[43103,"CAIXA DE PASSAGEM ELETRICA DE PAREDE, DE SOBREPOR, EM PVC, COM TAMPA APARAFUSADA, DIMENSOES, 400 X 400 X *120* MM                                                                                                                                                                                                                                                                                                                                                                                         ","UN    ","CR",220.47]
[43098,"CAIXA DE PASSAGEM ELETRICA DE PAREDE, DE SOBREPOR, EM TERMOPLASTICO / PVC, COM TAMPA APARAFUSADA, DIMENSOES 200 X 200 X *100* MM                                                                                                                                                                                                                                                                                                                                                                          ","UN    ","CR",83.41]
[43097,"CAIXA DE PASSAGEM ELETRICA DE PAREDE, DE SOBREPOR, EM TERMOPLASTICO / PVC, COM TAMPA APARAFUSADA, DIMENSOES, 150 X 150 X *100* MM                                                                                                                                                                                                                                                                                                                                                                         ","UN    ","CR",49.41]
[43104,"CAIXA DE PASSAGEM ELETRICA, PARA PISO, EM PVC, DIMENSOES DE 3/4\" A 4\"                                                                                                                                                                                                                                                                                                                                                                                                                                     ","UN    ","CR",584.54]
[39771,"CAIXA DE PASSAGEM METALICA DE SOBREPOR COM TAMPA PARAFUSADA, DIMENSOES 20 X 20 X 10 CM                                                                                                                                                                                                                                                                                                                                                                                                                    ","UN    ","CR",35.799999999999997]
[39772,"CAIXA DE PASSAGEM METALICA DE SOBREPOR COM TAMPA PARAFUSADA, DIMENSOES 30 X 30 X 10 CM                                                                                                                                                                                                                                                                                                                                                                                                                    ","UN    ","CR",70.36]
[39773,"CAIXA DE PASSAGEM METALICA DE SOBREPOR COM TAMPA PARAFUSADA, DIMENSOES 40 X 40 X 15 CM                                                                                                                                                                                                                                                                                                                                                                                                                    ","UN    ","CR",113.09]
[39774,"CAIXA DE PASSAGEM METALICA DE SOBREPOR COM TAMPA PARAFUSADA, DIMENSOES 50 X 50 X 15 CM                                                                                                                                                                                                                                                                                                                                                                                                                    ","UN    ","CR",169.16]
[39775,"CAIXA DE PASSAGEM METALICA DE SOBREPOR COM TAMPA PARAFUSADA, DIMENSOES 60 X 60 X 20 CM                                                                                                                                                                                                                                                                                                                                                                                                                    ","UN    ","CR",225.77]
[39776,"CAIXA DE PASSAGEM METALICA DE SOBREPOR COM TAMPA PARAFUSADA, DIMENSOES 70 X 70 X 20 CM                                                                                                                                                                                                                                                                                                                                                                                                                    ","UN    ","CR",272.85000000000002]
[39777,"CAIXA DE PASSAGEM METALICA DE SOBREPOR COM TAMPA PARAFUSADA, DIMENSOES 80 X 80 X 20 CM                                                                                                                                                                                                                                                                                                                                                                                                                    ","UN    ","CR",345.83]
[20254,"CAIXA DE PASSAGEM METALICA, DE SOBREPOR, COM TAMPA APARAFUSADA, DIMENSOES 15 X 15 X *10* CM                                                                                                                                                                                                                                                                                                                                                                                                               ","UN    ","CR",25.1]
[20253,"CAIXA DE PASSAGEM METALICA, DE SOBREPOR, COM TAMPA APARAFUSADA, DIMENSOES 35 X 35 X *12* CM                                                                                                                                                                                                                                                                                                                                                                                                               ","UN    ","CR",82.43]
[14055,"CAIXA DE PASSAGEM/ LUZ / TELEFONIA, DE EMBUTIR, EM CHAPA DE ACO GALVANIZADO, DIMENSOES 120 X 120 X *12* CM (PADRAO CONCESSIONARIA LOCAL)                                                                                                                                                                                                                                                                                                                                                                  ","UN    ","CR",753.22]
[11247,"CAIXA DE PASSAGEM/ LUZ / TELEFONIA, DE EMBUTIR, EM CHAPA DE ACO GALVANIZADO, DIMENSOES 150 X 150 X 15 CM (PADRAO CONCESSIONARIA LOCAL)                                                                                                                                                                                                                                                                                                                                                                    ","UN    ","CR",1584.94]
[11250,"CAIXA DE PASSAGEM/ LUZ / TELEFONIA, DE EMBUTIR, EM CHAPA DE ACO GALVANIZADO, DIMENSOES 20 X 20 X *12* CM (PADRAO CONCESSIONARIA LOCAL)                                                                                                                                                                                                                                                                                                                                                                    ","UN    ","CR",68.23]
[11249,"CAIXA DE PASSAGEM/ LUZ / TELEFONIA, DE EMBUTIR, EM CHAPA DE ACO GALVANIZADO, DIMENSOES 200 X 200 X 20 CM (PADRAO CONCESSIONARIA LOCAL)                                                                                                                                                                                                                                                                                                                                                                    ","UN    ","CR",3095.95]
[11251,"CAIXA DE PASSAGEM/ LUZ / TELEFONIA, DE EMBUTIR, EM CHAPA DE ACO GALVANIZADO, DIMENSOES 40 X 40 X *12* CM (PADRAO CONCESSIONARIA LOCAL)                                                                                                                                                                                                                                                                                                                                                                    ","UN    ","CR",151.13999999999999]
[11253,"CAIXA DE PASSAGEM/ LUZ / TELEFONIA, DE EMBUTIR, EM CHAPA DE ACO GALVANIZADO, DIMENSOES 60 X 60 X *12* CM (PADRAO CONCESSIONARIA LOCAL)                                                                                                                                                                                                                                                                                                                                                                    ","UN    ","CR",250.46]
[11255,"CAIXA DE PASSAGEM/ LUZ / TELEFONIA, DE EMBUTIR, EM CHAPA DE ACO GALVANIZADO, DIMENSOES 80 X 80 X *12* CM (PADRAO CONCESSIONARIA LOCAL)                                                                                                                                                                                                                                                                                                                                                                    ","UN    ","CR",374.43]
[11256,"CAIXA DE PASSAGEM/ LUZ / TELEFONIA, DE SOBREPOR, EM CHAPA DE ACO GALVANIZADO, DIMENSOES 80 X 80 X *12* CM (PADRAO CONCESSIONARIA LOCAL)                                                                                                                                                                                                                                                                                                                                                                   ","UN    ","CR",469.01]
[1872,"CAIXA DE PASSAGEM, EM PVC, DE 4\" X 2\", PARA ELETRODUTO FLEXIVEL CORRUGADO                                                                                                                                                                                                                                                                                                                                                                                                                                 ","UN    ","CR",2.62]
[1873,"CAIXA DE PASSAGEM, EM PVC, DE 4\" X 4\", PARA ELETRODUTO FLEXIVEL CORRUGADO                                                                                                                                                                                                                                                                                                                                                                                                                                 ","UN    ","CR",5.21]
[39693,"CAIXA DE PROTECAO EXTERNA PARA MEDIDOR HOROSAZONAL, DE BAIXA TENSAO, COM MODULO, EM CHAPA DE ACO (PADRAO DA CONCESSIONARIA LOCAL)                                                                                                                                                                                                                                                                                                                                                                         ","UN    ","CR",2945.62]
[39692,"CAIXA DE PROTECAO PARA TRANSFORMADOR CORRENTE, EM CHAPA DE ACO 18 USG (PADRAO DA CONCESSIONARIA LOCAL)                                                                                                                                                                                                                                                                                                                                                                                                    ","UN    ","CR",942.53]
[1062,"CAIXA INTERNA/EXTERNA DE MEDICAO PARA 1 MEDIDOR TRIFASICO, COM VISOR, EM CHAPA DE ACO 18 USG (PADRAO DA CONCESSIONARIA LOCAL)                                                                                                                                                                                                                                                                                                                                                                             ","UN    ","CR",298.7]
[39686,"CAIXA INTERNA/EXTERNA DE MEDICAO PARA 4 MEDIDORES MONOFASICOS, COM VISOR, EM CHAPA DE ACO 18 USG (PADRAO DA CONCESSIONARIA LOCAL)                                                                                                                                                                                                                                                                                                                                                                         ","UN    ","CR",483.66]
[43095,"CAIXA MODULAR PARA MEDIDOR DE ENERGIA AGRUPADA, EM POLICARBONATO / TERMOPLASTICO, COM SUPORTE PARA DISJUNTOR (PADRAO DA CONCESSIONARIA LOCAL)                                                                                                                                                                                                                                                                                                                                                             ","UN    ","CR",162.26]
[1871,"CAIXA OCTOGONAL DE FUNDO MOVEL, EM PVC, DE 3\" X 3\", PARA ELETRODUTO FLEXIVEL CORRUGADO                                                                                                                                                                                                                                                                                                                                                                                                                    ","UN    ","CR",4.6900000000000004]
[12001,"CAIXA OCTOGONAL DE FUNDO MOVEL, EM PVC, DE 4\" X 4\", PARA ELETRODUTO FLEXIVEL CORRUGADO                                                                                                                                                                                                                                                                                                                                                                                                                    ","UN    ","CR",6.78]
[11882,"CAIXA PARA HIDROMETRO CONCRETO PRE MOLDADO, *0,24 M X 0,45 M X 0,30* M (L X C X A)                                                                                                                                                                                                                                                                                                                                                                                                                        ","UN    ","AS",125.07]
[1068,"CAIXA PARA MEDICAO COLETIVA TIPO L, PADRAO BIFASICO OU TRIFASICO, PARA ATE 4 MEDIDORES, SEM BARRAMENTO E COM PORTAS INFERIOR E SUPERIOR                                                                                                                                                                                                                                                                                                                                                                   ","UN    ","CR",1970.26]
[39690,"CAIXA PARA MEDICAO COLETIVA TIPO M, PADRAO BIFASICO OU TRIFASICO, PARA ATE 8 MEDIDORES, SEM BARRAMENTO E COM PORTAS INFERIOR E SUPERIOR                                                                                                                                                                                                                                                                                                                                                                   ","UN    ","CR",3305.45]
[39691,"CAIXA PARA MEDICAO COLETIVA TIPO N, PADRAO BIFASICO OU TRIFASICO, PARA ATE 12 MEDIDORES, SEM BARRAMENTO E COM PORTAS INFERIOR E SUPERIOR                                                                                                                                                                                                                                                                                                                                                                  ","UN    ","CR",4157.33]
[39808,"CAIXA PARA MEDIDOR MONOFASICO, EM POLICARBONATO / TERMOPLASTICO, PARA ALOJAR 1 DISJUNTOR (PADRAO DA CONCESSIONARIA LOCAL)                                                                                                                                                                                                                                                                                                                                                                                 ","UN    ","CR",84.71]
[39809,"CAIXA PARA MEDIDOR POLIFASICO, EM POLICARBONATO / TERMOPLASTICO, PARA ALOJAR 1 DISJUNTOR (PADRAO DA CONCESSIONARIA LOCAL)                                                                                                                                                                                                                                                                                                                                                                                 ","UN    ","CR",200.92]
[43439,"CAIXA PRE-MOLDADA PARA BOCA DE LOBO, EM CONCRETO ARMADO, COM FCK DE 25 MPA, COM DIMENSOES 1,10 X 0,65 X 1,00 M (COMPRIMENTO X LARGURA X ALTURA)                                                                                                                                                                                                                                                                                                                                                           ","UN    ","AS",574.11]
[5103,"CAIXA SIFONADA PVC, 100 X 100 X 50 MM, COM GRELHA REDONDA, BRANCA                                                                                                                                                                                                                                                                                                                                                                                                                                         ","UN    ","AS",24.58]
[11880,"CAIXA SIFONADA PVC, 250 X 230 X 75 MM, COM TAMPA CEGA QUADRADA, BRANCA                                                                                                                                                                                                                                                                                                                                                                                                                                    ","UN    ","AS",103.38]
[11714,"CAIXA SIFONADA, PVC, 150 X *185* X 75 MM, COM GRELHA QUADRADA, BRANCA                                                                                                                                                                                                                                                                                                                                                                                                                                     ","UN    ","AS",70.430000000000007]
[11712,"CAIXA SIFONADA, PVC, 150 X 150 X 50 MM, COM GRELHA QUADRADA, BRANCA (NBR 5688)                                                                                                                                                                                                                                                                                                                                                                                                                            ","UN    ","AS",45.99]
[11717,"CAIXA SIFONADA, PVC, 150 X 150 X 50 MM, COM GRELHA REDONDA, BRANCA                                                                                                                                                                                                                                                                                                                                                                                                                                        ","UN    ","AS",55.44]
[1106,"CAL HIDRATADA CH-I PARA ARGAMASSAS                                                                                                                                                                                                                                                                                                                                                                                                                                                                        ","KG    ","C ",1.1499999999999999]
[11161,"CAL HIDRATADA PARA PINTURA                                                                                                                                                                                                                                                                                                                                                                                                                                                                                ","KG    ","CR",1.92]
[1107,"CAL VIRGEM COMUM PARA ARGAMASSAS (NBR 6453)                                                                                                                                                                                                                                                                                                                                                                                                                                                               ","KG    ","CR",0.98]
[44479,"CALCARIO DOLOMITICO A (POSTO PEDREIRA/FORNECEDOR,  SEM FRETE)                                                                                                                                                                                                                                                                                                                                                                                                                                             ","KG    ","CR",0.49]
[4759,"CALCETEIRO / RASTELEIRO (HORISTA)                                                                                                                                                                                                                                                                                                                                                                                                                                                                         ","H     ","CR",18.45]
[41068,"CALCETEIRO / RASTELEIRO (MENSALISTA)                                                                                                                                                                                                                                                                                                                                                                                                                                                                      ","MES   ","CR",3194.75]
[12618,"CALHA / PERFIL PLUVIAL DE PVC, DIAMETRO ENTRE *119 E 170* MM, COMPRIMENTO DE 3 M, PARA DRENAGEM PLUVIAL PREDIAL                                                                                                                                                                                                                                                                                                                                                                                           ","UN    ","CR",121.44]
[1108,"CALHA MOLDURA AMERICANA DE CHAPA DE ACO GALVANIZADA NUM 26, CORTE 33 CM                                                                                                                                                                                                                                                                                                                                                                                                                                   ","M     ","CR",32.130000000000003]
[1117,"CALHA PARA AGUA FURTADA DE CHAPA DE ACO GALVANIZADA NUM 26, CORTE 40 CM                                                                                                                                                                                                                                                                                                                                                                                                                                   ","M     ","CR",32.380000000000003]
[1118,"CALHA PARA AGUA FURTADA DE CHAPA DE ACO GALVANIZADA NUM 26, CORTE 50 CM                                                                                                                                                                                                                                                                                                                                                                                                                                   ","M     ","CR",38.270000000000003]
[1110,"CALHA PLATIBANDA DE CHAPA DE ACO GALVANIZADA NUM 26, CORTE 45 CM                                                                                                                                                                                                                                                                                                                                                                                                                                          ","M     ","CR",38.270000000000003]
[40784,"CALHA QUADRADA DE CHAPA DE ACO GALVANIZADA NUM 24, CORTE 100 CM                                                                                                                                                                                                                                                                                                                                                                                                                                           ","M     ","CR",105.57]
[40782,"CALHA QUADRADA DE CHAPA DE ACO GALVANIZADA NUM 24, CORTE 33 CM                                                                                                                                                                                                                                                                                                                                                                                                                                            ","M     ","CR",41.43]
[40783,"CALHA QUADRADA DE CHAPA DE ACO GALVANIZADA NUM 24, CORTE 50 CM                                                                                                                                                                                                                                                                                                                                                                                                                                            ","M     ","CR",53.96]
[1109,"CALHA QUADRADA DE CHAPA DE ACO GALVANIZADA NUM 26, CORTE 33 CM                                                                                                                                                                                                                                                                                                                                                                                                                                            ","M     ","CR",32.130000000000003]
[1119,"CALHA QUADRADA DE CHAPA DE ACO GALVANIZADA NUM 28, CORTE 25 CM                                                                                                                                                                                                                                                                                                                                                                                                                                            ","M     ","CR",20.71]
[13115,"CALHA/CANALETA DE CONCRETO SIMPLES, TIPO MEIA CANA, DIAMETRO DE 20 CM, PARA AGUA PLUVIAL                                                                                                                                                                                                                                                                                                                                                                                                                  ","M     ","AS",25.13]
[10541,"CALHA/CANALETA DE CONCRETO SIMPLES, TIPO MEIA CANA, DIAMETRO DE 30 CM, PARA AGUA PLUVIAL                                                                                                                                                                                                                                                                                                                                                                                                                  ","M     ","AS",30.71]
[10542,"CALHA/CANALETA DE CONCRETO SIMPLES, TIPO MEIA CANA, DIAMETRO DE 40 CM, PARA AGUA PLUVIAL                                                                                                                                                                                                                                                                                                                                                                                                                  ","M     ","AS",40.159999999999997]
[10543,"CALHA/CANALETA DE CONCRETO SIMPLES, TIPO MEIA CANA, DIAMETRO DE 50 CM, PARA AGUA PLUVIAL                                                                                                                                                                                                                                                                                                                                                                                                                  ","M     ","AS",65.16]
[10544,"CALHA/CANALETA DE CONCRETO SIMPLES, TIPO MEIA CANA, DIAMETRO DE 60 CM, PARA AGUA PLUVIAL                                                                                                                                                                                                                                                                                                                                                                                                                  ","M     ","AS",84.28]
[10545,"CALHA/CANALETA DE CONCRETO SIMPLES, TIPO MEIA CANA, DIAMETRO DE 80 CM, PARA AGUA PLUVIAL                                                                                                                                                                                                                                                                                                                                                                                                                  ","M     ","AS",157.51]
[38365,"CAMADA SEPARADORA DE FILME DE POLIETILENO 20 A 25 MICRA                                                                                                                                                                                                                                                                                                                                                                                                                                                   ","M2    ","CR",4.17]
[44056,"CAMINHAO TOCO, PESO BRUTO TOTAL 10700 KG, CARGA UTIL MAXIMA 7400 KG, DISTANCIA ENTRE EIXOS 4,00 M, POTENCIA 175 CV (INCLUI CABINE E CHASSI, NAO INCLUI CARROCERIA)                                                                                                                                                                                                                                                                                                                                        ","UN    ","AS",465515.69]
[44057,"CAMINHAO TOCO, PESO BRUTO TOTAL 13200 KG, CARGA UTIL MAXIMA 9200 KG, DISTANCIA ENTRE EIXOS 3,31 M, POTENCIA 175 CV (INCLUI CABINE E CHASSI, NAO INCLUI CARROCERIA)                                                                                                                                                                                                                                                                                                                                        ","UN    ","AS",496848.5]
[37754,"CAMINHAO TOCO, PESO BRUTO TOTAL 14300 KG, CARGA UTIL MAXIMA 9480 KG, DISTANCIA ENTRE EIXOS 4,80 M, POTENCIA 185 CV (INCLUI CABINE E CHASSI, NAO INCLUI CARROCERIA)                                                                                                                                                                                                                                                                                                                                        ","UN    ","AS",513678.69]
[37757,"CAMINHAO TOCO, PESO BRUTO TOTAL 16000 KG, CARGA UTIL MAXIMA 10600 KG, DISTANCIA ENTRE EIXOS 4,80 M, POTENCIA 277 CV (INCLUI CABINE E CHASSI, NAO INCLUI CARROCERIA)                                                                                                                                                                                                                                                                                                                                       ","UN    ","AS",572942.43000000005]
[44058,"CAMINHAO TOCO, PESO BRUTO TOTAL 16000 KG, CARGA UTIL MAXIMA 10830 KG, DISTANCIA ENTRE EIXOS 3,56 M, POTENCIA 226 CV (INCLUI CABINE E CHASSI, NAO INCLUI CARROCERIA)                                                                                                                                                                                                                                                                                                                                       ","UN    ","AS",541609.63]
[37752,"CAMINHAO TOCO, PESO BRUTO TOTAL 16000 KG, CARGA UTIL MAXIMA 11030 KG, DISTANCIA ENTRE EIXOS 5,41 M, POTENCIA 185 CV (INCLUI CABINE E CHASSI, NAO INCLUI CARROCERIA)                                                                                                                                                                                                                                                                                                                                       ","UN    ","AS",563990.17000000004]
[44059,"CAMINHAO TOCO, PESO BRUTO TOTAL 8500 KG, CARGA UTIL MAXIMA 5600 KG, DISTANCIA ENTRE EIXOS 3,40 M, POTENCIA 167 CV (INCLUI CABINE E CHASSI, NAO INCLUI CARROCERIA)                                                                                                                                                                                                                                                                                                                                         ","UN    ","AS",445820.81]
[37750,"CAMINHAO TOCO, PESO BRUTO TOTAL 9600 KG, CARGA UTIL MAXIMA 6190 KG, DISTANCIA ENTRE EIXOS 3,70 M, POTENCIA 156 CV (INCLUI CABINE E CHASSI, NAO INCLUI CARROCERIA)                                                                                                                                                                                                                                                                                                                                         ","UN    ","AS",446716.03]
[37758,"CAMINHAO TRUCADO, PESO BRUTO TOTAL 23000 KG, CARGA UTIL MAXIMA 15285 KG, DISTANCIA ENTRE EIXOS 4,80 M, POTENCIA 326 CV (INCLUI CABINE E CHASSI, NAO INCLUI CARROCERIA)                                                                                                                                                                                                                                                                                                                                    ","UN    ","AS",710806.66]
[44060,"CAMINHAO TRUCADO, PESO BRUTO TOTAL 23000 KG, CARGA UTIL MAXIMA 15460 KG, DISTANCIA ENTRE EIXOS 4,80 M, POTENCIA 286 CV (INCLUI CABINE E CHASSI, NAO INCLUI CARROCERIA)                                                                                                                                                                                                                                                                                                                                    ","UN    ","AS",687530.9]
[37749,"CAMINHAO TRUCADO, PESO BRUTO TOTAL 23000 KG, CARGA UTIL MAXIMA 16360 KG, CABINE ESTENDIDA, DISTANCIA ENTRE EIXOS 3,56 M, POTENCIA 277 CV (INCLUI CABINE E CHASSI, NAO INCLUI CARROCERIA)                                                                                                                                                                                                                                                                                                                  ","UN    ","AS",734082.47]
[44061,"CAMINHAO TRUCADO, PESO BRUTO TOTAL 23000 KG, CARGA UTIL MAXIMA 16540 KG, DISTANCIA ENTRE EIXOS 4,80 M, POTENCIA 256 CV (INCLUI CABINE E CHASSI, NAO INCLUI CARROCERIA)                                                                                                                                                                                                                                                                                                                                    ","UN    ","AS",674102.58]
[1159,"CAMINHONETE COM MOTOR A DIESEL, POTENCIA *160* CV, CABINE DUPLA, 4X4                                                                                                                                                                                                                                                                                                                                                                                                                                      ","UN    ","C ",277657.67]
[12114,"CAMPAINHA ALTA POTENCIA 110V / 220V, DIAMETRO 150 MM                                                                                                                                                                                                                                                                                                                                                                                                                                                      ","UN    ","CR",137.43]
[38106,"CAMPAINHA CIGARRA 127 V / 220 V (APENAS MODULO)                                                                                                                                                                                                                                                                                                                                                                                                                                                           ","UN    ","CR",18.670000000000002]
[38085,"CAMPAINHA CIGARRA 127 V / 220 V, CONJUNTO MONTADO PARA EMBUTIR 4\" X 2\" (PLACA + SUPORTE + MODULO)                                                                                                                                                                                                                                                                                                                                                                                                         ","UN    ","CR",22.06]
[38599,"CANALETA DE CONCRETO ESTRUTURAL 14 X 19 X 29 CM, FBK 14 MPA (NBR 6136)                                                                                                                                                                                                                                                                                                                                                                                                                                    ","UN    ","CR",6.73]
[38596,"CANALETA DE CONCRETO ESTRUTURAL 14 X 19 X 29 CM, FBK 4,5 MPA (NBR 6136)                                                                                                                                                                                                                                                                                                                                                                                                                                   ","UN    ","CR",5.59]
[38600,"CANALETA DE CONCRETO ESTRUTURAL 14 X 19 X 39 CM, FBK 14 MPA (NBR 6136)                                                                                                                                                                                                                                                                                                                                                                                                                                    ","UN    ","CR",7.14]
[38597,"CANALETA DE CONCRETO ESTRUTURAL 14 X 19 X 39 CM, FBK 4,5 MPA (NBR 6136)                                                                                                                                                                                                                                                                                                                                                                                                                                   ","UN    ","CR",5.63]
[659,"CANALETA DE CONCRETO 14 X 19 X 19 CM (CLASSE C - NBR 6136)                                                                                                                                                                                                                                                                                                                                                                                                                                                ","UN    ","CR",3.23]
[660,"CANALETA DE CONCRETO 19 X 19 X 19 CM (CLASSE C - NBR 6136)                                                                                                                                                                                                                                                                                                                                                                                                                                                ","UN    ","CR",3.88]
[658,"CANALETA DE CONCRETO 9 X 19 X 19 CM (CLASSE C - NBR 6136)                                                                                                                                                                                                                                                                                                                                                                                                                                                 ","UN    ","CR",2.19]
[38548,"CANALETA ESTRUTURAL CERAMICA DE 14 X 19 X 19 CM (L X A X C) E 6,0 MPA                                                                                                                                                                                                                                                                                                                                                                                                                                     ","UN    ","CR",2.2400000000000002]
[34649,"CANALETA ESTRUTURAL CERAMICA DE 14 X 19 X 29 CM (L X A X C) E 6,0 MPA                                                                                                                                                                                                                                                                                                                                                                                                                                     ","UN    ","CR",3.03]
[34655,"CANALETA ESTRUTURAL CERAMICA DE 14 X 19 X 39 CM (L X A X C) E 6,0 MPA                                                                                                                                                                                                                                                                                                                                                                                                                                     ","UN    ","CR",4.0199999999999996]
[40607,"CANOPLA ACABAMENTO CROMADO PARA INSTALACAO DE SPRINKLER, SOB FORRO, 15 MM                                                                                                                                                                                                                                                                                                                                                                                                                                 ","UN    ","AS",4.68]
[567,"CANTONEIRA (ABAS IGUAIS) EM ACO CARBONO, 25,4 MM X 3,17 MM (L X E), 1,27KG/M                                                                                                                                                                                                                                                                                                                                                                                                                              ","M     ","CR",10.07]
[574,"CANTONEIRA (ABAS IGUAIS) EM ACO CARBONO, 38,1 MM X 3,17 MM (L X E), 3,48 KG/M                                                                                                                                                                                                                                                                                                                                                                                                                             ","M     ","CR",26.47]
[568,"CANTONEIRA (ABAS IGUAIS) EM ACO CARBONO, 50,8 MM X 9,53 MM (L X E), 6,99 KG/M                                                                                                                                                                                                                                                                                                                                                                                                                             ","M     ","CR",55.78]
[4777,"CANTONEIRA ACO ABAS IGUAIS (QUALQUER BITOLA), ESPESSURA ENTRE 1/8\" E 1/4\"                                                                                                                                                                                                                                                                                                                                                                                                                                 ","KG    ","AS",8.02]
[592,"CANTONEIRA EM ALUMINIO, ABAS IGUAIS, LARGURA DE 25,40 MM (1\"), ESPESSURA DE 3,17 MM (1/8\") E PESO LINEAR DE APROXIMADAMENTE 0,408 KG/M                                                                                                                                                                                                                                                                                                                                                                    ","KG    ","AS",35.64]
[586,"CANTONEIRA EM ALUMINIO, ABAS IGUAIS, LARGURA DE 25,40 MM (1\"), ESPESSURA DE 4,76 MM (3/16\") E PESO LINEAR DE APROXIMADAMENTE 0,593 KG/M                                                                                                                                                                                                                                                                                                                                                                   ","M     ","AS",20.95]
[588,"CANTONEIRA EM ALUMINIO, ABAS IGUAIS, LARGURA DE 31,75 MM (1 1/4\"), ESPESSURA DE 4,76 MM (3/16\") E PESO LINEAR DE APROXIMADAMENTE 0,755 KG/M                                                                                                                                                                                                                                                                                                                                                               ","M     ","AS",33.14]
[591,"CANTONEIRA EM ALUMINIO, ABAS IGUAIS, LARGURA DE 38,10 MM (1 1/2\"), ESPESSURA DE 4,76 MM (3/16\") E PESO LINEAR DE APROXIMADAMENTE 0,915 KG/M                                                                                                                                                                                                                                                                                                                                                               ","KG    ","AS",33.26]
[584,"CANTONEIRA EM ALUMINIO, ABAS IGUAIS, LARGURA DE 50,80 MM (2\"), ESPESSURA DE 3,17 MM (1/8\") E PESO LINEAR DE APROXIMADAMENTE 0,842 KG/M                                                                                                                                                                                                                                                                                                                                                                    ","M     ","AS",35.4]
[589,"CANTONEIRA EM ALUMINIO, ABAS IGUAIS, LARGURA DE 50,80 MM (2\"), ESPESSURA DE 6,35 MM (1/4\") E PESO LINEAR DE APROXIMADAMENTE 1,630 KG/M                                                                                                                                                                                                                                                                                                                                                                    ","M     ","AS",56.02]
[1165,"CAP OU TAMPAO DE FERRO GALVANIZADO, COM ROSCA BSP, DE 1 1/2\"                                                                                                                                                                                                                                                                                                                                                                                                                                              ","UN    ","AS",21.42]
[1164,"CAP OU TAMPAO DE FERRO GALVANIZADO, COM ROSCA BSP, DE 1 1/4\"                                                                                                                                                                                                                                                                                                                                                                                                                                              ","UN    ","AS",17.350000000000001]
[1162,"CAP OU TAMPAO DE FERRO GALVANIZADO, COM ROSCA BSP, DE 1/2\"                                                                                                                                                                                                                                                                                                                                                                                                                                                ","UN    ","AS",6.03]
[12395,"CAP OU TAMPAO DE FERRO GALVANIZADO, COM ROSCA BSP, DE 1/4\"                                                                                                                                                                                                                                                                                                                                                                                                                                                ","UN    ","AS",5.86]
[1170,"CAP OU TAMPAO DE FERRO GALVANIZADO, COM ROSCA BSP, DE 1\"                                                                                                                                                                                                                                                                                                                                                                                                                                                  ","UN    ","AS",11.37]
[1169,"CAP OU TAMPAO DE FERRO GALVANIZADO, COM ROSCA BSP, DE 2 1/2\"                                                                                                                                                                                                                                                                                                                                                                                                                                              ","UN    ","AS",55.8]
[1166,"CAP OU TAMPAO DE FERRO GALVANIZADO, COM ROSCA BSP, DE 2\"                                                                                                                                                                                                                                                                                                                                                                                                                                                  ","UN    ","AS",30.94]
[1163,"CAP OU TAMPAO DE FERRO GALVANIZADO, COM ROSCA BSP, DE 3/4\"                                                                                                                                                                                                                                                                                                                                                                                                                                                ","UN    ","AS",7.8]
[12396,"CAP OU TAMPAO DE FERRO GALVANIZADO, COM ROSCA BSP, DE 3/8\"                                                                                                                                                                                                                                                                                                                                                                                                                                                ","UN    ","AS",5.86]
[1168,"CAP OU TAMPAO DE FERRO GALVANIZADO, COM ROSCA BSP, DE 3\"                                                                                                                                                                                                                                                                                                                                                                                                                                                  ","UN    ","AS",79.55]
[1167,"CAP OU TAMPAO DE FERRO GALVANIZADO, COM ROSCA BSP, DE 4\"                                                                                                                                                                                                                                                                                                                                                                                                                                                  ","UN    ","AS",133.06]
[36331,"CAP PPR DN 20 MM, PARA AGUA QUENTE PREDIAL                                                                                                                                                                                                                                                                                                                                                                                                                                                                ","UN    ","AS",2.21]
[36346,"CAP PPR DN 25 MM, PARA AGUA QUENTE PREDIAL                                                                                                                                                                                                                                                                                                                                                                                                                                                                ","UN    ","AS",3.32]
[1197,"CAP PVC, ROSCAVEL, 1/2\", PARA AGUA FRIA PREDIAL                                                                                                                                                                                                                                                                                                                                                                                                                                                           ","UN    ","CR",1.44]
[1202,"CAP PVC, ROSCAVEL, 1\", PARA AGUA FRIA PREDIAL                                                                                                                                                                                                                                                                                                                                                                                                                                                             ","UN    ","CR",4.09]
[1198,"CAP PVC, ROSCAVEL, 3/4\", PARA AGUA FRIA PREDIAL                                                                                                                                                                                                                                                                                                                                                                                                                                                           ","UN    ","CR",1.89]
[20088,"CAP PVC, SERIE R, DN 100 MM, PARA ESGOTO PREDIAL                                                                                                                                                                                                                                                                                                                                                                                                                                                          ","UN    ","CR",9.34]
[20089,"CAP PVC, SERIE R, DN 150 MM, PARA ESGOTO PREDIAL                                                                                                                                                                                                                                                                                                                                                                                                                                                          ","UN    ","CR",45.81]
[20087,"CAP PVC, SERIE R, DN 75 MM, PARA ESGOTO PREDIAL                                                                                                                                                                                                                                                                                                                                                                                                                                                           ","UN    ","CR",7.73]
[1200,"CAP PVC, SOLDAVEL, DN 100 MM, SERIE NORMAL, PARA ESGOTO PREDIAL                                                                                                                                                                                                                                                                                                                                                                                                                                           ","UN    ","CR",7.02]
[12909,"CAP PVC, SOLDAVEL, DN 50 MM, SERIE NORMAL, PARA ESGOTO PREDIAL                                                                                                                                                                                                                                                                                                                                                                                                                                            ","UN    ","CR",3.26]
[12910,"CAP PVC, SOLDAVEL, DN 75 MM, SERIE NORMAL, PARA ESGOTO PREDIAL                                                                                                                                                                                                                                                                                                                                                                                                                                            ","UN    ","CR",5.85]
[1191,"CAP PVC, SOLDAVEL, 20 MM, PARA AGUA FRIA PREDIAL                                                                                                                                                                                                                                                                                                                                                                                                                                                          ","UN    ","CR",1.03]
[1185,"CAP PVC, SOLDAVEL, 25 MM, PARA AGUA FRIA PREDIAL                                                                                                                                                                                                                                                                                                                                                                                                                                                          ","UN    ","CR",1.03]
[1189,"CAP PVC, SOLDAVEL, 32 MM, PARA AGUA FRIA PREDIAL                                                                                                                                                                                                                                                                                                                                                                                                                                                          ","UN    ","CR",1.68]
[1193,"CAP PVC, SOLDAVEL, 40 MM, PARA AGUA FRIA PREDIAL                                                                                                                                                                                                                                                                                                                                                                                                                                                          ","UN    ","CR",3.23]
[1194,"CAP PVC, SOLDAVEL, 50 MM, PARA AGUA FRIA PREDIAL                                                                                                                                                                                                                                                                                                                                                                                                                                                          ","UN    ","CR",5.84]
[1195,"CAP PVC, SOLDAVEL, 60 MM, PARA AGUA FRIA PREDIAL                                                                                                                                                                                                                                                                                                                                                                                                                                                          ","UN    ","CR",9.83]
[1204,"CAP PVC, SOLDAVEL, 75 MM, PARA AGUA FRIA PREDIAL                                                                                                                                                                                                                                                                                                                                                                                                                                                          ","UN    ","CR",17.2]
[1207,"CAP, PVC PBA, JE, DN 100 / DE 110 MM, PARA REDE DE AGUA (NBR 10351)                                                                                                                                                                                                                                                                                                                                                                                                                                       ","UN    ","AS",25.05]
[1206,"CAP, PVC PBA, JE, DN 50 / DE 60 MM, PARA REDE DE AGUA (NBR 10351)                                                                                                                                                                                                                                                                                                                                                                                                                                         ","UN    ","AS",6.28]
[1183,"CAP, PVC PBA, JE, DN 75 / DE 85 MM, PARA REDE DE AGUA (NBR 10351)                                                                                                                                                                                                                                                                                                                                                                                                                                         ","UN    ","AS",16.36]
[42685,"CAP, PVC, JE, OCRE, DN 150 MM (CONEXAO PARA TUBO COLETOR DE ESGOTO)                                                                                                                                                                                                                                                                                                                                                                                                                                       ","UN    ","CR",47.47]
[42686,"CAP, PVC, JE, OCRE, DN 200 MM (CONEXAO PARA TUBO COLETOR DE ESGOTO)                                                                                                                                                                                                                                                                                                                                                                                                                                       ","UN    ","CR",52.28]
[12894,"CAPA PARA CHUVA EM PVC COM FORRO DE POLIESTER, COM CAPUZ (AMARELA OU AZUL)                                                                                                                                                                                                                                                                                                                                                                                                                                ","UN    ","CR",24.37]
[12895,"CAPACETE DE SEGURANCA ABA FRONTAL COM SUSPENSAO DE POLIETILENO, SEM JUGULAR (CLASSE B)                                                                                                                                                                                                                                                                                                                                                                                                                    ","UN    ","C ",18.75]
[1631,"CAPACITOR TRIFASICO, POTENCIA 2,5 KVAR, TENSAO 220 V, FORNECIDO COM CAPA PROTETORA, RESISTOR INTERNO A UNIDADE CAPACITIVA                                                                                                                                                                                                                                                                                                                                                                                 ","UN    ","AS",177.57]
[1633,"CAPACITOR TRIFASICO, POTENCIA 5 KVAR, TENSAO 220 V, FORNECIDO COM CAPA PROTETORA, RESISTOR INTERNO A UNIDADE CAPACITIVA                                                                                                                                                                                                                                                                                                                                                                                   ","UN    ","AS",301.70999999999998]
[10818,"CAPIM BRAQUIARIA DECUMBENS/ BRAQUIARINHA, VC *70*% MINIMO                                                                                                                                                                                                                                                                                                                                                                                                                                                 ","KG    ","AS",54.05]
[41410,"CAPTOR FRANKLIN (4 PONTAS), EM LATAO CROMADO, H = 300 MM, DUAS DESCIDAS                                                                                                                                                                                                                                                                                                                                                                                                                                   ","UN    ","AS",78.069999999999993]
[41411,"CAPTOR FRANKLIN (4 PONTAS), EM LATAO CROMADO, H = 300 MM, UMA DESCIDA                                                                                                                                                                                                                                                                                                                                                                                                                                     ","UN    ","AS",70.78]
[41412,"CAPTOR FRANKLIN (4 PONTAS), EM LATAO CROMADO, H = 350 MM, DUAS DESCIDAS                                                                                                                                                                                                                                                                                                                                                                                                                                   ","UN    ","AS",136.9]
[41413,"CAPTOR FRANKLIN (4 PONTAS), EM LATAO CROMADO, H=350 MM, UMA DESCIDA                                                                                                                                                                                                                                                                                                                                                                                                                                       ","UN    ","AS",123.19]
[39359,"CARENAGEM /TAMPA, EM PLASTICO, COR BRANCA, UTILIZADO EM KIT CHASSI METALICO PARA INSTAL. HIDRAULICA DE CUBA SIMPLES SEM MAQUINA DE LAVAR ROUPA, *355* X *670* MM (L X H) (COM FUROS E DEMAIS ENCAIXES)                                                                                                                                                                                                                                                                                                    ","UN    ","AS",35.200000000000003]
[39360,"CARENAGEM /TAMPA, EM PLASTICO, COR BRANCA, UTILIZADO EM KIT CHASSI METALICO PARA INSTAL. HIDRAULICA DE TANQUE COM MAQUINA DE LAVAR ROUPA, *360* X *470* MM (L X H) (COM FUROS E DEMAIS ENCAIXES)                                                                                                                                                                                                                                                                                                          ","UN    ","AS",35.200000000000003]
[10710,"CARPETE DE NYLON EM MANTA PARA TRAFEGO COMERCIAL PESADO, E = 6 A 7 MM (INSTALADO)                                                                                                                                                                                                                                                                                                                                                                                                                         ","M2    ","AS",165.02]
[10709,"CARPETE DE NYLON EM MANTA PARA TRAFEGO COMERCIAL PESADO, E = 9 A 10 MM (INSTALADO)                                                                                                                                                                                                                                                                                                                                                                                                                        ","M2    ","AS",202.73]
[39636,"CARPETE DE NYLON EM PLACAS 50 X 50 CM PARA TRAFEGO COMERCIAL PESADO, E = 6,5 MM (INSTALADO)                                                                                                                                                                                                                                                                                                                                                                                                               ","M2    ","AS",207.02]
[10708,"CARPETE DE POLIESTER EM MANTA PARA TRAFEGO COMERCIAL PESADO, E = 4 A 5 MM (INSTALADO)                                                                                                                                                                                                                                                                                                                                                                                                                     ","M2    ","AS",63.88]
[39635,"CARPETE DE POLIPROPILENO EM MANTA PARA TRAFEGO COMERCIAL MEDIO, E = 5 A 6 MM (INSTALADO)                                                                                                                                                                                                                                                                                                                                                                                                                  ","M2    ","AS",108.76]
[6117,"CARPINTEIRO AUXILIAR (HORISTA)                                                                                                                                                                                                                                                                                                                                                                                                                                                                            ","H     ","CR",16.309999999999999]
[40913,"CARPINTEIRO AUXILIAR (MENSALISTA)                                                                                                                                                                                                                                                                                                                                                                                                                                                                         ","MES   ","CR",2825.88]
[1214,"CARPINTEIRO DE ESQUADRIAS (HORISTA)                                                                                                                                                                                                                                                                                                                                                                                                                                                                       ","H     ","CR",19.16]
[40915,"CARPINTEIRO DE ESQUADRIAS (MENSALISTA)                                                                                                                                                                                                                                                                                                                                                                                                                                                                    ","MES   ","CR",3321.42]
[1213,"CARPINTEIRO DE FORMAS OU OFICIAL (HORISTA)                                                                                                                                                                                                                                                                                                                                                                                                                                                                ","H     ","C ",20.37]
[40914,"CARPINTEIRO DE FORMAS OU OFICIAL (MENSALISTA)                                                                                                                                                                                                                                                                                                                                                                                                                                                             ","MES   ","CR",3527.23]
[5091,"CARRANCA PARA JANELA VENEZIANA DE ABRIR, EM LATAO CROMADO, SIMPLES, PARA APARAFUSAR NA PAREDE                                                                                                                                                                                                                                                                                                                                                                                                             ","UN    ","CR",20.22]
[14615,"CARRINHO COM 2 PNEUS PARA TRANSPORTAR TUBO CONCRETO, ALTURA ATE 1,0 M E DIAMETRO ATE 1000MM, COM ESTRUTURA EM PERFIL OU TUBO METALICO                                                                                                                                                                                                                                                                                                                                                                     ","UN    ","AS",3608.96]
[2711,"CARRINHO DE MAO DE ACO CAPACIDADE 50 A 60 L, PNEU COM CAMARA                                                                                                                                                                                                                                                                                                                                                                                                                                              ","UN    ","C ",215]
[37727,"CARROCERIA FIXA ABERTA DE MADEIRA PARA TRANSPORTE GERAL DE CARGA SECA DIMENSOES APROXIMADAS 2,25 X 4,10 X 0,50 M (INCLUI MONTAGEM, NAO INCLUI CAMINHAO)                                                                                                                                                                                                                                                                                                                                                   ","UN    ","AS",18679.52]
[37728,"CARROCERIA FIXA ABERTA DE MADEIRA PARA TRANSPORTE GERAL DE CARGA SECA DIMENSOES APROXIMADAS 2,5 X 5,5 X 0,50 M (INCLUI MONTAGEM, NAO INCLUI CAMINHAO)                                                                                                                                                                                                                                                                                                                                                     ","UN    ","AS",25341.439999999999]
[37729,"CARROCERIA FIXA ABERTA DE MADEIRA PARA TRANSPORTE GERAL DE CARGA SECA DIMENSOES APROXIMADAS 2,5 X 6,00 X 0,50 M (INCLUI MONTAGEM, NAO INCLUI CAMINHAO)                                                                                                                                                                                                                                                                                                                                                    ","UN    ","AS",27431.46]
[37730,"CARROCERIA FIXA ABERTA DE MADEIRA PARA TRANSPORTE GERAL DE CARGA SECA DIMENSOES APROXIMADAS 2,5 X 6,5 X 0,50 M (INCLUI MONTAGEM, NAO INCLUI CAMINHAO)                                                                                                                                                                                                                                                                                                                                                     ","UN    ","AS",29521.47]
[37731,"CARROCERIA FIXA ABERTA DE MADEIRA PARA TRANSPORTE GERAL DE CARGA SECA DIMENSOES APROXIMADAS 2,5 X 7,00 X 0,50 M (INCLUI MONTAGEM, NAO INCLUI CAMINHAO)                                                                                                                                                                                                                                                                                                                                                    ","UN    ","AS",31611.49]
[37732,"CARROCERIA FIXA ABERTA DE MADEIRA PARA TRANSPORTE GERAL DE CARGA SECA DIMENSOES APROXIMADAS 2,5 X 7,5 X 0,50 M (INCLUI MONTAGEM, NAO INCLUI CAMINHAO)                                                                                                                                                                                                                                                                                                                                                     ","UN    ","AS",36052.769999999997]
[36496,"CAVALETE PARA TALHA COM ESTRUTURA EM TUBO METALICO ALTURA MINIMA 3,2 M EQUIPADO COM RODAS DE BORRACHA PARA MOVIMENTACAO DE TUBOS DE CONCRETO NA CENTRAL DE PREMOLDADOS COM CAPACIDADE DE CARGA DE 3 TONELADAS                                                                                                                                                                                                                                                                                             ","UN    ","AS",9163.09]
[10630,"CAVALO MECANICO TRACAO 4X2, PESO BRUTO TOTAL COMBINADO 49000 KG, CAPACIDADE MAXIMA DE TRACAO *66000* KG, POTENCIA *360* CV (INCLUI CABINE E CHASSI, NAO INCLUI SEMIRREBOQUE)                                                                                                                                                                                                                                                                                                                              ","UN    ","AS",863797.18]
[37762,"CAVALO MECANICO TRACAO 4X2, PESO BRUTO TOTAL 16000 KG, CAPACIDADE MAXIMA DE TRACAO *36000* KG, DISTANCIA ENTRE EIXOS *3,56* M, POTENCIA *286* CV (INCLUI CABINE E CHASSI, NAO INCLUI SEMIRREBOQUE)                                                                                                                                                                                                                                                                                                        ","UN    ","AS",740826.21]
[37763,"CAVALO MECANICO TRACAO 4X2, PESO BRUTO TOTAL 16000 KG, CAPACIDADE MAXIMA DE TRACAO *45000* KG, DISTANCIA ENTRE EIXOS *3,56* M, POTENCIA *330* CV (INCLUI CABINE E CHASSI, NAO INCLUI SEMIRREBOQUE)                                                                                                                                                                                                                                                                                                        ","UN    ","AS",749823.97]
[41992,"CAVALO MECANICO TRACAO 4X2, PESO BRUTO TOTAL 16000 KG, CAPACIDADE MAXIMA DE TRACAO *80000* KG, POTENCIA *380* CV (INCLUI CABINE E CHASSI, NAO INCLUI SEMIRREBOQUE)                                                                                                                                                                                                                                                                                                                                        ","UN    ","AS",852400]
[13215,"CAVALO MECANICO TRACAO 6X2, PESO BRUTO TOTAL COMBINADO 56000 KG, CAPACIDADE MAXIMA DE TRACAO *66000* KG, POTENCIA *360* CV (INCLUI CABINE E CHASSI, NAO INCLUI SEMIRREBOQUE)                                                                                                                                                                                                                                                                                                                              ","UN    ","AS",1045254.64]
[4235,"CAVOUQUEIRO OU OPERADOR DE PERFURATRIZ / ROMPEDOR (HORISTA)                                                                                                                                                                                                                                                                                                                                                                                                                                               ","H     ","CR",22.4]
[40976,"CAVOUQUEIRO OU OPERADOR DE PERFURATRIZ / ROMPEDOR (MENSALISTA)                                                                                                                                                                                                                                                                                                                                                                                                                                            ","MES   ","CR",3881.52]
[43091,"CENTRO DE MEDICAO AGRUPADA, EM POLICARBONATO / PVC, COM 12 MEDIDORES E PROTECAO GERAL (INCLUI BARRAMENTO, DISJUNTORES E ACESSORIOS DE FIXACAO) (PADRAO CONCESSIONARIA LOCAL)                                                                                                                                                                                                                                                                                                                              ","UN    ","CR",6777.3]
[43092,"CENTRO DE MEDICAO AGRUPADA, EM POLICARBONATO / PVC, COM 16 MEDIDORES E PROTECAO GERAL (INCLUI BARRAMENTO, DISJUNTORES E ACESSORIOS DE FIXACAO) (PADRAO CONCESSIONARIA LOCAL)                                                                                                                                                                                                                                                                                                                              ","UN    ","CR",9036.4]
[43089,"CENTRO DE MEDICAO AGRUPADA, EM POLICARBONATO / PVC, COM 4 MEDIDORES E PROTECAO GERAL (INCLUI BARRAMENTO, DISJUNTORES E ACESSORIOS DE FIXACAO) (PADRAO CONCESSIONARIA LOCAL)                                                                                                                                                                                                                                                                                                                               ","UN    ","CR",1574.85]
[43090,"CENTRO DE MEDICAO AGRUPADA, EM POLICARBONATO / PVC, COM 8 MEDIDORES E PROTECAO GERAL (INCLUI BARRAMENTO, DISJUNTORES E ACESSORIOS DE FIXACAO) (PADRAO CONCESSIONARIA LOCAL)                                                                                                                                                                                                                                                                                                                               ","UN    ","CR",3475.54]
[41967,"CERA LIQUIDA INCOLOR MULTIPISO                                                                                                                                                                                                                                                                                                                                                                                                                                                                            ","L     ","CR",22.24]
[12760,"CHAPA ACO INOX AISI 304 NUMERO 4 (E = 6 MM), ACABAMENTO NUMERO 1 (LAMINADO A QUENTE, FOSCO)                                                                                                                                                                                                                                                                                                                                                                                                               ","M2    ","CR",1628.2]
[12759,"CHAPA ACO INOX AISI 304 NUMERO 9 (E = 4 MM), ACABAMENTO NUMERO 1 (LAMINADO A QUENTE, FOSCO)                                                                                                                                                                                                                                                                                                                                                                                                               ","M2    ","CR",1085.45]
[43105,"CHAPA DE ACO CARBONO GALVANIZADA, PERFURADA (GRADE FUROS) E = 1,5 MM, DIAMETRO DO FURO = 9,52 MM (FUROS ALTERNADOS HORIZ.)                                                                                                                                                                                                                                                                                                                                                                                ","KG    ","CR",41.78]
[40424,"CHAPA DE ACO CARBONO LAMINADO A QUENTE, QUALIDADE ESTRUTURAL, BITOLA 3/16\", E =4,75 MM (37,29 KG/M2)                                                                                                                                                                                                                                                                                                                                                                                                      ","KG    ","CR",10.61]
[1325,"CHAPA DE ACO FINA A FRIO BITOLA MSG 20, E = 0,90 MM (7,20 KG/M2)                                                                                                                                                                                                                                                                                                                                                                                                                                          ","KG    ","CR",11.62]
[1327,"CHAPA DE ACO FINA A FRIO BITOLA MSG 24, E = 0,60 MM (4,80 KG/M2)                                                                                                                                                                                                                                                                                                                                                                                                                                          ","KG    ","CR",12.38]
[1328,"CHAPA DE ACO FINA A FRIO BITOLA MSG 26, E = 0,45 MM (3,60 KG/M2)                                                                                                                                                                                                                                                                                                                                                                                                                                          ","KG    ","CR",11.65]
[1321,"CHAPA DE ACO FINA A QUENTE BITOLA MSG 13, E = 2,25 MM (18,00 KG/M2)                                                                                                                                                                                                                                                                                                                                                                                                                                       ","KG    ","CR",10.79]
[1318,"CHAPA DE ACO FINA A QUENTE BITOLA MSG 14, E = 2,00 MM (16,0 KG/M2)                                                                                                                                                                                                                                                                                                                                                                                                                                        ","KG    ","CR",10.8]
[1322,"CHAPA DE ACO FINA A QUENTE BITOLA MSG 16, E = 1,50 MM (12,00 KG/M2)                                                                                                                                                                                                                                                                                                                                                                                                                                       ","KG    ","CR",11.41]
[1323,"CHAPA DE ACO FINA A QUENTE BITOLA MSG 18, E = 1,20 MM (9,60 KG/M2)                                                                                                                                                                                                                                                                                                                                                                                                                                        ","KG    ","CR",11.41]
[1319,"CHAPA DE ACO FINA A QUENTE BITOLA MSG 3/16 \", E = 4,75 MM (38,00 KG/M2)                                                                                                                                                                                                                                                                                                                                                                                                                                   ","KG    ","CR",9.61]
[11026,"CHAPA DE ACO GALVANIZADA BITOLA GSG 14, E = 1,95 MM (15,60 KG/M2)                                                                                                                                                                                                                                                                                                                                                                                                                                         ","KG    ","CR",13.22]
[11027,"CHAPA DE ACO GALVANIZADA BITOLA GSG 16, E = 1,55 MM (12,40 KG/M2)                                                                                                                                                                                                                                                                                                                                                                                                                                         ","KG    ","CR",13.76]
[11046,"CHAPA DE ACO GALVANIZADA BITOLA GSG 18, E = 1,25 MM (10,00 KG/M2)                                                                                                                                                                                                                                                                                                                                                                                                                                         ","KG    ","CR",13.19]
[11047,"CHAPA DE ACO GALVANIZADA BITOLA GSG 19, E = 1,11 MM (8,88 KG/M2)                                                                                                                                                                                                                                                                                                                                                                                                                                          ","KG    ","CR",14.37]
[43668,"CHAPA DE ACO GALVANIZADA BITOLA GSG 20, E = 0,95 MM (7,60 KG/M2)                                                                                                                                                                                                                                                                                                                                                                                                                                          ","KG    ","CR",12.68]
[11049,"CHAPA DE ACO GALVANIZADA BITOLA GSG 22, E = 0,80 MM (6,40 KG/M2)                                                                                                                                                                                                                                                                                                                                                                                                                                          ","KG    ","C ",13.74]
[43106,"CHAPA DE ACO GALVANIZADA BITOLA GSG 24, E = 0,64 (5,12 KG/M2)                                                                                                                                                                                                                                                                                                                                                                                                                                             ","KG    ","CR",13.82]
[11051,"CHAPA DE ACO GALVANIZADA BITOLA GSG 26, E = 0,50 MM (4,00 KG/M2)                                                                                                                                                                                                                                                                                                                                                                                                                                          ","KG    ","CR",14.42]
[11061,"CHAPA DE ACO GALVANIZADA BITOLA GSG 30, E = 0,35 MM (2,80 KG/M2)                                                                                                                                                                                                                                                                                                                                                                                                                                          ","KG    ","CR",17.309999999999999]
[1333,"CHAPA DE ACO GROSSA, ASTM A36, E = 1/2\" (12,70 MM) 99,59 KG/M2                                                                                                                                                                                                                                                                                                                                                                                                                                            ","KG    ","CR",10.48]
[1330,"CHAPA DE ACO GROSSA, ASTM A36, E = 1/4\" (6,35 MM) 49,79 KG/M2                                                                                                                                                                                                                                                                                                                                                                                                                                             ","KG    ","CR",10.38]
[43667,"CHAPA DE ACO GROSSA, ASTM A36, E = 1\" (25,40 MM) 199,18 KG/M2                                                                                                                                                                                                                                                                                                                                                                                                                                             ","KG    ","CR",12.58]
[10957,"CHAPA DE ACO GROSSA, ASTM A36, E = 3/4\" (19,05 MM) 149,39 KG/M2                                                                                                                                                                                                                                                                                                                                                                                                                                           ","KG    ","CR",11.97]
[1332,"CHAPA DE ACO GROSSA, ASTM A36, E = 3/8\" (9,53 MM) 74,69 KG/M2                                                                                                                                                                                                                                                                                                                                                                                                                                             ","KG    ","CR",10.64]
[1334,"CHAPA DE ACO GROSSA, ASTM A36, E = 5/8\" (15,88 MM) 124,49 KG/M2                                                                                                                                                                                                                                                                                                                                                                                                                                           ","KG    ","CR",11.8]
[1335,"CHAPA DE ACO GROSSA, ASTM A36, E = 7/8\" (22,23 MM) 174,28 KG/M2                                                                                                                                                                                                                                                                                                                                                                                                                                           ","KG    ","CR",12.19]
[40425,"CHAPA DE ACO GROSSA, SAE 1020, BITOLA 1/4\", E = 6,35 MM (49,85 KG/M2)                                                                                                                                                                                                                                                                                                                                                                                                                                     ","KG    ","CR",10.44]
[1337,"CHAPA DE ACO XADREZ PARA PISOS, E = 1/4\" (6,30 MM) 54,53 KG/M2                                                                                                                                                                                                                                                                                                                                                                                                                                            ","KG    ","CR",11.97]
[1338,"CHAPA DE LAMINADO MELAMINICO, LISO BRILHANTE, DE 1,25 X 3,08 METROS, ESPESSURA = 0,8 MILIMETROS                                                                                                                                                                                                                                                                                                                                                                                                           ","M2    ","AS",75.930000000000007]
[1340,"CHAPA DE LAMINADO MELAMINICO, LISO FOSCO, DE 1,25 X 3,08 METROS, ESPESSURA = 0,8 MILIMETROS                                                                                                                                                                                                                                                                                                                                                                                                               ","M2    ","AS",87.78]
[1341,"CHAPA DE LAMINADO MELAMINICO, TEXTURIZADO, DE 1,25 X 3,08 METROS, ESPESSURA = 0,8 MILIMETROS                                                                                                                                                                                                                                                                                                                                                                                                              ","M2    ","AS",84.55]
[34659,"CHAPA DE MDF BRANCO LISO 1 FACE, E = 12 MM, DE *2,75 X 1,85* M                                                                                                                                                                                                                                                                                                                                                                                                                                            ","M2    ","CR",45.06]
[34514,"CHAPA DE MDF BRANCO LISO 1 FACE, E = 15 MM, DE *2,75 X 1,85* M                                                                                                                                                                                                                                                                                                                                                                                                                                            ","M2    ","C ",49.91]
[34660,"CHAPA DE MDF BRANCO LISO 1 FACE, E = 18 MM, DE *2,75 X 1,85* M                                                                                                                                                                                                                                                                                                                                                                                                                                            ","M2    ","CR",63.34]
[34661,"CHAPA DE MDF BRANCO LISO 1 FACE, E = 25 MM, DE *2,75 X 1,85* M                                                                                                                                                                                                                                                                                                                                                                                                                                            ","M2    ","CR",90.97]
[34667,"CHAPA DE MDF BRANCO LISO 1 FACE, E = 6 MM, DE *2,75 X 1,85* M                                                                                                                                                                                                                                                                                                                                                                                                                                             ","M2    ","CR",32.94]
[34668,"CHAPA DE MDF BRANCO LISO 1 FACE, E = 9 MM, DE *2,75 X 1,85* M                                                                                                                                                                                                                                                                                                                                                                                                                                             ","M2    ","CR",43.05]
[34741,"CHAPA DE MDF BRANCO LISO 2 FACES, E = 12 MM, DE *2,75 X 1,85* M                                                                                                                                                                                                                                                                                                                                                                                                                                           ","M2    ","CR",47.37]
[34664,"CHAPA DE MDF BRANCO LISO 2 FACES, E = 15 MM, DE *2,75 X 1,85* M                                                                                                                                                                                                                                                                                                                                                                                                                                           ","M2    ","CR",51.69]
[34665,"CHAPA DE MDF BRANCO LISO 2 FACES, E = 18 MM, DE *2,75 X 1,85* M                                                                                                                                                                                                                                                                                                                                                                                                                                           ","M2    ","CR",64.17]
[34666,"CHAPA DE MDF BRANCO LISO 2 FACES, E = 25 MM, DE *2,75 X 1,85* M                                                                                                                                                                                                                                                                                                                                                                                                                                           ","M2    ","CR",96.92]
[34669,"CHAPA DE MDF BRANCO LISO 2 FACES, E = 6 MM, DE *2,75 X 1,85* M                                                                                                                                                                                                                                                                                                                                                                                                                                            ","M2    ","CR",35.54]
[34670,"CHAPA DE MDF BRANCO LISO 2 FACES, E = 9 MM, DE *2,75 X 1,85* M                                                                                                                                                                                                                                                                                                                                                                                                                                            ","M2    ","CR",43.46]
[34671,"CHAPA DE MDF CRU, E = 12 MM, DE *2,75 X 1,85* M                                                                                                                                                                                                                                                                                                                                                                                                                                                           ","M2    ","CR",36.28]
[34672,"CHAPA DE MDF CRU, E = 15 MM, DE *2,75 X 1,85* M                                                                                                                                                                                                                                                                                                                                                                                                                                                           ","M2    ","CR",38.26]
[34673,"CHAPA DE MDF CRU, E = 18 MM, DE *2,75 X 1,85* M                                                                                                                                                                                                                                                                                                                                                                                                                                                           ","M2    ","CR",46.68]
[34674,"CHAPA DE MDF CRU, E = 20 MM, DE *2,75 X 1,85* M                                                                                                                                                                                                                                                                                                                                                                                                                                                           ","M2    ","CR",62.06]
[34675,"CHAPA DE MDF CRU, E = 25 MM, DE *2,75 X 1,85* M                                                                                                                                                                                                                                                                                                                                                                                                                                                           ","M2    ","CR",75.67]
[34676,"CHAPA DE MDF CRU, E = 6 MM, DE *2,75 X 1,85* M                                                                                                                                                                                                                                                                                                                                                                                                                                                            ","M2    ","CR",21.78]
[34677,"CHAPA DE MDF CRU, E = 9 MM, DE *2,75 X 1,85* M                                                                                                                                                                                                                                                                                                                                                                                                                                                            ","M2    ","CR",29.29]
[43126,"CHAPA EM ACO GALVANIZADO PARA STEEL DECK, COM NERVURAS TRAPEZOIDAIS, LARGURA UTIL DE 915 MM E ESPESSURA DE 0,80 MM                                                                                                                                                                                                                                                                                                                                                                                        ","M2    ","CR",101.63]
[43124,"CHAPA EM ACO GALVANIZADO PARA STEEL DECK, COM NERVURAS TRAPEZOIDAIS, LARGURA UTIL DE 915 MM E ESPESSURA DE 0,95 MM                                                                                                                                                                                                                                                                                                                                                                                        ","M2    ","CR",118.67]
[43125,"CHAPA EM ACO GALVANIZADO PARA STEEL DECK, COM NERVURAS TRAPEZOIDAIS, LARGURA UTIL DE 915 MM E ESPESSURA DE 1,25 MM                                                                                                                                                                                                                                                                                                                                                                                        ","M2    ","CR",153.9]
[40623,"CHAPA PARA EMENDA DE VIGA, EM ACO GROSSO, QUALIDADE ESTRUTURAL, BITOLA 3/16 \", E= 4,75 MM, 4 FUROS, LARGURA 45 MM, COMPRIMENTO 500 MM                                                                                                                                                                                                                                                                                                                                                                     ","PAR   ","CR",116.54]
[43701,"CHAPA/BOBINA LISA EM ALUMINIO, LIGA 1.200 - H14, QUALQUER ESPESSURA, QUALQUER LARGURA                                                                                                                                                                                                                                                                                                                                                                                                                     ","KG    ","AS",39.619999999999997]
[1345,"CHAPA/PAINEL DE MADEIRA COMPENSADA PLASTIFICADA (MADEIRITE PLASTIFICADO) PARA FORMA DE CONCRETO, DE 2200 X 1100 MM, E = *17* MM                                                                                                                                                                                                                                                                                                                                                                           ","M2    ","CR",105.5]
[1346,"CHAPA/PAINEL DE MADEIRA COMPENSADA PLASTIFICADA (MADEIRITE PLASTIFICADO) PARA FORMA DE CONCRETO, DE 2200 X 1100 MM, E = 10 MM                                                                                                                                                                                                                                                                                                                                                                             ","M2    ","CR",61.36]
[1347,"CHAPA/PAINEL DE MADEIRA COMPENSADA PLASTIFICADA (MADEIRITE PLASTIFICADO) PARA FORMA DE CONCRETO, DE 2200 X 1100 MM, E = 12 MM                                                                                                                                                                                                                                                                                                                                                                             ","M2    ","CR",76.040000000000006]
[43678,"CHAPA/PAINEL DE MADEIRA COMPENSADA PLASTIFICADA (MADEIRITE PLASTIFICADO) PARA FORMA DE CONCRETO, DE 2200 X 1100 MM, E = 14 MM                                                                                                                                                                                                                                                                                                                                                                             ","M2    ","CR",88.2]
[43680,"CHAPA/PAINEL DE MADEIRA COMPENSADA PLASTIFICADA (MADEIRITE PLASTIFICADO) PARA FORMA DE CONCRETO, DE 2200 X 1100 MM, E = 20 MM                                                                                                                                                                                                                                                                                                                                                                             ","M2    ","CR",127.06]
[43679,"CHAPA/PAINEL DE MADEIRA COMPENSADA PLASTIFICADA (MADEIRITE PLASTIFICADO) PARA FORMA DE CONCRETO, DE 2200 X 1100 MM, E = 6 MM                                                                                                                                                                                                                                                                                                                                                                              ","M2    ","CR",44.59]
[1355,"CHAPA/PAINEL DE MADEIRA COMPENSADA RESINADA (MADEIRITE RESINADO ROSA) PARA FORMA DE CONCRETO, DE 2200 X 1100 MM, E = 14 MM                                                                                                                                                                                                                                                                                                                                                                                ","M2    ","CR",50.74]
[1358,"CHAPA/PAINEL DE MADEIRA COMPENSADA RESINADA (MADEIRITE RESINADO ROSA) PARA FORMA DE CONCRETO, DE 2200 X 1100 MM, E = 17 MM                                                                                                                                                                                                                                                                                                                                                                                ","M2    ","CR",62.3]
[43677,"CHAPA/PAINEL DE MADEIRA COMPENSADA RESINADA (MADEIRITE RESINADO ROSA) PARA FORMA DE CONCRETO, DE 2200 X 1100 MM, E = 20 MM                                                                                                                                                                                                                                                                                                                                                                                ","M2    ","CR",77.290000000000006]
[43682,"CHAPA/PAINEL DE MADEIRA COMPENSADA RESINADA (MADEIRITE RESINADO ROSA) PARA FORMA DE CONCRETO, DE 2200 X 1100 MM, E = 6 MM                                                                                                                                                                                                                                                                                                                                                                                 ","M2    ","CR",23.69]
[43681,"CHAPA/PAINEL DE MADEIRA COMPENSADA RESINADA (MADEIRITE RESINADO ROSA) PARA FORMA DE CONCRETO, DE 2200 X 1100 MM, E = 8 A 12 MM                                                                                                                                                                                                                                                                                                                                                                            ","M2    ","C ",39.25]
[20971,"CHAVE DUPLA PARA CONEXOES TIPO STORZ, ENGATE RAPIDO 1 1/2\" X 2 1/2\", EM LATAO, PARA INSTALACAO PREDIAL COMBATE A INCENDIO                                                                                                                                                                                                                                                                                                                                                                                 ","UN    ","AS",30.56]
[39746,"CHUMBADOR DE ACO GALVANIZADO, 1\" X 600 MM, PARA POSTES DE ACO COM BASE, INCLUSO PORCA E ARRUELA                                                                                                                                                                                                                                                                                                                                                                                                           ","UN    ","CR",83.1]
[13279,"CHUMBADOR DE ACO TIPO PARABOLT, * 5/8\" X 200* MM, COM PORCA E ARRUELA                                                                                                                                                                                                                                                                                                                                                                                                                                     ","KG    ","CR",21.04]
[11977,"CHUMBADOR DE ACO ZINCADO, DIAMETRO 1/2\", COMPRIMENTO 75 MM                                                                                                                                                                                                                                                                                                                                                                                                                                                ","UN    ","CR",10.9]
[11976,"CHUMBADOR DE ACO ZINCADO, DIAMETRO 1/4\" COM PARAFUSO 1/4\" X 40 MM                                                                                                                                                                                                                                                                                                                                                                                                                                         ","UN    ","CR",1.22]
[11975,"CHUMBADOR DE ACO ZINCADO, DIAMETRO 5/8\", COMPRIMENTO 6\", COM PORCA                                                                                                                                                                                                                                                                                                                                                                                                                                        ","UN    ","CR",23.89]
[1368,"CHUVEIRO COMUM EM PLASTICO BRANCO, COM CANO, 3 TEMPERATURAS, 5500 W (110/220 V)                                                                                                                                                                                                                                                                                                                                                                                                                           ","UN    ","C ",89]
[1367,"CHUVEIRO COMUM EM PLASTICO CROMADO, COM CANO, 4 TEMPERATURAS (110/220 V)                                                                                                                                                                                                                                                                                                                                                                                                                                  ","UN    ","CR",287.89]
[1380,"CIMENTO BRANCO NAO ESTRUTURAL (CPB - NAO ESTRUTURAL)                                                                                                                                                                                                                                                                                                                                                                                                                                                      ","KG    ","CR",7.02]
[1375,"CIMENTO IMPERMEABILIZANTE DE PEGA ULTRARRAPIDA PARA TAMPONAMENTOS                                                                                                                                                                                                                                                                                                                                                                                                                                         ","KG    ","CR",26.38]
[1379,"CIMENTO PORTLAND COMPOSTO CP II-32                                                                                                                                                                                                                                                                                                                                                                                                                                                                        ","KG    ","C ",1.05]
[13284,"CIMENTO PORTLAND DE ALTO FORNO (AF) CP III-40                                                                                                                                                                                                                                                                                                                                                                                                                                                             ","KG    ","CR",0.95]
[44528,"CIMENTO PORTLAND ESTRUTURAL BRANCO CPB - 32 OU CPB - 40                                                                                                                                                                                                                                                                                                                                                                                                                                                   ","KG    ","CR",5.59]
[34753,"CIMENTO PORTLAND POZOLANICO CP IV-32                                                                                                                                                                                                                                                                                                                                                                                                                                                                      ","KG    ","CR",1.02]
[420,"CINTA CIRCULAR EM ACO GALVANIZADO DE 150 MM DE DIAMETRO PARA FIXACAO DE CAIXA MEDICAO, INCLUI PARAFUSOS E PORCAS                                                                                                                                                                                                                                                                                                                                                                                          ","UN    ","AS",27.2]
[12327,"CINTA CIRCULAR EM ACO GALVANIZADO DE 210 MM DE DIAMETRO PARA INSTALACAO DE TRANSFORMADOR EM POSTE DE CONCRETO                                                                                                                                                                                                                                                                                                                                                                                             ","UN    ","AS",32.4]
[36148,"CINTURAO DE SEGURANCA TIPO PARAQUEDISTA, FIVELA EM ACO, AJUSTE NO SUSPENSORIO, CINTURA E PERNAS                                                                                                                                                                                                                                                                                                                                                                                                           ","UN    ","CR",90]
[12329,"COBRE ELETROLITICO EM BARRA OU CHAPA                                                                                                                                                                                                                                                                                                                                                                                                                                                                      ","KG    ","CR",154.59]
[1339,"COLA A BASE DE RESINA SINTETICA PARA CHAPA DE LAMINADO MELAMINICO E OUTROS                                                                                                                                                                                                                                                                                                                                                                                                                                ","KG    ","AS",76.13]
[44396,"COLA BRANCA BASE PVA                                                                                                                                                                                                                                                                                                                                                                                                                                                                                      ","KG    ","CR",20.52]
[44327,"COLA PARA TUBOS E MANTAS ELASTOMERICAS, A BASE DE SOLVENTE                                                                                                                                                                                                                                                                                                                                                                                                                                                ","L     ","CR",69.790000000000006]
[37418,"COLAR DE TOMADA EM POLIPROPILENO, PP, COM PARAFUSOS, PARA PEAD, 63 X 1/2\" - LIGACAO PREDIAL DE AGUA                                                                                                                                                                                                                                                                                                                                                                                                       ","UN    ","AS",16.59]
[37419,"COLAR DE TOMADA EM POLIPROPILENO, PP, COM PARAFUSOS, PARA PEAD, 63 X 3/4\" - LIGACAO PREDIAL DE AGUA                                                                                                                                                                                                                                                                                                                                                                                                       ","UN    ","AS",17.04]
[1427,"COLAR TOMADA PVC, COM TRAVAS, SAIDA COM ROSCA, DE 110 MM X 1/2\" OU 110 MM X 3/4\", PARA LIGACAO PREDIAL DE AGUA                                                                                                                                                                                                                                                                                                                                                                                            ","UN    ","AS",14.73]
[1402,"COLAR TOMADA PVC, COM TRAVAS, SAIDA COM ROSCA, DE 32 MM X 1/2\" OU 32 MM X 3/4\", PARA LIGACAO PREDIAL DE AGUA                                                                                                                                                                                                                                                                                                                                                                                              ","UN    ","AS",5.0999999999999996]
[1420,"COLAR TOMADA PVC, COM TRAVAS, SAIDA COM ROSCA, DE 40 MM X 1/2\" OU 40 MM X 3/4\", PARA LIGACAO PREDIAL DE AGUA                                                                                                                                                                                                                                                                                                                                                                                              ","UN    ","AS",6.56]
[1419,"COLAR TOMADA PVC, COM TRAVAS, SAIDA COM ROSCA, DE 50 MM X 1/2\" OU 50 MM X 3/4\", PARA LIGACAO PREDIAL DE AGUA                                                                                                                                                                                                                                                                                                                                                                                              ","UN    ","AS",7.92]
[1414,"COLAR TOMADA PVC, COM TRAVAS, SAIDA COM ROSCA, DE 60 MM X 1/2\" OU 60 MM X 3/4\", PARA LIGACAO PREDIAL DE AGUA                                                                                                                                                                                                                                                                                                                                                                                              ","UN    ","AS",7.75]
[1413,"COLAR TOMADA PVC, COM TRAVAS, SAIDA COM ROSCA, DE 75 MM X 1/2\" OU 75 MM X 3/4\", PARA LIGACAO PREDIAL DE AGUA                                                                                                                                                                                                                                                                                                                                                                                              ","UN    ","AS",11.44]
[1412,"COLAR TOMADA PVC, COM TRAVAS, SAIDA COM ROSCA, DE 85 MM X 1/2\" OU 85 MM X 3/4\", PARA LIGACAO PREDIAL DE AGUA                                                                                                                                                                                                                                                                                                                                                                                              ","UN    ","AS",9.6999999999999993]
[1406,"COLAR TOMADA PVC, COM TRAVAS, SAIDA ROSCAVEL COM BUCHA DE LATAO, DE 60 MM X 1/2\" OU 60 MM X 3/4\", PARA LIGACAO PREDIAL DE AGUA                                                                                                                                                                                                                                                                                                                                                                            ","UN    ","AS",11.7]
[11281,"COMPACTADOR DE SOLO A PERCUSSAO (SOQUETE), A GASOLINA 4 TEMPOS, PESO 55 A 65 KG, FORCA DE IMPACTO 1.000 A 1.500 KGF, FREQ. 600 A 700 GOLPES P/ MINUTO, VELOCIDADE TRABALHO DE 10 A 15 M/MIN, POT. DE 2,00 A 3,00 HP                                                                                                                                                                                                                                                                                       ","UN    ","AS",12522.95]
[1442,"COMPACTADOR DE SOLO TIPO PLACA VIBRATORIA REVERSIVEL, A GASOLINA 4 TEMPOS, PESO 125 A 150 KG, FORCA CENTRIF. 2500 A 2800 KGF, LARG. TRABALHO 400 A 450 MM, FREQ. VIBRACAO 4300 A 4500 RPM, VELOC. TRABALHO 15 A 20 M/MIN, POT. 5,5 A 6,0 HP                                                                                                                                                                                                                                                               ","UN    ","AS",10512.92]
[13457,"COMPACTADOR DE SOLO TIPO PLACA VIBRATORIA REVERSIVEL, A GASOLINA 4 TEMPOS, PESO 150 A 175 KG, FORCA CENTRIF. 2800 A 3100 KGF, LARG. TRABALHO DE 450 A 520 MM, FREQ. VIBRACAO 4000 A 4300 RPM, VELOC. TRABALHO DE 15 A 20 M/MIN, POT. DE 6,0 A 7,0 HP                                                                                                                                                                                                                                                      ","UN    ","AS",9074.6]
[40699,"COMPACTADOR DE SOLO, TIPO PLACA VIBRATORIA NAO REVERSIVEL, A GASOLINA 4 TEMPOS, PESO 80 A 120 KG, FORCA CENTRIF. DE 1300 A 2000 KGF, LARG. TRABALHO DE 400 A 500 MM, FREQ. VIBRACAO DE 4800 A 6000 RPM, VELOCIDADE TRABALHO DE 20 A 30 M/MIN, POT. DE 5,0 A 6,0 HP                                                                                                                                                                                                                                        ","UN    ","AS",7015.01]
[40701,"COMPACTADOR DE SOLO, TIPO PLACA VIBRATORIA REVERSIVEL, A DIESEL, PESO 700 A 820 KG, FORCA CENTRIF. DE 6.200 A 10.000 KGF, LARG. TRABALHO DE 650 A 720 MM, FREQ. VIBRACAO DE 3.000 A 3.500 RPM, VELOCIDADE TRABALHO DE 25 A 30 M/MIN, POT. DE 13,0 A 15,0 HP                                                                                                                                                                                                                                               ","UN    ","AS",124035]
[40700,"COMPACTADOR DE SOLO, TIPO PLACA VIBRATORIA REVERSIVEL, A GASOLINA 4 TEMPOS, PESO 160 A 265 KG, FORCA CENTRIF. DE 2750 A 4000 KGF, LARG. TRABALHO DE 430 A 550 MM, FREQ. VIBRACAO DE 4000 A 5500 RPM, VELOCIDADE TRABALHO DE 20 A 25 M/MIN, POT. DE 7,5 A 9,0 HP                                                                                                                                                                                                                                           ","UN    ","AS",16330.03]
[13458,"COMPACTADOR DE SOLOS DE PERCURSAO (SOQUETE) COM MOTOR A GASOLINA 4 TEMPOS DE 4 HP (4 CV)                                                                                                                                                                                                                                                                                                                                                                                                                  ","UN    ","AS",15517.56]
[11134,"COMPENSADO NAVAL - CHAPA/PAINEL EM MADEIRA COMPENSADA PRENSADA, DE 2200 X 1600 MM, E = 10 MM                                                                                                                                                                                                                                                                                                                                                                                                              ","M2    ","CR",87.42]
[11135,"COMPENSADO NAVAL - CHAPA/PAINEL EM MADEIRA COMPENSADA PRENSADA, DE 2200 X 1600 MM, E = 12 MM                                                                                                                                                                                                                                                                                                                                                                                                              ","M2    ","CR",94.39]
[11136,"COMPENSADO NAVAL - CHAPA/PAINEL EM MADEIRA COMPENSADA PRENSADA, DE 2200 X 1600 MM, E = 15 MM                                                                                                                                                                                                                                                                                                                                                                                                              ","M2    ","CR",108.08]
[34743,"COMPENSADO NAVAL - CHAPA/PAINEL EM MADEIRA COMPENSADA PRENSADA, DE 2200 X 1600 MM, E = 18 MM                                                                                                                                                                                                                                                                                                                                                                                                              ","M2    ","CR",130.4]
[11137,"COMPENSADO NAVAL - CHAPA/PAINEL EM MADEIRA COMPENSADA PRENSADA, DE 2200 X 1600 MM, E = 20 MM                                                                                                                                                                                                                                                                                                                                                                                                              ","M2    ","CR",148.11000000000001]
[34745,"COMPENSADO NAVAL - CHAPA/PAINEL EM MADEIRA COMPENSADA PRENSADA, DE 2200 X 1600 MM, E = 25 MM                                                                                                                                                                                                                                                                                                                                                                                                              ","M2    ","CR",176.13]
[34746,"COMPENSADO NAVAL - CHAPA/PAINEL EM MADEIRA COMPENSADA PRENSADA, DE 2200 X 1600 MM, E = 4 MM                                                                                                                                                                                                                                                                                                                                                                                                               ","M2    ","CR",48.03]
[1360,"COMPENSADO NAVAL - CHAPA/PAINEL EM MADEIRA COMPENSADA PRENSADA, DE 2200 X 1600 MM, E = 6 MM                                                                                                                                                                                                                                                                                                                                                                                                               ","M2    ","CR",56.04]
[36524,"COMPRESSOR DE AR ESTACIONARIO, VAZAO 620 PCM, PRESSAO EFETIVA DE TRABALHO 109 PSI, MOTOR ELETRICO, POTENCIA 127 CV                                                                                                                                                                                                                                                                                                                                                                                        ","UN    ","AS",195966.86]
[36526,"COMPRESSOR DE AR REBOCAVEL VAZAO 400 PCM, PRESSAO EFETIVA DE TRABALHO 102 PSI, MOTOR DIESEL, POTENCIA 110 CV                                                                                                                                                                                                                                                                                                                                                                                              ","UN    ","AS",157918.07]
[36523,"COMPRESSOR DE AR REBOCAVEL VAZAO 748 PCM, PRESSAO EFETIVA DE TRABALHO 102 PSI, MOTOR DIESEL, POTENCIA 210 CV                                                                                                                                                                                                                                                                                                                                                                                              ","UN    ","AS",338081.28000000003]
[36527,"COMPRESSOR DE AR REBOCAVEL VAZAO 860 PCM, PRESSAO EFETIVA DE TRABALHO 102 PSI, MOTOR DIESEL, POTENCIA 250 CV                                                                                                                                                                                                                                                                                                                                                                                              ","UN    ","AS",367225.91]
[38642,"COMPRESSOR DE AR REBOCAVEL, VAZAO 152 PCM, PRESSAO EFETIVA DE TRABALHO 102 PSI, MOTOR DIESEL, POTENCIA 31,5 KW                                                                                                                                                                                                                                                                                                                                                                                            ","UN    ","AS",85499.61]
[36522,"COMPRESSOR DE AR REBOCAVEL, VAZAO 189 PCM, PRESSAO EFETIVA DE TRABALHO 102 PSI, MOTOR DIESEL, POTENCIA 63 CV                                                                                                                                                                                                                                                                                                                                                                                              ","UN    ","AS",99435.03]
[36525,"COMPRESSOR DE AR REBOCAVEL, VAZAO 250 PCM, PRESSAO EFETIVA DE TRABALHO 102 PSI, MOTOR DIESEL, POTENCIA 81 CV                                                                                                                                                                                                                                                                                                                                                                                              ","UN    ","AS",133166.73000000001]
[13803,"COMPRESSOR DE AR REBOCAVEL, VAZAO 89 PCM, PRESSAO EFETIVA DE TRABALHO *102* PSI, MOTOR DIESEL, POTENCIA *20* CV                                                                                                                                                                                                                                                                                                                                                                                           ","UN    ","AS",132785.69]
[34348,"CONCERTINA CLIPADA (DUPLA) EM ACO GALVANIZADO DE ALTA RESISTENCIA, COM ESPIRAL DE 300 MM, D = 2,76 MM                                                                                                                                                                                                                                                                                                                                                                                                     ","M     ","CR",27.23]
[34347,"CONCERTINA SIMPLES EM ACO GALVANIZADO DE ALTA RESISTENCIA, COM ESPIRAL DE 300 MM, D = 2,76 MM                                                                                                                                                                                                                                                                                                                                                                                                             ","M     ","CR",19.47]
[11146,"CONCRETO AUTOADENSAVEL (CAA) CLASSE DE RESISTENCIA C15, ESPALHAMENTO SF2, COM BOMBEAMENTO (DISPONIBILIZACAO DE BOMBA), SEM O LANCAMENTO (NBR 15823)                                                                                                                                                                                                                                                                                                                                                       ","M3    ","CR",950.84]
[11147,"CONCRETO AUTOADENSAVEL (CAA) CLASSE DE RESISTENCIA C20, ESPALHAMENTO SF2, COM BOMBEAMENTO (DISPONIBILIZACAO DE BOMBA), SEM O LANCAMENTO (NBR 15823)                                                                                                                                                                                                                                                                                                                                                       ","M3    ","CR",988.05]
[34872,"CONCRETO AUTOADENSAVEL (CAA) CLASSE DE RESISTENCIA C25, ESPALHAMENTO SF2, COM BOMBEAMENTO (DISPONIBILIZACAO DE BOMBA), SEM O LANCAMENTO (NBR 15823)                                                                                                                                                                                                                                                                                                                                                       ","M3    ","CR",999.14]
[34491,"CONCRETO AUTOADENSAVEL (CAA) CLASSE DE RESISTENCIA C30, ESPALHAMENTO SF2, COM BOMBEAMENTO (DISPONIBILIZACAO DE BOMBA), SEM O LANCAMENTO (NBR 15823)                                                                                                                                                                                                                                                                                                                                                       ","M3    ","CR",1028.0899999999999]
[34770,"CONCRETO BETUMINOSO USINADO A QUENTE (CBUQ) PARA PAVIMENTACAO ASFALTICA, PADRAO DNIT, FAIXA C, COM CAP 30/45 - AQUISICAO POSTO USINA                                                                                                                                                                                                                                                                                                                                                                      ","T     ","AS",490.44]
[1518,"CONCRETO BETUMINOSO USINADO A QUENTE (CBUQ) PARA PAVIMENTACAO ASFALTICA, PADRAO DNIT, FAIXA C, COM CAP 50/70 - AQUISICAO POSTO USINA                                                                                                                                                                                                                                                                                                                                                                      ","T     ","AS",500]
[41965,"CONCRETO BETUMINOSO USINADO A QUENTE (CBUQ) PARA PAVIMENTACAO ASFALTICA, PADRAO DNIT, PARA BINDER, COM CAP 50/70 - AQUISICAO POSTO USINA                                                                                                                                                                                                                                                                                                                                                                  ","T     ","AS",438.42]
[1524,"CONCRETO USINADO BOMBEAVEL, CLASSE DE RESISTENCIA C20, BRITA 0 E 1, SLUMP = 100 +/- 20 MM, COM BOMBEAMENTO (DISPONIBILIZACAO DE BOMBA), SEM O LANCAMENTO (NBR 8953)                                                                                                                                                                                                                                                                                                                                       ","M3    ","CR",912.26]
[34492,"CONCRETO USINADO BOMBEAVEL, CLASSE DE RESISTENCIA C20, COM BRITA 0 E 1, SLUMP = 100 +/- 20 MM, EXCLUI SERVICO DE BOMBEAMENTO (NBR 8953)                                                                                                                                                                                                                                                                                                                                                                   ","M3    ","C ",845]
[38404,"CONCRETO USINADO BOMBEAVEL, CLASSE DE RESISTENCIA C20, COM BRITA 0 E 1, SLUMP = 130 +/- 20 MM, EXCLUI SERVICO DE BOMBEAMENTO (NBR 8953)                                                                                                                                                                                                                                                                                                                                                                   ","M3    ","CR",875.25]
[39849,"CONCRETO USINADO BOMBEAVEL, CLASSE DE RESISTENCIA C20, COM BRITA 0 E 1, SLUMP = 190 +/- 20 MM, COM BOMBEAMENTO (DISPONIBILIZACAO DE BOMBA), SEM O LANCAMENTO (NBR 8953)                                                                                                                                                                                                                                                                                                                                   ","M3    ","CR",1003.04]
[38464,"CONCRETO USINADO BOMBEAVEL, CLASSE DE RESISTENCIA C20, COM BRITA 0, SLUMP = 220 +/- 20 MM, COM BOMBEAMENTO (DISPONIBILIZACAO DE BOMBA), SEM O LANCAMENTO (NBR 8953)                                                                                                                                                                                                                                                                                                                                       ","M3    ","CR",1017.6]
[1527,"CONCRETO USINADO BOMBEAVEL, CLASSE DE RESISTENCIA C25, BRITA 0 E 1, SLUMP = 100 +/- 20 MM, COM BOMBEAMENTO (DISPONIBILIZACAO DE BOMBA), SEM O LANCAMENTO (NBR 8953)                                                                                                                                                                                                                                                                                                                                       ","M3    ","CR",941.22]
[34493,"CONCRETO USINADO BOMBEAVEL, CLASSE DE RESISTENCIA C25, COM BRITA 0 E 1, SLUMP = 100 +/- 20 MM, EXCLUI SERVICO DE BOMBEAMENTO (NBR 8953)                                                                                                                                                                                                                                                                                                                                                                   ","M3    ","CR",868.81]
[38405,"CONCRETO USINADO BOMBEAVEL, CLASSE DE RESISTENCIA C25, COM BRITA 0 E 1, SLUMP = 130 +/- 20 MM, EXCLUI SERVICO DE BOMBEAMENTO (NBR 8953)                                                                                                                                                                                                                                                                                                                                                                   ","M3    ","CR",902.25]
[38408,"CONCRETO USINADO BOMBEAVEL, CLASSE DE RESISTENCIA C25, COM BRITA 0 E 1, SLUMP = 190 +/- 20 MM, EXCLUI SERVICO DE BOMBEAMENTO (NBR 8953)                                                                                                                                                                                                                                                                                                                                                                   ","M3    ","CR",998.7]
[1525,"CONCRETO USINADO BOMBEAVEL, CLASSE DE RESISTENCIA C30, BRITA 0 E 1, SLUMP = 100 +/- 20 MM, COM BOMBEAMENTO (DISPONIBILIZACAO DE BOMBA), SEM O LANCAMENTO (NBR 8953)                                                                                                                                                                                                                                                                                                                                       ","M3    ","CR",970.18]
[34494,"CONCRETO USINADO BOMBEAVEL, CLASSE DE RESISTENCIA C30, COM BRITA 0 E 1, SLUMP = 100 +/- 20 MM, EXCLUI SERVICO DE BOMBEAMENTO (NBR 8953)                                                                                                                                                                                                                                                                                                                                                                   ","M3    ","CR",897.78]
[38406,"CONCRETO USINADO BOMBEAVEL, CLASSE DE RESISTENCIA C30, COM BRITA 0 E 1, SLUMP = 130 +/- 20 MM, EXCLUI SERVICO DE BOMBEAMENTO (NBR 8953)                                                                                                                                                                                                                                                                                                                                                                   ","M3    ","CR",952.71]
[38409,"CONCRETO USINADO BOMBEAVEL, CLASSE DE RESISTENCIA C30, COM BRITA 0 E 1, SLUMP = 190 +/- 20 MM, EXCLUI SERVICO DE BOMBEAMENTO (NBR 8953)                                                                                                                                                                                                                                                                                                                                                                   ","M3    ","CR",1005.51]
[43360,"CONCRETO USINADO BOMBEAVEL, CLASSE DE RESISTENCIA C30, COM BRITA 0 E 1, SLUMP = 220 +/- 30 MM, EXCLUI SERVICO DE BOMBEAMENTO (NBR 8953)                                                                                                                                                                                                                                                                                                                                                                   ","M3    ","CR",1048.46]
[11145,"CONCRETO USINADO BOMBEAVEL, CLASSE DE RESISTENCIA C35, BRITA 0 E 1, SLUMP = 100 +/- 20 MM, COM BOMBEAMENTO (DISPONIBILIZACAO DE BOMBA), SEM O LANCAMENTO (NBR 8953)                                                                                                                                                                                                                                                                                                                                       ","M3    ","CR",999.14]
[34495,"CONCRETO USINADO BOMBEAVEL, CLASSE DE RESISTENCIA C35, COM BRITA 0 E 1, SLUMP = 100 +/- 20 MM, EXCLUI SERVICO DE BOMBEAMENTO (NBR 8953)                                                                                                                                                                                                                                                                                                                                                                   ","M3    ","CR",926.73]
[34479,"CONCRETO USINADO BOMBEAVEL, CLASSE DE RESISTENCIA C40, BRITA 0 E 1, SLUMP = 100 +/- 20 MM, COM BOMBEAMENTO (DISPONIBILIZACAO DE BOMBA), SEM O LANCAMENTO (NBR 8953)                                                                                                                                                                                                                                                                                                                                       ","M3    ","CR",1028.0899999999999]
[34496,"CONCRETO USINADO BOMBEAVEL, CLASSE DE RESISTENCIA C40, COM BRITA 0 E 1, SLUMP = 100 +/- 20 MM, EXCLUI SERVICO DE BOMBEAMENTO (NBR 8953)                                                                                                                                                                                                                                                                                                                                                                   ","M3    ","CR",966.75]
[34481,"CONCRETO USINADO BOMBEAVEL, CLASSE DE RESISTENCIA C45, BRITA 0 E 1, SLUMP = 100 +/- 20 MM, COM BOMBEAMENTO (DISPONIBILIZACAO DE BOMBA), SEM O LANCAMENTO (NBR 8953)                                                                                                                                                                                                                                                                                                                                       ","M3    ","CR",1074.24]
[34483,"CONCRETO USINADO BOMBEAVEL, CLASSE DE RESISTENCIA C50, BRITA 0 E 1, SLUMP = 100 +/- 20 MM, COM BOMBEAMENTO (DISPONIBILIZACAO DE BOMBA), SEM O LANCAMENTO (NBR 8953)                                                                                                                                                                                                                                                                                                                                       ","M3    ","CR",1147.75]
[34485,"CONCRETO USINADO BOMBEAVEL, CLASSE DE RESISTENCIA C60, COM BRITA 0 E 1, SLUMP = 100 +/- 20 MM, COM BOMBEAMENTO (DISPONIBILIZACAO DE BOMBA), SEM O LANCAMENTO (NBR 8953)                                                                                                                                                                                                                                                                                                                                   ","M3    ","CR",1227.3900000000001]
[14041,"CONCRETO USINADO CONVENCIONAL (NAO BOMBEAVEL) CLASSE DE RESISTENCIA C10, COM BRITA 1 E 2, SLUMP = 80 MM +/- 10 MM (NBR 8953)                                                                                                                                                                                                                                                                                                                                                                              ","M3    ","CR",797.86]
[1523,"CONCRETO USINADO CONVENCIONAL (NAO BOMBEAVEL) CLASSE DE RESISTENCIA C15, COM BRITA 1 E 2, SLUMP = 80 MM +/- 10 MM (NBR 8953)                                                                                                                                                                                                                                                                                                                                                                              ","M3    ","CR",810.89]
[14052,"CONDULETE DE ALUMINIO TIPO B, PARA ELETRODUTO ROSCAVEL DE 1/2\", COM TAMPA CEGA                                                                                                                                                                                                                                                                                                                                                                                                                            ","UN    ","AS",13.01]
[14054,"CONDULETE DE ALUMINIO TIPO B, PARA ELETRODUTO ROSCAVEL DE 1\", COM TAMPA CEGA                                                                                                                                                                                                                                                                                                                                                                                                                              ","UN    ","AS",16.91]
[14053,"CONDULETE DE ALUMINIO TIPO B, PARA ELETRODUTO ROSCAVEL DE 3/4\", COM TAMPA CEGA                                                                                                                                                                                                                                                                                                                                                                                                                            ","UN    ","AS",13.21]
[2558,"CONDULETE DE ALUMINIO TIPO C, PARA ELETRODUTO ROSCAVEL DE 1/2\", COM TAMPA CEGA                                                                                                                                                                                                                                                                                                                                                                                                                            ","UN    ","AS",9.94]
[2560,"CONDULETE DE ALUMINIO TIPO C, PARA ELETRODUTO ROSCAVEL DE 1\", COM TAMPA CEGA                                                                                                                                                                                                                                                                                                                                                                                                                              ","UN    ","AS",17.5]
[2559,"CONDULETE DE ALUMINIO TIPO C, PARA ELETRODUTO ROSCAVEL DE 3/4\", COM TAMPA CEGA                                                                                                                                                                                                                                                                                                                                                                                                                            ","UN    ","AS",14]
[2592,"CONDULETE DE ALUMINIO TIPO C, PARA ELETRODUTO ROSCAVEL DE 4\", COM TAMPA CEGA                                                                                                                                                                                                                                                                                                                                                                                                                              ","UN    ","AS",232.09]
[2589,"CONDULETE DE ALUMINIO TIPO E, PARA ELETRODUTO ROSCAVEL DE 1 1/2\", COM TAMPA CEGA                                                                                                                                                                                                                                                                                                                                                                                                                          ","UN    ","AS",31.04]
[2566,"CONDULETE DE ALUMINIO TIPO E, PARA ELETRODUTO ROSCAVEL DE 1 1/4\", COM TAMPA CEGA                                                                                                                                                                                                                                                                                                                                                                                                                          ","UN    ","AS",23.35]
[2591,"CONDULETE DE ALUMINIO TIPO E, PARA ELETRODUTO ROSCAVEL DE 1/2\", COM TAMPA CEGA                                                                                                                                                                                                                                                                                                                                                                                                                            ","UN    ","AS",11.32]
[2590,"CONDULETE DE ALUMINIO TIPO E, PARA ELETRODUTO ROSCAVEL DE 1\", COM TAMPA CEGA                                                                                                                                                                                                                                                                                                                                                                                                                              ","UN    ","AS",19.05]
[2567,"CONDULETE DE ALUMINIO TIPO E, PARA ELETRODUTO ROSCAVEL DE 2\", COM TAMPA CEGA                                                                                                                                                                                                                                                                                                                                                                                                                              ","UN    ","AS",45.53]
[2565,"CONDULETE DE ALUMINIO TIPO E, PARA ELETRODUTO ROSCAVEL DE 3/4\", COM TAMPA CEGA                                                                                                                                                                                                                                                                                                                                                                                                                            ","UN    ","AS",11.34]
[2568,"CONDULETE DE ALUMINIO TIPO E, PARA ELETRODUTO ROSCAVEL DE 3\", COM TAMPA CEGA                                                                                                                                                                                                                                                                                                                                                                                                                              ","UN    ","AS",126.45]
[2594,"CONDULETE DE ALUMINIO TIPO E, PARA ELETRODUTO ROSCAVEL DE 4\", COM TAMPA CEGA                                                                                                                                                                                                                                                                                                                                                                                                                              ","UN    ","AS",210.65]
[2587,"CONDULETE DE ALUMINIO TIPO LR, PARA ELETRODUTO ROSCAVEL DE 1 1/2\", COM TAMPA CEGA                                                                                                                                                                                                                                                                                                                                                                                                                         ","UN    ","AS",35.9]
[2588,"CONDULETE DE ALUMINIO TIPO LR, PARA ELETRODUTO ROSCAVEL DE 1 1/4\", COM TAMPA CEGA                                                                                                                                                                                                                                                                                                                                                                                                                         ","UN    ","AS",28.52]
[2569,"CONDULETE DE ALUMINIO TIPO LR, PARA ELETRODUTO ROSCAVEL DE 1/2\", COM TAMPA CEGA                                                                                                                                                                                                                                                                                                                                                                                                                           ","UN    ","AS",10.99]
[2570,"CONDULETE DE ALUMINIO TIPO LR, PARA ELETRODUTO ROSCAVEL DE 1\", COM TAMPA CEGA                                                                                                                                                                                                                                                                                                                                                                                                                             ","UN    ","AS",18.420000000000002]
[2571,"CONDULETE DE ALUMINIO TIPO LR, PARA ELETRODUTO ROSCAVEL DE 2\", COM TAMPA CEGA                                                                                                                                                                                                                                                                                                                                                                                                                             ","UN    ","AS",54.68]
[2593,"CONDULETE DE ALUMINIO TIPO LR, PARA ELETRODUTO ROSCAVEL DE 3/4\", COM TAMPA CEGA                                                                                                                                                                                                                                                                                                                                                                                                                           ","UN    ","AS",11.71]
[2572,"CONDULETE DE ALUMINIO TIPO LR, PARA ELETRODUTO ROSCAVEL DE 3\", COM TAMPA CEGA                                                                                                                                                                                                                                                                                                                                                                                                                             ","UN    ","AS",161.69999999999999]
[2595,"CONDULETE DE ALUMINIO TIPO LR, PARA ELETRODUTO ROSCAVEL DE 4\", COM TAMPA CEGA                                                                                                                                                                                                                                                                                                                                                                                                                             ","UN    ","AS",252.29]
[2576,"CONDULETE DE ALUMINIO TIPO T, PARA ELETRODUTO ROSCAVEL DE 1 1/2\", COM TAMPA CEGA                                                                                                                                                                                                                                                                                                                                                                                                                          ","UN    ","AS",43.01]
[2575,"CONDULETE DE ALUMINIO TIPO T, PARA ELETRODUTO ROSCAVEL DE 1 1/4\", COM TAMPA CEGA                                                                                                                                                                                                                                                                                                                                                                                                                          ","UN    ","AS",32.33]
[2573,"CONDULETE DE ALUMINIO TIPO T, PARA ELETRODUTO ROSCAVEL DE 1/2\", COM TAMPA CEGA                                                                                                                                                                                                                                                                                                                                                                                                                            ","UN    ","AS",13.42]
[2586,"CONDULETE DE ALUMINIO TIPO T, PARA ELETRODUTO ROSCAVEL DE 1\", COM TAMPA CEGA                                                                                                                                                                                                                                                                                                                                                                                                                              ","UN    ","AS",21.76]
[2577,"CONDULETE DE ALUMINIO TIPO T, PARA ELETRODUTO ROSCAVEL DE 2\", COM TAMPA CEGA                                                                                                                                                                                                                                                                                                                                                                                                                              ","UN    ","AS",58.28]
[2574,"CONDULETE DE ALUMINIO TIPO T, PARA ELETRODUTO ROSCAVEL DE 3/4\", COM TAMPA CEGA                                                                                                                                                                                                                                                                                                                                                                                                                            ","UN    ","AS",13.51]
[2578,"CONDULETE DE ALUMINIO TIPO T, PARA ELETRODUTO ROSCAVEL DE 3\", COM TAMPA CEGA                                                                                                                                                                                                                                                                                                                                                                                                                              ","UN    ","AS",181.95]
[2585,"CONDULETE DE ALUMINIO TIPO T, PARA ELETRODUTO ROSCAVEL DE 4\", COM TAMPA CEGA                                                                                                                                                                                                                                                                                                                                                                                                                              ","UN    ","AS",249.67]
[12008,"CONDULETE DE ALUMINIO TIPO TB, PARA ELETRODUTO ROSCAVEL DE 3\", COM TAMPA CEGA                                                                                                                                                                                                                                                                                                                                                                                                                             ","UN    ","AS",133.96]
[2582,"CONDULETE DE ALUMINIO TIPO X, PARA ELETRODUTO ROSCAVEL DE 1 1/2\", COM TAMPA CEGA                                                                                                                                                                                                                                                                                                                                                                                                                          ","UN    ","AS",39.89]
[2597,"CONDULETE DE ALUMINIO TIPO X, PARA ELETRODUTO ROSCAVEL DE 1 1/4\", COM TAMPA CEGA                                                                                                                                                                                                                                                                                                                                                                                                                          ","UN    ","AS",34.19]
[2579,"CONDULETE DE ALUMINIO TIPO X, PARA ELETRODUTO ROSCAVEL DE 1/2\", COM TAMPA CEGA                                                                                                                                                                                                                                                                                                                                                                                                                            ","UN    ","AS",16.28]
[2581,"CONDULETE DE ALUMINIO TIPO X, PARA ELETRODUTO ROSCAVEL DE 1\", COM TAMPA CEGA                                                                                                                                                                                                                                                                                                                                                                                                                              ","UN    ","AS",20.83]
[2596,"CONDULETE DE ALUMINIO TIPO X, PARA ELETRODUTO ROSCAVEL DE 2\", COM TAMPA CEGA                                                                                                                                                                                                                                                                                                                                                                                                                              ","UN    ","AS",61.6]
[2580,"CONDULETE DE ALUMINIO TIPO X, PARA ELETRODUTO ROSCAVEL DE 3/4\", COM TAMPA CEGA                                                                                                                                                                                                                                                                                                                                                                                                                            ","UN    ","AS",17.84]
[2583,"CONDULETE DE ALUMINIO TIPO X, PARA ELETRODUTO ROSCAVEL DE 3\", COM TAMPA CEGA                                                                                                                                                                                                                                                                                                                                                                                                                              ","UN    ","AS",149.83000000000001]
[2584,"CONDULETE DE ALUMINIO TIPO X, PARA ELETRODUTO ROSCAVEL DE 4\", COM TAMPA CEGA                                                                                                                                                                                                                                                                                                                                                                                                                              ","UN    ","AS",249.42]
[12010,"CONDULETE EM PVC, TIPO \"B\", SEM TAMPA, DE 1/2\" OU 3/4\"                                                                                                                                                                                                                                                                                                                                                                                                                                                    ","UN    ","CR",11.02]
[39329,"CONDULETE EM PVC, TIPO \"B\", SEM TAMPA, DE 1\"                                                                                                                                                                                                                                                                                                                                                                                                                                                              ","UN    ","CR",11.53]
[39330,"CONDULETE EM PVC, TIPO \"C\", SEM TAMPA, DE 1/2\"                                                                                                                                                                                                                                                                                                                                                                                                                                                            ","UN    ","CR",12.13]
[39332,"CONDULETE EM PVC, TIPO \"C\", SEM TAMPA, DE 1\"                                                                                                                                                                                                                                                                                                                                                                                                                                                              ","UN    ","CR",13.55]
[39331,"CONDULETE EM PVC, TIPO \"C\", SEM TAMPA, DE 3/4\"                                                                                                                                                                                                                                                                                                                                                                                                                                                            ","UN    ","CR",10.79]
[39333,"CONDULETE EM PVC, TIPO \"E\", SEM TAMPA, DE 1/2\"                                                                                                                                                                                                                                                                                                                                                                                                                                                            ","UN    ","CR",10.52]
[39335,"CONDULETE EM PVC, TIPO \"E\", SEM TAMPA, DE 1\"                                                                                                                                                                                                                                                                                                                                                                                                                                                              ","UN    ","CR",12.17]
[39334,"CONDULETE EM PVC, TIPO \"E\", SEM TAMPA, DE 3/4\"                                                                                                                                                                                                                                                                                                                                                                                                                                                            ","UN    ","CR",9.67]
[12016,"CONDULETE EM PVC, TIPO \"LB\", SEM TAMPA, DE 1/2\" OU 3/4\"                                                                                                                                                                                                                                                                                                                                                                                                                                                   ","UN    ","CR",12.14]
[12015,"CONDULETE EM PVC, TIPO \"LB\", SEM TAMPA, DE 1\"                                                                                                                                                                                                                                                                                                                                                                                                                                                             ","UN    ","CR",14.13]
[12020,"CONDULETE EM PVC, TIPO \"LL\", SEM TAMPA, DE 1/2\" OU 3/4\"                                                                                                                                                                                                                                                                                                                                                                                                                                                   ","UN    ","CR",12.14]
[12019,"CONDULETE EM PVC, TIPO \"LL\", SEM TAMPA, DE 1\"                                                                                                                                                                                                                                                                                                                                                                                                                                                             ","UN    ","CR",14.13]
[39336,"CONDULETE EM PVC, TIPO \"LR\", SEM TAMPA, DE 1/2\"                                                                                                                                                                                                                                                                                                                                                                                                                                                           ","UN    ","CR",12.13]
[39338,"CONDULETE EM PVC, TIPO \"LR\", SEM TAMPA, DE 1\"                                                                                                                                                                                                                                                                                                                                                                                                                                                             ","UN    ","CR",13.55]
[39337,"CONDULETE EM PVC, TIPO \"LR\", SEM TAMPA, DE 3/4\"                                                                                                                                                                                                                                                                                                                                                                                                                                                           ","UN    ","CR",10.79]
[39341,"CONDULETE EM PVC, TIPO \"T\", SEM TAMPA, DE 1\"                                                                                                                                                                                                                                                                                                                                                                                                                                                              ","UN    ","CR",17.66]
[39340,"CONDULETE EM PVC, TIPO \"T\", SEM TAMPA, DE 3/4\"                                                                                                                                                                                                                                                                                                                                                                                                                                                            ","UN    ","CR",12.97]
[12025,"CONDULETE EM PVC, TIPO \"TB\", SEM TAMPA, DE 1/2\" OU 3/4\"                                                                                                                                                                                                                                                                                                                                                                                                                                                   ","UN    ","CR",13.4]
[39342,"CONDULETE EM PVC, TIPO \"TB\", SEM TAMPA, DE 1\"                                                                                                                                                                                                                                                                                                                                                                                                                                                             ","UN    ","CR",17.66]
[39343,"CONDULETE EM PVC, TIPO \"X\", SEM TAMPA, DE 1/2\"                                                                                                                                                                                                                                                                                                                                                                                                                                                            ","UN    ","CR",14.92]
[39345,"CONDULETE EM PVC, TIPO \"X\", SEM TAMPA, DE 1\"                                                                                                                                                                                                                                                                                                                                                                                                                                                              ","UN    ","CR",20.190000000000001]
[39344,"CONDULETE EM PVC, TIPO \"X\", SEM TAMPA, DE 3/4\"                                                                                                                                                                                                                                                                                                                                                                                                                                                            ","UN    ","CR",14.42]
[12623,"CONDUTOR PLUVIAL, PVC, CIRCULAR, DIAMETRO ENTRE 80 E 100 MM, PARA DRENAGEM PLUVIAL PREDIAL                                                                                                                                                                                                                                                                                                                                                                                                                ","M     ","CR",32.020000000000003]
[34498,"CONE DE SINALIZACAO EM PVC FLEXIVEL, H = 70 / 76 CM (NBR 15071)                                                                                                                                                                                                                                                                                                                                                                                                                                           ","UN    ","CR",148.47999999999999]
[13244,"CONE DE SINALIZACAO EM PVC RIGIDO COM FAIXA REFLETIVA, H = 70 / 76 CM                                                                                                                                                                                                                                                                                                                                                                                                                                     ","UN    ","C ",62.5]
[38998,"CONECTOR / ADAPTADOR F/F, COM INSERTO METALICO, PPR, DN 25 MM X 1/2\", PARA AGUA QUENTE E FRIA PREDIAL                                                                                                                                                                                                                                                                                                                                                                                                     ","UN    ","AS",9.9700000000000006]
[38999,"CONECTOR / ADAPTADOR F/F, COM INSERTO METALICO, PPR, DN 32 MM X 3/4\", PARA AGUA QUENTE E FRIA PREDIAL                                                                                                                                                                                                                                                                                                                                                                                                     ","UN    ","AS",25.2]
[38996,"CONECTOR / ADAPTADOR F/M, COM INSERTO METALICO, PPR, DN 25 MM X 1/2\", PARA AGUA QUENTE E FRIA PREDIAL                                                                                                                                                                                                                                                                                                                                                                                                     ","UN    ","AS",17.809999999999999]
[44173,"CONECTOR / ADAPTADOR F/M, COM INSERTO METALICO, PPR, DN 25 MM X 3/4\", PARA AGUA QUENTE E FRIA PREDIAL                                                                                                                                                                                                                                                                                                                                                                                                     ","UN    ","AS",17.32]
[44174,"CONECTOR / ADAPTADOR F/M, COM INSERTO METALICO, PPR, DN 32 MM X 1\", PARA AGUA QUENTE E FRIA PREDIAL                                                                                                                                                                                                                                                                                                                                                                                                       ","UN    ","AS",28.36]
[38997,"CONECTOR / ADAPTADOR F/M, COM INSERTO METALICO, PPR, DN 32 MM X 3/4\", PARA AGUA QUENTE E FRIA PREDIAL                                                                                                                                                                                                                                                                                                                                                                                                     ","UN    ","AS",25.48]
[39600,"CONECTOR / TOMADA FEMEA RJ 45, CATEGORIA 5 E (CAT 5E) PARA CABOS                                                                                                                                                                                                                                                                                                                                                                                                                                          ","UN    ","CR",9.64]
[39601,"CONECTOR / TOMADA FEMEA RJ 45, CATEGORIA 6 (CAT 6) PARA CABOS                                                                                                                                                                                                                                                                                                                                                                                                                                             ","UN    ","CR",20.46]
[39862,"CONECTOR BRONZE/LATAO (REF 603) SEM ANEL DE SOLDA, BOLSA X ROSCA F, 15 MM X 1/2\"                                                                                                                                                                                                                                                                                                                                                                                                                          ","UN    ","AS",13.75]
[39863,"CONECTOR BRONZE/LATAO (REF 603) SEM ANEL DE SOLDA, BOLSA X ROSCA F, 22 MM X 1/2\"                                                                                                                                                                                                                                                                                                                                                                                                                          ","UN    ","AS",13.94]
[39864,"CONECTOR BRONZE/LATAO (REF 603) SEM ANEL DE SOLDA, BOLSA X ROSCA F, 22 MM X 3/4\"                                                                                                                                                                                                                                                                                                                                                                                                                          ","UN    ","AS",17.3]
[39865,"CONECTOR BRONZE/LATAO (REF 603) SEM ANEL DE SOLDA, BOLSA X ROSCA F, 28 MM X 1/2\"                                                                                                                                                                                                                                                                                                                                                                                                                          ","UN    ","AS",24.38]
[2517,"CONECTOR CURVO 90 GRAUS DE ALUMINIO, BITOLA 1 1/2\", PARA ADAPTAR ENTRADA DE ELETRODUTO METALICO FLEXIVEL EM QUADROS                                                                                                                                                                                                                                                                                                                                                                                       ","UN    ","AS",24.85]
[2522,"CONECTOR CURVO 90 GRAUS DE ALUMINIO, BITOLA 1 1/4\", PARA ADAPTAR ENTRADA DE ELETRODUTO METALICO FLEXIVEL EM QUADROS                                                                                                                                                                                                                                                                                                                                                                                       ","UN    ","AS",16.059999999999999]
[2548,"CONECTOR CURVO 90 GRAUS DE ALUMINIO, BITOLA 1/2\", PARA ADAPTAR ENTRADA DE ELETRODUTO METALICO FLEXIVEL EM QUADROS                                                                                                                                                                                                                                                                                                                                                                                         ","UN    ","AS",9.8800000000000008]
[2516,"CONECTOR CURVO 90 GRAUS DE ALUMINIO, BITOLA 1\", PARA ADAPTAR ENTRADA DE ELETRODUTO METALICO FLEXIVEL EM QUADROS                                                                                                                                                                                                                                                                                                                                                                                           ","UN    ","AS",12.89]
[2518,"CONECTOR CURVO 90 GRAUS DE ALUMINIO, BITOLA 2 1/2\", PARA ADAPTAR ENTRADA DE ELETRODUTO METALICO FLEXIVEL EM QUADROS                                                                                                                                                                                                                                                                                                                                                                                       ","UN    ","AS",118.29]
[2521,"CONECTOR CURVO 90 GRAUS DE ALUMINIO, BITOLA 2\", PARA ADAPTAR ENTRADA DE ELETRODUTO METALICO FLEXIVEL EM QUADROS                                                                                                                                                                                                                                                                                                                                                                                           ","UN    ","AS",50.35]
[2515,"CONECTOR CURVO 90 GRAUS DE ALUMINIO, BITOLA 3/4\", PARA ADAPTAR ENTRADA DE ELETRODUTO METALICO FLEXIVEL EM QUADROS                                                                                                                                                                                                                                                                                                                                                                                         ","UN    ","AS",10.73]
[2519,"CONECTOR CURVO 90 GRAUS DE ALUMINIO, BITOLA 3\", PARA ADAPTAR ENTRADA DE ELETRODUTO METALICO FLEXIVEL EM QUADROS                                                                                                                                                                                                                                                                                                                                                                                           ","UN    ","AS",142.63]
[2520,"CONECTOR CURVO 90 GRAUS DE ALUMINIO, BITOLA 4\", PARA ADAPTAR ENTRADA DE ELETRODUTO METALICO FLEXIVEL EM QUADROS                                                                                                                                                                                                                                                                                                                                                                                           ","UN    ","AS",262.51]
[1602,"CONECTOR DE ALUMINIO TIPO PRENSA CABO, BITOLA 1 1/2\", PARA CABOS DE DIAMETRO DE 37 A 40 MM                                                                                                                                                                                                                                                                                                                                                                                                                ","UN    ","CR",57.18]
[1601,"CONECTOR DE ALUMINIO TIPO PRENSA CABO, BITOLA 1 1/4\", PARA CABOS DE DIAMETRO DE 31 A 34 MM                                                                                                                                                                                                                                                                                                                                                                                                                ","UN    ","CR",50.96]
[1598,"CONECTOR DE ALUMINIO TIPO PRENSA CABO, BITOLA 1/2\", PARA CABOS DE DIAMETRO DE 12,5 A 15 MM                                                                                                                                                                                                                                                                                                                                                                                                                ","UN    ","CR",15.08]
[1600,"CONECTOR DE ALUMINIO TIPO PRENSA CABO, BITOLA 1\", PARA CABOS DE DIAMETRO DE 22,5 A 25 MM                                                                                                                                                                                                                                                                                                                                                                                                                  ","UN    ","CR",22.26]
[1603,"CONECTOR DE ALUMINIO TIPO PRENSA CABO, BITOLA 2\", PARA CABOS DE DIAMETRO DE 47,5 A 50 MM                                                                                                                                                                                                                                                                                                                                                                                                                  ","UN    ","CR",86.33]
[1599,"CONECTOR DE ALUMINIO TIPO PRENSA CABO, BITOLA 3/4\", PARA CABOS DE DIAMETRO DE 17,5 A 20 MM                                                                                                                                                                                                                                                                                                                                                                                                                ","UN    ","CR",17.5]
[1597,"CONECTOR DE ALUMINIO TIPO PRENSA CABO, BITOLA 3/8\", PARA CABOS DE DIAMETRO DE 9 A 10 MM                                                                                                                                                                                                                                                                                                                                                                                                                   ","UN    ","CR",14.18]
[39602,"CONECTOR MACHO RJ 45, CATEGORIA 5 E (CAT 5E) PARA CABOS                                                                                                                                                                                                                                                                                                                                                                                                                                                   ","UN    ","CR",1.02]
[39603,"CONECTOR MACHO RJ 45, CATEGORIA 6 (CAT 6) PARA CABOS                                                                                                                                                                                                                                                                                                                                                                                                                                                      ","UN    ","CR",2.1800000000000002]
[11821,"CONECTOR METALICO TIPO PARAFUSO FENDIDO (SPLIT BOLT), COM SEPARADOR DE CABOS BIMETALICOS, PARA CABOS ATE 25 MM2                                                                                                                                                                                                                                                                                                                                                                                           ","UN    ","CR",11.64]
[1562,"CONECTOR METALICO TIPO PARAFUSO FENDIDO (SPLIT BOLT), COM SEPARADOR DE CABOS BIMETALICOS, PARA CABOS ATE 50 MM2                                                                                                                                                                                                                                                                                                                                                                                           ","UN    ","CR",19.07]
[1563,"CONECTOR METALICO TIPO PARAFUSO FENDIDO (SPLIT BOLT), COM SEPARADOR DE CABOS BIMETALICOS, PARA CABOS ATE 70 MM2                                                                                                                                                                                                                                                                                                                                                                                           ","UN    ","CR",25.59]
[11856,"CONECTOR METALICO TIPO PARAFUSO FENDIDO (SPLIT BOLT), PARA CABOS ATE 10 MM2                                                                                                                                                                                                                                                                                                                                                                                                                               ","UN    ","C ",7.63]
[11857,"CONECTOR METALICO TIPO PARAFUSO FENDIDO (SPLIT BOLT), PARA CABOS ATE 120 MM2                                                                                                                                                                                                                                                                                                                                                                                                                              ","UN    ","CR",40.15]
[11858,"CONECTOR METALICO TIPO PARAFUSO FENDIDO (SPLIT BOLT), PARA CABOS ATE 150 MM2                                                                                                                                                                                                                                                                                                                                                                                                                              ","UN    ","CR",49.84]
[1539,"CONECTOR METALICO TIPO PARAFUSO FENDIDO (SPLIT BOLT), PARA CABOS ATE 16 MM2                                                                                                                                                                                                                                                                                                                                                                                                                               ","UN    ","CR",8.9600000000000009]
[11859,"CONECTOR METALICO TIPO PARAFUSO FENDIDO (SPLIT BOLT), PARA CABOS ATE 185 MM2                                                                                                                                                                                                                                                                                                                                                                                                                              ","UN    ","CR",67.81]
[1550,"CONECTOR METALICO TIPO PARAFUSO FENDIDO (SPLIT BOLT), PARA CABOS ATE 25 MM2                                                                                                                                                                                                                                                                                                                                                                                                                               ","UN    ","CR",9.4600000000000009]
[11854,"CONECTOR METALICO TIPO PARAFUSO FENDIDO (SPLIT BOLT), PARA CABOS ATE 35 MM2                                                                                                                                                                                                                                                                                                                                                                                                                               ","UN    ","CR",11.82]
[11862,"CONECTOR METALICO TIPO PARAFUSO FENDIDO (SPLIT BOLT), PARA CABOS ATE 50 MM2                                                                                                                                                                                                                                                                                                                                                                                                                               ","UN    ","CR",16.579999999999998]
[11863,"CONECTOR METALICO TIPO PARAFUSO FENDIDO (SPLIT BOLT), PARA CABOS ATE 6 MM2                                                                                                                                                                                                                                                                                                                                                                                                                                ","UN    ","CR",6.69]
[11855,"CONECTOR METALICO TIPO PARAFUSO FENDIDO (SPLIT BOLT), PARA CABOS ATE 70 MM2                                                                                                                                                                                                                                                                                                                                                                                                                               ","UN    ","CR",24.75]
[11864,"CONECTOR METALICO TIPO PARAFUSO FENDIDO (SPLIT BOLT), PARA CABOS ATE 95 MM2                                                                                                                                                                                                                                                                                                                                                                                                                               ","UN    ","CR",37.42]
[2527,"CONECTOR RETO DE ALUMINIO PARA ELETRODUTO DE 1 1/2\", PARA ADAPTAR ENTRADA DE ELETRODUTO METALICO FLEXIVEL EM QUADROS                                                                                                                                                                                                                                                                                                                                                                                      ","UN    ","AS",8.89]
[2526,"CONECTOR RETO DE ALUMINIO PARA ELETRODUTO DE 1 1/4\", PARA ADAPTAR ENTRADA DE ELETRODUTO METALICO FLEXIVEL EM QUADROS                                                                                                                                                                                                                                                                                                                                                                                      ","UN    ","AS",5.7]
[2487,"CONECTOR RETO DE ALUMINIO PARA ELETRODUTO DE 1/2\", PARA ADAPTAR ENTRADA DE ELETRODUTO METALICO FLEXIVEL EM QUADROS                                                                                                                                                                                                                                                                                                                                                                                        ","UN    ","AS",1.94]
[2483,"CONECTOR RETO DE ALUMINIO PARA ELETRODUTO DE 1\", PARA ADAPTAR ENTRADA DE ELETRODUTO METALICO FLEXIVEL EM QUADROS                                                                                                                                                                                                                                                                                                                                                                                          ","UN    ","AS",4.0599999999999996]
[2528,"CONECTOR RETO DE ALUMINIO PARA ELETRODUTO DE 2 1/2\", PARA ADAPTAR ENTRADA DE ELETRODUTO METALICO FLEXIVEL EM QUADROS                                                                                                                                                                                                                                                                                                                                                                                      ","UN    ","AS",22.38]
[2489,"CONECTOR RETO DE ALUMINIO PARA ELETRODUTO DE 2\", PARA ADAPTAR ENTRADA DE ELETRODUTO METALICO FLEXIVEL EM QUADROS                                                                                                                                                                                                                                                                                                                                                                                          ","UN    ","AS",9.86]
[2488,"CONECTOR RETO DE ALUMINIO PARA ELETRODUTO DE 3/4\", PARA ADAPTAR ENTRADA DE ELETRODUTO METALICO FLEXIVEL EM QUADROS                                                                                                                                                                                                                                                                                                                                                                                        ","UN    ","AS",2.2799999999999998]
[2484,"CONECTOR RETO DE ALUMINIO PARA ELETRODUTO DE 3\", PARA ADAPTAR ENTRADA DE ELETRODUTO METALICO FLEXIVEL EM QUADROS                                                                                                                                                                                                                                                                                                                                                                                          ","UN    ","AS",32.51]
[2485,"CONECTOR RETO DE ALUMINIO PARA ELETRODUTO DE 4\", PARA ADAPTAR ENTRADA DE ELETRODUTO METALICO FLEXIVEL EM QUADROS                                                                                                                                                                                                                                                                                                                                                                                          ","UN    ","AS",50.95]
[39279,"CONECTOR/ADAPTADOR FIXO, ROSCA FEMEA, EM PLASTICO, DN 16 MM X 1/2\", PARA CONEXAO COM CRIMPAGEM, EM TUBO PEX PARA INST. AGUA QUENTE/FRIA                                                                                                                                                                                                                                                                                                                                                                   ","UN    ","AS",8.74]
[39280,"CONECTOR/ADAPTADOR FIXO, ROSCA FEMEA, EM PLASTICO, DN 20 MM X 1/2\", PARA CONEXAO COM CRIMPAGEM, EM TUBO PEX PARA INST. AGUA QUENTE/FRIA                                                                                                                                                                                                                                                                                                                                                                   ","UN    ","AS",9.7899999999999991]
[39281,"CONECTOR/ADAPTADOR FIXO, ROSCA FEMEA, EM PLASTICO, DN 20 MM X 3/4\", PARA CONEXAO COM CRIMPAGEM, EM TUBO PEX PARA INST. AGUA QUENTE/FRIA                                                                                                                                                                                                                                                                                                                                                                   ","UN    ","AS",12.94]
[39282,"CONECTOR/ADAPTADOR FIXO, ROSCA FEMEA, EM PLASTICO, DN 25 MM X 3/4\", PARA CONEXAO COM CRIMPAGEM, EM TUBO PEX PARA INST. AGUA QUENTE/FRIA                                                                                                                                                                                                                                                                                                                                                                   ","UN    ","AS",18.059999999999999]
[38844,"CONECTOR/ADAPTADOR FIXO, ROSCA FEMEA, METALICA, COM ANEL DESLIZANTE, DN 16 MM X 1/2\", PARA TUBO PEX PARA INST. AGUA QUENTE/FRIA                                                                                                                                                                                                                                                                                                                                                                           ","UN    ","AS",8.86]
[38846,"CONECTOR/ADAPTADOR FIXO, ROSCA FEMEA, METALICA, COM ANEL DESLIZANTE, DN 20 MM X 1/2\", PARA TUBO PEX PARA INST. AGUA QUENTE/FRIA                                                                                                                                                                                                                                                                                                                                                                           ","UN    ","AS",9.01]
[38847,"CONECTOR/ADAPTADOR FIXO, ROSCA FEMEA, METALICA, COM ANEL DESLIZANTE, DN 20 MM X 3/4\", PARA TUBO PEX PARA INST. AGUA QUENTE/FRIA                                                                                                                                                                                                                                                                                                                                                                           ","UN    ","AS",10.56]
[38850,"CONECTOR/ADAPTADOR FIXO, ROSCA FEMEA, METALICA, COM ANEL DESLIZANTE, DN 25 MM X 1\", PARA TUBO PEX PARA INST. AGUA QUENTE/FRIA                                                                                                                                                                                                                                                                                                                                                                             ","UN    ","AS",19.07]
[38848,"CONECTOR/ADAPTADOR FIXO, ROSCA FEMEA, METALICA, COM ANEL DESLIZANTE, DN 25 MM X 3/4\", PARA TUBO PEX PARA INST. AGUA QUENTE/FRIA                                                                                                                                                                                                                                                                                                                                                                           ","UN    ","AS",12.5]
[38851,"CONECTOR/ADAPTADOR FIXO, ROSCA FEMEA, METALICA, COM ANEL DESLIZANTE, DN 32 MM X 1\", PARA TUBO PEX PARA INST. AGUA QUENTE/FRIA                                                                                                                                                                                                                                                                                                                                                                             ","UN    ","AS",21.56]
[38854,"CONECTOR/ADAPTADOR MOVEL, ROSCA FEMEA, METALICA, COM ANEL DESLIZANTE, DN 16 MM X 3/4\", PARA TUBO PEX PARA INST. AGUA QUENTE/FRIA                                                                                                                                                                                                                                                                                                                                                                          ","UN    ","AS",9.36]
[44247,"CONECTOR, CPVC, SOLDAVEL, 114 MM X 4\", PARA AGUA QUENTE                                                                                                                                                                                                                                                                                                                                                                                                                                                   ","UN    ","AS",1235.68]
[38005,"CONECTOR, CPVC, SOLDAVEL, 15 MM X 1/2\", PARA AGUA QUENTE                                                                                                                                                                                                                                                                                                                                                                                                                                                  ","UN    ","AS",14.69]
[38006,"CONECTOR, CPVC, SOLDAVEL, 22 MM X 1/2\", PARA AGUA QUENTE                                                                                                                                                                                                                                                                                                                                                                                                                                                  ","UN    ","AS",19.52]
[38428,"CONECTOR, CPVC, SOLDAVEL, 22 MM X 3/4\", PARA AGUA QUENTE                                                                                                                                                                                                                                                                                                                                                                                                                                                  ","UN    ","AS",17.48]
[38007,"CONECTOR, CPVC, SOLDAVEL, 28 MM X 1\", PARA AGUA QUENTE                                                                                                                                                                                                                                                                                                                                                                                                                                                    ","UN    ","AS",22.52]
[38008,"CONECTOR, CPVC, SOLDAVEL, 35 MM X 1 1/4\", PARA AGUA QUENTE                                                                                                                                                                                                                                                                                                                                                                                                                                                ","UN    ","AS",36.04]
[38009,"CONECTOR, CPVC, SOLDAVEL, 42 MM X 1 1/2\", PARA AGUA QUENTE                                                                                                                                                                                                                                                                                                                                                                                                                                                ","UN    ","AS",44.13]
[44248,"CONECTOR, CPVC, SOLDAVEL, 54 MM X 2\", PARA AGUA QUENTE                                                                                                                                                                                                                                                                                                                                                                                                                                                    ","UN    ","AS",71.930000000000007]
[44249,"CONECTOR, CPVC, SOLDAVEL, 73 MM X 2 1/2\", PARA AGUA QUENTE                                                                                                                                                                                                                                                                                                                                                                                                                                                ","UN    ","AS",277.52]
[44250,"CONECTOR, CPVC, SOLDAVEL, 89 MM X 3\", PARA AGUA QUENTE                                                                                                                                                                                                                                                                                                                                                                                                                                                    ","UN    ","AS",403.01]
[3104,"CONJ. DE FERRAGENS PARA PORTA DE VIDRO TEMPERADO, EM ZAMAC CROMADO, CONTEMPLANDO DOBRADICA INF., DOBRADICA SUP., PIVO PARA DOBRADICA INF., PIVO PARA DOBRADICA SUP., FECHADURA CENTRAL EM ZAMC. CROMADO, CONTRA FECHADURA DE PRESSAO                                                                                                                                                                                                                                                                      ","CJ    ","CR",195.96]
[1607,"CONJUNTO ARRUELAS DE VEDACAO 5/16\" PARA TELHA FIBROCIMENTO (UMA ARRUELA METALICA E UMA ARRUELA PVC - CONICAS)                                                                                                                                                                                                                                                                                                                                                                                             ","CJ    ","AS",0.28999999999999998]
[38169,"CONJUNTO DE FERRAGENS PIVO, PARA PORTA PIVOTANTE DE ATE 100 KG, REGULAVEL COM ESFERA, CROMADO - SUPERIOR E INFERIOR - COMPLETO                                                                                                                                                                                                                                                                                                                                                                            ","CJ    ","CR",81.849999999999994]
[6142,"CONJUNTO DE LIGACAO AJUSTAVEL, PARA VASO / BACIA SANITARIA, EM PLASTICO BRANCO, COM TUBO, CANOPLA E ESPUDE                                                                                                                                                                                                                                                                                                                                                                                                ","UN    ","CR",7.56]
[11686,"CONJUNTO DE LIGACAO PARA VASO / BACIA SANITARIA, EM PLASTICO BRANCO, COM TUBO, CANOPLA E ANEL DE EXPANSAO (TUBO 1.1/2\" X 20 CM)                                                                                                                                                                                                                                                                                                                                                                           ","UN    ","CR",10.5]
[37598,"CONJUNTO MONTADO ESTOPIM COM ESPOLETA COMUM NUMERO 8, COM CABECA ACENDEDORA, 1,5 M                                                                                                                                                                                                                                                                                                                                                                                                                        ","UN    ","AS",37.6]
[25398,"CONJUNTO PARA FUTSAL COM PAR DE TRAVES OFICIAIS DE 3,00 X 2,00 M EM TUBO DE ACO GALVANIZADO 3\" COM REQUADROS EM TUBO DE 1\", PINTURA EM PRIMER COM TINTA ESMALTE SINTETICO E REDES DE POLIETILENO FIO 4 MM                                                                                                                                                                                                                                                                                                 ","UN    ","AS",3537.53]
[25399,"CONJUNTO PARA QUADRA DE VOLEI COM POSTES EM TUBO DE ACO GALVANIZADO 3\", H = *255* CM, PINTURA EM TINTA ESMALTE SINTETICO, REDE DE NYLON COM 2 MM, MALHA 10 X 10 CM E ANTENAS OFICIAIS EM FIBRA DE VIDRO                                                                                                                                                                                                                                                                                                   ","UN    ","AS",2147.59]
[43440,"CONJUNTO PRE-MOLDADO COMPOSTO POR GRELHA (0,99 X 0,45 M), QUADRO (1,10 X 0,52 M) E CANTONEIRA (1,10 X 0,35 M), EM CONCRETO ARMADO, COM FCK DE 21 MPA                                                                                                                                                                                                                                                                                                                                                      ","UN    ","AS",495.17]
[10667,"CONTAINER ALMOXARIFADO, DE *2,40* X *6,00* M, PADRAO SIMPLES, SEM REVESTIMENTO E SEM DIVISORIAS INTERNOS E SEM SANITARIO, PARA USO EM CANTEIRO DE OBRAS                                                                                                                                                                                                                                                                                                                                                   ","UN    ","AS",19404]
[1613,"CONTATOR TRIPOLAR, CORRENTE DE *110* A, TENSAO NOMINAL DE *500* V, CATEGORIA AC-2 E AC-3                                                                                                                                                                                                                                                                                                                                                                                                                  ","UN    ","AS",1782.26]
[1626,"CONTATOR TRIPOLAR, CORRENTE DE *185* A, TENSAO NOMINAL DE *500* V, CATEGORIA AC-2 E AC-3                                                                                                                                                                                                                                                                                                                                                                                                                  ","UN    ","AS",2665.59]
[1625,"CONTATOR TRIPOLAR, CORRENTE DE *22* A, TENSAO NOMINAL DE *500* V, CATEGORIA AC-2 E AC-3                                                                                                                                                                                                                                                                                                                                                                                                                   ","UN    ","AS",186.18]
[1622,"CONTATOR TRIPOLAR, CORRENTE DE *265* A, TENSAO NOMINAL DE *500* V, CATEGORIA AC-2 E AC-3                                                                                                                                                                                                                                                                                                                                                                                                                  ","UN    ","AS",6015.15]
[1620,"CONTATOR TRIPOLAR, CORRENTE DE *38* A, TENSAO NOMINAL DE *500* V, CATEGORIA AC-2 E AC-3                                                                                                                                                                                                                                                                                                                                                                                                                   ","UN    ","AS",392.2]
[1629,"CONTATOR TRIPOLAR, CORRENTE DE *500* A, TENSAO NOMINAL DE *500* V, CATEGORIA AC-2 E AC-3                                                                                                                                                                                                                                                                                                                                                                                                                  ","UN    ","AS",14639.45]
[1627,"CONTATOR TRIPOLAR, CORRENTE DE *65* A, TENSAO NOMINAL DE *500* V, CATEGORIA AC-2 E AC-3                                                                                                                                                                                                                                                                                                                                                                                                                   ","UN    ","AS",749.67]
[1623,"CONTATOR TRIPOLAR, CORRENTE DE 12 A, TENSAO NOMINAL DE *500* V, CATEGORIA AC-2 E AC-3                                                                                                                                                                                                                                                                                                                                                                                                                     ","UN    ","AS",151.84]
[1619,"CONTATOR TRIPOLAR, CORRENTE DE 25 A, TENSAO NOMINAL DE *500* V, CATEGORIA AC-2 E AC-3                                                                                                                                                                                                                                                                                                                                                                                                                     ","UN    ","AS",208.86]
[1630,"CONTATOR TRIPOLAR, CORRENTE DE 250 A, TENSAO NOMINAL DE *500* V, PARA ACIONAMENTO DE CAPACITORES                                                                                                                                                                                                                                                                                                                                                                                                          ","UN    ","AS",4598.71]
[1616,"CONTATOR TRIPOLAR, CORRENTE DE 300 A, TENSAO NOMINAL DE *500* V, CATEGORIA AC-2 E AC-3                                                                                                                                                                                                                                                                                                                                                                                                                    ","UN    ","AS",7072.89]
[1614,"CONTATOR TRIPOLAR, CORRENTE DE 32 A, TENSAO NOMINAL DE *500* V, CATEGORIA AC-2 E AC-3                                                                                                                                                                                                                                                                                                                                                                                                                     ","UN    ","AS",323.25]
[1617,"CONTATOR TRIPOLAR, CORRENTE DE 400 A, TENSAO NOMINAL DE *500* V, CATEGORIA AC-2 E AC-3                                                                                                                                                                                                                                                                                                                                                                                                                    ","UN    ","AS",8443.5]
[1621,"CONTATOR TRIPOLAR, CORRENTE DE 45 A, TENSAO NOMINAL DE *500* V, CATEGORIA AC-2 E AC-3                                                                                                                                                                                                                                                                                                                                                                                                                     ","UN    ","AS",578.13]
[1624,"CONTATOR TRIPOLAR, CORRENTE DE 630 A, TENSAO NOMINAL DE *500* V, CATEGORIA AC-2 E AC-3                                                                                                                                                                                                                                                                                                                                                                                                                    ","UN    ","AS",20754.54]
[1615,"CONTATOR TRIPOLAR, CORRENTE DE 75 A, TENSAO NOMINAL DE *500* V, CATEGORIA AC-2 E AC-3                                                                                                                                                                                                                                                                                                                                                                                                                     ","UN    ","AS",1085.6500000000001]
[1612,"CONTATOR TRIPOLAR, CORRENTE DE 9 A, TENSAO NOMINAL DE *500* V, CATEGORIA AC-2 E AC-3                                                                                                                                                                                                                                                                                                                                                                                                                      ","UN    ","AS",142.99]
[1618,"CONTATOR TRIPOLAR, CORRENTE DE 95 A, TENSAO NOMINAL DE *500* V, CATEGORIA AC-2 E AC-3                                                                                                                                                                                                                                                                                                                                                                                                                     ","UN    ","AS",1491.84]
[14211,"CONTRA-PORCA SEXTAVADA, DIAMETRO NOMINAL 1 3/8\", ALTURA 35 MM                                                                                                                                                                                                                                                                                                                                                                                                                                             ","UN    ","CR",45.53]
[43657,"CONTRAMARCO DE ALUMINIO (PERFIL 25) PARA ESQUADRIAS, TIPO CONVENCIONAL / CADEIRINHA, 60 MM (CM-060), INCLUSO CONEXOES, GRAPAS E TRAVAMENTOS                                                                                                                                                                                                                                                                                                                                                               ","M     ","AS",7.3]
[38200,"CORDA DE POLIAMIDA 12 MM TIPO BOMBEIRO, PARA TRABALHO EM ALTURA                                                                                                                                                                                                                                                                                                                                                                                                                                           ","100M  ","CR",800.3]
[39269,"CORDAO DE COBRE, FLEXIVEL, TORCIDO, CLASSE 4 OU 5, ISOLACAO EM PVC/D, 300 V, 2 CONDUTORES DE 0,5 MM2                                                                                                                                                                                                                                                                                                                                                                                                      ","M     ","CR",1.63]
[11889,"CORDAO DE COBRE, FLEXIVEL, TORCIDO, CLASSE 4 OU 5, ISOLACAO EM PVC/D, 300 V, 2 CONDUTORES DE 0,75 MM2                                                                                                                                                                                                                                                                                                                                                                                                     ","M     ","CR",2.2400000000000002]
[39270,"CORDAO DE COBRE, FLEXIVEL, TORCIDO, CLASSE 4 OU 5, ISOLACAO EM PVC/D, 300 V, 2 CONDUTORES DE 1,0 MM2                                                                                                                                                                                                                                                                                                                                                                                                      ","M     ","CR",2.91]
[11890,"CORDAO DE COBRE, FLEXIVEL, TORCIDO, C